{"text_format":"2","workbook":"xlsx","n_sheets":23,"sheets":["RESUMO MODULO TOTAL","CRONOGRAMA TOTAL","Mob"," Canteiro","Adm Local","Projeto Executivo","CPU CODEVASF","CPU SINAPI","BDI","ENC. SOCIAIS","MOMENTO DE TRANSPORTE - AUX","MOMENTO DE TRANSPORTE - PRINC","MEDICAO EM TKM","MC MODULO","Material Sicro","Pessoal Sicro","Equipamentos","SINTÉTICO SICRO","INSUMOS SINAPI","COMP Sint. Sinapi","Tabela 1","Tabelas 1 e 2","Tabelas 2 e 3 mob"],"not_rendered":{"charts":0,"images":16,"macros":1,"external_links":204,"defined_names":45126,"comments":0,"pivot_tables":0},"unopened":[],"bounds":{"document_bytes":16777216,"sheet_cells":100000,"run_cost":"one","rows_first":2000,"rows_last":500,"rows_between":2000,"halvings":0,"cell_chars":16384,"cell_head_chars":4096},"cells_cut":0,"cells_raw":0,"read":"whole","date_system":"1900"}

{"sheet":"RESUMO MODULO TOTAL","index":0,"n_rows":59,"n_cols":18,"rows_kept":59,"cut":false,"hidden":false,"merged":[[7,1,7,11],[51,1,51,4],[0,0,8,0],[0,4,0,11],[1,4,1,11],[2,4,2,11],[4,2,4,7],[4,8,4,10],[5,2,5,7],[5,8,5,10],[6,1,6,4],[6,8,6,10]]}
[{"$nulls":4},"Ministério do Desenvolvimento Regional"]
[{"$nulls":4},"Companhia de Desenvolvimento dos Vales do São Francisco e do Parnaíba"]
[]
[]
[null,"OBRA: ",{"$f":"B55","v":"EXECUÇÃO DE SERVIÇOS DE IMPLANTAÇÃO DE PAVIMENTAÇÃO EM BLOCO DE CONCRETO INTERTRAVADO, EM VIAS URBANAS E RURAIS INSERIDAS NA ÁREA DE ATUAÇÃO DA CODEVASF, NO ESTADO DO PIAUÍ - REGIÃO SUL"},{"$nulls":5},"BDI Serviços (%):",null,null,{"$f":"BDI!C14","v":0.2339}]
[null,"DATA:","2025-10-01",{"$nulls":5},"BDI Diferenciado Serviços (%):",null,null,{"$f":"BDI!C69","v":0.15}]
[null,"PRAZO DE EXECUÇÃO: ",{"$nulls":4},"R$/m²",{"$f":"L52/H23","v":169.23},"BDI Fornecimentos (%):",null,null,{"$f":"L6","v":0.15}]
[null,"PLANILHA DE ORÇAMENTAÇÃO",{"$nulls":11},2327014.69,8.7845653007594546E-2]
[null,"ITEM","CÓDIGO","FONTE","DISCRIMINAÇÃO","TIPO","UNID.","QUANT.","VR.UNIT.S/BDI","PR. UNIT.C/BDI","C. TOT.S/BDI","P. TOT.C/BDI",{"$f":"L52","v":20138370}]
[null,1,null,null,"SERVIÇOS PRELIMINARES ",{"$nulls":5},{"$f":"SUM(K11:K12)","v":192053.86},{"$f":"SUM(L11:L12)","v":236971.5},{"$f":"L10/$L$52","v":1.176716387671892E-2}]
[null,"1.1","CPU.1","Codevasf","Mobilização","SERV","kmxfrente",{"$f":"Mob!B66*Mob!H6","v":425},{"$f":"Mob!B63","v":225.94573666666668},{"$f":"TRUNC(_xlfn.IFS(F11=\"SERV\",I11*(1+$L$5),F11=\"SERV DIF\",I11*(1+$L$6),F11=\"FORN\",I11*(1+$L$7)),2)","v":278.79000000000002},{"$f":"TRUNC(H11*I11,2)","v":96026.93},{"$f":"TRUNC(H11*J11,2)","v":118485.75},5.8835819383594602E-3,"INCC",null,"TERRAPLENAGEM",{"$f":"(SUMIF(N:N,\"TERRAPLENAGEM\",L:L)/$L$52)","v":2.2113100514093244E-2},{"$f":"(SUMIF(N:N,\"TERRAPLENAGEM\",L:L))","v":445321.8}]
[null,"1.2","CPU.2","Codevasf","Desmobilização","SERV","kmxfrente",{"$f":"Mob!B66*Mob!H6","v":425},{"$f":"Mob!B63","v":225.94573666666668},{"$f":"TRUNC(_xlfn.IFS(F12=\"SERV\",I12*(1+$L$5),F12=\"SERV DIF\",I12*(1+$L$6),F12=\"FORN\",I12*(1+$L$7)),2)","v":278.79000000000002},{"$f":"TRUNC(H12*I12,2)","v":96026.93},{"$f":"TRUNC(H12*J12,2)","v":118485.75},5.8835819383594602E-3,"INCC",null,"PAVIMENTAÇÃO",{"$f":"SUMIF(N:N,\"PAVIMENTAÇÃO\",L:L)/$L$52","v":0.76522819423816335},{"$f":"(SUMIF(N:N,\"PAVIMENTAÇÃO\",L:L))","v":15410448.510000002}]
[null,2,null,null,"INSTALAÇÃO DE CANTEIRO",{"$nulls":5},{"$f":"SUM(K14:K15)","v":168691.34},{"$f":"SUM(L14:L15)","v":208146.13},1.033579827960257E-2,null,null,"CONSULTORIA",null,{"$f":"(SUMIF(N:N,\"CONSULTORIA\",M:M))","v":0}]
[null,"2.1","Canteiro","Codevasf","Canteiro de Obras","SERV","und",{"$f":"'MC MODULO'!D10","v":17},{"$f":"' Canteiro'!F11","v":2491.66},{"$f":"TRUNC(_xlfn.IFS(F14=\"SERV\",I14*(1+$L$5),F14=\"SERV DIF\",I14*(1+$L$6),F14=\"FORN\",I14*(1+$L$7)),2)","v":3074.45},{"$f":"TRUNC(H14*I14,2)","v":42358.22},{"$f":"TRUNC(H14*J14,2)","v":52265.65},2.595326732004626E-3,"INCC",null,"DRENAGEM",{"$f":"SUMIF(N:N,\"DRENAGEM\",L:L)/$L$52","v":6.2214568507778935E-2},{"$f":"(SUMIF(N:N,\"DRENAGEM\",L:L))","v":1252900}]
[null,"2.2",103689,"SINAPI","Fornecimento e instalação de placa de obra com chapa galvanizada e estrutura de madeira. af_03/2022_ps","SERV","m²",{"$f":"'MC MODULO'!H25","v":272},{"$f":"VLOOKUP(C15,'COMP Sint. Sinapi'!$A:$E,4,0)","v":464.46},{"$f":"TRUNC(_xlfn.IFS(F15=\"SERV\",I15*(1+$L$5),F15=\"SERV DIF\",I15*(1+$L$6),F15=\"FORN\",I15*(1+$L$7)),2)","v":573.09},126333.12,155880.48000000001,7.7404715475979441E-3,"INCC",null,"ADMINISTRAÇÃO LOCAL",null,{"$f":"(SUMIF(N:N,\"ADMINISTRAÇÃO LOCAL\",M:M))","v":0}]
[null,3,null,null,"ADMINISTRAÇÃO LOCAL DA OBRA",{"$nulls":5},{"$f":"SUM(K17:K17)","v":1269123.21},{"$f":"SUM(L17:L17)","v":1565971.13},7.7760569996479345E-2,null,null,"SINALIZAÇÃO VERTICAL",null,{"$f":"(SUMIF(N:N,\"SINALIZAÇÃO VERTICAL\",M:M))","v":0}]
[null,"3.1","Adm Local","Codevasf","Administração Local da Obra","SERV","und",1,{"$f":"'Adm Local'!J243","v":1269123.2176067776},{"$f":"TRUNC(_xlfn.IFS(F17=\"SERV\",I17*(1+$L$5),F17=\"SERV DIF\",I17*(1+$L$6),F17=\"FORN\",I17*(1+$L$7)),2)","v":1565971.13},{"$f":"TRUNC(H17*I17,2)","v":1269123.21},{"$f":"TRUNC(H17*J17,2)","v":1565971.13},7.7760569996479345E-2,"INCC",null,"SINALIZAÇÃO HORIZONTAL",null,{"$f":"(SUMIF(N:N,\"SINALIZAÇÃO HORIZONTAL\",M:M))","v":0}]
[null,4,null,null,"TERRAPLANAGEM",{"$nulls":5},{"$f":"SUM(K19:K20)","v":361141.2},{"$f":"SUM(L19:L20)","v":445321.8},2.2113100514093244E-2,null,null,"CAP",null,{"$f":"(SUMIF(N:N,\"CAP\",M:M))","v":0}]
[null,"4.1",5502114,"SICRO","Escavação, carga e transporte de material de 1ª categoria - DMT de 1.000 a 1.200 m - caminho de serviço em leito natural - com escavadeira e caminhão basculante de 14 m³","SERV","m³",{"$f":"'MC MODULO'!H37","v":32129.999999999996},{"$f":"ROUND(IF(D19=\"CODEVASF\",VLOOKUP(C19,'CPU CODEVASF'!E:I,5,FALSE),VLOOKUP(C19,'SINTÉTICO SICRO'!A:D,4,FALSE)),6)","v":8.49},{"$f":"TRUNC(_xlfn.IFS(F19=\"SERV\",I19*(1+$L$5),F19=\"SERV DIF\",I19*(1+$L$6),F19=\"FORN\",I19*(1+$L$7)),2)","v":10.47},{"$f":"TRUNC(H19*I19,2)","v":272783.7},{"$f":"TRUNC(H19*J19,2)","v":336401.1},1.6704485020386454E-2,"TERRAPLENAGEM",null,"IMPRIMAÇÃO",null,{"$f":"(SUMIF(N:N,\"IMPRIMAÇÃO\",M:M))","v":0}]
[null,"4.2",4413942,"SICRO","Espalhamento de material em bota-fora","SERV","m³",{"$f":"'MC MODULO'!H44","v":32130.000000000004},{"$f":"ROUND(IF(D20=\"CODEVASF\",VLOOKUP(C20,'CPU CODEVASF'!E:I,5,FALSE),VLOOKUP(C20,'SINTÉTICO SICRO'!A:D,4,FALSE)),6)","v":2.75},{"$f":"TRUNC(_xlfn.IFS(F20=\"SERV\",I20*(1+$L$5),F20=\"SERV DIF\",I20*(1+$L$6),F20=\"FORN\",I20*(1+$L$7)),2)","v":3.39},88357.5,108920.7,5.4086154937067893E-3,"TERRAPLENAGEM",null,"EMULSÃO ASFÁLTICA",null,{"$f":"(SUMIF(N:N,\"EMULSÃO ASFÁLTICA\",M:M))","v":0}]
[null,5,null,null,"PAVIMENTAÇÃO",{"$nulls":5},{"$f":"SUM(K22:K29)","v":11160084.18},{"$f":"SUM(L22:L29)","v":13196282.470000001},0.65528056491165876,null,null,"OBRAS COMPLEMENTARES",null,{"$f":"(SUMIF(N:N,\"OBRAS COMPLEMENTARES\",M:M))","v":0}]
[null,"5.1",36170,"SINAPI","bloquete/piso intertravado de concreto - modelo onda/16 faces/retangular/t ijolinho/paver/holandes/paralelepipedo, *22 cm x 11* cm, e = 8 cm, resistencia de 35 mpa (nbr 9781), cor natural","FORN","m²",{"$f":"H23*'CPU SINAPI'!E8","v":119476},{"$f":"ROUND(VLOOKUP(C22,'INSUMOS SINAPI'!$A:$E,5,0),6)","v":55},{"$f":"TRUNC(_xlfn.IFS(F22=\"SERV\",I22*(1+$L$5),F22=\"SERV DIF\",I22*(1+$L$6),F22=\"FORN\",I22*(1+$L$7)),2)","v":63.25},{"$f":"TRUNC(H22*I22,2)","v":6571180},{"$f":"TRUNC(H22*J22,2)","v":7556857},0.37524670566684393,"PAVIMENTAÇÃO",null,"MOBILIZAÇÃO",null,{"$f":"(SUMIF(N:N,\"MOBILIZAÇÃO\",M:M))","v":0}]
[null,"5.2","92404 ADAPTADA","SINAPI","execução de pavimento em piso intertravado, com bloco 16 faces de 22 x 11 cm, espessura 8 cm. af_10/2022 - exclusive fornecimento de bloquete","SERV","m²",{"$f":"'MC MODULO'!H51","v":119000},{"$f":"ROUND('CPU SINAPI'!G15,6)","v":17.87},{"$f":"TRUNC(_xlfn.IFS(F23=\"SERV\",I23*(1+$L$5),F23=\"SERV DIF\",I23*(1+$L$6),F23=\"FORN\",I23*(1+$L$7)),2)","v":22.04},2126530,2622760,0.13023695562252555,"PAVIMENTAÇÃO",null,"INCC",{"$f":"(SUMIF(N:N,\"INCC\",L:L))/$L$52","v":0.15044413673996454},{"$f":"(SUMIF(N:N,\"INCC\",L:L))","v":3029699.69}]
[null,"5.3",5914640,"SICRO","Transporte com cavalo mecânico com semirreboque com capacidade de 30 t - rodovia pavimentada","SERV","tkm",{"$f":"'MC MODULO'!H56","v":2094400},{"$f":"ROUND(IF(D24=\"CODEVASF\",VLOOKUP(C24,'CPU CODEVASF'!E:I,5,FALSE),VLOOKUP(C24,'SINTÉTICO SICRO'!A:D,4,FALSE)),6)","v":0.59},{"$f":"TRUNC(_xlfn.IFS(F24=\"SERV\",I24*(1+$L$5),F24=\"SERV DIF\",I24*(1+$L$6),F24=\"FORN\",I24*(1+$L$7)),2)","v":0.72},1235696,1507968,7.4880340365183484E-2,"PAVIMENTAÇÃO"]
[null,"5.4",5915373,"SICRO","Carga, manobra e descarga de materiais diversos em caminhão carroceria com capacidade de 7 t e com guindauto de 20 t.m","SERV","t",{"$f":"'MC MODULO'!H62","v":20944},{"$f":"ROUND(IF(D25=\"CODEVASF\",VLOOKUP(C25,'CPU CODEVASF'!E:I,5,FALSE),VLOOKUP(C25,'SINTÉTICO SICRO'!A:D,4,FALSE)),6)","v":18.87},{"$f":"TRUNC(_xlfn.IFS(F25=\"SERV\",I25*(1+$L$5),F25=\"SERV DIF\",I25*(1+$L$6),F25=\"FORN\",I25*(1+$L$7)),2)","v":23.28},395213.28,487576.32000000001,2.4211310051409324E-2,"PAVIMENTAÇÃO"]
[null,"5.5",5915321,"SICRO","Transporte com caminhão basculante de 14 m³ - rodovia pavimentada (areia)","SERV","tkm",{"$f":"'MC MODULO'!H68","v":357000},{"$f":"ROUND(IF(D26=\"CODEVASF\",VLOOKUP(C26,'CPU CODEVASF'!E:I,5,FALSE),VLOOKUP(C26,'SINTÉTICO SICRO'!A:D,4,FALSE)),6)","v":0.68},{"$f":"TRUNC(_xlfn.IFS(F26=\"SERV\",I26*(1+$L$5),F26=\"SERV DIF\",I26*(1+$L$6),F26=\"FORN\",I26*(1+$L$7)),2)","v":0.83},242760,296310,1.4713703244105656E-2,"PAVIMENTAÇÃO"]
[null,"5.6",5915321,"SICRO","Transporte com caminhão basculante de 14 m³ - rodovia pavimentada (pó de pedra)","SERV","tkm",{"$f":"'MC MODULO'!H73","v":112455},{"$f":"ROUND(IF(D27=\"CODEVASF\",VLOOKUP(C27,'CPU CODEVASF'!E:I,5,FALSE),VLOOKUP(C27,'SINTÉTICO SICRO'!A:D,4,FALSE)),6)","v":0.68},{"$f":"TRUNC(_xlfn.IFS(F27=\"SERV\",I27*(1+$L$5),F27=\"SERV DIF\",I27*(1+$L$6),F27=\"FORN\",I27*(1+$L$7)),2)","v":0.83},76469.399999999994,93337.65,4.6348165218932811E-3,"PAVIMENTAÇÃO"]
[null,"5.7",4011219,"SICRO","Base de solo estabilizado granulometricamente sem mistura com material de jazida - 100% Proctor modificado","SERV","m³",{"$f":"'MC MODULO'!H78","v":17850},{"$f":"ROUND(IF(D28=\"CODEVASF\",VLOOKUP(C28,'CPU CODEVASF'!E:I,5,FALSE),VLOOKUP(C28,'SINTÉTICO SICRO'!A:D,4,FALSE)),6)","v":16.63},{"$f":"TRUNC(_xlfn.IFS(F28=\"SERV\",I28*(1+$L$5),F28=\"SERV DIF\",I28*(1+$L$6),F28=\"FORN\",I28*(1+$L$7)),2)","v":20.51},296845.5,366103.5,1.8179400815458251E-2,"PAVIMENTAÇÃO"]
[null,"5.8",4011209,"SICRO","Regularização do subleito - 100% Proctor intermediário","SERV","m²",{"$f":"'MC MODULO'!H83","v":119000},{"$f":"ROUND(IF(D29=\"CODEVASF\",VLOOKUP(C29,'CPU CODEVASF'!E:I,5,FALSE),VLOOKUP(C29,'SINTÉTICO SICRO'!A:D,4,FALSE)),6)","v":1.81},{"$f":"TRUNC(_xlfn.IFS(F29=\"SERV\",I29*(1+$L$5),F29=\"SERV DIF\",I29*(1+$L$6),F29=\"FORN\",I29*(1+$L$7)),2)","v":2.23},215390,265370,1.3177332624239202E-2,"PAVIMENTAÇÃO"]
[null,6,null,null,"SINALIZAÇÃO",{"$nulls":5},{"$f":"SUM(K31:K34)","v":163912.97999999998},{"$f":"SUM(L31:L34)","v":202226.72999999998},1.0041861878592954E-2]
[null,"6.1",5213440,"SICRO","Placa de regulamentação em aço D = 0,60 m - película retrorrefletiva tipo I + SI - fornecimento e implantação","SERV","und",{"$f":"'MC MODULO'!H90","v":51},{"$f":"ROUND(IF(D31=\"CODEVASF\",VLOOKUP(C31,'CPU CODEVASF'!E:I,5,FALSE),VLOOKUP(C31,'SINTÉTICO SICRO'!A:D,4,FALSE)),6)","v":288.75},{"$f":"TRUNC(_xlfn.IFS(F31=\"SERV\",I31*(1+$L$5),F31=\"SERV DIF\",I31*(1+$L$6),F31=\"FORN\",I31*(1+$L$7)),2)","v":356.28},{"$f":"TRUNC(H31*I31,2)","v":14726.25},{"$f":"TRUNC(H31*J31,2)","v":18170.28},9.0227163370223105E-4,"INCC"]
[null,"6.2",5213464,"SICRO","Placa de advertência em aço, lado de 0,60 m - película retrorrefletiva tipo I + SI - fornecimento e implantação","SERV","und",{"$f":"'MC MODULO'!H95","v":51},{"$f":"ROUND(IF(D32=\"CODEVASF\",VLOOKUP(C32,'CPU CODEVASF'!E:I,5,FALSE),VLOOKUP(C32,'SINTÉTICO SICRO'!A:D,4,FALSE)),6)","v":288.79000000000002},{"$f":"TRUNC(_xlfn.IFS(F32=\"SERV\",I32*(1+$L$5),F32=\"SERV DIF\",I32*(1+$L$6),F32=\"FORN\",I32*(1+$L$7)),2)","v":356.33},14728.29,18172.830000000002,9.0239825765441799E-4,"INCC"]
[null,"6.3",5213863,"SICRO","Suporte metálico galvanizado para placa de advertência ou regulamentação - lado ou diâmetro de 0,60 m - fornecimento e implantação","SERV","und",{"$f":"'MC MODULO'!H101","v":102},{"$f":"ROUND(IF(D33=\"CODEVASF\",VLOOKUP(C33,'CPU CODEVASF'!E:I,5,FALSE),VLOOKUP(C33,'SINTÉTICO SICRO'!A:D,4,FALSE)),6)","v":475.82},{"$f":"TRUNC(_xlfn.IFS(F33=\"SERV\",I33*(1+$L$5),F33=\"SERV DIF\",I33*(1+$L$6),F33=\"FORN\",I33*(1+$L$7)),2)","v":587.11},48533.64,59885.22,2.9736875427355839E-3,"INCC"]
[null,"6.4",5213400,"SICRO","Pintura de faixa com tinta acrílica - espessura de 0,4 mm","SERV","m²",{"$f":"'MC MODULO'!H106+'MC MODULO'!H111","v":4080},{"$f":"ROUND(IF(D34=\"CODEVASF\",VLOOKUP(C34,'CPU CODEVASF'!E:I,5,FALSE),VLOOKUP(C34,'SINTÉTICO SICRO'!A:D,4,FALSE)),6)","v":21.06},{"$f":"TRUNC(_xlfn.IFS(F34=\"SERV\",I34*(1+$L$5),F34=\"SERV DIF\",I34*(1+$L$6),F34=\"FORN\",I34*(1+$L$7)),2)","v":25.98},85924.800000000003,105998.39999999999,5.2635044445007214E-3,"INCC"]
[null,7,null,null,"DRENAGEM",{"$nulls":5},{"$f":"SUM(K36:K37)","v":1024311.2},{"$f":"SUM(L36:L37)","v":1263671.2},6.2749428081815953E-2]
[null,"7.1",2003943,"SICRO","Meio-fio de concreto - MFC 03 moldado no local com extrusora e concreto usinado - areia e brita comerciais","SERV","m",{"$f":"'MC MODULO'!H118","v":34000},{"$f":"ROUND(IF(D36=\"CODEVASF\",VLOOKUP(C36,'CPU CODEVASF'!E:I,5,FALSE),VLOOKUP(C36,'SINTÉTICO SICRO'!A:D,4,FALSE)),6)","v":29.87},{"$f":"TRUNC(_xlfn.IFS(F36=\"SERV\",I36*(1+$L$5),F36=\"SERV DIF\",I36*(1+$L$6),F36=\"FORN\",I36*(1+$L$7)),2)","v":36.85},{"$f":"TRUNC(H36*I36,2)","v":1015580},{"$f":"TRUNC(H36*J36,2)","v":1252900},6.2214568507778935E-2,"DRENAGEM"]
[null,"7.2",4915724,"SICRO","Caiação mecanizada com fixador de cal","SERV","m²",{"$f":"'MC MODULO'!H123","v":4080},{"$f":"ROUND(IF(D37=\"CODEVASF\",VLOOKUP(C37,'CPU CODEVASF'!E:I,5,FALSE),VLOOKUP(C37,'SINTÉTICO SICRO'!A:D,4,FALSE)),6)","v":2.14},{"$f":"TRUNC(_xlfn.IFS(F37=\"SERV\",I37*(1+$L$5),F37=\"SERV DIF\",I37*(1+$L$6),F37=\"FORN\",I37*(1+$L$7)),2)","v":2.64},8731.2000000000007,10771.2,5.3485957403702489E-4,"INCC"]
[null,8,null,null,"SERVIÇOS COMPLEMENTARES",{"$nulls":5},{"$f":"SUM(K39:K39)","v":36645.89},{"$f":"SUM(L39:L39)","v":45203},2.2446205924312643E-3]
[null,"8.1","CPU-02","Codevasf","Conserto de quebra no ramal na rua sem pavimento com fornecimento de material hidráulico","SERV","m",{"$f":"'MC MODULO'!H130","v":1700},{"$f":"ROUND(IF(D39=\"CODEVASF\",VLOOKUP(C39,'CPU CODEVASF'!E:I,5,FALSE),VLOOKUP(C39,'SINTÉTICO SICRO'!A:D,4,FALSE)),6)","v":21.55641},{"$f":"TRUNC(_xlfn.IFS(F39=\"SERV\",I39*(1+$L$5),F39=\"SERV DIF\",I39*(1+$L$6),F39=\"FORN\",I39*(1+$L$7)),2)","v":26.59},{"$f":"TRUNC(H39*I39,2)","v":36645.89},{"$f":"TRUNC(H39*J39,2)","v":45203},2.2446205924312643E-3,"INCC"]
[null,9,null,null,"PROJETO EXECUTIVO",{"$nulls":5},{"$f":"SUM(K41:K41)","v":616420},{"$f":"SUM(L41:L41)","v":760410},3.7759262542102462E-2]
[null,"9.1","CPU.7","Codevasf","Projeto Executivo","SERV","m²",{"$f":"'MC MODULO'!H137","v":119000},{"$f":"('Projeto Executivo'!G28)","v":5.18},{"$f":"TRUNC(_xlfn.IFS(F41=\"SERV\",I41*(1+$L$5),F41=\"SERV DIF\",I41*(1+$L$6),F41=\"FORN\",I41*(1+$L$7)),2)","v":6.39},{"$f":"TRUNC(H41*I41,2)","v":616420},{"$f":"TRUNC(H41*J41,2)","v":760410},3.7759262542102462E-2,"INCC"]
[null,10,null,null,"MOMENTO DE TRANSPORTE",{"$nulls":5},{"$f":"SUM(K43:K51)","v":1798629.5},{"$f":"SUM(L43:L51)","v":2214166.04},0.10994762932650458]
[null,"10.1",5914359,"SICRO","Transporte com caminhão basculante de 10 m³ - rodovia em leito natural","SERV","tkm",{"$f":"SUMIF('MOMENTO DE TRANSPORTE - PRINC'!A:A,'RESUMO MODULO TOTAL'!C43,'MOMENTO DE TRANSPORTE - PRINC'!K:K)+SUMIF('MOMENTO DE TRANSPORTE - AUX'!A:A,'RESUMO MODULO TOTAL'!C43,'MOMENTO DE TRANSPORTE - AUX'!K:K)","v":187054.79814},{"$f":"ROUND(IF(D43=\"CODEVASF\",VLOOKUP(C43,'CPU CODEVASF'!E:I,5,FALSE),VLOOKUP(C43,'SINTÉTICO SICRO'!A:D,4,FALSE)),6)","v":1.25},{"$f":"TRUNC(_xlfn.IFS(F43=\"SERV\",I43*(1+$L$5),F43=\"SERV DIF\",I43*(1+$L$6),F43=\"FORN\",I43*(1+$L$7)),2)","v":1.54},{"$f":"TRUNC(H43*I43,2)","v":233818.49},{"$f":"TRUNC(H43*J43,2)","v":288064.38},1.4304255011701543E-2,"PAVIMENTAÇÃO"]
[null,"10.2",5914374,"SICRO","Transporte com caminhão basculante de 10 m³ - rodovia em revestimento primário","SERV","tkm",{"$f":"SUMIF('MOMENTO DE TRANSPORTE - PRINC'!A:A,'RESUMO MODULO TOTAL'!C44,'MOMENTO DE TRANSPORTE - PRINC'!K:K)+SUMIF('MOMENTO DE TRANSPORTE - AUX'!A:A,'RESUMO MODULO TOTAL'!C44,'MOMENTO DE TRANSPORTE - AUX'!K:K)","v":187054.79814},{"$f":"ROUND(IF(D44=\"CODEVASF\",VLOOKUP(C44,'CPU CODEVASF'!E:I,5,FALSE),VLOOKUP(C44,'SINTÉTICO SICRO'!A:D,4,FALSE)),6)","v":1},{"$f":"TRUNC(_xlfn.IFS(F44=\"SERV\",I44*(1+$L$5),F44=\"SERV DIF\",I44*(1+$L$6),F44=\"FORN\",I44*(1+$L$7)),2)","v":1.23},187054.79,230077.4,1.1424827332102845E-2,"PAVIMENTAÇÃO"]
[null,"10.3",5914389,"SICRO","Transporte com caminhão basculante de 10 m³ - rodovia pavimentada","SERV","tkm",{"$f":"SUMIF('MOMENTO DE TRANSPORTE - PRINC'!A:A,'RESUMO MODULO TOTAL'!C45,'MOMENTO DE TRANSPORTE - PRINC'!K:K)+SUMIF('MOMENTO DE TRANSPORTE - AUX'!A:A,'RESUMO MODULO TOTAL'!C45,'MOMENTO DE TRANSPORTE - AUX'!K:K)","v":1496438.38512},{"$f":"ROUND(IF(D45=\"CODEVASF\",VLOOKUP(C45,'CPU CODEVASF'!E:I,5,FALSE),VLOOKUP(C45,'SINTÉTICO SICRO'!A:D,4,FALSE)),6)","v":0.82},{"$f":"TRUNC(_xlfn.IFS(F45=\"SERV\",I45*(1+$L$5),F45=\"SERV DIF\",I45*(1+$L$6),F45=\"FORN\",I45*(1+$L$7)),2)","v":1.01},1227079.47,1511402.76,7.5050898359698429E-2,"PAVIMENTAÇÃO"]
[null,"10.4",5914449,"SICRO","Transporte com caminhão carroceria de 15 t - rodovia em leito natural","SERV","tkm",{"$f":"SUMIF('MOMENTO DE TRANSPORTE - PRINC'!A:A,'RESUMO MODULO TOTAL'!C46,'MOMENTO DE TRANSPORTE - PRINC'!K:K)+SUMIF('MOMENTO DE TRANSPORTE - AUX'!A:A,'RESUMO MODULO TOTAL'!C46,'MOMENTO DE TRANSPORTE - AUX'!K:K)","v":405.14400000000001},{"$f":"ROUND(IF(D46=\"CODEVASF\",VLOOKUP(C46,'CPU CODEVASF'!E:I,5,FALSE),VLOOKUP(C46,'SINTÉTICO SICRO'!A:D,4,FALSE)),6)","v":1.1000000000000001},{"$f":"TRUNC(_xlfn.IFS(F46=\"SERV\",I46*(1+$L$5),F46=\"SERV DIF\",I46*(1+$L$6),F46=\"FORN\",I46*(1+$L$7)),2)","v":1.35},445.65,546.94000000000005,2.7159099768253343E-5,"PAVIMENTAÇÃO"]
[null,"10.5",5914464,"SICRO","Transporte com caminhão carroceria de 15 t - rodovia em revestimento primário","SERV","tkm",{"$f":"SUMIF('MOMENTO DE TRANSPORTE - PRINC'!A:A,'RESUMO MODULO TOTAL'!C47,'MOMENTO DE TRANSPORTE - PRINC'!K:K)+SUMIF('MOMENTO DE TRANSPORTE - AUX'!A:A,'RESUMO MODULO TOTAL'!C47,'MOMENTO DE TRANSPORTE - AUX'!K:K)","v":405.14400000000001},{"$f":"ROUND(IF(D47=\"CODEVASF\",VLOOKUP(C47,'CPU CODEVASF'!E:I,5,FALSE),VLOOKUP(C47,'SINTÉTICO SICRO'!A:D,4,FALSE)),6)","v":0.88},{"$f":"TRUNC(_xlfn.IFS(F47=\"SERV\",I47*(1+$L$5),F47=\"SERV DIF\",I47*(1+$L$6),F47=\"FORN\",I47*(1+$L$7)),2)","v":1.08},356.52,437.55,2.1727180501698997E-5,"PAVIMENTAÇÃO"]
[null,"10.6",5914479,"SICRO","Transporte com caminhão carroceria de 15 t - rodovia pavimentada","SERV","tkm",{"$f":"SUMIF('MOMENTO DE TRANSPORTE - PRINC'!A:A,'RESUMO MODULO TOTAL'!C48,'MOMENTO DE TRANSPORTE - PRINC'!K:K)+SUMIF('MOMENTO DE TRANSPORTE - AUX'!A:A,'RESUMO MODULO TOTAL'!C48,'MOMENTO DE TRANSPORTE - AUX'!K:K)","v":3241.152},{"$f":"ROUND(IF(D48=\"CODEVASF\",VLOOKUP(C48,'CPU CODEVASF'!E:I,5,FALSE),VLOOKUP(C48,'SINTÉTICO SICRO'!A:D,4,FALSE)),6)","v":0.72},{"$f":"TRUNC(_xlfn.IFS(F48=\"SERV\",I48*(1+$L$5),F48=\"SERV DIF\",I48*(1+$L$6),F48=\"FORN\",I48*(1+$L$7)),2)","v":0.88},2333.62,2852.21,1.4163062849674527E-4,"PAVIMENTAÇÃO"]
[null,"10.7",5914569,"SICRO","Transporte com caminhão betoneira - rodovia pavimentada","SERV","tkm",{"$f":"SUMIF('MOMENTO DE TRANSPORTE - PRINC'!A:A,'RESUMO MODULO TOTAL'!C49,'MOMENTO DE TRANSPORTE - PRINC'!K:K)+SUMIF('MOMENTO DE TRANSPORTE - AUX'!A:A,'RESUMO MODULO TOTAL'!C49,'MOMENTO DE TRANSPORTE - AUX'!K:K)","v":137088},{"$f":"ROUND(IF(D49=\"CODEVASF\",VLOOKUP(C49,'CPU CODEVASF'!E:I,5,FALSE),VLOOKUP(C49,'SINTÉTICO SICRO'!A:D,4,FALSE)),6)","v":0.8},{"$f":"TRUNC(_xlfn.IFS(F49=\"SERV\",I49*(1+$L$5),F49=\"SERV DIF\",I49*(1+$L$6),F49=\"FORN\",I49*(1+$L$7)),2)","v":0.98},109670.39999999999,134346.23999999999,6.6711575961708909E-3,"PAVIMENTAÇÃO"]
[null,"10.8",5914554,"SICRO","Transporte com caminhão betoneira - rodovia em revestimento primário","SERV","tkm",{"$f":"SUMIF('MOMENTO DE TRANSPORTE - PRINC'!A:A,'RESUMO MODULO TOTAL'!C50,'MOMENTO DE TRANSPORTE - PRINC'!K:K)+SUMIF('MOMENTO DE TRANSPORTE - AUX'!A:A,'RESUMO MODULO TOTAL'!C50,'MOMENTO DE TRANSPORTE - AUX'!K:K)","v":17136},{"$f":"ROUND(IF(D50=\"CODEVASF\",VLOOKUP(C50,'CPU CODEVASF'!E:I,5,FALSE),VLOOKUP(C50,'SINTÉTICO SICRO'!A:D,4,FALSE)),6)","v":0.98},{"$f":"TRUNC(_xlfn.IFS(F50=\"SERV\",I50*(1+$L$5),F50=\"SERV DIF\",I50*(1+$L$6),F50=\"FORN\",I50*(1+$L$7)),2)","v":1.2},16793.28,20563.2,1.0210955504343202E-3,"PAVIMENTAÇÃO"]
[null,"10.9",5914539,"SICRO","Transporte com caminhão betoneira - rodovia em leito natural","SERV","tkm",{"$f":"SUMIF('MOMENTO DE TRANSPORTE - PRINC'!A:A,'RESUMO MODULO TOTAL'!C51,'MOMENTO DE TRANSPORTE - PRINC'!K:K)+SUMIF('MOMENTO DE TRANSPORTE - AUX'!A:A,'RESUMO MODULO TOTAL'!C51,'MOMENTO DE TRANSPORTE - AUX'!K:K)","v":17136},{"$f":"ROUND(IF(D51=\"CODEVASF\",VLOOKUP(C51,'CPU CODEVASF'!E:I,5,FALSE),VLOOKUP(C51,'SINTÉTICO SICRO'!A:D,4,FALSE)),6)","v":1.23},{"$f":"TRUNC(_xlfn.IFS(F51=\"SERV\",I51*(1+$L$5),F51=\"SERV DIF\",I51*(1+$L$6),F51=\"FORN\",I51*(1+$L$7)),2)","v":1.51},21077.279999999999,25875.360000000001,1.284878567629853E-3,"PAVIMENTAÇÃO"]
[null,"TOTAL GERAL DA OBRA COM BDI ",{"$nulls":8},{"$f":"SUM(K10,K13,K16,K18,K21,K30,K35,K38,K40,K42)","v":16791013.359999999},{"$f":"SUM(L10,L13,L16,L18,L21,L30,L35,L38,L40,L42)","v":20138370}]
[]
[]
[null,"EXECUÇÃO DE SERVIÇOS DE IMPLANTAÇÃO DE PAVIMENTAÇÃO EM BLOCO DE CONCRETO INTERTRAVADO, EM VIAS URBANAS E RURAIS INSERIDAS NA ÁREA DE ATUAÇÃO DA CODEVASF, NO ESTADO DO PIAUÍ - REGIÃO SUL"]
[]
[]
[]
[{"$nulls":11},20138370]

{"sheet":"CRONOGRAMA TOTAL","index":1,"n_rows":36,"n_cols":17,"rows_kept":36,"cut":false,"hidden":false,"merged":[[28,0,28,1],[1,0,1,14],[2,0,2,14],[25,0,25,1],[26,0,26,1],[27,0,27,1]]}
[]
[{"$f":"'RESUMO MODULO TOTAL'!B55","v":"EXECUÇÃO DE SERVIÇOS DE IMPLANTAÇÃO DE PAVIMENTAÇÃO EM BLOCO DE CONCRETO INTERTRAVADO, EM VIAS URBANAS E RURAIS INSERIDAS NA ÁREA DE ATUAÇÃO DA CODEVASF, NO ESTADO DO PIAUÍ - REGIÃO SUL"}]
["Cronograma Físico e Financeiro "]
["Item","Descrição","Total Por Etapa","30 DIAS","60 DIAS","90 DIAS","120 DIAS","150 DIAS","180 DIAS","210 DIAS","240 DIAS","270 DIAS","300 DIAS","330 DIAS","360 DIAS"]
[null,{"$f":"'RESUMO MODULO TOTAL'!E10","v":"SERVIÇOS PRELIMINARES "},{"$f":"SUM(D5:O5)","v":1},null,null,null,0.5,{"$nulls":7},0.5]
[null,null,{"$f":"'RESUMO MODULO TOTAL'!L10","v":236971.5},null,null,null,{"$f":"$C$6*G5","v":118485.75},{"$nulls":7},{"$f":"$C$6*O5","v":118485.75},{"$f":"SUM(D6:O6)","v":236971.5},{"$f":"IF(P6=C6,\"OK\",\"\")","v":"OK"}]
[null,{"$f":"'RESUMO MODULO TOTAL'!E13","v":"INSTALAÇÃO DE CANTEIRO"},{"$f":"SUM(D7:O7)","v":1},null,null,null,0.1,0.5,0.4]
[null,null,{"$f":"'RESUMO MODULO TOTAL'!L13","v":208146.13},{"$f":"$C$8*D7","v":0},{"$f":"$C$8*E7","v":0},0,20814.613000000001,104073.065,83258.452000000005,0,0,0,0,0,0,{"$f":"SUM(D8:O8)","v":208146.13},{"$f":"IF(P8=C8,\"OK\",\"\")","v":"OK"}]
[null,{"$f":"'RESUMO MODULO TOTAL'!E16","v":"ADMINISTRAÇÃO LOCAL DA OBRA"},{"$f":"SUM(D9:O9)","v":1},{"$f":"(D6+D8+D12+D14+D16+D18+D20+D22+D24)/($O$31-$C$10)","v":1.4330055145967259E-2},{"$f":"(E6+E8+E12+E14+E16+E18+E20+E22+E24)/($O$31-$C$10)","v":1.4330055145967259E-2},2.4204714056951546E-2,2.5416609900754301E-2,2.3519854492550001E-2,0.14678201985367262,0.13633820183330289,0.13034379848351094,0.13034379848351094,0.13034379848351094,0.16558087822645748,5.8466215893843765E-2]
[null,null,{"$f":"'RESUMO MODULO TOTAL'!L16","v":1565971.13},{"$f":"$C$10*D9","v":22440.452649892661},{"$f":"$C$10*E9","v":22440.452649892661},{"$f":"$C$10*F9","v":37903.883423091298},39801.677327053396,36831.4131171341,229856.40549393813,213501.68798706538,204114.62539971591,204114.62539971591,204114.62539971591,259294.87498267798,91556.406170106478,{"$f":"SUM(D10:O10)","v":1565971.13},{"$f":"IF(P10=C10,\"OK\",\"\")","v":"OK"}]
[null,{"$f":"'RESUMO MODULO TOTAL'!E18","v":"TERRAPLANAGEM"},{"$f":"SUM(D11:O11)","v":1},null,null,null,{"$f":"1/4","v":0.25},{"$f":"1/4","v":0.25},{"$f":"1/4","v":0.25},0.25]
[null,null,{"$f":"'RESUMO MODULO TOTAL'!L18","v":445321.8},{"$f":"$C$14*D11","v":0},{"$f":"$C$12*E11","v":0},0,111330.45,111330.45,111330.45,111330.45,0,0,0,0,0,{"$f":"SUM(D12:O12)","v":445321.8},{"$f":"IF(P12=C12,\"OK\",\"\")","v":"OK"}]
[null,{"$f":"'RESUMO MODULO TOTAL'!E21","v":"PAVIMENTAÇÃO"},{"$f":"SUM(D13:O13)","v":0.99999999999999989},{"$nulls":5},{"$f":"1/6","v":0.16666666666666666},{"$f":"1/6","v":0.16666666666666666},0.16666666666666666,0.16666666666666666,0.16666666666666666,0.16666666666666666]
[null,null,{"$f":"'RESUMO MODULO TOTAL'!L21","v":13196282.470000001},{"$f":"$C$14*D13","v":0},{"$f":"$C$14*E13","v":0},0,0,0,2199380.4116666666,2199380.4116666666,2199380.4116666666,2199380.4116666666,2199380.4116666666,2199380.4116666666,0,{"$f":"SUM(D14:O14)","v":13196282.470000001},{"$f":"IF(P14=C14,\"OK\",\"\")","v":"OK"}]
[null,{"$f":"'RESUMO MODULO TOTAL'!E30","v":"SINALIZAÇÃO"},{"$f":"SUM(D15:O15)","v":1},{"$nulls":11},1]
[null,null,{"$f":"'RESUMO MODULO TOTAL'!L30","v":202226.72999999998},{"$f":"$C$16*D15","v":0},{"$f":"$C$16*E15","v":0},0,0,0,0,0,0,0,0,0,202226.72999999998,{"$f":"SUM(D16:O16)","v":202226.72999999998},{"$f":"IF(P16=C16,\"OK\",\"\")","v":"OK"}]
[null,{"$f":"'RESUMO MODULO TOTAL'!E35","v":"DRENAGEM"},{"$f":"SUM(D17:O17)","v":1},{"$nulls":10},0.5,0.5]
[null,null,{"$f":"'RESUMO MODULO TOTAL'!L35","v":1263671.2},{"$f":"$C$18*D17","v":0},{"$f":"$C$18*E17","v":0},0,0,0,0,0,0,0,0,631835.6,631835.6,{"$f":"SUM(D18:O18)","v":1263671.2},{"$f":"IF(P18=C18,\"OK\",\"\")","v":"OK"}]
[null,{"$f":"'RESUMO MODULO TOTAL'!E38","v":"SERVIÇOS COMPLEMENTARES"},{"$f":"SUM(D19:O19)","v":1},{"$nulls":10},0.5,0.5]
[null,null,{"$f":"'RESUMO MODULO TOTAL'!L38","v":45203},{"$f":"$C$20*D19","v":0},{"$f":"$C$20*E19","v":0},0,0,0,0,0,0,0,0,22601.5,22601.5,{"$f":"SUM(D20:O20)","v":45203},{"$f":"IF(P20=C20,\"OK\",\"\")","v":"OK"}]
[null,{"$f":"'RESUMO MODULO TOTAL'!E40","v":"PROJETO EXECUTIVO"},{"$f":"SUM(D21:O21)","v":1},0.35,0.35,0.3]
[null,null,{"$f":"'RESUMO MODULO TOTAL'!L40","v":760410},{"$f":"$C$22*D21","v":266143.5},{"$f":"$C$22*E21","v":266143.5},228123,0,0,0,0,0,0,0,0,0,{"$f":"SUM(D22:O22)","v":760410},{"$f":"IF(P22=C22,\"OK\",\"\")","v":"OK"}]
[null,{"$f":"'RESUMO MODULO TOTAL'!E42","v":"MOMENTO DE TRANSPORTE"},{"$f":"SUM(D23:O23)","v":1},null,null,0.1,0.1,0.1,0.15,0.1,0.1,0.1,0.1,0.1,0.05]
[null,null,{"$f":"'RESUMO MODULO TOTAL'!L42","v":2214166.04},{"$f":"$C$24*D23","v":0},{"$f":"$C$24*E23","v":0},221416.60400000002,221416.60400000002,221416.60400000002,332124.90600000002,221416.60400000002,221416.60400000002,221416.60400000002,221416.60400000002,221416.60400000002,110708.30200000001,{"$f":"SUM(D24:O24)","v":2214166.0400000005},{"$f":"IF(P24=C24,\"OK\",\"\")","v":"OK"}]
[]
["Porcentagem",null,null,{"$f":"SUM(D6+D8+D10+D12+D14+D16+D18+D20+D22+D24)/$O$31","v":1.4330055145967259E-2},{"$f":"SUM(E6+E8+E10+E12+E14+E16+E18+E20+E22+E24)/$O$31","v":1.4330055145967259E-2},2.4204714056951546E-2,2.5416609900754301E-2,2.3519854492549997E-2,0.14678201985367259,0.13633820183330289,0.13034379848351094,0.13034379848351094,0.13034379848351094,0.16558087822645748,5.8466215893843765E-2]
["Custo",null,null,{"$f":"$O$31*D26","v":288583.95264989266},{"$f":"$O$31*E26","v":288583.95264989266},{"$f":"$O$31*F26","v":487443.48742309131},511849.0943270534,473651.53211713408,2955950.6251606047,2745629.153653732,2624911.6410663822,2624911.6410663822,2624911.6410663822,3334528.9906493444,1177414.2881701065]
["Porcentagem Acumulado",null,null,{"$f":"D26","v":1.4330055145967259E-2},{"$f":"D28+E26","v":2.8660110291934517E-2},{"$f":"E28+F26","v":5.2864824348886064E-2},7.8281434249640361E-2,0.10180128874219035,0.24858330859586295,0.38492151042916584,0.51526530891267674,0.64560910739618771,0.77595290587969867,0.94153378410615618,{"$f":"N28+O26","v":1}]
["Custo Acumulado",null,null,{"$f":"D27","v":288583.95264989266},{"$f":"D29+E27","v":577167.90529978531},1064611.3927228767,1576460.4870499303,2050112.0191670642,5006062.6443276685,7751691.7979814,10376603.439047782,13001515.080114163,15626426.721180545,18960955.71182989,{"$f":"INT(N29+O27)","v":20138370}]
[]
[null,null,null,"Total Geral",{"$nulls":9},"R$",{"$f":"C6+C8+C10+C12+C14+C16+C18+C20+C22+C24","v":20138370}]
[]
[]
[{"$nulls":14},{"$f":"O29-O31","v":0}]
[]
[{"$nulls":14},{"$f":"#REF!","v":{"$error":"#REF!"}}]

{"sheet":"Mob","index":2,"n_rows":67,"n_cols":9,"rows_kept":67,"cut":false,"hidden":false,"merged":[[10,6,10,7],[60,0,60,1],[10,0,11,0],[10,1,11,1],[10,2,11,2],[10,3,11,3],[10,4,11,4],[10,5,11,5],[3,0,3,7],[4,0,8,4],[4,5,4,6],[5,5,6,6],[5,7,6,7],[7,5,8,6],[7,7,8,7]]}
[]
[]
[]
[{"$f":"'RESUMO MODULO TOTAL'!B55","v":"EXECUÇÃO DE SERVIÇOS DE IMPLANTAÇÃO DE PAVIMENTAÇÃO EM BLOCO DE CONCRETO INTERTRAVADO, EM VIAS URBANAS E RURAIS INSERIDAS NA ÁREA DE ATUAÇÃO DA CODEVASF, NO ESTADO DO PIAUÍ - REGIÃO SUL"}]
["MOBILIZAÇÃO/DESMOBILIZAÇÃO (MOB)",{"$nulls":4},"Frentes de serviços",null,{"$f":"'MC MODULO'!G1","v":17}]
[{"$nulls":5},"Distância da Capital ao Canteiro:",null,25,"Fica a cargo de cada SR colocar a distancia adequada de acordo com o historico de mobilização"]
[]
[{"$nulls":5},"Velocidade média de transporte (pavim.):",null,60]
[]
["Transporte dos equipamentos"]
["CODIGO","EQUIPAMENTO","VEÍCULO TRANSPORTADOR","QTDE","K","FU","CUSTO DO TRANSPORTE"]
[{"$nulls":6},"(R$/h)","(R$)/km"]
["E9524",{"$f":"VLOOKUP(A13,Equipamentos!$A:$K,2,FALSE)","v":"Motoniveladora - 93 kW"},{"$f":"IFERROR(INDEX('Tabelas 2 e 3 mob'!A:K,MATCH(A13,'Tabelas 2 e 3 mob'!A:A,0),9),\"ERRO\")","v":"E9665"},1,2,1,{"$f":"IF(C13=\"Veículo(s) da própria frota.\",0,INDEX(Equipamentos!B:K,MATCH(C13,Equipamentos!A:A,0),9))","v":422.43220000000002},{"$f":"((D13*E13*F13)/$H$8)*G13","v":14.081073333333334}]
["E9526",{"$f":"VLOOKUP(A14,Equipamentos!$A:$K,2,FALSE)","v":"Retroescavadeira de pneus - capacidade da caçamba da pá-carregadeira de 0,76 m³ e da retroescavadeira de 0,29 m³ - 58 kW "},{"$f":"IFERROR(INDEX('Tabelas 2 e 3 mob'!A:K,MATCH(A14,'Tabelas 2 e 3 mob'!A:A,0),9),\"ERRO\")","v":"E9665"},1,2,1,{"$f":"IF(C14=\"Veículo(s) da própria frota.\",0,INDEX(Equipamentos!B:K,MATCH(C14,Equipamentos!A:A,0),9))","v":422.43220000000002},{"$f":"((D14*E14*F14)/$H$8)*G14","v":14.081073333333334}]
["E9577",{"$f":"VLOOKUP(A15,Equipamentos!$A:$K,2,FALSE)","v":"Trator agrícola sobre pneus - 77 kW"},{"$f":"IFERROR(INDEX('Tabelas 2 e 3 mob'!A:K,MATCH(A15,'Tabelas 2 e 3 mob'!A:A,0),9),\"ERRO\")","v":"E9665"},1,2,0.5,{"$f":"IF(C15=\"Veículo(s) da própria frota.\",0,INDEX(Equipamentos!B:K,MATCH(C15,Equipamentos!A:A,0),9))","v":422.43220000000002},7.0405366666666671]
["E9518",{"$f":"VLOOKUP(A16,Equipamentos!$A:$K,2,FALSE)","v":"Grade de 24 discos rebocável de D = 60 cm (24\")"},{"$f":"IFERROR(INDEX('Tabelas 2 e 3 mob'!A:K,MATCH(A16,'Tabelas 2 e 3 mob'!A:A,0),9),\"ERRO\")","v":"Veículo(s) da própria frota."},1,2,0,{"$f":"IF(C16=\"Veículo(s) da própria frota.\",0,INDEX(Equipamentos!B:K,MATCH(C16,Equipamentos!A:A,0),9))","v":0},0]
["E9615",{"$f":"VLOOKUP(A17,Equipamentos!$A:$K,2,FALSE)","v":"Usina misturadora de solos com capacidade de 300 t/h - 44 kW"},{"$f":"IFERROR(INDEX('Tabelas 2 e 3 mob'!A:K,MATCH(A17,'Tabelas 2 e 3 mob'!A:A,0),9),\"ERRO\")","v":"E9018"},0,2,2,{"$f":"IF(C17=\"Veículo(s) da própria frota.\",0,INDEX(Equipamentos!B:K,MATCH(C17,Equipamentos!A:A,0),9))","v":561.72709999999995},0,"E9686"]
["E9530",{"$f":"VLOOKUP(A18,Equipamentos!$A:$K,2,FALSE)","v":"Rolo compactador liso vibratório autopropelido por pneus de 11 t - 97 kW"},{"$f":"IFERROR(INDEX('Tabelas 2 e 3 mob'!A:K,MATCH(A18,'Tabelas 2 e 3 mob'!A:A,0),9),\"ERRO\")","v":"E9666"},1,2,0.5,{"$f":"IF(C18=\"Veículo(s) da própria frota.\",0,INDEX(Equipamentos!B:K,MATCH(C18,Equipamentos!A:A,0),9))","v":472.1302},7.8688366666666667]
["E9558",{"$f":"VLOOKUP(A19,Equipamentos!$A:$K,2,FALSE)","v":"Tanque de estocagem de asfalto com capacidade de 30.000 l"},{"$f":"IFERROR(INDEX('Tabelas 2 e 3 mob'!A:K,MATCH(A19,'Tabelas 2 e 3 mob'!A:A,0),9),\"ERRO\")","v":"E9665"},0,2,1,{"$f":"IF(C19=\"Veículo(s) da própria frota.\",0,INDEX(Equipamentos!B:K,MATCH(C19,Equipamentos!A:A,0),9))","v":422.43220000000002},0]
["E9758",{"$f":"VLOOKUP(A20,Equipamentos!$A:$K,2,FALSE)","v":"Vibroacabadora de asfalto sobre pneus - 97 kW"},{"$f":"IFERROR(INDEX('Tabelas 2 e 3 mob'!A:K,MATCH(A20,'Tabelas 2 e 3 mob'!A:A,0),9),\"ERRO\")","v":"E9018"},0,2,0.5,{"$f":"IF(C20=\"Veículo(s) da própria frota.\",0,INDEX(Equipamentos!B:K,MATCH(C20,Equipamentos!A:A,0),9))","v":561.72709999999995},0]
["E9685",{"$f":"VLOOKUP(A21,Equipamentos!$A:$K,2,FALSE)","v":"Rolo compactador pé de carneiro vibratório autopropelido por pneus de 11,6 t - 82 kW"},{"$f":"IFERROR(INDEX('Tabelas 2 e 3 mob'!A:K,MATCH(A21,'Tabelas 2 e 3 mob'!A:A,0),9),\"ERRO\")","v":"E9666"},1,2,0.5,{"$f":"IF(C21=\"Veículo(s) da própria frota.\",0,INDEX(Equipamentos!B:K,MATCH(C21,Equipamentos!A:A,0),9))","v":472.1302},7.8688366666666667]
["E9605",{"$f":"VLOOKUP(A22,Equipamentos!$A:$K,2,FALSE)","v":"Caminhão tanque com capacidade de 6.000 l - 136 kW"},{"$f":"IFERROR(INDEX('Tabelas 2 e 3 mob'!A:K,MATCH(A22,'Tabelas 2 e 3 mob'!A:A,0),9),\"ERRO\")","v":"E9605"},1,1,1,{"$f":"IF(C22=\"Veículo(s) da própria frota.\",0,INDEX(Equipamentos!B:K,MATCH(C22,Equipamentos!A:A,0),9))","v":276.87610000000001},4.6146016666666672]
["E9579",{"$f":"VLOOKUP(A23,Equipamentos!$A:$K,2,FALSE)","v":"Caminhão basculante com capacidade de 10 m³ - 210 kW"},{"$f":"IFERROR(INDEX('Tabelas 2 e 3 mob'!A:K,MATCH(A23,'Tabelas 2 e 3 mob'!A:A,0),9),\"ERRO\")","v":"E9579"},5,1,1,{"$f":"IF(C23=\"Veículo(s) da própria frota.\",0,INDEX(Equipamentos!B:K,MATCH(C23,Equipamentos!A:A,0),9))","v":305.7457},25.478808333333333]
["E9509",{"$f":"VLOOKUP(A24,Equipamentos!$A:$K,2,FALSE)","v":"Caminhão tanque distribuidor de asfalto com capacidade de 6.000 l - 7 kW/136 kW"},{"$f":"IFERROR(INDEX('Tabelas 2 e 3 mob'!A:K,MATCH(A24,'Tabelas 2 e 3 mob'!A:A,0),9),\"ERRO\")","v":"E9509"},0,1,1,{"$f":"IF(C24=\"Veículo(s) da própria frota.\",0,INDEX(Equipamentos!B:K,MATCH(C24,Equipamentos!A:A,0),9))","v":331.71899999999999},0]
["E9762",{"$f":"VLOOKUP(A25,Equipamentos!$A:$K,2,FALSE)","v":"Rolo compactador de pneus autopropelido de 27 t - 85 kW"},{"$f":"IFERROR(INDEX('Tabelas 2 e 3 mob'!A:K,MATCH(A25,'Tabelas 2 e 3 mob'!A:A,0),9),\"ERRO\")","v":"E9666"},1,2,0.5,{"$f":"IF(C25=\"Veículo(s) da própria frota.\",0,INDEX(Equipamentos!B:K,MATCH(C25,Equipamentos!A:A,0),9))","v":472.1302},7.8688366666666667]
["E9681",{"$f":"VLOOKUP(A26,Equipamentos!$A:$K,2,FALSE)","v":"Rolo compactador liso tandem vibratório autopropelido de 10,4 t - 82 kW"},{"$f":"IFERROR(INDEX('Tabelas 2 e 3 mob'!A:K,MATCH(A26,'Tabelas 2 e 3 mob'!A:A,0),9),\"ERRO\")","v":"E9666"},0,2,0.5,{"$f":"IF(C26=\"Veículo(s) da própria frota.\",0,INDEX(Equipamentos!B:K,MATCH(C26,Equipamentos!A:A,0),9))","v":472.1302},0]
["E9545",{"$f":"VLOOKUP(A27,Equipamentos!$A:$K,2,FALSE)","v":"Vibroacabadora de asfalto sobre esteiras - 97 kW"},{"$f":"IFERROR(INDEX('Tabelas 2 e 3 mob'!A:K,MATCH(A27,'Tabelas 2 e 3 mob'!A:A,0),9),\"ERRO\")","v":"E9018"},0,2,0.5,{"$f":"IF(C27=\"Veículo(s) da própria frota.\",0,INDEX(Equipamentos!B:K,MATCH(C27,Equipamentos!A:A,0),9))","v":561.72709999999995},0]
["E9571",{"$f":"VLOOKUP(A28,Equipamentos!$A:$K,2,FALSE)","v":"Caminhão tanque com capacidade de 10.000 l - 188 kW"},{"$f":"IFERROR(INDEX('Tabelas 2 e 3 mob'!A:K,MATCH(A28,'Tabelas 2 e 3 mob'!A:A,0),9),\"ERRO\")","v":"E9571"},1,1,1,{"$f":"IF(C28=\"Veículo(s) da própria frota.\",0,INDEX(Equipamentos!B:K,MATCH(C28,Equipamentos!A:A,0),9))","v":357.57279999999997},5.9595466666666663]
["E9514",{"$f":"VLOOKUP(A29,Equipamentos!$A:$K,2,FALSE)","v":"Distribuidor de agregados sobre pneus autopropelido - 130 kW"},{"$f":"IFERROR(INDEX('Tabelas 2 e 3 mob'!A:K,MATCH(A29,'Tabelas 2 e 3 mob'!A:A,0),9),\"ERRO\")","v":"E9665"},1,2,0.5,{"$f":"IF(C29=\"Veículo(s) da própria frota.\",0,INDEX(Equipamentos!B:K,MATCH(C29,Equipamentos!A:A,0),9))","v":422.43220000000002},7.0405366666666671]
["E9511",{"$f":"VLOOKUP(A30,Equipamentos!$A:$K,2,FALSE)","v":"Carregadeira de pneus com capacidade de 3,40 m³ - 195 kW"},{"$f":"IFERROR(INDEX('Tabelas 2 e 3 mob'!A:K,MATCH(A30,'Tabelas 2 e 3 mob'!A:A,0),9),\"ERRO\")","v":"E9665"},1,2,1,{"$f":"IF(C30=\"Veículo(s) da própria frota.\",0,INDEX(Equipamentos!B:K,MATCH(C30,Equipamentos!A:A,0),9))","v":422.43220000000002},14.081073333333334]
["E9779",{"$f":"VLOOKUP(A31,Equipamentos!$A:$K,2,FALSE)","v":"Grupo gerador - 113 kVA"},{"$f":"IFERROR(INDEX('Tabelas 2 e 3 mob'!A:K,MATCH(A31,'Tabelas 2 e 3 mob'!A:A,0),9),\"ERRO\")","v":"Veículo(s) da própria frota."},1,2,0,{"$f":"IF(C31=\"Veículo(s) da própria frota.\",0,INDEX(Equipamentos!B:K,MATCH(C31,Equipamentos!A:A,0),9))","v":0},0]
["E9559",{"$f":"VLOOKUP(A32,Equipamentos!$A:$K,2,FALSE)","v":"Aquecedor de fluido térmico - 12 kW"},{"$f":"IFERROR(INDEX('Tabelas 2 e 3 mob'!A:K,MATCH(A32,'Tabelas 2 e 3 mob'!A:A,0),9),\"ERRO\")","v":"Veículo(s) da própria frota."},1,2,0,{"$f":"IF(C32=\"Veículo(s) da própria frota.\",0,INDEX(Equipamentos!B:K,MATCH(C32,Equipamentos!A:A,0),9))","v":0},0]
["E9584",{"$f":"VLOOKUP(A33,Equipamentos!$A:$K,2,FALSE)","v":"Carregadeira de pneus com capacidade de 1,72 m³ - 113 kW"},{"$f":"IFERROR(INDEX('Tabelas 2 e 3 mob'!A:K,MATCH(A33,'Tabelas 2 e 3 mob'!A:A,0),9),\"ERRO\")","v":"E9665"},1,2,1,{"$f":"IF(C33=\"Veículo(s) da própria frota.\",0,INDEX(Equipamentos!B:K,MATCH(C33,Equipamentos!A:A,0),9))","v":422.43220000000002},14.081073333333334]
["E9021",{"$f":"VLOOKUP(A34,Equipamentos!$A:$K,2,FALSE)","v":"Grupo gerador - 456 kVA"},{"$f":"IFERROR(INDEX('Tabelas 2 e 3 mob'!A:K,MATCH(A34,'Tabelas 2 e 3 mob'!A:A,0),9),\"ERRO\")","v":"E9508"},1,2,1,{"$f":"IF(C34=\"Veículo(s) da própria frota.\",0,INDEX(Equipamentos!B:K,MATCH(C34,Equipamentos!A:A,0),9))","v":193.0334},6.4344466666666662]
["E9687",{"$f":"VLOOKUP(A35,Equipamentos!$A:$K,2,FALSE)","v":"Caminhão carroceria com capacidade de 5 t - 120 kW"},{"$f":"IFERROR(INDEX('Tabelas 2 e 3 mob'!A:K,MATCH(A35,'Tabelas 2 e 3 mob'!A:A,0),9),\"ERRO\")","v":"E9687"},1,1,1,{"$f":"IF(C35=\"Veículo(s) da própria frota.\",0,INDEX(Equipamentos!B:K,MATCH(C35,Equipamentos!A:A,0),9))","v":172.26499999999999},2.871083333333333]
["E9667",{"$f":"VLOOKUP(A36,Equipamentos!$A:$K,2,FALSE)","v":"Caminhão basculante com capacidade de 14 m³ - 210 kW"},{"$f":"IFERROR(INDEX('Tabelas 2 e 3 mob'!A:K,MATCH(A36,'Tabelas 2 e 3 mob'!A:A,0),9),\"ERRO\")","v":"E9667"},1,1,1,{"$f":"IF(C36=\"Veículo(s) da própria frota.\",0,INDEX(Equipamentos!B:K,MATCH(C36,Equipamentos!A:A,0),9))","v":319.0394},5.3173233333333334]
["E9644",{"$f":"VLOOKUP(A37,Equipamentos!$A:$K,2,FALSE)","v":"Caminhão demarcador de faixas com sistema de pintura a frio - 28 kW/129 kW"},{"$f":"IFERROR(INDEX('Tabelas 2 e 3 mob'!A:K,MATCH(A37,'Tabelas 2 e 3 mob'!A:A,0),9),\"ERRO\")","v":"E9644"},1,1,1,{"$f":"IF(C37=\"Veículo(s) da própria frota.\",0,INDEX(Equipamentos!B:K,MATCH(C37,Equipamentos!A:A,0),9))","v":456.20760000000001},7.6034600000000001]
["E9592",{"$f":"VLOOKUP(A38,Equipamentos!$A:$K,2,FALSE)","v":"Caminhão carroceria com capacidade de 15 t - 188 kW"},{"$f":"IFERROR(INDEX('Tabelas 2 e 3 mob'!A:K,MATCH(A38,'Tabelas 2 e 3 mob'!A:A,0),9),\"ERRO\")","v":"E9592"},1,1,1,{"$f":"IF(C38=\"Veículo(s) da própria frota.\",0,INDEX(Equipamentos!B:K,MATCH(C38,Equipamentos!A:A,0),9))","v":281.20940000000002},4.6868233333333338]
["E9540",{"$f":"VLOOKUP(A39,Equipamentos!$A:$K,2,FALSE)","v":"Trator sobre esteiras com lâmina - 127 kW"},{"$f":"IFERROR(INDEX('Tabelas 2 e 3 mob'!A:K,MATCH(A39,'Tabelas 2 e 3 mob'!A:A,0),9),\"ERRO\")","v":"E9018"},1,2,0.5,{"$f":"IF(C39=\"Veículo(s) da própria frota.\",0,INDEX(Equipamentos!B:K,MATCH(C39,Equipamentos!A:A,0),9))","v":561.72709999999995},9.3621183333333331]
["E9515",{"$f":"VLOOKUP(A40,Equipamentos!$A:$K,2,FALSE)","v":"Escavadeira hidráulica sobre esteiras com caçamba com capacidade de 1,56 m³ - 118 kW"},{"$f":"IFERROR(INDEX('Tabelas 2 e 3 mob'!A:K,MATCH(A40,'Tabelas 2 e 3 mob'!A:A,0),9),\"ERRO\")","v":"E9666"},1,2,1,{"$f":"IF(C40=\"Veículo(s) da própria frota.\",0,INDEX(Equipamentos!B:K,MATCH(C40,Equipamentos!A:A,0),9))","v":472.1302},15.737673333333333]
["E9506",{"$f":"VLOOKUP(A41,Equipamentos!$A:$K,2,FALSE)","v":"Caminhão basculante com capacidade de 6 m³ - 136 kW"},{"$f":"IFERROR(INDEX('Tabelas 2 e 3 mob'!A:K,MATCH(A41,'Tabelas 2 e 3 mob'!A:A,0),9),\"ERRO\")","v":"E9506"},1,1,1,{"$f":"IF(C41=\"Veículo(s) da própria frota.\",0,INDEX(Equipamentos!B:K,MATCH(C41,Equipamentos!A:A,0),9))","v":198.07050000000001},3.3011750000000002]
["E9256",{"$f":"VLOOKUP(A42,Equipamentos!$A:$K,2,FALSE)","v":"Equipamento para pintura com cal rebocável com dois bicos aplicadores e capacidade de 2.200 l"},{"$f":"IFERROR(INDEX('Tabelas 2 e 3 mob'!A:K,MATCH(A42,'Tabelas 2 e 3 mob'!A:A,0),9),\"ERRO\")","v":"Veículo(s) da própria frota."},1,2,0,{"$f":"IF(C42=\"Veículo(s) da própria frota.\",0,INDEX(Equipamentos!B:K,MATCH(C42,Equipamentos!A:A,0),9))","v":0},0]
["E9156",{"$f":"VLOOKUP(A43,Equipamentos!$A:$K,2,FALSE)","v":"Soprador de ar costal - 2,6 kW"},{"$f":"IFERROR(INDEX('Tabelas 2 e 3 mob'!A:K,MATCH(A43,'Tabelas 2 e 3 mob'!A:A,0),9),\"ERRO\")","v":"Veículo(s) da própria frota."},1,2,0,{"$f":"IF(C43=\"Veículo(s) da própria frota.\",0,INDEX(Equipamentos!B:K,MATCH(C43,Equipamentos!A:A,0),9))","v":0},0]
["E9146",{"$f":"VLOOKUP(A44,Equipamentos!$A:$K,2,FALSE)","v":"Caminhão silo com capacidade de 30 m³ - 368 kW"},{"$f":"IFERROR(INDEX('Tabelas 2 e 3 mob'!A:K,MATCH(A44,'Tabelas 2 e 3 mob'!A:A,0),9),\"ERRO\")","v":"E9146"},1,1,1,{"$f":"IF(C44=\"Veículo(s) da própria frota.\",0,INDEX(Equipamentos!B:K,MATCH(C44,Equipamentos!A:A,0),9))","v":668.49800000000005},11.141633333333335]
["E9599",{"$f":"VLOOKUP(A45,Equipamentos!$A:$K,2,FALSE)","v":"Central de concreto com capacidade de 30 m³/h - dosadora RS"},{"$f":"IFERROR(INDEX('Tabelas 2 e 3 mob'!A:K,MATCH(A45,'Tabelas 2 e 3 mob'!A:A,0),9),\"ERRO\")","v":"E9018"},1,2,1,{"$f":"IF(C45=\"Veículo(s) da própria frota.\",0,INDEX(Equipamentos!B:K,MATCH(C45,Equipamentos!A:A,0),9))","v":561.72709999999995},18.724236666666666]
["E9103",{"$f":"VLOOKUP(A46,Equipamentos!$A:$K,2,FALSE)","v":"Extrusora para meio-fio de concreto - 10,44 kW"},{"$f":"IFERROR(INDEX('Tabelas 2 e 3 mob'!A:K,MATCH(A46,'Tabelas 2 e 3 mob'!A:A,0),9),\"ERRO\")","v":"Veículo(s) da própria frota."},1,2,0,{"$f":"IF(C46=\"Veículo(s) da própria frota.\",0,INDEX(Equipamentos!B:K,MATCH(C46,Equipamentos!A:A,0),9))","v":0},0]
["E9071",{"$f":"VLOOKUP(A47,Equipamentos!$A:$K,2,FALSE)","v":"Transportador manual carrinho de mão com capacidade de 80 l"},{"$f":"IFERROR(INDEX('Tabelas 2 e 3 mob'!A:K,MATCH(A47,'Tabelas 2 e 3 mob'!A:A,0),9),\"ERRO\")","v":"Veículo(s) da própria frota."},0,2,0,{"$f":"IF(C47=\"Veículo(s) da própria frota.\",0,INDEX(Equipamentos!B:K,MATCH(C47,Equipamentos!A:A,0),9))","v":0},0]
["E9064",{"$f":"VLOOKUP(A48,Equipamentos!$A:$K,2,FALSE)","v":"Transportador manual gerica com capacidade de 180 l"},{"$f":"IFERROR(INDEX('Tabelas 2 e 3 mob'!A:K,MATCH(A48,'Tabelas 2 e 3 mob'!A:A,0),9),\"ERRO\")","v":"Veículo(s) da própria frota."},0,2,0,{"$f":"IF(C48=\"Veículo(s) da própria frota.\",0,INDEX(Equipamentos!B:K,MATCH(C48,Equipamentos!A:A,0),9))","v":0},0]
["E9066",{"$f":"VLOOKUP(A49,Equipamentos!$A:$K,2,FALSE)","v":"Grupo gerador - 14 kVA"},{"$f":"IFERROR(INDEX('Tabelas 2 e 3 mob'!A:K,MATCH(A49,'Tabelas 2 e 3 mob'!A:A,0),9),\"ERRO\")","v":"Veículo(s) da própria frota."},0,2,0,{"$f":"IF(C49=\"Veículo(s) da própria frota.\",0,INDEX(Equipamentos!B:K,MATCH(C49,Equipamentos!A:A,0),9))","v":0},0]
["E9535",{"$f":"VLOOKUP(A50,Equipamentos!$A:$K,2,FALSE)","v":"Serra circular com bancada - D = 30 cm - 4 kW"},{"$f":"IFERROR(INDEX('Tabelas 2 e 3 mob'!A:K,MATCH(A50,'Tabelas 2 e 3 mob'!A:A,0),9),\"ERRO\")","v":"Veículo(s) da própria frota."},0,2,0,{"$f":"IF(C50=\"Veículo(s) da própria frota.\",0,INDEX(Equipamentos!B:K,MATCH(C50,Equipamentos!A:A,0),9))","v":0},0]
["E9507",{"$f":"VLOOKUP(A51,Equipamentos!$A:$K,2,FALSE)","v":"Plotadora de recorte com computador e programa computacional"},{"$f":"IFERROR(INDEX('Tabelas 2 e 3 mob'!A:K,MATCH(A51,'Tabelas 2 e 3 mob'!A:A,0),9),\"ERRO\")","v":"Veículo(s) da própria frota."},0,2,0,{"$f":"IF(C51=\"Veículo(s) da própria frota.\",0,INDEX(Equipamentos!B:K,MATCH(C51,Equipamentos!A:A,0),9))","v":0},0]
["E9568",{"$f":"VLOOKUP(A52,Equipamentos!$A:$K,2,FALSE)","v":"Furadeira de impacto de 12,5 mm - 0,80 kW"},{"$f":"IFERROR(INDEX('Tabelas 2 e 3 mob'!A:K,MATCH(A52,'Tabelas 2 e 3 mob'!A:A,0),9),\"ERRO\")","v":"Veículo(s) da própria frota."},0,2,0,{"$f":"IF(C52=\"Veículo(s) da própria frota.\",0,INDEX(Equipamentos!B:K,MATCH(C52,Equipamentos!A:A,0),9))","v":0},0]
["E9753",{"$f":"VLOOKUP(A53,Equipamentos!$A:$K,2,FALSE)","v":"Grupo gerador - 23 kVA"},{"$f":"IFERROR(INDEX('Tabelas 2 e 3 mob'!A:K,MATCH(A53,'Tabelas 2 e 3 mob'!A:A,0),9),\"ERRO\")","v":"Veículo(s) da própria frota."},0,2,0,{"$f":"IF(C53=\"Veículo(s) da própria frota.\",0,INDEX(Equipamentos!B:K,MATCH(C53,Equipamentos!A:A,0),9))","v":0},0]
["E9623",{"$f":"VLOOKUP(A54,Equipamentos!$A:$K,2,FALSE)","v":"Máquina de bancada guilhotina - 4,00 kW"},{"$f":"IFERROR(INDEX('Tabelas 2 e 3 mob'!A:K,MATCH(A54,'Tabelas 2 e 3 mob'!A:A,0),9),\"ERRO\")","v":"Veículo(s) da própria frota."},0,2,0,{"$f":"IF(C54=\"Veículo(s) da própria frota.\",0,INDEX(Equipamentos!B:K,MATCH(C54,Equipamentos!A:A,0),9))","v":0},0]
["E9622",{"$f":"VLOOKUP(A55,Equipamentos!$A:$K,2,FALSE)","v":"Máquina de bancada universal para corte de chapa - 1,50 kW"},{"$f":"IFERROR(INDEX('Tabelas 2 e 3 mob'!A:K,MATCH(A55,'Tabelas 2 e 3 mob'!A:A,0),9),\"ERRO\")","v":"Veículo(s) da própria frota."},0,2,0,{"$f":"IF(C55=\"Veículo(s) da própria frota.\",0,INDEX(Equipamentos!B:K,MATCH(C55,Equipamentos!A:A,0),9))","v":0},0]
["E9678",{"$f":"VLOOKUP(A56,Equipamentos!$A:$K,2,FALSE)","v":"Fresadora a frio - 455 kW"},{"$f":"IFERROR(INDEX('Tabelas 2 e 3 mob'!A:K,MATCH(A56,'Tabelas 2 e 3 mob'!A:A,0),9),\"ERRO\")","v":"E9666"},0,2,1,{"$f":"IF(C56=\"Veículo(s) da própria frota.\",0,INDEX(Equipamentos!B:K,MATCH(C56,Equipamentos!A:A,0),9))","v":472.1302},0]
["E9686",{"$f":"VLOOKUP(A57,Equipamentos!$A:$K,2,FALSE)","v":"Caminhão guindauto com capacidade de elevação de 6,2 t e carroceria de 7 t - 136 kW"},{"$f":"IFERROR(INDEX('Tabelas 2 e 3 mob'!A:K,MATCH(A57,'Tabelas 2 e 3 mob'!A:A,0),9),\"ERRO\")","v":"E9686"},1,2,1,{"$f":"IF(C57=\"Veículo(s) da própria frota.\",0,INDEX(Equipamentos!B:K,MATCH(C57,Equipamentos!A:A,0),9))","v":321.02789999999999},{"$f":"((D57*E57*F57)/$H$8)*G57","v":10.70093}]
[{"$nulls":6},"TOTAL",{"$f":"SUM(H13:H57)","v":225.94573666666668}]
[]
[]
["CUSTO TOTAL MOBILIZAÇÃO E DESMOBILIZAÇÃO"]
["DESCRIÇÃO","VALOR"]
["Custo Mobilização (km)",{"$f":"H58","v":225.94573666666668}]
["BDI (%)",{"$f":"BDI!C14","v":0.2339}]
["Custo Mobilização (R$/km) com BDI",{"$f":"B63+(B63*B64)","v":278.794444473}]
["Total de Frentes",{"$f":"'MC MODULO'!G1","v":17}]
["Custo Mobilização (frentes x distancia)",{"$f":"B65*H6*B66","v":118487.638901025}]

{"sheet":" Canteiro","index":3,"n_rows":13,"n_cols":6,"rows_kept":13,"cut":false,"hidden":false,"merged":[[3,0,3,5],[3,9,4,9],[4,7,4,8],[9,3,9,4],[12,3,12,4]]}
[]
[]
[]
["CANTEIRO DE OBRAS PARA CONSTRUÇAO RODOVIÁRIA"]
["Descrição dos serviços","Tipo de container","Unidade","Quantidade","Preço unitário (R$)","Total (R$)"]
["Escritório e seção técnica"]
[{"$f":"VLOOKUP(B7,'INSUMOS SINAPI'!A:E,2,0)","v":"LOCACAO DE CONTAINER 2,30 X 6,00 M, ALT. 2,50 M, PARA ESCRITORIO, SEM DIVISORIAS INTERNAS E SEM SANITARIO (NAO INCLUI MOBILIZACAO/DESMOBILIZACAO)"},10776,"und",1,{"$f":"VLOOKUP(B7,'INSUMOS SINAPI'!$A:$E,5,0)","v":1015.62},{"$f":"TRUNC(D7*E7,2)","v":1015.62}]
["Banheiro e vestiário"]
[{"$f":"VLOOKUP(B9,'INSUMOS SINAPI'!A:E,2,0)","v":"LOCACAO DE CONTAINER 2,30 X 4,30 M, ALT. 2,50 M, PARA SANITARIO, COM 3 BACIAS, 4 CHUVEIROS, 1 LAVATORIO E 1 MICTORIO (NAO INCLUI MOBILIZACAO/DESMOBILIZACAO)"},10777,"und",1,{"$f":"VLOOKUP(B9,'INSUMOS SINAPI'!$A:$E,5,0)","v":1476.04},{"$f":"TRUNC(D9*E9,2)","v":1476.04}]
[null,null,null,"TOTAL DO CANTEIRO",null,{"$f":"SUM(F7:F9)","v":2491.66}]
[null,null,null,"DURAÇÃO (MESES)",1,{"$f":"F10*E11","v":2491.66}]
[null,null,null,"BDI",null,{"$f":"BDI!C14","v":0.2339}]
[null,null,null,"TOTAL DO CANTEIRO (com BDI)",null,{"$f":"F11+(F11*F12)","v":3074.4592739999998}]

{"sheet":"Adm Local","index":4,"n_rows":245,"n_cols":11,"rows_kept":245,"cut":false,"hidden":false,"merged":[[0,0,2,8],[89,5,89,6],[89,7,89,8],[223,3,223,4],[223,5,223,6],[223,7,223,8],[97,3,97,4],[97,5,97,6],[97,7,97,8],[98,3,98,4],[98,5,98,6],[98,7,98,8],[101,3,101,4],[101,5,101,6],[101,7,101,8],[102,5,102,6],[102,7,102,8],[109,0,109,8],[99,3,99,4],[99,5,99,6],[99,7,99,8],[100,3,100,4],[100,5,100,6],[100,7,100,8],[85,7,85,8],[86,3,86,4],[86,5,86,6],[86,7,86,8],[87,3,87,4],[87,5,87,6],[87,7,87,8],[88,3,88,4],[88,5,88,6],[88,7,88,8],[3,0,3,8],[4,3,4,4],[4,5,4,6],[4,7,4,8],[5,3,5,4],[5,5,5,6],[5,7,5,8],[8,3,8,4],[8,5,8,6],[8,7,8,8],[9,3,9,4],[9,5,9,6],[9,7,9,8],[6,3,6,4],[6,5,6,6],[6,7,6,8],[7,3,7,4],[7,5,7,6],[7,7,7,8],[12,3,12,4],[12,5,12,6],[12,7,12,8],[13,3,13,4],[13,5,13,6],[13,7,13,8],[10,3,10,4],[10,5,10,6],[10,7,10,8],[11,3,11,4],[11,5,11,6],[11,7,11,8],[16,3,16,4],[16,5,16,6],[16,7,16,8],[17,3,17,4],[17,5,17,6],[17,7,17,8],[14,3,14,4],[14,5,14,6],[14,7,14,8],[15,3,15,4],[15,5,15,6],[15,7,15,8],[20,3,20,4],[20,5,20,6],[20,7,20,8],[21,3,21,4],[21,5,21,6],[21,7,21,8],[18,3,18,4],[18,5,18,6],[18,7,18,8],[19,3,19,4],[19,5,19,6],[19,7,19,8],[24,3,24,4],[24,5,24,6],[24,7,24,8],[25,3,25,4],[25,5,25,6],[25,7,25,8],[22,3,22,4],[22,5,22,6],[22,7,22,8],[23,3,23,4],[23,5,23,6],[23,7,23,8],[28,3,28,4],[28,5,28,6],[28,7,28,8],[29,3,29,4],[29,5,29,6],[29,7,29,8],[26,3,26,4],[26,5,26,6],[26,7,26,8],[27,3,27,4],[27,5,27,6],[27,7,27,8],[51,3,51,4],[51,5,51,6],[51,7,51,8],[52,3,52,4],[52,5,52,6],[52,7,52,8],[32,0,32,8],[48,0,48,8],[49,3,49,4],[49,5,49,6],[49,7,49,8],[50,3,50,4],[50,5,50,6],[50,7,50,8],[62,3,62,4],[62,5,62,6],[62,7,62,8],[63,3,63,4],[63,5,63,6],[63,7,63,8],[53,5,53,6],[53,7,53,8],[60,0,60,8],[61,3,61,4],[61,5,61,6],[61,7,61,8],[64,3,64,4],[64,5,64,6],[64,7,64,8],[65,5,65,6],[65,7,65,8],[96,0,96,8],[72,0,72,8],[73,3,73,4],[73,5,73,6],[73,7,73,8],[74,3,74,4],[74,5,74,6],[74,7,74,8],[75,3,75,4],[75,5,75,6],[75,7,75,8],[76,3,76,4],[76,5,76,6],[76,7,76,8],[77,5,77,6],[77,7,77,8],[84,0,84,8],[85,3,85,4],[85,5,85,6],[113,3,113,4],[113,5,113,6],[113,7,113,8],[110,3,110,4],[110,5,110,6],[110,7,110,8],[111,3,111,4],[111,5,111,6],[111,7,111,8],[112,3,112,4],[112,5,112,6],[112,7,112,8],[116,5,116,6],[116,7,116,8],[118,0,118,8],[119,3,119,4],[119,5,119,6],[119,7,119,8],[114,3,114,4],[114,5,114,6],[114,7,114,8],[115,3,115,4],[115,5,115,6],[115,7,115,8],[122,3,122,4],[122,5,122,6],[122,7,122,8],[123,5,123,6],[123,7,123,8],[125,0,125,8],[120,3,120,4],[120,5,120,6],[120,7,120,8],[121,3,121,4],[121,5,121,6],[121,7,121,8],[128,3,128,4],[128,5,128,6],[128,7,128,8],[129,3,129,4],[129,5,129,6],[129,7,129,8],[126,3,126,4],[126,5,126,6],[126,7,126,8],[127,3,127,4],[127,5,127,6],[127,7,127,8],[134,3,134,4],[134,5,134,6],[134,7,134,8],[135,3,135,4],[135,5,135,6],[135,7,135,8],[130,3,130,4],[130,5,130,6],[130,7,130,8],[131,5,131,6],[131,7,131,8],[133,0,133,8],[136,3,136,4],[136,5,136,6],[136,7,136,8],[139,5,139,6],[139,7,139,8],[141,0,141,8],[142,3,142,4],[142,5,142,6],[142,7,142,8],[137,3,137,4],[137,5,137,6],[137,7,137,8],[138,3,138,4],[138,5,138,6],[138,7,138,8],[145,5,145,6],[145,7,145,8],[147,0,147,8],[148,3,148,4],[148,5,148,6],[148,7,148,8],[143,3,143,4],[143,5,143,6],[143,7,143,8],[144,3,144,4],[144,5,144,6],[144,7,144,8],[152,3,152,4],[152,5,152,6],[152,7,152,8],[149,3,149,4],[149,5,149,6],[149,7,149,8],[150,3,150,4],[150,5,150,6],[150,7,150,8],[151,7,151,8],[171,0,171,8],[172,1,172,4],[185,0,185,8],[186,1,186,4],[187,1,187,4],[153,5,153,6],[153,7,153,8],[155,0,155,8],[156,0,156,8],[157,1,157,4],[170,0,170,8],[196,3,196,4],[196,5,196,6],[196,7,196,8],[197,3,197,4],[197,5,197,6],[197,7,197,8],[190,0,190,8],[191,1,191,4],[192,1,192,4],[195,0,195,8],[200,3,200,4],[200,5,200,6],[200,7,200,8],[201,3,201,4],[201,5,201,6],[201,7,201,8],[198,3,198,4],[198,5,198,6],[198,7,198,8],[199,3,199,4],[199,5,199,6],[199,7,199,8],[205,3,205,4],[205,5,205,6],[205,7,205,8],[206,3,206,4],[206,5,206,6],[206,7,206,8],[202,3,202,4],[202,5,202,6],[202,7,202,8],[204,3,204,4],[204,5,204,6],[204,7,204,8],[209,3,209,4],[209,5,209,6],[209,7,209,8],[210,7,210,8],[214,0,214,8],[215,3,215,4],[215,5,215,6],[215,7,215,8],[207,3,207,4],[207,5,207,6],[207,7,207,8],[208,3,208,4],[208,5,208,6],[208,7,208,8],[218,3,218,4],[218,5,218,6],[218,7,218,8],[219,3,219,4],[219,5,219,6],[219,7,219,8],[216,3,216,4],[216,5,216,6],[216,7,216,8],[217,3,217,4],[217,5,217,6],[217,7,217,8],[220,3,220,4],[220,5,220,6],[220,7,220,8],[221,3,221,4],[221,5,221,6],[221,7,221,8],[224,3,224,4],[224,5,224,6],[224,7,224,8],[226,3,226,4],[226,5,226,6],[226,7,226,8],[227,3,227,4],[227,5,227,6],[227,7,227,8],[222,3,222,4],[222,5,222,6],[222,7,222,8],[225,3,225,4],[225,5,225,6],[225,7,225,8],[230,3,230,4],[230,5,230,6],[230,7,230,8],[231,3,231,4],[231,5,231,6],[231,7,231,8],[228,3,228,4],[228,5,228,6],[228,7,228,8],[229,3,229,4],[229,5,229,6],[229,7,229,8],[237,7,237,8],[234,3,234,4],[234,5,234,6],[234,7,234,8],[235,3,235,4],[235,5,235,6],[235,7,235,8],[232,3,232,4],[232,5,232,6],[232,7,232,8],[233,3,233,4],[233,5,233,6],[233,7,233,8],[243,3,243,4],[243,5,243,6],[244,3,244,4],[244,5,244,6],[151,3,151,4],[151,5,151,6],[240,7,240,8],[241,3,241,4],[241,5,241,6],[241,7,241,8],[242,3,242,4],[242,5,242,6],[242,7,242,8],[238,3,238,4],[238,5,238,6],[238,7,238,8],[239,3,239,4],[239,5,239,6],[239,7,239,8],[236,3,236,4],[236,5,236,6],[236,7,236,8],[237,3,237,4],[237,5,237,6]]}
[]
[]
[]
["parcela fixa da administração local \n(mão de obra)"]
["Código","Discriminação ","Unidade"," Quantidade ",null,"Custo Unitário (R$)",null," Custo Total (R$)"]
[null,"Mão de Obra"]
[null,"Gerência Técnica"]
[null,"Geral"]
["P9955","Engenheiro chefe","mês",0.5,null,{"$f":"VLOOKUP(A9,'Pessoal Sicro'!$A$6:$G$118,6,0)","v":34473.259400000003},null,{"$f":"F9*D9","v":17236.629700000001}]
["P9840","Encarregado geral","mês",0.5,null,{"$f":"VLOOKUP(A10,'Pessoal Sicro'!$A$6:$G$118,6,0)","v":11501.5121},null,{"$f":"F10*D10","v":5750.75605}]
["P9897","Técnico de meio ambiente","mês",0,null,{"$f":"VLOOKUP(A11,'Pessoal Sicro'!$A$6:$G$118,6,0)","v":8048.5411999999997},null,{"$f":"F11*D11","v":0}]
["P9948","Motorista","mês",0,null,{"$f":"VLOOKUP(A12,'Pessoal Sicro'!$A$6:$G$118,6,0)","v":6008.0335999999998},null,{"$f":"F12*D12","v":0}]
["P9878","Secretária","mês",0,null,{"$f":"VLOOKUP(A13,'Pessoal Sicro'!$A$6:$G$118,6,0)","v":6830.99},null,{"$f":"F13*D13","v":0}]
[{"$nulls":5},"Subtotal do Item 1.1",null,{"$f":"SUM(H9:I13)","v":22987.385750000001}]
[null,"Auxiliar"]
["P9946","Engenheiro auxiliar","mês",1,null,{"$f":"VLOOKUP(A16,'Pessoal Sicro'!$A$6:$G$118,6,0)","v":24874.816299999999},null,{"$f":"D16*F16","v":24874.816299999999}]
["P9903","Auxiliar técnico","mês",0,null,{"$f":"VLOOKUP(A17,'Pessoal Sicro'!$A$6:$G$118,6,0)","v":4875.3669},null,{"$f":"D17*F17","v":0}]
[{"$nulls":5},"Subtotal do Item 1.2",null,{"$f":"SUM(H16:I17)","v":24874.816299999999}]
[null,"Gerência Administrativa"]
[null,"Geral"]
["P9883","Chefe do setor administrativo","mês",1,null,{"$f":"VLOOKUP(A21,'Pessoal Sicro'!$A$6:$G$118,6,0)","v":7783.9470000000001},null,{"$f":"F21*D21","v":7783.9470000000001}]
["P9809","Encarregado administrativo","mês",0,null,{"$f":"VLOOKUP(A22,'Pessoal Sicro'!$A$6:$G$118,6,0)","v":7783.8335999999999},null,{"$f":"F22*D22","v":0}]
["P9896","Porteiro","mês",0,null,{"$f":"VLOOKUP(A23,'Pessoal Sicro'!$A$6:$G$118,6,0)","v":4344.2088999999996},null,{"$f":"F23*D23","v":0}]
["P9827","Vigia","mês",0,null,{"$f":"VLOOKUP(A24,'Pessoal Sicro'!$A$6:$G$118,6,0)","v":5190.1175999999996},null,{"$f":"F24*D24","v":0}]
["P9948","Motorista","mês",0,null,{"$f":"VLOOKUP(A25,'Pessoal Sicro'!$A$6:$G$118,6,0)","v":6008.0335999999998},null,{"$f":"F25*D25","v":0}]
[{"$nulls":5},"Subtotal do Item 1.3",null,{"$f":"SUM(H21:I25)","v":7783.9470000000001}]
[null,"Auxiliar"]
["P9806","Auxiliar administrativo","mês",1,null,{"$f":"VLOOKUP(A28,'Pessoal Sicro'!$A$6:$G$118,6,0)","v":5091.0802000000003},null,{"$f":"F28*D28","v":5091.0802000000003}]
["P9842","Faxineiro","mês",0,null,{"$f":"VLOOKUP(A29,'Pessoal Sicro'!$A$6:$G$118,6,0)","v":4353.3801000000003},null,{"$f":"F29*D29","v":0}]
[{"$nulls":5},"Subtotal do Item 1.4",null,{"$f":"SUM(H28:I29)","v":5091.0802000000003}]
[{"$nulls":7},"Total da Mão de Obra da Parcela Fixa",{"$f":"H30+H26+H18+H14","v":60737.229250000004}]
[]
["parcela fixa da administração local \n(veículos)"]
["Código","Discriminação ","Unidade"," Quantidade ","Utilização Produtiva","Utilização Improdutiva","Custo Horário \nProdutivo (R$)","Custo Horário Improdutivo (R$)","Custo Total (R$)"]
[2,"Veículos"]
[null,"Gerência Técnica"]
["2.1","Geral"]
["E9093","Veículo Leve 53 kw","mês",1,44,176,{"$f":"VLOOKUP(A38,Equipamentos!$A$4:$K$541,10,0)","v":37.917099999999998},{"$f":"VLOOKUP(A38,Equipamentos!$A$4:$K$541,11,0)","v":6.7542999999999997},{"$f":"((E38*G38)+(F38*H38))*D38","v":2857.1091999999999}]
["E9560","Ônibus coletivo - 175 kw","mês",0,44,176,{"$f":"VLOOKUP(A39,Equipamentos!$A$4:$K$541,10,0)","v":353.63810000000001},{"$f":"VLOOKUP(A39,Equipamentos!$A$4:$K$541,11,0)","v":106.34229999999999},{"$f":"((E39*G39)+(F39*H39))*D39","v":0}]
[{"$nulls":7},"Subtotal do Item 2",{"$f":"SUM(I38:I39)","v":2857.1091999999999}]
["2.2","Auxiliar"]
["E9093","Veículo Leve 53 kw","mês",0,44,176,{"$f":"G38","v":37.917099999999998},{"$f":"H38","v":6.7542999999999997},{"$f":"((E42*G42)+(F42*H42))*D42","v":0}]
[{"$nulls":7},"Subtotal do Item 2",{"$f":"SUM(I42)","v":0}]
["2.3","Gerência Administrativa"]
["E9093","Veículo Leve 53 kw","mês",0,44,176,{"$f":"G38","v":37.917099999999998},{"$f":"H38","v":6.7542999999999997},{"$f":"((E45*G45)+(F45*H45))*D45","v":0}]
[{"$nulls":7},"Subtotal do Item 2",{"$f":"I45","v":0}]
[{"$nulls":7},"Total dos Veículos da Parcela Fixa",{"$f":"I46+I43+I40","v":2857.1091999999999}]
[]
["Composição de custo da equipe de produção de terraplenagem"]
["Código","Discriminação ","Unidade"," Quantidade ",null,"Custo Unitário (R$)",null," Custo Total (R$)"]
[null,"Equipe de Produção de Terraplenagem"]
["3.1","Mão de Obra"]
[{"$f":"'Pessoal Sicro'!A65","v":"P9892"},"Encarregado de produção ","mês",0,null,{"$f":"VLOOKUP(A53,'Pessoal Sicro'!$A$6:$G$118,6,0)","v":37.106999999999999},null,{"$f":"F53*D53","v":0}]
[{"$nulls":5},"Subtotal do Item 3.1",null,{"$f":"SUM(H53:H53)","v":0}]
["Código","Discriminação ","Unidade"," Quantidade ","Utilização Produtiva","Utilização Improdutiva","Custo Horário \nProdutivo (R$)","Custo Horário Improdutivo (R$)","Custo Total (R$)"]
["3.2","Veículos"]
[null,"Veículo Leve 53 kw","mês",0,44,176,{"$f":"G38","v":37.917099999999998},{"$f":"H38","v":6.7542999999999997},{"$f":"((E57*G57)+(F57*H57))*D57","v":0}]
[{"$nulls":7},"Subtotal do Item 3.2",{"$f":"SUM(I57:I57)","v":0}]
[{"$nulls":7},"Total da Equipe de Produção de Terraplenagem",{"$f":"I58+H54","v":0}]
[]
["Composição de custo da equipe de produção de pavimentação"]
["Código","Discriminação ","Unidade"," Quantidade ",null,"Custo Unitário (R$)",null," Custo Total (R$)"]
[null,"Equipe de Produção de Pavimentação"]
["3.1","Mão de Obra"]
[{"$f":"'Pessoal Sicro'!A70","v":"P9901"},"Encarregado de produção ","mês",1,null,{"$f":"VLOOKUP(A65,'Pessoal Sicro'!$A$6:$G$118,6,0)","v":8281.7942000000003},null,{"$f":"F65*D65","v":8281.7942000000003}]
[{"$nulls":5},"Subtotal do Item 3.1",null,{"$f":"SUM(H65:H65)","v":8281.7942000000003}]
["Código","Discriminação ","Unidade"," Quantidade ","Utilização Produtiva","Utilização Improdutiva","Custo Horário \nProdutivo (R$)","Custo Horário Improdutivo (R$)","Custo Total (R$)"]
["3.2","Veículos"]
[null,"Veículo Leve 53 kw","mês",1,44,176,{"$f":"G38","v":37.917099999999998},{"$f":"H38","v":6.7542999999999997},{"$f":"((E69*G69)+(F69*H69))*D69","v":2857.1091999999999}]
[{"$nulls":7},"Subtotal do Item 3.2",{"$f":"SUM(I69:I69)","v":2857.1091999999999}]
[{"$nulls":7},"Total da Equipe de Produção de Pavimentação",{"$f":"I70+H66","v":11138.903399999999}]
[]
["Composição de custo da equipe de produção de drenagem"]
["Código","Discriminação ","Unidade"," Quantidade ",null,"Custo Unitário (R$)",null," Custo Total (R$)"]
[null,"Equipe de Produção de Pavimentação"]
["3.1","Mão de Obra"]
[{"$f":"'Pessoal Sicro'!A70","v":"P9901"},"Encarregado de produção ","mês",0,null,{"$f":"VLOOKUP(A77,'Pessoal Sicro'!$A$6:$G$118,6,0)","v":8281.7942000000003},null,{"$f":"F77*D77","v":0}]
[{"$nulls":5},"Subtotal do Item 3.1",null,{"$f":"SUM(H77:H77)","v":0}]
["Código","Discriminação ","Unidade"," Quantidade ","Utilização Produtiva","Utilização Improdutiva","Custo Horário \nProdutivo (R$)","Custo Horário Improdutivo (R$)","Custo Total (R$)"]
["3.2","Veículos"]
[null,"Veículo Leve 53 kw","mês",0,44,176,{"$f":"G38","v":37.917099999999998},{"$f":"H38","v":6.7542999999999997},{"$f":"((E81*G81)+(F81*H81))*D81","v":0}]
[{"$nulls":7},"Subtotal do Item 3.2",{"$f":"SUM(I81:I81)","v":0}]
[{"$nulls":7},"Total da Equipe de Produção de Pavimentação",{"$f":"I82+H78","v":0}]
[]
["Composição de custo da equipe de produção de sinalização"]
["Código","Discriminação ","Unidade"," Quantidade ",null,"Custo Unitário (R$)",null," Custo Total (R$)"]
[null,"Equipe de Produção de Pavimentação"]
["3.1","Mão de Obra"]
[{"$f":"'Pessoal Sicro'!A70","v":"P9901"},"Encarregado de produção ","mês",0,null,{"$f":"VLOOKUP(A89,'Pessoal Sicro'!$A$6:$G$118,6,0)","v":8281.7942000000003},null,{"$f":"F89*D89","v":0}]
[{"$nulls":5},"Subtotal do Item 3.1",null,{"$f":"SUM(H89:H89)","v":0}]
["Código","Discriminação ","Unidade"," Quantidade ","Utilização Produtiva","Utilização Improdutiva","Custo Horário \nProdutivo (R$)","Custo Horário Improdutivo (R$)","Custo Total (R$)"]
["3.2","Veículos"]
[null,"Veículo Leve 53 kw","mês",0,44,176,{"$f":"G38","v":37.917099999999998},{"$f":"H38","v":6.7542999999999997},{"$f":"((E93*G93)+(F93*H93))*D93","v":0}]
[{"$nulls":7},"Subtotal do Item 3.2",{"$f":"SUM(I93:I93)","v":0}]
[{"$nulls":7},"Total da Equipe de Produção de Pavimentação",{"$f":"I94+H90","v":0}]
[]
["Composição de custo da equipe topografia"]
["Código","Discriminação ","Unidade"," Quantidade ",null,"Custo Unitário (R$)",null," Custo Total (R$)"]
[null,"Equipe de Topografia"]
["3.1","Mão de Obra",{"$nulls":8},{"$f":"'RESUMO MODULO TOTAL'!L52","v":20138370}]
["P9949","Topográfo","mês",1.0061060694087545,null,{"$f":"VLOOKUP(A101,'Pessoal Sicro'!$A$6:$G$118,6,0)","v":9340.8044000000009},null,{"$f":"F101*D101","v":9397.84},null,null,{"$f":"'RESUMO MODULO TOTAL'!L59","v":20138370}]
["P9950","Auxiliar de topografia","mês",1,null,{"$f":"VLOOKUP(A102,'Pessoal Sicro'!$A$6:$G$118,6,0)","v":6055.7507999999998},null,{"$f":"F102*D102","v":6055.7507999999998}]
[{"$nulls":5},"Subtotal do Item 3.1",null,{"$f":"SUM(H101:I102)","v":15453.5908},null,null,{"$f":"K101-K100","v":0}]
["Código","Discriminação ","Unidade"," Quantidade ","Utilização Produtiva","Utilização Improdutiva","Custo Horário \nProdutivo (R$)","Custo Horário Improdutivo (R$)","Custo Total (R$)",null,{"$f":"K103/(1.05*1.2339)","v":0}]
["3.2","Veículos",{"$nulls":8},{"$f":"K104/2","v":0}]
[null,"Veículo Leve 53 kw","mês",1,44,176,{"$f":"G38","v":37.917099999999998},{"$f":"H38","v":6.7542999999999997},{"$f":"((E106*G106)+(F106*H106))*D106","v":2857.1091999999999}]
[{"$nulls":7},"Subtotal do Item 3.2",{"$f":"SUM(I106:I106)","v":2857.1091999999999}]
[{"$nulls":7},"Total da Equipe de Produção de Topografia",{"$f":"I107+H103","v":18310.7}]
[]
["Composição de custo do setor de medicina e segurança do trabalho"]
["Código","Discriminação ","Unidade"," Quantidade ",null,"Custo Unitário (R$)",null," Custo Total (R$)"]
[4,"Setor de Medicina e Segurança do Trabalho"]
["P9876","Técnico de segurança do trabalho","mês",1,null,{"$f":"VLOOKUP(A113,'Pessoal Sicro'!$A$6:$G$118,6,0)","v":7792.2538999999997},null,{"$f":"F113*D113","v":7792.2538999999997}]
["P9864","Engenheiro de segurança do trabalho","mês",0,null,{"$f":"VLOOKUP(A114,'Pessoal Sicro'!$A$6:$G$118,6,0)","v":24956.013500000001},null,{"$f":"F114*D114","v":0}]
["P9851","Médico do trabalho","mês",0,null,{"$f":"VLOOKUP(A115,'Pessoal Sicro'!$A$6:$G$118,6,0)","v":18672.624199999998},null,{"$f":"F115*D115","v":0}]
["P9951","Médico de câmara hiperbárica","mês",0,null,{"$f":"VLOOKUP(A116,'Pessoal Sicro'!$A$6:$G$118,6,0)","v":21262.3001},null,{"$f":"F116*D116","v":0}]
[{"$nulls":5},"Subtotal do Item 4",null,{"$f":"SUM(H113:I116)","v":7792.2538999999997}]
[]
["Parcela Variável - Composição de custo da equipe de frente de serviço"]
["Código","Discriminação ","Unidade"," Quantidade ",null,"Custo Unitário (R$)",null," Custo Total (R$)"]
[5,"Equipe de Frente de Serviço","equipexmês"]
["P9875","Encarregado de Turma","mês",1,null,{"$f":"VLOOKUP(A122,'Pessoal Sicro'!$A$6:$G$118,6,0)","v":5996.5847999999996},null,{"$f":"F122*D122","v":5996.5847999999996}]
["P9804","Apontador","mês",0.5,null,{"$f":"VLOOKUP(A123,'Pessoal Sicro'!$A$6:$G$118,6,0)","v":5124.1418999999996},null,{"$f":"F123*D123","v":2562.0709499999998}]
[{"$nulls":5},"Subtotal do Item 5",null,{"$f":"SUM(H122:I123)","v":8558.6557499999999}]
[]
["Parcela Variável - Composição de custo da equipe de frente de serviço (Terraplenagem) - Somente Compactação "]
["Código","Discriminação ","Unidade"," Quantidade ",null,"Produção Horária \n(und/h)",null,"Efs"]
["5.1","Equipe de Frente de Serviço","equipexmês"]
[null,null,"mês",{"$nulls":4},{"$f":"(D129)/(F129*182.49)","v":{"$error":"#DIV/0!"}}]
[null,null,"mês",{"$nulls":4},{"$f":"(D130)/(F130*182.49)","v":{"$error":"#DIV/0!"}}]
[null,null,"mês",{"$nulls":4},{"$f":"(D131)/(F131*182.49)","v":{"$error":"#DIV/0!"}}]
[{"$nulls":5},"Total de Equipes para Terraplenagem",null,{"$f":"SUM(H131:I131)","v":{"$error":"#DIV/0!"}}]
[]
["Parcela Variável - Composição de custo da acompanhamento das frentes de serviço de pavimentação"]
["Código","Discriminação ","Unidade"," Quantidade ",null,"Produção Horária \n(und/h)",null,"Efs"]
["5.2","Equipe de Frente de Serviço","equipe x mês"]
[{"$f":"'RESUMO MODULO TOTAL'!C23","v":"92404 ADAPTADA"},{"$f":"'RESUMO MODULO TOTAL'!E23","v":"execução de pavimento em piso intertravado, com bloco 16 faces de 22 x 11 cm, espessura 8 cm. af_10/2022 - exclusive fornecimento de bloquete"},{"$f":"'RESUMO MODULO TOTAL'!G23","v":"m²"},{"$f":"'RESUMO MODULO TOTAL'!H23","v":119000},null,{"$f":"(1/'CPU SINAPI'!E9)*10","v":46.970408642555192},null,{"$f":"(D137)/(F137*182.49)","v":13.883007288070576},null,{"$f":"7000/22","v":318.18181818181819}]
[{"$f":"'RESUMO MODULO TOTAL'!C28","v":4011219},{"$f":"'RESUMO MODULO TOTAL'!E28","v":"Base de solo estabilizado granulometricamente sem mistura com material de jazida - 100% Proctor modificado"},{"$f":"'RESUMO MODULO TOTAL'!G28","v":"m³"},{"$f":"'RESUMO MODULO TOTAL'!H28","v":17850},null,120.7,null,0.81038590576832681,null,{"$f":"J137/8","v":39.772727272727273}]
[{"$f":"'RESUMO MODULO TOTAL'!C29","v":4011209},{"$f":"'RESUMO MODULO TOTAL'!E29","v":"Regularização do subleito - 100% Proctor intermediário"},{"$f":"'RESUMO MODULO TOTAL'!G29","v":"m²"},{"$f":"'RESUMO MODULO TOTAL'!H29","v":119000},null,672.8,null,0.96921897370429111]
[{"$nulls":5},"Total de Equipes para Pavimentação",null,{"$f":"SUM(H137:I139)","v":15.662612167543195}]
[]
["Parcela Variável - Composição de custo da acompanhamento das frentes de serviço de drenagem"]
["Código","Discriminação ","Unidade"," Quantidade ",null,"Efsdu",null,"Efs"]
["5.3","Frentes de Serviço para Drenagem","equipe x mês"]
[{"$f":"'RESUMO MODULO TOTAL'!C36","v":2003943},{"$f":"VLOOKUP(A145,'SINTÉTICO SICRO'!$A$4:$D$6373,2,0)","v":"Meio-fio de concreto - MFC 03 moldado no local com extrusora e concreto usinado - areia e brita comerciais"},"m",{"$f":"'RESUMO MODULO TOTAL'!H36","v":34000},null,2.1000000000000001E-4,null,{"$f":"D145*F145","v":7.1400000000000006}]
[{"$nulls":5},"Total de Equipes para Drenagem",null,{"$f":"H145","v":7.1400000000000006}]
[]
["Parcela Variável - Composição de custo da acompanhamento das frentes de serviço de sinalização"]
["Código","Discriminação ","Unidade"," Quantidade ",null,"Produção Horária (und/h)",null,"Efs"]
["5.4","Frentes de Serviço para Sinalização","equipe x mês"]
[5213440,{"$f":"VLOOKUP(A151,'SINTÉTICO SICRO'!$A$4:$D$6373,2,0)","v":"Placa de regulamentação em aço D = 0,60 m - película retrorrefletiva tipo I + SI - fornecimento e implantação"},{"$f":"'RESUMO MODULO TOTAL'!G31","v":"und"},{"$f":"'RESUMO MODULO TOTAL'!H31","v":51},null,3,null,{"$f":"0.2*((D151)/(F151*182.49))","v":1.8631157871664202E-2}]
[5213464,{"$f":"VLOOKUP(A152,'SINTÉTICO SICRO'!$A$4:$D$6373,2,0)","v":"Placa de advertência em aço, lado de 0,60 m - película retrorrefletiva tipo I + SI - fornecimento e implantação"},{"$f":"'RESUMO MODULO TOTAL'!G32","v":"und"},{"$f":"'RESUMO MODULO TOTAL'!H32","v":51},null,3,null,{"$f":"0.2*((D152)/(F152*182.49))","v":1.8631157871664202E-2}]
[5213400,{"$f":"VLOOKUP(A153,'SINTÉTICO SICRO'!$A$4:$D$6373,2,0)","v":"Pintura de faixa com tinta acrílica - espessura de 0,4 mm"},{"$f":"'RESUMO MODULO TOTAL'!G34","v":"m²"},{"$f":"'RESUMO MODULO TOTAL'!H34","v":4080},null,177.07,null,{"$f":"0.2*((D153)/(F153*182.49))","v":2.5252600040658543E-2}]
[{"$nulls":5},"Total de Equipes para Sinalização",null,{"$f":"SUM(H151:I153)","v":6.2514915783986949E-2}]
[]
["3. PARCELA VARIÁVEL - EQUIPE DE CONTROLE TECNOLÓGICO"]
["LABORATÓRIO DE SOLOS"]
["Item","Discriminação",null,null,null,"Unidade","Quantidade","Custo Unitário (R$)","Custo Total (R$)"]
[null,"Laboratório de Solos (equipe x mês)"]
[null,"Mão de Obra"]
["P9858","Laboratorista",null,null,null,"func./mês",1,{"$f":"VLOOKUP(A161,'Pessoal Sicro'!$A$6:$G$118,6,0)","v":7946.5290999999997},{"$f":"TRUNC(G161*H161,2)","v":7946.52}]
["P9833","Auxiliar de laboratório",null,null,null,"func./mês",1,{"$f":"VLOOKUP(A162,'Pessoal Sicro'!$A$6:$G$118,6,0)","v":6036.3051999999998},{"$f":"TRUNC(G162*H162,2)","v":6036.3}]
[{"$nulls":7},"Subtotal do Item",{"$f":"SUM(I161:I162)","v":13982.82}]
["Item","Discriminação","Und","Quant","Utilização Produtiva","Utilização Improdutiva","Horário Produtivo (R$)","Horário Improdutivo (R$)","Total (R$)"]
[null,"Equipe de Controle Tecnológico"]
[null,"Veículos"]
["E9125","Van furgão a diesel - 93 kW","veic./mês",1,44,176,{"$f":"VLOOKUP(A167,Equipamentos!$A$4:$K$533,10,0)","v":88.081500000000005},{"$f":"VLOOKUP(A167,Equipamentos!$A$4:$K$533,11,0)","v":49.667700000000004},{"$f":"D167*((E167*G167)+(F167*H167))","v":12617.101200000001}]
[{"$nulls":7},"Subtotal do Item",{"$f":"SUM(I167:I167)","v":12617.101200000001}]
[{"$nulls":7},"Total da Equipe do Laboratório de Solos",{"$f":"I163+I168","v":26599.921200000001}]
[]
["3. PARCELA VARIÁVEL - EQUIPE DE CONTROLE TECNOLÓGICO"]
["LABORATÓRIO DE CONCRETO"]
["Item","Discriminação",null,null,null,"Unidade","Quantidade","Custo Unitário (R$)","Custo Total (R$)"]
[null,"Laboratório de Solos (equipe x mês)"]
[null,"Mão de Obra"]
["P9858","Laboratorista",null,null,null,"func./mês",1,{"$f":"VLOOKUP(A176,'Pessoal Sicro'!$A$6:$G$118,6,0)","v":7946.5290999999997},{"$f":"TRUNC(G176*H176,2)","v":7946.52}]
["P9833","Auxiliar de laboratório",null,null,null,"func./mês",1,{"$f":"VLOOKUP(A177,'Pessoal Sicro'!$A$6:$G$118,6,0)","v":6036.3051999999998},{"$f":"TRUNC(G177*H177,2)","v":6036.3}]
[{"$nulls":7},"Subtotal do Item",{"$f":"SUM(I176:I177)","v":13982.82}]
["Item","Discriminação","Und","Quant","Utilização Produtiva","Utilização Improdutiva","Horário Produtivo (R$)","Horário Improdutivo (R$)","Total (R$)"]
[null,"Equipe de Controle Tecnológico"]
[null,"Veículos"]
["E9125","Van furgão a diesel - 93 kW","veic./mês",1,44,176,{"$f":"VLOOKUP(A182,Equipamentos!$A$4:$K$533,10,0)","v":88.081500000000005},{"$f":"VLOOKUP(A182,Equipamentos!$A$4:$K$533,11,0)","v":49.667700000000004},{"$f":"D182*((E182*G182)+(F182*H182))","v":12617.101200000001}]
[{"$nulls":7},"Subtotal do Item",{"$f":"SUM(I182:I182)","v":12617.101200000001}]
[{"$nulls":7},"Total da Equipe do Laboratório de Concreto",{"$f":"I178+I183","v":26599.921200000001}]
[]
["Equipes de laboratório de solos para pavimentação"]
["Item","Discriminação",null,null,null,"Und","Quant","QE","Els"]
[{"$f":"'RESUMO MODULO TOTAL'!C28","v":4011219},{"$f":"VLOOKUP(A188,'SINTÉTICO SICRO'!A:D,2,0)","v":"Base de solo estabilizado granulometricamente sem mistura com material de jazida - 100% Proctor modificado"},null,null,null,{"$f":"VLOOKUP(A188,'SINTÉTICO SICRO'!A:D,3,0)","v":"m³"},{"$f":"'RESUMO MODULO TOTAL'!H28","v":17850},21900,{"$f":"G188/H188","v":0.81506849315068497}]
[{"$nulls":7},"Total de equipes de Laboratório de Solos para Pavimentação",{"$f":"I188","v":0.81506849315068497}]
[]
["Equipes de laboratório de Concreto"]
["Item","Discriminação",null,null,null,"Und","Quant","QE","Ela"]
[{"$f":"'RESUMO MODULO TOTAL'!C22","v":36170},"BLOQUETE/PISO INTERTRAVADO DE CONCRETO - MODELO ONDA/16 FACES/RETANGULAR/T IJOLINHO/PAVER/HOLANDES/PARALELEPIPEDO, *22 CM X 11* CM, E = 8 CM, RESISTENCIA DE 35 MPA (NBR 9781), COR NATURAL",null,null,null,{"$f":"'RESUMO MODULO TOTAL'!G22","v":"m²"},{"$f":"'RESUMO MODULO TOTAL'!H23","v":119000},12900,{"$f":"G193/H193","v":9.224806201550388}]
[{"$nulls":7},"Total de equipes de Laboratório de Concreto",{"$f":"SUM(I193:I193)","v":9.224806201550388}]
[]
["manutenção do canteiro de obras e acampamentos"]
["Código","Discriminação ","Unidade"," Quantidade ",null,"Custo Unitário (R$)",null," Custo Total (R$)"]
[null,"Manutenção do Canteiro de Obras e Acampamentos"]
["6.1","Mão de Obra"]
["P9952","Pedreiro","mês",0,null,{"$f":"VLOOKUP(A200,'Pessoal Sicro'!$A$6:$G$118,6,0)","v":5136.4660000000003},null,{"$f":"F200*D200","v":0}]
["P9954","Servente","mês",0,null,{"$f":"VLOOKUP(A201,'Pessoal Sicro'!$A$6:$G$118,6,0)","v":4093.0918000000001},null,{"$f":"F201*D201","v":0}]
["P9953","Eletricista","mês",0,null,{"$f":"VLOOKUP(A202,'Pessoal Sicro'!$A$6:$G$118,6,0)","v":5406.8028000000004},null,{"$f":"F202*D202","v":0}]
[{"$nulls":5},"Subtotal do Item 6.1",null,{"$f":"SUM(H200:I202)","v":0}]
[]
["Código","Discriminação ","Unidade"," Quantidade ",null,"Custo Produtivo (R$)",null," Custo Total (R$)"]
["6.2","Equipamentos"]
[null,"Caminhão guindauto de 6 toneladas","h/mês",0,null,null,null,{"$f":"F207*D207","v":0}]
[null,"Caminhão tanque de 8.000 litros","h/mês",0,null,null,null,{"$f":"F208*D208","v":0}]
["E9524","Motoniveladora","h/mês",0,null,{"$f":"Equipamentos!J168","v":70.485699999999994},null,{"$f":"F209*D209","v":0}]
[{"$nulls":5},"Subtotal do Item 6.2",null,{"$f":"SUM(H207:I209)","v":0}]
[{"$nulls":6},"Total da Manutenção do Canteiro de Obras e Acampamentos",{"$f":"H210+H203","v":0}]
[]
[]
[]
["Resumo das parcelas de administração local"]
["Código","Discriminação ","Unidade"," Quantidade ",null,"Custo Unitário (R$)",null," Custo Total (R$)"]
[null,"Parcela Fixa"]
[null,"Mão de Obra","mês",9,null,{"$f":"H14+H18+H26+H30","v":60737.229250000004},null,{"$f":"F218*D218","v":546635.06325000001}]
[null,"Veículos","mês",9,null,{"$f":"I47","v":2857.1091999999999},null,{"$f":"F219*D219","v":25713.982799999998}]
[{"$nulls":5},"Subtotal do Item 1",null,{"$f":"SUM(H218:I219)","v":572349.04605}]
[null,"Parcela Vinculada"]
[null,"Equipe de produção de terraplenagem","mês",0,null,{"$f":"I59","v":0},null,{"$f":"F222*D222","v":0}]
[null,"Equipe de produção de pavimentação","mês",6,null,{"$f":"I71","v":11138.903399999999},null,66833.420400000003]
[null,"Equipe de produção de drenagem","mês",0,null,{"$f":"I83","v":0},null,0]
[null,"Equipe de produção de sinalização","mês",0,null,{"$f":"I95","v":0},null,0]
[null,"Equipe de topografia","mês",2,null,{"$f":"I108","v":18310.7},null,36621.4]
[null,"Equipe de medicina e segurança do trabalho","mês",9,null,{"$f":"H117","v":7792.2538999999997},null,70130.285099999994]
[null,"Técnicos especializados","mês",0,null,null,null,0]
[{"$nulls":5},"Subtotal do Item 2",null,{"$f":"SUM(H222:I228)","v":173585.10550000001}]
[null,"Parcela Variável"]
[null,"Acompanhamento da Terraplenagem","equipe x mês","-",null,{"$f":"$H$124","v":8558.6557499999999},null,"-"]
[null,"Acompanhamento da Pavimentação","equipe x mês",{"$f":"H140","v":15.662612167543195},null,{"$f":"$H$124","v":8558.6557499999999},null,{"$f":"F232*D232","v":134050.90568776353}]
[null,"Acompanhamento da Drenagem","equipe x mês",{"$f":"H146","v":7.1400000000000006},null,8558.6557499999999,null,{"$f":"F233*D233","v":61108.802055000007}]
[null,"Acompanhamento da Sinalização","equipe x mês",{"$f":"H154","v":6.2514915783986949E-2},null,8558.6557499999999,null,{"$f":"F234*D234","v":535.04364343538566}]
[null,"Laboratório de Solos","equipe x mês",{"$f":"I189","v":0.81506849315068497},null,{"$f":"I169","v":26599.921200000001},null,{"$f":"F235*D235","v":21680.757690410959}]
[null,"Laboratório de concreto","equipe x mês",{"$f":"I194","v":9.224806201550388},null,{"$f":"I184","v":26599.921200000001},null,{"$f":"F236*D236","v":245379.11804651163}]
[{"$nulls":5},"Subtotal do Item 3",null,{"$f":"SUM(H231:I236)","v":462754.62712312152}]
[null,"Manutenção dos Canteiros de Obras e Acampamentos"]
[null,"Equipe de manutenção","mês",0,null,{"$f":"H211","v":0},null,{"$f":"F239*D239","v":0}]
[{"$nulls":5},"Subtotal do Item 4",null,{"$f":"SUM(H239:I239)","v":0}]
[{"$nulls":6},"Subtotal",{"$f":"H240+H237+H229+H220","v":1208688.7786731215}]
[null,"Despesas Diversas","%",0.05,null,"-",null,{"$f":"D242*H241","v":60434.438933656078}]
[{"$nulls":5},"TOTAL",null,{"$f":"H241+H242","v":1269123.2176067776},null,{"$f":"H243","v":1269123.2176067776}]
[{"$nulls":5},"BDI",null,null,{"$f":"H243*BDI!C14","v":296847.92059822526}]
[{"$nulls":5},"TOTAL COM BDI",null,null,{"$f":"I244+H243","v":1565971.1382050028},728734.53029701114]

{"sheet":"Projeto Executivo","index":5,"n_rows":28,"n_cols":7,"rows_kept":28,"cut":false,"hidden":false,"merged":[[25,0,25,1],[3,0,3,6],[4,2,6,4],[5,0,5,1],[16,0,16,1],[20,0,20,1]]}
[]
[]
[]
["COMPOSIÇAO PREÇO PROJETO EXECUTIVO"]
[]
["DISCRIMINAÇAO",{"$nulls":4},"Pr. Unit.","Pr. Total"]
[]
["A· EOUIPE TECNICA",{"$nulls":5},{"$f":"G9+G12","v":19097.67165}]
[null,"A. 1 - Pessoal de Nível Superior","Unidade","Quantitativo","SICRO e Rel.Custos Gerais",null,{"$f":"G10+G11","v":15903.01935}]
[null,"Engenheiro","mês",0.5,"P9812",{"$f":"VLOOKUP(E10,'Pessoal Sicro'!A:G,6,0)","v":27135.636500000001},{"$f":"F10*D10","v":13567.81825}]
[null,"Topógrafo","mês",0.25,"P9949",{"$f":"VLOOKUP(E11,'Pessoal Sicro'!A:G,6,0)","v":9340.8044000000009},{"$f":"F11*D11","v":2335.2011000000002}]
[null,"A.2 - Pessoal de Nível Técnico e Aux.",{"$nulls":4},{"$f":"G13+G14","v":3194.6522999999997}]
[null,"Auxiliar de topógrafo","mês",0.125,"P9950",{"$f":"VLOOKUP(E13,'Pessoal Sicro'!A:G,6,0)","v":6055.7507999999998},{"$f":"F13*D13","v":756.96884999999997}]
[null,"Auxiliar Técnico/Assistente de Engenharia ","mês",0.5,"P9903",{"$f":"VLOOKUP(E14,'Pessoal Sicro'!A:G,6,0)","v":4875.3669},{"$f":"F14*D14","v":2437.68345}]
["B - ENCARGOS SOCIAIS",{"$nulls":5},{"$f":"G16","v":0}]
[null,{"$f":"CONCATENATE(\"Taxas \",'ENC. SOCIAIS'!E51,\"%\")","v":"Taxas 113,33%"},"JÁ INCLUSAS EM \"A\""]
["C - DESPESAS GERAIS",{"$nulls":5},{"$f":"G18+G20+G19","v":13302.235210570363}]
[null,"C.1 - MATERIAIS DE CONSUMO","Estimativa % como referência de equipe técnica com encargos sociais ",0.03,null,{"$f":"G8+G16","v":19097.67165},{"$f":"F18*D18","v":572.93014949999997}]
[null,"C.2 - VEÍCULOS (Veículo leve picape 4 x 4 com capacidade de 1,10 t - 147 kW)","h",110,"E9684",{"$f":"VLOOKUP(E19,Equipamentos!A:K,10,0)","v":112.9174},{"$f":"F19*D19","v":12420.914000000001}]
[null,"C.3 - Estação total eletrônica com alcance máximo de 3.000 m","h",38.098840085287854,"E9553",{"$f":"VLOOKUP(E20,Equipamentos!A:K,10,0)","v":8.0945},{"$f":"F20*D20","v":308.39106107036253}]
["D - ENSAIOS",{"$nulls":5},{"$f":"SUM(G22:G25)","v":3925.7816749999997}]
[null,"Laboratorista","mês",{"$f":"1/4","v":0.25},"P9858",{"$f":"VLOOKUP(E22,'Pessoal Sicro'!A:G,6,0)","v":7946.5290999999997},{"$f":"F22*D22","v":1986.6322749999999}]
[null,"Auxiliar de Laboratório","mês",{"$f":"1/8","v":0.125},"P9833",{"$f":"VLOOKUP(E23,'Pessoal Sicro'!A:G,6,0)","v":6036.3051999999998},{"$f":"F23*D23","v":754.53814999999997}]
[null,"Laboratório de solos","mês",{"$f":"1/8","v":0.125},"B8957",{"$f":"VLOOKUP(E24,'Tabelas 1 e 2'!C14:G23,5,0)","v":3597.39},{"$f":"F24*D24","v":449.67374999999998}]
[null,"Laboratório de asfalto","mês",0.125,"B8955",{"$f":"VLOOKUP(E25,'Tabelas 1 e 2'!C15:G24,5,0)","v":5879.5},{"$f":"F25*D25","v":734.9375}]
["I - SOMA (A+B+C+D)",{"$nulls":5},{"$f":"G8+G15+G17+G21","v":36325.688535570363}]
[{"$nulls":5},"Produtividade(m2)",{"$f":"'MC MODULO'!C1*'MC MODULO'!C2","v":7000}]
[{"$nulls":5},"Por m²:",{"$f":"TRUNC(G26/G27,2)","v":5.18}]

{"sheet":"CPU CODEVASF","index":6,"n_rows":19,"n_cols":9,"rows_kept":19,"cut":false,"hidden":false,"merged":[[15,4,15,6],[18,5,18,6],[7,0,7,7],[8,7,9,7],[8,5,9,5],[8,6,9,6],[8,0,9,0],[8,1,9,1],[8,2,9,2],[8,3,9,3],[8,4,9,4],[0,0,2,7],[3,0,3,7],[4,0,6,3],[4,6,4,7],[5,4,6,5]]}
[]
[]
[]
[{"$f":"'RESUMO MODULO TOTAL'!B55","v":"EXECUÇÃO DE SERVIÇOS DE IMPLANTAÇÃO DE PAVIMENTAÇÃO EM BLOCO DE CONCRETO INTERTRAVADO, EM VIAS URBANAS E RURAIS INSERIDAS NA ÁREA DE ATUAÇÃO DA CODEVASF, NO ESTADO DO PIAUÍ - REGIÃO SUL"}]
[{"$nulls":5},"BDI %:",{"$f":"BDI!$C$14","v":0.2339}]
[{"$nulls":4},"Encargos Sociais:",null,"Horista","Mensalista"]
[{"$nulls":6},{"$f":"'ENC. SOCIAIS'!E51/100","v":1.1333},{"$f":"'ENC. SOCIAIS'!F51/100","v":0.71120000000000005}]
["COMPOSIÇÕES DE CUSTO UNITARIO"]
["CPU-02","CODEVASF",null,"Correção de vazamentos no ramal na rua sem pavimento com fornecimento do material hidráulico","m","COEF.","PRECO UNITÁRIO (R$)","TOTAL (R$)"]
[]
["SICRO","SICRO","P9824",{"$f":"VLOOKUP(C11,'Pessoal Sicro'!$A$5:$G$1048576,2,0)","v":"Servente"},"H",0.2,{"$f":"VLOOKUP(C11,'Pessoal Sicro'!$A$5:$G$1048576,6,0)","v":22.1067},{"$f":"F11*G11","v":4.4213399999999998}]
["SICRO","SICRO","P9807",{"$f":"VLOOKUP(C12,'Pessoal Sicro'!$A$5:$G$1048576,2,0)","v":"Bombeiro hidráulico"},"H",0.1,{"$f":"VLOOKUP(C12,'Pessoal Sicro'!$A$5:$G$1048576,6,0)","v":33.450699999999998},3.3450699999999998]
["INS. SINAPI","SINAPI",9867,"TUBO PVC, SOLDAVEL, DN 20 MM, AGUA FRIA (NBR-5648)","m",1,{"$f":"IFERROR(VLOOKUP(C13,'INSUMOS SINAPI'!$A:$E,5,FALSE),VLOOKUP(C13,'COMP Sint. Sinapi'!A:E,4,FALSE))","v":3.77},3.77]
["INS. SINAPI","SINAPI",45245,"Arco de serra","un",0.1,{"$f":"IFERROR(VLOOKUP(C14,'INSUMOS SINAPI'!$A:$E,5,FALSE),VLOOKUP(C14,'COMP Sint. Sinapi'!A:E,4,FALSE))","v":73.2},7.32]
["INS. SINAPI","SINAPI",3859,"LUVA SOLDAVEL COM ROSCA, PVC, 20 MM X 1/2\", PARA AGUA FRIA PREDIAL","un",2,{"$f":"IFERROR(VLOOKUP(C15,'INSUMOS SINAPI'!$A:$E,5,FALSE),VLOOKUP(C15,'COMP Sint. Sinapi'!A:E,4,FALSE))","v":1.35},2.7]
[{"$nulls":4},"Sub total:",null,null,{"$f":"SUM(H11:H15)","v":21.55641}]
[{"$nulls":5},"BDI",{"$f":"BDI!$C$14","v":0.2339},{"$f":"H16*G17","v":5.0420442989999996}]
[{"$nulls":6},"Total Serviços:",{"$f":"H16+H17","v":26.598454299}]
[{"$nulls":4},{"$f":"A9","v":"CPU-02"},"PREÇO UNITÁRIO TOTAL:",null,{"$f":"TRUNC(H18,2)","v":26.59},{"$f":"H16","v":21.55641}]

{"sheet":"CPU SINAPI","index":7,"n_rows":17,"n_cols":7,"rows_kept":17,"cut":false,"hidden":false,"merged":[[15,3,15,4],[16,3,16,5],[0,0,0,4],[1,0,1,1],[1,2,1,4],[2,0,2,4],[14,3,14,5],[0,5,0,6],[1,5,1,6]]}
["SINAPI - SISTEMA NACIONAL DE PESQUISA DE CUSTOS E ÍNDICES DA CONSTRUÇÃO CIVIL"]
["PCI.818.01 - COMPOSIÇÕES ATIVAS ANALÍTICAS COM CUSTO",null,"ABRANGENCIA: NACIONAL                                                                                           DATA DE PREÇO          :   08/2025                                                                                                             DATA REFERENCIA TECNICA: 12/2024"]
["* Composições constantes nos Relatórios publicados de Composições Analíticas para as 27 Unidades da Federação"]
["MACROCLASSE.CLASSE.GRUPO","CÓDIGOS","DESCRIÇÃO","UNIDADE","COEFICIENTE","PREÇO UNITÁRIO","PREÇO TOTAL"]
["03.PAVI.INTE.004/001","92404 ADAPTADA","EXECUÇÃO DE PAVIMENTO EM PISO INTERTRAVADO, COM BLOCO 16 FACES DE 22 X 11 CM, ESPESSURA 8 CM. AF_10/2022 - EXCLUSIVE FORNECIMENTO DE BLOQUETE","M2",null,"Pavimento Intertravado",{"$f":"G17","v":22.04}]
["INSUMO",370,"AREIA MEDIA - POSTO JAZIDA/FORNECEDOR (RETIRADO NA JAZIDA, SEM TRANSPORTE)","M3",5.6800000000000003E-2,{"$f":"VLOOKUP($B6,'INSUMOS SINAPI'!$A:$E,5,0)","v":90},{"$f":"TRUNC(E6*F6,2)","v":5.1100000000000003}]
["INSUMO",4741,"PO DE PEDRA (POSTO PEDREIRA/FORNECEDOR, SEM FRETE)","M3",9.7999999999999997E-3,{"$f":"VLOOKUP($B7,'INSUMOS SINAPI'!$A:$E,5,0)","v":221.57},{"$f":"TRUNC(E7*F7,2)","v":2.17}]
["INSUMO",36170,"BLOQUETE/PISO INTERTRAVADO DE CONCRETO - MODELO ONDA/16 FACES/RETANGULAR/T IJOLINHO/PAVER/HOLANDES/PARALELEPIPEDO, *22 CM X 11* CM, E = 8 CM, RESISTENCIA DE 35 MPA (NBR 9781), COR NATURAL","M2",1.004,0,{"$f":"TRUNC(E8*F8,2)","v":0}]
["COMPOSICAO",88260,"CALCETEIRO COM ENCARGOS COMPLEMENTARES","H",0.21290000000000001,{"$f":"VLOOKUP($B9,'COMP Sint. Sinapi'!$A:$E,4,0)","v":27.19},5.78]
["COMPOSICAO",88316,"SERVENTE COM ENCARGOS COMPLEMENTARES","H",0.21290000000000001,{"$f":"VLOOKUP($B10,'COMP Sint. Sinapi'!$A:$E,4,0)","v":21.71},4.62]
["COMPOSICAO",91277,"PLACA VIBRATÓRIA REVERSÍVEL COM MOTOR 4 TEMPOS A GASOLINA, FORÇA CENTRÍFUG A DE 25 KN (2500 KGF), POTÊNCIA 5,5 CV - CHP DIURNO. AF_08/2015","CHP",5.4999999999999997E-3,{"$f":"VLOOKUP($B11,'COMP Sint. Sinapi'!$A:$E,4,0)","v":9.92},0.05]
["COMPOSICAO",91278,{"$f":"VLOOKUP($B12,'COMP Sint. Sinapi'!$A:$E,2,0)","v":"PLACA VIBRATÓRIA REVERSÍVEL COM MOTOR 4 TEMPOS A GASOLINA, FORÇA CENTRÍFUGA DE 25 KN (2500 KGF), POTÊNCIA 5,5 CV - CHI DIURNO. AF_08/2015"},"CHP",0.10100000000000001,{"$f":"VLOOKUP($B12,'COMP Sint. Sinapi'!$A:$E,4,0)","v":0.78},7.0000000000000007E-2]
["COMPOSICAO",91283,{"$f":"VLOOKUP($B13,'COMP Sint. Sinapi'!$A:$E,2,0)","v":"CORTADORA DE PISO COM MOTOR 4 TEMPOS A GASOLINA, POTÊNCIA DE 13 HP, COM DISCO DE CORTE DIAMANTADO SEGMENTADO PARA CONCRETO, DIÂMETRO DE 350 MM, FURO DE 1\" (14 X 1\") - CHP DIURNO. AF_08/2015"},"CHI",3.8E-3,{"$f":"VLOOKUP($B13,'COMP Sint. Sinapi'!$A:$E,4,0)","v":9.4},0.03]
["COMPOSICAO",91285,{"$f":"VLOOKUP($B14,'COMP Sint. Sinapi'!$A:$E,2,0)","v":"CORTADORA DE PISO COM MOTOR 4 TEMPOS A GASOLINA, POTÊNCIA DE 13 HP, COM DISCO DE CORTE DIAMANTADO SEGMENTADO PARA CONCRETO, DIÂMETRO DE 350 MM, FURO DE 1\" (14 X 1\") - CHI DIURNO. AF_08/2015"},"CHI",0.1027,{"$f":"VLOOKUP($B14,'COMP Sint. Sinapi'!$A:$E,4,0)","v":0.48},0.04]
[null,null,null,"Sub total:",null,null,{"$f":"SUM(G6:G14)","v":17.87}]
[{"$nulls":5},"BDI",{"$f":"BDI!C14","v":0.2339}]
[null,null,null,"Total Serviços:",null,null,{"$f":"TRUNC(G15*(1+G16),2)","v":22.04}]

{"sheet":"BDI","index":8,"n_rows":70,"n_cols":3,"rows_kept":70,"cut":false,"hidden":false,"merged":[[57,1,57,2],[2,0,2,2],[1,0,1,2],[55,0,55,2],[56,0,56,2]]}
[]
["DETALHAMENTO DO BDI  - SEM DESONERAÇÃO"]
[{"$f":"'RESUMO MODULO TOTAL'!B55","v":"EXECUÇÃO DE SERVIÇOS DE IMPLANTAÇÃO DE PAVIMENTAÇÃO EM BLOCO DE CONCRETO INTERTRAVADO, EM VIAS URBANAS E RURAIS INSERIDAS NA ÁREA DE ATUAÇÃO DA CODEVASF, NO ESTADO DO PIAUÍ - REGIÃO SUL"}]
["DESCRIÇÃO DOS SERVIÇOS","PREÇO DE VENDA (%)","CUSTO DIRETO (%)"]
["ADMINISTRAÇÃO CENTRAL",null,0.06]
["DESPESAS FINANCEIRAS",1.0200000000000001E-2]
["SEGUROS E GARANTIAS CONTRATUAIS",2.5000000000000001E-3]
["RISCOS",5.0000000000000001E-3]
["LUCRO OPERACIONAL",null,7.0000000000000007E-2]
["PIS",6.4999999999999997E-3]
["COFINS",0.03]
["ISSQN",0.03]
["Contribuição Previdenciaria",0]
[null,"BDI",{"$f":"ROUND((1+(C5+C9))/(1-(B6+B7+B8+B10+B11+B12+B13))-1,4)","v":0.2339}]
["Observação: O percentual de ISSQN aqui utilizado consiste apenas em um referencial médio."]
[" O valor real do ISSQN a ser adotado deve ser aquele proveniente das alíquotas dos municípios situados na área de  influência das obras."]
{"$rows_empty":39}
["DETALHAMENTO DO BDI DIFERENCIADO  - SEM DESONERAÇÃO"]
[{"$f":"A3","v":"EXECUÇÃO DE SERVIÇOS DE IMPLANTAÇÃO DE PAVIMENTAÇÃO EM BLOCO DE CONCRETO INTERTRAVADO, EM VIAS URBANAS E RURAIS INSERIDAS NA ÁREA DE ATUAÇÃO DA CODEVASF, NO ESTADO DO PIAUÍ - REGIÃO SUL"}]
[]
["DESCRIÇÃO DOS SERVIÇOS","PREÇO DE VENDA (%)","CUSTO DIRETO (%)"]
["ADMINISTRAÇÃO CENTRAL",null,3.7699999999999997E-2]
["DESPESA FINANCEIRAS",1.0200000000000001E-2]
["SEGUROS E GARANTIAS CONTRATUAIS",2.5000000000000001E-3]
["RISCOS",5.0000000000000001E-3]
["LUCRO OPERACIONAL",null,0.05]
["PIS",6.4999999999999997E-3]
["COFINS",0.03]
["ISSQN",0]
["Contribuição Previdenciaria",0]
[null,"BDI",{"$f":"ROUND((1+(C60+C64))/(1-(B61+B62+B63+B65+B66+B67+B68))-1,4)","v":0.15}]
["Fonte da composição, valores de referência e fórmula do BDI:  Instrução Normativa N° 62/DNIT SEDE"]

{"sheet":"ENC. SOCIAIS","index":9,"n_rows":55,"n_cols":9,"rows_kept":55,"cut":false,"hidden":false,"merged":[[8,0,9,5],[50,0,50,1],[10,0,10,5],[11,2,11,3],[11,4,11,5],[12,0,12,5],[13,0,14,1],[13,2,14,2],[13,3,14,3],[13,4,14,4],[13,5,14,5],[15,0,15,5],[26,0,26,5],[38,0,38,5],[45,0,45,5],[49,0,49,5]]}
[]
[]
[]
[]
[]
["NOME DA CONCORRENTE:"]
["EDITAL:"]
["FOLHA:"]
[{"$f":"'RESUMO MODULO TOTAL'!B55","v":"EXECUÇÃO DE SERVIÇOS DE IMPLANTAÇÃO DE PAVIMENTAÇÃO EM BLOCO DE CONCRETO INTERTRAVADO, EM VIAS URBANAS E RURAIS INSERIDAS NA ÁREA DE ATUAÇÃO DA CODEVASF, NO ESTADO DO PIAUÍ - REGIÃO SUL"}]
[]
["DETALHAMENTO DOS ENCARGOS SOCIAIS (%)"]
["VIGÊNCIA A PARTIR DE 12/2023",null,"COM DESONERAÇÃO",null,"SEM DESONERAÇÃO"]
[]
[null,null,"HORISTA","MENSALISTA","HORISTA","MENSALISTA"]
[]
["GRUPO A"]
["A1","INSS",0,0,20,20]
["A2","SESI",1.5,1.5,1.5,1.5]
["A3","SENAI",1,1,1,1]
["A4","INCRA",0.2,0.2,0.2,0.2,null,null,"m²"]
["A5","SEBRAE",0.6,0.6,0.6,0.6]
["A6","Salário Educação",2.5,2.5,2.5,2.5]
["A7","Seguro Contra Acidentes de Trabalho",3,3,3,3]
["A8","FGTS",8,8,8,8]
["A9","SECONCI",1,1,0]
["A","Total",{"$f":"SUM(C17:C25)","v":17.8},{"$f":"SUM(D17:D25)","v":17.8},{"$f":"SUM(E17:E25)","v":36.799999999999997},{"$f":"SUM(F17:F25)","v":36.799999999999997}]
["GRUPO B"]
["B1","Repouso Semanal Remunerado",17.88,"-",17.82,"-"]
["B2","Feriados",3.94,"-",3.95,"-"]
["B3","Auxílio-enfermidade",0.91,0.69,0.86,0.65]
["B4","13° salário",10.98,8.33,10.96,8.33]
["B5","Licença-paternidade",7.0000000000000007E-2,0.06,7.0000000000000007E-2,0.05]
["B6","Faltas Justificadas",0.73,0.56000000000000005,0.73,0.56000000000000005]
["B7","Dias de chuva",1.45,"-",1.17,"-"]
["B8","Auxílio Acidente de Trabalho",0.11,0.09,0.1,7.0000000000000007E-2]
["B9","Férias Gozadas",11.35,8.6199999999999992,11.71,8.9]
["B10","Salário Maternidade",0.03,0.03,0.03,0.03]
["B","Total ",{"$f":"SUM(C28:C37)","v":47.45},{"$f":"SUM(D28:D37)","v":18.380000000000003},{"$f":"SUM(E28:E37)","v":47.400000000000006},{"$f":"SUM(F28:F37)","v":18.590000000000003}]
["GRUPO C"]
["C1","Aviso Prévio Indenizado",6.76,5.14,5.3,4.03]
["C2","Aviso Prévio Trabalhado",0.16,0.12,0.12,0.09]
["C3","Férias Indenizadas",2.2799999999999998,1.73,2.46,1.87]
["C4","Depósito Rescisão Sem Justa Causa",3.81,2.89,2.89,2.2000000000000002]
["C5","Indenização Adicional",0.56999999999999995,0.43,0.45,0.34]
["C","Total ",{"$f":"SUM(C40:C44)","v":13.58},{"$f":"SUM(D40:D44)","v":10.31},{"$f":"SUM(E40:E44)","v":11.219999999999999},{"$f":"SUM(F40:F44)","v":8.5300000000000011}]
["GRUPO D"]
["D1","Reincidência de A sobre B",8.4499999999999993,3.27,17.440000000000001,6.84]
["D2","Reincidência de Grupo A sobre Aviso Prévio Trabalhado e Reincidência do FGTS sobre Aviso Prévio Indenizado",0.56999999999999995,0.43,0.47,0.36]
["D","Total",{"$f":"SUM(C47:C48)","v":9.02},{"$f":"SUM(D47:D48)","v":3.7},{"$f":"SUM(E47:E48)","v":17.91},{"$f":"SUM(F47:F48)","v":7.2}]
[]
["T O T A L (%)",null,{"$f":"C26+C38+C45+C49","v":87.85},{"$f":"D26+D38+D45+D49","v":50.190000000000012},{"$f":"E26+E38+E45+E49","v":113.33},{"$f":"F26+F38+F45+F49","v":71.12}]
[]
[]
[]
[{"$nulls":7},"Fonte: Sinapi Cálculos e Parâmetros 5ª Edição - Atualizada em Agosto 2023"]

{"sheet":"MOMENTO DE TRANSPORTE - AUX","index":10,"n_rows":88,"n_cols":11,"rows_kept":88,"cut":false,"hidden":false,"merged":[[34,4,35,4],[34,5,34,7],[4,1,4,10],[21,2,21,7],[21,9,21,10],[22,1,23,2],[22,3,23,3],[22,4,23,4],[22,5,22,7],[29,5,29,7],[33,2,33,7],[33,9,33,10],[34,1,35,2],[34,3,35,3],[69,5,69,7],[68,2,68,7],[68,9,68,10],[69,1,70,2],[69,3,70,3],[69,4,70,4],[76,5,76,7],[80,2,80,7],[80,9,80,10],[81,1,82,2],[81,3,82,3],[81,4,82,4],[81,5,81,7],[45,2,45,7],[45,9,45,10],[46,1,47,2],[46,3,47,3],[46,4,47,4],[46,5,46,7],[53,5,53,7],[57,2,57,7],[57,9,57,10],[58,1,59,2],[58,3,59,3],[58,4,59,4],[58,5,58,7]]}
[]
[]
[]
[]
[null,{"$f":"'RESUMO MODULO TOTAL'!B55","v":"EXECUÇÃO DE SERVIÇOS DE IMPLANTAÇÃO DE PAVIMENTAÇÃO EM BLOCO DE CONCRETO INTERTRAVADO, EM VIAS URBANAS E RURAIS INSERIDAS NA ÁREA DE ATUAÇÃO DA CODEVASF, NO ESTADO DO PIAUÍ - REGIÃO SUL"}]
[null,"DATA BASE:",{"$f":"'Material Sicro'!B2","v":"Piauí - Julho/2025"}]
[]
[null,null,"RESUMO DO TRANSPORTE AUXILIAR"]
[null,"CODIGO ","DESCRIÇÃO","TKM"]
[null,5914359,{"$f":"VLOOKUP(B10,'SINTÉTICO SICRO'!$A:$D,2,0)","v":"Transporte com caminhão basculante de 10 m³ - rodovia em leito natural"},{"$f":"ROUND(SUMIF($A:$A,B10,$K:$K),2)","v":2931.16}]
[null,5914374,{"$f":"VLOOKUP(B11,'SINTÉTICO SICRO'!$A:$D,2,0)","v":"Transporte com caminhão basculante de 10 m³ - rodovia em revestimento primário"},2931.16]
[null,5914389,{"$f":"VLOOKUP(B12,'SINTÉTICO SICRO'!$A:$D,2,0)","v":"Transporte com caminhão basculante de 10 m³ - rodovia pavimentada"},23449.25]
[null,5914449,{"$f":"VLOOKUP(B13,'SINTÉTICO SICRO'!$A:$D,2,0)","v":"Transporte com caminhão carroceria de 15 t - rodovia em leito natural"},405.14]
[null,5914464,{"$f":"VLOOKUP(B14,'SINTÉTICO SICRO'!$A:$D,2,0)","v":"Transporte com caminhão carroceria de 15 t - rodovia em revestimento primário"},405.14]
[null,5914479,{"$f":"VLOOKUP(B15,'SINTÉTICO SICRO'!$A:$D,2,0)","v":"Transporte com caminhão carroceria de 15 t - rodovia pavimentada"},3241.15]
[]
[null,"TIPO (P, RP ou LN)","DMT ATÉ 50 KM NÃO DEVE SER PAGA","SOMENTE DEVE SER ADICIONADO A DISTÂNCIA EXCEDENTE A 50 KM"]
[null,"P",null,10]
[]
["","SISTEMA DE CUSTOS REFERENCIAIS DE OBRAS - SICRO",{"$nulls":6},"Quantitivo"]
["","Custo Unitário de Referência",null,null,{"$f":"$C$6","v":"Piauí - Julho/2025"},null,null,null,"(Coeficiente na composição principal) x (quantidade da principal no orçamento)",null,"m³"]
["",1107892,{"$f":"VLOOKUP(B22,'SINTÉTICO SICRO'!$A$4:$D$1048576,2,0)","v":"Concreto fck = 20 MPa - confecção em betoneira e lançamento manual - areia e brita comerciais"},{"$nulls":5},{"$f":"('MOMENTO DE TRANSPORTE - PRINC'!$D$36*VLOOKUP(C31,'RESUMO MODULO TOTAL'!$C$10:$L$51,6,0))*0.8","v":1142.4000000000001}]
["","F - MOMENTO DE TRANSPORTE",null,"Quantidade","Unidade","DMT"]
["",{"$nulls":4},"LN","RP","P","TIPO (P, RP ou LN)","DMT ESTIMADA (km)","QUANTITATIVO TOTAL DE TRANSPORTE DE MATERIAL (tkm)"]
[{"$f":"IF(I25=\"P\",H25,IF(I25=\"RP\",G25,IF(I25=\"LN\",F25,\"\")))","v":5914479},"M0030","Aditivo plastificante e retardador de pega para concreto e argamassa - Caminhão carroceria 15 t",8.4999999999999995E-4,"tkm",5914449,5914464,5914479,{"$f":"$B$18","v":"P"},{"$f":"D18","v":10},{"$f":"IF(ISBLANK(J25),\"\",J25*(D25*$I$22))","v":9.7103999999999999}]
[{"$f":"IF(I26=\"P\",H26,IF(I26=\"RP\",G26,IF(I26=\"LN\",F26,\"\")))","v":5914389},"M0082","Areia média lavada - Caminhão basculante 10 m³",0.95001000000000002,"tkm",5914359,5914374,5914389,{"$f":"$B$18","v":"P"},{"$f":"J25","v":10},{"$f":"IF(ISBLANK(J26),\"\",J26*(D26*$I$22))","v":10852.91424}]
[5914389,"M0191","Brita 1 - Caminhão basculante 10 m³",0.55130999999999997,"tkm",5914359,5914374,5914389,"P",{"$f":"J26","v":10},{"$f":"IF(ISBLANK(J27),\"\",J27*(D27*$I$22))","v":6298.1654400000007}]
[5914389,"M0192","Brita 2 - Caminhão basculante 10 m³",0.55130999999999997,"tkm",5914359,5914374,5914389,"P",{"$f":"J27","v":10},{"$f":"IF(ISBLANK(J28),\"\",J28*(D28*$I$22))","v":6298.1654400000007}]
[5914479,"M0424","Cimento Portland CP II - 32 - saco - Caminhão carroceria 15 t",0.28215000000000001,"tkm",5914449,5914464,5914479,"P",{"$f":"J28","v":10},{"$f":"IF(ISBLANK(J29),\"\",J29*(D29*$I$22))","v":3223.2816000000003}]
[""]
[null,"PRINCIPAL:",2003943]
["","SISTEMA DE CUSTOS REFERENCIAIS DE OBRAS - SICRO",{"$nulls":6},"Quantitivo"]
["","Custo Unitário de Referência",null,null,{"$f":"$C$6","v":"Piauí - Julho/2025"},null,null,"m²","(Coeficiente na composição principal) x (quantidade da principal no orçamento)",null,"kg"]
["",2003842,"Enchimento de junta de concreto com argamassa asfáltica de densidade 1.700 kg/m³ - espessura de 1 cm",{"$nulls":5},{"$f":"('MOMENTO DE TRANSPORTE - PRINC'!$D$37*VLOOKUP(C39,'RESUMO MODULO TOTAL'!$C$10:$L$51,6,0))*0.8","v":816}]
["","F - MOMENTO DE TRANSPORTE",null,"Quantidade","Unidade","DMT"]
["",{"$nulls":4},"LN","RP","P","TIPO (P, RP ou LN)","DMT ESTIMADA (km)","QUANTITATIVO TOTAL DE TRANSPORTE DE MATERIAL (tkm)"]
[{"$f":"IF(I37=\"P\",H37,IF(I37=\"RP\",G37,IF(I37=\"LN\",F37,\"\")))","v":5914479},"M2158","Argamassa asfáltica - Caminhão carroceria com capacidade de 15 t - 188 Kw",1E-3,"tkm",5914449,5914464,5914479,{"$f":"$B$18","v":"P"},{"$f":"D18","v":10},{"$f":"IF(ISBLANK(J37),\"\",J37*(D37*$I$34))","v":8.16}]
[]
[null,"PRINCIPAL:",2003943]
[]
[null,"TIPO (P, RP ou LN)","DMT ATÉ 50 KM NÃO DEVE SER PAGA","SOMENTE DEVE SER ADICIONADO A DISTÂNCIA EXCEDENTE A 50 KM"]
[null,"LN",null,10]
[]
["","SISTEMA DE CUSTOS REFERENCIAIS DE OBRAS - SICRO",{"$nulls":6},"Quantitivo"]
["","Custo Unitário de Referência",null,null,{"$f":"$C$6","v":"Piauí - Julho/2025"},null,null,null,"(Coeficiente na composição principal) x (quantidade da principal no orçamento)",null,"m³"]
["",1107892,{"$f":"VLOOKUP(B46,'SINTÉTICO SICRO'!$A$4:$D$1048576,2,0)","v":"Concreto fck = 20 MPa - confecção em betoneira e lançamento manual - areia e brita comerciais"},{"$nulls":5},{"$f":"('MOMENTO DE TRANSPORTE - PRINC'!D61*VLOOKUP(C55,'RESUMO MODULO TOTAL'!$C$10:$L$51,6,0))*0.1","v":142.80000000000001}]
["","F - MOMENTO DE TRANSPORTE",null,"Quantidade","Unidade","DMT"]
["",{"$nulls":4},"LN","RP","P","TIPO (P, RP ou LN)","DMT ESTIMADA (km)","QUANTITATIVO TOTAL DE TRANSPORTE DE MATERIAL (tkm)"]
[{"$f":"IF(I49=\"P\",H49,IF(I49=\"RP\",G49,IF(I49=\"LN\",F49,\"\")))","v":5914449},"M0030","Aditivo plastificante e retardador de pega para concreto e argamassa - Caminhão carroceria 15 t",8.4999999999999995E-4,"tkm",5914449,5914464,5914479,{"$f":"$B$42","v":"LN"},{"$f":"D42","v":10},{"$f":"IF(ISBLANK(J49),\"\",J49*(D49*$I$46))","v":1.2138}]
[{"$f":"IF(I50=\"P\",H50,IF(I50=\"RP\",G50,IF(I50=\"LN\",F50,\"\")))","v":5914359},"M0082","Areia média lavada - Caminhão basculante 10 m³",0.95001000000000002,"tkm",5914359,5914374,5914389,{"$f":"$B$42","v":"LN"},{"$f":"J49","v":10},{"$f":"IF(ISBLANK(J50),\"\",J50*(D50*$I$46))","v":1356.61428}]
[5914359,"M0191","Brita 1 - Caminhão basculante 10 m³",0.55130999999999997,"tkm",5914359,5914374,5914389,"LN",{"$f":"J50","v":10},{"$f":"IF(ISBLANK(J51),\"\",J51*(D51*$I$46))","v":787.27068000000008}]
[5914359,"M0192","Brita 2 - Caminhão basculante 10 m³",0.55130999999999997,"tkm",5914359,5914374,5914389,"LN",{"$f":"J51","v":10},787.27068000000008]
[5914449,"M0424","Cimento Portland CP II - 32 - saco - Caminhão carroceria 15 t",0.28215000000000001,"tkm",5914449,5914464,5914479,"LN",{"$f":"J52","v":10},402.91020000000003]
[""]
[null,"PRINCIPAL:",2003943]
["","SISTEMA DE CUSTOS REFERENCIAIS DE OBRAS - SICRO",{"$nulls":6},"Quantitivo"]
["","Custo Unitário de Referência",null,null,{"$f":"$C$6","v":"Piauí - Julho/2025"},null,null,"m²","(Coeficiente na composição principal) x (quantidade da principal no orçamento)",null,"kg"]
["",2003842,"Enchimento de junta de concreto com argamassa asfáltica de densidade 1.700 kg/m³ - espessura de 1 cm",{"$nulls":5},{"$f":"('MOMENTO DE TRANSPORTE - PRINC'!D62*VLOOKUP(C63,'RESUMO MODULO TOTAL'!$C$10:$L$51,6,0))*0.1","v":102}]
["","F - MOMENTO DE TRANSPORTE",null,"Quantidade","Unidade","DMT"]
["",{"$nulls":4},"LN","RP","P","TIPO (P, RP ou LN)","DMT ESTIMADA (km)","QUANTITATIVO TOTAL DE TRANSPORTE DE MATERIAL (tkm)"]
[{"$f":"IF(I61=\"P\",H61,IF(I61=\"RP\",G61,IF(I61=\"LN\",F61,\"\")))","v":5914449},"M2158","Argamassa asfáltica - Caminhão carroceria com capacidade de 15 t - 188 Kw",1E-3,"tkm",5914449,5914464,5914479,{"$f":"$B$42","v":"LN"},{"$f":"$D$42","v":10},{"$f":"IF(ISBLANK(J61),\"\",J61*(D61*$I$58))","v":1.02}]
[]
[null,"PRINCIPAL:",2003943]
[null,"TIPO (P, RP ou LN)","DMT ATÉ 50 KM NÃO DEVE SER PAGA","SOMENTE DEVE SER ADICIONADO A DISTÂNCIA EXCEDENTE A 50 KM"]
[null,"RP",null,10]
[]
["","SISTEMA DE CUSTOS REFERENCIAIS DE OBRAS - SICRO",{"$nulls":6},"Quantitivo"]
["","Custo Unitário de Referência",null,null,{"$f":"$C$6","v":"Piauí - Julho/2025"},null,null,null,"(Coeficiente na composição principal) x (quantidade da principal no orçamento)",null,"m³"]
["",1107892,{"$f":"VLOOKUP(B69,'SINTÉTICO SICRO'!$A$4:$D$1048576,2,0)","v":"Concreto fck = 20 MPa - confecção em betoneira e lançamento manual - areia e brita comerciais"},{"$nulls":5},{"$f":"('MOMENTO DE TRANSPORTE - PRINC'!D86*VLOOKUP(C78,'RESUMO MODULO TOTAL'!$C$10:$L$51,6,0))*0.1","v":142.80000000000001}]
["","F - MOMENTO DE TRANSPORTE",null,"Quantidade","Unidade","DMT"]
["",{"$nulls":4},"LN","RP","P","TIPO (P, RP ou LN)","DMT ESTIMADA (km)","QUANTITATIVO TOTAL DE TRANSPORTE DE MATERIAL (tkm)"]
[{"$f":"IF(I72=\"P\",H72,IF(I72=\"RP\",G72,IF(I72=\"LN\",F72,\"\")))","v":5914464},"M0030","Aditivo plastificante e retardador de pega para concreto e argamassa - Caminhão carroceria 15 t",8.4999999999999995E-4,"tkm",5914449,5914464,5914479,{"$f":"$B$65","v":"RP"},{"$f":"D65","v":10},{"$f":"IF(ISBLANK(J72),\"\",J72*(D72*$I$69))","v":1.2138}]
[{"$f":"IF(I73=\"P\",H73,IF(I73=\"RP\",G73,IF(I73=\"LN\",F73,\"\")))","v":5914374},"M0082","Areia média lavada - Caminhão basculante 10 m³",0.95001000000000002,"tkm",5914359,5914374,5914389,{"$f":"$B$65","v":"RP"},{"$f":"D65","v":10},{"$f":"IF(ISBLANK(J73),\"\",J73*(D73*$I$69))","v":1356.61428}]
[5914374,"M0191","Brita 1 - Caminhão basculante 10 m³",0.55130999999999997,"tkm",5914359,5914374,5914389,"RP",{"$f":"D65","v":10},787.27068000000008]
[5914374,"M0192","Brita 2 - Caminhão basculante 10 m³",0.55130999999999997,"tkm",5914359,5914374,5914389,"RP",{"$f":"D65","v":10},787.27068000000008]
[5914464,"M0424","Cimento Portland CP II - 32 - saco - Caminhão carroceria 15 t",0.28215000000000001,"tkm",5914449,5914464,5914479,"RP",{"$f":"D65","v":10},402.91020000000003]
[""]
[null,"PRINCIPAL:",2003943]
["","SISTEMA DE CUSTOS REFERENCIAIS DE OBRAS - SICRO",{"$nulls":6},"Quantitivo"]
["","Custo Unitário de Referência",null,null,{"$f":"$C$6","v":"Piauí - Julho/2025"},null,null,"m²","(Coeficiente na composição principal) x (quantidade da principal no orçamento)",null,"kg"]
["",2003842,"Enchimento de junta de concreto com argamassa asfáltica de densidade 1.700 kg/m³ - espessura de 1 cm",{"$nulls":5},{"$f":"('MOMENTO DE TRANSPORTE - PRINC'!D87*VLOOKUP(C86,'RESUMO MODULO TOTAL'!$C$10:$L$51,6,0))*0.1","v":102}]
["","F - MOMENTO DE TRANSPORTE",null,"Quantidade","Unidade","DMT"]
["",{"$nulls":4},"LN","RP","P","TIPO (P, RP ou LN)","DMT ESTIMADA (km)","QUANTITATIVO TOTAL DE TRANSPORTE DE MATERIAL (tkm)"]
[{"$f":"IF(I84=\"P\",H84,IF(I84=\"RP\",G84,IF(I84=\"LN\",F84,\"\")))","v":5914464},"M2158","Argamassa asfáltica - Caminhão carroceria com capacidade de 15 t - 188 Kw",1E-3,"tkm",5914449,5914464,5914479,{"$f":"$B$65","v":"RP"},{"$f":"D65","v":10},{"$f":"IF(ISBLANK(J84),\"\",J84*(D84*$I$81))","v":1.02}]
[]
[null,"PRINCIPAL:",2003943]
[]
[{"$f":"IF(I88=\"P\",H88,IF(I88=\"RP\",G88,IF(I88=\"LN\",F88,\"\")))","v":""}]

{"sheet":"MOMENTO DE TRANSPORTE - PRINC","index":11,"n_rows":91,"n_cols":11,"rows_kept":91,"cut":false,"hidden":false,"merged":[[4,1,4,10],[21,2,21,7],[21,9,21,10],[22,7,22,10],[24,3,24,7],[25,1,26,2],[25,3,26,3],[25,4,26,4],[25,5,25,7],[28,5,28,7],[33,2,33,7],[33,9,33,10],[34,7,34,10],[37,3,37,7],[38,1,39,2],[38,3,39,3],[38,4,39,4],[38,5,38,7],[47,2,47,7],[47,9,47,10],[48,7,48,10],[50,3,50,7],[51,1,52,2],[51,3,52,3],[51,4,52,4],[51,5,51,7],[54,5,54,7],[72,2,72,7],[72,9,72,10],[73,7,73,10],[75,3,75,7],[58,2,58,7],[58,9,58,10],[59,7,59,10],[62,3,62,7],[63,1,64,2],[63,3,64,3],[63,4,64,4],[63,5,63,7],[83,2,83,7],[83,9,83,10],[84,7,84,10],[87,3,87,7],[88,1,89,2],[88,3,89,3],[88,4,89,4],[88,5,88,7],[76,1,77,2],[76,3,77,3],[76,4,77,4],[76,5,76,7],[79,5,79,7]]}
[]
[]
[]
[]
[null,{"$f":"'RESUMO MODULO TOTAL'!B55","v":"EXECUÇÃO DE SERVIÇOS DE IMPLANTAÇÃO DE PAVIMENTAÇÃO EM BLOCO DE CONCRETO INTERTRAVADO, EM VIAS URBANAS E RURAIS INSERIDAS NA ÁREA DE ATUAÇÃO DA CODEVASF, NO ESTADO DO PIAUÍ - REGIÃO SUL"}]
[null,"DATA BASE:","2025-10-01"]
[]
[null,null,"RESUMO DO TRANSPORTE PRINCIPAL"]
[null,"CODIGO ","DESCRIÇÃO","TKM"]
[null,5914359,{"$f":"VLOOKUP(B10,'SINTÉTICO SICRO'!$A:$D,2,0)","v":"Transporte com caminhão basculante de 10 m³ - rodovia em leito natural"},{"$f":"ROUND(SUMIF('MOMENTO DE TRANSPORTE - PRINC'!A:A,B10,'MOMENTO DE TRANSPORTE - PRINC'!K:K),2)","v":184123.64}]
[null,5914374,{"$f":"VLOOKUP(B11,'SINTÉTICO SICRO'!$A:$D,2,0)","v":"Transporte com caminhão basculante de 10 m³ - rodovia em revestimento primário"},{"$f":"ROUND(SUMIF('MOMENTO DE TRANSPORTE - PRINC'!A:A,B11,'MOMENTO DE TRANSPORTE - PRINC'!K:K),2)","v":184123.64}]
[null,5914389,{"$f":"VLOOKUP(B12,'SINTÉTICO SICRO'!$A:$D,2,0)","v":"Transporte com caminhão basculante de 10 m³ - rodovia pavimentada"},{"$f":"ROUND(SUMIF('MOMENTO DE TRANSPORTE - PRINC'!A:A,B12,'MOMENTO DE TRANSPORTE - PRINC'!K:K),2)","v":1472989.14}]
[null,5914539,{"$f":"VLOOKUP(B13,'SINTÉTICO SICRO'!$A:$D,2,0)","v":"Transporte com caminhão betoneira - rodovia em leito natural"},{"$f":"ROUND(SUMIF('MOMENTO DE TRANSPORTE - PRINC'!A:A,B13,'MOMENTO DE TRANSPORTE - PRINC'!K:K),2)","v":17136}]
[null,5914554,{"$f":"VLOOKUP(B14,'SINTÉTICO SICRO'!$A:$D,2,0)","v":"Transporte com caminhão betoneira - rodovia em revestimento primário"},{"$f":"ROUND(SUMIF('MOMENTO DE TRANSPORTE - PRINC'!A:A,B14,'MOMENTO DE TRANSPORTE - PRINC'!K:K),2)","v":17136}]
[null,5914569,{"$f":"VLOOKUP(B15,'SINTÉTICO SICRO'!$A:$D,2,0)","v":"Transporte com caminhão betoneira - rodovia pavimentada"},{"$f":"ROUND(SUMIF('MOMENTO DE TRANSPORTE - PRINC'!A:A,B15,'MOMENTO DE TRANSPORTE - PRINC'!K:K),2)","v":137088}]
[]
[null,"TIPO (P, RP ou LN)","DMT ESTIMADA (DISTRIBUIÇÃO DO ITEM NA PISTA"]
[null,"P",50]
[]
["","SISTEMA DE CUSTOS REFERENCIAIS DE OBRAS - SICRO"]
["","Custo Unitário de Referência",null,{"$f":"$C$6","v":"2025-10-01"},{"$nulls":4},"Quantitativo",null,"un"]
["",4011219,{"$f":"VLOOKUP(B22,'SINTÉTICO SICRO'!$A$4:$D$1048576,2,0)","v":"Base de solo estabilizado granulometricamente sem mistura com material de jazida - 100% Proctor modificado"},{"$nulls":5},{"$f":"SUMIF('RESUMO MODULO TOTAL'!C:C,'MOMENTO DE TRANSPORTE - PRINC'!B22,'RESUMO MODULO TOTAL'!H:H)*0.8","v":14280}]
["","D - ATIVIDADES AUXILIARES",null,"Quantidade","Unidade"]
["",4016096,{"$f":"VLOOKUP(B24,'SINTÉTICO SICRO'!$A$4:$D$1048576,2,0)","v":"Escavação e carga de material de jazida com escavadeira hidráulica de 1,56 m³"},1.1002700000000001,"m³"]
[""]
["","F - MOMENTO DE TRANSPORTE",null,"Quantidade","Unidade","CÓDIGO TRANSPORTE"]
["",{"$nulls":4},"LN","RP","P","TIPO (P, RP ou LN)","DMT ESTIMADA (km)","QUANTITATIVO TOTAL DE TRANSPORTE (tkm)"]
[{"$f":"IF(I28=\"P\",H28,IF(I28=\"RP\",G28,IF(I28=\"LN\",F28,\"\")))","v":5914389},4016096,{"$f":"VLOOKUP(B28,'SINTÉTICO SICRO'!$A$4:$D$1048576,2,0)","v":"Escavação e carga de material de jazida com escavadeira hidráulica de 1,56 m³"},2.0630099999999998,"tkm",5914359,5914374,5914389,{"$f":"$B$18","v":"P"},{"$f":"C18","v":50},{"$f":"IF(ISBLANK(J28),\"\",J28*D28)*I22","v":1472989.14}]
[""]
["","Obs."]
[]
["","SISTEMA DE CUSTOS REFERENCIAIS DE OBRAS - SICRO"]
["","Custo Unitário de Referência",null,{"$f":"$C$6","v":"2025-10-01"},{"$nulls":4},"Quantitativo",null,"m"]
["",2003943,{"$f":"VLOOKUP(B34,'SINTÉTICO SICRO'!A:D,2,0)","v":"Meio-fio de concreto - MFC 03 moldado no local com extrusora e concreto usinado - areia e brita comerciais"},{"$nulls":5},{"$f":"SUMIF('RESUMO MODULO TOTAL'!C:C,'MOMENTO DE TRANSPORTE - PRINC'!B34,'RESUMO MODULO TOTAL'!H:H)*0.8","v":27200}]
["","D - ATIVIDADES AUXILIARES",null,"Quantidade","Unidade"]
[null,"1107928"," Concreto fck = 20 MPa - confecção em betoneira e lançamento manual - areia e brita comerciais",4.2000000000000003E-2,"m³"]
[null,"4805750","Enchimento de junta de concreto com argamassa asfáltica de densidade 1.700 kg/m³ - espessura de 1 cm",0.03,"kg"]
[""]
["","F - MOMENTO DE TRANSPORTE",null,"Quantidade","Unidade","CÓDIGO TRANSPORTE"]
["",{"$nulls":4},"LN","RP","P","TIPO (P, RP ou LN)","DMT ESTIMADA (km)","QUANTITATIVO TOTAL DE TRANSPORTE (tkm)"]
[{"$f":"IF(I41=\"P\",H41,IF(I41=\"RP\",G41,IF(I41=\"LN\",F41,\"\")))","v":5914569},"1107928","Concreto fck = 20 MPa - confecção em central dosadora de 30 m³/h - areia e brita comerciais - Caminhão betoneira 8 m³",0.1008,"tkm",5914539,5914554,5914569,{"$f":"$B$18","v":"P"},{"$f":"C18","v":50},{"$f":"IF(ISBLANK(J41),\"\",J41*D41)*I34","v":137088}]
[]
[null,"TIPO (P, RP ou LN)","DMT ESTIMADA (DISTRIBUIÇÃO DO ITEM NA PISTA"]
[null,"LN",50]
[]
["","SISTEMA DE CUSTOS REFERENCIAIS DE OBRAS - SICRO"]
["","Custo Unitário de Referência",null,{"$f":"$C$6","v":"2025-10-01"},{"$nulls":4},"Quantitativo",null,"un"]
["",4011219,{"$f":"VLOOKUP(B48,'SINTÉTICO SICRO'!$A$4:$D$1048576,2,0)","v":"Base de solo estabilizado granulometricamente sem mistura com material de jazida - 100% Proctor modificado"},{"$nulls":5},{"$f":"SUMIF('RESUMO MODULO TOTAL'!C:C,'MOMENTO DE TRANSPORTE - PRINC'!B48,'RESUMO MODULO TOTAL'!H:H)*0.1","v":1785}]
["","D - ATIVIDADES AUXILIARES",null,"Quantidade","Unidade"]
["",4016096,{"$f":"VLOOKUP(B50,'SINTÉTICO SICRO'!$A$4:$D$1048576,2,0)","v":"Escavação e carga de material de jazida com escavadeira hidráulica de 1,56 m³"},1.1002700000000001,"m³"]
[""]
["","F - MOMENTO DE TRANSPORTE",null,"Quantidade","Unidade","CÓDIGO TRANSPORTE"]
["",{"$nulls":4},"LN","RP","P","TIPO (P, RP ou LN)","DMT ESTIMADA (km)","QUANTITATIVO TOTAL DE TRANSPORTE (tkm)"]
[{"$f":"IF(I54=\"P\",H54,IF(I54=\"RP\",G54,IF(I54=\"LN\",F54,\"\")))","v":5914359},4016096,{"$f":"VLOOKUP(B54,'SINTÉTICO SICRO'!$A$4:$D$1048576,2,0)","v":"Escavação e carga de material de jazida com escavadeira hidráulica de 1,56 m³"},2.0630099999999998,"tkm",5914359,5914374,5914389,{"$f":"$B$44","v":"LN"},{"$f":"C44","v":50},{"$f":"IF(ISBLANK(J54),\"\",J54*D54)*I48","v":184123.64249999999}]
[""]
["","Obs."]
["","SISTEMA DE CUSTOS REFERENCIAIS DE OBRAS - SICRO"]
["","Custo Unitário de Referência",null,{"$f":"$C$6","v":"2025-10-01"},{"$nulls":4},"Quantitativo",null,"m"]
["",2003943,{"$f":"VLOOKUP(B59,'SINTÉTICO SICRO'!A:D,2,0)","v":"Meio-fio de concreto - MFC 03 moldado no local com extrusora e concreto usinado - areia e brita comerciais"},{"$nulls":5},{"$f":"SUMIF('RESUMO MODULO TOTAL'!C:C,'MOMENTO DE TRANSPORTE - PRINC'!B59,'RESUMO MODULO TOTAL'!H:H)*0.1","v":3400}]
["","D - ATIVIDADES AUXILIARES",null,"Quantidade","Unidade"]
[null,"1107928"," Concreto fck = 20 MPa - confecção em betoneira e lançamento manual - areia e brita comerciais",4.2000000000000003E-2,"m³"]
[null,"4805750","Enchimento de junta de concreto com argamassa asfáltica de densidade 1.700 kg/m³ - espessura de 1 cm",0.03,"kg"]
[""]
["","F - MOMENTO DE TRANSPORTE",null,"Quantidade","Unidade","CÓDIGO TRANSPORTE"]
["",{"$nulls":4},"LN","RP","P","TIPO (P, RP ou LN)","DMT ESTIMADA (km)","QUANTITATIVO TOTAL DE TRANSPORTE (tkm)"]
[{"$f":"IF(I66=\"P\",H66,IF(I66=\"RP\",G66,IF(I66=\"LN\",F66,\"\")))","v":5914539},1107928,{"$f":"VLOOKUP(B66,'SINTÉTICO SICRO'!A:D,2,0)","v":"Concreto fck = 20 MPa - confecção em central dosadora de 30 m³/h - areia e brita comerciais"},0.1008,"tkm",5914539,5914554,5914569,{"$f":"$B$44","v":"LN"},{"$f":"C44","v":50},{"$f":"IF(ISBLANK(J66),\"\",J66*D66)*I59","v":17136}]
[]
[null,"TIPO (P, RP ou LN)","DMT ESTIMADA (DISTRIBUIÇÃO DO ITEM NA PISTA"]
[null,"RP",50]
[]
["","SISTEMA DE CUSTOS REFERENCIAIS DE OBRAS - SICRO"]
["","Custo Unitário de Referência",null,{"$f":"$C$6","v":"2025-10-01"},{"$nulls":4},"Quantitativo",null,"un"]
["",4011219,{"$f":"VLOOKUP(B73,'SINTÉTICO SICRO'!$A$4:$D$1048576,2,0)","v":"Base de solo estabilizado granulometricamente sem mistura com material de jazida - 100% Proctor modificado"},{"$nulls":5},{"$f":"SUMIF('RESUMO MODULO TOTAL'!C:C,'MOMENTO DE TRANSPORTE - PRINC'!B73,'RESUMO MODULO TOTAL'!H:H)*0.1","v":1785}]
["","D - ATIVIDADES AUXILIARES",null,"Quantidade","Unidade"]
["",4016096,{"$f":"VLOOKUP(B75,'SINTÉTICO SICRO'!$A$4:$D$1048576,2,0)","v":"Escavação e carga de material de jazida com escavadeira hidráulica de 1,56 m³"},1.1002700000000001,"m³"]
[""]
["","F - MOMENTO DE TRANSPORTE",null,"Quantidade","Unidade","CÓDIGO TRANSPORTE"]
["",{"$nulls":4},"LN","RP","P","TIPO (P, RP ou LN)","DMT ESTIMADA (km)","QUANTITATIVO TOTAL DE TRANSPORTE (tkm)"]
[{"$f":"IF(I79=\"P\",H79,IF(I79=\"RP\",G79,IF(I79=\"LN\",F79,\"\")))","v":5914374},4016096,{"$f":"VLOOKUP(B79,'SINTÉTICO SICRO'!$A$4:$D$1048576,2,0)","v":"Escavação e carga de material de jazida com escavadeira hidráulica de 1,56 m³"},2.0630099999999998,"tkm",5914359,5914374,5914389,{"$f":"$B$69","v":"RP"},{"$f":"C69","v":50},{"$f":"IF(ISBLANK(J79),\"\",J79*D79)*I73","v":184123.64249999999}]
[""]
["","Obs."]
["","SISTEMA DE CUSTOS REFERENCIAIS DE OBRAS - SICRO"]
["","Custo Unitário de Referência",null,{"$f":"$C$6","v":"2025-10-01"},{"$nulls":4},"Quantitativo",null,"m"]
["",2003943,{"$f":"VLOOKUP(B84,'SINTÉTICO SICRO'!A:D,2,0)","v":"Meio-fio de concreto - MFC 03 moldado no local com extrusora e concreto usinado - areia e brita comerciais"},{"$nulls":5},{"$f":"SUMIF('RESUMO MODULO TOTAL'!C:C,'MOMENTO DE TRANSPORTE - PRINC'!B84,'RESUMO MODULO TOTAL'!H:H)*0.1","v":3400}]
["","D - ATIVIDADES AUXILIARES",null,"Quantidade","Unidade"]
[null,"1107928"," Concreto fck = 20 MPa - confecção em betoneira e lançamento manual - areia e brita comerciais",4.2000000000000003E-2,"m³"]
[null,"4805750","Enchimento de junta de concreto com argamassa asfáltica de densidade 1.700 kg/m³ - espessura de 1 cm",0.03,"kg"]
[""]
["","F - MOMENTO DE TRANSPORTE",null,"Quantidade","Unidade","CÓDIGO TRANSPORTE"]
["",{"$nulls":4},"LN","RP","P","TIPO (P, RP ou LN)","DMT ESTIMADA (km)","QUANTITATIVO TOTAL DE TRANSPORTE (tkm)"]
[{"$f":"IF(I91=\"P\",H91,IF(I91=\"RP\",G91,IF(I91=\"LN\",F91,\"\")))","v":5914554},1107928,{"$f":"VLOOKUP(B91,'SINTÉTICO SICRO'!A:D,2,0)","v":"Concreto fck = 20 MPa - confecção em central dosadora de 30 m³/h - areia e brita comerciais"},0.1008,"tkm",5914539,5914554,5914569,{"$f":"$B$69","v":"RP"},{"$f":"C69","v":50},{"$f":"IF(ISBLANK(J91),\"\",J91*D91)*I84","v":17136}]

{"sheet":"MEDICAO EM TKM","index":12,"n_rows":71,"n_cols":6,"rows_kept":71,"cut":false,"hidden":false,"merged":[[20,1,20,2],[21,0,22,1],[21,3,22,3],[0,0,3,4],[4,0,4,4],[6,0,7,1],[6,3,7,3],[15,1,15,3],[16,0,17,1],[16,3,17,3],[24,1,24,2],[25,0,26,1],[25,2,26,2],[32,3,33,3],[37,0,38,1],[37,2,38,2],[37,3,38,3],[70,0,71,1],[70,2,71,2],[70,3,71,3],[42,0,43,1],[42,2,43,2],[42,3,43,3],[47,0,48,1],[47,2,48,2],[47,3,48,3],[52,0,53,1],[52,2,53,2],[52,3,53,3],[57,0,58,1],[57,3,58,3]]}
[]
[]
[]
[]
["PLANILHA DE MEDIÇAO DE TKM"]
[903808,{"$f":"VLOOKUP(A6,'SINTÉTICO SICRO'!A:D,2,0)","v":"Instalação da usina misturadora de solos com capacidade de 300 t/h"}]
["MOMENTO DE TRANSPORTE",null,null,"Quantidade (tkm)","quantidade medida(un.)"]
[{"$nulls":4},1]
[5914479,{"$f":"VLOOKUP(A9,'SINTÉTICO SICRO'!A:D,2,0)","v":"Transporte com caminhão carroceria de 15 t - rodovia pavimentada"},null,{"$f":"SUMIF('MOMENTO DE TRANSPORTE - AUX'!#REF!,'MEDICAO EM TKM'!A9,'MOMENTO DE TRANSPORTE - AUX'!#REF!)","v":{"$error":"#REF!"}},{"$f":"D9*$E$8","v":{"$error":"#REF!"}}]
[5914389,{"$f":"VLOOKUP(A10,'SINTÉTICO SICRO'!A:D,2,0)","v":"Transporte com caminhão basculante de 10 m³ - rodovia pavimentada"},null,{"$f":"SUMIF('MOMENTO DE TRANSPORTE - AUX'!#REF!,'MEDICAO EM TKM'!A10,'MOMENTO DE TRANSPORTE - AUX'!#REF!)","v":{"$error":"#REF!"}},{"$error":"#REF!"}]
[5914449,{"$f":"VLOOKUP(A11,'SINTÉTICO SICRO'!A:D,2,0)","v":"Transporte com caminhão carroceria de 15 t - rodovia em leito natural"},null,{"$f":"SUMIF('MOMENTO DE TRANSPORTE - AUX'!#REF!,'MEDICAO EM TKM'!A11,'MOMENTO DE TRANSPORTE - AUX'!#REF!)","v":{"$error":"#REF!"}},{"$error":"#REF!"}]
[5914359,{"$f":"VLOOKUP(A12,'SINTÉTICO SICRO'!A:D,2,0)","v":"Transporte com caminhão basculante de 10 m³ - rodovia em leito natural"},null,{"$f":"SUMIF('MOMENTO DE TRANSPORTE - AUX'!#REF!,'MEDICAO EM TKM'!A12,'MOMENTO DE TRANSPORTE - AUX'!#REF!)","v":{"$error":"#REF!"}},{"$error":"#REF!"}]
[5914464,{"$f":"VLOOKUP(A13,'SINTÉTICO SICRO'!A:D,2,0)","v":"Transporte com caminhão carroceria de 15 t - rodovia em revestimento primário"},null,{"$f":"SUMIF('MOMENTO DE TRANSPORTE - AUX'!#REF!,'MEDICAO EM TKM'!A13,'MOMENTO DE TRANSPORTE - AUX'!#REF!)","v":{"$error":"#REF!"}},{"$error":"#REF!"}]
[5914374,{"$f":"VLOOKUP(A14,'SINTÉTICO SICRO'!A:D,2,0)","v":"Transporte com caminhão basculante de 10 m³ - rodovia em revestimento primário"},null,{"$f":"SUMIF('MOMENTO DE TRANSPORTE - AUX'!#REF!,'MEDICAO EM TKM'!A14,'MOMENTO DE TRANSPORTE - AUX'!#REF!)","v":{"$error":"#REF!"}},{"$error":"#REF!"}]
[]
[5502114,{"$f":"VLOOKUP(A16,'SINTÉTICO SICRO'!A:D,2,0)","v":"Escavação, carga e transporte de material de 1ª categoria - DMT de 1.000 a 1.200 m - caminho de serviço em leito natural - com escavadeira e caminhão basculante de 14 m³"}]
["MOMENTO DE TRANSPORTE",null,null,"Quantidade (tkm)","-"]
[{"$nulls":4},"-"]
[]
[]
[4413942,{"$f":"VLOOKUP(A21,'SINTÉTICO SICRO'!A:D,2,0)","v":"Espalhamento de material em bota-fora"}]
["MOMENTO DE TRANSPORTE",null,null,"Quantidade (tkm)","-"]
[{"$nulls":4},"-"]
[]
[4011318,{"$f":"VLOOKUP(A25,'SINTÉTICO SICRO'!A:D,2,0)","v":"Base ou sub-base estabilizada granulometricamente com mistura solo brita (70% - 30%) em usina com material de jazida e brita comercial - 100% Proctor modificado"}]
["MOMENTO DE TRANSPORTE",null,"Quantidade (tkm)","Área Executada (m2)",{"$f":"('MC MODULO'!C1*'MC MODULO'!C2)*'MC MODULO'!G1","v":119000}]
[null,null,null,"espessura (m)",0.15,{"$f":"(E26*E27)/'RESUMO MODULO TOTAL'!H28","v":1}]
[5914389,{"$f":"VLOOKUP(A28,'SINTÉTICO SICRO'!A:D,2,0)","v":"Transporte com caminhão basculante de 10 m³ - rodovia pavimentada"},{"$f":"'MOMENTO DE TRANSPORTE - PRINC'!K28","v":1472989.14},{"$f":"C28*$F$27","v":1472989.14}]
[5914359,{"$f":"VLOOKUP(A29,'SINTÉTICO SICRO'!A:D,2,0)","v":"Transporte com caminhão basculante de 10 m³ - rodovia em leito natural"},{"$f":"'MOMENTO DE TRANSPORTE - PRINC'!K54","v":184123.64249999999},{"$f":"C29*$F$27","v":184123.64249999999}]
[5914374,{"$f":"VLOOKUP(A30,'SINTÉTICO SICRO'!A:D,2,0)","v":"Transporte com caminhão basculante de 10 m³ - rodovia em revestimento primário"},{"$f":"'MOMENTO DE TRANSPORTE - PRINC'!I73","v":1785},{"$f":"C30*$F$27","v":1785}]
[]
[4011209,{"$f":"VLOOKUP(A32,'SINTÉTICO SICRO'!A:D,2,0)","v":"Regularização do subleito - 100% Proctor intermediário"}]
["MOMENTO DE TRANSPORTE",null,null,"Quantidade (tkm)"]
[]
[]
[]
[5213440,"Placa de regulamentação em aço D = 0,60 m - película retrorrefletiva tipo I + SI - fornecimento e implantação"]
["MOMENTO DE TRANSPORTE",null,null,"Quantidade (tkm)"]
[]
[]
[]
[5213464,{"$f":"VLOOKUP(A42,'SINTÉTICO SICRO'!A:D,2,0)","v":"Placa de advertência em aço, lado de 0,60 m - película retrorrefletiva tipo I + SI - fornecimento e implantação"}]
["MOMENTO DE TRANSPORTE",null,null,"Quantidade (tkm)"]
[]
[]
[]
[5213863,{"$f":"VLOOKUP(A47,'SINTÉTICO SICRO'!A:D,2,0)","v":"Suporte metálico galvanizado para placa de advertência ou regulamentação - lado ou diâmetro de 0,60 m - fornecimento e implantação"}]
["MOMENTO DE TRANSPORTE",null,null,"Quantidade (tkm)"]
[]
[]
[]
[5213400,{"$f":"VLOOKUP(A52,'SINTÉTICO SICRO'!A:D,2,0)","v":"Pintura de faixa com tinta acrílica - espessura de 0,4 mm"}]
["MOMENTO DE TRANSPORTE",null,null,"Quantidade (tkm)"]
[]
[]
[]
[2003943,{"$f":"VLOOKUP(A57,'SINTÉTICO SICRO'!A:D,2,0)","v":"Meio-fio de concreto - MFC 03 moldado no local com extrusora e concreto usinado - areia e brita comerciais"}]
["MOMENTO DE TRANSPORTE",null,null,"Quantidade (tkm)","Extensao executada (m)"]
[{"$nulls":4},100,{"$f":"E59/('MC MODULO'!C1*2)","v":0.05}]
[5914569,{"$f":"VLOOKUP(A60,'SINTÉTICO SICRO'!A:D,2,0)","v":"Transporte com caminhão betoneira - rodovia pavimentada"},null,{"$f":"'MOMENTO DE TRANSPORTE - PRINC'!K41","v":137088},{"$f":"D60*$F$59","v":6854.4000000000005}]
[5914539,{"$f":"VLOOKUP(A61,'SINTÉTICO SICRO'!A:D,2,0)","v":"Transporte com caminhão betoneira - rodovia em leito natural"},null,{"$f":"'MOMENTO DE TRANSPORTE - PRINC'!K66","v":17136},856.80000000000007]
[5914554,{"$f":"VLOOKUP(A62,'SINTÉTICO SICRO'!A:D,2,0)","v":"Transporte com caminhão betoneira - rodovia em revestimento primário"},null,{"$f":"'MOMENTO DE TRANSPORTE - PRINC'!K91","v":17136},856.80000000000007]
[5914479,{"$f":"VLOOKUP(A63,'SINTÉTICO SICRO'!A:D,2,0)","v":"Transporte com caminhão carroceria de 15 t - rodovia pavimentada"},null,{"$f":"SUMIF('MOMENTO DE TRANSPORTE - AUX'!A25:A29,'MEDICAO EM TKM'!A63,'MOMENTO DE TRANSPORTE - AUX'!K25:K29)+'MOMENTO DE TRANSPORTE - AUX'!K37","v":3241.152},162.05760000000001]
[5914389,{"$f":"VLOOKUP(A64,'SINTÉTICO SICRO'!A:D,2,0)","v":"Transporte com caminhão basculante de 10 m³ - rodovia pavimentada"},null,{"$f":"SUMIF('MOMENTO DE TRANSPORTE - AUX'!A25:A29,'MEDICAO EM TKM'!A64,'MOMENTO DE TRANSPORTE - AUX'!K25:K29)","v":23449.245120000003},1172.4622560000003]
[5914449,{"$f":"VLOOKUP(A65,'SINTÉTICO SICRO'!A:D,2,0)","v":"Transporte com caminhão carroceria de 15 t - rodovia em leito natural"},null,{"$f":"SUMIF('MOMENTO DE TRANSPORTE - AUX'!A49:A54,'MEDICAO EM TKM'!A65,'MOMENTO DE TRANSPORTE - AUX'!K49:K54)+'MOMENTO DE TRANSPORTE - AUX'!K61","v":405.14400000000001},20.257200000000001]
[5914359,{"$f":"VLOOKUP(A66,'SINTÉTICO SICRO'!A:D,2,0)","v":"Transporte com caminhão basculante de 10 m³ - rodovia em leito natural"},null,{"$f":"SUMIF('MOMENTO DE TRANSPORTE - AUX'!A49:A54,'MEDICAO EM TKM'!A66,'MOMENTO DE TRANSPORTE - AUX'!K49:K54)","v":2931.1556400000004},146.55778200000003]
[5914464,{"$f":"VLOOKUP(A67,'SINTÉTICO SICRO'!A:D,2,0)","v":"Transporte com caminhão carroceria de 15 t - rodovia em revestimento primário"},null,{"$f":"SUMIF('MOMENTO DE TRANSPORTE - AUX'!A72:A76,'MEDICAO EM TKM'!A67,'MOMENTO DE TRANSPORTE - AUX'!K72:K76)+'MOMENTO DE TRANSPORTE - AUX'!K84","v":405.14400000000001},20.257200000000001]
[5914374,{"$f":"VLOOKUP(A68,'SINTÉTICO SICRO'!A:D,2,0)","v":"Transporte com caminhão basculante de 10 m³ - rodovia em revestimento primário"},null,{"$f":"SUMIF('MOMENTO DE TRANSPORTE - AUX'!A72:A76,'MEDICAO EM TKM'!A67,'MOMENTO DE TRANSPORTE - AUX'!K72:K76)","v":404.12400000000002},20.206200000000003]
[]
[4915724,{"$f":"VLOOKUP(A70,'SINTÉTICO SICRO'!A:D,2,0)","v":"Caiação mecanizada com fixador de cal"}]
["MOMENTO DE TRANSPORTE",null,null,"Quantidade (tkm)"]

{"sheet":"MC MODULO","index":13,"n_rows":143,"n_cols":21,"rows_kept":143,"cut":false,"hidden":false,"merged":[[6,1,6,4],[11,1,11,4],[47,1,47,5],[28,1,28,4],[33,1,33,4],[40,1,40,4],[150,0,150,4],[16,1,16,4],[21,1,21,4],[86,1,86,4],[74,1,74,5],[79,1,79,4],[52,1,52,5],[64,1,64,5],[91,1,91,4],[69,1,69,5],[58,1,58,5]]}
["Extensão","=",1000,"m",null,"QUANTIDADE DE MODULOS",17]
["Largura","=",7,"m"]
[]
["Extensão","=",1,"km"]
[{"$nulls":9},{"$f":"'RESUMO MODULO TOTAL'!L52","v":20138370}]
[null,"MOBUILIZAÇÃO"]
[1,"Implantação da obra"]
[]
[null,"Módulos(un)",null,"Módulos(un)"]
[null,{"$f":"G1","v":17},"=",{"$f":"B10","v":17}]
[]
[2,"Administração da obra"]
[]
[null,"Módulos(un)",null,"Módulos(un)"]
[null,{"$f":"G1","v":17},"=",{"$f":"B15","v":17}]
[]
[3,"Canteiro de Obras e Almoxarifado"]
[]
[null,"Módulos(un)",null,"Módulos(un)"]
[null,{"$f":"G1","v":17},"=",{"$f":"B20","v":17}]
[]
[4,"Placa de Obra em Chapa de Aço Galvanizado"]
[]
[null,"Módulos(un)","Comprimento(m)","Largura (m)",null,null,null,"Total de Area de placa (m²)"]
[null,{"$f":"G1","v":17},2,4,null,null,null,{"$f":"C25*D25*B25*2","v":272}]
[]
[null,"TERRAPLENAGEM"]
[]
[5,"serviços topográficos para pavimentação, inclusive notas de serviços, acompanhamento e greide"]
[]
[null,"Extensão (m)",null,"Largura (m)",null,null,null,"area (m2)"]
[null,{"$f":"C1*$G$1","v":17000},"x",{"$f":"$C$2","v":7},null,null,"=",{"$f":"B32*D32","v":119000}]
[]
[6,"Escavação, carga e transporte de material de 1ª categoria - DMT de 1.000 a 1.200 m - caminho de serviço em leito natural - com escavadeira e caminhão basculante de 14 m³"]
[]
[null,"Extensão (m)",null,"Largura (m)",null,"Espessura (m)",null,"Volume (m3)"]
[null,{"$f":"C1*$G$1","v":17000},"x",{"$f":"$C$2","v":7},"x",{"$f":"0.15+0.08+0.04","v":0.26999999999999996},"=",{"$f":"B37*D37*F37","v":32129.999999999996}]
[]
[]
[]
[7,"Espalhamento de material em bota-fora"]
[]
[null,"Extensão (m)",null,"Largura (m)",null,"Espessura (m)",null,"Volume (m3)"]
[null,{"$f":"C1*$G$1","v":17000},"x",{"$f":"$C$2","v":7},"x",0.27,"=",{"$f":"B44*D44*F44","v":32130.000000000004}]
[]
[null,"PAVIMENTAÇÃO"]
[]
[8,"Execução de Pavimento em Piso Intertravado, com Bloco Sextavado de 25 X 25 cm, espessura 8 cm. AF_12/2015"]
[]
[null,"Extensão (m)","Largura (m)",{"$nulls":4},"area (m2)"]
[null,{"$f":"$C$1*G1","v":17000},{"$f":"$C$2","v":7},null,null,null,"=",{"$f":"C51*B51","v":119000}]
[]
[8,"Transporte com cavalo mecânico com semirreboque com capacidade de 30 t - rodovia pavimentada"]
[]
[null,"Dimensoes (m³)","Densidade bloco Intertravado (t/m³)","Peso total (t)","Distancia (km)",null,null,"TKM"]
[null,{"$f":"H51*0.08","v":9520},2.2000000000000002,{"$f":"C56*B56","v":20944},100,null,"=",{"$f":"D56*E56","v":2094400}]
[]
[]
[8,"Carga, manobra e descarga de materiais diversos em caminhão carroceria com capacidade de 7 t e com guindauto de 20 t.m"]
[]
[null,"Dimensoes (m³)","Densidade bloco Intertravado (t/m³)","Peso total (t)",null,null,null,"TKM"]
[null,{"$f":"H51*0.08","v":9520},2.2000000000000002,{"$f":"C62*B62","v":20944},null,null,"=",{"$f":"D62","v":20944}]
[]
[]
[8,"TRANSPORTE COM CAMINHÃO BASCULANTE DE 10 M³, EM VIA URBANA PAVIMENTADA , DMT ATÉ 30 KM (UNIDADE: TXKM). AF_07/2020 (areia)",{"$nulls":18},{"$f":"7*20","v":140}]
[{"$nulls":20},{"$f":"26*5","v":130}]
[null,"Area","Densidade areia (t/m³)","Peso total (t)","Distancia (km)",null,null,"TKM",{"$nulls":12},{"$f":"23*5","v":115}]
[null,{"$f":"H51","v":119000},1.5,{"$f":"B68*C68*0.04","v":7140},50,null,"=",{"$f":"D68*E68","v":357000},{"$nulls":12},{"$f":"U65+U66+U67","v":385}]
[]
[8,"TRANSPORTE COM CAMINHÃO BASCULANTE DE 10 M³, EM VIA URBANA PAVIMENTADA , DMT ATÉ 30 KM (UNIDADE: TXKM). AF_07/2020 (PO DE PEDRA)",{"$nulls":18},{"$f":"7*20","v":140}]
[null,null,null,8.9999999999999993E-3,{"$nulls":16},{"$f":"26*5","v":130}]
[null,"Area","Densidade pó de pedra (t/m³)","Quantidade total de pó de pedra (m³)","Peso total (t)","Distancia (km)",null,"TKM",{"$nulls":12},{"$f":"23*5","v":115}]
[null,{"$f":"H51","v":119000},1.5,{"$f":"B73*D71","v":1071},{"$f":"D73*C73","v":1606.5},70,"=",{"$f":"E73*F73","v":112455},{"$nulls":12},{"$f":"U70+U71+U72","v":385}]
[]
[9,"Base de solo estabilizado granulometricamente sem mistura com material de jazida - 100% Proctor modificado"]
[]
[null,"Extensão (m)",null,"Largura (m)",null,"Espessura (m)",null,"Volume (m3)"]
[null,{"$f":"C1*$G$1","v":17000},"x",{"$f":"$C$2","v":7},"x",0.15,"=",{"$f":"B78*D78*F78","v":17850}]
[]
[10,"Regularização do subleito"]
[]
[null,"Extensão (m)",null,"Largura (m)",null,null,null,"area (m2)"]
[null,{"$f":"C1*$G$1","v":17000},"x",{"$f":"$C$2","v":7},null,null,"=",{"$f":"B83*D83","v":119000}]
[]
[null,"SINALIZAÇÃO"]
[]
[11,"Fornecimento e implantação de placa de regulamentação em aço D = 0,60 m - película retrorrefletiva tipo I + SI"]
[]
[null,"Extensão (km)",null,"Quant. (un)",null,null,null,"Quant. (un)"]
[null,{"$f":"$C$4*$G$1","v":17},"x",3,null,null,"=",{"$f":"B90*D90","v":51}]
[]
[11,"Fornecimento e implantação de placa de advertencia"]
[]
[null,"Extensão (km)",null,"Quant. (un)",null,null,null,"Quant. (un)"]
[null,{"$f":"$C$4*$G$1","v":17},"x",3,null,null,"=",{"$f":"B95*D95","v":51}]
[]
[]
[12,"Fornecimento e implantação de suporte metálico galvanizado para placa de regulamentação - D = 0,60 m"]
[]
[null,"Extensão (km)",null,"Quant. (un)",null,null,null,"Quant. (un)"]
[null,{"$f":"$C$4*$G$1","v":17},"x",0.5,null,null,"=",{"$f":"H95+H90","v":102}]
[]
[13,"Pintura de faixa com tinta acrílica - espessura de 0,4 mm (bordos)"]
[]
[null,"Extensão (m)",null,"Espessura (m)",null,null,null,"Quant. (m²)"]
[null,{"$f":"C1*G1","v":17000},"x",0.1,null,null,"=",{"$f":"B106*D106*2","v":3400}]
[]
[null,"Pintura de faixa com tinta acrílica - espessura de 0,4 mm (faixa central)"]
[]
[{"$nulls":7},"Quant. (m²)"]
[{"$nulls":7},{"$f":"B106*D106*0.4","v":680}]
[]
[]
[null,"DRENAGEM"]
[14,"Meio-fio de concreto - MFC 03 - areia e brita comerciais - fôrma de madeira"]
[]
[null,"Extensão (m)",null,"Quant. (un)",null,null,null,"Extensão(m)"]
[null,{"$f":"$C$1*$G$1","v":17000},"x",2,null,null,"=",{"$f":"B118*D118","v":34000}]
[]
[19,"Caiação mecanizada com fixador de cal"]
[]
[null,"Extensão (m)",null,"Perimetro (m)",null,null,null,"Area (m²)"]
[null,{"$f":"$C$1*$G$1","v":17000},"x",{"$f":"0.24","v":0.24},null,null,"=",{"$f":"B123*D123","v":4080}]
[]
[]
[null,"SERVIÇOS COMPLEMENTARES"]
[15]
[]
[null,"Extensão (m)",null,"Largura (m)",null,null,0.1,"extensão (m)"]
[null,{"$f":"$C$1*G1","v":17000},"x",1,"x",null,"=",{"$f":"G129*B130","v":1700}]
[]
[]
[null,"PROJETO EXECUTIVO"]
[16,"Projeto Executivo"]
[]
[null,"Extensão (m)",null,"Largura (m)",null,"Quant. (un)",null,"Área (m²)"]
[null,{"$f":"$C$1*G1","v":17000},"x",{"$f":"C2","v":7},"x",1,"=",{"$f":"B137*D137","v":119000}]
[]
[null,"CONTROLE TECNOLOGICO - OBRA"]
[17,"Projeto Executivo"]
[]
[null,"Extensão (m)",null,"Largura (m)",null,"Quant. (un)",null,"meses"]
[{"$nulls":6},"=",{"$f":"0.5*G1","v":8.5}]

{"sheet":"Material Sicro","index":14,"n_rows":6492,"n_cols":4,"rows_kept":6492,"cut":false,"hidden":false,"merged":[[0,1,0,2]]}
["CGCIT","SISTEMA DE CUSTOS REFERENCIAIS DE OBRAS - SICRO",null,"DNIT"]
[null,"Piauí - Julho/2025"]
["Código","Descrição","Unidade","Preço Unitário\n(R$)"]
["M0003","Aço CA 25","kg",6.835]
["M0004","Aço CA 50","kg",6.68]
["M0005","Brita 0","m³",184.21700000000001]
["M0006","Fibra de poliamida para concreto","kg",27.983799999999999]
["M0007","Fibra de aço para concreto","kg",17.423100000000002]
["M0008","Detergente líquido neutro","l",4.4324000000000003]
["M0009","Aço CP 175 RB","kg",9.8309999999999995]
["M0010","Aditivo superplastificante para concreto e argamassa","kg",17.217700000000001]
["M0011","Aditivo modificador de viscosidade para concreto e argamassa","kg",11.2784]
["M0012","Silicato de alumínio","kg",2.3380000000000001]
["M0013","Grampo de ancoragem em aço CA 50 - D = 12,5 mm","kg",6.3476999999999997]
["M0014","Aço CA 60","kg",8.1647999999999996]
["M0015","Espoleta elétrica Nº 8 - D = 6,0 mm","un",19.295999999999999]
["M0016","Grampo sargento em ferro fundido tipo C com abertura útil de 105 mm (4\")","un",42.463000000000001]
["M0017","Saco de aniagem ou de ráfia de 50 kg - C = 95 cm e L = 65 cm","un",2.6656]
["M0018","Grampo pesado em aço-carbono para cabo de aço - D = 13 mm (1/2\")","un",18.1191]
["M0019","Esticador em aço tipo olhal x olhal para cabo de aço - D = 13 mm","un",135.19900000000001]
["M0020","Grampo de ancoragem em aço CA 50 - D = 6,3 mm","kg",7.1265999999999998]
["M0021","Herbicida glifosato para áreas contínuas","l",25.0899]
["M0025","Adesivo plástico para tubos de PVC","kg",52.315100000000001]
["M0026","Aditivo aglutinante para argamassa","l",10.037699999999999]
["M0028","Areia média","m³",88.575999999999993]
["M0029","Sílica ativa para concreto e argamassa (microssílica)","kg",2.2528999999999999]
["M0030","Aditivo plastificante e retardador de pega para concreto e argamassa","kg",8.3893000000000004]
["M0032","Adesivo de contato para laminado elastoplástico","kg",47.963799999999999]
["M0035","Diluente tipo aguarrás para tintas e vernizes","l",14.7478]
["M0039","Gasolina comum","l",5.5453000000000001]
["M0041","Contêiner com 2 banheiros - L = 2,44 m e C = 6,09 m (1 TEU)","un",103835.01850000001]
["M0042","Contêiner com janela - L = 2,44 m e C = 6,09 m (1 TEU)","un",44288.787900000003]
["M0043","Óleo diesel","l",5.4116]
["M0044","Abrasivo de vidro com granulometria de 210 a 420 micra","kg",10.9123]
["M0045","Barreira plástica monobloco para canalização de trânsito - C = 100 cm, L = 50 cm e H = 55 cm","un",446.2251]
["M0046","Barreira plástica para canalização de trânsito - C = 60 cm, L = 45 cm e H = 60 cm","un",313.21109999999999]
["M0047","Cone de sinalização em polietileno - H = 75 cm e base quadrada de 40 x 40 cm","un",95.617099999999994]
["M0048","Balizador cônico refletivo em polietileno semiflexível - H = 114 cm e base octogonal de D = 40 cm","un",156.499]
["M0049","Delimitador de tráfego flexível com chumbador e duas faixas refletivas - H = 77 cm e D = 21 cm","un",168.7576]
["M0050","Aditivo natural tipo goma xantana para hidrossemeadura","kg",80.288200000000003]
["M0051","Cilindro canalizador de tráfego em polietileno - H = 117 cm e base quadrada de 60 x 60 cm","un",188.94589999999999]
["M0052","Fita adesiva de PVC - L = 50 mm e C = 50 m","m",0.1157]
["M0053","Tela plástica em polipropileno na cor laranja para tapume - L = 1,2 m","m",1.7977000000000001]
["M0054","Fita zebrada de cor laranja e branca - L = 7 a 8 cm","m",7.4499999999999997E-2]
["M0055","Barreira plástica articulável modular - C = 240 cm e H = 100 cm","un",1329.9706000000001]
["M0056","Ferramenta de corte para removedora de faixa de sinalização (Smith Cutter)","un",7566.9579000000003]
["M0057","Contêiner com janela - L = 4,88 m e C = 6,09 m (1 TEU duplo)","un",151502.03700000001]
["M0058","Contêiner com janela e 2 banheiros - L = 4,88 m e C = 6,09 m (1 TEU duplo)","un",156517.03700000001]
["M0059","Contêiner com revestimento térmico, janela e banheiro - L = 2,44 m e C = 6,09 m (1 TEU)","un",64248.4879]
["M0060","Contêiner com janela - L = 2,44 m e C = 4,58 m (3/4 TEU)","un",65219.518499999998]
["M0065","Contêiner com janela e banheiro - L = 2,44 m e 4,58 m (3/4 TEU)","un",83273.518500000006]
["M0066","Contêiner com revestimento térmico, janela e banheiro - L = 2,44 m e C = 12,90 m (2 TEU)","un",142976.53700000001]
["M0067","Tubo PEAD PE 100 PN 10 com flanges - D = 160 mm","m",148.65620000000001]
["M0068","Caibro de pinho - L = 7,5 cm e E = 10,0 cm","m",26.785699999999999]
["M0069","Arame farpado em aço galvanizado - D = 1,60 mm","m",0.72829999999999995]
["M0071","Contêiner com 3 janelas para guarita - L = 2,44 m e C = 3,05 m (1/2 TEU)","un",51409.532099999997]
["M0072","Arame liso em aço galvanizado - D = 2,10 mm (14 BWG)","kg",15.5237]
["M0073","Muda de árvore com altura de 0,30 a 0,80 m","un",19.547999999999998]
["M0074","Muda de arbusto com altura até 0,50 m","un",22.597899999999999]
["M0075","Arame liso recozido em aço-carbono - D = 1,24 mm (18 BWG)","kg",9.2649000000000008]
["M0076","Disco de corte abrasivo para policorte - D = 300 mm","un",21.173200000000001]
["M0080","Areia fina","m³",98.572599999999994]
["M0081","Areia grossa","m³",80.811700000000002]
["M0082","Areia média lavada","m³",93.769000000000005]
["M0083","Argamassa pré-dosada para grauteamento","kg",2.1042999999999998]
["M0084","Argamassa pré-dosada autoadensável para grauteamento","kg",2.1743000000000001]
["M0085","Ancoragem ativa para 4 cordoalhas - D = 12,7 mm","un",382.28559999999999]
["M0086","Ancoragem ativa para 6 cordoalhas - D = 12,7 mm","un",494.7457]
["M0087","Ancoragem ativa para 7 cordoalhas - D = 12,7 mm","un",571.48519999999996]
["M0088","Ancoragem ativa para 8 cordoalhas - D = 12,7 mm","un",740.58460000000002]
["M0089","Ancoragem ativa para 9 cordoalhas - D = 12,7 mm","un",754.19169999999997]
["M0091","Ancoragem ativa para 10 cordoalhas - D = 12,7 mm","un",838.23879999999997]
["M0092","Ancoragem ativa para 12 cordoalhas - D = 12,7 mm","un",1008.2853]
["M0093","Ancoragem ativa para 15 cordoalhas - D = 12,7 mm","un",1469.9970000000001]
["M0094","Ancoragem ativa para 19 cordoalhas - D = 12,7 mm","un",1868.5391]
["M0098","Bambu com diâmetro médio de 10 cm","m",25.020099999999999]
["M0099","Equipamentos para a fábrica de dormentes de concreto protendido","ISF",584.68899999999996]
["M0100","Ancoragem ativa para 22 cordoalhas - D = 12,7 mm","un",2419.8733999999999]
["M0101","Ancoragem ativa para 27 cordoalhas - D = 12,7 mm","un",2959.6705000000002]
["M0102","Ancoragem ativa para 31 cordoalhas - D = 12,7 mm","un",3008.998]
["M0103","Aditivo acelerador de pega para concreto e argamassa projetados","kg",8.7013999999999996]
["M0104","Asfalto diluído de petróleo - CM-30","t","-"]
["M0105","Ancoragem ativa para 4 cordoalhas - D = 15,2 mm","un",540.58150000000001]
["M0106","Ancoragem ativa para 6 cordoalhas - D = 15,2 mm","un",631.53269999999998]
["M0107","Geocomposto para drenagem","m²",50.104100000000003]
["M0108","Ancoragem ativa para 7 cordoalhas - D = 15,2 mm","un",713.76639999999998]
["M0109","Geodreno vertical - L = 10 cm e E = 5 mm","m",5.18]
["M0110","Ancoragem ativa para 10 cordoalhas - D = 15,2 mm","un",1147.6328000000001]
["M0111","Ancoragem ativa para 9 cordoalhas - D = 15,2 mm","un",1023.0803]
["M0112","Disco diamantado segmentado para corte de pavimento - D = 1.000 mm","un",5881.0276999999996]
["M0113","Ancoragem ativa para 12 cordoalhas - D = 15,2 mm","un",1347.1292000000001]
["M0114","Disco diamantado segmentado para corte de pavimento - D = 1.500 mm","un",26165.574100000002]
["M0115","Biomanta vegetal de fibras de coco entrelaçadas com fios de polipropileno biodegradáveis - densidade 0,4 kg/m²","m²",6.5]
["M0116","Mangote flangeado de borracha reforçada com lonas sintéticas - C = 1,80 m e D = 0,30 m","un",10555.981299999999]
["M0117","Mangote flangeado de borracha reforçada com lonas sintéticas - C = 1,80 m e D = 0,40 m","un",18262.0736]
["M0118","Mangote flangeado de borracha reforçada com lonas sintéticas - C = 1,80 m e D = 0,45 m","un",25385.852999999999]
["M0119","Mangote flangeado de borracha reforçada com lonas sintéticas - C = 1,80 m e D = 0,50 m","un",30042.146000000001]
["M0120","Tubo PEAD PE 100 PN 8 com flanges - D = 250 mm","m",327.35070000000002]
["M0121","Tubo PEAD PE 100 PN 8 com flanges - D = 400 mm","m",2101.7656000000002]
["M0122","Tubo PEAD PE 100 PN 8 com flanges - D = 450 mm","m",2639.8971000000001]
["M0123","Tubo PEAD PE 100 PN 8 com flanges - D = 500 mm","m",2956.0340000000001]
["M0124","Flutuador bipartido em polietileno com núcleo de espuma em poliuretano para tubos - D = 0,30 m","un",4823.7732999999998]
["M0125","Flutuador bipartido em polietileno com núcleo de espuma em poliuretano para tubos - D = 0,40 m","un",6672.8777]
["M0126","Flutuador bipartido em polietileno com núcleo de espuma em poliuretano para tubos - D = 0,45 m","un",7676.4674999999997]
["M0127","Flutuador bipartido em polietileno com núcleo de espuma em poliuretano para tubos - D = 0,50 m","un",8281.1957000000002]
["M0128","Biomanta vegetal de fibras de palha entrelaçadas com fios de polipropileno biodegradáveis - densidade 0,6 kg/m²","m²",5.9]
["M0129","Retentor de sedimento em fibras vegetais - D = 20 cm","m",66.540899999999993]
["M0130","Ancoragem ativa para 15 cordoalhas - D = 15,2 mm","un",1789.5534]
["M0131","Tubo PEAD corrugado com paredes estruturadas para drenagem - D = 400 mm","m",247.40860000000001]
["M0132","Tubo PEAD corrugado com paredes estruturadas para drenagem - D = 450 mm","m",311.91230000000002]
["M0133","Tubo PEAD corrugado com paredes estruturadas para drenagem - D = 500 mm","m",407.44630000000001]
["M0134","Tubo PEAD corrugado com paredes estruturadas para drenagem - D = 600 mm","m",593.83680000000004]
["M0135","Tubo PEAD corrugado com paredes estruturadas para drenagem - D = 750 mm","m",840.69069999999999]
["M0136","Tubo PEAD corrugado com paredes estruturadas para drenagem - D = 800 mm","m",886.12239999999997]
["M0137","Tubo PEAD corrugado com paredes estruturadas para drenagem - D = 900 mm","m",1191.1433]
["M0138","Ancoragem ativa para 19 cordoalhas - D = 15,2 mm","un",2337.2213999999999]
["M0139","Tubo PEAD corrugado com paredes estruturadas para drenagem - D = 1.000 mm","m",1555.3426999999999]
["M0140","Bentonita","kg",3.6404000000000001]
["M0141","Tubo PEAD corrugado com paredes estruturadas para drenagem - D = 1.050 mm","m",1615.3581999999999]
["M0142","Tubo PEAD corrugado com paredes estruturadas para drenagem - D = 1.200 mm","m",2184.9213]
["M0143","Tubo PEAD corrugado com paredes estruturadas para drenagem - D = 1.500 mm","m",2786.3984]
["M0145","Ancoragem ativa para 22 cordoalhas - D = 15,2 mm","un",3014.6316999999999]
["M0146","Ancoragem ativa para 27 cordoalhas - D = 15,2 mm","un",3955.9976999999999]
["M0148","Ancoragem ativa para lajes para 1 cordoalha - D = 12,7 mm","un",81.779899999999998]
["M0151","Ancoragem ativa para lajes para 2 cordoalhas - D = 12,7 mm","un",159.38720000000001]
["M0152","Ancoragem ativa para lajes para 3 cordoalhas - D = 12,7 mm","un",219.28649999999999]
["M0153","Ancoragem ativa para lajes para 4 cordoalhas - D = 12,7 mm","un",301.97399999999999]
["M0156","Bloco de concreto - L = 19 cm, A = 19 cm e C = 39 cm","un",4.7]
["M0158","Tela metálica galvanizada dobrada em L - C = 2,0 m, L = 0,4 m e H = 0,4 m","un",465.77429999999998]
["M0160","Extintor de incêndio tipo espuma mecânica - V = 10 l","un",638.01319999999998]
["M0161","Barra de fibra de vidro (vergalhão) - D = 25,0 mm","m",58.574300000000001]
["M0162","Corrente de elo soldado em aço galvanizado com acabamento polido - D = 3,18 mm (1/8\")","m",7.3697999999999997]
["M0163","Gonzo com aba em aço galvanizado - D = 12,7 mm (1/2\")","un",2.4245999999999999]
["M0164","Tubo em aço galvanizado - E = 1,50 mm e seção de 20 x 20 mm","m",11.9452]
["M0166","Tubo em aço galvanizado - E = 2,25 mm e D = 20 mm (3/4\")","m",27.845600000000001]
["M0167","Tela de poliamida industrial - E = 0,40 mm e malha de 1,6 mm","m²",14.3307]
["M0168","Abraçadeira de poliamida - E = 3,6 mm e C = 200 mm","un",0.2082]
["M0169","Roda em aço e pneu com câmara de ar 83/203 mm (3,25\"/8\") para carrinho de mão","un",75.155000000000001]
["M0173","Ancoragem ativa para lajes para 1 cordoalha - D = 15,2 mm","un",95.723100000000002]
["M0178","Ancoragem ativa para lajes para 2 cordoalhas - D = 15,2 mm","un",207.6619]
["M0181","Ancoragem ativa para lajes para 3 cordoalhas - D = 15,2 mm","un",261.73849999999999]
["M0184","Ancoragem ativa para lajes para 4 cordoalhas - D = 15,2 mm","un",363.25850000000003]
["M0191","Brita 1","m³",170.20249999999999]
["M0192","Brita 2","m³",159.77879999999999]
["M0193","Brita 3","m³",153.00190000000001]
["M0194","Escória de aciaria","m³",14.706200000000001]
["M0198","Parafuso de cabeça chata em aço - D = 4,5 mm e bucha plástica - D = 8 mm (S8)","un",0.34429999999999999]
["M0199","Coroa de botões cruzados linha R32 - D = 43 mm (1 11/16’’)","un",339.76429999999999]
["M0201","Coroa de botões esféricos linha T38 - D = 89 mm (3 1/2\")","un",869.60479999999995]
["M0202","Coroa de botões esféricos linha T45 - D = 76 mm (3\")","un",781.29020000000003]
["M0204","Instalações físicas para a central de pré-moldagem de dormentes de concreto protendido","CMCC",1851.56]
["M0217","Enxofre","kg",3.5083000000000002]
["M0220","Adubo à base de nitrogênio, fósforo e potássio (NPK)","kg",2.8992]
["M0222","Filer calcário","kg",0.20169999999999999]
["M0223","Sementes para hidrossemeadura","kg",30.1158]
["M0224","Guia-chapéu pré-moldada - C = 120 cm","un",58.616]
["M0225","Adubo orgânico composto","kg",0.26240000000000002]
["M0229","Gabião tipo colchão em liga de zinco e alumínio revestido com polímero de malha hexagonal - E = 0,17 m","m²",171.23779999999999]
["M0230","Gabião tipo caixa em liga de zinco e alumínio de malha hexagonal - C = 2,00 m, L = 1,00 m e H = 0,50 m","un",540.31410000000005]
["M0231","Gabião tipo caixa em liga de zinco e alumínio de malha hexagonal - C = 2,00 m, L = 1,00 m e H = 1,00 m","un",816.09640000000002]
["M0232","Gabião tipo caixa em liga de zinco e alumínio revestido com polímero de malha hexagonal - C = 2,00 m, L = 1,00 m e H = 0,50 m","un",663.71879999999999]
["M0233","Gabião tipo caixa em liga de zinco e alumínio revestido com polímero de malha hexagonal - C = 2,00 m, L = 1,00 m e H = 1,00 m","un",965.81709999999998]
["M0234","Gabião tipo saco em liga de zinco e alumínio revestido com polímero de malha hexagonal - D = 0,65 m","m³",492.62430000000001]
["M0235","Gabião tipo colchão em liga de zinco e alumínio revestido com polímero de malha hexagonal - E = 0,23 m","m²",179.0891]
["M0236","Gabião tipo colchão em liga de zinco e alumínio revestido com polímero de malha hexagonal - E = 0,30 m","m²",205.4272]
["M0237","Energia elétrica","kWh",1.1186]
["M0253","Cabo de cobre flexível antichama isolado em PVC - tensão de 450/750 V e seção de 16 mm²","m",14.3675]
["M0254","Mistura gasosa de argônio e dióxido de carbono para solda MIG/MAG","m³",55.426499999999997]
["M0256","Tinta à base de etil silicato de zinco bicomponente para fundo preparador de pintura","l",251.46729999999999]
["M0257","Diluente para tinta à base de etil silicato de zinco","l",37.106400000000001]
["M0260","Cabo de cobre PP flexível isolado em PVC - tensão de 300/500 V e seção de 3 x 1,5 mm²","m",4.9743000000000004]
["M0264","Bomba de combustível industrial eletrônica simples","un",30953.5435]
["M0265","Tanque de combustível aéreo horizontal com escada para visita - capacidade de 5.000 l","un",19210.308099999998]
["M0266","Cabo de cobre flexível antichama isolado em PVC - tensão de 0,6/1,0 kV e seção de 240 mm²","m",189.64449999999999]
["M0267","Módulo de torre de elevador de cremalheira","un",3642.4726000000001]
["M0268","Módulo de ancoragem de torre de elevador de cremalheira","un",2838.8312000000001]
["M0269","Cabo de cobre flexível antichama isolado em PVC - tensão de 0,6/1,0 kV e seção de 50 mm²","m",39.6098]
["M0284","Caibro de pinho - L = 7,5 cm e E = 7,5 cm","m",20.089300000000001]
["M0285","Pontalete para escoramento - D = 15 cm","m",7.6074000000000002]
["M0286","Tábua - E = 2,5 cm e L = 30 cm","m",17.055599999999998]
["M0289","Tábua - E = 2,5 cm e L = 15 cm","m",8.0084999999999997]
["M0290","Tábua - E = 2,5 cm e L = 10 cm","m",5.1695000000000002]
["M0291","Estrutura modular com 2 banheiros - L = 2,44 m e C = 6,06 m (1 TEU)","un",81188.944199999998]
["M0292","Estrutura modular com janela - L = 2,44 m e C = 6,06 m (1 TEU)","un",66172.063500000004]
["M0293","Estrutura modular com janela - L = 4,88 m e C = 6,06 m (1 TEU duplo)","un",134116.86060000001]
["M0294","Estrutura modular com janela e 2 banheiros - L = 4,88 m e C = 6,06 m (1 TEU duplo)","un",134665.89360000001]
["M0295","Estrutura modular com revestimento térmico, janela e banheiro - L = 2,44 m e C = 6,06 m (1 TEU)","un",74381.618499999997]
["M0296","Estrutura modular com revestimento térmico, janela e banheiro - L = 2,44 m e C = 12,19 m (2 TEU)","un",141856.5791]
["M0297","Estrutura modular com 3 janelas para guarita - L = 2,44 m e C = 3,05 m (1/2 TEU)","un",41145.136700000003]
["M0301","Pontalete para escoramento - D = 10 cm","m",3.3826999999999998]
["M0310","Peça de madeira - L = 7,5 cm e E = 2,5 cm","m",7.1428000000000003]
["M0311","Filtro de aspiração de ar externo com capacidade 3,58 l/s para compressor de ar respirável ","un",333.78649999999999]
["M0312","Filtro de purificação de ar comprimido com capacidade de 35 MPa para compressor de ar respirável ","un",317.03980000000001]
["M0344","Cal hidratada - a granel","kg",0.53769999999999996]
["M0345","Cal hidratada - saco","kg",0.8]
["M0346","Disco de aço para bomba de projeção via seca","un",372.07420000000002]
["M0347","Disco de aço para bomba de projeção via úmida","un",1560.3421000000001]
["M0348","Disco de borracha para bomba de projeção via seca","un",301.38209999999998]
["M0349","Disco de borracha para bomba de projeção via úmida","un",702.49869999999999]
["M0350","Bico para bomba de projeção","un",296.6728]
["M0351","Mangote para bomba de projeção","m",383.76100000000002]
["M0364","Perfil cartola em aço carbono SAE 1010/1020 galvanizado - 50 x 70 x 3 mm - aba 20 mm","m",118.8668]
["M0365","Cantoneira em ferro de abas iguais - L = 25,4 mm e E = 4,76 mm","kg",9.5625]
["M0366","Cantoneira em aço ASTM A36 galvanizado","kg",9.1181999999999999]
["M0375","Serra copo com suporte para furadeira para chapas de até 3 mm - D = 25 mm","un",114.0398]
["M0395","Chapa de alumínio - E = 1,5 mm","m²",175.00800000000001]
["M0408","Chumbador de expansão controlada por torque em aço zincado para concreto - D = 12,5 mm","un",8.0131999999999994]
["M0409","Chumbador de expansão controlada por torque em aço zincado para concreto - D = 6,3 mm","un",0.8478]
["M0410","Chumbador de expansão controlada por torque em aço zincado para concreto - D = 20,0 mm","un",14.0502]
["M0411","Chumbador de expansão controlada por torque em aço zincado para concreto - D = 10,0 mm","un",3.1139999999999999]
["M0412","Chumbador de expansão controlada por torque em aço zincado para concreto - D = 16,0 mm","un",10.509499999999999]
["M0413","Chumbador de expansão controlada por torque em aço zincado para concreto - D = 25,0 mm","un",30.893599999999999]
["M0421","Argamassa expansiva para desmonte de rocha e demolição de concreto","kg",13.2211]
["M0424","Cimento Portland CP II - 32 - saco","kg",0.84199999999999997]
["M0427","Cordoalha nua tipo CP 190 RB - D = 12,7 mm","kg",10.177899999999999]
["M0428","Cordoalha nua tipo CP 190 RB - D = 15,2 mm","kg",10.488799999999999]
["M0429","Perfil de alumínio tipo L421 para placa de sinalização - seção de 33 x 40 mm","m",15.3332]
["M0434","Tirante de barra de aço - tensão de escoamento = 950 MPa, tensão de ruptura = 1.050 MPa e D = 32 mm","m",266.79329999999999]
["M0442","Compensado plastificado - E = 10 mm","m²",43.7258]
["M0443","Compensado plastificado - E = 12 mm","m²",50.583599999999997]
["M0444","Luva em aço para emenda tipo prensada - D = 12,5 mm","un",18.037700000000001]
["M0445","Luva em aço para emenda tipo prensada - D = 16,0 mm","un",25.516400000000001]
["M0446","Compensado resinado - E = 10 mm","m²",34.739199999999997]
["M0447","Compensado resinado - E = 12 mm","m²",36.776800000000001]
["M0448","Compensado resinado - E = 14 mm","m²",44.900799999999997]
["M0450","Compensado de virola - E = 6 mm","m²",31.818100000000001]
["M0451","Concreto usinado - fck = 20 MPa (comercial)","m³","-"]
["M0452","Concreto usinado - fck = 25 MPa (comercial)","m³","-"]
["M0453","Concreto usinado - fck = 30 MPa (comercial)","m³","-"]
["M0454","Concreto usinado - fck = 35 MPa (comercial)","m³","-"]
["M0459","Compensado plastificado - E = 14 mm","m²",60.175600000000003]
["M0467","Luva em aço para emenda tipo prensada - D = 20,0 mm","un",36.527700000000003]
["M0468","Luva em aço para emenda tipo prensada - D = 25,0 mm","un",64.890699999999995]
["M0469","Luva em aço para emenda tipo prensada - D = 32,0 mm","un",143.90209999999999]
["M0470","Luva em aço para emenda com rosca cônica - D = 12,5 mm","un",14.6624]
["M0471","Luva em aço para emenda com rosca cônica - D = 16,0 mm","un",24.420400000000001]
["M0472","Luva em aço para emenda com rosca cônica - D = 20,0 mm","un",33.2883]
["M0481","Luva em aço para emenda com rosca cônica - D = 25,0 mm","un",42.664000000000001]
["M0502","Luva em aço para emenda com rosca cônica - D = 32,0 mm","un",66.948300000000003]
["M0505","Broca de widia - D = 6,5 mm e C = 100 mm","un",5.2995000000000001]
["M0506","Broca de widia - D = 8 mm e C = 120 mm","un",8.4626999999999999]
["M0511","Abrasivo tipo granalha de aço","kg",11.2417]
["M0512","Bico venturi longo - D = 7,9 mm (5/16\")","un",631.88940000000002]
["M0521","Laminado elastoplástico - E = 1,5 mm","m²",170.6514]
["M0532","Escora tubular galvanizada regulável telescópica para tunnel liner - L = 2,42 a 4,00 m e capacidade de 1.750 a 625 kg","kg",20.315000000000001]
["M0533","Escora tubular galvanizada regulável - L = 3,00 a 4,50 m e capacidade de 2.100 a 750 kg","un",274.87909999999999]
["M0534","Escora tubular galvanizada regulável - L = 2,00 a 3,10 m e capacidade de 3.200 a 1.500 kg","un",202.30609999999999]
["M0536","Quadro tubular contraventado com acessórios - C = 1,00 m, L = 1,00 m e H = 1,25 m","un",565.31349999999998]
["M0537","Sapata ajustável para andaime - base quadrada de 15 x 15 cm","un",94.427199999999999]
["M0538","Escada metálica tipo marinheiro para andaime","m",189.8871]
["M0539","Quadro tubular contraventado para andaime - H = 100 cm e L = 100 cm","un",210.84139999999999]
["M0540","Quadro tubular contraventado para andaime - H = 100 cm e L = 150 cm","un",240.37180000000001]
["M0541","Quadro tubular contraventado para andaime - H = 100 cm e L = 200 cm","un",244.2088]
["M0542","Diagonal tubular para andaime - C = 141 cm","un",78.048299999999998]
["M0543","Diagonal tubular para andaime - C = 212 cm","un",76.424400000000006]
["M0544","Diagonal tubular para andaime - C = 283 cm","un",94.625699999999995]
["M0545","Plataforma metálica de piso para andaime - C = 100 e L = 33 cm","un",189.9504]
["M0546","Plataforma metálica de piso para andaime - C = 150 e L = 37 cm","un",223.98939999999999]
["M0547","Plataforma metálica de piso para andaime - C = 200 e L = 33 cm","un",332.80149999999998]
["M0548","Quadro tubular tipo guarda-corpo para andaime - H = 120 cm e L = 100 cm","un",282.38990000000001]
["M0549","Quadro tubular tipo guarda-corpo com acessórios para andaime - H = 120 cm e L = 150 cm","un",329.57530000000003]
["M0550","Quadro tubular tipo guarda-corpo com acessórios para andaime - H = 120 cm e L = 200 cm","un",418.50110000000001]
["M0560","Desmoldante para fôrmas de madeira","l",13.224600000000001]
["M0562","Abraçadeira giratória em aço galvanizado para escada multidirecional - D = 48 mm","un",56.9985]
["M0563","Tubo em aço galvanizado para escada multidirecional - C = 100 cm","un",100.7848]
["M0564","Peça base em aço galvanizado para escada multidirecional - C = 33 cm","un",136.13669999999999]
["M0565","Poste vertical em aço galvanizado para escada multidirecional - C = 100 cm","un",297.7516]
["M0566","Poste vertical em aço galvanizado para escada multidirecional - C = 200 cm","un",477.8646]
["M0567","Travessa em aço galvanizado para escada multidirecional - C = 75 cm","un",168.26949999999999]
["M0568","Travessa em aço galvanizado para escada multidirecional - C = 150 cm","un",304.42149999999998]
["M0569","Travessa em aço galvanizado para escada multidirecional - C = 250 cm","un",414.31060000000002]
["M0570","Diagonal em aço galvanizado para escada multidirecional - C = 150 cm para módulos de H = 200 cm","un",315.48340000000002]
["M0571","Diagonal em aço galvanizado para escada multidirecional - C = 250 cm para módulos de H = 200 cm","un",355.50959999999998]
["M0572","Piso em aço galvanizado para escada multidirecional - L = 32 cm e C = 150 cm","un",576.43010000000004]
["M0573","Escada de alumínio para escada multidirecional - H = 200 cm e C = 250 cm","un",4033.5763999999999]
["M0574","Corrimão externo em alumínio para escada multidirecional - C = 250 cm","un",714.40959999999995]
["M0575","Corrimão interno em alumínio para escada multidirecional - C = 250 cm","un",970.4683]
["M0576","Conexão tubular em aço galvanizado com semiabraçadeira para travessas - C = 30 cm e D = 48,3 mm","un",307.4393]
["M0601","Ponteiro para martelete - D = 32 mm e C = 1,00 m","un",819.08920000000001]
["M0602","Ponteiro para rompedor hidráulico de 1.700 kg","un",7692.598]
["M0603","Ponteiro para rompedor hidráulico de 520 kg","un",6240.4447]
["M0614","Concreto usinado - fctM,k = 4,5 MPa (comercial)","m³","-"]
["M0615","Aditivo incorporador de ar para concreto e argamassa","kg",8.6586999999999996]
["M0639","Bico para corte a plasma CNC - 130A","un",125.4011]
["M0640","Bocal para corte a plasma CNC - 130A","un",125.4209]
["M0641","Capa do bico para corte a plasma CNC - 130A","un",1541.8641]
["M0642","Capa do bocal para corte a plasma CNC - 130A","un",776.87929999999994]
["M0643","Distribuidor de gás para corte a plasma CNC - 130A","un",208.52930000000001]
["M0644","Eletrodo para corte a plasma CNC - 130A","un",126.2046]
["M0645","Tubo de água para corte a plasma CNC - 130A","un",197.273]
["M0646","Estaca pré-moldada de concreto protendido com compressão admissível de 100 t","m",271.85149999999999]
["M0647","Estaca pré-moldada de concreto protendido com compressão admissível de 25 t","m",84.950999999999993]
["M0648","Estaca pré-moldada de concreto protendido com compressão admissível de 35 t","m",114.80540000000001]
["M0649","Estaca pré-moldada de concreto protendido com compressão admissível de 60 t","m",138.38550000000001]
["M0650","Estaca pré-moldada de concreto protendido com compressão admissível de 75 t","m",198.47630000000001]
["M0666","Martelo de fundo DTH - DN = 76 mm (3\")","un",8896.3633000000009]
["M0667","Martelo de fundo DTH - DN = 127 mm (5\")","un",14296.668900000001]
["M0668","Martelo de fundo DTH - DN = 152 mm (6\")","un",18303.024600000001]
["M0669","Martelo de fundo DTH - DN = 203 mm (8\")","un",30531.927]
["M0673","Estaca pré-moldada de concreto armado centrifugado com compressão admissível de 55 t","m",206.7867]
["M0677","Estaca pré-moldada de concreto armado centrifugado com compressão admissível de 80 t","m",275.45089999999999]
["M0682","Aço em perfis ASTM A36","kg",9.6481999999999992]
["M0686","Estaca pré-moldada de concreto armado centrifugado com compressão admissível de 100 t","m",305.48039999999997]
["M0713","Cinta com cerdas de aço","un",369.65]
["M0714","Tinta de acabamento poliuretano acrílico alifático brilhante bicomponente","l",111.5425]
["M0715","Tinta selante epóxi vinílico bicomponente curada com poliamida","l",127.77500000000001]
["M0716","Tinta anti-incrustante livre de estanho","l",210.71510000000001]
["M0717","Tinta à base de resina epóxi bicomponente para fundo preparador de pintura","l",302.1773]
["M0718","Tinta esmalte à base de resina epóxi bicomponente","l",66.339600000000004]
["M0719","Diluente epóxi","l",38.364800000000002]
["M0721","Tinta anticorrosiva zarcão para fundo preparador de pintura","l",29.3873]
["M0722","Estaca pré-moldada de concreto armado centrifugado com compressão admissível de 125 t","m",414.19889999999998]
["M0729","Fixador de cal para pintura","l",4.9664000000000001]
["M0734","Estaca pré-moldada de concreto armado centrifugado com compressão admissível de 170 t","m",575]
["M0741","Grama tipo batatais","m²",6.5597000000000003]
["M0745","Grampo em aço galvanizado para cerca - C = 25,4 mm e E = 3,76 mm (1\" x 9 BWG)","kg",12.353999999999999]
["M0755","Estaca pré-moldada de concreto armado centrifugado com compressão admissível de 230 t","m",762.79020000000003]
["M0756","Estaca pré-moldada de concreto armado centrifugado com compressão admissível de 300 t","m",899.18690000000004]
["M0767","Sinalizador a LED com bateria","un",218.76490000000001]
["M0769","Lona plástica - E = 200 micra","m²",1.6193]
["M0771","Cavalete em polietileno zebrado com faixa refletiva","un",367.34129999999999]
["M0773","Perfil de alumínio tipo L463 para placa de sinalização - seção de 50 x 50 mm","m",56.703800000000001]
["M0785","Massa asfáltica comercial","t","-"]
["M0786","Placa de poliestireno expandido (EPS)","m³",335.846]
["M0787","Suporte em aço-carbono galvanizado tipo perfil C para placa de sinalização","kg",30.492100000000001]
["M0789","Conjunto para fixação de placas em aço galvanizado composto por barra chata, abraçadeira, parafusos, porcas e arruelas","kg",31.281099999999999]
["M0796","Semipórtico metálico para vão de 8,3 m e vento de 35 m/s","un",61238.037799999998]
["M0798","Apoio de neoprene fretado","dm³",120.3169]
["M0804","Cabo de aço - D = 12,70 mm (1/2\")","m",27.64]
["M0805","Semipórtico duplo metálico para vão de 2 x 8,3 m e vento de 35 m/s","un",98919.687999999995]
["M0808","Brita 4","m³",149.51230000000001]
["M0809","Cabo de aço - D = 6,35 mm (1/4\")","m",8.6188000000000002]
["M0810","Cabo de aço - D = 52,00 mm (2\")","m",529.45989999999995]
["M0812","Sapatilha em aço inox - D = 6,35 mm (1/4\")","un",3.9]
["M0818","Semipórtico metálico para vão de 8,3 m e vento de 40 m/s","un",65512.756999999998]
["M0824","Semipórtico duplo metálico para vão de 2 x 8,3 m e vento de 40 m/s","un",109756.1]
["M0831","Pórtico metálico para vão de 15,9 m e vento de 40 m/s","un",110833.11810000001]
["M0848","Semipórtico metálico para vão de 8,3 m e vento de 45 m/s","un",71924.835699999996]
["M0849","Corda de sisal - D = 12,0 mm","m",2.4514]
["M0851","Grampo leve em aço-carbono para cabo de aço - D = 6,3 mm (1/4\")","un",0.92430000000000001]
["M0852","Poste de concreto - carga nominal de 800 daN, H = 15 m e D = 520 mm","un",6992.2377999999999]
["M0858","Semipórtico duplo metálico para vão de 2 x 8,3 m e vento de 45 m/s","un",120592.512]
["M0865","Pórtico metálico para vão de 15,9 m e vento de 45 m/s","un",111519.1701]
["M0868","Lâmpada fluorescente compacta eletrônica - potência de 20 W","un",12.5869]
["M0875","Manta asfáltica não-tecido em poliéster - E = 3 mm","m²",48.573999999999998]
["M0876","Manta asfáltica não-tecido em poliéster - E = 4 mm","m²",52.8962]
["M0879","Lixa para ferro Nº 150","un",2.9698000000000002]
["M0942","Estaca prancha metálica","kg",17.439599999999999]
["M0945","Parafuso de cabeça sextavada em aço galvanizado com porca e arruela de pressão - D = 6,35 mm (1/4\")","cj",0.53939999999999999]
["M0946","Aço em perfis ASTM A572 grau 50","kg",13.454599999999999]
["M0947","Parafuso de cabeça sextavada em aço galvanizado com porca e arruela de pressão - D = 9,525 mm (3/8\")","cj",1.5298]
["M0948","Arruela lisa em aço ASTM F436 para parafuso - D = 12,7 mm","un",0.93720000000000003]
["M0949","Arruela lisa em aço ASTM F436 para parafuso - D = 16,0 mm","un",1.3703000000000001]
["M0950","Arruela lisa em aço ASTM F436 para parafuso - D = 20,0 mm","un",1.5843]
["M0951","Parafuso de cabeça sextavada em aço ASTM A325 de alta resistência com rosca parcial - D = 12,7 mm e C = 38,10 mm","un",2.2200000000000002]
["M0952","Parafuso de cabeça sextavada em aço ASTM A325 de alta resistência com rosca parcial - D = 12,7 mm e C = 44,45 mm","un",2.6417999999999999]
["M0953","Parafuso de cabeça sextavada em aço ASTM A325 de alta resistência com rosca parcial - D = 12,7 mm e C = 50,80 mm","un",2.7425999999999999]
["M0954","Parafuso de cabeça sextavada em aço ASTM A325 de alta resistência com rosca parcial - D = 12,7 mm e C = 57,15 mm","un",2.95]
["M0955","Parafuso de cabeça sextavada em aço ASTM A325 de alta resistência com rosca parcial - D = 16 mm e C = 44,45 mm","un",4.2473000000000001]
["M0956","Parafuso de cabeça sextavada em aço ASTM A325 de alta resistência com rosca parcial - D = 16 mm e C = 50,80 mm","un",4.5692000000000004]
["M0957","Parafuso de cabeça sextavada em aço ASTM A325 de alta resistência com rosca parcial - D = 16 mm e C = 63,50 mm","un",6.3669000000000002]
["M0958","Parafuso de cabeça sextavada em aço ASTM A325 de alta resistência com rosca parcial - D = 20 mm e C = 50,80 mm","un",6.7523999999999997]
["M0959","Parafuso de cabeça sextavada em aço ASTM A325 de alta resistência com rosca parcial - D = 20 mm e C = 57,15 mm","un",7.3678999999999997]
["M0960","Parafuso de cabeça sextavada em aço ASTM A325 de alta resistência com rosca parcial - D = 20 mm e C = 63,50 mm","un",8.7547999999999995]
["M0961","Parafuso de cabeça sextavada em aço ASTM A325 de alta resistência com rosca parcial - D = 20 mm e C = 76,20 mm","un",9.9933999999999994]
["M0962","Tubo em aço galvanizado - E = 2,00 mm e D = 50,80 mm (2\")","m",26.959399999999999]
["M0963","Tubo em aço galvanizado - E = 3,00 mm e seção de 80 x 80 mm","m",68.866299999999995]
["M0964","Aço em perfis ASTM A572 grau 50 perfurado","kg",14.2172]
["M0965","Pino conector de cisalhamento para laje steel deck - D = 19 mm e C = 80 mm","un",7.5274000000000001]
["M0966","Porca sextavada pesada em aço ASTM A194 grau 2H para parafuso - D = 12,7 mm","un",1.2528999999999999]
["M0967","Porca sextavada pesada em aço ASTM A194 grau 2H para parafuso - D = 16 mm","un",2.4293]
["M0968","Porca sextavada pesada em aço ASTM A194 grau 2H para parafuso - D = 20 mm","un",3.7698999999999998]
["M0969","Steel deck em aço galvanizado ASTM A653 grau 40","m²",112.1688]
["M0970","Chapa de aço ASTM A572 grau 50 cortada e perfurada","kg",19.077400000000001]
["M0971","Suporte em aço-carbono para corrimão de guarda-corpo metálico","un",22.067399999999999]
["M0972","Fluido de resfriamento para usinagem de metais","l",23.521899999999999]
["M0998","Madeira estrutural de eucalipto","m³",2522.2465999999999]
["M0999","Tela em aço CA 60 soldada nervurada","kg",8.7318999999999996]
["M1000","Tela em aço galvanizado para alambrado - E = 1,64 mm (BWG 16) e malha de 50 mm","m²",19.3399]
["M1001","Tela em aço galvanizado para passarelas rodoviárias - E = 2,75 mm e malha de 50 mm","m²",53.738199999999999]
["M1010","Manta de PVC reforçada com tela de poliéster - E = 1,2 mm","m²",157.7533]
["M1011","Manta de PVC reforçada com tela de poliéster - E = 1,5 mm","m²",228.74959999999999]
["M1022","Massa para vidro","kg",4.2854000000000001]
["M1066","Cera de proteção para ancoragem de estais","kg",34.431399999999996]
["M1078","Parafuso de cabeça sextavada em aço inox - D = 12,7 mm (1/2\") e C = 127,0 mm (5\")","un",6.1273]
["M1079","Parafuso de cabeça sextavada em aço galvanizado tipo autoatarrachante com arruela de vedação - D = 6,3 mm e C = 19 mm","un",0.46]
["M1097","Pedra de mão ou rachão","m³",148.2073]
["M1103","Pedrisco","m³",170.84309999999999]
["M1118","Cruzeta de madeira para poste - H = 240 cm","un",151.0909]
["M1129","Junta de dilatação em perfil extrudado de borracha vulcanizada","m","-"]
["M1130","Selante elástico à base de poliuretano","kg",107.9783]
["M1131","Cordão de polietileno expandido de baixa densidade - D = 15,0 mm","m",0.7016]
["M1132","Junta de dilatação em elastômero e perfil VV - L = 20 mm e H = 40 mm","m",177.285]
["M1134","Junta de dilatação em elastômero e perfil VV - L = 25 mm e H = 50 mm","m",196.78700000000001]
["M1135","Pó de pedra","m³",124.717]
["M1136","Cordão de polietileno expandido de baixa densidade - D = 10,0 mm","m",0.1951]
["M1142","Junta de dilatação em elastômero e perfil VV - L = 35 mm e H = 60 mm","m",274.08199999999999]
["M1150","Adesivo estrutural à base de resina epóxi bicomponente tipo ADE-52 ou similar","kg",129.2097]
["M1151","Junta de dilatação em elastômero e perfil VV - L = 40 mm e H = 70 mm","m",391.19279999999998]
["M1152","Junta de dilatação em elastômero e perfil VV - L = 50 mm e H = 80 mm","m",399.62709999999998]
["M1176","Arame liso em aço galvanizado - D = 1,65 mm (16 BWG)","kg",16.825099999999999]
["M1205","Prego de ferro","kg",13.430400000000001]
["M1210","Pórtico metálico para vão de 15,9 m e vento de 35 m/s","un",100028.2003]
["M1218","Projetor externo em alumínio fundido para lâmpada de até 2.000 W","un",532.70759999999996]
["M1242","Coroa diamantada - D = 15,87 mm (5/8\")","un",243.7645]
["M1243","Coroa diamantada - D = 19,50 mm (3/4\")","un",250.6533]
["M1244","Coroa diamantada - D = 25,40 mm (1\")","un",286.00990000000002]
["M1245","Barra em aço SAE 1010/1020 roscada - D = 9,5 mm (3/8\")","m",9.5751000000000008]
["M1300","Roller bit - Tooth cutter - série 8 - D = 700 mm","un",281604.49070000002]
["M1301","Roller bit - Tooth cutter - série 8 - D = 800 mm","un",302711.16249999998]
["M1302","Roller bit - Tooth cutter - série 8 - D = 900 mm","un",323911.82669999998]
["M1303","Roller bit - Tooth cutter - série 8 - D = 1.000 mm","un",361199.43479999999]
["M1304","Roller bit - Tooth cutter - série 8 - D = 1.100 mm","un",399759.16239999997]
["M1305","Roller bit - Tooth cutter - série 8 - D = 1.200 mm","un",406264.65470000001]
["M1306","Roller bit - Tooth cutter - série 8 - D = 1.300 mm","un",522458.84529999999]
["M1307","Roller bit - Tooth cutter - série 13 - D = 1.400 mm","un",530963.02630000003]
["M1308","Roller bit - Tooth cutter - série 13 - D = 1.500 mm","un",595417.69140000001]
["M1309","Roller bit - Tooth cutter - série 13 - D = 1.600 mm","un",652609.07319999998]
["M1310","Roller bit - Tooth cutter - série 13 - D = 1.700 mm","un",670505.14240000001]
["M1311","Roller bit - Tooth cutter - série 13 - D = 1.800 mm","un",725940.15659999999]
["M1312","Roller bit - Tooth cutter - cantilever - D = 600 mm","un",240105.01680000001]
["M1313","Roller bit - TCI button cutter - cantilever - D = 600 mm","un",246396.3]
["M1314","Roller bit - TCI button cutter - série 8 - D = 700 mm","un",265262.49420000002]
["M1315","Roller bit - TCI button cutter - série 8 - D = 800 mm","un",284123.37910000002]
["M1316","Roller bit - TCI button cutter - série 8 - D = 900 mm","un",303018.38679999998]
["M1317","Roller bit - TCI button cutter - série 8 - D = 1.000 mm","un",335838.60690000001]
["M1318","Roller bit - TCI button cutter - série 8 - D = 1.100 mm","un",369909.15330000001]
["M1319","Roller bit - TCI button cutter - série 8 - D = 1.200 mm","un",376310.8751]
["M1320","Roller bit - TCI button cutter - série 8 - D = 1.300 mm","un",403658.53779999999]
["M1321","Roller bit - TCI button cutter - série 13 - D = 1.400 mm","un",412017.43949999998]
["M1322","Roller bit - TCI button cutter - série 13 - D = 1.500 mm","un",439774.24939999997]
["M1323","Roller bit - TCI button cutter - série 13 - D = 1.600 mm","un",504102.62190000003]
["M1324","Roller bit - TCI button cutter - série 13 - D = 1.700 mm","un",521702.94309999997]
["M1325","Roller bit - TCI button cutter - série 13 - D = 1.800 mm","un",562479.8162]
["M1328","Ripa de madeira - E = 4,0 cm e L = 1,5 cm","m",2]
["M1337","Série de brocas integrais S11","un",1010.8456]
["M1341","Parafuso de cabeça sextavada em aço galvanizado - D = 15,875 mm (5/8\") e C = 101,600 mm (4\")","un",4.6163999999999996]
["M1350","Muda de árvore ornamental com altura de 2,00 a 3,00 m","un",95.796800000000005]
["M1351","Muda de árvore ornamental com altura de 1,00 a 2,00 m","un",67.682400000000001]
["M1356","Muda de árvore ornamental com altura até 1,00 m","un",32.551499999999997]
["M1358","Sarrafo em madeira de terceira - E = 2,5 cm e L = 5 cm","m",2.7479]
["M1359","Muda de árvore frutífera com altura de 2,00 a 3,00 m","un",218.73580000000001]
["M1360","Muda de árvore frutífera com altura de 1,00 a 2,00 m","un",86.3857]
["M1361","Muda de árvore frutífera com altura até 1,00 m","un",29.9588]
["M1362","Tapete de floríferas com altura até 0,50 m","m²",58.029600000000002]
["M1364","Herbicida glifosato para aplicação localizada","l",25.033000000000001]
["M1366","Desengraxante líquido biodegradável","l",28.460599999999999]
["M1367","Chapa fina em aço galvanizado","kg",12.666600000000001]
["M1368","Pingadeira de elastômero com aba inclinada - L = 40 mm e H = 40 mm","m",167.83269999999999]
["M1369","Selador acrílico para pintura","l",8.6295000000000002]
["M1370","Aditivo látex de polímero SBR para concreto e argamassa","l",9.2271999999999998]
["M1376","Chapa fina em aço ASTM A36","kg",10.9458]
["M1377","Treliça nervurada eletrossoldada em aço CA 60","kg",8.9344999999999999]
["M1378","Chapa grossa em aço ASTM A36","kg",10.039899999999999]
["M1379","Argamassa polimérica monocomponente para reparos estruturais","kg",6.0327999999999999]
["M1382","Areia grossa lavada","m³",82.979399999999998]
["M1383","Areia fina lavada","m³",110.0641]
["M1384","Tubo em aço-carbono com funil cônico tremonha para lançamento de concreto","kg",26.002300000000002]
["M1385","Disco de corte diamantado para concreto e asfalto - D = 350 mm","un",462.06150000000002]
["M1387","Adesivo estrutural à base de resina epóxi de média viscosidade","kg",63.010399999999997]
["M1388","Cordoalha tipo CP 177 RB para estais - D = 15,7 mm","kg",24.931699999999999]
["M1390","Adesivo estrutural à base de resina epóxi de baixa viscosidade","kg",189.53919999999999]
["M1391","Ponteiro para martelete - D = 22 mm e C = 1,00 m","un",465.44290000000001]
["M1397","Eletrodo revestido E60XX","kg",29.874300000000002]
["M1398","Vareta em aço-carbono para solda oxiacetileno AWS A 5.2 R45","kg",33.488300000000002]
["M1399","Broca de widia - D = 14 mm e C = 150 mm","un",32.470300000000002]
["M1400","Adesivo estrutural à base de resina epóxi de alta viscosidade","kg",57.848100000000002]
["M1401","Bico de adesão para injeção de adesivo estrutural à base de resina epóxi","un",8.5440000000000005]
["M1402","Bico de perfuração para injeção de adesivo estrutural à base de resina epóxi","un",6.2449000000000003]
["M1404","Aplicador manual de adesivo estrutural","un",3018.0329000000002]
["M1405","Disco diamantado para desbaste - D = 180 mm","un",517.56140000000005]
["M1406","Broca de aço rápido - D = 12,5 mm e C = 151 mm","un",35.012599999999999]
["M1408","Grelha metálica para canaletas - C = 1,00 m e L = 0,30 m","un",383.10149999999999]
["M1409","Porta-grelha metálica - C = 1,00 m e L = 0,30 m","m",93.316299999999998]
["M1429","Tábua de pinho de terceira - E = 2,5 cm","m²",50]
["M1432","Tampão de ferro fundido articulado para águas pluviais - DN 600 classe 400","un",605.31759999999997]
["M1433","Grelha metálica para canaletas - C = 0,50 m e L = 0,50 m","un",307.84370000000001]
["M1434","Porta-grelha metálica - C = 0,50 m e L = 0,50 m","m",167.49590000000001]
["M1446","Geogrelha bidirecional em polipropileno extrudado - resistência à tração de 30 kN/m, deformação inferior a 5% e malha de 36 x 34 mm","m²",43.126100000000001]
["M1447","Geogrelha unidirecional em poliéster - resistência à tração longitudinal de 50 kN/m","m²",23.261800000000001]
["M1448","Geogrelha unidirecional em poliéster - resistência à tração longitudinal de 90 kN/m","m²",29.635999999999999]
["M1449","Geogrelha unidirecional em poliéster - resistência à tração longitudinal de 100 kN/m","m²",30.638100000000001]
["M1450","Geogrelha unidirecional em poliéster - resistência à tração longitudinal de 150 kN/m","m²",32.755899999999997]
["M1451","Geogrelha unidirecional em poliéster - resistência à tração longitudinal de 200 kN/m","m²",42.838900000000002]
["M1452","Geogrelha unidirecional em poliéster - resistência à tração longitudinal de 300 kN/m","m²",62.984099999999998]
["M1453","Geogrelha unidirecional em poliéster - resistência à tração longitudinal de 400 kN/m","m²",83.108699999999999]
["M1454","Geocélula em PEAD - H = 75 mm e célula de 289 cm²","m²",41.304699999999997]
["M1455","Geocélula em PEAD - H = 100 mm e célula de 289 cm²","m²",51.851599999999998]
["M1456","Geocélula em PEAD - H = 150 mm e célula de 289 cm²","m²",62.296999999999997]
["M1457","Geocélula em PEAD - H = 200 mm e célula de 289 cm²","m²",73.914199999999994]
["M1458","Geocélula em PEAD - H = 75 mm e célula de 460 cm²","m²",34.023499999999999]
["M1459","Geocélula em PEAD - H = 100 mm e célula de 460 cm²","m²",42.337699999999998]
["M1460","Geocélula em PEAD - H = 150 mm e célula de 460 cm²","m²",50.674500000000002]
["M1461","Geocélula em PEAD - H = 200 mm e célula de 460 cm²","m²",59.743400000000001]
["M1462","Geocélula em PEAD - H = 75 mm e célula de 1.206 cm²","m²",30.451599999999999]
["M1463","Geocélula em PEAD - H = 100 mm e célula de 1.206 cm²","m²",39.755299999999998]
["M1464","Geocélula em PEAD - H = 150 mm e célula de 1.206 cm²","m²",47.864699999999999]
["M1465","Geocélula em PEAD - H = 200 mm e célula de 1.206 cm²","m²",55.512799999999999]
["M1472","Tubo de PVC rosqueável para água fria - D = 75 mm (3\")","m",61.344700000000003]
["M1481","Coroa diamantada - D = 31,80 mm (1 1/4\")","un",324.39319999999998]
["M1496","Coroa diamantada - D = 38,10 mm (1 1/2\")","un",329.01350000000002]
["M1498","Coroa diamantada - D = 44,50 mm (1 3/4\")","un",350.29]
["M1518","Coroa diamantada - D = 50,80 mm (2\")","un",371.6918]
["M1519","Coroa diamantada - D = 63,50 mm (2 1/2\")","un",419.48160000000001]
["M1520","Coroa diamantada - D = 76,20 mm (3\")","un",554.66729999999995]
["M1526","Coroa diamantada - D = 101,60 mm (4\")","un",736.93790000000001]
["M1527","Broca de widia - D = 10 mm e C = 150 mm","un",11.9598]
["M1528","Broca de widia - D = 13 mm e C = 150 mm","un",21.4268]
["M1546","Telha trapezoidal em aço zincado - E = 0,43 mm","m²",41.012]
["M1553","Geotêxtil não-tecido agulhado em poliéster - resistência à tração longitudinal de 31 kN/m","m²",16.144500000000001]
["M1556","Terra vegetal produzida","m³","-"]
["M1575","Tinta látex à base de resina acrílica","l",11.5776]
["M1577","Tinta plástica à base de resina metacrílica aplicada a frio por dispersão ou extrusão","kg",35.1828]
["M1585","Massa termoplástica aplicada por extrusão","kg",11.9308]
["M1591","Suporte polimérico ecológico maciço colapsível para placa de sinalização - D = 6,4 cm","m",194.9057]
["M1600","Trilho TR25 em aço-carbono usado","kg",5.4664999999999999]
["M1602","Trilho TR37 em aço-carbono usado","kg",5.4664999999999999]
["M1603","Trilho TR45 em aço-carbono usado","kg",5.4664999999999999]
["M1605","Trilho TR57 em aço-carbono usado","kg",5.4664000000000001]
["M1606","Trilho TR68 em aço-carbono usado","kg",5.4667000000000003]
["M1614","Tubo em aço galvanizado com rosca BSP classe leve - D = 50 mm (2\")","m",61.424999999999997]
["M1616","Tubo em aço galvanizado com rosca BSP classe leve - D = 20 mm (3/4\")","m",13.434699999999999]
["M1617","Tubo em aço galvanizado com rosca BSP classe leve - D = 80 mm (3\")","m",126.5038]
["M1618","Tubo em aço galvanizado com rosca BSP classe leve - D = 100 mm (4\")","m",135.41210000000001]
["M1624","Suporte polimérico ecológico maciço colapsível para placa de sinalização - seção de 8 x 8 cm","m",265.21949999999998]
["M1636","Suporte polimérico ecológico maciço colapsível para placa de sinalização - seção de 7 x 15 cm","m",570.5335]
["M1638","Mourão de madeira - H = 2,10 m e D = 0,10 m","un",24.938199999999998]
["M1639","Mourão de madeira - H = 2,20 m e D = 0,15 m","un",48.250999999999998]
["M1640","Nonel iniciador - C = 300,0 m","un",239.20769999999999]
["M1642","Coroa de botões esféricos - D = 130 mm (5 1/8\")","un",3456.4286999999999]
["M1643","Coroa de botões esféricos - D = 194 mm (7 5/8\")","un",7979.2755999999999]
["M1644","Coroa de botões esféricos - D = 251 mm (9 7/8\")","un",9582.2225999999991]
["M1645","Coroa de botões esféricos - D = 305 mm (12\")","un",14570.6106]
["M1646","Coroa de botões esféricos - D = 355 mm (14\")","un",9376.7536999999993]
["M1648","Dente de corte para trado ou caçamba de perfuração","un",34.679200000000002]
["M1649","Coroa de botões esféricos linha ST68 - D = 102 mm (4\")","un",2668.3719999999998]
["M1650","Coroa de botões esféricos para tirante autoinjetável - D = 87 mm (3 7/16\")","un",836.94989999999996]
["M1651","Tricone para tirante autoinjetável - D = 120 mm","un",368.85520000000002]
["M1653","Coroa piloto de botões esféricos para sistema autoperfurante - D = 76,2 mm (3\")","un",1371.3733]
["M1655","Tubo de PVC ponta e bolsa para esgoto - D = 50 mm (2\")","m",8.1995000000000005]
["M1656","Tubo de PVC ponta e bolsa para esgoto - D = 75 mm (3\")","m",12.523999999999999]
["M1657","Tubo PEAD corrugado perfurado para drenagem - D = 170 mm","m",31.9269]
["M1658","Tubo PEAD corrugado perfurado para drenagem - D = 230 mm","m",48.009300000000003]
["M1662","Suporte em madeira de eucalipto tratado - seção de 8 x 8 cm","m",17.920000000000002]
["M1665","Tubo de PVC rosqueável para água fria - D = 40 mm (1 1/2\")","m",22.162199999999999]
["M1673","Tubo de PVC rosqueável para água fria - D = 100 mm (4\")","m",77.863200000000006]
["M1675","Tubo de PVC rosqueável para água fria - D = 150 mm (6\")","m",82.9131]
["M1702","Duto flexível de ventilação em PVC - D = 1,20 m","m",146.11000000000001]
["M1719","Broca integral série H19 - D = 24 mm e C = 0,4 m","un",504.62360000000001]
["M1720","Geotêxtil não-tecido agulhado em poliéster - resistência à tração longitudinal de 10 kN/m","m²",5.9941000000000004]
["M1728","Punho linha R25 para martelete perfurador e rompedor - D = 25 mm (1\")","un",819.28459999999995]
["M1729","Haste linha R25 para martelete perfurador e rompedor - D = 25 mm (1\") e C = 1,00 m","un",1422.4181000000001]
["M1730","Luva de acoplamento linha R25 para martelete perfurador e rompedor - D = 25 mm (1\")","un",293.57330000000002]
["M1731","Haste de perfuração simples para jet grouting - D = 88,9 mm (3 1/2\") e C = 3,00 m","un",1690.3219999999999]
["M1732","Luva em aço galvanizado com rosca BSP classe leve - D = 50 mm (2\")","un",16.861499999999999]
["M1733","Manta drenante em malha de polietileno e geotêxtil de polipropileno em uma das faces","m²",48.882399999999997]
["M1735","Punho linha ST68 para perfuração - D = 80 mm (3 5/32\")","un",7390.2893000000004]
["M1736","Adesivo à base de resina poliéster bicomponente para ancoragem","kg",57.916400000000003]
["M1737","Tubo em aço-carbono para ar comprimido - D = 150 mm (6\")","m",224.1841]
["M1739","Haste linha T45 para perfuratriz sobre esteiras - D = 45,0 mm (1 3/4\") e C = 3,60 m","un",4553.3791000000001]
["M1740","Punho linha T45 para perfuratriz sobre esteiras - D = 45 mm (1 3/4\")","un",2609.9022]
["M1741","Luva em aço linha T45 para perfuratriz sobre esteiras - D = 45,0 mm (1 3/4\")","un",561.89859999999999]
["M1742","Coroa de botões esféricos linha T45 - D = 89 mm (3 1/2\")","un",1279.0871]
["M1747","Tubo em aço-carbono para sistema autoperfurante - D = 76,2 mm","m",166.3398]
["M1748","Tubo em aço-carbono iniciador para sistema autoperfurante com anel da coroa piloto - D = 76,2 mm (3\") e C = 3 m","un",1235.5744]
["M1749","Haste linha ST68 para perfuração - D = 87,0 mm (3 7/16\") e C = 1,83 m","un",11681.7927]
["M1750","Hidromonitor com bico de injeção para jet grouting - D = 88,9 mm (3 1/2\")","un",11172.9722]
["M1751","Válvula manchete - D = 73 mm","un",6.4316000000000004]
["M1752","Borracha para obturador mecânico","un",390]
["M1753","Disco de corte diamantado segmentado para concreto - D = 110 mm","un",39.467300000000002]
["M1754","Conjunto de lâminas de corte para trituradora de galhos e troncos","un",4068.7858000000001]
["M1755","Pó calcário dolomítico","kg",0.1789]
["M1756","Material formador de camada protetora para hidrossemeadura","kg",3.3963000000000001]
["M1765","Tubo em aço-carbono schedule 40 - D = 65 mm (2 1/2\")","m",102.69580000000001]
["M1773","Ancoragem regulável para estais de 19 cordoalhas - D = 15,7 mm","un",31295.530200000001]
["M1774","Ancoragem regulável para estais de 31 cordoalhas - D = 15,7 mm","un",50659.665200000003]
["M1775","Ancoragem regulável para estais de 37 cordoalhas - D = 15,7 mm","un",60118.597000000002]
["M1776","Ancoragem regulável para estais de 55 cordoalhas - D = 15,7 mm","un",88141.194000000003]
["M1777","Ancoragem regulável para estais de 61 cordoalhas - D = 15,7 mm","un",97268.494000000006]
["M1778","Ancoragem regulável para estais de 73 cordoalhas - D = 15,7 mm","un",115763.4645]
["M1779","Ancoragem regulável para estais de 91 cordoalhas - D = 15,7 mm","un",143684.88800000001]
["M1780","Ancoragem fixa para estais de 19 cordoalhas - D = 15,7 mm","un",18399.089499999998]
["M1781","Ancoragem fixa para estais de 31 cordoalhas - D = 15,7 mm","un",29696.965199999999]
["M1782","Ancoragem fixa para estais de 37 cordoalhas - D = 15,7 mm","un",35324.611700000001]
["M1783","Ancoragem fixa para estais de 55 cordoalhas - D = 15,7 mm","un",51685.894999999997]
["M1784","Ancoragem fixa para estais de 61 cordoalhas - D = 15,7 mm","un",57048.194000000003]
["M1785","Ancoragem fixa para estais de 73 cordoalhas - D = 15,7 mm","un",68020.664499999999]
["M1786","Ancoragem fixa para estais de 91 cordoalhas - D = 15,7 mm","un",84507.888000000006]
["M1787","Estaca de tutoramento - D = 5 cm e H = 2 m","un",6.8460000000000001]
["M1789","Ancoragem ativa para 31 cordoalhas - D = 15,2 mm","un",5176.2413999999999]
["M1790","Gás liquefeito de petróleo (GLP)","kg",8.4614999999999991]
["M1795","Gás oxigênio","m³",25.526599999999998]
["M1796","Gás acetileno","kg",130.05869999999999]
["M1797","Fita de espuma EPDM para vedação com adesivo em uma face - E = 4 mm e L = 40 mm","m",3.32]
["M1800","Manta asfáltica não-tecido em poliéster - antirraíz - E = 3 mm","m²",48.389000000000003]
["M1811","Longarina de madeira de primeira - L = 16 cm e E = 6 cm","m",44.7029]
["M1812","Estronca de madeira - D = 20 cm","m",25.049499999999998]
["M1814","Tela metálica galvanizada dobrada em L - C = 2,0 m, L = 0,5 m e H = 0,5 m","un",502.02640000000002]
["M1819","Cartucho de cimento - D = 25 mm e C = 320 mm","un",3.7315]
["M1820","Cartucho de resina poliéster - D = 38 mm e C = 500 mm","un",15.384]
["M1844","Ancoragem ativa para 8 cordoalhas - D = 15,2 mm","un",877.69200000000001]
["M1845","Ancoragem passiva aderente para 10 cordoalhas - D = 15,2 mm","un",164.07210000000001]
["M1868","Tinta em pó à base de resina epóxi","kg",103.1674]
["M1869","Coroa de botões esféricos - D = 120 mm (4 3/4\")","un",2474.1163999999999]
["M1870","Cunha metálica para cordoalha - D = 12,7 mm","un",18.8094]
["M1874","Martelo de fundo DTH - DN = 102 mm (4\")","un",10273.472900000001]
["M1875","Haste de perfuração com rosca API 2 3/8\" - D = 73 mm (2 7/8\")","m",731.11940000000004]
["M1876","Válvula manchete - D = 32 mm","un",2.4796]
["M1877","Válvula manchete - D = 40 mm","un",4.0246000000000004]
["M1879","Tubo PEAD PE 80 PN 6 - D = 40 mm","m",11.211499999999999]
["M1880","Tubo PEAD PE 80 PN 16 - D = 20 mm","m",4.3815999999999997]
["M1894","Cabo de aço - D = 16,00 mm (5/8\")","m",35.141399999999997]
["M1895","Coroa de botões esféricos linha R25 - D = 48 mm (1 7/8\")","un",437.05700000000002]
["M1898","Pasta lubrificante para tubo PEAD","kg",37.9099]
["M1899","Tela metálica de dupla torção em liga de zinco e alumínio com cabos de aço longitudinais - resistência longitudinal à tração de 121 kN/m - inclusive grampos e clipes de junção","m²",189.73240000000001]
["M1907","Tubo PEAD PE 80 PN 8 - D = 32 mm","m",5.3715000000000002]
["M1909","Tubo PEAD PE 80 PN 8 - D = 40 mm","m",8.4316999999999993]
["M1911","Tubo PEAD PE 80 PN 8 - D = 50 mm","m",12.881]
["M1912","Tubo PEAD PE 80 PN 8 - D = 63 mm","m",19.999400000000001]
["M1913","Tubo PEAD PE 80 PN 8 - D = 75 mm","m",24.4176]
["M1919","Tubo PEAD PE 80 PN 8 - D = 110 mm","m",74.8155]
["M1920","Duto flexível de poliéster aluminizado sem isolamento para exaustão - D = 263 mm","m",34.973300000000002]
["M1922","Tubo de PVC espaguete - D = 14 mm","m",1.8275999999999999]
["M1923","Duto flexível de poliéster aluminizado sem isolamento para ventilação forçada - D = 161 mm","m",13.771800000000001]
["M1926","Espaçador plástico tipo disco separador para tirante com 6 cordoalhas - D = 12,7 mm","un",1.1904999999999999]
["M1927","Espaçador plástico tipo disco separador para tirante com 8 cordoalhas - D = 12,7 mm","un",1.1904999999999999]
["M1928","Espaçador plástico tipo disco separador para tirante com 10 cordoalhas - D = 12,7 mm","un",1.1904999999999999]
["M1931","Espaçador plástico tipo disco separador para tirante com 12 cordoalhas - D = 12,7 mm","un",1.1904999999999999]
["M1935","Espaçador plástico tipo centralizador carambola para tirante de barra de aço - D = 32,0 mm","un",3.6941999999999999]
["M1936","Espaçador plástico tipo centralizador carambola para tirante de barra de aço - D = 30,0 mm","un",3.6884000000000001]
["M1937","Espaçador plástico tipo centralizador carambola para tirante de barra de aço - D = 40,0 mm","un",4.1489000000000003]
["M1941","Óleo tipo A1","l",5.5681000000000003]
["M1942","Espaçador plástico tipo centralizador carambola para tirante de barra de aço - D = 47,0 mm","un",4.1694000000000004]
["M1943","Cimento asfáltico de petróleo - CAP 50/70","t","-"]
["M1944","Cimento asfáltico de petróleo - CAP 150/200","t","-"]
["M1945","Cimento asfáltico de petróleo - CAP 85/100","t","-"]
["M1946","Emulsão asfáltica - RR-1C","t","-"]
["M1947","Emulsão asfáltica - RM-1C","t","-"]
["M1948","Espaçador plástico tipo centralizador carambola para tirante de barra de aço - D = 50,0 mm","un",4.1780999999999997]
["M1949","Emulsão asfáltica - RL-1C","t","-"]
["M1950","Emulsão asfáltica com polímero - RC-1C-E","t","-"]
["M1952","Cimento asfáltico de petróleo com polímero - CAP 150/200-E","t","-"]
["M1953","Aditivo asfáltico de reciclagem para misturas a quente","t",8866.5380000000005]
["M1954","Cimento Portland CP II - 32 - a granel","kg",0.79120000000000001]
["M1955","Cimento asfáltico de petróleo com polímero - CAP 55/75-E","t","-"]
["M1956","Emulsão asfáltica com polímero - RR-2C-E","t","-"]
["M1958","Emulsão asfáltica com polímero - RM-1C-E","t","-"]
["M1959","Espaçador plástico tipo centralizador carambola para tirante de barra de aço - D = 53,0 mm","un",5.1798999999999999]
["M1960","Espaçador plástico tipo centralizador carambola para tirante de barra de aço - D = 57,0 mm","un",9.1133000000000006]
["M1961","Espaçador plástico tipo centralizador carambola para tirante de barra de aço - D = 63,0 mm","un",10.123799999999999]
["M1962","Espaçador plástico tipo centralizador carambola para tirante de barra de aço - D = 69,0 mm","un",10.1355]
["M1965","Cantoneira em ferro de abas iguais - L = 63,5 mm e E = 9,53 mm","kg",9.4726999999999997]
["M1966","Defensa metálica maleável simples","un",3079.7528000000002]
["M1967","Defensa metálica maleável dupla","un",3817.7424000000001]
["M1968","Defensa metálica semimaleável simples","un",1251.2229]
["M1969","Defensa metálica semimaleável dupla","un",1995.1659999999999]
["M1970","Dente de corte para fresadora de 155 kW","un",38.0991]
["M1971","Módulo de transição de defensa metálica tipo dupla onda com lâmina adicional para barreira rígida","un",6843.0550999999996]
["M1974","Dente de corte para fresadora de 455 kW","un",40.235500000000002]
["M1976","Terminal aéreo de defensa metálica (tipo A)","un",390.86250000000001]
["M1977","Terminal de ancoragem de defensa metálica em barreira rígida (tipo D)","un",390.86250000000001]
["M1979","Luva em aço para emenda de tirantes - D = 38 mm e C = 115 mm","un",76.911699999999996]
["M1980","Luva em aço para emenda de tirantes - D = 48 mm e C = 120 mm","un",90.247699999999995]
["M1981","Luva em aço para emenda de tirantes - D = 60 mm e C = 160 mm","un",124.7932]
["M1982","Luva em aço para emenda de tirantes - D = 50 mm e C = 130 mm","un",89.785499999999999]
["M1983","Luva em aço para emenda de tirantes - D = 63 mm e C = 180 mm","un",134.13399999999999]
["M1984","Luva em aço para emenda de tirantes - D = 73 mm e C = 180 mm","un",188.91759999999999]
["M1985","Luva em aço para emenda de tirantes - D = 73 mm e C = 200 mm","un",194.91499999999999]
["M1986","Luva em aço para emenda de tirantes - D = 82 mm e C = 200 mm","un",229.69550000000001]
["M1987","Luva em aço para emenda de tirantes - D = 89 mm e C = 210 mm","un",255.40190000000001]
["M1988","Luva em aço para emenda de tirantes - D = 97 mm e C = 210 mm","un",341.91370000000001]
["M1990","Placa de ancoragem para tirante de barra de aço - E = 16,0 mm e seção de 160 x 160 mm","un",115.0389]
["M1991","Placa de ancoragem para tirante de barra de aço - E = 16,0 mm e seção de 200 x 200 mm","un",179.75139999999999]
["M1994","Placa de ancoragem para tirante de barra de aço - E = 22,0 mm e seção de 200 x 200 mm","un",247.24879999999999]
["M1996","Amortecedor retrátil tipo TAU II paralelo PCB ou similar para velocidade de projeto de 100 km/h","un",180408.23680000001]
["M1997","Amortecedor retrátil tipo TAU II combinado PCB ou similar para velocidade de projeto de 100 km/h e âncora traseira de 900 mm","un",190408.96359999999]
["M1998","Amortecedor retrátil tipo TAU II combinado PCB ou similar para velocidade de projeto de 100 km/h e âncora traseira de 1.060 mm","un",231284.1231]
["M1999","Amortecedor retrátil tipo TAU II combinado PCB ou similar para velocidade de projeto de 100 km/h e âncora traseira de 1.220 mm","un",245091.24540000001]
["M2000","Amortecedor retrátil tipo TAU II combinado PCB ou similar para velocidade de projeto de 100 km/h e âncora traseira de 1.370 mm","un",264099.49660000001]
["M2001","Dispositivo de ancoragem de fixação elástica Pandrol","un",16.657299999999999]
["M2002","Amortecedor retrátil tipo TAU II combinado PCB ou similar para velocidade de projeto de 100 km/h e âncora traseira de 1.520 mm","un",277639.99660000001]
["M2003","Amortecedor retrátil tipo TAU II afunilado PCB ou similar para velocidade de projeto de 100 km/h e âncora traseira de 1.680 mm","un",273941.26360000001]
["M2004","Amortecedor retrátil tipo TAU II afunilado PCB ou similar para velocidade de projeto de 100 km/h e âncora traseira de 1.830 mm","un",274836.13020000001]
["M2005","Placa de ancoragem para tirante de barra de aço - E = 32,0 mm e seção de 250 x 250 mm","un",561.73789999999997]
["M2006","Placa de ancoragem para tirante de barra de aço - E = 38,0 mm e seção de 250 x 250 mm","un",667.22159999999997]
["M2007","Placa de ancoragem para tirante de barra de aço - E = 51,0 mm e seção de 300 x 300 mm","un",1289.309]
["M2008","Placa de ancoragem para tirante de barra de aço - E = 64,0 mm e seção de 350 x 350 mm","un",2202.0713000000001]
["M2009","Placa de ancoragem para tirante com 6 cordoalhas de D = 12,7 mm","un",341.91120000000001]
["M2010","Placa de ancoragem para tirante com 8 cordoalhas de D = 12,7 mm","un",417.10239999999999]
["M2011","Placa de ancoragem para tirante com 10 cordoalhas de D = 12,7 mm","un",512.36189999999999]
["M2012","Placa de ancoragem para tirante com 12 cordoalhas de D = 12,7 mm","un",615.87649999999996]
["M2014","Mourão de madeira - H = 2,20 m e D = 0,10 m","un",26.338899999999999]
["M2016","Amortecedor retrátil tipo TAU II afunilado PCB ou similar para velocidade de projeto de 100 km/h e âncora traseira de 1.980 mm","un",276960.17420000001]
["M2017","Porca em aço para ancoragem de tirantes - D = 38 mm e C = 55 mm","un",44.4495]
["M2018","Gastalho - L = 10 cm e E = 2 cm","m",4.1356000000000002]
["M2019","Porca em aço para ancoragem de tirantes - D = 38 mm e C = 60 mm","un",53.542000000000002]
["M2020","Porca em aço para ancoragem de tirantes - D = 48 mm e C = 65 mm","un",55.333399999999997]
["M2021","Amortecedor retrátil tipo TAU II afunilado PCB ou similar para velocidade de projeto de 100 km/h e âncora traseira de 2.130 mm","un",278514.82419999997]
["M2024","Cordel detonante NP 10","m",2.1996000000000002]
["M2025","Retardo de cordel","un",28.702000000000002]
["M2026","Estopim","m",2.8946999999999998]
["M2027","Tinta à base de resina acrílica estirenada para demarcação viária","l",33.6509]
["M2028","Coroa de botões cônicos - TCI tricone - D = 75 mm (2 15/16\")","un",1269.4522999999999]
["M2029","Porca em aço para ancoragem de tirantes - D = 60 mm e C = 65 mm","un",80.972700000000003]
["M2030","Porca em aço para ancoragem de tirantes - D = 73 mm e C = 80 mm","un",138.56979999999999]
["M2031","Porca em aço para ancoragem de tirantes - D = 73 mm e C = 100 mm","un",157.72810000000001]
["M2032","Porca em aço para ancoragem de tirantes - D = 82 mm e C = 100 mm","un",173.90309999999999]
["M2033","Porca em aço para ancoragem de tirantes - D = 89 mm e C = 100 mm","un",218.88749999999999]
["M2034","Solvente para tinta à base de resina acrílica","l",16.9114]
["M2035","Porca em aço para ancoragem de tirantes - D = 97 mm e C = 110 mm","un",251.09039999999999]
["M2036","Tinta à base de resina acrílica emulsionada em água para demarcação viária","l",21.658200000000001]
["M2037","Microesferas refletivas de vidro tipo I-B","kg",10.135400000000001]
["M2038","Microesferas refletivas de vidro tipo II-A","kg",9.1353000000000009]
["M2040","Massa termoplástica para aspersão","kg",11.975899999999999]
["M2041","Adesivo à base de resina poliéster","kg",28.250299999999999]
["M2042","Emulsão explosiva encartuchada","kg",13.28]
["M2044","Tinta à base de resina acrílica emulsionada em água para pré-marcação viária","l",21.658200000000001]
["M2045","Microesferas refletivas de vidro tipo II-C","kg",11.6564]
["M2046","Coroa de botões cônicos - TCI tricone - D = 121 mm (4 3/4\")","un",1750.6487999999999]
["M2047","Tirante autoinjetável de aço - tensão de escoamento = 440 MPa, tensão de ruptura = 580 MPa, seção de 684 mm² e D = 40 mm","m",190.71289999999999]
["M2048","Tirante autoinjetável de aço - tensão de escoamento = 470 MPa, tensão de ruptura = 600 MPa, seção de 822 mm² e D = 40 mm","m",225.81790000000001]
["M2049","Tirante autoinjetável de aço - tensão de escoamento = 700 MPa, tensão de ruptura = 830 MPa, seção de 936 mm² e D = 40 mm","m",284.58370000000002]
["M2050","Geotêxtil não-tecido agulhado em poliéster - resistência à tração longitudinal de 9 kN/m","m²",5.5918999999999999]
["M2051","Geotêxtil não-tecido agulhado em poliéster - resistência à tração longitudinal de 14 kN/m","m²",7.2568999999999999]
["M2052","Tirante autoinjetável de aço - tensão de escoamento = 630 MPa, tensão de ruptura = 740 MPa, seção de 1.330 mm² e D = 50 mm","m",376.62849999999997]
["M2053","Tirante autoinjetável de aço - tensão de escoamento = 630 MPa, tensão de ruptura = 740 MPa, seção de 1.569 mm² e D = 50 mm","m",445.14339999999999]
["M2054","Tirante de barra de aço - tensão de escoamento = 600 MPa, tensão de ruptura = 720 MPa e D = 30 mm","m",131.7311]
["M2055","Tirante de barra de aço - tensão de escoamento = 600 MPa, tensão de ruptura = 720 MPa e D = 40 mm","m",222.93819999999999]
["M2056","Tirante de barra de aço - tensão de escoamento = 680 MPa, tensão de ruptura = 870 MPa e D = 44 mm","m",278.6764]
["M2057","Tirante de barra de aço - tensão de escoamento = 600 MPa, tensão de ruptura = 720 MPa e D = 50 mm","m",350.45339999999999]
["M2058","Tirante de barra de aço - tensão de escoamento = 600 MPa, tensão de ruptura = 720 MPa e D = 53 mm","m",382.9708]
["M2059","Tirante de barra de aço - tensão de escoamento = 600 MPa, tensão de ruptura = 720 MPa e D = 57 mm","m",459.72460000000001]
["M2060","Amortecedor retrátil tipo TAU II afunilado PCB ou similar para velocidade de projeto de 100 km/h e âncora traseira de 2.290 mm","un",281827.64289999998]
["M2061","Amortecedor retrátil tipo TAU II afunilado PCB ou similar para velocidade de projeto de 100 km/h e âncora traseira de 2.440 mm","un",282074.76199999999]
["M2062","Coroa de botões esféricos linha T38 - D = 64 mm (2 1/2\")","un",666.27350000000001]
["M2063","Tirante de barra de aço - tensão de escoamento = 600 MPa, tensão de ruptura = 720 MPa e D = 63 mm","m",572.57280000000003]
["M2064","Termoplástico pré-formado - E = 2,00 mm","m²",337.85390000000001]
["M2065","Haste linha T38 para perfuratriz sobre esteiras - D = 38,0 mm (1 1/2\") e C = 3,05 m","un",2342.5106000000001]
["M2066","Luva em aço linha T38 para perfuratriz sobre esteiras - D = 38,0 mm (1 1/2\")","un",352.04090000000002]
["M2067","Punho linha T38 para perfuratriz sobre esteiras - D = 38 mm (1 1/2\")","un",1199.3814]
["M2069","Tirante de barra de aço - tensão de escoamento = 600 MPa, tensão de ruptura = 720 MPa e D = 69 mm","m",696.50739999999996]
["M2070","Haste linha R/T38 - R32 para jumbo hidráulico - D = 38 mm (1 1/2\") e C = 4,50 m","un",4304.1058000000003]
["M2071","Coroa de botões esféricos linha R32 - D = 51 mm (2\")","un",653.50900000000001]
["M2072","Luva de acoplamento linha T38 para jumbo hidráulico - D = 38,0 mm (1 1/2\")","un",289.51819999999998]
["M2073","Punho linha T38 para jumbo hidráulico - D = 38 mm (1 1/2\")","un",1762.7734]
["M2074","Cartucho de absorção de energia para amortecedor retrátil - tipo A","un",5582.8743999999997]
["M2075","Cartucho de absorção de energia para amortecedor retrátil - tipo B","un",5462.8950000000004]
["M2079","Fio de poliamida Nº 40 - E = 0,40 mm","m",9.64E-2]
["M2087","Placa de ancoragem para tirante de barra de aço - E = 25,4 mm e seção de 225 x 225 mm","un",357.8227]
["M2088","Placa de ancoragem para tirante de barra de aço - E = 20,0 mm e seção de 200 x 200 mm","un",215.0652]
["M2089","Porca sextavada em aço para ancoragem de tirantes - D = 50 mm e C = 85 mm","un",92.5227]
["M2090","Porca em aço para ancoragem de tirantes - D = 73 mm e C = 60 mm","un",101.5415]
["M2091","Porca sextavada em aço para ancoragem de tirantes - D = 50 mm e C = 50 mm","un",67.354299999999995]
["M2092","Emulsão asfáltica para imprimação","t","-"]
["M2093","Material fresado","m³","-"]
["M2094","Porca em aço para ancoragem de tirantes - D = 49 mm e C = 60 mm","un",66.255600000000001]
["M2095","Porca em aço para ancoragem de tirantes - D = 60 mm e C = 90 mm","un",80.602900000000005]
["M2096","Porca em aço para ancoragem de tirantes - D = 60 mm e C = 110 mm","un",127.82850000000001]
["M2097","Emulsão asfáltica - RR-2C","t","-"]
["M2100","Placa de ancoragem para tirante de barra de aço - E = 16,0 mm e seção de 140 x 140 mm","un",86.849299999999999]
["M2101","Porca sextavada em aço para ancoragem de tirantes - D = 41 mm e C = 50 mm","un",48.540399999999998]
["M2102","Adesivo à base de PVA","kg",12.098000000000001]
["M2110","Mandíbula móvel para britador - abertura de alimentação com L = 930 mm","un",23766.434499999999]
["M2111","Mandíbula fixa para britador - abertura de alimentação com L = 930 mm","un",31284.4869]
["M2112","Manta do britador cônico HP200 ou similar","un",21759.5906]
["M2113","Revestimento do bojo interno do britador cônico HP200 ou similar","un",24050.391299999999]
["M2114","Cunha lateral superior para britador","un",2525.7406999999998]
["M2115","Cunha lateral inferior para britador","un",1969.1063999999999]
["M2117","Meio tubo de concreto simples - D = 0,40 m","m",54.536799999999999]
["M2118","Calha metálica semicircular corrugada e galvanizada, incluindo fixações - D = 400 mm","m",543.20000000000005]
["M2119","Mourão de madeira - H = 2,80 m e D = 0,15 m","un",70.340999999999994]
["M2128","Tinta esmalte sintético acetinado","l",30.517900000000001]
["M2130","Eletrodo revestido E70XX","kg",29.443200000000001]
["M2135","Nonel de coluna (túnel) - C = 4,8 m","un",19.866900000000001]
["M2137","Tubo de PVC soldável para água fria - D = 50 mm (2\")","m",12.2135]
["M2138","Nonel de coluna - C = 12,0 m","un",18.6401]
["M2140","Coroa de diamante linha AWG","un",824.66430000000003]
["M2141","Nonel de iniciação para fogacho - C = 6,0 m","un",14.5527]
["M2142","Nonel de coluna - C = 4,8 m","un",16.290099999999999]
["M2143","Nonel de ligação - C = 6,0 m","un",16.470500000000001]
["M2144","Nonel de coluna - C = 6,0 m","un",14.174799999999999]
["M2145","Série de brocas integrais S12","un",1220.0482999999999]
["M2146","Nonel iniciador - C = 150,0 m","un",191.333]
["M2147","Dente de corte para recicladora","un",54.227400000000003]
["M2148","Porta-dente de corte para fresadora e recicladora a frio","un",495.2251]
["M2150","Selante elástico à base de poliuretano e asfalto","kg",45.732999999999997]
["M2152","Aditivo de cura para concreto","kg",13.676]
["M2153","Coroa de diamante linha HWG","un",1731.2819999999999]
["M2156","Coroa de diamante linha NWG","un",1404.9086]
["M2158","Argamassa asfáltica","kg",29.888999999999999]
["M2160","Tubo PEAD corrugado perfurado para drenagem - D = 100 mm","m",22.1997]
["M2162","Coroa de widia linha AWG","un",412.92649999999998]
["M2163","Tubo de concreto armado PA1 - D = 0,40 m","m",161.2492]
["M2164","Tubo de concreto armado PA2 - D = 0,40 m","m",167.92500000000001]
["M2165","Tubo de concreto armado PA3 - D = 0,40 m","m",183.1317]
["M2166","Tubo de concreto armado PA4 - D = 0,40 m","m",238.34559999999999]
["M2167","Tubo de concreto armado PA1 - D = 0,60 m","m",250.8]
["M2168","Tubo de concreto armado PA2 - D = 0,60 m","m",293.8485]
["M2169","Tubo de concreto armado PA3 - D = 0,60 m","m",326.18779999999998]
["M2170","Tubo de concreto armado PA4 - D = 0,60 m","m",374.60270000000003]
["M2171","Tubo de concreto armado PA1 - D = 0,80 m","m",410.40219999999999]
["M2172","Tubo de concreto armado PA2 - D = 0,80 m","m",434.66800000000001]
["M2173","Tubo de concreto armado PA3 - D = 0,80 m","m",483.11810000000003]
["M2174","Tubo de concreto armado PA4 - D = 0,80 m","m",572.22050000000002]
["M2175","Tubo de concreto armado PA1 - D = 1,00 m","m",545.45630000000006]
["M2176","Tubo de concreto armado PA2 - D = 1,00 m","m",601.08870000000002]
["M2177","Tubo de concreto armado PA3 - D = 1,00 m","m",667.05520000000001]
["M2178","Tubo de concreto armado PA4 - D = 1,00 m","m",715.66030000000001]
["M2179","Tubo de concreto armado PA1 - D = 1,20 m","m",745.24659999999994]
["M2180","Tubo de concreto armado PA2 - D = 1,20 m","m",826.01599999999996]
["M2181","Tubo de concreto armado PA3 - D = 1,20 m","m",1012.759]
["M2182","Tubo de concreto armado PA4 - D = 1,20 m","m",1219.3200999999999]
["M2183","Tubo de concreto armado PA1 - D = 1,50 m","m",1383.0845999999999]
["M2184","Tubo de concreto armado PA2 - D = 1,50 m","m",1423.4106999999999]
["M2185","Tubo de concreto armado PA3 - D = 1,50 m","m",1522.0146]
["M2186","Tubo de concreto armado PA4 - D = 1,50 m","m",1654.0866000000001]
["M2187","Tubo de concreto armado PA1 - D = 0,50 m","m",211.0187]
["M2188","Tubo de concreto armado PA2 - D = 0,50 m","m",230.54560000000001]
["M2189","Tubo de concreto armado PA3 - D = 0,50 m","m",249.57570000000001]
["M2190","Tubo de concreto armado PA4 - D = 0,50 m","m",332.44040000000001]
["M2192","Coroa de widia linha HWG","un",708.38220000000001]
["M2193","Coroa de widia linha NWG","un",618.61270000000002]
["M2197","Haste de paredes paralelas com niple linha NW","m",740.26110000000006]
["M2198","Trilho UIC60 em aço-carbono - C = 12 m","t",10402.638199999999]
["M2200","Trilho TR45 em aço-carbono - C = 12 m","t",8898.1381999999994]
["M2202","Trilho TR57 em aço-carbono - C = 12 m","t",9901.1381999999994]
["M2204","Trilho TR68 em aço-carbono - C = 12 m","t",10402.638199999999]
["M2206","Lubrificador de trilhos e de flanges de rodas","un",92608.11]
["M2207","Tirefão - D = 24 mm e C = 188 mm","un",14.3367]
["M2208","Tirefão - D = 22 mm e C = 155 mm","un",12.4605]
["M2209","Retensor para via férrea de TR45","un",49.279299999999999]
["M2210","Retensor para via férrea de TR57","un",50.6432]
["M2211","Retensor para via férrea de TR68","un",53.060400000000001]
["M2213","Placa de apoio em aço laminado para UIC60 com fixação rígida","un",130.02860000000001]
["M2214","Grampo elástico Pandrol para fixação elástica","un",14.641]
["M2215","Placa de apoio em aço laminado para TR45 com fixação elástica","un",103.59399999999999]
["M2216","Placa de apoio em aço laminado para TR57 com fixação elástica","un",109.99720000000001]
["M2217","Placa de apoio em aço laminado para TR68 com fixação elástica","un",131.1019]
["M2218","Placa de apoio em aço laminado para TR45 com fixação rígida","un",64.001800000000003]
["M2219","Placa de apoio em aço laminado para TR57 com fixação rígida","un",96.541700000000006]
["M2220","Placa de apoio em aço laminado para TR68 com fixação rígida","un",113.631]
["M2221","Retensor para via férrea de UIC60","un",54.892800000000001]
["M2222","Placa de apoio em aço laminado para UIC60 com fixação elástica","un",125.789]
["M2225","Tala de junção TJ 45 não isolada com 6 furos","par",764.44600000000003]
["M2227","Tala de junção TJ 57 não isolada com 6 furos","par",892.19510000000002]
["M2229","Tala de junção TJ 68 não isolada com 6 furos","par",1105.2261000000001]
["M2233","Parafuso de cabeça abaulada em aço inox com porca e arruela de pressão para tala de junção - D = 25,4 mm","un",50.930399999999999]
["M2234","Tala de junção TJ 60 não isolada com 6 furos","par",921.71379999999999]
["M2236","AMV tipo TR45, abertura 1:8, bitola métrica","un",445140.38809999998]
["M2237","AMV tipo TR45, abertura 1:10, bitola métrica","un",488540.72230000002]
["M2238","AMV tipo TR45, abertura 1:12, bitola métrica","un",536281.53980000003]
["M2239","AMV tipo TR45, abertura 1:14, bitola métrica","un",592779.16859999998]
["M2240","AMV tipo TR57, abertura 1:8, bitola métrica","un",564745.62280000001]
["M2241","AMV tipo TR57, abertura 1:10, bitola métrica","un",619708.15619999997]
["M2242","AMV tipo TR57, abertura 1:12, bitola métrica","un",675506.63309999998]
["M2243","AMV tipo TR57, abertura 1:14, bitola métrica","un",742011.44629999995]
["M2244","AMV tipo TR57, abertura 1:20, bitola métrica","un",900542.03980000003]
["M2245","AMV tipo TR68, abertura 1:10, bitola métrica","un",732420.94019999995]
["M2246","AMV tipo TR68, abertura 1:12, bitola métrica","un",810117.62769999995]
["M2247","AMV tipo TR68, abertura 1:14, bitola métrica","un",889458.83360000001]
["M2248","AMV tipo UIC60, abertura 1:10, bitola métrica","un",647587.46490000002]
["M2249","AMV tipo TR68, abertura 1:20, bitola métrica","un",1064009.8721]
["M2250","AMV tipo TR45, abertura 1:8, bitola larga","un",510144.50569999998]
["M2251","AMV tipo TR45, abertura 1:10, bitola larga","un",560045.28379999998]
["M2252","AMV tipo TR45, abertura 1:12, bitola larga","un",614936.49309999996]
["M2253","AMV tipo TR45, abertura 1:14, bitola larga","un",675316.43790000002]
["M2254","AMV tipo TR57, abertura 1:8, bitola larga","un",647132.5564]
["M2255","AMV tipo TR57, abertura 1:10, bitola larga","un",710383.45290000003]
["M2256","AMV tipo TR57, abertura 1:12, bitola larga","un",779909.89780000004]
["M2257","AMV tipo TR57, abertura 1:14, bitola larga","un",863948.32860000001]
["M2258","AMV tipo TR57, abertura 1:20, bitola larga","un",1032202.2931]
["M2259","AMV tipo TR68, abertura 1:10, bitola larga","un",852163.16170000006]
["M2260","AMV tipo TR68, abertura 1:12, bitola larga","un",929136.826]
["M2261","AMV tipo TR68, abertura 1:14, bitola larga","un",1026355.01]
["M2262","AMV tipo UIC60, abertura 1:10, bitola larga","un",743015.44609999994]
["M2263","AMV tipo TR68, abertura 1:20, bitola larga","un",1237819.0861]
["M2264","AMV tipo TR45, abertura 1:8, bitola mista","un",613746.1764]
["M2265","AMV tipo TR45, abertura 1:10, bitola mista","un",673608.8615]
["M2266","AMV tipo TR45, abertura 1:12, bitola mista","un",739457.9436]
["M2267","AMV tipo TR45, abertura 1:14, bitola mista","un",819451.14690000005]
["M2268","AMV tipo TR57, abertura 1:8, bitola mista","un",773661.6581]
["M2269","AMV tipo TR57, abertura 1:10, bitola mista","un",857075.20070000004]
["M2270","AMV tipo TR57, abertura 1:12, bitola mista","un",940514.96660000004]
["M2271","AMV tipo TR57, abertura 1:14, bitola mista","un",1026323.8112999999]
["M2272","AMV tipo TR57, abertura 1:20, bitola mista","un",1256901.2174]
["M2273","AMV tipo TR68, abertura 1:10, bitola mista","un",1018113.2323]
["M2274","AMV tipo TR68, abertura 1:12, bitola mista","un",1111681.9358000001]
["M2275","AMV tipo TR68, abertura 1:14, bitola mista","un",1237883.3419999999]
["M2276","Revestimento com conector linha AW","m",384.17570000000001]
["M2277","AMV tipo TR68, abertura 1:20, bitola mista","un",1478778.554]
["M2281","Dormente de madeira bitola larga - C = 280 cm, L = 24 cm e H = 17 cm","un",451.80650000000003]
["M2282","Dormente de madeira bitola métrica - C = 200 cm, L = 22 cm e H = 16 cm","un",236.17099999999999]
["M2284","Revestimento com conector linha HW","m",807.28980000000001]
["M2285","Revestimento com conector linha NW","m",654.34670000000006]
["M2292","AMV tipo UIC60, abertura 1:12, bitola métrica","un",711232.571]
["M2293","AMV tipo UIC60, abertura 1:14, bitola métrica","un",781242.22]
["M2294","AMV tipo UIC60, abertura 1:20, bitola métrica","un",940831.39210000006]
["M2298","AMV tipo UIC60, abertura 1:10, bitola mista","un",895043.95279999997]
["M2299","AMV tipo UIC60, abertura 1:12, bitola mista","un",982878.17669999995]
["M2300","AMV tipo UIC60, abertura 1:14, bitola mista","un",1079495.5338999999]
["M2301","AMV tipo UIC60, abertura 1:20, bitola mista","un",1308757.5534999999]
["M2303","Sapata de widia linha NW","un",527.55619999999999]
["M2304","Broca de arraste com três asas linha NW","un",1917.308]
["M2308","Dormente de madeira para pontes - C = 300 cm, L = 25 cm e H = 20 cm","un",489.3408]
["M2313","AMV tipo UIC60, abertura 1:12, bitola larga","un",821771.07010000001]
["M2314","AMV tipo UIC60, abertura 1:14, bitola larga","un",902277.87730000005]
["M2316","AMV tipo UIC60, abertura 1:20, bitola larga","un",1079392.7246000001]
["M2317","Tubo de revestimento em aço-carbono schedule 40 para estaca raiz - ponteira schedule 80, D = 141,3 mm, peso 24 kg/m","m",477.06169999999997]
["M2318","Tubo de revestimento em aço-carbono schedule 40 para estaca raiz - ponteira schedule 80, D = 168,3 mm, peso 31 kg/m","m",593.46289999999999]
["M2319","Tubo de revestimento em aço-carbono schedule 40 para estaca raiz - ponteira schedule 80, D = 219,1 mm, peso 47 kg/m","m",845.70259999999996]
["M2320","Tubo de revestimento em aço-carbono schedule 40 para estaca raiz - ponteira schedule 80, D = 273,0 mm, peso 67 kg/m","m",1282.7581]
["M2321","Tubo de revestimento em aço-carbono schedule 40 para estaca raiz - ponteira schedule 80, D = 323,8 mm, peso 90 kg/m","m",1630.7034000000001]
["M2322","Tubo de revestimento em aço-carbono schedule 40 para estaca raiz - ponteira schedule 80, D = 406,0 mm, peso 143 kg/m","m",3160.3134]
["M2325","Anel de compensação angular para tirantes com diâmetro de 30 mm","un",63.325499999999998]
["M2326","Anel de compensação angular para tirantes com diâmetro de 32 mm","un",87.726399999999998]
["M2327","Anel de compensação angular para tirantes com diâmetro de 40 mm","un",94.568600000000004]
["M2328","Anel de compensação angular para tirantes com diâmetro de 44 mm","un",108.22620000000001]
["M2329","Anel de compensação angular para tirantes com diâmetro de 50 mm","un",119.0153]
["M2330","Anel de compensação angular para tirantes com diâmetro de 53 mm","un",129.91130000000001]
["M2331","Anel de compensação angular para tirantes com diâmetro de 57 mm","un",142.52539999999999]
["M2332","Anel de compensação angular para tirantes com diâmetro de 63 mm","un",157.55719999999999]
["M2333","Anel de compensação angular para tirantes com diâmetro de 69 mm","un",178.45609999999999]
["M2334","Coroa de widia linha BWG","un",503.58749999999998]
["M2352","Conjunto para solda aluminotérmica de TR45 - porção, fôrmas, acendedor, pasta de vedação e cadinho descartável","un",1390.42]
["M2353","Conjunto para solda aluminotérmica de TR57 - porção, fôrmas, acendedor, pasta de vedação e cadinho descartável","un",1370.1]
["M2354","Conjunto para solda aluminotérmica de TR68 - porção, fôrmas, acendedor, pasta de vedação e cadinho descartável","un",1445.53]
["M2355","Conjunto para solda aluminotérmica de UIC60 - porção, fôrmas, acendedor, pasta de vedação e cadinho descartável","un",1393.45]
["M2356","Brita padrão para lastro ferroviário","m³",155.53049999999999]
["M2358","Palmilha de borracha para dormente de concreto","un",10.3658]
["M2364","Broca para furar trilho - D = 29 mm (1 1/8\")","un",1354.4204]
["M2365","Disco de corte abrasivo para máquina para serrar trilho - D = 350 mm","un",25.656099999999999]
["M2370","Dormentes de madeira para AMV","m³",3400.8490000000002]
["M2379","Coroa de diamante linha BWG","un",1047.749]
["M2383","Revestimento com conector linha BW","m",518.59400000000005]
["M2386","Corda de poliamida - D = 12,0 mm e capacidade de carga de 2.200 kg","m",4.5255000000000001]
["M2388","Broca de widia - D = 16 mm e C = 150 mm","un",40.0015]
["M2389","Broca de widia - D = 19 mm e C = 160 mm","un",83.559700000000007]
["M2419","Parafuso de cabeça abaulada em aço inox com porca e arruela - D = 6 mm (M6) e C = 30 mm","un",0.93500000000000005]
["M2420","Parafuso de cabeça abaulada em aço inox com porca e arruela - D = 8 mm (M8) e C = 50 mm","un",2.6334]
["M2421","Mangueira cristal trançada de PVC com pressão de trabalho de 1,50 MPa (250 psi) - D = 9,5 mm (3/8\")","m",3.7522000000000002]
["M2423","Fôrma plástica para nicho de protensão de cordoalha - D = 15,2 mm","un",2.3765000000000001]
["M2424","Fôrma plástica para nicho de protensão de cordoalha - D = 12,7 mm","un",1.1057999999999999]
["M2425","Cordoalha engraxada tipo CP 190 RB - D = 15,2 mm","kg",14.4194]
["M2426","Cordoalha engraxada tipo CP 190 RB - D = 12,7 mm","kg",14.4194]
["M2427","Bainha metálica para protensão - D = 35 mm","m",12.638199999999999]
["M2428","Bainha metálica para protensão - D = 30 mm","m",11.8331]
["M2429","Ancoragem passiva aderente para 8 cordoalhas - D = 15,2 mm","un",108.0656]
["M2430","Ancoragem passiva aderente para 31 cordoalhas - D = 15,2 mm","un",698.2912]
["M2431","Ancoragem ativa para cordoalha engraxada - D = 12,7 mm","un",70.454700000000003]
["M2432","Ancoragem ativa para cordoalha engraxada - D = 15,2 mm","un",102.3489]
["M2433","Ancoragem passiva aderente para 10 cordoalhas - D = 12,7 mm","un",136.58109999999999]
["M2434","Ancoragem passiva aderente para 12 cordoalhas - D = 12,7 mm","un",167.45339999999999]
["M2435","Ancoragem passiva aderente para 12 cordoalhas - D = 15,2 mm","un",170.28059999999999]
["M2436","Ancoragem passiva aderente para 15 cordoalhas - D = 12,7 mm","un",220.3398]
["M2437","Ancoragem passiva aderente para 15 cordoalhas - D = 15,2 mm","un",268.86369999999999]
["M2438","Ancoragem passiva aderente para 19 cordoalhas - D = 12,7 mm","un",271.4658]
["M2439","Ancoragem passiva aderente para 19 cordoalhas - D = 15,2 mm","un",286.95569999999998]
["M2440","Ancoragem passiva aderente para 22 cordoalhas - D = 12,7 mm","un",335.59440000000001]
["M2441","Ancoragem passiva aderente para 22 cordoalhas - D = 15,2 mm","un",397.15640000000002]
["M2442","Ancoragem passiva aderente para 27 cordoalhas - D = 12,7 mm","un",465.65609999999998]
["M2443","Ancoragem passiva aderente para 27 cordoalhas - D = 15,2 mm","un",568.06910000000005]
["M2444","Ancoragem passiva aderente para 31 cordoalhas - D = 12,7 mm","un",538.00019999999995]
["M2445","Ancoragem passiva aderente para 4 cordoalhas - D = 12,7 mm","un",55.345500000000001]
["M2446","Ancoragem passiva aderente para 4 cordoalhas - D = 15,2 mm","un",58.177]
["M2447","Ancoragem passiva aderente para 6 cordoalhas - D = 12,7 mm","un",91.582999999999998]
["M2448","Ancoragem passiva aderente para 6 cordoalhas - D = 15,2 mm","un",87.0929]
["M2449","Ancoragem passiva aderente para 7 cordoalhas - D = 12,7 mm","un",103.96]
["M2450","Ancoragem passiva aderente para 7 cordoalhas - D = 15,2 mm","un",108.0656]
["M2451","Ancoragem passiva aderente para 8 cordoalhas - D = 12,7 mm","un",103.96]
["M2452","Ancoragem passiva aderente para 9 cordoalhas - D = 12,7 mm","un",131.52170000000001]
["M2453","Ancoragem passiva aderente para 9 cordoalhas - D = 15,2 mm","un",138.1386]
["M2454","Ancoragem passiva aderente para lajes para 1 cordoalha - D = 12,7 mm","un",18.395099999999999]
["M2455","Ancoragem passiva aderente para lajes para 1 cordoalha - D = 15,2 mm","un",23.941600000000001]
["M2456","Ancoragem passiva aderente para lajes para 2 cordoalhas - D = 12,7 mm","un",23.2058]
["M2457","Ancoragem passiva aderente para lajes para 2 cordoalhas - D = 15,2 mm","un",30.622299999999999]
["M2458","Ancoragem passiva aderente para lajes para 3 cordoalhas - D = 12,7 mm","un",42.818100000000001]
["M2459","Ancoragem passiva aderente para lajes para 3 cordoalhas - D = 15,2 mm","un",51.880600000000001]
["M2460","Ancoragem passiva aderente para lajes para 4 cordoalhas - D = 12,7 mm","un",48.058300000000003]
["M2461","Ancoragem passiva aderente para lajes para 4 cordoalhas - D = 15,2 mm","un",56.162199999999999]
["M2462","Mangueira cristal trançada de PVC com pressão de trabalho de 1,50 MPa (250 psi) - D = 19,0 mm (3/4\")","m",8.3360000000000003]
["M2465","Bainha metálica para protensão - D = 40 mm","m",14.048400000000001]
["M2466","Bainha metálica para protensão - D = 45 mm","m",15.559699999999999]
["M2467","Bainha metálica para protensão - D = 50 mm","m",16.994299999999999]
["M2468","Bainha metálica para protensão - D = 55 mm","m",18.616700000000002]
["M2469","Bainha metálica para protensão - D = 60 mm","m",21.127099999999999]
["M2470","Bainha metálica para protensão - D = 65 mm","m",22.447299999999998]
["M2471","Bainha metálica para protensão - D = 70 mm","m",24.3094]
["M2472","Bainha metálica para protensão - D = 75 mm","m",25.340499999999999]
["M2473","Bainha metálica para protensão - D = 80 mm","m",27.985099999999999]
["M2474","Bainha metálica para protensão - D = 85 mm","m",30.0002]
["M2475","Bainha metálica para protensão - D = 90 mm","m",34.160800000000002]
["M2476","Bainha metálica para protensão - D = 95 mm","m",34.944000000000003]
["M2477","Bainha metálica para protensão - D = 100 mm","m",38.436500000000002]
["M2478","Bainha metálica para protensão - D = 110 mm","m",43.113100000000003]
["M2479","Bainha metálica para protensão - D = 120 mm","m",46.766399999999997]
["M2480","Bainha metálica para protensão - D = 130 mm","m",50.0732]
["M2481","Bainha metálica ovalizada para protensão - seção de 19 x 36 mm","m",11.6976]
["M2482","Bainha metálica ovalizada para protensão - seção de 19 x 48 mm","m",14.7905]
["M2483","Bainha metálica ovalizada para protensão - seção de 19 x 62 mm","m",15.209300000000001]
["M2484","Bainha metálica ovalizada para protensão - seção de 22 x 32 mm","m",11.960599999999999]
["M2485","Bainha metálica ovalizada para protensão - seção de 22 x 55 mm","m",16.277100000000001]
["M2486","Bainha metálica ovalizada para protensão - seção de 22 x 73 mm","m",17.7957]
["M2487","Espaçador plástico tipo centralizador carambola para grampo de barra de aço - D ≤ 25,4 mm","un",0.52280000000000004]
["M2488","Cinta para elevação de cargas tipo Grab com 1 ramal, anel de suspensão e gancho - C = 3 m a 5 m, capacidade de carga de 5.000 kg, F. S. = 4:1","un",1329.0327]
["M2489","Cinta para elevação de cargas tipo Grab com 2 ramais, anel de suspensão e ganchos - C = 3 m a 5 m, capacidade de carga de 5.000 kg, F. S. = 4:1","un",2607.6133]
["M2490","Cinta para elevação de cargas tipo sling com 1 ramal - C = 2 m a 3 m, capacidade de carga de 1.000 kg, F. S. = 7:1","un",35.027500000000003]
["M2500","Chapa metálica corrugada galvanizada para tunnel liner - E = 2,2 mm e D = 1,2 m","m",3162.5066000000002]
["M2501","Chapa metálica corrugada galvanizada para tunnel liner - E = 2,2 mm e D = 1,4 m","m",3590.8018999999999]
["M2502","Chapa metálica corrugada galvanizada para tunnel liner - E = 2,2 mm e D = 1,6 m","m",4249.6905999999999]
["M2503","Chapa metálica corrugada galvanizada para tunnel liner - E = 2,2 mm e D = 1,8 m","m",4864.7601000000004]
["M2504","Chapa metálica corrugada galvanizada para tunnel liner - E = 2,2 mm e D = 2,0 m","m",5361.4718000000003]
["M2505","Chapa metálica corrugada galvanizada para tunnel liner - E = 2,2 mm e D = 2,2 m","m",5924.9857000000002]
["M2506","Chapa metálica corrugada galvanizada para tunnel liner - E = 2,2 mm e D = 2,4 m","m",6388.3773000000001]
["M2507","Chapa metálica corrugada galvanizada para tunnel liner - E = 2,2 mm e D = 2,6 m","m",6950.5105999999996]
["M2508","Chapa metálica corrugada galvanizada para tunnel liner - E = 2,2 mm e D = 2,8 m","m",7445.9973]
["M2509","Chapa metálica corrugada galvanizada para tunnel liner - E = 2,2 mm e D = 3,0 m","m",8042.6764000000003]
["M2510","Chapa metálica corrugada galvanizada para tunnel liner - E = 2,7 mm e D = 3,2 m","m",9649.1100999999999]
["M2511","Chapa metálica corrugada galvanizada para tunnel liner - E = 2,7 mm e D = 3,4 m","m",10330.7381]
["M2512","Chapa metálica corrugada galvanizada para tunnel liner - E = 2,7 mm e D = 3,6 m","m",10859.0339]
["M2513","Chapa metálica corrugada galvanizada para tunnel liner - E = 2,7 mm e D = 3,8 m","m",11479.7341]
["M2514","Chapa metálica corrugada galvanizada para tunnel liner - E = 2,7 mm e D = 4,0 m","m",12077.4827]
["M2515","Chapa metálica corrugada galvanizada para tunnel liner - E = 3,4 mm e D = 4,2 m","m",15086.4712]
["M2516","Chapa metálica corrugada galvanizada para tunnel liner - E = 3,4 mm e D = 4,4 m","m",15741.447700000001]
["M2517","Chapa metálica corrugada galvanizada para tunnel liner - E = 3,4 mm e D = 4,6 m","m",16514.0448]
["M2518","Chapa metálica corrugada galvanizada para tunnel liner - E = 3,9 mm e D = 4,8 m","m",18963.3184]
["M2519","Chapa metálica corrugada galvanizada para tunnel liner - E = 3,9 mm e D = 5,0 m","m",19837.266800000001]
["M2520","Chapa metálica corrugada galvanizada revestida com epóxi para tunnel liner - E = 2,2 mm e D = 1,2 m","m",3309.8874000000001]
["M2521","Chapa metálica corrugada galvanizada revestida com epóxi para tunnel liner - E = 2,2 mm e D = 1,4 m","m",3758.1424000000002]
["M2522","Chapa metálica corrugada galvanizada revestida com epóxi para tunnel liner - E = 2,2 mm e D = 1,6 m","m",4447.7430000000004]
["M2523","Chapa metálica corrugada galvanizada revestida com epóxi para tunnel liner - E = 2,2 mm e D = 1,8 m","m",5090.4452000000001]
["M2524","Chapa metálica corrugada galvanizada revestida com epóxi para tunnel liner - E = 2,2 mm e D = 2,0 m","m",5610.1857]
["M2525","Chapa metálica corrugada galvanizada revestida com epóxi para tunnel liner - E = 2,2 mm e D = 2,2 m","m",6199.7975999999999]
["M2526","Chapa metálica corrugada galvanizada revestida com epóxi para tunnel liner - E = 2,2 mm e D = 2,4 m","m",6684.6836000000003]
["M2527","Chapa metálica corrugada galvanizada revestida com epóxi para tunnel liner - E = 2,2 mm e D = 2,6 m","m",7272.915]
["M2528","Chapa metálica corrugada galvanizada revestida com epóxi para tunnel liner - E = 2,2 mm e D = 2,8 m","m",7791.4305000000004]
["M2529","Chapa metálica corrugada galvanizada revestida com epóxi para tunnel liner - E = 2,2 mm e D = 3,0 m","m",8415.7422999999999]
["M2530","Chapa metálica corrugada galvanizada revestida com epóxi para tunnel liner - E = 2,7 mm e D = 3,2 m","m",10194.7822]
["M2531","Chapa múltipla metálica corrugada galvanizada tipo MP 100 ou similar - E = 1,60 mm e D = 0,60 m","m",1309.4286]
["M2532","Chapa múltipla metálica corrugada galvanizada tipo MP 100 ou similar - E = 1,60 mm e D = 0,70 m","m",1514.0246999999999]
["M2533","Chapa múltipla metálica corrugada galvanizada tipo MP 100 ou similar - E = 1,60 mm e D = 0,80 m","m",1718.6276]
["M2534","Chapa múltipla metálica corrugada galvanizada tipo MP 100 ou similar - E = 1,60 mm e D = 0,90 m","m",1882.2986000000001]
["M2535","Chapa múltipla metálica corrugada galvanizada tipo MP 100 ou similar - E = 1,60 mm e D = 1,00 m","m",2086.91]
["M2536","Chapa múltipla metálica corrugada galvanizada tipo MP 100 ou similar - E = 1,60 mm e D = 1,10 m","m",2373.3802000000001]
["M2537","Chapa múltipla metálica corrugada galvanizada tipo MP 100 ou similar - E = 1,60 mm e D = 1,20 m","m",2537.0578]
["M2538","Chapa múltipla metálica corrugada galvanizada tipo MP 100 ou similar - E = 1,60 mm e D = 1,30 m","m",2741.6496000000002]
["M2539","Chapa múltipla metálica corrugada galvanizada tipo MP 100 ou similar - E = 1,60 mm e D = 1,40 m","m",2905.3431]
["M2540","Chapa múltipla metálica corrugada galvanizada tipo MP 100 ou similar - E = 1,60 mm e D = 1,50 m","m",3109.8917999999999]
["M2541","Chapa múltipla metálica corrugada galvanizada tipo MP 100 ou similar - E = 1,60 mm e D = 1,60 m","m",3314.5373]
["M2542","Chapa múltipla metálica corrugada galvanizada tipo MP 100 ou similar - E = 1,60 mm e D = 1,70 m","m",3478.2004999999999]
["M2543","Chapa múltipla metálica corrugada galvanizada tipo MP 100 ou similar - E = 1,60 mm e D = 1,80 m","m",3682.7469000000001]
["M2544","Chapa múltipla metálica corrugada galvanizada tipo MP 100 ou similar - E = 2,00 mm e D = 1,90 m","m",4300.2182000000003]
["M2545","Chapa múltipla metálica corrugada galvanizada tipo MP 100 ou similar - E = 2,00 mm e D = 2,00 m","m",4532.7121999999999]
["M2546","Chapa múltipla metálica corrugada galvanizada tipo MP 100 ou similar - E = 2,00 mm e D = 2,10 m","m",4842.4897000000001]
["M2547","Chapa múltipla metálica corrugada galvanizada tipo MP 100 ou similar - E = 2,00 mm e D = 2,20 m","m",4958.8653999999997]
["M2548","Chapa múltipla metálica corrugada galvanizada tipo MP 100 ou similar - E = 2,00 mm e D = 2,30 m","m",5152.5069999999996]
["M2549","Chapa múltipla metálica corrugada galvanizada tipo MP 100 ou similar - E = 2,70 mm e D = 2,40 m","m",6834.9065000000001]
["M2550","Chapa múltipla metálica corrugada galvanizada tipo MP 100 ou similar - E = 3,40 mm e D = 2,50 m","m",8691.2980000000007]
["M2551","Chapa múltipla metálica corrugada galvanizada tipo MP 100 ou similar - E = 3,40 mm e D = 2,60 m","m",9185.0364000000009]
["M2552","Chapa múltipla metálica corrugada galvanizada tipo MP 100 ou similar - E = 3,40 mm e D = 2,70 m","m",9362.5251000000007]
["M2553","Chapa múltipla metálica corrugada galvanizada tipo MP 100 ou similar - E = 3,40 mm e D = 2,80 m","m",9821.9426999999996]
["M2554","Chapa múltipla metálica corrugada galvanizada tipo MP 152 ou similar - E = 2,70 mm e D = 1,50 m","m",6497.7089999999998]
["M2555","Chapa múltipla metálica corrugada galvanizada tipo MP 152 ou similar - E = 2,70 mm e D = 1,80 m","m",7856.7934999999998]
["M2556","Chapa múltipla metálica corrugada galvanizada tipo MP 152 ou similar - E = 2,70 mm e D = 1,90 m","m",8111.8332]
["M2557","Chapa múltipla metálica corrugada galvanizada tipo MP 152 ou similar - E = 2,70 mm e D = 2,15 m","m",9215.9390000000003]
["M2558","Chapa múltipla metálica corrugada galvanizada tipo MP 152 ou similar - E = 2,70 mm e D = 2,30 m","m",9725.7060999999994]
["M2559","Chapa múltipla metálica corrugada galvanizada tipo MP 152 ou similar - E = 2,70 mm e D = 2,65 m","m",11382.612800000001]
["M2560","Chapa múltipla metálica corrugada galvanizada tipo MP 152 ou similar - E = 2,70 mm e D = 3,05 m","m",12995.428]
["M2561","Chapa múltipla metálica corrugada galvanizada tipo MP 152 ou similar - E = 2,70 mm e D = 3,20 m","m",13803.0411]
["M2562","Chapa múltipla metálica corrugada galvanizada tipo MP 152 ou similar - E = 2,70 mm e D = 3,40 m","m",14610.73]
["M2563","Chapa múltipla metálica corrugada galvanizada tipo MP 152 ou similar - E = 2,70 mm e D = 3,65 m","m",15672.9962]
["M2564","Chapa múltipla metálica corrugada galvanizada tipo MP 152 ou similar - E = 2,70 mm e D = 3,80 m","m",16224.869000000001]
["M2565","Chapa múltipla metálica corrugada galvanizada tipo MP 152 ou similar - E = 2,70 mm e D = 4,20 m","m",17881.8181]
["M2566","Chapa múltipla metálica corrugada galvanizada tipo MP 152 ou similar - E = 2,70 mm e D = 4,60 m","m",19493.136999999999]
["M2567","Chapa múltipla metálica corrugada galvanizada tipo MP 152 ou similar - E = 3,40 mm e D = 4,80 m","m",22166.5517]
["M2568","Chapa múltipla metálica corrugada galvanizada tipo MP 152 ou similar - E = 3,40 mm e D = 5,00 m","m",22792.311099999999]
["M2569","Chapa múltipla metálica corrugada galvanizada tipo MP 152 ou similar - E = 3,90 mm e D = 5,35 m","m",28569.620900000002]
["M2570","Chapa múltipla metálica corrugada galvanizada tipo MP 152 ou similar - E = 3,90 mm e D = 5,70 m","m",30614.430199999999]
["M2571","Chapa múltipla metálica corrugada galvanizada tipo MP 152 ou similar - E = 4,70 mm e D = 6,10 m","m",37823.073299999996]
["M2572","Chapa múltipla metálica corrugada galvanizada tipo MP 152 ou similar - E = 6,40 mm e D = 6,50 m","m",45061.075799999999]
["M2573","Chapa múltipla metálica corrugada galvanizada tipo MP 152 ou similar - E = 6,40 mm e D = 6,85 m","m",47547.535900000003]
["M2574","Chapa múltipla metálica corrugada galvanizada tipo MP 152 ou similar - E = 6,40 mm e D = 7,25 m","m",50339.371400000004]
["M2580","Parafuso de cabeça sextavada em aço galvanizado com porca e arruela de pressão - D = 7,938 mm (5/16\")","cj",0.73519999999999996]
["M2585","Tirante de barra de aço - tensão de escoamento = 520 MPa, tensão de ruptura = 690 MPa e D = 25 mm","m",72.78]
["M2586","Tirante de barra de aço - tensão de escoamento = 700 MPa, tensão de ruptura = 800 MPa e D = 19 mm","m",39.19]
["M2587","Tirante de barra de aço - tensão de escoamento = 700 MPa, tensão de ruptura = 800 MPa e D = 22 mm","m",55.3626]
["M2588","Tirante de barra de aço - tensão de escoamento = 700 MPa, tensão de ruptura = 800 MPa e D = 25 mm","m",70.767499999999998]
["M2589","Tirante de barra de aço - tensão de escoamento = 700 MPa, tensão de ruptura = 800 MPa e D = 32 mm","m",114.3287]
["M2590","Tirante de barra de aço - tensão de escoamento = 700 MPa, tensão de ruptura = 800 MPa e D = 36 mm","m",142.0307]
["M2591","Luva em aço para emenda de tirantes - D = 73 mm e C = 150 mm","un",177.68289999999999]
["M2597","Concreto usinado - fck = 40 MPa (comercial)","m³","-"]
["M2598","Concreto usinado - fck = 45 MPa (comercial)","m³","-"]
["M2599","Concreto usinado - fck = 50 MPa (comercial)","m³","-"]
["M2601","Aparelho de apoio metálico esférico fixo com 4 chumbadores e capacidade de 1.000 kN","un",7433.9057000000003]
["M2602","Aparelho de apoio metálico esférico unidirecional com 4 chumbadores e capacidade de 1.500 kN","un",15271.9548]
["M2603","Aparelho de apoio metálico esférico fixo com 4 chumbadores e capacidade de 1.500 kN","un",11749.3138]
["M2604","Aparelho de apoio metálico esférico fixo com 4 chumbadores e capacidade de 2.000 kN","un",13589.3681]
["M2605","Aparelho de apoio metálico esférico fixo com 4 chumbadores e capacidade de 2.500 kN","un",16469.656500000001]
["M2606","Aparelho de apoio metálico esférico fixo com 4 chumbadores e capacidade de 3.000 kN","un",19703.3406]
["M2607","Aparelho de apoio metálico esférico fixo com 4 chumbadores e capacidade de 3.500 kN","un",22805.620999999999]
["M2608","Aparelho de apoio metálico esférico fixo com 4 chumbadores e capacidade de 4.000 kN","un",30931.024300000001]
["M2609","Aparelho de apoio metálico esférico unidirecional com 4 chumbadores e capacidade de 1.000 kN","un",11288.8768]
["M2610","Aparelho de apoio metálico esférico unidirecional com 4 chumbadores e capacidade de 2.000 kN","un",18663.246200000001]
["M2611","Aparelho de apoio metálico esférico unidirecional com 4 chumbadores e capacidade de 2.500 kN","un",22194.2065]
["M2612","Aparelho de apoio metálico esférico unidirecional com 4 chumbadores e capacidade de 3.000 kN","un",25417.811900000001]
["M2613","Aparelho de apoio metálico esférico unidirecional com 4 chumbadores e capacidade de 3.500 kN","un",29505.913799999998]
["M2614","Aparelho de apoio metálico esférico unidirecional com 4 chumbadores e capacidade de 4.000 kN","un",33071.587299999999]
["M2615","Aparelho de apoio metálico esférico fixo com 4 chumbadores e capacidade de 4.500 kN","un",33046.780899999998]
["M2616","Aparelho de apoio metálico esférico fixo com 4 chumbadores e capacidade de 5.000 kN","un",36863.676599999999]
["M2617","Aparelho de apoio metálico esférico fixo com 4 chumbadores e capacidade de 5.500 kN","un",39285.678099999997]
["M2618","Aparelho de apoio metálico esférico fixo com 4 chumbadores e capacidade de 6.000 kN","un",44247.393100000001]
["M2619","Aparelho de apoio metálico esférico fixo com 4 chumbadores e capacidade de 6.500 kN","un",47800.127899999999]
["M2620","Aparelho de apoio metálico esférico fixo com 4 chumbadores e capacidade de 7.000 kN","un",56720.915000000001]
["M2621","Aparelho de apoio metálico esférico fixo com 4 chumbadores e capacidade de 7.500 kN","un",56257.340600000003]
["M2622","Aparelho de apoio metálico esférico fixo com 4 chumbadores e capacidade de 8.000 kN","un",57692.790800000002]
["M2623","Grelha metálica para boca de lobo com capacidade de até 300 kN - C = 0,90 m e L = 0,30 m","un",520.18299999999999]
["M2624","Grelha de piso em PVC para passagem de pedestres - C = 50 cm e L = 13 cm","un",71.606700000000004]
["M2625","Marco em PVC para grelha de piso - L = 2,50 m","un",88.624300000000005]
["M2626","Grelha de piso em PVC para passagem de veículos de até 3 t - C = 50 cm e L = 13 cm","un",90.532700000000006]
["M2627","Grelha de piso em PVC para passagem de veículos de até 10 t - C = 50 cm e L = 13 cm","un",130.2824]
["M2628","Grelha de piso em PVC para passagem de pedestres - C = 50 cm e L = 20 cm","un",119.5877]
["M2629","Grelha de piso em PVC para passagem de veículos de até 3 t - C = 50 cm e L = 20 cm","un",141.18530000000001]
["M2631","Grelha metálica para canaletas - C = 1,00 m e L = 0,10 m","un",76.128799999999998]
["M2632","Grelha metálica para canaletas - C = 1,00 m e L = 0,15 m","un",158.23330000000001]
["M2633","Porta-grelha metálica - C = 1,00 m e L = 0,15 m","m",125.8111]
["M2634","Grelha metálica para canaletas - C = 1,00 m e L = 0,20 m","un",306.08260000000001]
["M2635","Porta-grelha metálica - C = 1,00 m e L = 0,20 m","m",122.13890000000001]
["M2636","Porta-grelha metálica - C = 1,00 m e L = 0,10 m","m",83.9191]
["M2637","Aparelho de apoio metálico esférico fixo com 4 chumbadores e capacidade de 8.500 kN","un",59419.0815]
["M2638","Aparelho de apoio metálico esférico fixo com 4 chumbadores e capacidade de 9.000 kN","un",69950.084099999993]
["M2639","Aparelho de apoio metálico esférico fixo com 4 chumbadores e capacidade de 9.500 kN","un",74228.764500000005]
["M2640","Aparelho de apoio metálico esférico fixo com 4 chumbadores e capacidade de 10.000 kN","un",77963.421400000007]
["M2641","Aparelho de apoio metálico esférico unidirecional com 4 chumbadores e capacidade de 4.500 kN","un",37933.464099999997]
["M2642","Aparelho de apoio metálico esférico unidirecional com 4 chumbadores e capacidade de 5.000 kN","un",43317.039299999997]
["M2643","Aparelho de apoio metálico esférico unidirecional com 4 chumbadores e capacidade de 5.500 kN","un",45450.417000000001]
["M2644","Aparelho de apoio metálico esférico unidirecional com 4 chumbadores e capacidade de 6.000 kN","un",50809.640500000001]
["M2645","Aparelho de apoio metálico esférico unidirecional com 4 chumbadores e capacidade de 6.500 kN","un",54475.641600000003]
["M2646","Aparelho de apoio metálico esférico unidirecional com 4 chumbadores e capacidade de 7.000 kN","un",58533.748200000002]
["M2647","Aparelho de apoio metálico esférico unidirecional com 4 chumbadores e capacidade de 7.500 kN","un",62838.696300000003]
["M2648","Fincapino de ação direta e pino com furo - D = 6,35 mm (1/4\")","un",1.4444999999999999]
["M2649","Aparelho de apoio metálico esférico unidirecional com 4 chumbadores e capacidade de 8.000 kN","un",66779.510800000004]
["M2650","Aparelho de apoio metálico esférico unidirecional com 4 chumbadores e capacidade de 8.500 kN","un",71970.174299999999]
["M2651","Chapa múltipla metálica corrugada revestida em epóxi tipo MP 100 ou similar - E = 1,60 mm e D = 0,60 m","m",1374.7841000000001]
["M2652","Chapa múltipla metálica corrugada revestida em epóxi tipo MP 100 ou similar - E = 1,60 mm e D = 0,70 m","m",1589.5907]
["M2653","Chapa múltipla metálica corrugada revestida em epóxi tipo MP 100 ou similar - E = 1,60 mm e D = 0,80 m","m",1804.4141999999999]
["M2654","Chapa múltipla metálica corrugada revestida em epóxi tipo MP 100 ou similar - E = 1,60 mm e D = 0,90 m","m",1976.2596000000001]
["M2655","Chapa múltipla metálica corrugada revestida em epóxi tipo MP 100 ou similar - E = 1,60 mm e D = 1,00 m","m",2191.0716000000002]
["M2656","Chapa múltipla metálica corrugada revestida em epóxi tipo MP 100 ou similar - E = 1,60 mm e D = 1,10 m","m",2491.8344999999999]
["M2657","Chapa múltipla metálica corrugada revestida em epóxi tipo MP 100 ou similar - E = 1,60 mm e D = 1,20 m","m",2663.6866]
["M2658","Chapa múltipla metálica corrugada revestida em epóxi tipo MP 100 ou similar - E = 1,60 mm e D = 1,30 m","m",2878.4888999999998]
["M2659","Chapa múltipla metálica corrugada revestida em epóxi tipo MP 100 ou similar - E = 1,60 mm e D = 1,40 m","m",3050.3569000000002]
["M2660","Chapa múltipla metálica corrugada revestida em epóxi tipo MP 100 ou similar - E = 1,60 mm e D = 1,50 m","m",3265.1161000000002]
["M2661","Chapa múltipla metálica corrugada revestida em epóxi tipo MP 100 ou similar - E = 1,60 mm e D = 1,60 m","m",3479.9721]
["M2662","Chapa múltipla metálica corrugada revestida em epóxi tipo MP 100 ou similar - E = 1,60 mm e D = 1,70 m","m",3651.8098]
["M2663","Chapa múltipla metálica corrugada revestida em epóxi tipo MP 100 ou similar - E = 1,60 mm e D = 1,80 m","m",3866.5666999999999]
["M2664","Chapa múltipla metálica corrugada revestida em epóxi tipo MP 100 ou similar - E = 2,00 mm e D = 1,90 m","m",4540.6172999999999]
["M2665","Chapa múltipla metálica corrugada revestida em epóxi tipo MP 100 ou similar - E = 2,00 mm e D = 2,00 m","m",4786.1100999999999]
["M2666","Chapa múltipla metálica corrugada revestida em epóxi tipo MP 100 ou similar - E = 2,00 mm e D = 2,10 m","m",5113.2195000000002]
["M2667","Chapa múltipla metálica corrugada revestida em epóxi tipo MP 100 ou similar - E = 2,00 mm e D = 2,20 m","m",5236.0846000000001]
["M2668","Chapa múltipla metálica corrugada revestida em epóxi tipo MP 100 ou similar - E = 2,00 mm e D = 2,30 m","m",5440.5685999999996]
["M2669","Chapa múltipla metálica corrugada revestida em epóxi tipo MP 100 ou similar - E = 2,70 mm e D = 2,40 m","m",7316.8179]
["M2670","Chapa múltipla metálica corrugada revestida em epóxi tipo MP 100 ou similar - E = 3,40 mm e D = 2,50 m","m",9375.8354999999992]
["M2671","Chapa múltipla metálica corrugada revestida em epóxi tipo MP 100 ou similar - E = 3,40 mm e D = 2,60 m","m",9908.5203999999994]
["M2672","Chapa múltipla metálica corrugada revestida em epóxi tipo MP 100 ou similar - E = 3,40 mm e D = 2,70 m","m",10099.930700000001]
["M2673","Chapa múltipla metálica corrugada revestida em epóxi tipo MP 100 ou similar - E = 3,40 mm e D = 2,80 m","m",10595.5165]
["M2674","Chapa múltipla metálica corrugada revestida em epóxi tipo MP 152 ou similar - E = 2,70 mm e D = 1,50 m","m",6711.6387999999997]
["M2675","Chapa múltipla metálica corrugada revestida em epóxi tipo MP 152 ou similar - E = 2,70 mm e D = 1,80 m","m",8115.4571999999998]
["M2676","Chapa múltipla metálica corrugada revestida em epóxi tipo MP 152 ou similar - E = 2,70 mm e D = 1,90 m","m",8378.8819000000003]
["M2677","Chapa múltipla metálica corrugada revestida em epóxi tipo MP 152 ou similar - E = 2,70 mm e D = 2,15 m","m",9519.3364999999994]
["M2678","Chapa múltipla metálica corrugada revestida em epóxi tipo MP 152 ou similar - E = 2,70 mm e D = 2,30 m","m",10045.8837]
["M2679","Chapa múltipla metálica corrugada revestida em epóxi tipo MP 152 ou similar - E = 2,70 mm e D = 2,65 m","m",11757.3336]
["M2680","Chapa múltipla metálica corrugada revestida em epóxi tipo MP 152 ou similar - E = 2,70 mm e D = 3,05 m","m",13423.2677]
["M2681","Chapa múltipla metálica corrugada revestida em epóxi tipo MP 152 ou similar - E = 2,70 mm e D = 3,20 m","m",14257.450199999999]
["M2682","Chapa múltipla metálica corrugada revestida em epóxi tipo MP 152 ou similar - E = 2,70 mm e D = 3,40 m","m",15091.6986]
["M2683","Chapa múltipla metálica corrugada revestida em epóxi tipo MP 152 ou similar - E = 2,70 mm e D = 3,65 m","m",16188.919400000001]
["M2684","Chapa múltipla metálica corrugada revestida em epóxi tipo MP 152 ou similar - E = 2,70 mm e D = 3,80 m","m",16758.976500000001]
["M2685","Chapa múltipla metálica corrugada revestida em epóxi tipo MP 152 ou similar - E = 2,70 mm e D = 4,20 m","m",18470.448700000001]
["M2686","Chapa múltipla metálica corrugada revestida em epóxi tipo MP 152 ou similar - E = 2,70 mm e D = 4,60 m","m",20134.906599999998]
["M2687","Chapa múltipla metálica corrugada revestida em epóxi tipo MP 152 ou similar - E = 3,40 mm e D = 4,80 m","m",25867.5815]
["M2688","Chapa múltipla metálica corrugada revestida em epóxi tipo MP 152 ou similar - E = 3,40 mm e D = 5,00 m","m",26597.853599999999]
["M2689","Chapa múltipla metálica corrugada revestida em epóxi tipo MP 152 ou similar - E = 3,90 mm e D = 5,35 m","m",32178.394899999999]
["M2690","Chapa múltipla metálica corrugada revestida em epóxi tipo MP 152 ou similar - E = 3,90 mm e D = 5,70 m","m",34481.306100000002]
["M2691","Chapa múltipla metálica corrugada revestida em epóxi tipo MP 152 ou similar - E = 4,70 mm e D = 6,10 m","m",42176.133399999999]
["M2692","Chapa múltipla metálica corrugada revestida em epóxi tipo MP 152 ou similar - E = 6,40 mm e D = 6,50 m","m",54220.652300000002]
["M2693","Chapa múltipla metálica corrugada revestida em epóxi tipo MP 152 ou similar - E = 6,40 mm e D = 6,85 m","m",55811.06]
["M2694","Chapa múltipla metálica corrugada revestida em epóxi tipo MP 152 ou similar - E = 6,40 mm e D = 7,25 m","m",60572.2883]
["M2695","Aparelho de apoio metálico esférico unidirecional com 4 chumbadores e capacidade de 9.000 kN","un",76209.691300000006]
["M2696","Aparelho de apoio metálico esférico unidirecional com 4 chumbadores e capacidade de 9.500 kN","un",80607.612800000003]
["M2697","Aparelho de apoio metálico esférico unidirecional com 4 chumbadores e capacidade de 10.000 kN","un",84902.579400000002]
["M2698","Fincapino de ação indireta e pino liso - D = 6,35 mm (1/4\")","un",0.97330000000000005]
["M2700","Corpo de BSCC pré-moldado comercial - seção de 1,5 m x 1,5 m - tipo I","m",3216.7579000000001]
["M2701","Corpo de BSCC pré-moldado comercial - seção de 1,5 m x 1,5 m - tipo II","m",3311.1596]
["M2702","Corpo de BSCC pré-moldado comercial - seção de 1,5 m x 1,5 m - tipo III","m",3367.18]
["M2703","Corpo de BSCC pré-moldado comercial - seção de 1,5 m x 1,5 m - tipo IV","m",3412.1165000000001]
["M2704","Corpo de BSCC pré-moldado comercial - seção de 1,5 m x 1,5 m - tipo V","m",4432.6836000000003]
["M2705","Corpo de BSCC pré-moldado comercial - seção de 1,5 m x 1,5 m - tipo VI","m",4506.4785000000002]
["M2706","Corpo de BSCC pré-moldado comercial - seção de 1,5 m x 1,5 m - tipo VII","m",4583.4070000000002]
["M2707","Corpo de BSCC pré-moldado comercial - seção de 2,0 m x 2,0 m - tipo I","m",4217.1549999999997]
["M2708","Corpo de BSCC pré-moldado comercial - seção de 2,0 m x 2,0 m - tipo II","m",4326.0824000000002]
["M2709","Corpo de BSCC pré-moldado comercial - seção de 2,0 m x 2,0 m - tipo III","m",4400.4894999999997]
["M2710","Corpo de BSCC pré-moldado comercial - seção de 2,0 m x 2,0 m - tipo IV","m",5140.4789000000001]
["M2711","Corpo de BSCC pré-moldado comercial - seção de 2,0 m x 2,0 m - tipo V","m",5444.7186000000002]
["M2712","Corpo de BSCC pré-moldado comercial - seção de 2,0 m x 2,0 m - tipo VI","m",5490.0239000000001]
["M2713","Corpo de BSCC pré-moldado comercial - seção de 2,0 m x 2,0 m - tipo VII","m",6117.2188999999998]
["M2714","Corpo de BSCC pré-moldado comercial - seção de 2,5 m x 2,5 m - tipo I","m",4444.5450000000001]
["M2715","Corpo de BSCC pré-moldado comercial - seção de 2,5 m x 2,5 m - tipo II","m",4978.5878000000002]
["M2716","Corpo de BSCC pré-moldado comercial - seção de 2,5 m x 2,5 m - tipo III","m",6439.1629000000003]
["M2717","Corpo de BSCC pré-moldado comercial - seção de 2,5 m x 2,5 m - tipo IV","m",6500.0273999999999]
["M2718","Corpo de BSCC pré-moldado comercial - seção de 2,5 m x 2,5 m - tipo V","m",6749.0355]
["M2719","Corpo de BSCC pré-moldado comercial - seção de 2,5 m x 2,5 m - tipo VI","m",8091.3698000000004]
["M2720","Corpo de BSCC pré-moldado comercial - seção de 2,5 m x 2,5 m - tipo VII","m",8450.0581000000002]
["M2721","Corpo de BSCC pré-moldado comercial - seção de 3,0 m x 3,0 m - tipo I","m",6739.8431]
["M2722","Corpo de BSCC pré-moldado comercial - seção de 3,0 m x 3,0 m - tipo II","m",7091.3095000000003]
["M2723","Corpo de BSCC pré-moldado comercial - seção de 3,0 m x 3,0 m - tipo III","m",8531.4040000000005]
["M2724","Corpo de BSCC pré-moldado comercial - seção de 3,0 m x 3,0 m - tipo IV","m",8650.8209000000006]
["M2725","Corpo de BSCC pré-moldado comercial - seção de 3,0 m x 3,0 m - tipo V","m",9636.6291999999994]
["M2726","Corpo de BSCC pré-moldado comercial - seção de 3,0 m x 3,0 m - tipo VI","m",9662.5858000000007]
["M2727","Corpo de BSCC pré-moldado comercial - seção de 3,0 m x 3,0 m - tipo VII","m",10548.8163]
["M2728","Corpo de BSCC pré-moldado comercial - seção canal de 1,5 m x 1,5 m","m",2617.6315]
["M2729","Corpo de BSCC pré-moldado comercial - seção canal de 2,0 m x 1,5 m","m",2820.6608000000001]
["M2730","Corpo de BSCC pré-moldado comercial - seção canal de 2,0 m x 2,0 m - tipo I","m",4293.4687999999996]
["M2731","Corpo de BSCC pré-moldado comercial - seção canal de 2,0 m x 2,0 m - tipo II","m",4446.9875000000002]
["M2732","Corpo de BSCC pré-moldado comercial - seção canal de 2,5 m x 1,5 m","m",3045.1288]
["M2733","Corpo de BSCC pré-moldado comercial - seção canal de 2,5 m x 2,0 m - tipo I","m",4581.5758999999998]
["M2734","Corpo de BSCC pré-moldado comercial - seção canal de 2,5 m x 2,0 m - tipo II","m",4871.0108]
["M2735","Corpo de BSCC pré-moldado comercial - seção canal de 3,0 m x 1,5 m","m",3610.5104999999999]
["M2736","Corpo de BSCC pré-moldado comercial - seção canal de 3,0 m x 2,0 m - tipo I","m",5193.1671999999999]
["M2737","Corpo de BSCC pré-moldado comercial - seção canal de 3,0 m x 2,0 m - tipo II","m",5352.9459999999999]
["M2738","Aparelho de apoio metálico esférico multidirecional com 4 chumbadores e capacidade de 1.000 kN","un",8349.0794999999998]
["M2739","Aparelho de apoio metálico esférico multidirecional com 4 chumbadores e capacidade de 1.500 kN","un",11675.9516]
["M2740","Aparelho de apoio metálico esférico multidirecional com 4 chumbadores e capacidade de 2.000 kN","un",15380.285900000001]
["M2741","Aparelho de apoio metálico esférico multidirecional com 4 chumbadores e capacidade de 2.500 kN","un",18437.701300000001]
["M2742","Aparelho de apoio metálico esférico multidirecional com 4 chumbadores e capacidade de 3.000 kN","un",21329.691500000001]
["M2743","Aparelho de apoio metálico esférico multidirecional com 4 chumbadores e capacidade de 3.500 kN","un",24151.1168]
["M2744","Aparelho de apoio metálico esférico multidirecional com 4 chumbadores e capacidade de 4.000 kN","un",27415.437099999999]
["M2745","Aparelho de apoio metálico esférico multidirecional com 4 chumbadores e capacidade de 4.500 kN","un",31680.829099999999]
["M2746","Aparelho de apoio metálico esférico multidirecional com 4 chumbadores e capacidade de 5.000 kN","un",35302.683599999997]
["M2747","Aparelho de apoio metálico esférico multidirecional com 4 chumbadores e capacidade de 5.500 kN","un",38239.709499999997]
["M2748","Aparelho de apoio metálico esférico multidirecional com 4 chumbadores e capacidade de 6.000 kN","un",43323.896500000003]
["M2749","Aparelho de apoio metálico esférico multidirecional com 4 chumbadores e capacidade de 6.500 kN","un",46809.702599999997]
["M2750","Aparelho de apoio metálico esférico multidirecional com 4 chumbadores e capacidade de 7.000 kN","un",50385.698499999999]
["M2751","Aparelho de apoio metálico esférico multidirecional com 4 chumbadores e capacidade de 7.500 kN","un",54360.816400000003]
["M2752","Aparelho de apoio metálico esférico multidirecional com 4 chumbadores e capacidade de 8.000 kN","un",57822.755599999997]
["M2753","Aparelho de apoio metálico esférico multidirecional com 4 chumbadores e capacidade de 8.500 kN","un",63007.737200000003]
["M2754","Aparelho de apoio metálico esférico multidirecional com 4 chumbadores e capacidade de 9.000 kN","un",66610.663700000005]
["M2755","Aparelho de apoio metálico esférico multidirecional com 4 chumbadores e capacidade de 9.500 kN","un",70671.517300000007]
["M2756","Aparelho de apoio metálico esférico multidirecional com 4 chumbadores e capacidade de 10.000 kN","un",74205.997600000002]
["M2757","Aparelho de apoio metálico elastomérico fixo com 4 chumbadores e capacidade de 700 kN","un",2884.8818000000001]
["M2758","Aparelho de apoio metálico elastomérico fixo com 4 chumbadores e capacidade de 1.500 kN","un",4976.7857000000004]
["M2759","Aparelho de apoio metálico elastomérico fixo com 4 chumbadores e capacidade de 2.500 kN","un",8393.0611000000008]
["M2760","Aparelho de apoio metálico elastomérico fixo com 4 chumbadores e capacidade de 4.000 kN","un",11296.179099999999]
["M2761","Aparelho de apoio metálico elastomérico fixo com 4 chumbadores e capacidade de 5.500 kN","un",16126.0741]
["M2762","Aparelho de apoio metálico elastomérico fixo com 4 chumbadores e capacidade de 7.500 kN","un",22618.959900000002]
["M2763","Aparelho de apoio metálico elastomérico fixo com 4 chumbadores e capacidade de 10.000 kN","un",31879.427800000001]
["M2764","Aparelho de apoio metálico elastomérico unidirecional com 4 chumbadores e capacidade de 700 kN","un",4625.9107000000004]
["M2765","Aparelho de apoio metálico elastomérico unidirecional com 4 chumbadores e capacidade de 1.500 kN","un",6184.9573]
["M2766","Aparelho de apoio metálico elastomérico unidirecional com 4 chumbadores e capacidade de 2.500 kN","un",8989.4179000000004]
["M2767","Aparelho de apoio metálico elastomérico unidirecional com 4 chumbadores e capacidade de 4.000 kN","un",18065.9211]
["M2768","Aparelho de apoio metálico elastomérico unidirecional com 4 chumbadores e capacidade de 5.500 kN","un",23902.7078]
["M2769","Aparelho de apoio metálico elastomérico unidirecional com 4 chumbadores e capacidade de 7.500 kN","un",25421.233800000002]
["M2770","Aparelho de apoio metálico elastomérico unidirecional com 4 chumbadores e capacidade de 10.000 kN","un",46779.462800000001]
["M2771","Aparelho de apoio metálico elastomérico multidirecional com 4 chumbadores e capacidade de 700 kN","un",4588.7574999999997]
["M2772","Aparelho de apoio metálico elastomérico multidirecional com 4 chumbadores e capacidade de 1.500 kN","un",4680.4836999999998]
["M2773","Aparelho de apoio metálico elastomérico multidirecional com 4 chumbadores e capacidade de 2.500 kN","un",7489.6674000000003]
["M2774","Aparelho de apoio metálico elastomérico multidirecional com 4 chumbadores e capacidade de 4.000 kN","un",11061.5077]
["M2775","Aparelho de apoio metálico elastomérico multidirecional com 4 chumbadores e capacidade de 5.500 kN","un",15680.099]
["M2776","Aparelho de apoio metálico elastomérico multidirecional com 4 chumbadores e capacidade de 7.500 kN","un",21794.053400000001]
["M2777","Aparelho de apoio metálico elastomérico multidirecional com 4 chumbadores e capacidade de 10.000 kN","un",29387.821]
["M2780","Chapa metálica corrugada galvanizada para tunnel liner - E = 2,7 mm e D = 1,2 m","m",3660.7357000000002]
["M2781","Chapa metálica corrugada galvanizada para tunnel liner - E = 2,7 mm e D = 1,4 m","m",4126.0969999999998]
["M2782","Chapa metálica corrugada galvanizada para tunnel liner - E = 2,7 mm e D = 1,6 m","m",4808.6162999999997]
["M2783","Chapa metálica corrugada galvanizada para tunnel liner - E = 2,7 mm e D = 1,8 m","m",5491.1036000000004]
["M2784","Chapa metálica corrugada galvanizada para tunnel liner - E = 2,7 mm e D = 2,0 m","m",6049.8707999999997]
["M2785","Chapa metálica corrugada galvanizada para tunnel liner - E = 3,4 mm e D = 2,2 m","m",7928.6270000000004]
["M2786","Chapa metálica corrugada galvanizada para tunnel liner - E = 3,4 mm e D = 2,4 m","m",8582.2168000000001]
["M2787","Chapa metálica corrugada galvanizada para tunnel liner - E = 3,4 mm e D = 2,6 m","m",9354.6605999999992]
["M2788","Chapa metálica corrugada galvanizada para tunnel liner - E = 3,4 mm e D = 2,8 m","m",10007.494000000001]
["M2789","Chapa metálica corrugada galvanizada para tunnel liner - E = 3,4 mm e D = 3,0 m","m",10780.626099999999]
["M2790","Chapa metálica corrugada galvanizada para tunnel liner - E = 3,4 mm e D = 3,2 m","m",11433.928400000001]
["M2791","Chapa metálica corrugada galvanizada para tunnel liner - E = 3,9 mm e D = 3,4 m","m",13488.310100000001]
["M2792","Chapa metálica corrugada galvanizada para tunnel liner - E = 3,9 mm e D = 3,6 m","m",14227.1266]
["M2793","Chapa metálica corrugada galvanizada para tunnel liner - E = 3,9 mm e D = 3,8 m","m",15106.568799999999]
["M2794","Chapa metálica corrugada galvanizada para tunnel liner - E = 3,9 mm e D = 4,0 m","m",15790.0092]
["M2795","Chapa metálica corrugada galvanizada para tunnel liner - E = 3,9 mm e D = 4,2 m","m",16641.434799999999]
["M2796","Chapa metálica corrugada galvanizada para tunnel liner - E = 3,9 mm e D = 4,4 m","m",17406.0062]
["M2797","Chapa metálica corrugada galvanizada para tunnel liner - E = 3,9 mm e D = 4,6 m","m",18199.775600000001]
["M2798","Chapa metálica corrugada galvanizada para tunnel liner - E = 4,7 mm e D = 4,8 m","m",20709.455699999999]
["M2799","Chapa metálica corrugada galvanizada para tunnel liner - E = 4,7 mm e D = 5,0 m","m",21686.887699999999]
["M2800","Chapa metálica corrugada galvanizada revestida com epóxi para tunnel liner - E = 2,7 mm e D = 1,2 m","m",3867.7748999999999]
["M2801","Chapa metálica corrugada galvanizada revestida com epóxi para tunnel liner - E = 2,7 mm e D = 1,4 m","m",4359.4549999999999]
["M2802","Chapa metálica corrugada galvanizada revestida com epóxi para tunnel liner - E = 2,7 mm e D = 1,6 m","m",5080.5798000000004]
["M2803","Chapa metálica corrugada galvanizada revestida com epóxi para tunnel liner - E = 2,7 mm e D = 1,8 m","m",5801.6624000000002]
["M2804","Chapa metálica corrugada galvanizada revestida com epóxi para tunnel liner - E = 2,7 mm e D = 2,0 m","m",6392.0141999999996]
["M2805","Chapa metálica corrugada galvanizada revestida com epóxi para tunnel liner - E = 3,4 mm e D = 2,2 m","m",8477.6190999999999]
["M2806","Chapa metálica corrugada galvanizada revestida com epóxi para tunnel liner - E = 3,4 mm e D = 2,4 m","m",9176.4441999999999]
["M2807","Chapa metálica corrugada galvanizada revestida com epóxi para tunnel liner - E = 3,4 mm e D = 2,6 m","m",10002.347900000001]
["M2808","Chapa metálica corrugada galvanizada revestida com epóxi para tunnel liner - E = 3,4 mm e D = 2,8 m","m",10700.416499999999]
["M2809","Chapa metálica corrugada galvanizada revestida com epóxi para tunnel liner - E = 3,4 mm e D = 3,0 m","m",11527.0085]
["M2810","Chapa metálica corrugada galvanizada revestida com epóxi para tunnel liner - E = 3,4 mm e D = 3,2 m","m",12225.5461]
["M2811","Chapa múltipla metálica corrugada galvanizada tipo MP 152 lenticular ou similar - E = 2,70 mm, H = 1,40 m e vão = 1,95 m","m",7788.4637000000002]
["M2812","Chapa múltipla metálica corrugada galvanizada tipo MP 152 lenticular ou similar - E = 2,70 mm, H = 1,50 m e vão = 2,15 m","m",8606.0741999999991]
["M2813","Chapa múltipla metálica corrugada galvanizada tipo MP 152 lenticular ou similar - E = 2,70 mm, H = 1,60 m e vão = 2,30 m","m",9179.6275999999998]
["M2814","Chapa múltipla metálica corrugada galvanizada tipo MP 152 lenticular ou similar - E = 2,70 mm, H = 1,65 m e vão = 2,55 m","m",9739.5987999999998]
["M2815","Chapa múltipla metálica corrugada galvanizada tipo MP 152 lenticular ou similar - E = 2,70 mm, H = 1,85 m e vão = 2,70 m","m",10556.659600000001]
["M2816","Chapa múltipla metálica corrugada galvanizada tipo MP 152 lenticular ou similar - E = 2,70 mm, H = 1,90 m e vão = 2,75 m","m",10843.6047]
["M2817","Chapa múltipla metálica corrugada galvanizada tipo MP 152 lenticular ou similar - E = 2,70 mm, H = 2,00 m e vão = 3,00 m","m",11403.127899999999]
["M2818","Chapa múltipla metálica corrugada galvanizada tipo MP 152 lenticular ou similar - E = 2,70 mm, H = 2,10 m e vão = 3,20 m","m",11962.478300000001]
["M2819","Chapa múltipla metálica corrugada galvanizada tipo MP 152 lenticular ou similar - E = 2,70 mm, H = 2,15 m e vão = 3,35 m","m",12521.4272]
["M2820","Chapa múltipla metálica corrugada galvanizada tipo MP 152 lenticular ou similar - E = 2,70 mm, H = 2,25 m e vão = 3,55 m","m",13081.232099999999]
["M2821","Chapa múltipla metálica corrugada galvanizada tipo MP 152 lenticular ou similar - E = 2,70 mm, H = 2,35 m e vão = 3,70 m","m",13899.1034]
["M2822","Chapa múltipla metálica corrugada galvanizada tipo MP 152 lenticular ou similar - E = 2,70 mm, H = 2,45 m e vão = 3,90 m","m",14473.5995]
["M2823","Chapa múltipla metálica corrugada galvanizada tipo MP 152 lenticular ou similar - E = 2,70 mm, H = 2,55 m e vão = 4,00 m","m",15032.993]
["M2824","Chapa múltipla metálica corrugada galvanizada tipo MP 152 lenticular ou similar - E = 2,70 mm, H = 2,80 m e vão = 4,15 m","m",15591.0195]
["M2825","Chapa múltipla metálica corrugada galvanizada tipo MP 152 lenticular ou similar - E = 2,70 mm, H = 2,90 m e vão = 4,40 m","m",16151.8485]
["M2826","Chapa múltipla metálica corrugada galvanizada tipo MP 152 lenticular ou similar - E = 2,70 mm, H = 3,00 m e vão = 4,60 m","m",16984.010600000001]
["M2827","Chapa múltipla metálica corrugada galvanizada tipo MP 152 lenticular ou similar - E = 3,40 mm, H = 3,05 m e vão = 4,80 m","m",20963.645799999998]
["M2828","Chapa múltipla metálica corrugada galvanizada tipo MP 152 lenticular ou similar - E = 3,40 mm, H = 3,15 m e vão = 5,05 m","m",21942.1613]
["M2829","Chapa múltipla metálica corrugada galvanizada tipo MP 152 lenticular ou similar - E = 3,40 mm, H = 3,25 m e vão = 5,25 m","m",22633.128700000001]
["M2830","Chapa múltipla metálica corrugada galvanizada tipo MP 152 lenticular ou similar - E = 3,90 mm, H = 3,35 m e vão = 5,45 m","m",25747.521100000002]
["M2831","Chapa múltipla metálica corrugada galvanizada tipo MP 152 lenticular ou similar - E = 3,90 mm, H = 3,40 m e vão = 5,60 m","m",26129.8668]
["M2832","Chapa múltipla metálica corrugada galvanizada tipo MP 152 lenticular ou similar - E = 4,70 mm, H = 3,50 m e vão = 5,80 m","m",31468.239300000001]
["M2833","Chapa múltipla metálica corrugada galvanizada tipo MP 152 lenticular ou similar - E = 4,70 mm, H = 3,55 m e vão = 5,90 m","m",31909.7925]
["M2834","Chapa múltipla metálica corrugada galvanizada tipo MP 152 lenticular ou similar - E = 4,70 mm, H = 3,65 m e vão = 6,10 m","m",33136.167399999998]
["M2835","Chapa múltipla metálica corrugada galvanizada tipo MP 152 lenticular ou similar - E = 4,70 mm, H = 3,65 m e vão = 6,25 m","m",33578.9931]
["M2836","Chapa múltipla metálica corrugada galvanizada tipo MP 152 lenticular ou similar - E = 6,40 mm, H = 3,75 m e vão = 6,40 m","m",45652.690300000002]
["M2837","Chapa múltipla metálica corrugada galvanizada tipo MP 152 lenticular ou similar - E = 6,40 mm, H = 3,85 m e vão = 6,60 m","m",47251.588199999998]
["M2838","Chapa múltipla metálica corrugada galvanizada tipo MP 152 ou similar para passagem de gado - E = 2,70 mm, H = 2,25 m e vão = 2,20 m","m",10585.8228]
["M2839","Chapa múltipla metálica corrugada galvanizada tipo MP 152 ou similar para passagem de gado - E = 2,70 mm, H = 3,10 m e vão = 2,90 m","m",13899.1034]
["M2840","Chapa múltipla metálica corrugada galvanizada tipo MP 152 ou similar para passagem inferior - E = 2,70 mm, H = 3,50 m e vão = 3,70 m","m",16137.746300000001]
["M2841","Chapa múltipla metálica corrugada galvanizada tipo MP 152 ou similar para passagem inferior - E = 2,70 mm, H = 3,60 m e vão = 3,90 m","m",16969.908500000001]
["M2842","Chapa múltipla metálica corrugada galvanizada tipo MP 152 ou similar para passagem inferior - E = 2,70 mm, H = 3,75 m e vão = 4,00 m","m",17527.568899999998]
["M2843","Chapa múltipla metálica corrugada galvanizada tipo MP 152 ou similar para passagem inferior - E = 2,70 mm, H = 3,90 m e vão = 4,20 m","m",18088.478899999998]
["M2844","Chapa múltipla metálica corrugada galvanizada tipo MP 152 ou similar para passagem inferior - E = 2,70 mm, H = 4,10 m e vão = 4,25 m","m",18647.193899999998]
["M2845","Chapa múltipla metálica corrugada galvanizada tipo MP 152 ou similar para passagem inferior - E = 2,70 mm, H = 4,25 m e vão = 4,40 m","m",19480.846399999999]
["M2846","Chapa múltipla metálica corrugada galvanizada tipo MP 152 ou similar para passagem inferior - E = 2,70 mm, H = 4,40 m e vão = 4,50 m","m",20037.545300000002]
["M2847","Chapa múltipla metálica corrugada galvanizada tipo MP 152 ou similar para passagem inferior - E = 3,40 mm, H = 4,50 m e vão = 4,70 m","m",24633.3187]
["M2848","Chapa múltipla metálica corrugada galvanizada tipo MP 152 ou similar para passagem inferior - E = 3,40 mm, H = 4,75 m e vão = 4,80 m","m",25883.422399999999]
["M2849","Chapa múltipla metálica corrugada galvanizada tipo MP 152 ou similar para passagem inferior - E = 3,40 mm, H = 4,85 m e vão = 5,00 m","m",26573.252499999999]
["M2850","Chapa múltipla metálica corrugada galvanizada tipo MP 152 ou similar para passagem inferior - E = 3,40 mm, H = 4,90 m e vão = 5,15 m","m",27263.818500000001]
["M2851","Chapa múltipla metálica corrugada galvanizada tipo MP 152 ou similar para passagem inferior - E = 3,40 mm, H = 5,00 m e vão = 5,25 m","m",27595.866300000002]
["M2852","Chapa múltipla metálica corrugada galvanizada tipo MP 152 ou similar para passagem inferior - E = 3,40 mm, H = 5,30 m e vão = 5,30 m","m",28864.1113]
["M2853","Chapa múltipla metálica corrugada galvanizada tipo MP 152 ou similar para passagem inferior - E = 3,90 mm, H = 5,25 m e vão = 5,65 m","m",32918.501799999998]
["M2854","Chapa múltipla metálica corrugada galvanizada tipo MP 152 ou similar para passagem inferior - E = 4,70 mm, H = 5,30 m e vão = 5,85 m","m",39252.822200000002]
["M2855","Chapa múltipla metálica corrugada galvanizada tipo MP 152 ou similar para passagem inferior - E = 4,70 mm, H = 5,45 m e vão = 6,00 m","m",40131.107499999998]
["M2856","Chapa múltipla metálica corrugada galvanizada tipo MP 152 ou similar para passagem inferior - E = 4,70 mm, H = 5,50 m e vão = 6,25 m","m",41022.8439]
["M2857","Chapa múltipla metálica corrugada galvanizada de arco alto tipo MP 152S ou similar - E = 4,70 mm, H = 2,77 m e vão = 6,12 m","m",23943.381700000002]
["M2858","Chapa múltipla metálica corrugada galvanizada de arco alto tipo MP 152S ou similar - E = 4,70 mm, H = 3,68 m e vão = 6,30 m","m",28039.030200000001]
["M2859","Chapa múltipla metálica corrugada galvanizada de arco alto tipo MP 152S ou similar - E = 4,70 mm, H = 3,56 m e vão = 6,55 m","m",28650.901900000001]
["M2860","Chapa múltipla metálica corrugada galvanizada de arco alto tipo MP 152S ou similar - E = 4,70 mm, H = 4,42 m e vão = 6,96 m","m",33349.493799999997]
["M2861","Chapa múltipla metálica corrugada galvanizada de arco alto tipo MP 152S ou similar - E = 4,70 mm, H = 3,61 m e vão = 6,78 m","m",29514.1571]
["M2862","Chapa múltipla metálica corrugada galvanizada de arco alto tipo MP 152S ou similar - E = 4,70 mm, H = 4,27 m e vão = 6,99 m","m",33236.375399999997]
["M2863","Chapa múltipla metálica corrugada galvanizada de arco alto tipo MP 152S ou similar - E = 4,70 mm, H = 3,63 m e vão = 7,01 m","m",30016.839100000001]
["M2864","Chapa múltipla metálica corrugada galvanizada de arco alto tipo MP 152S ou similar - E = 4,70 mm, H = 4,52 m e vão = 7,42 m","m",34723.0746]
["M2865","Chapa múltipla metálica corrugada galvanizada de arco alto tipo MP 152S ou similar - E = 4,70 mm, H = 3,68 m e vão = 7,24 m","m",30505.611700000001]
["M2866","Chapa múltipla metálica corrugada galvanizada de arco alto tipo MP 152S ou similar - E = 4,70 mm, H = 4,19 m e vão = 7,47 m","m",32981.854200000002]
["M2867","Chapa múltipla metálica corrugada galvanizada de arco alto tipo MP 152S ou similar - E = 4,70 mm, H = 4,60 m e vão = 7,85 m","m",35709.5677]
["M2868","Chapa múltipla metálica corrugada galvanizada de arco alto tipo MP 152S ou similar - E = 4,70 mm, H = 3,99 m e vão = 7,67 m","m",32491.6679]
["M2869","Chapa múltipla metálica corrugada galvanizada de arco alto tipo MP 152S ou similar - E = 4,70 mm, H = 4,65 m e vão = 8,08 m","m",36201.551299999999]
["M2870","Chapa múltipla metálica corrugada galvanizada de arco alto tipo MP 152S ou similar - E = 4,70 mm, H = 4,04 m e vão = 7,90 m","m",33349.493799999997]
["M2871","Chapa múltipla metálica corrugada galvanizada de arco alto tipo MP 152S ou similar - E = 4,70 mm, H = 4,70 m e vão = 8,31 m","m",37075.750800000002]
["M2872","Chapa múltipla metálica corrugada galvanizada de arco alto tipo MP 152S ou similar - E = 4,70 mm, H = 4,11 m e vão = 8,36 m","m",34344.9899]
["M2873","Chapa múltipla metálica corrugada galvanizada de arco alto tipo MP 152S ou similar - E = 4,70 mm, H = 5,00 m e vão = 8,97 m","m",39050.678999999996]
["M2874","Chapa múltipla metálica corrugada galvanizada de arco alto tipo MP 152S ou similar - E = 4,70 mm, H = 4,39 m e vão = 8,59 m","m",35822.686000000002]
["M2875","Chapa múltipla metálica corrugada galvanizada de arco alto tipo MP 152S ou similar - E = 4,70 mm, H = 5,49 m e vão = 9,17 m","m",41525.335899999998]
["M2876","Chapa múltipla metálica corrugada galvanizada de arco alto tipo MP 152S ou similar - E = 4,70 mm, H = 4,70 m e vão = 9,22 m","m",38937.560700000002]
["M2877","Chapa múltipla metálica corrugada galvanizada de arco alto tipo MP 152S ou similar - E = 4,70 mm, H = 5,59 m e vão = 9,63 m","m",42884.065000000002]
["M2878","Chapa múltipla metálica corrugada galvanizada de arco alto tipo MP 152S ou similar - E = 4,70 mm, H = 4,75 m e vão = 9,45 m","m",39418.328600000001]
["M2879","Chapa múltipla metálica corrugada galvanizada de arco alto tipo MP 152S ou similar - E = 4,70 mm, H = 5,41 m e vão = 9,65 m","m",42403.307000000001]
["M2880","Chapa múltipla metálica corrugada galvanizada de arco alto tipo MP 152S ou similar - E = 4,70 mm, H = 6,07 m e vão = 9,86 m","m",46120.476799999997]
["M2881","Chapa múltipla metálica corrugada galvanizada de arco alto tipo MP 152S ou similar - E = 4,70 mm, H = 5,23 m e vão = 9,68 m","m",41892.9856]
["M2882","Chapa múltipla metálica corrugada galvanizada de arco alto tipo MP 152S ou similar - E = 4,70 mm, H = 6,12 m e vão = 10,08 m","m",46601.234799999998]
["M2883","Chapa múltipla metálica corrugada galvanizada de arco alto tipo MP 152S ou similar - E = 4,70 mm, H = 5,28 m e vão = 9,91 m","m",42403.307000000001]
["M2884","Chapa múltipla metálica corrugada galvanizada de arco alto tipo MP 152S ou similar - E = 4,70 mm, H = 6,17 m e vão = 10,31 m","m",47115.496599999999]
["M2885","Chapa múltipla metálica corrugada galvanizada de arco alto tipo MP 152S ou similar - E = 4,70 mm, H = 5,38 m e vão = 10,36 m","m",43748.579100000003]
["M2886","Chapa múltipla metálica corrugada galvanizada de arco alto tipo MP 152S ou similar - E = 4,70 mm, H = 6,05 m e vão = 10,54 m","m",47483.1463]
["M2887","Chapa múltipla metálica corrugada galvanizada de arco alto tipo MP 152S ou similar - E = 4,70 mm, H = 6,48 m e vão = 10,74 m","m",49462.032200000001]
["M2888","Chapa múltipla metálica corrugada galvanizada de arco alto tipo MP 152S ou similar - E = 4,70 mm, H = 7,12 m e vão = 11,35 m","m",53170.526299999998]
["M2889","Chapa múltipla metálica corrugada galvanizada de arco alto tipo MP 152S ou similar - E = 6,40 mm, H = 5,41 m e vão = 10,57 m","m",58121.179199999999]
["M2890","Chapa múltipla metálica corrugada galvanizada de arco alto tipo MP 152S ou similar - E = 6,40 mm, H = 6,10 m e vão = 10,77 m","m",62997.696799999998]
["M2891","Chapa múltipla metálica corrugada galvanizada de arco alto tipo MP 152S ou similar - E = 6,40 mm, H = 6,53 m e vão = 10,97 m","m",65678.058699999994]
["M2892","Chapa múltipla metálica corrugada galvanizada de arco alto tipo MP 152S ou similar - E = 6,40 mm, H = 7,16 m e vão = 11,58 m","m",70576.711800000005]
["M2893","Chapa múltipla metálica corrugada galvanizada tipo MP 152S ovoide ou similar - E = 4,70 mm, H = 7,82 m e vão = 7,21 m","m",56466.334900000002]
["M2894","Chapa múltipla metálica corrugada galvanizada tipo MP 152S ovoide ou similar - E = 4,70 mm, H = 7,87 m e vão = 7,31 m","m",58560.4951]
["M2895","Chapa múltipla metálica corrugada galvanizada tipo MP 152S ovoide ou similar - E = 4,70 mm, H = 7,90 m e vão = 7,77 m","m",59536.1633]
["M2896","Chapa múltipla metálica corrugada galvanizada tipo MP 152S ovoide ou similar - E = 4,70 mm, H = 8,44 m e vão = 7,57 m","m",60670.664799999999]
["M2897","Chapa múltipla metálica corrugada galvanizada tipo MP 152S ovoide ou similar - E = 4,70 mm, H = 8,23 m e vão = 8,36 m","m",64628.644999999997]
["M2898","Chapa múltipla metálica corrugada galvanizada tipo MP 152S ovoide ou similar - E = 4,70 mm, H = 8,01 m e vão = 8,13 m","m",63504.008300000001]
["M2899","Chapa múltipla metálica corrugada galvanizada tipo MP 152S ovoide ou similar - E = 4,70 mm, H = 8,48 m e vão = 8,56 m","m",65718.689100000003]
["M2900","Chapa múltipla metálica corrugada galvanizada tipo MP 152S ovoide ou similar - E = 4,70 mm, H = 9,32 m e vão = 8,71 m","m",68610.690300000002]
["M2901","Chapa múltipla metálica corrugada galvanizada tipo MP 152S ovoide ou similar - E = 4,70 mm, H = 9,04 m e vão = 9,15 m","m",69091.448300000004]
["M2902","Chapa múltipla metálica corrugada galvanizada tipo MP 152S ovoide ou similar - E = 4,70 mm, H = 9,50 m e vão = 9,15 m","m",70959.625499999995]
["M2908","Terminal absorvedor de energia de abertura com nível de contenção TL3 para defensa metálica","un",15703.117]
["M2979","Chumbador em aço CA 25","kg",7.0246000000000004]
["M3089","Arame liso em aço galvanizado - D = 1,24 mm (18 BWG)","kg",18.968299999999999]
["M3091","Porca sextavada em aço para ancoragem de tirantes - D = 38 mm e C = 55 mm","un",39.945999999999998]
["M3093","Tela de poliamida - malha de 60 fios/cm","m²",20.466000000000001]
["M3094","Tirante de barra de aço - tensão de escoamento = 520 MPa, tensão de ruptura = 690 MPa e D = 32 mm","m",143.42429999999999]
["M3095","Válvula manchete - D = 20 mm","un",2.407]
["M3126","Barra chata em aço galvanizado","kg",9.4687000000000001]
["M3127","Luva para bainha metálica - D = 30 mm","un",3.1859999999999999]
["M3128","Luva para bainha metálica - D = 35 mm","un",3.2519999999999998]
["M3129","Luva para bainha metálica - D = 40 mm","un",3.4619]
["M3130","Luva para bainha metálica - D = 45 mm","un",4.3884999999999996]
["M3131","Luva para bainha metálica - D = 50 mm","un",4.7271000000000001]
["M3132","Luva para bainha metálica - D = 55 mm","un",5.5387000000000004]
["M3133","Luva para bainha metálica - D = 60 mm","un",5.7908999999999997]
["M3134","Luva para bainha metálica - D = 65 mm","un",6.2988999999999997]
["M3135","Luva para bainha metálica - D = 70 mm","un",6.6844000000000001]
["M3136","Luva para bainha metálica - D = 75 mm","un",7.1768000000000001]
["M3137","Luva para bainha metálica - D = 80 mm","un",7.4641999999999999]
["M3138","Luva para bainha metálica - D = 85 mm","un",7.7618]
["M3139","Luva para bainha metálica - D = 90 mm","un",8.5902999999999992]
["M3140","Luva para bainha metálica - D = 95 mm","un",9.2741000000000007]
["M3141","Luva para bainha metálica - D = 100 mm","un",9.9857999999999993]
["M3142","Luva para bainha metálica - D = 110 mm","un",10.6899]
["M3143","Luva para bainha metálica - D = 120 mm","un",11.8628]
["M3144","Luva para bainha metálica - D = 130 mm","un",13.7552]
["M3145","Luva para bainha metálica ovalizada de 19 x 36 mm","un",7.2275999999999998]
["M3146","Luva para bainha metálica ovalizada de 19 x 48 mm","un",7.7153999999999998]
["M3147","Luva para bainha metálica ovalizada de 19 x 62 mm","un",8.0870999999999995]
["M3148","Luva para bainha metálica ovalizada de 22 x 32 mm","un",8.5485000000000007]
["M3149","Luva para bainha metálica ovalizada de 22 x 55 mm","un",8.8495000000000008]
["M3150","Luva para bainha metálica ovalizada de 22 x 73 mm","un",9.4450000000000003]
["M3153","Tinta em pó à base de resina poliéster","kg",91.1554]
["M3170","Apoio de neoprene não fretado - C = 100 mm, L = 100 mm e E = 20 mm","un",18.602599999999999]
["M3171","Porca sextavada em aço galvanizado para parafuso - D = 9,525 mm (3/8\")","un",0.30230000000000001]
["M3172","Porca sextavada em aço galvanizado para parafuso - D = 12 mm (M12)","un",0.64119999999999999]
["M3173","Parafuso de cabeça sextavada em aço galvanizado, classe 8.8 - D = 12 mm (M12) e C = 30 mm","un",1.6980999999999999]
["M3174","Ligação tipo barra chata em aço galvanizado para contenção - L = 45 mm e E = 4 mm","kg",17.382100000000001]
["M3177","Fita metálica SAE 1010/1020 para solo reforçado - L = 50 mm e E = 4 mm","kg",17.092700000000001]
["M3178","Material para aterro reforçado com fitas metálicas","m³","-"]
["M3179","Tubo PEAD PE 100 PN 5 para estais - D = 140 mm","m",233.5899]
["M3180","Tubo PEAD PE 100 PN 5 para estais - D = 160 mm","m",274.709]
["M3181","Tubo PEAD PE 100 PN 5 para estais - D = 180 mm","m",325.71879999999999]
["M3182","Tubo PEAD PE 100 PN 5 para estais - D = 200 mm","m",377.13580000000002]
["M3183","Tubo PEAD PE 100 PN 5 para estais - D = 225 mm","m",434.00810000000001]
["M3184","Tubo PEAD PE 100 PN 5 para estais - D = 250 mm","m",490.81349999999998]
["M3185","Tubo PEAD PE 100 PN 5 para estais - D = 280 mm","m",519.59910000000002]
["M3186","Tubo PEAD PE 100 PN 5 para estais - D = 315 mm","m",568.221]
["M3187","Tubo antivandalismo em aço galvanizado para estais de 12 cordoalhas - D = 15,7 mm","m",1514.2339999999999]
["M3188","Tubo antivandalismo em aço galvanizado para estais de 19 cordoalhas - D = 15,7 mm","m",1721.4761000000001]
["M3189","Tubo antivandalismo em aço galvanizado para estais de 22 cordoalhas - D = 15,7 mm","m",1998.7289000000001]
["M3190","Tubo antivandalismo em aço galvanizado para estais de 31 cordoalhas - D = 15,7 mm","m",2260.6550999999999]
["M3191","Tubo antivandalismo em aço galvanizado para estais de 37 cordoalhas - D = 15,7 mm","m",2266.8018999999999]
["M3192","Tubo antivandalismo em aço galvanizado para estais de 43 cordoalhas - D = 15,7 mm","m",2841.5421000000001]
["M3193","Tubo antivandalismo em aço galvanizado para estais de 55 cordoalhas - D = 15,7 mm","m",2854.799]
["M3194","Tubo antivandalismo em aço galvanizado para estais de 61 cordoalhas - D = 15,7 mm","m",2854.799]
["M3195","Tubo antivandalismo em aço galvanizado para estais de 73 cordoalhas - D = 15,7 mm","m",3299.2745]
["M3196","Tubo antivandalismo em aço galvanizado para estais de 85 cordoalhas - D = 15,7 mm","m",3733.9078]
["M3197","Tubo antivandalismo em aço galvanizado para estais de 91 cordoalhas - D = 15,7 mm","m",3747.2651000000001]
["M3198","Tubo fôrma lado fixo em aço galvanizado para estais de 12 cordoalhas - D = 15,7 mm","m",2588.5826000000002]
["M3199","Tubo fôrma lado fixo em aço galvanizado para estais de 19 cordoalhas - D = 15,7 mm","m",3005.2489999999998]
["M3200","Tubo fôrma lado fixo em aço galvanizado para estais de 22 cordoalhas - D = 15,7 mm","m",3927.0436]
["M3201","Tubo fôrma lado fixo em aço galvanizado para estais de 31 cordoalhas - D = 15,7 mm","m",5084.5985000000001]
["M3202","Tubo fôrma lado fixo em aço galvanizado para estais de 37 cordoalhas - D = 15,7 mm","m",5404.2790000000005]
["M3203","Tubo fôrma lado fixo em aço galvanizado para estais de 43 cordoalhas - D = 15,7 mm","m",7136.9975000000004]
["M3204","Tubo fôrma lado fixo em aço galvanizado para estais de 55 cordoalhas - D = 15,7 mm","m",9009.1185000000005]
["M3205","Tubo fôrma lado fixo em aço galvanizado para estais de 61 cordoalhas - D = 15,7 mm","m",9009.1185000000005]
["M3206","Tubo fôrma lado fixo em aço galvanizado para estais de 73 cordoalhas - D = 15,7 mm","m",10516.495999999999]
["M3207","Tubo fôrma lado fixo em aço galvanizado para estais de 85 cordoalhas - D = 15,7 mm","m",11970.846]
["M3208","Tubo fôrma lado fixo em aço galvanizado para estais de 91 cordoalhas - D = 15,7 mm","m",12063.644]
["M3209","Tubo fôrma lado regulável em aço galvanizado para estais de 12 cordoalhas - D = 15,7 mm","m",1184.7425000000001]
["M3210","Tubo fôrma lado regulável em aço galvanizado para estais de 19 cordoalhas - D = 15,7 mm","m",1393.2846999999999]
["M3211","Tubo fôrma lado regulável em aço galvanizado para estais de 22 cordoalhas - D = 15,7 mm","m",1821.9235000000001]
["M3212","Tubo fôrma lado regulável em aço galvanizado para estais de 31 cordoalhas - D = 15,7 mm","m",2362.1698999999999]
["M3213","Tubo fôrma lado regulável em aço galvanizado para estais de 37 cordoalhas - D = 15,7 mm","m",2524.2361000000001]
["M3214","Tubo fôrma lado regulável em aço galvanizado para estais de 43 cordoalhas - D = 15,7 mm","m",3325.5974999999999]
["M3215","Tubo fôrma lado regulável em aço galvanizado para estais de 55 cordoalhas - D = 15,7 mm","m",4173.2257]
["M3216","Tubo fôrma lado regulável em aço galvanizado para estais de 61 cordoalhas - D = 15,7 mm","m",4173.2257]
["M3217","Tubo fôrma lado regulável em aço galvanizado para estais de 73 cordoalhas - D = 15,7 mm","m",4914.0245000000004]
["M3218","Tubo fôrma lado regulável em aço galvanizado para estais de 85 cordoalhas - D = 15,7 mm","m",5601.7960000000003]
["M3219","Tubo fôrma lado regulável em aço galvanizado para estais de 91 cordoalhas - D = 15,7 mm","m",5694.5940000000001]
["M3220","Coroa de botões esféricos - Ring bit - D = 104 mm (4 3/32\")","un",1086.423]
["M3225","Película retrorrefletiva tipo III + SI (sinal impresso com película de sobreposição tipo V)","m²",497.41719999999998]
["M3227","Tubo de revestimento em aço-carbono schedule 40 - DN = 101,6 mm (4\")","m",246.0204]
["M3228","Cimento asfáltico de petróleo com borracha - CAP 50/70 com 15% de borracha de pneu","t","-"]
["M3229","Película retrorrefletiva tipo I + SI (sinal impresso com película de sobreposição tipo V)","m²",426.09300000000002]
["M3230","Chapa de poliéster reforçada com fibra de vidro - E = 2,0 mm","m²",107.65]
["M3231","Chapa de alumínio composto (ACM) - E = 3,0 mm","m²",167.78460000000001]
["M3232","Película retrorrefletiva tipo X + SI (sinal impresso com película de sobreposição tipo V)","m²",609.21690000000001]
["M3233","Fita adesiva estrutural dupla-face - E = 2 mm e L = 25 mm","m",7.9671000000000003]
["M3235","Película retrorrefletiva tipo I","m²",151.3313]
["M3236","Película retrorrefletiva tipo III + SI","m²",592.23649999999998]
["M3237","Película retrorrefletiva tipo III","m²",247.9299]
["M3238","Película não retrorrefletiva tipo IV","m²",135.7561]
["M3239","Película retrorrefletiva tipo X","m²",439.03280000000001]
["M3240","Duto flexível de ventilação de poliéster aluminizado sem isolamento - D = 200 mm","m",23.18]
["M3241","Cabo de cobre flexível antichama isolado em HEPR - tensão de 0,6/1,0 kV e seção de 2 x 6 mm²","m",13.581300000000001]
["M3242","Cabo de cobre flexível antichama isolado em HEPR - tensão de 0,6/1,0 kV e seção de 4 x 6 mm²","m",23.564699999999998]
["M3245","Tinta plástica à base de resina metacrílica aplicada a frio por aspersão (spray)","kg",55.228099999999998]
["M3270","Ancoragem fixa para estais de 12 cordoalhas - D = 15,7 mm","un",13843.2559]
["M3271","Ancoragem fixa para estais de 22 cordoalhas - D = 15,7 mm","un",21865.0317]
["M3272","Ancoragem fixa para estais de 43 cordoalhas - D = 15,7 mm","un",40876.463300000003]
["M3273","Ancoragem fixa para estais de 85 cordoalhas - D = 15,7 mm","un",79392.588000000003]
["M3274","Ancoragem regulável para estais de 12 cordoalhas - D = 15,7 mm","un",23705.891599999999]
["M3275","Ancoragem regulável para estais de 22 cordoalhas - D = 15,7 mm","un",33644.7212]
["M3276","Ancoragem regulável para estais de 43 cordoalhas - D = 15,7 mm","un",69562.263300000006]
["M3277","Ancoragem regulável para estais de 85 cordoalhas - D = 15,7 mm","un",134958.788]
["M3278","Tubo PEAD PE 100 PN 5 para estais - D = 110 mm","m",207.38249999999999]
["M3279","Arruela lisa em aço zincado branco para parafuso - D = 9,525 mm (3/8\")","un",0.1837]
["M3280","Viga de madeira - E = 5 cm e L = 11 cm","m",26.122699999999998]
["M3353","Purgador plástico","un",1.3875]
["M3360","Chumbador de expansão controlada por torque em aço zincado para concreto - D = 8,0 mm","un",1.9383999999999999]
["M3361","Corrente de elo soldado em aço SAE 1010/1020 com acabamento polido - E = 25,00 mm (1\")","m",336.08940000000001]
["M3362","Corrente de elo soldado em aço SAE 1010/1020 com acabamento polido - E = 12,50 mm (1/2\")","m",85.422899999999998]
["M3363","Corrente de elo soldado em aço SAE 1010/1020 com acabamento polido - E = 19,00 mm (3/4\")","m",204.82329999999999]
["M3364","Lanterna de sinalização náutica com acessórios de fixação - alcance 2 mn","un",3656.3739999999998]
["M3365","Lanterna de sinalização náutica com acessórios de fixação - alcance 3 mn","un",5203.1914999999999]
["M3366","Lanterna de sinalização náutica com acessórios de fixação - alcance 4 mn","un",7732.4556000000002]
["M3367","Lanterna de sinalização náutica com acessórios de fixação - alcance 6 mn","un",9696.4778000000006]
["M3368","Lanterna de sinalização náutica com acessórios de fixação - alcance 8 mn","un",12279.202799999999]
["M3369","Manilha âncora em aço forjado com porca e cupilha - DN = 16,0 mm (5/8\")","un",53.268500000000003]
["M3370","Manilha reta em aço forjado com porca e cupilha - DN = 38,1 mm (1 1/2\")","un",557.16459999999995]
["M3371","Manilha reta em aço forjado com porca e cupilha - DN = 25,4 mm (1\")","un",138.0855]
["M3372","Suporte polimérico ecológico maciço colapsível para placa de sinalização - seção de 10 x 10 cm","m",425.2688]
["M3501","Placa de ancoragem para tirante de barra de aço - E = 12,7 mm e seção de 160 x 160 mm","un",86.396900000000002]
["M3502","Mistura betuminosa","m³","-"]
["M3503","Material de base","m³","-"]
["M3504","Concreto","m³","-"]
["M3505","Material demolido - concreto simples","m³","-"]
["M3506","Material demolido - madeira","m³","-"]
["M3507","Revestimento asfáltico","m³","-"]
["M3508","Camada granular (base ou sub-base)","m³","-"]
["M3509","Material demolido - remendo profundo","m³","-"]
["M3510","Material demolido - alvenaria","m³","-"]
["M3511","Acessórios e materiais metálicos","t","-"]
["M3512","Material demolido - concreto armado","m³","-"]
["M3513","Material de 3ª categoria","m³","-"]
["M3514","Solo","m³","-"]
["M3515","Grãos, agregados e solos derramados na pista","t","-"]
["M3516","Veículos de pequeno porte incendiados em rodovia","un","-"]
["M3518","Tinta à base de resina epóxi bicomponente","l",65.392200000000003]
["M3519","Tinta à base de resina epóxi poliamida bicomponente para fundo preparador de pintura","l",281.20819999999998]
["M3520","Tinta anticorrosiva à base de resina epóxi poliamida bicomponente","l",94.986900000000006]
["M3521","Guincho manual com capacidade de tração de 100 kN com cabo de aço","un",205451.6851]
["M3522","Guincho manual com capacidade de tração de 200 kN com cabo de aço","un",327129.64049999998]
["M3523","Pneu reaproveitado","un",60]
["M3524","Sapatilha em aço inox - D = 13 mm (1/2\")","un",26.1555]
["M3525","Molinete manual com capacidade de tração de 70 kN","un",322347.78009999997]
["M3526","Ânodo de sacrifício em liga de zinco - peso = 20 kg","un",1500.672]
["M3527","Cabo de aço - D = 42,00 mm (1 5/8\")","m",260.39400000000001]
["M3528","Terminal soquete fechado em aço galvanizado compatível com cabo de aço de D = 42 mm","un",3781.9247]
["M3529","Manilha reta em aço forjado com porca e cupilha - D = 57,2 mm (2 1/4\")","un",1231.7719]
["M3530","Tubo mecânico em aço-carbono","kg",29.168199999999999]
["M3718","Material combustível removido","t","-"]
["M3719","Blocos de rocha ou matacões","m³","-"]
["M3720","Material asfáltico removido","t","-"]
["M3721","Estrutura de pórtico metálico removida","un","-"]
["M3722","Estrutura de semipórtico duplo metálico removida","un","-"]
["M3723","Estrutura de semipórtico metálico removida","un","-"]
["M3727","Mangueira para hidrojateamento com pressão de trabalho de até 17,5 MPa (2.538 psi) - D = 25 mm (1\")","m",227.15620000000001]
["M3728","Mangueira para sistema de sucção a vácuo com vazão de entrada de até 3,6 m³/h (60 l/min) - D = 72,5 mm (3\")","m",121.0389]
["M3729","Detritos removidos de bueiros","m³","-"]
["M3730","Material triturado - galhos e troncos","m³","-"]
["M3772","Canal monobloco com corpo e grelha em concreto polímero com efeito autolimpante - carga de controle de 400 kN - C = 100,0 cm, L = 15,0 cm e H = 23,0 cm","m",350.16340000000002]
["M3773","Canal monobloco com corpo e grelha em concreto polímero com efeito autolimpante - carga de controle de 400 kN - C = 100,0 cm, L = 25,0 cm e H = 32,0 cm","m",657.93719999999996]
["M3774","Canal monobloco com corpo e grelha em concreto polímero com efeito autolimpante - carga de controle de 900 kN - C = 100,0 cm, L = 16,0 cm e H = 26,5 cm","m",723.75540000000001]
["M3775","Canal monobloco com corpo e grelha em concreto polímero com efeito autolimpante - carga de controle de 900 kN - C = 100,0 cm, L = 21,0 cm e H = 28,0 cm","m",750.39930000000004]
["M3776","Canal monobloco com corpo e grelha em concreto polímero com efeito autolimpante - carga de controle de 900 kN - C = 100,0 cm, L = 21,0 cm e H = 38,0 cm","m",836.65319999999997]
["M3777","Canal monobloco com corpo e grelha em concreto polímero com efeito autolimpante - carga de controle de 900 kN - C = 100,0 cm, L = 21,0 cm e H = 48,0 cm","m",1035.4229]
["M3778","Canal monobloco com corpo e grelha em concreto polímero com efeito autolimpante - carga de controle de 900 kN - C = 100,0 cm, L = 26,0 cm e H = 33,0 cm","m",1075.0904]
["M3779","Canal monobloco com corpo e grelha em concreto polímero com efeito autolimpante - carga de controle de 900 kN - C = 100,0 cm, L = 26,0 cm e H = 53,0 cm","m",1187.4177999999999]
["M3780","Canal monobloco com corpo e grelha em concreto polímero com efeito autolimpante - carga de controle de 900 kN - C = 200,0 cm, L = 40,0 cm e H = 59,5 cm","m",4314.1100999999999]
["M3781","Canal em polietileno e polipropileno com efeito autolimpante e grelha de encaixe em poliamida reforçada - carga de controle de 250 kN - C = 100,0 cm, L = 16,0 cm e H = 12,2 cm","m",314.38130000000001]
["M3782","Canal em polietileno e polipropileno com efeito autolimpante e grelha de encaixe em poliamida reforçada - carga de controle de 250 kN - C = 100,0 cm, L = 16,0 cm e H = 17,2 cm","m",333.57470000000001]
["M3783","Canal em polietileno e polipropileno com efeito autolimpante e grelha de encaixe em poliamida reforçada - carga de controle de 250 kN - C = 100,0 cm, L = 16,0 cm e H = 5,5 cm","m",296.02190000000002]
["M3784","Canal em polietileno e polipropileno com efeito autolimpante e grelha de encaixe em ferro fundido dúctil - carga de controle de 400 kN - C = 100,0 cm, L = 14,7 cm e H = 15,7 cm","m",489.47379999999998]
["M3785","Canal em polietileno e polipropileno com efeito autolimpante e grelha de encaixe em ferro fundido dúctil - carga de controle de 400 kN - C = 100,0 cm, L = 24,7 cm e H = 20,8 cm","m",1320.9478999999999]
["M3786","Canal em polietileno e polipropileno com efeito autolimpante e grelha de encaixe em ferro fundido dúctil - carga de controle de 400 kN - C = 100,0 cm, L = 34,9 cm e H = 25,8 cm","m",2242.1849000000002]
["M3787","Canal em polietileno e polipropileno com efeito autolimpante e grelha de encaixe em ferro fundido dúctil - carga de controle de 600 kN - C = 100,0 cm, L = 16,0 cm e H = 12,2 cm","m",749.43700000000001]
["M3788","Canal em polietileno e polipropileno com efeito autolimpante e grelha de encaixe em ferro fundido dúctil - carga de controle de 600 kN - C = 100,0 cm, L = 21,2 cm e H = 18,0 cm","m",913.59649999999999]
["M3789","Canal em polietileno e polipropileno com efeito autolimpante e grelha de encaixe em ferro fundido dúctil - carga de controle de 600 kN - C = 100,0 cm, L = 26,2 cm e H = 17,2 cm","m",1171.2047]
["M3790","Canal em polietileno e polipropileno com efeito autolimpante e abertura de captação em ferro fundido dúctil - carga de controle de 900 kN - C = 100,0 cm, L = 21,0 cm e H = 57,9 cm","m",1014.5263]
["M3791","Canal em polietileno e polipropileno com efeito autolimpante e abertura de captação em ferro fundido dúctil - carga de controle de 900 kN - C = 100,0 cm, L = 25,2 cm e H = 57,8 cm","m",1658.8007]
["M3792","Canal em polietileno e polipropileno com efeito autolimpante e abertura de captação em ferro fundido dúctil - carga de controle de 900 kN - C = 100,0 cm, L = 42,0 cm e H = 95,0 cm","m",2069.4531999999999]
["M3793","Canal em polietileno e polipropileno com efeito autolimpante e abertura de captação em ferro fundido dúctil - carga de controle de 900 kN - C = 114,2 cm, L = 78,0 cm e H = 106,0 cm","m",2712.6311999999998]
["M3795","Custo equivalente da construção civil para construção do Estaleiro Padrão","m²",1851.56]
["M3801","Animais de grande porte mortos em rodovia","t","-"]
["M3802","Animais de pequeno porte mortos em rodovia","t","-"]
["M3803","Emborrachados de pneus espalhados em rodovia","t","-"]
["M3804","Espécimes arbóreos de até 20 m tombados na pista","t","-"]
["M3805","Espécimes arbóreos de 20 a 40 m tombados na pista","t","-"]
["M3806","Sucatas derramadas em rodovia","t","-"]
["M3807","Veículos de grande porte incendiados em rodovia","un","-"]
["M3808","Veículos de médio porte incendiados em rodovia","un","-"]
["M3809","Veículos de grande porte tombados em rodovia","un","-"]
["M3810","Veículos de médio porte tombados em rodovia","un","-"]
["M3811","Veículos de pequeno porte tombados em rodovia","un","-"]
["M3813","Vidros, caixas e engradados derramados na pista","t","-"]
["M3821","Tacha refletiva em plástico injetado bidirecional com um pino - tipo I","un",21.4495]
["M3822","Tacha refletiva em plástico injetado bidirecional com um pino - tipo II","un",26.043299999999999]
["M3823","Tacha refletiva em plástico injetado bidirecional com um pino - tipo III","un",29.539400000000001]
["M3824","Tacha refletiva em plástico injetado bidirecional com um pino - tipo IV","un",31.238099999999999]
["M3825","Tacha refletiva em plástico injetado bidirecional sem pino - tipo I","un",19.885400000000001]
["M3826","Tacha refletiva em plástico injetado bidirecional sem pino - tipo II","un",23.785799999999998]
["M3827","Tacha refletiva em plástico injetado bidirecional sem pino - tipo III","un",27.100999999999999]
["M3828","Tacha refletiva em plástico injetado bidirecional sem pino - tipo IV","un",30.066099999999999]
["M3829","Tacha refletiva em plástico injetado monodirecional com um pino - tipo I","un",17.3673]
["M3830","Tacha refletiva em plástico injetado monodirecional com um pino - tipo II","un",22.008500000000002]
["M3831","Tacha refletiva em plástico injetado monodirecional com um pino - tipo III","un",22.9389]
["M3832","Tacha refletiva em plástico injetado monodirecional com um pino - tipo IV","un",29.366900000000001]
["M3833","Tacha refletiva em plástico injetado monodirecional sem pino - tipo I","un",16.940200000000001]
["M3834","Tacha refletiva em plástico injetado monodirecional sem pino - tipo II","un",21.4863]
["M3835","Tacha refletiva em plástico injetado monodirecional sem pino - tipo III","un",22.008500000000002]
["M3836","Tacha refletiva em plástico injetado monodirecional sem pino - tipo IV","un",28.768799999999999]
["M3837","Tacha refletiva em resina sintética bidirecional com um pino - tipo I","un",30.797899999999998]
["M3838","Tacha refletiva em resina sintética bidirecional com um pino - tipo II","un",37.909199999999998]
["M3839","Tacha refletiva em resina sintética bidirecional com um pino - tipo III","un",42.171900000000001]
["M3840","Tacha refletiva em resina sintética bidirecional com um pino - tipo IV","un",45.746400000000001]
["M3841","Tacha refletiva em resina sintética bidirecional sem pino - tipo I","un",30.2362]
["M3842","Tacha refletiva em resina sintética bidirecional sem pino - tipo II","un",37.257199999999997]
["M3843","Tacha refletiva em resina sintética bidirecional sem pino - tipo III","un",41.369500000000002]
["M3844","Tacha refletiva em resina sintética bidirecional sem pino - tipo IV","un",44.872199999999999]
["M3845","Tacha refletiva em resina sintética monodirecional com um pino - tipo I","un",29.1677]
["M3846","Tacha refletiva em resina sintética monodirecional com um pino - tipo II","un",35.899500000000003]
["M3847","Tacha refletiva em resina sintética monodirecional com um pino - tipo III","un",39.934899999999999]
["M3848","Tacha refletiva em resina sintética monodirecional com um pino - tipo IV","un",44.274700000000003]
["M3851","Tacha refletiva em resina sintética monodirecional sem pino - tipo I","un",28.503]
["M3852","Tacha refletiva em resina sintética monodirecional sem pino - tipo II","un",35.2254]
["M3853","Tacha refletiva em resina sintética monodirecional sem pino - tipo III","un",39.1753]
["M3854","Tacha refletiva em resina sintética monodirecional sem pino - tipo IV","un",43.448]
["M3855","Tacha refletiva metálica bidirecional com dois pinos - tipo II","un",26.7422]
["M3856","Tacha refletiva metálica bidirecional com dois pinos - tipo III","un",22.859200000000001]
["M3857","Tacha refletiva metálica bidirecional com dois pinos - tipo IV","un",56.657299999999999]
["M3858","Tacha refletiva metálica bidirecional com um pino - tipo II","un",23.991099999999999]
["M3859","Tacha refletiva metálica bidirecional com um pino - tipo III","un",19.786200000000001]
["M3860","Tacha refletiva metálica bidirecional com um pino - tipo IV","un",55.31]
["M3861","Tacha refletiva metálica monodirecional com dois pinos - tipo II","un",21.480599999999999]
["M3862","Tacha refletiva metálica monodirecional com dois pinos - tipo III","un",19.977499999999999]
["M3863","Tacha refletiva metálica monodirecional com dois pinos - tipo IV","un",48.616999999999997]
["M3864","Tacha refletiva metálica monodirecional com um pino - tipo II","un",17.77]
["M3865","Tacha refletiva metálica monodirecional com um pino - tipo III","un",16.706199999999999]
["M3866","Tacha refletiva metálica monodirecional com um pino - tipo IV","un",50.495899999999999]
["M3867","Tachão refletivo em plástico injetado bidirecional","un",67.249700000000004]
["M3868","Tachão refletivo em plástico injetado monodirecional","un",65.036600000000007]
["M3869","Tachão refletivo em resina sintética bidirecional","un",56.8035]
["M3870","Tachão refletivo em resina sintética monodirecional","un",54.847700000000003]
["M3900","Emulsão asfáltica com polímero - RR-1C-E","t","-"]
["M3901","Reservatório metálico tipo taça - capacidade de 5.000 l","un",17729.2215]
["M3902","Reservatório metálico tipo taça - capacidade de 10.000 l","un",25344.894499999999]
["M3903","Reservatório metálico tipo taça - capacidade de 20.000 l","un",39041.830600000001]
["M3904","Reservatório metálico tipo taça - capacidade de 30.000 l","un",52755.734499999999]
["M3905","AMV tipo TR37, abertura 1:8, bitola métrica","un","-"]
["M3906","AMV tipo TR37, abertura 1:10, bitola métrica","un","-"]
["M3907","AMV tipo TR37, abertura 1:12, bitola métrica","un","-"]
["M3908","AMV tipo TR37, abertura 1:14, bitola métrica","un","-"]
["M3909","Bico para corte a plasma manual - 65A","un",64.420199999999994]
["M3910","Bico para corte a plasma manual - 45A","un",62.394199999999998]
["M3911","Bocal para corte a plasma manual - 45A/65A","un",170.97200000000001]
["M3912","Capa de retenção para corte a plasma manual - 45A/65A","un",271.8365]
["M3913","Eletrodo para corte a plasma manual - 45A/65A","un",73.871200000000002]
["M3914","Distribuidor de gás para corte a plasma manual - 45A/65A","un",167.92240000000001]
["M3915","Parafuso de cabeça sextavada em aço inox - D = 12,7 mm (1/2\") e C = 38,1 mm (1.1/2\")","un",4.5236999999999998]
["M3916","Porca sextavada em aço inox para parafuso - D = 12,7 mm (1/2\")","un",1.7994000000000001]
["M3917","Arruela lisa em aço inox - D = 12,7 mm (1/2\")","un",0.76100000000000001]
["M3918","Disco de corte com 80 dentes multimaterial - D = 250 mm","un",420.1225]
["M3919","Lixa d'água Nº 360","un",1.2381]
["M3920","Diluente para tinta epóxi bicomponente ou tricomponente","l",49.078299999999999]
["M3921","Tinta à base de resina epóxi óxido de ferro","l",131.65770000000001]
["M3922","Diluente para esmalte poliuretano de dois componentes","l",85.318899999999999]
["M3923","Tinta esmalte poliuretano bicomponente","l",140.32560000000001]
["M3924","Catalisador para tinta fosfatizante","l",55.210900000000002]
["M3925","Tinta fosfatizante para fundo preparador de pintura","l",76.002700000000004]
["M3926","Luva em aço galvanizado com rosca BSP classe leve - D = 12,5 mm (1/2\")","un",3.6294]
["M3927","Plug tipo bujão em aço galvanizado com rosca BSP - D = 15 mm (1/2\")","un",3.6042000000000001]
["M3928","Tubo em aço-carbono - E = 3,35 mm e D = 80 mm (3\")","m",61.764099999999999]
["M3929","Tubo em aço-carbono - E = 3,00 mm e D = 150 mm (6\")","m",141.66290000000001]
["M3931","Cantoneira em alumínio de abas iguais - L = 38,1 mm e E = 4,76 mm","kg",33.688099999999999]
["M3932","Parafuso de cabeça sextavada em aço inox - D = 8 mm (M8) e C = 20 mm","un",1.2618]
["M3933","Porca sextavada em aço inox para parafuso - D = 8 mm (M8)","un",0.55810000000000004]
["M3934","Arruela lisa em aço inox para parafuso - D = 8,4 mm (M8)","un",0.21079999999999999]
["M3935","Arruela de pressão em aço inox para parafuso - D = 8,1 mm (M8)","un",0.2495]
["M3936","Parafuso de cabeça sextavada em aço inox - D = 12,7 mm (1/2\") e C = 19,05 mm (3/4\")","un",3.7974000000000001]
["M3939","Barra redonda em aço SAE 1020 - D = 25,4 mm (1\")","m",39.554200000000002]
["M3947","Tubo em aço - E = 3,00 mm e seção de 40 x 40 mm","m",37.156199999999998]
["M3949","Desmoldante para fôrmas metálicas","l",17.719899999999999]
["M4413","Arame E70S6 para solda MIG/MAG - D = 0,9 mm","kg",19.602699999999999]
[1407067,"Furação de trilho TR45 com utilização de equipamento leve","un",2.98]
[1407068,"Furação de trilho TR57 com utilização de equipamento leve","un",3.35]
[1407069,"Furação de trilho TR68 com utilização de equipamento leve","un",3.63]
[1407070,"Furação de trilho UIC60 com utilização de equipamento leve","un",3.46]
[1400987,"Perfuração de chapas metálicas com espessura de até 3 mm - D = 25 mm","un",1.36]
[1416257,"Solda com maçarico oxiacetileno de chapas de aço de 12,5 mm","m",341.69]
[1416253,"Solda com maçarico oxiacetileno de chapas de aço de 16 mm","m",808.61]
[1416254,"Solda com maçarico oxiacetileno de chapas de aço de 6,3 mm","m",62.1]
[1416255,"Solda com maçarico oxiacetileno de chapas de aço de 8 mm","m",110.67]
[1416256,"Solda com maçarico oxiacetileno de chapas de aço de 9,5 mm","m",173.37]
[1408028,"Solda elétrica manual de perfis metálicos e chapas de aço com eletrodo E70XX para beneficiamento de aço naval","kg",208.77]
[1408027,"Solda tipo MIG/MAG automatizada","kg",118.01]
[1400978,"Solda tipo MIG/MAG manual","kg",190.18]
[1513941,"Contenção em areia-cimento ensacada com mistura de areia com 8% de cimento - confecção e assentamento","m³",513]
[1513940,"Contenção em solo-cimento ensacado com mistura de solo de jazida com 8% de cimento - confecção e assentamento","m³",398.71]
[1505879,"Enrocamento de pedra arrumada manualmente - pedra de mão comercial - fornecimento e assentamento","m³",304.66000000000003]
[1505878,"Enrocamento de pedra arrumada manualmente - pedra de mão produzida - confecção e assentamento","m³",179.84]
[1505877,"Enrocamento de pedra espalhada e compactada mecanicamente - pedra de mão comercial - fornecimento e assentamento","m³",199.76]
[1505860,"Enrocamento de pedra jogada - pedra de mão comercial - fornecimento e assentamento","m³",201.45]
[1505859,"Enrocamento de pedra jogada - pedra de mão produzida - confecção e assentamento","m³",97.43]
[1516204,"Fabricação de blocos segmentais de face pré-moldados - C = 40 cm, L = 40 cm e H = 20 cm - massa de 25 kg","un",6.85]
[1516312,"Geocélula em PEAD, paredes perfuradas, soldadas - altura de 100 mm e 1.206 cm² de área de célula - fornecimento e instalação","m²",41.64]
[1516304,"Geocélula em PEAD, paredes perfuradas, soldadas - altura de 100 mm e 289 cm² de área de célula - fornecimento e instalação","m²",54.01]
[1516308,"Geocélula em PEAD, paredes perfuradas, soldadas - altura de 100 mm e 460 cm² de área de célula - fornecimento e instalação","m²",44.24]
[1516313,"Geocélula em PEAD, paredes perfuradas, soldadas - altura de 150 mm e 1.206 cm² de área de célula - fornecimento e instalação","m²",50.25]
[1516305,"Geocélula em PEAD, paredes perfuradas, soldadas - altura de 150 mm e 289 cm² de área de célula - fornecimento e instalação","m²",65]
[1516309,"Geocélula em PEAD, paredes perfuradas, soldadas - altura de 150 mm e 460 cm² de área de célula - fornecimento e instalação","m²",53.08]
[1516314,"Geocélula em PEAD, paredes perfuradas, soldadas - altura de 200 mm e 1.206 cm² de área de célula - fornecimento e instalação","m²",58.34]
[1516306,"Geocélula em PEAD, paredes perfuradas, soldadas - altura de 200 mm e 289 cm² de área de célula - fornecimento e instalação","m²",77.09]
[1516310,"Geocélula em PEAD, paredes perfuradas, soldadas - altura de 200 mm e 460 cm² de área de célula - fornecimento e instalação","m²",62.59]
[1516311,"Geocélula em PEAD, paredes perfuradas, soldadas - altura de 75 mm e 1.206 cm² de área de célula - fornecimento e instalação","m²",31.96]
[1516303,"Geocélula em PEAD, paredes perfuradas, soldadas - altura de 75 mm e 289 cm² de área de célula - fornecimento e instalação","m²",43.06]
[1516307,"Geocélula em PEAD, paredes perfuradas, soldadas - altura de 75 mm e 460 cm² de área de célula - fornecimento e instalação","m²",35.6]
[1516298,"Geogrelha unidirecional com resistência à tração de 100 kN/m - fornecimento e instalação","m²",32.58]
[1516299,"Geogrelha unidirecional com resistência à tração de 150 kN/m - fornecimento e instalação","m²",34.799999999999997]
[1516300,"Geogrelha unidirecional com resistência à tração de 200 kN/m - fornecimento e instalação","m²",45.39]
[1516301,"Geogrelha unidirecional com resistência à tração de 300 kN/m - fornecimento e instalação","m²",66.650000000000006]
[1516302,"Geogrelha unidirecional com resistência à tração de 400 kN/m - fornecimento e instalação","m²",87.78]
[1516296,"Geogrelha unidirecional com resistência à tração de 50 kN/m - fornecimento e instalação","m²",24.72]
[1516297,"Geogrelha unidirecional com resistência à tração de 90 kN/m - fornecimento e instalação","m²",31.52]
[1505847,"Muro em blocos segmentais de face pré-moldados - C = 40 cm, L = 40 cm, e H = 20 cm com altura de 4 a 6 m - confecção e assentamento","m²",202.24]
[1505848,"Muro em blocos segmentais de face pré-moldados - C = 40 cm, L = 40 cm, e H = 20 cm com altura de 6 a 8 m - confecção e assentamento","m²",197.26]
[1505849,"Muro em blocos segmentais de face pré-moldados - C = 40 cm, L = 40 cm, e H = 20 cm com altura de 8 a 10 m - confecção e assentamento","m²",194.5]
[1505930,"Muro em blocos segmentais de face pré-moldados - C = 40 cm, L = 40 cm, e H = 20 cm com altura de até 4 m - confecção e assentamento","m²",228.37]
[1506055,"Pedra argamassada com cimento e areia 1:3 - areia e pedra de mão comercial - fornecimento e assentamento","m³",480.38]
[1506056,"Pedra argamassada com cimento e areia 1:3 - areia extraída e pedra de mão produzida - confecção e assentamento","m³",329.04]
[1513943,"Proteção de taludes rochosos com telas metálicas - resistência longitudinal à tração de 121 kN/m - fornecimento e posicionamento - inclusive cabos de aço, grampos e clipes de junção","m²",204.89]
[1516318,"Tela metálica dobrada em L para muro em solo reforçado - C = 200 cm, L = 40 cm e H = 40 cm - fornecimento e instalação","m²",602.55999999999995]
[1516317,"Tela metálica dobrada em L para muro em solo reforçado - C = 200 cm, L = 50 cm e H = 50 cm - fornecimento e instalação","m²",523.88]
[1600965,"Abertura em muro de alvenaria de pedra argamassada com martelete","m³",103.06]
[1600408,"Apicoamento manual de concreto","m²",18.899999999999999]
[1600990,"Demolição de concreto armado com martelete e corte oxiacetileno","m³",802.14]
[1600989,"Demolição de concreto simples com martelete","m³",414.28]
[1600438,"Demolição manual de concreto armado","m³",597.48]
[1600436,"Demolição manual de concreto simples","m³",408.16]
[1600895,"Demolição manual de construções provisórias de madeira - sem reaproveitamento","m²",14.38]
[1600897,"Demolição manual de construções provisórias de madeira, sem fechamento lateral e sem pavimentação","m²",3.87]
[1619004,"Demolição mecânica de alvenaria com carregadeira de pneus","m³",7.65]
[1600896,"Demolição mecânica de alvenaria com escavadeira hidráulica","m²",16.66]
[1619003,"Demolição mecânica de concreto armado com escavadeira hidráulica","m³",64.290000000000006]
[1619006,"Demolição mecânica de concreto simples com escavadeira hidráulica","m³",44.71]
[1600414,"Fresagem de piso de concreto","m²",1.17]
[1608148,"Perfuração em concreto com coroa diamantada - D = 100 mm","m",216.48]
[1608021,"Perfuração em concreto com coroa diamantada - D = 16 mm","m",68.06]
[1608024,"Perfuração em concreto com coroa diamantada - D = 20 mm","m",71.510000000000005]
[1608026,"Perfuração em concreto com coroa diamantada - D = 25 mm","m",81.38]
[1608142,"Perfuração em concreto com coroa diamantada - D = 32 mm","m",93.07]
[1608143,"Perfuração em concreto com coroa diamantada - D = 38 mm","m",96.54]
[1608144,"Perfuração em concreto com coroa diamantada - D = 44 mm","m",104.27]
[1608145,"Perfuração em concreto com coroa diamantada - D = 50 mm","m",110.8]
[1608146,"Perfuração em concreto com coroa diamantada - D = 63 mm","m",128.63]
[1608147,"Perfuração em concreto com coroa diamantada - D = 75 mm","m",165.57]
[1608019,"Perfuração em concreto com martelete elétrico - D = 10 mm","m",19.57]
[1608020,"Perfuração em concreto com martelete elétrico - D = 13,0 mm","m",31.33]
[1608025,"Perfuração em concreto com martelete elétrico - D = 14 mm","m",38.380000000000003]
[1600966,"Remoção de cerca com mourões de concreto","m",0.77]
[1600898,"Remoção de painel publicitário, tipo outdoor, com estrutura e suportes em madeira","m²",12.51]
[1600441,"Remoção de paralelepípedos","m²",4.0999999999999996]
[1600404,"Remoção de tubos de concreto com diâmetro de 0,40 m a 1,00 m em valas e bueiros","m",10.18]
[1600405,"Remoção de tubos de concreto com diâmetro de 1,20 m a 1,50 m em valas e bueiros","m",11.31]
[1716605,"Derrocagem subaquática de material de 3ª categoria - carga e limpeza - plataforma com clamshell - flutuante e batelão rebocado de 100 t montado na obra - DMT até 200 m","m³",117.24]
[1716610,"Derrocagem subaquática de material de 3ª categoria - carga e limpeza - plataforma com clamshell - flutuante e batelão rebocado de 100 t montado na obra - DMT de 1.000 a 1200 m","m³",121.77]
[1716611,"Derrocagem subaquática de material de 3ª categoria - carga e limpeza - plataforma com clamshell - flutuante e batelão rebocado de 100 t montado na obra - DMT de 1.200 a 1.400 m","m³",122.34]
[1716612,"Derrocagem subaquática de material de 3ª categoria - carga e limpeza - plataforma com clamshell - flutuante e batelão rebocado de 100 t montado na obra - DMT de 1.400 a 1.600 m","m³",122.9]
[1716613,"Derrocagem subaquática de material de 3ª categoria - carga e limpeza - plataforma com clamshell - flutuante e batelão rebocado de 100 t montado na obra - DMT de 1.600 a 1.800 m","m³",123.47]
[1716614,"Derrocagem subaquática de material de 3ª categoria - carga e limpeza - plataforma com clamshell - flutuante e batelão rebocado de 100 t montado na obra - DMT de 1.800 a 2.000 m","m³",124.6]
[1716615,"Derrocagem subaquática de material de 3ª categoria - carga e limpeza - plataforma com clamshell - flutuante e batelão rebocado de 100 t montado na obra - DMT de 2.000 a 2.500 m","m³",125.74]
[1716616,"Derrocagem subaquática de material de 3ª categoria - carga e limpeza - plataforma com clamshell - flutuante e batelão rebocado de 100 t montado na obra - DMT de 2.500 a 3.000 m","m³",127.44]
[1716606,"Derrocagem subaquática de material de 3ª categoria - carga e limpeza - plataforma com clamshell - flutuante e batelão rebocado de 100 t montado na obra - DMT de 200 a 400 m","m³",118.94]
[1716617,"Derrocagem subaquática de material de 3ª categoria - carga e limpeza - plataforma com clamshell - flutuante e batelão rebocado de 100 t montado na obra - DMT de 3.000 m","m³",128.57]
[1716607,"Derrocagem subaquática de material de 3ª categoria - carga e limpeza - plataforma com clamshell - flutuante e batelão rebocado de 100 t montado na obra - DMT de 400 a 600 m","m³",119.5]
[1716608,"Derrocagem subaquática de material de 3ª categoria - carga e limpeza - plataforma com clamshell - flutuante e batelão rebocado de 100 t montado na obra - DMT de 600 a 800 m","m³",120.64]
[1716609,"Derrocagem subaquática de material de 3ª categoria - carga e limpeza - plataforma com clamshell - flutuante e batelão rebocado de 100 t montado na obra - DMT de 800 a 1.000 m","m³",121.2]
[1716604,"Derrocagem subaquática de material de 3ª categoria - carga e limpeza - plataforma com clamshell - flutuante montado na obra - sem transporte","m³",67.06]
[1716623,"Derrocagem subaquática de material de 3ª categoria - carga e limpeza - plataforma flutuante com clamshell - sem transporte","m³",65.7]
[1716624,"Derrocagem subaquática de material de 3ª categoria - carga e limpeza - plataforma flutuante com clamshell e batelão rebocado de 100 t - DMT até 200 m","m³",115.88]
[1716629,"Derrocagem subaquática de material de 3ª categoria - carga e limpeza - plataforma flutuante com clamshell e batelão rebocado de 100 t - DMT de 1.000 a 1.200 m","m³",120.41]
[1716630,"Derrocagem subaquática de material de 3ª categoria - carga e limpeza - plataforma flutuante com clamshell e batelão rebocado de 100 t - DMT de 1.200 a 1.400 m","m³",120.98]
[1716631,"Derrocagem subaquática de material de 3ª categoria - carga e limpeza - plataforma flutuante com clamshell e batelão rebocado de 100 t - DMT de 1.400 a 1.600 m","m³",121.54]
[1716632,"Derrocagem subaquática de material de 3ª categoria - carga e limpeza - plataforma flutuante com clamshell e batelão rebocado de 100 t - DMT de 1.600 a 1.800 m","m³",122.11]
[1716633,"Derrocagem subaquática de material de 3ª categoria - carga e limpeza - plataforma flutuante com clamshell e batelão rebocado de 100 t - DMT de 1.800 a 2.000 m","m³",123.25]
[1716634,"Derrocagem subaquática de material de 3ª categoria - carga e limpeza - plataforma flutuante com clamshell e batelão rebocado de 100 t - DMT de 2.000 a 2.500 m","m³",124.38]
[1716635,"Derrocagem subaquática de material de 3ª categoria - carga e limpeza - plataforma flutuante com clamshell e batelão rebocado de 100 t - DMT de 2.500 a 3.000 m","m³",126.08]
[1716625,"Derrocagem subaquática de material de 3ª categoria - carga e limpeza - plataforma flutuante com clamshell e batelão rebocado de 100 t - DMT de 200 a 400 m","m³",117.58]
[1716636,"Derrocagem subaquática de material de 3ª categoria - carga e limpeza - plataforma flutuante com clamshell e batelão rebocado de 100 t - DMT de 3.000 m","m³",127.21]
[1716626,"Derrocagem subaquática de material de 3ª categoria - carga e limpeza - plataforma flutuante com clamshell e batelão rebocado de 100 t - DMT de 400 a 600 m","m³",118.14]
[1716627,"Derrocagem subaquática de material de 3ª categoria - carga e limpeza - plataforma flutuante com clamshell e batelão rebocado de 100 t - DMT de 600 a 800 m","m³",119.28]
[1716628,"Derrocagem subaquática de material de 3ª categoria - carga e limpeza - plataforma flutuante com clamshell e batelão rebocado de 100 t - DMT de 800 a 1.000 m","m³",119.84]
[1716640,"Derrocagem subaquática de material de 3ª categoria - carga e limpeza com draga backhoe de 7 m³ - sem transporte","m³",61.08]
[1716641,"Derrocagem subaquática de material de 3ª categoria - carga e limpeza com draga backhoe de 7 m³ - transporte com batelão autopropelido de 300 m³ - DMT até 200 m","m³",70.73]
[1716646,"Derrocagem subaquática de material de 3ª categoria - carga e limpeza com draga backhoe de 7 m³ - transporte com batelão autopropelido de 300 m³ - DMT de 1.000 a 1.200 m","m³",71.34]
[1716647,"Derrocagem subaquática de material de 3ª categoria - carga e limpeza com draga backhoe de 7 m³ - transporte com batelão autopropelido de 300 m³ - DMT de 1.200 a 1.400 m","m³",71.41]
[1716648,"Derrocagem subaquática de material de 3ª categoria - carga e limpeza com draga backhoe de 7 m³ - transporte com batelão autopropelido de 300 m³ - DMT de 1.400 a 1.600 m","m³",71.53]
[1716649,"Derrocagem subaquática de material de 3ª categoria - carga e limpeza com draga backhoe de 7 m³ - transporte com batelão autopropelido de 300 m³ - DMT de 1.600 a 1.800 m","m³",71.59]
[1716650,"Derrocagem subaquática de material de 3ª categoria - carga e limpeza com draga backhoe de 7 m³ - transporte com batelão autopropelido de 300 m³ - DMT de 1.800 a 2.000 m","m³",71.709999999999994]
[1716651,"Derrocagem subaquática de material de 3ª categoria - carga e limpeza com draga backhoe de 7 m³ - transporte com batelão autopropelido de 300 m³ - DMT de 2.000 a 2.500 m","m³",71.84]
[1716652,"Derrocagem subaquática de material de 3ª categoria - carga e limpeza com draga backhoe de 7 m³ - transporte com batelão autopropelido de 300 m³ - DMT de 2.500 a 3.000 m","m³",72.08]
[1716642,"Derrocagem subaquática de material de 3ª categoria - carga e limpeza com draga backhoe de 7 m³ - transporte com batelão autopropelido de 300 m³ - DMT de 200 a 400 m","m³",70.91]
[1716653,"Derrocagem subaquática de material de 3ª categoria - carga e limpeza com draga backhoe de 7 m³ - transporte com batelão autopropelido de 300 m³ - DMT de 3.000 m","m³",72.27]
[1716643,"Derrocagem subaquática de material de 3ª categoria - carga e limpeza com draga backhoe de 7 m³ - transporte com batelão autopropelido de 300 m³ - DMT de 400 a 600 m","m³",71.040000000000006]
[1716644,"Derrocagem subaquática de material de 3ª categoria - carga e limpeza com draga backhoe de 7 m³ - transporte com batelão autopropelido de 300 m³ - DMT de 600 a 800 m","m³",71.16]
[1716645,"Derrocagem subaquática de material de 3ª categoria - carga e limpeza com draga backhoe de 7 m³ - transporte com batelão autopropelido de 300 m³ - DMT de 800 a 1.000 m","m³",71.22]
[1716622,"Derrocagem subaquática de material de 3ª categoria - malha de 1,5 m² - perfuração e detonação - plataforma autoelevatória com três torres de perfuração","m³",93.29]
[1716603,"Derrocagem subaquática de material de 3ª categoria - malha de 1,5 m² - perfuração e detonação - plataforma autoelevatória montada na obra com três torres de perfuração","m³",93.29]
[1716620,"Derrocagem subaquática de material de 3ª categoria - malha de 1,5 m² - perfuração e detonação - plataforma flutuante com duas torres de perfuração","m³",126.59]
[1716621,"Derrocagem subaquática de material de 3ª categoria - malha de 1,5 m² - perfuração e detonação - plataforma flutuante com três torres de perfuração","m³",99.93]
[1716619,"Derrocagem subaquática de material de 3ª categoria - malha de 1,5 m² - perfuração e detonação - plataforma flutuante com uma torre de perfuração","m³",206.63]
[1716601,"Derrocagem subaquática de material de 3ª categoria - malha de 1,5 m² - perfuração e detonação - plataforma montada na obra com duas torres de perfuração","m³",128.41]
[1716602,"Derrocagem subaquática de material de 3ª categoria - malha de 1,5 m² - perfuração e detonação - plataforma montada na obra com três torres de perfuração","m³",101.14]
[1716600,"Derrocagem subaquática de material de 3ª categoria - malha de 1,5 m² - perfuração e detonação - plataforma montada na obra com uma torre de perfuração","m³",210.27]
[1716655,"Derrocagem subaquática de material de 3ª categoria - malha de 2,5 m² - perfuração e detonação - plataforma com duas torres de perfuração","m³",74.33]
[1716639,"Derrocagem subaquática de material de 3ª categoria - malha de 4,0 m² - perfuração e detonação - plataforma com duas torres de perfuração","m³",52.44]
[1801636,"Levantamento batimétrico monofeixe longitudinal","km",20.55]
[1801637,"Levantamento batimétrico monofeixe transversal","km",27.41]
[1817720,"Levantamento batimétrico multifeixe","km",103.03]
[1817723,"Levantamento hidrométrico com ADCP em rios com velocidade de corrente acima de 1,5 m/s","km",49.4]
[1817721,"Levantamento hidrométrico com ADCP em rios com velocidade de corrente de 0,5 a 1,0 m/s","km",148.21]
[1817722,"Levantamento hidrométrico com ADCP em rios com velocidade de corrente de 1,0 a 1,5 m/s","km",74.099999999999994]
[1917483,"Dragagem de areia fina com draga de sucção e recalque - bomba de 1.350 kW e cortador de 170 kW - distância de recalque de 1.100 a 1.300 m","m³",5.75]
[1917484,"Dragagem de areia fina com draga de sucção e recalque - bomba de 1.350 kW e cortador de 170 kW - distância de recalque de 1.300 a 1.500 m","m³",5.96]
[1917485,"Dragagem de areia fina com draga de sucção e recalque - bomba de 1.350 kW e cortador de 170 kW - distância de recalque de 1.500 a 1.700 m","m³",6.55]
[1917486,"Dragagem de areia fina com draga de sucção e recalque - bomba de 1.350 kW e cortador de 170 kW - distância de recalque de 1.700 a 1.900 m","m³",6.8]
[1917487,"Dragagem de areia fina com draga de sucção e recalque - bomba de 1.350 kW e cortador de 170 kW - distância de recalque de 1.900 a 2.100 m","m³",7.14]
[1917528,"Dragagem de areia fina com draga de sucção e recalque - bomba de 1.350 kW e cortador de 170 kW - distância de recalque de 10.100 a 10.300 m","m³",36.39]
[1917529,"Dragagem de areia fina com draga de sucção e recalque - bomba de 1.350 kW e cortador de 170 kW - distância de recalque de 10.300 a 10.500 m","m³",37.61]
[1917530,"Dragagem de areia fina com draga de sucção e recalque - bomba de 1.350 kW e cortador de 170 kW - distância de recalque de 10.500 a 10.700 m","m³",39.56]
[1917531,"Dragagem de areia fina com draga de sucção e recalque - bomba de 1.350 kW e cortador de 170 kW - distância de recalque de 10.700 a 10.900 m","m³",41.65]
[1917532,"Dragagem de areia fina com draga de sucção e recalque - bomba de 1.350 kW e cortador de 170 kW - distância de recalque de 10.900 a 11.100 m","m³",44.01]
[1917533,"Dragagem de areia fina com draga de sucção e recalque - bomba de 1.350 kW e cortador de 170 kW - distância de recalque de 11.100 a 11.300 m","m³",45.26]
[1917534,"Dragagem de areia fina com draga de sucção e recalque - bomba de 1.350 kW e cortador de 170 kW - distância de recalque de 11.300 a 11.500 m","m³",46.55]
[1917535,"Dragagem de areia fina com draga de sucção e recalque - bomba de 1.350 kW e cortador de 170 kW - distância de recalque de 11.500 a 11.700 m","m³",48.27]
[1917536,"Dragagem de areia fina com draga de sucção e recalque - bomba de 1.350 kW e cortador de 170 kW - distância de recalque de 11.700 a 11.900 m","m³",49.74]
[1917537,"Dragagem de areia fina com draga de sucção e recalque - bomba de 1.350 kW e cortador de 170 kW - distância de recalque de 11.900 a 12.100 m","m³",51.26]
[1917488,"Dragagem de areia fina com draga de sucção e recalque - bomba de 1.350 kW e cortador de 170 kW - distância de recalque de 2.100 a 2.300 m","m³",7.4]
[1917489,"Dragagem de areia fina com draga de sucção e recalque - bomba de 1.350 kW e cortador de 170 kW - distância de recalque de 2.300 a 2.500 m","m³",7.73]
[1917490,"Dragagem de areia fina com draga de sucção e recalque - bomba de 1.350 kW e cortador de 170 kW - distância de recalque de 2.500 a 2.700 m","m³",8.2799999999999994]
[1917491,"Dragagem de areia fina com draga de sucção e recalque - bomba de 1.350 kW e cortador de 170 kW - distância de recalque de 2.700 a 2.900 m","m³",8.64]
[1917492,"Dragagem de areia fina com draga de sucção e recalque - bomba de 1.350 kW e cortador de 170 kW - distância de recalque de 2.900 a 3.100 m","m³",8.93]
[1917493,"Dragagem de areia fina com draga de sucção e recalque - bomba de 1.350 kW e cortador de 170 kW - distância de recalque de 3.100 a 3.300 m","m³",9.31]
[1917494,"Dragagem de areia fina com draga de sucção e recalque - bomba de 1.350 kW e cortador de 170 kW - distância de recalque de 3.300 a 3.500 m","m³",9.7100000000000009]
[1917495,"Dragagem de areia fina com draga de sucção e recalque - bomba de 1.350 kW e cortador de 170 kW - distância de recalque de 3.500 a 3.700 m","m³",10.33]
[1917496,"Dragagem de areia fina com draga de sucção e recalque - bomba de 1.350 kW e cortador de 170 kW - distância de recalque de 3.700 a 3.900 m","m³",10.7]
[1917497,"Dragagem de areia fina com draga de sucção e recalque - bomba de 1.350 kW e cortador de 170 kW - distância de recalque de 3.900 a 4.100 m","m³",11.07]
[1917498,"Dragagem de areia fina com draga de sucção e recalque - bomba de 1.350 kW e cortador de 170 kW - distância de recalque de 4.100 a 4.300 m","m³",11.46]
[1917499,"Dragagem de areia fina com draga de sucção e recalque - bomba de 1.350 kW e cortador de 170 kW - distância de recalque de 4.300 a 4.500 m","m³",11.78]
[1917500,"Dragagem de areia fina com draga de sucção e recalque - bomba de 1.350 kW e cortador de 170 kW - distância de recalque de 4.500 a 4.700 m","m³",12.46]
[1917501,"Dragagem de areia fina com draga de sucção e recalque - bomba de 1.350 kW e cortador de 170 kW - distância de recalque de 4.700 a 4.900 m","m³",12.85]
[1917502,"Dragagem de areia fina com draga de sucção e recalque - bomba de 1.350 kW e cortador de 170 kW - distância de recalque de 4.900 a 5.100 m","m³",13.25]
[1917503,"Dragagem de areia fina com draga de sucção e recalque - bomba de 1.350 kW e cortador de 170 kW - distância de recalque de 5.100 a 5.300 m","m³",13.65]
[1917504,"Dragagem de areia fina com draga de sucção e recalque - bomba de 1.350 kW e cortador de 170 kW - distância de recalque de 5.300 a 5.500 m","m³",14.07]
[1917505,"Dragagem de areia fina com draga de sucção e recalque - bomba de 1.350 kW e cortador de 170 kW - distância de recalque de 5.500 a 5.700 m","m³",14.78]
[1917506,"Dragagem de areia fina com draga de sucção e recalque - bomba de 1.350 kW e cortador de 170 kW - distância de recalque de 5.700 a 5.900 m","m³",15.19]
[1917507,"Dragagem de areia fina com draga de sucção e recalque - bomba de 1.350 kW e cortador de 170 kW - distância de recalque de 5.900 a 6.100 m","m³",15.61]
[1917480,"Dragagem de areia fina com draga de sucção e recalque - bomba de 1.350 kW e cortador de 170 kW - distância de recalque de 500 a 700 m","m³",5.0599999999999996]
[1917508,"Dragagem de areia fina com draga de sucção e recalque - bomba de 1.350 kW e cortador de 170 kW - distância de recalque de 6.100 a 6.300 m","m³",16.04]
[1917509,"Dragagem de areia fina com draga de sucção e recalque - bomba de 1.350 kW e cortador de 170 kW - distância de recalque de 6.300 a 6.500 m","m³",16.559999999999999]
[1917510,"Dragagem de areia fina com draga de sucção e recalque - bomba de 1.350 kW e cortador de 170 kW - distância de recalque de 6.500 a 6.700 m","m³",17.32]
[1917511,"Dragagem de areia fina com draga de sucção e recalque - bomba de 1.350 kW e cortador de 170 kW - distância de recalque de 6.700 a 6.900 m","m³",17.79]
[1917512,"Dragagem de areia fina com draga de sucção e recalque - bomba de 1.350 kW e cortador de 170 kW - distância de recalque de 6.900 a 7.100 m","m³",18.36]
[1917513,"Dragagem de areia fina com draga de sucção e recalque - bomba de 1.350 kW e cortador de 170 kW - distância de recalque de 7.100 a 7.300 m","m³",18.89]
[1917514,"Dragagem de areia fina com draga de sucção e recalque - bomba de 1.350 kW e cortador de 170 kW - distância de recalque de 7.300 a 7.500 m","m³",19.53]
[1917515,"Dragagem de areia fina com draga de sucção e recalque - bomba de 1.350 kW e cortador de 170 kW - distância de recalque de 7.500 a 7.700 m","m³",20.48]
[1917516,"Dragagem de areia fina com draga de sucção e recalque - bomba de 1.350 kW e cortador de 170 kW - distância de recalque de 7.700 a 7.900 m","m³",21.17]
[1917517,"Dragagem de areia fina com draga de sucção e recalque - bomba de 1.350 kW e cortador de 170 kW - distância de recalque de 7.900 a 8.100 m","m³",22.12]
[1917481,"Dragagem de areia fina com draga de sucção e recalque - bomba de 1.350 kW e cortador de 170 kW - distância de recalque de 700 a 900 m","m³",5.26]
[1917518,"Dragagem de areia fina com draga de sucção e recalque - bomba de 1.350 kW e cortador de 170 kW - distância de recalque de 8.100 a 8.300 m","m³",23.06]
[1917519,"Dragagem de areia fina com draga de sucção e recalque - bomba de 1.350 kW e cortador de 170 kW - distância de recalque de 8.300 a 8.500 m","m³",24.23]
[1917520,"Dragagem de areia fina com draga de sucção e recalque - bomba de 1.350 kW e cortador de 170 kW - distância de recalque de 8.500 a 8.700 m","m³",25.58]
[1917521,"Dragagem de areia fina com draga de sucção e recalque - bomba de 1.350 kW e cortador de 170 kW - distância de recalque de 8.700 a 8.900 m","m³",26.7]
[1917522,"Dragagem de areia fina com draga de sucção e recalque - bomba de 1.350 kW e cortador de 170 kW - distância de recalque de 8.900 a 9.100 m","m³",27.94]
[1917523,"Dragagem de areia fina com draga de sucção e recalque - bomba de 1.350 kW e cortador de 170 kW - distância de recalque de 9.100 a 9.300 m","m³",29.22]
[1917524,"Dragagem de areia fina com draga de sucção e recalque - bomba de 1.350 kW e cortador de 170 kW - distância de recalque de 9.300 a 9.500 m","m³",30.58]
[1917525,"Dragagem de areia fina com draga de sucção e recalque - bomba de 1.350 kW e cortador de 170 kW - distância de recalque de 9.500 a 9.700 m","m³",32.21]
[1917526,"Dragagem de areia fina com draga de sucção e recalque - bomba de 1.350 kW e cortador de 170 kW - distância de recalque de 9.700 a 9.900 m","m³",33.47]
[1917527,"Dragagem de areia fina com draga de sucção e recalque - bomba de 1.350 kW e cortador de 170 kW - distância de recalque de 9.900 a 10.100 m","m³",34.72]
[1917482,"Dragagem de areia fina com draga de sucção e recalque - bomba de 1.350 kW e cortador de 170 kW - distância de recalque de 900 a 1.100 m","m³",5.46]
[1917737,"Dragagem de areia fina com draga de sucção e recalque - bomba de 1.350 kW e cortador de 170 kW - distância de recalque de até 500 m","m³",5.0199999999999996]
[1917220,"Dragagem de areia fina com draga de sucção e recalque - bomba de 294 kW e cortador de 30 kW - distância de recalque de 1.100 a 1.300 m","m³",7.86]
[1917221,"Dragagem de areia fina com draga de sucção e recalque - bomba de 294 kW e cortador de 30 kW - distância de recalque de 1.300 a 1.500 m","m³",8.41]
[1917222,"Dragagem de areia fina com draga de sucção e recalque - bomba de 294 kW e cortador de 30 kW - distância de recalque de 1.500 a 1.700 m","m³",9.06]
[1917223,"Dragagem de areia fina com draga de sucção e recalque - bomba de 294 kW e cortador de 30 kW - distância de recalque de 1.700 a 1.900 m","m³",9.48]
[1917224,"Dragagem de areia fina com draga de sucção e recalque - bomba de 294 kW e cortador de 30 kW - distância de recalque de 1.900 a 2.100 m","m³",9.92]
[1917225,"Dragagem de areia fina com draga de sucção e recalque - bomba de 294 kW e cortador de 30 kW - distância de recalque de 2.100 a 2.300 m","m³",10.43]
[1917226,"Dragagem de areia fina com draga de sucção e recalque - bomba de 294 kW e cortador de 30 kW - distância de recalque de 2.300 a 2.500 m","m³",10.92]
[1917227,"Dragagem de areia fina com draga de sucção e recalque - bomba de 294 kW e cortador de 30 kW - distância de recalque de 2.500 a 2.700 m","m³",11.6]
[1917228,"Dragagem de areia fina com draga de sucção e recalque - bomba de 294 kW e cortador de 30 kW - distância de recalque de 2.700 a 2.900 m","m³",12.18]
[1917229,"Dragagem de areia fina com draga de sucção e recalque - bomba de 294 kW e cortador de 30 kW - distância de recalque de 2.900 a 3.100 m","m³",12.69]
[1917230,"Dragagem de areia fina com draga de sucção e recalque - bomba de 294 kW e cortador de 30 kW - distância de recalque de 3.100 a 3.300 m","m³",13.26]
[1917231,"Dragagem de areia fina com draga de sucção e recalque - bomba de 294 kW e cortador de 30 kW - distância de recalque de 3.300 a 3.500 m","m³",13.86]
[1917232,"Dragagem de areia fina com draga de sucção e recalque - bomba de 294 kW e cortador de 30 kW - distância de recalque de 3.500 a 3.700 m","m³",14.66]
[1917233,"Dragagem de areia fina com draga de sucção e recalque - bomba de 294 kW e cortador de 30 kW - distância de recalque de 3.700 a 3.900 m","m³",15.28]
[1917234,"Dragagem de areia fina com draga de sucção e recalque - bomba de 294 kW e cortador de 30 kW - distância de recalque de 3.900 a 4.100 m","m³",16.02]
[1917217,"Dragagem de areia fina com draga de sucção e recalque - bomba de 294 kW e cortador de 30 kW - distância de recalque de 500 a 700 m","m³",6.43]
[1917218,"Dragagem de areia fina com draga de sucção e recalque - bomba de 294 kW e cortador de 30 kW - distância de recalque de 700 a 900 m","m³",6.69]
[1917219,"Dragagem de areia fina com draga de sucção e recalque - bomba de 294 kW e cortador de 30 kW - distância de recalque de 900 a 1.100 m","m³",7.21]
[1917724,"Dragagem de areia fina com draga de sucção e recalque - bomba de 294 kW e cortador de 30 kW - distância de recalque de até 500 m","m³",6.29]
[1917274,"Dragagem de areia fina com draga de sucção e recalque - bomba de 483 kW e cortador de 55 kW - distância de recalque de 1.100 a 1.300 m","m³",5.91]
[1917275,"Dragagem de areia fina com draga de sucção e recalque - bomba de 483 kW e cortador de 55 kW - distância de recalque de 1.300 a 1.500 m","m³",6.27]
[1917276,"Dragagem de areia fina com draga de sucção e recalque - bomba de 483 kW e cortador de 55 kW - distância de recalque de 1.500 a 1.700 m","m³",6.88]
[1917277,"Dragagem de areia fina com draga de sucção e recalque - bomba de 483 kW e cortador de 55 kW - distância de recalque de 1.700 a 1.900 m","m³",7.34]
[1917278,"Dragagem de areia fina com draga de sucção e recalque - bomba de 483 kW e cortador de 55 kW - distância de recalque de 1.900 a 2.100 m","m³",7.6]
[1917279,"Dragagem de areia fina com draga de sucção e recalque - bomba de 483 kW e cortador de 55 kW - distância de recalque de 2.100 a 2.300 m","m³",8.07]
[1917280,"Dragagem de areia fina com draga de sucção e recalque - bomba de 483 kW e cortador de 55 kW - distância de recalque de 2.300 a 2.500 m","m³",8.52]
[1917281,"Dragagem de areia fina com draga de sucção e recalque - bomba de 483 kW e cortador de 55 kW - distância de recalque de 2.500 a 2.700 m","m³",9.15]
[1917282,"Dragagem de areia fina com draga de sucção e recalque - bomba de 483 kW e cortador de 55 kW - distância de recalque de 2.700 a 2.900 m","m³",9.6]
[1917283,"Dragagem de areia fina com draga de sucção e recalque - bomba de 483 kW e cortador de 55 kW - distância de recalque de 2.900 a 3.100 m","m³",10.06]
[1917284,"Dragagem de areia fina com draga de sucção e recalque - bomba de 483 kW e cortador de 55 kW - distância de recalque de 3.100 a 3.300 m","m³",10.48]
[1917285,"Dragagem de areia fina com draga de sucção e recalque - bomba de 483 kW e cortador de 55 kW - distância de recalque de 3.300 a 3.500 m","m³",10.96]
[1917286,"Dragagem de areia fina com draga de sucção e recalque - bomba de 483 kW e cortador de 55 kW - distância de recalque de 3.500 a 3.700 m","m³",11.75]
[1917287,"Dragagem de areia fina com draga de sucção e recalque - bomba de 483 kW e cortador de 55 kW - distância de recalque de 3.700 a 3.900 m","m³",12.27]
[1917288,"Dragagem de areia fina com draga de sucção e recalque - bomba de 483 kW e cortador de 55 kW - distância de recalque de 3.900 a 4.100 m","m³",12.81]
[1917289,"Dragagem de areia fina com draga de sucção e recalque - bomba de 483 kW e cortador de 55 kW - distância de recalque de 4.100 a 4.300 m","m³",13.41]
[1917290,"Dragagem de areia fina com draga de sucção e recalque - bomba de 483 kW e cortador de 55 kW - distância de recalque de 4.300 a 4.500 m","m³",14.04]
[1917291,"Dragagem de areia fina com draga de sucção e recalque - bomba de 483 kW e cortador de 55 kW - distância de recalque de 4.500 a 4.700 m","m³",14.93]
[1917292,"Dragagem de areia fina com draga de sucção e recalque - bomba de 483 kW e cortador de 55 kW - distância de recalque de 4.700 a 4.900 m","m³",15.61]
[1917293,"Dragagem de areia fina com draga de sucção e recalque - bomba de 483 kW e cortador de 55 kW - distância de recalque de 4.900 a 5.100 m","m³",16.329999999999998]
[1917294,"Dragagem de areia fina com draga de sucção e recalque - bomba de 483 kW e cortador de 55 kW - distância de recalque de 5.100 a 5.300 m","m³",17.29]
[1917295,"Dragagem de areia fina com draga de sucção e recalque - bomba de 483 kW e cortador de 55 kW - distância de recalque de 5.300 a 5.500 m","m³",18.23]
[1917296,"Dragagem de areia fina com draga de sucção e recalque - bomba de 483 kW e cortador de 55 kW - distância de recalque de 5.500 a 5.700 m","m³",19.55]
[1917297,"Dragagem de areia fina com draga de sucção e recalque - bomba de 483 kW e cortador de 55 kW - distância de recalque de 5.700 a 5.900 m","m³",20.78]
[1917298,"Dragagem de areia fina com draga de sucção e recalque - bomba de 483 kW e cortador de 55 kW - distância de recalque de 5.900 a 6.100 m","m³",22.11]
[1917271,"Dragagem de areia fina com draga de sucção e recalque - bomba de 483 kW e cortador de 55 kW - distância de recalque de 500 a 700 m","m³",5]
[1917299,"Dragagem de areia fina com draga de sucção e recalque - bomba de 483 kW e cortador de 55 kW - distância de recalque de 6.100 a 6.300 m","m³",23.7]
[1917300,"Dragagem de areia fina com draga de sucção e recalque - bomba de 483 kW e cortador de 55 kW - distância de recalque de 6.300 a 6.500 m","m³",25.43]
[1917301,"Dragagem de areia fina com draga de sucção e recalque - bomba de 483 kW e cortador de 55 kW - distância de recalque de 6.500 a 6.700 m","m³",27.72]
[1917302,"Dragagem de areia fina com draga de sucção e recalque - bomba de 483 kW e cortador de 55 kW - distância de recalque de 6.700 a 6.900 m","m³",29.91]
[1917303,"Dragagem de areia fina com draga de sucção e recalque - bomba de 483 kW e cortador de 55 kW - distância de recalque de 6.900 a 7.100 m","m³",31.96]
[1917304,"Dragagem de areia fina com draga de sucção e recalque - bomba de 483 kW e cortador de 55 kW - distância de recalque de 7.100 a 7.300 m","m³",33.97]
[1917305,"Dragagem de areia fina com draga de sucção e recalque - bomba de 483 kW e cortador de 55 kW - distância de recalque de 7.300 a 7.500 m","m³",36.21]
[1917306,"Dragagem de areia fina com draga de sucção e recalque - bomba de 483 kW e cortador de 55 kW - distância de recalque de 7.500 a 7.700 m","m³",38.94]
[1917307,"Dragagem de areia fina com draga de sucção e recalque - bomba de 483 kW e cortador de 55 kW - distância de recalque de 7.700 a 7.900 m","m³",40.97]
[1917272,"Dragagem de areia fina com draga de sucção e recalque - bomba de 483 kW e cortador de 55 kW - distância de recalque de 700 a 900 m","m³",5.24]
[1917273,"Dragagem de areia fina com draga de sucção e recalque - bomba de 483 kW e cortador de 55 kW - distância de recalque de 900 a 1.100 m","m³",5.5]
[1917729,"Dragagem de areia fina com draga de sucção e recalque - bomba de 483 kW e cortador de 55 kW - distância de recalque de até 500 m","m³",4.93]
[1917367,"Dragagem de areia fina com draga de sucção e recalque - bomba de 746 kW e cortador de 110 kW - distância de recalque de 1.100 a 1.300 m","m³",5.73]
[1917368,"Dragagem de areia fina com draga de sucção e recalque - bomba de 746 kW e cortador de 110 kW - distância de recalque de 1.300 a 1.500 m","m³",6.11]
[1917369,"Dragagem de areia fina com draga de sucção e recalque - bomba de 746 kW e cortador de 110 kW - distância de recalque de 1.500 a 1.700 m","m³",6.64]
[1917370,"Dragagem de areia fina com draga de sucção e recalque - bomba de 746 kW e cortador de 110 kW - distância de recalque de 1.700 a 1.900 m","m³",6.99]
[1917371,"Dragagem de areia fina com draga de sucção e recalque - bomba de 746 kW e cortador de 110 kW - distância de recalque de 1.900 a 2.100 m","m³",7.31]
[1917372,"Dragagem de areia fina com draga de sucção e recalque - bomba de 746 kW e cortador de 110 kW - distância de recalque de 2.100 a 2.300 m","m³",7.64]
[1917373,"Dragagem de areia fina com draga de sucção e recalque - bomba de 746 kW e cortador de 110 kW - distância de recalque de 2.300 a 2.500 m","m³",7.9]
[1917374,"Dragagem de areia fina com draga de sucção e recalque - bomba de 746 kW e cortador de 110 kW - distância de recalque de 2.500 a 2.700 m","m³",8.5]
[1917375,"Dragagem de areia fina com draga de sucção e recalque - bomba de 746 kW e cortador de 110 kW - distância de recalque de 2.700 a 2.900 m","m³",8.8000000000000007]
[1917376,"Dragagem de areia fina com draga de sucção e recalque - bomba de 746 kW e cortador de 110 kW - distância de recalque de 2.900 a 3.100 m","m³",9.11]
[1917377,"Dragagem de areia fina com draga de sucção e recalque - bomba de 746 kW e cortador de 110 kW - distância de recalque de 3.100 a 3.300 m","m³",9.42]
[1917378,"Dragagem de areia fina com draga de sucção e recalque - bomba de 746 kW e cortador de 110 kW - distância de recalque de 3.300 a 3.500 m","m³",9.73]
[1917379,"Dragagem de areia fina com draga de sucção e recalque - bomba de 746 kW e cortador de 110 kW - distância de recalque de 3.500 a 3.700 m","m³",10.37]
[1917380,"Dragagem de areia fina com draga de sucção e recalque - bomba de 746 kW e cortador de 110 kW - distância de recalque de 3.700 a 3.900 m","m³",10.75]
[1917381,"Dragagem de areia fina com draga de sucção e recalque - bomba de 746 kW e cortador de 110 kW - distância de recalque de 3.900 a 4.100 m","m³",11.15]
[1917382,"Dragagem de areia fina com draga de sucção e recalque - bomba de 746 kW e cortador de 110 kW - distância de recalque de 4.100 a 4.300 m","m³",11.65]
[1917383,"Dragagem de areia fina com draga de sucção e recalque - bomba de 746 kW e cortador de 110 kW - distância de recalque de 4.300 a 4.500 m","m³",12.08]
[1917384,"Dragagem de areia fina com draga de sucção e recalque - bomba de 746 kW e cortador de 110 kW - distância de recalque de 4.500 a 4.700 m","m³",12.79]
[1917385,"Dragagem de areia fina com draga de sucção e recalque - bomba de 746 kW e cortador de 110 kW - distância de recalque de 4.700 a 4.900 m","m³",13.33]
[1917386,"Dragagem de areia fina com draga de sucção e recalque - bomba de 746 kW e cortador de 110 kW - distância de recalque de 4.900 a 5.100 m","m³",13.9]
[1917387,"Dragagem de areia fina com draga de sucção e recalque - bomba de 746 kW e cortador de 110 kW - distância de recalque de 5.100 a 5.300 m","m³",14.5]
[1917388,"Dragagem de areia fina com draga de sucção e recalque - bomba de 746 kW e cortador de 110 kW - distância de recalque de 5.300 a 5.500 m","m³",15.12]
[1917389,"Dragagem de areia fina com draga de sucção e recalque - bomba de 746 kW e cortador de 110 kW - distância de recalque de 5.500 a 5.700 m","m³",16.04]
[1917390,"Dragagem de areia fina com draga de sucção e recalque - bomba de 746 kW e cortador de 110 kW - distância de recalque de 5.700 a 5.900 m","m³",16.899999999999999]
[1917391,"Dragagem de areia fina com draga de sucção e recalque - bomba de 746 kW e cortador de 110 kW - distância de recalque de 5.900 a 6.100 m","m³",17.829999999999998]
[1917364,"Dragagem de areia fina com draga de sucção e recalque - bomba de 746 kW e cortador de 110 kW - distância de recalque de 500 a 700 m","m³",4.62]
[1917392,"Dragagem de areia fina com draga de sucção e recalque - bomba de 746 kW e cortador de 110 kW - distância de recalque de 6.100 a 6.300 m","m³",18.989999999999998]
[1917393,"Dragagem de areia fina com draga de sucção e recalque - bomba de 746 kW e cortador de 110 kW - distância de recalque de 6.300 a 6.500 m","m³",20.21]
[1917394,"Dragagem de areia fina com draga de sucção e recalque - bomba de 746 kW e cortador de 110 kW - distância de recalque de 6.500 a 6.700 m","m³",21.9]
[1917395,"Dragagem de areia fina com draga de sucção e recalque - bomba de 746 kW e cortador de 110 kW - distância de recalque de 6.700 a 6.900 m","m³",23.11]
[1917396,"Dragagem de areia fina com draga de sucção e recalque - bomba de 746 kW e cortador de 110 kW - distância de recalque de 6.900 a 7.100 m","m³",24.5]
[1917397,"Dragagem de areia fina com draga de sucção e recalque - bomba de 746 kW e cortador de 110 kW - distância de recalque de 7.100 a 7.300 m","m³",26.1]
[1917398,"Dragagem de areia fina com draga de sucção e recalque - bomba de 746 kW e cortador de 110 kW - distância de recalque de 7.300 a 7.500 m","m³",27.5]
[1917399,"Dragagem de areia fina com draga de sucção e recalque - bomba de 746 kW e cortador de 110 kW - distância de recalque de 7.500 a 7.700 m","m³",29.43]
[1917400,"Dragagem de areia fina com draga de sucção e recalque - bomba de 746 kW e cortador de 110 kW - distância de recalque de 7.700 a 7.900 m","m³",31.24]
[1917401,"Dragagem de areia fina com draga de sucção e recalque - bomba de 746 kW e cortador de 110 kW - distância de recalque de 7.900 a 8.100 m","m³",32.880000000000003]
[1917365,"Dragagem de areia fina com draga de sucção e recalque - bomba de 746 kW e cortador de 110 kW - distância de recalque de 700 a 900 m","m³",5.0599999999999996]
[1917402,"Dragagem de areia fina com draga de sucção e recalque - bomba de 746 kW e cortador de 110 kW - distância de recalque de 8.100 a 8.300 m","m³",34.799999999999997]
[1917403,"Dragagem de areia fina com draga de sucção e recalque - bomba de 746 kW e cortador de 110 kW - distância de recalque de 8.300 a 8.500 m","m³",36.950000000000003]
[1917404,"Dragagem de areia fina com draga de sucção e recalque - bomba de 746 kW e cortador de 110 kW - distância de recalque de 8.500 a 8.700 m","m³",39.119999999999997]
[1917405,"Dragagem de areia fina com draga de sucção e recalque - bomba de 746 kW e cortador de 110 kW - distância de recalque de 8.700 a 8.900 m","m³",41.23]
[1917406,"Dragagem de areia fina com draga de sucção e recalque - bomba de 746 kW e cortador de 110 kW - distância de recalque de 8.900 a 9.100 m","m³",43.58]
[1917407,"Dragagem de areia fina com draga de sucção e recalque - bomba de 746 kW e cortador de 110 kW - distância de recalque de 9.100 a 9.300 m","m³",46.26]
[1917408,"Dragagem de areia fina com draga de sucção e recalque - bomba de 746 kW e cortador de 110 kW - distância de recalque de 9.300 a 9.500 m","m³",49.25]
[1917409,"Dragagem de areia fina com draga de sucção e recalque - bomba de 746 kW e cortador de 110 kW - distância de recalque de 9.500 a 9.700 m","m³",51.58]
[1917410,"Dragagem de areia fina com draga de sucção e recalque - bomba de 746 kW e cortador de 110 kW - distância de recalque de 9.700 a 9.900 m","m³",53.74]
[1917411,"Dragagem de areia fina com draga de sucção e recalque - bomba de 746 kW e cortador de 110 kW - distância de recalque de 9.900 a 10.100 m","m³",56.17]
[1917366,"Dragagem de areia fina com draga de sucção e recalque - bomba de 746 kW e cortador de 110 kW - distância de recalque de 900 a 1.100 m","m³",5.35]
[1917732,"Dragagem de areia fina com draga de sucção e recalque - bomba de 746 kW e cortador de 110 kW - distância de recalque de até 500 m","m³",4.32]
[1917043,"Dragagem de areia fina com draga hopper - capacidade da cisterna de 1.000 m³ - DMT de 1.500 a 1.800 m","m³",27.01]
[1917044,"Dragagem de areia fina com draga hopper - capacidade da cisterna de 1.000 m³ - DMT de 1.800 a 2.100 m","m³",27.48]
[1917045,"Dragagem de areia fina com draga hopper - capacidade da cisterna de 1.000 m³ - DMT de 2.100 a 2.400 m","m³",27.96]
[1917046,"Dragagem de areia fina com draga hopper - capacidade da cisterna de 1.000 m³ - DMT de 2.400 a 2.700 m","m³",28.46]
[1917047,"Dragagem de areia fina com draga hopper - capacidade da cisterna de 1.000 m³ - DMT de 2.700 a 3.000 m","m³",29]
[1917048,"Dragagem de areia fina com draga hopper - capacidade da cisterna de 1.000 m³ - DMT de 3.000 m","m³",29.28]
[1901518,"Dragagem de areia fina com draga hopper - capacidade da cisterna de 10.000 m³ - DMT de 1.500 a 1.800 m","m³",15.68]
[1901519,"Dragagem de areia fina com draga hopper - capacidade da cisterna de 10.000 m³ - DMT de 1.800 a 2.100 m","m³",15.8]
[1901520,"Dragagem de areia fina com draga hopper - capacidade da cisterna de 10.000 m³ - DMT de 2.100 a 2.400 m","m³",15.92]
[1901521,"Dragagem de areia fina com draga hopper - capacidade da cisterna de 10.000 m³ - DMT de 2.400 a 2.700 m","m³",16.05]
[1901522,"Dragagem de areia fina com draga hopper - capacidade da cisterna de 10.000 m³ - DMT de 2.700 a 3.000 m","m³",16.190000000000001]
[1901517,"Dragagem de areia fina com draga hopper - capacidade da cisterna de 10.000 m³ - DMT de 3.000 m","m³",16.260000000000002]
[1901523,"Dragagem de areia fina com draga hopper - capacidade da cisterna de 15.000 m³ - DMT de 1.500 a 1.800 m","m³",20.65]
[1901524,"Dragagem de areia fina com draga hopper - capacidade da cisterna de 15.000 m³ - DMT de 1.800 a 2.100 m","m³",20.77]
[1901525,"Dragagem de areia fina com draga hopper - capacidade da cisterna de 15.000 m³ - DMT de 2.100 a 2.400 m","m³",20.88]
[1901526,"Dragagem de areia fina com draga hopper - capacidade da cisterna de 15.000 m³ - DMT de 2.400 a 2.700 m","m³",21]
[1901527,"Dragagem de areia fina com draga hopper - capacidade da cisterna de 15.000 m³ - DMT de 2.700 a 3.000 m","m³",21.13]
[1901528,"Dragagem de areia fina com draga hopper - capacidade da cisterna de 15.000 m³ - DMT de 3.000 m","m³",21.2]
[1917079,"Dragagem de areia fina com draga hopper - capacidade da cisterna de 2.000 m³ - DMT de 1.500 a 1.800 m","m³",18.05]
[1917080,"Dragagem de areia fina com draga hopper - capacidade da cisterna de 2.000 m³ - DMT de 1.800 a 2.100 m","m³",18.329999999999998]
[1917081,"Dragagem de areia fina com draga hopper - capacidade da cisterna de 2.000 m³ - DMT de 2.100 a 2.400 m","m³",18.61]
[1917082,"Dragagem de areia fina com draga hopper - capacidade da cisterna de 2.000 m³ - DMT de 2.400 a 2.700 m","m³",18.91]
[1917083,"Dragagem de areia fina com draga hopper - capacidade da cisterna de 2.000 m³ - DMT de 2.700 a 3.000 m","m³",19.23]
[1917084,"Dragagem de areia fina com draga hopper - capacidade da cisterna de 2.000 m³ - DMT de 3.000 m","m³",19.39]
[1901529,"Dragagem de areia fina com draga hopper - capacidade da cisterna de 20.000 m³ - DMT de 1.500 a 1.800 m","m³",25.74]
[1901530,"Dragagem de areia fina com draga hopper - capacidade da cisterna de 20.000 m³ - DMT de 1.800 a 2.100 m","m³",25.85]
[1901531,"Dragagem de areia fina com draga hopper - capacidade da cisterna de 20.000 m³ - DMT de 2.100 a 2.400 m","m³",25.96]
[1901532,"Dragagem de areia fina com draga hopper - capacidade da cisterna de 20.000 m³ - DMT de 2.400 a 2.700 m","m³",26.08]
[1901533,"Dragagem de areia fina com draga hopper - capacidade da cisterna de 20.000 m³ - DMT de 2.700 a 3.000 m","m³",26.2]
[1901534,"Dragagem de areia fina com draga hopper - capacidade da cisterna de 20.000 m³ - DMT de 3.000 m","m³",26.27]
[1917115,"Dragagem de areia fina com draga hopper - capacidade da cisterna de 3.000 m³ - DMT de 1.500 a 1.800 m","m³",16.64]
[1917116,"Dragagem de areia fina com draga hopper - capacidade da cisterna de 3.000 m³ - DMT de 1.800 a 2.100 m","m³",16.86]
[1917117,"Dragagem de areia fina com draga hopper - capacidade da cisterna de 3.000 m³ - DMT de 2.100 a 2.400 m","m³",17.079999999999998]
[1917118,"Dragagem de areia fina com draga hopper - capacidade da cisterna de 3.000 m³ - DMT de 2.400 a 2.700 m","m³",17.309999999999999]
[1917119,"Dragagem de areia fina com draga hopper - capacidade da cisterna de 3.000 m³ - DMT de 2.700 a 3.000 m","m³",17.559999999999999]
[1917120,"Dragagem de areia fina com draga hopper - capacidade da cisterna de 3.000 m³ - DMT de 3.000 m","m³",17.690000000000001]
[1917151,"Dragagem de areia fina com draga hopper - capacidade da cisterna de 4.000 m³ - DMT de 1.500 a 1.800 m","m³",15.54]
[1917152,"Dragagem de areia fina com draga hopper - capacidade da cisterna de 4.000 m³ - DMT de 1.800 a 2.100 m","m³",15.73]
[1917153,"Dragagem de areia fina com draga hopper - capacidade da cisterna de 4.000 m³ - DMT de 2.100 a 2.400 m","m³",15.92]
[1917154,"Dragagem de areia fina com draga hopper - capacidade da cisterna de 4.000 m³ - DMT de 2.400 a 2.700 m","m³",16.12]
[1917155,"Dragagem de areia fina com draga hopper - capacidade da cisterna de 4.000 m³ - DMT de 2.700 a 3.000 m","m³",16.329999999999998]
[1917156,"Dragagem de areia fina com draga hopper - capacidade da cisterna de 4.000 m³ - DMT de 3.000 m","m³",16.45]
[1917187,"Dragagem de areia fina com draga hopper - capacidade da cisterna de 5.000 m³ - DMT de 1.500 a 1.800 m","m³",17.079999999999998]
[1917188,"Dragagem de areia fina com draga hopper - capacidade da cisterna de 5.000 m³ - DMT de 1.800 a 2.100 m","m³",17.239999999999998]
[1917189,"Dragagem de areia fina com draga hopper - capacidade da cisterna de 5.000 m³ - DMT de 2.100 a 2.400 m","m³",17.41]
[1917190,"Dragagem de areia fina com draga hopper - capacidade da cisterna de 5.000 m³ - DMT de 2.400 a 2.700 m","m³",17.59]
[1917191,"Dragagem de areia fina com draga hopper - capacidade da cisterna de 5.000 m³ - DMT de 2.700 a 3.000 m","m³",17.77]
[1917192,"Dragagem de areia fina com draga hopper - capacidade da cisterna de 5.000 m³ - DMT de 3.000 m","m³",17.87]
[1917007,"Dragagem de areia fina com draga hopper - capacidade da cisterna de 750 m³ - DMT de 1.500 a 1.800 m","m³",37.53]
[1917008,"Dragagem de areia fina com draga hopper - capacidade da cisterna de 750 m³ - DMT de 1.800 a 2.100 m","m³",38.229999999999997]
[1917009,"Dragagem de areia fina com draga hopper - capacidade da cisterna de 750 m³ - DMT de 2.100 a 2.400 m","m³",38.92]
[1917010,"Dragagem de areia fina com draga hopper - capacidade da cisterna de 750 m³ - DMT de 2.400 a 2.700 m","m³",39.67]
[1917011,"Dragagem de areia fina com draga hopper - capacidade da cisterna de 750 m³ - DMT de 2.700 a 3.000 m","m³",40.450000000000003]
[1917012,"Dragagem de areia fina com draga hopper - capacidade da cisterna de 750 m³ - DMT de 3.000 m","m³",40.86]
[1917578,"Dragagem de areia grossa com draga de sucção e recalque - bomba de 1.350 kW e cortador de 170 kW - distância de recalque de 1.100 a 1.300 m","m³",7.88]
[1917579,"Dragagem de areia grossa com draga de sucção e recalque - bomba de 1.350 kW e cortador de 170 kW - distância de recalque de 1.300 a 1.500 m","m³",8.39]
[1917580,"Dragagem de areia grossa com draga de sucção e recalque - bomba de 1.350 kW e cortador de 170 kW - distância de recalque de 1.500 a 1.700 m","m³",8.82]
[1917581,"Dragagem de areia grossa com draga de sucção e recalque - bomba de 1.350 kW e cortador de 170 kW - distância de recalque de 1.700 a 1.900 m","m³",9.31]
[1917582,"Dragagem de areia grossa com draga de sucção e recalque - bomba de 1.350 kW e cortador de 170 kW - distância de recalque de 1.900 a 2.100 m","m³",10.02]
[1917583,"Dragagem de areia grossa com draga de sucção e recalque - bomba de 1.350 kW e cortador de 170 kW - distância de recalque de 2.100 a 2.300 m","m³",10.58]
[1917584,"Dragagem de areia grossa com draga de sucção e recalque - bomba de 1.350 kW e cortador de 170 kW - distância de recalque de 2.300 a 2.500 m","m³",11.07]
[1917585,"Dragagem de areia grossa com draga de sucção e recalque - bomba de 1.350 kW e cortador de 170 kW - distância de recalque de 2.500 a 2.700 m","m³",11.81]
[1917586,"Dragagem de areia grossa com draga de sucção e recalque - bomba de 1.350 kW e cortador de 170 kW - distância de recalque de 2.700 a 2.900 m","m³",12.89]
[1917587,"Dragagem de areia grossa com draga de sucção e recalque - bomba de 1.350 kW e cortador de 170 kW - distância de recalque de 2.900 a 3.100 m","m³",13.73]
[1917588,"Dragagem de areia grossa com draga de sucção e recalque - bomba de 1.350 kW e cortador de 170 kW - distância de recalque de 3.100 a 3.300 m","m³",14.68]
[1917589,"Dragagem de areia grossa com draga de sucção e recalque - bomba de 1.350 kW e cortador de 170 kW - distância de recalque de 3.300 a 3.500 m","m³",16.62]
[1917590,"Dragagem de areia grossa com draga de sucção e recalque - bomba de 1.350 kW e cortador de 170 kW - distância de recalque de 3.500 a 3.700 m","m³",19.34]
[1917591,"Dragagem de areia grossa com draga de sucção e recalque - bomba de 1.350 kW e cortador de 170 kW - distância de recalque de 3.700 a 3.900 m","m³",21.78]
[1917592,"Dragagem de areia grossa com draga de sucção e recalque - bomba de 1.350 kW e cortador de 170 kW - distância de recalque de 3.900 a 4.100 m","m³",24.89]
[1917593,"Dragagem de areia grossa com draga de sucção e recalque - bomba de 1.350 kW e cortador de 170 kW - distância de recalque de 4.100 a 4.300 m","m³",28.12]
[1917594,"Dragagem de areia grossa com draga de sucção e recalque - bomba de 1.350 kW e cortador de 170 kW - distância de recalque de 4.300 a 4.500 m","m³",32.020000000000003]
[1917595,"Dragagem de areia grossa com draga de sucção e recalque - bomba de 1.350 kW e cortador de 170 kW - distância de recalque de 4.500 a 4.700 m","m³",36.24]
[1917596,"Dragagem de areia grossa com draga de sucção e recalque - bomba de 1.350 kW e cortador de 170 kW - distância de recalque de 4.700 a 4.900 m","m³",40.06]
[1917597,"Dragagem de areia grossa com draga de sucção e recalque - bomba de 1.350 kW e cortador de 170 kW - distância de recalque de 4.900 a 5.100 m","m³",45.35]
[1917598,"Dragagem de areia grossa com draga de sucção e recalque - bomba de 1.350 kW e cortador de 170 kW - distância de recalque de 5.100 a 5.300 m","m³",50.17]
[1917599,"Dragagem de areia grossa com draga de sucção e recalque - bomba de 1.350 kW e cortador de 170 kW - distância de recalque de 5.300 a 5.500 m","m³",55.73]
[1917600,"Dragagem de areia grossa com draga de sucção e recalque - bomba de 1.350 kW e cortador de 170 kW - distância de recalque de 5.500 a 5.700 m","m³",62.87]
[1917601,"Dragagem de areia grossa com draga de sucção e recalque - bomba de 1.350 kW e cortador de 170 kW - distância de recalque de 5.700 a 5.900 m","m³",66.06]
[1917575,"Dragagem de areia grossa com draga de sucção e recalque - bomba de 1.350 kW e cortador de 170 kW - distância de recalque de 500 a 700 m","m³",6.26]
[1917576,"Dragagem de areia grossa com draga de sucção e recalque - bomba de 1.350 kW e cortador de 170 kW - distância de recalque de 700 a 900 m","m³",6.66]
[1917577,"Dragagem de areia grossa com draga de sucção e recalque - bomba de 1.350 kW e cortador de 170 kW - distância de recalque de 900 a 1.100 m","m³",7.16]
[1917739,"Dragagem de areia grossa com draga de sucção e recalque - bomba de 1.350 kW e cortador de 170 kW - distância de recalque de até 500 m","m³",6.15]
[1917253,"Dragagem de areia grossa com draga de sucção e recalque - bomba de 294 kW e cortador de 30 kW - distância de recalque de 1.100 a 1.300 m","m³",9.36]
[1917254,"Dragagem de areia grossa com draga de sucção e recalque - bomba de 294 kW e cortador de 30 kW - distância de recalque de 1.300 a 1.500 m","m³",10.029999999999999]
[1917255,"Dragagem de areia grossa com draga de sucção e recalque - bomba de 294 kW e cortador de 30 kW - distância de recalque de 1.500 a 1.700 m","m³",10.87]
[1917256,"Dragagem de areia grossa com draga de sucção e recalque - bomba de 294 kW e cortador de 30 kW - distância de recalque de 1.700 a 1.900 m","m³",11.76]
[1917257,"Dragagem de areia grossa com draga de sucção e recalque - bomba de 294 kW e cortador de 30 kW - distância de recalque de 1.900 a 2.100 m","m³",12.94]
[1917258,"Dragagem de areia grossa com draga de sucção e recalque - bomba de 294 kW e cortador de 30 kW - distância de recalque de 2.100 a 2.300 m","m³",14.17]
[1917259,"Dragagem de areia grossa com draga de sucção e recalque - bomba de 294 kW e cortador de 30 kW - distância de recalque de 2.300 a 2.500 m","m³",17.68]
[1917250,"Dragagem de areia grossa com draga de sucção e recalque - bomba de 294 kW e cortador de 30 kW - distância de recalque de 500 a 700 m","m³",7.04]
[1917251,"Dragagem de areia grossa com draga de sucção e recalque - bomba de 294 kW e cortador de 30 kW - distância de recalque de 700 a 900 m","m³",7.46]
[1917252,"Dragagem de areia grossa com draga de sucção e recalque - bomba de 294 kW e cortador de 30 kW - distância de recalque de 900 a 1.100 m","m³",8.34]
[1917726,"Dragagem de areia grossa com draga de sucção e recalque - bomba de 294 kW e cortador de 30 kW - distância de recalque de até 500 m","m³",6.88]
[1917335,"Dragagem de areia grossa com draga de sucção e recalque - bomba de 483 kW e cortador de 55 kW - distância de recalque de 1.100 a 1.300 m","m³",6.96]
[1917336,"Dragagem de areia grossa com draga de sucção e recalque - bomba de 483 kW e cortador de 55 kW - distância de recalque de 1.300 a 1.500 m","m³",7.87]
[1917337,"Dragagem de areia grossa com draga de sucção e recalque - bomba de 483 kW e cortador de 55 kW - distância de recalque de 1.500 a 1.700 m","m³",8.58]
[1917338,"Dragagem de areia grossa com draga de sucção e recalque - bomba de 483 kW e cortador de 55 kW - distância de recalque de 1.700 a 1.900 m","m³",9.49]
[1917339,"Dragagem de areia grossa com draga de sucção e recalque - bomba de 483 kW e cortador de 55 kW - distância de recalque de 1.900 a 2.100 m","m³",10.59]
[1917340,"Dragagem de areia grossa com draga de sucção e recalque - bomba de 483 kW e cortador de 55 kW - distância de recalque de 2.100 a 2.300 m","m³",12.34]
[1917341,"Dragagem de areia grossa com draga de sucção e recalque - bomba de 483 kW e cortador de 55 kW - distância de recalque de 2.300 a 2.500 m","m³",15.74]
[1917342,"Dragagem de areia grossa com draga de sucção e recalque - bomba de 483 kW e cortador de 55 kW - distância de recalque de 2.500 a 2.700 m","m³",19.62]
[1917343,"Dragagem de areia grossa com draga de sucção e recalque - bomba de 483 kW e cortador de 55 kW - distância de recalque de 2.700 a 2.900 m","m³",24.57]
[1917344,"Dragagem de areia grossa com draga de sucção e recalque - bomba de 483 kW e cortador de 55 kW - distância de recalque de 2.900 a 3.100 m","m³",29.79]
[1917345,"Dragagem de areia grossa com draga de sucção e recalque - bomba de 483 kW e cortador de 55 kW - distância de recalque de 3.100 a 3.300 m","m³",37.14]
[1917346,"Dragagem de areia grossa com draga de sucção e recalque - bomba de 483 kW e cortador de 55 kW - distância de recalque de 3.300 a 3.500 m","m³",44.37]
[1917347,"Dragagem de areia grossa com draga de sucção e recalque - bomba de 483 kW e cortador de 55 kW - distância de recalque de 3.500 a 3.700 m","m³",57.06]
[1917332,"Dragagem de areia grossa com draga de sucção e recalque - bomba de 483 kW e cortador de 55 kW - distância de recalque de 500 a 700 m","m³",5.75]
[1917333,"Dragagem de areia grossa com draga de sucção e recalque - bomba de 483 kW e cortador de 55 kW - distância de recalque de 700 a 900 m","m³",6.1]
[1917334,"Dragagem de areia grossa com draga de sucção e recalque - bomba de 483 kW e cortador de 55 kW - distância de recalque de 900 a 1.100 m","m³",6.46]
[1917331,"Dragagem de areia grossa com draga de sucção e recalque - bomba de 483 kW e cortador de 55 kW - distância de recalque de até 500 m","m³",5.3]
[1917443,"Dragagem de areia grossa com draga de sucção e recalque - bomba de 746 kW e cortador de 110 kW - distância de recalque de 1.100 a 1.300 m","m³",7.82]
[1917444,"Dragagem de areia grossa com draga de sucção e recalque - bomba de 746 kW e cortador de 110 kW - distância de recalque de 1.300 a 1.500 m","m³",8.44]
[1917445,"Dragagem de areia grossa com draga de sucção e recalque - bomba de 746 kW e cortador de 110 kW - distância de recalque de 1.500 a 1.700 m","m³",9.11]
[1917446,"Dragagem de areia grossa com draga de sucção e recalque - bomba de 746 kW e cortador de 110 kW - distância de recalque de 1.700 a 1.900 m","m³",9.81]
[1917447,"Dragagem de areia grossa com draga de sucção e recalque - bomba de 746 kW e cortador de 110 kW - distância de recalque de 1.900 a 2.100 m","m³",10.85]
[1917448,"Dragagem de areia grossa com draga de sucção e recalque - bomba de 746 kW e cortador de 110 kW - distância de recalque de 2.100 a 2.300 m","m³",11.77]
[1917449,"Dragagem de areia grossa com draga de sucção e recalque - bomba de 746 kW e cortador de 110 kW - distância de recalque de 2.300 a 2.500 m","m³",12.98]
[1917450,"Dragagem de areia grossa com draga de sucção e recalque - bomba de 746 kW e cortador de 110 kW - distância de recalque de 2.500 a 2.700 m","m³",14.47]
[1917451,"Dragagem de areia grossa com draga de sucção e recalque - bomba de 746 kW e cortador de 110 kW - distância de recalque de 2.700 a 2.900 m","m³",17.760000000000002]
[1917452,"Dragagem de areia grossa com draga de sucção e recalque - bomba de 746 kW e cortador de 110 kW - distância de recalque de 2.900 a 3.100 m","m³",21.02]
[1917453,"Dragagem de areia grossa com draga de sucção e recalque - bomba de 746 kW e cortador de 110 kW - distância de recalque de 3.100 a 3.300 m","m³",24.98]
[1917454,"Dragagem de areia grossa com draga de sucção e recalque - bomba de 746 kW e cortador de 110 kW - distância de recalque de 3.300 a 3.500 m","m³",29.32]
[1917455,"Dragagem de areia grossa com draga de sucção e recalque - bomba de 746 kW e cortador de 110 kW - distância de recalque de 3.500 a 3.700 m","m³",34.840000000000003]
[1917456,"Dragagem de areia grossa com draga de sucção e recalque - bomba de 746 kW e cortador de 110 kW - distância de recalque de 3.700 a 3.900 m","m³",40.86]
[1917457,"Dragagem de areia grossa com draga de sucção e recalque - bomba de 746 kW e cortador de 110 kW - distância de recalque de 3.900 a 4.100 m","m³",46.24]
[1917458,"Dragagem de areia grossa com draga de sucção e recalque - bomba de 746 kW e cortador de 110 kW - distância de recalque de 4.100 a 4.300 m","m³",53.38]
[1917459,"Dragagem de areia grossa com draga de sucção e recalque - bomba de 746 kW e cortador de 110 kW - distância de recalque de 4.300 a 4.500 m","m³",56.15]
[1917440,"Dragagem de areia grossa com draga de sucção e recalque - bomba de 746 kW e cortador de 110 kW - distância de recalque de 500 a 700 m","m³",5.56]
[1917441,"Dragagem de areia grossa com draga de sucção e recalque - bomba de 746 kW e cortador de 110 kW - distância de recalque de 700 a 900 m","m³",6.24]
[1917442,"Dragagem de areia grossa com draga de sucção e recalque - bomba de 746 kW e cortador de 110 kW - distância de recalque de 900 a 1.100 m","m³",6.91]
[1917734,"Dragagem de areia grossa com draga de sucção e recalque - bomba de 746 kW e cortador de 110 kW - distância de recalque de até 500 m","m³",5.13]
[1917055,"Dragagem de areia grossa com draga hopper - capacidade da cisterna de 1.000 m³ - DMT de 1.500 a 1.800 m","m³",24.61]
[1917056,"Dragagem de areia grossa com draga hopper - capacidade da cisterna de 1.000 m³ - DMT de 1.800 a 2.100 m","m³",25.07]
[1917057,"Dragagem de areia grossa com draga hopper - capacidade da cisterna de 1.000 m³ - DMT de 2.100 a 2.400 m","m³",25.54]
[1917058,"Dragagem de areia grossa com draga hopper - capacidade da cisterna de 1.000 m³ - DMT de 2.400 a 2.700 m","m³",26.03]
[1917059,"Dragagem de areia grossa com draga hopper - capacidade da cisterna de 1.000 m³ - DMT de 2.700 a 3.000 m","m³",26.55]
[1917060,"Dragagem de areia grossa com draga hopper - capacidade da cisterna de 1.000 m³ - DMT de 3.000 m","m³",26.83]
[1901536,"Dragagem de areia grossa com draga hopper - capacidade da cisterna de 10.000 m³ - DMT de 1.500 a 1.800 m","m³",14.09]
[1901537,"Dragagem de areia grossa com draga hopper - capacidade da cisterna de 10.000 m³ - DMT de 1.800 a 2.100 m","m³",14.2]
[1901538,"Dragagem de areia grossa com draga hopper - capacidade da cisterna de 10.000 m³ - DMT de 2.100 a 2.400 m","m³",14.32]
[1901539,"Dragagem de areia grossa com draga hopper - capacidade da cisterna de 10.000 m³ - DMT de 2.400 a 2.700 m","m³",14.45]
[1901540,"Dragagem de areia grossa com draga hopper - capacidade da cisterna de 10.000 m³ - DMT de 2.700 a 3.000 m","m³",14.58]
[1901535,"Dragagem de areia grossa com draga hopper - capacidade da cisterna de 10.000 m³ - DMT de 3.000 m","m³",14.65]
[1901542,"Dragagem de areia grossa com draga hopper - capacidade da cisterna de 15.000 m³ - DMT de 1.500 a 1.800 m","m³",18.45]
[1901543,"Dragagem de areia grossa com draga hopper - capacidade da cisterna de 15.000 m³ - DMT de 1.800 a 2.100 m","m³",18.559999999999999]
[1901544,"Dragagem de areia grossa com draga hopper - capacidade da cisterna de 15.000 m³ - DMT de 2.100 a 2.400 m","m³",18.670000000000002]
[1901545,"Dragagem de areia grossa com draga hopper - capacidade da cisterna de 15.000 m³ - DMT de 2.400 a 2.700 m","m³",18.79]
[1901546,"Dragagem de areia grossa com draga hopper - capacidade da cisterna de 15.000 m³ - DMT de 2.700 a 3.000 m","m³",18.91]
[1901541,"Dragagem de areia grossa com draga hopper - capacidade da cisterna de 15.000 m³ - DMT de 3.000 m","m³",18.98]
[1917091,"Dragagem de areia grossa com draga hopper - capacidade da cisterna de 2.000 m³ - DMT de 1.500 a 1.800 m","m³",16.420000000000002]
[1917092,"Dragagem de areia grossa com draga hopper - capacidade da cisterna de 2.000 m³ - DMT de 1.800 a 2.100 m","m³",16.690000000000001]
[1917093,"Dragagem de areia grossa com draga hopper - capacidade da cisterna de 2.000 m³ - DMT de 2.100 a 2.400 m","m³",16.97]
[1917094,"Dragagem de areia grossa com draga hopper - capacidade da cisterna de 2.000 m³ - DMT de 2.400 a 2.700 m","m³",17.260000000000002]
[1917095,"Dragagem de areia grossa com draga hopper - capacidade da cisterna de 2.000 m³ - DMT de 2.700 a 3.000 m","m³",17.57]
[1917096,"Dragagem de areia grossa com draga hopper - capacidade da cisterna de 2.000 m³ - DMT de 3.000 m","m³",17.73]
[1901548,"Dragagem de areia grossa com draga hopper - capacidade da cisterna de 20.000 m³ - DMT de 1.500 a 1.800 m","m³",22.92]
[1901549,"Dragagem de areia grossa com draga hopper - capacidade da cisterna de 20.000 m³ - DMT de 1.800 a 2.100 m","m³",23.02]
[1901550,"Dragagem de areia grossa com draga hopper - capacidade da cisterna de 20.000 m³ - DMT de 2.100 a 2.400 m","m³",23.13]
[1901551,"Dragagem de areia grossa com draga hopper - capacidade da cisterna de 20.000 m³ - DMT de 2.400 a 2.700 m","m³",23.24]
[1901552,"Dragagem de areia grossa com draga hopper - capacidade da cisterna de 20.000 m³ - DMT de 2.700 a 3.000 m","m³",23.36]
[1901547,"Dragagem de areia grossa com draga hopper - capacidade da cisterna de 20.000 m³ - DMT de 3.000 m","m³",23.43]
[1917127,"Dragagem de areia grossa com draga hopper - capacidade da cisterna de 3.000 m³ - DMT de 1.500 a 1.800 m","m³",15.09]
[1917128,"Dragagem de areia grossa com draga hopper - capacidade da cisterna de 3.000 m³ - DMT de 1.800 a 2.100 m","m³",15.3]
[1917129,"Dragagem de areia grossa com draga hopper - capacidade da cisterna de 3.000 m³ - DMT de 2.100 a 2.400 m","m³",15.51]
[1917130,"Dragagem de areia grossa com draga hopper - capacidade da cisterna de 3.000 m³ - DMT de 2.400 a 2.700 m","m³",15.74]
[1917131,"Dragagem de areia grossa com draga hopper - capacidade da cisterna de 3.000 m³ - DMT de 2.700 a 3.000 m","m³",15.98]
[1917132,"Dragagem de areia grossa com draga hopper - capacidade da cisterna de 3.000 m³ - DMT de 3.000 m","m³",16.11]
[1917163,"Dragagem de areia grossa com draga hopper - capacidade da cisterna de 4.000 m³ - DMT de 1.500 a 1.800 m","m³",14.07]
[1917164,"Dragagem de areia grossa com draga hopper - capacidade da cisterna de 4.000 m³ - DMT de 1.800 a 2.100 m","m³",14.25]
[1917165,"Dragagem de areia grossa com draga hopper - capacidade da cisterna de 4.000 m³ - DMT de 2.100 a 2.400 m","m³",14.43]
[1917166,"Dragagem de areia grossa com draga hopper - capacidade da cisterna de 4.000 m³ - DMT de 2.400 a 2.700 m","m³",14.63]
[1917167,"Dragagem de areia grossa com draga hopper - capacidade da cisterna de 4.000 m³ - DMT de 2.700 a 3.000 m","m³",14.84]
[1917168,"Dragagem de areia grossa com draga hopper - capacidade da cisterna de 4.000 m³ - DMT de 3.000 m","m³",14.95]
[1917199,"Dragagem de areia grossa com draga hopper - capacidade da cisterna de 5.000 m³ - DMT de 1.500 a 1.800 m","m³",15.39]
[1917200,"Dragagem de areia grossa com draga hopper - capacidade da cisterna de 5.000 m³ - DMT de 1.800 a 2.100 m","m³",15.55]
[1917201,"Dragagem de areia grossa com draga hopper - capacidade da cisterna de 5.000 m³ - DMT de 2.100 a 2.400 m","m³",15.71]
[1917202,"Dragagem de areia grossa com draga hopper - capacidade da cisterna de 5.000 m³ - DMT de 2.400 a 2.700 m","m³",15.88]
[1917203,"Dragagem de areia grossa com draga hopper - capacidade da cisterna de 5.000 m³ - DMT de 2.700 a 3.000 m","m³",16.07]
[1917204,"Dragagem de areia grossa com draga hopper - capacidade da cisterna de 5.000 m³ - DMT de 3.000 m","m³",16.16]
[1917019,"Dragagem de areia grossa com draga hopper - capacidade da cisterna de 750 m³ - DMT de 1.500 a 1.800 m","m³",34.130000000000003]
[1917020,"Dragagem de areia grossa com draga hopper - capacidade da cisterna de 750 m³ - DMT de 1.800 a 2.100 m","m³",34.81]
[1917021,"Dragagem de areia grossa com draga hopper - capacidade da cisterna de 750 m³ - DMT de 2.100 a 2.400 m","m³",35.49]
[1917022,"Dragagem de areia grossa com draga hopper - capacidade da cisterna de 750 m³ - DMT de 2.400 a 2.700 m","m³",36.21]
[1917023,"Dragagem de areia grossa com draga hopper - capacidade da cisterna de 750 m³ - DMT de 2.700 a 3.000 m","m³",36.97]
[1917024,"Dragagem de areia grossa com draga hopper - capacidade da cisterna de 750 m³ - DMT de 3.000 m","m³",37.380000000000003]
[1917541,"Dragagem de areia média com draga de sucção e recalque - bomba de 1.350 kW e cortador de 170 kW - distância de recalque de 1.100 a 1.300 m","m³",6.75]
[1917542,"Dragagem de areia média com draga de sucção e recalque - bomba de 1.350 kW e cortador de 170 kW - distância de recalque de 1.300 a 1.500 m","m³",7.47]
[1917543,"Dragagem de areia média com draga de sucção e recalque - bomba de 1.350 kW e cortador de 170 kW - distância de recalque de 1.500 a 1.700 m","m³",7.81]
[1917544,"Dragagem de areia média com draga de sucção e recalque - bomba de 1.350 kW e cortador de 170 kW - distância de recalque de 1.700 a 1.900 m","m³",8.16]
[1917545,"Dragagem de areia média com draga de sucção e recalque - bomba de 1.350 kW e cortador de 170 kW - distância de recalque de 1.900 a 2.100 m","m³",8.61]
[1917546,"Dragagem de areia média com draga de sucção e recalque - bomba de 1.350 kW e cortador de 170 kW - distância de recalque de 2.100 a 2.300 m","m³",8.99]
[1917547,"Dragagem de areia média com draga de sucção e recalque - bomba de 1.350 kW e cortador de 170 kW - distância de recalque de 2.300 a 2.500 m","m³",9.76]
[1917548,"Dragagem de areia média com draga de sucção e recalque - bomba de 1.350 kW e cortador de 170 kW - distância de recalque de 2.500 a 2.700 m","m³",10.24]
[1917549,"Dragagem de areia média com draga de sucção e recalque - bomba de 1.350 kW e cortador de 170 kW - distância de recalque de 2.700 a 2.900 m","m³",10.75]
[1917550,"Dragagem de areia média com draga de sucção e recalque - bomba de 1.350 kW e cortador de 170 kW - distância de recalque de 2.900 a 3.100 m","m³",11.3]
[1917551,"Dragagem de areia média com draga de sucção e recalque - bomba de 1.350 kW e cortador de 170 kW - distância de recalque de 3.100 a 3.300 m","m³",12.17]
[1917552,"Dragagem de areia média com draga de sucção e recalque - bomba de 1.350 kW e cortador de 170 kW - distância de recalque de 3.300 a 3.500 m","m³",12.77]
[1917553,"Dragagem de areia média com draga de sucção e recalque - bomba de 1.350 kW e cortador de 170 kW - distância de recalque de 3.500 a 3.700 m","m³",12.64]
[1917554,"Dragagem de areia média com draga de sucção e recalque - bomba de 1.350 kW e cortador de 170 kW - distância de recalque de 3.700 a 3.900 m","m³",13.91]
[1917555,"Dragagem de areia média com draga de sucção e recalque - bomba de 1.350 kW e cortador de 170 kW - distância de recalque de 3.900 a 4.100 m","m³",14.56]
[1917556,"Dragagem de areia média com draga de sucção e recalque - bomba de 1.350 kW e cortador de 170 kW - distância de recalque de 4.100 a 4.300 m","m³",15.61]
[1917557,"Dragagem de areia média com draga de sucção e recalque - bomba de 1.350 kW e cortador de 170 kW - distância de recalque de 4.300 a 4.500 m","m³",16.32]
[1917558,"Dragagem de areia média com draga de sucção e recalque - bomba de 1.350 kW e cortador de 170 kW - distância de recalque de 4.500 a 4.700 m","m³",17.38]
[1917559,"Dragagem de areia média com draga de sucção e recalque - bomba de 1.350 kW e cortador de 170 kW - distância de recalque de 4.700 a 4.900 m","m³",19.190000000000001]
[1917560,"Dragagem de areia média com draga de sucção e recalque - bomba de 1.350 kW e cortador de 170 kW - distância de recalque de 4.900 a 5.100 m","m³",21.45]
[1917561,"Dragagem de areia média com draga de sucção e recalque - bomba de 1.350 kW e cortador de 170 kW - distância de recalque de 5.100 a 5.300 m","m³",23.72]
[1917562,"Dragagem de areia média com draga de sucção e recalque - bomba de 1.350 kW e cortador de 170 kW - distância de recalque de 5.300 a 5.500 m","m³",26.31]
[1917563,"Dragagem de areia média com draga de sucção e recalque - bomba de 1.350 kW e cortador de 170 kW - distância de recalque de 5.500 a 5.700 m","m³",28.68]
[1917564,"Dragagem de areia média com draga de sucção e recalque - bomba de 1.350 kW e cortador de 170 kW - distância de recalque de 5.700 a 5.900 m","m³",31.23]
[1917565,"Dragagem de areia média com draga de sucção e recalque - bomba de 1.350 kW e cortador de 170 kW - distância de recalque de 5.900 a 6.100 m","m³",34.619999999999997]
[1917538,"Dragagem de areia média com draga de sucção e recalque - bomba de 1.350 kW e cortador de 170 kW - distância de recalque de 500 a 700 m","m³",5.69]
[1917566,"Dragagem de areia média com draga de sucção e recalque - bomba de 1.350 kW e cortador de 170 kW - distância de recalque de 6.100 a 6.300 m","m³",38.08]
[1917567,"Dragagem de areia média com draga de sucção e recalque - bomba de 1.350 kW e cortador de 170 kW - distância de recalque de 6.300 a 6.500 m","m³",41.74]
[1917568,"Dragagem de areia média com draga de sucção e recalque - bomba de 1.350 kW e cortador de 170 kW - distância de recalque de 6.500 a 6.700 m","m³",45.23]
[1917569,"Dragagem de areia média com draga de sucção e recalque - bomba de 1.350 kW e cortador de 170 kW - distância de recalque de 6.700 a 6.900 m","m³",49.55]
[1917570,"Dragagem de areia média com draga de sucção e recalque - bomba de 1.350 kW e cortador de 170 kW - distância de recalque de 6.900 a 7.100 m","m³",53.54]
[1917571,"Dragagem de areia média com draga de sucção e recalque - bomba de 1.350 kW e cortador de 170 kW - distância de recalque de 7.100 a 7.300 m","m³",58.27]
[1917572,"Dragagem de areia média com draga de sucção e recalque - bomba de 1.350 kW e cortador de 170 kW - distância de recalque de 7.300 a 7.500 m","m³",63.55]
[1917573,"Dragagem de areia média com draga de sucção e recalque - bomba de 1.350 kW e cortador de 170 kW - distância de recalque de 7.500 a 7.700 m","m³",69.3]
[1917574,"Dragagem de areia média com draga de sucção e recalque - bomba de 1.350 kW e cortador de 170 kW - distância de recalque de 7.700 a 7.900 m","m³",74.52]
[1917539,"Dragagem de areia média com draga de sucção e recalque - bomba de 1.350 kW e cortador de 170 kW - distância de recalque de 700 a 900 m","m³",6.01]
[1917540,"Dragagem de areia média com draga de sucção e recalque - bomba de 1.350 kW e cortador de 170 kW - distância de recalque de 900 a 1.100 m","m³",6.42]
[1917738,"Dragagem de areia média com draga de sucção e recalque - bomba de 1.350 kW e cortador de 170 kW - distância de recalque de até 500 m","m³",5.6]
[1917238,"Dragagem de areia média com draga de sucção e recalque - bomba de 294 kW e cortador de 30 kW - distância de recalque de 1.100 a 1.300 m","m³",8.35]
[1917239,"Dragagem de areia média com draga de sucção e recalque - bomba de 294 kW e cortador de 30 kW - distância de recalque de 1.300 a 1.500 m","m³",9.1300000000000008]
[1917240,"Dragagem de areia média com draga de sucção e recalque - bomba de 294 kW e cortador de 30 kW - distância de recalque de 1.500 a 1.700 m","m³",9.76]
[1917241,"Dragagem de areia média com draga de sucção e recalque - bomba de 294 kW e cortador de 30 kW - distância de recalque de 1.700 a 1.900 m","m³",10.33]
[1917242,"Dragagem de areia média com draga de sucção e recalque - bomba de 294 kW e cortador de 30 kW - distância de recalque de 1.900 a 2.100 m","m³",10.89]
[1917243,"Dragagem de areia média com draga de sucção e recalque - bomba de 294 kW e cortador de 30 kW - distância de recalque de 2.100 a 2.300 m","m³",11.42]
[1917244,"Dragagem de areia média com draga de sucção e recalque - bomba de 294 kW e cortador de 30 kW - distância de recalque de 2.300 a 2.500 m","m³",12.14]
[1917245,"Dragagem de areia média com draga de sucção e recalque - bomba de 294 kW e cortador de 30 kW - distância de recalque de 2.500 a 2.700 m","m³",12.78]
[1917246,"Dragagem de areia média com draga de sucção e recalque - bomba de 294 kW e cortador de 30 kW - distância de recalque de 2.700 a 2.900 m","m³",13.46]
[1917247,"Dragagem de areia média com draga de sucção e recalque - bomba de 294 kW e cortador de 30 kW - distância de recalque de 2.900 a 3.100 m","m³",14.59]
[1917248,"Dragagem de areia média com draga de sucção e recalque - bomba de 294 kW e cortador de 30 kW - distância de recalque de 3.100 a 3.300 m","m³",16.68]
[1917249,"Dragagem de areia média com draga de sucção e recalque - bomba de 294 kW e cortador de 30 kW - distância de recalque de 3.300 a 3.500 m","m³",20.02]
[1917235,"Dragagem de areia média com draga de sucção e recalque - bomba de 294 kW e cortador de 30 kW - distância de recalque de 500 a 700 m","m³",6.65]
[1917236,"Dragagem de areia média com draga de sucção e recalque - bomba de 294 kW e cortador de 30 kW - distância de recalque de 700 a 900 m","m³",7.1]
[1917237,"Dragagem de areia média com draga de sucção e recalque - bomba de 294 kW e cortador de 30 kW - distância de recalque de 900 a 1.100 m","m³",7.65]
[1917725,"Dragagem de areia média com draga de sucção e recalque - bomba de 294 kW e cortador de 30 kW - distância de recalque de até 500 m","m³",6.47]
[1917311,"Dragagem de areia média com draga de sucção e recalque - bomba de 483 kW e cortador de 55 kW - distância de recalque de 1.100 a 1.300 m","m³",6.6]
[1917312,"Dragagem de areia média com draga de sucção e recalque - bomba de 483 kW e cortador de 55 kW - distância de recalque de 1.300 a 1.500 m","m³",7.43]
[1917313,"Dragagem de areia média com draga de sucção e recalque - bomba de 483 kW e cortador de 55 kW - distância de recalque de 1.500 a 1.700 m","m³",7.96]
[1917314,"Dragagem de areia média com draga de sucção e recalque - bomba de 483 kW e cortador de 55 kW - distância de recalque de 1.700 a 1.900 m","m³",8.4700000000000006]
[1917315,"Dragagem de areia média com draga de sucção e recalque - bomba de 483 kW e cortador de 55 kW - distância de recalque de 1.900 a 2.100 m","m³",9.1]
[1917316,"Dragagem de areia média com draga de sucção e recalque - bomba de 483 kW e cortador de 55 kW - distância de recalque de 2.100 a 2.300 m","m³",9.7100000000000009]
[1917317,"Dragagem de areia média com draga de sucção e recalque - bomba de 483 kW e cortador de 55 kW - distância de recalque de 2.300 a 2.500 m","m³",10.68]
[1917318,"Dragagem de areia média com draga de sucção e recalque - bomba de 483 kW e cortador de 55 kW - distância de recalque de 2.500 a 2.700 m","m³",11.53]
[1917319,"Dragagem de areia média com draga de sucção e recalque - bomba de 483 kW e cortador de 55 kW - distância de recalque de 2.700 a 2.900 m","m³",12.33]
[1917320,"Dragagem de areia média com draga de sucção e recalque - bomba de 483 kW e cortador de 55 kW - distância de recalque de 2.900 a 3.100 m","m³",13.2]
[1917321,"Dragagem de areia média com draga de sucção e recalque - bomba de 483 kW e cortador de 55 kW - distância de recalque de 3.100 a 3.300 m","m³",16.2]
[1917322,"Dragagem de areia média com draga de sucção e recalque - bomba de 483 kW e cortador de 55 kW - distância de recalque de 3.300 a 3.500 m","m³",18.8]
[1917323,"Dragagem de areia média com draga de sucção e recalque - bomba de 483 kW e cortador de 55 kW - distância de recalque de 3.500 a 3.700 m","m³",22.16]
[1917324,"Dragagem de areia média com draga de sucção e recalque - bomba de 483 kW e cortador de 55 kW - distância de recalque de 3.700 a 3.900 m","m³",25.69]
[1917325,"Dragagem de areia média com draga de sucção e recalque - bomba de 483 kW e cortador de 55 kW - distância de recalque de 3.900 a 4.100 m","m³",29.87]
[1917326,"Dragagem de areia média com draga de sucção e recalque - bomba de 483 kW e cortador de 55 kW - distância de recalque de 4.100 a 4.300 m","m³",35.53]
[1917327,"Dragagem de areia média com draga de sucção e recalque - bomba de 483 kW e cortador de 55 kW - distância de recalque de 4.300 a 4.500 m","m³",41.29]
[1917328,"Dragagem de areia média com draga de sucção e recalque - bomba de 483 kW e cortador de 55 kW - distância de recalque de 4.500 a 4.700 m","m³",47.92]
[1917329,"Dragagem de areia média com draga de sucção e recalque - bomba de 483 kW e cortador de 55 kW - distância de recalque de 4.700 a 4.900 m","m³",52.44]
[1917330,"Dragagem de areia média com draga de sucção e recalque - bomba de 483 kW e cortador de 55 kW - distância de recalque de 4.900 a 5.100 m","m³",58.01]
[1917308,"Dragagem de areia média com draga de sucção e recalque - bomba de 483 kW e cortador de 55 kW - distância de recalque de 500 a 700 m","m³",5.47]
[1917309,"Dragagem de areia média com draga de sucção e recalque - bomba de 483 kW e cortador de 55 kW - distância de recalque de 700 a 900 m","m³",5.79]
[1917310,"Dragagem de areia média com draga de sucção e recalque - bomba de 483 kW e cortador de 55 kW - distância de recalque de 900 a 1.100 m","m³",6.13]
[1917730,"Dragagem de areia média com draga de sucção e recalque - bomba de 483 kW e cortador de 55 kW - distância de recalque de até 500 m","m³",5.4]
[1917415,"Dragagem de areia média com draga de sucção e recalque - bomba de 746 kW e cortador de 110 kW - distância de recalque de 1.100 a 1.300 m","m³",6.72]
[1917416,"Dragagem de areia média com draga de sucção e recalque - bomba de 746 kW e cortador de 110 kW - distância de recalque de 1.300 a 1.500 m","m³",7.47]
[1917417,"Dragagem de areia média com draga de sucção e recalque - bomba de 746 kW e cortador de 110 kW - distância de recalque de 1.500 a 1.700 m","m³",7.98]
[1917418,"Dragagem de areia média com draga de sucção e recalque - bomba de 746 kW e cortador de 110 kW - distância de recalque de 1.700 a 1.900 m","m³",8.4600000000000009]
[1917419,"Dragagem de areia média com draga de sucção e recalque - bomba de 746 kW e cortador de 110 kW - distância de recalque de 1.900 a 2.100 m","m³",8.8699999999999992]
[1917420,"Dragagem de areia média com draga de sucção e recalque - bomba de 746 kW e cortador de 110 kW - distância de recalque de 2.100 a 2.300 m","m³",9.3800000000000008]
[1917421,"Dragagem de areia média com draga de sucção e recalque - bomba de 746 kW e cortador de 110 kW - distância de recalque de 2.300 a 2.500 m","m³",10.17]
[1917422,"Dragagem de areia média com draga de sucção e recalque - bomba de 746 kW e cortador de 110 kW - distância de recalque de 2.500 a 2.700 m","m³",10.65]
[1917423,"Dragagem de areia média com draga de sucção e recalque - bomba de 746 kW e cortador de 110 kW - distância de recalque de 2.700 a 2.900 m","m³",11.14]
[1917424,"Dragagem de areia média com draga de sucção e recalque - bomba de 746 kW e cortador de 110 kW - distância de recalque de 2.900 a 3.100 m","m³",11.65]
[1917425,"Dragagem de areia média com draga de sucção e recalque - bomba de 746 kW e cortador de 110 kW - distância de recalque de 3.100 a 3.300 m","m³",12.64]
[1917426,"Dragagem de areia média com draga de sucção e recalque - bomba de 746 kW e cortador de 110 kW - distância de recalque de 3.300 a 3.500 m","m³",13.74]
[1917427,"Dragagem de areia média com draga de sucção e recalque - bomba de 746 kW e cortador de 110 kW - distância de recalque de 3.500 a 3.700 m","m³",15.75]
[1917428,"Dragagem de areia média com draga de sucção e recalque - bomba de 746 kW e cortador de 110 kW - distância de recalque de 3.700 a 3.900 m","m³",18.11]
[1917429,"Dragagem de areia média com draga de sucção e recalque - bomba de 746 kW e cortador de 110 kW - distância de recalque de 3.900 a 4.100 m","m³",20.59]
[1917430,"Dragagem de areia média com draga de sucção e recalque - bomba de 746 kW e cortador de 110 kW - distância de recalque de 4.100 a 4.300 m","m³",23.86]
[1917431,"Dragagem de areia média com draga de sucção e recalque - bomba de 746 kW e cortador de 110 kW - distância de recalque de 4.300 a 4.500 m","m³",26.76]
[1917432,"Dragagem de areia média com draga de sucção e recalque - bomba de 746 kW e cortador de 110 kW - distância de recalque de 4.500 a 4.700 m","m³",30.52]
[1917433,"Dragagem de areia média com draga de sucção e recalque - bomba de 746 kW e cortador de 110 kW - distância de recalque de 4.700 a 4.900 m","m³",34.39]
[1917434,"Dragagem de areia média com draga de sucção e recalque - bomba de 746 kW e cortador de 110 kW - distância de recalque de 4.900 a 5.100 m","m³",38.93]
[1917435,"Dragagem de areia média com draga de sucção e recalque - bomba de 746 kW e cortador de 110 kW - distância de recalque de 5.100 a 5.300 m","m³",44.44]
[1917436,"Dragagem de areia média com draga de sucção e recalque - bomba de 746 kW e cortador de 110 kW - distância de recalque de 5.300 a 5.500 m","m³",49.42]
[1917437,"Dragagem de areia média com draga de sucção e recalque - bomba de 746 kW e cortador de 110 kW - distância de recalque de 5.500 a 5.700 m","m³",55.79]
[1917438,"Dragagem de areia média com draga de sucção e recalque - bomba de 746 kW e cortador de 110 kW - distância de recalque de 5.700 a 5.900 m","m³",60.23]
[1917439,"Dragagem de areia média com draga de sucção e recalque - bomba de 746 kW e cortador de 110 kW - distância de recalque de 5.900 a 6.100 m","m³",64.099999999999994]
[1917412,"Dragagem de areia média com draga de sucção e recalque - bomba de 746 kW e cortador de 110 kW - distância de recalque de 500 a 700 m","m³",5.14]
[1917413,"Dragagem de areia média com draga de sucção e recalque - bomba de 746 kW e cortador de 110 kW - distância de recalque de 700 a 900 m","m³",5.71]
[1917414,"Dragagem de areia média com draga de sucção e recalque - bomba de 746 kW e cortador de 110 kW - distância de recalque de 900 a 1.100 m","m³",6.28]
[1917733,"Dragagem de areia média com draga de sucção e recalque - bomba de 746 kW e cortador de 110 kW - distância de recalque de até 500 m","m³",4.78]
[1917049,"Dragagem de areia média com draga hopper - capacidade da cisterna de 1.000 m³ - DMT de 1.500 a 1.800 m","m³",25.42]
[1917050,"Dragagem de areia média com draga hopper - capacidade da cisterna de 1.000 m³ - DMT de 1.800 a 2.100 m","m³",25.89]
[1917051,"Dragagem de areia média com draga hopper - capacidade da cisterna de 1.000 m³ - DMT de 2.100 a 2.400 m","m³",26.36]
[1917052,"Dragagem de areia média com draga hopper - capacidade da cisterna de 1.000 m³ - DMT de 2.400 a 2.700 m","m³",26.86]
[1917053,"Dragagem de areia média com draga hopper - capacidade da cisterna de 1.000 m³ - DMT de 2.700 a 3.000 m","m³",27.39]
[1917054,"Dragagem de areia média com draga hopper - capacidade da cisterna de 1.000 m³ - DMT de 3.000 m","m³",27.67]
[1901553,"Dragagem de areia média com draga hopper - capacidade da cisterna de 10.000 m³ - DMT de 1.500 a 1.800 m","m³",14.63]
[1901554,"Dragagem de areia média com draga hopper - capacidade da cisterna de 10.000 m³ - DMT de 1.800 a 2.100 m","m³",14.74]
[1901555,"Dragagem de areia média com draga hopper - capacidade da cisterna de 10.000 m³ - DMT de 2.100 a 2.400 m","m³",14.86]
[1901556,"Dragagem de areia média com draga hopper - capacidade da cisterna de 10.000 m³ - DMT de 2.400 a 2.700 m","m³",14.99]
[1901557,"Dragagem de areia média com draga hopper - capacidade da cisterna de 10.000 m³ - DMT de 2.700 a 3.000 m","m³",15.12]
[1901558,"Dragagem de areia média com draga hopper - capacidade da cisterna de 10.000 m³ - DMT de 3.000 m","m³",15.2]
[1901560,"Dragagem de areia média com draga hopper - capacidade da cisterna de 15.000 m³ - DMT de 1.500 a 1.800 m","m³",19.190000000000001]
[1901561,"Dragagem de areia média com draga hopper - capacidade da cisterna de 15.000 m³ - DMT de 1.800 a 2.100 m","m³",19.3]
[1901562,"Dragagem de areia média com draga hopper - capacidade da cisterna de 15.000 m³ - DMT de 2.100 a 2.400 m","m³",19.41]
[1901563,"Dragagem de areia média com draga hopper - capacidade da cisterna de 15.000 m³ - DMT de 2.400 a 2.700 m","m³",19.53]
[1901564,"Dragagem de areia média com draga hopper - capacidade da cisterna de 15.000 m³ - DMT de 2.700 a 3.000 m","m³",19.66]
[1901559,"Dragagem de areia média com draga hopper - capacidade da cisterna de 15.000 m³ - DMT de 3.000 m","m³",19.72]
[1917085,"Dragagem de areia média com draga hopper - capacidade da cisterna de 2.000 m³ - DMT de 1.500 a 1.800 m","m³",16.98]
[1917086,"Dragagem de areia média com draga hopper - capacidade da cisterna de 2.000 m³ - DMT de 1.800 a 2.100 m","m³",17.25]
[1917087,"Dragagem de areia média com draga hopper - capacidade da cisterna de 2.000 m³ - DMT de 2.100 a 2.400 m","m³",17.53]
[1917088,"Dragagem de areia média com draga hopper - capacidade da cisterna de 2.000 m³ - DMT de 2.400 a 2.700 m","m³",17.82]
[1917089,"Dragagem de areia média com draga hopper - capacidade da cisterna de 2.000 m³ - DMT de 2.700 a 3.000 m","m³",18.13]
[1917090,"Dragagem de areia média com draga hopper - capacidade da cisterna de 2.000 m³ - DMT de 3.000 m","m³",18.3]
[1901566,"Dragagem de areia média com draga hopper - capacidade da cisterna de 20.000 m³ - DMT de 1.500 a 1.800 m","m³",23.86]
[1901567,"Dragagem de areia média com draga hopper - capacidade da cisterna de 20.000 m³ - DMT de 1.800 a 2.100 m","m³",23.97]
[1901568,"Dragagem de areia média com draga hopper - capacidade da cisterna de 20.000 m³ - DMT de 2.100 a 2.400 m","m³",24.08]
[1901569,"Dragagem de areia média com draga hopper - capacidade da cisterna de 20.000 m³ - DMT de 2.400 a 2.700 m","m³",24.19]
[1901570,"Dragagem de areia média com draga hopper - capacidade da cisterna de 20.000 m³ - DMT de 2.700 a 3.000 m","m³",24.32]
[1901565,"Dragagem de areia média com draga hopper - capacidade da cisterna de 20.000 m³ - DMT de 3.000 m","m³",24.38]
[1917121,"Dragagem de areia média com draga hopper - capacidade da cisterna de 3.000 m³ - DMT de 1.500 a 1.800 m","m³",15.61]
[1917122,"Dragagem de areia média com draga hopper - capacidade da cisterna de 3.000 m³ - DMT de 1.800 a 2.100 m","m³",15.83]
[1917123,"Dragagem de areia média com draga hopper - capacidade da cisterna de 3.000 m³ - DMT de 2.100 a 2.400 m","m³",16.05]
[1917124,"Dragagem de areia média com draga hopper - capacidade da cisterna de 3.000 m³ - DMT de 2.400 a 2.700 m","m³",16.28]
[1917125,"Dragagem de areia média com draga hopper - capacidade da cisterna de 3.000 m³ - DMT de 2.700 a 3.000 m","m³",16.52]
[1917126,"Dragagem de areia média com draga hopper - capacidade da cisterna de 3.000 m³ - DMT de 3.000 m","m³",16.649999999999999]
[1917157,"Dragagem de areia média com draga hopper - capacidade da cisterna de 4.000 m³ - DMT de 1.500 a 1.800 m","m³",14.57]
[1917158,"Dragagem de areia média com draga hopper - capacidade da cisterna de 4.000 m³ - DMT de 1.800 a 2.100 m","m³",14.75]
[1917159,"Dragagem de areia média com draga hopper - capacidade da cisterna de 4.000 m³ - DMT de 2.100 a 2.400 m","m³",14.94]
[1917160,"Dragagem de areia média com draga hopper - capacidade da cisterna de 4.000 m³ - DMT de 2.400 a 2.700 m","m³",15.14]
[1917161,"Dragagem de areia média com draga hopper - capacidade da cisterna de 4.000 m³ - DMT de 2.700 a 3.000 m","m³",15.35]
[1917162,"Dragagem de areia média com draga hopper - capacidade da cisterna de 4.000 m³ - DMT de 3.000 m","m³",15.46]
[1917193,"Dragagem de areia média com draga hopper - capacidade da cisterna de 5.000 m³ - DMT de 1.500 a 1.800 m","m³",15.96]
[1917194,"Dragagem de areia média com draga hopper - capacidade da cisterna de 5.000 m³ - DMT de 1.800 a 2.100 m","m³",16.12]
[1917195,"Dragagem de areia média com draga hopper - capacidade da cisterna de 5.000 m³ - DMT de 2.100 a 2.400 m","m³",16.29]
[1917196,"Dragagem de areia média com draga hopper - capacidade da cisterna de 5.000 m³ - DMT de 2.400 a 2.700 m","m³",16.46]
[1917197,"Dragagem de areia média com draga hopper - capacidade da cisterna de 5.000 m³ - DMT de 2.700 a 3.000 m","m³",16.649999999999999]
[1917198,"Dragagem de areia média com draga hopper - capacidade da cisterna de 5.000 m³ - DMT de 3.000 m","m³",16.739999999999998]
[1917013,"Dragagem de areia média com draga hopper - capacidade da cisterna de 750 m³ - DMT de 1.500 a 1.800 m","m³",35.29]
[1917014,"Dragagem de areia média com draga hopper - capacidade da cisterna de 750 m³ - DMT de 1.800 a 2.100 m","m³",35.97]
[1917015,"Dragagem de areia média com draga hopper - capacidade da cisterna de 750 m³ - DMT de 2.100 a 2.400 m","m³",36.659999999999997]
[1917016,"Dragagem de areia média com draga hopper - capacidade da cisterna de 750 m³ - DMT de 2.400 a 2.700 m","m³",37.39]
[1917017,"Dragagem de areia média com draga hopper - capacidade da cisterna de 750 m³ - DMT de 2.700 a 3.000 m","m³",38.159999999999997]
[1917018,"Dragagem de areia média com draga hopper - capacidade da cisterna de 750 m³ - DMT de 3.000 m","m³",38.57]
[1917623,"Dragagem de cascalho com draga de sucção e recalque - bomba de 1.350 kW e cortador de 170 kW - distância de recalque de 1.100 a 1.300 m","m³",23.67]
[1917624,"Dragagem de cascalho com draga de sucção e recalque - bomba de 1.350 kW e cortador de 170 kW - distância de recalque de 1.300 a 1.500 m","m³",29.91]
[1917625,"Dragagem de cascalho com draga de sucção e recalque - bomba de 1.350 kW e cortador de 170 kW - distância de recalque de 1.500 a 1.700 m","m³",37.53]
[1917626,"Dragagem de cascalho com draga de sucção e recalque - bomba de 1.350 kW e cortador de 170 kW - distância de recalque de 1.700 a 1.900 m","m³",46]
[1917627,"Dragagem de cascalho com draga de sucção e recalque - bomba de 1.350 kW e cortador de 170 kW - distância de recalque de 1.900 a 2.100 m","m³",55.39]
[1917628,"Dragagem de cascalho com draga de sucção e recalque - bomba de 1.350 kW e cortador de 170 kW - distância de recalque de 2.100 a 2.300 m","m³",64.819999999999993]
[1917620,"Dragagem de cascalho com draga de sucção e recalque - bomba de 1.350 kW e cortador de 170 kW - distância de recalque de 500 a 700 m","m³",11.09]
[1917621,"Dragagem de cascalho com draga de sucção e recalque - bomba de 1.350 kW e cortador de 170 kW - distância de recalque de 700 a 900 m","m³",12.84]
[1917622,"Dragagem de cascalho com draga de sucção e recalque - bomba de 1.350 kW e cortador de 170 kW - distância de recalque de 900 a 1.100 m","m³",15.97]
[1917741,"Dragagem de cascalho com draga de sucção e recalque - bomba de 1.350 kW e cortador de 170 kW - distância de recalque de até 500 m","m³",10.23]
[1917269,"Dragagem de cascalho com draga de sucção e recalque - bomba de 294 kW e cortador de 30 kW - distância de recalque de 1.100 a 1.300 m","m³",27.45]
[1917270,"Dragagem de cascalho com draga de sucção e recalque - bomba de 294 kW e cortador de 30 kW - distância de recalque de 1.300 a 1.500 m","m³",37.01]
[1917266,"Dragagem de cascalho com draga de sucção e recalque - bomba de 294 kW e cortador de 30 kW - distância de recalque de 500 a 700 m","m³",9]
[1917267,"Dragagem de cascalho com draga de sucção e recalque - bomba de 294 kW e cortador de 30 kW - distância de recalque de 700 a 900 m","m³",13.07]
[1917268,"Dragagem de cascalho com draga de sucção e recalque - bomba de 294 kW e cortador de 30 kW - distância de recalque de 900 a 1.100 m","m³",19.91]
[1917728,"Dragagem de cascalho com draga de sucção e recalque - bomba de 294 kW e cortador de 30 kW - distância de recalque de até 500 m","m³",8.3000000000000007]
[1917358,"Dragagem de cascalho com draga de sucção e recalque - bomba de 483 kW e cortador de 55 kW - distância de recalque até 500 m","m³",8.57]
[1917362,"Dragagem de cascalho com draga de sucção e recalque - bomba de 483 kW e cortador de 55 kW - distância de recalque de 1.100 a 1.300 m","m³",41.36]
[1917363,"Dragagem de cascalho com draga de sucção e recalque - bomba de 483 kW e cortador de 55 kW - distância de recalque de 1.300 a 1.500 m","m³",50.41]
[1917359,"Dragagem de cascalho com draga de sucção e recalque - bomba de 483 kW e cortador de 55 kW - distância de recalque de 500 a 700 m","m³",12.06]
[1917360,"Dragagem de cascalho com draga de sucção e recalque - bomba de 483 kW e cortador de 55 kW - distância de recalque de 700 a 900 m","m³",19.77]
[1917361,"Dragagem de cascalho com draga de sucção e recalque - bomba de 483 kW e cortador de 55 kW - distância de recalque de 900 a 1.100 m","m³",29.62]
[1917476,"Dragagem de cascalho com draga de sucção e recalque - bomba de 746 kW e cortador de 110 kW - distância de recalque de 1.100 a 1.300 m","m³",31.77]
[1917477,"Dragagem de cascalho com draga de sucção e recalque - bomba de 746 kW e cortador de 110 kW - distância de recalque de 1.300 a 1.500 m","m³",41]
[1917478,"Dragagem de cascalho com draga de sucção e recalque - bomba de 746 kW e cortador de 110 kW - distância de recalque de 1.500 a 1.700 m","m³",52.69]
[1917479,"Dragagem de cascalho com draga de sucção e recalque - bomba de 746 kW e cortador de 110 kW - distância de recalque de 1.700 a 1.900 m","m³",57.26]
[1917473,"Dragagem de cascalho com draga de sucção e recalque - bomba de 746 kW e cortador de 110 kW - distância de recalque de 500 a 700 m","m³",14.55]
[1917474,"Dragagem de cascalho com draga de sucção e recalque - bomba de 746 kW e cortador de 110 kW - distância de recalque de 700 a 900 m","m³",18.690000000000001]
[1917475,"Dragagem de cascalho com draga de sucção e recalque - bomba de 746 kW e cortador de 110 kW - distância de recalque de 900 a 1.100 m","m³",23.9]
[1917736,"Dragagem de cascalho com draga de sucção e recalque - bomba de 746 kW e cortador de 110 kW - distância de recalque de até 500 m","m³",10.37]
[1917067,"Dragagem de cascalho com draga hopper - capacidade da cisterna de 1.000 m³ - DMT de 1.500 a 1.800 m","m³",23.75]
[1917068,"Dragagem de cascalho com draga hopper - capacidade da cisterna de 1.000 m³ - DMT de 1.800 a 2.100 m","m³",24.23]
[1917069,"Dragagem de cascalho com draga hopper - capacidade da cisterna de 1.000 m³ - DMT de 2.100 a 2.400 m","m³",24.71]
[1917070,"Dragagem de cascalho com draga hopper - capacidade da cisterna de 1.000 m³ - DMT de 2.400 a 2.700 m","m³",25.22]
[1917071,"Dragagem de cascalho com draga hopper - capacidade da cisterna de 1.000 m³ - DMT de 2.700 a 3.000 m","m³",25.76]
[1917072,"Dragagem de cascalho com draga hopper - capacidade da cisterna de 1.000 m³ - DMT de 3.000 m","m³",26.05]
[1901572,"Dragagem de cascalho com draga hopper - capacidade da cisterna de 10.000 m³ - DMT de 1.500 a 1.800 m","m³",13.39]
[1901573,"Dragagem de cascalho com draga hopper - capacidade da cisterna de 10.000 m³ - DMT de 1.800 a 2.100 m","m³",13.51]
[1901574,"Dragagem de cascalho com draga hopper - capacidade da cisterna de 10.000 m³ - DMT de 2.100 a 2.400 m","m³",13.63]
[1901575,"Dragagem de cascalho com draga hopper - capacidade da cisterna de 10.000 m³ - DMT de 2.400 a 2.700 m","m³",13.76]
[1901576,"Dragagem de cascalho com draga hopper - capacidade da cisterna de 10.000 m³ - DMT de 2.700 a 3.000 m","m³",13.9]
[1901571,"Dragagem de cascalho com draga hopper - capacidade da cisterna de 10.000 m³ - DMT de 3.000 m","m³",13.97]
[1901578,"Dragagem de cascalho com draga hopper - capacidade da cisterna de 15.000 m³ - DMT de 1.500 a 1.800 m","m³",17.41]
[1901579,"Dragagem de cascalho com draga hopper - capacidade da cisterna de 15.000 m³ - DMT de 1.800 a 2.100 m","m³",17.52]
[1901580,"Dragagem de cascalho com draga hopper - capacidade da cisterna de 15.000 m³ - DMT de 2.100 a 2.400 m","m³",17.64]
[1901581,"Dragagem de cascalho com draga hopper - capacidade da cisterna de 15.000 m³ - DMT de 2.400 a 2.700 m","m³",17.760000000000002]
[1901582,"Dragagem de cascalho com draga hopper - capacidade da cisterna de 15.000 m³ - DMT de 2.700 a 3.000 m","m³",17.89]
[1901577,"Dragagem de cascalho com draga hopper - capacidade da cisterna de 15.000 m³ - DMT de 3.000 m","m³",17.96]
[1917103,"Dragagem de cascalho com draga hopper - capacidade da cisterna de 2.000 m³ - DMT de 1.500 a 1.800 m","m³",15.82]
[1917104,"Dragagem de cascalho com draga hopper - capacidade da cisterna de 2.000 m³ - DMT de 1.800 a 2.100 m","m³",16.100000000000001]
[1917105,"Dragagem de cascalho com draga hopper - capacidade da cisterna de 2.000 m³ - DMT de 2.100 a 2.400 m","m³",16.39]
[1917106,"Dragagem de cascalho com draga hopper - capacidade da cisterna de 2.000 m³ - DMT de 2.400 a 2.700 m","m³",16.690000000000001]
[1917107,"Dragagem de cascalho com draga hopper - capacidade da cisterna de 2.000 m³ - DMT de 2.700 a 3.000 m","m³",17.010000000000002]
[1917108,"Dragagem de cascalho com draga hopper - capacidade da cisterna de 2.000 m³ - DMT de 3.000 m","m³",17.18]
[1901583,"Dragagem de cascalho com draga hopper - capacidade da cisterna de 20.000 m³ - DMT de 1.500 a 1.800 m","m³",21.54]
[1901584,"Dragagem de cascalho com draga hopper - capacidade da cisterna de 20.000 m³ - DMT de 1.800 a 2.100 m","m³",21.65]
[1901585,"Dragagem de cascalho com draga hopper - capacidade da cisterna de 20.000 m³ - DMT de 2.100 a 2.400 m","m³",21.76]
[1901586,"Dragagem de cascalho com draga hopper - capacidade da cisterna de 20.000 m³ - DMT de 2.400 a 2.700 m","m³",21.88]
[1901587,"Dragagem de cascalho com draga hopper - capacidade da cisterna de 20.000 m³ - DMT de 2.700 a 3.000 m","m³",22]
[1901588,"Dragagem de cascalho com draga hopper - capacidade da cisterna de 20.000 m³ - DMT de 3.000 m","m³",22.07]
[1917139,"Dragagem de cascalho com draga hopper - capacidade da cisterna de 3.000 m³ - DMT de 1.500 a 1.800 m","m³",14.48]
[1917140,"Dragagem de cascalho com draga hopper - capacidade da cisterna de 3.000 m³ - DMT de 1.800 a 2.100 m","m³",14.7]
[1917141,"Dragagem de cascalho com draga hopper - capacidade da cisterna de 3.000 m³ - DMT de 2.100 a 2.400 m","m³",14.92]
[1917142,"Dragagem de cascalho com draga hopper - capacidade da cisterna de 3.000 m³ - DMT de 2.400 a 2.700 m","m³",15.16]
[1917143,"Dragagem de cascalho com draga hopper - capacidade da cisterna de 3.000 m³ - DMT de 2.700 a 3.000 m","m³",15.4]
[1917144,"Dragagem de cascalho com draga hopper - capacidade da cisterna de 3.000 m³ - DMT de 3.000 m","m³",15.54]
[1917175,"Dragagem de cascalho com draga hopper - capacidade da cisterna de 4.000 m³ - DMT de 1.500 a 1.800 m","m³",13.48]
[1917176,"Dragagem de cascalho com draga hopper - capacidade da cisterna de 4.000 m³ - DMT de 1.800 a 2.100 m","m³",13.67]
[1917177,"Dragagem de cascalho com draga hopper - capacidade da cisterna de 4.000 m³ - DMT de 2.100 a 2.400 m","m³",13.86]
[1917178,"Dragagem de cascalho com draga hopper - capacidade da cisterna de 4.000 m³ - DMT de 2.400 a 2.700 m","m³",14.06]
[1917179,"Dragagem de cascalho com draga hopper - capacidade da cisterna de 4.000 m³ - DMT de 2.700 a 3.000 m","m³",14.28]
[1917180,"Dragagem de cascalho com draga hopper - capacidade da cisterna de 4.000 m³ - DMT de 3.000 m","m³",14.4]
[1917211,"Dragagem de cascalho com draga hopper - capacidade da cisterna de 5.000 m³ - DMT de 1.500 a 1.800 m","m³",14.67]
[1917212,"Dragagem de cascalho com draga hopper - capacidade da cisterna de 5.000 m³ - DMT de 1.800 a 2.100 m","m³",14.83]
[1917213,"Dragagem de cascalho com draga hopper - capacidade da cisterna de 5.000 m³ - DMT de 2.100 a 2.400 m","m³",15]
[1917214,"Dragagem de cascalho com draga hopper - capacidade da cisterna de 5.000 m³ - DMT de 2.400 a 2.700 m","m³",15.18]
[1917215,"Dragagem de cascalho com draga hopper - capacidade da cisterna de 5.000 m³ - DMT de 2.700 a 3.000 m","m³",15.37]
[1917216,"Dragagem de cascalho com draga hopper - capacidade da cisterna de 5.000 m³ - DMT de 3.000 m","m³",15.47]
[1917031,"Dragagem de cascalho com draga hopper - capacidade da cisterna de 750 m³ - DMT de 1.500 a 1.800 m","m³",32.869999999999997]
[1917032,"Dragagem de cascalho com draga hopper - capacidade da cisterna de 750 m³ - DMT de 1.800 a 2.100 m","m³",33.57]
[1917033,"Dragagem de cascalho com draga hopper - capacidade da cisterna de 750 m³ - DMT de 2.100 a 2.400 m","m³",34.28]
[1917034,"Dragagem de cascalho com draga hopper - capacidade da cisterna de 750 m³ - DMT de 2.400 a 2.700 m","m³",35.020000000000003]
[1917035,"Dragagem de cascalho com draga hopper - capacidade da cisterna de 750 m³ - DMT de 2.700 a 3.000 m","m³",35.81]
[1917036,"Dragagem de cascalho com draga hopper - capacidade da cisterna de 750 m³ - DMT de 3.000 m","m³",36.229999999999997]
[1917605,"Dragagem de cascalho fino com draga de sucção e recalque - bomba de 1.350 kW e cortador de 170 kW - distância de recalque de 1.100 a 1.300 m","m³",10.19]
[1917606,"Dragagem de cascalho fino com draga de sucção e recalque - bomba de 1.350 kW e cortador de 170 kW - distância de recalque de 1.300 a 1.500 m","m³",10.95]
[1917607,"Dragagem de cascalho fino com draga de sucção e recalque - bomba de 1.350 kW e cortador de 170 kW - distância de recalque de 1.500 a 1.700 m","m³",11.7]
[1917608,"Dragagem de cascalho fino com draga de sucção e recalque - bomba de 1.350 kW e cortador de 170 kW - distância de recalque de 1.700 a 1.900 m","m³",12.99]
[1917609,"Dragagem de cascalho fino com draga de sucção e recalque - bomba de 1.350 kW e cortador de 170 kW - distância de recalque de 1.900 a 2.100 m","m³",14.85]
[1917610,"Dragagem de cascalho fino com draga de sucção e recalque - bomba de 1.350 kW e cortador de 170 kW - distância de recalque de 2.100 a 2.300 m","m³",17.68]
[1917611,"Dragagem de cascalho fino com draga de sucção e recalque - bomba de 1.350 kW e cortador de 170 kW - distância de recalque de 2.300 a 2.500 m","m³",20.85]
[1917612,"Dragagem de cascalho fino com draga de sucção e recalque - bomba de 1.350 kW e cortador de 170 kW - distância de recalque de 2.500 a 2.700 m","m³",24.58]
[1917613,"Dragagem de cascalho fino com draga de sucção e recalque - bomba de 1.350 kW e cortador de 170 kW - distância de recalque de 2.700 a 2.900 m","m³",28.76]
[1917614,"Dragagem de cascalho fino com draga de sucção e recalque - bomba de 1.350 kW e cortador de 170 kW - distância de recalque de 2.900 a 3.100 m","m³",33.369999999999997]
[1917615,"Dragagem de cascalho fino com draga de sucção e recalque - bomba de 1.350 kW e cortador de 170 kW - distância de recalque de 3.100 a 3.300 m","m³",38.549999999999997]
[1917616,"Dragagem de cascalho fino com draga de sucção e recalque - bomba de 1.350 kW e cortador de 170 kW - distância de recalque de 3.300 a 3.500 m","m³",44.85]
[1917617,"Dragagem de cascalho fino com draga de sucção e recalque - bomba de 1.350 kW e cortador de 170 kW - distância de recalque de 3.500 a 3.700 m","m³",50.4]
[1917618,"Dragagem de cascalho fino com draga de sucção e recalque - bomba de 1.350 kW e cortador de 170 kW - distância de recalque de 3.700 a 3.900 m","m³",57.63]
[1917619,"Dragagem de cascalho fino com draga de sucção e recalque - bomba de 1.350 kW e cortador de 170 kW - distância de recalque de 3.900 a 4.100 m","m³",62.48]
[1917602,"Dragagem de cascalho fino com draga de sucção e recalque - bomba de 1.350 kW e cortador de 170 kW - distância de recalque de 500 a 700 m","m³",7.65]
[1917603,"Dragagem de cascalho fino com draga de sucção e recalque - bomba de 1.350 kW e cortador de 170 kW - distância de recalque de 700 a 900 m","m³",8.4499999999999993]
[1917604,"Dragagem de cascalho fino com draga de sucção e recalque - bomba de 1.350 kW e cortador de 170 kW - distância de recalque de 900 a 1.100 m","m³",9.1300000000000008]
[1917740,"Dragagem de cascalho fino com draga de sucção e recalque - bomba de 1.350 kW e cortador de 170 kW - distância de recalque de até 500 m","m³",7.35]
[1917263,"Dragagem de cascalho fino com draga de sucção e recalque - bomba de 294 kW e cortador de 30 kW - distância de recalque de 1.100 a 1.300 m","m³",12.64]
[1917264,"Dragagem de cascalho fino com draga de sucção e recalque - bomba de 294 kW e cortador de 30 kW - distância de recalque de 1.300 a 1.500 m","m³",15.68]
[1917265,"Dragagem de cascalho fino com draga de sucção e recalque - bomba de 294 kW e cortador de 30 kW - distância de recalque de 1.500 a 1.700 m","m³",20.34]
[1917260,"Dragagem de cascalho fino com draga de sucção e recalque - bomba de 294 kW e cortador de 30 kW - distância de recalque de 500 a 700 m","m³",7.71]
[1917261,"Dragagem de cascalho fino com draga de sucção e recalque - bomba de 294 kW e cortador de 30 kW - distância de recalque de 700 a 900 m","m³",8.58]
[1917262,"Dragagem de cascalho fino com draga de sucção e recalque - bomba de 294 kW e cortador de 30 kW - distância de recalque de 900 a 1.100 m","m³",10.15]
[1917727,"Dragagem de cascalho fino com draga de sucção e recalque - bomba de 294 kW e cortador de 30 kW - distância de recalque de até 500 m","m³",7.46]
[1917351,"Dragagem de cascalho fino com draga de sucção e recalque - bomba de 483 kW e cortador de 55 kW - distância de recalque de 1.100 a 1.300 m","m³",11.1]
[1917352,"Dragagem de cascalho fino com draga de sucção e recalque - bomba de 483 kW e cortador de 55 kW - distância de recalque de 1.300 a 1.500 m","m³",14.72]
[1917353,"Dragagem de cascalho fino com draga de sucção e recalque - bomba de 483 kW e cortador de 55 kW - distância de recalque de 1.500 a 1.700 m","m³",18.98]
[1917354,"Dragagem de cascalho fino com draga de sucção e recalque - bomba de 483 kW e cortador de 55 kW - distância de recalque de 1.700 a 1.900 m","m³",24.7]
[1917355,"Dragagem de cascalho fino com draga de sucção e recalque - bomba de 483 kW e cortador de 55 kW - distância de recalque de 1.900 a 2.100 m","m³",31.93]
[1917356,"Dragagem de cascalho fino com draga de sucção e recalque - bomba de 483 kW e cortador de 55 kW - distância de recalque de 2.100 a 2.300 m","m³",39.18]
[1917357,"Dragagem de cascalho fino com draga de sucção e recalque - bomba de 483 kW e cortador de 55 kW - distância de recalque de 2.300 a 2.500 m","m³",44.8]
[1917348,"Dragagem de cascalho fino com draga de sucção e recalque - bomba de 483 kW e cortador de 55 kW - distância de recalque de 500 a 700 m","m³",6.78]
[1917349,"Dragagem de cascalho fino com draga de sucção e recalque - bomba de 483 kW e cortador de 55 kW - distância de recalque de 700 a 900 m","m³",7.3]
[1917350,"Dragagem de cascalho fino com draga de sucção e recalque - bomba de 483 kW e cortador de 55 kW - distância de recalque de 900 a 1.100 m","m³",8.27]
[1917731,"Dragagem de cascalho fino com draga de sucção e recalque - bomba de 483 kW e cortador de 55 kW - distância de recalque de até 500 m","m³",6.63]
[1917463,"Dragagem de cascalho fino com draga de sucção e recalque - bomba de 746 kW e cortador de 110 kW - distância de recalque de 1.100 a 1.300 m","m³",11.58]
[1917464,"Dragagem de cascalho fino com draga de sucção e recalque - bomba de 746 kW e cortador de 110 kW - distância de recalque de 1.300 a 1.500 m","m³",13.41]
[1917465,"Dragagem de cascalho fino com draga de sucção e recalque - bomba de 746 kW e cortador de 110 kW - distância de recalque de 1.500 a 1.700 m","m³",15.47]
[1917466,"Dragagem de cascalho fino com draga de sucção e recalque - bomba de 746 kW e cortador de 110 kW - distância de recalque de 1.700 a 1.900 m","m³",18.399999999999999]
[1917467,"Dragagem de cascalho fino com draga de sucção e recalque - bomba de 746 kW e cortador de 110 kW - distância de recalque de 1.900 a 2.100 m","m³",22.9]
[1917468,"Dragagem de cascalho fino com draga de sucção e recalque - bomba de 746 kW e cortador de 110 kW - distância de recalque de 2.100 a 2.300 m","m³",28.04]
[1917469,"Dragagem de cascalho fino com draga de sucção e recalque - bomba de 746 kW e cortador de 110 kW - distância de recalque de 2.300 a 2.500 m","m³",33.700000000000003]
[1917470,"Dragagem de cascalho fino com draga de sucção e recalque - bomba de 746 kW e cortador de 110 kW - distância de recalque de 2.500 a 2.700 m","m³",40.270000000000003]
[1917471,"Dragagem de cascalho fino com draga de sucção e recalque - bomba de 746 kW e cortador de 110 kW - distância de recalque de 2.700 a 2.900 m","m³",48.11]
[1917472,"Dragagem de cascalho fino com draga de sucção e recalque - bomba de 746 kW e cortador de 110 kW - distância de recalque de 2.900 a 3.100 m","m³",51.47]
[1917460,"Dragagem de cascalho fino com draga de sucção e recalque - bomba de 746 kW e cortador de 110 kW - distância de recalque de 500 a 700 m","m³",6.78]
[1917461,"Dragagem de cascalho fino com draga de sucção e recalque - bomba de 746 kW e cortador de 110 kW - distância de recalque de 700 a 900 m","m³",8.01]
[1917462,"Dragagem de cascalho fino com draga de sucção e recalque - bomba de 746 kW e cortador de 110 kW - distância de recalque de 900 a 1.100 m","m³",9.52]
[1917735,"Dragagem de cascalho fino com draga de sucção e recalque - bomba de 746 kW e cortador de 110 kW - distância de recalque de até 500 m","m³",6.02]
[1917061,"Dragagem de cascalho fino com draga hopper - capacidade da cisterna de 1.000 m³ - DMT de 1.500 a 1.800 m","m³",24.02]
[1917062,"Dragagem de cascalho fino com draga hopper - capacidade da cisterna de 1.000 m³ - DMT de 1.800 a 2.100 m","m³",24.49]
[1917063,"Dragagem de cascalho fino com draga hopper - capacidade da cisterna de 1.000 m³ - DMT de 2.100 a 2.400 m","m³",24.96]
[1917064,"Dragagem de cascalho fino com draga hopper - capacidade da cisterna de 1.000 m³ - DMT de 2.400 a 2.700 m","m³",25.46]
[1917065,"Dragagem de cascalho fino com draga hopper - capacidade da cisterna de 1.000 m³ - DMT de 2.700 a 3.000 m","m³",25.99]
[1917066,"Dragagem de cascalho fino com draga hopper - capacidade da cisterna de 1.000 m³ - DMT de 3.000 m","m³",26.27]
[1901590,"Dragagem de cascalho fino com draga hopper - capacidade da cisterna de 10.000 m³ - DMT de 1.500 a 1.800 m","m³",13.63]
[1901591,"Dragagem de cascalho fino com draga hopper - capacidade da cisterna de 10.000 m³ - DMT de 1.800 a 2.100 m","m³",13.75]
[1901592,"Dragagem de cascalho fino com draga hopper - capacidade da cisterna de 10.000 m³ - DMT de 2.100 a 2.400 m","m³",13.87]
[1901593,"Dragagem de cascalho fino com draga hopper - capacidade da cisterna de 10.000 m³ - DMT de 2.400 a 2.700 m","m³",14]
[1901594,"Dragagem de cascalho fino com draga hopper - capacidade da cisterna de 10.000 m³ - DMT de 2.700 a 3.000 m","m³",14.13]
[1901589,"Dragagem de cascalho fino com draga hopper - capacidade da cisterna de 10.000 m³ - DMT de 3.000 m","m³",14.2]
[1901596,"Dragagem de cascalho fino com draga hopper - capacidade da cisterna de 15.000 m³ - DMT de 1.500 a 1.800 m","m³",17.78]
[1901597,"Dragagem de cascalho fino com draga hopper - capacidade da cisterna de 15.000 m³ - DMT de 1.800 a 2.100 m","m³",17.89]
[1901598,"Dragagem de cascalho fino com draga hopper - capacidade da cisterna de 15.000 m³ - DMT de 2.100 a 2.400 m","m³",18.010000000000002]
[1901599,"Dragagem de cascalho fino com draga hopper - capacidade da cisterna de 15.000 m³ - DMT de 2.400 a 2.700 m","m³",18.12]
[1901600,"Dragagem de cascalho fino com draga hopper - capacidade da cisterna de 15.000 m³ - DMT de 2.700 a 3.000 m","m³",18.25]
[1901595,"Dragagem de cascalho fino com draga hopper - capacidade da cisterna de 15.000 m³ - DMT de 3.000 m","m³",18.32]
[1917097,"Dragagem de cascalho fino com draga hopper - capacidade da cisterna de 2.000 m³ - DMT de 1.500 a 1.800 m","m³",16.010000000000002]
[1917098,"Dragagem de cascalho fino com draga hopper - capacidade da cisterna de 2.000 m³ - DMT de 1.800 a 2.100 m","m³",16.29]
[1917099,"Dragagem de cascalho fino com draga hopper - capacidade da cisterna de 2.000 m³ - DMT de 2.100 a 2.400 m","m³",16.57]
[1917100,"Dragagem de cascalho fino com draga hopper - capacidade da cisterna de 2.000 m³ - DMT de 2.400 a 2.700 m","m³",16.86]
[1917101,"Dragagem de cascalho fino com draga hopper - capacidade da cisterna de 2.000 m³ - DMT de 2.700 a 3.000 m","m³",17.18]
[1917102,"Dragagem de cascalho fino com draga hopper - capacidade da cisterna de 2.000 m³ - DMT de 3.000 m","m³",17.34]
[1901601,"Dragagem de cascalho fino com draga hopper - capacidade da cisterna de 20.000 m³ - DMT de 1.500 a 1.800 m","m³",22.04]
[1901602,"Dragagem de cascalho fino com draga hopper - capacidade da cisterna de 20.000 m³ - DMT de 1.800 a 2.100 m","m³",22.15]
[1901603,"Dragagem de cascalho fino com draga hopper - capacidade da cisterna de 20.000 m³ - DMT de 2.100 a 2.400 m","m³",22.26]
[1901604,"Dragagem de cascalho fino com draga hopper - capacidade da cisterna de 20.000 m³ - DMT de 2.400 a 2.700 m","m³",22.37]
[1901605,"Dragagem de cascalho fino com draga hopper - capacidade da cisterna de 20.000 m³ - DMT de 2.700 a 3.000 m","m³",22.5]
[1901606,"Dragagem de cascalho fino com draga hopper - capacidade da cisterna de 20.000 m³ - DMT de 3.000 m","m³",22.56]
[1917133,"Dragagem de cascalho fino com draga hopper - capacidade da cisterna de 3.000 m³ - DMT de 1.500 a 1.800 m","m³",14.68]
[1917134,"Dragagem de cascalho fino com draga hopper - capacidade da cisterna de 3.000 m³ - DMT de 1.800 a 2.100 m","m³",14.89]
[1917135,"Dragagem de cascalho fino com draga hopper - capacidade da cisterna de 3.000 m³ - DMT de 2.100 a 2.400 m","m³",15.11]
[1917136,"Dragagem de cascalho fino com draga hopper - capacidade da cisterna de 3.000 m³ - DMT de 2.400 a 2.700 m","m³",15.34]
[1917137,"Dragagem de cascalho fino com draga hopper - capacidade da cisterna de 3.000 m³ - DMT de 2.700 a 3.000 m","m³",15.59]
[1917138,"Dragagem de cascalho fino com draga hopper - capacidade da cisterna de 3.000 m³ - DMT de 3.000 m","m³",15.72]
[1917169,"Dragagem de cascalho fino com draga hopper - capacidade da cisterna de 4.000 m³ - DMT de 1.500 a 1.800 m","m³",13.67]
[1917170,"Dragagem de cascalho fino com draga hopper - capacidade da cisterna de 4.000 m³ - DMT de 1.800 a 2.100 m","m³",13.86]
[1917171,"Dragagem de cascalho fino com draga hopper - capacidade da cisterna de 4.000 m³ - DMT de 2.100 a 2.400 m","m³",14.05]
[1917172,"Dragagem de cascalho fino com draga hopper - capacidade da cisterna de 4.000 m³ - DMT de 2.400 a 2.700 m","m³",14.25]
[1917173,"Dragagem de cascalho fino com draga hopper - capacidade da cisterna de 4.000 m³ - DMT de 2.700 a 3.000 m","m³",14.46]
[1917174,"Dragagem de cascalho fino com draga hopper - capacidade da cisterna de 4.000 m³ - DMT de 3.000 m","m³",14.57]
[1917205,"Dragagem de cascalho fino com draga hopper - capacidade da cisterna de 5.000 m³ - DMT de 1.500 a 1.800 m","m³",14.91]
[1917206,"Dragagem de cascalho fino com draga hopper - capacidade da cisterna de 5.000 m³ - DMT de 1.800 a 2.100 m","m³",15.08]
[1917207,"Dragagem de cascalho fino com draga hopper - capacidade da cisterna de 5.000 m³ - DMT de 2.100 a 2.400 m","m³",15.24]
[1917208,"Dragagem de cascalho fino com draga hopper - capacidade da cisterna de 5.000 m³ - DMT de 2.400 a 2.700 m","m³",15.42]
[1917209,"Dragagem de cascalho fino com draga hopper - capacidade da cisterna de 5.000 m³ - DMT de 2.700 a 3.000 m","m³",15.6]
[1917210,"Dragagem de cascalho fino com draga hopper - capacidade da cisterna de 5.000 m³ - DMT de 3.000 m","m³",15.7]
[1917025,"Dragagem de cascalho fino com draga hopper - capacidade da cisterna de 750 m³ - DMT de 1.500 a 1.800 m","m³",33.28]
[1917026,"Dragagem de cascalho fino com draga hopper - capacidade da cisterna de 750 m³ - DMT de 1.800 a 2.100 m","m³",33.96]
[1917027,"Dragagem de cascalho fino com draga hopper - capacidade da cisterna de 750 m³ - DMT de 2.100 a 2.400 m","m³",34.659999999999997]
[1917028,"Dragagem de cascalho fino com draga hopper - capacidade da cisterna de 750 m³ - DMT de 2.400 a 2.700 m","m³",35.39]
[1917029,"Dragagem de cascalho fino com draga hopper - capacidade da cisterna de 750 m³ - DMT de 2.700 a 3.000 m","m³",36.159999999999997]
[1917030,"Dragagem de cascalho fino com draga hopper - capacidade da cisterna de 750 m³ - DMT de 3.000 m","m³",36.57]
[1917629,"Dragagem de material de 1ª categoria com clamshell sobre pontão flutuante - capacidade da caçamba de 4,6 m³ - transporte com batelão sem propulsão com capacidade de 100 t - DMT 0 a 300 m","m³",14.46]
[1917633,"Dragagem de material de 1ª categoria com clamshell sobre pontão flutuante - capacidade da caçamba de 4,6 m³ - transporte com batelão sem propulsão com capacidade de 100 t - DMT 1.200 a 1.500 m","m³",16.21]
[1917634,"Dragagem de material de 1ª categoria com clamshell sobre pontão flutuante - capacidade da caçamba de 4,6 m³ - transporte com batelão sem propulsão com capacidade de 100 t - DMT 1.500 a 1.800 m","m³",16.53]
[1917635,"Dragagem de material de 1ª categoria com clamshell sobre pontão flutuante - capacidade da caçamba de 4,6 m³ - transporte com batelão sem propulsão com capacidade de 100 t - DMT 1.800 a 2.100 m","m³",16.850000000000001]
[1917636,"Dragagem de material de 1ª categoria com clamshell sobre pontão flutuante - capacidade da caçamba de 4,6 m³ - transporte com batelão sem propulsão com capacidade de 100 t - DMT 2.100 a 2.400 m","m³",18.79]
[1917637,"Dragagem de material de 1ª categoria com clamshell sobre pontão flutuante - capacidade da caçamba de 4,6 m³ - transporte com batelão sem propulsão com capacidade de 100 t - DMT 2.400 a 2.700 m","m³",19.21]
[1917638,"Dragagem de material de 1ª categoria com clamshell sobre pontão flutuante - capacidade da caçamba de 4,6 m³ - transporte com batelão sem propulsão com capacidade de 100 t - DMT 2.700 a 3.000 m","m³",19.64]
[1917630,"Dragagem de material de 1ª categoria com clamshell sobre pontão flutuante - capacidade da caçamba de 4,6 m³ - transporte com batelão sem propulsão com capacidade de 100 t - DMT 300 a 600 m","m³",15.02]
[1917631,"Dragagem de material de 1ª categoria com clamshell sobre pontão flutuante - capacidade da caçamba de 4,6 m³ - transporte com batelão sem propulsão com capacidade de 100 t - DMT 600 a 900 m","m³",15.49]
[1917632,"Dragagem de material de 1ª categoria com clamshell sobre pontão flutuante - capacidade da caçamba de 4,6 m³ - transporte com batelão sem propulsão com capacidade de 100 t - DMT 900 a 1.200 m","m³",15.81]
[1917639,"Dragagem de material de 1ª categoria com clamshell sobre pontão flutuante - capacidade da caçamba de 4,6 m³ - transporte com batelão sem propulsão com capacidade de 100 t - DMT de 3.000 m","m³",19.850000000000001]
[1917646,"Dragagem de material de 1ª categoria com dragline - caçamba de 2,1 m³ - caminho de serviço em leito natural - DMT 1.000 a 1.200 m - com caminhão de 14 m³ e carregadeira","m³",20.260000000000002]
[1917647,"Dragagem de material de 1ª categoria com dragline - caçamba de 2,1 m³ - caminho de serviço em leito natural - DMT 1.200 a 1.400 m - com caminhão de 14 m³ e carregadeira","m³",20.57]
[1917648,"Dragagem de material de 1ª categoria com dragline - caçamba de 2,1 m³ - caminho de serviço em leito natural - DMT 1.400 a 1.600 m - com caminhão de 14 m³ e carregadeira","m³",20.8]
[1917649,"Dragagem de material de 1ª categoria com dragline - caçamba de 2,1 m³ - caminho de serviço em leito natural - DMT 1.600 a 1.800 m - com caminhão de 14 m³ e carregadeira","m³",21.1]
[1917650,"Dragagem de material de 1ª categoria com dragline - caçamba de 2,1 m³ - caminho de serviço em leito natural - DMT 1.800 a 2.000 m - com caminhão de 14 m³ e carregadeira","m³",21.41]
[1917651,"Dragagem de material de 1ª categoria com dragline - caçamba de 2,1 m³ - caminho de serviço em leito natural - DMT 2.000 a 2.500 m - com caminhão de 14 m³ e carregadeira","m³",21.86]
[1917652,"Dragagem de material de 1ª categoria com dragline - caçamba de 2,1 m³ - caminho de serviço em leito natural - DMT 2.500 a 3.000 m - com caminhão de 14 m³ e carregadeira","m³",24.21]
[1917642,"Dragagem de material de 1ª categoria com dragline - caçamba de 2,1 m³ - caminho de serviço em leito natural - DMT 200 a 400 m - com caminhão de 14 m³ e carregadeira","m³",18.97]
[1917643,"Dragagem de material de 1ª categoria com dragline - caçamba de 2,1 m³ - caminho de serviço em leito natural - DMT 400 a 600 m - com caminhão de 14 m³ e carregadeira","m³",19.350000000000001]
[1917641,"Dragagem de material de 1ª categoria com dragline - caçamba de 2,1 m³ - caminho de serviço em leito natural - DMT 50 a 200 m - com caminhão de 14 m³ e carregadeira","m³",17]
[1917644,"Dragagem de material de 1ª categoria com dragline - caçamba de 2,1 m³ - caminho de serviço em leito natural - DMT 600 a 800 m - com caminhão de 14 m³ e carregadeira","m³",19.73]
[1917645,"Dragagem de material de 1ª categoria com dragline - caçamba de 2,1 m³ - caminho de serviço em leito natural - DMT 800 a 1.000 m - com caminhão de 14 m³ e carregadeira","m³",19.96]
[1917653,"Dragagem de material de 1ª categoria com dragline - caçamba de 2,1 m³ - caminho de serviço em leito natural - DMT de 3.000 m - com caminhão de 14 m³ e carregadeira","m³",24.56]
[1917659,"Dragagem de material de 1ª categoria com dragline - caçamba de 2,1 m³ - caminho de serviço em revestimento primário - DMT 1.000 a 1.200 m - com caminhão de 14 m³ e carregadeira","m³",19.43]
[1917660,"Dragagem de material de 1ª categoria com dragline - caçamba de 2,1 m³ - caminho de serviço em revestimento primário - DMT 1.200 a 1.400 m - com caminhão de 14 m³ e carregadeira","m³",19.579999999999998]
[1917661,"Dragagem de material de 1ª categoria com dragline - caçamba de 2,1 m³ - caminho de serviço em revestimento primário - DMT 1.400 a 1.600 m - com caminhão de 14 m³ e carregadeira","m³",19.73]
[1917662,"Dragagem de material de 1ª categoria com dragline - caçamba de 2,1 m³ - caminho de serviço em revestimento primário - DMT 1.600 a 1.800 m - com caminhão de 14 m³ e carregadeira","m³",19.88]
[1917663,"Dragagem de material de 1ª categoria com dragline - caçamba de 2,1 m³ - caminho de serviço em revestimento primário - DMT 1.800 a 2.000 m - com caminhão de 14 m³ e carregadeira","m³",20.11]
[1917664,"Dragagem de material de 1ª categoria com dragline - caçamba de 2,1 m³ - caminho de serviço em revestimento primário - DMT 2.000 a 2.500 m - com caminhão de 14 m³ e carregadeira","m³",20.420000000000002]
[1917665,"Dragagem de material de 1ª categoria com dragline - caçamba de 2,1 m³ - caminho de serviço em revestimento primário - DMT 2.500 a 3.000 m - com caminhão de 14 m³ e carregadeira","m³",20.87]
[1917655,"Dragagem de material de 1ª categoria com dragline - caçamba de 2,1 m³ - caminho de serviço em revestimento primário - DMT 200 a 400 m - com caminhão de 14 m³ e carregadeira","m³",17]
[1917656,"Dragagem de material de 1ª categoria com dragline - caçamba de 2,1 m³ - caminho de serviço em revestimento primário - DMT 400 a 600 m - com caminhão de 14 m³ e carregadeira","m³",18.82]
[1917654,"Dragagem de material de 1ª categoria com dragline - caçamba de 2,1 m³ - caminho de serviço em revestimento primário - DMT 50 a 200 m - com caminhão de 14 m³ e carregadeira","m³",16.73]
[1917657,"Dragagem de material de 1ª categoria com dragline - caçamba de 2,1 m³ - caminho de serviço em revestimento primário - DMT 600 a 800 m - com caminhão de 14 m³ e carregadeira","m³",19.05]
[1917658,"Dragagem de material de 1ª categoria com dragline - caçamba de 2,1 m³ - caminho de serviço em revestimento primário - DMT 800 a 1.000 m - com caminhão de 14 m³ e carregadeira","m³",19.2]
[1917666,"Dragagem de material de 1ª categoria com dragline - caçamba de 2,1 m³ - caminho de serviço em revestimento primário - DMT de 3.000 m - com caminhão de 14 m³ e carregadeira","m³",21.18]
[1917672,"Dragagem de material de 1ª categoria com dragline - caçamba de 2,1 m³ - caminho de serviço pavimentado - DMT 1.000 a 1.200 m - com caminhão de 14 m³ e carregadeira","m³",19.350000000000001]
[1917673,"Dragagem de material de 1ª categoria com dragline - caçamba de 2,1 m³ - caminho de serviço pavimentado - DMT 1.200 a 1.400 m - com caminhão de 14 m³ e carregadeira","m³",19.579999999999998]
[1917674,"Dragagem de material de 1ª categoria com dragline - caçamba de 2,1 m³ - caminho de serviço pavimentado - DMT 1.400 a 1.600 m - com caminhão de 14 m³ e carregadeira","m³",19.73]
[1917675,"Dragagem de material de 1ª categoria com dragline - caçamba de 2,1 m³ - caminho de serviço pavimentado - DMT 1.600 a 1.800 m - com caminhão de 14 m³ e carregadeira","m³",19.88]
[1917676,"Dragagem de material de 1ª categoria com dragline - caçamba de 2,1 m³ - caminho de serviço pavimentado - DMT 1.800 a 2.000 m - com caminhão de 14 m³ e carregadeira","m³",20.04]
[1917677,"Dragagem de material de 1ª categoria com dragline - caçamba de 2,1 m³ - caminho de serviço pavimentado - DMT 2.000 a 2.500 m - com caminhão de 14 m³ e carregadeira","m³",20.34]
[1917678,"Dragagem de material de 1ª categoria com dragline - caçamba de 2,1 m³ - caminho de serviço pavimentado - DMT 2.500 a 3.000 m - com caminhão de 14 m³ e carregadeira","m³",20.8]
[1917668,"Dragagem de material de 1ª categoria com dragline - caçamba de 2,1 m³ - caminho de serviço pavimentado - DMT 200 a 400 m - com caminhão de 14 m³ e carregadeira","m³",18.66]
[1917669,"Dragagem de material de 1ª categoria com dragline - caçamba de 2,1 m³ - caminho de serviço pavimentado - DMT 400 a 600 m - com caminhão de 14 m³ e carregadeira","m³",18.82]
[1917667,"Dragagem de material de 1ª categoria com dragline - caçamba de 2,1 m³ - caminho de serviço pavimentado - DMT 50 a 200 m - com caminhão de 14 m³ e carregadeira","m³",16.809999999999999]
[1917670,"Dragagem de material de 1ª categoria com dragline - caçamba de 2,1 m³ - caminho de serviço pavimentado - DMT 600 a 800 m - com caminhão de 14 m³ e carregadeira","m³",19.05]
[1917671,"Dragagem de material de 1ª categoria com dragline - caçamba de 2,1 m³ - caminho de serviço pavimentado - DMT 800 a 1.000 m - com caminhão de 14 m³ e carregadeira","m³",19.2]
[1917679,"Dragagem de material de 1ª categoria com dragline - caçamba de 2,1 m³ - caminho de serviço pavimentado - DMT de 3.000 m - com caminhão de 14 m³ e carregadeira","m³",21.03]
[1917640,"Dragagem de material de 1ª categoria com dragline - caçamba de 2,1 m³ - DMT até 50 m","m³",9.07]
[1917686,"Dragagem de material de 1ª categoria com escavadeira hidráulica - capacidade de caçamba de 1,56 m³ - caminho de serviço em leito natural - DMT 1.000 a 1.200 m","m³",10.88]
[1917687,"Dragagem de material de 1ª categoria com escavadeira hidráulica - capacidade de caçamba de 1,56 m³ - caminho de serviço em leito natural - DMT 1.200 a 1.400 m","m³",11.18]
[1917688,"Dragagem de material de 1ª categoria com escavadeira hidráulica - capacidade de caçamba de 1,56 m³ - caminho de serviço em leito natural - DMT 1.400 a 1.600 m","m³",12.23]
[1917689,"Dragagem de material de 1ª categoria com escavadeira hidráulica - capacidade de caçamba de 1,56 m³ - caminho de serviço em leito natural - DMT 1.600 a 1.800 m","m³",12.55]
[1917690,"Dragagem de material de 1ª categoria com escavadeira hidráulica - capacidade de caçamba de 1,56 m³ - caminho de serviço em leito natural - DMT 1.800 a 2.000 m","m³",12.79]
[1917691,"Dragagem de material de 1ª categoria com escavadeira hidráulica - capacidade de caçamba de 1,56 m³ - caminho de serviço em leito natural - DMT 2.000 a 2.500 m","m³",13.27]
[1917692,"Dragagem de material de 1ª categoria com escavadeira hidráulica - capacidade de caçamba de 1,56 m³ - caminho de serviço em leito natural - DMT 2.500 a 3.000 m","m³",14.9]
[1917682,"Dragagem de material de 1ª categoria com escavadeira hidráulica - capacidade de caçamba de 1,56 m³ - caminho de serviço em leito natural - DMT 200 a 400 m","m³",9.6300000000000008]
[1917693,"Dragagem de material de 1ª categoria com escavadeira hidráulica - capacidade de caçamba de 1,56 m³ - caminho de serviço em leito natural - DMT 3.000 m","m³",15.3]
[1917683,"Dragagem de material de 1ª categoria com escavadeira hidráulica - capacidade de caçamba de 1,56 m³ - caminho de serviço em leito natural - DMT 400 a 600 m","m³",9.98]
[1917681,"Dragagem de material de 1ª categoria com escavadeira hidráulica - capacidade de caçamba de 1,56 m³ - caminho de serviço em leito natural - DMT 50 a 200 m","m³",8.34]
[1917684,"Dragagem de material de 1ª categoria com escavadeira hidráulica - capacidade de caçamba de 1,56 m³ - caminho de serviço em leito natural - DMT 600 a 800 m","m³",10.28]
[1917685,"Dragagem de material de 1ª categoria com escavadeira hidráulica - capacidade de caçamba de 1,56 m³ - caminho de serviço em leito natural - DMT 800 a 1.000 m","m³",10.58]
[1917699,"Dragagem de material de 1ª categoria com escavadeira hidráulica - capacidade de caçamba de 1,56 m³ - caminho de serviço em revestimento primário - DMT 1.000 a 1.200 m","m³",9.98]
[1917700,"Dragagem de material de 1ª categoria com escavadeira hidráulica - capacidade de caçamba de 1,56 m³ - caminho de serviço em revestimento primário - DMT 1.200 a 1.400 m","m³",10.16]
[1917701,"Dragagem de material de 1ª categoria com escavadeira hidráulica - capacidade de caçamba de 1,56 m³ - caminho de serviço em revestimento primário - DMT 1.400 a 1.600 m","m³",10.34]
[1917702,"Dragagem de material de 1ª categoria com escavadeira hidráulica - capacidade de caçamba de 1,56 m³ - caminho de serviço em revestimento primário - DMT 1.600 a 1.800 m","m³",10.52]
[1917703,"Dragagem de material de 1ª categoria com escavadeira hidráulica - capacidade de caçamba de 1,56 m³ - caminho de serviço em revestimento primário - DMT 1.800 a 2.000 m","m³",10.7]
[1917704,"Dragagem de material de 1ª categoria com escavadeira hidráulica - capacidade de caçamba de 1,56 m³ - caminho de serviço em revestimento primário - DMT 2.000 a 2.500 m","m³",11]
[1917705,"Dragagem de material de 1ª categoria com escavadeira hidráulica - capacidade de caçamba de 1,56 m³ - caminho de serviço em revestimento primário - DMT 2.500 a 3.000 m","m³",12.31]
[1917695,"Dragagem de material de 1ª categoria com escavadeira hidráulica - capacidade de caçamba de 1,56 m³ - caminho de serviço em revestimento primário - DMT 200 a 400 m","m³",8.34]
[1917706,"Dragagem de material de 1ª categoria com escavadeira hidráulica - capacidade de caçamba de 1,56 m³ - caminho de serviço em revestimento primário - DMT 3.000 m","m³",12.63]
[1917696,"Dragagem de material de 1ª categoria com escavadeira hidráulica - capacidade de caçamba de 1,56 m³ - caminho de serviço em revestimento primário - DMT 400 a 600 m","m³",9.39]
[1917694,"Dragagem de material de 1ª categoria com escavadeira hidráulica - capacidade de caçamba de 1,56 m³ - caminho de serviço em revestimento primário - DMT 50 a 200 m","m³",8.06]
[1917697,"Dragagem de material de 1ª categoria com escavadeira hidráulica - capacidade de caçamba de 1,56 m³ - caminho de serviço em revestimento primário - DMT 600 a 800 m","m³",9.6300000000000008]
[1917698,"Dragagem de material de 1ª categoria com escavadeira hidráulica - capacidade de caçamba de 1,56 m³ - caminho de serviço em revestimento primário - DMT 800 a 1.000 m","m³",9.81]
[1917712,"Dragagem de material de 1ª categoria com escavadeira hidráulica - capacidade de caçamba de 1,56 m³ - caminho de serviço pavimentado - DMT 1.000 a 1.200 m","m³",9.98]
[1917713,"Dragagem de material de 1ª categoria com escavadeira hidráulica - capacidade de caçamba de 1,56 m³ - caminho de serviço pavimentado - DMT 1.200 a 1.400 m","m³",10.16]
[1917714,"Dragagem de material de 1ª categoria com escavadeira hidráulica - capacidade de caçamba de 1,56 m³ - caminho de serviço pavimentado - DMT 1.400 a 1.600 m","m³",10.34]
[1917715,"Dragagem de material de 1ª categoria com escavadeira hidráulica - capacidade de caçamba de 1,56 m³ - caminho de serviço pavimentado - DMT 1.600 a 1.800 m","m³",10.46]
[1917716,"Dragagem de material de 1ª categoria com escavadeira hidráulica - capacidade de caçamba de 1,56 m³ - caminho de serviço pavimentado - DMT 1.800 a 2.000 m","m³",10.64]
[1917717,"Dragagem de material de 1ª categoria com escavadeira hidráulica - capacidade de caçamba de 1,56 m³ - caminho de serviço pavimentado - DMT 2.000 a 2.500 m","m³",10.94]
[1917718,"Dragagem de material de 1ª categoria com escavadeira hidráulica - capacidade de caçamba de 1,56 m³ - caminho de serviço pavimentado - DMT 2.500 a 3.000 m","m³",12.15]
[1917708,"Dragagem de material de 1ª categoria com escavadeira hidráulica - capacidade de caçamba de 1,56 m³ - caminho de serviço pavimentado - DMT 200 a 400 m","m³",9.2100000000000009]
[1917719,"Dragagem de material de 1ª categoria com escavadeira hidráulica - capacidade de caçamba de 1,56 m³ - caminho de serviço pavimentado - DMT 3.000 m","m³",12.47]
[1917709,"Dragagem de material de 1ª categoria com escavadeira hidráulica - capacidade de caçamba de 1,56 m³ - caminho de serviço pavimentado - DMT 400 a 600 m","m³",9.4499999999999993]
[1917707,"Dragagem de material de 1ª categoria com escavadeira hidráulica - capacidade de caçamba de 1,56 m³ - caminho de serviço pavimentado - DMT 50 a 200 m","m³",8.18]
[1917710,"Dragagem de material de 1ª categoria com escavadeira hidráulica - capacidade de caçamba de 1,56 m³ - caminho de serviço pavimentado - DMT 600 a 800 m","m³",9.6300000000000008]
[1917711,"Dragagem de material de 1ª categoria com escavadeira hidráulica - capacidade de caçamba de 1,56 m³ - caminho de serviço pavimentado - DMT 800 a 1.000 m","m³",9.81]
[1917680,"Dragagem de material de 1ª categoria com escavadeira hidráulica - capacidade de caçamba de 1,56 m³ - DMT 0 a 50 m","m³",2.77]
[1901607,"Dragagem de material de 1ª categoria com escavadeira hidráulica sobre pontão flutuante - capacidade da caçamba de 1,56 m³ - transporte com batelão sem propulsão com capacidade de 100 t - DMT 0 a 300 m","m³",14.91]
[1901611,"Dragagem de material de 1ª categoria com escavadeira hidráulica sobre pontão flutuante - capacidade da caçamba de 1,56 m³ - transporte com batelão sem propulsão com capacidade de 100 t - DMT 1.200 a 1.500 m","m³",18.71]
[1901612,"Dragagem de material de 1ª categoria com escavadeira hidráulica sobre pontão flutuante - capacidade da caçamba de 1,56 m³ - transporte com batelão sem propulsão com capacidade de 100 t - DMT 1.500 a 1.800 m","m³",19.149999999999999]
[1901613,"Dragagem de material de 1ª categoria com escavadeira hidráulica sobre pontão flutuante - capacidade da caçamba de 1,56 m³ - transporte com batelão sem propulsão com capacidade de 100 t - DMT 1.800 a 2.100 m","m³",19.48]
[1901614,"Dragagem de material de 1ª categoria com escavadeira hidráulica sobre pontão flutuante - capacidade da caçamba de 1,56 m³ - transporte com batelão sem propulsão com capacidade de 100 t - DMT 2.100 a 2.400 m","m³",19.809999999999999]
[1901615,"Dragagem de material de 1ª categoria com escavadeira hidráulica sobre pontão flutuante - capacidade da caçamba de 1,56 m³ - transporte com batelão sem propulsão com capacidade de 100 t - DMT 2.400 a 2.700 m","m³",20.25]
[1901616,"Dragagem de material de 1ª categoria com escavadeira hidráulica sobre pontão flutuante - capacidade da caçamba de 1,56 m³ - transporte com batelão sem propulsão com capacidade de 100 t - DMT 2.700 a 3.000 m","m³",20.57]
[1901608,"Dragagem de material de 1ª categoria com escavadeira hidráulica sobre pontão flutuante - capacidade da caçamba de 1,56 m³ - transporte com batelão sem propulsão com capacidade de 100 t - DMT 300 a 600 m","m³",15.42]
[1901609,"Dragagem de material de 1ª categoria com escavadeira hidráulica sobre pontão flutuante - capacidade da caçamba de 1,56 m³ - transporte com batelão sem propulsão com capacidade de 100 t - DMT 600 a 900 m","m³",15.85]
[1901610,"Dragagem de material de 1ª categoria com escavadeira hidráulica sobre pontão flutuante - capacidade da caçamba de 1,56 m³ - transporte com batelão sem propulsão com capacidade de 100 t - DMT 900 a 1.200 m","m³",18.38]
[1901617,"Dragagem de material de 1ª categoria com escavadeira hidráulica sobre pontão flutuante - capacidade da caçamba de 1,56 m³ - transporte com batelão sem propulsão com capacidade de 100 t - DMT de 3.000 m","m³",20.79]
[1917037,"Dragagem de silte com draga hopper - capacidade da cisterna de 1.000 m³ - DMT de 1.500 a 1.800 m","m³",39.97]
[1917038,"Dragagem de silte com draga hopper - capacidade da cisterna de 1.000 m³ - DMT de 1.800 a 2.100 m","m³",41.32]
[1917039,"Dragagem de silte com draga hopper - capacidade da cisterna de 1.000 m³ - DMT de 2.100 a 2.400 m","m³",42.7]
[1917040,"Dragagem de silte com draga hopper - capacidade da cisterna de 1.000 m³ - DMT de 2.400 a 2.700 m","m³",44.15]
[1917041,"Dragagem de silte com draga hopper - capacidade da cisterna de 1.000 m³ - DMT de 2.700 a 3.000 m","m³",45.68]
[1917042,"Dragagem de silte com draga hopper - capacidade da cisterna de 1.000 m³ - DMT de 3.000 m","m³",46.49]
[1901619,"Dragagem de silte com draga hopper - capacidade da cisterna de 10.000 m³ - DMT de 1.500 a 1.800 m","m³",18.86]
[1901620,"Dragagem de silte com draga hopper - capacidade da cisterna de 10.000 m³ - DMT de 1.800 a 2.100 m","m³",19.2]
[1901621,"Dragagem de silte com draga hopper - capacidade da cisterna de 10.000 m³ - DMT de 2.100 a 2.400 m","m³",19.559999999999999]
[1901622,"Dragagem de silte com draga hopper - capacidade da cisterna de 10.000 m³ - DMT de 2.400 a 2.700 m","m³",19.920000000000002]
[1901623,"Dragagem de silte com draga hopper - capacidade da cisterna de 10.000 m³ - DMT de 2.700 a 3.000 m","m³",20.309999999999999]
[1901618,"Dragagem de silte com draga hopper - capacidade da cisterna de 10.000 m³ - DMT de 3.000 m","m³",20.52]
[1901625,"Dragagem de silte com draga hopper - capacidade da cisterna de 15.000 m³ - DMT de 1.500 a 1.800 m","m³",22.46]
[1901626,"Dragagem de silte com draga hopper - capacidade da cisterna de 15.000 m³ - DMT de 1.800 a 2.100 m","m³",22.78]
[1901627,"Dragagem de silte com draga hopper - capacidade da cisterna de 15.000 m³ - DMT de 2.100 a 2.400 m","m³",23.11]
[1901628,"Dragagem de silte com draga hopper - capacidade da cisterna de 15.000 m³ - DMT de 2.400 a 2.700 m","m³",23.45]
[1901629,"Dragagem de silte com draga hopper - capacidade da cisterna de 15.000 m³ - DMT de 2.700 a 3.000 m","m³",23.82]
[1901624,"Dragagem de silte com draga hopper - capacidade da cisterna de 15.000 m³ - DMT de 3.000 m","m³",24.02]
[1917073,"Dragagem de silte com draga hopper - capacidade da cisterna de 2.000 m³ - DMT de 1.500 a 1.800 m","m³",26.16]
[1917074,"Dragagem de silte com draga hopper - capacidade da cisterna de 2.000 m³ - DMT de 1.800 a 2.100 m","m³",26.96]
[1917075,"Dragagem de silte com draga hopper - capacidade da cisterna de 2.000 m³ - DMT de 2.100 a 2.400 m","m³",27.77]
[1917076,"Dragagem de silte com draga hopper - capacidade da cisterna de 2.000 m³ - DMT de 2.400 a 2.700 m","m³",28.62]
[1917077,"Dragagem de silte com draga hopper - capacidade da cisterna de 2.000 m³ - DMT de 2.700 a 3.000 m","m³",29.53]
[1917078,"Dragagem de silte com draga hopper - capacidade da cisterna de 2.000 m³ - DMT de 3.000 m","m³",30.01]
[1901631,"Dragagem de silte com draga hopper - capacidade da cisterna de 20.000 m³ - DMT de 1.500 a 1.800 m","m³",26.34]
[1901632,"Dragagem de silte com draga hopper - capacidade da cisterna de 20.000 m³ - DMT de 1.800 a 2.100 m","m³",26.65]
[1901633,"Dragagem de silte com draga hopper - capacidade da cisterna de 20.000 m³ - DMT de 2.100 a 2.400 m","m³",26.97]
[1901634,"Dragagem de silte com draga hopper - capacidade da cisterna de 20.000 m³ - DMT de 2.400 a 2.700 m","m³",27.31]
[1901635,"Dragagem de silte com draga hopper - capacidade da cisterna de 20.000 m³ - DMT de 2.700 a 3.000 m","m³",27.66]
[1901630,"Dragagem de silte com draga hopper - capacidade da cisterna de 20.000 m³ - DMT de 3.000 m","m³",27.85]
[1917109,"Dragagem de silte com draga hopper - capacidade da cisterna de 3.000 m³ - DMT de 1.500 a 1.800 m","m³",22.94]
[1917110,"Dragagem de silte com draga hopper - capacidade da cisterna de 3.000 m³ - DMT de 1.800 a 2.100 m","m³",23.57]
[1917111,"Dragagem de silte com draga hopper - capacidade da cisterna de 3.000 m³ - DMT de 2.100 a 2.400 m","m³",24.2]
[1917112,"Dragagem de silte com draga hopper - capacidade da cisterna de 3.000 m³ - DMT de 2.400 a 2.700 m","m³",24.87]
[1917113,"Dragagem de silte com draga hopper - capacidade da cisterna de 3.000 m³ - DMT de 2.700 a 3.000 m","m³",25.58]
[1917114,"Dragagem de silte com draga hopper - capacidade da cisterna de 3.000 m³ - DMT de 3.000 m","m³",25.96]
[1917145,"Dragagem de silte com draga hopper - capacidade da cisterna de 4.000 m³ - DMT de 1.500 a 1.800 m","m³",21]
[1917146,"Dragagem de silte com draga hopper - capacidade da cisterna de 4.000 m³ - DMT de 1.800 a 2.100 m","m³",21.53]
[1917147,"Dragagem de silte com draga hopper - capacidade da cisterna de 4.000 m³ - DMT de 2.100 a 2.400 m","m³",22.09]
[1917148,"Dragagem de silte com draga hopper - capacidade da cisterna de 4.000 m³ - DMT de 2.400 a 2.700 m","m³",22.66]
[1917149,"Dragagem de silte com draga hopper - capacidade da cisterna de 4.000 m³ - DMT de 2.700 a 3.000 m","m³",23.27]
[1917150,"Dragagem de silte com draga hopper - capacidade da cisterna de 4.000 m³ - DMT de 3.000 m","m³",23.6]
[1917181,"Dragagem de silte com draga hopper - capacidade da cisterna de 5.000 m³ - DMT de 1.500 a 1.800 m","m³",21.5]
[1917182,"Dragagem de silte com draga hopper - capacidade da cisterna de 5.000 m³ - DMT de 1.800 a 2.100 m","m³",21.97]
[1917183,"Dragagem de silte com draga hopper - capacidade da cisterna de 5.000 m³ - DMT de 2.100 a 2.400 m","m³",22.45]
[1917184,"Dragagem de silte com draga hopper - capacidade da cisterna de 5.000 m³ - DMT de 2.400 a 2.700 m","m³",22.96]
[1917185,"Dragagem de silte com draga hopper - capacidade da cisterna de 5.000 m³ - DMT de 2.700 a 3.000 m","m³",23.5]
[1917186,"Dragagem de silte com draga hopper - capacidade da cisterna de 5.000 m³ - DMT de 3.000 m","m³",23.78]
[1917001,"Dragagem de silte com draga hopper - capacidade da cisterna de 750 m³ - DMT de 1.500 a 1.800 m","m³",54.1]
[1917002,"Dragagem de silte com draga hopper - capacidade da cisterna de 750 m³ - DMT de 1.800 a 2.100 m","m³",56.08]
[1917003,"Dragagem de silte com draga hopper - capacidade da cisterna de 750 m³ - DMT de 2.100 a 2.400 m","m³",58.08]
[1917004,"Dragagem de silte com draga hopper - capacidade da cisterna de 750 m³ - DMT de 2.400 a 2.700 m","m³",60.21]
[1917005,"Dragagem de silte com draga hopper - capacidade da cisterna de 750 m³ - DMT de 2.700 a 3.000 m","m³",62.44]
[1917006,"Dragagem de silte com draga hopper - capacidade da cisterna de 750 m³ - DMT de 3.000 m","m³",63.63]
[2009619,"Alvenaria de blocos de concreto 19 x 19 x 39 cm com espessura de 20 cm - areia comercial","m²",128.72]
[2009618,"Alvenaria de blocos de concreto 19 x 19 x 39 cm com espessura de 20 cm - areia extraída","m²",127.42]
[2003866,"Aplicação de geotêxtil não-tecido agulhado com resistência à tração longitudinal de 14 kN/m","m²",8.02]
[2003867,"Aplicação de geotêxtil não-tecido agulhado com resistência à tração longitudinal de 31 kN/m","m²",17.36]
[2003622,"Boca de lobo combinada - chapéu e grelha simples - BLC 01 - areia e brita comerciais","un",2526.2800000000002]
[2003621,"Boca de lobo combinada - chapéu e grelha simples - BLC 01 - areia extraída e brita produzida","un",2434.81]
[2003624,"Boca de lobo combinada - chapéu e grelha simples - BLC 02 - areia e brita comerciais","un",2949.3]
[2003623,"Boca de lobo combinada - chapéu e grelha simples - BLC 02 - areia extraída e brita produzida","un",2849.66]
[2003634,"Boca de lobo dupla - grelha de concreto - BLDG 01 - areia e brita comerciais","un",1913.24]
[2003633,"Boca de lobo dupla - grelha de concreto - BLDG 01 - areia extraída e brita produzida","un",1821.78]
[2003636,"Boca de lobo dupla - grelha de concreto - BLDG 02 - areia e brita comerciais","un",2336.27]
[2003635,"Boca de lobo dupla - grelha de concreto - BLDG 02 - areia extraída e brita produzida","un",2236.62]
[2003638,"Boca de lobo dupla - grelha de concreto - BLDG 03 - areia e brita comerciais","un",2765.11]
[2003637,"Boca de lobo dupla - grelha de concreto - BLDG 03 - areia extraída e brita produzida","un",2656.45]
[2003640,"Boca de lobo dupla - grelha de concreto - BLDG 04 - areia e brita comerciais","un",3188.13]
[2003639,"Boca de lobo dupla - grelha de concreto - BLDG 04 - areia extraída e brita produzida","un",3071.29]
[2003618,"Boca de lobo simples - BLS 01 - areia e brita comerciais","un",1064.27]
[2003617,"Boca de lobo simples - BLS 01 - areia extraída e brita produzida","un",1014.06]
[2003620,"Boca de lobo simples - BLS 02 - areia e brita comerciais","un",1322.46]
[2003619,"Boca de lobo simples - BLS 02 - areia extraída e brita produzida","un",1267.3]
[2003626,"Boca de lobo simples - grelha de concreto - BLSG 01 - areia e brita comerciais","un",994.54]
[2003625,"Boca de lobo simples - grelha de concreto - BLSG 01 - areia extraída e brita produzida","un",944.33]
[2003628,"Boca de lobo simples - grelha de concreto - BLSG 02 - areia e brita comerciais","un",1252.72]
[2003627,"Boca de lobo simples - grelha de concreto - BLSG 02 - areia extraída e brita produzida","un",1197.57]
[2003630,"Boca de lobo simples - grelha de concreto - BLSG 03 - areia e brita comerciais","un",1510.91]
[2003629,"Boca de lobo simples - grelha de concreto - BLSG 03 - areia extraída e brita produzida","un",1450.8]
[2003632,"Boca de lobo simples - grelha de concreto - BLSG 04 - areia e brita comerciais","un",1769.1]
[2003631,"Boca de lobo simples - grelha de concreto - BLSG 04 - areia extraída e brita produzida","un",1704.04]
[2003599,"Boca de saída para dreno longitudinal profundo - BSD 01 - tubo de concreto perfurado - areia e brita comerciais","un",225]
[2003598,"Boca de saída para dreno longitudinal profundo - BSD 01 - tubo de concreto perfurado - areia extraída e brita produzida","un",204.72]
[2003919,"Boca de saída para dreno longitudinal profundo - BSD 01 - tubo de PEAD - areia e brita comerciais","un",225]
[2003918,"Boca de saída para dreno longitudinal profundo - BSD 01 - tubo de PEAD - areia extraída e brita produzida","un",204.72]
[2003601,"Boca de saída para dreno longitudinal profundo - BSD 02 - tubo de concreto perfurado - areia e brita comerciais","un",282.7]
[2003600,"Boca de saída para dreno longitudinal profundo - BSD 02 - tubo de concreto perfurado - areia extraída e brita produzida","un",256.18]
[2003921,"Boca de saída para dreno longitudinal profundo - BSD 02 - tubo de PEAD - areia e brita comerciais","un",282.7]
[2003920,"Boca de saída para dreno longitudinal profundo - BSD 02 - tubo de PEAD - areia extraída e brita produzida","un",256.18]
[2003616,"Boca de saída para dreno sub-horizontal em material de 1ª categoria - BSD 04 - areia e brita comerciais","un",24.35]
[2003615,"Boca de saída para dreno sub-horizontal em material de 1ª categoria - BSD 04 - areia extraída e brita produzida","un",21.49]
[2003927,"Boca de saída para dreno sub-horizontal em material de 2ª categoria - BSD 04 - areia e brita comerciais","un",25.25]
[2003926,"Boca de saída para dreno sub-horizontal em material de 2ª categoria - BSD 04 - areia extraída e brita produzida","un",22.39]
[2003613,"Boca de saída para dreno subsuperficial - BSD 03 - areia e brita comerciais","un",160.19999999999999]
[2003612,"Boca de saída para dreno subsuperficial - BSD 03 - areia extraída e brita produzida","un",147.72]
[2003477,"Caixa coletora de sarjeta - CCS 200-60 A - com grelha de concreto - areia e brita comerciais","un",4894.79]
[2003476,"Caixa coletora de sarjeta - CCS 200-60 A - com grelha de concreto - areia extraída e brita produzida","un",4553.6099999999997]
[2003517,"Caixa coletora de sarjeta - CCS 200-60 B - com grelha de aço - areia e brita comerciais","un",5080.92]
[2003516,"Caixa coletora de sarjeta - CCS 200-60 B - com grelha de aço - areia extraída e brita produzida","un",4749.34]
[2003479,"Caixa coletora de sarjeta - CCS 200-80 A - com grelha de concreto - areia e brita comerciais","un",4860.8500000000004]
[2003478,"Caixa coletora de sarjeta - CCS 200-80 A - com grelha de concreto - areia extraída e brita produzida","un",4525.3900000000003]
[2003519,"Caixa coletora de sarjeta - CCS 200-80 B - com grelha de aço - areia e brita comerciais","un",5046.9799999999996]
[2003518,"Caixa coletora de sarjeta - CCS 200-80 B - com grelha de aço - areia extraída e brita produzida","un",4721.12]
[2003489,"Caixa coletora de sarjeta - CCS 250-100 A - com grelha de concreto - areia e brita comerciais","un",5938.21]
[2003488,"Caixa coletora de sarjeta - CCS 250-100 A - com grelha de concreto - areia extraída e brita produzida","un",5525.68]
[2003529,"Caixa coletora de sarjeta - CCS 250-100 B - com grelha de aço - areia e brita comerciais","un",6124.35]
[2003528,"Caixa coletora de sarjeta - CCS 250-100 B - com grelha de aço - areia extraída e brita produzida","un",5721.41]
[2003491,"Caixa coletora de sarjeta - CCS 250-120 A - com grelha de concreto - areia e brita comerciais","un",6751.8]
[2003490,"Caixa coletora de sarjeta - CCS 250-120 A - com grelha de concreto - areia extraída e brita produzida","un",6279.66]
[2003531,"Caixa coletora de sarjeta - CCS 250-120 B - com grelha de aço - areia e brita comerciais","un",6965.91]
[2003530,"Caixa coletora de sarjeta - CCS 250-120 B - com grelha de aço - areia extraída e brita produzida","un",6505.69]
[2003485,"Caixa coletora de sarjeta - CCS 250-60 A - com grelha de concreto - areia e brita comerciais","un",6015.79]
[2003484,"Caixa coletora de sarjeta - CCS 250-60 A - com grelha de concreto - areia extraída e brita produzida","un",5590.18]
[2003525,"Caixa coletora de sarjeta - CCS 250-60 B - com grelha de aço - areia e brita comerciais","un",6201.92]
[2003524,"Caixa coletora de sarjeta - CCS 250-60 B - com grelha de aço - areia extraída e brita produzida","un",5785.91]
[2003487,"Caixa coletora de sarjeta - CCS 250-80 A - com grelha de concreto - areia e brita comerciais","un",5981.85]
[2003486,"Caixa coletora de sarjeta - CCS 250-80 A - com grelha de concreto - areia extraída e brita produzida","un",5561.96]
[2003527,"Caixa coletora de sarjeta - CCS 250-80 B - com grelha de aço - areia e brita comerciais","un",6167.99]
[2003526,"Caixa coletora de sarjeta - CCS 250-80 B - com grelha de aço - areia extraída e brita produzida","un",5757.69]
[2003497,"Caixa coletora de sarjeta - CCS 300-100 A - com grelha de concreto - areia e brita comerciais","un",7008.65]
[2003496,"Caixa coletora de sarjeta - CCS 300-100 A - com grelha de concreto - areia extraída e brita produzida","un",6527.21]
[2003537,"Caixa coletora de sarjeta - CCS 300-100 B - com grelha de aço - areia e brita comerciais","un",7194.79]
[2003536,"Caixa coletora de sarjeta - CCS 300-100 B - com grelha de aço - areia extraída e brita produzida","un",6722.94]
[2003499,"Caixa coletora de sarjeta - CCS 300-120 A - com grelha de concreto - areia e brita comerciais","un",7954.66]
[2003498,"Caixa coletora de sarjeta - CCS 300-120 A - com grelha de concreto - areia extraída e brita produzida","un",7404.51]
[2003539,"Caixa coletora de sarjeta - CCS 300-120 B - com grelha de aço - areia e brita comerciais","un",8168.77]
[2003538,"Caixa coletora de sarjeta - CCS 300-120 B - com grelha de aço - areia extraída e brita produzida","un",7630.54]
[2003493,"Caixa coletora de sarjeta - CCS 300-60 A - com grelha de concreto - areia e brita comerciais","un",7086.23]
[2003492,"Caixa coletora de sarjeta - CCS 300-60 A - com grelha de concreto - areia extraída e brita produzida","un",6591.71]
[2003533,"Caixa coletora de sarjeta - CCS 300-60 B - com grelha de aço - areia e brita comerciais","un",7272.36]
[2003532,"Caixa coletora de sarjeta - CCS 300-60 B - com grelha de aço - areia extraída e brita produzida","un",6787.44]
[2003495,"Caixa coletora de sarjeta - CCS 300-80 A - com grelha de concreto - areia e brita comerciais","un",7052.29]
[2003494,"Caixa coletora de sarjeta - CCS 300-80 A - com grelha de concreto - areia extraída e brita produzida","un",6563.49]
[2003535,"Caixa coletora de sarjeta - CCS 300-80 B - com grelha de aço - areia e brita comerciais","un",7238.43]
[2003534,"Caixa coletora de sarjeta - CCS 300-80 B - com grelha de aço - areia extraída e brita produzida","un",6759.22]
[2003505,"Caixa coletora de sarjeta - CCS 350-100 A - com grelha de concreto - areia e brita comerciais","un",8017.65]
[2003504,"Caixa coletora de sarjeta - CCS 350-100 A - com grelha de concreto - areia extraída e brita produzida","un",7467.3]
[2003545,"Caixa coletora de sarjeta - CCS 350-100 B - com grelha de aço - areia e brita comerciais","un",8203.7900000000009]
[2003544,"Caixa coletora de sarjeta - CCS 350-100 B - com grelha de aço - areia extraída e brita produzida","un",7663.03]
[2003507,"Caixa coletora de sarjeta - CCS 350-120 A - com grelha de concreto - areia e brita comerciais","un",9091.75]
[2003506,"Caixa coletora de sarjeta - CCS 350-120 A - com grelha de concreto - areia extraída e brita produzida","un",8463.59]
[2003547,"Caixa coletora de sarjeta - CCS 350-120 B - com grelha de aço - areia e brita comerciais","un",9305.86]
[2003546,"Caixa coletora de sarjeta - CCS 350-120 B - com grelha de aço - areia extraída e brita produzida","un",8689.6200000000008]
[2003501,"Caixa coletora de sarjeta - CCS 350-60 A - com grelha de concreto - areia e brita comerciais","un",8095.23]
[2003500,"Caixa coletora de sarjeta - CCS 350-60 A - com grelha de concreto - areia extraída e brita produzida","un",7531.8]
[2003541,"Caixa coletora de sarjeta - CCS 350-60 B - com grelha de aço - areia e brita comerciais","un",8281.3700000000008]
[2003540,"Caixa coletora de sarjeta - CCS 350-60 B - com grelha de aço - areia extraída e brita produzida","un",7727.53]
[2003503,"Caixa coletora de sarjeta - CCS 350-80 A - com grelha de concreto - areia e brita comerciais","un",8061.29]
[2003502,"Caixa coletora de sarjeta - CCS 350-80 A - com grelha de concreto - areia extraída e brita produzida","un",7503.58]
[2003543,"Caixa coletora de sarjeta - CCS 350-80 B - com grelha de aço - areia e brita comerciais","un",8247.43]
[2003542,"Caixa coletora de sarjeta - CCS 350-80 B - com grelha de aço - areia extraída e brita produzida","un",7699.31]
[2003513,"Caixa coletora de sarjeta - CCS 400-100 A - com grelha de concreto - areia e brita comerciais","un",9088.09]
[2003512,"Caixa coletora de sarjeta - CCS 400-100 A - com grelha de concreto - areia extraída e brita produzida","un",8468.83]
[2003553,"Caixa coletora de sarjeta - CCS 400-100 B - com grelha de aço - areia e brita comerciais","un",9274.23]
[2003552,"Caixa coletora de sarjeta - CCS 400-100 B - com grelha de aço - areia extraída e brita produzida","un",8664.56]
[2003515,"Caixa coletora de sarjeta - CCS 400-120 A - com grelha de concreto - areia e brita comerciais","un",10294.61]
[2003514,"Caixa coletora de sarjeta - CCS 400-120 A - com grelha de concreto - areia extraída e brita produzida","un",9588.44]
[2003555,"Caixa coletora de sarjeta - CCS 400-120 B - com grelha de aço - areia e brita comerciais","un",10508.72]
[2003554,"Caixa coletora de sarjeta - CCS 400-120 B - com grelha de aço - areia extraída e brita produzida","un",9814.4699999999993]
[2003509,"Caixa coletora de sarjeta - CCS 400-60 A - com grelha de concreto - areia e brita comerciais","un",9165.67]
[2003508,"Caixa coletora de sarjeta - CCS 400-60 A - com grelha de concreto - areia extraída e brita produzida","un",8533.33]
[2003549,"Caixa coletora de sarjeta - CCS 400-60 B - com grelha de aço - areia e brita comerciais","un",9351.7999999999993]
[2003548,"Caixa coletora de sarjeta - CCS 400-60 B - com grelha de aço - areia extraída e brita produzida","un",8729.06]
[2003511,"Caixa coletora de sarjeta - CCS 400-80 A - com grelha de concreto - areia e brita comerciais","un",9131.73]
[2003510,"Caixa coletora de sarjeta - CCS 400-80 A - com grelha de concreto - areia extraída e brita produzida","un",8505.11]
[2003551,"Caixa coletora de sarjeta - CCS 400-80 B - com grelha de aço - areia e brita comerciais","un",9317.8700000000008]
[2003550,"Caixa coletora de sarjeta - CCS 400-80 B - com grelha de aço - areia extraída e brita produzida","un",8700.84]
[2003728,"Caixa coletora de talvegue - CCT 01 - areia e brita comerciais","un",3843.64]
[2003727,"Caixa coletora de talvegue - CCT 01 - areia extraída e brita produzida","un",3549.8]
[2003730,"Caixa coletora de talvegue - CCT 02 - areia e brita comerciais","un",3791.29]
[2003729,"Caixa coletora de talvegue - CCT 02 - areia extraída e brita produzida","un",3510.45]
[2003732,"Caixa coletora de talvegue - CCT 03 - areia e brita comerciais","un",3744.18]
[2003731,"Caixa coletora de talvegue - CCT 03 - areia extraída e brita produzida","un",3475.04]
[2003734,"Caixa coletora de talvegue - CCT 04 - areia e brita comerciais","un",3686.59]
[2003733,"Caixa coletora de talvegue - CCT 04 - areia extraída e brita produzida","un",3431.75]
[2003736,"Caixa coletora de talvegue - CCT 05 - areia e brita comerciais","un",5033.96]
[2003735,"Caixa coletora de talvegue - CCT 05 - areia extraída e brita produzida","un",4668.6000000000004]
[2003738,"Caixa coletora de talvegue - CCT 06 - areia e brita comerciais","un",4981.6099999999997]
[2003737,"Caixa coletora de talvegue - CCT 06 - areia extraída e brita produzida","un",4629.25]
[2003740,"Caixa coletora de talvegue - CCT 07 - areia e brita comerciais","un",4934.49]
[2003739,"Caixa coletora de talvegue - CCT 07 - areia extraída e brita produzida","un",4593.84]
[2003742,"Caixa coletora de talvegue - CCT 08 - areia e brita comerciais","un",5086.3100000000004]
[2003741,"Caixa coletora de talvegue - CCT 08 - areia extraída e brita produzida","un",4707.95]
[2003744,"Caixa coletora de talvegue - CCT 09 - areia e brita comerciais","un",6055.98]
[2003743,"Caixa coletora de talvegue - CCT 09 - areia extraída e brita produzida","un",5619.11]
[2003746,"Caixa coletora de talvegue - CCT 10 - areia e brita comerciais","un",6003.63]
[2003745,"Caixa coletora de talvegue - CCT 10 - areia extraída e brita produzida","un",5579.76]
[2003748,"Caixa coletora de talvegue - CCT 11 - areia e brita comerciais","un",5956.51]
[2003747,"Caixa coletora de talvegue - CCT 11 - areia extraída e brita produzida","un",5544.35]
[2003750,"Caixa coletora de talvegue - CCT 12 - areia e brita comerciais","un",5898.93]
[2003749,"Caixa coletora de talvegue - CCT 12 - areia extraída e brita produzida","un",5501.06]
[2003752,"Caixa coletora de talvegue - CCT 13 - areia e brita comerciais","un",7302.63]
[2003751,"Caixa coletora de talvegue - CCT 13 - areia extraída e brita produzida","un",6794.25]
[2003754,"Caixa coletora de talvegue - CCT 14 - areia e brita comerciais","un",7250.28]
[2003753,"Caixa coletora de talvegue - CCT 14 - areia extraída e brita produzida","un",6754.91]
[2003756,"Caixa coletora de talvegue - CCT 15 - areia e brita comerciais","un",7203.17]
[2003755,"Caixa coletora de talvegue - CCT 15 - areia extraída e brita produzida","un",6719.49]
[2003758,"Caixa coletora de talvegue - CCT 16 - areia e brita comerciais","un",7145.58]
[2003757,"Caixa coletora de talvegue - CCT 16 - areia extraída e brita produzida","un",6676.21]
[2003760,"Caixa coletora de talvegue - CCT 17 - areia e brita comerciais","un",7217.87]
[2003759,"Caixa coletora de talvegue - CCT 17 - areia extraída e brita produzida","un",6924.02]
[2003762,"Caixa coletora de talvegue - CCT 18 - areia e brita comerciais","un",8317.2199999999993]
[2003761,"Caixa coletora de talvegue - CCT 18 - areia extraída e brita produzida","un",7750.33]
[2003764,"Caixa coletora de talvegue - CCT 19 - areia e brita comerciais","un",8270.11]
[2003763,"Caixa coletora de talvegue - CCT 19 - areia extraída e brita produzida","un",7714.92]
[2003766,"Caixa coletora de talvegue - CCT 20 - areia e brita comerciais","un",8212.52]
[2003765,"Caixa coletora de talvegue - CCT 20 - areia extraída e brita produzida","un",7671.64]
[2003642,"Caixa de ligação e passagem - CLP 01 - areia e brita comerciais","un",1765.27]
[2003641,"Caixa de ligação e passagem - CLP 01 - areia extraída e brita produzida","un",1581.94]
[2003644,"Caixa de ligação e passagem - CLP 02 - areia e brita comerciais","un",1733.86]
[2003643,"Caixa de ligação e passagem - CLP 02 - areia extraída e brita produzida","un",1558.33]
[2003646,"Caixa de ligação e passagem - CLP 03 - areia e brita comerciais","un",2376.31]
[2003645,"Caixa de ligação e passagem - CLP 03 - areia extraída e brita produzida","un",2124.0700000000002]
[2003648,"Caixa de ligação e passagem - CLP 04 - areia e brita comerciais","un",3060.96]
[2003647,"Caixa de ligação e passagem - CLP 04 - areia extraída e brita produzida","un",2743.71]
[2003650,"Caixa de ligação e passagem - CLP 05 - areia e brita comerciais","un",3640.95]
[2003649,"Caixa de ligação e passagem - CLP 05 - areia extraída e brita produzida","un",3274.29]
[2003652,"Caixa de ligação e passagem - CLP 06 - areia e brita comerciais","un",4667.7299999999996]
[2003651,"Caixa de ligação e passagem - CLP 06 - areia extraída e brita produzida","un",4224.3599999999997]
[2003654,"Caixa de ligação e passagem - CLP 07 - areia e brita comerciais","un",2110.21]
[2003653,"Caixa de ligação e passagem - CLP 07 - areia extraída e brita produzida","un",1891.78]
[2003656,"Caixa de ligação e passagem - CLP 08 - areia e brita comerciais","un",2073.5700000000002]
[2003655,"Caixa de ligação e passagem - CLP 08 - areia extraída e brita produzida","un",1864.24]
[2003658,"Caixa de ligação e passagem - CLP 09 - areia e brita comerciais","un",2773.03]
[2003657,"Caixa de ligação e passagem - CLP 09 - areia extraída e brita produzida","un",2477.88]
[2003660,"Caixa de ligação e passagem - CLP 10 - areia e brita comerciais","un",3484.43]
[2003659,"Caixa de ligação e passagem - CLP 10 - areia extraída e brita produzida","un",3121.68]
[2003662,"Caixa de ligação e passagem - CLP 11 - areia e brita comerciais","un",4096.41]
[2003661,"Caixa de ligação e passagem - CLP 11 - areia extraída e brita produzida","un",3680.35]
[2003664,"Caixa de ligação e passagem - CLP 12 - areia e brita comerciais","un",5055.0200000000004]
[2003663,"Caixa de ligação e passagem - CLP 12 - areia extraída e brita produzida","un",4558.34]
[2003666,"Caixa de ligação e passagem - CLP 13 - areia e brita comerciais","un",2460.39]
[2003665,"Caixa de ligação e passagem - CLP 13 - areia extraída e brita produzida","un",2205.56]
[2003668,"Caixa de ligação e passagem - CLP 14 - areia e brita comerciais","un",2428.98]
[2003667,"Caixa de ligação e passagem - CLP 14 - areia extraída e brita produzida","un",2181.9499999999998]
[2003670,"Caixa de ligação e passagem - CLP 15 - areia e brita comerciais","un",3185.45]
[2003669,"Caixa de ligação e passagem - CLP 15 - areia extraída e brita produzida","un",2843.49]
[2003672,"Caixa de ligação e passagem - CLP 16 - areia e brita comerciais","un",3934.08]
[2003671,"Caixa de ligação e passagem - CLP 16 - areia extraída e brita produzida","un",3519.32]
[2003674,"Caixa de ligação e passagem - CLP 17 - areia e brita comerciais","un",4572.82]
[2003673,"Caixa de ligação e passagem - CLP 17 - areia extraída e brita produzida","un",4102.1499999999996]
[2003676,"Caixa de ligação e passagem - CLP 18 - areia e brita comerciais","un",5582.03]
[2003675,"Caixa de ligação e passagem - CLP 18 - areia extraída e brita produzida","un",5024.25]
[2003854,"Camada drenante para proteção de muros de contenção - areia comercial","m³",98.71]
[2003855,"Camada drenante para proteção de muros de contenção - areia extraída","m³",17.55]
[2003856,"Camada drenante para proteção de muros de contenção - brita comercial","m³",191.06]
[2003857,"Camada drenante para proteção de muros de contenção - brita produzida","m³",71.27]
[2019782,"Canal em polietileno e polipropileno com efeito autolimpante e abertura de captação em ferro fundido dúctil - carga de controle de 900 kN - 100,0 x 21,0 x 57,9 cm - fornecimento e instalação em pavimento de asfalto","m",1210.6600000000001]
[2019783,"Canal em polietileno e polipropileno com efeito autolimpante e abertura de captação em ferro fundido dúctil - carga de controle de 900 kN - 100,0 x 25,2 x 66,5 cm - fornecimento e instalação em pavimento de asfalto","m",1880.01]
[2019784,"Canal em polietileno e polipropileno com efeito autolimpante e abertura de captação em ferro fundido dúctil - carga de controle de 900 kN - 100,0 x 42,0 x 95,0 cm - fornecimento e instalação em pavimento de asfalto","m",2434.2199999999998]
[2019785,"Canal em polietileno e polipropileno com efeito autolimpante e abertura de captação em ferro fundido dúctil - carga de controle de 900 kN - 114,2 x 78,0 x 106,0 cm - fornecimento e instalação em pavimento de asfalto","m",3237.22]
[2019776,"Canal em polietileno e polipropileno com efeito autolimpante e grelha de encaixe em ferro fundido dúctil - carga de controle de 400 kN - 100,0 x 14,7 x 18,6 cm - fornecimento e instalação em pavimento de asfalto","m",546.29]
[2019777,"Canal em polietileno e polipropileno com efeito autolimpante e grelha de encaixe em ferro fundido dúctil - carga de controle de 400 kN - 100,0 x 24,7 x 23,6 cm - fornecimento e instalação em pavimento de asfalto","m",1398.28]
[2019778,"Canal em polietileno e polipropileno com efeito autolimpante e grelha de encaixe em ferro fundido dúctil - carga de controle de 400 kN - 100,0 x 34,9 x 29,4 cm - fornecimento e instalação em pavimento de asfalto","m",2345.92]
[2019779,"Canal em polietileno e polipropileno com efeito autolimpante e grelha de encaixe em ferro fundido dúctil - carga de controle de 600 kN - 100,0 x 16,0 x 15,0 cm - fornecimento e instalação em pavimento de asfalto","m",832.17]
[2019780,"Canal em polietileno e polipropileno com efeito autolimpante e grelha de encaixe em ferro fundido dúctil - carga de controle de 600 kN - 100,0 x 21,2 x 21,0 cm - fornecimento e instalação em pavimento de asfalto","m",1017.24]
[2019781,"Canal em polietileno e polipropileno com efeito autolimpante e grelha de encaixe em ferro fundido dúctil - carga de controle de 600 kN - 100,0 x 26,2 x 20,0 cm - fornecimento e instalação em pavimento de asfalto","m",1279.03]
[2019773,"Canal em polietileno e polipropileno com efeito autolimpante e grelha de encaixe em poliamida reforçada - carga de controle de 250 kN - 100,0 x 16,0 x 15,0 cm - fornecimento e instalação em pavimento de asfalto","m",366.15]
[2019774,"Canal em polietileno e polipropileno com efeito autolimpante e grelha de encaixe em poliamida reforçada - carga de controle de 250 kN - 100,0 x 16,0 x 20,0 cm - fornecimento e instalação em pavimento de asfalto","m",392.44]
[2019775,"Canal em polietileno e polipropileno com efeito autolimpante e grelha de encaixe em poliamida reforçada - carga de controle de 250 kN - 100,0 x 16,0 x 7,5 cm - fornecimento e instalação em pavimento de asfalto","m",338.74]
[2019755,"Canal monobloco com corpo e grelha em concreto polímero com efeito autolimpante - carga de controle de 400 kN - 100,0 x 15,0 x 23,0 cm - fornecimento e instalação em pavimento de asfalto","m",464.87]
[2019764,"Canal monobloco com corpo e grelha em concreto polímero com efeito autolimpante - carga de controle de 400 kN - 100,0 x 15,0 x 23,0 cm - fornecimento e instalação em pavimento de concreto","m",486.8]
[2019756,"Canal monobloco com corpo e grelha em concreto polímero com efeito autolimpante - carga de controle de 400 kN - 100,0 x 25,0 x 32,0 cm - fornecimento e instalação em pavimento de asfalto","m",846.21]
[2019765,"Canal monobloco com corpo e grelha em concreto polímero com efeito autolimpante - carga de controle de 400 kN - 100,0 x 25,0 x 32,0 cm - fornecimento e instalação em pavimento de concreto","m",868.13]
[2019757,"Canal monobloco com corpo e grelha em concreto polímero com efeito autolimpante - carga de controle de 900 kN - 100,0 x 16,0 x 26,5 cm - fornecimento e instalação em pavimento de asfalto","m",852.75]
[2019766,"Canal monobloco com corpo e grelha em concreto polímero com efeito autolimpante - carga de controle de 900 kN - 100,0 x 16,0 x 26,5 cm - fornecimento e instalação em pavimento de concreto","m",915.14]
[2019758,"Canal monobloco com corpo e grelha em concreto polímero com efeito autolimpante - carga de controle de 900 kN - 100,0 x 21,0 x 28,0 cm - fornecimento e instalação em pavimento de asfalto","m",908.11]
[2019767,"Canal monobloco com corpo e grelha em concreto polímero com efeito autolimpante - carga de controle de 900 kN - 100,0 x 21,0 x 28,0 cm - fornecimento e instalação em pavimento de concreto","m",971.06]
[2019759,"Canal monobloco com corpo e grelha em concreto polímero com efeito autolimpante - carga de controle de 900 kN - 100,0 x 21,0 x 38,0 cm - fornecimento e instalação em pavimento de asfalto","m",1028.48]
[2019768,"Canal monobloco com corpo e grelha em concreto polímero com efeito autolimpante - carga de controle de 900 kN - 100,0 x 21,0 x 38,0 cm - fornecimento e instalação em pavimento de concreto","m",1102.5]
[2019760,"Canal monobloco com corpo e grelha em concreto polímero com efeito autolimpante - carga de controle de 900 kN - 100,0 x 21,0 x 48,0 cm - fornecimento e instalação em pavimento de asfalto","m",1277.21]
[2019769,"Canal monobloco com corpo e grelha em concreto polímero com efeito autolimpante - carga de controle de 900 kN - 100,0 x 21,0 x 48,0 cm - fornecimento e instalação em pavimento de concreto","m",1362.3]
[2019761,"Canal monobloco com corpo e grelha em concreto polímero com efeito autolimpante - carga de controle de 900 kN - 100,0 x 26,0 x 33,0 cm - fornecimento e instalação em pavimento de asfalto","m",1264.75]
[2019770,"Canal monobloco com corpo e grelha em concreto polímero com efeito autolimpante - carga de controle de 900 kN - 100,0 x 26,0 x 33,0 cm - fornecimento e instalação em pavimento de concreto","m",1333.23]
[2019762,"Canal monobloco com corpo e grelha em concreto polímero com efeito autolimpante - carga de controle de 900 kN - 100,0 x 26,0 x 53,0 cm - fornecimento e instalação em pavimento de asfalto","m",1457.13]
[2019771,"Canal monobloco com corpo e grelha em concreto polímero com efeito autolimpante - carga de controle de 900 kN - 100,0 x 26,0 x 53,0 cm - fornecimento e instalação em pavimento de concreto","m",1547.75]
[2019763,"Canal monobloco com corpo e grelha em concreto polímero com efeito autolimpante - carga de controle de 900 kN - 200,0 x 40,0 x 59,5 cm - fornecimento e instalação em pavimento de asfalto","m",5000.99]
[2019772,"Canal monobloco com corpo e grelha em concreto polímero com efeito autolimpante - carga de controle de 900 kN - 200,0 x 40,0 x 59,5 cm - fornecimento e instalação em pavimento de concreto","m",5089.95]
[2003811,"Canaleta de concreto - CAU 01 - seção de 20 x 20 cm - espessura de 10 cm - apoiada em toda a extensão","m",150.91999999999999]
[2003812,"Canaleta de concreto - CAU 02 - seção de 25 x 25 cm - espessura de 10 cm - apoiada em toda a extensão","m",178.8]
[2003813,"Canaleta de concreto - CAU 03 - seção de 30 x 30 cm - espessura de 10 cm - apoiada em toda a extensão","m",212.94]
[2003814,"Canaleta de concreto - CAU 04 - seção de 35 x 35 cm - espessura de 10 cm - apoiada em toda a extensão","m",242.91]
[2003815,"Canaleta de concreto - CAU 05 - seção de 40 x 40 cm - espessura de 10 cm - apoiada em toda a extensão","m",272.88]
[2003816,"Canaleta de concreto - CAU 06 - seção de 50 x 50 cm - espessura de 10 cm - apoiada em toda a extensão","m",336.99]
[2003817,"Canaleta de concreto - CAU 07 - seção de 60 x 60 cm - espessura de 10 cm - apoiada em toda a extensão","m",394.83]
[2003799,"Canaleta meia cana D = 0,30 m assente sobre lastro de areia - areia e brita comerciais - fornecimento e instalação","m",59.79]
[2003798,"Canaleta meia cana D = 0,30 m assente sobre lastro de areia - areia extraída e brita produzida - fornecimento e instalação","m",53.06]
[2003801,"Canaleta meia cana D = 0,40 m assente sobre lastro de areia - areia e brita comerciais - fornecimento e instalação","m",76.099999999999994]
[2003800,"Canaleta meia cana D = 0,40 m assente sobre lastro de areia - areia extraída e brita produzida - fornecimento e instalação","m",66.44]
[2003714,"Chaminé dos poços de visita - CPV 01 - areia e brita comerciais","un",1580.44]
[2003713,"Chaminé dos poços de visita - CPV 01 - areia extraída e brita produzida","un",1545.59]
[2003716,"Chaminé dos poços de visita - CPV 02 - areia e brita comerciais","un",1858.09]
[2003715,"Chaminé dos poços de visita - CPV 02 - areia extraída e brita produzida","un",1818.58]
[2003718,"Chaminé dos poços de visita - CPV 03 - areia e brita comerciais","un",2128.62]
[2003717,"Chaminé dos poços de visita - CPV 03 - areia extraída e brita produzida","un",2085.3200000000002]
[2003720,"Chaminé dos poços de visita - CPV 04 - areia e brita comerciais","un",2406.23]
[2003719,"Chaminé dos poços de visita - CPV 04 - areia extraída e brita produzida","un",2358.27]
[2003722,"Chaminé dos poços de visita - CPV 05 - areia e brita comerciais","un",2676.76]
[2003721,"Chaminé dos poços de visita - CPV 05 - areia extraída e brita produzida","un",2625]
[2003724,"Chaminé dos poços de visita - CPV 06 - areia e brita comerciais","un",2954.41]
[2003723,"Chaminé dos poços de visita - CPV 06 - areia extraída e brita produzida","un",2898]
[2003726,"Chaminé dos poços de visita - CPV 07 - areia e brita comerciais","un",3224.94]
[2003725,"Chaminé dos poços de visita - CPV 07 - areia extraída e brita produzida","un",3164.73]
[2003859,"Colchão drenante com espalhamento e compactação mecânicos - brita produzida","m³",67.98]
[2003861,"Coluna drenante D = 20 cm - areia comercial","m",24.76]
[2003862,"Coluna drenante D = 20 cm - areia extraída","m",22.44]
[2003411,"Descida d'água de aterros em degraus - DAD 110-26 - areia e brita comerciais","m",804.64]
[2003410,"Descida d'água de aterros em degraus - DAD 110-26 - areia extraída e brita produzida","m",749.9]
[2003415,"Descida d'água de aterros em degraus - DAD 125-30 - areia e brita comerciais","m",884.72]
[2003414,"Descida d'água de aterros em degraus - DAD 125-30 - areia extraída e brita produzida","m",824.09]
[2003419,"Descida d'água de aterros em degraus - DAD 170-35 - areia e brita comerciais","m",1072.94]
[2003418,"Descida d'água de aterros em degraus - DAD 170-35 - areia extraída e brita produzida","m",996.8]
[2003423,"Descida d'água de aterros em degraus - DAD 200-40 - areia e brita comerciais","m",1230.7]
[2003422,"Descida d'água de aterros em degraus - DAD 200-40 - areia extraída e brita produzida","m",1143.71]
[2003427,"Descida d'água de aterros em degraus - DAD 240-54 - areia e brita comerciais","m",1464.87]
[2003426,"Descida d'água de aterros em degraus - DAD 240-54 - areia extraída e brita produzida","m",1361.1]
[2003431,"Descida d'água de aterros em degraus - DAD 320-35 - areia e brita comerciais","m",1621.31]
[2003430,"Descida d'água de aterros em degraus - DAD 320-35 - areia extraída e brita produzida","m",1498.68]
[2003435,"Descida d'água de aterros em degraus - DAD 370-45 - areia e brita comerciais","m",1876.21]
[2003434,"Descida d'água de aterros em degraus - DAD 370-45 - areia extraída e brita produzida","m",1734.95]
[2003439,"Descida d'água de aterros em degraus - DAD 435-55 - areia e brita comerciais","m",2196.04]
[2003438,"Descida d'água de aterros em degraus - DAD 435-55 - areia extraída e brita produzida","m",2031.52]
[2003167,"Descida d'água de aterros em degraus - DAD 470-35 - areia e brita comerciais","m",2156.12]
[2003168,"Descida d'água de aterros em degraus - DAD 470-35 - areia extraída e brita produzida","m",1987]
[2003407,"Descida d'água de aterros em degraus - DAD 60-36 - areia e brita comerciais","m",688.15]
[2003406,"Descida d'água de aterros em degraus - DAD 60-36 - areia extraída e brita produzida","m",645.79]
[2003169,"Descida d'água de aterros em degraus - DAD 608-50 - areia e brita comerciais","m",2787.5]
[2003170,"Descida d'água de aterros em degraus - DAD 608-50 - areia extraída e brita produzida","m",2570.92]
[2003389,"Descida d'água de aterros tipo rápido - DAR 40-20 - areia e brita comerciais","m",244.13]
[2003388,"Descida d'água de aterros tipo rápido - DAR 40-20 - areia extraída e brita produzida","m",226.04]
[2003393,"Descida d'água de aterros tipo rápido - DAR 60-30 - areia e brita comerciais","m",372.8]
[2003392,"Descida d'água de aterros tipo rápido - DAR 60-30 - areia extraída e brita produzida","m",348.08]
[2003173,"Descida d'água de cortes em degraus - DCD 100-50 - areia e brita comerciais","m",895.53]
[2003174,"Descida d'água de cortes em degraus - DCD 100-50 - areia extraída e brita produzida","m",839.13]
[2003171,"Descida d'água de cortes em degraus - DCD 40-40 - areia e brita comerciais","m",619.09]
[2003172,"Descida d'água de cortes em degraus - DCD 40-40 - areia extraída e brita produzida","m",583.78]
[2003399,"Descida d'água de cortes em degraus - DCD 60-30 - areia e brita comerciais","m",627.70000000000005]
[2003398,"Descida d'água de cortes em degraus - DCD 60-30 - areia extraída e brita produzida","m",589.34]
[2003403,"Descida d'água de cortes em degraus - DCD 80-40 - areia e brita comerciais","m",766.52]
[2003402,"Descida d'água de cortes em degraus - DCD 80-40 - areia extraída e brita produzida","m",719.13]
[2003452,"Dissipador de energia - DEB 180-263 - areia extraída e brita e pedra de mão produzidas","un",862.89]
[2003453,"Dissipador de energia - DEB 180-263 - areia, brita e pedra de mão comerciais","un",1031.75]
[2003454,"Dissipador de energia - DEB 240-316 - areia extraída e brita e pedra de mão produzidas","un",1215.3399999999999]
[2003455,"Dissipador de energia - DEB 240-316 - areia, brita e pedra de mão comerciais","un",1474.3]
[2003456,"Dissipador de energia - DEB 300-366 - areia extraída e brita e pedra de mão produzidas","un",1611.89]
[2003457,"Dissipador de energia - DEB 300-366 - areia, brita e pedra de mão comerciais","un",1977.05]
[2003462,"Dissipador de energia - DEB 300-511 - areia extraída e brita e pedra de mão produzidas","un",2071.94]
[2003463,"Dissipador de energia - DEB 300-511 - areia, brita e pedra de mão comerciais","un",2569.8000000000002]
[2003468,"Dissipador de energia - DEB 300-666 - areia extraída e brita e pedra de mão produzidas","un",2563.5300000000002]
[2003469,"Dissipador de energia - DEB 300-666 - areia, brita e pedra de mão comerciais","un",3203.11]
[2003458,"Dissipador de energia - DEB 360-414 - areia extraída e brita e pedra de mão produzidas","un",2049.9299999999998]
[2003459,"Dissipador de energia - DEB 360-414 - areia, brita e pedra de mão comerciais","un",2536.0500000000002]
[2003464,"Dissipador de energia - DEB 360-584 - areia extraída e brita e pedra de mão produzidas","un",2674.53]
[2003465,"Dissipador de energia - DEB 360-584 - areia, brita e pedra de mão comerciais","un",3345.21]
[2003470,"Dissipador de energia - DEB 360-754 - areia extraída e brita e pedra de mão produzidas","un",3301.24]
[2003471,"Dissipador de energia - DEB 360-754 - areia, brita e pedra de mão comerciais","un",4157.1899999999996]
[2003460,"Dissipador de energia - DEB 450-551 - areia extraída e brita e pedra de mão produzidas","un",3088.05]
[2003461,"Dissipador de energia - DEB 450-551 - areia, brita e pedra de mão comerciais","un",3875.22]
[2003466,"Dissipador de energia - DEB 450-746 - areia extraída e brita e pedra de mão produzidas","un",3954.92]
[2003467,"Dissipador de energia - DEB 450-746 - areia, brita e pedra de mão comerciais","un",5004.63]
[2003472,"Dissipador de energia - DEB 450-956 - areia extraída e brita e pedra de mão produzidas","un",4887.3999999999996]
[2003473,"Dissipador de energia - DEB 450-956 - areia, brita e pedra de mão comerciais","un",6220.38]
[2003176,"Dissipador de energia - DED 01 A - areia extraída e brita e pedra de mão produzidas","un",628.29]
[2003175,"Dissipador de energia - DED 01 A - areia, brita e pedra de mão comerciais","un",730.04]
[2003201,"Dissipador de energia - DED 01 B - areia e brita comerciais","un",695.85]
[2003202,"Dissipador de energia - DED 01 B - areia extraída e brita produzida","un",633.74]
[2003178,"Dissipador de energia - DED 02 A - areia extraída e brita e pedra de mão produzidas","un",393.95]
[2003177,"Dissipador de energia - DED 02 A - areia, brita e pedra de mão comerciais","un",448.66]
[2003203,"Dissipador de energia - DED 02 B - areia e brita comerciais","un",498.87]
[2003204,"Dissipador de energia - DED 02 B - areia extraída e brita produzida","un",455.04]
[2003180,"Dissipador de energia - DED 03 A - areia extraída e brita e pedra de mão produzidas","un",626.9]
[2003179,"Dissipador de energia - DED 03 A - areia, brita e pedra de mão comerciais","un",728.24]
[2003205,"Dissipador de energia - DED 03 B - areia e brita comerciais","un",1622.21]
[2003206,"Dissipador de energia - DED 03 B - areia extraída e brita produzida","un",1511.02]
[2003182,"Dissipador de energia - DED 04 A - areia extraída e brita e pedra de mão produzidas","un",779.44]
[2003181,"Dissipador de energia - DED 04 A - areia, brita e pedra de mão comerciais","un",920.13]
[2003207,"Dissipador de energia - DED 04 B - areia e brita comerciais","un",1858.07]
[2003208,"Dissipador de energia - DED 04 B - areia extraída e brita produzida","un",1728.74]
[2003184,"Dissipador de energia - DED 05 A - areia extraída e brita e pedra de mão produzidas","un",1015.74]
[2003183,"Dissipador de energia - DED 05 A - areia, brita e pedra de mão comerciais","un",1211.3699999999999]
[2003209,"Dissipador de energia - DED 05 B - areia e brita comerciais","un",2879.41]
[2003210,"Dissipador de energia - DED 05 B - areia extraída e brita produzida","un",2671.85]
[2003186,"Dissipador de energia - DED 06 A - areia extraída e brita e pedra de mão produzidas","un",1310.71]
[2003185,"Dissipador de energia - DED 06 A - areia, brita e pedra de mão comerciais","un",1582.73]
[2003211,"Dissipador de energia - DED 06 B - areia e brita comerciais","un",3645.22]
[2003212,"Dissipador de energia - DED 06 B - areia extraída e brita produzida","un",3372.74]
[2003188,"Dissipador de energia - DED 07 A - areia extraída e brita e pedra de mão produzidas","un",1622.25]
[2003187,"Dissipador de energia - DED 07 A - areia, brita e pedra de mão comerciais","un",1975.24]
[2003213,"Dissipador de energia - DED 07 B - areia e brita comerciais","un",5279.06]
[2003214,"Dissipador de energia - DED 07 B - areia extraída e brita produzida","un",4866.84]
[2003190,"Dissipador de energia - DED 08 A - areia extraída e brita e pedra de mão produzidas","un",2026.84]
[2003189,"Dissipador de energia - DED 08 A - areia, brita e pedra de mão comerciais","un",2489.09]
[2003215,"Dissipador de energia - DED 08 B - areia e brita comerciais","un",8731.98]
[2003216,"Dissipador de energia - DED 08 B - areia extraída e brita produzida","un",8022.33]
[2003192,"Dissipador de energia - DED 09 A - areia extraída e brita e pedra de mão produzidas","un",2194.2800000000002]
[2003191,"Dissipador de energia - DED 09 A - areia, brita e pedra de mão comerciais","un",2700.8]
[2003217,"Dissipador de energia - DED 09 B - areia e brita comerciais","un",6053.3]
[2003218,"Dissipador de energia - DED 09 B - areia extraída e brita produzida","un",5559.73]
[2003194,"Dissipador de energia - DED 10 A - areia extraída e brita e pedra de mão produzidas","un",2679.46]
[2003193,"Dissipador de energia - DED 10 A - areia, brita e pedra de mão comerciais","un",3319.93]
[2003219,"Dissipador de energia - DED 10 B - areia e brita comerciais","un",8207.25]
[2003220,"Dissipador de energia - DED 10 B - areia extraída e brita produzida","un",7513.15]
[2003196,"Dissipador de energia - DED 11 A - areia extraída e brita e pedra de mão produzidas","un",3306.89]
[2003195,"Dissipador de energia - DED 11 A - areia, brita e pedra de mão comerciais","un",4123.1000000000004]
[2003221,"Dissipador de energia - DED 11 B - areia e brita comerciais","un",12402.67]
[2003222,"Dissipador de energia - DED 11 B - areia extraída e brita produzida","un",11311.72]
[2003198,"Dissipador de energia - DED 12 A - areia extraída e brita e pedra de mão produzidas","un",3078.99]
[2003197,"Dissipador de energia - DED 12 A - areia, brita e pedra de mão comerciais","un",3819.31]
[2003223,"Dissipador de energia - DED 12 B - areia e brita comerciais","un",8416.09]
[2003224,"Dissipador de energia - DED 12 B - areia extraída e brita produzida","un",7716.04]
[2003200,"Dissipador de energia - DED 13 A - areia extraída e brita e pedra de mão produzidas","un",3596.91]
[2003199,"Dissipador de energia - DED 13 A - areia, brita e pedra de mão comerciais","un",4513.91]
[2003225,"Dissipador de energia - DED 13 B - areia e brita comerciais","un",12067.82]
[2003226,"Dissipador de energia - DED 13 B - areia extraída e brita produzida","un",11014.54]
[2003238,"Dissipador de energia - DES 100-300 - areia extraída e brita e pedra de mão produzidas","un",732.32]
[2003237,"Dissipador de energia - DES 100-300 - areia, brita e pedra de mão comerciais","un",857.11]
[2003236,"Dissipador de energia - DES 108-324 - areia extraída e brita e pedra de mão produzidas","un",814.73]
[2003235,"Dissipador de energia - DES 108-324 - areia, brita e pedra de mão comerciais","un",958.23]
[2003234,"Dissipador de energia - DES 120-360 - areia extraída e brita e pedra de mão produzidas","un",953.19]
[2003233,"Dissipador de energia - DES 120-360 - areia, brita e pedra de mão comerciais","un",1130.48]
[2003232,"Dissipador de energia - DES 125-375 - areia extraída e brita e pedra de mão produzidas","un",1002.43]
[2003231,"Dissipador de energia - DES 125-375 - areia, brita e pedra de mão comerciais","un",1189.96]
[2003230,"Dissipador de energia - DES 150-450 - areia extraída e brita e pedra de mão produzidas","un",1309.53]
[2003229,"Dissipador de energia - DES 150-450 - areia, brita e pedra de mão comerciais","un",1571.98]
[2003228,"Dissipador de energia - DES 160-480 - areia extraída e brita e pedra de mão produzidas","un",1451.95]
[2003227,"Dissipador de energia - DES 160-480 - areia, brita e pedra de mão comerciais","un",1752.36]
[2003248,"Dissipador de energia - DES 60-180 - areia extraída e brita e pedra de mão produzidas","un",377.37]
[2003247,"Dissipador de energia - DES 60-180 - areia, brita e pedra de mão comerciais","un",430.62]
[2003246,"Dissipador de energia - DES 73-219 - areia extraída e brita e pedra de mão produzidas","un",480.09]
[2003245,"Dissipador de energia - DES 73-219 - areia, brita e pedra de mão comerciais","un",551.80999999999995]
[2003244,"Dissipador de energia - DES 80-240 - areia extraída e brita e pedra de mão produzidas","un",542.74]
[2003243,"Dissipador de energia - DES 80-240 - areia, brita e pedra de mão comerciais","un",626.41999999999996]
[2003242,"Dissipador de energia - DES 88-264 - areia extraída e brita e pedra de mão produzidas","un",614.74]
[2003241,"Dissipador de energia - DES 88-264 - areia, brita e pedra de mão comerciais","un",714.29]
[2003240,"Dissipador de energia - DES 90-270 - areia extraída e brita e pedra de mão produzidas","un",639.96]
[2003239,"Dissipador de energia - DES 90-270 - areia, brita e pedra de mão comerciais","un",747.08]
[2004516,"Dreno de pavimento em microvala com geocomposto drenante H = 0,40 m - inclusive corte, enchimento com areia e selo asfáltico","m",36.770000000000003]
[2004517,"Dreno de pavimento em microvala com geocomposto drenante H = 0,60 m - inclusive corte, enchimento com areia e selo asfáltico","m",73.13]
[2007971,"Dreno de PVC D = 100 mm para OAE - fornecimento e instalação","m",85.41]
[2008091,"Dreno de PVC D = 150 mm para OAE - fornecimento e instalação","m",90.26]
[2006408,"Dreno de PVC D = 75 mm para OAE - fornecimento e instalação","m",70.540000000000006]
[2015642,"Dreno em tubo de aço galvanizado D = 100 mm em OAE - fornecimento e instalação","m",151.54]
[2015641,"Dreno em tubo de aço galvanizado D = 80 mm em OAE - fornecimento e instalação","m",141.13]
[2004509,"Dreno longitudinal de pavimento H = 0,40 m - com geocomposto drenante","m",42.02]
[2004510,"Dreno longitudinal de pavimento H = 0,60 m - com geocomposto drenante","m",51.73]
[2004511,"Dreno longitudinal de pavimento H = 1,00 m - com geocomposto drenante","m",71.13]
[2004512,"Dreno longitudinal de pavimento H = 1,50 m - com geocomposto drenante","m",95.36]
[2003843,"Dreno longitudinal profundo em tubo de concreto D = 0,40 m em vala de H = 1,10 m e L = 1,00 m com brita envolta em geotêxtil","m",374.45]
[2003915,"Dreno longitudinal profundo para corte em rocha - DPR 01 - tubo de concreto perfurado e brita comercial","m",119.01]
[2003914,"Dreno longitudinal profundo para corte em rocha - DPR 01 - tubo de concreto perfurado e brita produzida","m",101.37]
[2003589,"Dreno longitudinal profundo para corte em rocha - DPR 01 - tubo PEAD e brita comercial","m",129.13999999999999]
[2003588,"Dreno longitudinal profundo para corte em rocha - DPR 01 - tubo PEAD e brita produzida","m",114.47]
[2003917,"Dreno longitudinal profundo para corte em rocha - DPR 02 - tubo de concreto perfurado e brita comercial","m",133.58000000000001]
[2003916,"Dreno longitudinal profundo para corte em rocha - DPR 02 - tubo de concreto perfurado e brita produzida","m",115.94]
[2003591,"Dreno longitudinal profundo para corte em rocha - DPR 02 - tubo PEAD e brita comercial","m",143.71]
[2003590,"Dreno longitudinal profundo para corte em rocha - DPR 02 - tubo PEAD e brita produzida","m",129.04]
[2003593,"Dreno longitudinal profundo para corte em rocha - DPR 03 - brita comercial","m",90.75]
[2003592,"Dreno longitudinal profundo para corte em rocha - DPR 03 - brita produzida","m",69.78]
[2003595,"Dreno longitudinal profundo para corte em rocha - DPR 04 - brita comercial","m",76.17]
[2003594,"Dreno longitudinal profundo para corte em rocha - DPR 04 - brita produzida","m",55.21]
[2003597,"Dreno longitudinal profundo para corte em rocha - DPR 05 - tubo de concreto poroso e areia comercial","m",108.09]
[2003596,"Dreno longitudinal profundo para corte em rocha - DPR 05 - tubo de concreto poroso e areia extraída","m",95.16]
[2003572,"Dreno longitudinal profundo para corte em solo - DPS 01 - tubo PEAD e areia comercial","m",107.68]
[2003580,"Dreno longitudinal profundo para corte em solo - DPS 01 - tubo PEAD e areia extraída","m",68.64]
[2003573,"Dreno longitudinal profundo para corte em solo - DPS 02 - tubo PEAD e areia comercial","m",111.84]
[2003581,"Dreno longitudinal profundo para corte em solo - DPS 02 - tubo PEAD e areia extraída","m",66.7]
[2003561,"Dreno longitudinal profundo para corte em solo - DPS 03 - tubo de concreto perfurado, areia e brita comerciais - madeira com utilização de 5 vezes","m",184.8]
[2003560,"Dreno longitudinal profundo para corte em solo - DPS 03 - tubo de concreto perfurado, areia extraída e brita produzida - madeira com utilização de 5 vezes","m",122.69]
[2003574,"Dreno longitudinal profundo para corte em solo - DPS 03 - tubo PEAD, areia e brita comerciais - madeira com utilização de 5 vezes","m",170]
[2003582,"Dreno longitudinal profundo para corte em solo - DPS 03 - tubo PEAD, areia extraída e brita produzida - madeira com utilização de 5 vezes","m",127.02]
[2003563,"Dreno longitudinal profundo para corte em solo - DPS 04 - tubo de concreto perfurado, areia e brita comerciais - madeira com utilização de 5 vezes","m",190.86]
[2003562,"Dreno longitudinal profundo para corte em solo - DPS 04 - tubo de concreto perfurado, areia extraída e brita produzida - madeira com utilização de 5 vezes","m",119.61]
[2003575,"Dreno longitudinal profundo para corte em solo - DPS 04 - tubo PEAD, areia e brita comerciais - madeira com utilização de 5 vezes","m",174.24]
[2003583,"Dreno longitudinal profundo para corte em solo - DPS 04 - tubo PEAD, areia extraída e brita produzida - madeira com utilização de 5 vezes","m",124.86]
[2003565,"Dreno longitudinal profundo para corte em solo - DPS 05 - dreno cego - brita comercial","m",151.06]
[2003564,"Dreno longitudinal profundo para corte em solo - DPS 05 - dreno cego - brita produzida","m",86.08]
[2003567,"Dreno longitudinal profundo para corte em solo - DPS 06 - dreno cego - brita comercial","m",172.19]
[2003566,"Dreno longitudinal profundo para corte em solo - DPS 06 - dreno cego - brita produzida","m",93.58]
[2003569,"Dreno longitudinal profundo para corte em solo - DPS 07 - tubo de concreto perfurado e brita comercial","m",193.68]
[2003568,"Dreno longitudinal profundo para corte em solo - DPS 07 - tubo de concreto perfurado e brita produzida","m",132.02000000000001]
[2003578,"Dreno longitudinal profundo para corte em solo - DPS 07 - tubo PEAD e brita comercial","m",188.98]
[2003586,"Dreno longitudinal profundo para corte em solo - DPS 07 - tubo PEAD e brita produzida","m",137.38999999999999]
[2003571,"Dreno longitudinal profundo para corte em solo - DPS 08 - tubo de concreto perfurado e brita comercial","m",214.8]
[2003570,"Dreno longitudinal profundo para corte em solo - DPS 08 - tubo de concreto perfurado e brita produzida","m",139.51]
[2003579,"Dreno longitudinal profundo para corte em solo - DPS 08 - tubo PEAD e brita comercial","m",206.26]
[2003587,"Dreno longitudinal profundo para corte em solo - DPS 08 - tubo PEAD e brita produzida","m",144.19999999999999]
[2004506,"Dreno profundo H = 1,0 m - com geocomposto drenante - inclusive escavação e reaterro","m",78.47]
[2004507,"Dreno profundo H = 1,5 m - com geocomposto drenante - inclusive escavação e reaterro","m",106.45]
[2003614,"Dreno sub-horizontal - DSH 01 - material de 1ª categoria","m",139.84]
[2003865,"Dreno sub-horizontal - DSH 01 - material de 2ª categoria","m",157.04]
[2003923,"Dreno subsuperficial - DSS 01 - tubo de concreto perfurado e areia comercial","m",53.5]
[2003922,"Dreno subsuperficial - DSS 01 - tubo de concreto perfurado e areia extraída","m",38.340000000000003]
[2003605,"Dreno subsuperficial - DSS 01 - tubo PEAD e areia comercial","m",39.92]
[2003604,"Dreno subsuperficial - DSS 01 - tubo PEAD e areia extraída","m",27.72]
[2003607,"Dreno subsuperficial - DSS 02 - brita comercial","m",45.68]
[2003606,"Dreno subsuperficial - DSS 02 - brita produzida","m",28.91]
[2003609,"Dreno subsuperficial - DSS 03 - brita comercial","m",30.01]
[2003608,"Dreno subsuperficial - DSS 03 - brita produzida","m",13.24]
[2003925,"Dreno subsuperficial - DSS 04 - tubo de concreto perfurado e brita comercial","m",83.76]
[2003924,"Dreno subsuperficial - DSS 04 - tubo de concreto perfurado e brita produzida","m",64.02]
[2003611,"Dreno subsuperficial - DSS 04 - tubo PEAD e brita comercial","m",70.180000000000007]
[2003610,"Dreno subsuperficial - DSS 04 - tubo PEAD e brita produzida","m",53.41]
[2003820,"Dreno tipo barbacã - DRB 01 - D = 75 mm em estrutura de contenção de encosta - excluso o tubo de drenagem","un",20.21]
[2003821,"Dreno tipo barbacã - DRB 02 - D = 50 mm em estrutura de contenção de encosta - excluso o tubo de drenagem","un",17.62]
[2003842,"Enchimento de junta de concreto com argamassa asfáltica de densidade 1.700 kg/m³ - espessura de 1 cm","kg",73.19]
[2003103,"Entrada para descida d'água - EDA 01 A - areia e brita comerciais","un",209.96]
[2003104,"Entrada para descida d'água - EDA 01 A - areia extraída e brita produzida","un",186.68]
[2003115,"Entrada para descida d'água - EDA 01 B - areia e brita comerciais","un",310.08999999999997]
[2003116,"Entrada para descida d'água - EDA 01 B - areia extraída e brita produzida","un",274.38]
[2003105,"Entrada para descida d'água - EDA 02 A - areia e brita comerciais","un",222.82]
[2003106,"Entrada para descida d'água - EDA 02 A - areia extraída e brita produzida","un",198.54]
[2003117,"Entrada para descida d'água - EDA 02 B - areia e brita comerciais","un",328.23]
[2003118,"Entrada para descida d'água - EDA 02 B - areia extraída e brita produzida","un",291.14]
[2003107,"Entrada para descida d'água - EDA 03 A - areia e brita comerciais","un",196.2]
[2003108,"Entrada para descida d'água - EDA 03 A - areia extraída e brita produzida","un",175.49]
[2003119,"Entrada para descida d'água - EDA 03 B - areia e brita comerciais","un",284.82]
[2003120,"Entrada para descida d'água - EDA 03 B - areia extraída e brita produzida","un",254.21]
[2003109,"Entrada para descida d'água - EDA 04 A - areia e brita comerciais","un",206.84]
[2003110,"Entrada para descida d'água - EDA 04 A - areia extraída e brita produzida","un",185.39]
[2003121,"Entrada para descida d'água - EDA 04 B - areia e brita comerciais","un",299.92]
[2003122,"Entrada para descida d'água - EDA 04 B - areia extraída e brita produzida","un",268.27]
[2003111,"Entrada para descida d'água - EDA 05 A - areia e brita comerciais","un",219.53]
[2003112,"Entrada para descida d'água - EDA 05 A - areia extraída e brita produzida","un",197.21]
[2003123,"Entrada para descida d'água - EDA 05 B - areia e brita comerciais","un",318.08999999999997]
[2003124,"Entrada para descida d'água - EDA 05 B - areia extraída e brita produzida","un",285.18]
[2003113,"Entrada para descida d'água - EDA 06 A - areia e brita comerciais","un",230.17]
[2003114,"Entrada para descida d'água - EDA 06 A - areia extraída e brita produzida","un",207.11]
[2003125,"Entrada para descida d'água - EDA 06 B - areia e brita comerciais","un",333.19]
[2003126,"Entrada para descida d'água - EDA 06 B - areia extraída e brita produzida","un",299.24]
[2003127,"Entrada para descida d'água - EDA 07 A - areia e brita comerciais","un",885.78]
[2003128,"Entrada para descida d'água - EDA 07 A - areia extraída e brita produzida","un",771.08]
[2003147,"Entrada para descida d'água - EDA 07 B - areia e brita comerciais","un",1216.42]
[2003148,"Entrada para descida d'água - EDA 07 B - areia extraída e brita produzida","un",1051.75]
[2003129,"Entrada para descida d'água - EDA 08 A - areia e brita comerciais","un",891.52]
[2003130,"Entrada para descida d'água - EDA 08 A - areia extraída e brita produzida","un",775.63]
[2003149,"Entrada para descida d'água - EDA 08 B - areia e brita comerciais","un",1226.45]
[2003150,"Entrada para descida d'água - EDA 08 B - areia extraída e brita produzida","un",1059.71]
[2003131,"Entrada para descida d'água - EDA 09 A - areia e brita comerciais","un",908.99]
[2003132,"Entrada para descida d'água - EDA 09 A - areia extraída e brita produzida","un",789.5]
[2003151,"Entrada para descida d'água - EDA 09 B - areia e brita comerciais","un",1256.96]
[2003152,"Entrada para descida d'água - EDA 09 B - areia extraída e brita produzida","un",1083.93]
[2003133,"Entrada para descida d'água - EDA 10 A - areia e brita comerciais","un",912.51]
[2003134,"Entrada para descida d'água - EDA 10 A - areia extraída e brita produzida","un",792.3]
[2003153,"Entrada para descida d'água - EDA 10 B - areia e brita comerciais","un",1263.08]
[2003154,"Entrada para descida d'água - EDA 10 B - areia extraída e brita produzida","un",1088.79]
[2003135,"Entrada para descida d'água - EDA 11 A - areia e brita comerciais","un",920.4]
[2003136,"Entrada para descida d'água - EDA 11 A - areia extraída e brita produzida","un",798.56]
[2003155,"Entrada para descida d'água - EDA 11 B - areia e brita comerciais","un",1276.8900000000001]
[2003156,"Entrada para descida d'água - EDA 11 B - areia extraída e brita produzida","un",1099.75]
[2003137,"Entrada para descida d'água - EDA 12 A - areia e brita comerciais","un",1181.67]
[2003138,"Entrada para descida d'água - EDA 12 A - areia extraída e brita produzida","un",1048.44]
[2003157,"Entrada para descida d'água - EDA 12 B - areia e brita comerciais","un",1597.42]
[2003158,"Entrada para descida d'água - EDA 12 B - areia extraída e brita produzida","un",1408.88]
[2003139,"Entrada para descida d'água - EDA 13 A - areia e brita comerciais","un",1187.4100000000001]
[2003140,"Entrada para descida d'água - EDA 13 A - areia extraída e brita produzida","un",1053]
[2003159,"Entrada para descida d'água - EDA 13 B - areia e brita comerciais","un",1607.45]
[2003160,"Entrada para descida d'água - EDA 13 B - areia extraída e brita produzida","un",1416.84]
[2003141,"Entrada para descida d'água - EDA 14 A - areia e brita comerciais","un",1204.8800000000001]
[2003142,"Entrada para descida d'água - EDA 14 A - areia extraída e brita produzida","un",1066.8599999999999]
[2003161,"Entrada para descida d'água - EDA 14 B - areia e brita comerciais","un",1637.97]
[2003162,"Entrada para descida d'água - EDA 14 B - areia extraída e brita produzida","un",1441.06]
[2003143,"Entrada para descida d'água - EDA 15 A - areia e brita comerciais","un",1208.4000000000001]
[2003144,"Entrada para descida d'água - EDA 15 A - areia extraída e brita produzida","un",1069.6600000000001]
[2003163,"Entrada para descida d'água - EDA 15 B - areia e brita comerciais","un",1644.08]
[2003164,"Entrada para descida d'água - EDA 15 B - areia extraída e brita produzida","un",1445.92]
[2003145,"Entrada para descida d'água - EDA 16 A - areia e brita comerciais","un",1216.29]
[2003146,"Entrada para descida d'água - EDA 16 A - areia extraída e brita produzida","un",1075.92]
[2003165,"Entrada para descida d'água - EDA 16 B - areia e brita comerciais","un",1657.89]
[2003166,"Entrada para descida d'água - EDA 16 B - areia extraída e brita produzida","un",1456.88]
[2003819,"Envelope de brita para tubos com diâmetro externo de 75 a 110 mm - L = 15 cm e H = 15 cm","m",7.4]
[2004504,"Escavação mecânica de vala para drenagem com valetadeira em material de 1ª categoria","m³",19.27]
[2004519,"Escavação mecânica de vala trapezoidal ou triangular em material de 1ª categoria para drenagem superficial com retroescavadeira - 0,10 m² ≤ seção < 0,15 m²","m³",27.1]
[2004520,"Escavação mecânica de vala trapezoidal ou triangular em material de 1ª categoria para drenagem superficial com retroescavadeira - 0,15 m² ≤ seção < 0,20 m²","m³",22.36]
[2004521,"Escavação mecânica de vala trapezoidal ou triangular em material de 1ª categoria para drenagem superficial com retroescavadeira - 0,20 m² ≤ seção < 0,30 m²","m³",15.29]
[2004522,"Escavação mecânica de vala trapezoidal ou triangular em material de 1ª categoria para drenagem superficial com retroescavadeira - 0,30 m² ≤ seção < 0,50 m²","m³",11.18]
[2004518,"Escavação mecânica de vala trapezoidal ou triangular em material de 1ª categoria para drenagem superficial com retroescavadeira - seção < 0,10 m²","m³",47.07]
[2003864,"Esgotamento de água com bomba submersa","h",14.16]
[2003863,"Esgotamento de dreno horizontal profundo a vácuo","h",23.28]
[2004508,"Geodreno vertical para tratamento de solos moles","m",12.34]
[2003316,"Grelha de concreto 54 x 100 cm para boca-de-lobo - areia e brita comerciais - sobrecarga do trem tipo TB 45","un",110.81]
[2003317,"Grelha de concreto 54 x 100 cm para boca-de-lobo - areia extraída e brita produzida - sobrecarga do trem tipo TB 45","un",106.03]
[2003767,"Lastro de areia comercial - espalhamento manual","m³",89.14]
[2003844,"Lastro de areia comercial - espalhamento mecânico","m³",86.17]
[2003576,"Lastro de areia extraída - espalhamento manual","m³",15.36]
[2003858,"Lastro de areia extraída - espalhamento mecânico","m³",12.38]
[2003850,"Lastro de brita comercial compactado com soquete vibratório - espalhamento manual","m³",181.52]
[2003849,"Lastro de brita produzida compactado com soquete vibratório - espalhamento manual","m³",75.760000000000005]
[2003868,"Lastro de pedra de mão ou rachão - espalhamento manual","m³",163.69]
[2003369,"Meio-fio de concreto - MFC 01 - areia e brita comerciais - fôrma de madeira","m",118]
[2003368,"Meio-fio de concreto - MFC 01 - areia extraída e brita produzida - fôrma de madeira","m",104.67]
[2003939,"Meio-fio de concreto - MFC 01 moldado no local com extrusora e concreto usinado - areia e brita comerciais","m",72.94]
[2003940,"Meio-fio de concreto - MFC 01 moldado no local com extrusora e concreto usinado - areia extraída e brita produzida","m",59.57]
[2003371,"Meio-fio de concreto - MFC 02 - areia e brita comerciais - fôrma de madeira","m",86.53]
[2003370,"Meio-fio de concreto - MFC 02 - areia extraída e brita produzida - fôrma de madeira","m",75.260000000000005]
[2003941,"Meio-fio de concreto - MFC 02 moldado no local com extrusora e concreto usinado - areia e brita comerciais","m",62.3]
[2003942,"Meio-fio de concreto - MFC 02 moldado no local com extrusora e concreto usinado - areia extraída e brita produzida","m",51.01]
[2003373,"Meio-fio de concreto - MFC 03 - areia e brita comerciais - fôrma de madeira","m",69.12]
[2003372,"Meio-fio de concreto - MFC 03 - areia extraída e brita produzida - fôrma de madeira","m",63.65]
[2003943,"Meio-fio de concreto - MFC 03 moldado no local com extrusora e concreto usinado - areia e brita comerciais","m",29.44]
[2003944,"Meio-fio de concreto - MFC 03 moldado no local com extrusora e concreto usinado - areia extraída e brita produzida","m",23.96]
[2003375,"Meio-fio de concreto - MFC 04 - areia e brita comerciais - fôrma de madeira","m",44.39]
[2003374,"Meio-fio de concreto - MFC 04 - areia extraída e brita produzida - fôrma de madeira","m",40.369999999999997]
[2003945,"Meio-fio de concreto - MFC 04 moldado no local com extrusora e concreto usinado - areia e brita comerciais","m",22.01]
[2003946,"Meio-fio de concreto - MFC 04 moldado no local com extrusora e concreto usinado - areia extraída e brita produzida","m",17.989999999999998]
[2003377,"Meio-fio de concreto - MFC 05 - areia e brita comerciais - fôrma de madeira","m",60.22]
[2003376,"Meio-fio de concreto - MFC 05 - areia extraída e brita produzida - fôrma de madeira","m",55.87]
[2003947,"Meio-fio de concreto - MFC 05 moldado no local com extrusora e concreto usinado - areia e brita comerciais","m",23.15]
[2003948,"Meio-fio de concreto - MFC 05 moldado no local com extrusora e concreto usinado - areia extraída e brita produzida","m",18.79]
[2003379,"Meio-fio de concreto - MFC 06 - areia e brita comerciais - fôrma de madeira","m",34.64]
[2003378,"Meio-fio de concreto - MFC 06 - areia extraída e brita produzida - fôrma de madeira","m",31.71]
[2003949,"Meio-fio de concreto - MFC 06 moldado no local com extrusora e concreto usinado - areia e brita comerciais","m",15.86]
[2003950,"Meio-fio de concreto - MFC 06 moldado no local com extrusora e concreto usinado - areia extraída e brita produzida","m",12.92]
[2003381,"Meio-fio de concreto - MFC 07 - areia e brita comerciais - fôrma de madeira","m",58.09]
[2003380,"Meio-fio de concreto - MFC 07 - areia extraída e brita produzida - fôrma de madeira","m",53.06]
[2003951,"Meio-fio de concreto - MFC 07 moldado no local com extrusora e concreto usinado - areia e brita comerciais","m",27]
[2003952,"Meio-fio de concreto - MFC 07 moldado no local com extrusora e concreto usinado - areia extraída e brita produzida","m",21.97]
[2003383,"Meio-fio de concreto - MFC 08 - areia e brita comerciais - fôrma de madeira","m",97.79]
[2003382,"Meio-fio de concreto - MFC 08 - areia extraída e brita produzida - fôrma de madeira","m",88.41]
[2003953,"Meio-fio de concreto - MFC 08 moldado no local com extrusora e concreto usinado - areia e brita comerciais","m",49.17]
[2003954,"Meio-fio de concreto - MFC 08 moldado no local com extrusora e concreto usinado - areia extraída e brita produzida","m",39.770000000000003]
[2004514,"Microvala para dreno de pavimento com geocomposto drenante H = 0,4 m","m",15.37]
[2004515,"Microvala para dreno de pavimento com geocomposto drenante H = 0,6 m","m",39.92]
[2005759,"Perfuração para dreno sub-horizontal em material de 1ª categoria com D = 75 mm (linha NW)","m",59.56]
[2005764,"Perfuração para dreno sub-horizontal em material de 2ª categoria com D = 75 mm (linha NW)","m",76.760000000000005]
[2003678,"Poço de visita - PVI 01 - areia e brita comerciais","un",2366.91]
[2003677,"Poço de visita - PVI 01 - areia extraída e brita produzida","un",2140.6799999999998]
[2003680,"Poço de visita - PVI 02 - areia e brita comerciais","un",2330.27]
[2003679,"Poço de visita - PVI 02 - areia extraída e brita produzida","un",2113.13]
[2003682,"Poço de visita - PVI 03 - areia e brita comerciais","un",2680.35]
[2003681,"Poço de visita - PVI 03 - areia extraída e brita produzida","un",2409.91]
[2003684,"Poço de visita - PVI 04 - areia e brita comerciais","un",3208.06]
[2003683,"Poço de visita - PVI 04 - areia extraída e brita produzida","un",2885.61]
[2003686,"Poço de visita - PVI 05 - areia e brita comerciais","un",3784.76]
[2003685,"Poço de visita - PVI 05 - areia extraída e brita produzida","un",3409.01]
[2003688,"Poço de visita - PVI 06 - areia e brita comerciais","un",4719.1000000000004]
[2003687,"Poço de visita - PVI 06 - areia extraída e brita produzida","un",4264.03]
[2003690,"Poço de visita - PVI 07 - areia e brita comerciais","un",2746.76]
[2003689,"Poço de visita - PVI 07 - areia extraída e brita produzida","un",2482.8200000000002]
[2003692,"Poço de visita - PVI 08 - areia e brita comerciais","un",2715.35]
[2003691,"Poço de visita - PVI 08 - areia extraída e brita produzida","un",2459.21]
[2003694,"Poço de visita - PVI 09 - areia e brita comerciais","un",3090.45]
[2003693,"Poço de visita - PVI 09 - areia extraída e brita produzida","un",2775.8]
[2003696,"Poço de visita - PVI 10 - areia e brita comerciais","un",3472.26]
[2003695,"Poço de visita - PVI 10 - areia extraída e brita produzida","un",3103]
[2003698,"Poço de visita - PVI 11 - areia e brita comerciais","un",4240.2299999999996]
[2003697,"Poço de visita - PVI 11 - areia extraída e brita produzida","un",3815.06]
[2003700,"Poço de visita - PVI 12 - areia e brita comerciais","un",5219.9399999999996]
[2003699,"Poço de visita - PVI 12 - areia extraída e brita produzida","un",4710.26]
[2003702,"Poço de visita - PVI 13 - areia e brita comerciais","un",3147.55]
[2003701,"Poço de visita - PVI 13 - areia extraída e brita produzida","un",2840.7]
[2003704,"Poço de visita - PVI 14 - areia e brita comerciais","un",3116.14]
[2003703,"Poço de visita - PVI 14 - areia extraída e brita produzida","un",2817.09]
[2003706,"Poço de visita - PVI 15 - areia e brita comerciais","un",3521.48]
[2003705,"Poço de visita - PVI 15 - areia extraída e brita produzida","un",3157.42]
[2003708,"Poço de visita - PVI 16 - areia e brita comerciais","un",4086.41]
[2003707,"Poço de visita - PVI 16 - areia extraída e brita produzida","un",3665.15]
[2003710,"Poço de visita - PVI 17 - areia e brita comerciais","un",4716.63]
[2003709,"Poço de visita - PVI 17 - areia extraída e brita produzida","un",4236.8599999999997]
[2003712,"Poço de visita - PVI 18 - areia e brita comerciais","un",5741.72]
[2003711,"Poço de visita - PVI 18 - areia extraída e brita produzida","un",5172.2299999999996]
[2004505,"Reaterro e compactação em vala de dreno com geocomposto","m³",19.260000000000002]
[2003353,"Sarjeta trapezoidal de canteiro central de concreto - SZCC 100-25 - areia e brita comerciais","m",77.150000000000006]
[2003352,"Sarjeta trapezoidal de canteiro central de concreto - SZCC 100-25 - areia extraída e brita produzida","m",59.07]
[2003979,"Sarjeta trapezoidal de canteiro central de concreto - SZCC 100-25 moldada no local com extrusora e concreto usinado - areia e brita comerciais","m",90.52]
[2003980,"Sarjeta trapezoidal de canteiro central de concreto - SZCC 100-25 moldada no local com extrusora e concreto usinado - areia extraída e brita produzida","m",72.400000000000006]
[2003355,"Sarjeta trapezoidal de canteiro central de concreto - SZCC 140-35 - areia e brita comerciais","m",103.82]
[2003354,"Sarjeta trapezoidal de canteiro central de concreto - SZCC 140-35 - areia extraída e brita produzida","m",79.45]
[2003981,"Sarjeta trapezoidal de canteiro central de concreto - SZCC 140-35 moldada no local com extrusora e concreto usinado - areia e brita comerciais","m",121.98]
[2003982,"Sarjeta trapezoidal de canteiro central de concreto - SZCC 140-35 moldada no local com extrusora e concreto usinado - areia extraída e brita produzida","m",97.56]
[2003345,"Sarjeta trapezoidal de concreto - SZC 60-20 - escavação mecânica - areia e brita comerciais","m",62.03]
[2003344,"Sarjeta trapezoidal de concreto - SZC 60-20 - escavação mecânica - areia extraída e brita produzida","m",49.69]
[2003973,"Sarjeta trapezoidal de concreto - SZC 60-20 moldada no local com extrusora e concreto usinado - escavação mecânica - areia e brita comerciais","m",71.34]
[2003974,"Sarjeta trapezoidal de concreto - SZC 60-20 moldada no local com extrusora e concreto usinado - escavação mecânica - areia extraída e brita produzida","m",58.96]
[2003343,"Sarjeta trapezoidal de concreto - SZC 90-30 - escavação mecânica - areia e brita comerciais","m",84.46]
[2003342,"Sarjeta trapezoidal de concreto - SZC 90-30 - escavação mecânica - areia extraída e brita produzida","m",67.14]
[2003971,"Sarjeta trapezoidal de concreto - SZC 90-30 moldada no local com extrusora e concreto usinado - escavação mecânica - areia e brita comerciais","m",97.71]
[2003972,"Sarjeta trapezoidal de concreto - SZC 90-30 moldada no local com extrusora e concreto usinado - escavação mecânica - areia extraída e brita produzida","m",80.349999999999994]
[2003347,"Sarjeta trapezoidal de grama - SZG 60-20 - escavação mecânica","m",15.35]
[2003346,"Sarjeta trapezoidal de grama - SZG 90-30 - escavação mecânica","m",21.4]
[2003933,"Sarjeta trapezoidal sem revestimento - SZT 60-20 - escavação mecânica","m",7.57]
[2003932,"Sarjeta trapezoidal sem revestimento - SZT 90-30 - escavação mecânica","m",9.73]
[2003349,"Sarjeta triangular de canteiro central de concreto - STCC 100-25 - areia e brita comerciais","m",59.41]
[2003348,"Sarjeta triangular de canteiro central de concreto - STCC 100-25 - areia extraída e brita produzida","m",45.7]
[2003975,"Sarjeta triangular de canteiro central de concreto - STCC 100-25 moldada no local com extrusora e concreto usinado - areia e brita comerciais","m",68.64]
[2003976,"Sarjeta triangular de canteiro central de concreto - STCC 100-25 moldada no local com extrusora e concreto usinado - areia extraída e brita produzida","m",54.9]
[2003351,"Sarjeta triangular de canteiro central de concreto - STCC 140-35 - areia e brita comerciais","m",79.38]
[2003350,"Sarjeta triangular de canteiro central de concreto - STCC 140-35 - areia extraída e brita produzida","m",61.01]
[2003977,"Sarjeta triangular de canteiro central de concreto - STCC 140-35 moldada no local com extrusora e concreto usinado - areia e brita comerciais","m",91.96]
[2003978,"Sarjeta triangular de canteiro central de concreto - STCC 140-35 moldada no local com extrusora e concreto usinado - areia extraída e brita produzida","m",73.55]
[2003291,"Sarjeta triangular de canteiro central de grama - STCG 100-25 - escavação mecânica","m",11.36]
[2003292,"Sarjeta triangular de canteiro central de grama - STCG 140-35 - escavação mecânica","m",15.9]
[2003293,"Sarjeta triangular de canteiro central de grama - STCG 200-25 - escavação mecânica","m",20.95]
[2003294,"Sarjeta triangular de canteiro central de grama - STCG 300-37,5 - escavação mecânica","m",31.42]
[2003257,"Sarjeta triangular de concreto - STC 100-20 - escavação mecânica - areia e brita comerciais","m",63.65]
[2003258,"Sarjeta triangular de concreto - STC 100-20 - escavação mecânica - areia extraída e brita produzida","m",51.34]
[2003259,"Sarjeta triangular de concreto - STC 100-20 moldada no local com extrusora e concreto usinado - escavação mecânica - areia e brita comerciais","m",72.209999999999994]
[2003260,"Sarjeta triangular de concreto - STC 100-20 moldada no local com extrusora e concreto usinado - escavação mecânica - areia extraída e brita produzida","m",59.88]
[2003281,"Sarjeta triangular de concreto - STC 100-21 - escavação mecânica - areia e brita comerciais","m",63.73]
[2003282,"Sarjeta triangular de concreto - STC 100-21 - escavação mecânica - areia extraída e brita produzida","m",51.13]
[2003283,"Sarjeta triangular de concreto - STC 100-21 moldada no local com extrusora e concreto usinado - escavação mecânica - areia e brita comerciais","m",72.510000000000005]
[2003284,"Sarjeta triangular de concreto - STC 100-21 moldada no local com extrusora e concreto usinado - escavação mecânica - areia extraída e brita produzida","m",59.89]
[2003327,"Sarjeta triangular de concreto - STC 108-25 - escavação mecânica - areia e brita comerciais","m",72.41]
[2003326,"Sarjeta triangular de concreto - STC 108-25 - escavação mecânica - areia extraída e brita produzida","m",58.14]
[2003963,"Sarjeta triangular de concreto - STC 108-25 moldada no local com extrusora e concreto usinado - escavação mecânica - areia e brita comerciais","m",82.38]
[2003964,"Sarjeta triangular de concreto - STC 108-25 moldada no local com extrusora e concreto usinado - escavação mecânica - areia extraída e brita produzida","m",68.08]
[2003319,"Sarjeta triangular de concreto - STC 125-25 - escavação mecânica - areia e brita comerciais","m",77.23]
[2003318,"Sarjeta triangular de concreto - STC 125-25 - escavação mecânica - areia extraída e brita produzida","m",62.03]
[2003955,"Sarjeta triangular de concreto - STC 125-25 moldada no local com extrusora e concreto usinado - escavação mecânica - areia e brita comerciais","m",87.87]
[2003956,"Sarjeta triangular de concreto - STC 125-25 moldada no local com extrusora e concreto usinado - escavação mecânica - areia extraída e brita produzida","m",72.64]
[2003277,"Sarjeta triangular de concreto - STC 125-27 - escavação mecânica - areia e brita comerciais","m",79.5]
[2003278,"Sarjeta triangular de concreto - STC 125-27 - escavação mecânica - areia extraída e brita produzida","m",63.88]
[2003279,"Sarjeta triangular de concreto - STC 125-27 moldada no local com extrusora e concreto usinado - escavação mecânica - areia e brita comerciais","m",90.45]
[2003280,"Sarjeta triangular de concreto - STC 125-27 moldada no local com extrusora e concreto usinado - escavação mecânica - areia extraída e brita produzida","m",74.8]
[2003253,"Sarjeta triangular de concreto - STC 150-30 - escavação mecânica - areia e brita comerciais","m",90.83]
[2003254,"Sarjeta triangular de concreto - STC 150-30 - escavação mecânica - areia extraída e brita produzida","m",72.760000000000005]
[2003255,"Sarjeta triangular de concreto - STC 150-30 moldada no local com extrusora e concreto usinado - escavação mecânica - areia e brita comerciais","m",103.53]
[2003256,"Sarjeta triangular de concreto - STC 150-30 moldada no local com extrusora e concreto usinado - escavação mecânica - areia extraída e brita produzida","m",85.42]
[2003273,"Sarjeta triangular de concreto - STC 150-32 - escavação mecânica - areia e brita comerciais","m",93.24]
[2003274,"Sarjeta triangular de concreto - STC 150-32 - escavação mecânica - areia extraída e brita produzida","m",74.709999999999994]
[2003275,"Sarjeta triangular de concreto - STC 150-32 moldada no local com extrusora e concreto usinado - escavação mecânica - areia e brita comerciais","m",106.29]
[2003276,"Sarjeta triangular de concreto - STC 150-32 moldada no local com extrusora e concreto usinado - escavação mecânica - areia extraída e brita produzida","m",87.71]
[2003269,"Sarjeta triangular de concreto - STC 73-15 - escavação mecânica - areia e brita comerciais","m",49.22]
[2003270,"Sarjeta triangular de concreto - STC 73-15 - escavação mecânica - areia extraída e brita produzida","m",39.75]
[2003271,"Sarjeta triangular de concreto - STC 73-15 moldada no local com extrusora e concreto usinado - escavação mecânica - areia e brita comerciais","m",55.76]
[2003272,"Sarjeta triangular de concreto - STC 73-15 moldada no local com extrusora e concreto usinado - escavação mecânica - areia extraída e brita produzida","m",46.27]
[2003261,"Sarjeta triangular de concreto - STC 80-15 - escavação mecânica - areia e brita comerciais","m",51.64]
[2003262,"Sarjeta triangular de concreto - STC 80-15 - escavação mecânica - areia extraída e brita produzida","m",41.72]
[2003263,"Sarjeta triangular de concreto - STC 80-15 moldada no local com extrusora e concreto usinado - escavação mecânica - areia e brita comerciais","m",58.5]
[2003264,"Sarjeta triangular de concreto - STC 80-15 moldada no local com extrusora e concreto usinado - escavação mecânica - areia extraída e brita produzida","m",48.55]
[2003285,"Sarjeta triangular de concreto - STC 80-17 - escavação mecânica - areia e brita comerciais","m",53.32]
[2003286,"Sarjeta triangular de concreto - STC 80-17 - escavação mecânica - areia extraída e brita produzida","m",43.1]
[2003287,"Sarjeta triangular de concreto - STC 80-17 moldada no local com extrusora e concreto usinado - escavação mecânica - areia e brita comerciais","m",60.4]
[2003288,"Sarjeta triangular de concreto - STC 80-17 moldada no local com extrusora e concreto usinado - escavação mecânica - areia extraída e brita produzida","m",50.16]
[2003265,"Sarjeta triangular de concreto - STC 88-20 - escavação mecânica - areia e brita comerciais","m",59.97]
[2003266,"Sarjeta triangular de concreto - STC 88-20 - escavação mecânica - areia extraída e brita produzida","m",48.35]
[2003267,"Sarjeta triangular de concreto - STC 88-20 moldada no local com extrusora e concreto usinado - escavação mecânica - areia e brita comerciais","m",68.040000000000006]
[2003268,"Sarjeta triangular de concreto - STC 88-20 moldada no local com extrusora e concreto usinado - escavação mecânica - areia extraída e brita produzida","m",56.4]
[2003289,"Sarjeta triangular de grama - STG 100-20 - escavação mecânica","m",19.47]
[2003338,"Sarjeta triangular de grama - STG 125-25 - escavação mecânica","m",24.44]
[2003290,"Sarjeta triangular de grama - STG 80-15 - escavação mecânica","m",16.13]
[2003300,"Sarjeta triangular sem revestimento - STT 100-20 - escavação mecânica","m",8.2100000000000009]
[2003299,"Sarjeta triangular sem revestimento - STT 125-25 - escavação mecânica","m",10.37]
[2003301,"Sarjeta triangular sem revestimento - STT 80-15 - escavação mecânica","m",7.19]
[2004513,"Selo asfáltico de microvala para dreno de pavimento com geocomposto","m",0.13]
[2003365,"Transposição de segmentos de sarjeta - TSS 120 - areia e brita comerciais","m",1117.93]
[2003364,"Transposição de segmentos de sarjeta - TSS 120 - areia extraída e brita produzida","m",987.01]
[2003097,"Transposição de segmentos de sarjeta - TSS 130 - areia e brita comerciais","m",1170.5999999999999]
[2003098,"Transposição de segmentos de sarjeta - TSS 130 - areia extraída e brita produzida","m",1036.08]
[2003363,"Transposição de segmentos de sarjeta - TSS 140 - areia e brita comerciais","m",1210.1300000000001]
[2003362,"Transposição de segmentos de sarjeta - TSS 140 - areia extraída e brita produzida","m",1075.05]
[2003099,"Transposição de segmentos de sarjeta - TSS 150 - areia e brita comerciais","m",1267.47]
[2003100,"Transposição de segmentos de sarjeta - TSS 150 - areia extraída e brita produzida","m",1127.71]
[2003361,"Transposição de segmentos de sarjeta - TSS 170 - areia e brita comerciais","m",1436.39]
[2003360,"Transposição de segmentos de sarjeta - TSS 170 - areia extraída e brita produzida","m",1291.24]
[2003101,"Transposição de segmentos de sarjeta - TSS 200 - areia e brita comerciais","m",1602.93]
[2003102,"Transposição de segmentos de sarjeta - TSS 200 - areia extraída e brita produzida","m",1447.7]
[2003869,"Tubo de concreto PA1 comercial para drenagem - D = 0,50 m - fornecimento e instalação","m",231.13]
[2003822,"Tubo de concreto PA1 comercial para drenagem - D = 0,60 m - fornecimento e instalação","m",280.58999999999997]
[2003826,"Tubo de concreto PA1 comercial para drenagem - D = 0,80 m - fornecimento e instalação","m",422.69]
[2003830,"Tubo de concreto PA1 comercial para drenagem - D = 1,00 m - fornecimento e instalação","m",584]
[2003834,"Tubo de concreto PA1 comercial para drenagem - D = 1,20 m - fornecimento e instalação","m",814.51]
[2003838,"Tubo de concreto PA1 comercial para drenagem - D = 1,50 m - fornecimento e instalação","m",1211.79]
[2003768,"Tubo de concreto PA1 produzido na obra para drenagem - D = 0,60 m - areia e brita comerciais - fornecimento e instalação","m",187.63]
[2003873,"Tubo de concreto PA1 produzido na obra para drenagem - D = 0,60 m - areia extraída e brita produzida - fornecimento e instalação","m",169.73]
[2003772,"Tubo de concreto PA1 produzido na obra para drenagem - D = 0,80 m - areia e brita comerciais - fornecimento e instalação","m",276.52999999999997]
[2003877,"Tubo de concreto PA1 produzido na obra para drenagem - D = 0,80 m - areia extraída e brita produzida - fornecimento e instalação","m",248.14]
[2003776,"Tubo de concreto PA1 produzido na obra para drenagem - D = 1,00 m - areia e brita comerciais - fornecimento e instalação","m",447.86]
[2003881,"Tubo de concreto PA1 produzido na obra para drenagem - D = 1,00 m - areia extraída e brita produzida - fornecimento e instalação","m",408.93]
[2003780,"Tubo de concreto PA1 produzido na obra para drenagem - D = 1,20 m - areia e brita comerciais - fornecimento e instalação","m",599.98]
[2003885,"Tubo de concreto PA1 produzido na obra para drenagem - D = 1,20 m - areia extraída e brita produzida - fornecimento e instalação","m",543.16]
[2003784,"Tubo de concreto PA1 produzido na obra para drenagem - D = 1,50 m - areia e brita comerciais - fornecimento e instalação","m",934.73]
[2003889,"Tubo de concreto PA1 produzido na obra para drenagem - D = 1,50 m - areia extraída e brita produzida - fornecimento e instalação","m",845.84]
[2003870,"Tubo de concreto PA2 comercial para drenagem - D = 0,50 m - fornecimento e instalação","m",246.39]
[2003823,"Tubo de concreto PA2 comercial para drenagem - D = 0,60 m - fornecimento e instalação","m",321.52999999999997]
[2003827,"Tubo de concreto PA2 comercial para drenagem - D = 0,80 m - fornecimento e instalação","m",457.96]
[2003831,"Tubo de concreto PA2 comercial para drenagem - D = 1,00 m - fornecimento e instalação","m",618.82000000000005]
[2003835,"Tubo de concreto PA2 comercial para drenagem - D = 1,20 m - fornecimento e instalação","m",879.24]
[2003839,"Tubo de concreto PA2 comercial para drenagem - D = 1,50 m - fornecimento e instalação","m",1481.4]
[2003769,"Tubo de concreto PA2 produzido na obra para drenagem - D = 0,60 m - areia e brita comerciais - fornecimento e instalação","m",201.12]
[2003874,"Tubo de concreto PA2 produzido na obra para drenagem - D = 0,60 m - areia extraída e brita produzida - fornecimento e instalação","m",183.23]
[2003773,"Tubo de concreto PA2 produzido na obra para drenagem - D = 0,80 m - areia e brita comerciais - fornecimento e instalação","m",330.47]
[2003878,"Tubo de concreto PA2 produzido na obra para drenagem - D = 0,80 m - areia extraída e brita produzida - fornecimento e instalação","m",302.14]
[2003777,"Tubo de concreto PA2 produzido na obra para drenagem - D = 1,00 m - areia e brita comerciais - fornecimento e instalação","m",501.79]
[2003882,"Tubo de concreto PA2 produzido na obra para drenagem - D = 1,00 m - areia extraída e brita produzida - fornecimento e instalação","m",462.93]
[2003781,"Tubo de concreto PA2 produzido na obra para drenagem - D = 1,20 m - areia e brita comerciais - fornecimento e instalação","m",721.33]
[2003886,"Tubo de concreto PA2 produzido na obra para drenagem - D = 1,20 m - areia extraída e brita produzida - fornecimento e instalação","m",664.65]
[2003785,"Tubo de concreto PA2 produzido na obra para drenagem - D = 1,50 m - areia e brita comerciais - fornecimento e instalação","m",1123.5]
[2003890,"Tubo de concreto PA2 produzido na obra para drenagem - D = 1,50 m - areia extraída e brita produzida - fornecimento e instalação","m",1034.8399999999999]
[2003871,"Tubo de concreto PA3 comercial para drenagem - D = 0,50 m - fornecimento e instalação","m",258.42]
[2003824,"Tubo de concreto PA3 comercial para drenagem - D = 0,60 m - fornecimento e instalação","m",330.68]
[2003828,"Tubo de concreto PA3 comercial para drenagem - D = 0,80 m - fornecimento e instalação","m",522.04999999999995]
[2003832,"Tubo de concreto PA3 comercial para drenagem - D = 1,00 m - fornecimento e instalação","m",695.92]
[2003836,"Tubo de concreto PA3 comercial para drenagem - D = 1,20 m - fornecimento e instalação","m",1027.3900000000001]
[2003840,"Tubo de concreto PA3 comercial para drenagem - D = 1,50 m - fornecimento e instalação","m",1570.61]
[2003770,"Tubo de concreto PA3 produzido na obra para drenagem - D = 0,60 m - areia e brita comerciais - fornecimento e instalação","m",268.52999999999997]
[2003875,"Tubo de concreto PA3 produzido na obra para drenagem - D = 0,60 m - areia extraída e brita produzida - fornecimento e instalação","m",250.73]
[2003774,"Tubo de concreto PA3 produzido na obra para drenagem - D = 0,80 m - areia e brita comerciais - fornecimento e instalação","m",439.04]
[2003879,"Tubo de concreto PA3 produzido na obra para drenagem - D = 0,80 m - areia extraída e brita produzida - fornecimento e instalação","m",407.33]
[2003778,"Tubo de concreto PA3 produzido na obra para drenagem - D = 1,00 m - areia e brita comerciais - fornecimento e instalação","m",613.27]
[2003883,"Tubo de concreto PA3 produzido na obra para drenagem - D = 1,00 m - areia extraída e brita produzida - fornecimento e instalação","m",563.67999999999995]
[2003782,"Tubo de concreto PA3 produzido na obra para drenagem - D = 1,20 m - areia e brita comerciais - fornecimento e instalação","m",921.03]
[2003887,"Tubo de concreto PA3 produzido na obra para drenagem - D = 1,20 m - areia extraída e brita produzida - fornecimento e instalação","m",845.32]
[2003786,"Tubo de concreto PA3 produzido na obra para drenagem - D = 1,50 m - areia e brita comerciais - fornecimento e instalação","m",1444.75]
[2003891,"Tubo de concreto PA3 produzido na obra para drenagem - D = 1,50 m - areia extraída e brita produzida - fornecimento e instalação","m",1327.29]
[2003872,"Tubo de concreto PA4 comercial para drenagem - D = 0,50 m - fornecimento e instalação","m",354.42]
[2003825,"Tubo de concreto PA4 comercial para drenagem - D = 0,60 m - fornecimento e instalação","m",387.58]
[2003829,"Tubo de concreto PA4 comercial para drenagem - D = 0,80 m - fornecimento e instalação","m",581.08000000000004]
[2003833,"Tubo de concreto PA4 comercial para drenagem - D = 1,00 m - fornecimento e instalação","m",736.84]
[2003837,"Tubo de concreto PA4 comercial para drenagem - D = 1,20 m - fornecimento e instalação","m",1119.5899999999999]
[2003841,"Tubo de concreto PA4 comercial para drenagem - D = 1,50 m - fornecimento e instalação","m",1652.66]
[2003771,"Tubo de concreto PA4 produzido na obra para drenagem - D = 0,60 m - areia e brita comerciais - fornecimento e instalação","m",323.23]
[2003876,"Tubo de concreto PA4 produzido na obra para drenagem - D = 0,60 m - areia extraída e brita produzida - fornecimento e instalação","m",302.04000000000002]
[2003775,"Tubo de concreto PA4 produzido na obra para drenagem - D = 0,80 m - areia e brita comerciais - fornecimento e instalação","m",506.92]
[2003880,"Tubo de concreto PA4 produzido na obra para drenagem - D = 0,80 m - areia extraída e brita produzida - fornecimento e instalação","m",468.53]
[2003779,"Tubo de concreto PA4 produzido na obra para drenagem - D = 1,00 m - areia e brita comerciais - fornecimento e instalação","m",755.49]
[2003884,"Tubo de concreto PA4 produzido na obra para drenagem - D = 1,00 m - areia extraída e brita produzida - fornecimento e instalação","m",697.61]
[2003783,"Tubo de concreto PA4 produzido na obra para drenagem - D = 1,20 m - areia e brita comerciais - fornecimento e instalação","m",1084.6199999999999]
[2003888,"Tubo de concreto PA4 produzido na obra para drenagem - D = 1,20 m - areia extraída e brita produzida - fornecimento e instalação","m",998.74]
[2003787,"Tubo de concreto PA4 produzido na obra para drenagem - D = 1,50 m - areia e brita comerciais - fornecimento e instalação","m",1691.51]
[2003892,"Tubo de concreto PA4 produzido na obra para drenagem - D = 1,50 m - areia extraída e brita produzida - fornecimento e instalação","m",1570.04]
[2003851,"Tubo de concreto perfurado produzido na obra para drenagem - D = 0,40 m - fornecimento e instalação","m",95.79]
[2003935,"Tubo de PVC para dreno tipo barbacã - D = 50 mm - fornecimento e instalação","m",10.11]
[2003934,"Tubo de PVC para dreno tipo barbacã - D = 75 mm - fornecimento e instalação","m",14.59]
[2003990,"Tubo PEAD para drenagem - D = 1.000 mm - fornecimento e instalação","m",1614.11]
[2003991,"Tubo PEAD para drenagem - D = 1.050 mm - fornecimento e instalação","m",1669.66]
[2003992,"Tubo PEAD para drenagem - D = 1.200 mm - fornecimento e instalação","m",2275.33]
[2003993,"Tubo PEAD para drenagem - D = 1.500 mm - fornecimento e instalação","m",2587.73]
[2003983,"Tubo PEAD para drenagem - D = 400 mm - fornecimento e instalação","m",254.72]
[2003984,"Tubo PEAD para drenagem - D = 450 mm - fornecimento e instalação","m",295.02]
[2003985,"Tubo PEAD para drenagem - D = 500 mm - fornecimento e instalação","m",421.66]
[2003986,"Tubo PEAD para drenagem - D = 600 mm - fornecimento e instalação","m",613.70000000000005]
[2003987,"Tubo PEAD para drenagem - D = 750 mm - fornecimento e instalação","m",866.59]
[2003988,"Tubo PEAD para drenagem - D = 800 mm - fornecimento e instalação","m",919.27]
[2003989,"Tubo PEAD para drenagem - D = 900 mm - fornecimento e instalação","m",1158.72]
[2003298,"Valeta de proteção de aterro sem revestimento - VPAT 120-30 - escavação mecânica","m",13.21]
[2003297,"Valeta de proteção de aterro sem revestimento - VPAT 160-30 - escavação mecânica","m",16.27]
[2003315,"Valeta de proteção de aterros com revestimento de concreto - VPAC 120-30 - escavação mecânica - areia e brita comerciais","m",105.2]
[2003314,"Valeta de proteção de aterros com revestimento de concreto - VPAC 120-30 - escavação mecânica - areia extraída e brita produzida","m",88.61]
[2003313,"Valeta de proteção de aterros com revestimento de concreto - VPAC 160-30 - escavação mecânica - areia e brita comerciais","m",131.87]
[2003312,"Valeta de proteção de aterros com revestimento de concreto - VPAC 160-30 - escavação mecânica - areia extraída e brita produzida","m",111.11]
[2003311,"Valeta de proteção de aterros com revestimento vegetal - VPAG 120-30 - escavação mecânica","m",42.64]
[2003310,"Valeta de proteção de aterros com revestimento vegetal - VPAG 160-30 - escavação mecânica","m",53.83]
[2003296,"Valeta de proteção de corte sem revestimento - VPCT 120-30 - escavação mecânica","m",13.21]
[2003295,"Valeta de proteção de corte sem revestimento - VPCT 160-30 - escavação mecânica","m",16.27]
[2003309,"Valeta de proteção de cortes com revestimento de concreto - VPCC 120-30 - escavação mecânica - areia e brita comerciais","m",105.2]
[2003308,"Valeta de proteção de cortes com revestimento de concreto - VPCC 120-30 - escavação mecânica - areia extraída e brita produzida","m",88.61]
[2003307,"Valeta de proteção de cortes com revestimento de concreto - VPCC 160-30 - escavação mecânica - areia e brita comerciais","m",131.87]
[2003306,"Valeta de proteção de cortes com revestimento de concreto - VPCC 160-30 - escavação mecânica - areia extraída e brita produzida","m",111.11]
[2003305,"Valeta de proteção de cortes com revestimento vegetal - VPCG 120-30 - escavação mecânica","m",42.64]
[2003304,"Valeta de proteção de cortes com revestimento vegetal - VPCG 160-30 - escavação mecânica","m",53.83]
[2105846,"Escoramento com estacas de perfis metálicos W 250 x 38,5 kg/m, espaçadas em 1,5 m, intercaladas com prancha de madeira com espessura de 5 cm e ficha de 0 a 0,2 H - sem reaproveitamento - fornecimento e instalação","m²",548.03]
[2105929,"Escoramento com estacas de perfis metálicos W 250 x 38,5 kg/m, espaçadas em 1,5 m, intercaladas com prancha de madeira com espessura de 5 cm e ficha de 0,20 a 0,4 H - sem reaproveitamento - fornecimento e instalação","m²",618.23]
[2105933,"Escoramento com estacas de perfis metálicos W 250 x 38,5 kg/m, espaçadas em 1,5 m, intercaladas com prancha de madeira com espessura de 5 cm e ficha de 0,40 a 0,6 H - sem reaproveitamento - fornecimento e instalação","m²",688.42]
[2106293,"Escoramento com perfis metálicos W 150 x 18,0 kg/m a cada metro e chapas de aço - estroncas a cada 2 m não incluídas - profundidade de até 10 m - aço com utilização de 20 vezes - fornecimento, instalação e retirada","m²",204.44]
[2108165,"Escoramento com pontaletes D = 10 cm - utilização de 1 vez - confecção, instalação e retirada","m³",37.75]
[2108166,"Escoramento com pontaletes D = 10 cm - utilização de 2 vezes - confecção, instalação e retirada","m³",26.06]
[2108167,"Escoramento com pontaletes D = 10 cm - utilização de 3 vezes - confecção, instalação e retirada","m³",23.02]
[2108168,"Escoramento com pontaletes D = 10 cm - utilização de 5 vezes - confecção, instalação e retirada","m³",22.14]
[2108169,"Escoramento com pontaletes D = 15 cm - utilização de 1 vez - confecção e instalação","m³",61.84]
[2108170,"Escoramento com pontaletes D = 15 cm - utilização de 2 vezes - confecção, instalação e retirada","m³",42.67]
[2108171,"Escoramento com pontaletes D = 15 cm - utilização de 3 vezes - confecção, instalação e retirada","m³",38.049999999999997]
[2108172,"Escoramento com pontaletes D = 15 cm - utilização de 5 vezes - confecção, instalação e retirada","m³",37.369999999999997]
[2106292,"Escoramento contínuo de valas com tábuas de 2,5 x 30 cm e longarinas de 6 x 16 cm - estroncas a cada metro não incluídas - profundidade de até 4 m - madeira com utilização de 3 vezes - confecção, instalação e retirada","m²",157.22]
[2106291,"Escoramento contínuo de valas com tábuas de 2,5 x 30 cm e longarinas de 6 x 16 cm - estroncas a cada metro não incluídas - profundidade de até 4 m - madeira sem reaproveitamento - confecção e instalação","m²",237.34]
[2106235,"Escoramento metálico com quadro tubular contraventado - capacidade de carga até 3,8 t/m² - quadro de 1,0 x 1,0 x 1,25 m - utilização de 50 vezes - fornecimento, instalação e retirada","m³",3.46]
[2106232,"Escoramento metálico tubular galvanizado para formas com capacidade de 2.100 a 750 kg por unidade - regulável de 3,0 a 4,5 m - utilização de 20 vezes - fornecimento, instalação e retirada","un",19.600000000000001]
[2106233,"Escoramento metálico tubular galvanizado para formas com capacidade de 3.200 a 1.600 kg por unidade - regulável de 1,8 a 3,0 m - utilização de 20 vezes - fornecimento, instalação e retirada","un",14.83]
[2105605,"Escoramento para corpo de bueiros celulares - utilização de 3 vezes - confecção, instalação e retirada","m³",66.56]
[2106298,"Estroncas em perfil metálico W 150 x 18,0 kg/m - utilização de 20 vezes","m",35.92]
[2106295,"Estroncas para valas com D = 15 cm - madeira com utilização de 3 vezes","m",18.989999999999998]
[2106294,"Estroncas para valas com D = 15 cm - madeira sem reaproveitamento","m",24.78]
[2106297,"Estroncas para valas com D = 20 cm - madeira com utilização de 3 vezes","m",29.96]
[2106296,"Estroncas para valas com D = 20 cm - madeira sem reaproveitamento","m",47.89]
[2306731,"Apoio náutico para a colocação da armação em camisa metálica","kg",0.67]
[2306728,"Apoio náutico para a escavação com perfuratriz tipo Wirth em rocha com média dureza e média abrasão - resistência à compressão menor que 80 MPa - D = 600 a 1.800 mm","m",1660.72]
[2306729,"Apoio náutico para a escavação com perfuratriz tipo Wirth em rocha de alta dureza e alta abrasão - resistência à compressão acima de 80 MPa - D = 600 a 1.800 mm","m",2023.27]
[2306727,"Apoio náutico para a escavação com perfuratriz tipo Wirth em solo D = 600 a 1.800 mm","m",388.61]
[2306730,"Apoio náutico para a execução da concretagem de camisas metálicas","m³",131.36000000000001]
[2306726,"Apoio náutico para a execução da cravação de camisa metálica D = 600 a 1.800 mm","m",253.98]
[2306076,"Armação de estaca escavada ou estaca barrete em aço CA-50 com apoio de guindaste - fornecimento, preparo e colocação","kg",12]
[2306247,"Arrasamento de estacas de concreto com seção de até 900 cm²","m³",247.43]
[2306248,"Arrasamento de estacas de concreto com seção superior à 900 cm²","m³",576.58000000000004]
[2306279,"Berço para pré-moldagem de estacas protendidas com capacidade de 19 m³, inclusive formas metálicas - utilização de 100 vezes","m³",93.33]
[2306651,"Camisa metálica com espessura de 12,5 mm D = 1.400 mm - cravada com martelo vibratório - sem escavação - cravação","m",7259.36]
[2306678,"Camisa metálica com espessura de 12,5 mm D = 1.400 mm - para passagem de lâmina d'água - posicionamento","m",6990.49]
[2306652,"Camisa metálica com espessura de 12,5 mm D = 1.500 mm - cravada com martelo vibratório - sem escavação - cravação","m",7333.84]
[2306679,"Camisa metálica com espessura de 12,5 mm D = 1.500 mm - para passagem de lâmina d'água - posicionamento","m",7055.01]
[2306653,"Camisa metálica com espessura de 12,5 mm D = 1.600 mm - cravada com martelo vibratório - sem escavação - cravação","m",7411.22]
[2306680,"Camisa metálica com espessura de 12,5 mm D = 1.600 mm - para passagem de lâmina d'água - posicionamento","m",7121.68]
[2306654,"Camisa metálica com espessura de 12,5 mm D = 1.700 mm - cravada com martelo vibratório - sem escavação - cravação","m",7487.47]
[2306681,"Camisa metálica com espessura de 12,5 mm D = 1.700 mm - para passagem de lâmina d'água - posicionamento","m",7186.35]
[2306655,"Camisa metálica com espessura de 12,5 mm D = 1.800 mm - cravada com martelo vibratório - sem escavação - cravação","m",7564.86]
[2306682,"Camisa metálica com espessura de 12,5 mm D = 1.800 mm - para passagem de lâmina d'água - posicionamento","m",7251.18]
[2306656,"Camisa metálica com espessura de 16 mm D = 1.500 mm - cravada com martelo vibratório - sem escavação - cravação","m",10648.69]
[2306683,"Camisa metálica com espessura de 16 mm D = 1.500 mm - para passagem de lâmina d'água - posicionamento","m",10369.870000000001]
[2306657,"Camisa metálica com espessura de 16 mm D = 1.600 mm - cravada com martelo vibratório - sem escavação - cravação","m",10809.56]
[2306684,"Camisa metálica com espessura de 16 mm D = 1.600 mm - para passagem de lâmina d'água - posicionamento","m",10520.02]
[2306658,"Camisa metálica com espessura de 16 mm D = 1.700 mm - cravada com martelo vibratório - sem escavação - cravação","m",10966.7]
[2306685,"Camisa metálica com espessura de 16 mm D = 1.700 mm - para passagem de lâmina d'água - posicionamento","m",10665.57]
[2306659,"Camisa metálica com espessura de 16 mm D = 1.800 mm - cravada com martelo vibratório - sem escavação - cravação","m",11129.57]
[2306686,"Camisa metálica com espessura de 16 mm D = 1.800 mm - para passagem de lâmina d'água - posicionamento","m",10815.89]
[2306637,"Camisa metálica com espessura de 6,3 mm D = 1.000 mm - cravada com martelo vibratório - sem escavação - cravação","m",2410.87]
[2306664,"Camisa metálica com espessura de 6,3 mm D = 1.000 mm - para passagem de lâmina d'água - posicionamento","m",2175.62]
[2306732,"Camisa metálica com espessura de 6,3 mm D = 400 mm - cravada com martelo vibratório - sem escavação - cravação","m",1010.97]
[2306733,"Camisa metálica com espessura de 6,3 mm D = 400 mm - para passagem de lâmina d'água - posicionamento","m",812.86]
[2306734,"Camisa metálica com espessura de 6,3 mm D = 500 mm - cravada com martelo vibratório - sem escavação - cravação","m",1213]
[2306735,"Camisa metálica com espessura de 6,3 mm D = 500 mm - para passagem de lâmina d'água - posicionamento","m",1009.54]
[2306633,"Camisa metálica com espessura de 6,3 mm D = 600 mm - cravada com martelo vibratório - sem escavação - cravação","m",1370]
[2306660,"Camisa metálica com espessura de 6,3 mm D = 600 mm - para passagem de lâmina d'água - posicionamento","m",1160.8800000000001]
[2306634,"Camisa metálica com espessura de 6,3 mm D = 700 mm - cravada com martelo vibratório - sem escavação - cravação","m",1582.24]
[2306661,"Camisa metálica com espessura de 6,3 mm D = 700 mm - para passagem de lâmina d'água - posicionamento","m",1367.15]
[2306635,"Camisa metálica com espessura de 6,3 mm D = 800 mm - cravada com martelo vibratório - sem escavação - cravação","m",1889.59]
[2306662,"Camisa metálica com espessura de 6,3 mm D = 800 mm - para passagem de lâmina d'água - posicionamento","m",1668.17]
[2306636,"Camisa metálica com espessura de 6,3 mm D = 900 mm - cravada com martelo vibratório - sem escavação - cravação","m",1912.23]
[2306663,"Camisa metálica com espessura de 6,3 mm D = 900 mm - para passagem de lâmina d'água - posicionamento","m",1684.1]
[2306641,"Camisa metálica com espessura de 8 mm D = 1.000 mm - cravada com martelo vibratório - sem escavação - cravação","m",3061.67]
[2306668,"Camisa metálica com espessura de 8 mm D = 1.000 mm - para passagem de lâmina d'água - posicionamento","m",2826.41]
[2306642,"Camisa metálica com espessura de 8 mm D = 1.100 mm - cravada com martelo vibratório - sem escavação - cravação","m",3093.92]
[2306669,"Camisa metálica com espessura de 8 mm D = 1.100 mm - para passagem de lâmina d'água - posicionamento","m",2851.07]
[2306643,"Camisa metálica com espessura de 8 mm D = 1.200 mm - cravada com martelo vibratório - sem escavação - cravação","m",3126.23]
[2306670,"Camisa metálica com espessura de 8 mm D = 1.200 mm - para passagem de lâmina d'água - posicionamento","m",2875.29]
[2306638,"Camisa metálica com espessura de 8 mm D = 700 mm - cravada com martelo vibratório - sem escavação - cravação","m",2001.61]
[2306665,"Camisa metálica com espessura de 8 mm D = 700 mm - para passagem de lâmina d'água - posicionamento","m",1786.52]
[2306639,"Camisa metálica com espessura de 8 mm D = 800 mm - cravada com martelo vibratório - sem escavação - cravação","m",2394.67]
[2306666,"Camisa metálica com espessura de 8 mm D = 800 mm - para passagem de lâmina d'água - posicionamento","m",2173.25]
[2306640,"Camisa metálica com espessura de 8 mm D = 900 mm - cravada com martelo vibratório - sem escavação - cravação","m",2425.9499999999998]
[2306667,"Camisa metálica com espessura de 8 mm D = 900 mm - para passagem de lâmina d'água - posicionamento","m",2197.83]
[2306645,"Camisa metálica com espessura de 9,5 mm D = 1.000 mm - cravada com martelo vibratório - sem escavação - cravação","m",3692.05]
[2306672,"Camisa metálica com espessura de 9,5 mm D = 1.000 mm - para passagem de lâmina d'água - posicionamento","m",3456.79]
[2306646,"Camisa metálica com espessura de 9,5 mm D = 1.100 mm - cravada com martelo vibratório - sem escavação - cravação","m",3735.67]
[2306673,"Camisa metálica com espessura de 9,5 mm D = 1.100 mm - para passagem de lâmina d'água - posicionamento","m",3492.82]
[2306647,"Camisa metálica com espessura de 9,5 mm D = 1.200 mm - cravada com martelo vibratório - sem escavação - cravação","m",3778.85]
[2306674,"Camisa metálica com espessura de 9,5 mm D = 1.200 mm - para passagem de lâmina d'água - posicionamento","m",3527.91]
[2306648,"Camisa metálica com espessura de 9,5 mm D = 1.300 mm - cravada com martelo vibratório - sem escavação - cravação","m",5258.27]
[2306675,"Camisa metálica com espessura de 9,5 mm D = 1.300 mm - para passagem de lâmina d'água - posicionamento","m",4998.68]
[2306649,"Camisa metálica com espessura de 9,5 mm D = 1.400 mm - cravada com martelo vibratório - sem escavação - cravação","m",5303.79]
[2306676,"Camisa metálica com espessura de 9,5 mm D = 1.400 mm - para passagem de lâmina d'água - posicionamento","m",5034.93]
[2306650,"Camisa metálica com espessura de 9,5 mm D = 1.500 mm - cravada com martelo vibratório - sem escavação - cravação","m",5348.95]
[2306677,"Camisa metálica com espessura de 9,5 mm D = 1.500 mm - para passagem de lâmina d'água - posicionamento","m",5070.12]
[2306644,"Camisa metálica com espessura de 9,5 mm D = 900 mm - cravada com martelo vibratório - sem escavação - cravação","m",2932.06]
[2306671,"Camisa metálica com espessura de 9,5 mm D = 900 mm - para passagem de lâmina d'água - posicionamento","m",2703.94]
[2306141,"Coluna de brita D = 50 cm executada com perfuratriz tipo bottom feed - brita comercial - confecção e cravação","m",88.68]
[2306145,"Coluna de brita D = 50 cm executada com perfuratriz tipo bottom feed - brita produzida - confecção e cravação","m",66.930000000000007]
[2306142,"Coluna de brita D = 60 cm executada com perfuratriz tipo bottom feed - brita comercial - confecção e cravação","m",108.68]
[2306146,"Coluna de brita D = 60 cm executada com perfuratriz tipo bottom feed - brita produzida - confecção e cravação","m",77.349999999999994]
[2306143,"Coluna de brita D = 70 cm executada com perfuratriz tipo bottom feed - brita comercial - confecção e cravação","m",131.88999999999999]
[2306147,"Coluna de brita D = 70 cm executada com perfuratriz tipo bottom feed - brita produzida - confecção e cravação","m",89.25]
[2306144,"Coluna de brita D = 80 cm executada com perfuratriz tipo bottom feed - brita comercial - confecção e cravação","m",159.51]
[2306148,"Coluna de brita D = 80 cm executada com perfuratriz tipo bottom feed - brita produzida - confecção e cravação","m",103.82]
[2306624,"Confecção de camisa metálica em aço ASTM A36 com espessura de 12,5 mm - D = 1.400 mm","m",6950.91]
[2306625,"Confecção de camisa metálica em aço ASTM A36 com espessura de 12,5 mm - D = 1.500 mm","m",7013.47]
[2306626,"Confecção de camisa metálica em aço ASTM A36 com espessura de 12,5 mm - D = 1.600 mm","m",7078.07]
[2306627,"Confecção de camisa metálica em aço ASTM A36 com espessura de 12,5 mm - D = 1.700 mm","m",7140.63]
[2306628,"Confecção de camisa metálica em aço ASTM A36 com espessura de 12,5 mm - D = 1.800 mm","m",7203.27]
[2306629,"Confecção de camisa metálica em aço ASTM A36 com espessura de 16 mm - D = 1.500 mm","m",10321.01]
[2306630,"Confecção de camisa metálica em aço ASTM A36 com espessura de 16 mm - D = 1.600 mm","m",10468.61]
[2306631,"Confecção de camisa metálica em aço ASTM A36 com espessura de 16 mm - D = 1.700 mm","m",10611.59]
[2306632,"Confecção de camisa metálica em aço ASTM A36 com espessura de 16 mm - D = 1.800 mm","m",10759.2]
[2306610,"Confecção de camisa metálica em aço ASTM A36 com espessura de 6,3 mm - D = 1.000 mm","m",2150.3000000000002]
[2306604,"Confecção de camisa metálica em aço ASTM A36 com espessura de 6,3 mm - D = 400 mm","m",793.35]
[2306605,"Confecção de camisa metálica em aço ASTM A36 com espessura de 6,3 mm - D = 500 mm","m",989.14]
[2306606,"Confecção de camisa metálica em aço ASTM A36 com espessura de 6,3 mm - D = 600 mm","m",1139.57]
[2306607,"Confecção de camisa metálica em aço ASTM A36 com espessura de 6,3 mm - D = 700 mm","m",1344.88]
[2306608,"Confecção de camisa metálica em aço ASTM A36 com espessura de 6,3 mm - D = 800 mm","m",1644.93]
[2306609,"Confecção de camisa metálica em aço ASTM A36 com espessura de 6,3 mm - D = 900 mm","m",1659.83]
[2306614,"Confecção de camisa metálica em aço ASTM A36 com espessura de 8 mm - D = 1.000 mm","m",2799.44]
[2306615,"Confecção de camisa metálica em aço ASTM A36 com espessura de 8 mm - D = 1.100 mm","m",2822.83]
[2306616,"Confecção de camisa metálica em aço ASTM A36 com espessura de 8 mm - D = 1.200 mm","m",2845.75]
[2306611,"Confecção de camisa metálica em aço ASTM A36 com espessura de 8 mm - D = 700 mm","m",1763.08]
[2306612,"Confecção de camisa metálica em aço ASTM A36 com espessura de 8 mm - D = 800 mm","m",2148.67]
[2306613,"Confecção de camisa metálica em aço ASTM A36 com espessura de 8 mm - D = 900 mm","m",2172.06]
[2306618,"Confecção de camisa metálica em aço ASTM A36 com espessura de 9,5 mm - D = 1.000 mm","m",3428.21]
[2306619,"Confecção de camisa metálica em aço ASTM A36 com espessura de 9,5 mm - D = 1.100 mm","m",3462.82]
[2306620,"Confecção de camisa metálica em aço ASTM A36 com espessura de 9,5 mm - D = 1.200 mm","m",3496.46]
[2306621,"Confecção de camisa metálica em aço ASTM A36 com espessura de 9,5 mm - D = 1.300 mm","m",4965.7299999999996]
[2306622,"Confecção de camisa metálica em aço ASTM A36 com espessura de 9,5 mm - D = 1.400 mm","m",5000.3999999999996]
[2306623,"Confecção de camisa metálica em aço ASTM A36 com espessura de 9,5 mm - D = 1.500 mm","m",5033.9799999999996]
[2306617,"Confecção de camisa metálica em aço ASTM A36 com espessura de 9,5 mm - D = 900 mm","m",2676.72]
[2306014,"Contraventamento de grupo de estacas submersas em aço ASTM A36 - confecção e instalação","kg",12.41]
[2306700,"Escavação com perfuratriz tipo Wirth em rocha com média dureza e média abrasão - resistência à compressão menor que 80 MPa - D = 1.000 mm","m",2287.94]
[2306703,"Escavação com perfuratriz tipo Wirth em rocha com média dureza e média abrasão - resistência à compressão menor que 80 MPa - D = 1.100 mm","m",2372.1]
[2306706,"Escavação com perfuratriz tipo Wirth em rocha com média dureza e média abrasão - resistência à compressão menor que 80 MPa - D = 1.200 mm","m",2496.35]
[2306709,"Escavação com perfuratriz tipo Wirth em rocha com média dureza e média abrasão - resistência à compressão menor que 80 MPa - D = 1.300 mm","m",2696.97]
[2306712,"Escavação com perfuratriz tipo Wirth em rocha com média dureza e média abrasão - resistência à compressão menor que 80 MPa - D = 1.400 mm","m",2789.48]
[2306715,"Escavação com perfuratriz tipo Wirth em rocha com média dureza e média abrasão - resistência à compressão menor que 80 MPa - D = 1.500 mm","m",2917.14]
[2306718,"Escavação com perfuratriz tipo Wirth em rocha com média dureza e média abrasão - resistência à compressão menor que 80 MPa - D = 1.600 mm","m",3106.52]
[2306721,"Escavação com perfuratriz tipo Wirth em rocha com média dureza e média abrasão - resistência à compressão menor que 80 MPa - D = 1.700 mm","m",3195.44]
[2306724,"Escavação com perfuratriz tipo Wirth em rocha com média dureza e média abrasão - resistência à compressão menor que 80 MPa - D = 1.800 mm","m",3367.12]
[2306688,"Escavação com perfuratriz tipo Wirth em rocha com média dureza e média abrasão - resistência à compressão menor que 80 MPa - D = 600 mm","m",1813.24]
[2306691,"Escavação com perfuratriz tipo Wirth em rocha com média dureza e média abrasão - resistência à compressão menor que 80 MPa - D = 700 mm","m",1916.04]
[2306694,"Escavação com perfuratriz tipo Wirth em rocha com média dureza e média abrasão - resistência à compressão menor que 80 MPa - D = 800 mm","m",2052.7800000000002]
[2306697,"Escavação com perfuratriz tipo Wirth em rocha com média dureza e média abrasão - resistência à compressão menor que 80 MPa - D = 900 mm","m",2148.16]
[2306701,"Escavação com perfuratriz tipo Wirth em rocha de alta dureza e alta abrasão - resistência à compressão acima de 80 MPa - D = 1.000 mm","m",4487.41]
[2306704,"Escavação com perfuratriz tipo Wirth em rocha de alta dureza e alta abrasão - resistência à compressão acima de 80 MPa - D = 1.100 mm","m",4770.51]
[2306707,"Escavação com perfuratriz tipo Wirth em rocha de alta dureza e alta abrasão - resistência à compressão acima de 80 MPa - D = 1.200 mm","m",4955.29]
[2306710,"Escavação com perfuratriz tipo Wirth em rocha de alta dureza e alta abrasão - resistência à compressão acima de 80 MPa - D = 1.300 mm","m",5208.17]
[2306713,"Escavação com perfuratriz tipo Wirth em rocha de alta dureza e alta abrasão - resistência à compressão acima de 80 MPa - D = 1.400 mm","m",5345.11]
[2306716,"Escavação com perfuratriz tipo Wirth em rocha de alta dureza e alta abrasão - resistência à compressão acima de 80 MPa - D = 1.500 mm","m",5657.74]
[2306719,"Escavação com perfuratriz tipo Wirth em rocha de alta dureza e alta abrasão - resistência à compressão acima de 80 MPa - D = 1.600 mm","m",6165.8]
[2306722,"Escavação com perfuratriz tipo Wirth em rocha de alta dureza e alta abrasão - resistência à compressão acima de 80 MPa - D = 1.700 mm","m",6438.86]
[2306725,"Escavação com perfuratriz tipo Wirth em rocha de alta dureza e alta abrasão - resistência à compressão acima de 80 MPa - D = 1.800 mm","m",6756.1]
[2306689,"Escavação com perfuratriz tipo Wirth em rocha de alta dureza e alta abrasão - resistência à compressão acima de 80 MPa - D = 600 mm","m",3540.01]
[2306692,"Escavação com perfuratriz tipo Wirth em rocha de alta dureza e alta abrasão - resistência à compressão acima de 80 MPa - D = 700 mm","m",3730.5]
[2306695,"Escavação com perfuratriz tipo Wirth em rocha de alta dureza e alta abrasão - resistência à compressão acima de 80 MPa - D = 800 mm","m",3926.18]
[2306698,"Escavação com perfuratriz tipo Wirth em rocha de alta dureza e alta abrasão - resistência à compressão acima de 80 MPa - D = 900 mm","m",4156.42]
[2306699,"Escavação com perfuratriz tipo Wirth em solo - D = 1.000 mm","m",348.51]
[2306702,"Escavação com perfuratriz tipo Wirth em solo - D = 1.100 mm","m",360.22]
[2306705,"Escavação com perfuratriz tipo Wirth em solo - D = 1.200 mm","m",379.35]
[2306708,"Escavação com perfuratriz tipo Wirth em solo - D = 1.300 mm","m",393.27]
[2306711,"Escavação com perfuratriz tipo Wirth em solo - D = 1.400 mm","m",408.25]
[2306714,"Escavação com perfuratriz tipo Wirth em solo - D = 1.500 mm","m",424.42]
[2306717,"Escavação com perfuratriz tipo Wirth em solo - D = 1.600 mm","m",443.06]
[2306720,"Escavação com perfuratriz tipo Wirth em solo - D = 1.700 mm","m",462.17]
[2306723,"Escavação com perfuratriz tipo Wirth em solo - D = 1.800 mm","m",472.36]
[2306687,"Escavação com perfuratriz tipo Wirth em solo - D = 600 mm","m",290.13]
[2306690,"Escavação com perfuratriz tipo Wirth em solo - D = 700 mm","m",303.48]
[2306693,"Escavação com perfuratriz tipo Wirth em solo - D = 800 mm","m",316.94]
[2306696,"Escavação com perfuratriz tipo Wirth em solo - D = 900 mm","m",331.65]
[2306239,"Estaca barrete escavada com uso de fluido estabilizante - confecção","m³",298.63]
[2306090,"Estaca broca manual D = 25 cm - confecção","m",43.38]
[2306091,"Estaca broca manual D = 30 cm - confecção","m",57.84]
[2306072,"Estaca circular tipo estacão escavada com uso de fluido estabilizante - confecção","m³",1019.23]
[2306133,"Estaca duplo perfil metálico W 250 x 17,9 - com emenda - fornecimento e cravação","m",522.16]
[2306114,"Estaca duplo trilho TR 25 - com emenda - fornecimento e cravação","m",303.29000000000002]
[2306115,"Estaca duplo trilho TR 37 - com emenda - fornecimento e cravação","m",441.92]
[2306116,"Estaca duplo trilho TR 45 - com emenda - fornecimento e cravação","m",526.41999999999996]
[2306118,"Estaca duplo trilho TR 57 - com emenda - fornecimento e cravação","m",661.47]
[2306122,"Estaca duplo trilho TR 68 - com emenda - fornecimento e cravação","m",783.64]
[2306078,"Estaca Franki com fuste apiloado D = 35 cm - confecção","m",129.76]
[2306080,"Estaca Franki com fuste apiloado D = 40 cm - confecção","m",141.55000000000001]
[2306082,"Estaca Franki com fuste apiloado D = 45 cm - confecção","m",155.71]
[2306084,"Estaca Franki com fuste apiloado D = 52 cm - confecção","m",181.06]
[2306086,"Estaca Franki com fuste apiloado D = 60 cm - confecção","m",222.44]
[2309088,"Estaca Franki com fuste apiloado D = 70 cm - confecção","m",311.42]
[2306074,"Estaca hélice contínua - confecção","m³",275.95999999999998]
[2306095,"Estaca hélice de deslocamento - confecção","m³",330.88]
[2306132,"Estaca perfil metálico W 150 x 22,5 (H) - fornecimento e cravação","m",335.82]
[2306015,"Estaca prancha metálica - fornecimento e cravação até 12 metros","kg",17.7]
[2306019,"Estaca prancha metálica com apoio de flutuante - fornecimento e cravação de 12 metros","kg",18.32]
[2306018,"Estaca prancha metálica com apoio de flutuante e utilização de 10 vezes - fornecimento, cravação até 12 metros","kg",3.02]
[2306016,"Estaca prancha metálica com utilização de 10 vezes - fornecimento, cravação até 12 metros","kg",2.09]
[2305999,"Estaca pré-moldada de concreto armado centrifugado com compressão admissível de 100 t - sem emenda - fornecimento e cravação","m",383.02]
[2306000,"Estaca pré-moldada de concreto armado centrifugado com compressão admissível de 125 t - sem emenda - fornecimento e cravação","m",473.18]
[2306001,"Estaca pré-moldada de concreto armado centrifugado com compressão admissível de 170 t - sem emenda - fornecimento e cravação","m",657.52]
[2306002,"Estaca pré-moldada de concreto armado centrifugado com compressão admissível de 230 t - sem emenda - fornecimento e cravação","m",883.2]
[2306003,"Estaca pré-moldada de concreto armado centrifugado com compressão admissível de 300 t - sem emenda - fornecimento e cravação","m",1029.6500000000001]
[2305997,"Estaca pré-moldada de concreto armado centrifugado com compressão admissível de 55 t - sem emenda - fornecimento e cravação","m",264.77]
[2305998,"Estaca pré-moldada de concreto armado centrifugado com compressão admissível de 80 t - sem emenda - fornecimento e cravação","m",339.36]
[2306101,"Estaca pré-moldada de concreto protendido 15 x 15 cm - produzida - sem emenda - cravação","m",73.02]
[2306102,"Estaca pré-moldada de concreto protendido 17 x 17 cm - produzida - sem emenda - cravação","m",77.77]
[2306103,"Estaca pré-moldada de concreto protendido 20 x 20 cm - produzida - sem emenda - cravação","m",87.75]
[2306104,"Estaca pré-moldada de concreto protendido 21 x 21 cm - produzida - sem emenda - cravação","m",93.12]
[2306105,"Estaca pré-moldada de concreto protendido 23 x 23 cm - produzida - sem emenda - cravação","m",98.92]
[2306106,"Estaca pré-moldada de concreto protendido 25 x 25 cm - produzida - sem emenda - cravação","m",107.63]
[2306107,"Estaca pré-moldada de concreto protendido 26 x 26 cm - produzida - sem emenda - cravação","m",110.74]
[2306269,"Estaca pré-moldada de concreto protendido 30 x 30 cm - produzida - sem emenda - cravação","m",124.88]
[2306270,"Estaca pré-moldada de concreto protendido 33 x 33 cm - produzida - sem emenda - cravação","m",139.52000000000001]
[2306271,"Estaca pré-moldada de concreto protendido 35 x 35 cm - produzida - sem emenda - cravação","m",153.30000000000001]
[2306272,"Estaca pré-moldada de concreto protendido 38 x 38 cm - produzida - sem emenda - cravação","m",162.16]
[2306273,"Estaca pré-moldada de concreto protendido 40 x 40 cm - produzida - sem emenda - cravação","m",181.88]
[2306274,"Estaca pré-moldada de concreto protendido 42 x 42 cm - produzida - sem emenda - cravação","m",194.74]
[2306275,"Estaca pré-moldada de concreto protendido 45 x 45 cm - produzida - sem emenda - cravação","m",225.25]
[2306100,"Estaca pré-moldada de concreto protendido com compressão admissível de 100 t - comercial - sem emenda - fornecimento e cravação","m",377.19]
[2306004,"Estaca pré-moldada de concreto protendido com compressão admissível de 25 t - comercial - sem emenda - fornecimento e cravação","m",132.1]
[2306097,"Estaca pré-moldada de concreto protendido com compressão admissível de 35 t - comercial - sem emenda - fornecimento e cravação","m",168.44]
[2306098,"Estaca pré-moldada de concreto protendido com compressão admissível de 60 t - comercial - sem emenda - fornecimento e cravação","m",184.6]
[2306007,"Estaca pré-moldada de concreto protendido com compressão admissível de 75 t - comercial - sem emenda - fornecimento e cravação","m",260.79000000000002]
[2306067,"Estaca raiz perfurada na rocha com D = 16 cm - confecção","m",522.04]
[2306068,"Estaca raiz perfurada na rocha com D = 20 cm - confecção","m",659.37]
[2306069,"Estaca raiz perfurada na rocha com D = 25 cm - confecção","m",893.04]
[2306070,"Estaca raiz perfurada na rocha com D = 31 cm - confecção","m",1370.17]
[2306071,"Estaca raiz perfurada na rocha com D = 40 cm - confecção","m",2063.9699999999998]
[2306181,"Estaca raiz perfurada na rocha com D = 45 cm - confecção","m",2082.91]
[2306062,"Estaca raiz perfurada no solo com D = 16 cm - confecção","m",94.97]
[2306063,"Estaca raiz perfurada no solo com D = 20 cm - confecção","m",114.98]
[2306064,"Estaca raiz perfurada no solo com D = 25 cm - confecção","m",142.84]
[2306065,"Estaca raiz perfurada no solo com D = 31 cm - confecção","m",186.32]
[2306066,"Estaca raiz perfurada no solo com D = 40 cm - confecção","m",264.52999999999997]
[2306180,"Estaca raiz perfurada no solo com D = 45 cm - confecção","m",300.98]
[2306009,"Estaca Strauss D = 25 cm - confecção","m",16.739999999999998]
[2306010,"Estaca Strauss D = 32 cm - confecção","m",20.86]
[2306011,"Estaca Strauss D = 38 cm - confecção","m",23.76]
[2306012,"Estaca Strauss D = 45 cm - confecção","m",27.81]
[2306108,"Estaca trilho TR 25 - fornecimento e cravação","m",162.15]
[2306110,"Estaca trilho TR 37 - fornecimento e cravação","m",231.73]
[2306111,"Estaca trilho TR 45 - fornecimento e cravação","m",273.64999999999998]
[2306112,"Estaca trilho TR 57 - fornecimento e cravação","m",341.02]
[2306113,"Estaca trilho TR 68 - fornecimento e cravação","m",402.02]
[2306123,"Estaca triplo trilho TR 25 - com emenda - fornecimento e cravação","m",443.21]
[2306124,"Estaca triplo trilho TR 37 - com emenda - fornecimento e cravação","m",650.53]
[2306125,"Estaca triplo trilho TR 45 - com emenda - fornecimento e cravação","m",776.84]
[2306126,"Estaca triplo trilho TR 57 - com emenda - fornecimento e cravação","m",978.8]
[2306127,"Estaca triplo trilho TR 68 - com emenda - fornecimento e cravação","m",1161.3699999999999]
[2306300,"Fabricação de estaca pré-moldada de concreto protendida seção 15 x 15 cm","m",34.43]
[2306301,"Fabricação de estaca pré-moldada de concreto protendida seção 17 x 17 cm","m",37.229999999999997]
[2306302,"Fabricação de estaca pré-moldada de concreto protendida seção 20 x 20 cm","m",44.89]
[2306303,"Fabricação de estaca pré-moldada de concreto protendida seção 21 x 21 cm","m",48.67]
[2306304,"Fabricação de estaca pré-moldada de concreto protendida seção 23 x 23 cm","m",52.05]
[2306305,"Fabricação de estaca pré-moldada de concreto protendida seção 25 x 25 cm","m",58.46]
[2306306,"Fabricação de estaca pré-moldada de concreto protendida seção 26 x 26 cm","m",59.93]
[2306307,"Fabricação de estaca pré-moldada de concreto protendida seção 30 x 30 cm","m",69.89]
[2306308,"Fabricação de estaca pré-moldada de concreto protendida seção 33 x 33 cm","m",78.88]
[2306309,"Fabricação de estaca pré-moldada de concreto protendida seção 35 x 35 cm","m",89.21]
[2306310,"Fabricação de estaca pré-moldada de concreto protendida seção 38 x 38 cm","m",94.54]
[2306311,"Fabricação de estaca pré-moldada de concreto protendida seção 40 x 40 cm","m",109]
[2306312,"Fabricação de estaca pré-moldada de concreto protendida seção 42 x 42 cm","m",117.9]
[2306313,"Fabricação de estaca pré-moldada de concreto protendida seção 45 x 45 cm","m",142.19]
[2306013,"Gabarito de cravação de estacas submersas em aço ASTM A36 - confecção e instalação","kg",12.31]
[2306243,"Muro guia para estaca barrete com duas cortinas de 10 x 110 cm","m",638.51]
[2408149,"Estrutura em perfil de aço ASTM A36 corte, solda e montagem - fornecimento e instalação","kg",15.73]
[2407972,"Fornecimento e aplicação de adesivo estrutural à base de resina epóxi","kg",72.2]
[2407973,"Hidrojateamento em superfície de aço grau WJ-2","m²",30.66]
[2408075,"Jateamento abrasivo em chapa de aço por esteira contínua","m²",6.19]
[2408069,"Jateamento de chapa de aço com o uso de granalhas de aço grau Sa 2","m²",5.91]
[2419790,"Jateamento de chapa de aço com o uso de granalhas de aço grau Sa 2 1/2","m²",10.67]
[2407976,"Jateamento de chapa de aço com o uso de granalhas de aço grau Sa 2 1/2 - em espaço confinado","m²",12.27]
[2408068,"Jateamento de chapa de aço com o uso de granalhas de aço grau Sa 3","m²",16.62]
[2419705,"Pintura com epóxi de dois componentes com pistola a ar comprimido, uma demão, espessura de 120 µm","m²",11.51]
[2419704,"Pintura com primer epóxi de dois componentes com pistola a ar comprimido, uma demão, espessura de 70 µm","m²",31.3]
[2407981,"Pintura com selante epóxi vinílico com pistola airless, uma demão, espessura de 80 µm","m²",18.95]
[2407982,"Pintura com tinta anti-incrustante com pistola airless, uma demão, espessura de 125 µm","m²",39]
[2419703,"Pintura com tinta anticorrosiva à base de epóxi poliamida de dois componentes com pistola a ar comprimido, uma demão, espessura de 150 µm","m²",16.149999999999999]
[2408080,"Pintura de acabamento com esmalte epóxi com pistola a ar comprimido, uma demão, espessura de 40 µm","m²",8]
[2408078,"Pintura de acabamento com esmalte sintético com pistola a ar comprimido, uma demão, espessura de 30 µm","m²",2.92]
[2407979,"Pintura de acabamento com tinta de poliuretano acrílico de dois componentes com pistola airless, uma demão, espessura de 70 µm","m²",13.73]
[2407980,"Pintura de acabamento com tinta de poliuretano acrílico de dois componentes com pistola airless, uma demão, espessura de 70 µm - em espaço confinado","m²",13.77]
[2408077,"Pintura de fundo com tinta alquídica com pistola a ar comprimido, uma demão, espessura de 30 µm","m²",7.1]
[2407983,"Pintura de fundo com tinta anticorrosiva à base de epóxi poliamida de dois componentes com pistola airless, uma demão, espessura de 100 µm - em espaço confinado","m²",8.7200000000000006]
[2407977,"Pintura de fundo com tinta anticorrosiva à base de epóxi poliamida de dois componentes com pistola airless, uma demão, espessura de 160 µm","m²",16.98]
[2407978,"Pintura de fundo com tinta anticorrosiva à base de epóxi poliamida de dois componentes com pistola airless, uma demão, espessura de 160 µm - em espaço confinado","m²",17.02]
[2408079,"Pintura de fundo com tinta epóxi com pistola a ar comprimido, uma demão, espessura de 120 µm","m²",49.16]
[2408076,"Pintura shop primer em chapa de aço por esteira contínua","m²",19.21]
[2408057,"Solda elétrica de perfis metálicos e chapas de aço com eletrodo E60XX","kg",95.24]
[2408058,"Solda elétrica de perfis metálicos e chapas de aço com eletrodo E70XX","kg",60.67]
[2407974,"Tratamento de superfície de aço com ferramenta mecânica grau SP-11","m²",369.69]
[2407975,"Tratamento de superfície de aço com ferramenta mecânica grau SP-11 - em espaço confinado","m²",376.73]
[2419789,"Tratamento em chapa de aço por esteira contínua","m²",17.86]
[2607183,"Alinhamento manual da grade do AMV para qualquer abertura e qualquer bitola","un",328.84]
[2607226,"Assentamento dos materiais metálicos do AMV 1:10, TR 45, bitola larga","un",562704.68999999994]
[2607209,"Assentamento dos materiais metálicos do AMV 1:10, TR 45, bitola métrica","un",490620.08]
[2607161,"Assentamento dos materiais metálicos do AMV 1:10, TR 45, bitola mista","un",679040.57]
[2607148,"Assentamento dos materiais metálicos do AMV 1:10, TR 57, bitola larga","un",715552.67]
[2607213,"Assentamento dos materiais metálicos do AMV 1:10, TR 57, bitola métrica","un",624142.19999999995]
[2607165,"Assentamento dos materiais metálicos do AMV 1:10, TR 57, bitola mista","un",864089.17]
[2607152,"Assentamento dos materiais metálicos do AMV 1:10, TR 68, bitola larga","un",857858.49]
[2607217,"Assentamento dos materiais metálicos do AMV 1:10, TR 68, bitola métrica","un",735956.98]
[2607169,"Assentamento dos materiais metálicos do AMV 1:10, TR 68, bitola mista","un",1026080.73]
[2607156,"Assentamento dos materiais metálicos do AMV 1:10, UIC 60, bitola larga","un",746986.18]
[2607221,"Assentamento dos materiais metálicos do AMV 1:10, UIC 60, bitola métrica","un",650688.72]
[2607173,"Assentamento dos materiais metálicos do AMV 1:10, UIC 60, bitola mista","un",900070.44]
[2607227,"Assentamento dos materiais metálicos do AMV 1:12, TR 45, bitola larga","un",618101.03]
[2607210,"Assentamento dos materiais metálicos do AMV 1:12, TR 45, bitola métrica","un",538772.19999999995]
[2607162,"Assentamento dos materiais metálicos do AMV 1:12, TR 45, bitola mista","un",745605.87]
[2607149,"Assentamento dos materiais metálicos do AMV 1:12, TR 57, bitola larga","un",785718.86]
[2607214,"Assentamento dos materiais metálicos do AMV 1:12, TR 57, bitola métrica","un",680119.22]
[2607166,"Assentamento dos materiais metálicos do AMV 1:12, TR 57, bitola mista","un",948436.3]
[2607153,"Assentamento dos materiais metálicos do AMV 1:12, TR 68, bitola larga","un",933154.18]
[2607218,"Assentamento dos materiais metálicos do AMV 1:12, TR 68, bitola métrica","un",813768.24]
[2607170,"Assentamento dos materiais metálicos do AMV 1:12, TR 68, bitola mista","un",1118372.45]
[2607157,"Assentamento dos materiais metálicos do AMV 1:12, UIC 60, bitola larga","un",825949.26]
[2607222,"Assentamento dos materiais metálicos do AMV 1:12, UIC 60, bitola métrica","un",714883]
[2607174,"Assentamento dos materiais metálicos do AMV 1:12, UIC 60, bitola mista","un",988859.43]
[2607228,"Assentamento dos materiais metálicos do AMV 1:14, TR 45, bitola larga","un",679008.19]
[2607211,"Assentamento dos materiais metálicos do AMV 1:14, TR 45, bitola métrica","un",597242.34]
[2607163,"Assentamento dos materiais metálicos do AMV 1:14, TR 45, bitola mista","un",826625.25]
[2607150,"Assentamento dos materiais metálicos do AMV 1:14, TR 57, bitola larga","un",870778.79]
[2607215,"Assentamento dos materiais metálicos do AMV 1:14, TR 57, bitola métrica","un",747170.12]
[2607167,"Assentamento dos materiais metálicos do AMV 1:14, TR 57, bitola mista","un",1032872.73]
[2607154,"Assentamento dos materiais metálicos do AMV 1:14, TR 68, bitola larga","un",1033351.95]
[2607219,"Assentamento dos materiais metálicos do AMV 1:14, TR 68, bitola métrica","un",893740.37]
[2607171,"Assentamento dos materiais metálicos do AMV 1:14, TR 68, bitola mista","un",1244189.02]
[2607158,"Assentamento dos materiais metálicos do AMV 1:14, UIC 60, bitola larga","un",907179.29]
[2607223,"Assentamento dos materiais metálicos do AMV 1:14, UIC 60, bitola métrica","un",785468.42]
[2607175,"Assentamento dos materiais metálicos do AMV 1:14, UIC 60, bitola mista","un",1086466.28]
[2607151,"Assentamento dos materiais metálicos do AMV 1:20, TR 57, bitola larga","un",1040720.32]
[2607216,"Assentamento dos materiais metálicos do AMV 1:20, TR 57, bitola métrica","un",907743.86]
[2607168,"Assentamento dos materiais metálicos do AMV 1:20, TR 57, bitola mista","un",1269148.94]
[2607155,"Assentamento dos materiais metálicos do AMV 1:20, TR 68, bitola larga","un",1242753.49]
[2607220,"Assentamento dos materiais metálicos do AMV 1:20, TR 68, bitola métrica","un",1069919.31]
[2607172,"Assentamento dos materiais metálicos do AMV 1:20, TR 68, bitola mista","un",1487965.09]
[2607159,"Assentamento dos materiais metálicos do AMV 1:20, UIC 60, bitola larga","un",1086203.76]
[2607224,"Assentamento dos materiais metálicos do AMV 1:20, UIC 60, bitola métrica","un",946065.07]
[2607176,"Assentamento dos materiais metálicos do AMV 1:20, UIC 60, bitola mista","un",1316936.05]
[2607225,"Assentamento dos materiais metálicos do AMV 1:8, TR 45, bitola larga","un",512318.96]
[2607208,"Assentamento dos materiais metálicos do AMV 1:8, TR 45, bitola métrica","un",446826.68]
[2607160,"Assentamento dos materiais metálicos do AMV 1:8, TR 45, bitola mista","un",618484.98]
[2607229,"Assentamento dos materiais metálicos do AMV 1:8, TR 57, bitola larga","un",651687.30000000005]
[2607212,"Assentamento dos materiais metálicos do AMV 1:8, TR 57, bitola métrica","un",568681.81000000006]
[2607164,"Assentamento dos materiais metálicos do AMV 1:8, TR 57, bitola mista","un",779513.51]
[2607207,"Lançamento manual de lastro em AMV com descarga da brita por caminhão","m³",189.54]
[2607206,"Lançamento mecânico de lastro em AMV com descarga da brita por caminhão e espalhamento com carregadeira de pneus","m³",184.9]
[2607344,"Nivelamento de AMV com socaria com grupo vibrador e levante de até 10 cm, abertura 1:10, bitola larga, dormente de madeira ou concreto","un",239.73]
[2607339,"Nivelamento de AMV com socaria com grupo vibrador e levante de até 10 cm, abertura 1:10, bitola métrica, dormente de madeira ou concreto","un",164.69]
[2607349,"Nivelamento de AMV com socaria com grupo vibrador e levante de até 10 cm, abertura 1:10, bitola mista, dormente de madeira ou concreto","un",366.01]
[2607345,"Nivelamento de AMV com socaria com grupo vibrador e levante de até 10 cm, abertura 1:12, bitola larga, dormente de madeira ou concreto","un",273.55]
[2607340,"Nivelamento de AMV com socaria com grupo vibrador e levante de até 10 cm, abertura 1:12, bitola métrica, dormente de madeira ou concreto","un",188.04]
[2607350,"Nivelamento de AMV com socaria com grupo vibrador e levante de até 10 cm, abertura 1:12, bitola mista, dormente de madeira ou concreto","un",418.07]
[2607346,"Nivelamento de AMV com socaria com grupo vibrador e levante de até 10 cm, abertura 1:14, bitola larga, dormente de madeira ou concreto","un",317.72000000000003]
[2607341,"Nivelamento de AMV com socaria com grupo vibrador e levante de até 10 cm, abertura 1:14, bitola métrica, dormente de madeira ou concreto","un",221.83]
[2607351,"Nivelamento de AMV com socaria com grupo vibrador e levante de até 10 cm, abertura 1:14, bitola mista, dormente de madeira ou concreto","un",485.64]
[2607347,"Nivelamento de AMV com socaria com grupo vibrador e levante de até 10 cm, abertura 1:20, bitola larga, dormente de madeira ou concreto","un",419.2]
[2607342,"Nivelamento de AMV com socaria com grupo vibrador e levante de até 10 cm, abertura 1:20, bitola métrica, dormente de madeira ou concreto","un",273.55]
[2607352,"Nivelamento de AMV com socaria com grupo vibrador e levante de até 10 cm, abertura 1:20, bitola mista, dormente de madeira ou concreto","un",638.97]
[2607343,"Nivelamento de AMV com socaria com grupo vibrador e levante de até 10 cm, abertura 1:8, bitola larga, dormente de madeira","un",192.47]
[2607338,"Nivelamento de AMV com socaria com grupo vibrador e levante de até 10 cm, abertura 1:8, bitola métrica, dormente de madeira","un",140.83000000000001]
[2607348,"Nivelamento de AMV com socaria com grupo vibrador e levante de até 10 cm, abertura 1:8, bitola mista, dormente de madeira","un",294.04000000000002]
[2607329,"Nivelamento de AMV com socaria manual e levante de até 10 cm, abertura 1:10, bitola larga, dormente de madeira ou concreto","un",546.75]
[2607324,"Nivelamento de AMV com socaria manual e levante de até 10 cm, abertura 1:10, bitola métrica, dormente de madeira ou concreto","un",373.28]
[2607334,"Nivelamento de AMV com socaria manual e levante de até 10 cm, abertura 1:10, bitola mista, dormente de madeira ou concreto","un",792.72]
[2607330,"Nivelamento de AMV com socaria manual e levante de até 10 cm, abertura 1:12, bitola larga, dormente de madeira ou concreto","un",625.20000000000005]
[2607325,"Nivelamento de AMV com socaria manual e levante de até 10 cm, abertura 1:12, bitola métrica, dormente de madeira ou concreto","un",428.68]
[2607335,"Nivelamento de AMV com socaria manual e levante de até 10 cm, abertura 1:12, bitola mista, dormente de madeira ou concreto","un",905.83]
[2607331,"Nivelamento de AMV com socaria manual e levante de até 10 cm, abertura 1:14, bitola larga, dormente de madeira ou concreto","un",726.82]
[2607326,"Nivelamento de AMV com socaria manual e levante de até 10 cm, abertura 1:14, bitola métrica, dormente de madeira ou concreto","un",507.13]
[2607336,"Nivelamento de AMV com socaria manual e levante de até 10 cm, abertura 1:14, bitola mista, dormente de madeira ou concreto","un",1053.68]
[2607332,"Nivelamento de AMV com socaria manual e levante de até 10 cm, abertura 1:20, bitola larga, dormente de madeira ou concreto","un",962.23]
[2607327,"Nivelamento de AMV com socaria manual e levante de até 10 cm, abertura 1:20, bitola métrica, dormente de madeira ou concreto","un",625.20000000000005]
[2607337,"Nivelamento de AMV com socaria manual e levante de até 10 cm, abertura 1:20, bitola mista, dormente de madeira ou concreto","un",1393.11]
[2607328,"Nivelamento de AMV com socaria manual e levante de até 10 cm, abertura 1:8, bitola larga, dormente de madeira","un",438.59]
[2607323,"Nivelamento de AMV com socaria manual e levante de até 10 cm, abertura 1:8, bitola métrica, dormente de madeira","un",320.45999999999998]
[2607333,"Nivelamento de AMV com socaria manual e levante de até 10 cm, abertura 1:8, bitola mista, dormente de madeira","un",635.04]
[2607106,"Posicionamento de jogo de dormentes de concreto para AMV 1:10, bitola larga","jg",109312.65]
[2607102,"Posicionamento de jogo de dormentes de concreto para AMV 1:10, bitola métrica","jg",53684.75]
[2607261,"Posicionamento de jogo de dormentes de concreto para AMV 1:10, bitola mista","jg",109312.65]
[2607107,"Posicionamento de jogo de dormentes de concreto para AMV 1:12, bitola larga","jg",124758.63]
[2607103,"Posicionamento de jogo de dormentes de concreto para AMV 1:12, bitola métrica","jg",61097.39]
[2607262,"Posicionamento de jogo de dormentes de concreto para AMV 1:12, bitola mista","jg",124758.63]
[2607108,"Posicionamento de jogo de dormentes de concreto para AMV 1:14, bitola larga","jg",145330.59]
[2607104,"Posicionamento de jogo de dormentes de concreto para AMV 1:14, bitola métrica","jg",72193.55]
[2607263,"Posicionamento de jogo de dormentes de concreto para AMV 1:14, bitola mista","jg",145330.59]
[2607109,"Posicionamento de jogo de dormentes de concreto para AMV 1:20, bitola larga","jg",191623.14]
[2607105,"Posicionamento de jogo de dormentes de concreto para AMV 1:20, bitola métrica","jg",89781.48]
[2607264,"Posicionamento de jogo de dormentes de concreto para AMV 1:20, bitola mista","jg",191623.14]
[2607093,"Posicionamento de jogo de dormentes de madeira para AMV 1:10, bitola larga","jg",50908.92]
[2607088,"Posicionamento de jogo de dormentes de madeira para AMV 1:10, bitola métrica","jg",20988.9]
[2607098,"Posicionamento de jogo de dormentes de madeira para AMV 1:10, bitola mista","jg",51256.76]
[2607094,"Posicionamento de jogo de dormentes de madeira para AMV 1:12, bitola larga","jg",57381.71]
[2607089,"Posicionamento de jogo de dormentes de madeira para AMV 1:12, bitola métrica","jg",24029.95]
[2607099,"Posicionamento de jogo de dormentes de madeira para AMV 1:12, bitola mista","jg",57777.99]
[2607095,"Posicionamento de jogo de dormentes de madeira para AMV 1:14, bitola larga","jg",67406.63]
[2607090,"Posicionamento de jogo de dormentes de madeira para AMV 1:14, bitola métrica","jg",29262.1]
[2607260,"Posicionamento de jogo de dormentes de madeira para AMV 1:14, bitola mista","jg",67866.880000000005]
[2607096,"Posicionamento de jogo de dormentes de madeira para AMV 1:20, bitola larga","jg",88859.76]
[2607091,"Posicionamento de jogo de dormentes de madeira para AMV 1:20, bitola métrica","jg",36763.760000000002]
[2607101,"Posicionamento de jogo de dormentes de madeira para AMV 1:20, bitola mista","jg",89466.36]
[2607092,"Posicionamento de jogo de dormentes de madeira para AMV 1:8, bitola larga","jg",40509.519999999997]
[2607087,"Posicionamento de jogo de dormentes de madeira para AMV 1:8, bitola métrica","jg",17518.82]
[2607097,"Posicionamento de jogo de dormentes de madeira para AMV 1:8, bitola mista","jg",40788.01]
[2607198,"Regularização manual do lastro do AMV para qualquer abertura e qualquer bitola","un",330.74]
[2809170,"Demolição de AMV 1:10 TR 37, em bitola métrica, dormente de madeira, com separação e empilhamento","un",1961.85]
[2809183,"Demolição de AMV 1:10 TR 45, em bitola larga, dormente de madeira, com separação e empilhamento","un",2853.91]
[2809174,"Demolição de AMV 1:10 TR 45, em bitola métrica, dormente de madeira, com separação e empilhamento","un",2061.2600000000002]
[2809196,"Demolição de AMV 1:10 TR 45, em bitola mista, dormente de madeira, com separação e empilhamento","un",2997.02]
[2809187,"Demolição de AMV 1:10 TR 57, em bitola larga, dormente de madeira, com separação e empilhamento","un",3004.78]
[2809178,"Demolição de AMV 1:10 TR 57, em bitola métrica, dormente de madeira, com separação e empilhamento","un",2210.2199999999998]
[2809200,"Demolição de AMV 1:10 TR 57, em bitola mista, dormente de madeira, com separação e empilhamento","un",3154.16]
[2809191,"Demolição de AMV 1:10 TR 68, em bitola larga, dormente de madeira, com separação e empilhamento","un",3143.15]
[2809204,"Demolição de AMV 1:10 TR 68, em bitola mista, dormente de madeira, com separação e empilhamento","un",3298.02]
[2809171,"Demolição de AMV 1:12 TR 37, em bitola métrica, dormente de madeira, com separação e empilhamento","un",2214.2600000000002]
[2809184,"Demolição de AMV 1:12 TR 45, em bitola larga, dormente de madeira, com separação e empilhamento","un",3218.7]
[2809175,"Demolição de AMV 1:12 TR 45, em bitola métrica, dormente de madeira, com separação e empilhamento","un",2323.6]
[2809197,"Demolição de AMV 1:12 TR 45, em bitola mista, dormente de madeira, com separação e empilhamento","un",3376.79]
[2809188,"Demolição de AMV 1:12 TR 57, em bitola larga, dormente de madeira, com separação e empilhamento","un",3384.66]
[2809179,"Demolição de AMV 1:12 TR 57, em bitola métrica, dormente de madeira, com separação e empilhamento","un",2487.4699999999998]
[2809201,"Demolição de AMV 1:12 TR 57, em bitola mista, dormente de madeira, com separação e empilhamento","un",3549.64]
[2809192,"Demolição de AMV 1:12 TR 68, em bitola larga, dormente de madeira, com separação e empilhamento","un",3536.86]
[2809205,"Demolição de AMV 1:12 TR 68, em bitola mista, dormente de madeira, com separação e empilhamento","un",3707.88]
[2809172,"Demolição de AMV 1:14 TR 37, em bitola métrica, dormente de madeira, com separação e empilhamento","un",2587.9899999999998]
[2809185,"Demolição de AMV 1:14 TR 45, em bitola larga, dormente de madeira, com separação e empilhamento","un",3705.22]
[2809176,"Demolição de AMV 1:14 TR 45, em bitola métrica, dormente de madeira, com separação e empilhamento","un",2708.27]
[2809198,"Demolição de AMV 1:14 TR 45, em bitola mista, dormente de madeira, com separação e empilhamento","un",3882.35]
[2809189,"Demolição de AMV 1:14 TR 57, em bitola larga, dormente de madeira, com separação e empilhamento","un",3887.78]
[2809180,"Demolição de AMV 1:14 TR 57, em bitola métrica, dormente de madeira, com separação e empilhamento","un",2888.52]
[2809202,"Demolição de AMV 1:14 TR 57, em bitola mista, dormente de madeira, com separação e empilhamento","un",4072.49]
[2809193,"Demolição de AMV 1:14 TR 68, em bitola larga, dormente de madeira, com separação e empilhamento","un",4055.2]
[2809206,"Demolição de AMV 1:14 TR 68, em bitola mista, dormente de madeira, com separação e empilhamento","un",4246.55]
[2809190,"Demolição de AMV 1:20 TR 57, em bitola larga, dormente de madeira, com separação e empilhamento","un",5031.1400000000003]
[2809181,"Demolição de AMV 1:20 TR 57, em bitola métrica, dormente de madeira, com separação e empilhamento","un",3550.46]
[2809203,"Demolição de AMV 1:20 TR 57, em bitola mista, dormente de madeira, com separação e empilhamento","un",5255.34]
[2809194,"Demolição de AMV 1:20 TR 68, em bitola larga, dormente de madeira, com separação e empilhamento","un",5232.05]
[2809207,"Demolição de AMV 1:20 TR 68, em bitola mista, dormente de madeira, com separação e empilhamento","un",5464.22]
[2809169,"Demolição de AMV 1:8 TR 37, em bitola métrica, dormente de madeira, com separação e empilhamento","un",1687.5]
[2809182,"Demolição de AMV 1:8 TR 45, em bitola larga, dormente de madeira, com separação e empilhamento","un",2351.79]
[2809173,"Demolição de AMV 1:8 TR 45, em bitola métrica, dormente de madeira, com separação e empilhamento","un",1777.87]
[2809195,"Demolição de AMV 1:8 TR 45, em bitola mista, dormente de madeira, com separação e empilhamento","un",2459.59]
[2809186,"Demolição de AMV 1:8 TR 57, em bitola larga, dormente de madeira, com separação e empilhamento","un",2488.9499999999998]
[2809177,"Demolição de AMV 1:8 TR 57, em bitola métrica, dormente de madeira, com separação e empilhamento","un",1913.3]
[2809199,"Demolição de AMV 1:8 TR 57, em bitola mista, dormente de madeira, com separação e empilhamento","un",2602.44]
[2809219,"Demolição de via, bitola larga, 1.667 dormentes de madeira/km, trilho TR 45, barra com 12 m de comprimento, com separação e empilhamento","km",23576.62]
[2809220,"Demolição de via, bitola larga, 1.667 dormentes de madeira/km, trilho TR 57, barra com 12 m de comprimento, com separação e empilhamento","km",25151.22]
[2809221,"Demolição de via, bitola larga, 1.667 dormentes de madeira/km, trilho TR 68, barra com 12 m de comprimento, com separação e empilhamento","km",25915.43]
[2809163,"Demolição de via, bitola larga, 1.750 dormentes de madeira/km, trilho TR 45, barra com 12 m de comprimento, com separação e empilhamento","km",24618.799999999999]
[2809164,"Demolição de via, bitola larga, 1.750 dormentes de madeira/km, trilho TR 57, barra com 12 m de comprimento, com separação e empilhamento","km",26251.43]
[2809165,"Demolição de via, bitola larga, 1.750 dormentes de madeira/km, trilho TR 68, barra com 12 m de comprimento, com separação e empilhamento","km",27037.18]
[2809216,"Demolição de via, bitola métrica, 1.667 dormentes de madeira/km, trilho TR 37, barra com 12 m de comprimento, com separação e empilhamento","km",21783.82]
[2809217,"Demolição de via, bitola métrica, 1.667 dormentes de madeira/km, trilho TR 45, barra com 12 m de comprimento, com separação e empilhamento","km",22180.83]
[2809218,"Demolição de via, bitola métrica, 1.667 dormentes de madeira/km, trilho TR 57, barra com 12 m de comprimento, com separação e empilhamento","km",23732.92]
[2809160,"Demolição de via, bitola métrica, 1.750 dormentes de madeira/km, trilho TR 37, barra com 12 m de comprimento, com separação e empilhamento","km",22756.17]
[2809161,"Demolição de via, bitola métrica, 1.750 dormentes de madeira/km, trilho TR 45, barra com 12 m de comprimento, com separação e empilhamento","km",23156.07]
[2809162,"Demolição de via, bitola métrica, 1.750 dormentes de madeira/km, trilho TR 57, barra com 12 m de comprimento, com separação e empilhamento","km",24765.74]
[2809222,"Demolição de via, bitola mista, 1.667 dormentes de madeira/km, trilho TR 45, barra com 12 m de comprimento, com separação e empilhamento","km",21548.06]
[2809223,"Demolição de via, bitola mista, 1.667 dormentes de madeira/km, trilho TR 57, barra com 12 m de comprimento, com separação e empilhamento","km",27637.37]
[2809224,"Demolição de via, bitola mista, 1.667 dormentes de madeira/km, trilho TR 68, barra com 12 m de comprimento, com separação e empilhamento","km",28783.68]
[2809166,"Demolição de via, bitola mista, 1.750 dormentes de madeira/km, trilho TR 45, barra com 12 m de comprimento, com separação e empilhamento","km",22425.91]
[2809167,"Demolição de via, bitola mista, 1.750 dormentes de madeira/km, trilho TR 57, barra com 12 m de comprimento, com separação e empilhamento","km",28811]
[2809168,"Demolição de via, bitola mista, 1.750 dormentes de madeira/km, trilho TR 68, barra com 12 m de comprimento, com separação e empilhamento","km",29989.62]
[2809158,"Retirada manual de dormente de madeira, bitola larga ou mista, com separação e empilhamento","un",10.76]
[2809159,"Retirada manual de dormente de madeira, bitola métrica, com separação e empilhamento","un",8.1199999999999992]
[2909152,"Aferição da geometria da via com carro controle","km",120.98]
[2909153,"Capina química da plataforma ferroviária","km",152.08000000000001]
[2909151,"Estabilização dinâmica da via","km",72.3]
[2909145,"Nivelamento de junta com socaria manual da via","un",10.96]
[2909379,"Nivelamento de via com grupo gerador/vibrador e levante de até 10 cm - bitola métrica ou larga com dormente de madeira ou concreto e taxa de dormentação de 1.667 un/km","km",6123.99]
[2909381,"Nivelamento de via com grupo gerador/vibrador e levante de até 10 cm - bitola métrica ou larga com dormente de madeira ou concreto e taxa de dormentação de 1.750 un/km","km",6408.2]
[2909388,"Nivelamento de via com grupo gerador/vibrador e levante de até 10 cm - bitola métrica ou larga com dormente de madeira ou concreto e taxa de dormentação de 1.850 un/km","km",6751.56]
[2909380,"Nivelamento de via com grupo gerador/vibrador e levante de até 10 cm - bitola mista com dormente de madeira ou concreto e taxa de dormentação de 1.667 un/km","km",8976.24]
[2909382,"Nivelamento de via com grupo gerador/vibrador e levante de até 10 cm - bitola mista com dormente de madeira ou concreto e taxa de dormentação de 1.750 un/km","km",9401.6]
[2909387,"Nivelamento de via com grupo gerador/vibrador e levante de até 10 cm - bitola mista com dormente de madeira ou concreto e taxa de dormentação de 1.850 un/km","km",9918.84]
[2909375,"Nivelamento de via com socaria manual e levante de até 10 cm - bitola métrica ou larga com dormente de madeira ou concreto e taxa de dormentação de 1.667 un/km","km",9781.19]
[2909377,"Nivelamento de via com socaria manual e levante de até 10 cm - bitola métrica ou larga com dormente de madeira ou concreto e taxa de dormentação de 1.750 un/km","km",10237.969999999999]
[2909386,"Nivelamento de via com socaria manual e levante de até 10 cm - bitola métrica ou larga com dormente de madeira ou concreto e taxa de dormentação de 1.850 un/km","km",10788.83]
[2909376,"Nivelamento de via com socaria manual e levante de até 10 cm - bitola mista com dormente de madeira ou concreto e taxa de dormentação de 1.667 un/km","km",14366.25]
[2909378,"Nivelamento de via com socaria manual e levante de até 10 cm - bitola mista com dormente de madeira ou concreto e taxa de dormentação de 1.750 un/km","km",15056.94]
[2909385,"Nivelamento de via com socaria manual e levante de até 10 cm - bitola mista com dormente de madeira ou concreto e taxa de dormentação de 1.850 un/km","km",15878.49]
[2909383,"Nivelamento e alinhamento de via com socadora automática e levante de até 10 cm - qualquer bitola ou dormente e taxa de dormentação de 1.667 un/km","km",6181.07]
[2909384,"Nivelamento e alinhamento de via com socadora automática e levante de até 10 cm - qualquer bitola ou dormente e taxa de dormentação de 1.750 un/km","km",6488.85]
[2909148,"Regularização do lastro com reguladora de lastro","km",438.82]
[2909389,"Regularização manual do lastro em via corrida, bitola larga, com qualquer tipo de dormente","km",3557.76]
[2909390,"Regularização manual do lastro em via corrida, bitola métrica, com qualquer tipo de dormente","km",2505.4699999999998]
[2909391,"Regularização manual do lastro em via corrida, bitola mista, com qualquer tipo de dormente","km",4269.59]
[3009336,"Alívio de tensão, com martelo de bronze, em TLS com 120 de comprimento de TR45, taxa de dormentação de 1.667 un/km, para qualquer bitola e fixação elástica","un",99.28]
[3009337,"Alívio de tensão, com martelo de bronze, em TLS com 120 de comprimento de TR45, taxa de dormentação de 1.750 un/km, para qualquer bitola e fixação elástica","un",101.91]
[3009340,"Alívio de tensão, com martelo de bronze, em TLS com 120 de comprimento de TR57, taxa de dormentação de 1.667 un/km, para qualquer bitola e fixação elástica","un",189.8]
[3009341,"Alívio de tensão, com martelo de bronze, em TLS com 120 de comprimento de TR57, taxa de dormentação de 1.750 un/km, para qualquer bitola e fixação elástica","un",195.06]
[3009344,"Alívio de tensão, com martelo de bronze, em TLS com 120 de comprimento de TR68, taxa de dormentação de 1.667 un/km, para qualquer bitola e fixação elástica","un",99.74]
[3009345,"Alívio de tensão, com martelo de bronze, em TLS com 120 de comprimento de TR68, taxa de dormentação de 1.750 un/km, para qualquer bitola e fixação elástica","un",102.37]
[3009348,"Alívio de tensão, com martelo de bronze, em TLS com 120 de comprimento de UIC60, taxa de dormentação de 1.667 un/km, para qualquer bitola e fixação elástica","un",189.86]
[3009349,"Alívio de tensão, com martelo de bronze, em TLS com 120 de comprimento de UIC60, taxa de dormentação de 1.750 un/km, para qualquer bitola e fixação elástica","un",195.12]
[3009338,"Alívio de tensão, com martelo de bronze, em TLS com 240 de comprimento de TR45, taxa de dormentação de 1.667 un/km, para qualquer bitola e fixação elástica","un",99.28]
[3009339,"Alívio de tensão, com martelo de bronze, em TLS com 240 de comprimento de TR45, taxa de dormentação de 1.750 un/km, para qualquer bitola e fixação elástica","un",101.91]
[3009342,"Alívio de tensão, com martelo de bronze, em TLS com 240 de comprimento de TR57, taxa de dormentação de 1.667 un/km, para qualquer bitola e fixação elástica","un",189.8]
[3009343,"Alívio de tensão, com martelo de bronze, em TLS com 240 de comprimento de TR57, taxa de dormentação de 1.750 un/km, para qualquer bitola e fixação elástica","un",195.06]
[3009346,"Alívio de tensão, com martelo de bronze, em TLS com 240 de comprimento de TR68, taxa de dormentação de 1.667 un/km, para qualquer bitola e fixação elástica","un",99.74]
[3009347,"Alívio de tensão, com martelo de bronze, em TLS com 240 de comprimento de TR68, taxa de dormentação de 1.750 un/km, para qualquer bitola e fixação elástica","un",102.37]
[3009350,"Alívio de tensão, com martelo de bronze, em TLS com 240 de comprimento de UIC60, taxa de dormentação de 1.667 un/km, para qualquer bitola e fixação elástica","un",189.86]
[3009351,"Alívio de tensão, com martelo de bronze, em TLS com 240 de comprimento de UIC60, taxa de dormentação de 1.750 un/km, para qualquer bitola e fixação elástica","un",195.12]
[3009080,"Colocação manual de grampo elástico Pandrol","un",0.15]
[3009075,"Colocação manual de retensor para trilho TR45","un",55.62]
[3009076,"Colocação manual de retensor para trilho TR57","un",57.43]
[3009077,"Colocação manual de retensor para trilho TR68","un",60.63]
[3009078,"Colocação manual de retensor para trilho UIC60","un",63.08]
[3009087,"Colocação mecanizada de grampo elástico Pandrol","un",0.1]
[3009085,"Contratrilho TR45, comprimento de 12 m, sobre dormente de madeira, taxa de dormentação de 1.750 un/km, tala de junção de 6 furos e fixação rígida - posicionamento e assentamento manual","m",1062.08]
[3009086,"Contratrilho TR57, comprimento de 12 m, sobre dormente de madeira, taxa de dormentação de 1.750 un/km, tala de junção de 6 furos e fixação rígida - posicionamento e assentamento manual","m",1406.24]
[3009089,"Contratrilho TR68, comprimento de 12 m, sobre dormente de madeira, taxa de dormentação de 1.750 un/km, tala de junção de 6 furos e fixação rígida - posicionamento e assentamento manual","m",1719.48]
[3009090,"Contratrilho UIC60, comprimento de 12 m, sobre dormente de madeira, taxa de dormentação de 1.750 un/km, tala de junção de 6 furos e fixação rígida - posicionamento e assentamento manual","m",1548.67]
[3009004,"Dormente de concreto monobloco protendido bitola larga - confecção","un",481.94]
[3009002,"Dormente de concreto monobloco protendido bitola métrica - confecção","un",364.41]
[3009006,"Dormente de concreto monobloco protendido bitola mista - confecção","un",651.27]
[3009335,"Dormente de concreto monobloco protendido para AMV bitola larga ou mista - confecção","un",1260.8499999999999]
[3009334,"Dormente de concreto monobloco protendido para AMV bitola métrica - confecção","un",898.81]
[3009280,"Dormente de concreto monobloco, bitola larga, taxa de dormentação de 1.667 un/km, fixação elástica Pandrol - posicionamento mecanizado com carregadeira","km",827141.38]
[3009281,"Dormente de concreto monobloco, bitola larga, taxa de dormentação de 1.667 un/km, fixação elástica Pandrol - posicionamento mecanizado com pórtico","km",819025.56]
[3009061,"Dormente de concreto monobloco, bitola larga, taxa de dormentação de 1.750 un/km, fixação elástica Pandrol - posicionamento mecanizado com carregadeira","km",868325.83]
[3009062,"Dormente de concreto monobloco, bitola larga, taxa de dormentação de 1.750 un/km, fixação elástica Pandrol - posicionamento mecanizado com pórtico","km",859804.82]
[3009278,"Dormente de concreto monobloco, bitola métrica, taxa de dormentação de 1.667 un/km, fixação elástica Pandrol - posicionamento mecanizado com carregadeira","km",626043.17000000004]
[3009279,"Dormente de concreto monobloco, bitola métrica, taxa de dormentação de 1.667 un/km, fixação elástica Pandrol - posicionamento mecanizado com pórtico","km",620013.99]
[3009059,"Dormente de concreto monobloco, bitola métrica, taxa de dormentação de 1.750 un/km, fixação elástica Pandrol - posicionamento mecanizado com carregadeira","km",657214.93000000005]
[3009060,"Dormente de concreto monobloco, bitola métrica, taxa de dormentação de 1.750 un/km, fixação elástica Pandrol - posicionamento mecanizado com pórtico","km",650884.46]
[3009282,"Dormente de concreto monobloco, bitola mista, taxa de dormentação de 1.667 un/km, fixação elástica Pandrol - posicionamento mecanizado com carregadeira","km",1109411.82]
[3009283,"Dormente de concreto monobloco, bitola mista, taxa de dormentação de 1.667 un/km, fixação elástica Pandrol - posicionamento mecanizado com pórtico","km",1101297.3400000001]
[3009063,"Dormente de concreto monobloco, bitola mista, taxa de dormentação de 1.750 un/km, fixação elástica Pandrol - posicionamento mecanizado com carregadeira","km",1164650.53]
[3009064,"Dormente de concreto monobloco, bitola mista, taxa de dormentação de 1.750 un/km, fixação elástica Pandrol - posicionamento mecanizado com pórtico","km",1156130.92]
[3009081,"Dormente de madeira para ponte, bitola métrica ou larga, para TR45, fixação rígida - posicionamento e assentamento mecanizado","un",776.45]
[3009082,"Dormente de madeira para ponte, bitola métrica ou larga, para TR57, fixação rígida - posicionamento e assentamento mecanizado","un",860.09]
[3009083,"Dormente de madeira para ponte, bitola métrica ou larga, para TR68, fixação rígida - posicionamento e assentamento mecanizado","un",898.18]
[3009084,"Dormente de madeira para ponte, bitola métrica ou larga, para UIC60, fixação rígida - posicionamento e assentamento mecanizado","un",932.94]
[3009070,"Dormente de madeira, bitola larga ou mista - posicionamento manual","un",490.46]
[3009285,"Dormente de madeira, bitola larga ou mista, taxa de dormentação de 1.667 un/km - posicionamento mecanizado com carregadeira","km",797601.46]
[3009072,"Dormente de madeira, bitola larga ou mista, taxa de dormentação de 1.750 un/km - posicionamento mecanizado com carregadeira","km",837315.12]
[3009069,"Dormente de madeira, bitola métrica - posicionamento manual","un",262.2]
[3009284,"Dormente de madeira, bitola métrica, taxa de dormentação de 1.667 un/km - posicionamento mecanizado com carregadeira","km",421966.74]
[3009071,"Dormente de madeira, bitola métrica, taxa de dormentação de 1.750 un/km - posicionamento mecanizado com carregadeira","km",442977.53]
[3009091,"Lançamento de lastro, 10 cm de altura, primeiro levante, descarga de pedra britada de caminhões","m³",199.52]
[3009058,"Lubrificador de trilhos e de flanges de rodas","un",92745.77]
[3009229,"Posicionamento mecanizado de trilhos","km",211.21]
[3009132,"Pré-alinhamento manual da grade com dormente de madeira","km",1315.37]
[3009133,"Pré-alinhamento mecanizado da grade","km",1881.54]
[3009321,"Solda aluminotérmica para TR45 com cadinho descartável, executada no campo, para formação de trilho longo soldado (TLS)","un",1586.22]
[3009322,"Solda aluminotérmica para TR57 com cadinho descartável, executada no campo, para formação de trilho longo soldado (TLS)","un",1582.24]
[3009323,"Solda aluminotérmica para TR68 com cadinho descartável, executada no campo, para formação de trilho longo soldado (TLS)","un",1651.97]
[3009324,"Solda aluminotérmica para UIC60 com cadinho descartável, executada no campo, para formação de trilho longo soldado (TLS)","un",1599.58]
[3009096,"Solda elétrica por caldeamento para qualquer perfil de trilho, comprimento de 12 m, em estaleiro para formação de trilho longo soldado","un",275.83999999999997]
[3009330,"Solda elétrica por caldeamento para trilho TR45, comprimento de até 24 m, em via com dormente de concreto para formação de barra ou trilho longo soldado","un",225.47]
[3009326,"Solda elétrica por caldeamento para trilho TR45, comprimento de até 24 m, em via com dormente de madeira para formação de barra ou trilho longo soldado","un",231.62]
[3009234,"Trilho TR45, comprimento de 12 m, sobre dormente de concreto, bitola métrica ou larga, taxa de dormentação de 1.667 un/km, tala de junção de 6 furos e fixação elástica Pandrol - posicionamento e assentamento manual","km",1106003.76]
[3009022,"Trilho TR45, comprimento de 12 m, sobre dormente de concreto, bitola métrica ou larga, taxa de dormentação de 1.750 un/km, tala de junção de 6 furos e fixação elástica Pandrol - posicionamento e assentamento manual","km",1112700.8899999999]
[3009230,"Trilho TR45, comprimento de 12 m, sobre dormente de concreto, bitola mista, taxa de dormentação de 1.667 un/km, tala de junção de 6 furos e fixação elástica Pandrol - posicionamento e assentamento manual","km",1659170.19]
[3009018,"Trilho TR45, comprimento de 12 m, sobre dormente de concreto, bitola mista, taxa de dormentação de 1.750 un/km, tala de junção de 6 furos e fixação elástica Pandrol - posicionamento e assentamento manual","km",1669215.89]
[3009288,"Trilho TR45, comprimento de 12 m, sobre dormente de madeira, bitola métrica ou larga, taxa de dormentação de 1.667 un/km, tala de junção de 6 furos e fixação rígida - posicionamento e assentamento manual","km",1406451.21]
[3009013,"Trilho TR45, comprimento de 12 m, sobre dormente de madeira, bitola métrica ou larga, taxa de dormentação de 1.750 un/km, tala de junção de 6 furos e fixação rígida - posicionamento e assentamento manual","km",1427890.25]
[3009292,"Trilho TR45, comprimento de 12 m, sobre dormente de madeira, bitola mista, taxa de dormentação de 1.667 un/km, tala de junção de 6 furos e fixação rígida - posicionamento e assentamento manual","km",2109679.54]
[3009225,"Trilho TR45, comprimento de 12 m, sobre dormente de madeira, bitola mista, taxa de dormentação de 1.750 un/km, tala de junção de 6 furos e fixação rígida - posicionamento e assentamento manual","km",2141838.2599999998]
[3009100,"Trilho TR45, comprimento de 120 m (TLS), formado por trilhos curtos de 12 m soldados por caldeamento - confecção em estaleiro","un",50050.98]
[3009238,"Trilho TR45, comprimento de 120 m (TLS), sobre dormente de concreto, bitola métrica ou larga, taxa de dormentação de 1.667 un/km, tala de junção de 6 furos e fixação elástica Pandrol - posicionamento e assentamento mecanizado","km",989835.05]
[3009304,"Trilho TR45, comprimento de 120 m (TLS), sobre dormente de concreto, bitola mista, taxa de dormentação de 1.667 un/km, tala de junção de 6 furos e fixação elástica Pandrol - posicionamento e assentamento mecanizado","km",1484646.8]
[3009030,"Trilho TR45, comprimento de 120 m (TLS), sobre dormente de concreto, bitola mista, taxa de dormentação de 1.750 un/km, tala de junção de 6 furos e fixação elástica Pandrol - posicionamento e assentamento mecanizado","km",1494684.46]
[3009254,"Trilho TR45, comprimento de 120 m (TLS), sobre dormente de madeira, bitola métrica ou larga, taxa de dormentação de 1.667 un/km, tala de junção de 6 furos e fixação elástica Pandrol - posicionamento e assentamento mecanizado","km",1488411.35]
[3009262,"Trilho TR45, comprimento de 120 m (TLS), sobre dormente de madeira, bitola métrica ou larga, taxa de dormentação de 1.667 un/km, tala de junção de 6 furos e fixação rígida - posicionamento e assentamento mecanizado","km",1288783.04]
[3009034,"Trilho TR45, comprimento de 120 m (TLS), sobre dormente de madeira, bitola métrica ou larga, taxa de dormentação de 1.750 un/km, tala de junção de 6 furos e fixação elástica Pandrol - posicionamento e assentamento mecanizado","km",1520212.44]
[3009042,"Trilho TR45, comprimento de 120 m (TLS), sobre dormente de madeira, bitola métrica ou larga, taxa de dormentação de 1.750 un/km, tala de junção de 6 furos e fixação rígida - posicionamento e assentamento mecanizado","km",1310644.47]
[3009270,"Trilho TR45, comprimento de 120 m (TLS), sobre dormente de madeira, bitola mista, taxa de dormentação de 1.667 un/km, tala de junção de 6 furos e fixação elástica Pandrol - posicionamento e assentamento mecanizado","km",2233305.7000000002]
[3009050,"Trilho TR45, comprimento de 120 m (TLS), sobre dormente de madeira, bitola mista, taxa de dormentação de 1.750 un/km, tala de junção de 6 furos e fixação elástica Pandrol - posicionamento e assentamento mecanizado","km",2281047.37]
[3009101,"Trilho TR45, comprimento de 240 m (TLS), formado por trilhos curtos de 12 m soldados por caldeamento - confecção em estaleiro","un",100377.79]
[3009246,"Trilho TR45, comprimento de 240 m (TLS), sobre dormente de concreto, bitola métrica ou larga, taxa de dormentação de 1.667 un/km, tala de junção de 6 furos e fixação elástica Pandrol - posicionamento e assentamento mecanizado","km",983839.36]
[3009208,"Trilho TR45, comprimento de 240 m (TLS), sobre dormente de concreto, bitola métrica ou larga, taxa de dormentação de 1.750 un/km, tala de junção de 6 furos e fixação elástica Pandrol - posicionamento e assentamento mecanizado","km",990531.34]
[3009308,"Trilho TR45, comprimento de 240 m (TLS), sobre dormente de concreto, bitola mista, taxa de dormentação de 1.667 un/km, tala de junção de 6 furos e fixação elástica Pandrol - posicionamento e assentamento mecanizado","km",1475653.94]
[3009212,"Trilho TR45, comprimento de 240 m (TLS), sobre dormente de concreto, bitola mista, taxa de dormentação de 1.750 un/km, tala de junção de 6 furos e fixação elástica Pandrol - posicionamento e assentamento mecanizado","km",1485691.91]
[3009258,"Trilho TR45, comprimento de 240 m (TLS), sobre dormente de madeira, bitola métrica ou larga, taxa de dormentação de 1.667 un/km, tala de junção de 6 furos e fixação elástica Pandrol - posicionamento e assentamento mecanizado","km",1482475.97]
[3009266,"Trilho TR45, comprimento de 240 m (TLS), sobre dormente de madeira, bitola métrica ou larga, taxa de dormentação de 1.667 un/km, tala de junção de 6 furos e fixação rígida - posicionamento e assentamento mecanizado","km",1282847.67]
[3009038,"Trilho TR45, comprimento de 240 m (TLS), sobre dormente de madeira, bitola métrica ou larga, taxa de dormentação de 1.750 un/km, tala de junção de 6 furos e fixação elástica Pandrol - posicionamento e assentamento mecanizado","km",1514277.07]
[3009046,"Trilho TR45, comprimento de 240 m (TLS), sobre dormente de madeira, bitola métrica ou larga, taxa de dormentação de 1.750 un/km, tala de junção de 6 furos e fixação rígida - posicionamento e assentamento mecanizado","km",1304709.1000000001]
[3009274,"Trilho TR45, comprimento de 240 m (TLS), sobre dormente de madeira, bitola mista, taxa de dormentação de 1.667 un/km, tala de junção de 6 furos e fixação elástica Pandrol - posicionamento e assentamento mecanizado","km",2224403.4]
[3009054,"Trilho TR45, comprimento de 240 m (TLS), sobre dormente de madeira, bitola mista, taxa de dormentação de 1.750 un/km, tala de junção de 6 furos e fixação elástica Pandrol - posicionamento e assentamento mecanizado","km",2272145.08]
[3009235,"Trilho TR57, comprimento de 12 m, sobre dormente de concreto, bitola métrica ou larga, taxa de dormentação de 1.667 un/km, tala de junção de 6 furos e fixação elástica Pandrol - posicionamento e assentamento manual","km",1450664.45]
[3009023,"Trilho TR57, comprimento de 12 m, sobre dormente de concreto, bitola métrica ou larga, taxa de dormentação de 1.750 un/km, tala de junção de 6 furos e fixação elástica Pandrol - posicionamento e assentamento manual","km",1457142.35]
[3009231,"Trilho TR57, comprimento de 12 m, sobre dormente de concreto, bitola mista, taxa de dormentação de 1.667 un/km, tala de junção de 6 furos e fixação elástica Pandrol - posicionamento e assentamento manual","km",2174152.71]
[3009019,"Trilho TR57, comprimento de 12 m, sobre dormente de concreto, bitola mista, taxa de dormentação de 1.750 un/km, tala de junção de 6 furos e fixação elástica Pandrol - posicionamento e assentamento manual","km",2186371.37]
[3009289,"Trilho TR57, comprimento de 12 m, sobre dormente de madeira, bitola métrica ou larga, taxa de dormentação de 1.667 un/km, tala de junção de 6 furos e fixação rígida - posicionamento e assentamento manual","km",1890266.59]
[3009014,"Trilho TR57, comprimento de 12 m, sobre dormente de madeira, bitola métrica ou larga, taxa de dormentação de 1.750 un/km, tala de junção de 6 furos e fixação rígida - posicionamento e assentamento manual","km",1918938.88]
[3009293,"Trilho TR57, comprimento de 12 m, sobre dormente de madeira, bitola mista, taxa de dormentação de 1.667 un/km, tala de junção de 6 furos e fixação rígida - posicionamento e assentamento manual","km",2835402.7]
[3009226,"Trilho TR57, comprimento de 12 m, sobre dormente de madeira, bitola mista, taxa de dormentação de 1.750 un/km, tala de junção de 6 furos e fixação rígida - posicionamento e assentamento manual","km",2878411.42]
[3009102,"Trilho TR57, comprimento de 120 m (TLS), formado por trilhos curtos de 12 m soldados por caldeamento - confecção em estaleiro","un",69963.72]
[3009297,"Trilho TR57, comprimento de 120 m (TLS), sobre dormente de concreto, bitola métrica ou larga, taxa de dormentação de 1.667 un/km, tala de junção de 6 furos e fixação elástica Pandrol - posicionamento e assentamento mecanizado","km",1322893.8500000001]
[3009027,"Trilho TR57, comprimento de 120 m (TLS), sobre dormente de concreto, bitola métrica ou larga, taxa de dormentação de 1.750 un/km, tala de junção de 6 furos e fixação elástica Pandrol - posicionamento e assentamento mecanizado","km",1329585.74]
[3009305,"Trilho TR57, comprimento de 120 m (TLS), sobre dormente de concreto, bitola mista, taxa de dormentação de 1.667 un/km, tala de junção de 6 furos e fixação elástica Pandrol - posicionamento e assentamento mecanizado","km",1984234.9]
[3009031,"Trilho TR57, comprimento de 120 m (TLS), sobre dormente de concreto, bitola mista, taxa de dormentação de 1.750 un/km, tala de junção de 6 furos e fixação elástica Pandrol - posicionamento e assentamento mecanizado","km",1994272.56]
[3009255,"Trilho TR57, comprimento de 120 m (TLS), sobre dormente de madeira, bitola métrica ou larga, taxa de dormentação de 1.667 un/km, tala de junção de 6 furos e fixação elástica Pandrol - posicionamento e assentamento mecanizado","km",1897365.24]
[3009263,"Trilho TR57, comprimento de 120 m (TLS), sobre dormente de madeira, bitola métrica ou larga, taxa de dormentação de 1.667 un/km, tala de junção de 6 furos e fixação rígida - posicionamento e assentamento mecanizado","km",1761280.47]
[3009035,"Trilho TR57, comprimento de 120 m (TLS), sobre dormente de madeira, bitola métrica ou larga, taxa de dormentação de 1.750 un/km, tala de junção de 6 furos e fixação elástica Pandrol - posicionamento e assentamento mecanizado","km",1932945.16]
[3009043,"Trilho TR57, comprimento de 120 m (TLS), sobre dormente de madeira, bitola métrica ou larga, taxa de dormentação de 1.750 un/km, tala de junção de 6 furos e fixação rígida - posicionamento e assentamento mecanizado","km",1790084.56]
[3009271,"Trilho TR57, comprimento de 120 m (TLS), sobre dormente de madeira, bitola mista, taxa de dormentação de 1.667 un/km, tala de junção de 6 furos e fixação elástica Pandrol - posicionamento e assentamento mecanizado","km",2846736.44]
[3009051,"Trilho TR57, comprimento de 120 m (TLS), sobre dormente de madeira, bitola mista, taxa de dormentação de 1.750 un/km, tala de junção de 6 furos e fixação elástica Pandrol - posicionamento e assentamento mecanizado","km",2900146.34]
[3009103,"Trilho TR57, comprimento de 240 m (TLS), formado por trilhos curtos de 12 m soldados por caldeamento - confecção em estaleiro","un",140203.29]
[3009247,"Trilho TR57, comprimento de 240 m (TLS), sobre dormente de concreto, bitola métrica ou larga, taxa de dormentação de 1.667 un/km, tala de junção de 6 furos e fixação elástica Pandrol - posicionamento e assentamento mecanizado","km",1316308.32]
[3009209,"Trilho TR57, comprimento de 240 m (TLS), sobre dormente de concreto, bitola métrica ou larga, taxa de dormentação de 1.750 un/km, tala de junção de 6 furos e fixação elástica Pandrol - posicionamento e assentamento mecanizado","km",1323000.29]
[3009309,"Trilho TR57, comprimento de 240 m (TLS), sobre dormente de concreto, bitola mista, taxa de dormentação de 1.667 un/km, tala de junção de 6 furos e fixação elástica Pandrol - posicionamento e assentamento mecanizado","km",1974357.58]
[3009213,"Trilho TR57, comprimento de 240 m (TLS), sobre dormente de concreto, bitola mista, taxa de dormentação de 1.750 un/km, tala de junção de 6 furos e fixação elástica Pandrol - posicionamento e assentamento mecanizado","km",1984395.54]
[3009259,"Trilho TR57, comprimento de 240 m (TLS), sobre dormente de madeira, bitola métrica ou larga, taxa de dormentação de 1.667 un/km, tala de junção de 6 furos e fixação elástica Pandrol - posicionamento e assentamento mecanizado","km",1890840.02]
[3009267,"Trilho TR57, comprimento de 240 m (TLS), sobre dormente de madeira, bitola métrica ou larga, taxa de dormentação de 1.667 un/km, tala de junção de 6 furos e fixação rígida - posicionamento e assentamento mecanizado","km",1754755.25]
[3009039,"Trilho TR57, comprimento de 240 m (TLS), sobre dormente de madeira, bitola métrica ou larga, taxa de dormentação de 1.750 un/km, tala de junção de 6 furos e fixação elástica Pandrol - posicionamento e assentamento mecanizado","km",1926419.94]
[3009047,"Trilho TR57, comprimento de 240 m (TLS), sobre dormente de madeira, bitola métrica ou larga, taxa de dormentação de 1.750 un/km, tala de junção de 6 furos e fixação rígida - posicionamento e assentamento mecanizado","km",1783559.34]
[3009275,"Trilho TR57, comprimento de 240 m (TLS), sobre dormente de madeira, bitola mista, taxa de dormentação de 1.667 un/km, tala de junção de 6 furos e fixação elástica Pandrol - posicionamento e assentamento mecanizado","km",2836949.68]
[3009055,"Trilho TR57, comprimento de 240 m (TLS), sobre dormente de madeira, bitola mista, taxa de dormentação de 1.750 un/km, tala de junção de 6 furos e fixação elástica Pandrol - posicionamento e assentamento mecanizado","km",2890359.58]
[3009236,"Trilho TR68, comprimento de 12 m, sobre dormente de concreto, bitola métrica ou larga, taxa de dormentação de 1.667 un/km, tala de junção de 6 furos e fixação elástica Pandrol - posicionamento e assentamento manual","km",1765385.06]
[3009024,"Trilho TR68, comprimento de 12 m, sobre dormente de concreto, bitola métrica ou larga, taxa de dormentação de 1.750 un/km, tala de junção de 6 furos e fixação elástica Pandrol - posicionamento e assentamento manual","km",1770238.09]
[3009232,"Trilho TR68, comprimento de 12 m, sobre dormente de concreto, bitola mista, taxa de dormentação de 1.667 un/km, tala de junção de 6 furos e fixação elástica Pandrol - posicionamento e assentamento manual","km",2644015.5499999998]
[3009020,"Trilho TR68, comprimento de 12 m, sobre dormente de concreto, bitola mista, taxa de dormentação de 1.750 un/km, tala de junção de 6 furos e fixação elástica Pandrol - posicionamento e assentamento manual","km",2653677.6]
[3009290,"Trilho TR68, comprimento de 12 m, sobre dormente de madeira, bitola métrica ou larga, taxa de dormentação de 1.667 un/km, tala de junção de 6 furos e fixação rígida - posicionamento e assentamento manual","km",2266849.5299999998]
[3009015,"Trilho TR68, comprimento de 12 m, sobre dormente de madeira, bitola métrica ou larga, taxa de dormentação de 1.750 un/km, tala de junção de 6 furos e fixação rígida - posicionamento e assentamento manual","km",2298682.85]
[3009294,"Trilho TR68, comprimento de 12 m, sobre dormente de madeira, bitola mista, taxa de dormentação de 1.667 un/km, tala de junção de 6 furos e fixação rígida - posicionamento e assentamento manual","km",3400277.11]
[3009227,"Trilho TR68, comprimento de 12 m, sobre dormente de madeira, bitola mista, taxa de dormentação de 1.750 un/km, tala de junção de 6 furos e fixação rígida - posicionamento e assentamento manual","km",3448027.37]
[3009104,"Trilho TR68, comprimento de 120 m (TLS), formado por trilhos curtos de 12 m soldados por caldeamento - confecção em estaleiro","un",86671.83]
[3009240,"Trilho TR68, comprimento de 120 m (TLS), sobre dormente de concreto, bitola métrica ou larga, taxa de dormentação de 1.667 un/km, tala de junção de 6 furos e fixação elástica Pandrol - posicionamento e assentamento mecanizado","km",1604709.16]
[3009028,"Trilho TR68, comprimento de 120 m (TLS), sobre dormente de concreto, bitola métrica ou larga, taxa de dormentação de 1.750 un/km, tala de junção de 6 furos e fixação elástica Pandrol - posicionamento e assentamento mecanizado","km",1611401.05]
[3009306,"Trilho TR68, comprimento de 120 m (TLS), sobre dormente de concreto, bitola mista, taxa de dormentação de 1.667 un/km, tala de junção de 6 furos e fixação elástica Pandrol - posicionamento e assentamento mecanizado","km",2406957.79]
[3009032,"Trilho TR68, comprimento de 120 m (TLS), sobre dormente de concreto, bitola mista, taxa de dormentação de 1.750 un/km, tala de junção de 6 furos e fixação elástica Pandrol - posicionamento e assentamento mecanizado","km",2416995.44]
[3009256,"Trilho TR68, comprimento de 120 m (TLS), sobre dormente de madeira, bitola métrica ou larga, taxa de dormentação de 1.667 un/km, tala de junção de 6 furos e fixação elástica Pandrol - posicionamento e assentamento mecanizado","km",2223331.7999999998]
[3009264,"Trilho TR68, comprimento de 120 m (TLS), sobre dormente de madeira, bitola métrica ou larga, taxa de dormentação de 1.667 un/km, tala de junção de 6 furos e fixação rígida - posicionamento e assentamento mecanizado","km",2106582.98]
[3009036,"Trilho TR68, comprimento de 120 m (TLS), sobre dormente de madeira, bitola métrica ou larga, taxa de dormentação de 1.750 un/km, tala de junção de 6 furos e fixação elástica Pandrol - posicionamento e assentamento mecanizado","km",2261110.0099999998]
[3009044,"Trilho TR68, comprimento de 120 m (TLS), sobre dormente de madeira, bitola métrica ou larga, taxa de dormentação de 1.750 un/km, tala de junção de 6 furos e fixação rígida - posicionamento e assentamento mecanizado","km",2138548.09]
[3009272,"Trilho TR68, comprimento de 120 m (TLS), sobre dormente de madeira, bitola mista, taxa de dormentação de 1.667 un/km, tala de junção de 6 furos e fixação elástica Pandrol - posicionamento e assentamento mecanizado","km",3335686.2]
[3009052,"Trilho TR68, comprimento de 120 m (TLS), sobre dormente de madeira, bitola mista, taxa de dormentação de 1.750 un/km, tala de junção de 6 furos e fixação elástica Pandrol - posicionamento e assentamento mecanizado","km",3392393.54]
[3009105,"Trilho TR68, comprimento de 240 m (TLS), formado por trilhos curtos de 12 m soldados por caldeamento - confecção em estaleiro","un",173619.49]
[3009248,"Trilho TR68, comprimento de 240 m (TLS), sobre dormente de concreto, bitola métrica ou larga, taxa de dormentação de 1.667 un/km, tala de junção de 6 furos e fixação elástica Pandrol - posicionamento e assentamento mecanizado","km",1596454.04]
[3009210,"Trilho TR68, comprimento de 240 m (TLS), sobre dormente de concreto, bitola métrica ou larga, taxa de dormentação de 1.750 un/km, tala de junção de 6 furos e fixação elástica Pandrol - posicionamento e assentamento mecanizado","km",1603146.02]
[3009310,"Trilho TR68, comprimento de 240 m (TLS), sobre dormente de concreto, bitola mista, taxa de dormentação de 1.667 un/km, tala de junção de 6 furos e fixação elástica Pandrol - posicionamento e assentamento mecanizado","km",2394576.33]
[3009214,"Trilho TR68, comprimento de 240 m (TLS), sobre dormente de concreto, bitola mista, taxa de dormentação de 1.750 un/km, tala de junção de 6 furos e fixação elástica Pandrol - posicionamento e assentamento mecanizado","km",2404614.29]
[3009260,"Trilho TR68, comprimento de 240 m (TLS), sobre dormente de madeira, bitola métrica ou larga, taxa de dormentação de 1.667 un/km, tala de junção de 6 furos e fixação elástica Pandrol - posicionamento e assentamento mecanizado","km",2215136.9900000002]
[3009268,"Trilho TR68, comprimento de 240 m (TLS), sobre dormente de madeira, bitola métrica ou larga, taxa de dormentação de 1.667 un/km, tala de junção de 6 furos e fixação rígida - posicionamento e assentamento mecanizado","km",2098388.17]
[3009040,"Trilho TR68, comprimento de 240 m (TLS), sobre dormente de madeira, bitola métrica ou larga, taxa de dormentação de 1.750 un/km, tala de junção de 6 furos e fixação elástica Pandrol - posicionamento e assentamento mecanizado","km",2252915.2000000002]
[3009048,"Trilho TR68, comprimento de 240 m (TLS), sobre dormente de madeira, bitola métrica ou larga, taxa de dormentação de 1.750 un/km, tala de junção de 6 furos e fixação rígida - posicionamento e assentamento mecanizado","km",2130353.29]
[3009276,"Trilho TR68, comprimento de 240 m (TLS), sobre dormente de madeira, bitola mista, taxa de dormentação de 1.667 un/km, tala de junção de 6 furos e fixação elástica Pandrol - posicionamento e assentamento mecanizado","km",3323395.29]
[3009056,"Trilho TR68, comprimento de 240 m (TLS), sobre dormente de madeira, bitola mista, taxa de dormentação de 1.750 un/km, tala de junção de 6 furos e fixação elástica Pandrol - posicionamento e assentamento mecanizado","km",3380102.63]
[3009237,"Trilho UIC60, comprimento de 12 m, sobre dormente de concreto, bitola métrica ou larga, taxa de dormentação de 1.667 un/km, tala de junção de 6 furos e fixação elástica Pandrol - posicionamento e assentamento manual","km",1594663.34]
[3009025,"Trilho UIC60, comprimento de 12 m, sobre dormente de concreto, bitola métrica ou larga, taxa de dormentação de 1.750 un/km, tala de junção de 6 furos e fixação elástica Pandrol - posicionamento e assentamento manual","km",1599625.98]
[3009319,"Trilho UIC60, comprimento de 12 m, sobre dormente de concreto, bitola mista, taxa de dormentação de 1.667 un/km, tala de junção de 6 furos e fixação elástica Pandrol - posicionamento e assentamento manual","km",2390051.12]
[3009021,"Trilho UIC60, comprimento de 12 m, sobre dormente de concreto, bitola mista, taxa de dormentação de 1.750 un/km, tala de junção de 6 furos e fixação elástica Pandrol - posicionamento e assentamento manual","km",2397814.2400000002]
[3009291,"Trilho UIC60, comprimento de 12 m, sobre dormente de madeira, bitola métrica ou larga, taxa de dormentação de 1.667 un/km, tala de junção de 6 furos e fixação rígida - posicionamento e assentamento manual","km",2154084.14]
[3009016,"Trilho UIC60, comprimento de 12 m, sobre dormente de madeira, bitola métrica ou larga, taxa de dormentação de 1.750 un/km, tala de junção de 6 furos e fixação rígida - posicionamento e assentamento manual","km",2188803.11]
[3009295,"Trilho UIC60, comprimento de 12 m, sobre dormente de madeira, bitola mista, taxa de dormentação de 1.667 un/km, tala de junção de 6 furos e fixação rígida - posicionamento e assentamento manual","km",3231129.03]
[3009228,"Trilho UIC60, comprimento de 12 m, sobre dormente de madeira, bitola mista, taxa de dormentação de 1.750 un/km, tala de junção de 6 furos e fixação rígida - posicionamento e assentamento manual","km",3283207.77]
[3009106,"Trilho UIC60, comprimento de 120 m (TLS), formado por trilhos curtos de 12 m soldados por caldeamento - confecção em estaleiro","un",77674.69]
[3009299,"Trilho UIC60, comprimento de 120 m (TLS), sobre dormente de concreto, bitola métrica ou larga, taxa de dormentação de 1.667 un/km, tala de junção de 6 furos e fixação elástica Pandrol - posicionamento e assentamento mecanizado","km",1452753.83]
[3009029,"Trilho UIC60, comprimento de 120 m (TLS), sobre dormente de concreto, bitola métrica ou larga, taxa de dormentação de 1.750 un/km, tala de junção de 6 furos e fixação elástica Pandrol - posicionamento e assentamento mecanizado","km",1459445.72]
[3009245,"Trilho UIC60, comprimento de 120 m (TLS), sobre dormente de concreto, bitola mista, taxa de dormentação de 1.667 un/km, tala de junção de 6 furos e fixação elástica Pandrol - posicionamento e assentamento mecanizado","km",2179024.84]
[3009033,"Trilho UIC60, comprimento de 120 m (TLS), sobre dormente de concreto, bitola mista, taxa de dormentação de 1.750 un/km, tala de junção de 6 furos e fixação elástica Pandrol - posicionamento e assentamento mecanizado","km",2189062.4900000002]
[3009257,"Trilho UIC60, comprimento de 120 m (TLS), sobre dormente de madeira, bitola métrica ou larga, taxa de dormentação de 1.667 un/km, tala de junção de 6 furos e fixação elástica Pandrol - posicionamento e assentamento mecanizado","km",2057144.03]
[3009265,"Trilho UIC60, comprimento de 120 m (TLS), sobre dormente de madeira, bitola métrica ou larga, taxa de dormentação de 1.667 un/km, tala de junção de 6 furos e fixação rígida - posicionamento e assentamento mecanizado","km",2012583.98]
[3009037,"Trilho UIC60, comprimento de 120 m (TLS), sobre dormente de madeira, bitola métrica ou larga, taxa de dormentação de 1.750 un/km, tala de junção de 6 furos e fixação elástica Pandrol - posicionamento e assentamento mecanizado","km",2094213.61]
[3009045,"Trilho UIC60, comprimento de 120 m (TLS), sobre dormente de madeira, bitola métrica ou larga, taxa de dormentação de 1.750 un/km, tala de junção de 6 furos e fixação rígida - posicionamento e assentamento mecanizado","km",2047434.75]
[3009273,"Trilho UIC60, comprimento de 120 m (TLS), sobre dormente de madeira, bitola mista, taxa de dormentação de 1.667 un/km, tala de junção de 6 furos e fixação elástica Pandrol - posicionamento e assentamento mecanizado","km",3086404.6]
[3009053,"Trilho UIC60, comprimento de 120 m (TLS), sobre dormente de madeira, bitola mista, taxa de dormentação de 1.750 un/km, tala de junção de 6 furos e fixação elástica Pandrol - posicionamento e assentamento mecanizado","km",3142048.99]
[3009107,"Trilho UIC60, comprimento de 240 m (TLS), formado por trilhos curtos de 12 m soldados por caldeamento - confecção em estaleiro","un",155625.22]
[3009249,"Trilho UIC60, comprimento de 240 m (TLS), sobre dormente de concreto, bitola métrica ou larga, taxa de dormentação de 1.667 un/km, tala de junção de 6 furos e fixação elástica Pandrol - posicionamento e assentamento mecanizado","km",1445501.65]
[3009211,"Trilho UIC60, comprimento de 240 m (TLS), sobre dormente de concreto, bitola métrica ou larga, taxa de dormentação de 1.750 un/km, tala de junção de 6 furos e fixação elástica Pandrol - posicionamento e assentamento mecanizado","km",1452193.63]
[3009253,"Trilho UIC60, comprimento de 240 m (TLS), sobre dormente de concreto, bitola mista, taxa de dormentação de 1.667 un/km, tala de junção de 6 furos e fixação elástica Pandrol - posicionamento e assentamento mecanizado","km",2168147.66]
[3009215,"Trilho UIC60, comprimento de 240 m (TLS), sobre dormente de concreto, bitola mista, taxa de dormentação de 1.750 un/km, tala de junção de 6 furos e fixação elástica Pandrol - posicionamento e assentamento mecanizado","km",2178185.62]
[3009261,"Trilho UIC60, comprimento de 240 m (TLS), sobre dormente de madeira, bitola métrica ou larga, taxa de dormentação de 1.667 un/km, tala de junção de 6 furos e fixação elástica Pandrol - posicionamento e assentamento mecanizado","km",2049952.18]
[3009269,"Trilho UIC60, comprimento de 240 m (TLS), sobre dormente de madeira, bitola métrica ou larga, taxa de dormentação de 1.667 un/km, tala de junção de 6 furos e fixação rígida - posicionamento e assentamento mecanizado","km",2005392.13]
[3009041,"Trilho UIC60, comprimento de 240 m (TLS), sobre dormente de madeira, bitola métrica ou larga, taxa de dormentação de 1.750 un/km, tala de junção de 6 furos e fixação elástica Pandrol - posicionamento e assentamento mecanizado","km",2087021.75]
[3009049,"Trilho UIC60, comprimento de 240 m (TLS), sobre dormente de madeira, bitola métrica ou larga, taxa de dormentação de 1.750 un/km, tala de junção de 6 furos e fixação rígida - posicionamento e assentamento mecanizado","km",2040242.89]
[3009277,"Trilho UIC60, comprimento de 240 m (TLS), sobre dormente de madeira, bitola mista, taxa de dormentação de 1.667 un/km, tala de junção de 6 furos e fixação elástica Pandrol - posicionamento e assentamento mecanizado","km",3075617.98]
[3009057,"Trilho UIC60, comprimento de 240 m (TLS), sobre dormente de madeira, bitola mista, taxa de dormentação de 1.750 un/km, tala de junção de 6 furos e fixação elástica Pandrol - posicionamento e assentamento mecanizado","km",3131262.37]
[3108073,"Confecção de fôrma metálica em chapa 1/8\" para poita trapezoidal","m²",341.07]
[3107965,"Confecção de forma metálica em chapa 3/16\" para poita trapezoidal","m²",551.09]
[3105941,"Fôrma em chapa metálica 1/8\" para cabeça de tirantes - utilização de 50 vezes - confecção, instalação e retirada","m²",28.73]
[3108150,"Fôrma metálica curva em chapa 3/16\" reforçada com nervuras de 40 mm x 3/16\" dispostas em grelhas de 40 x 60 cm - utilização de 100 vezes - confecção, instalação e retirada","m²",18.78]
[3108071,"Fôrma metálica em chapa 1/8\" para poita trapezoidal - utilização de 50 vezes - montagem, instalação e retirada","m²",13.61]
[3107967,"Fôrma metálica em chapa 1/8\" reforçada com nervuras de 40 mm x 1/8\" dispostas em grelhas de 40 x 60 cm - utilização de 100 vezes - confecção, instalação e retirada","m²",10.41]
[3107966,"Fôrma metálica em chapa 3/16\" para poita trapezoidal - utilização de 50 vezes - montagem, instalação e retirada","m²",26.67]
[3108072,"Fôrma metálica em chapa 3/16\" reforçada com nervuras de 40 mm x 3/16\" dispostas em grelhas de 40 x 60 cm - utilização de 100 vezes - confecção, instalação e retirada","m²",15.35]
[3117750,"Fôrma metálica para aduelas de bueiros celulares de concreto pré-moldados - utilização de 100 vezes - confecção, instalação e retirada","m²",18.29]
[3117749,"Fôrma metálica para guarda-corpo de concreto - utilização de 50 vezes - confecção","m²",15.32]
[3107964,"Fôrma metálica para pavimento de concreto - utilização de 100 vezes - confecção, instalação e retirada","m²",15.99]
[3106551,"Fôrma metálica para tetrápode - utilização de 100 vezes - confecção, instalação e retirada","m²",11.38]
[3106427,"Fôrma metálica para viga de concreto pré-moldada protendida para OAE - utilização de 20 vezes - confecção, instalação e retirada","m²",40.75]
[3106552,"Fôrma metálica para Xbloc - utilização de 100 vezes - confecção, instalação e retirada","m²",10.63]
[3107969,"Fôrmas curvas de compensado plastificado 10 mm - uso geral - utilização de 2 vezes - confecção, instalação e retirada","m²",136.86000000000001]
[3107970,"Fôrmas curvas de compensado resinado 10 mm - uso geral - utilização de 2 vezes - confecção, instalação e retirada","m²",130.93]
[3108007,"Fôrmas de compensado plastificado 10 mm - uso geral - utilização de 1 vez - confecção, instalação e retirada","m²",167.39]
[3108008,"Fôrmas de compensado plastificado 10 mm - uso geral - utilização de 2 vezes - confecção, instalação e retirada","m²",106.59]
[3108009,"Fôrmas de compensado plastificado 10 mm - uso geral - utilização de 3 vezes - confecção, instalação e retirada","m²",87.8]
[3108011,"Fôrmas de compensado plastificado 12 mm - uso geral - utilização de 1 vez - confecção, instalação e retirada","m²",175.47]
[3108012,"Fôrmas de compensado plastificado 12 mm - uso geral - utilização de 2 vezes - confecção, instalação e retirada","m²",110.83]
[3108013,"Fôrmas de compensado plastificado 12 mm - uso geral - utilização de 3 vezes - confecção, instalação e retirada","m²",90.77]
[3108015,"Fôrmas de compensado plastificado 14 mm - uso geral - utilização de 1 vez - confecção, instalação e retirada","m²",186.44]
[3108016,"Fôrmas de compensado plastificado 14 mm - uso geral - utilização de 2 vezes - confecção, instalação e retirada","m²",116.59]
[3108017,"Fôrmas de compensado plastificado 14 mm - uso geral - utilização de 3 vezes - confecção, instalação e retirada","m²",94.8]
[3107995,"Fôrmas de compensado resinado 10 mm - uso geral - utilização de 1 vez - confecção, instalação e retirada","m²",156.97]
[3107996,"Fôrmas de compensado resinado 10 mm - uso geral - utilização de 2 vezes - confecção, instalação e retirada","m²",101.16]
[3107997,"Fôrmas de compensado resinado 10 mm - uso geral - utilização de 3 vezes - confecção, instalação e retirada","m²",84.04]
[3107999,"Fôrmas de compensado resinado 12 mm - uso geral - utilização de 1 vez - confecção, instalação e retirada","m²",157.75]
[3108000,"Fôrmas de compensado resinado 12 mm - uso geral - utilização de 2 vezes - confecção, instalação e retirada","m²",101.58]
[3108001,"Fôrmas de compensado resinado 12 mm - uso geral - utilização de 3 vezes - confecção, instalação e retirada","m²",84.32]
[3108003,"Fôrmas de compensado resinado 14 mm - uso geral - utilização de 1 vez - confecção, instalação e retirada","m²",169.15]
[3108004,"Fôrmas de compensado resinado 14 mm - uso geral - utilização de 2 vezes - confecção, instalação e retirada","m²",107.56]
[3108005,"Fôrmas de compensado resinado 14 mm - uso geral - utilização de 3 vezes - confecção, instalação e retirada","m²",88.51]
[3106119,"Fôrmas de tábuas de pinho - utilização de 1 vez - confecção, instalação e retirada","m²",195.17]
[3106120,"Fôrmas de tábuas de pinho - utilização de 2 vezes - confecção, instalação e retirada","m²",128.53]
[3106121,"Fôrmas de tábuas de pinho - utilização de 3 vezes - confecção, instalação e retirada","m²",108.11]
[3103302,"Fôrmas de tábuas de pinho para dispositivos de drenagem - utilização de 3 vezes - confecção, instalação e retirada","m²",81.44]
[3103303,"Fôrmas de tábuas de pinho para drenos - utilização de 5 vezes - confecção, instalação e retirada","m²",42.39]
[3106759,"Fôrmas de tábuas de pinho para elementos estruturais dos arcos metálicos - utilização de 3 vezes - confecção, instalação e retirada","m²",130.5]
[3108023,"Guia de madeira de 2,5 x 10,0 cm - confecção e instalação","m",6.75]
[3108018,"Guia de madeira de 2,5 x 7,0 cm - confecção e instalação","m",4.88]
[3108022,"Guia de madeira de 2,5 x 8,0 cm - confecção e instalação","m",5.5]
[3205864,"Gabião caixa 2 x 1 x 0,50 m - Zn/Al + PVC - D = 2,4 mm - pedra de mão comercial - fornecimento e assentamento","m³",954.58]
[3205863,"Gabião caixa 2 x 1 x 0,50 m - Zn/Al + PVC - D = 2,4 mm - pedra de mão produzida - confecção e assentamento","m³",834.96]
[3205868,"Gabião caixa 2 x 1 x 0,50 m Zn/Al - D = 2,7 mm - pedra de mão comercial - fornecimento e assentamento","m³",820.35]
[3205867,"Gabião caixa 2 x 1 x 0,50 m Zn/Al - D = 2,7 mm - pedra de mão produzida - confecção e assentamento","m³",700.72]
[3205866,"Gabião caixa 2 x 1 x 1,00 m - Zn/Al + PVC - D = 2,4 mm - pedra de mão comercial - fornecimento e assentamento","m³",743.13]
[3205865,"Gabião caixa 2 x 1 x 1,00 m - Zn/Al + PVC - D = 2,4 mm - pedra de mão produzida - confecção e assentamento","m³",623.51]
[3205870,"Gabião caixa 2 x 1 x 1,00 m Zn/Al - D = 2,7 mm - pedra de mão comercial - fornecimento e assentamento","m³",676.65]
[3205869,"Gabião caixa 2 x 1 x 1,00 m Zn/Al - D = 2,7 mm - pedra de mão produzida - confecção e assentamento","m³",557.02]
[3205872,"Gabião colchão espessura 0,17 m - Zn/Al + PVC - D = 2,0 mm - pedra de mão comercial - fornecimento e assentamento","m²",230.45]
[3205871,"Gabião colchão espessura 0,17 m - Zn/Al + PVC - D = 2,0 mm - pedra de mão produzida - confecção e assentamento","m²",210.12]
[3205874,"Gabião colchão espessura 0,23 m - Zn/Al + PVC - D = 2,0 mm - pedra de mão comercial - fornecimento e assentamento","m²",254.34]
[3205873,"Gabião colchão espessura 0,23 m - Zn/Al + PVC - D = 2,0 mm - pedra de mão produzida - confecção e assentamento","m²",226.82]
[3205876,"Gabião colchão espessura 0,30 m - Zn/Al + PVC - D = 2,0 mm - pedra de mão comercial - fornecimento e assentamento","m²",297.57]
[3205875,"Gabião colchão espessura 0,30 m - Zn/Al + PVC - D = 2,0 mm - pedra de mão produzida - confecção e assentamento","m²",261.68]
[3205862,"Gabião saco - diâmetro = 0,65 m - Zn/Al + PVC - D = 2,4 mm - pedra de mão comercial - fornecimento e assentamento","m³",764.73]
[3205861,"Gabião saco - diâmetro = 0,65 m - Zn/Al + PVC - D = 2,4 mm - pedra de mão produzida - confecção e assentamento","m³",645.11]
[3606579,"Carga, transporte e descarga de material pétreo para molhes com o uso de batelões e escavadeira hidráulica - DMT de 0 a 300 m","m³",22.75]
[3606583,"Carga, transporte e descarga de material pétreo para molhes com o uso de batelões e escavadeira hidráulica - DMT de 1.200 a 1.500 m","m³",23.61]
[3606584,"Carga, transporte e descarga de material pétreo para molhes com o uso de batelões e escavadeira hidráulica - DMT de 1.500 a 1.800 m","m³",23.73]
[3606585,"Carga, transporte e descarga de material pétreo para molhes com o uso de batelões e escavadeira hidráulica - DMT de 1.800 a 2.100 m","m³",23.85]
[3606586,"Carga, transporte e descarga de material pétreo para molhes com o uso de batelões e escavadeira hidráulica - DMT de 2.100 a 2.400 m","m³",24.1]
[3606587,"Carga, transporte e descarga de material pétreo para molhes com o uso de batelões e escavadeira hidráulica - DMT de 2.400 a 2.700 m","m³",24.35]
[3606588,"Carga, transporte e descarga de material pétreo para molhes com o uso de batelões e escavadeira hidráulica - DMT de 2.700 a 3.000 m","m³",24.47]
[3606589,"Carga, transporte e descarga de material pétreo para molhes com o uso de batelões e escavadeira hidráulica - DMT de 3.000 m","m³",24.59]
[3606580,"Carga, transporte e descarga de material pétreo para molhes com o uso de batelões e escavadeira hidráulica - DMT de 300 a 600 m","m³",22.99]
[3606581,"Carga, transporte e descarga de material pétreo para molhes com o uso de batelões e escavadeira hidráulica - DMT de 600 a 900 m","m³",23.24]
[3606582,"Carga, transporte e descarga de material pétreo para molhes com o uso de batelões e escavadeira hidráulica - DMT de 900 a 1.200 m","m³",23.36]
[3606527,"Escavação, carga e transporte de material pétreo para a subcarapaça - caminho de serviço em leito natural - DMT de 1.000 a 1.200 m - com caminhão basculante de 8 m³","m³",50.52]
[3606528,"Escavação, carga e transporte de material pétreo para a subcarapaça - caminho de serviço em leito natural - DMT de 1.200 a 1.400 m - com caminhão basculante de 8 m³","m³",51.15]
[3606529,"Escavação, carga e transporte de material pétreo para a subcarapaça - caminho de serviço em leito natural - DMT de 1.400 a 1.600 m - com caminhão basculante de 8 m³","m³",53.93]
[3606530,"Escavação, carga e transporte de material pétreo para a subcarapaça - caminho de serviço em leito natural - DMT de 1.600 a 1.800 m - com caminhão basculante de 8 m³","m³",54.56]
[3606531,"Escavação, carga e transporte de material pétreo para a subcarapaça - caminho de serviço em leito natural - DMT de 1.800 a 2.000 m - com caminhão basculante de 8 m³","m³",55.19]
[3606532,"Escavação, carga e transporte de material pétreo para a subcarapaça - caminho de serviço em leito natural - DMT de 2.000 a 2.500 m - com caminhão basculante de 8 m³","m³",56.29]
[3606533,"Escavação, carga e transporte de material pétreo para a subcarapaça - caminho de serviço em leito natural - DMT de 2.500 a 3.000 m - com caminhão basculante de 8 m³","m³",58.19]
[3606534,"Escavação, carga e transporte de material pétreo para a subcarapaça - caminho de serviço em leito natural - DMT de 3.000 m - com caminhão basculante de 8 m³","m³",61.33]
[3606535,"Escavação, carga e transporte de material pétreo para a subcarapaça - caminho de serviço em revestimento primário - DMT de 1.000 a 1.200 m - com caminhão basculante de 8 m³","m³",48.42]
[3606536,"Escavação, carga e transporte de material pétreo para a subcarapaça - caminho de serviço em revestimento primário - DMT de 1.200 a 1.400 m - com caminhão basculante de 8 m³","m³",48.84]
[3606537,"Escavação, carga e transporte de material pétreo para a subcarapaça - caminho de serviço em revestimento primário - DMT de 1.400 a 1.600 m - com caminhão basculante de 8 m³","m³",49.26]
[3606538,"Escavação, carga e transporte de material pétreo para a subcarapaça - caminho de serviço em revestimento primário - DMT de 1.600 a 1.800 m - com caminhão basculante de 8 m³","m³",49.68]
[3606539,"Escavação, carga e transporte de material pétreo para a subcarapaça - caminho de serviço em revestimento primário - DMT de 1.800 a 2.000 m - com caminhão basculante de 8 m³","m³",50.1]
[3606540,"Escavação, carga e transporte de material pétreo para a subcarapaça - caminho de serviço em revestimento primário - DMT de 2.000 a 2.500 m - com caminhão basculante de 8 m³","m³",50.84]
[3606541,"Escavação, carga e transporte de material pétreo para a subcarapaça - caminho de serviço em revestimento primário - DMT de 2.500 a 3.000 m - com caminhão basculante de 8 m³","m³",54.09]
[3606542,"Escavação, carga e transporte de material pétreo para a subcarapaça - caminho de serviço em revestimento primário - DMT de 3.000 m - com caminhão basculante de 8 m³","m³",54.72]
[3606543,"Escavação, carga e transporte de material pétreo para a subcarapaça - caminho de serviço pavimentado - DMT de 1.000 a 1.200 m - com caminhão basculante de 8 m³","m³",47.68]
[3606544,"Escavação, carga e transporte de material pétreo para a subcarapaça - caminho de serviço pavimentado - DMT de 1.200 a 1.400 m - com caminhão basculante de 8 m³","m³",48.1]
[3606545,"Escavação, carga e transporte de material pétreo para a subcarapaça - caminho de serviço pavimentado - DMT de 1.400 a 1.600 m - com caminhão basculante de 8 m³","m³",48.42]
[3606546,"Escavação, carga e transporte de material pétreo para a subcarapaça - caminho de serviço pavimentado - DMT de 1.600 a 1.800 m - com caminhão basculante de 8 m³","m³",48.74]
[3606547,"Escavação, carga e transporte de material pétreo para a subcarapaça - caminho de serviço pavimentado - DMT de 1.800 a 2.000 m - com caminhão basculante de 8 m³","m³",49.16]
[3606548,"Escavação, carga e transporte de material pétreo para a subcarapaça - caminho de serviço pavimentado - DMT de 2.000 a 2.500 m - com caminhão basculante de 8 m³","m³",49.79]
[3606549,"Escavação, carga e transporte de material pétreo para a subcarapaça - caminho de serviço pavimentado - DMT de 2.500 a 3.000 m - com caminhão basculante de 8 m³","m³",50.73]
[3606550,"Escavação, carga e transporte de material pétreo para a subcarapaça - caminho de serviço pavimentado - DMT de 3.000 m - com caminhão basculante de 8 m³","m³",51.26]
[3606500,"Escavação, carga e transporte de material pétreo para o núcleo - caminho de serviço em leito natural - DMT de 1.000 a 1.200 m - com caminhão basculante de 8 m³","m³",46.5]
[3606501,"Escavação, carga e transporte de material pétreo para o núcleo - caminho de serviço em leito natural - DMT de 1.200 a 1.400 m - com caminhão basculante de 8 m³","m³",49.12]
[3606502,"Escavação, carga e transporte de material pétreo para o núcleo - caminho de serviço em leito natural - DMT de 1.400 a 1.600 m - com caminhão basculante de 8 m³","m³",49.91]
[3606503,"Escavação, carga e transporte de material pétreo para o núcleo - caminho de serviço em leito natural - DMT de 1.600 a 1.800 m - com caminhão basculante de 8 m³","m³",50.54]
[3606504,"Escavação, carga e transporte de material pétreo para o núcleo - caminho de serviço em leito natural - DMT de 1.800 a 2.000 m - com caminhão basculante de 8 m³","m³",51.17]
[3606505,"Escavação, carga e transporte de material pétreo para o núcleo - caminho de serviço em leito natural - DMT de 2.000 a 2.500 m - com caminhão basculante de 8 m³","m³",52.28]
[3606506,"Escavação, carga e transporte de material pétreo para o núcleo - caminho de serviço em leito natural - DMT de 2.500 a 3.000 m - com caminhão basculante de 8 m³","m³",54.17]
[3606507,"Escavação, carga e transporte de material pétreo para o núcleo - caminho de serviço em leito natural - DMT de 3.000 m - com caminhão basculante de 8 m³","m³",57.21]
[3606509,"Escavação, carga e transporte de material pétreo para o núcleo - caminho de serviço em revestimento primário - DMT de 1.000 a 1.200 m - com caminhão basculante de 8 m³","m³",44.4]
[3606510,"Escavação, carga e transporte de material pétreo para o núcleo - caminho de serviço em revestimento primário - DMT de 1.200 a 1.400 m - com caminhão basculante de 8 m³","m³",44.82]
[3606511,"Escavação, carga e transporte de material pétreo para o núcleo - caminho de serviço em revestimento primário - DMT de 1.400 a 1.600 m - com caminhão basculante de 8 m³","m³",45.24]
[3606512,"Escavação, carga e transporte de material pétreo para o núcleo - caminho de serviço em revestimento primário - DMT de 1.600 a 1.800 m - com caminhão basculante de 8 m³","m³",45.66]
[3606513,"Escavação, carga e transporte de material pétreo para o núcleo - caminho de serviço em revestimento primário - DMT de 1.800 a 2.000 m - com caminhão basculante de 8 m³","m³",46.08]
[3606514,"Escavação, carga e transporte de material pétreo para o núcleo - caminho de serviço em revestimento primário - DMT de 2.000 a 2.500 m - com caminhão basculante de 8 m³","m³",46.82]
[3606515,"Escavação, carga e transporte de material pétreo para o núcleo - caminho de serviço em revestimento primário - DMT de 2.500 a 3.000 m - com caminhão basculante de 8 m³","m³",50.07]
[3606516,"Escavação, carga e transporte de material pétreo para o núcleo - caminho de serviço em revestimento primário - DMT de 3.000 m - com caminhão basculante de 8 m³","m³",50.7]
[3606518,"Escavação, carga e transporte de material pétreo para o núcleo - caminho de serviço pavimentado - DMT de 1.000 a 1.200 m - com caminhão basculante de 8 m³","m³",43.66]
[3606519,"Escavação, carga e transporte de material pétreo para o núcleo - caminho de serviço pavimentado - DMT de 1.200 a 1.400 m - com caminhão basculante de 8 m³","m³",44.09]
[3606520,"Escavação, carga e transporte de material pétreo para o núcleo - caminho de serviço pavimentado - DMT de 1.400 a 1.600 m - com caminhão basculante de 8 m³","m³",44.4]
[3606521,"Escavação, carga e transporte de material pétreo para o núcleo - caminho de serviço pavimentado - DMT de 1.600 a 1.800 m - com caminhão basculante de 8 m³","m³",44.72]
[3606522,"Escavação, carga e transporte de material pétreo para o núcleo - caminho de serviço pavimentado - DMT de 1.800 a 2.000 m - com caminhão basculante de 8 m³","m³",45.03]
[3606523,"Escavação, carga e transporte de material pétreo para o núcleo - caminho de serviço pavimentado - DMT de 2.000 a 2.500 m - com caminhão basculante de 8 m³","m³",45.66]
[3606524,"Escavação, carga e transporte de material pétreo para o núcleo - caminho de serviço pavimentado - DMT de 2.500 a 3.000 m - com caminhão basculante de 8 m³","m³",46.71]
[3606525,"Escavação, carga e transporte de material pétreo para o núcleo - caminho de serviço pavimentado - DMT de 3.000 m - com caminhão basculante de 8 m³","m³",49.28]
[3606577,"Espalhamento e conformação de material pétreo para núcleo","m³",11.4]
[3606576,"Espalhamento e conformação de material pétreo para subcarapaça","m³",4.5599999999999996]
[3606561,"Fabricação de tetrápode de 10 t - concreto fck = 20 MPa - areia e brita comerciais","un",2441.9499999999998]
[3606556,"Fabricação de tetrápode de 10 t - concreto fck = 20 MPa - areia extraída e brita produzida","un",1898.7]
[3606562,"Fabricação de tetrápode de 11 t - concreto fck = 20 MPa - areia e brita comerciais","un",2672.56]
[3606557,"Fabricação de tetrápode de 11 t - concreto fck = 20 MPa - areia extraída e brita produzida","un",2074.9899999999998]
[3606563,"Fabricação de tetrápode de 12 t - concreto fck = 20 MPa - areia e brita comerciais","un",2911.63]
[3606558,"Fabricação de tetrápode de 12 t - concreto fck = 20 MPa - areia extraída e brita produzida","un",2259.73]
[3606559,"Fabricação de tetrápode de 8 t - concreto fck = 20 MPa - areia e brita comerciais","un",1954.79]
[3606554,"Fabricação de tetrápode de 8 t - concreto fck = 20 MPa - areia extraída e brita produzida","un",1520.19]
[3606560,"Fabricação de tetrápode de 9 t - concreto fck = 20 MPa - areia e brita comerciais","un",2186.2800000000002]
[3606555,"Fabricação de tetrápode de 9 t - concreto fck = 20 MPa - areia extraída e brita produzida","un",1697.35]
[3606571,"Fabricação de Xbloc de 10 t - concreto fck = 20 MPa - areia e brita comerciais","un",2412.4899999999998]
[3606566,"Fabricação de Xbloc de 10 t - concreto fck = 20 MPa - areia extraída e brita produzida","un",1869.24]
[3606572,"Fabricação de Xbloc de 11 t - concreto fck = 20 MPa - areia e brita comerciais","un",2645.99]
[3606567,"Fabricação de Xbloc de 11 t - concreto fck = 20 MPa - areia extraída e brita produzida","un",2048.41]
[3606573,"Fabricação de Xbloc de 12 t - concreto fck = 20 MPa - areia e brita comerciais","un",2879.04]
[3606568,"Fabricação de Xbloc de 12 t - concreto fck = 20 MPa - areia extraída e brita produzida","un",2227.14]
[3606569,"Fabricação de Xbloc de 8 t - concreto fck = 20 MPa - areia e brita comerciais","un",1943.91]
[3606564,"Fabricação de Xbloc de 8 t - concreto fck = 20 MPa - areia extraída e brita produzida","un",1509.31]
[3606570,"Fabricação de Xbloc de 9 t - concreto fck = 20 MPa - areia e brita comerciais","un",2178.4899999999998]
[3606565,"Fabricação de Xbloc de 9 t - concreto fck = 20 MPa - areia extraída e brita produzida","un",1689.57]
[3606578,"Lançamento de blocos artificias de concreto","un",123.06]
[3606575,"Seleção de material pétreo para a carapaça e subcarapaça","m³",1.8]
[3606574,"Seleção de material pétreo para o núcleo","m³",0.9]
[3713603,"Ancoragem de defensa maleável dupla - fornecimento e implantação","m",1049.3900000000001]
[3713601,"Ancoragem de defensa maleável simples - fornecimento e implantação","m",806.57]
[3713607,"Ancoragem de defensa semimaleável dupla - fornecimento e implantação","m",648.49]
[3713605,"Ancoragem de defensa semimaleável simples - fornecimento e implantação","m",424.51]
[3719530,"Barreira dupla de concreto, armada, pré-moldada (perfil New Jersey) - L > 3,00 m e H = 1.070 mm","m",311]
[3713828,"Barreira dupla de concreto, armada, pré-moldada (perfil New Jersey) - L > 3,00 m e H = 810 mm","m",232.29]
[3713875,"Barreira dupla de concreto, não armada, moldada no local (perfil F) - H = 810 + 100 mm","m",67.08]
[3713619,"Barreira dupla de concreto, não armada, moldada no local (perfil New Jersey) - H = 810 + 100 mm","m",67.52]
[3713876,"Barreira dupla de concreto, não armada, moldada no local, com extrusora (perfil F) - H = 810 + 100 mm","m",95.38]
[3713827,"Barreira dupla de concreto, não armada, moldada no local, com extrusora (perfil New Jersey) - H = 810 + 100 mm","m",93.64]
[3713904,"Barreira simples de concreto, armada, pré-moldada (perfil New Jersey) - L > 3,00 m e H = 1.070 mm","m",269.07]
[3719529,"Barreira simples de concreto, armada, pré-moldada (perfil New Jersey) - L > 3,00 m e H = 810 mm","m",196.49]
[3713878,"Barreira simples de concreto, não armada, moldada no local (perfil F) - H = 810 + 100 mm","m",66.680000000000007]
[3713617,"Barreira simples de concreto, não armada, moldada no local (perfil New Jersey) - H = 810 + 100 mm","m",66.900000000000006]
[3713879,"Barreira simples de concreto, não armada, moldada no local, com extrusora (perfil F) - H = 810 + 100 mm","m",84.84]
[3713826,"Barreira simples de concreto, não armada, moldada no local, com extrusora (perfil New Jersey) - H = 810 + 100 mm","m",80.599999999999994]
[3713610,"Cerca com 4 fios de arame farpado e mourão de concreto de seção quadrada de 11 cm a cada 2,5 m e esticador de 15 cm a cada 50 m - areia e brita comerciais","m",34.65]
[3713609,"Cerca com 4 fios de arame farpado e mourão de concreto de seção quadrada de 11 cm a cada 2,5 m e esticador de 15 cm a cada 50 m - areia extraída e brita produzida","m",33.21]
[3713612,"Cerca com 4 fios de arame farpado e mourão de concreto de seção triangular de 11 cm a cada 2,5 m e esticador de 15 cm a cada 50 m - areia e brita comerciais","m",28.02]
[3713611,"Cerca com 4 fios de arame farpado e mourão de concreto de seção triangular de 11 cm a cada 2,5 m e esticador de 15 cm a cada 50 m - areia extraída e brita produzida","m",27.4]
[3713608,"Cerca com 4 fios de arame farpado e mourão de madeira a cada 2,5 m e esticador a cada 50 m","m",22.95]
[3713613,"Cerca com 4 fios de arame liso galvanizado e mourão de madeira a cada 2,5 m e esticador a cada 50 m","m",21.16]
[3713822,"Confecção de barreira dupla de concreto, armada, pré-moldada (perfil New Jersey) - L > 3,00 m e H = 1.070 mm","m",304.42]
[3713824,"Confecção de barreira dupla de concreto, armada, pré-moldada (perfil New Jersey) - L > 3,00 m e H = 810 mm","m",225.71]
[3713825,"Confecção de barreira simples de concreto, armada, pré-moldada (perfil New Jersey) - L > 3,00 m e H = 1.070 mm","m",262.49]
[3713823,"Confecção de barreira simples de concreto, armada, pré-moldada (perfil New Jersey) - L > 3,00 m e H = 810 mm","m",189.91]
[3713602,"Defensa maleável dupla - fornecimento e implantação","m",968.07]
[3713600,"Defensa maleável simples - fornecimento e implantação","m",739.26]
[3713606,"Defensa semimaleável dupla - fornecimento e implantação","m",567.17999999999995]
[3713604,"Defensa semimaleável simples - fornecimento e implantação","m",368.81]
[3716129,"Fabricação de mourão de concreto esticador - seção quadrada de 15 cm - areia e brita comerciais","un",54.71]
[3716128,"Fabricação de mourão de concreto esticador - seção quadrada de 15 cm - areia extraída e brita produzida","un",48.59]
[3716133,"Fabricação de mourão de concreto esticador - seção triangular de 15 cm - areia e brita comercias","un",31.71]
[3716132,"Fabricação de mourão de concreto esticador - seção triangular de 15 cm - areia extraída e brita produzida","un",29.06]
[3716131,"Fabricação de mourão de concreto suporte - seção quadrada de 11 cm - areia e brita comerciais","un",35.07]
[3716130,"Fabricação de mourão de concreto suporte - seção quadrada de 11 cm - areia extraída e brita produzida","un",31.93]
[3716135,"Fabricação de mourão de concreto suporte - seção triangular de 11 cm - areia e brita comerciais","un",21.64]
[3716134,"Fabricação de mourão de concreto suporte - seção triangular de 11 cm - areia extraída e brita produzida","un",20.28]
[3713698,"Fornecimento e implantação de amortecedor retrátil (v <= 100 km/h) tipo TAU II afunilado - fixado em barreira de concreto, com largura de âncora traseira de 1.830 mm","un",331214]
[3713699,"Fornecimento e implantação de amortecedor retrátil (v <= 100 km/h) tipo TAU II afunilado - fixado em barreira de concreto, com largura de âncora traseira de 1.980 mm","un",333450.71000000002]
[3713700,"Fornecimento e implantação de amortecedor retrátil (v <= 100 km/h) tipo TAU II afunilado - fixado em barreira de concreto, com largura de âncora traseira de 2.130 mm","un",335005.36]
[3713701,"Fornecimento e implantação de amortecedor retrátil (v <= 100 km/h) tipo TAU II afunilado - fixado em barreira de concreto, com largura de âncora traseira de 2.290 mm","un",343911.15]
[3713702,"Fornecimento e implantação de amortecedor retrátil (v <= 100 km/h) tipo TAU II afunilado - fixado em barreira de concreto, com largura de âncora traseira de 2.440 mm","un",349758.65]
[3713693,"Fornecimento e implantação de amortecedor retrátil (v <= 100 km/h) tipo TAU II combinado - fixado em barreira de concreto, com largura de âncora traseira de 1.060 mm","un",276725.2]
[3713694,"Fornecimento e implantação de amortecedor retrátil (v <= 100 km/h) tipo TAU II combinado - fixado em barreira de concreto, com largura de âncora traseira de 1.220 mm","un",290889.23]
[3713695,"Fornecimento e implantação de amortecedor retrátil (v <= 100 km/h) tipo TAU II combinado - fixado em barreira de concreto, com largura de âncora traseira de 1.370 mm","un",309521.55]
[3713696,"Fornecimento e implantação de amortecedor retrátil (v <= 100 km/h) tipo TAU II combinado - fixado em barreira de concreto, com largura de âncora traseira de 1.520 mm","un",323062.05]
[3713697,"Fornecimento e implantação de amortecedor retrátil (v <= 100 km/h) tipo TAU II combinado - fixado em barreira de concreto, com largura de âncora traseira de 1.680 mm","un",324838.64]
[3713692,"Fornecimento e implantação de amortecedor retrátil (v <= 100 km/h) tipo TAU II combinado - fixado em barreira de concreto, com largura de âncora traseira de 900 mm","un",235879.64]
[3713691,"Fornecimento e implantação de amortecedor retrátil (v <= 100 km/h) tipo TAU II paralelo - fixado em barreira de concreto, com largura de âncora traseira de até 700 mm","un",225882.05]
[3713873,"Módulo de transição de defensa metálica para barreira rígida - fornecimento e implantação","un",6954.32]
[3713705,"Remoção de defensa metálica","m",23.28]
[3713902,"Terminal absorvedor de energia de abertura com nível de contenção TL3 para defensa metálica - fornecimento e implantação","un",16212.96]
[3713903,"Terminal absorvedor de energia de não abertura com nível de contenção TL3 para defensa metálica - fornecimento e implantação","un",64457.26]
[3713689,"Terminal aéreo de defensa metálica - tipo A - fornecimento e implantação","un",377.78]
[3713690,"Terminal de ancoragem de defensa metálica em barreira New Jersey - fornecimento e implantação","un",464.13]
[3713897,"Terminal de ancoragem para barreira dupla de concreto, moldada no local (perfil F) - H = 810 + 250 mm","m",298.70999999999998]
[3713893,"Terminal de ancoragem para barreira dupla de concreto, moldada no local (perfil New Jersey) - H = 810 + 250 mm","m",303.36]
[3713898,"Terminal de ancoragem para barreira dupla de concreto, moldada no local, com extrusora (perfil F) - H = 810 + 250 mm","m",320.63]
[3713894,"Terminal de ancoragem para barreira dupla de concreto, moldada no local, com extrusora (perfil New Jersey) - H = 810 + 250 mm","m",322.52999999999997]
[3713895,"Terminal de ancoragem para barreira simples de concreto, moldada no local (perfil F) - H = 810 + 250 mm","m",275.13]
[3713891,"Terminal de ancoragem para barreira simples de concreto, moldada no local (perfil New Jersey) - H = 810 + 250 mm","m",273.85000000000002]
[3713896,"Terminal de ancoragem para barreira simples de concreto, moldada no local, com extrusora (perfil F) - H = 810 + 250 mm","m",289.67]
[3713892,"Terminal de ancoragem para barreira simples de concreto, moldada no local, com extrusora (perfil New Jersey) - H = 810 + 250 mm","m",284]
[3806412,"Abertura de janela em estrutura de concreto existente para inspeção com espessura até 0,20 m e seção 0,49 m²","un",66.8]
[3806413,"Apicoamento mecanizado de concreto","m²",23.12]
[3807863,"Chumbador de expansão controlada por torque para concreto D = 12,5 mm - fornecimento e instalação","un",10.72]
[3807864,"Chumbador de expansão controlada por torque para concreto D = 16 mm - fornecimento e instalação","un",13.3]
[3807865,"Chumbador de expansão controlada por torque para concreto D = 20 mm - fornecimento e instalação","un",17.27]
[3807861,"Chumbador de expansão controlada por torque para concreto D = 6,3 mm - fornecimento e instalação","un",3.02]
[3807862,"Chumbador de expansão controlada por torque para concreto D = 8 mm - fornecimento e instalação","un",4.1100000000000003]
[3807752,"Corte linear em superfície de concreto para fixação de barras de aço de 10 mm - L = 12 mm e H = 12 mm","m",8.93]
[3807753,"Corte linear em superfície de concreto para fixação de barras de aço de 12,5 mm - L = 15 mm e H = 15 mm","m",12.84]
[3807750,"Corte linear em superfície de concreto para fixação de barras de aço de 6,3 mm - L = 8 mm e H = 8 mm","m",5.24]
[3807751,"Corte linear em superfície de concreto para fixação de barras de aço de 8 mm - L = 10 mm e H = 10 mm","m",6.87]
[3806415,"Demolição controlada de concreto com martelete","m³",678.48]
[3806416,"Elevação de estruturas até 496 kN para substituição de aparelho de apoio com a utilização de macaco hidráulico","un",78.92]
[3806419,"Elevação de estruturas de 1.390 a 1.859 kN para substituição de aparelho de apoio com a utilização de macaco hidráulico","un",106.53]
[3806417,"Elevação de estruturas de 496 a 929 kN para substituição de aparelho de apoio com a utilização de macaco hidráulico","un",89.09]
[3806418,"Elevação de estruturas de 929 a 1.390 kN para substituição de aparelho de apoio com a utilização de macaco hidráulico","un",105.22]
[3808207,"Escada tubular multidirecional em aço galvanizado - utilização de 100 vezes - fornecimento, instalação e retirada","m",166.15]
[3806400,"Fabricação de superestrutura metálica para passarela PL-15 - exceto piso de concreto","un",161761.70000000001]
[3806399,"Fabricação de superestrutura metálica para passarela PL-20 - exceto piso de concreto","un",230128.52]
[3806387,"Fabricação de superestrutura metálica para passarela PL-25 - exceto piso de concreto","un",287964.21999999997]
[3806397,"Fabricação de superestrutura metálica para passarela PL-30 - exceto piso de concreto","un",386377.49]
[3806396,"Fabricação de superestrutura metálica para passarela PL-35 - exceto piso de concreto","un",444820.68]
[3816118,"Guarda-corpo de concreto - fabricação - areia e brita comerciais","m",102.99]
[3816117,"Guarda-corpo de concreto - fabricação - areia extraída e brita produzida","m",95.89]
[3806386,"Guarda-corpo e corrimão metálico para passarelas para pedestres - fornecimento e instalação","m",681.63]
[3816196,"Injeção de nata de cimento","m³",1393.75]
[3806426,"Lançamento de pré-laje com utilização de guindauto","t",59.55]
[3806401,"Lançamento de superestrutura de passarela metálica de 12 a 24 t com utilização de guindaste","un",17424.740000000002]
[3806423,"Lançamento de viga pré-moldada de 1.000 a 1.250 kN com utilização de guindaste","un",12049.65]
[3806421,"Lançamento de viga pré-moldada de 500 a 750 kN com utilização de guindaste","un",5870.09]
[3806422,"Lançamento de viga pré-moldada de 750 a 1.000 kN com utilização de guindaste","un",10844.71]
[3806425,"Lançamento de viga pré-moldada de 980 a 1.225 kN com utilização de treliça lançadeira","un",3269.83]
[3806424,"Lançamento de viga pré-moldada de 980 a 1.225 kN com utilização de treliça lançadeira e carrelone","un",5487.55]
[3806420,"Lançamento de viga pré-moldada de até 500 kN com utilização de guindaste","un",5136.3500000000004]
[3806405,"Limpeza de aparelhos de apoio em obras de arte especiais - exclusa a plataforma","un",140.71]
[3806404,"Limpeza de material retido em fundações submersas de obras de arte especiais","m³",136.02000000000001]
[3806406,"Limpeza em junta de dilatação","m",6.06]
[3806403,"Limpeza em superfície de concreto com jateamento abrasivo com uso de granalhas de aço","m²",9.36]
[3806402,"Limpeza em superfície de concreto com jateamento d'água sob pressão","m²",2.42]
[3806407,"Pingadeira de elastômero perfil 40 x 40 mm com aba inclinada e fixada com adesivo estrutural e pinos - fornecimento e instalação - exclusa a plataforma","m",183.99]
[3808043,"Pintura manual com nata de cimento - 3 demãos","m²",4.43]
[3806431,"Placa de aço de apoio para protensão externa em reforço de viga de OAE - confecção e instalação","un",5603.8]
[3806432,"Placa de aço de desvio para protensão externa em reforço de viga de OAE - confecção e instalação","un",2950.19]
[3806429,"Plataforma de trabalho em aço tubular apoiada no solo - altura de 4 a 6 m - utilização de 100 vezes - fornecimento, instalação e retirada","m³",18.16]
[3806430,"Plataforma de trabalho em aço tubular apoiada no solo - altura de 6 a 8 m - utilização de 100 vezes - fornecimento, instalação e retirada","m³",11.38]
[3806428,"Plataforma de trabalho em aço tubular apoiada no solo - altura de até 4 m - utilização de 100 vezes - fornecimento, instalação e retirada","m³",42.72]
[3816198,"Plataforma de trabalho em madeira apoiada no solo - altura de 6 a 12 m - utilização de 5 vezes - confecção, instalação e retirada","m³",82.09]
[3816197,"Plataforma de trabalho em madeira apoiada no solo - altura de até 6 m - utilização de 5 vezes - confecção, instalação e retirada","m³",77.34]
[3806410,"Plataforma de trabalho suspensa sob tabuleiro de pontes com treliças metálicas e tábuas - utilização de 100 vezes - confecção, instalação e retirada","m²",62.91]
[3806411,"Plataforma mecanizada de inspeção sob pontes com capacidade de 500 kg e alcance de 15 m","h",856.68]
[3815644,"Recomposição de dreno em tubo de aço galvanizado D = 100 mm em OAE - fornecimento e instalação","un",102.49]
[3815643,"Recomposição de dreno em tubo de aço galvanizado D = 80 mm em OAE - fornecimento e instalação","un",96.89]
[3815706,"Recomposição de guarda-corpo com agregados comerciais - instalação","m",137.59]
[3815597,"Recomposição de guarda-corpo com agregados produzidos - instalação","m",130.49]
[3815600,"Recuperação de guarda-corpo metálico em ambiente agressivo","m²",75.83]
[3815601,"Recuperação de guarda-corpo metálico em ambiente muito agressivo","m²",71.34]
[3815599,"Recuperação de guarda-corpo metálico em ambiente pouco agressivo","m²",27.67]
[3806414,"Remoção de concreto com jateamento d'água sob alta pressão","m³",603.80999999999995]
[3806409,"Restauração de berços de apoio para junta de dilatação - fornecimento e instalação","m",65.52]
[3815602,"Substituição de junta de dilatação e lábios poliméricos - fornecimento e instalação","m",34.450000000000003]
[4011444,"Areia asfalto a quente - faixa A - areia comercial","t",171.68]
[4011443,"Areia asfalto a quente - faixa A - areia extraída","t",125.85]
[4011446,"Areia asfalto a quente - faixa B - areia comercial","t",160.38999999999999]
[4011445,"Areia asfalto a quente - faixa B - areia extraída","t",113.56]
[4011448,"Areia asfalto a quente com asfalto polímero - faixa A - areia comercial","t",162.5]
[4011447,"Areia asfalto a quente com asfalto polímero - faixa A - areia extraída","t",114.36]
[4011450,"Areia asfalto a quente com asfalto polímero - faixa B - areia comercial","t",169.01]
[4011449,"Areia asfalto a quente com asfalto polímero - faixa B - areia extraída","t",121.72]
[4011452,"Areia asfalto a quente com asfalto polímero - faixa C - areia comercial","t",173.27]
[4011451,"Areia asfalto a quente com asfalto polímero - faixa C - areia extraída","t",126.59]
[4011219,"Base de solo estabilizado granulometricamente sem mistura com material de jazida - 100% Proctor modificado","m³",14.77]
[4011291,"Base de solo melhorado com 3% de cimento e mistura em usina com material de jazida - 100% Proctor modificado","m³",79.19]
[4011287,"Base de solo melhorado com 3% de cimento e mistura na pista com material de jazida - 100% Proctor modificado","m³",72.900000000000006]
[4011305,"Base de solo-cal com 7% de cal e mistura na pista com material de jazida - 100% Proctor intermediário","m³",93.99]
[4011221,"Base estabilizada granulometricamente com mistura de solos na pista com material de jazida - 100% Proctor modificado","m³",15.56]
[4011226,"Base estabilizada granulometricamente com mistura solo areia (70% - 30%) em usina com material de jazida e areia extraída - 100% Proctor modificado","m³",34.57]
[4011276,"Base ou sub-base de brita graduada com brita comercial - 100% Proctor modificado","m³",257]
[4011275,"Base ou sub-base de brita graduada com brita produzida - 100% Proctor modificado","m³",114.8]
[4011549,"Base ou sub-base de brita graduada executada com vibroacabadora - brita comercial - 100% Proctor modificado","m³",257.58]
[4011548,"Base ou sub-base de brita graduada executada com vibroacabadora - brita produzida - 100% Proctor modificado","m³",115.38]
[4011278,"Base ou sub-base de brita graduada tratada com cimento com brita comercial - 100% Proctor modificado","m³",323.42]
[4011277,"Base ou sub-base de brita graduada tratada com cimento com brita produzida - 100% Proctor modificado","m³",182.23]
[4011561,"Base ou sub-base de brita graduada tratada com cimento executada com vibroacabadora - brita comercial - 100% Proctor modificado","m³",324]
[4011560,"Base ou sub-base de brita graduada tratada com cimento executada com vibroacabadora - brita produzida - 100% Proctor modificado","m³",182.81]
[4011282,"Base ou sub-base de macadame hidráulico com brita comercial - 100% Proctor modificado","m³",228]
[4011281,"Base ou sub-base de macadame hidráulico com brita produzida - 100% Proctor modificado","m³",103.24]
[4011279,"Base ou sub-base de macadame seco com brita comercial - 100% Proctor modificado","m³",219.94]
[4011280,"Base ou sub-base de macadame seco com brita produzida - 100% Proctor modificado","m³",95.18]
[4011314,"Base ou sub-base de solo-cimento com 7% de cimento e mistura em usina com material de jazida - 100% Proctor normal","m³",142.85]
[4011315,"Base ou sub-base de solo-cimento com 7% de cimento e mistura na pista com material de jazida - 100% Proctor normal","m³",146.07]
[4011316,"Base ou sub-base estabilizada granulometricamente com mistura solo brita (70% - 30%) com 3% de cimento em usina com material de jazida e brita comercial - 100% Proctor modificado","m³",152.38999999999999]
[4011317,"Base ou sub-base estabilizada granulometricamente com mistura solo brita (70% - 30%) com 3% de cimento em usina com material de jazida e brita produzida - 100% Proctor modificado","m³",108.81]
[4011318,"Base ou sub-base estabilizada granulometricamente com mistura solo brita (70% - 30%) em usina com material de jazida e brita comercial - 100% Proctor modificado","m³",97.9]
[4011319,"Base ou sub-base estabilizada granulometricamente com mistura solo brita (70% - 30%) em usina com material de jazida e brita produzida - 100% Proctor modificado","m³",52.97]
[4011320,"Base ou sub-base estabilizada granulometricamente com mistura solo brita (70% - 30%) na pista com material de jazida e brita comercial - 100% Proctor modificado","m³",83.91]
[4011321,"Base ou sub-base estabilizada granulometricamente com mistura solo brita (70% - 30%) na pista com material de jazida e brita produzida - 100% Proctor modificado","m³",38.979999999999997]
[4011327,"Base ou sub-base estabilizada granulometricamente com mistura solo escória de aciaria (50%-50%) em usina com material de jazida - 100% Proctor intermediário","m³",39.369999999999997]
[4011325,"Base ou sub-base estabilizada granulometricamente com mistura solo escória de aciaria (50%-50%) na pista com material de jazida - 100% Proctor intermediário","m³",25.36]
[4011454,"Concreto asfáltico - faixa A-25 - areia e brita comerciais","t",191.21]
[4011453,"Concreto asfáltico - faixa A-25 - areia extraída e brita produzida","t",131.31]
[4011455,"Concreto asfáltico - faixa A-25 - massa comercial","t",17.420000000000002]
[4011459,"Concreto asfáltico - faixa B-19 - areia e brita comerciais","t",189.43]
[4011458,"Concreto asfáltico - faixa B-19 - areia extraída e brita produzida","t",131.44]
[4011494,"Concreto asfáltico - faixa B-19 - massa comercial","t",17.920000000000002]
[4011463,"Concreto asfáltico - faixa C-12,5 - areia e brita comerciais","t",186.42]
[4011462,"Concreto asfáltico - faixa C-12,5 - areia extraída e brita produzida","t",131.05000000000001]
[4011464,"Concreto asfáltico - faixa C-12,5 - massa comercial","t",17.920000000000002]
[4011495,"Concreto asfáltico - faixa D-9,5 - areia e brita comerciais","t",183.01]
[4011496,"Concreto asfáltico - faixa D-9,5 - areia extraída e brita produzida","t",131.08000000000001]
[4011497,"Concreto asfáltico - faixa D-9,5 - massa comercial","t",17.920000000000002]
[4011457,"Concreto asfáltico com asfalto polímero - faixa A - areia e brita comerciais","t",199.88]
[4011456,"Concreto asfáltico com asfalto polímero - faixa A - areia extraída e brita produzida","t",137.33000000000001]
[4011461,"Concreto asfáltico com asfalto polímero - faixa B - areia e brita comerciais","t",200.08]
[4011460,"Concreto asfáltico com asfalto polímero - faixa B - areia extraída e brita produzida","t",140.24]
[4011466,"Concreto asfáltico com asfalto polímero - faixa C - areia e brita comerciais","t",196.56]
[4011465,"Concreto asfáltico com asfalto polímero - faixa C - areia extraída e brita produzida","t",143.11000000000001]
[4011469,"Concreto asfáltico com borracha - faixa A - brita comercial","t",246.03]
[4011473,"Concreto asfáltico com borracha - faixa A - brita produzida","t",187.82]
[4011470,"Concreto asfáltico com borracha - faixa B - brita comercial","t",248.81]
[4011474,"Concreto asfáltico com borracha - faixa B - brita produzida","t",192.24]
[4011471,"Concreto asfáltico com borracha - faixa C - brita comercial","t",246.95]
[4011475,"Concreto asfáltico com borracha - faixa C - brita produzida","t",194.44]
[4011472,"Concreto asfáltico com borracha - faixa GAP GRADED - brita comercial","t",247.49]
[4011476,"Concreto asfáltico com borracha - faixa GAP GRADED - brita produzida","t",187.66]
[4011478,"Concreto asfáltico reciclado em usina com adição de asfalto - brita comercial","t",184.2]
[4011477,"Concreto asfáltico reciclado em usina com adição de asfalto - brita produzida","t",140.69999999999999]
[4011539,"Cura com pintura asfáltica para camadas granulares com adição de cimento","m²",0.22]
[4011538,"Cura com pintura asfáltica para pavimento de concreto compactado com rolo","m²",0.33]
[4016096,"Escavação e carga de material de jazida com escavadeira hidráulica de 1,56 m³","m³",1.46]
[4016008,"Escavação e carga de material de jazida com trator de 127 kW e carregadeira de 3,4 m³","m³",4.5199999999999996]
[4016007,"Escavação e carga de material de jazida com trator de 97 kW e carregadeira de 1,72 m³","m³",5.13]
[4015612,"Execução de revestimento primário com material de jazida - 100% Proctor intermediário","m³",13.59]
[4011562,"Geogrelha bidirecional com resistência à tração de 30 kN/m - deformação < 5% - malha de 36 x 34 mm - para reforço de base granular","m²",41.23]
[4011351,"Imprimação com asfalto diluído","m²",0.39]
[4011352,"Imprimação com emulsão asfáltica","m²",0.42]
[4011402,"Lama asfáltica - faixa I - areia e brita comerciais","m²",0.86]
[4011401,"Lama asfáltica - faixa I - areia extraída e brita produzida","m²",0.62]
[4011404,"Lama asfáltica - faixa II - areia e brita comerciais","m²",0.59]
[4011403,"Lama asfáltica - faixa II - areia extraída e brita produzida","m²",0.43]
[4011406,"Lama asfáltica - faixa III - areia e brita comerciais","m²",1.1299999999999999]
[4011405,"Lama asfáltica - faixa III - areia extraída e brita produzida","m²",0.82]
[4011392,"Macadame betuminoso por penetração - faixa A - brita comercial","m³",256.81]
[4011391,"Macadame betuminoso por penetração - faixa A - brita produzida","m³",130.99]
[4011394,"Macadame betuminoso por penetração - faixa B - brita comercial","m³",257.49]
[4011393,"Macadame betuminoso por penetração - faixa B - brita produzida","m³",131.62]
[4011396,"Macadame betuminoso por penetração - faixa C - brita comercial","m³",260.63]
[4011395,"Macadame betuminoso por penetração - faixa C - brita produzida","m³",132.34]
[4011398,"Macadame betuminoso por penetração - faixa D - brita comercial","m³",262.66000000000003]
[4011397,"Macadame betuminoso por penetração - faixa D - brita produzida","m³",132.62]
[4011400,"Macadame betuminoso por penetração com asfalto com polímero - faixa A - brita comercial","m³",271.76]
[4011399,"Macadame betuminoso por penetração com asfalto com polímero - faixa A - brita produzida","m³",150.9]
[4011490,"Manta sintética para recapeamento asfáltico com geotêxtil RT - 09 - fornecimento e aplicação","m²",5.79]
[4011536,"Membrana plástica isolante e impermeabilizante com espessura de 0,2 mm - fornecimento e instalação","m²",1.8]
[4011415,"Micro pré-misturado a quente com asfalto polímero - brita comercial","t",189.11]
[4011416,"Micro pré-misturado a quente com asfalto polímero - brita produzida","t",140.06]
[4011408,"Microrrevestimento a frio com emulsão modificada com polímero de 0,8 cm - faixa II - brita comercial","m²",2.4500000000000002]
[4011407,"Microrrevestimento a frio com emulsão modificada com polímero de 0,8 cm - faixa II - brita produzida","m²",1.83]
[4011410,"Microrrevestimento a frio com emulsão modificada com polímero de 1,5 cm - faixa III - brita comercial","m²",4.78]
[4011409,"Microrrevestimento a frio com emulsão modificada com polímero de 1,5 cm - faixa III - brita produzida","m²",3.58]
[4011412,"Microrrevestimento a frio com emulsão modificada com polímero de 2,0 cm - faixa III - brita comercial","m²",6.37]
[4011411,"Microrrevestimento a frio com emulsão modificada com polímero de 2,0 cm - faixa III - brita produzida","m²",4.7699999999999996]
[4011520,"Pavimento de concreto com equipamento de pequeno porte - areia e brita comerciais","m³",661.45]
[4011507,"Pavimento de concreto com equipamento de pequeno porte - areia extraída e brita produzida","m³",535.63]
[4011535,"Pavimento de concreto com equipamento fôrma-trilho - areia e brita comerciais","m³",501.75]
[4011534,"Pavimento de concreto com equipamento fôrma-trilho - areia extraída e brita produzida","m³",383.76]
[4011533,"Pavimento de concreto com fôrmas deslizantes - areia e brita comerciais","m³",511.69]
[4011532,"Pavimento de concreto com fôrmas deslizantes - areia extraída e brita produzida","m³",393.7]
[4011492,"Pavimento de concreto compactado com rolo - brita comercial","m³",411.14]
[4011491,"Pavimento de concreto compactado com rolo - brita produzida","m³",275.58]
[4011353,"Pintura de ligação","m²",0.28999999999999998]
[4011354,"Pintura de ligação - emulsão com polímero","m²",0.28999999999999998]
[4011418,"Pré-misturado a frio - faixa A - areia e brita comerciais","m³",346.34]
[4011417,"Pré-misturado a frio - faixa A - areia extraída e brita produzida","m³",193.52]
[4011420,"Pré-misturado a frio - faixa B - areia e brita comerciais","m³",345.08]
[4011419,"Pré-misturado a frio - faixa B - areia extraída e brita produzida","m³",190.2]
[4011422,"Pré-misturado a frio - faixa C - areia e brita comerciais","m³",353.68]
[4011421,"Pré-misturado a frio - faixa C - areia extraída e brita produzida","m³",205.94]
[4011424,"Pré-misturado a frio - faixa D - areia e brita comerciais","m³",352.92]
[4011423,"Pré-misturado a frio - faixa D - areia extraída e brita produzida","m³",202.62]
[4011426,"Pré-misturado a frio com emulsão asfáltica com polímero - faixa A - areia e brita comerciais","m³",346.34]
[4011425,"Pré-misturado a frio com emulsão asfáltica com polímero - faixa A - areia extraída e brita produzida","m³",193.52]
[4011428,"Pré-misturado a frio com emulsão asfáltica com polímero - faixa B - areia e brita comerciais","m³",345.08]
[4011427,"Pré-misturado a frio com emulsão asfáltica com polímero - faixa B - areia extraída e brita produzida","m³",190.2]
[4011430,"Pré-misturado a frio com emulsão asfáltica com polímero - faixa C - areia e brita comerciais","m³",352.41]
[4011429,"Pré-misturado a frio com emulsão asfáltica com polímero - faixa C - areia extraída e brita produzida","m³",205.37]
[4011432,"Pré-misturado a frio com emulsão asfáltica com polímero - faixa D - areia e brita comerciais","m³",351.66]
[4011431,"Pré-misturado a frio com emulsão asfáltica com polímero - faixa D - areia extraída e brita produzida","m³",202.07]
[4011434,"Pré-misturado a quente com asfalto polímero - faixa I - camada porosa de atrito - areia e brita comerciais","t",201.03]
[4011433,"Pré-misturado a quente com asfalto polímero - faixa I - camada porosa de atrito - areia extraída e brita produzida","t",136.53]
[4011436,"Pré-misturado a quente com asfalto polímero - faixa II - camada porosa de atrito - areia e brita comerciais","t",192.3]
[4011435,"Pré-misturado a quente com asfalto polímero - faixa II - camada porosa de atrito - areia extraída e brita produzida","t",126.44]
[4011438,"Pré-misturado a quente com asfalto polímero - faixa III - camada porosa de atrito - areia e brita comerciais","t",196.07]
[4011437,"Pré-misturado a quente com asfalto polímero - faixa III - camada porosa de atrito - areia extraída e brita produzida","t",134.72999999999999]
[4011440,"Pré-misturado a quente com asfalto polímero - faixa IV - camada porosa de atrito - areia e brita comerciais","t",207.8]
[4011439,"Pré-misturado a quente com asfalto polímero - faixa IV - camada porosa de atrito - areia extraída e brita produzida","t",141.22]
[4011442,"Pré-misturado a quente com asfalto polímero - faixa V - camada porosa de atrito - areia e brita comerciais","t",206.77]
[4011441,"Pré-misturado a quente com asfalto polímero - faixa V - camada porosa de atrito - areia extraída e brita produzida","t",140.78]
[4011482,"Reciclagem com incorporação do revestimento asfáltico à base e adição de 3% de cimento - 100% Proctor modificado","m³",93.05]
[4011486,"Reciclagem com incorporação do revestimento asfáltico à base e adição de 3% de cimento e de brita comercial - 100% Proctor modificado","m³",139]
[4011485,"Reciclagem com incorporação do revestimento asfáltico à base e adição de 3% de cimento e de brita produzida - 100% Proctor modificado","m³",111.77]
[4011484,"Reciclagem com incorporação do revestimento asfáltico à base e adição de brita comercial - 100% Proctor modificado","m³",83.44]
[4011483,"Reciclagem com incorporação do revestimento asfáltico à base e adição de brita produzida - 100% Proctor modificado","m³",56.21]
[4011488,"Reciclagem com incorporação do revestimento asfáltico à base e adição de espuma asfáltica e cimento - 100% Proctor modificado","m³",63.68]
[4011487,"Reciclagem com incorporação do revestimento asfáltico à base e adição de espuma asfáltica, cimento e pó de pedra comercial - 100% Proctor modificado","m³",92.51]
[4011489,"Reciclagem de revestimento asfáltico em usina com adição de espuma asfáltica, pó de pedra comercial e cimento - 100% Proctor modificado","m³",148.22]
[4011493,"Reciclagem de revestimento asfáltico em usina com adição de espuma asfáltica, pó de pedra produzido e cimento - 100% Proctor modificado","m³",109.79]
[4011481,"Reciclagem simples com incorporação do revestimento asfáltico à base - 100% Proctor modificado","m³",37.49]
[4011347,"Reestabilização de camada de base com adição de 3% de cimento - 100% Proctor modificado","m³",79.14]
[4011342,"Reestabilização de camada de base com adição de 30% de brita comercial - 100% Proctor modificado","m³",100.23]
[4011344,"Reestabilização de camada de base com adição de 30% de brita produzida - 100% Proctor modificado","m³",55.3]
[4011341,"Reestabilização de camada de base com adição de 30% de material fresado retirado da pista - 100% Proctor modificado","m³",15.21]
[4011346,"Reestabilização de camada de base sem adição de material - 100% Proctor modificado","m³",11.52]
[4011211,"Reforço do subleito com material de jazida - 100% Proctor intermediário","m³",13.59]
[4011304,"Reforço do subleito de solo melhorado com 4% de cal e mistura na pista com material de jazida - 100% Proctor intermediário","m³",60.62]
[4011209,"Regularização do subleito - 100% Proctor intermediário","m²",1.56]
[4011210,"Regularização do subleito com fresagem corte e controle automático de greide - 100% Proctor intermediário","m²",1.68]
[4011537,"Serragem de juntas em pavimento de concreto, limpeza e enchimento com selante a frio","m",19.57]
[4011218,"Sub-base de concreto adensado por vibração - areia e brita comerciais","m³",493.48]
[4011217,"Sub-base de concreto adensado por vibração - areia extraída e brita produzida","m³",359.51]
[4011214,"Sub-base de concreto compactado com rolo - brita comercial","m³",340.68]
[4011213,"Sub-base de concreto compactado com rolo - brita produzida","m³",198.96]
[4011227,"Sub-base de solo estabilizado granulometricamente sem mistura com material de jazida - 100% Proctor intermediário","m³",13.59]
[4011302,"Sub-base de solo melhorado com 3% de cimento e mistura em usina com material de jazida - 100% Proctor intermediário","m³",76.88]
[4011300,"Sub-base de solo melhorado com 3% de cimento e mistura na pista com material de jazida - 100% Proctor intermediário","m³",72.52]
[4011306,"Sub-base de solo-cal com 7% de cal e mistura na pista com material de jazida - 100% Proctor normal","m³",92.08]
[4011228,"Sub-base estabilizada granulometricamente com mistura de solos na pista com material de jazida - 100% Proctor intermediário","m³",15.17]
[4011229,"Sub-base estabilizada granulometricamente com mistura solo areia (70% - 30%) em usina com material de jazida e areia extraída - 100% Proctor intermediário","m³",32.26]
[4011372,"Tratamento superficial duplo com banho diluído - brita comercial","m²",6.68]
[4011371,"Tratamento superficial duplo com banho diluído - brita produzida","m²",4.1500000000000004]
[4011378,"Tratamento superficial duplo com banho diluído com emulsão com polímero - brita comercial","m²",6.68]
[4011377,"Tratamento superficial duplo com banho diluído com emulsão com polímero - brita produzida","m²",4.1500000000000004]
[4011368,"Tratamento superficial duplo com CAP - brita comercial","m²",5.5]
[4011367,"Tratamento superficial duplo com CAP - brita produzida","m²",2.97]
[4011374,"Tratamento superficial duplo com CAP com polímero - brita comercial","m²",5.5]
[4011373,"Tratamento superficial duplo com CAP com polímero - brita produzida","m²",2.97]
[4011370,"Tratamento superficial duplo com emulsão - brita comercial","m²",6.14]
[4011369,"Tratamento superficial duplo com emulsão - brita produzida","m²",3.61]
[4011376,"Tratamento superficial duplo com emulsão com polímero - brita comercial","m²",6.14]
[4011375,"Tratamento superficial duplo com emulsão com polímero - brita produzida","m²",3.61]
[4011360,"Tratamento superficial simples com banho diluído - brita comercial","m²",2.33]
[4011359,"Tratamento superficial simples com banho diluído - brita produzida","m²",1.51]
[4011366,"Tratamento superficial simples com banho diluído com emulsão com polímero - brita comercial","m²",2.33]
[4011365,"Tratamento superficial simples com banho diluído com emulsão com polímero - brita produzida","m²",1.51]
[4011356,"Tratamento superficial simples com CAP - brita comercial","m²",1.84]
[4011355,"Tratamento superficial simples com CAP - brita produzida","m²",1.02]
[4011362,"Tratamento superficial simples com CAP com polímero - brita comercial","m²",1.84]
[4011361,"Tratamento superficial simples com CAP com polímero - brita produzida","m²",1.02]
[4011358,"Tratamento superficial simples com emulsão - brita comercial","m²",2.1]
[4011357,"Tratamento superficial simples com emulsão - brita produzida","m²",1.28]
[4011364,"Tratamento superficial simples com emulsão com polímero - brita comercial","m²",2.1]
[4011363,"Tratamento superficial simples com emulsão com polímero - brita produzida","m²",1.28]
[4011384,"Tratamento superficial triplo com banho diluído - brita comercial","m²",7.22]
[4011383,"Tratamento superficial triplo com banho diluído - brita produzida","m²",4.54]
[4011390,"Tratamento superficial triplo com banho diluído - emulsão com polímero - brita comercial","m²",7.22]
[4011389,"Tratamento superficial triplo com banho diluído - emulsão com polímero - brita produzida","m²",4.54]
[4011380,"Tratamento superficial triplo com CAP - brita comercial","m²",6.04]
[4011379,"Tratamento superficial triplo com CAP - brita produzida","m²",3.36]
[4011386,"Tratamento superficial triplo com CAP com polímero - brita comercial","m²",6.04]
[4011385,"Tratamento superficial triplo com CAP com polímero - brita produzida","m²",3.36]
[4011382,"Tratamento superficial triplo com emulsão - brita comercial","m²",6.68]
[4011381,"Tratamento superficial triplo com emulsão - brita produzida","m²",4]
[4011388,"Tratamento superficial triplo com emulsão com polímero - brita comercial","m²",6.68]
[4011387,"Tratamento superficial triplo com emulsão com polímero - brita produzida","m²",4]
[4011212,"Varredura da superfície para execução de revestimento asfáltico","m²",7.0000000000000007E-2]
[4208197,"Ancoragem fixa para estais de 12 cordoalhas D = 15,7 mm - inclusive injeção de cera","un",14125.28]
[4208158,"Ancoragem fixa para estais de 19 cordoalhas D = 15,7 mm - inclusive injeção de cera","un",18625.03]
[4208198,"Ancoragem fixa para estais de 22 cordoalhas D = 15,7 mm - inclusive injeção de cera","un",22084.31]
[4208159,"Ancoragem fixa para estais de 31 cordoalhas D = 15,7 mm - inclusive injeção de cera","un",29819.85]
[4208160,"Ancoragem fixa para estais de 37 cordoalhas D = 15,7 mm - inclusive injeção de cera","un",35349.629999999997]
[4208199,"Ancoragem fixa para estais de 43 cordoalhas D = 15,7 mm - inclusive injeção de cera","un",40891.120000000003]
[4208161,"Ancoragem fixa para estais de 55 cordoalhas D = 15,7 mm - inclusive injeção de cera","un",51620.29]
[4208162,"Ancoragem fixa para estais de 61 cordoalhas D = 15,7 mm - inclusive injeção de cera","un",56930.39]
[4208163,"Ancoragem fixa para estais de 73 cordoalhas D = 15,7 mm - inclusive injeção de cera","un",67721.279999999999]
[4208200,"Ancoragem fixa para estais de 85 cordoalhas D = 15,7 mm - inclusive injeção de cera","un",78887.399999999994]
[4208164,"Ancoragem fixa para estais de 91 cordoalhas D = 15,7 mm - inclusive injeção de cera","un",84027.87]
[4208201,"Ancoragem regulável para estais de 12 cordoalhas D = 15,7 mm - inclusive protensão, injeção de cera e regulagem final","un",24572.69]
[4208151,"Ancoragem regulável para estais de 19 cordoalhas D = 15,7 mm - inclusive protensão, injeção de cera e regulagem final","un",32110.32]
[4208202,"Ancoragem regulável para estais de 22 cordoalhas D = 15,7 mm - inclusive protensão, injeção de cera e regulagem final","un",38082.76]
[4208152,"Ancoragem regulável para estais de 31 cordoalhas D = 15,7 mm - inclusive protensão, injeção de cera e regulagem final","un",51272.17]
[4208153,"Ancoragem regulável para estais de 37 cordoalhas D = 15,7 mm - inclusive protensão, injeção de cera e regulagem final","un",60783.06]
[4208203,"Ancoragem regulável para estais de 43 cordoalhas D = 15,7 mm - inclusive protensão, injeção de cera e regulagem final","un",70379.44]
[4208154,"Ancoragem regulável para estais de 55 cordoalhas D = 15,7 mm - inclusive protensão, injeção de cera e regulagem final","un",88833.95]
[4208155,"Ancoragem regulável para estais de 61 cordoalhas D = 15,7 mm - inclusive protensão, injeção de cera e regulagem final","un",98572.23]
[4208156,"Ancoragem regulável para estais de 73 cordoalhas D = 15,7 mm - inclusive protensão, injeção de cera e regulagem final","un",117338.69]
[4208204,"Ancoragem regulável para estais de 85 cordoalhas D = 15,7 mm - inclusive protensão, injeção de cera e regulagem final","un",136526.60999999999]
[4208157,"Ancoragem regulável para estais de 91 cordoalhas D = 15,7 mm - inclusive protensão, injeção de cera e regulagem final","un",145809.87]
[4208127,"Cordoalha para estais CP 177 RB D = 15,7 mm - fornecimento, preparo e colocação","kg",28.32]
[4208196,"Elevador de cremalheira - ascensão e ancoragem da torre a partir de 16 m com cada elevação de até 9 m - utilização de 50 vezes - inclusive desmontagem","un",2621.02]
[4208209,"Elevador de cremalheira - montagem e desmontagem até a altura de 16 m - exceto fundações","un",12036.02]
[4208206,"Elevador de cremalheira com cabine simples, com capacidade de 1.500 kg e altura de até 100 m - operação","h",129.16999999999999]
[4208210,"Grua fixa - montagem e desmontagem até a altura de 60 m - exceto fundações","un",26888]
[4208195,"Grua fixa - telescopagem e ancoragem da torre a partir de 60 m com cada elevação de até 18 m - inclusive desmontagem","un",14069.44]
[4208208,"Grua fixa com altura de 60 a 102 m, com alcance de 60 m e capacidade de 1.500 kg na ponta da lança - operação","h",619.01]
[4208135,"Tubo antivandalismo em aço galvanizado para estais de 12 cordoalhas D = 15,7 mm - fornecimento e instalação","m",1526.51]
[4208136,"Tubo antivandalismo em aço galvanizado para estais de 19 cordoalhas D = 15,7 mm - fornecimento e instalação","m",1736.54]
[4208137,"Tubo antivandalismo em aço galvanizado para estais de 22 cordoalhas D = 15,7 mm - fornecimento e instalação","m",1993.86]
[4208138,"Tubo antivandalismo em aço galvanizado para estais de 31 cordoalhas D = 15,7 mm - fornecimento e instalação","m",2245.34]
[4208139,"Tubo antivandalismo em aço galvanizado para estais de 37 cordoalhas D = 15,7 mm - fornecimento e instalação","m",2252.64]
[4208140,"Tubo antivandalismo em aço galvanizado para estais de 43 cordoalhas D = 15,7 mm - fornecimento e instalação","m",2796.89]
[4208141,"Tubo antivandalismo em aço galvanizado para estais de 55 cordoalhas D = 15,7 mm - fornecimento e instalação","m",2814.03]
[4208212,"Tubo antivandalismo em aço galvanizado para estais de 61 cordoalhas D = 15,7 mm - fornecimento e instalação","m",2815.77]
[4208213,"Tubo antivandalismo em aço galvanizado para estais de 73 cordoalhas D = 15,7 mm - fornecimento e instalação","m",3234.51]
[4208214,"Tubo antivandalismo em aço galvanizado para estais de 85 cordoalhas D = 15,7 mm - fornecimento e instalação","m",3657.43]
[4208215,"Tubo antivandalismo em aço galvanizado para estais de 91 cordoalhas D = 15,7 mm - fornecimento e instalação","m",3671.41]
[4208216,"Tubo fôrma lado fixo em aço galvanizado para estais de 12 cordoalhas D = 15,7 mm - fornecimento e instalação","m",2535.63]
[4208217,"Tubo fôrma lado fixo em aço galvanizado para estais de 19 cordoalhas D = 15,7 mm - fornecimento e instalação","m",2888.55]
[4208218,"Tubo fôrma lado fixo em aço galvanizado para estais de 22 cordoalhas D = 15,7 mm - fornecimento e instalação","m",3773.27]
[4208219,"Tubo fôrma lado fixo em aço galvanizado para estais de 31 cordoalhas D = 15,7 mm - fornecimento e instalação","m",4874.4799999999996]
[4208220,"Tubo fôrma lado fixo em aço galvanizado para estais de 37 cordoalhas D = 15,7 mm - fornecimento e instalação","m",5174.3599999999997]
[4208221,"Tubo fôrma lado fixo em aço galvanizado para estais de 43 cordoalhas D = 15,7 mm - fornecimento e instalação","m",6806.83]
[4208222,"Tubo fôrma lado fixo em aço galvanizado para estais de 55 cordoalhas D = 15,7 mm - fornecimento e instalação","m",8581.42]
[4208223,"Tubo fôrma lado fixo em aço galvanizado para estais de 61 cordoalhas D = 15,7 mm - fornecimento e instalação","m",8584.0499999999993]
[4208224,"Tubo fôrma lado fixo em aço galvanizado para estais de 73 cordoalhas D = 15,7 mm - fornecimento e instalação","m",10015.73]
[4208225,"Tubo fôrma lado fixo em aço galvanizado para estais de 85 cordoalhas D = 15,7 mm - fornecimento e instalação","m",11424.52]
[4208226,"Tubo fôrma lado fixo em aço galvanizado para estais de 91 cordoalhas D = 15,7 mm - fornecimento e instalação","m",11511.84]
[4208227,"Tubo fôrma lado regulável em aço galvanizado para estais de 12 cordoalhas D = 15,7 mm - fornecimento e instalação","m",1185.98]
[4208228,"Tubo fôrma lado regulável em aço galvanizado para estais de 19 cordoalhas D = 15,7 mm - fornecimento e instalação","m",1379.83]
[4208229,"Tubo fôrma lado regulável em aço galvanizado para estais de 22 cordoalhas D = 15,7 mm - fornecimento e instalação","m",1778.95]
[4208230,"Tubo fôrma lado regulável em aço galvanizado para estais de 31 cordoalhas D = 15,7 mm - fornecimento e instalação","m",2293.36]
[4208231,"Tubo fôrma lado regulável em aço galvanizado para estais de 37 cordoalhas D = 15,7 mm - fornecimento e instalação","m",2441.2399999999998]
[4208232,"Tubo fôrma lado regulável em aço galvanizado para estais de 43 cordoalhas D = 15,7 mm - fornecimento e instalação","m",3199.69]
[4208233,"Tubo fôrma lado regulável em aço galvanizado para estais de 55 cordoalhas D = 15,7 mm - fornecimento e instalação","m",4021.57]
[4208234,"Tubo fôrma lado regulável em aço galvanizado para estais de 61 cordoalhas D = 15,7 mm - fornecimento e instalação","m",4024.01]
[4208235,"Tubo fôrma lado regulável em aço galvanizado para estais de 73 cordoalhas D = 15,7 mm - fornecimento e instalação","m",4721.4399999999996]
[4208236,"Tubo fôrma lado regulável em aço galvanizado para estais de 85 cordoalhas D = 15,7 mm - fornecimento e instalação","m",5370.92]
[4208237,"Tubo fôrma lado regulável em aço galvanizado para estais de 91 cordoalhas D = 15,7 mm - fornecimento e instalação","m",5458.13]
[4208128,"Tubo PEAD para estais - D = 110 mm - fornecimento e instalação","m",262.95999999999998]
[4208129,"Tubo PEAD para estais - D = 140 mm - fornecimento e instalação","m",292.38]
[4208130,"Tubo PEAD para estais - D = 160 mm - fornecimento e instalação","m",336.09]
[4208131,"Tubo PEAD para estais - D = 180 mm - fornecimento e instalação","m",390.53]
[4208132,"Tubo PEAD para estais - D = 200 mm - fornecimento e instalação","m",445.03]
[4208133,"Tubo PEAD para estais - D = 225 mm - fornecimento e instalação","m",505.08]
[4208134,"Tubo PEAD para estais - D = 250 mm - fornecimento e instalação","m",565.99]
[4208238,"Tubo PEAD para estais - D = 280 mm - fornecimento e instalação","m",597.97]
[4208239,"Tubo PEAD para estais - D = 315 mm - fornecimento e instalação","m",649.97]
[4413920,"Adubação de cobertura por equipamento de hidrossemeadura em áreas de semeadura via seca ou de hidrossemeadura","m²",0.54]
[4413024,"Adubação manual de cobertura em áreas de enleivamento ou de plantio de mudas de gramíneas","m²",0.37]
[4413022,"Adubação manual de cobertura em áreas de semeadura via seca ou de hidrossemeadura","m²",0.55000000000000004]
[4413020,"Barreira arbórea para tratamento acústico das áreas lindeiras da faixa de domínio – densidade de plantio de 1,0 m entre mudas","m",41.08]
[4413013,"Cerca de passagem de fauna com tela de alambrado sobre mureta de blocos de concreto - H = 20 cm - mourões de madeira a cada 2,5 m e esticador a cada 50 m","m",85.64]
[4413019,"Cerca viva para tratamento acústico das áreas lindeiras da faixa de domínio – densidade de plantio de 1,0 m entre mudas","m",34.53]
[4413026,"Dique de bambu para controle de erosão de taludes","m²",284.5]
[4413996,"Enleivamento","m²",10.16]
[4413942,"Espalhamento de material em bota-fora","m³",2.0099999999999998]
[4413018,"Fixação de tela eletrossoldada em talude para lançamento de argamassa ou concreto projetado","kg",12.96]
[4413905,"Hidrossemeadura","m²",6.99]
[4413987,"Irrigação de área plantada para proteção vegetal do corpo estradal","m²",0.36]
[4413995,"Obtenção de grama para replantio","m²",2.99]
[4413994,"Passagem aérea de animais com rede de cabos de aço e sisal apoiadas em 6 postes de concreto de 15 m - extensão total de 100 m","m",647.09]
[4413200,"Plantio de grama comercial em placas","m²",18.11]
[4413990,"Plantio de muda de arbusto com altura até 0,50 m em cova de 0,40 x 0,40 x 0,40 m","un",34.53]
[4413989,"Plantio de muda de árvore com altura de 0,30 a 0,80 m em cova de 0,60 x 0,60 x 0,60 m","un",41.08]
[4413951,"Plantio de muda de árvore frutífera com altura até 1,00 m em cova de 0,60 x 0,60 x 0,60 m","un",49.03]
[4413950,"Plantio de muda de árvore frutífera com altura de 1,00 a 2,00 m em cova de 0,60 x 0,60 x 0,60 m","un",106.16]
[4413949,"Plantio de muda de árvore frutífera com altura de 2,00 a 3,00 m em cova de 0,60 x 0,60 x 0,60 m","un",245.72]
[4413948,"Plantio de muda de árvore ornamental com altura até 1,00 m em cova de 0,60 x 0,60 x 0,60 m","un",51.59]
[4413947,"Plantio de muda de árvore ornamental com altura de 1,00 a 2,00 m em cova de 0,60 x 0,60 x 0,60 m","un",90.41]
[4413946,"Plantio de muda de árvore ornamental com altura de 2,00 a 3,00 m em cova de 0,60 x 0,60 x 0,60 m","un",123.06]
[4413952,"Plantio de tapete de floríferas com altura até 0,50 m","m²",74.08]
[4413012,"Preenchimento de erosão em talude com terra vegetal e sementes de gramíneas ensacadas","m³",380.66]
[4413014,"Recuperação ambiental de pedreiras ou áreas degradadas com biomanta vegetal de fibras de coco","m²",16.73]
[4413016,"Recuperação ambiental de pedreiras ou áreas degradadas com biomanta vegetal de fibras de palha em áreas com inclinação máxima de 1:1,5","m²",10.42]
[4413984,"Regularização de bota-fora com espalhamento e compactação","m³",3.91]
[4413986,"Regularização de superfície com motoniveladora","m²",7.0000000000000007E-2]
[4413985,"Regularização manual de taludes de cortes e aterros","m²",22.45]
[4413017,"Retentores de sedimentos em fibras vegetais - D = 20 cm","m",70.13]
[4415673,"Revestimento vegetal com grama em mudas em superfícies inclinadas","m²",8.08]
[4415684,"Revestimento vegetal com grama em mudas em superfícies planas","m²",4.55]
[4413993,"Revestimento vegetal por semeadura a lanço manual de gramíneas e leguminosas","m²",0.53]
[4507754,"Ancoragem ativa com 10 cordoalhas aderentes D = 12,7 mm - fornecimento e instalação","un",877.79]
[4507738,"Ancoragem ativa com 10 cordoalhas aderentes D = 15,2 mm - fornecimento e instalação","un",1198.03]
[4507755,"Ancoragem ativa com 12 cordoalhas aderentes D = 12,7 mm - fornecimento e instalação","un",1012.66]
[4507756,"Ancoragem ativa com 12 cordoalhas aderentes D = 15,2 mm - fornecimento e instalação","un",1353.71]
[4507757,"Ancoragem ativa com 15 cordoalhas aderentes D = 12,7 mm - fornecimento e instalação","un",1551.85]
[4507758,"Ancoragem ativa com 15 cordoalhas aderentes D = 15,2 mm - fornecimento e instalação","un",1806.47]
[4507759,"Ancoragem ativa com 19 cordoalhas aderentes D = 12,7 mm - fornecimento e instalação","un",1918.38]
[4507760,"Ancoragem ativa com 19 cordoalhas aderentes D = 15,2 mm - fornecimento e instalação","un",2351.41]
[4507761,"Ancoragem ativa com 22 cordoalhas aderentes D = 12,7 mm - fornecimento e instalação","un",2506.4699999999998]
[4507762,"Ancoragem ativa com 22 cordoalhas aderentes D = 15,2 mm - fornecimento e instalação","un",3004.21]
[4507763,"Ancoragem ativa com 27 cordoalhas aderentes D = 12,7 mm - fornecimento e instalação","un",3064.9]
[4507764,"Ancoragem ativa com 27 cordoalhas aderentes D = 15,2 mm - fornecimento e instalação","un",3926.37]
[4507765,"Ancoragem ativa com 31 cordoalhas aderentes D = 12,7 mm - fornecimento e instalação","un",3127.74]
[4508192,"Ancoragem ativa com 31 cordoalhas aderentes D = 15,2 mm - fornecimento e instalação","un",5306.14]
[4507766,"Ancoragem ativa com 4 cordoalhas aderentes D = 12,7 mm - fornecimento e instalação","un",402.69]
[4507767,"Ancoragem ativa com 4 cordoalhas aderentes D = 15,2 mm - fornecimento e instalação","un",573.09]
[4507768,"Ancoragem ativa com 6 cordoalhas aderentes D = 12,7 mm - fornecimento e instalação","un",534.5]
[4507769,"Ancoragem ativa com 6 cordoalhas aderentes D = 15,2 mm - fornecimento e instalação","un",673.26]
[4507770,"Ancoragem ativa com 7 cordoalhas aderentes D = 12,7 mm - fornecimento e instalação","un",596.66]
[4507771,"Ancoragem ativa com 7 cordoalhas aderentes D = 15,2 mm - fornecimento e instalação","un",731.95]
[4507772,"Ancoragem ativa com 8 cordoalhas aderentes D = 12,7 mm - fornecimento e instalação","un",767.49]
[4508193,"Ancoragem ativa com 8 cordoalhas aderentes D = 15,2 mm - fornecimento e instalação","un",956.95]
[4507773,"Ancoragem ativa com 9 cordoalhas aderentes D = 12,7 mm - fornecimento e instalação","un",801.46]
[4507774,"Ancoragem ativa com 9 cordoalhas aderentes D = 15,2 mm - fornecimento e instalação","un",1068.6400000000001]
[4507775,"Ancoragem ativa para lajes com 1 cordoalha aderente D = 12,7 mm - fornecimento e instalação","un",94.65]
[4507776,"Ancoragem ativa para lajes com 1 cordoalha aderente D = 15,2 mm - fornecimento e instalação","un",105.13]
[4507783,"Ancoragem ativa para lajes com 1 cordoalha engraxada D = 12,7 mm - fornecimento e instalação","un",81.44]
[4507784,"Ancoragem ativa para lajes com 1 cordoalha engraxada D = 15,2 mm - fornecimento e instalação","un",114.46]
[4507777,"Ancoragem ativa para lajes com 2 cordoalhas aderentes D = 12,7 mm - fornecimento e instalação","un",185.42]
[4507778,"Ancoragem ativa para lajes com 2 cordoalhas aderentes D = 15,2 mm - fornecimento e instalação","un",230.29]
[4507779,"Ancoragem ativa para lajes com 3 cordoalhas aderentes D = 12,7 mm - fornecimento e instalação","un",249.11]
[4507780,"Ancoragem ativa para lajes com 3 cordoalhas aderentes D = 15,2 mm - fornecimento e instalação","un",309.45]
[4507781,"Ancoragem ativa para lajes com 4 cordoalhas aderentes D = 12,7 mm - fornecimento e instalação","un",324.05]
[4507782,"Ancoragem ativa para lajes com 4 cordoalhas aderentes D = 15,2 mm - fornecimento e instalação","un",383.17]
[4507785,"Ancoragem passiva com 10 cordoalhas aderentes D = 12,7 mm - fornecimento e instalação","un",148.57]
[4508194,"Ancoragem passiva com 10 cordoalhas aderentes D = 15,2 mm - fornecimento e instalação","un",175.24]
[4507786,"Ancoragem passiva com 12 cordoalhas aderentes D = 12,7 mm - fornecimento e instalação","un",176.25]
[4507787,"Ancoragem passiva com 12 cordoalhas aderentes D = 15,2 mm - fornecimento e instalação","un",182.4]
[4507788,"Ancoragem passiva com 15 cordoalhas aderentes D = 12,7 mm - fornecimento e instalação","un",233.54]
[4507789,"Ancoragem passiva com 15 cordoalhas aderentes D = 15,2 mm - fornecimento e instalação","un",280.29000000000002]
[4507790,"Ancoragem passiva com 19 cordoalhas aderentes D = 12,7 mm - fornecimento e instalação","un",286.20999999999998]
[4507791,"Ancoragem passiva com 19 cordoalhas aderentes D = 15,2 mm - fornecimento e instalação","un",297.08]
[4507792,"Ancoragem passiva com 22 cordoalhas aderentes D = 12,7 mm - fornecimento e instalação","un",348.76]
[4507793,"Ancoragem passiva com 22 cordoalhas aderentes D = 15,2 mm - fornecimento e instalação","un",387.9]
[4507794,"Ancoragem passiva com 27 cordoalhas aderentes D = 12,7 mm - fornecimento e instalação","un",475.22]
[4507795,"Ancoragem passiva com 27 cordoalhas aderentes D = 15,2 mm - fornecimento e instalação","un",546.11]
[4507796,"Ancoragem passiva com 31 cordoalhas aderentes D = 12,7 mm - fornecimento e instalação","un",547.57000000000005]
[4508190,"Ancoragem passiva com 31 cordoalhas aderentes D = 15,2 mm - fornecimento e instalação","un",666.79]
[4507797,"Ancoragem passiva com 4 cordoalhas aderentes D = 12,7 mm - fornecimento e instalação","un",65.72]
[4507798,"Ancoragem passiva com 4 cordoalhas aderentes D = 15,2 mm - fornecimento e instalação","un",68.319999999999993]
[4507799,"Ancoragem passiva com 6 cordoalhas aderentes D = 12,7 mm - fornecimento e instalação","un",99.2]
[4507800,"Ancoragem passiva com 6 cordoalhas aderentes D = 15,2 mm - fornecimento e instalação","un",97.61]
[4507801,"Ancoragem passiva com 7 cordoalhas aderentes D = 12,7 mm - fornecimento e instalação","un",115.24]
[4507802,"Ancoragem passiva com 7 cordoalhas aderentes D = 15,2 mm - fornecimento e instalação","un",119.09]
[4507803,"Ancoragem passiva com 8 cordoalhas aderentes D = 12,7 mm - fornecimento e instalação","un",115.67]
[4508191,"Ancoragem passiva com 8 cordoalhas aderentes D = 15,2 mm - fornecimento e instalação","un",119.52]
[4507804,"Ancoragem passiva com 9 cordoalhas aderentes D = 12,7 mm - fornecimento e instalação","un",143.46]
[4507805,"Ancoragem passiva com 9 cordoalhas aderentes D = 15,2 mm - fornecimento e instalação","un",145.79]
[4507806,"Ancoragem passiva para lajes com 1 cordoalha aderente D = 12,7 mm - fornecimento e instalação","un",27.45]
[4507807,"Ancoragem passiva para lajes com 1 cordoalha aderente D = 15,2 mm - fornecimento e instalação","un",33.03]
[4507866,"Ancoragem passiva para lajes com 1 cordoalha engraxada D = 12,7 mm - fornecimento e instalação","un",76.19]
[4507867,"Ancoragem passiva para lajes com 1 cordoalha engraxada D = 15,2 mm - fornecimento e instalação","un",109.21]
[4507808,"Ancoragem passiva para lajes com 2 cordoalhas aderentes D = 12,7 mm - fornecimento e instalação","un",31.02]
[4507809,"Ancoragem passiva para lajes com 2 cordoalhas aderentes D = 15,2 mm - fornecimento e instalação","un",39.33]
[4507810,"Ancoragem passiva para lajes com 3 cordoalhas aderentes D = 12,7 mm - fornecimento e instalação","un",52.79]
[4507811,"Ancoragem passiva para lajes com 3 cordoalhas aderentes D = 15,2 mm - fornecimento e instalação","un",61.11]
[4507812,"Ancoragem passiva para lajes com 4 cordoalhas aderentes D = 12,7 mm - fornecimento e instalação","un",58.54]
[4507813,"Ancoragem passiva para lajes com 4 cordoalhas aderentes D = 15,2 mm - fornecimento e instalação","un",66.760000000000005]
[4507851,"Bainha metálica ovalizada seção 19 x 36 mm para 1 cordoalha D = 12,7 mm - fornecimento, instalação e injeção de nata de cimento","m",23.37]
[4507852,"Bainha metálica ovalizada seção 19 x 36 mm para 2 cordoalhas D = 12,7 mm - fornecimento, instalação e injeção de nata de cimento","m",23.18]
[4507853,"Bainha metálica ovalizada seção 19 x 48 mm para 3 cordoalhas D = 12,7 mm - fornecimento, instalação e injeção de nata de cimento","m",26.25]
[4507854,"Bainha metálica ovalizada seção 19 x 62 mm para 4 cordoalhas D = 12,7 mm - fornecimento, instalação e injeção de nata de cimento","m",28.1]
[4507855,"Bainha metálica ovalizada seção 22 x 32 mm para 1 cordoalha D = 15,2 mm - fornecimento, instalação e injeção de nata de cimento","m",23.6]
[4507856,"Bainha metálica ovalizada seção 22 x 32 mm para 2 cordoalhas D = 15,2 mm - fornecimento, instalação e injeção de nata de cimento","m",23.33]
[4507857,"Bainha metálica ovalizada seção 22 x 55 mm para 3 cordoalhas D = 15,2 mm - fornecimento, instalação e injeção de nata de cimento","m",28.41]
[4507858,"Bainha metálica ovalizada seção 22 x 73 mm para 4 cordoalhas D = 15,2 mm - fornecimento, instalação e injeção de nata de cimento","m",31.28]
[4508177,"Bainha metálica redonda D = 100 mm para 21 cordoalhas D = 15,2 mm - fornecimento, instalação e injeção de nata de cimento","m",62.38]
[4508178,"Bainha metálica redonda D = 100 mm para 22 cordoalhas D = 15,2 mm - fornecimento, instalação e injeção de nata de cimento","m",62.11]
[4507821,"Bainha metálica redonda D = 100 mm para 24 cordoalhas D = 15,2 mm - fornecimento, instalação e injeção de nata de cimento","m",61.57]
[4507822,"Bainha metálica redonda D = 100 mm para 25 cordoalhas D = 15,2 mm - fornecimento, instalação e injeção de nata de cimento","m",61.3]
[4507823,"Bainha metálica redonda D = 100 mm para 30 cordoalhas D = 12,7 mm - fornecimento, instalação e injeção de nata de cimento","m",62.39]
[4508188,"Bainha metálica redonda D = 100 mm para 31 cordoalhas D = 12,7 mm - fornecimento, instalação e injeção de nata de cimento","m",62.2]
[4507824,"Bainha metálica redonda D = 110 mm para 27 cordoalhas D = 15,2 mm - fornecimento, instalação e injeção de nata de cimento","m",68.709999999999994]
[4507825,"Bainha metálica redonda D = 110 mm para 37 cordoalhas D = 12,7 mm - fornecimento, instalação e injeção de nata de cimento","m",69.03]
[4507826,"Bainha metálica redonda D = 120 mm para 30 cordoalhas D = 15,2 mm - fornecimento, instalação e injeção de nata de cimento","m",74.98]
[4508179,"Bainha metálica redonda D = 120 mm para 31 cordoalhas D = 15,2 mm - fornecimento, instalação e injeção de nata de cimento","m",74.72]
[4507827,"Bainha metálica redonda D = 130 mm para 37 cordoalhas D = 15,2 mm - fornecimento, instalação e injeção de nata de cimento","m",80.16]
[4508180,"Bainha metálica redonda D = 30 mm para 2 cordoalhas D = 12,7 mm - fornecimento, instalação e injeção de nata de cimento","m",22.73]
[4507739,"Bainha metálica redonda D = 35 mm para 2 cordoalhas D = 15,2 mm - fornecimento, instalação e injeção de nata de cimento","m",24.12]
[4508181,"Bainha metálica redonda D = 35 mm para 3 cordoalhas D = 12,7 mm - fornecimento, instalação e injeção de nata de cimento","m",24.1]
[4508125,"Bainha metálica redonda D = 40 mm para 3 cordoalhas D = 15,2 mm - fornecimento, instalação e injeção de nata de cimento","m",26.57]
[4507828,"Bainha metálica redonda D = 40 mm para 4 cordoalhas D = 12,7 mm - fornecimento, instalação e injeção de nata de cimento","m",26.63]
[4507829,"Bainha metálica redonda D = 45 mm para 4 cordoalhas D = 15,2 mm - fornecimento, instalação e injeção de nata de cimento","m",28.88]
[4508182,"Bainha metálica redonda D = 45 mm para 5 cordoalhas D = 12,7 mm - fornecimento, instalação e injeção de nata de cimento","m",29.02]
[4508092,"Bainha metálica redonda D = 50 mm para 5 cordoalhas D = 15,2 mm - fornecimento, instalação e injeção de nata de cimento","m",30.51]
[4507830,"Bainha metálica redonda D = 50 mm para 6 cordoalhas D = 12,7 mm - fornecimento, instalação e injeção de nata de cimento","m",30.73]
[4508183,"Bainha metálica redonda D = 55 mm para 7 cordoalhas D = 12,7 mm - fornecimento, instalação e injeção de nata de cimento","m",36.61]
[4507831,"Bainha metálica redonda D = 55 mm para 8 cordoalhas D = 12,7 mm - fornecimento, instalação e injeção de nata de cimento","m",33.68]
[4507832,"Bainha metálica redonda D = 60 mm para 6 cordoalhas D = 15,2 mm - fornecimento, instalação e injeção de nata de cimento","m",37.340000000000003]
[4507833,"Bainha metálica redonda D = 60 mm para 9 cordoalhas D = 12,7 mm - fornecimento, instalação e injeção de nata de cimento","m",37.270000000000003]
[4507834,"Bainha metálica redonda D = 65 mm para 10 cordoalhas D = 12,7 mm - fornecimento, instalação e injeção de nata de cimento","m",38.82]
[4508184,"Bainha metálica redonda D = 65 mm para 11 cordoalhas D = 12,7 mm - fornecimento, instalação e injeção de nata de cimento","m",38.630000000000003]
[4507835,"Bainha metálica redonda D = 65 mm para 12 cordoalhas D = 12,7 mm - fornecimento, instalação e injeção de nata de cimento","m",38.44]
[4508174,"Bainha metálica redonda D = 65 mm para 7 cordoalhas D = 15,2 mm - fornecimento, instalação e injeção de nata de cimento","m",38.81]
[4507836,"Bainha metálica redonda D = 65 mm para 8 cordoalhas D = 15,2 mm - fornecimento, instalação e injeção de nata de cimento","m",38.54]
[4507837,"Bainha metálica redonda D = 70 mm para 15 cordoalhas D = 12,7 mm - fornecimento, instalação e injeção de nata de cimento","m",41.77]
[4507838,"Bainha metálica redonda D = 70 mm para 9 cordoalhas D = 15,2 mm - fornecimento, instalação e injeção de nata de cimento","m",42.17]
[4507839,"Bainha metálica redonda D = 75 mm para 10 cordoalhas D = 15,2 mm - fornecimento, instalação e injeção de nata de cimento","m",44.29]
[4508175,"Bainha metálica redonda D = 75 mm para 11 cordoalhas D = 15,2 mm - fornecimento, instalação e injeção de nata de cimento","m",44.02]
[4507840,"Bainha metálica redonda D = 75 mm para 16 cordoalhas D = 12,7 mm - fornecimento, instalação e injeção de nata de cimento","m",43.98]
[4507841,"Bainha metálica redonda D = 75 mm para 18 cordoalhas D = 12,7 mm - fornecimento, instalação e injeção de nata de cimento","m",43.6]
[4507842,"Bainha metálica redonda D = 80 mm para 12 cordoalhas D = 15,2 mm - fornecimento, instalação e injeção de nata de cimento","m",47.81]
[4508185,"Bainha metálica redonda D = 80 mm para 19 cordoalhas D = 12,7 mm - fornecimento, instalação e injeção de nata de cimento","m",47.47]
[4507843,"Bainha metálica redonda D = 80 mm para 20 cordoalhas D = 12,7 mm - fornecimento, instalação e injeção de nata de cimento","m",47.29]
[4507844,"Bainha metálica redonda D = 85 mm para 15 cordoalhas D = 15,2 mm - fornecimento, instalação e injeção de nata de cimento","m",50.45]
[4508186,"Bainha metálica redonda D = 85 mm para 21 cordoalhas D = 12,7 mm - fornecimento, instalação e injeção de nata de cimento","m",50.54]
[4508187,"Bainha metálica redonda D = 85 mm para 22 cordoalhas D = 12,7 mm - fornecimento, instalação e injeção de nata de cimento","m",50.35]
[4507845,"Bainha metálica redonda D = 85 mm para 24 cordoalhas D = 12,7 mm - fornecimento, instalação e injeção de nata de cimento","m",49.98]
[4507846,"Bainha metálica redonda D = 85 mm para 25 cordoalhas D = 12,7 mm - fornecimento, instalação e injeção de nata de cimento","m",49.79]
[4507847,"Bainha metálica redonda D = 90 mm para 16 cordoalhas D = 15,2 mm - fornecimento, instalação e injeção de nata de cimento","m",56.2]
[4507848,"Bainha metálica redonda D = 90 mm para 18 cordoalhas D = 15,2 mm - fornecimento, instalação e injeção de nata de cimento","m",55.66]
[4507849,"Bainha metálica redonda D = 90 mm para 27 cordoalhas D = 12,7 mm - fornecimento, instalação e injeção de nata de cimento","m",55.43]
[4508176,"Bainha metálica redonda D = 95 mm para 19 cordoalhas D = 15,2 mm - fornecimento, instalação e injeção de nata de cimento","m",57.67]
[4507850,"Bainha metálica redonda D = 95 mm para 20 cordoalhas D = 15,2 mm - fornecimento, instalação e injeção de nata de cimento","m",57.4]
[4507956,"Cordoalha CP 190 RB D = 12,7 mm - fornecimento e instalação","kg",11.51]
[4507957,"Cordoalha CP 190 RB D = 15,2 mm - fornecimento e instalação","kg",11.5]
[4507958,"Cordoalha engraxada CP 190 RB D = 12,7 mm - fornecimento e instalação","kg",15.85]
[4507959,"Cordoalha engraxada CP 190 RB D = 15,2 mm - fornecimento e instalação","kg",15.85]
[4516138,"Gaiola metálica em cantoneira para armazenamento e manipulação de cordoalha - confecção","kg",9.82]
[4516137,"Nicho de madeira para dispositivo de ancoragem de protensão - confecção e instalação","m²",133.57]
[4805755,"Apiloamento manual","m³",33.1]
[4805756,"Apiloamento manual de superfície com espessura de 15 cm","m²",4.97]
[4816020,"Areia extraída com draga de sucção tipo bomba","m³",11.94]
[4816019,"Areia extraída com escavadeira hidráulica de longo alcance","m³",7.68]
[4816018,"Areia extraída com trator e carregadeira","m³",5.09]
[4816012,"Brita produzida em central de britagem de 80 m³/h","m³",56.52]
[4815805,"Calandragem de chapa metálica com espessura de 3 mm","m²",14.38]
[4815802,"Calandragem de chapa metálica com espessura de 5 mm","m²",21.24]
[4805754,"Compactação manual com soquete vibratório","m³",6.97]
[4816145,"Confecção de canaleta meia cana D = 0,30 m - areia e brita comerciais","m",28.63]
[4816144,"Confecção de canaleta meia cana D = 0,30 m - areia extraída e brita produzida","m",26.52]
[4816147,"Confecção de canaleta meia cana D = 0,40 m - areia e brita comerciais","m",40.04]
[4816146,"Confecção de canaleta meia cana D = 0,40 m - areia extraída e brita produzida","m",36.24]
[4816121,"Confecção de tubos de concreto D = 0,20 m - areia e brita comerciais","m",32.96]
[4816120,"Confecção de tubos de concreto D = 0,20 m - areia extraída e brita produzida","m",30]
[4816123,"Confecção de tubos de concreto D = 0,30 m - areia e brita comerciais","m",43.6]
[4816122,"Confecção de tubos de concreto D = 0,30 m - areia extraída e brita produzida","m",39.369999999999997]
[4816125,"Confecção de tubos de concreto D = 0,40 m - areia e brita comerciais","m",62.57]
[4816124,"Confecção de tubos de concreto D = 0,40 m - areia extraída e brita produzida","m",54.95]
[4816022,"Confecção de tubos de concreto D = 0,50 m - areia e brita comerciais","m",84.8]
[4816021,"Confecção de tubos de concreto D = 0,50 m - areia extraída e brita produzida","m",73.010000000000005]
[4816106,"Confecção de tubos de concreto perfurado D = 0,20 m - areia e brita comerciais","m",34.07]
[4816105,"Confecção de tubos de concreto perfurado D = 0,20 m - areia extraída e brita produzida","m",31.1]
[4816108,"Confecção de tubos de concreto perfurado D = 0,30 m - areia e brita comerciais","m",44.71]
[4816107,"Confecção de tubos de concreto perfurado D = 0,30 m - areia extraída e brita produzida","m",40.479999999999997]
[4816110,"Confecção de tubos de concreto perfurado D = 0,40 m - areia e brita comerciais","m",63.67]
[4816109,"Confecção de tubos de concreto perfurado D = 0,40 m - areia extraída e brita produzida","m",56.06]
[4816100,"Confecção de tubos de concreto poroso D = 0,20 m - areia e brita comerciais","m",34.44]
[4816099,"Confecção de tubos de concreto poroso D = 0,20 m - areia extraída e brita produzida","m",32.18]
[4816102,"Confecção de tubos de concreto poroso D = 0,30 m - areia e brita comerciais","m",44.37]
[4816101,"Confecção de tubos de concreto poroso D = 0,30 m - areia extraída e brita produzida","m",42.01]
[4816104,"Confecção de tubos de concreto poroso D = 0,40 m - areia e brita comerciais","m",63.95]
[4816103,"Confecção de tubos de concreto poroso D = 0,40 m - areia extraída e brita produzida","m",58.14]
[4815804,"Dobramento de chapas de alumínio com espessura de 1,5 mm e comprimento de dobra de até 500 mm","un",0.54]
[4816002,"Escavação de tunnel liner em material de 3ª categoria","m³",1353.05]
[4805765,"Escavação de vala em material de 3ª categoria","m³",196.57]
[4816000,"Escavação manual de tunnel liner em material de 1ª categoria","m³",474.13]
[4816001,"Escavação manual de tunnel liner em material de 2ª categoria","m³",806.05]
[4805749,"Escavação manual de vala em material de 1ª categoria","m³",74.83]
[4805751,"Escavação manual em material de 1ª categoria na profundidade de 1 a 2 m","m³",56.12]
[4805752,"Escavação manual em material de 1ª categoria na profundidade de 2 a 3 m","m³",67.34]
[4805753,"Escavação manual em material de 1ª categoria na profundidade de 3 a 4 m","m³",78.569999999999993]
[4805750,"Escavação manual em material de 1ª categoria na profundidade de até 1 m","m³",44.9]
[4805767,"Escavação manual em material de 2ª categoria na profundidade de 1 a 2 m","m³",77.680000000000007]
[4805769,"Escavação manual em material de 2ª categoria na profundidade de 2 a 3 m","m³",92.47]
[4805770,"Escavação manual em material de 2ª categoria na profundidade de 3 a 4 m","m³",107.27]
[4805760,"Escavação manual em material de 2ª categoria na profundidade de até 1 m","m³",62.88]
[4805757,"Escavação mecânica de vala em material de 1ª categoria","m³",6.85]
[4805762,"Escavação mecânica de vala em material de 2ª categoria","m³",8.4700000000000006]
[4806395,"Fixação de parafuso em estrutura metálica","un",5.48]
[4816003,"Iluminação provisória para tunnel liner","m",43.07]
[4816017,"Material pétreo produzido em britador de mandíbulas móvel - camada final de aterro em rocha","m³",22.41]
[4816023,"Operação de mergulho autônomo em profundidade de até 20 m","h",253.2]
[4816025,"Operação de mergulho dependente em profundidade de 30 a 50 m - inclusive descompressão","h",465.07]
[4816024,"Operação de mergulho dependente em profundidade de até 30 m - inclusive descompressão","h",328.45]
[4816005,"Pedra de mão produzida manualmente","m³",88.03]
[4800400,"Preparo e regularização de terreno em desnível","m²",5.22]
[4816016,"Rachão ou pedra de mão produzida","m³",42.23]
[4800412,"Raspagem e limpeza de terreno plano","m²",4.49]
[4815671,"Reaterro e compactação com soquete vibratório","m³",17.36]
[4815803,"Rebordeamento de chapa metálica com espessura de 5 mm","m",7.84]
[4816011,"Recarga de cilindro com ar respirável para atividades de mergulho","m³",1707.03]
[4816014,"Rocha para britagem com perfuratriz manual","m³",46.6]
[4816010,"Rocha para britagem com perfuratriz sobre esteira","m³",37.97]
[4816015,"Rocha para britagem com perfuratriz sobre esteira - camada final de aterro em rocha","m³",22.61]
[4816119,"Selo de argila apiloado (solo local)","m³",37.51]
[4816004,"Ventilação provisória para tunnel liner","m",52.97]
[4915652,"Bico de adesão para injeção de adesivo estrutural à base de resina epóxi - fornecimento, instalação e retirada","un",8.4600000000000009]
[4915651,"Bico de perfuração para injeção de adesivo estrutural à base de resina epóxi - fornecimento, instalação e retirada","un",9.94]
[4915723,"Caiação manual com fixador de cal","m²",3.27]
[4915724,"Caiação mecanizada com fixador de cal","m²",1.98]
[4915637,"Capa selante - areia comercial","m²",0.89]
[4915779,"Capa selante - areia extraída","m²",0.66]
[4915638,"Capa selante - brita produzida","m²",0.79]
[4915636,"Capa selante - pedrisco comercial","m²",1.1200000000000001]
[4915744,"Capina manual","m²",0.75]
[4915700,"Combate à exsudação - areia comercial","m²",1.05]
[4915590,"Combate à exsudação - areia extraída","m²",0.8]
[4915591,"Combate à exsudação - brita produzida","m²",0.94]
[4915701,"Combate à exsudação - pedrisco comercial","m²",1.27]
[4915703,"Correção de defeitos com mistura betuminosa","m³",109.42]
[4915705,"Correção de defeitos por fresagem descontínua do revestimento asfáltico - espessura de 5 cm","m³",119.9]
[4915743,"Corte e limpeza de áreas gramadas","m²",0.09]
[4915768,"Corte e remoção de árvores","m³",15.78]
[4915713,"Desobstrução de bueiro","m³",66.2]
[4915655,"Fresagem contínua de revestimento asfáltico - espessura de 3 cm","m³",86.13]
[4915656,"Fresagem contínua de revestimento asfáltico - espessura de 4 cm","m³",67.569999999999993]
[4915657,"Fresagem contínua de revestimento asfáltico - espessura de 5 cm","m³",56.53]
[4915658,"Fresagem contínua de revestimento asfáltico - espessura de 6 cm","m³",49.32]
[4915659,"Fresagem contínua de revestimento asfáltico - espessura de 7 cm","m³",44.3]
[4915660,"Fresagem contínua de revestimento asfáltico - espessura de 8 cm","m³",40.72]
[4915661,"Fresagem descontínua de revestimento asfáltico - espessura de 3 cm","m³",112.16]
[4915662,"Fresagem descontínua de revestimento asfáltico - espessura de 4 cm","m³",88.68]
[4915663,"Fresagem descontínua de revestimento asfáltico - espessura de 5 cm","m³",73.41]
[4915664,"Fresagem descontínua de revestimento asfáltico - espessura de 6 cm","m³",64.599999999999994]
[4915665,"Fresagem descontínua de revestimento asfáltico - espessura de 7 cm","m³",58.55]
[4915666,"Fresagem descontínua de revestimento asfáltico - espessura de 8 cm","m³",54.22]
[4915650,"Injeção de adesivo estrutural à base de resina epóxi de baixa viscosidade para tratamento de fissuras em estruturas de concreto - fornecimento e aplicação manual","kg",287.31]
[4915645,"Injeção de adesivo estrutural à base de resina epóxi de baixa viscosidade para tratamento de fissuras em estruturas de concreto - fornecimento e aplicação mecanizada","kg",209.98]
[4915712,"Limpeza de bueiro","m³",22.07]
[4915711,"Limpeza de descida d'água","m",1.47]
[4915790,"Limpeza de emulsão asfáltica ou asfalto diluído derramados na pista - remoção com minicarregadeira com vassoura e descarga livre","t",216.42]
[4915793,"Limpeza de líquidos combustíveis derramados na pista - remoção com minicarregadeira com vassoura e descarga livre","t",164.41]
[4915792,"Limpeza de material asfáltico derramado fora da pista - remoção com escavadeira hidráulica e caminhão basculante","t",58.35]
[4915718,"Limpeza de placa de sinalização","m²",9.31]
[4915672,"Limpeza de ponte","m",4.41]
[4915708,"Limpeza de sarjeta e meio-fio","m",0.74]
[4915710,"Limpeza de vala de drenagem","m",4.41]
[4915709,"Limpeza de valeta de corte","m",1.1000000000000001]
[4915686,"Limpeza e desobstrução de dispositivos de drenagem em OAE","un",4.41]
[4915687,"Limpeza e desobstrução de drenos de obras de contenção","un",2.76]
[4915634,"Limpeza e desobstrução mecanizada de bueiros com diâmetro acima de 1,00 até 1,50 m","m",62.87]
[4915633,"Limpeza e desobstrução mecanizada de bueiros com diâmetro de até 1,00 m","m",20.74]
[4915714,"Limpeza e enchimento com resina epóxi de fissuras niveladas com abertura máxima de 0,4 mm e profundidade de 20 mm em pavimento de concreto que não atravessam toda a espessura da placa","m",2.96]
[4915759,"Limpeza e remoção de vegetação junto aos aparelhos de apoio de OAE com o uso de herbicida","un",7.44]
[4915758,"Limpeza e remoção de vegetação nas juntas de dilatação com o uso de herbicida","m",4.4400000000000004]
[4915640,"Limpeza e remoção manual de material retido em terra firme em OAE","m³",22.07]
[4915639,"Limpeza em superfície de concreto com escova de aço","m²",4.41]
[4915695,"Limpeza, serragem e enchimento de fissuras niveladas com abertura entre 0,4 mm e 1,0 mm e profundidade de 25 mm em pavimento de concreto com CAP","m",7.13]
[4915696,"Limpeza, serragem e enchimento de fissuras niveladas com abertura entre 0,4 mm e 1,0 mm e profundidade de 25 mm em pavimento de concreto com CAP com polímero","m",7.13]
[4915694,"Limpeza, serragem e enchimento de fissuras niveladas com abertura entre 0,4 mm e 1,0 mm e profundidade de 25 mm em pavimento de concreto com selante elástico a frio","m",29.25]
[4915654,"Lixamento mecanizado em superfície de concreto","m²",11.91]
[4900001,"Material de base","m³",0]
[4915801,"Mistura betuminosa","m³",0]
[4916290,"Mistura betuminosa a frio executada em betoneira - faixa C - areia e brita comerciais","m³",377.52]
[4915765,"Poda de árvores com 5,0 m a 7,5 m de altura","m³",182.14]
[4915766,"Poda de árvores com 7,5 m a 10 m de altura","m³",106.91]
[4915764,"Poda de árvores com até 5 m de altura","m³",327.86]
[4915767,"Poda de árvores com mais de 10 m de altura","m³",70.260000000000005]
[4915777,"Reassentamento manual de meio-fio com material arrancado da pista","m",14.38]
[4915618,"Recomposição de camada granular do pavimento com material de jazida - 100% Proctor modificado","m²",4.17]
[4915774,"Recomposição de erosão em corte ou aterro com material de jazida","m³",24.23]
[4915719,"Recomposição de placa de sinalização","m²",34.83]
[4915611,"Recomposição de revestimento primário com material de jazida - 100% Proctor intermediário","m³",10.55]
[4915733,"Recomposição manual de aterro com material de jazida","m³",40.19]
[4915734,"Recomposição mecanizada de aterro com material de jazida","m³",12.04]
[4915727,"Recomposição parcial de cerca com mourão de concreto - arame","m",10.52]
[4915726,"Recomposição parcial de cerca com mourão de concreto seção quadrada - mourão - areia e brita comerciais","m",25.76]
[4915594,"Recomposição parcial de cerca com mourão de concreto seção quadrada - mourão - areia extraída e brita produzida","m",24.32]
[4915729,"Recomposição parcial de cerca com mourão de concreto seção triangular - mourão - areia e brita comerciais","m",19.66]
[4915596,"Recomposição parcial de cerca com mourão de concreto seção triangular - mourão - areia extraída e brita comercial","m",19.04]
[4915732,"Recomposição parcial de cerca com mourão de madeira - arame","m",8.0299999999999994]
[4915731,"Recomposição parcial de cerca com mourão de madeira - mourão","m",19.149999999999999]
[4915725,"Recomposição total de cerca com mourão de concreto seção quadrada - areia e brita comerciais","m",30.64]
[4915593,"Recomposição total de cerca com mourão de concreto seção quadrada - areia extraída e brita produzida","m",29.2]
[4915728,"Recomposição total de cerca com mourão de concreto seção triangular - areia e brita comerciais","m",29.8]
[4915595,"Recomposição total de cerca com mourão de concreto seção triangular - areia extraída e brita produzida","m",29.18]
[4915730,"Recomposição total de cerca com mourão de madeira","m",26.36]
[4915598,"Reconformação da plataforma","m²",0.1]
[4915748,"Recuperação de desgaste superficial em pavimentos de concreto","m²",241.19]
[4915608,"Regularização de taludes e valas com soquete vibratório","m²",2.65]
[4915613,"Regularização mecânica da faixa de domínio","m²",0.17]
[4915692,"Remendo profundo com imprimação com asfalto diluído - demolição manual","m³",374.61]
[4915746,"Remendo profundo com imprimação com asfalto diluído - demolição mecânica e corte com serra","m³",290.35000000000002]
[4915630,"Remendo profundo com imprimação com emulsão asfáltica - demolição manual","m³",374.61]
[4915631,"Remendo profundo com imprimação com emulsão asfáltica - demolição mecânica e corte com serra","m³",290.35000000000002]
[4915785,"Remoção de animais de grande porte mortos em rodovia - carga e descarga com guindauto","t",380.26]
[4915786,"Remoção de animais de pequeno porte mortos em rodovia - carga manual","t",169.54]
[4915795,"Remoção de emborrachados de pneus em rodovia","t",353.13]
[4915800,"Remoção de espécimes arbóreos de 20 a 40 m tombados na pista","t",48.58]
[4915799,"Remoção de espécimes arbóreos de até 20 m tombados na pista","t",37.520000000000003]
[4915698,"Remoção de grãos, agregados e solos derramados na pista em rodovias","t",19.3]
[4915794,"Remoção de sucatas derramadas em rodovia - cinta com utilização de 100 vezes","t",585.27]
[4915789,"Remoção de veículos de grande porte incendiados em rodovia - carga e descarga com guindaste - cinta com utilização de 100 vezes","un",1895.21]
[4915798,"Remoção de veículos de grande porte tombados em rodovia - cinta com utilização de 100 vezes","un",1590.47]
[4915788,"Remoção de veículos de médio porte incendiados em rodovia - carga e descarga com guindaste - cinta com utilização de 100 vezes","un",1718.79]
[4915797,"Remoção de veículos de médio porte tombados em rodovia - cinta com utilização de 100 vezes","un",993.65]
[4915787,"Remoção de veículos de pequeno porte incendiados em rodovia - carga e descarga com guindauto - cinta com utilização de 100 vezes","un",868.6]
[4915796,"Remoção de veículos de pequeno porte tombados em rodovia - cinta com utilização de 100 vezes","un",342.43]
[4915760,"Remoção de vestígios de óleo ou graxa na superfície do revestimento do pavimento","m²",19.239999999999998]
[4915699,"Remoção de vidros, caixas e engradados derramados na pista em rodovia","t",29.94]
[4915736,"Remoção manual de barreira em rocha","m³",16.600000000000001]
[4915735,"Remoção manual de barreira em solo","m³",13.47]
[4915670,"Remoção manual de camada granular do pavimento","m³",194.21]
[4915668,"Remoção manual de revestimento asfáltico","m³",304.38]
[4915761,"Remoção manual de vegetação daninha","m²",4.41]
[4915762,"Remoção manual de vegetação daninha em frestas","m",2.21]
[4915738,"Remoção mecanizada de barreira em rocha","m³",5.8]
[4915737,"Remoção mecanizada de barreira em solo","m³",4.83]
[4915669,"Remoção mecanizada de camada granular do pavimento","m³",7.62]
[4915667,"Remoção mecanizada de revestimento asfáltico","m³",12.25]
[4915632,"Reparo localizado com pintura de ligação - demolição mecânica e corte com serra","m³",423.82]
[4915753,"Reparo no interior de placa de pavimento de concreto","m³",1483.58]
[4915776,"Roçada com roçadeira costal","ha",797.56]
[4915740,"Roçada manual","ha",1870.67]
[4915741,"Roçada manual de capim colonião","ha",4489.6000000000004]
[4915775,"Roçada mecanizada com roçadeira articulada","ha",775.12]
[4915742,"Roçada mecanizada com roçadeira de arraste","ha",474.97]
[4915626,"Selagem de trincas mecanizada em pavimento flexível com emulsão - areia comercial","m",2.1]
[4915653,"Selagem superficial de fissuras com adesivo estrutural à base de resina epóxi de alta viscosidade, inclusive limpeza superficial - fornecimento e aplicação","kg",73.599999999999994]
[4915623,"Solo brita para base de remendo profundo - brita comercial","m³",73.38]
[4915625,"Solo melhorado com cimento para base de remendo profundo","m³",61.21]
[4915621,"Solo para base de remendo profundo","m³",4.68]
[4915720,"Substituição de balizador - areia e brita comerciais","un",31.83]
[4915592,"Substituição de balizador - areia extraída e brita produzida","un",31.34]
[4913703,"Substituição de cartucho de absorção de energia tipo A - fornecimento e instalação, e reposicionamento do amortecedor retrátil","un",5582.85]
[4913704,"Substituição de cartucho de absorção de energia tipo B - fornecimento, instalação e reposicionamento do amortecedor retrátil","un",5462.87]
[4915757,"Tapa buraco com pintura de ligação - demolição com serra corta piso","m³",440.57]
[4915678,"Tapa buraco com pintura de ligação - demolição manual","m³",380.89]
[4919547,"Tela de proteção para roçada em tubo galvanizado 4,0 X 1,5 m - confecção","un",478.41]
[4915716,"Tratamento de fissuras do tipo rendilhado em pavimentos de concreto","m²",12.62]
[4915750,"Tratamento de fissuras transversais com abertura maior que 1,0 mm em pavimentos de concreto","m",223.83]
[4915769,"Trituração de galhos e troncos com diâmetro de até 350 mm","m³",32.630000000000003]
[5213836,"Balizador cônico refletivo em polietileno semiflexível de 114 x 11 x 40 cm - utilização de 150 ciclos - fornecimento, 01 implantação e 01 retirada diária","un.dia",1.26]
[5213368,"Balizador de concreto - areia e brita comerciais - fornecimento e implantação","un",20.399999999999999]
[5213367,"Balizador de concreto - areia extraída e brita produzida - fornecimento e implantação","un",19.420000000000002]
[5213385,"Barreira de sinalização tipo I de direcionamento ou bloqueio - confecção","un",411.18]
[5213343,"Barreira de sinalização tipo I de direcionamento ou bloqueio - utilização de 150 ciclos - fornecimento, 01 implantação e 01 retirada diária","un.dia",4.2300000000000004]
[5213390,"Barreira de sinalização tipo I de direcionamento ou bloqueio contínua - confecção","m",354.6]
[5213344,"Barreira de sinalização tipo I de direcionamento ou bloqueio contínua - utilização de 150 ciclos - fornecimento, 01 implantação e 01 retirada diária","m.dia",3.7]
[5213386,"Barreira de sinalização tipo II de direcionamento ou bloqueio - confecção","un",660.18]
[5213345,"Barreira de sinalização tipo II de direcionamento ou bloqueio - utilização de 150 ciclos - fornecimento, 01 implantação e 01 retirada diária","un.dia",6.23]
[5213387,"Barreira de sinalização tipo III de direcionamento ou bloqueio - confecção","un",943.16]
[5213346,"Barreira de sinalização tipo III de direcionamento ou bloqueio - utilização de 150 ciclos - fornecimento, 01 implantação e 01 retirada diária","un.dia",8.7200000000000006]
[5213843,"Barreira plástica articulável modular 240 x 100 cm na cor amarela - utilização de 600 ciclos - fornecimento, 01 implantação e 01 retirada diária","m.dia",1.02]
[5213833,"Barreira plástica monobloco para canalização de trânsito - 101 x 50 x 55 cm - utilização de 600 ciclos - fornecimento, 01 implantação e 01 retirada diária","un.dia",10.89]
[5213834,"Barreira plástica para canalização de trânsito - 60 x 45 x 60 cm - utilização de 600 ciclos - fornecimento, 01 implantação e 01 retirada diária","un.dia",7.14]
[5219544,"Cavalete em perfil metálico para placa de sinalização - 1,00 m x 1,00 m - confecção","un",227.26]
[5213383,"Cavalete em polietileno zebrado com faixa refletiva - H = 1,00 m - utilização de 600 ciclos - fornecimento, 01 implantação e 01 retirada diária","un.dia",0.82]
[5213380,"Cavalete em polietileno zebrado com faixa refletiva e com sinalizador a LED com bateria - H = 1,00 m - utilização de 600 ciclos - fornecimento, 01 implantação e 01 retirada diária","un.dia",1.91]
[5213838,"Cilindro canalizador de tráfego com base quadrada de 111 x 56 x 56 cm - utilização de 600 ciclos - fornecimento, 01 implantação e 01 retirada diária","un.dia",4.8600000000000003]
[5213837,"Cilindro flexível delimitador de tráfego com duas faixas refletivas e chumbador - D = 20 cm e H = 80 cm","un",174.24]
[5213835,"Cone plástico para canalização de trânsito - utilização de 150 ciclos - fornecimento, 01 implantação e 01 retirada diária","un.dia",0.77]
[5213839,"Dispositivo de direcionamento ou bloqueio tipo tapume - confecção","m²",352.84]
[5213347,"Dispositivo de direcionamento ou bloqueio tipo tapume - utilização de 150 ciclos - fornecimento, 01 implantação e 01 retirada diária","m².dia",7.6]
[5213840,"Dispositivo de direcionamento ou bloqueio tipo tela plástica com suporte fixo - confecção","m²",53.92]
[5213349,"Dispositivo de direcionamento ou bloqueio tipo tela plástica com suporte fixo - utilização de 150 ciclos - fornecimento, 01 implantação e 01 retirada diária","m².dia",0.79]
[5213841,"Dispositivo de direcionamento ou bloqueio tipo tela plástica com suporte móvel afixado em bloco de concreto - confecção","m²",84.53]
[5213348,"Dispositivo de direcionamento ou bloqueio tipo tela plástica com suporte móvel afixado em bloco de concreto - utilização de 150 ciclos - fornecimento, 01 implantação e 01 retirada diária","m².dia",0.91]
[5216116,"Fabricação de balizador de concreto - seção circular de 10 cm - areia e brita comerciais","un",17.38]
[5216115,"Fabricação de balizador de concreto - seção circular de 10 cm - areia extraída e brita produzida","un",16.89]
[5213842,"Fita zebrada para dispositivos de canalização de trânsito - fornecimento, implantação e retirada","m",0.12]
[5213358,"Laminado elastoplástico para sinalização horizontal - espessura de 1,5 mm - fornecimento e implantação","m²",210.69]
[5213848,"Luz de advertência e bateria para dispositivos de sinalização - utilização de 200 ciclos - fornecimento, 01 implantação e 01 retirada diária","un.dia",1.08]
[5214012,"Manutenção/recomposição de sinalização - pintura de faixa com tinta acrílica - espessura de 0,4 mm","m²",20.78]
[5213356,"Manutenção/recomposição de sinalização - pintura de faixa com tinta acrílica - espessura de 0,6 mm","m²",28.55]
[5214011,"Manutenção/recomposição de sinalização - pintura de faixa com tinta acrílica emulsionada em água - espessura de 0,3 mm","m²",13.17]
[5213354,"Manutenção/recomposição de sinalização - pintura de faixa com tinta acrílica emulsionada em água - espessura de 0,4 mm","m²",15.75]
[5213355,"Manutenção/recomposição de sinalização - pintura de faixa com tinta acrílica emulsionada em água - espessura de 0,5 mm","m²",18.36]
[5213850,"Operação de sinalização por bandeirola de tecido ou com placa metálica","h",22.07]
[5213846,"Painel com seta luminosa montado em chassi de caminhão com prancha","h",5.56]
[5213847,"Painel com seta luminosa montado em chassi de caminhão com prancha e amortecedor retrátil","h",98.67]
[5213845,"Painel de mensagens variáveis, portátil móvel, LED, com banco fotovoltaico de energia e montado em chassi com engate","h",27.34]
[5213412,"Pintura de faixa com plástico a frio bicomponente à base de resinas metacrílicas por dispersão (estrutura)","m²",122.26]
[5213411,"Pintura de faixa com plástico a frio bicomponente à base de resinas metacrílicas por extrusão (alto relevo)","m²",216.86]
[5214009,"Pintura de faixa com plástico a frio bicomponente à base de resinas metacrílicas por extrusão (plano) - espessura de 1,5 mm","m²",122.26]
[5214010,"Pintura de faixa com plástico a frio bicomponente à base de resinas metacrílicas por extrusão (plano) - espessura de 3,0 mm","m²",225.09]
[5213413,"Pintura de faixa com plástico a frio tricomponente à base de resinas metacrílicas por aspersão - espessura de 0,6 mm","m²",70]
[5213410,"Pintura de faixa com termoplástico em alto relevo tipo I por extrusão - relevo duplo com base","m²",142.6]
[5214004,"Pintura de faixa com termoplástico em alto relevo tipo II por extrusão - relevo simples ranhurado com base","m²",171.53]
[5214005,"Pintura de faixa com termoplástico em alto relevo tipo III por extrusão - relevo simples com base","m²",153.71]
[5214006,"Pintura de faixa com termoplástico em alto relevo tipo IV por extrusão - relevo simples sem base","m²",98.43]
[5214007,"Pintura de faixa com termoplástico em alto relevo tipo V por extrusão - relevo multipontos sem base (gotas)","m²",83.97]
[5214008,"Pintura de faixa com termoplástico em alto relevo tipo VI por extrusão - relevo multipontos sem base (calotas)","m²",82.42]
[5213408,"Pintura de faixa com termoplástico por aspersão - espessura de 1,5 mm","m²",48.2]
[5213400,"Pintura de faixa com tinta acrílica - espessura de 0,4 mm","m²",21.05]
[5213401,"Pintura de faixa com tinta acrílica - espessura de 0,6 mm","m²",28.87]
[5214001,"Pintura de faixa com tinta acrílica emulsionada em água - espessura de 0,3 mm","m²",13.43]
[5213402,"Pintura de faixa com tinta acrílica emulsionada em água - espessura de 0,4 mm","m²",16.02]
[5213403,"Pintura de faixa com tinta acrílica emulsionada em água - espessura de 0,5 mm","m²",18.66]
[5214003,"Pintura de setas e zebrados com termoplástico por aspersão - espessura de 1,5 mm","m²",58.66]
[5213409,"Pintura de setas e zebrados com termoplástico por extrusão - espessura de 3,0 mm","m²",99.42]
[5213404,"Pintura de setas e zebrados com tinta acrílica - espessura de 0,4 mm","m²",35.22]
[5213405,"Pintura de setas e zebrados com tinta acrílica - espessura de 0,6 mm","m²",42.5]
[5214002,"Pintura de setas e zebrados com tinta acrílica emulsionada em água - espessura de 0,3 mm","m²",27.81]
[5213406,"Pintura de setas e zebrados com tinta acrílica emulsionada em água - espessura de 0,4 mm","m²",30.19]
[5213407,"Pintura de setas e zebrados com tinta acrílica emulsionada em água - espessura de 0,5 mm","m²",32.58]
[5212552,"Pintura eletrostática a pó com tinta poliéster em chapa de aço","m²",17.98]
[5213464,"Placa de advertência em aço, lado de 0,60 m - película retrorrefletiva tipo I + SI - fornecimento e implantação","un",281.20999999999998]
[5213465,"Placa de advertência em aço, lado de 0,80 m - película retrorrefletiva tipo I + SI - fornecimento e implantação","un",486.18]
[5213466,"Placa de advertência em aço, lado de 1,00 m - película retrorrefletiva tipo I + SI - fornecimento e implantação","un",683.92]
[5213467,"Placa de advertência em aço, lado de 1,20 m - película retrorrefletiva tipo III + SI - fornecimento e implantação","un",1071.49]
[5213468,"Placa de advertência em fibra, lado de 0,60 m - película retrorrefletiva tipo I + SI - fornecimento e implantação","un",267.51]
[5213469,"Placa de advertência em fibra, lado de 0,80 m - película retrorrefletiva tipo I + SI - fornecimento e implantação","un",460.08]
[5213470,"Placa de advertência em fibra, lado de 1,00 m - película retrorrefletiva tipo I + SI - fornecimento e implantação","un",645.86]
[5213471,"Placa de advertência em fibra, lado de 1,20 m - película retrorrefletiva tipo III + SI - fornecimento e implantação","un",1016.69]
[5212560,"Placa de advertência para sinalização de obras montada em suporte metálico móvel, lado 1,00 m - utilização de 600 ciclos - fornecimento, 01 implantação e 01 retirada diária","un.dia",3.96]
[5213472,"Placa de marco quilométrico em aço - 0,60 x 0,865 m - película retrorrefletiva tipo I + I - fornecimento e implantação","un",309.82]
[5213473,"Placa de marco quilométrico em aço - 0,70 x 1,00 m - película retrorrefletiva tipo I + III - fornecimento e implantação","un",402.62]
[5213474,"Placa de marco quilométrico em fibra - 0,60 x 0,865 m - película retrorrefletiva tipo I + I - fornecimento e implantação","un",286.98]
[5213475,"Placa de marco quilométrico em fibra - 0,70 x 1,00 m - película retrorrefletiva tipo I + III - fornecimento e implantação","un",374.07]
[5213440,"Placa de regulamentação em aço D = 0,60 m - película retrorrefletiva tipo I + SI - fornecimento e implantação","un",281.17]
[5213441,"Placa de regulamentação em aço D = 0,80 m - película retrorrefletiva tipo I + SI - fornecimento e implantação","un",486.22]
[5213442,"Placa de regulamentação em aço D = 1,00 m - película retrorrefletiva tipo I + SI - fornecimento e implantação","un",683.92]
[5213443,"Placa de regulamentação em aço D = 1,20 m - película retrorrefletiva tipo III + SI - fornecimento e implantação","un",1071.52]
[5213444,"Placa de regulamentação em aço, R1 lado 0,248 m - película retrorrefletiva tipo I + SI - fornecimento e implantação","un",281.23]
[5213445,"Placa de regulamentação em aço, R1 lado 0,331 m - película retrorrefletiva tipo I + SI - fornecimento e implantação","un",486.14]
[5213446,"Placa de regulamentação em aço, R1 lado 0,414 m - película retrorrefletiva tipo I + SI - fornecimento e implantação","un",683.92]
[5213447,"Placa de regulamentação em aço, R1 lado 0,497 m - película retrorrefletiva tipo III + SI - fornecimento e implantação","un",1071.57]
[5213448,"Placa de regulamentação em aço, R2 lado 0,60 m - película retrorrefletiva tipo I + SI - fornecimento e implantação","un",191.98]
[5213449,"Placa de regulamentação em aço, R2 lado 0,80 m - película retrorrefletiva tipo I + SI - fornecimento e implantação","un",306.36]
[5213450,"Placa de regulamentação em aço, R2 lado 1,00 m - película retrorrefletiva tipo I + SI - fornecimento e implantação","un",432.21]
[5213451,"Placa de regulamentação em aço, R2 lado 1,20 m - película retrorrefletiva tipo III + SI - fornecimento e implantação","un",619.55999999999995]
[5213452,"Placa de regulamentação em fibra, D = 0,60 m - película retrorrefletiva tipo I + SI - fornecimento e implantação","un",267.47000000000003]
[5213453,"Placa de regulamentação em fibra, D = 0,80 m - película retrorrefletiva tipo I + SI - fornecimento e implantação","un",460.12]
[5213454,"Placa de regulamentação em fibra, D = 1,00 m - película retrorrefletiva tipo I + SI - fornecimento e implantação","un",645.86]
[5213455,"Placa de regulamentação em fibra, D = 1,20 m - película retrorrefletiva tipo III + SI - fornecimento e implantação","un",1016.71]
[5213456,"Placa de regulamentação em fibra, R1 lado 0,248 m - película retrorrefletiva tipo I + SI - fornecimento e implantação","un",267.52999999999997]
[5213457,"Placa de regulamentação em fibra, R1 lado 0,331 m - película retrorrefletiva tipo I + SI - fornecimento e implantação","un",460.04]
[5213458,"Placa de regulamentação em fibra, R1 lado 0,414 m - película retrorrefletiva tipo I + SI - fornecimento e implantação","un",645.86]
[5213459,"Placa de regulamentação em fibra, R1 lado 0,497 m - película retrorrefletiva tipo III + SI - fornecimento e implantação","un",1016.76]
[5213460,"Placa de regulamentação em fibra, R2 lado 0,60 m - película retrorrefletiva tipo I + SI - fornecimento e implantação","un",183.67]
[5213461,"Placa de regulamentação em fibra, R2 lado 0,80 m - película retrorrefletiva tipo I + SI - fornecimento e implantação","un",291.14]
[5213462,"Placa de regulamentação em fibra, R2 lado 1,00 m - película retrorrefletiva tipo I + SI - fornecimento e implantação","un",409.37]
[5213463,"Placa de regulamentação em fibra, R2 lado 1,20 m - película retrorrefletiva tipo I + SI - fornecimento e implantação","un",527.61]
[5212557,"Placa de regulamentação para sinalização de obras montada em suporte metálico móvel - D = 1,00 m - utilização de 600 ciclos - fornecimento, 01 implantação e 01 retirada diária","un.dia",3.72]
[5212558,"Placa de regulamentação para sinalização de obras montada em suporte metálico móvel, R1 lado 0,414 m - utilização de 600 ciclos - fornecimento, 01 implantação e 01 retirada diária","un.dia",3.76]
[5212559,"Placa de regulamentação para sinalização de obras montada em suporte metálico móvel, R2 lado 1,00 m - utilização de 600 ciclos - fornecimento, 01 implantação e 01 retirada diária","un.dia",3.32]
[5213477,"Placa delineador em aço - 0,30 x 0,90 m - película retrorrefletiva tipo I + IV - fornecimento e implantação","un",167.63]
[5213476,"Placa delineador em aço - 0,50 x 0,60 m - película retrorrefletiva tipo I + IV - fornecimento e implantação","un",180.18]
[5213479,"Placa delineador em fibra - 0,30 x 0,90 m - película retrorrefletiva tipo I + IV - fornecimento e implantação","un",157.35]
[5213478,"Placa delineador em fibra - 0,50 x 0,60 m - película retrorrefletiva tipo I + IV - fornecimento e implantação","un",168.76]
[5213489,"Placa em aço - 2,00 x 1,00 m - película retrorrefletiva tipo I + I - fornecimento e implantação","un",932.48]
[5213498,"Placa em aço - 2,00 x 1,00 m - película retrorrefletiva tipo I + III - fornecimento e implantação","un",1009.82]
[5213365,"Placa em aço - 2,00 x 1,00 m - película retrorrefletiva tipo I + X - fornecimento e implantação","un",1175.6600000000001]
[5213507,"Placa em aço - 2,00 x 1,00 m - película retrorrefletiva tipo III + III - fornecimento e implantação","un",1203.18]
[5213372,"Placa em aço - 2,00 x 1,00 m - película retrorrefletiva tipo III + X - fornecimento e implantação","un",1369]
[5213490,"Placa em aço - 3,00 x 1,50 m - película retrorrefletiva tipo I + I - fornecimento e implantação","un",1995.56]
[5213499,"Placa em aço - 3,00 x 1,50 m - película retrorrefletiva tipo I + III - fornecimento e implantação","un",2169.5700000000002]
[5213366,"Placa em aço - 3,00 x 1,50 m - película retrorrefletiva tipo I + X - fornecimento e implantação","un",2542.71]
[5213508,"Placa em aço - 3,00 x 1,50 m - película retrorrefletiva tipo III + III - fornecimento e implantação","un",2604.63]
[5213373,"Placa em aço - 3,00 x 1,50 m - película retrorrefletiva tipo III + X - fornecimento e implantação","un",2977.73]
[5213491,"Placa em aço - 3,00 x 2,00 m - película retrorrefletiva tipo I + I - fornecimento e implantação","un",2633.4]
[5213500,"Placa em aço - 3,00 x 2,00 m - película retrorrefletiva tipo I + III - fornecimento e implantação","un",2865.42]
[5213369,"Placa em aço - 3,00 x 2,00 m - película retrorrefletiva tipo I + X - fornecimento e implantação","un",3362.94]
[5213509,"Placa em aço - 3,00 x 2,00 m - película retrorrefletiva tipo III + III - fornecimento e implantação","un",3445.5]
[5213374,"Placa em aço - 3,00 x 2,00 m - película retrorrefletiva tipo III + X - fornecimento e implantação","un",3942.96]
[5213492,"Placa em aço - 4,00 x 2,00 m - película retrorrefletiva tipo I + I - fornecimento e implantação","un",3565.89]
[5213501,"Placa em aço - 4,00 x 2,00 m - película retrorrefletiva tipo I + III - fornecimento e implantação","un",3875.25]
[5213370,"Placa em aço - 4,00 x 2,00 m - película retrorrefletiva tipo I + X - fornecimento e implantação","un",4538.6099999999997]
[5213510,"Placa em aço - 4,00 x 2,00 m - película retrorrefletiva tipo III + III - fornecimento e implantação","un",4648.6899999999996]
[5213375,"Placa em aço - 4,00 x 2,00 m - película retrorrefletiva tipo III + X - fornecimento e implantação","un",5311.97]
[5213494,"Placa em aço - 4,00 x 3,00 m - película retrorrefletiva tipo I + I - fornecimento e implantação","un",5266.81]
[5213503,"Placa em aço - 4,00 x 3,00 m - película retrorrefletiva tipo I + III - fornecimento e implantação","un",5730.85]
[5213371,"Placa em aço - 4,00 x 3,00 m - película retrorrefletiva tipo I + X - fornecimento e implantação","un",6725.89]
[5213512,"Placa em aço - 4,00 x 3,00 m - película retrorrefletiva tipo III + III - fornecimento e implantação","un",6891.01]
[5213376,"Placa em aço - 4,00 x 3,00 m - película retrorrefletiva tipo III + X - fornecimento e implantação","un",7885.93]
[5213377,"Placa em aço - película I + I - chapa recuperada - fornecimento e implantação","m²",325.60000000000002]
[5213570,"Placa em aço - película I + I - fornecimento e implantação","m²",479.91]
[5213378,"Placa em aço - película I + III - chapa recuperada - fornecimento e implantação","m²",364.27]
[5213571,"Placa em aço - película I + III - fornecimento e implantação","m²",518.58000000000004]
[5213379,"Placa em aço - película III + III - chapa recuperada - fornecimento e implantação","m²",460.95]
[5213572,"Placa em aço - película III + III - fornecimento e implantação","m²",615.26]
[5212553,"Placa em aço nº 16 galvanizado com película retrorrefletiva tipo I + I - chapa recuperada - confecção","m²",270.92]
[5213416,"Placa em aço nº 16 galvanizado com película retrorrefletiva tipo I + I - confecção","m²",425.23]
[5212554,"Placa em aço nº 16 galvanizado com película retrorrefletiva tipo I + III - chapa recuperada - confecção","m²",309.58999999999997]
[5213417,"Placa em aço nº 16 galvanizado com película retrorrefletiva tipo I + III - confecção","m²",463.9]
[5213421,"Placa em aço nº 16 galvanizado com película retrorrefletiva tipo I + IV - confecção","m²",418.32]
[5213414,"Placa em aço nº 16 galvanizado com película retrorrefletiva tipo I + SI - confecção","m²",629.24]
[5213419,"Placa em aço nº 16 galvanizado com película retrorrefletiva tipo I + X - confecção","m²",546.82000000000005]
[5212555,"Placa em aço nº 16 galvanizado com película retrorrefletiva tipo III + III - chapa recuperada - confecção","m²",406.27]
[5213418,"Placa em aço nº 16 galvanizado com película retrorrefletiva tipo III + III - confecção","m²",560.58000000000004]
[5213415,"Placa em aço nº 16 galvanizado com película retrorrefletiva tipo III + SI - confecção","m²",706.12]
[5213420,"Placa em aço nº 16 galvanizado com película retrorrefletiva tipo III + X - confecção","m²",643.49]
[5213543,"Placa em aço, modulada - 2,00 x 1,00 m - película retrorrefletiva tipo I + I - fornecimento e implantação","un",1160.0999999999999]
[5213552,"Placa em aço, modulada - 2,00 x 1,00 m - película retrorrefletiva tipo I + III - fornecimento e implantação","un",1237.44]
[5213561,"Placa em aço, modulada - 2,00 x 1,00 m - película retrorrefletiva tipo III + III - fornecimento e implantação","un",1430.8]
[5213544,"Placa em aço, modulada - 3,00 x 1,50 m - película retrorrefletiva tipo I + I - fornecimento e implantação","un",2507.6999999999998]
[5213553,"Placa em aço, modulada - 3,00 x 1,50 m - película retrorrefletiva tipo I + III - fornecimento e implantação","un",2681.72]
[5213562,"Placa em aço, modulada - 3,00 x 1,50 m - película retrorrefletiva tipo III + III - fornecimento e implantação","un",3116.78]
[5213545,"Placa em aço, modulada - 3,00 x 2,00 m - película retrorrefletiva tipo I + I - fornecimento e implantação","un",3316.26]
[5213554,"Placa em aço, modulada - 3,00 x 2,00 m - película retrorrefletiva tipo I + III - fornecimento e implantação","un",3548.28]
[5213563,"Placa em aço, modulada - 3,00 x 2,00 m - película retrorrefletiva tipo III + III - fornecimento e implantação","un",4128.3599999999997]
[5213546,"Placa em aço, modulada - 4,00 x 2,00 m - película retrorrefletiva tipo I + I - fornecimento e implantação","un",4476.37]
[5213555,"Placa em aço, modulada - 4,00 x 2,00 m - película retrorrefletiva tipo I + III - fornecimento e implantação","un",4785.7299999999996]
[5213564,"Placa em aço, modulada - 4,00 x 2,00 m - película retrorrefletiva tipo III + III - fornecimento e implantação","un",5559.17]
[5213548,"Placa em aço, modulada - 4,00 x 3,00 m - película retrorrefletiva tipo I + I - fornecimento e implantação","un",6632.53]
[5213557,"Placa em aço, modulada - 4,00 x 3,00 m - película retrorrefletiva tipo I + III - fornecimento e implantação","un",7096.57]
[5213566,"Placa em aço, modulada - 4,00 x 3,00 m - película retrorrefletiva tipo III + III - fornecimento e implantação","un",8256.73]
[5213576,"Placa em aço, modulada - acima de 2 m² - película I + I - fornecimento e implantação","m²",593.72]
[5213577,"Placa em aço, modulada - acima de 2 m² - película I + III - fornecimento e implantação","m²",632.39]
[5213578,"Placa em aço, modulada - acima de 2 m² - película III + III - fornecimento e implantação","m²",729.07]
[5213425,"Placa em alumínio composto de 3 mm, modulada, aérea, com película retrorrefletiva tipo I + III - confecção","m²",612.15]
[5213426,"Placa em alumínio composto de 3 mm, modulada, aérea, com película retrorrefletiva tipo III + III - confecção","m²",708.82]
[5213427,"Placa em alumínio composto de 3 mm, modulada, aérea, com película retrorrefletiva tipo III + X - confecção","m²",791.74]
[5213567,"Placa em alumínio composto de 3 mm, modulada, aérea, com película retrorrefletiva tipo X + SI - confecção","m²",964.46]
[5213486,"Placa em alumínio composto, espessura de 3,0 mm, modulada, aérea - película retrorrefletiva tipo I + III - fornecimento e implantação","m²",939.59]
[5213487,"Placa em alumínio composto, espessura de 3,0 mm, modulada, aérea - película retrorrefletiva tipo III + III - fornecimento e implantação","m²",1036.26]
[5213488,"Placa em alumínio composto, espessura de 3,0 mm, modulada, aérea - película retrorrefletiva tipo III + X - fornecimento e implantação","m²",1119.18]
[5213568,"Placa em alumínio composto, espessura de 3,0 mm, modulada, aérea - película retrorrefletiva tipo X + SI - fornecimento e implantação","m²",1291.9000000000001]
[5213483,"Placa em alumínio, espessura de 1,5 mm, modulada, aérea - película retrorrefletiva tipo I + III - fornecimento e implantação","m²",946.02]
[5213484,"Placa em alumínio, espessura de 1,5 mm, modulada, aérea - película retrorrefletiva tipo III + III - fornecimento e implantação","m²",1042.7]
[5213485,"Placa em alumínio, espessura de 1,5 mm, modulada, aérea - película retrorrefletiva tipo III + X - fornecimento e implantação","m²",1125.6099999999999]
[5213434,"Placa em alumínio, espessura de 1,5 mm, modulada, aérea, com película retrorrefletiva tipo I + III - confecção","m²",618.58000000000004]
[5213435,"Placa em alumínio, espessura de 1,5 mm, modulada, aérea, com película retrorrefletiva tipo III + III - confecção","m²",715.26]
[5213436,"Placa em alumínio, espessura de 1,5 mm, modulada, aérea, com película retrorrefletiva tipo III + X - confecção","m²",798.17]
[5213430,"Placa em chapa de poliéster reforçada com fibra de vidro com película retrorrefletiva tipo I + I - confecção","m²",387.17]
[5213431,"Placa em chapa de poliéster reforçada com fibra de vidro com película retrorrefletiva tipo I + III - confecção","m²",425.84]
[5213433,"Placa em chapa de poliéster reforçada com fibra de vidro com película retrorrefletiva tipo I + IV - confecção","m²",380.26]
[5213428,"Placa em chapa de poliéster reforçada com fibra de vidro com película retrorrefletiva tipo I + SI - confecção","m²",591.17999999999995]
[5213432,"Placa em chapa de poliéster reforçada com fibra de vidro com película retrorrefletiva tipo III + III - confecção","m²",522.52]
[5213429,"Placa em chapa de poliéster reforçada com fibra de vidro com película retrorrefletiva tipo III + SI - confecção","m²",668.06]
[5213516,"Placa em fibra - 2,00 x 1,00 m - película retrorrefletiva tipo I + I - fornecimento e implantação","un",856.36]
[5213525,"Placa em fibra - 2,00 x 1,00 m - película retrorrefletiva tipo I + III - fornecimento e implantação","un",933.7]
[5213534,"Placa em fibra - 2,00 x 1,00 m - película retrorrefletiva tipo III + III - fornecimento e implantação","un",1127.06]
[5213517,"Placa em fibra - 3,00 x 1,50 m - película retrorrefletiva tipo I + I - fornecimento e implantação","un",1824.29]
[5213526,"Placa em fibra - 3,00 x 1,50 m - película retrorrefletiva tipo I + III - fornecimento e implantação","un",1998.3]
[5213535,"Placa em fibra - 3,00 x 1,50 m - película retrorrefletiva tipo III + III - fornecimento e implantação","un",2433.36]
[5213518,"Placa em fibra - 3,00 x 2,00 m - película retrorrefletiva tipo I + I - fornecimento e implantação","un",2405.04]
[5213527,"Placa em fibra - 3,00 x 2,00 m - película retrorrefletiva tipo I + III - fornecimento e implantação","un",2637.06]
[5213536,"Placa em fibra - 3,00 x 2,00 m - película retrorrefletiva tipo III + III - fornecimento e implantação","un",3217.14]
[5213519,"Placa em fibra - 4,00 x 2,00 m - película retrorrefletiva tipo I + I - fornecimento e implantação","un",3261.41]
[5213528,"Placa em fibra - 4,00 x 2,00 m - película retrorrefletiva tipo I + III - fornecimento e implantação","un",3570.77]
[5213537,"Placa em fibra - 4,00 x 2,00 m - película retrorrefletiva tipo III + III - fornecimento e implantação","un",4344.21]
[5213521,"Placa em fibra - 4,00 x 3,00 m - película retrorrefletiva tipo I + I - fornecimento e implantação","un",4810.09]
[5213530,"Placa em fibra - 4,00 x 3,00 m - película retrorrefletiva tipo I + III - fornecimento e implantação","un",5274.13]
[5213539,"Placa em fibra - 4,00 x 3,00 m - película retrorrefletiva tipo III + III - fornecimento e implantação","un",6434.29]
[5213573,"Placa em fibra - película I + I - fornecimento e implantação","m²",441.85]
[5213574,"Placa em fibra - película I + III - fornecimento e implantação","m²",480.52]
[5213575,"Placa em fibra - película III + III - fornecimento e implantação","m²",577.20000000000005]
[5213480,"Placa em fibra, modulada, aérea - película retrorrefletiva tipo I + III - fornecimento e implantação","m²",863.78]
[5213481,"Placa em fibra, modulada, aérea - película retrorrefletiva tipo III + III - fornecimento e implantação","m²",960.45]
[5213482,"Placa em fibra, modulada, aérea - película retrorrefletiva tipo III + X - fornecimento e implantação","m²",1043.3699999999999]
[5213422,"Placa modulada em aço nº 18 galvanizado com película retrorrefletiva tipo I + I - confecção","m²",539.04]
[5213423,"Placa modulada em aço nº 18 galvanizado com película retrorrefletiva tipo I + III - confecção","m²",577.71]
[5213424,"Placa modulada em aço nº 18 galvanizado com película retrorrefletiva tipo III + III - confecção","m²",674.39]
[5213437,"Placa modulada em chapa de poliéster reforçada com fibra de vidro, aérea, com película retrorrefletiva tipo I + III - confecção","m²",536.34]
[5213438,"Placa modulada em chapa de poliéster reforçada com fibra de vidro, aérea, com película retrorrefletiva tipo III + III - confecção","m²",633.01]
[5213439,"Placa modulada em chapa de poliéster reforçada com fibra de vidro, aérea, com película retrorrefletiva tipo III + X - confecção","m²",715.93]
[5212556,"Placa para sinalização de obras montada em cavalete metálico - 1,00 x 1,00 m - utilização de 600 ciclos - fornecimento, 01 implantação e 01 retirada diária","un.dia",1.97]
[5213649,"Pórtico metálico com vão de 15,9 m, vento de 35 m/s e área de exposição de até 23,85 m² - fornecimento e implantação - areia e brita comerciais","un",102851.58]
[5213591,"Pórtico metálico com vão de 15,9 m, vento de 35 m/s e área de exposição de até 23,85 m² - fornecimento e implantação - areia extraída e brita produzida","un",102851.58]
[5213718,"Pórtico metálico com vão de 15,9 m, vento de 40 m/s e área de exposição de até 23,85 m² - fornecimento e implantação - areia e brita comerciais","un",113656.5]
[5213741,"Pórtico metálico com vão de 15,9 m, vento de 40 m/s e área de exposição de até 23,85 m² - fornecimento e implantação - areia extraída e brita produzida","un",113656.5]
[5213776,"Pórtico metálico com vão de 15,9 m, vento de 45 m/s e área de exposição de até 23,85 m² - fornecimento e implantação - areia e brita comerciais","un",114342.55]
[5213799,"Pórtico metálico com vão de 15,9 m, vento de 45 m/s e área de exposição de até 23,85 m² - fornecimento e implantação - areia extraída e brita produzida","un",114342.55]
[5213363,"Recuperação de chapa em aço para placa de sinalização","m²",35.54]
[5213667,"Remoção da estrutura de pórtico metálico","un",333.72]
[5213683,"Remoção da estrutura de semipórtico duplo metálico","un",237.05]
[5213660,"Remoção da estrutura de semipórtico metálico","un",197.54]
[5213364,"Remoção de placa de sinalização","m²",20.9]
[5213832,"Remoção de sinalização horizontal com maçarico","m²",3.89]
[5213830,"Remoção de sinalização horizontal por fresagem","m²",4.9400000000000004]
[5213831,"Remoção de sinalização horizontal tipo pintura acrílica por jateamento abrasivo úmido com vidro - utilização de 3 vezes","m²",64.72]
[5213849,"Semáforo móvel com 3 lentes D = 200 mm","h",3.49]
[5213636,"Semipórtico duplo metálico com vão de 2 x 8,3 m, vento de 35 m/s e área de exposição de até 2 x 12,45 m² - fornecimento e implantação - areia e brita comerciais","un",100407.45]
[5213642,"Semipórtico duplo metálico com vão de 2 x 8,3 m, vento de 35 m/s e área de exposição de até 2 x 12,45 m² - fornecimento e implantação - areia extraída e brita produzida","un",100407.45]
[5213757,"Semipórtico duplo metálico com vão de 2 x 8,3 m, vento de 40 m/s e área de exposição de até 2 x 12,45 m² - fornecimento e implantação - areia e brita comerciais","un",111243.86]
[5213763,"Semipórtico duplo metálico com vão de 2 x 8,3 m, vento de 40 m/s e área de exposição de até 2 x 12,45 m² - fornecimento e implantação - areia extraída e brita produzida","un",111243.86]
[5213815,"Semipórtico duplo metálico com vão de 2 x 8,3 m, vento de 45 m/s e área de exposição de até 2 x 12,45 m² - fornecimento e implantação - areia e brita comerciais","un",122080.27]
[5213821,"Semipórtico duplo metálico com vão de 2 x 8,3 m, vento de 45 m/s e área de exposição de até 2 x 12,45 m² - fornecimento e implantação - areia extraída e brita produzida","un",122080.27]
[5213630,"Semipórtico metálico com vão de 8,3 m, vento de 35 m/s e área de exposição de até 12,45 m² - fornecimento e implantação - areia e brita comerciais","un",62725.8]
[5213584,"Semipórtico metálico com vão de 8,3 m, vento de 35 m/s e área de exposição de até 12,45 m² - fornecimento e implantação - areia extraída e brita produzida","un",62725.8]
[5213711,"Semipórtico metálico com vão de 8,3 m, vento de 40 m/s e área de exposição de até 12,45 m² - fornecimento e implantação - areia e brita comerciais","un",66984.88]
[5213734,"Semipórtico metálico com vão de 8,3 m, vento de 40 m/s e área de exposição de até 12,45 m² - fornecimento e implantação - areia extraída e brita produzida","un",66984.88]
[5213769,"Semipórtico metálico com vão de 8,3 m, vento de 45 m/s e área de exposição de até 12,45 m² - fornecimento e implantação - areia e brita comerciais","un",73412.59]
[5213792,"Semipórtico metálico com vão de 8,3 m, vento de 45 m/s e área de exposição de até 12,45 m² - fornecimento e implantação - areia extraída e brita produzida","un",73412.59]
[5213844,"Sinalizador direcional móvel, LED, com banco fotovoltaico de energia e montado em chassi com engate","h",3.62]
[5213869,"Suporte duplo metálico galvanizado para placas - 3,00 x 1,50 m - fornecimento e implantação","un",2475.46]
[5213870,"Suporte duplo metálico galvanizado para placas - 3,00 x 2,00 m - fornecimento e implantação","un",3385.32]
[5213871,"Suporte duplo metálico galvanizado para placas - 4,00 x 2,00 m - fornecimento e implantação","un",3464.56]
[5213872,"Suporte duplo metálico galvanizado para placas - 4,00 x 3,00 m - fornecimento e implantação","un",5457.5]
[5213867,"Suporte metálico galvanizado para marco quilométrico - fornecimento e implantação","un",580.05999999999995]
[5213863,"Suporte metálico galvanizado para placa de advertência ou regulamentação - lado ou diâmetro de 0,60 m - fornecimento e implantação","un",462.2]
[5213864,"Suporte metálico galvanizado para placa de advertência ou regulamentação - lado ou diâmetro de 0,80 m - fornecimento e implantação","un",491.94]
[5213865,"Suporte metálico galvanizado para placa de advertência ou regulamentação - lado ou diâmetro de 1,00 m - fornecimento e implantação","un",521.86]
[5213866,"Suporte metálico galvanizado para placa de advertência ou regulamentação - lado ou diâmetro de 1,20 m - fornecimento e implantação","un",592.09]
[5213855,"Suporte metálico galvanizado para placa de regulamentação - R1 - lado de 0,248 m - fornecimento e implantação","un",415.84]
[5213856,"Suporte metálico galvanizado para placa de regulamentação - R1 - lado de 0,331 m - fornecimento e implantação","un",431.16]
[5213857,"Suporte metálico galvanizado para placa de regulamentação - R1 - lado de 0,414 m - fornecimento e implantação","un",445.86]
[5213858,"Suporte metálico galvanizado para placa de regulamentação - R1 - lado de 0,497 m - fornecimento e implantação","un",461.38]
[5213859,"Suporte metálico galvanizado para placa de regulamentação - R2 - lado de 0,60 m - fornecimento e implantação","un",457.15]
[5213860,"Suporte metálico galvanizado para placa de regulamentação - R2 - lado de 0,80 m - fornecimento e implantação","un",472.42]
[5213861,"Suporte metálico galvanizado para placa de regulamentação - R2 - lado de 1,00 m - fornecimento e implantação","un",501.06]
[5213862,"Suporte metálico galvanizado para placa de regulamentação - R2 - lado de 1,20 m - fornecimento e implantação","un",570.94000000000005]
[5213868,"Suporte metálico galvanizado para placas - 2,00 x 1,00 m - fornecimento e implantação","un",1141.76]
[5219546,"Suporte metálico móvel para placa de sinalização - confecção","un",346.45]
[5216111,"Suporte para placa de sinalização em madeira de lei tratada 8 x 8 cm - fornecimento e implantação","un",117.89]
[5213351,"Suporte polimérico ecológico maciço colapsível D = 6,5 cm para placa de sinalização - fornecimento e implantação","un",758.44]
[5213350,"Suporte polimérico ecológico maciço colapsível quadrado de 10 cm para placa de sinalização - fornecimento e implantação","un",1893.77]
[5213352,"Suporte polimérico ecológico maciço colapsível quadrado de 8 cm para placa de sinalização - fornecimento e implantação","un",1118.77]
[5213353,"Suporte polimérico ecológico maciço colapsível retangular de 7 x 15 cm para placa de sinalização - fornecimento e implantação","un",3200.47]
[5213360,"Tacha refletiva em plástico injetado - bidirecional tipo I - com um pino - fornecimento e colocação","un",32.68]
[5219605,"Tacha refletiva em plástico injetado - bidirecional tipo I - fornecimento e colocação","un",29.38]
[5219606,"Tacha refletiva em plástico injetado - bidirecional tipo II - com um pino - fornecimento e colocação","un",37.840000000000003]
[5219607,"Tacha refletiva em plástico injetado - bidirecional tipo II - fornecimento e colocação","un",33.04]
[5219608,"Tacha refletiva em plástico injetado - bidirecional tipo III - com um pino - fornecimento e colocação","un",40.65]
[5219609,"Tacha refletiva em plástico injetado - bidirecional tipo III - fornecimento e colocação","un",36.950000000000003]
[5219610,"Tacha refletiva em plástico injetado - bidirecional tipo IV - com um pino - fornecimento e colocação","un",42.48]
[5219611,"Tacha refletiva em plástico injetado - bidirecional tipo IV - fornecimento e colocação","un",38.979999999999997]
[5213359,"Tacha refletiva em plástico injetado - monodirecional tipo I - com um pino - fornecimento e colocação","un",28.73]
[5219612,"Tacha refletiva em plástico injetado - monodirecional tipo I - fornecimento e colocação","un",26.21]
[5219613,"Tacha refletiva em plástico injetado - monodirecional tipo II - com um pino - fornecimento e colocação","un",32.869999999999997]
[5219614,"Tacha refletiva em plástico injetado - monodirecional tipo II - fornecimento e colocação","un",30.41]
[5219615,"Tacha refletiva em plástico injetado - monodirecional tipo III - com um pino - fornecimento e colocação","un",33.76]
[5219616,"Tacha refletiva em plástico injetado - monodirecional tipo III - fornecimento e colocação","un",30.91]
[5219617,"Tacha refletiva em plástico injetado - monodirecional tipo IV - com um pino - fornecimento e colocação","un",39.909999999999997]
[5219618,"Tacha refletiva em plástico injetado - monodirecional tipo IV - fornecimento e colocação","un",37.380000000000003]
[5219619,"Tacha refletiva em resina sintética - bidirecional tipo I - com um pino - fornecimento e colocação","un",42.6]
[5219620,"Tacha refletiva em resina sintética - bidirecional tipo I - fornecimento e colocação","un",40.090000000000003]
[5219621,"Tacha refletiva em resina sintética - bidirecional tipo II - com um pino - fornecimento e colocação","un",49.72]
[5219622,"Tacha refletiva em resina sintética - bidirecional tipo II - fornecimento e colocação","un",47.11]
[5219623,"Tacha refletiva em resina sintética - bidirecional tipo III - com um pino - fornecimento e colocação","un",53.98]
[5219624,"Tacha refletiva em resina sintética - bidirecional tipo III - fornecimento e colocação","un",51.22]
[5219625,"Tacha refletiva em resina sintética - bidirecional tipo IV - com um pino - fornecimento e colocação","un",55.6]
[5219626,"Tacha refletiva em resina sintética - bidirecional tipo IV - fornecimento e colocação","un",52.8]
[5219627,"Tacha refletiva em resina sintética - monodirecional tipo I - com um pino - fornecimento e colocação","un",39.729999999999997]
[5219628,"Tacha refletiva em resina sintética - monodirecional tipo I - fornecimento e colocação","un",37.14]
[5219629,"Tacha refletiva em resina sintética - monodirecional tipo II - com um pino - fornecimento e colocação","un",46.17]
[5219630,"Tacha refletiva em resina sintética - monodirecional tipo II - fornecimento e colocação","un",43.57]
[5219631,"Tacha refletiva em resina sintética - monodirecional tipo III - com um pino - fornecimento e colocação","un",50.03]
[5219632,"Tacha refletiva em resina sintética - monodirecional tipo III - fornecimento e colocação","un",47.35]
[5219633,"Tacha refletiva em resina sintética - monodirecional tipo IV - com um pino - fornecimento e colocação","un",54.19]
[5219634,"Tacha refletiva em resina sintética - monodirecional tipo IV - fornecimento e colocação","un",51.44]
[5213395,"Tacha refletiva metálica - bidirecional tipo II - com dois pinos - fornecimento e colocação","un",39.5]
[5213394,"Tacha refletiva metálica - bidirecional tipo II - com um pino - fornecimento e colocação","un",34.909999999999997]
[5219635,"Tacha refletiva metálica - bidirecional tipo III - com dois pinos - fornecimento e colocação","un",36.5]
[5219636,"Tacha refletiva metálica - bidirecional tipo III - com um pino - fornecimento e colocação","un",31.51]
[5219637,"Tacha refletiva metálica - bidirecional tipo IV - com dois pinos - fornecimento e colocação","un",70.14]
[5219638,"Tacha refletiva metálica - bidirecional tipo IV - com um pino - fornecimento e colocação","un",66.86]
[5213393,"Tacha refletiva metálica - monodirecional tipo II - com dois pinos - fornecimento e colocação","un",34.43]
[5213392,"Tacha refletiva metálica - monodirecional tipo II - com um pino - fornecimento e colocação","un",28.92]
[5219639,"Tacha refletiva metálica - monodirecional tipo III - com dois pinos - fornecimento e colocação","un",32.94]
[5219640,"Tacha refletiva metálica - monodirecional tipo III - com um pino - fornecimento e colocação","un",27.84]
[5219641,"Tacha refletiva metálica - monodirecional tipo IV - com dois pinos - fornecimento e colocação","un",62.14]
[5219642,"Tacha refletiva metálica - monodirecional tipo IV - com um pino - fornecimento e colocação","un",62.07]
[5213362,"Tachão refletivo em plástico injetado - bidirecional - fornecimento e colocação","un",89.5]
[5213361,"Tachão refletivo em plástico injetado - monodirecional - fornecimento e colocação","un",87.31]
[5219643,"Tachão refletivo em resina sintética - bidirecional - fornecimento e colocação","un",79.430000000000007]
[5219644,"Tachão refletivo em resina sintética - monodirecional - fornecimento e colocação","un",77.48]
[5214000,"Termoplástico pré-formado para sinalização horizontal - espessura de 2 mm - fornecimento e implantação","m²",353]
[5301014,"Comboio balizador em deslocamento","km",149.94]
[5300995,"Confecção de corpo de boia flutuante cilíndrico D = 1,10m","un",2588.46]
[5300996,"Confecção de corpo de boia flutuante cilíndrico D = 1,10m - com lastro","un",3382.25]
[5300998,"Confecção de corpo de boia flutuante cilíndrico D = 1,42m - boia de amarração","un",6646.98]
[5300997,"Confecção de corpo de boia flutuante cilíndrico D = 1,43m - com lastro","un",5533.96]
[5300999,"Confecção de mangrulho H = 0,90m","un",852.45]
[5301000,"Confecção de mangrulho H = 1,50m","un",1275.05]
[5301001,"Confecção de marca de tope de bombordo","un",579.98]
[5301002,"Confecção de marca de tope de boreste","un",368.78]
[5301003,"Confecção de marca de tope especial","un",358.94]
[5301064,"Fornecimento e implantação de suporte duplo em madeira com travessa para placa de sinalização náutica em margem - altura total de 4,0 m","un",657.22]
[5301046,"Fornecimento e implantação de suporte duplo em madeira com travessa para placa de sinalização náutica em margem - altura total de 4,0 m - com embarcação","un",1336.06]
[5301065,"Fornecimento e implantação de suporte duplo em madeira com travessa para placa de sinalização náutica em margem - altura total de 5,0 m","un",1172.96]
[5301047,"Fornecimento e implantação de suporte duplo em madeira com travessa para placa de sinalização náutica em margem - altura total de 5,0 m - com embarcação","un",2284.42]
[5301066,"Fornecimento e implantação de suporte duplo em madeira com travessa para placa de sinalização náutica em margem - altura total de 5,5 m","un",1316.66]
[5301048,"Fornecimento e implantação de suporte duplo em madeira com travessa para placa de sinalização náutica em margem - altura total de 5,5 m - com embarcação","un",2490.5100000000002]
[5301040,"Fornecimento e implantação de suporte duplo metálico galvanizado para placa de sinalização náutica em margem - altura total de 4 m - com embarcação","un",2363.8200000000002]
[5301058,"Fornecimento e implantação de suporte duplo metálico galvanizado para placa de sinalização náutica em margem - altura total de 4,0 m","un",1677.13]
[5301041,"Fornecimento e implantação de suporte duplo metálico galvanizado para placa de sinalização náutica em margem - altura total de 5 m - com embarcação","un",5238.1899999999996]
[5301059,"Fornecimento e implantação de suporte duplo metálico galvanizado para placa de sinalização náutica em margem - altura total de 5,0 m","un",4103.9799999999996]
[5301060,"Fornecimento e implantação de suporte duplo metálico galvanizado para placa de sinalização náutica em margem - altura total de 5,5 m","un",4547.1400000000003]
[5301042,"Fornecimento e implantação de suporte duplo metálico galvanizado para placa de sinalização náutica em margem - altura total de 5,5 m - com embarcação","un",5745.59]
[5301072,"Fornecimento e implantação de suporte duplo polimérico ecológico maciço quadrado de 10 cm para placa de sinalização náutica em margem - altura total de 5,5 m","un",5416.01]
[5301054,"Fornecimento e implantação de suporte duplo polimérico ecológico maciço quadrado de 10 cm para placa de sinalização náutica em margem - altura total de 5,5 m - com embarcação","un",5989.18]
[5301070,"Fornecimento e implantação de suporte duplo polimérico ecológico maciço quadrado de 8 cm para placa de sinalização náutica em margem - altura total de 4,0 m","un",2605.92]
[5301052,"Fornecimento e implantação de suporte duplo polimérico ecológico maciço quadrado de 8 cm para placa de sinalização náutica em margem - altura total de 4,0 m - com embarcação","un",3152.69]
[5301071,"Fornecimento e implantação de suporte duplo polimérico ecológico maciço quadrado de 8 cm para placa de sinalização náutica em margem - altura total de 5,0 m","un",3478.68]
[5301053,"Fornecimento e implantação de suporte duplo polimérico ecológico maciço quadrado de 8 cm para placa de sinalização náutica em margem - altura total de 5,0 m - com embarcação","un",4025.84]
[5301061,"Fornecimento e implantação de suporte simples em madeira com travessa para placa de sinalização náutica em margem - altura total de 4 m","un",196.45]
[5301043,"Fornecimento e implantação de suporte simples em madeira com travessa para placa de sinalização náutica em margem - altura total de 4 m - com embarcação","un",737.05]
[5301062,"Fornecimento e implantação de suporte simples em madeira com travessa para placa de sinalização náutica em margem - altura total de 5 m","un",334.04]
[5301044,"Fornecimento e implantação de suporte simples em madeira com travessa para placa de sinalização náutica em margem - altura total de 5 m - com embarcação","un",1101.5899999999999]
[5301063,"Fornecimento e implantação de suporte simples em madeira com travessa para placa de sinalização náutica em margem - altura total de 5,5 m","un",388.7]
[5301045,"Fornecimento e implantação de suporte simples em madeira com travessa para placa de sinalização náutica em margem - altura total de 5,5 m - com embarcação","un",1210.0899999999999]
[5301037,"Fornecimento e implantação de suporte simples metálico galvanizado para placa de sinalização náutica em margem - altura total de 4 m - com embarcação","un",1235.31]
[5301055,"Fornecimento e implantação de suporte simples metálico galvanizado para placa de sinalização náutica em margem - altura total de 4,0 m","un",690.67]
[5301038,"Fornecimento e implantação de suporte simples metálico galvanizado para placa de sinalização náutica em margem - altura total de 5 m - com embarcação","un",2546.42]
[5301056,"Fornecimento e implantação de suporte simples metálico galvanizado para placa de sinalização náutica em margem - altura total de 5,0 m","un",1767.09]
[5301057,"Fornecimento e implantação de suporte simples metálico galvanizado para placa de sinalização náutica em margem - altura total de 5,5 m","un",1967.64]
[5301039,"Fornecimento e implantação de suporte simples metálico galvanizado para placa de sinalização náutica em margem - altura total de 5,5 m - com embarcação","un",2802.4]
[5301069,"Fornecimento e implantação de suporte simples polimérico ecológico maciço quadrado de 10 cm para placa de sinalização náutica em margem - altura total de 5,5 m","un",2426.77]
[5301051,"Fornecimento e implantação de suporte simples polimérico ecológico maciço quadrado de 10 cm para placa de sinalização náutica em margem - altura total de 5,5 m - com embarcação","un",2897.18]
[5301067,"Fornecimento e implantação de suporte simples polimérico ecológico maciço quadrado de 8 cm para placa de sinalização náutica em margem - altura total de 4 m","un",1169.3399999999999]
[5301049,"Fornecimento e implantação de suporte simples polimérico ecológico maciço quadrado de 8 cm para placa de sinalização náutica em margem - altura total de 4 m - com embarcação","un",1638.86]
[5301068,"Fornecimento e implantação de suporte simples polimérico ecológico maciço quadrado de 8 cm para placa de sinalização náutica em margem - altura total de 5 m","un",1482.19]
[5301050,"Fornecimento e implantação de suporte simples polimérico ecológico maciço quadrado de 8 cm para placa de sinalização náutica em margem - altura total de 5 m - com embarcação","un",1951.9]
[5301022,"Fornecimento e instalação de conjunto de acessórios para sistema de fundeio de boia de amarração náutica com 4 manilhas","un",967.13]
[5301021,"Fornecimento e instalação de conjunto de acessórios para sistema de fundeio de boia de sinalização náutica com 7 manilhas","un",626.85]
[5301020,"Fornecimento e instalação de corrente 1\" para sistema de fundeio de boia de sinalização náutica","m",315.17]
[5301018,"Fornecimento e instalação de corrente 1/2\" para sistema de fundeio de boia de sinalização náutica","m",86.41]
[5301019,"Fornecimento e instalação de corrente 3/4\" para sistema de fundeio de boia de sinalização náutica","m",205.97]
[5301077,"Fornecimento e instalação de lanterna de sinalização náutica com alcance luminoso de 2 MN em obra de arte especial - com embarcação","un",5067.9799999999996]
[5301078,"Fornecimento e instalação de lanterna de sinalização náutica com alcance luminoso de 3 MN em obra de arte especial - com embarcação","un",5924.73]
[5301079,"Fornecimento e instalação de lanterna de sinalização náutica com alcance luminoso de 4 MN em obra de arte especial - com embarcação","un",8398.1299999999992]
[5301080,"Fornecimento e instalação de lanterna de sinalização náutica com alcance luminoso de 5 MN em obra de arte especial - com embarcação","un",10040.379999999999]
[5301081,"Fornecimento e instalação de lanterna de sinalização náutica com alcance luminoso de 8 MN em obra de arte especial - com embarcação","un",12279.08]
[5301023,"Fornecimento e instalação de suporte e lanterna de sinalização náutica com alcance luminoso de 2 MN em boia","un",3834.05]
[5301024,"Fornecimento e instalação de suporte e lanterna de sinalização náutica com alcance luminoso de 3 MN em boia","un",4690.8]
[5301025,"Fornecimento e instalação de suporte e lanterna de sinalização náutica com alcance luminoso de 4 MN em boia","un",7164.2]
[5301026,"Fornecimento e instalação de suporte e lanterna de sinalização náutica com alcance luminoso de 5 MN em boia","un",8806.4500000000007]
[5301027,"Fornecimento e instalação de suporte e lanterna de sinalização náutica com alcance luminoso de 8 MN em boia","un",11045.15]
[5301028,"Fornecimento e substituição de lanterna de sinalização náutica com alcance luminoso de 2 MN em boia","un",3771.78]
[5301082,"Fornecimento e substituição de lanterna de sinalização náutica com alcance luminoso de 2 MN em obra de arte especial - com embarcação","un",4908.1400000000003]
[5301029,"Fornecimento e substituição de lanterna de sinalização náutica com alcance luminoso de 3 MN em boia","un",4628.54]
[5301083,"Fornecimento e substituição de lanterna de sinalização náutica com alcance luminoso de 3 MN em obra de arte especial - com embarcação","un",5764.9]
[5301030,"Fornecimento e substituição de lanterna de sinalização náutica com alcance luminoso de 4 MN em boia","un",7101.93]
[5301084,"Fornecimento e substituição de lanterna de sinalização náutica com alcance luminoso de 4 MN em obra de arte especial - com embarcação","un",8238.2900000000009]
[5301031,"Fornecimento e substituição de lanterna de sinalização náutica com alcance luminoso de 5 MN em boia","un",8744.18]
[5301085,"Fornecimento e substituição de lanterna de sinalização náutica com alcance luminoso de 5 MN em obra de arte especial - com embarcação","un",9880.5400000000009]
[5301032,"Fornecimento e substituição de lanterna de sinalização náutica com alcance luminoso de 8 MN em boia","un",10982.88]
[5301086,"Fornecimento e substituição de lanterna de sinalização náutica com alcance luminoso de 8 MN em obra de arte especial - com embarcação","un",12119.24]
[5301033,"Implantação de placa de sinalização náutica em margem - equipamentos e mão de obra","un",76.94]
[5301034,"Implantação de placa de sinalização náutica em margem - equipamentos e mão de obra - com embarcação","un",599.79999999999995]
[5301073,"Implantação de placa de sinalização náutica em obra de arte especial - equipamentos e mão de obra","un",441.86]
[5301074,"Implantação de placa de sinalização náutica em obra de arte especial - equipamentos e mão de obra - com embarcação","un",1730.77]
[5301015,"Lançamento de boia de sinalização náutica com sistema de fundeio - equipamentos e mão de obra","un",1098.6500000000001]
[5300992,"Pintura com epóxi óxido de ferro em chapa metálica com pistola a ar comprimido, uma demão, espessura de 35 µm","m²",13.08]
[5300994,"Pintura com esmalte poliuretano de dois componentes em chapa metálica com pistola a ar comprimido, uma demão, espessura de 35 µm","m²",11.76]
[5300993,"Pintura com fundo fosfatizante, uma demão, em chapa de alumínio com pistola a ar comprimido","m²",10.94]
[5301088,"Poita de concreto com 1.000 kg para boia de sinalização náutica","un",375.28]
[5301004,"Poita de concreto com 1.500 kg para boia de sinalização náutica","un",539.30999999999995]
[5301087,"Poita de concreto com 500 kg para boia de sinalização náutica","un",215.55]
[5301005,"Reforma de corpo de boia flutuante cilíndrico D = 1,10m","un",360.27]
[5301006,"Reforma de corpo de boia flutuante cilíndrico D = 1,10m - com lastro","un",443.82]
[5301008,"Reforma de corpo de boia flutuante cilíndrico D = 1,42m - boia de amarração","un",800.64]
[5301007,"Reforma de corpo de boia flutuante cilíndrico D = 1,43m - com lastro","un",731.35]
[5301009,"Reforma de mangrulho H = 0,90m","un",226.58]
[5301010,"Reforma de mangrulho H = 1,50m","un",343.27]
[5301011,"Reforma de marca de tope de bombordo","un",287.18]
[5301012,"Reforma de marca de tope de boreste","un",202.7]
[5301013,"Reforma de marca de tope especial","un",174.63]
[5301016,"Substituição de boia de sinalização náutica com sistema de fundeio - equipamentos e mão de obra","un",1822.53]
[5301017,"Substituição de boia de sinalização náutica sem sistema de fundeio - equipamentos e mão de obra","un",1330.31]
[5301035,"Substituição de placa de sinalização náutica em margem - equipamentos e mão de obra","un",109.36]
[5301036,"Substituição de placa de sinalização náutica em margem - equipamentos e mão de obra - com embarcação","un",1199.5999999999999]
[5301075,"Substituição de placa de sinalização náutica em obra de arte especial - equipamentos e mão de obra","un",509.19]
[5301076,"Substituição de placa de sinalização náutica em obra de arte especial - equipamentos e mão de obra - com embarcação","un",1918.53]
[5405977,"Aterro compactado em solo reforçado com fita metálica galvanizada - taxa 1,65 kg/m³ - material de jazida","m³",38.99]
[5406044,"Aterro compactado em solo reforçado com fita metálica galvanizada - taxa 12,40 kg/m³ - material de jazida","m³",222.12]
[5406045,"Aterro compactado em solo reforçado com fita metálica galvanizada - taxa 13,23 kg/m³ - material de jazida","m³",236.26]
[5406046,"Aterro compactado em solo reforçado com fita metálica galvanizada - taxa 14,88 kg/m³ - material de jazida","m³",264.37]
[5406047,"Aterro compactado em solo reforçado com fita metálica galvanizada - taxa 19,84 kg/m³ - material de jazida","m³",348.86]
[5405978,"Aterro compactado em solo reforçado com fita metálica galvanizada - taxa 3,31 kg/m³ - material de jazida","m³",67.27]
[5405982,"Aterro compactado em solo reforçado com fita metálica galvanizada - taxa 4,13 kg/m³ - material de jazida","m³",81.239999999999995]
[5405983,"Aterro compactado em solo reforçado com fita metálica galvanizada - taxa 4,96 kg/m³ - material de jazida","m³",95.38]
[5405984,"Aterro compactado em solo reforçado com fita metálica galvanizada - taxa 6,61 kg/m³ - material de jazida","m³",123.48]
[5405985,"Aterro compactado em solo reforçado com fita metálica galvanizada - taxa 8,27 kg/m³ - material de jazida","m³",151.76]
[5406043,"Aterro compactado em solo reforçado com fita metálica galvanizada - taxa 9,92 kg/m³ - material de jazida","m³",179.87]
[5405975,"Escoramento da primeira linha de escamas de concreto armado em solo reforçado com fita metálica – utilização de 3 vezes - confecção, instalação e retirada","m²",41.31]
[5405970,"Fabricação de escama de concreto armado para solo reforçado com fita metálica - 2 a 5 ligações - areia e brita comerciais","m³",1525.49]
[5405972,"Fabricação de escama de concreto armado para solo reforçado com fita metálica - 2 a 5 ligações - areia extraída e brita produzida","m³",1397.03]
[5405971,"Fabricação de escama de concreto armado para solo reforçado com fita metálica - 6 a 8 ligações - areia e brita comerciais","m³",1708.85]
[5405973,"Fabricação de escama de concreto armado para solo reforçado com fita metálica - 6 a 8 ligações - areia extraída e brita produzida","m³",1580.39]
[5405986,"Moldes metálicos para escama de concreto armado para solo reforçado com fita metálica - formato cruciforme de 1,50 x 1,50 m - utilização de 100 vezes","m²",9.65]
[5405976,"Montagem das escamas de concreto armado em solo reforçado com fita metálica","m²",123.85]
[5406023,"Muro de escama de concreto armado em solo reforçado com fita metálica com altura até 4 m - tipo 1 - areia e brita comerciais","m²",360.66]
[5406033,"Muro de escama de concreto armado em solo reforçado com fita metálica com altura até 4 m - tipo 1 - areia extraída e brita produzida","m²",342.67]
[5406024,"Muro de escama de concreto armado em solo reforçado com fita metálica com altura até 4 m - tipo 2 - areia e brita comerciais","m²",386.33]
[5406034,"Muro de escama de concreto armado em solo reforçado com fita metálica com altura até 4 m - tipo 2 - areia extraída e brita produzida","m²",368.34]
[5406031,"Muro de escama de concreto armado em solo reforçado com fita metálica com altura de 10,0 a 12 m - tipo 1 - areia e brita comerciais","m²",341.64]
[5406041,"Muro de escama de concreto armado em solo reforçado com fita metálica com altura de 10,0 a 12 m - tipo 1 - areia extraída e brita produzida","m²",323.66000000000003]
[5406032,"Muro de escama de concreto armado em solo reforçado com fita metálica com altura de 10,0 a 12 m - tipo 2 - areia e brita comerciais","m²",367.31]
[5406042,"Muro de escama de concreto armado em solo reforçado com fita metálica com altura de 10,0 a 12 m - tipo 2 - areia extraída e brita produzida","m²",349.33]
[5406025,"Muro de escama de concreto armado em solo reforçado com fita metálica com altura de 4,0 a 6 m - tipo 1 - areia e brita comerciais","m²",346.71]
[5406035,"Muro de escama de concreto armado em solo reforçado com fita metálica com altura de 4,0 a 6 m - tipo 1 - areia extraída e brita produzida","m²",328.73]
[5406026,"Muro de escama de concreto armado em solo reforçado com fita metálica com altura de 4,0 a 6 m - tipo 2 - areia e brita comerciais","m²",372.38]
[5406036,"Muro de escama de concreto armado em solo reforçado com fita metálica com altura de 4,0 a 6 m - tipo 2 - areia extraída e brita produzida","m²",354.4]
[5406027,"Muro de escama de concreto armado em solo reforçado com fita metálica com altura de 6,0 a 8 m - tipo 1 - areia e brita comerciais","m²",344.06]
[5406037,"Muro de escama de concreto armado em solo reforçado com fita metálica com altura de 6,0 a 8 m - tipo 1 - areia extraída e brita produzida","m²",326.07]
[5406028,"Muro de escama de concreto armado em solo reforçado com fita metálica com altura de 6,0 a 8 m - tipo 2 - areia e brita comerciais","m²",369.73]
[5406038,"Muro de escama de concreto armado em solo reforçado com fita metálica com altura de 6,0 a 8 m - tipo 2 - areia extraída e brita produzida","m²",351.74]
[5406029,"Muro de escama de concreto armado em solo reforçado com fita metálica com altura de 8,0 a 10 m - tipo 1 - areia e brita comerciais","m²",342.58]
[5406039,"Muro de escama de concreto armado em solo reforçado com fita metálica com altura de 8,0 a 10 m - tipo 1 - areia extraída e brita produzida","m²",324.60000000000002]
[5406030,"Muro de escama de concreto armado em solo reforçado com fita metálica com altura de 8,0 a 10 m - tipo 2 - areia e brita comerciais","m²",368.25]
[5406040,"Muro de escama de concreto armado em solo reforçado com fita metálica com altura de 8,0 a 10 m - tipo 2 - areia extraída e brita produzida","m²",350.27]
[5405987,"Travador de madeira para escama de concreto armado - utilização de 10 vezes","un",9.44]
[5405979,"Travamento e nivelamento de escama de concreto armado em solo reforçado com fita metálica","m²",16.510000000000002]
[5502806,"Camada drenante com conformação de trator de esteira - areia comercial","m³",96.65]
[5502807,"Camada drenante com conformação de trator de esteira - areia extraída","m³",15.49]
[5503041,"Compactação de aterros a 100% do Proctor intermediário","m³",5.85]
[5502978,"Compactação de aterros a 100% do Proctor normal","m³",5.08]
[5502822,"Compactação de camada final de aterro de rocha","m³",41.12]
[5502979,"Construção de corpo de aterro com material de 3ª categoria oriundo de corte","m³",16.88]
[5501700,"Desmatamento, destocamento e limpeza de área com árvores de diâmetro até 0,15 m","m²",0.54]
[5500991,"Desmonte de blocos de rocha com martelete pneumático","m³",163.44]
[5515739,"Desmonte de matacões ou bloco de rocha por meio de explosivos","m³",45.17]
[5505766,"Desmonte de material de 3ª categoria a frio com argamassa expansiva a céu aberto","m³",374.66]
[5501701,"Destocamento de árvores com diâmetro de 0,15 a 0,30 m","un",39.700000000000003]
[5501702,"Destocamento de árvores com diâmetro maior que 0,30 m","un",99.24]
[5502972,"Escavação de vala em material de 3ª categoria - resistência à compressão acima de 110 MPa - com escavadeira e rompedor hidráulico 1.700 kg","m³",213.52]
[5502968,"Escavação de vala em material de 3ª categoria - resistência à compressão até 50 MPa - com escavadeira e rompedor hidráulico 1.700 kg","m³",24.11]
[5502969,"Escavação de vala em material de 3ª categoria - resistência à compressão de 50 a 70 MPa - com escavadeira e rompedor hidráulico 1.700 kg","m³",30.41]
[5502970,"Escavação de vala em material de 3ª categoria - resistência à compressão de 70 a 90 MPa - com escavadeira e rompedor hidráulico 1.700 kg","m³",55.7]
[5502971,"Escavação de vala em material de 3ª categoria - resistência à compressão de 90 a 110 MPa - com escavadeira e rompedor hidráulico 1.700 kg","m³",103.67]
[5502663,"Escavação e transporte de material de 3ª categoria - DMT de 0 a 50 m","m³",34.299999999999997]
[5502993,"Escavação em material de 3ª categoria","m³",25.71]
[5502967,"Escavação em material de 3ª categoria - resistência à compressão acima de 110 MPa - com escavadeira e rompedor hidráulico 1.700 kg","m³",118.15]
[5502963,"Escavação em material de 3ª categoria - resistência à compressão até 50 MPa - com escavadeira e rompedor hidráulico 1.700 kg","m³",14.43]
[5502964,"Escavação em material de 3ª categoria - resistência à compressão de 50 a 70 MPa - com escavadeira e rompedor hidráulico 1.700 kg","m³",18.07]
[5502965,"Escavação em material de 3ª categoria - resistência à compressão de 70 a 90 MPa - com escavadeira e rompedor hidráulico 1.700 kg","m³",32.53]
[5502966,"Escavação em material de 3ª categoria - resistência à compressão de 90 a 110 MPa - com escavadeira e rompedor hidráulico 1.700 kg","m³",59.64]
[5501706,"Escavação mecânica com retroescavadeira em material de 1ª categoria","m³",6.85]
[5501880,"Escavação, carga e transporte de material de 1ª categoria - DMT de 1.000 a 1.200 m - caminho de serviço em leito natural - com carregadeira e caminhão basculante de 14 m³","m³",12.22]
[5502114,"Escavação, carga e transporte de material de 1ª categoria - DMT de 1.000 a 1.200 m - caminho de serviço em leito natural - com escavadeira e caminhão basculante de 14 m³","m³",8.19]
[5501906,"Escavação, carga e transporte de material de 1ª categoria - DMT de 1.000 a 1.200 m - caminho de serviço em revestimento primário - com carregadeira e caminhão basculante de 14 m³","m³",10.93]
[5502140,"Escavação, carga e transporte de material de 1ª categoria - DMT de 1.000 a 1.200 m - caminho de serviço em revestimento primário - com escavadeira e caminhão basculante de 14 m³","m³",6.89]
[5501932,"Escavação, carga e transporte de material de 1ª categoria - DMT de 1.000 a 1.200 m - caminho de serviço pavimentado - com carregadeira e caminhão basculante de 14 m³","m³",10.93]
[5502166,"Escavação, carga e transporte de material de 1ª categoria - DMT de 1.000 a 1.200 m - caminho de serviço pavimentado - com escavadeira e caminhão basculante de 14 m³","m³",7.31]
[5501881,"Escavação, carga e transporte de material de 1ª categoria - DMT de 1.200 a 1.400 m - caminho de serviço em leito natural - com carregadeira e caminhão basculante de 14 m³","m³",12.5]
[5502115,"Escavação, carga e transporte de material de 1ª categoria - DMT de 1.200 a 1.400 m - caminho de serviço em leito natural - com escavadeira e caminhão basculante de 14 m³","m³",8.89]
[5501907,"Escavação, carga e transporte de material de 1ª categoria - DMT de 1.200 a 1.400 m - caminho de serviço em revestimento primário - com carregadeira e caminhão basculante de 14 m³","m³",11.11]
[5502141,"Escavação, carga e transporte de material de 1ª categoria - DMT de 1.200 a 1.400 m - caminho de serviço em revestimento primário - com escavadeira e caminhão basculante de 14 m³","m³",7.45]
[5501933,"Escavação, carga e transporte de material de 1ª categoria - DMT de 1.200 a 1.400 m - caminho de serviço pavimentado - com carregadeira e caminhão basculante de 14 m³","m³",11.11]
[5502167,"Escavação, carga e transporte de material de 1ª categoria - DMT de 1.200 a 1.400 m - caminho de serviço pavimentado - com escavadeira e caminhão basculante de 14 m³","m³",7.45]
[5501882,"Escavação, carga e transporte de material de 1ª categoria - DMT de 1.400 a 1.600 m - caminho de serviço em leito natural - com carregadeira e caminhão basculante de 14 m³","m³",12.78]
[5502116,"Escavação, carga e transporte de material de 1ª categoria - DMT de 1.400 a 1.600 m - caminho de serviço em leito natural - com escavadeira e caminhão basculante de 14 m³","m³",9.1199999999999992]
[5501908,"Escavação, carga e transporte de material de 1ª categoria - DMT de 1.400 a 1.600 m - caminho de serviço em revestimento primário - com carregadeira e caminhão basculante de 14 m³","m³",11.3]
[5502142,"Escavação, carga e transporte de material de 1ª categoria - DMT de 1.400 a 1.600 m - caminho de serviço em revestimento primário - com escavadeira e caminhão basculante de 14 m³","m³",7.65]
[5501934,"Escavação, carga e transporte de material de 1ª categoria - DMT de 1.400 a 1.600 m - caminho de serviço pavimentado - com carregadeira e caminhão basculante de 14 m³","m³",11.25]
[5502168,"Escavação, carga e transporte de material de 1ª categoria - DMT de 1.400 a 1.600 m - caminho de serviço pavimentado - com escavadeira e caminhão basculante de 14 m³","m³",7.6]
[5501883,"Escavação, carga e transporte de material de 1ª categoria - DMT de 1.600 a 1.800 m - caminho de serviço em leito natural - com carregadeira e caminhão basculante de 14 m³","m³",13.06]
[5502117,"Escavação, carga e transporte de material de 1ª categoria - DMT de 1.600 a 1.800 m - caminho de serviço em leito natural - com escavadeira e caminhão basculante de 14 m³","m³",9.42]
[5501909,"Escavação, carga e transporte de material de 1ª categoria - DMT de 1.600 a 1.800 m - caminho de serviço em revestimento primário - com carregadeira e caminhão basculante de 14 m³","m³",11.48]
[5502143,"Escavação, carga e transporte de material de 1ª categoria - DMT de 1.600 a 1.800 m - caminho de serviço em revestimento primário - com escavadeira e caminhão basculante de 14 m³","m³",7.85]
[5501935,"Escavação, carga e transporte de material de 1ª categoria - DMT de 1.600 a 1.800 m - caminho de serviço pavimentado - com carregadeira e caminhão basculante de 14 m³","m³",11.44]
[5502169,"Escavação, carga e transporte de material de 1ª categoria - DMT de 1.600 a 1.800 m - caminho de serviço pavimentado - com escavadeira e caminhão basculante de 14 m³","m³",7.8]
[5501884,"Escavação, carga e transporte de material de 1ª categoria - DMT de 1.800 a 2.000 m - caminho de serviço em leito natural - com carregadeira e caminhão basculante de 14 m³","m³",13.71]
[5502118,"Escavação, carga e transporte de material de 1ª categoria - DMT de 1.800 a 2.000 m - caminho de serviço em leito natural - com escavadeira e caminhão basculante de 14 m³","m³",9.7200000000000006]
[5501910,"Escavação, carga e transporte de material de 1ª categoria - DMT de 1.800 a 2.000 m - caminho de serviço em revestimento primário - com carregadeira e caminhão basculante de 14 m³","m³",11.67]
[5502144,"Escavação, carga e transporte de material de 1ª categoria - DMT de 1.800 a 2.000 m - caminho de serviço em revestimento primário - com escavadeira e caminhão basculante de 14 m³","m³",8]
[5501936,"Escavação, carga e transporte de material de 1ª categoria - DMT de 1.800 a 2.000 m - caminho de serviço pavimentado - com carregadeira e caminhão basculante de 14 m³","m³",11.58]
[5502170,"Escavação, carga e transporte de material de 1ª categoria - DMT de 1.800 a 2.000 m - caminho de serviço pavimentado - com escavadeira e caminhão basculante de 14 m³","m³",7.95]
[5501885,"Escavação, carga e transporte de material de 1ª categoria - DMT de 2.000 a 2.500 m - caminho de serviço em leito natural - com carregadeira e caminhão basculante de 14 m³","m³",14.23]
[5502119,"Escavação, carga e transporte de material de 1ª categoria - DMT de 2.000 a 2.500 m - caminho de serviço em leito natural - com escavadeira e caminhão basculante de 14 m³","m³",10.61]
[5501911,"Escavação, carga e transporte de material de 1ª categoria - DMT de 2.000 a 2.500 m - caminho de serviço em revestimento primário - com carregadeira e caminhão basculante de 14 m³","m³",12.34]
[5502145,"Escavação, carga e transporte de material de 1ª categoria - DMT de 2.000 a 2.500 m - caminho de serviço em revestimento primário - com escavadeira e caminhão basculante de 14 m³","m³",8.34]
[5501937,"Escavação, carga e transporte de material de 1ª categoria - DMT de 2.000 a 2.500 m - caminho de serviço pavimentado - com carregadeira e caminhão basculante de 14 m³","m³",12.28]
[5502171,"Escavação, carga e transporte de material de 1ª categoria - DMT de 2.000 a 2.500 m - caminho de serviço pavimentado - com escavadeira e caminhão basculante de 14 m³","m³",8.24]
[5501886,"Escavação, carga e transporte de material de 1ª categoria - DMT de 2.500 a 3.000 m - caminho de serviço em leito natural - com carregadeira e caminhão basculante de 14 m³","m³",15.36]
[5502120,"Escavação, carga e transporte de material de 1ª categoria - DMT de 2.500 a 3.000 m - caminho de serviço em leito natural - com escavadeira e caminhão basculante de 14 m³","m³",11.76]
[5501912,"Escavação, carga e transporte de material de 1ª categoria - DMT de 2.500 a 3.000 m - caminho de serviço em revestimento primário - com carregadeira e caminhão basculante de 14 m³","m³",12.84]
[5502146,"Escavação, carga e transporte de material de 1ª categoria - DMT de 2.500 a 3.000 m - caminho de serviço em revestimento primário - com escavadeira e caminhão basculante de 14 m³","m³",9.24]
[5501938,"Escavação, carga e transporte de material de 1ª categoria - DMT de 2.500 a 3.000 m - caminho de serviço pavimentado - com carregadeira e caminhão basculante de 14 m³","m³",12.73]
[5502172,"Escavação, carga e transporte de material de 1ª categoria - DMT de 2.500 a 3.000 m - caminho de serviço pavimentado - com escavadeira e caminhão basculante de 14 m³","m³",9.1199999999999992]
[5501876,"Escavação, carga e transporte de material de 1ª categoria - DMT de 200 a 400 m - caminho de serviço em leito natural - com carregadeira e caminhão basculante de 14 m³","m³",10.17]
[5502110,"Escavação, carga e transporte de material de 1ª categoria - DMT de 200 a 400 m - caminho de serviço em leito natural - com escavadeira e caminhão basculante de 14 m³","m³",6.49]
[5501902,"Escavação, carga e transporte de material de 1ª categoria - DMT de 200 a 400 m - caminho de serviço em revestimento primário - com carregadeira e caminhão basculante de 14 m³","m³",9.7200000000000006]
[5502136,"Escavação, carga e transporte de material de 1ª categoria - DMT de 200 a 400 m - caminho de serviço em revestimento primário - com escavadeira e caminhão basculante de 14 m³","m³",6.06]
[5501928,"Escavação, carga e transporte de material de 1ª categoria - DMT de 200 a 400 m - caminho de serviço pavimentado - com carregadeira e caminhão basculante de 14 m³","m³",9.7899999999999991]
[5502162,"Escavação, carga e transporte de material de 1ª categoria - DMT de 200 a 400 m - caminho de serviço pavimentado - com escavadeira e caminhão basculante de 14 m³","m³",6.14]
[5501877,"Escavação, carga e transporte de material de 1ª categoria - DMT de 400 a 600 m - caminho de serviço em leito natural - com carregadeira e caminhão basculante de 14 m³","m³",10.93]
[5502111,"Escavação, carga e transporte de material de 1ª categoria - DMT de 400 a 600 m - caminho de serviço em leito natural - com escavadeira e caminhão basculante de 14 m³","m³",6.89]
[5501903,"Escavação, carga e transporte de material de 1ª categoria - DMT de 400 a 600 m - caminho de serviço em revestimento primário - com carregadeira e caminhão basculante de 14 m³","m³",9.98]
[5502137,"Escavação, carga e transporte de material de 1ª categoria - DMT de 400 a 600 m - caminho de serviço em revestimento primário - com escavadeira e caminhão basculante de 14 m³","m³",6.3]
[5501929,"Escavação, carga e transporte de material de 1ª categoria - DMT de 400 a 600 m - caminho de serviço pavimentado - com carregadeira e caminhão basculante de 14 m³","m³",10.02]
[5502163,"Escavação, carga e transporte de material de 1ª categoria - DMT de 400 a 600 m - caminho de serviço pavimentado - com escavadeira e caminhão basculante de 14 m³","m³",6.34]
[5501875,"Escavação, carga e transporte de material de 1ª categoria - DMT de 50 a 200 m - caminho de serviço em leito natural - com carregadeira e caminhão basculante de 14 m³","m³",9.7200000000000006]
[5502109,"Escavação, carga e transporte de material de 1ª categoria - DMT de 50 a 200 m - caminho de serviço em leito natural - com escavadeira e caminhão basculante de 14 m³","m³",6.06]
[5501901,"Escavação, carga e transporte de material de 1ª categoria - DMT de 50 a 200 m - caminho de serviço em revestimento primário - com carregadeira e caminhão basculante de 14 m³","m³",9.0500000000000007]
[5502135,"Escavação, carga e transporte de material de 1ª categoria - DMT de 50 a 200 m - caminho de serviço em revestimento primário - com escavadeira e caminhão basculante de 14 m³","m³",5.35]
[5501927,"Escavação, carga e transporte de material de 1ª categoria - DMT de 50 a 200 m - caminho de serviço pavimentado - com carregadeira e caminhão basculante de 14 m³","m³",9.5299999999999994]
[5502161,"Escavação, carga e transporte de material de 1ª categoria - DMT de 50 a 200 m - caminho de serviço pavimentado - com escavadeira e caminhão basculante de 14 m³","m³",5.44]
[5501878,"Escavação, carga e transporte de material de 1ª categoria - DMT de 600 a 800 m - caminho de serviço em leito natural - com carregadeira e caminhão basculante de 14 m³","m³",11.25]
[5502112,"Escavação, carga e transporte de material de 1ª categoria - DMT de 600 a 800 m - caminho de serviço em leito natural - com escavadeira e caminhão basculante de 14 m³","m³",7.6]
[5501904,"Escavação, carga e transporte de material de 1ª categoria - DMT de 600 a 800 m - caminho de serviço em revestimento primário - com carregadeira e caminhão basculante de 14 m³","m³",10.17]
[5502138,"Escavação, carga e transporte de material de 1ª categoria - DMT de 600 a 800 m - caminho de serviço em revestimento primário - com escavadeira e caminhão basculante de 14 m³","m³",6.53]
[5501930,"Escavação, carga e transporte de material de 1ª categoria - DMT de 600 a 800 m - caminho de serviço pavimentado - com carregadeira e caminhão basculante de 14 m³","m³",10.199999999999999]
[5502164,"Escavação, carga e transporte de material de 1ª categoria - DMT de 600 a 800 m - caminho de serviço pavimentado - com escavadeira e caminhão basculante de 14 m³","m³",6.53]
[5501879,"Escavação, carga e transporte de material de 1ª categoria - DMT de 800 a 1.000 m - caminho de serviço em leito natural - com carregadeira e caminhão basculante de 14 m³","m³",11.58]
[5502113,"Escavação, carga e transporte de material de 1ª categoria - DMT de 800 a 1.000 m - caminho de serviço em leito natural - com escavadeira e caminhão basculante de 14 m³","m³",7.9]
[5501905,"Escavação, carga e transporte de material de 1ª categoria - DMT de 800 a 1.000 m - caminho de serviço em revestimento primário - com carregadeira e caminhão basculante de 14 m³","m³",10.39]
[5502139,"Escavação, carga e transporte de material de 1ª categoria - DMT de 800 a 1.000 m - caminho de serviço em revestimento primário - com escavadeira e caminhão basculante de 14 m³","m³",6.73]
[5501931,"Escavação, carga e transporte de material de 1ª categoria - DMT de 800 a 1.000 m - caminho de serviço pavimentado - com carregadeira e caminhão basculante de 14 m³","m³",10.79]
[5502165,"Escavação, carga e transporte de material de 1ª categoria - DMT de 800 a 1.000 m - caminho de serviço pavimentado - com escavadeira e caminhão basculante de 14 m³","m³",6.73]
[5502825,"Escavação, carga e transporte de material de 1ª categoria na distância de 3.000 m - caminho de serviço em leito natural - com carregadeira e caminhão basculante de 14 m³","m³",16.2]
[5502834,"Escavação, carga e transporte de material de 1ª categoria na distância de 3.000 m - caminho de serviço em leito natural - com escavadeira e caminhão basculante de 14 m³","m³",12.23]
[5502826,"Escavação, carga e transporte de material de 1ª categoria na distância de 3.000 m - caminho de serviço em revestimento primário - com carregadeira e caminhão basculante de 14 m³","m³",13.12]
[5502835,"Escavação, carga e transporte de material de 1ª categoria na distância de 3.000 m - caminho de serviço em revestimento primário - com escavadeira e caminhão basculante de 14 m³","m³",9.5399999999999991]
[5502827,"Escavação, carga e transporte de material de 1ª categoria na distância de 3.000 m - caminho de serviço pavimentado - com carregadeira e caminhão basculante de 14 m³","m³",12.95]
[5502836,"Escavação, carga e transporte de material de 1ª categoria na distância de 3.000 m - caminho de serviço pavimentado - com escavadeira e caminhão basculante de 14 m³","m³",9.36]
[5502356,"Escavação, carga e transporte de material de 2ª categoria - DMT de 1.000 a 1.200 m - caminho de serviço em leito natural - com carregadeira e caminhão basculante de 14 m³","m³",18.72]
[5502590,"Escavação, carga e transporte de material de 2ª categoria - DMT de 1.000 a 1.200 m - caminho de serviço em leito natural - com escavadeira e caminhão basculante de 14 m³","m³",11.09]
[5502382,"Escavação, carga e transporte de material de 2ª categoria - DMT de 1.000 a 1.200 m - caminho de serviço em revestimento primário - com carregadeira e caminhão basculante de 14 m³","m³",17.23]
[5502616,"Escavação, carga e transporte de material de 2ª categoria - DMT de 1.000 a 1.200 m - caminho de serviço em revestimento primário - com escavadeira e caminhão basculante de 14 m³","m³",9.4600000000000009]
[5502408,"Escavação, carga e transporte de material de 2ª categoria - DMT de 1.000 a 1.200 m - caminho de serviço pavimentado - com carregadeira e caminhão basculante de 14 m³","m³",17.23]
[5502642,"Escavação, carga e transporte de material de 2ª categoria - DMT de 1.000 a 1.200 m - caminho de serviço pavimentado - com escavadeira e caminhão basculante de 14 m³","m³",9.41]
[5502357,"Escavação, carga e transporte de material de 2ª categoria - DMT de 1.200 a 1.400 m - caminho de serviço em leito natural - com carregadeira e caminhão basculante de 14 m³","m³",19.04]
[5502591,"Escavação, carga e transporte de material de 2ª categoria - DMT de 1.200 a 1.400 m - caminho de serviço em leito natural - com escavadeira e caminhão basculante de 14 m³","m³",11.43]
[5502383,"Escavação, carga e transporte de material de 2ª categoria - DMT de 1.200 a 1.400 m - caminho de serviço em revestimento primário - com carregadeira e caminhão basculante de 14 m³","m³",17.440000000000001]
[5502617,"Escavação, carga e transporte de material de 2ª categoria - DMT de 1.200 a 1.400 m - caminho de serviço em revestimento primário - com escavadeira e caminhão basculante de 14 m³","m³",9.6199999999999992]
[5502409,"Escavação, carga e transporte de material de 2ª categoria - DMT de 1.200 a 1.400 m - caminho de serviço pavimentado - com carregadeira e caminhão basculante de 14 m³","m³",17.39]
[5502643,"Escavação, carga e transporte de material de 2ª categoria - DMT de 1.200 a 1.400 m - caminho de serviço pavimentado - com escavadeira e caminhão basculante de 14 m³","m³",9.6199999999999992]
[5502358,"Escavação, carga e transporte de material de 2ª categoria - DMT de 1.400 a 1.600 m - caminho de serviço em leito natural - com carregadeira e caminhão basculante de 14 m³","m³",19.350000000000001]
[5502592,"Escavação, carga e transporte de material de 2ª categoria - DMT de 1.400 a 1.600 m - caminho de serviço em leito natural - com escavadeira e caminhão basculante de 14 m³","m³",11.7]
[5502384,"Escavação, carga e transporte de material de 2ª categoria - DMT de 1.400 a 1.600 m - caminho de serviço em revestimento primário - com carregadeira e caminhão basculante de 14 m³","m³",17.64]
[5502618,"Escavação, carga e transporte de material de 2ª categoria - DMT de 1.400 a 1.600 m - caminho de serviço em revestimento primário - com escavadeira e caminhão basculante de 14 m³","m³",10.55]
[5502410,"Escavação, carga e transporte de material de 2ª categoria - DMT de 1.400 a 1.600 m - caminho de serviço pavimentado - com carregadeira e caminhão basculante de 14 m³","m³",17.59]
[5502644,"Escavação, carga e transporte de material de 2ª categoria - DMT de 1.400 a 1.600 m - caminho de serviço pavimentado - com escavadeira e caminhão basculante de 14 m³","m³",10.48]
[5502359,"Escavação, carga e transporte de material de 2ª categoria - DMT de 1.600 a 1.800 m - caminho de serviço em leito natural - com carregadeira e caminhão basculante de 14 m³","m³",19.670000000000002]
[5502593,"Escavação, carga e transporte de material de 2ª categoria - DMT de 1.600 a 1.800 m - caminho de serviço em leito natural - com escavadeira e caminhão basculante de 14 m³","m³",12.04]
[5502385,"Escavação, carga e transporte de material de 2ª categoria - DMT de 1.600 a 1.800 m - caminho de serviço em revestimento primário - com carregadeira e caminhão basculante de 14 m³","m³",17.84]
[5502619,"Escavação, carga e transporte de material de 2ª categoria - DMT de 1.600 a 1.800 m - caminho de serviço em revestimento primário - com escavadeira e caminhão basculante de 14 m³","m³",10.75]
[5502411,"Escavação, carga e transporte de material de 2ª categoria - DMT de 1.600 a 1.800 m - caminho de serviço pavimentado - com carregadeira e caminhão basculante de 14 m³","m³",17.79]
[5502645,"Escavação, carga e transporte de material de 2ª categoria - DMT de 1.600 a 1.800 m - caminho de serviço pavimentado - com escavadeira e caminhão basculante de 14 m³","m³",10.68]
[5502360,"Escavação, carga e transporte de material de 2ª categoria - DMT de 1.800 a 2.000 m - caminho de serviço em leito natural - com carregadeira e caminhão basculante de 14 m³","m³",20.46]
[5502594,"Escavação, carga e transporte de material de 2ª categoria - DMT de 1.800 a 2.000 m - caminho de serviço em leito natural - com escavadeira e caminhão basculante de 14 m³","m³",13.06]
[5502386,"Escavação, carga e transporte de material de 2ª categoria - DMT de 1.800 a 2.000 m - caminho de serviço em revestimento primário - com carregadeira e caminhão basculante de 14 m³","m³",18.53]
[5502620,"Escavação, carga e transporte de material de 2ª categoria - DMT de 1.800 a 2.000 m - caminho de serviço em revestimento primário - com escavadeira e caminhão basculante de 14 m³","m³",10.89]
[5502412,"Escavação, carga e transporte de material de 2ª categoria - DMT de 1.800 a 2.000 m - caminho de serviço pavimentado - com carregadeira e caminhão basculante de 14 m³","m³",18.47]
[5502646,"Escavação, carga e transporte de material de 2ª categoria - DMT de 1.800 a 2.000 m - caminho de serviço pavimentado - com escavadeira e caminhão basculante de 14 m³","m³",10.82]
[5502361,"Escavação, carga e transporte de material de 2ª categoria - DMT de 2.000 a 2.500 m - caminho de serviço em leito natural - com carregadeira e caminhão basculante de 14 m³","m³",20.99]
[5502595,"Escavação, carga e transporte de material de 2ª categoria - DMT de 2.000 a 2.500 m - caminho de serviço em leito natural - com escavadeira e caminhão basculante de 14 m³","m³",13.57]
[5502387,"Escavação, carga e transporte de material de 2ª categoria - DMT de 2.000 a 2.500 m - caminho de serviço em revestimento primário - com carregadeira e caminhão basculante de 14 m³","m³",18.91]
[5502621,"Escavação, carga e transporte de material de 2ª categoria - DMT de 2.000 a 2.500 m - caminho de serviço em revestimento primário - com escavadeira e caminhão basculante de 14 m³","m³",11.3]
[5502413,"Escavação, carga e transporte de material de 2ª categoria - DMT de 2.000 a 2.500 m - caminho de serviço pavimentado - com carregadeira e caminhão basculante de 14 m³","m³",18.78]
[5502647,"Escavação, carga e transporte de material de 2ª categoria - DMT de 2.000 a 2.500 m - caminho de serviço pavimentado - com escavadeira e caminhão basculante de 14 m³","m³",11.16]
[5502362,"Escavação, carga e transporte de material de 2ª categoria - DMT de 2.500 a 3.000 m - caminho de serviço em leito natural - com carregadeira e caminhão basculante de 14 m³","m³",22.43]
[5502596,"Escavação, carga e transporte de material de 2ª categoria - DMT de 2.500 a 3.000 m - caminho de serviço em leito natural - com escavadeira e caminhão basculante de 14 m³","m³",14.42]
[5502388,"Escavação, carga e transporte de material de 2ª categoria - DMT de 2.500 a 3.000 m - caminho de serviço em revestimento primário - com carregadeira e caminhão basculante de 14 m³","m³",19.420000000000002]
[5502622,"Escavação, carga e transporte de material de 2ª categoria - DMT de 2.500 a 3.000 m - caminho de serviço em revestimento primário - com escavadeira e caminhão basculante de 14 m³","m³",11.84]
[5502414,"Escavação, carga e transporte de material de 2ª categoria - DMT de 2.500 a 3.000 m - caminho de serviço pavimentado - com carregadeira e caminhão basculante de 14 m³","m³",19.29]
[5502648,"Escavação, carga e transporte de material de 2ª categoria - DMT de 2.500 a 3.000 m - caminho de serviço pavimentado - com escavadeira e caminhão basculante de 14 m³","m³",11.7]
[5502352,"Escavação, carga e transporte de material de 2ª categoria - DMT de 200 a 400 m - caminho de serviço em leito natural - com carregadeira e caminhão basculante de 14 m³","m³",16.78]
[5502586,"Escavação, carga e transporte de material de 2ª categoria - DMT de 200 a 400 m - caminho de serviço em leito natural - com escavadeira e caminhão basculante de 14 m³","m³",9]
[5502378,"Escavação, carga e transporte de material de 2ª categoria - DMT de 200 a 400 m - caminho de serviço em revestimento primário - com carregadeira e caminhão basculante de 14 m³","m³",15.77]
[5502612,"Escavação, carga e transporte de material de 2ª categoria - DMT de 200 a 400 m - caminho de serviço em revestimento primário - com escavadeira e caminhão basculante de 14 m³","m³",8.49]
[5502404,"Escavação, carga e transporte de material de 2ª categoria - DMT de 200 a 400 m - caminho de serviço pavimentado - com carregadeira e caminhão basculante de 14 m³","m³",15.85]
[5502638,"Escavação, carga e transporte de material de 2ª categoria - DMT de 200 a 400 m - caminho de serviço pavimentado - com escavadeira e caminhão basculante de 14 m³","m³",8.59]
[5502353,"Escavação, carga e transporte de material de 2ª categoria - DMT de 400 a 600 m - caminho de serviço em leito natural - com carregadeira e caminhão basculante de 14 m³","m³",17.18]
[5502587,"Escavação, carga e transporte de material de 2ª categoria - DMT de 400 a 600 m - caminho de serviço em leito natural - com escavadeira e caminhão basculante de 14 m³","m³",9.41]
[5502379,"Escavação, carga e transporte de material de 2ª categoria - DMT de 400 a 600 m - caminho de serviço em revestimento primário - com carregadeira e caminhão basculante de 14 m³","m³",16.079999999999998]
[5502613,"Escavação, carga e transporte de material de 2ª categoria - DMT de 400 a 600 m - caminho de serviço em revestimento primário - com escavadeira e caminhão basculante de 14 m³","m³",8.8000000000000007]
[5502405,"Escavação, carga e transporte de material de 2ª categoria - DMT de 400 a 600 m - caminho de serviço pavimentado - com carregadeira e caminhão basculante de 14 m³","m³",16.63]
[5502639,"Escavação, carga e transporte de material de 2ª categoria - DMT de 400 a 600 m - caminho de serviço pavimentado - com escavadeira e caminhão basculante de 14 m³","m³",8.85]
[5502351,"Escavação, carga e transporte de material de 2ª categoria - DMT de 50 a 200 m - caminho de serviço em leito natural - com carregadeira e caminhão basculante de 14 m³","m³",15.77]
[5502585,"Escavação, carga e transporte de material de 2ª categoria - DMT de 50 a 200 m - caminho de serviço em leito natural - com escavadeira e caminhão basculante de 14 m³","m³",8.49]
[5502377,"Escavação, carga e transporte de material de 2ª categoria - DMT de 50 a 200 m - caminho de serviço em revestimento primário - com carregadeira e caminhão basculante de 14 m³","m³",15.47]
[5502611,"Escavação, carga e transporte de material de 2ª categoria - DMT de 50 a 200 m - caminho de serviço em revestimento primário - com escavadeira e caminhão basculante de 14 m³","m³",8.19]
[5502403,"Escavação, carga e transporte de material de 2ª categoria - DMT de 50 a 200 m - caminho de serviço pavimentado - com carregadeira e caminhão basculante de 14 m³","m³",15.58]
[5502637,"Escavação, carga e transporte de material de 2ª categoria - DMT de 50 a 200 m - caminho de serviço pavimentado - com escavadeira e caminhão basculante de 14 m³","m³",8.2899999999999991]
[5502187,"Escavação, carga e transporte de material de 2ª categoria - DMT de 50 m","m³",7.35]
[5502354,"Escavação, carga e transporte de material de 2ª categoria - DMT de 600 a 800 m - caminho de serviço em leito natural - com carregadeira e caminhão basculante de 14 m³","m³",17.59]
[5502588,"Escavação, carga e transporte de material de 2ª categoria - DMT de 600 a 800 m - caminho de serviço em leito natural - com escavadeira e caminhão basculante de 14 m³","m³",10.48]
[5502380,"Escavação, carga e transporte de material de 2ª categoria - DMT de 600 a 800 m - caminho de serviço em revestimento primário - com carregadeira e caminhão basculante de 14 m³","m³",16.829999999999998]
[5502614,"Escavação, carga e transporte de material de 2ª categoria - DMT de 600 a 800 m - caminho de serviço em revestimento primário - com escavadeira e caminhão basculante de 14 m³","m³",9]
[5502406,"Escavação, carga e transporte de material de 2ª categoria - DMT de 600 a 800 m - caminho de serviço pavimentado - com carregadeira e caminhão basculante de 14 m³","m³",16.829999999999998]
[5502640,"Escavação, carga e transporte de material de 2ª categoria - DMT de 600 a 800 m - caminho de serviço pavimentado - com escavadeira e caminhão basculante de 14 m³","m³",9.0500000000000007]
[5502355,"Escavação, carga e transporte de material de 2ª categoria - DMT de 800 a 1.000 m - caminho de serviço em leito natural - com carregadeira e caminhão basculante de 14 m³","m³",17.89]
[5502589,"Escavação, carga e transporte de material de 2ª categoria - DMT de 800 a 1.000 m - caminho de serviço em leito natural - com escavadeira e caminhão basculante de 14 m³","m³",10.82]
[5502381,"Escavação, carga e transporte de material de 2ª categoria - DMT de 800 a 1.000 m - caminho de serviço em revestimento primário - com carregadeira e caminhão basculante de 14 m³","m³",17.03]
[5502615,"Escavação, carga e transporte de material de 2ª categoria - DMT de 800 a 1.000 m - caminho de serviço em revestimento primário - com escavadeira e caminhão basculante de 14 m³","m³",9.26]
[5502407,"Escavação, carga e transporte de material de 2ª categoria - DMT de 800 a 1.000 m - caminho de serviço pavimentado - com carregadeira e caminhão basculante de 14 m³","m³",17.03]
[5502641,"Escavação, carga e transporte de material de 2ª categoria - DMT de 800 a 1.000 m - caminho de serviço pavimentado - com escavadeira e caminhão basculante de 14 m³","m³",9.26]
[5502880,"Escavação, carga e transporte de material de 2ª categoria na distância de 3.000 m - caminho de serviço em leito natural - com escavadeira e caminhão basculante de 14 m³","m³",15.57]
[5502857,"Escavação, carga e transporte de material de 2ª categoria na distância de 3.000 m - caminho de serviço em leito natural com carregadeira e caminhão basculante de 14 m³","m³",22.87]
[5502881,"Escavação, carga e transporte de material de 2ª categoria na distância de 3.000 m - caminho de serviço em revestimento primário - com escavadeira e caminhão basculante de 14 m³","m³",12.11]
[5502859,"Escavação, carga e transporte de material de 2ª categoria na distância de 3.000 m - caminho de serviço pavimentado - com carregadeira e caminhão basculante de 14 m³","m³",19.54]
[5502882,"Escavação, carga e transporte de material de 2ª categoria na distância de 3.000 m - caminho de serviço pavimentado - com escavadeira e caminhão basculante de 14 m³","m³",11.98]
[5502858,"Escavação, carga e transporte de material de 2ª categoria na distância de 3.000 m -caminho de serviço com revestimento primário com carregadeira e caminhão basculante de 14 m³","m³",20.23]
[5502747,"Escavação, carga e transporte de material de 3ª categoria - DMT de 1.000 a 1.200 m - caminho de serviço em leito natural com caminhão basculante de 12 m³","m³",47.47]
[5502773,"Escavação, carga e transporte de material de 3ª categoria - DMT de 1.000 a 1.200 m - caminho de serviço em revestimento primário - com caminhão basculante de 12 m³","m³",45.96]
[5502799,"Escavação, carga e transporte de material de 3ª categoria - DMT de 1.000 a 1.200 m - caminho de serviço pavimentado - com caminhão basculante de 12 m³","m³",44.14]
[5502748,"Escavação, carga e transporte de material de 3ª categoria - DMT de 1.200 a 1.400 m - caminho de serviço em leito natural com caminhão basculante de 12 m³","m³",48.01]
[5502774,"Escavação, carga e transporte de material de 3ª categoria - DMT de 1.200 a 1.400 m - caminho de serviço em revestimento primário - com caminhão basculante de 12 m³","m³",46.28]
[5502800,"Escavação, carga e transporte de material de 3ª categoria - DMT de 1.200 a 1.400 m - caminho de serviço pavimentado - com caminhão basculante de 12 m³","m³",45.96]
[5502749,"Escavação, carga e transporte de material de 3ª categoria - DMT de 1.400 a 1.600 m - caminho de serviço em leito natural com caminhão basculante de 12 m³","m³",48.44]
[5502775,"Escavação, carga e transporte de material de 3ª categoria - DMT de 1.400 a 1.600 m - caminho de serviço em revestimento primário - com caminhão basculante de 12 m³","m³",46.6]
[5502801,"Escavação, carga e transporte de material de 3ª categoria - DMT de 1.400 a 1.600 m - caminho de serviço pavimentado - com caminhão basculante de 12 m³","m³",46.28]
[5502750,"Escavação, carga e transporte de material de 3ª categoria - DMT de 1.600 a 1.800 m - caminho de serviço em leito natural com caminhão basculante de 12 m³","m³",48.87]
[5502776,"Escavação, carga e transporte de material de 3ª categoria - DMT de 1.600 a 1.800 m - caminho de serviço em revestimento primário - com caminhão basculante de 12 m³","m³",46.93]
[5502802,"Escavação, carga e transporte de material de 3ª categoria - DMT de 1.600 a 1.800 m - caminho de serviço pavimentado - com caminhão basculante de 12 m³","m³",46.5]
[5502751,"Escavação, carga e transporte de material de 3ª categoria - DMT de 1.800 a 2.000 m - caminho de serviço em leito natural com caminhão basculante de 12 m³","m³",51.01]
[5502777,"Escavação, carga e transporte de material de 3ª categoria - DMT de 1.800 a 2.000 m - caminho de serviço em revestimento primário - com caminhão basculante de 12 m³","m³",47.14]
[5502803,"Escavação, carga e transporte de material de 3ª categoria - DMT de 1.800 a 2.000 m - caminho de serviço pavimentado - com caminhão basculante de 12 m³","m³",46.82]
[5502752,"Escavação, carga e transporte de material de 3ª categoria - DMT de 2.000 a 2.500 m - caminho de serviço em leito natural com caminhão basculante de 12 m³","m³",51.73]
[5502778,"Escavação, carga e transporte de material de 3ª categoria - DMT de 2.000 a 2.500 m - caminho de serviço em revestimento primário - com caminhão basculante de 12 m³","m³",47.79]
[5502804,"Escavação, carga e transporte de material de 3ª categoria - DMT de 2.000 a 2.500 m - caminho de serviço pavimentado - com caminhão basculante de 12 m³","m³",47.25]
[5502753,"Escavação, carga e transporte de material de 3ª categoria - DMT de 2.500 a 3.000 m - caminho de serviço em leito natural com caminhão basculante de 12 m³","m³",53.17]
[5502779,"Escavação, carga e transporte de material de 3ª categoria - DMT de 2.500 a 3.000 m - caminho de serviço em revestimento primário - com caminhão basculante de 12 m³","m³",48.55]
[5502805,"Escavação, carga e transporte de material de 3ª categoria - DMT de 2.500 a 3.000 m - caminho de serviço pavimentado - com caminhão basculante de 12 m³","m³",48.01]
[5502743,"Escavação, carga e transporte de material de 3ª categoria - DMT de 200 a 400 m - caminho de serviço em leito natural com caminhão basculante de 12 m³","m³",43.78]
[5502769,"Escavação, carga e transporte de material de 3ª categoria - DMT de 200 a 400 m - caminho de serviço em revestimento primário - com caminhão basculante de 12 m³","m³",42.99]
[5502795,"Escavação, carga e transporte de material de 3ª categoria - DMT de 200 a 400 m - caminho de serviço pavimentado - com caminhão basculante de 12 m³","m³",42.92]
[5502744,"Escavação, carga e transporte de material de 3ª categoria - DMT de 400 a 600 m - caminho de serviço em leito natural com caminhão basculante de 12 m³","m³",45.96]
[5502770,"Escavação, carga e transporte de material de 3ª categoria - DMT de 400 a 600 m - caminho de serviço em revestimento primário - com caminhão basculante de 12 m³","m³",43.42]
[5502796,"Escavação, carga e transporte de material de 3ª categoria - DMT de 400 a 600 m - caminho de serviço pavimentado - com caminhão basculante de 12 m³","m³",43.28]
[5502742,"Escavação, carga e transporte de material de 3ª categoria - DMT de 50 a 200 m - caminho de serviço em leito natural com caminhão basculante de 12 m³","m³",42.99]
[5502768,"Escavação, carga e transporte de material de 3ª categoria - DMT de 50 a 200 m - caminho de serviço em revestimento primário - com caminhão basculante de 12 m³","m³",42.49]
[5502794,"Escavação, carga e transporte de material de 3ª categoria - DMT de 50 a 200 m - caminho de serviço pavimentado - com caminhão basculante de 12 m³","m³",42.49]
[5502745,"Escavação, carga e transporte de material de 3ª categoria - DMT de 600 a 800 m - caminho de serviço em leito natural com caminhão basculante de 12 m³","m³",46.5]
[5502771,"Escavação, carga e transporte de material de 3ª categoria - DMT de 600 a 800 m - caminho de serviço em revestimento primário - com caminhão basculante de 12 m³","m³",43.78]
[5502797,"Escavação, carga e transporte de material de 3ª categoria - DMT de 600 a 800 m - caminho de serviço pavimentado - com caminhão basculante de 12 m³","m³",43.64]
[5502746,"Escavação, carga e transporte de material de 3ª categoria - DMT de 800 a 1.000 m - caminho de serviço em leito natural com caminhão basculante de 12 m³","m³",47.04]
[5502772,"Escavação, carga e transporte de material de 3ª categoria - DMT de 800 a 1.000 m - caminho de serviço em revestimento primário - com caminhão basculante de 12 m³","m³",44.14]
[5502798,"Escavação, carga e transporte de material de 3ª categoria - DMT de 800 a 1.000 m - caminho de serviço pavimentado - com caminhão basculante de 12 m³","m³",43.93]
[5502886,"Escavação, carga e transporte de material de 3ª categoria na distância de 3.000 m - caminho de serviço em leito natural com caminhão basculante de 12 m³","m³",53.88]
[5502887,"Escavação, carga e transporte de material de 3ª categoria na distância de 3.000 m - caminho de serviço em revestimento primário - com caminhão basculante de 12 m³","m³",49.08]
[5502888,"Escavação, carga e transporte de material de 3ª categoria na distância de 3.000 m - caminho de serviço pavimentado - com caminhão basculante de 12 m³","m³",48.44]
[5502820,"Escavação, carga e transporte de solos moles - DMT de 0 a 50 m","m³",7.13]
[5502904,"Escavação, carga e transporte de solos moles - DMT de 1.000 a 1.200 m - caminho de serviço em leito natural - com caminhão basculante de 14 m³","m³",20.85]
[5502930,"Escavação, carga e transporte de solos moles - DMT de 1.000 a 1.200 m - caminho de serviço em revestimento primário - com caminhão basculante de 14 m³","m³",19.75]
[5502956,"Escavação, carga e transporte de solos moles - DMT de 1.000 a 1.200 m - caminho de serviço pavimentado - com caminhão basculante de 14 m³","m³",19.350000000000001]
[5502905,"Escavação, carga e transporte de solos moles - DMT de 1.200 a 1.400 m - caminho de serviço em leito natural - com caminhão basculante de 14 m³","m³",23.23]
[5502931,"Escavação, carga e transporte de solos moles - DMT de 1.200 a 1.400 m - caminho de serviço em revestimento primário - com caminhão basculante de 14 m³","m³",19.95]
[5502957,"Escavação, carga e transporte de solos moles - DMT de 1.200 a 1.400 m - caminho de serviço pavimentado - com caminhão basculante de 14 m³","m³",19.55]
[5502906,"Escavação, carga e transporte de solos moles - DMT de 1.400 a 1.600 m - caminho de serviço em leito natural - com caminhão basculante de 14 m³","m³",23.52]
[5502932,"Escavação, carga e transporte de solos moles - DMT de 1.400 a 1.600 m - caminho de serviço em revestimento primário - com caminhão basculante de 14 m³","m³",20.149999999999999]
[5502958,"Escavação, carga e transporte de solos moles - DMT de 1.400 a 1.600 m - caminho de serviço pavimentado - com caminhão basculante de 14 m³","m³",19.75]
[5502907,"Escavação, carga e transporte de solos moles - DMT de 1.600 a 1.800 m - caminho de serviço em leito natural - com caminhão basculante de 14 m³","m³",23.97]
[5502933,"Escavação, carga e transporte de solos moles - DMT de 1.600 a 1.800 m - caminho de serviço em revestimento primário - com caminhão basculante de 14 m³","m³",20.45]
[5502959,"Escavação, carga e transporte de solos moles - DMT de 1.600 a 1.800 m - caminho de serviço pavimentado - com caminhão basculante de 14 m³","m³",19.95]
[5502908,"Escavação, carga e transporte de solos moles - DMT de 1.800 a 2.000 m - caminho de serviço em leito natural - com caminhão basculante de 14 m³","m³",24.27]
[5502934,"Escavação, carga e transporte de solos moles - DMT de 1.800 a 2.000 m - caminho de serviço em revestimento primário - com caminhão basculante de 14 m³","m³",20.65]
[5502960,"Escavação, carga e transporte de solos moles - DMT de 1.800 a 2.000 m - caminho de serviço pavimentado - com caminhão basculante de 14 m³","m³",20.05]
[5502909,"Escavação, carga e transporte de solos moles - DMT de 2.000 a 2.500 m - caminho de serviço em leito natural - com caminhão basculante de 14 m³","m³",24.87]
[5502935,"Escavação, carga e transporte de solos moles - DMT de 2.000 a 2.500 m - caminho de serviço em revestimento primário - com caminhão basculante de 14 m³","m³",21.05]
[5502961,"Escavação, carga e transporte de solos moles - DMT de 2.000 a 2.500 m - caminho de serviço pavimentado - com caminhão basculante de 14 m³","m³",20.45]
[5502910,"Escavação, carga e transporte de solos moles - DMT de 2.500 a 3.000 m - caminho de serviço em leito natural - com caminhão basculante de 14 m³","m³",25.92]
[5502936,"Escavação, carga e transporte de solos moles - DMT de 2.500 a 3.000 m - caminho de serviço em revestimento primário - com caminhão basculante de 14 m³","m³",23.67]
[5502962,"Escavação, carga e transporte de solos moles - DMT de 2.500 a 3.000 m - caminho de serviço pavimentado - com caminhão basculante de 14 m³","m³",20.95]
[5502900,"Escavação, carga e transporte de solos moles - DMT de 200 a 400 m - caminho de serviço em leito natural - com caminhão basculante de 14 m³","m³",19.25]
[5502926,"Escavação, carga e transporte de solos moles - DMT de 200 a 400 m - caminho de serviço em revestimento primário - com caminhão basculante de 14 m³","m³",18.66]
[5502952,"Escavação, carga e transporte de solos moles - DMT de 200 a 400 m - caminho de serviço pavimentado - com caminhão basculante de 14 m³","m³",18.46]
[5502901,"Escavação, carga e transporte de solos moles - DMT de 400 a 600 m - caminho de serviço em leito natural - com caminhão basculante de 14 m³","m³",19.649999999999999]
[5502927,"Escavação, carga e transporte de solos moles - DMT de 400 a 600 m - caminho de serviço em revestimento primário - com caminhão basculante de 14 m³","m³",18.95]
[5502953,"Escavação, carga e transporte de solos moles - DMT de 400 a 600 m - caminho de serviço pavimentado - com caminhão basculante de 14 m³","m³",18.760000000000002]
[5502899,"Escavação, carga e transporte de solos moles - DMT de 50 a 200 m - caminho de serviço em leito natural - com caminhão basculante de 14 m³","m³",18.66]
[5502925,"Escavação, carga e transporte de solos moles - DMT de 50 a 200 m - caminho de serviço em revestimento primário - com caminhão basculante de 14 m³","m³",18.36]
[5502951,"Escavação, carga e transporte de solos moles - DMT de 50 a 200 m - caminho de serviço pavimentado - com caminhão basculante de 14 m³","m³",18.16]
[5502902,"Escavação, carga e transporte de solos moles - DMT de 600 a 800 m - caminho de serviço em leito natural - com caminhão basculante de 14 m³","m³",20.149999999999999]
[5502928,"Escavação, carga e transporte de solos moles - DMT de 600 a 800 m - caminho de serviço em revestimento primário - com caminhão basculante de 14 m³","m³",19.25]
[5502954,"Escavação, carga e transporte de solos moles - DMT de 600 a 800 m - caminho de serviço pavimentado - com caminhão basculante de 14 m³","m³",18.95]
[5502903,"Escavação, carga e transporte de solos moles - DMT de 800 a 1.000 m - caminho de serviço em leito natural - com caminhão basculante de 14 m³","m³",20.45]
[5502929,"Escavação, carga e transporte de solos moles - DMT de 800 a 1.000 m - caminho de serviço em revestimento primário - com caminhão basculante de 14 m³","m³",19.45]
[5502955,"Escavação, carga e transporte de solos moles - DMT de 800 a 1.000 m - caminho de serviço pavimentado - com caminhão basculante de 14 m³","m³",19.149999999999999]
[5502889,"Escavação, carga e transporte de solos moles na distância de 3.000 m - caminho de serviço em leito natural - com caminhão basculante de 14 m³","m³",26.36]
[5502996,"Escavação, carga e transporte de solos moles na distância de 3.000 m - caminho de serviço em revestimento primário - com caminhão basculante de 14 m³","m³",23.97]
[5502997,"Escavação, carga e transporte de solos moles na distância de 3.000 m - caminho de serviço pavimentado - com caminhão basculante de 14 m³","m³",23.23]
[5501716,"Escavação, carga e transporte em material de 1ª categoria - DMT de 1.000 a 1.200 m com motoscraper","m³",21.31]
[5501717,"Escavação, carga e transporte em material de 1ª categoria - DMT de 1.200 a 1.400 m com motoscraper","m³",24.03]
[5501712,"Escavação, carga e transporte em material de 1ª categoria - DMT de 200 a 400 m com motoscraper","m³",12.33]
[5501713,"Escavação, carga e transporte em material de 1ª categoria - DMT de 400 a 600 m com motoscraper","m³",13.69]
[5501711,"Escavação, carga e transporte em material de 1ª categoria - DMT de 50 a 200 m com motoscraper","m³",9.86]
[5501710,"Escavação, carga e transporte em material de 1ª categoria - DMT de 50 m","m³",2.84]
[5501714,"Escavação, carga e transporte em material de 1ª categoria - DMT de 600 a 800 m com motoscraper","m³",16.12]
[5501715,"Escavação, carga e transporte em material de 1ª categoria - DMT de 800 a 1.000 m com motoscraper","m³",18.59]
[5502986,"Expurgo de jazida","m³",3.22]
[5502977,"Fragmentação de blocos de rocha com escavadeira e rompedor hidráulico 1.700 kg","m³",9.2899999999999991]
[5502985,"Limpeza mecanizada da camada vegetal","m²",0.56999999999999995]
[5503018,"Manutenção de caminho de serviço","km",65.150000000000006]
[5505768,"Pré-fissuramento de material de 3ª categoria","m²",88.98]
[5503020,"Umedecimento de caminho de serviço","km",299.63]
[5605798,"Chumbador de aço CA-50 - D = 20 mm com perfuratriz sobre pneus - ancorado na rocha com cartucho de cimento - fornecimento, perfuração e instalação","m",95.61]
[5605925,"Chumbador de aço CA-50 - D = 20 mm com perfuratriz sobre pneus - ancorado na rocha com injeção de nata de cimento - fornecimento, perfuração e instalação","m",89.72]
[5605799,"Chumbador de aço CA-50 - D = 22 mm com perfuratriz sobre pneus - ancorado na rocha com cartucho de cimento - fornecimento, perfuração e instalação","m",106.04]
[5605800,"Chumbador de aço CA-50 - D = 25 mm com perfuratriz sobre pneus - ancorado na rocha com cartucho de cimento - fornecimento, perfuração e instalação","m",119.3]
[5613944,"Chumbador de aço CA-50 - D = 32 mm com martelete perfurador manual - ancorado na rocha com cartucho de cimento - fornecimento, perfuração e instalação","m",136.21]
[5605894,"Grampo de aço CA-50 D = 12,5 mm para solo grampeado com capacidade de 30 kN - fornecimento, perfuração e instalação","m",58.52]
[5605895,"Grampo de aço CA-50 D = 16 mm para solo grampeado com capacidade de 50 kN - fornecimento, perfuração e instalação","m",62.45]
[5605896,"Grampo de aço CA-50 D = 20 mm para solo grampeado com capacidade de 80 kN - fornecimento, perfuração e instalação","m",68.36]
[5605911,"Perfuração para tirante permanente protendido autoinjetável em material de 1ª categoria com diâmetro de até 120 mm","m",44.73]
[5605912,"Perfuração para tirante permanente protendido autoinjetável em material de 2ª categoria com diâmetro de até 87 mm","m",72.27]
[5605938,"Perfuração para tirantes em material de 1ª categoria com diâmetro de até 120 mm","m",27.15]
[5605939,"Perfuração para tirantes em material de 2ª categoria com diâmetro de até 120 mm","m",32.619999999999997]
[5605940,"Perfuração para tirantes em material de 3ª categoria com diâmetro de até 120 mm","m",72.989999999999995]
[5605942,"Pintura eletrostática com tinta em pó à base de resina epóxi - E = 200 µm","m²",52.27]
[5605955,"Protensão de tirante com 10 cordoalhas D = 12,7 mm aço CP 190 RB, com capacidade de 860 kN - inclusive ancoragem e grauteamento da cabeça","un",730.75]
[5605956,"Protensão de tirante com 12 cordoalhas D = 12,7 mm aço CP 190 RB, com capacidade de 1.040 kN - inclusive ancoragem e grauteamento da cabeça","un",878]
[5605953,"Protensão de tirante com 6 cordoalhas D = 12,7 mm aço CP 190 RB, com capacidade de 520 kN - inclusive ancoragem e grauteamento da cabeça","un",517.29999999999995]
[5605954,"Protensão de tirante com 8 cordoalhas D = 12,7 mm aço CP 190 RB, com capacidade de 690 kN - inclusive ancoragem e grauteamento da cabeça","un",630.99]
[5605909,"Protensão de tirante permanente autoinjetável de aço D = 40 mm, seção de 684 mm², tensão de escoamento = 440 MPa e tensão de ruptura = 580 MPa - inclusive ancoragem e grauteamento da cabeça","un",475.26]
[5605908,"Protensão de tirante permanente autoinjetável de aço D = 40 mm, seção de 822 mm², tensão de escoamento = 470 MPa e tensão de ruptura = 600 MPa - inclusive ancoragem e grauteamento da cabeça","un",475.26]
[5605907,"Protensão de tirante permanente autoinjetável de aço D = 40 mm, seção de 936 mm², tensão de escoamento = 700 MPa e tensão de ruptura = 830 MPa - inclusive ancoragem e grauteamento da cabeça","un",506.98]
[5605906,"Protensão de tirante permanente autoinjetável de aço D = 50 mm, seção de 1.330 mm², tensão de escoamento = 630 MPa e tensão de ruptura = 740 MPa - inclusive ancoragem e grauteamento da cabeça","un",610.05999999999995]
[5605905,"Protensão de tirante permanente autoinjetável de aço D = 50 mm, seção de 1.569 mm², tensão de escoamento = 630 MPa e tensão de ruptura = 740 MP - inclusive ancoragem e grauteamento da cabeça","un",709.31]
[5605944,"Protensão de tirante permanente protendido de aço D = 30 mm, tensão de escoamento = 600 MPa e tensão de ruptura = 720 MPa - inclusive ancoragem e grauteamento da cabeça","un",427.13]
[5605910,"Protensão de tirante permanente protendido de aço D = 32 mm, tensão de escoamento = 520 MPa e tensão de ruptura = 690 MPa - inclusive ancoragem e grauteamento da cabeça","un",501.57]
[5605945,"Protensão de tirante permanente protendido de aço D = 32 mm, tensão de escoamento = 950 MPa e tensão de ruptura = 1.050 MPa - inclusive ancoragem e grauteamento da cabeça","un",532.83000000000004]
[5605946,"Protensão de tirante permanente protendido de aço D = 40 mm, tensão de escoamento = 600 MPa e tensão de ruptura = 720 MPa - inclusive ancoragem e grauteamento da cabeça","un",506.98]
[5605947,"Protensão de tirante permanente protendido de aço D = 44 mm, tensão de escoamento = 680 MPa e tensão de ruptura = 870 MPa - inclusive ancoragem e grauteamento da cabeça","un",568.65]
[5605948,"Protensão de tirante permanente protendido de aço D = 50 mm, tensão de escoamento = 600 MPa e tensão de ruptura = 720 MPa - inclusive ancoragem e grauteamento da cabeça","un",709.31]
[5605949,"Protensão de tirante permanente protendido de aço D = 53 mm, tensão de escoamento = 600 MPa e tensão de ruptura = 720 MPa - inclusive ancoragem e grauteamento da cabeça","un",1008.32]
[5605950,"Protensão de tirante permanente protendido de aço D = 57 mm, tensão de escoamento = 600 MPa e tensão de ruptura = 720 MPa - inclusive ancoragem e grauteamento da cabeça","un",1033.3399999999999]
[5605951,"Protensão de tirante permanente protendido de aço D = 63 mm, tensão de escoamento = 600 MPa e tensão de ruptura = 720 MPa - inclusive ancoragem e grauteamento da cabeça","un",1633.54]
[5605952,"Protensão de tirante permanente protendido de aço D = 69 mm, tensão de escoamento = 600 MPa e tensão de ruptura = 720 MPa - inclusive ancoragem e grauteamento da cabeça","un",2480.04]
[5605932,"Tirante de barra de aço ancorado na rocha com resina de poliéster, D = 19 mm, tensão de escoamento = 700 MPa e tensão de ruptura = 800 MPa - fornecimento, perfuração e instalação","m",132.53]
[5605934,"Tirante de barra de aço ancorado na rocha com resina de poliéster, D = 22 mm, tensão de escoamento = 700 MPa e tensão de ruptura = 800 MPa - fornecimento, perfuração e instalação","m",143.16]
[5605928,"Tirante de barra de aço ancorado na rocha com resina de poliéster, D = 25 mm, tensão de escoamento = 520 MPa e tensão de ruptura = 690 MPa - fornecimento, perfuração e instalação","m",170.61]
[5605935,"Tirante de barra de aço ancorado na rocha com resina de poliéster, D = 25 mm, tensão de escoamento = 700 MPa, tensão de ruptura = 800 MPa - fornecimento, perfuração e instalação","m",157.03]
[5605936,"Tirante de barra de aço ancorado na rocha com resina de poliéster, D = 32 mm, tensão de escoamento = 700 MPa, tensão de ruptura = 800 MPa - fornecimento, perfuração e instalação","m",238.2]
[5605937,"Tirante de barra de aço ancorado na rocha com resina de poliéster, D = 36 mm, tensão de escoamento = 700 MPa e tensão de ruptura = 800 MPa - fornecimento, perfuração e instalação","m",294.02999999999997]
[5605957,"Tirante permanente protendido autoinjetável de aço D = 40 mm, seção de 684 mm², tensão de escoamento = 440 MPa e tensão de ruptura = 580 MPa - exceto perfuração","m",216.29]
[5605958,"Tirante permanente protendido autoinjetável de aço D = 40 mm, seção de 822 mm², tensão de escoamento = 470 MPa e tensão de ruptura = 600 MPa - exceto perfuração","m",247.41]
[5605959,"Tirante permanente protendido autoinjetável de aço D = 40 mm, seção de 936 mm², tensão de escoamento = 700 MPa e tensão de ruptura = 830 MPa - exceto perfuração","m",299.48]
[5605960,"Tirante permanente protendido autoinjetável de aço D = 50 mm, seção de 1.330 mm², tensão de escoamento = 630 MPa e tensão de ruptura = 740 MPa - exceto perfuração","m",391.21]
[5605961,"Tirante permanente protendido autoinjetável de aço D = 50 mm, seção de 1.569 mm², tensão de escoamento = 630 MPa e tensão de ruptura = 740 MPa - exceto perfuração","m",445.98]
[5605885,"Tirante permanente protendido com 10 cordoalhas D = 12,7 mm, aço CP 190 RB, com capacidade de 860 kN - exceto perfuração","m",250.24]
[5605886,"Tirante permanente protendido com 12 cordoalhas D = 12,7 mm, aço CP 190 RB, com capacidade de 1.030 kN - exceto perfuração","m",269.66000000000003]
[5605883,"Tirante permanente protendido com 6 cordoalhas D = 12,7 mm, aço CP 190 RB, com capacidade de 510 kN - exceto perfuração","m",206.57]
[5605884,"Tirante permanente protendido com 8 cordoalhas D = 12,7 mm, aço CP 190 RB, com capacidade de 690 kN - exceto perfuração","m",225.99]
[5605962,"Tirante permanente protendido de aço D = 30 mm, tensão de escoamento = 600 MPa e tensão de ruptura = 720 MPa - exceto perfuração","m",157.65]
[5605881,"Tirante permanente protendido de aço D = 32 mm, tensão de escoamento = 520 MPa e tensão de ruptura = 690 MPa - exceto perfuração","m",244.37]
[5605882,"Tirante permanente protendido de aço D = 32 mm, tensão de escoamento = 950 MPa e tensão de ruptura = 1.050 MPa - exceto perfuração","m",397.97]
[5605963,"Tirante permanente protendido de aço D = 40 mm, tensão de escoamento = 600 MPa e tensão de ruptura = 720 MPa - exceto perfuração","m",246.11]
[5605964,"Tirante permanente protendido de aço D = 44 mm, tensão de escoamento = 680 MPa e tensão de ruptura = 870 MPa - exceto perfuração","m",313.83]
[5605965,"Tirante permanente protendido de aço D = 50 mm, tensão de escoamento = 600 MPa e tensão de ruptura = 720 MPa - exceto perfuração","m",370.1]
[5605966,"Tirante permanente protendido de aço D = 53mm, tensão de escoamento = 600 MPa e tensão de ruptura = 720 MPa - exceto perfuração","m",411.53]
[5605967,"Tirante permanente protendido de aço D = 57 mm, tensão de escoamento = 600 MPa e tensão de ruptura = 720 MPa - exceto perfuração","m",462.15]
[5605968,"Tirante permanente protendido de aço D = 63 mm, tensão de escoamento = 600 MPa e tensão de ruptura = 720 MPa - exceto perfuração","m",564.30999999999995]
[5605969,"Tirante permanente protendido de aço D = 69 mm, tensão de escoamento = 600 MPa e tensão de ruptura = 720 MPa - exceto perfuração","m",682.68]
[5909130,"Carga e manobra de aduelas de concreto pré-moldadas em cavalo mecânico com semirreboque 20 t - carga com caminhão guindauto com capacidade de elevação de 11,9 t","t",25.89]
[5914703,"Carga e manobra de brita para lastro com locomotiva diesel-elétrica em vagão hopper aberto com capacidade de 45 m³ - carga com carregadeira e descarga automática - bitola métrica","t",5.81]
[5914704,"Carga e manobra de brita para lastro com locomotiva diesel-elétrica em vagão hopper aberto com capacidade de 63 m³ - carga com carregadeira e descarga automática - bitola larga","t",5.93]
[5914710,"Carga e manobra de dormentes de concreto de bitola larga com locomotiva diesel-elétrica e vagão plataforma com capacidade de 98 t - carga com carregadeira - bitola larga","t",11.16]
[5914711,"Carga e manobra de dormentes de concreto de bitola métrica com locomotiva diesel-elétrica e vagão plataforma com capacidade de 82 t - carga com carregadeira - bitola métrica","t",10]
[5914712,"Carga e manobra de dormentes de concreto de bitola mista com locomotiva diesel-elétrica e vagão plataforma com capacidade de 98 t - carga com carregadeira - bitola larga","t",10.119999999999999]
[5915369,"Carga, descarga e manobra de vigas pré-moldadas de 1.000 a 1.250 kN em cavalo mecânico com reboques de 5 e 4 eixos com capacidade de 130 t","un",8398.31]
[5915401,"Carga, descarga e manobra de vigas pré-moldadas de 500 a 750 kN em cavalo mecânico com dollys de 3 e 4 eixos com capacidade de 77 t","un",7726.33]
[5915402,"Carga, descarga e manobra de vigas pré-moldadas de 750 a 1.000 kN em cavalo mecânico com dollys de 5 e 4 eixos com capacidade de 111 t","un",4467.2]
[5915400,"Carga, descarga e manobra de vigas pré-moldadas de até 500 kN em cavalo mecânico com dolly de 4 eixos com capacidade de 57 t","un",4033.64]
[5914651,"Carga, manobra e descarga de agregados ou solos em caminhão basculante de 10 m³ - carga com carregadeira de 3,40 m³ (exclusa) e descarga em distribuidor autopropelido","t",2.5]
[5914648,"Carga, manobra e descarga de agregados ou solos em caminhão basculante de 10 m³ - carga com carregadeira de 3,40 m³ (exclusa) e descarga em distribuidor rebocável","t",7.56]
[5914647,"Carga, manobra e descarga de agregados ou solos em caminhão basculante de 10 m³ - carga com carregadeira de 3,40 m³ (exclusa) e descarga livre","t",1.74]
[5915411,"Carga, manobra e descarga de agregados ou solos em caminhão basculante de 10 m³ - carga com carregadeira de 3,40 m³ e descarga em distribuidor autopropelido","t",3.52]
[5915409,"Carga, manobra e descarga de agregados ou solos em caminhão basculante de 10 m³ - carga com carregadeira de 3,40 m³ e descarga em distribuidor rebocável","t",8.57]
[5915407,"Carga, manobra e descarga de agregados ou solos em caminhão basculante de 10 m³ - carga com carregadeira de 3,40 m³ e descarga livre","t",2.75]
[5914354,"Carga, manobra e descarga de agregados ou solos em caminhão basculante de 10 m³ - carga com escavadeira de 1,56 m³ (exclusa) e descarga livre","t",1.81]
[5915406,"Carga, manobra e descarga de agregados ou solos em caminhão basculante de 10 m³ - carga em usina de 60 t/h (PMF) e descarga livre","t",9.16]
[5914652,"Carga, manobra e descarga de agregados ou solos em caminhão basculante de 10 m³ - carga em usina de solos de 300 t/h e descarga em distribuidor autopropelido","t",3.34]
[5915417,"Carga, manobra e descarga de agregados ou solos em caminhão basculante de 10 m³ - carga em usina de solos de 300 t/h e descarga em vibroacabadora","t",5.27]
[5915414,"Carga, manobra e descarga de agregados ou solos em caminhão basculante de 10 m³ - carga em usina de solos de 300 t/h e descarga livre","t",2.75]
[5914351,"Carga, manobra e descarga de agregados ou solos em caminhão basculante de 14 m³ - carga com carregadeira de 3,40 m³ e descarga livre","t",2.74]
[5914645,"Carga, manobra e descarga de agregados ou solos em caminhão basculante de 6 m³ - carga com carregadeira de 1,72 m³ (exclusa) e descarga em distribuidor autopropelido","t",2.87]
[5914642,"Carga, manobra e descarga de agregados ou solos em caminhão basculante de 6 m³ - carga com carregadeira de 1,72 m³ (exclusa) e descarga em distribuidor rebocável","t",5.58]
[5914641,"Carga, manobra e descarga de agregados ou solos em caminhão basculante de 6 m³ - carga com carregadeira de 1,72 m³ (exclusa) e descarga livre","t",1.99]
[5915456,"Carga, manobra e descarga de agregados ou solos em caminhão basculante de 6 m³ - carga com carregadeira de 1,72 m³ e descarga em distribuidor autopropelido","t",3.77]
[5915454,"Carga, manobra e descarga de agregados ou solos em caminhão basculante de 6 m³ - carga com carregadeira de 1,72 m³ e descarga em distribuidor rebocável","t",6.48]
[5915399,"Carga, manobra e descarga de agregados ou solos em caminhão basculante de 6 m³ - carga com carregadeira de 1,72 m³ e descarga livre","t",2.89]
[5914353,"Carga, manobra e descarga de agregados ou solos em caminhão basculante de 6 m³ - carga com escavadeira de 1,56 m³ (exclusa) e descarga livre","t",1.49]
[5915470,"Carga, manobra e descarga de agregados ou solos em caminhão basculante de 6 m³ - carga com escavadeira de 1,56 m³ e descarga livre","t",2.21]
[5915459,"Carga, manobra e descarga de agregados ou solos em caminhão basculante de 6 m³ - carga com minicarregadeira de 0,45 m³ e descarga livre","t",7.48]
[5915476,"Carga, manobra e descarga de agregados ou solos em caminhão basculante de 6 m³ - carga manual e descarga livre","t",28.85]
[5914702,"Carga, manobra e descarga de barras de trilho de 12 m com locomotiva diesel-elétrica em vagão plataforma com capacidade de 82 t - carga e descarga com carregadeira - bitola métrica","t",14.87]
[5914701,"Carga, manobra e descarga de barras de trilho de 12 m com locomotiva diesel-elétrica em vagão plataforma com capacidade de 98 t - carga e descarga com carregadeira - bitola larga","t",15.4]
[5915018,"Carga, manobra e descarga de barras de trilho de 12 m em cavalo mecânico com semirreboque com capacidade de 32 t - carga e descarga com carregadeira","t",8.27]
[5906592,"Carga, manobra e descarga de blocos artificiais de concreto com 10 a 12 t para molhe em cavalo mecânico com semirreboque com capacidade de 32 t - carga e descarga com guindaste com pinça","un",34.93]
[5906591,"Carga, manobra e descarga de blocos artificiais de concreto com 8 a 9 t para molhe em cavalo mecânico com semirreboque com capacidade de 32 t - carga e descarga com guindaste com pinça","un",33.11]
[5914653,"Carga, manobra e descarga de blocos de rocha em caminhão basculante de 8 m³ - carga com carregadeira de 1,72 m³ (exclusa) e descarga livre","t",3.44]
[5915405,"Carga, manobra e descarga de blocos de rocha em caminhão basculante de 8 m³ - carga com carregadeira de 1,72 m³ e descarga livre","t",5.61]
[5914657,"Carga, manobra e descarga de blocos de rocha em caminhão basculante de 8 m³ - carga com retroescavadeira de 0,29 m³ e descarga livre","t",17.62]
[5914363,"Carga, manobra e descarga de cimento ou cal hidratada a granel em caminhão silo de 30 m³","t",17.59]
[5914646,"Carga, manobra e descarga de concreto asfáltico com borracha em caminhão basculante de 10 m³ - carga em usina de asfalto 100/140 t/h e descarga em vibroacabadora","t",8.5399999999999991]
[5919535,"Carga, manobra e descarga de concreto com caminhão betoneira - carga em central de concreto de 30 m³/h e descarga em extrusora de barreira de concreto","t",21.66]
[5919533,"Carga, manobra e descarga de concreto com caminhão betoneira - carga em central de concreto de 30 m³/h e descarga em extrusora de meio-fio","t",71.59]
[5919534,"Carga, manobra e descarga de concreto com caminhão betoneira - carga em central de concreto de 30 m³/h e descarga em extrusora de sarjeta","t",65.41]
[5909007,"Carga, manobra e descarga de concreto com caminhão betoneira - carga em central de concreto de 30 m³/h e descarga livre","t",19.91]
[5919538,"Carga, manobra e descarga de concreto com caminhão betoneira - carga em central de concreto de 40 m³/h e descarga livre","t",16.920000000000002]
[5919540,"Carga, manobra e descarga de concreto de cimento em caminhão basculante de 10 m³ - carga em central de concreto de 150 m³/h e descarga em vibroacabadora","t",3.03]
[5914705,"Carga, manobra e descarga de dormentes de concreto de bitola larga com locomotiva diesel-elétrica e vagão plataforma com capacidade de 98 t - carga e descarga com carregadeira - bitola larga","t",22.32]
[5914706,"Carga, manobra e descarga de dormentes de concreto de bitola métrica com locomotiva diesel-elétrica e vagão plataforma com capacidade de 82 t - carga e descarga com carregadeira - bitola métrica","t",20]
[5914707,"Carga, manobra e descarga de dormentes de concreto de bitola mista com locomotiva diesel-elétrica e vagão plataforma com capacidade de 98 t - carga e descarga com carregadeira - bitola larga","t",20.239999999999998]
[5914677,"Carga, manobra e descarga de dormentes de madeira com locomotiva diesel-elétrica em vagão plataforma com capacidade de 82 t - carga e descarga com carregadeira - bitola métrica","t",29.83]
[5914676,"Carga, manobra e descarga de dormentes de madeira com locomotiva diesel-elétrica em vagão plataforma com capacidade de 98 t - carga e descarga com carregadeira - bitola larga","t",25.4]
[5915016,"Carga, manobra e descarga de dormentes de madeira de bitola larga ou mista em cavalo mecânico com semirreboque com capacidade de 32 t - carga e descarga com carregadeira","t",13.43]
[5915017,"Carga, manobra e descarga de dormentes de madeira de bitola métrica em cavalo mecânico com semirreboque com capacidade de 32 t - carga e descarga com carregadeira","t",16.600000000000001]
[5914678,"Carga, manobra e descarga de jogo de dormentes de concreto para AMV de bitola larga ou mista, qualquer abertura, com locomotiva diesel-elétrica em vagão plataforma com capacidade de 98 t - carga e descarga com carregadeira - bitola larga","t",36.369999999999997]
[5914679,"Carga, manobra e descarga de jogo de dormentes de concreto para AMV de bitola métrica, qualquer abertura, com locomotiva diesel-elétrica em vagão plataforma com capacidade de 82 t - carga e descarga com carregadeira - bitola métrica","t",57.36]
[5914681,"Carga, manobra e descarga de jogo de dormentes de madeira para AMV bitola métrica, qualquer abertura, com locomotiva diesel-elétrica em vagão plataforma com capacidade de 82 t - carga e descarga com carregadeira - bitola métrica","t",68.430000000000007]
[5914680,"Carga, manobra e descarga de jogo de dormentes de madeira para AMV de bitola larga ou mista, qualquer abertura, com locomotiva diesel-elétrica em vagão plataforma com capacidade de 98 t - carga e descarga com carregadeira - bitola larga","t",48.13]
[5915015,"Carga, manobra e descarga de materiais diversos em caminhão carroceria com capacidade de 11,5 t e com guindauto com capacidade de elevação de 11,9 t","t",19.96]
[5915373,"Carga, manobra e descarga de materiais diversos em caminhão carroceria com capacidade de 7 t e com guindauto com capacidade de elevação de 6,2 t","t",17.600000000000001]
[5914333,"Carga, manobra e descarga de materiais diversos em caminhão carroceria de 15 t - carga e descarga com caminhão guindauto com capacidade de elevação de 6,2 t","t",32.28]
[5914655,"Carga, manobra e descarga de materiais diversos em caminhão carroceria de 15 t - carga e descarga manuais","t",32.700000000000003]
[5915474,"Carga, manobra e descarga de materiais diversos em caminhão carroceria de 5 t - carga e descarga manuais","t",31.31]
[5914654,"Carga, manobra e descarga de materiais diversos em caminhão carroceria de 9 t - carga e descarga manuais","t",26.27]
[5914686,"Carga, manobra e descarga de materiais metálicos e acessórios diversos com locomotiva diesel-elétrica em vagão fechado com capacidade de 64 t - carga e descarga com carregadeira - bitola métrica","t",25.32]
[5914685,"Carga, manobra e descarga de materiais metálicos e acessórios diversos com locomotiva diesel-elétrica em vagão fechado com capacidade de 99 t - carga e descarga com carregadeira - bitola larga","t",25.75]
[5914682,"Carga, manobra e descarga de materiais metálicos para AMV de bitola larga, qualquer abertura, com locomotiva diesel-elétrica em vagão plataforma com capacidade de 98 t - carga e descarga com carregadeira - bitola larga","t",33.119999999999997]
[5915019,"Carga, manobra e descarga de materiais metálicos para AMV de bitola larga, qualquer abertura, em cavalo mecânico com semirreboque com capacidade de 32 t - carga e descarga com carregadeira","t",13.76]
[5914683,"Carga, manobra e descarga de materiais metálicos para AMV de bitola métrica, qualquer abertura, com locomotiva diesel-elétrica em vagão plataforma com capacidade de 82 t - carga e descarga com carregadeira - bitola métrica","t",37.630000000000003]
[5915020,"Carga, manobra e descarga de materiais metálicos para AMV de bitola métrica, qualquer abertura, em cavalo mecânico com semirreboque com capacidade de 32 t - carga e descarga com carregadeira","t",15.82]
[5914684,"Carga, manobra e descarga de materiais metálicos para AMV de bitola mista, qualquer abertura, com locomotiva diesel-elétrica e vagão plataforma com capacidade de 98 t - carga e descarga com carregadeira","t",28.7]
[5915021,"Carga, manobra e descarga de materiais metálicos para AMV de bitola mista, qualquer abertura, em cavalo mecânico com semirreboque com capacidade de 32 t - carga e descarga com carregadeira","t",11.92]
[5914675,"Carga, manobra e descarga de material demolido em caminhão basculante de 6 m³ - carga com carregadeira de 1,72 m³ e descarga livre","t",3.07]
[5915433,"Carga, manobra e descarga de material demolido em caminhão basculante de 6 m³ - carga manual e descarga livre","t",34.880000000000003]
[5914304,"Carga, manobra e descarga de material fresado em caminhão basculante de 10 m³ - fresagem contínua em espessura de 3 cm - carga com fresadora e descarga livre","t",3.5]
[5914305,"Carga, manobra e descarga de material fresado em caminhão basculante de 10 m³ - fresagem contínua em espessura de 4 cm - carga com fresadora e descarga livre","t",3.42]
[5915440,"Carga, manobra e descarga de material fresado em caminhão basculante de 10 m³ - fresagem contínua em espessura de 5 cm - carga com fresadora e descarga livre","t",3.06]
[5914306,"Carga, manobra e descarga de material fresado em caminhão basculante de 10 m³ - fresagem contínua em espessura de 6 cm - carga com fresadora e descarga livre","t",2.85]
[5914307,"Carga, manobra e descarga de material fresado em caminhão basculante de 10 m³ - fresagem contínua em espessura de 7 cm - carga com fresadora e descarga livre","t",2.7]
[5914308,"Carga, manobra e descarga de material fresado em caminhão basculante de 10 m³ - fresagem contínua em espessura de 8 cm - carga com fresadora e descarga livre","t",2.61]
[5914309,"Carga, manobra e descarga de material fresado em caminhão basculante de 10 m³ - fresagem descontínua em espessura de 3 cm - carga com fresadora e descarga livre","t",5.79]
[5914310,"Carga, manobra e descarga de material fresado em caminhão basculante de 10 m³ - fresagem descontínua em espessura de 4 cm - carga com fresadora e descarga livre","t",4.84]
[5914352,"Carga, manobra e descarga de material fresado em caminhão basculante de 10 m³ - fresagem descontínua em espessura de 5 cm - carga com fresadora e descarga livre","t",4.3099999999999996]
[5914311,"Carga, manobra e descarga de material fresado em caminhão basculante de 10 m³ - fresagem descontínua em espessura de 6 cm - carga com fresadora e descarga livre","t",3.97]
[5914312,"Carga, manobra e descarga de material fresado em caminhão basculante de 10 m³ - fresagem descontínua em espessura de 7 cm - carga com fresadora e descarga livre","t",3.75]
[5914313,"Carga, manobra e descarga de material fresado em caminhão basculante de 10 m³ - fresagem descontínua em espessura de 8 cm - carga com fresadora e descarga livre","t",3.6]
[5914339,"Carga, manobra e descarga de material fresado em caminhão basculante de 6 m³ - fresagem descontínua em espessura de 5 cm - carga com fresadora e descarga livre","t",9.42]
[5914650,"Carga, manobra e descarga de mistura betuminosa a frio em caminhão basculante de 10 m³ - carga em usina de 60 t/h (PMF) e descarga em vibroacabadora","t",11.05]
[5914358,"Carga, manobra e descarga de mistura betuminosa a frio em caminhão basculante de 6 m³ - carga em usina de 60 t/h (PMF) e descarga em vibroacabadora","t",8.8800000000000008]
[5915421,"Carga, manobra e descarga de mistura betuminosa a frio em caminhão basculante de 6 m³ - carga em usina de 60 t/h (PMF) e descarga manual","t",25.49]
[5914649,"Carga, manobra e descarga de mistura betuminosa a quente em caminhão basculante de 10 m³ - carga em usina de asfalto 100/140 t/h e descarga em vibroacabadora","t",7.64]
[5914643,"Carga, manobra e descarga de mistura betuminosa a quente em caminhão basculante de 6 m³ - carga em usina de asfalto 100/140 t/h e descarga em vibroacabadora","t",5.38]
[5914328,"Carga, manobra e descarga de mistura betuminosa a quente em caminhão basculante de 6 m³ - carga em usina de asfalto 100/140 t/h e descarga manual","t",26.69]
[5914610,"Carga, manobra e descarga de mistura betuminosa a quente em caminhão com caçamba térmica de 6 m³ - carga em usina de asfalto de 100/140 t/h e descarga manual","t",26.37]
[5915408,"Carga, manobra e descarga de mistura reciclada com espuma de asfalto em caminhão basculante de 10 m³ - carga em usina de reciclagem a frio e descarga em vibroacabadora","t",5.52]
[5915306,"Carga, manobra e descarga de tetrápodes em cavalo mecânico com semirreboque com capacidade de 32 t - carga e descarga com guindaste","un",38.22]
[5914708,"Carga, manobra e descarga de TLS de TR45 de 120 m com locomotiva diesel-elétrica em vagão plataforma com capacidade de 82 t - carga e descarga com manipulador de TLS - bitola métrica","t",42.19]
[5914687,"Carga, manobra e descarga de TLS de TR45 de 120 m com locomotiva diesel-elétrica em vagão plataforma com capacidade de 98 t - carga e descarga com manipulador de TLS - bitola larga","t",42.63]
[5914709,"Carga, manobra e descarga de TLS de TR45 de 240 m com locomotiva diesel-elétrica em vagão plataforma com capacidade de 82 t - carga e descarga com manipulador de TLS - bitola métrica","t",46.32]
[5914688,"Carga, manobra e descarga de TLS de TR45 de 240 m com locomotiva diesel-elétrica em vagão plataforma com capacidade de 98 t - carga e descarga com manipulador de TLS - bitola larga","t",46.24]
[5914695,"Carga, manobra e descarga de TLS de TR57 de 120 m com locomotiva diesel-elétrica em vagão plataforma com capacidade de 82 t - carga e descarga com manipulador de TLS - bitola métrica","t",33.11]
[5914689,"Carga, manobra e descarga de TLS de TR57 de 120 m com locomotiva diesel-elétrica em vagão plataforma com capacidade de 98 t - carga e descarga com manipulador de TLS - bitola larga","t",33.450000000000003]
[5914696,"Carga, manobra e descarga de TLS de TR57 de 240 m com locomotiva diesel-elétrica em vagão plataforma com capacidade de 82 t - carga e descarga com manipulador de TLS - bitola métrica","t",36.340000000000003]
[5914690,"Carga, manobra e descarga de TLS de TR57 de 240 m com locomotiva diesel-elétrica em vagão plataforma com capacidade de 98 t - carga e descarga com manipulador de TLS - bitola larga","t",36.28]
[5914697,"Carga, manobra e descarga de TLS de TR68 de 120 m com locomotiva diesel-elétrica em vagão plataforma com capacidade de 82 t - carga e descarga com manipulador de TLS - bitola métrica","t",27.95]
[5914691,"Carga, manobra e descarga de TLS de TR68 de 120 m com locomotiva diesel-elétrica em vagão plataforma com capacidade de 98 t - carga e descarga com manipulador de TLS - bitola larga","t",28.24]
[5914698,"Carga, manobra e descarga de TLS de TR68 de 240 m com locomotiva diesel-elétrica em vagão plataforma com capacidade de 82 t - carga e descarga com manipulador de TLS - bitola métrica","t",30.68]
[5914692,"Carga, manobra e descarga de TLS de TR68 de 240 m com locomotiva diesel-elétrica em vagão plataforma com capacidade de 98 t - carga e descarga com manipulador de TLS - bitola larga","t",30.62]
[5914699,"Carga, manobra e descarga de TLS de UIC60 de 120 m com locomotiva diesel-elétrica em vagão plataforma com capacidade de 82 t - carga e descarga com manipulador de TLS - bitola métrica","t",31.29]
[5914693,"Carga, manobra e descarga de TLS de UIC60 de 120 m com locomotiva diesel-elétrica em vagão plataforma com capacidade de 98 t - carga e descarga com manipulador de TLS - bitola larga","t",31.61]
[5914700,"Carga, manobra e descarga de TLS de UIC60 de 240 m com locomotiva diesel-elétrica em vagão plataforma com capacidade de 82 t - carga e descarga com manipulador de TLS - bitola métrica","t",34.35]
[5914694,"Carga, manobra e descarga de TLS de UIC60 de 240 m com locomotiva diesel-elétrica em vagão plataforma com capacidade de 98 t - carga e descarga com manipulador de TLS - bitola larga","t",34.29]
[5915441,"Carga, manobra e descarga de trituração de galhos e troncos em caminhão basculante de 6 m³ - carga com trituradora e descarga livre","t",99.83]
[5901639,"Transporte com caminhão basculante com caçamba estanque com capacidade de 14 m³ - rodovia em leito natural","tkm",0.92]
[5901638,"Transporte com caminhão basculante com caçamba estanque com capacidade de 14 m³ - rodovia em revestimento primário","tkm",0.73]
[5901640,"Transporte com caminhão basculante com caçamba estanque com capacidade de 14 m³ - rodovia pavimentada","tkm",0.67]
[5914359,"Transporte com caminhão basculante de 10 m³ - rodovia em leito natural","tkm",1.2]
[5914374,"Transporte com caminhão basculante de 10 m³ - rodovia em revestimento primário","tkm",0.96]
[5914389,"Transporte com caminhão basculante de 10 m³ - rodovia pavimentada","tkm",0.79]
[5915319,"Transporte com caminhão basculante de 14 m³ - rodovia em leito natural","tkm",0.91]
[5915320,"Transporte com caminhão basculante de 14 m³ - rodovia em revestimento primário","tkm",0.73]
[5915321,"Transporte com caminhão basculante de 14 m³ - rodovia pavimentada","tkm",0.67]
[5914314,"Transporte com caminhão basculante de 6 m³ - rodovia em leito natural","tkm",1.26]
[5914329,"Transporte com caminhão basculante de 6 m³ - rodovia em revestimento primário","tkm",1.01]
[5914344,"Transporte com caminhão basculante de 6 m³ - rodovia pavimentada","tkm",0.83]
[5914539,"Transporte com caminhão betoneira - rodovia em leito natural","tkm",1.1100000000000001]
[5914554,"Transporte com caminhão betoneira - rodovia em revestimento primário","tkm",0.89]
[5914569,"Transporte com caminhão betoneira - rodovia pavimentada","tkm",0.73]
[5915012,"Transporte com caminhão carroceria com capacidade de 11,5 t e com guindauto com capacidade de elevação de 11,9 t - rodovia em leito natural","tkm",1.91]
[5915013,"Transporte com caminhão carroceria com capacidade de 11,5 t e com guindauto com capacidade de elevação de 11,9 t - rodovia em revestimento primário","tkm",1.53]
[5915014,"Transporte com caminhão carroceria com capacidade de 11,5 t e com guindauto com capacidade de elevação de 11,9 t - rodovia pavimentada","tkm",1.25]
[5914584,"Transporte com caminhão carroceria com capacidade de 7 t e com guindauto com capacidade de elevação de 6,2 t - rodovia em leito natural","tkm",2.6]
[5914599,"Transporte com caminhão carroceria com capacidade de 7 t e com guindauto com capacidade de elevação de 6,2 t - rodovia em revestimento primário","tkm",2.08]
[5914614,"Transporte com caminhão carroceria com capacidade de 7 t e com guindauto com capacidade de elevação de 6,2 t - rodovia pavimentada","tkm",1.7]
[5914581,"Transporte com caminhão carroceria com capacidade de 8,5 t e com guindauto com capacidade de elevação de 5,7 t - rodovia em leito natural","tkm",1.95]
[5914582,"Transporte com caminhão carroceria com capacidade de 8,5 t e com guindauto com capacidade de elevação de 5,7 t - rodovia em revestimento primário","tkm",1.56]
[5914583,"Transporte com caminhão carroceria com capacidade de 8,5 t e com guindauto com capacidade de elevação de 5,7 t - rodovia pavimentada","tkm",1.28]
[5914449,"Transporte com caminhão carroceria de 15 t - rodovia em leito natural","tkm",1.06]
[5914464,"Transporte com caminhão carroceria de 15 t - rodovia em revestimento primário","tkm",0.85]
[5914479,"Transporte com caminhão carroceria de 15 t - rodovia pavimentada","tkm",0.7]
[5915322,"Transporte com caminhão carroceria de 5 t - rodovia em leito natural","tkm",1.88]
[5915323,"Transporte com caminhão carroceria de 5 t - rodovia em revestimento primário","tkm",1.5]
[5915324,"Transporte com caminhão carroceria de 5 t - rodovia pavimentada","tkm",1.23]
[5914404,"Transporte com caminhão carroceria de 9 t - rodovia em leito natural","tkm",1.21]
[5914419,"Transporte com caminhão carroceria de 9 t - rodovia em revestimento primário","tkm",0.97]
[5914434,"Transporte com caminhão carroceria de 9 t - rodovia pavimentada","tkm",0.79]
[5914635,"Transporte com cavalo mecânico com semirreboque com capacidade de 20 t - rodovia em leito natural","tkm",1.25]
[5914636,"Transporte com cavalo mecânico com semirreboque com capacidade de 20 t - rodovia em revestimento primário","tkm",1]
[5914637,"Transporte com cavalo mecânico com semirreboque com capacidade de 20 t - rodovia pavimentada","tkm",0.82]
[5914638,"Transporte com cavalo mecânico com semirreboque com capacidade de 32 t - rodovia em leito natural","tkm",0.87]
[5914639,"Transporte com cavalo mecânico com semirreboque com capacidade de 32 t - rodovia em revestimento primário","tkm",0.7]
[5914640,"Transporte com cavalo mecânico com semirreboque com capacidade de 32 t - rodovia pavimentada","tkm",0.56999999999999995]
[5915466,"Transporte de água com caminhão tanque de 10.000 l - rodovia em leito natural","tkm",2.04]
[5915467,"Transporte de água com caminhão tanque de 10.000 l - rodovia em revestimento primário","tkm",1.63]
[5915468,"Transporte de água com caminhão tanque de 10.000 l - rodovia pavimentada","tkm",1.34]
[5914617,"Transporte de água com caminhão tanque de 13.000 l - rodovia em leito natural","tkm",1.57]
[5914618,"Transporte de água com caminhão tanque de 13.000 l - rodovia em revestimento primário","tkm",1.26]
[5914619,"Transporte de água com caminhão tanque de 13.000 l - rodovia pavimentada","tkm",1.03]
[5915451,"Transporte de água com caminhão tanque de 6.000 l - rodovia em leito natural","tkm",2.58]
[5915452,"Transporte de água com caminhão tanque de 6.000 l - rodovia em revestimento primário","tkm",2.06]
[5915453,"Transporte de água com caminhão tanque de 6.000 l - rodovia pavimentada","tkm",1.69]
[5915448,"Transporte de água com caminhão tanque de 8.000 l - rodovia em leito natural","tkm",2]
[5915449,"Transporte de água com caminhão tanque de 8.000 l - rodovia em revestimento primário","tkm",1.6]
[5915450,"Transporte de água com caminhão tanque de 8.000 l - rodovia pavimentada","tkm",1.31]
[5901641,"Transporte de areia fina com draga hopper - capacidade da cisterna de 1.000 m³","m³km",1.93]
[5901642,"Transporte de areia fina com draga hopper - capacidade da cisterna de 10.000 m³","m³km",0.5]
[5901643,"Transporte de areia fina com draga hopper - capacidade da cisterna de 15.000 m³","m³km",0.47]
[5901644,"Transporte de areia fina com draga hopper - capacidade da cisterna de 2.000 m³","m³km",1.1399999999999999]
[5901645,"Transporte de areia fina com draga hopper - capacidade da cisterna de 20.000 m³","m³km",0.45]
[5901646,"Transporte de areia fina com draga hopper - capacidade da cisterna de 3.000 m³","m³km",0.9]
[5901647,"Transporte de areia fina com draga hopper - capacidade da cisterna de 4.000 m³","m³km",0.78]
[5901648,"Transporte de areia fina com draga hopper - capacidade da cisterna de 5.000 m³","m³km",0.68]
[5901649,"Transporte de areia fina com draga hopper - capacidade da cisterna de 750 m³","m³km",2.81]
[5901650,"Transporte de areia grossa com draga hopper - capacidade da cisterna de 1.000 m³","m³km",1.88]
[5901651,"Transporte de areia grossa com draga hopper - capacidade da cisterna de 10.000 m³","m³km",0.48]
[5901652,"Transporte de areia grossa com draga hopper - capacidade da cisterna de 15.000 m³","m³km",0.45]
[5901653,"Transporte de areia grossa com draga hopper - capacidade da cisterna de 2.000 m³","m³km",1.1100000000000001]
[5901654,"Transporte de areia grossa com draga hopper - capacidade da cisterna de 20.000 m³","m³km",0.44]
[5901655,"Transporte de areia grossa com draga hopper - capacidade da cisterna de 3.000 m³","m³km",0.87]
[5901656,"Transporte de areia grossa com draga hopper - capacidade da cisterna de 4.000 m³","m³km",0.76]
[5901657,"Transporte de areia grossa com draga hopper - capacidade da cisterna de 5.000 m³","m³km",0.66]
[5901658,"Transporte de areia grossa com draga hopper - capacidade da cisterna de 750 m³","m³km",2.74]
[5901659,"Transporte de areia média com draga hopper - capacidade da cisterna de 1.000 m³","m³km",1.91]
[5901660,"Transporte de areia média com draga hopper - capacidade da cisterna de 10.000 m³","m³km",0.49]
[5901661,"Transporte de areia média com draga hopper - capacidade da cisterna de 15.000 m³","m³km",0.46]
[5901662,"Transporte de areia média com draga hopper - capacidade da cisterna de 2.000 m³","m³km",1.1299999999999999]
[5901663,"Transporte de areia média com draga hopper - capacidade da cisterna de 20.000 m³","m³km",0.44]
[5901664,"Transporte de areia média com draga hopper - capacidade da cisterna de 3.000 m³","m³km",0.88]
[5901665,"Transporte de areia média com draga hopper - capacidade da cisterna de 4.000 m³","m³km",0.76]
[5901666,"Transporte de areia média com draga hopper - capacidade da cisterna de 5.000 m³","m³km",0.67]
[5901667,"Transporte de areia média com draga hopper - capacidade da cisterna de 750 m³","m³km",2.77]
[5914511,"Transporte de barras de trilho de 12 m com locomotiva diesel-elétrica em vagão plataforma com capacidade de 82 t - bitola métrica","tkm",0.28000000000000003]
[5914510,"Transporte de barras de trilho de 12 m com locomotiva diesel-elétrica em vagão plataforma com capacidade de 98 t - bitola larga","tkm",0.25]
[5906597,"Transporte de blocos artificiais de concreto com 10 a 12 t para a execução de molhe com cavalo mecânico com semirreboque com capacidade de 32 t - rodovia em leito natural","unkm",14.04]
[5906598,"Transporte de blocos artificiais de concreto com 10 a 12 t para a execução de molhe com cavalo mecânico com semirreboque com capacidade de 32 t - rodovia em revestimento primário","unkm",11.23]
[5906599,"Transporte de blocos artificiais de concreto com 10 a 12 t para a execução de molhe com cavalo mecânico com semirreboque com capacidade de 32 t - rodovia pavimentada","unkm",9.1999999999999993]
[5906594,"Transporte de blocos artificiais de concreto com 8 a 9 t para a execução de molhe com cavalo mecânico com semirreboque com capacidade de 32 t - rodovia em leito natural","unkm",9.36]
[5906595,"Transporte de blocos artificiais de concreto com 8 a 9 t para a execução de molhe com cavalo mecânico com semirreboque com capacidade de 32 t - rodovia em revestimento primário","unkm",7.49]
[5906596,"Transporte de blocos artificiais de concreto com 8 a 9 t para a execução de molhe com cavalo mecânico com semirreboque com capacidade de 32 t - rodovia pavimentada","unkm",6.13]
[5901668,"Transporte de cascalho com draga hopper - capacidade da cisterna de 1.000 m³","m³km",1.95]
[5901669,"Transporte de cascalho com draga hopper - capacidade da cisterna de 10.000 m³","m³km",0.5]
[5901670,"Transporte de cascalho com draga hopper - capacidade da cisterna de 15.000 m³","m³km",0.47]
[5901671,"Transporte de cascalho com draga hopper - capacidade da cisterna de 2.000 m³","m³km",1.1499999999999999]
[5901672,"Transporte de cascalho com draga hopper - capacidade da cisterna de 20.000 m³","m³km",0.45]
[5901673,"Transporte de cascalho com draga hopper - capacidade da cisterna de 3.000 m³","m³km",0.9]
[5901674,"Transporte de cascalho com draga hopper - capacidade da cisterna de 4.000 m³","m³km",0.78]
[5901675,"Transporte de cascalho com draga hopper - capacidade da cisterna de 5.000 m³","m³km",0.69]
[5901676,"Transporte de cascalho com draga hopper - capacidade da cisterna de 750 m³","m³km",2.84]
[5901677,"Transporte de cascalho fino com draga hopper - capacidade da cisterna de 1.000 m³","m³km",1.91]
[5901678,"Transporte de cascalho fino com draga hopper - capacidade da cisterna de 10.000 m³","m³km",0.49]
[5901679,"Transporte de cascalho fino com draga hopper - capacidade da cisterna de 15.000 m³","m³km",0.46]
[5901680,"Transporte de cascalho fino com draga hopper - capacidade da cisterna de 2.000 m³","m³km",1.1299999999999999]
[5901681,"Transporte de cascalho fino com draga hopper - capacidade da cisterna de 20.000 m³","m³km",0.45]
[5901682,"Transporte de cascalho fino com draga hopper - capacidade da cisterna de 3.000 m³","m³km",0.89]
[5901683,"Transporte de cascalho fino com draga hopper - capacidade da cisterna de 4.000 m³","m³km",0.77]
[5901684,"Transporte de cascalho fino com draga hopper - capacidade da cisterna de 5.000 m³","m³km",0.67]
[5901685,"Transporte de cascalho fino com draga hopper - capacidade da cisterna de 750 m³","m³km",2.79]
[5914360,"Transporte de cimento ou cal com caminhão distribuidor de 15 m³ - rodovia em leito natural","tkm",1.22]
[5914361,"Transporte de cimento ou cal com caminhão distribuidor de 15 m³ - rodovia em revestimento primário","tkm",0.98]
[5914362,"Transporte de cimento ou cal com caminhão distribuidor de 15 m³ - rodovia pavimentada","tkm",0.91]
[5914364,"Transporte de cimento ou cal hidratada a granel com caminhão silo de 30 m³ - rodovia em leito natural","tkm",0.89]
[5914365,"Transporte de cimento ou cal hidratada a granel com caminhão silo de 30 m³ - rodovia em revestimento primário","tkm",0.72]
[5914366,"Transporte de cimento ou cal hidratada a granel com caminhão silo de 30 m³ - rodovia pavimentada","tkm",0.62]
[5914315,"Transporte de concreto com caminhão basculante de 10 m³ - rodovia em leito natural","tkm",0.9]
[5914330,"Transporte de concreto com caminhão basculante de 10 m³ - rodovia em revestimento primário","tkm",0.72]
[5914345,"Transporte de concreto com caminhão basculante de 10 m³ - rodovia pavimentada","tkm",0.65]
[5914367,"Transporte de detritos com caminhão de hidrojateamento de alta pressão e vácuo de 9 m³ - rodovia em leito natural","tkm",1.63]
[5914368,"Transporte de detritos com caminhão de hidrojateamento de alta pressão e vácuo de 9 m³ - rodovia em revestimento primário","tkm",1.31]
[5914369,"Transporte de detritos com caminhão de hidrojateamento de alta pressão e vácuo de 9 m³ - rodovia pavimentada","tkm",1.07]
[5914489,"Transporte de dormentes de concreto monobloco protendido de bitola larga com locomotiva diesel-elétrica em vagão plataforma com capacidade de 98 t - bitola larga","tkm",0.26]
[5914491,"Transporte de dormentes de concreto monobloco protendido de bitola métrica com locomotiva diesel-elétrica em vagão plataforma com capacidade de 82 t - bitola métrica","tkm",0.28000000000000003]
[5914490,"Transporte de dormentes de concreto monobloco protendido de bitola mista com locomotiva diesel-elétrica em vagão plataforma com capacidade de 98 t - bitola larga","tkm",0.26]
[5914495,"Transporte de dormentes de concreto monobloco protendido para AMV de bitola larga ou mista com locomotiva diesel-elétrica em vagão plataforma com capacidade de 98 t - bitola larga","tkm",1.66]
[5914494,"Transporte de dormentes de concreto monobloco protendido para AMV de bitola métrica com locomotiva diesel-elétrica em vagão plataforma com capacidade de 82 t - bitola métrica","tkm",3.64]
[5914487,"Transporte de dormentes de madeira de bitola larga com locomotiva diesel-elétrica em vagão plataforma com capacidade de 98 t - bitola larga","tkm",0.25]
[5914488,"Transporte de dormentes de madeira de bitola métrica com locomotiva diesel-elétrica em vagão plataforma com capacidade de 82 t - bitola métrica","tkm",0.28000000000000003]
[5914493,"Transporte de dormentes de madeira para AMV de bitola larga ou mista com locomotiva diesel-elétrica em vagão plataforma com capacidade de 98 t - bitola larga","tkm",6.13]
[5914492,"Transporte de dormentes de madeira para AMV de bitola métrica com locomotiva diesel-elétrica em vagão plataforma com capacidade de 82 t - bitola métrica","tkm",14.5]
[5914482,"Transporte de lastro de brita com locomotiva diesel-elétrica em vagão hopper aberto com capacidade de 45 m³ - bitola métrica","tkm",0.65]
[5914483,"Transporte de lastro de brita com locomotiva diesel-elétrica em vagão hopper aberto com capacidade de 63 m³ - bitola larga","tkm",0.47]
[5914480,"Transporte de materiais metálicos e acessórios diversos com locomotiva diesel-elétrica em vagão fechado com capacidade de 64 t - bitola métrica","tkm",0.67]
[5914481,"Transporte de materiais metálicos e acessórios diversos com locomotiva diesel-elétrica em vagão fechado com capacidade de 99 t - bitola larga","tkm",0.44]
[5914485,"Transporte de materiais metálicos para AMV de bitola larga com locomotiva diesel-elétrica em vagão plataforma com capacidade de 98 t - bitola larga","tkm",4.22]
[5914486,"Transporte de materiais metálicos para AMV de bitola métrica com locomotiva diesel-elétrica em vagão plataforma com capacidade de 82 t - bitola métrica","tkm",5.21]
[5914484,"Transporte de materiais metálicos para AMV de bitola mista com locomotiva diesel-elétrica em vagão plataforma com capacidade de 98 t - bitola larga","tkm",3.66]
[5914620,"Transporte de material betuminoso com caminhão tanque distribuidor - rodovia em leito natural","tkm",2.72]
[5914621,"Transporte de material betuminoso com caminhão tanque distribuidor - rodovia em revestimento primário","tkm",2.1800000000000002]
[5914622,"Transporte de material betuminoso com caminhão tanque distribuidor - rodovia pavimentada","tkm",1.79]
[5901695,"Transporte de material de 1ª categoria com batelão autopropelido com capacidade de 300 m³","m³km",0.79]
[5901696,"Transporte de material de 1ª categoria com batelão autopropelido com capacidade de 500 m³","m³km",0.57999999999999996]
[5901697,"Transporte de material de 1ª categoria com batelão rebocado com capacidade de 66 m³","m³km",2.39]
[5901698,"Transporte de material de 1ª categoria com batelão rebocado montado na obra com capacidade de 66 m³","m³km",2.39]
[5916654,"Transporte de material de 3ª categoria com batelão autopropelido com capacidade de 300 m³","m³km",1.42]
[5916637,"Transporte de material de 3ª categoria com batelão rebocado com capacidade de 66 m³","m³km",7.04]
[5916618,"Transporte de material de 3ª categoria com batelão rebocado montado na obra com capacidade de 66 m³","m³km",7.04]
[5914334,"Transporte de material de 3ª categoria com caminhão basculante de 12 m³ para rocha - rodovia em leito natural","tkm",1.1399999999999999]
[5914335,"Transporte de material de 3ª categoria com caminhão basculante de 12 m³ para rocha - rodovia em revestimento primário","tkm",0.91]
[5914336,"Transporte de material de 3ª categoria com caminhão basculante de 12 m³ para rocha - rodovia pavimentada","tkm",0.78]
[5914346,"Transporte de material de 3ª categoria com caminhão basculante de 8 m³ para rocha - rodovia em leito natural","tkm",1.54]
[5914347,"Transporte de material de 3ª categoria com caminhão basculante de 8 m³ para rocha - rodovia em revestimento primário","tkm",1.23]
[5914348,"Transporte de material de 3ª categoria com caminhão basculante de 8 m³ para rocha - rodovia pavimentada","tkm",1.01]
[5914611,"Transporte de mistura betuminosa a quente com caminhão com caçamba térmica de 6 m³ - rodovia em leito natural","tkm",1.24]
[5914613,"Transporte de mistura betuminosa a quente com caminhão com caçamba térmica de 6 m³ - rodovia em revestimento primário","tkm",1]
[5914612,"Transporte de mistura betuminosa a quente com caminhão com caçamba térmica de 6 m³ - rodovia pavimentada","tkm",0.82]
[5901686,"Transporte de silte com draga hopper - capacidade da cisterna de 1.000 m³","m³km",5.54]
[5901687,"Transporte de silte com draga hopper - capacidade da cisterna de 10.000 m³","m³km",1.42]
[5901688,"Transporte de silte com draga hopper - capacidade da cisterna de 15.000 m³","m³km",1.33]
[5901689,"Transporte de silte com draga hopper - capacidade da cisterna de 2.000 m³","m³km",3.27]
[5901690,"Transporte de silte com draga hopper - capacidade da cisterna de 20.000 m³","m³km",1.29]
[5901691,"Transporte de silte com draga hopper - capacidade da cisterna de 3.000 m³","m³km",2.57]
[5901692,"Transporte de silte com draga hopper - capacidade da cisterna de 4.000 m³","m³km",2.2200000000000002]
[5901693,"Transporte de silte com draga hopper - capacidade da cisterna de 5.000 m³","m³km",1.95]
[5901694,"Transporte de silte com draga hopper - capacidade da cisterna de 750 m³","m³km",8.07]
[5914512,"Transporte de TLS TR45 de 120 m com locomotiva diesel-elétrica em vagão plataforma com capacidade de 82 t - bitola métrica","tkm",1.53]
[5914496,"Transporte de TLS TR45 de 120 m com locomotiva diesel-elétrica em vagão plataforma com capacidade de 98 t - bitola larga","tkm",1.21]
[5914513,"Transporte de TLS TR45 de 240 m com locomotiva diesel-elétrica em vagão plataforma com capacidade de 82 t - bitola métrica","tkm",0.85]
[5914497,"Transporte de TLS TR45 de 240 m com locomotiva diesel-elétrica em vagão plataforma com capacidade de 98 t - bitola larga","tkm",0.66]
[5914500,"Transporte de TLS TR57 de 120 m com locomotiva diesel-elétrica em vagão plataforma com capacidade de 82 t - bitola métrica","tkm",1.2]
[5914498,"Transporte de TLS TR57 de 120 m com locomotiva diesel-elétrica em vagão plataforma com capacidade de 98 t - bitola larga","tkm",0.95]
[5914501,"Transporte de TLS TR57 de 240 m com locomotiva diesel-elétrica em vagão plataforma com capacidade de 82 t - bitola métrica","tkm",0.67]
[5914499,"Transporte de TLS TR57 de 240 m com locomotiva diesel-elétrica em vagão plataforma com capacidade de 98 t - bitola larga","tkm",0.52]
[5914504,"Transporte de TLS TR68 de 120 m com locomotiva diesel-elétrica em vagão plataforma com capacidade de 82 t - bitola métrica","tkm",1.01]
[5914502,"Transporte de TLS TR68 de 120 m com locomotiva diesel-elétrica em vagão plataforma com capacidade de 98 t - bitola larga","tkm",0.8]
[5914505,"Transporte de TLS TR68 de 240 m com locomotiva diesel-elétrica em vagão plataforma com capacidade de 82 t - bitola métrica","tkm",0.56999999999999995]
[5914503,"Transporte de TLS TR68 de 240 m com locomotiva diesel-elétrica em vagão plataforma com capacidade de 98 t - bitola larga","tkm",0.44]
[5914508,"Transporte de TLS UIC60 de 120 m com locomotiva diesel-elétrica em vagão plataforma com capacidade de 82 t - bitola métrica","tkm",1.1399999999999999]
[5914506,"Transporte de TLS UIC60 de 120 m com locomotiva diesel-elétrica em vagão plataforma com capacidade de 98 t - bitola larga","tkm",0.9]
[5914509,"Transporte de TLS UIC60 de 240 m com locomotiva diesel-elétrica em vagão plataforma com capacidade de 82 t - bitola métrica","tkm",0.63]
[5914507,"Transporte de TLS UIC60 de 240 m com locomotiva diesel-elétrica em vagão plataforma com capacidade de 98 t - bitola larga","tkm",0.49]
[5915491,"Transporte de veículos de médio porte com guincho de resgate de 20 t - rodovia em leito natural","km",24.63]
[5915492,"Transporte de veículos de médio porte com guincho de resgate de 20 t - rodovia em revestimento primário","km",19.71]
[5915493,"Transporte de veículos de médio porte com guincho de resgate de 20 t - rodovia pavimentada","km",16.14]
[5915488,"Transporte de veículos leves com guincho de resgate de 5 t - rodovia em leito natural","km",14.77]
[5915489,"Transporte de veículos leves com guincho de resgate de 5 t - rodovia em revestimento primário","km",11.82]
[5915490,"Transporte de veículos leves com guincho de resgate de 5 t - rodovia pavimentada","km",9.68]
[5915494,"Transporte de veículos pesados com guincho de resgate de 35 t - rodovia em leito natural","km",30.84]
[5915495,"Transporte de veículos pesados com guincho de resgate de 35 t - rodovia em revestimento primário","km",24.67]
[5915496,"Transporte de veículos pesados com guincho de resgate de 35 t - rodovia pavimentada","km",20.21]
[5915325,"Transporte em cavalo mecânico com dolly de 4 eixos com capacidade de 57 t - rodovia em leito natural","km",74.23]
[5915326,"Transporte em cavalo mecânico com dolly de 4 eixos com capacidade de 57 t - rodovia em revestimento primário","km",59.35]
[5915327,"Transporte em cavalo mecânico com dolly de 4 eixos com capacidade de 57 t - rodovia pavimentada","km",48.64]
[5915328,"Transporte em cavalo mecânico com dollys de 3 e 4 eixos com capacidade de 77 t - rodovia em leito natural","km",84.19]
[5915329,"Transporte em cavalo mecânico com dollys de 3 e 4 eixos com capacidade de 77 t - rodovia em revestimento primário","km",67.319999999999993]
[5915330,"Transporte em cavalo mecânico com dollys de 3 e 4 eixos com capacidade de 77 t - rodovia pavimentada","km",55.18]
[5915331,"Transporte em cavalo mecânico com dollys de 5 e 4 eixos com capacidade de 111 t - rodovia em leito natural","km",162.44]
[5915332,"Transporte em cavalo mecânico com dollys de 5 e 4 eixos com capacidade de 111 t - rodovia em revestimento primário","km",129.88999999999999]
[5915333,"Transporte em cavalo mecânico com dollys de 5 e 4 eixos com capacidade de 111 t - rodovia pavimentada","km",106.45]
[5915364,"Transporte em cavalo mecânico com reboques de 5 e 4 eixos com capacidade de 130 t - rodovia em leito natural","km",198.13]
[5915365,"Transporte em cavalo mecânico com reboques de 5 e 4 eixos com capacidade de 130 t - rodovia em revestimento primário","km",158.41999999999999]
[5915361,"Transporte em cavalo mecânico com reboques de 5 e 4 eixos com capacidade de 130 t - rodovia pavimentada","km",129.84]
[5919716,"Transporte fluvial de materiais diversos com pontão flutuante - capacidade de 500 t","km",206.05]
[5919717,"Transporte fluvial do flutuante","km",179.13]
[6106220,"Armação de fuste de tubulão em aço CA-50 com apoio de guindaste - fornecimento, preparo e colocação","kg",11.85]
[6106183,"Escavação manual de base alargada de tubulão a céu aberto em material de 1ª categoria na profundidade de 10 a 15 m","m³",312.39]
[6106182,"Escavação manual de base alargada de tubulão a céu aberto em material de 1ª categoria na profundidade de até 10 m","m³",267.76]
[6106194,"Escavação manual de base alargada de tubulão a céu aberto em material de 2ª categoria na profundidade até 10 m","m³",771.08]
[6106195,"Escavação manual de base alargada de tubulão a céu aberto em material de 2ª categoria na profundidade de 10 a 15 m","m³",854.77]
[6106331,"Escavação manual de base alargada de tubulão a céu aberto em material de 3ª categoria a frio na profundidade até 10 m","m³",1917.46]
[6106332,"Escavação manual de base alargada de tubulão a céu aberto em material de 3ª categoria a frio na profundidade de 10 a 15 m","m³",2039.9]
[6106206,"Escavação manual de base alargada de tubulão a céu aberto em material de 3ª categoria na profundidade até 10 m","m³",2216.16]
[6106207,"Escavação manual de base alargada de tubulão a céu aberto em material de 3ª categoria na profundidade de 10 a 15 m","m³",2362.13]
[6106222,"Escavação manual de fuste de tubulão a céu aberto em material de 1ª categoria na profundidade de 10 a 15 m","m³",312.39]
[6106221,"Escavação manual de fuste de tubulão a céu aberto em material de 1ª categoria na profundidade de até 10 m","m³",267.76]
[6106224,"Escavação manual de fuste de tubulão a céu aberto em material de 2ª categoria na profundidade até 10 m","m³",771.08]
[6106225,"Escavação manual de fuste de tubulão a céu aberto em material de 2ª categoria na profundidade de 10 a 15 m","m³",854.77]
[6106228,"Escavação manual de fuste de tubulão a céu aberto em material de 3ª categoria na profundidade até 10 m","m³",1981.92]
[6106229,"Escavação manual de fuste de tubulão a céu aberto em material de 3ª categoria na profundidade de 10 a 15 m","m³",2111.17]
[6106328,"Escavação mecânica de fuste de tubulão com caçamba para rocha em material de 2ª categoria","m³",145.69]
[6106330,"Escavação mecânica de fuste de tubulão com caçamba para rocha em material de 3ª categoria","m³",724.34]
[6106326,"Escavação mecânica de fuste de tubulão com caçamba para solos em material de 1ª categoria","m³",60.13]
[6106324,"Escavação mecânica de fuste de tubulão com Hammer Grab em material de 1ª categoria","m³",35.54]
[6106327,"Escavação mecânica de fuste de tubulão com trado para rocha em material de 2ª categoria","m³",145.63999999999999]
[6106329,"Escavação mecânica de fuste de tubulão com trado para rocha em material de 3ª categoria","m³",725.28]
[6106325,"Escavação mecânica de fuste de tubulão com trado para solos em material de 1ª categoria","m³",60.28]
[6208126,"Armação de tela de aço eletrossoldada em túneis com auxílio de plataforma pantográfica - confecção e instalação","kg",20.27]
[6205797,"Cambotas metálicas treliçadas - confecção e instalação","kg",12.8]
[6205791,"Coluna de jet grouting horizontal CCPH em solo - D = 40 cm - perfuração e injeção","m",440.64]
[6205792,"Coluna de jet grouting horizontal CCPH em solo - D = 50 cm - perfuração e injeção","m",531.77]
[6205793,"Coluna de jet grouting horizontal CCPH em solo - D = 60 cm - perfuração e injeção","m",628.65]
[6205796,"Coluna de jet grouting vertical em solo - D = 100 cm - perfuração e injeção","m",1137.48]
[6219451,"Coluna de jet grouting vertical em solo - D = 110 cm - perfuração e injeção","m",1230.52]
[6219452,"Coluna de jet grouting vertical em solo - D = 120 cm - perfuração e injeção","m",1329.32]
[6205794,"Coluna de jet grouting vertical em solo - D = 80 cm - perfuração e injeção","m",968.68]
[6205795,"Coluna de jet grouting vertical em solo - D = 90 cm - perfuração e injeção","m",1050.2]
[6219521,"Desmonte a frio e carga de rocha em túnel com cunha hidráulica - DMT de 0 a 200 m","m³",176.05]
[6219527,"Drenagem de túnel com manta drenante de malha de polietileno e geotêxtil em face revestida com argamassa polimérica com espessura de 25 mm","m²",480]
[6219526,"Dreno filtrante em tubos de PVC D = 40 mm aplicado em paredes e tetos de túnel - fornecimento e instalação","m",59.81]
[6219525,"Dreno não filtrante em tubos de PVC D = 40 mm aplicado em paredes e tetos de túnel - fornecimento e instalação","m",55.75]
[6219508,"Enfilagem tubular sistema autoperfurante - D = 76 mm","m",418.59]
[6219511,"Enfilagem tubular sistema convencional schedule 40 - D = 65 mm","m",286.24]
[6219500,"Escavação subterrânea e carregamento do material da calota em túnel classe I - DMT de 0 a 200 m - seção acima de 90 m²","m³",148.72]
[6219418,"Escavação subterrânea e carregamento do material da calota em túnel classe I - DMT de 0 a 200 m - seção de 20 a 40 m²","m³",325.39]
[6219412,"Escavação subterrânea e carregamento do material da calota em túnel classe I - DMT de 0 a 200 m - seção de 40 a 60 m²","m³",227.99]
[6219406,"Escavação subterrânea e carregamento do material da calota em túnel classe I - DMT de 0 a 200 m - seção de 60 a 90 m²","m³",159.81]
[6219501,"Escavação subterrânea e carregamento do material da calota em túnel classe II - DMT de 0 a 200 m - seção acima de 90 m²","m³",161.22999999999999]
[6219419,"Escavação subterrânea e carregamento do material da calota em túnel classe II - DMT de 0 a 200 m - seção de 20 a 40 m²","m³",358.92]
[6219413,"Escavação subterrânea e carregamento do material da calota em túnel classe II - DMT de 0 a 200 m - seção de 40 a 60 m²","m³",249.02]
[6219407,"Escavação subterrânea e carregamento do material da calota em túnel classe II - DMT de 0 a 200 m - seção de 60 a 90 m²","m³",173.47]
[6219502,"Escavação subterrânea e carregamento do material da calota em túnel classe III - DMT de 0 a 200 m - seção acima de 90 m²","m³",174.33]
[6219420,"Escavação subterrânea e carregamento do material da calota em túnel classe III - DMT de 0 a 200 m - seção de 20 a 40 m²","m³",402.13]
[6219414,"Escavação subterrânea e carregamento do material da calota em túnel classe III - DMT de 0 a 200 m - seção de 40 a 60 m²","m³",274.43]
[6219408,"Escavação subterrânea e carregamento do material da calota em túnel classe III - DMT de 0 a 200 m - seção de 60 a 90 m²","m³",187.51]
[6219503,"Escavação subterrânea e carregamento do material da calota em túnel classe IV - DMT de 0 a 200 m - seção acima de 90 m²","m³",201.85]
[6219421,"Escavação subterrânea e carregamento do material da calota em túnel classe IV - DMT de 0 a 200 m - seção de 20 a 40 m²","m³",478.38]
[6219415,"Escavação subterrânea e carregamento do material da calota em túnel classe IV - DMT de 0 a 200 m - seção de 40 a 60 m²","m³",320.35000000000002]
[6219409,"Escavação subterrânea e carregamento do material da calota em túnel classe IV - DMT de 0 a 200 m - seção de 60 a 90 m²","m³",218.71]
[6219518,"Escavação subterrânea e carregamento do material do rebaixo em túnel classe I a IV - DMT de 0 a 200 m","m³",57.63]
[6219504,"Escavação subterrânea e carregamento em túnel classe V - DMT de 0 a 200 m - seção acima de 90 m²","m³",106.58]
[6219422,"Escavação subterrânea e carregamento em túnel classe V - DMT de 0 a 200 m - seção de 20 a 40 m²","m³",237.56]
[6219416,"Escavação subterrânea e carregamento em túnel classe V - DMT de 0 a 200 m - seção de 40 a 60 m²","m³",182.35]
[6219410,"Escavação subterrânea e carregamento em túnel classe V - DMT de 0 a 200 m - seção de 60 a 90 m²","m³",127.22]
[6219505,"Escavação subterrânea e carregamento em túnel classe VI - DMT de 0 a 200 m - seção acima de 90 m²","m³",99.84]
[6219423,"Escavação subterrânea e carregamento em túnel classe VI - DMT de 0 a 200 m - seção de 20 a 40 m²","m³",234.4]
[6219417,"Escavação subterrânea e carregamento em túnel classe VI - DMT de 0 a 200 m - seção de 40 a 60 m²","m³",177.57]
[6219411,"Escavação subterrânea e carregamento em túnel classe VI - DMT de 0 a 200 m - seção de 60 a 90 m²","m³",120.86]
[6219520,"Pré-fissuramento em túnel","m²",61.55]
[6219433,"Pregagem da frente com vergalhão de fibra de vidro D = 25 mm com perfuração em D = 75 mm e injeção de calda de cimento","m",124.59]
[6205801,"Pregagem da frente em tubo de PVC D = 50 mm com perfuração em D = 100 mm e injeção de argamassa de cimento e areia 1:1","m",86.17]
[6219524,"Prego guia para controle de espessura de concreto projetado D = 16 mm em túnel - fornecimento e instalação","un",12.23]
[6416036,"Usinagem de agregados para microrrevestimento a frio - faixa II - brita comercial","m³",148.6]
[6416038,"Usinagem de agregados para microrrevestimento a frio - faixa II - brita produzida","m³",71.260000000000005]
[6416037,"Usinagem de agregados para microrrevestimento a frio - faixa III - brita comercial","m³",160.47]
[6416035,"Usinagem de agregados para microrrevestimento a frio - faixa III - brita produzida","m³",80.48]
[6416076,"Usinagem de areia-asfalto a quente - faixa A - areia comercial","t",153.24]
[6416075,"Usinagem de areia-asfalto a quente - faixa A - areia extraída","t",107.41]
[6416226,"Usinagem de areia-asfalto a quente - faixa B - areia comercial","t",141.94999999999999]
[6416225,"Usinagem de areia-asfalto a quente - faixa B - areia extraída","t",95.12]
[6416084,"Usinagem de areia-asfalto a quente com asfalto polímero - faixa A - areia comercial","t",144.06]
[6416083,"Usinagem de areia-asfalto a quente com asfalto polímero - faixa A - areia extraída","t",95.92]
[6416234,"Usinagem de areia-asfalto a quente com asfalto polímero - faixa B - areia comercial","t",150.57]
[6416233,"Usinagem de areia-asfalto a quente com asfalto polímero - faixa B - areia extraída","t",103.28]
[6416236,"Usinagem de areia-asfalto a quente com asfalto polímero - faixa C - areia comercial","t",154.83000000000001]
[6416235,"Usinagem de areia-asfalto a quente com asfalto polímero - faixa C - areia extraída","t",108.15]
[6416040,"Usinagem de brita graduada com brita comercial em usina de 300 t/h","m³",241]
[6416039,"Usinagem de brita graduada com brita produzida em usina de 300 t/h","m³",98.8]
[6416042,"Usinagem de brita graduada tratada com cimento e brita comercial em usina de 300 t/h","m³",307.42]
[6416041,"Usinagem de brita graduada tratada com cimento e brita produzida em usina de 300 t/h","m³",166.23]
[6416080,"Usinagem de concreto asfáltico - faixa A-25 - areia e brita comerciais","t",173.79]
[6416079,"Usinagem de concreto asfáltico - faixa A-25 - areia extraída e brita produzida","t",113.89]
[6416143,"Usinagem de concreto asfáltico - faixa B-19 - areia e brita comerciais","t",171.51]
[6416262,"Usinagem de concreto asfáltico - faixa B-19 - areia extraída e brita produzida","t",113.52]
[6416078,"Usinagem de concreto asfáltico - faixa C-12,5 - areia e brita comerciais","t",168.5]
[6416077,"Usinagem de concreto asfáltico - faixa C-12,5 - areia extraída e brita produzida","t",113.13]
[6416071,"Usinagem de concreto asfáltico - faixa D-9,5 - areia e brita comerciais","t",165.09]
[6416072,"Usinagem de concreto asfáltico - faixa D-9,5 - areia extraída e brita produzida","t",113.16]
[6416088,"Usinagem de concreto asfáltico com asfalto polímero - faixa A - areia e brita comerciais","t",181.96]
[6416087,"Usinagem de concreto asfáltico com asfalto polímero - faixa A - areia extraída e brita produzida","t",119.41]
[6416246,"Usinagem de concreto asfáltico com asfalto polímero - faixa B - areia e brita comerciais","t",182.16]
[6416245,"Usinagem de concreto asfáltico com asfalto polímero - faixa B - areia extraída e brita produzida","t",122.32]
[6416248,"Usinagem de concreto asfáltico com asfalto polímero - faixa C - areia e brita comerciais","t",178.64]
[6416247,"Usinagem de concreto asfáltico com asfalto polímero - faixa C - areia extraída e brita produzida","t",125.19]
[6416214,"Usinagem de concreto asfáltico com borracha (Gap Graded) - brita comercial","t",226.89]
[6416218,"Usinagem de concreto asfáltico com borracha (Gap Graded) - brita produzida","t",167.06]
[6416211,"Usinagem de concreto asfáltico com borracha - faixa A - brita comercial","t",225.85]
[6416215,"Usinagem de concreto asfáltico com borracha - faixa A - brita produzida","t",167.64]
[6416212,"Usinagem de concreto asfáltico com borracha - faixa B - brita comercial","t",228.63]
[6416216,"Usinagem de concreto asfáltico com borracha - faixa B - brita produzida","t",172.06]
[6416213,"Usinagem de concreto asfáltico com borracha - faixa C - brita comercial","t",226.77]
[6416217,"Usinagem de concreto asfáltico com borracha - faixa C - brita produzida","t",174.26]
[6416289,"Usinagem de concreto asfáltico reciclado a frio com espuma de asfalto, agregado comercial e cimento","m³",124]
[6416288,"Usinagem de concreto asfáltico reciclado a frio com espuma de asfalto, agregado produzido e cimento","m³",85.57]
[6416098,"Usinagem de concreto asfáltico reciclado em usina fixa com adição de material fresado e brita comercial","t",166.28]
[6416097,"Usinagem de concreto asfáltico reciclado em usina fixa com adição de material fresado e brita produzida","t",122.78]
[6416258,"Usinagem de micro pré-misturado a quente com asfalto polímero - brita comercial","t",171.19]
[6416259,"Usinagem de micro pré-misturado a quente com asfalto polímero - brita produzida","t",122.14]
[6416074,"Usinagem de pré-misturado a frio - faixa A - areia e brita comerciais","m³",279.08999999999997]
[6416073,"Usinagem de pré-misturado a frio - faixa A - areia extraída e brita produzida","m³",126.27]
[6416220,"Usinagem de pré-misturado a frio - faixa B - areia e brita comerciais","m³",277.83]
[6416219,"Usinagem de pré-misturado a frio - faixa B - areia extraída e brita produzida","m³",122.95]
[6416222,"Usinagem de pré-misturado a frio - faixa C - areia e brita comerciais","m³",286.43]
[6416221,"Usinagem de pré-misturado a frio - faixa C - areia extraída e brita produzida","m³",138.69]
[6416224,"Usinagem de pré-misturado a frio - faixa D - areia e brita comerciais","m³",285.67]
[6416223,"Usinagem de pré-misturado a frio - faixa D - areia extraída e brita produzida","m³",135.37]
[6416082,"Usinagem de pré-misturado a frio com asfalto polímero - faixa A - areia e brita comerciais","m³",279.08999999999997]
[6416081,"Usinagem de pré-misturado a frio com asfalto polímero - faixa A - areia extraída e brita produzida","m³",126.27]
[6416228,"Usinagem de pré-misturado a frio com asfalto polímero - faixa B - areia e brita comerciais","m³",277.83]
[6416227,"Usinagem de pré-misturado a frio com asfalto polímero - faixa B - areia extraída e brita produzida","m³",122.95]
[6416230,"Usinagem de pré-misturado a frio com asfalto polímero - faixa C - areia e brita comerciais","m³",285.16000000000003]
[6416229,"Usinagem de pré-misturado a frio com asfalto polímero - faixa C - areia extraída e brita produzida","m³",138.12]
[6416232,"Usinagem de pré-misturado a frio com asfalto polímero - faixa D - areia e brita comerciais","m³",284.41000000000003]
[6416231,"Usinagem de pré-misturado a frio com asfalto polímero - faixa D - areia extraída e brita produzida","m³",134.82]
[6416086,"Usinagem de pré-misturado a quente com asfalto polímero - faixa I - camada porosa de atrito - areia e brita comerciais","t",183.55]
[6416085,"Usinagem de pré-misturado a quente com asfalto polímero - faixa I - camada porosa de atrito - areia extraída e brita produzida","t",119.05]
[6416238,"Usinagem de pré-misturado a quente com asfalto polímero - faixa II - camada porosa de atrito - areia e brita comerciais","t",174.82]
[6416237,"Usinagem de pré-misturado a quente com asfalto polímero - faixa II - camada porosa de atrito - areia extraída e brita produzida","t",108.96]
[6416240,"Usinagem de pré-misturado a quente com asfalto polímero - faixa III - camada porosa de atrito - areia e brita comerciais","t",178.59]
[6416239,"Usinagem de pré-misturado a quente com asfalto polímero - faixa III - camada porosa de atrito - areia extraída e brita produzida","t",117.25]
[6416242,"Usinagem de pré-misturado a quente com asfalto polímero - faixa IV - camada porosa de atrito - areia e brita comerciais","t",190.32]
[6416241,"Usinagem de pré-misturado a quente com asfalto polímero - faixa IV - camada porosa de atrito - areia extraída e brita produzida","t",123.74]
[6416244,"Usinagem de pré-misturado a quente com asfalto polímero - faixa V - camada porosa de atrito - areia e brita comerciais","t",189.29]
[6416243,"Usinagem de pré-misturado a quente com asfalto polímero - faixa V - camada porosa de atrito - areia extraída e brita produzida","t",123.3]
[6416250,"Usinagem de solo areia (70% - 30%) - material de jazida e areia comercial","m³",49.67]
[6416153,"Usinagem de solo areia (70% - 30%) - material de jazida e areia extraída","m³",17.420000000000002]
[6416185,"Usinagem de solo brita (70% - 30%) com 3% cimento - material de jazida e brita comercial","m³",135.24]
[6416184,"Usinagem de solo brita (70% - 30%) com 3% cimento - material de jazida e brita produzida","m³",91.66]
[6416030,"Usinagem de solo brita (70% - 30%) com material de jazida e brita comercial em usina de 300 t/h","m³",80.75]
[6416029,"Usinagem de solo brita (70% - 30%) com material de jazida e brita produzida em usina de 300 t/h","m³",35.82]
[6416056,"Usinagem de solo cimento com 7% de cimento com material de jazida em usina de 300 t/h","m³",128.38999999999999]
[6416278,"Usinagem de solo escória de aciaria (50% - 50%) com material de jazida em usina de 300 t/h","m³",24.53]
[6416047,"Usinagem de solo melhorado com 3% de cimento com material de jazida em usina de 300 t/h","m³",62.04]
[6416090,"Usinagem para pavimento de concreto com fôrmas deslizantes - areia e brita comerciais","m³",475.49]
[6416089,"Usinagem para pavimento de concreto com fôrmas deslizantes - areia extraída e brita produzida","m³",357.5]
[6416094,"Usinagem para pavimento de concreto compactado com rolo - brita comercial","m³",398.07]
[6416093,"Usinagem para pavimento de concreto compactado com rolo - brita produzida","m³",262.51]
[6416092,"Usinagem para sub-base de concreto compactado com rolo - brita comercial","m³",327.63]
[6416091,"Usinagem para sub-base de concreto compactado com rolo - brita produzida","m³",185.91]
[6817809,"Confecção de BSCC - seção canal de 1,5 x 1,5 m - areia e brita comerciais","m",1104.44]
[6817810,"Confecção de BSCC - seção canal de 1,5 x 1,5 m - areia extraída e brita produzida","m",1006.18]
[6817811,"Confecção de BSCC - seção canal de 2,0 x 1,5 m - areia e brita comerciais","m",1183.25]
[6817812,"Confecção de BSCC - seção canal de 2,0 x 1,5 m - areia extraída e brita produzida","m",1074.6300000000001]
[6817813,"Confecção de BSCC - seção canal de 2,0 x 2,0 m - tipo I - areia e brita comerciais","m",1852.5]
[6817814,"Confecção de BSCC - seção canal de 2,0 x 2,0 m - tipo I - areia extraída e brita produzida","m",1681.82]
[6817815,"Confecção de BSCC - seção canal de 2,0 x 2,0 m - tipo II - areia e brita comerciais","m",1580.24]
[6817816,"Confecção de BSCC - seção canal de 2,0 x 2,0 m - tipo II - areia extraída e brita produzida","m",1409.57]
[6817817,"Confecção de BSCC - seção canal de 2,5 x 1,5 m - areia e brita comerciais","m",1272.28]
[6817818,"Confecção de BSCC - seção canal de 2,5 x 1,5 m - areia extraída e brita produzida","m",1154.6199999999999]
[6817819,"Confecção de BSCC - seção canal de 2,5 x 2,0 m - tipo I - areia e brita comerciais","m",1949.17]
[6817820,"Confecção de BSCC - seção canal de 2,5 x 2,0 m - tipo I - areia extraída e brita produzida","m",1765.56]
[6817821,"Confecção de BSCC - seção canal de 2,5 x 2,0 m - tipo II - areia e brita comerciais","m",1685.91]
[6817822,"Confecção de BSCC - seção canal de 2,5 x 2,0 m - tipo II - areia extraída e brita produzida","m",1502.3]
[6817823,"Confecção de BSCC - seção canal de 3,0 x 1,5 m - areia e brita comerciais","m",1366.63]
[6817824,"Confecção de BSCC - seção canal de 3,0 x 1,5 m - areia extraída e brita produzida","m",1238.6199999999999]
[6817825,"Confecção de BSCC - seção canal de 3,0 x 2,0 m - tipo I - areia e brita comerciais","m",1986.2]
[6817826,"Confecção de BSCC - seção canal de 3,0 x 2,0 m - tipo I - areia extraída e brita produzida","m",1789.66]
[6817827,"Confecção de BSCC - seção canal de 3,0 x 2,0 m - tipo II - areia e brita comerciais","m",1791.57]
[6817828,"Confecção de BSCC - seção canal de 3,0 x 2,0 m - tipo II - areia extraída e brita produzida","m",1595.03]
[6817753,"Confecção de BSCC - seção fechada de 1,5 x 1,5 m - altura do aterro de 0,25 a 1,00 m - areia e brita comerciais","m",1498.44]
[6817754,"Confecção de BSCC - seção fechada de 1,5 x 1,5 m - altura do aterro de 0,25 a 1,00 m - areia extraída e brita produzida","m",1360.09]
[6817755,"Confecção de BSCC - seção fechada de 1,5 x 1,5 m - altura do aterro de 1,00 a 2,50 m - areia e brita comerciais","m",1438.29]
[6817756,"Confecção de BSCC - seção fechada de 1,5 x 1,5 m - altura do aterro de 1,00 a 2,50 m - areia extraída e brita produzida","m",1299.94]
[6817763,"Confecção de BSCC - seção fechada de 1,5 x 1,5 m - altura do aterro de 10,00 a 12,50 m - areia e brita comerciais","m",1832.48]
[6817764,"Confecção de BSCC - seção fechada de 1,5 x 1,5 m - altura do aterro de 10,00 a 12,50 m - areia extraída e brita produzida","m",1648.33]
[6817765,"Confecção de BSCC - seção fechada de 1,5 x 1,5 m - altura do aterro de 12,50 a 15,00 m - areia e brita comerciais","m",2147.66]
[6817766,"Confecção de BSCC - seção fechada de 1,5 x 1,5 m - altura do aterro de 12,50 a 15,00 m - areia extraída e brita produzida","m",1973.76]
[6817757,"Confecção de BSCC - seção fechada de 1,5 x 1,5 m - altura do aterro de 2,50 a 5,00 m - areia e brita comerciais","m",1438.29]
[6817758,"Confecção de BSCC - seção fechada de 1,5 x 1,5 m - altura do aterro de 2,50 a 5,00 m - areia extraída e brita produzida","m",1299.94]
[6817759,"Confecção de BSCC - seção fechada de 1,5 x 1,5 m - altura do aterro de 5,00 a 7,50 m - areia e brita comerciais","m",1566.5]
[6817760,"Confecção de BSCC - seção fechada de 1,5 x 1,5 m - altura do aterro de 5,00 a 7,50 m - areia extraída e brita produzida","m",1429.67]
[6817761,"Confecção de BSCC - seção fechada de 1,5 x 1,5 m - altura do aterro de 7,50 a 10,00 m - areia e brita comerciais","m",1932.3]
[6817762,"Confecção de BSCC - seção fechada de 1,5 x 1,5 m - altura do aterro de 7,50 a 10,00 m - areia extraída e brita produzida","m",1748.15]
[6817767,"Confecção de BSCC - seção fechada de 2,0 x 2,0 m - altura do aterro de 0,25 a 1,00 m - areia e brita comerciais","m",2171.5300000000002]
[6817768,"Confecção de BSCC - seção fechada de 2,0 x 2,0 m - altura do aterro de 0,25 a 1,00 m - areia extraída e brita produzida","m",1994.39]
[6817769,"Confecção de BSCC - seção fechada de 2,0 x 2,0 m - altura do aterro de 1,00 a 2,50 m - areia e brita comerciais","m",1848.39]
[6817770,"Confecção de BSCC - seção fechada de 2,0 x 2,0 m - altura do aterro de 1,00 a 2,50 m - areia extraída e brita produzida","m",1671.25]
[6817777,"Confecção de BSCC - seção fechada de 2,0 x 2,0 m - altura do aterro de 10,00 a 12,50 m - areia e brita comerciais","m",3094.33]
[6817778,"Confecção de BSCC - seção fechada de 2,0 x 2,0 m - altura do aterro de 10,00 a 12,50 m - areia extraída e brita produzida","m",2876.49]
[6817779,"Confecção de BSCC - seção fechada de 2,0 x 2,0 m - altura do aterro de 12,50 a 15,00 m - areia e brita comerciais","m",3674.91]
[6817780,"Confecção de BSCC - seção fechada de 2,0 x 2,0 m - altura do aterro de 12,50 a 15,00 m - areia extraída e brita produzida","m",3399.06]
[6817771,"Confecção de BSCC - seção fechada de 2,0 x 2,0 m - altura do aterro de 2,50 a 5,00 m - areia e brita comerciais","m",2113.13]
[6817772,"Confecção de BSCC - seção fechada de 2,0 x 2,0 m - altura do aterro de 2,50 a 5,00 m - areia extraída e brita produzida","m",1937.93]
[6817773,"Confecção de BSCC - seção fechada de 2,0 x 2,0 m - altura do aterro de 5,00 a 7,50 m - areia e brita comerciais","m",2555.8000000000002]
[6817774,"Confecção de BSCC - seção fechada de 2,0 x 2,0 m - altura do aterro de 5,00 a 7,50 m - areia extraída e brita produzida","m",2320.5]
[6817775,"Confecção de BSCC - seção fechada de 2,0 x 2,0 m - altura do aterro de 7,50 a 10,00 m - areia e brita comerciais","m",2839.33]
[6817776,"Confecção de BSCC - seção fechada de 2,0 x 2,0 m - altura do aterro de 7,50 a 10,00 m - areia extraída e brita produzida","m",2617.13]
[6817781,"Confecção de BSCC - seção fechada de 2,5 x 2,5 m - altura do aterro de 0,25 a 1,00 m - areia e brita comerciais","m",2947.34]
[6817782,"Confecção de BSCC - seção fechada de 2,5 x 2,5 m - altura do aterro de 0,25 a 1,00 m - areia extraída e brita produzida","m",2731.41]
[6817783,"Confecção de BSCC - seção fechada de 2,5 x 2,5 m - altura do aterro de 1,00 a 2,50 m - areia e brita comerciais","m",2435.27]
[6817784,"Confecção de BSCC - seção fechada de 2,5 x 2,5 m - altura do aterro de 1,00 a 2,50 m - areia extraída e brita produzida","m",2219.34]
[6817791,"Confecção de BSCC - seção fechada de 2,5 x 2,5 m - altura do aterro de 10,00 a 12,50 m - areia e brita comerciais","m",4545.38]
[6817792,"Confecção de BSCC - seção fechada de 2,5 x 2,5 m - altura do aterro de 10,00 a 12,50 m - areia extraída e brita produzida","m",4210.34]
[6817793,"Confecção de BSCC - seção fechada de 2,5 x 2,5 m - altura do aterro de 12,50 a 15,00 m - areia e brita comerciais","m",5112.12]
[6817794,"Confecção de BSCC - seção fechada de 2,5 x 2,5 m - altura do aterro de 12,50 a 15,00 m - areia extraída e brita produzida","m",4777.07]
[6817785,"Confecção de BSCC - seção fechada de 2,5 x 2,5 m - altura do aterro de 2,50 a 5,00 m - areia e brita comerciais","m",3131.13]
[6817786,"Confecção de BSCC - seção fechada de 2,5 x 2,5 m - altura do aterro de 2,50 a 5,00 m - areia extraída e brita produzida","m",2844.68]
[6817787,"Confecção de BSCC - seção fechada de 2,5 x 2,5 m - altura do aterro de 5,00 a 7,50 m - areia e brita comerciais","m",3654.34]
[6817788,"Confecção de BSCC - seção fechada de 2,5 x 2,5 m - altura do aterro de 5,00 a 7,50 m - areia extraída e brita produzida","m",3383.84]
[6817789,"Confecção de BSCC - seção fechada de 2,5 x 2,5 m - altura do aterro de 7,50 a 10,00 m - areia e brita comerciais","m",4082.98]
[6817790,"Confecção de BSCC - seção fechada de 2,5 x 2,5 m - altura do aterro de 7,50 a 10,00 m - areia extraída e brita produzida","m",3817.79]
[6817795,"Confecção de BSCC - seção fechada de 3,0 x 3,0 m - altura do aterro de 0,25 a 1,00 m - areia e brita comerciais","m",3796.74]
[6817796,"Confecção de BSCC - seção fechada de 3,0 x 3,0 m - altura do aterro de 0,25 a 1,00 m - areia extraída e brita produzida","m",3544.82]
[6817797,"Confecção de BSCC - seção fechada de 3,0 x 3,0 m - altura do aterro de 1,00 a 2,50 m - areia e brita comerciais","m",3262.05]
[6817798,"Confecção de BSCC - seção fechada de 3,0 x 3,0 m - altura do aterro de 1,00 a 2,50 m - areia extraída e brita produzida","m",3010.12]
[6817805,"Confecção de BSCC - seção fechada de 3,0 x 3,0 m - altura do aterro de 10,00 a 12,50 m - areia e brita comerciais","m",6305.6]
[6817806,"Confecção de BSCC - seção fechada de 3,0 x 3,0 m - altura do aterro de 10,00 a 12,50 m - areia extraída e brita produzida","m",5911.36]
[6817807,"Confecção de BSCC - seção fechada de 3,0 x 3,0 m - altura do aterro de 12,50 a 15,00 m - areia e brita comerciais","m",6932.71]
[6817808,"Confecção de BSCC - seção fechada de 3,0 x 3,0 m - altura do aterro de 12,50 a 15,00 m - areia extraída e brita produzida","m",6538.47]
[6817799,"Confecção de BSCC - seção fechada de 3,0 x 3,0 m - altura do aterro de 2,50 a 5,00 m - areia e brita comerciais","m",4095.43]
[6817800,"Confecção de BSCC - seção fechada de 3,0 x 3,0 m - altura do aterro de 2,50 a 5,00 m - areia extraída e brita produzida","m",3757.82]
[6817801,"Confecção de BSCC - seção fechada de 3,0 x 3,0 m - altura do aterro de 5,00 a 7,50 m - areia e brita comerciais","m",5039.9799999999996]
[6817802,"Confecção de BSCC - seção fechada de 3,0 x 3,0 m - altura do aterro de 5,00 a 7,50 m - areia extraída e brita produzida","m",4727.43]
[6817803,"Confecção de BSCC - seção fechada de 3,0 x 3,0 m - altura do aterro de 7,50 a 10,00 m - areia e brita comerciais","m",5747.32]
[6817804,"Confecção de BSCC - seção fechada de 3,0 x 3,0 m - altura do aterro de 7,50 a 10,00 m - areia extraída e brita produzida","m",5353.08]
[6817885,"Corpo de BSCC - seção canal de 1,5 x 1,5 m - pré-moldado - areia e brita comerciais","m",1388.92]
[6817886,"Corpo de BSCC - seção canal de 1,5 x 1,5 m - pré-moldado - areia extraída e brita produzida","m",1257.22]
[6817887,"Corpo de BSCC - seção canal de 2,0 x 1,5 m - pré-moldado - areia e brita comerciais","m",1515.93]
[6817888,"Corpo de BSCC - seção canal de 2,0 x 1,5 m - pré-moldado - areia extraída e brita produzida","m",1365.94]
[6817889,"Corpo de BSCC - seção canal de 2,0 x 2,0 m - pré-moldado - tipo I - areia e brita comerciais","m",2229.7399999999998]
[6817890,"Corpo de BSCC - seção canal de 2,0 x 2,0 m - pré-moldado - tipo I - areia extraída e brita produzida","m",2016.26]
[6817891,"Corpo de BSCC - seção canal de 2,0 x 2,0 m - pré-moldado - tipo II - areia e brita comerciais","m",1957.48]
[6817892,"Corpo de BSCC - seção canal de 2,0 x 2,0 m - pré-moldado - tipo II - areia extraída e brita produzida","m",1744.01]
[6817893,"Corpo de BSCC - seção canal de 2,5 x 1,5 m - pré-moldado - areia e brita comerciais","m",1696.56]
[6817894,"Corpo de BSCC - seção canal de 2,5 x 1,5 m - pré-moldado - areia extraída e brita produzida","m",1527.52]
[6817895,"Corpo de BSCC - seção canal de 2,5 x 2,0 m - pré-moldado - tipo I - areia e brita comerciais","m",2402.1]
[6817896,"Corpo de BSCC - seção canal de 2,5 x 2,0 m - pré-moldado - tipo I - areia extraída e brita produzida","m",2166.92]
[6817897,"Corpo de BSCC - seção canal de 2,5 x 2,0 m - pré-moldado - tipo II - areia e brita comerciais","m",2138.84]
[6817898,"Corpo de BSCC - seção canal de 2,5 x 2,0 m - pré-moldado - tipo II - areia extraída e brita produzida","m",1903.66]
[6817899,"Corpo de BSCC - seção canal de 3,0 x 1,5 m - pré-moldado - areia e brita comerciais","m",1865.86]
[6817900,"Corpo de BSCC - seção canal de 3,0 x 1,5 m - pré-moldado - areia extraída e brita produzida","m",1677.29]
[6817901,"Corpo de BSCC - seção canal de 3,0 x 2,0 m - pré-moldado - tipo I - areia e brita comerciais","m",2519.16]
[6817902,"Corpo de BSCC - seção canal de 3,0 x 2,0 m - pré-moldado - tipo I - areia extraída e brita produzida","m",2260.64]
[6817903,"Corpo de BSCC - seção canal de 3,0 x 2,0 m - pré-moldado - tipo II - areia e brita comerciais","m",2324.5300000000002]
[6817904,"Corpo de BSCC - seção canal de 3,0 x 2,0 m - pré-moldado - tipo II - areia extraída e brita produzida","m",2066.0100000000002]
[6817829,"Corpo de BSCC - seção fechada de 1,5 x 1,5 m - pré-moldado - altura do aterro de 0,25 a 1,00 m - areia e brita comerciais","m",1849.75]
[6817830,"Corpo de BSCC - seção fechada de 1,5 x 1,5 m - pré-moldado - altura do aterro de 0,25 a 1,00 m - areia extraída e brita produzida","m",1677.7]
[6817831,"Corpo de BSCC - seção fechada de 1,5 x 1,5 m - pré-moldado - altura do aterro de 1,00 a 2,50 m - areia e brita comerciais","m",1789.6]
[6817832,"Corpo de BSCC - seção fechada de 1,5 x 1,5 m - pré-moldado - altura do aterro de 1,00 a 2,50 m - areia extraída e brita produzida","m",1617.55]
[6817839,"Corpo de BSCC - seção fechada de 1,5 x 1,5 m - pré-moldado - altura do aterro de 10,00 a 12,50 m - areia e brita comerciais","m",2190.61]
[6817840,"Corpo de BSCC - seção fechada de 1,5 x 1,5 m - pré-moldado - altura do aterro de 10,00 a 12,50 m - areia extraída e brita produzida","m",1971.49]
[6817841,"Corpo de BSCC - seção fechada de 1,5 x 1,5 m - pré-moldado - altura do aterro de 12,50 a 15,00 m - areia e brita comerciais","m",2505.79]
[6817842,"Corpo de BSCC - seção fechada de 1,5 x 1,5 m - pré-moldado - altura do aterro de 12,50 a 15,00 m - areia extraída e brita produzida","m",2296.92]
[6817833,"Corpo de BSCC - seção fechada de 1,5 x 1,5 m - pré-moldado - altura do aterro de 2,50 a 5,00 m - areia e brita comerciais","m",1789.6]
[6817834,"Corpo de BSCC - seção fechada de 1,5 x 1,5 m - pré-moldado - altura do aterro de 2,50 a 5,00 m - areia extraída e brita produzida","m",1617.55]
[6817835,"Corpo de BSCC - seção fechada de 1,5 x 1,5 m - pré-moldado - altura do aterro de 5,00 a 7,50 m - areia e brita comerciais","m",1917.81]
[6817836,"Corpo de BSCC - seção fechada de 1,5 x 1,5 m - pré-moldado - altura do aterro de 5,00 a 7,50 m - areia extraída e brita produzida","m",1747.28]
[6817837,"Corpo de BSCC - seção fechada de 1,5 x 1,5 m - pré-moldado - altura do aterro de 7,50 a 10,00 m - areia e brita comerciais","m",2290.4299999999998]
[6817838,"Corpo de BSCC - seção fechada de 1,5 x 1,5 m - pré-moldado - altura do aterro de 7,50 a 10,00 m - areia extraída e brita produzida","m",2071.31]
[6817843,"Corpo de BSCC - seção fechada de 2,0 x 2,0 m - pré-moldado - altura do aterro de 0,25 a 1,00 m - areia e brita comerciais","m",2596.8000000000002]
[6817844,"Corpo de BSCC - seção fechada de 2,0 x 2,0 m - pré-moldado - altura do aterro de 0,25 a 1,00 m - areia extraída e brita produzida","m",2377.79]
[6817845,"Corpo de BSCC - seção fechada de 2,0 x 2,0 m - pré-moldado - altura do aterro de 1,00 a 2,50 m - areia e brita comerciais","m",2273.66]
[6817846,"Corpo de BSCC - seção fechada de 2,0 x 2,0 m - pré-moldado - altura do aterro de 1,00 a 2,50 m - areia extraída e brita produzida","m",2054.65]
[6817853,"Corpo de BSCC - seção fechada de 2,0 x 2,0 m - pré-moldado - altura do aterro de 10,00 a 12,50 m - areia e brita comerciais","m",3531.5]
[6817854,"Corpo de BSCC - seção fechada de 2,0 x 2,0 m - pré-moldado - altura do aterro de 10,00 a 12,50 m - areia extraída e brita produzida","m",3269.28]
[6817855,"Corpo de BSCC - seção fechada de 2,0 x 2,0 m - pré-moldado - altura do aterro de 12,50 a 15,00 m - areia e brita comerciais","m",4113.82]
[6817856,"Corpo de BSCC - seção fechada de 2,0 x 2,0 m - pré-moldado - altura do aterro de 12,50 a 15,00 m - areia extraída e brita produzida","m",3793.56]
[6817847,"Corpo de BSCC - seção fechada de 2,0 x 2,0 m - pré-moldado - altura do aterro de 2,50 a 5,00 m - areia e brita comerciais","m",2543.4899999999998]
[6817848,"Corpo de BSCC - seção fechada de 2,0 x 2,0 m - pré-moldado - altura do aterro de 2,50 a 5,00 m - areia extraída e brita produzida","m",2325.17]
[6817849,"Corpo de BSCC - seção fechada de 2,0 x 2,0 m - pré-moldado - altura do aterro de 5,00 a 7,50 m - areia e brita comerciais","m",2987.89]
[6817850,"Corpo de BSCC - seção fechada de 2,0 x 2,0 m - pré-moldado - altura do aterro de 5,00 a 7,50 m - areia extraída e brita produzida","m",2709.45]
[6817851,"Corpo de BSCC - seção fechada de 2,0 x 2,0 m - pré-moldado - altura do aterro de 7,50 a 10,00 m - areia e brita comerciais","m",3276.5]
[6817852,"Corpo de BSCC - seção fechada de 2,0 x 2,0 m - pré-moldado - altura do aterro de 7,50 a 10,00 m - areia extraída e brita produzida","m",3009.92]
[6817857,"Corpo de BSCC - seção fechada de 2,5 x 2,5 m - pré-moldado - altura do aterro de 0,25 a 1,00 m - areia e brita comerciais","m",3457.48]
[6817858,"Corpo de BSCC - seção fechada de 2,5 x 2,5 m - pré-moldado - altura do aterro de 0,25 a 1,00 m - areia extraída e brita produzida","m",3189.42]
[6817859,"Corpo de BSCC - seção fechada de 2,5 x 2,5 m - pré-moldado - altura do aterro de 1,00 a 2,50 m - areia e brita comerciais","m",2945.41]
[6817860,"Corpo de BSCC - seção fechada de 2,5 x 2,5 m - pré-moldado - altura do aterro de 1,00 a 2,50 m - areia extraída e brita produzida","m",2677.35]
[6817867,"Corpo de BSCC - seção fechada de 2,5 x 2,5 m - pré-moldado - altura do aterro de 10,00 a 12,50 m - areia e brita comerciais","m",5069.17]
[6817868,"Corpo de BSCC - seção fechada de 2,5 x 2,5 m - pré-moldado - altura do aterro de 10,00 a 12,50 m - areia extraída e brita produzida","m",4679.46]
[6817869,"Corpo de BSCC - seção fechada de 2,5 x 2,5 m - pré-moldado - altura do aterro de 12,50 a 15,00 m - areia e brita comerciais","m",5640.99]
[6817870,"Corpo de BSCC - seção fechada de 2,5 x 2,5 m - pré-moldado - altura do aterro de 12,50 a 15,00 m - areia extraída e brita produzida","m",5250.04]
[6817861,"Corpo de BSCC - seção fechada de 2,5 x 2,5 m - pré-moldado - altura do aterro de 2,50 a 5,00 m - areia e brita comerciais","m",3643.01]
[6817862,"Corpo de BSCC - seção fechada de 2,5 x 2,5 m - pré-moldado - altura do aterro de 2,50 a 5,00 m - areia extraída e brita produzida","m",3304.4]
[6817863,"Corpo de BSCC - seção fechada de 2,5 x 2,5 m - pré-moldado - altura do aterro de 5,00 a 7,50 m - areia e brita comerciais","m",4171.3100000000004]
[6817864,"Corpo de BSCC - seção fechada de 2,5 x 2,5 m - pré-moldado - altura do aterro de 5,00 a 7,50 m - areia extraída e brita produzida","m",3847.41]
[6817865,"Corpo de BSCC - seção fechada de 2,5 x 2,5 m - pré-moldado - altura do aterro de 7,50 a 10,00 m - areia e brita comerciais","m",4599.95]
[6817866,"Corpo de BSCC - seção fechada de 2,5 x 2,5 m - pré-moldado - altura do aterro de 7,50 a 10,00 m - areia extraída e brita produzida","m",4281.3599999999997]
[6817871,"Corpo de BSCC - seção fechada de 3,0 x 3,0 m - pré-moldado - altura do aterro de 0,25 a 1,00 m - areia e brita comerciais","m",4413.01]
[6817872,"Corpo de BSCC - seção fechada de 3,0 x 3,0 m - pré-moldado - altura do aterro de 0,25 a 1,00 m - areia extraída e brita produzida","m",4099.54]
[6817873,"Corpo de BSCC - seção fechada de 3,0 x 3,0 m - pré-moldado - altura do aterro de 1,00 a 2,50 m - areia e brita comerciais","m",3878.32]
[6817874,"Corpo de BSCC - seção fechada de 3,0 x 3,0 m - pré-moldado - altura do aterro de 1,00 a 2,50 m - areia extraída e brita produzida","m",3564.84]
[6817881,"Corpo de BSCC - seção fechada de 3,0 x 3,0 m - pré-moldado - altura do aterro de 10,00 a 12,50 m - areia e brita comerciais","m",6935.37]
[6817882,"Corpo de BSCC - seção fechada de 3,0 x 3,0 m - pré-moldado - altura do aterro de 10,00 a 12,50 m - areia extraída e brita produzida","m",6477.07]
[6817883,"Corpo de BSCC - seção fechada de 3,0 x 3,0 m - pré-moldado - altura do aterro de 12,50 a 15,00 m - areia e brita comerciais","m",7567.57]
[6817884,"Corpo de BSCC - seção fechada de 3,0 x 3,0 m - pré-moldado - altura do aterro de 12,50 a 15,00 m - areia extraída e brita produzida","m",7108.02]
[6817875,"Corpo de BSCC - seção fechada de 3,0 x 3,0 m - pré-moldado - altura do aterro de 2,50 a 5,00 m - areia e brita comerciais","m",4718.5200000000004]
[6817876,"Corpo de BSCC - seção fechada de 3,0 x 3,0 m - pré-moldado - altura do aterro de 2,50 a 5,00 m - areia extraída e brita produzida","m",4318.09]
[6817877,"Corpo de BSCC - seção fechada de 3,0 x 3,0 m - pré-moldado - altura do aterro de 5,00 a 7,50 m - areia e brita comerciais","m",5663.07]
[6817878,"Corpo de BSCC - seção fechada de 3,0 x 3,0 m - pré-moldado - altura do aterro de 5,00 a 7,50 m - areia extraída e brita produzida","m",5287.7]
[6817879,"Corpo de BSCC - seção fechada de 3,0 x 3,0 m - pré-moldado - altura do aterro de 7,50 a 10,00 m - areia e brita comerciais","m",6377.23]
[6817880,"Corpo de BSCC - seção fechada de 3,0 x 3,0 m - pré-moldado - altura do aterro de 7,50 a 10,00 m - areia extraída e brita produzida","m",5918.9]
[7119788,"Administração local do Estaleiro Padrão","mês",300438.45]
[7119714,"Amarração do sistema de fundeio - profundidade de até 50 m","un",2273.62]
[7119715,"Ânodo de sacrifício para proteção do casco - fornecimento e instalação","un",1509.68]
[7119678,"Beneficiamento de aço naval para construção de instalações portuárias de pequeno porte - excluso o aço naval","t",9194.08]
[7119712,"Cabo de segurança para conexão da ponte - fornecimento e instalação","un",10633.62]
[7119694,"Confecção de morto de concreto de 13 t","un",8720.02]
[7119695,"Confecção de morto de concreto de 14 t","un",9445.4500000000007]
[7119696,"Confecção de morto de concreto de 22 t","un",14907.05]
[7119697,"Confecção de morto de concreto de 36 t","un",23654.44]
[7119698,"Confecção de morto de concreto de 48 t","un",30286.39]
[7119688,"Confecção de poita de concreto com garras metálicas de 13,3 t (peso submerso = 8 t)","un",8495.5499999999993]
[7119689,"Confecção de poita de concreto com garras metálicas de 25 t (peso submerso = 15 t)","un",16326.44]
[7119690,"Confecção de poita de concreto com garras metálicas de 30 t (peso submerso = 18 t)","un",19489.080000000002]
[7119691,"Confecção de poita de concreto com garras metálicas de 41,7 t (peso submerso = 25 t)","un",27003.58]
[7119692,"Confecção de poita de concreto com garras metálicas de 45,8 t (peso submerso = 27,5 t)","un",29685.1]
[7119693,"Confecção de poita de concreto com garras metálicas de 58,3 t (peso submerso = 35 t)","un",37721.480000000003]
[7119687,"Confecção de poita de concreto com garras metálicas de 6,7 t (peso submerso = 4 t)","un",4458.42]
[7119681,"Confecção de poita de concreto de 13,3 t (peso submerso = 8 t)","un",9373.9]
[7119682,"Confecção de poita de concreto de 25 t (peso submerso = 15 t)","un",17929.009999999998]
[7119683,"Confecção de poita de concreto de 30 t (peso submerso = 18 t)","un",21401.73]
[7119684,"Confecção de poita de concreto de 41,7 t (peso submerso = 25 t)","un",29630.83]
[7119685,"Confecção de poita de concreto de 45,8 t (peso submerso = 27,5 t)","un",32566.91]
[7119686,"Confecção de poita de concreto de 58,3 t (peso submerso = 35 t)","un",41370.050000000003]
[7119680,"Confecção de poita de concreto de 6,7 t (peso submerso = 4 t)","un",4911.34]
[7119710,"Defensa de pneus para proteção do flutuante - confecção e instalação","un",736.59]
[7107375,"Fornecimento e instalação de reservatório metálico tipo taça de 10.000 litros pintura interna e externa com escada de acesso e base de concreto armado - areia e brita comerciais","un",28747.57]
[7107376,"Fornecimento e instalação de reservatório metálico tipo taça de 20.000 litros pintura interna e externa com escada de acesso e base de concreto armado - areia e brita comerciais","un",45083.66]
[7107377,"Fornecimento e instalação de reservatório metálico tipo taça de 30.000 litros pintura interna e externa com escada de acesso e base de concreto armado - areia e brita comerciais","un",63959.67]
[7107374,"Fornecimento e instalação de reservatório metálico tipo taça de 5.000 litros pintura interna e externa com escada de acesso e base de concreto armado - areia e brita comerciais","un",19496.79]
[7119708,"Guincho manual para sistema de fundeio com capacidade de tração de 100 kN - fornecimento e instalação","un",197393.34]
[7119709,"Guincho manual para sistema de fundeio com capacidade de tração de 200 kN - fornecimento e instalação","un",310574.84999999998]
[7119706,"Implantação do sistema naval tipo I - ponte móvel e flutuante principal","un",53265.8]
[7119707,"Implantação do sistema naval tipo II - pontes móveis, flutuante intermediário e flutuante principal","un",127312.97]
[7119787,"Instalações do Estaleiro Padrão para o beneficiamento de estruturas navais, inclusive mobiliário, equipamentos de informática e de segurança","m²",368.43]
[7119647,"Lançamento da embarcação sobre carreira em água","un",2656.1]
[7119679,"Lançamento de poita de concreto - peso submerso","t",48.51]
[7119711,"Mancal de conexão - confecção e instalação","un",874.4]
[7107379,"Manutenção de tratamento superficial e pintura da área interna do flutuante (tanques de reserva de flutuabilidade)","m²",51.78]
[7107381,"Manutenção de tratamento superficial e pintura da parte externa do flutuante (costados e espelhos de proa e popa) - exceto fundo","m²",53.6]
[7107380,"Manutenção de tratamento superficial e pintura da ponte, convés, casarias e demais estruturas metálicas navais sobre os flutuantes","m²",58.36]
[7107382,"Manutenção de tratamento superficial e pintura do fundo do flutuante","m²",136.82]
[7119713,"Molinete manual para sistema de fundeio com capacidade de tração de 70 kN - fornecimento e instalação","un",322075.03000000003]
[7119646,"Transporte interno em estaleiro para movimentação de peças","t",1195.1400000000001]
[7107384,"Tratamento superficial e pintura da ponte e demais estruturas metálicas navais - exceto fundo do flutuante","m²",92.08]
[7107378,"Tratamento superficial e pintura do fundo do flutuante","m²",161.57]

{"sheet":"Pessoal Sicro","index":15,"n_rows":109,"n_cols":7,"rows_kept":109,"cut":false,"hidden":false,"merged":[[0,0,1,0],[0,1,1,5],[0,6,1,6],[2,0,2,6],[3,0,3,6]]}
["CGCIT","SISTEMA DE CUSTOS REFERENCIAIS DE OBRAS - SICRO",{"$nulls":4},"DNIT"]
[]
["Piauí - Julho/2025"]
["Sem desoneração"]
["Código","Descrição","Unidade","Salário (R$)","Encargos Totais","Custo (R$)","Periculosidade/\nInsalubridade"]
["P9801","Ajudante","h",null,null,22.568200000000001,0]
["P9802","Ajudante especializado","h",null,null,26.203700000000001,0]
["P9803","Almoxarife","mês",null,null,6537.3284999999996,0]
["P9804","Apontador","mês",null,null,5124.1418999999996,0]
["P9805","Armador","h",null,null,32.898600000000002,0]
["P9806","Auxiliar administrativo","mês",null,null,5091.0802000000003,0]
["P9807","Bombeiro hidráulico","h",null,null,33.450699999999998,0]
["P9808","Carpinteiro","h",null,null,27.795100000000001,0]
["P9809","Encarregado administrativo","mês",null,null,7783.8335999999999,0]
["P9810","Eletricista","h",null,null,29.289100000000001,0]
["P9811","Encarregado especializado","mês",null,null,8281.7942000000003,0]
["P9812","Engenheiro","mês",null,null,27135.636500000001,0]
["P9814","Operacional","mês",null,null,4267.0177000000003,0]
["P9815","Jardineiro","h",null,null,29.427,0]
["P9819","Engenheiro supervisor","mês",null,null,27135.636500000001,0]
["P9821","Pedreiro","h",null,null,27.775500000000001,0]
["P9822","Pintor","h",null,null,32.8797,0]
["P9823","Serralheiro","h",null,null,29.315799999999999,0]
["P9824","Servente","h",null,null,22.1067,0]
["P9825","Soldador","h",null,null,36.341099999999997,0]
["P9826","Chefe setor de finanças","mês",null,null,25003.587500000001,0]
["P9827","Vigia","mês",null,null,5190.1175999999996,0]
["P9830","Montador","h",null,null,33.495100000000001,0]
["P9833","Auxiliar de laboratório","mês",null,null,6036.3051999999998,0]
["P9837","Oceanógrafo","mês",null,null,13314.397499999999,0]
["P9840","Encarregado geral","mês",null,null,11501.5121,0]
["P9842","Faxineiro","mês",null,null,4353.3801000000003,0]
["P9843","Operador de equipamento leve","h",null,null,27.6724,0]
["P9845","Operador de equipamento pesado","h",null,null,34.255099999999999,0]
["P9846","Operador de equipamento especial","h",null,null,43.835999999999999,0]
["P9847","Perfurador de tubulão","h",null,null,22.548100000000002,0]
["P9848","Desenhista","mês",null,null,8117.8940000000002,0]
["P9849","Condutor maquinista fluvial","mês",null,null,5820.8436000000002,0]
["P9850","Copeiro","mês",null,null,4476.2175999999999,0]
["P9851","Médico do trabalho","mês",null,null,18672.624199999998,0]
["P9852","Blaster","h",null,null,42.439500000000002,0]
["P9853","Pré-marcador","h",null,null,22.434100000000001,0]
["P9854","Recepcionista","mês",null,null,4311.0482000000002,0]
["P9855","Marinheiro de máquinas","mês",null,null,5466.9425000000001,0]
["P9856","Marinheiro de convés","h",null,null,29.463000000000001,0]
["P9857","Marinheiro de convés - mensalista","mês",null,null,5419.4888000000001,0]
["P9858","Laboratorista","mês",null,null,7946.5290999999997,0]
["P9859","Trabalhador de via","h",null,null,22.073899999999998,0]
["P9861","Selecionador de material pétreo","h",null,null,22.479199999999999,0]
["P9864","Engenheiro de segurança do trabalho","mês",null,null,24956.013500000001,0]
["P9866","Motorista de caminhão","h",null,null,29.1252,0]
["P9867","Técnico especializado - mensalista","mês",null,null,7358.7329,0]
["P9869","Encarregado de obras de artes especiais","mês",null,null,8281.7942000000003,0]
["P9870","Motorista de veículo leve","h",null,null,32.568600000000004,0]
["P9871","Motorista de veículo especial","h",null,null,33.873199999999997,0]
["P9875","Encarregado de turma","mês",null,null,5996.5847999999996,0]
["P9876","Técnico de segurança do trabalho","mês",null,null,7792.2538999999997,0]
["P9878","Secretária","mês",null,null,6830.99,0]
["P9880","Piloto fluvial","mês",null,null,7686.6715999999997,0]
["P9882","Técnico especializado","h",null,null,39.832000000000001,0]
["P9883","Chefe do setor administrativo","mês",null,null,7783.9470000000001,0]
["P9884","Encarregado de terraplenagem","mês",null,null,8281.7942000000003,0]
["P9885","Frentista de túnel","h",null,null,22.927499999999998,0]
["P9889","Técnico da qualidade","mês",null,null,8089.3861999999999,0]
["P9892","Auxiliar de blaster","h",null,null,37.106999999999999,0]
["P9893","Encarregado de pavimentação","mês",null,null,8281.7942000000003,0]
["P9896","Porteiro","mês",null,null,4344.2088999999996,0]
["P9897","Técnico de meio ambiente","mês",null,null,8048.5411999999997,0]
["P9900","Comprador","mês",null,null,7519.8298000000004,0]
["P9901","Encarregado de superestrutura ferroviária","mês",null,null,8281.7942000000003,0]
["P9903","Auxiliar técnico","mês",null,null,4875.3669,0]
["P9907","Comandante de longo curso","mês",null,null,20335.0586,0]
["P9908","Imediato","mês",null,null,16623.399700000002,0]
["P9909","Oficial de náutica","mês",null,null,6857.4840000000004,0]
["P9910","Oficial de máquinas","mês",null,null,6653.3429999999998,0]
["P9913","Draguista","mês",null,null,6435.4691999999995,0]
["P9915","Maquinista","h",null,null,35.013300000000001,0]
["P9916","Encarregado de conservação rodoviária","mês",null,null,8281.7942000000003,0]
["P9920","Mestre fluvial","mês",null,null,8372.6355000000003,0]
["P9921","Mergulhador raso autônomo de emergência","h",null,null,40.538899999999998,0]
["P9922","Mergulhador raso dependente de emergência","h",null,null,42.370100000000001,0]
["P9924","Mergulhador raso dependente","h",null,null,58.112699999999997,0]
["P9925","Mergulhador raso autônomo","h",null,null,54.120399999999997,0]
["P9926","Mergulhador raso auxiliar de superfície","h",null,null,37.520499999999998,0]
["P9927","Frentista de túnel com periculosidade","h",null,null,27.450500000000002,0]
["P9930","Eletricista com periculosidade","h",null,null,35.706899999999997,0]
["P9931","Operador de equipamento de mergulho","h",null,null,57.743699999999997,0]
["P9932","Operador de equipamento pesado com periculosidade","h",null,null,42.3108,0]
["P9933","Supervisor de mergulho raso","mês",null,null,10647.416300000001,0]
["P9934","Motorista de veículo especial com periculosidade","h",null,null,41.840800000000002,0]
["P9938","Operador de equipamento leve com periculosidade","h",null,null,33.748899999999999,0]
["P9939","Operador de equipamento leve com insalubridade","h",null,null,35.467799999999997,0]
["P9942","Marinheiro de convés com periculosidade","h",null,null,36.341500000000003,0]
["P9944","Operador de equipamento especial com periculosidade","h",null,null,54.791400000000003,0]
["P9946","Engenheiro auxiliar","mês",null,null,24874.816299999999,0]
["P9947","Técnico florestal","mês",null,null,8048.5411999999997,0]
["P9948","Motorista de veículo leve - mensalista","mês",null,null,6008.0335999999998,0]
["P9949","Topógrafo","mês",null,null,9340.8044000000009,0]
["P9950","Auxiliar de topografia","mês",null,null,6055.7507999999998,0]
["P9951","Médico de câmara hiperbárica","mês",null,null,21262.3001,0]
["P9952","Pedreiro - mensalista","mês",null,null,5136.4660000000003,0]
["P9953","Eletricista - mensalista","mês",null,null,5406.8028000000004,0]
["P9954","Servente - mensalista","mês",null,null,4093.0918000000001,0]
["P9955","Engenheiro chefe","mês",null,null,34473.259400000003,0]
["P9956","Motorista de caminhão com periculosidade","h",null,null,35.668399999999998,0]
["P9957","Motorista de ônibus","h",null,null,35.479399999999998,0]
["P9958","Motorista de ônibus - mensalista","mês",null,null,6684.3693999999996]
["P9959","Motorista de veículo especial com periculosidade - mensalista","mês",null,null,7777.9822000000004]
["P9972","Técnico de batimetria","mês",null,null,6693.6238000000003]

{"sheet":"Equipamentos","index":16,"n_rows":544,"n_cols":11,"rows_kept":544,"cut":false,"hidden":false,"merged":[[541,2,541,8],[398,2,398,8],[402,2,402,8],[416,2,416,8],[418,2,418,8],[420,2,420,8],[532,2,532,8],[535,2,535,8],[538,2,538,8],[500,2,500,8],[503,2,503,8],[517,2,517,8],[524,2,524,8],[506,2,506,8],[509,2,509,8],[512,2,512,8],[520,2,520,8],[527,2,527,8],[484,2,484,8],[494,2,494,8],[497,2,497,8],[487,2,487,8],[490,2,490,8],[422,2,422,8],[425,2,425,8],[442,2,442,8],[428,2,428,8],[432,2,432,8],[437,2,437,8],[472,2,472,8],[475,2,475,8],[478,2,478,8],[481,2,481,8],[445,2,445,8],[448,2,448,8],[451,2,451,8],[454,2,454,8],[457,2,457,8],[460,2,460,8],[463,2,463,8],[466,2,466,8],[469,2,469,8],[1,1,1,9],[0,1,0,9],[407,2,407,8],[410,2,410,8],[413,2,413,8],[385,2,385,8],[392,2,392,8],[395,2,395,8],[388,2,388,8]]}
["CGCIT","SISTEMA DE CUSTOS REFERENCIAIS DE OBRAS - SICRO",{"$nulls":8},"DNIT"]
[null,"Piauí - Julho/2025"]
["Código","Descrição","Valor de Aquisição\n (R$)","Depreciação\n (R$/h)","Oportunidade de Capital\n (R$/h)","Seguros e Impostos\n (R$/h)","Manutenção\n (R$/h)","Operação\n (R$/h)","Mão de Obra de Operação\n (R$/h)","Custo Produtivo\n (R$/h)","Custo Improdutivo\n (R$/h)"]
["E9001","Conjunto vibratório para tubos de concreto com encaixe PB e 3 jogos de fôrmas - D = 0,60 m - 2,20 kW",72294.171300000002,9.6392000000000007,1.4869000000000001,0,7.2294,0,0,18.355499999999999,11.126099999999999]
["E9002","Conjunto vibratório para tubos de concreto com encaixe PB e 3 jogos de fôrmas - D = 0,80 m - 2,20 kW",94734.123900000006,12.6312,1.9483999999999999,0,9.4733999999999998,0,0,24.053000000000001,14.579599999999999]
["E9003","Conjunto vibratório para tubos de concreto com encaixe PB e 3 jogos de fôrmas - D = 1,00 m - 2,20 kW",99059.698699999994,13.208,2.0373000000000001,0,9.9060000000000006,0,0,25.151299999999999,15.2453]
["E9004","Conjunto vibratório para tubos de concreto com encaixe PB e 3 jogos de fôrmas - D = 1,20 m - 2,20 kW",124985.1329,16.6647,2.5705,0,12.4985,0,0,31.733699999999999,19.235199999999999]
["E9005","Conjunto vibratório para tubos de concreto com encaixe PB e 3 jogos de fôrmas - D = 1,50 m - 2,20 kW",147773.21119999999,19.703099999999999,3.0392000000000001,0,14.7773,0,0,37.519599999999997,22.7423]
["E9006","Equipamento para sondagem manual",5048.1617999999999,0.85819999999999996,0.109,0,0.50480000000000003,0,0,1.472,0.96719999999999995]
["E9007","Bomba de pistão triplex com capacidade de 7,80 m³/h (130 l/min) - 8,20 kW",166927.94149999999,16.692799999999998,3.2185999999999999,0,14.606199999999999,8.4313000000000002,0,42.948900000000002,19.9114]
["E9008","Transportador manual de tubos de concreto com capacidade de 1 t",1709.1950999999999,1.5383,7.9100000000000004E-2,0,0.85460000000000003,0,0,2.472,1.6173999999999999]
["E9009","Embarcação rebocadora - 268 kW",667274.09259999997,7.6382000000000003,3.8357000000000001,0,16.973800000000001,275.55869999999999,137.197,441.20339999999999,148.67089999999999]
["E9010","Balança plataforma digital à bateria, com mesa de 75 x 75 cm e capacidade de 500 kg",4932.3271000000004,0.73980000000000001,0.1014,0,0.41099999999999998,0,0,1.2522,0.84119999999999995]
["E9011","Carro manual modelo plataforma de 200 x 80 cm com capacidade de 800 kg",1865.8108,0.33579999999999999,4.0300000000000002E-2,0,0.18659999999999999,0,0,0.56269999999999998,0.37609999999999999]
["E9014","Deflectômetro de impacto (FWD) instalado em picape com reboque e faixa de carga de 7 a 120 kN - 147 kW",2296757.3990000002,183.7406,42.512999999999998,0,114.8379,0,33.873199999999997,374.96469999999999,260.1268]
["E9015","Elevador de obra com capacidade de 1.000 kg - 9 kW",68159.685500000007,5.4527999999999999,1.2616000000000001,0,4.7712000000000003,0,27.6724,39.158000000000001,34.386800000000001]
["E9016","Usina misturadora móvel de reciclagem a frio com sistema de espuma de asfalto - 129,40 kW",10321385.119999999,1444.9938999999999,222.8903,0,1857.8493000000001,98.036500000000004,43.835999999999999,3667.6060000000002,1711.7202]
["E9017","Escavadeira hidráulica sobre esteira com capacidade de 0,4 m³ - 64 kW",721221.97730000003,59.394799999999996,13.7425,0,59.394799999999996,45.024500000000003,34.255099999999999,211.8117,107.39239999999999]
["E9020","Recicladora a frio - 455 kW",5769275.8260000004,807.69860000000006,124.58750000000001,0,1153.8552,492.4556,43.835999999999999,2622.4328999999998,976.12210000000005]
["E9021","Grupo gerador - 456 kVA",352736.70539999998,24.691600000000001,6.5292000000000003,0,17.636800000000001,375.29450000000003,0,424.15210000000002,31.220800000000001]
["E9022","Pórtico metálico rolante com capacidade de 25 t - 30 kW",754463.83770000003,37.723199999999999,12.9307,0,29.340299999999999,0,27.6724,107.6666,78.326300000000003]
["E9023","Guindaste móvel sobre esteiras com dragline com capacidade de 1,9 a 2,3 m³ - 270 kW",4030618.9569999999,156.74629999999999,69.080299999999994,0,223.92330000000001,73.056600000000003,43.835999999999999,566.64250000000004,269.6626]
["E9024","Misturador de nata cimento - 1,50 kW",9673.6080000000002,1.5478000000000001,0.2089,0,1.3543000000000001,0,27.6724,30.7834,29.429099999999998]
["E9025","Conjunto bomba e macaco hidráulico para protensão com capacidade de 7.000 kN - 15 kW",106149.0796,6.0656999999999996,1.8713,0,6.0656999999999996,0,43.835999999999999,57.838700000000003,51.773000000000003]
["E9026","Bomba para injeção de nata de cimento com capacidade de 2 MPa - 2,20 kW",34301.062899999997,3.4300999999999999,0.66139999999999999,0,3.0013000000000001,0,0,7.0928000000000004,4.0914999999999999]
["E9028","Bomba de alta pressão para hidrojateamento com capacidade de 18 MPa - 5,20 kW",5625.84,1.1252,0.13020000000000001,0,1.2658,10.0924,27.6724,40.286000000000001,28.927800000000001]
["E9029","Conjunto bomba e macaco hidráulico para protensão com capacidade de 8.000 kN - 20 kW",134980.53779999999,7.7131999999999996,2.3795000000000002,0,7.7131999999999996,0,43.835999999999999,61.6419,53.928699999999999]
["E9030","Bomba de protensão com leitura digital para tensionamento de estais - 3 kW",14563.174499999999,0.83220000000000005,0.25669999999999998,0,0.83220000000000005,0,0,1.9211,1.0889]
["E9031","Elevador de cremalheira com cabine simples, com capacidade de 1.500 kg e altura de até 100 m - 15 kW",338833.87640000001,27.1067,6.2717999999999998,0,23.718399999999999,0,27.6724,84.769300000000001,61.050899999999999]
["E9032","Equipamento para regulagem final de estais com até 37 cordoalhas - D = 15,7 mm - 20 kW",78505.159599999999,4.4859999999999998,1.3838999999999999,0,4.4859999999999998,0,43.835999999999999,54.191899999999997,49.7059]
["E9033","Equipamento para regulagem final de estais de 38 a 55 cordoalhas - D = 15,7 mm - 30 kW",112132.5564,6.4076000000000004,1.9766999999999999,0,6.4076000000000004,0,43.835999999999999,58.627899999999997,52.220300000000002]
["E9034","Equipamento para regulagem final de estais de 56 a 73 cordoalhas - D = 15,7 mm - 40 kW",168146.2696,9.6083999999999996,2.9641999999999999,0,9.6083999999999996,0,43.835999999999999,66.016999999999996,56.4086]
["E9035","Equipamento para regulagem final de estais de 74 a 91 cordoalhas - D = 15,7 mm - 50 kW",224160.89480000001,12.809200000000001,3.9516,0,12.809200000000001,0,43.835999999999999,73.406000000000006,60.596800000000002]
["E9036","Grua fixa para alturas de 60 a 102 m, com alcance de 60 m com capacidade de 1.500 kg na ponta da lança - 37 kW",3897646.1072,151.57509999999999,66.801299999999998,0,173.2287,0,43.835999999999999,435.44110000000001,262.2124]
["E9038","Macaco hidráulico monocordoalha para tensionamento de estais - 3 kW",18311.066599999998,1.0463,0.32279999999999998,0,1.0463,0,43.835999999999999,46.251399999999997,45.205100000000002]
["E9039","Máquina de solda por termofusão para tubos PEAD com gerador de 4 kW",115635.51390000001,15.418100000000001,2.3782000000000001,0,15.418100000000001,4.1128,43.835999999999999,81.163200000000003,61.632300000000001]
["E9040","Serra mármore - 1,45 kW",483.80520000000001,4.3499999999999997E-2,8.9999999999999993E-3,0,2.4199999999999999E-2,0,0,7.6700000000000004E-2,5.2499999999999998E-2]
["E9042","Trator sobre esteiras com lâmina - 97 kW",1331380.8559999999,116.4958,25.6707,0,166.42259999999999,73.489500000000007,34.255099999999999,416.33370000000002,176.42160000000001]
["E9043","Embarcação de alumínio com comprimento de 6 m e motor de popa - 18,60 kW",35099.488799999999,0.40179999999999999,0.20180000000000001,0,0.44640000000000002,41.256999999999998,42.121000000000002,84.427999999999997,42.724600000000002]
["E9044","Central de concreto com capacidade de 150 m³/h - dosadora e misturadora",1927981.2520000001,192.79810000000001,37.173900000000003,0,168.69839999999999,0,43.835999999999999,442.50639999999999,273.80799999999999]
["E9045","Conjunto bomba e macaco hidráulico para elevação com capacidade de 496 kN",68443.155599999998,5.4755000000000003,1.2668999999999999,0,5.4755000000000003,6.3882000000000003,43.835999999999999,62.442100000000003,50.578400000000002]
["E9046","Conjunto bomba e macaco hidráulico para elevação com capacidade de 929 kN",86540.369399999996,6.9231999999999996,1.6019000000000001,0,6.9231999999999996,6.3882000000000003,43.835999999999999,65.672499999999999,52.3611]
["E9047","Conjunto bomba e macaco hidráulico para elevação com capacidade de 1.390 kN",119334.8915,9.5467999999999993,2.2088999999999999,0,9.5467999999999993,6.3882000000000003,43.835999999999999,71.526700000000005,55.591700000000003]
["E9048","Conjunto bomba e macaco hidráulico para elevação com capacidade de 1.859 kN",138147.59280000001,11.0518,2.5571000000000002,0,11.0518,6.3882000000000003,43.835999999999999,74.884900000000002,57.444899999999997]
["E9049","Bomba de alta pressão para hidrojateamento com capacidade de 250 MPa - 72 kW",725352.31160000002,145.07050000000001,16.782800000000002,0,163.20429999999999,58.445300000000003,27.6724,411.17529999999999,189.5257]
["E9050","Guindaste móvel sobre pneus com 2 eixos com capacidade de 18 t - 97 kW",3242326.0449999999,162.1163,57.157600000000002,0,208.43520000000001,26.246300000000002,33.873199999999997,487.82859999999999,253.14709999999999]
["E9051","Máquina levantadora e posicionadora de via - 7,40 kW",1058013.0460000001,84.641000000000005,19.5838,0,74.060900000000004,11.4899,27.6724,217.44800000000001,131.8972]
["E9052","Empilhadeira a diesel com capacidade de 10 t - 82 kW",783580.87139999995,62.686500000000002,14.504099999999999,0,54.850700000000003,66.562700000000007,27.6724,226.2764,104.863]
["E9053","Perfuratriz hidráulica montada em flutuante - 32 kW",610341.1544,16.348400000000002,5.2675999999999998,0,14.5319,17.3171,33.748899999999999,87.213899999999995,55.364899999999999]
["E9054","Equipamento sobre forma-trilho para execução e acabamento de pavimento de concreto - 13,40 kW",1817038.0560000001,242.27170000000001,37.370399999999997,0,151.41980000000001,20.806000000000001,27.6724,479.5403,307.31450000000001]
["E9055","Guincho pneumático com capacidade de 2,5 t",538776.06350000005,53.877600000000001,10.157400000000001,0,29.931999999999999,0,0,93.966999999999999,64.034999999999997]
["E9056","Plataforma autoelevatória de 12 x 24 m com capacidade de 150 t",847785.76839999994,9.7044999999999995,4.8733000000000004,0,21.5656,0,115.1225,151.26589999999999,129.7003]
["E9057","Batelão sem propulsão com capacidade de 66 m³",226710.75390000001,9.7162000000000006,3.8300999999999998,0,16.1936,0,29.463000000000001,59.2029,43.009300000000003]
["E9058","Plataforma flutuante de 12 x 24 x 1,8 m com capacidade de 150 t",678053.29460000002,7.7615999999999996,3.8976000000000002,0,12.936,0,29.463000000000001,54.058199999999999,41.122199999999999]
["E9059","Plataforma autoelevatória de 12 x 24 m montada na obra com capacidade de 150 t",847785.76839999994,9.7044999999999995,4.8733000000000004,0,21.5656,0,115.1225,151.26589999999999,129.7003]
["E9060","Perfuratriz pneumática rotopercussiva montada em flutuante com pressão de 0,70 MPa e capacidade de 2.500 gpm",41032.208599999998,1.0991,0.35410000000000003,0,0.97699999999999998,0,67.497799999999998,69.927999999999997,68.950999999999993]
["E9061","Lixadeira elétrica manual angular - 2 kW",1399.0614,0.1865,2.8799999999999999E-2,0,0.1166,0,0,0.33189999999999997,0.21529999999999999]
["E9062","Soprador de ar quente manual - 1,60 kW",5695.6686,0.75939999999999996,0.1171,0,0.47460000000000002,0,0,1.3511,0.87649999999999995]
["E9063","Equipamento de estabilização dinâmica da via - 300 kW",30084171.710000001,1203.3669,510.45319999999998,0,1203.3669,194.8176,43.835999999999999,3155.8406,1757.6560999999999]
["E9064","Transportador manual gerica com capacidade de 180 l",1087.9476,1.0879000000000001,5.0299999999999997E-2,0,0.54400000000000004,0,0,1.6821999999999999,1.1382000000000001]
["E9065","Carro controle ferroviário - 186 kW",32872501.608199999,1314.9001000000001,557.76419999999996,0,1150.5376000000001,120.7869,43.835999999999999,3187.8247999999999,1916.5002999999999]
["E9066","Grupo gerador - 14 kVA",65836.830199999997,4.6086,1.2185999999999999,0,3.2917999999999998,11.3102,0,20.429200000000002,5.8272000000000004]
["E9067","Veículo ferroviário para capina química com capacidade de 12.000 l - 115 kW",1700916.4356,68.036699999999996,28.860299999999999,0,42.5229,74.680099999999996,27.6724,241.7724,124.5694]
["E9068","Perfuratriz hidráulica rotopercussiva para CCPH - 123 kW",5680737.102,454.459,105.1504,0,454.459,99.843999999999994,34.255099999999999,1148.1675,593.86450000000002]
["E9069","Vibrador de imersão para concreto - 4,10 kW",4342.9857000000002,0.86860000000000004,0.10050000000000001,0,0.54290000000000005,7.9574999999999996,0,9.4695,0.96909999999999996]
["E9070","Ponte rolante com capacidade de 5 t e vão de até 15 m - 10 kW",414722.1054,18.432099999999998,7.1078999999999999,0,11.520099999999999,0,27.6724,64.732500000000002,53.212400000000002]
["E9071","Transportador manual carrinho de mão com capacidade de 80 l",467.8449,0.46779999999999999,2.1600000000000001E-2,0,0.2339,0,0,0.72330000000000005,0.4894]
["E9072","Martelo hidráulico vibratório com unidade hidráulica - 486 kW",3419950.7749999999,455.99340000000001,70.337000000000003,0,398.99430000000001,394.50560000000002,43.835999999999999,1363.6663000000001,570.16639999999995]
["E9073","Bomba de concreto rebocável com capacidade de 30 m³/h - 74 kW",504181.14010000002,50.418100000000003,9.7211999999999996,0,50.418100000000003,76.087100000000007,27.6724,214.3169,87.811700000000002]
["E9074","Tanque de estocagem de asfalto com agitadores de 60.000 l",882570.08070000005,117.676,18.151499999999999,0,73.547499999999999,0,0,209.375,135.82749999999999]
["E9075","Trado cavadeira de 12\"",160.0521,0.08,4.8999999999999998E-3,0,0.04,0,0,0.1249,8.4900000000000003E-2]
["E9076","Equipamento para pintura eletrostática com cabine dupla de 7,00 kW e estufa de 80.000 kCal",164067.35870000001,10.5472,2.8923000000000001,0,5.8594999999999997,0,27.6724,46.971400000000003,41.111899999999999]
["E9077","Perfuratriz de circulação reversa tipo Wirth ou similar com unidade hidráulica (Power Pack) - 273 kW",4851582.28,388.1266,89.802800000000005,0,388.1266,147.73670000000001,34.255099999999999,1048.0478000000001,512.18449999999996]
["E9078","Treliça lançadeira com capacidade de carga de 100 a 120 t e vão máximo de 45 m - 110 kW",3544605.7143000001,157.53800000000001,60.750599999999999,0,98.461299999999994,0,43.835999999999999,360.58589999999998,262.12459999999999]
["E9079","Bomba submersível com capacidade de 360 m³/h - 23 kW",179452.2574,17.9452,3.4601000000000002,0,15.7021,0,0,37.107399999999998,21.4053]
["E9080","Carrelone com capacidade máxima de 70 t",1830025.3907000001,82.351100000000002,31.050999999999998,0,45.750599999999999,0,27.6724,186.82509999999999,141.0745]
["E9081","Fischietti simples com capacidade de 70 t",106653.57150000001,4.7994000000000003,1.8096000000000001,0,2.6663000000000001,0,0,9.2752999999999997,6.609]
["E9083","Vagão fechado FLT com capacidade de 99 t",868455.30130000005,13.750500000000001,13.842499999999999,0,7.2370999999999999,0,0,34.830100000000002,27.593]
["E9084","Vagão tanque convencional TCT com capacidade de 97 t e 103.000 l",1264142.0360000001,20.015599999999999,20.1494,0,10.5345,0,0,50.6995,40.164999999999999]
["E9085","Vagão gôndola GDE com capacidade de 93,5 t / 29 m³",637209.80680000002,10.0892,10.156599999999999,0,5.3101000000000003,0,0,25.555900000000001,20.245799999999999]
["E9086","Bomba de concreto rebocável com capacidade de 41 m³/h - 74 kW",524265.23269999999,52.426499999999997,10.108499999999999,0,52.426499999999997,76.087100000000007,27.6724,218.721,90.207400000000007]
["E9089","Roçadeira costal - 1,40 kW",3280.7570000000001,0.49209999999999998,6.7500000000000004E-2,0,0.38279999999999997,8.5397999999999996,0,9.4822000000000006,0.55959999999999999]
["E9093","Veículo leve - 53 kW (sem motorista)",78528.066000000006,4.7117000000000004,1.4536,0.58899999999999997,4.7117000000000004,26.4511,0,37.917099999999998,6.7542999999999997]
["E9094","Guindaste móvel sobre pneus com 6 eixos com capacidade máxima de 350 t - 450 kW",21332095.43,746.62329999999997,361.95229999999998,146.65819999999999,959.9443,121.761,33.873199999999997,2370.8123000000001,1289.107]
["E9095","Guindaste móvel sobre pneus com 8 eixos com capacidade máxima de 500 t - 500 kW",36310858.009999998,1270.8800000000001,616.10450000000003,249.6371,1633.9885999999999,135.29,33.873199999999997,3939.7734,2170.4947999999999]
["E9096","Minicarregadeira de pneus - 45,50 kW",407727.12910000002,35.676099999999998,7.8615000000000004,0,35.676099999999998,61.557000000000002,34.255099999999999,175.0258,77.792699999999996]
["E9101","Removedora de faixas de sinalização viária - 9,69 kW",50851.892999999996,4.0682,0.94130000000000003,0,3.5596000000000001,18.806899999999999,0,27.376000000000001,5.0095000000000001]
["E9102","Extrusora para sarjeta de concreto - 10,44 kW",82797.185700000002,6.6238000000000001,1.5326,0,5.7957999999999998,8.4746000000000006,27.6724,50.099200000000003,35.828800000000001]
["E9103","Extrusora para meio-fio de concreto - 10,44 kW",68010.319799999997,5.4408000000000003,1.2588999999999999,0,4.7606999999999999,8.4746000000000006,27.6724,47.607399999999998,34.372100000000003]
["E9105","Embarcação empurradora multipropósito - 2 x 186 kW",5421155.1270000003,62.055300000000003,31.162299999999998,0,137.9008,382.49189999999999,137.197,750.80730000000005,230.41460000000001]
["E9106","Balsa de convés com capacidade de 200 t",1941056.8711999999,22.219100000000001,11.1577,0,37.031799999999997,0,29.463000000000001,99.871600000000001,62.839799999999997]
["E9107","Compactador manual com soquete vibratório - 2,24 kW",11620.2441,2.3239999999999998,0.26889999999999997,0,2.3239999999999998,4.3475000000000001,0,9.2644000000000002,2.5929000000000002]
["E9108","Soldadora de trilho por caldeamento na via - 400 kW",10000000,160,160.41999999999999,0,200,259.7568,87.671999999999997,867.84879999999998,408.09199999999998]
["E9110","Escavadeira hidráulica sobre esteiras para rocha com caçamba com capacidade de 1,56 m³ - 118 kW",1195443.263,119.54430000000001,23.708200000000001,0,119.54430000000001,121.32810000000001,34.255099999999999,418.38,177.5076]
["E9111","Jateador abrasivo úmido com capacidade de 350 kg de abrasivo",341415.47889999999,61.454799999999999,7.3728999999999996,0,61.454799999999999,0,27.6724,157.95490000000001,96.500100000000003]
["E9112","Sinalizador direcional móvel com sistema fotovoltaico de energia e montado em chassi sobre pneus",22806.083600000002,2.5657000000000001,0.43969999999999998,0,1.4254,0,0,4.4307999999999996,3.0053999999999998]
["E9113","Painel de Mensagem Variável - PMV móvel, com sistema fotovoltaico de energia e montado em chassi sobre pneus",171795.50539999999,19.327000000000002,3.3123999999999998,0,10.7372,0,0,33.376600000000003,22.639399999999998]
["E9116","Semáforo móvel com 3 lentes e bateria - D = 200 mm",8109.2439000000004,0.9123,0.15640000000000001,0,0.50680000000000003,0,0,1.5754999999999999,1.0687]
["E9117","Carregadeira de pneus para rocha com capacidade de 2,50 m³ - 105 kW",1001598.468,80.0364,18.977,0,80.0364,107.9614,34.255099999999999,321.2663,133.26849999999999]
["E9118","Cortadora de pavimento com disco diamantado de 450 a 1.500 mm - 55,40 kW",488599.2402,65.146600000000007,10.0489,0,65.146600000000007,44.970399999999998,27.6724,212.98490000000001,102.86790000000001]
["E9119","Minicarregadeira sobre pneus com valetadeira - 55,40 kW",778219.56499999994,68.094200000000001,15.005000000000001,0,68.094200000000001,74.950699999999998,34.255099999999999,260.39920000000001,117.35429999999999]
["E9120","Equipamento de cravação sobre esteira para geodreno com haste para profundidade de até 20 m - 258 kW",2598970.702,151.60659999999999,46.770600000000002,0,151.60659999999999,181.5051,27.6724,559.16129999999998,226.0496]
["E9122","Perfuratriz tipo Bottom Feed para coluna de brita - 194 kW",7326512.1109999996,586.12099999999998,135.61369999999999,0,586.12099999999998,104.985,34.255099999999999,1447.0958000000001,755.98979999999995]
["E9125","Veículo tipo van furgão com capacidade de 1,38 t - 100 kW",227116.4669,11.3558,4.0872000000000002,1.6560999999999999,11.3558,27.058,32.568600000000004,88.081500000000005,49.667700000000004]
["E9126","Draga backhoe com capacidade de 7 m³ - 1.000 kW",193174186.09999999,5174.3086000000003,1667.2197000000001,0,11498.4635,1028.204,64.727699999999999,19432.923500000001,6906.2560000000003]
["E9127","Escavadeira hidráulica com martelo hidráulico de 520 kg - 75 kW",901312.57660000003,103.0072,17.875,0,128.75890000000001,52.763100000000001,34.255099999999999,336.65929999999997,155.13730000000001]
["E9134","Miniônibus com capacidade para 30 passageiros - 111 kW",677579.57590000005,29.039100000000001,11.944800000000001,4.8399000000000001,43.558700000000002,114.1306,35.479399999999998,238.99250000000001,81.303200000000004]
["E9141","Rebarbador hidráulico com bomba manual com capacidade de força de 9.000 kgf",96017.345199999996,7.6814,1.7773000000000001,0,4.8009000000000004,0,0,14.259600000000001,9.4587000000000003]
["E9144","Pórtico metálico rolante com talha com capacidade de 5 t - 10 kW",306730.96639999998,13.6325,5.2569999999999997,0,8.5203000000000007,0,27.6724,55.0822,46.561900000000001]
["E9148","Macaco de protensão de fios com bomba - 3,72 kW",100936.27929999999,5.7678000000000003,1.7794000000000001,0,5.7678000000000003,0,43.835999999999999,57.151000000000003,51.383200000000002]
["E9149","Máquina de aplicação e extração de grampo elástico tipo Pandrol - 6,70 kW",273671.94160000002,21.893799999999999,5.0656999999999996,0,21.893799999999999,10.403,0,59.256300000000003,26.959499999999998]
["E9151","Britador de mandíbulas móvel sobre esteiras, sem peneira, com capacidade de 140 m³/h - 170 kW",2976123.0129999998,158.72659999999999,52.0276,0,158.72659999999999,165.595,43.835999999999999,578.91179999999997,254.59020000000001]
["E9152","Ferramenta de fixação à pólvora de ação direta",1167.5028,9.9199999999999997E-2,2.1600000000000001E-2,0,9.3399999999999997E-2,0,0,0.2142,0.1208]
["E9153","Ferramenta de fixação à pólvora e sistema à pistão",1074.2545,9.1300000000000006E-2,1.9900000000000001E-2,0,8.5900000000000004E-2,0,0,0.1971,0.11119999999999999]
["E9154","Equipamento para selagem com material asfáltico rebocável com capacidade de 370 l - 35 kW",463653.94260000001,83.457700000000003,10.012600000000001,0,27.819199999999999,28.410900000000002,27.6724,177.37280000000001,121.1427]
["E9155","Caldeira de asfalto rebocável com capacidade de 600 l - 5,20 kW",151744.163,22.761600000000001,3.1208999999999998,0,7.5872000000000002,3.9396,0,37.409300000000002,25.8825]
["E9156","Soprador de ar costal - 2,6 kW",2620.1592999999998,0.41920000000000002,5.6599999999999998E-2,0,0.36680000000000001,5.0461999999999998,0,5.8887999999999998,0.4758]
["E9157","Locomotiva diesel-elétrica CC - bitola métrica - 2.237 kW",8823659.4910000004,141.17859999999999,141.54910000000001,0,176.47319999999999,1452.6899000000001,35.013300000000001,1946.9041,317.74099999999999]
["E9158","Locomotiva diesel-elétrica CC - bitola larga - 2.237 kW",9213768.9279999994,147.4203,147.8073,0,184.27539999999999,1452.6899000000001,35.013300000000001,1967.2062000000001,330.24090000000001]
["E9159","Vagão plataforma PNE com capacidade de 82 t - bitola métrica",756429.70620000002,11.976800000000001,12.056900000000001,0,6.3036000000000003,0,0,30.337299999999999,24.0337]
["E9160","Vagão plataforma PNT com capacidade de 98 t - bitola larga",986647.44290000002,15.6219,15.7263,0,8.2220999999999993,0,0,39.570300000000003,31.348199999999999]
["E9161","Vagão fechado com porta para carga e descarga de paletes FLD com capacidade de 64 t - bitola métrica",750263.15969999996,11.879200000000001,11.958600000000001,0,6.2522000000000002,0,0,30.09,23.837800000000001]
["E9162","Vagão fechado com porta para carga e descarga de paletes FLT com capacidade de 99 t - bitola larga",868455.30130000005,13.750500000000001,13.842499999999999,0,7.2370999999999999,0,0,34.830100000000002,27.593]
["E9163","Vagão hopper aberto com descarga automática HNE com capacidade de 45 m³ - bitola métrica",904426.82259999996,14.3201,14.415800000000001,0,7.5369000000000002,0,0,36.272799999999997,28.735900000000001]
["E9164","Vagão hopper aberto com descarga automática HNT com capacidade de 63 m³ - bitola larga",1162201.389,18.401499999999999,18.5245,0,9.6850000000000005,0,0,46.610999999999997,36.926000000000002]
["E9167","Equipamento para carga e descarga de TLS de até 250 m - 90 kW",2825178.9739999999,45.2029,45.3215,0,56.503599999999999,58.445300000000003,43.835999999999999,249.30930000000001,134.3604]
["E9168","Carregadeira de pneus com implemento de garfo - 195 kW",1497410.452,131.02340000000001,28.8719,0,131.02340000000001,84.421000000000006,34.255099999999999,409.59480000000002,194.15039999999999]
["E9200","Carregadeira de pneus para rocha com capacidade de 2,50 m³ - 105 kW com periculosidade",1001598.468,80.0364,18.977,0,80.0364,107.9614,42.3108,329.322,141.32419999999999]
["E9203","Escavadeira hidráulica com martelo hidráulico de 1.700 kg - 103 kW com periculosidade",2061350.4380000001,235.5829,40.881,0,294.47859999999997,72.461299999999994,42.3108,685.71460000000002,318.7747]
["E9204","Perfuratriz sobre esteiras - 145 kW com periculosidade",2035646.5497999999,162.85169999999999,37.6798,0,162.85169999999999,117.70229999999999,42.3108,523.3963,242.84229999999999]
["E9205","Equipamento de corte a plasma CNC - 12.000 x 5.500 mm - 19,5 kW",1050319.5549999999,84.025599999999997,19.441400000000002,0,63.019199999999998,0,0,166.4862,103.467]
["E9206","Equipamento de solda MIG automática com acessórios - 14,6 kVA",89120.286300000007,11.8827,1.8329,0,11.8827,0,0,25.598299999999998,13.7156]
["E9207","Máquina de solda elétrica retificadora 425 A - 18,70 kW",8151.9548000000004,1.0869,0.16769999999999999,0,1.0869,0,0,2.3414999999999999,1.2545999999999999]
["E9209","Martelete perfurador/rompedor a ar comprimido de 25 kg para rocha, com insalubridade, com capacidade de 2.040 gpm",25123.644499999999,3.3498000000000001,0.51670000000000005,0,3.3498000000000001,0,35.467799999999997,42.684100000000001,39.334299999999999]
["E9213","Jumbo eletro-hidráulico com 3 braços - 155 kW/237 kW com periculosidade",14124149.43,807.09429999999998,248.98859999999999,0,1008.8678,176.14760000000001,54.791400000000003,2295.8897000000002,1110.8742999999999]
["E9231","Maçarico lança-chamas a gás liquefeito de petróleo (GLP)",84.674899999999994,1.1299999999999999E-2,1.6999999999999999E-3,0,1.1299999999999999E-2,0,0,2.4299999999999999E-2,1.2999999999999999E-2]
["E9239","Miniônibus com capacidade para 30 passageiros - 111 kW (sem motorista)",677579.57590000005,29.039100000000001,11.944800000000001,4.8399000000000001,43.558700000000002,114.1306,0,203.51310000000001,45.823799999999999]
["E9240","Ônibus com capacidade para 80 passageiros - 175 kW (sem motorista)",1047824.181,44.906799999999997,18.471599999999999,7.4844999999999997,67.360100000000003,179.9357,0,318.15870000000001,70.862899999999996]
["E9242","Estação transmissora de superfície para televisionamento",15639.0872,1.0054000000000001,0.2757,0,0.5585,0,0,1.8395999999999999,1.2810999999999999]
["E9243","Câmara hiperbárica com filtro, serpentina e reservatório de ar para mergulho raso - D = 1,80 m e H = 2,22 m",630642.77040000004,11.036199999999999,10.214,0,15.7661,0,57.743699999999997,94.76,78.993899999999996]
["E9244","Estação transmissora de superfície para comunicação sem fio",39861.438499999997,2.5625,0.70269999999999999,0,1.4236,0,0,4.6887999999999996,3.2652000000000001]
["E9245","Estação transmissora de superfície para comunicação com fio",6680.9669000000004,0.42949999999999999,0.1178,0,0.23860000000000001,0,0,0.78590000000000004,0.54730000000000001]
["E9246","Painel de controle de ar com manômetros e pneufatômetros",12820.899299999999,0.82420000000000004,0.22600000000000001,0,0.45789999999999997,0,0,1.5081,1.0502]
["E9247","Sistema de Sino aberto (sinete) para mergulho até 50 m - 33,50 kW",397855.50839999999,35.364899999999999,7.5007000000000001,0,35.364899999999999,0,57.743699999999997,135.9742,100.6093]
["E9248","Sistema de ar comprimido para mergulho até 30 m com pressão de trabalho de 1,4 MPa - 7,46 kW",53973.3534,4.3178999999999998,0.999,0,4.3178999999999998,6.8630000000000004,0,16.497800000000002,5.3169000000000004]
["E9249","Sistema de ar comprimido para mergulho até 50 m com pressão de trabalho de 1,7 MPa - 16,18 kW",81337.637400000007,6.5069999999999997,1.5056,0,6.5069999999999997,14.8851,0,29.404699999999998,8.0126000000000008]
["E9251","Fonte de plasma para corte manual - 65A - 15 kW",32637.724999999999,4.3517000000000001,0.67120000000000002,0,4.3517000000000001,0,0,9.3745999999999992,5.0228999999999999]
["E9252","Serra de esquadria com braço telescópico - D = 250 mm (10\") - 1,80 kW",3975.0475000000001,0.35780000000000001,7.3599999999999999E-2,0,0.1988,0,0,0.63019999999999998,0.43140000000000001]
["E9253","Rebordeadeira diâmetro máximo 3,00 m - 4,85 kW",70660.176000000007,2.8264,1.1989000000000001,0,2.4731000000000001,0,0,6.4984000000000002,4.0252999999999997]
["E9254","Dobradeira viradeira manual comprimento máximo de dobra de até 2.000 mm",18984.992099999999,0.75939999999999996,0.3221,0,0.66449999999999998,0,0,1.746,1.0814999999999999]
["E9255","Fonte de plasma para corte manual - 45A - 10 kW",21604.724999999999,2.8805999999999998,0.44429999999999997,0,2.8805999999999998,0,0,6.2054999999999998,3.3249]
["E9256","Equipamento para pintura com cal rebocável com dois bicos aplicadores e capacidade de 2.200 l",62738.900500000003,6.2739000000000003,1.2097,0,6.2739000000000003,0,27.6724,41.429900000000004,35.155999999999999]
["E9259","Ventilador centrífugo média pressão com capacidade de 38 m³/min - 2,21 kW",17062.755300000001,1.5356000000000001,0.31580000000000003,0,1.0238,0,0,2.8752,1.8513999999999999]
["E9260","Detector de gases com bomba elétrica para espaço confinado",4543,0.3634,8.4099999999999994E-2,0,0.22720000000000001,0,0,0.67469999999999997,0.44750000000000001]
["E9261","Equipamento de pintura com pistola airless - 0,90 kW",2290.6876999999999,0.4123,4.9500000000000002E-2,0,0.2291,0,0,0.69089999999999996,0.46179999999999999]
["E9262","Escova rotativa com cerdas de aço para tratamento de superfície - 0,91 kW",20886.621899999998,2.7848999999999999,0.42959999999999998,0,1.7405999999999999,0,27.6724,32.627499999999998,30.886900000000001]
["E9263","Tripé com guincho para espaço confinado",10081.915300000001,0.8962,0.19009999999999999,0,0.67210000000000003,0,0,1.7584,1.0863]
["E9264","Respirador purificador de ar motorizado",8816.5598000000009,0.70530000000000004,0.16320000000000001,0,0.44080000000000003,0,0,1.3092999999999999,0.86850000000000005]
["E9265","Respirador de adução de ar tipo linha de ar comprimido para jateamento",17997.5491,1.4398,0.33310000000000001,0,0.89990000000000003,0,0,2.6728000000000001,1.7728999999999999]
["E9267","Exaustor centrífugo alta pressão com capacidade de 35 m³/min - 1,47 kW",6288.3126000000002,0.56589999999999996,0.1164,0,0.37730000000000002,0,0,1.0596000000000001,0.68230000000000002]
["E9501","Ventilador axial para ventilação forçada com velocidade de saída de 32,8 m/s - D = 1.000 mm - 30 kW",458539.20199999999,41.268500000000003,8.4876000000000005,0,27.5124,0,0,77.268500000000003,49.756100000000004]
["E9502","Bate-estaca de gravidade para 6 t - 119 kW",978437.81200000003,130.45840000000001,20.123200000000001,0,97.843800000000002,83.717500000000001,34.255099999999999,366.39800000000002,184.83670000000001]
["E9503","Guilhotina hidráulica 16 x 6.100 mm - 30 kW",1330089.0060000001,53.203600000000002,22.568300000000001,0,46.553100000000001,0,27.6724,149.9974,103.4443]
["E9505","Prensa dobradeira capacidade 320 t - comprimento até 3.100 mm - 30 kW",930243.66669999994,37.209699999999998,15.783899999999999,0,32.558500000000002,0,27.6724,113.22450000000001,80.665999999999997]
["E9507","Plotadora de recorte com computador e programa computacional",95278.081900000005,14.291700000000001,1.9596,0,9.5277999999999992,0,0,25.7791,16.251300000000001]
["E9510","Ventilador centrífugo baixa pressão com capacidade de 58 m³/min - 3,68 kW",14574.323399999999,1.3117000000000001,0.26979999999999998,0,0.87450000000000006,0,0,2.456,1.5814999999999999]
["E9511","Carregadeira de pneus com capacidade de 3,40 m³ - 195 kW",2163026.8309999998,189.26480000000001,41.7059,0,189.26480000000001,84.421000000000006,34.255099999999999,538.91160000000002,265.22579999999999]
["E9512","Veículo leve - 53 kW",78528.066000000006,4.7117000000000004,1.4536,0.58899999999999997,4.7117000000000004,26.4511,32.568600000000004,70.485699999999994,39.322899999999997]
["E9513","Compressor de ar portátil de 160,46 l/s (340 PCM) - 81 kW",338802.48090000002,27.104199999999999,6.2712000000000003,0,27.104199999999999,74.517700000000005,0,134.9973,33.375399999999999]
["E9514","Distribuidor de agregados sobre pneus autopropelido - 130 kW",983003.52119999996,98.300399999999996,18.953499999999998,0,86.012799999999999,133.66650000000001,34.255099999999999,371.18830000000003,151.50899999999999]
["E9515","Escavadeira hidráulica sobre esteiras com caçamba com capacidade de 1,56 m³ - 118 kW",1195443.263,104.60129999999999,23.049600000000002,0,104.60129999999999,83.013900000000007,34.255099999999999,349.52120000000002,161.90600000000001]
["E9516","Perfuratriz hidráulica sobre esteiras - 283 kW",8085309.7920000004,646.82479999999998,149.6591,0,646.82479999999998,153.14830000000001,34.255099999999999,1630.7121,830.73900000000003]
["E9518","Grade de 24 discos rebocável de D = 60 cm (24\")",43054.930899999999,2.7677999999999998,0.75900000000000001,0,1.5377000000000001,0,0,5.0644999999999998,3.5268000000000002]
["E9519","Betoneira com motor a gasolina com capacidade de 600 l - 10 kW",40357.0533,6.4570999999999996,0.87150000000000005,0,4.8428000000000004,19.4086,27.6724,59.252400000000002,35.000999999999998]
["E9521","Grupo gerador - 3,2 kVA",3559.3744000000002,0.31140000000000001,6.8599999999999994E-2,0,0.2225,4.6136999999999997,0,5.2161999999999997,0.38]
["E9522","Caldeira de asfalto rebocável com capacidade de 1.500 l - 6,5 kW",212288.6409,31.843299999999999,4.3661000000000003,0,10.6144,4.9245999999999999,0,51.748399999999997,36.209400000000002]
["E9523","Motoscraper - 304 kW",6193435.8870000001,330.31659999999999,108.27160000000001,0,371.6062,263.22019999999998,34.255099999999999,1107.6696999999999,472.8433]
["E9524","Motoniveladora - 93 kW",1301890.862,91.132400000000004,24.097999999999999,0,117.17019999999999,75.491799999999998,34.255099999999999,342.14749999999998,149.4855]
["E9525","Ponte rolante com capacidade de 15 t e vão de até 15 m - 20 kW",3646202.1779999998,162.05340000000001,62.491900000000001,0,101.2834,0,55.344799999999999,381.17349999999999,279.89010000000002]
["E9526","Retroescavadeira de pneus - capacidade da caçamba da pá-carregadeira de 0,76 m³ e da retroescavadeira de 0,29 m³ - 58 kW ",484567.13630000001,35.704900000000002,9.048,0,35.704900000000002,40.8035,34.255099999999999,155.5164,79.007999999999996]
["E9527","Martelete perfurador/rompedor a ar comprimido de 25 kg para rocha com capacidade de 2.040 gpm",25123.644499999999,3.3498000000000001,0.51670000000000005,0,3.3498000000000001,0,27.6724,34.8887,31.538900000000002]
["E9528","Empilhadeira a diesel com capacidade de 4 t - 60 kW",568502.56319999998,45.480200000000004,10.523,0,39.795200000000001,48.7044,27.6724,172.17519999999999,83.675600000000003]
["E9529","Jateador para estruturas metálicas com transportador a roletes - 22 kW",5080607.9084999999,812.89729999999997,109.7157,0,609.67290000000003,0,27.6724,1559.9583,950.28539999999998]
["E9530","Rolo compactador liso vibratório autopropelido por pneus de 11 t - 97 kW",960990.0074,76.879199999999997,17.7879,0,76.879199999999997,83.988,34.255099999999999,289.7894,128.9222]
["E9532","Equipamento de solda MIG com acessórios - 14,6 kVA",85530.178599999999,11.404,1.7591000000000001,0,11.404,0,0,24.5671,13.1631]
["E9535","Serra circular com bancada - D = 30 cm - 4 kW",7432.6277,0.66890000000000005,0.1376,0,0.37159999999999999,0,27.6724,28.8505,28.478899999999999]
["E9536","Embarcação de transporte de pessoal e apoio logístico - 30 kW",154150.717,1.7645,0.8861,0,1.9605999999999999,66.543599999999998,42.121000000000002,113.2758,44.771599999999999]
["E9538","Conjunto vibratório para meio tubo de concreto com encaixe PB e 3 jogos de fôrmas - D = 0,30 m - 2,20 kW",16101.3915,2.1469,0.33119999999999999,0,1.6101000000000001,0,0,4.0881999999999996,2.4781]
["E9539","Equipamento de batimetria monofeixe",108493.4418,4.9665999999999997,1.8438000000000001,0,2.7591999999999999,0,36.679400000000001,46.249000000000002,43.489800000000002]
["E9540","Trator sobre esteiras com lâmina - 127 kW",1729014.1880000001,121.03100000000001,32.004100000000001,0,172.9014,96.218199999999996,34.255099999999999,456.40980000000002,187.2902]
["E9541","Trator sobre esteiras com lâmina - 259 kW",4841044.3540000003,294.67230000000001,87.659700000000001,0,420.96039999999999,196.22460000000001,34.255099999999999,1033.7720999999999,416.58710000000002]
["E9543","Compressor de ar respirável com capacidade de até 35 MPa e 3,58 l/s - 5,52 kW",76048.122000000003,6.0838000000000001,1.4077,0,6.0838000000000001,0,0,13.5753,7.4915000000000003]
["E9544","Vassoura mecânica rebocável com largura de 2,44 m",85352.532600000006,9.6021999999999998,1.6456999999999999,0,6.4013999999999998,0,0,17.6493,11.2479]
["E9545","Vibroacabadora de asfalto sobre esteiras - 97 kW",1615926.9350000001,141.39359999999999,31.1571,0,181.79179999999999,99.735799999999998,43.835999999999999,497.91430000000003,216.38669999999999]
["E9547","Máquina de solda elétrica transformadora 250 A - 9,20 kW",1166.0332000000001,0.1555,2.4E-2,0,0.1555,0,0,0.33500000000000002,0.17949999999999999]
["E9548","Bomba centrífuga com capacidade de 7,1 a 22 m³/h - 1,50 kW",2617.8226,0.26179999999999998,5.0500000000000003E-2,0,0.2291,0,0,0.54139999999999999,0.31230000000000002]
["E9551","Obturador mecânico simples com extensão de 12 m",4901.4300999999996,0.44109999999999999,9.0700000000000003E-2,0,0.24510000000000001,0,0,0.77690000000000003,0.53180000000000005]
["E9552","Nível ótico com capacidade de aumento de 32x",15452.732400000001,1.2362,0.28599999999999998,0,0.77259999999999995,0,0,2.2948,1.5222]
["E9553","Estação total eletrônica com alcance máximo de 3.000 m",51066.536099999998,4.5960000000000001,0.94520000000000004,0,2.5533000000000001,0,0,8.0945,5.5411999999999999]
["E9556","Compactador manual de placa vibratória - 3,00 kW",10935.4373,2.1871,0.253,0,2.1871,5.8226000000000004,0,10.4498,2.4401000000000002]
["E9558","Tanque de estocagem de asfalto com capacidade de 30.000 l",703906.35970000003,93.854200000000006,14.477,0,58.658900000000003,0,0,166.99010000000001,108.3312]
["E9559","Aquecedor de fluido térmico - 12 kW",808022.23129999998,121.2033,16.618300000000001,0,80.802199999999999,9.7408999999999999,0,228.3647,137.82159999999999]
["E9560","Ônibus com capacidade para 80 passageiros - 175 kW",1047824.181,44.906799999999997,18.471599999999999,7.4844999999999997,67.360100000000003,179.9357,35.479399999999998,353.63810000000001,106.34229999999999]
["E9561","GPS geodésico de simples frequência (L1)",49587.438000000002,3.9670000000000001,0.91790000000000005,0,2.4794,0,0,7.3643000000000001,4.8849]
["E9562","GPS geodésico de dupla frequência (L1/L2)",127542.1297,10.2034,2.3607999999999998,0,6.3771000000000004,0,0,18.941299999999998,12.5642]
["E9563","Perfuratriz hidráulica sobre esteiras com clamshell - 220 kW",4883087.5787000004,390.64699999999999,90.385999999999996,0,390.64699999999999,119.0552,34.255099999999999,1024.9902999999999,515.28809999999999]
["E9565","Trator sobre esteiras com lâmina e escarificador - 259 kW",4961677.17,302.01510000000002,89.844099999999997,0,431.4502,196.22460000000001,34.255099999999999,1053.7891,426.11430000000001]
["E9566","Guindaste móvel sobre esteiras com clamshell de 1,9 m³ - 220 kW",4423342.3530000001,193.52119999999999,76.758799999999994,0,276.45890000000003,59.5276,43.835999999999999,650.10249999999996,314.11599999999999]
["E9567","Fresadora de piso de concreto - 6,7 kW",17422.663799999998,2.323,0.35830000000000001,0,2.323,13.0037,0,18.007999999999999,2.6812999999999998]
["E9568","Furadeira de impacto de 12,5 mm - 0,80 kW",1556.3475000000001,0.20749999999999999,3.2000000000000001E-2,0,0.12970000000000001,0,0,0.36919999999999997,0.23949999999999999]
["E9569","Guindaste móvel sobre esteiras com clamshell de 4,6 m³ - 403 kW",7230957.835,253.08349999999999,66.922499999999999,0,361.54790000000003,109.0437,87.671999999999997,878.26959999999997,407.678]
["E9570","Furadeira com base magnética - 1,20 kW",6763.9220999999998,0.90190000000000003,0.1391,0,0.6764,0,0,1.7174,1.0409999999999999]
["E9574","Perfuratriz sobre esteiras - 145 kW",2035646.5497999999,162.85169999999999,37.6798,0,162.85169999999999,117.70229999999999,34.255099999999999,515.34059999999999,234.78659999999999]
["E9576","Escavadeira hidráulica de longo alcance sobre esteiras - 103 kW",1184868.6340000001,103.676,22.845700000000001,0,103.676,72.461299999999994,34.255099999999999,336.91410000000002,160.77680000000001]
["E9577","Trator agrícola sobre pneus - 77 kW",362465.54719999997,36.246600000000001,6.9888000000000003,0,31.715699999999998,75.004800000000003,27.6724,177.6283,70.907799999999995]
["E9578","Conjunto vibratório para meio tubo de concreto com encaixe PB e 3 jogos de fôrmas - D = 0,40 m - 2,20 kW",17226.632799999999,2.2968999999999999,0.3543,0,1.7226999999999999,0,0,4.3738999999999999,2.6511999999999998]
["E9580","Fresadora e distribuidora com controle de greide - 287 kW",3602286.1940000001,420.26670000000001,74.087000000000003,0,600.38099999999997,279.56330000000003,43.835999999999999,1418.134,538.18970000000002]
["E9581","Carregadeira de pneus para rocha com capacidade de 1,72 m³ - 113 kW",782988.59550000005,62.567599999999999,14.835000000000001,0,62.567599999999999,116.1871,34.255099999999999,290.41239999999999,111.65770000000001]
["E9583","Distribuidor de agregados rebocável com capacidade de 1,9 m³",96155.797900000005,14.423400000000001,1.9776,0,9.6156000000000006,0,0,26.0166,16.401]
["E9584","Carregadeira de pneus com capacidade de 1,72 m³ - 113 kW",782988.59550000005,59.1892,14.686199999999999,0,59.1892,48.920900000000003,34.255099999999999,216.2406,108.1305]
["E9585","Motosserra com motor a gasolina - 2,30 kW",2195.6163000000001,0.98799999999999999,6.7699999999999996E-2,0,0.98799999999999999,4.4640000000000004,27.6724,34.180100000000003,28.728100000000001]
["E9586","Régua vibratória dupla com 4 m - 4,10 kW",6043.1172999999999,1.0878000000000001,0.1305,0,0.84599999999999997,7.9574999999999996,0,10.021800000000001,1.2182999999999999]
["E9587","Serra para corte de concreto - 4 kW",11216.9128,1.4956,0.23069999999999999,0,1.3086,7.7633999999999999,0,10.798299999999999,1.7262999999999999]
["E9588","Vibroacabadora de concreto sobre esteiras com fôrmas deslizantes - 205 kW",6543637.8470000001,572.56830000000002,126.1695,0,736.15930000000003,210.7818,43.835999999999999,1689.5148999999999,742.57380000000001]
["E9589","Máquina texturizadora e aplicadora de cura química em pavimento de concreto - 44,80 kW",1627757.8178000001,189.9051,33.477600000000002,0,189.9051,36.366,34.255099999999999,483.90890000000002,257.63780000000003]
["E9590","Central de concreto com capacidade de 40 m³/h - dosadora fixa",444309.73080000002,44.430999999999997,8.5668000000000006,0,38.877099999999999,0,43.835999999999999,135.71090000000001,96.833799999999997]
["E9591","Serra para corte de concreto e asfalto - 10 kW",21325.709200000001,2.8433999999999999,0.43859999999999999,0,2.488,19.4086,0,25.178599999999999,3.282]
["E9593","Draga hopper com capacidade de 750 m³",297067743.10000002,2678.4094,1682.8759,0,5952.0209000000004,649.39200000000005,171.3082,11134.0064,4532.5934999999999]
["E9594","Draga hopper com capacidade de 1.000 m³",322144314.10000002,2904.5037000000002,1824.9336000000001,0,6454.4526999999998,779.2704,200.77119999999999,12163.9316,4930.2084999999997]
["E9595","Draga hopper com capacidade de 2.000 m³",422450597.89999998,3808.8809000000001,2393.1642999999999,0,8464.1797999999999,1363.7231999999999,200.77119999999999,16230.7194,6402.8163999999997]
["E9596","Draga hopper com capacidade de 3.000 m³",522756881.60000002,4713.2581,2961.395,0,10473.9069,1948.1759999999999,357.78489999999999,20454.5209,8032.4380000000001]
["E9597","Draga hopper com capacidade de 4.000 m³",623063165.39999998,5617.6352999999999,3529.6257999999998,0,12483.634,2532.6288,419.14460000000003,24582.6685,9566.4056999999993]
["E9598","Draga hopper com capacidade de 5.000 m³",723369449.20000005,6522.0124999999998,4097.8564999999999,0,14493.3611,3117.0816,419.14460000000003,28649.456300000002,11039.0136]
["E9599","Central de concreto com capacidade de 30 m³/h - dosadora RS",312123.66629999998,31.212399999999999,6.0180999999999996,0,27.3108,0,43.835999999999999,108.37730000000001,81.066500000000005]
["E9601","Embarcação de transporte de pessoal e apoio logístico - 130 kW",500719.913,5.7317,2.8782999999999999,0,6.3685,288.35559999999998,42.121000000000002,345.45510000000002,50.731000000000002]
["E9603","Embarcação empurradora multipropósito com guindaste hidráulico de 74 kN.m - 165 kW",2293344.7349999999,26.2517,13.1828,0,58.337000000000003,169.65369999999999,137.197,404.62220000000002,176.63149999999999]
["E9606","Embarcação rebocadora - 2 x 268 kW",1161329.5290000001,13.2936,6.6756000000000002,0,29.5413,552.14549999999997,137.197,738.85299999999995,157.1662]
["E9607","Conjunto de britagem para rachão com capacidade de 80 m³/h - 224 kW",2368663.8160000001,126.3287,41.408200000000001,0,94.746600000000001,0,43.835999999999999,306.31950000000001,211.5729]
["E9609","Draga de sucção para extração de areia com tubo de descarga de 150 mm - 100 kW",670652.52159999998,14.3711,5.665,0,31.9358,81.174000000000007,35.264699999999998,168.41059999999999,55.300800000000002]
["E9610","Compressor de ar portátil de 42,48 l/s (90 PCM) - 18,50 kW",120009.1581,9.6006999999999998,2.2214,0,9.6006999999999998,17.019500000000001,0,38.442300000000003,11.822100000000001]
["E9611","Conjunto de britagem com capacidade de 80 m³/h - 313 kW",8528052.3880000003,454.8295,149.08459999999999,0,341.12209999999999,0,43.835999999999999,988.87220000000002,647.75009999999997]
["E9612","Plataforma flutuante montada na obra de 12 x 24 x 1,8 m com capacidade de 150 t",678053.29460000002,7.7615999999999996,3.8976000000000002,0,12.936,0,58.926000000000002,83.521199999999993,70.5852]
["E9613","Guindaste móvel sobre esteiras com pinça com capacidade de 40 t - 186 kW",7656418.1059999997,412.26870000000002,136.26949999999999,0,588.95519999999999,50.3279,43.835999999999999,1231.6573000000001,592.37419999999997]
["E9614","Bomba com capacidade de 136 m³/h e câmara de vácuo - 5,60 kW",11901.7345,0.95209999999999995,0.2203,0,0.83309999999999995,0,0,2.0055000000000001,1.1724000000000001]
["E9615","Usina misturadora de solos com capacidade de 300 t/h - 44 kW",1523097.2039999999,152.30969999999999,29.3672,0,133.27099999999999,0,34.255099999999999,349.20299999999997,215.93199999999999]
["E9617","Usina misturadora de pré-misturado a frio com capacidade de 60 t/h - 23,50 kW",255302.30619999999,25.530200000000001,4.9225000000000003,0,22.338999999999999,0,34.255099999999999,87.046800000000005,64.707800000000006]
["E9618","Batelão autopropelido com capacidade de 300 m³ - 224 kW",24157329.539999999,312.46550000000002,140.0949,0,694.36770000000001,72.731899999999996,105.30029999999999,1324.9603,557.86069999999995]
["E9619","Batelão autopropelido com capacidade de 500 m³ - 373 kW",29635386.710000001,383.322,171.86369999999999,0,851.82659999999998,121.1116,105.30029999999999,1633.4241999999999,660.48599999999999]
["E9620","Pontão flutuante de 15 x 30 x 1,8 m com capacidade de 500 t",3346521.3659999999,38.307299999999998,19.236699999999999,0,63.845399999999998,0,29.463000000000001,150.85239999999999,87.007000000000005]
["E9621","Bomba de injeção de argamassa e nata com capacidade de 1,08 m³/h (18 l/min) e misturador com tambor de 0,100 m³ - 6,20 kW",53252.689100000003,5.3253000000000004,1.0267999999999999,0,5.3253000000000004,0,27.6724,39.349800000000002,34.024500000000003]
["E9622","Máquina de bancada universal para corte de chapa - 1,50 kW",104107.864,5.9489999999999998,1.8352999999999999,0,4.4618000000000002,0,0,12.2461,7.7843]
["E9623","Máquina de bancada guilhotina - 4,00 kW",128293.9381,7.3311000000000002,2.2616000000000001,0,5.4983000000000004,0,0,15.090999999999999,9.5927000000000007]
["E9624","Draga hopper com capacidade de 10.000 m³",1224900868,11043.898499999999,6939.0102999999999,0,24541.996599999999,5325.0144,553.90790000000004,48403.827700000002,18536.816699999999]
["E9625","Draga hopper com capacidade de 15.000 m³",1726432287,15565.7845,9780.1640000000007,0,34590.6322,7662.8256000000001,583.86530000000005,68183.271599999993,25929.8138]
["E9626","Draga hopper com capacidade de 20.000 m³",2227963706,20087.6705,12621.3177,0,44639.267699999997,10065.575999999999,613.32830000000001,88027.160199999998,33322.316500000001]
["E9627","Embarcação hotel com capacidade para 15 pessoas - 199 kW",2499833.42,28.615300000000001,11.692,0,63.589599999999997,204.61259999999999,61.359699999999997,369.86919999999998,101.667]
["E9628","Fábrica de pré-moldado de concreto para balizador - 2,20 kW",14437.4773,1.925,0.2969,0,1.4437,0,0,3.6656,2.2219000000000002]
["E9629","Compressor de ar portátil de 185,95 l/s (394 PCM) - 81,50 kW",368658.63199999998,29.492699999999999,6.8239000000000001,0,29.492699999999999,74.977699999999999,0,140.78700000000001,36.316600000000001]
["E9630","Bomba submersível com capacidade de 75 m³/h - 3,6 kW",6276.3843999999999,0.62760000000000005,0.121,0,0.54920000000000002,0,0,1.2978000000000001,0.74860000000000004]
["E9631","Bomba para concreto projetado via seca com capacidade de 6 m³/h - 7,5 kW",303877.87680000003,34.728900000000003,6.0265000000000004,0,30.387799999999999,0,43.835999999999999,114.97920000000001,84.591399999999993]
["E9632","Conjunto vibratório para tubos de concreto com encaixe PB e 3 jogos de fôrmas - D = 0,20 m - 2,20 kW",46816.370199999998,6.2422000000000004,0.96289999999999998,0,4.6816000000000004,0,0,11.886699999999999,7.2050999999999998]
["E9633","Conjunto vibratório para tubos de concreto com encaixe PB e 3 jogos de fôrmas - D = 0,30 m - 2,20 kW",54033.434399999998,7.2045000000000003,1.1113,0,5.4032999999999998,0,0,13.719099999999999,8.3157999999999994]
["E9634","Conjunto vibratório para tubos de concreto com encaixe PB e 3 jogos de fôrmas - D = 0,40 m - 2,20 kW",59659.640299999999,7.9546000000000001,1.2270000000000001,0,5.9660000000000002,0,0,15.147600000000001,9.1815999999999995]
["E9635","Draga de sucção e recalque com potência da bomba de 294 kW e cortador de 30 kW",9112530.6239999998,104.31010000000001,52.381300000000003,0,231.80019999999999,238.6516,64.727699999999999,691.87090000000001,221.41909999999999]
["E9636","Draga de sucção e recalque com potência da bomba de 483 kW e cortador de 55 kW",15263122.4,174.71520000000001,87.736599999999996,0,388.2561,392.07040000000001,64.727699999999999,1107.5060000000001,327.17950000000002]
["E9637","Draga de sucção e recalque com potência da bomba de 746 kW e cortador de 110 kW",28539218.199999999,326.68520000000001,164.0513,0,725.96709999999996,605.55799999999999,94.190700000000007,1916.4522999999999,584.92719999999997]
["E9638","Draga de sucção e recalque com potência da bomba de 1.350 kW e cortador de 170 kW",43570348.899999999,498.7448,250.45439999999999,0,1108.3218999999999,1095.8489999999999,94.190700000000007,3047.5608000000002,843.38990000000001]
["E9639","Embarcação hotel com capacidade para 30 pessoas - 2 x 112 kW",3989698.037,45.669600000000003,18.6602,0,101.488,230.3177,137.197,533.33249999999998,201.52680000000001]
["E9640","Compressor de ar portátil de 33,51 l/s (71 PCM) - 14 kW",107554.5034,8.6044,1.9907999999999999,0,8.6044,12.8796,0,32.0792,10.5952]
["E9641","Compressor de ar portátil de 75,04 l/s (159 PCM) - 33 kW",162782.842,13.022600000000001,3.0131000000000001,0,13.022600000000001,30.359100000000002,0,59.417400000000001,16.035699999999999]
["E9642","Perfuratriz hidráulica sobre esteiras para estaca raiz - 56 kW",1836730.871,146.9385,33.997900000000001,0,146.9385,30.305,34.255099999999999,392.435,215.19149999999999]
["E9643","Equipamento para pintura a ar comprimido de pistola com caneca com capacidade de 1.000 ml e compressor de 1,50 kW",2848.8207000000002,0.25640000000000002,5.2699999999999997E-2,0,0.1424,0,0,0.45150000000000001,0.30909999999999999]
["E9646","Compressor de ar portátil de 58,52 l/s (124 PCM) - 27 kW",138921.1679,11.1137,2.5714000000000001,0,11.1137,24.839200000000002,0,49.637999999999998,13.6851]
["E9647","Compactador manual com soquete vibratório - 4,10 kW",12623.8388,2.5247999999999999,0.29210000000000003,0,2.5247999999999999,7.9574999999999996,0,13.299200000000001,2.8169]
["E9648","Compressor de ar portátil de 422,86 l/s (896 PCM) - 213 kW",809605.01080000005,64.7684,14.985799999999999,0,64.7684,195.95400000000001,0,340.47660000000002,79.754199999999997]
["E9649","Compressor de ar portátil de 94,39 l/s (200 PCM) - 36 kW",189679.89369999999,15.1744,3.5110000000000001,0,15.1744,33.119,0,66.978800000000007,18.685400000000001]
["E9651","Guindaste móvel sobre esteiras com Hammer Grab - 186 kW",4039894.4479999999,188.5284,70.624099999999999,0,269.3263,50.3279,43.835999999999999,622.64269999999999,302.98849999999999]
["E9652","Compressor de ar portátil de 540,85 l/s (1.146 PCM) - 331,10 kW",918579.15540000005,73.4863,17.0029,0,73.4863,304.60270000000003,0,468.57819999999998,90.489199999999997]
["E9653","Guindaste móvel sobre esteiras com trado para escavação em solos - 186 kW",5909231.091,318.18939999999998,105.1729,0,454.55619999999999,50.3279,43.835999999999999,972.08240000000001,467.19830000000002]
["E9654","Guindaste móvel sobre esteiras com trado com bits escavação em rocha - 186 kW",5909231.091,318.18939999999998,105.1729,0,454.55619999999999,50.3279,43.835999999999999,972.08240000000001,467.19830000000002]
["E9656","Guindaste móvel sobre esteiras com caçamba para escavação em solos - 186 kW",5892257.5029999996,317.27539999999999,104.87090000000001,0,453.25060000000002,50.3279,43.835999999999999,969.56079999999997,465.98230000000001]
["E9657","Guindaste móvel sobre esteiras com caçamba para escavação em rocha - 186 kW",5892257.5029999996,317.27539999999999,104.87090000000001,0,453.25060000000002,50.3279,43.835999999999999,969.56079999999997,465.98230000000001]
["E9660","Guindaste móvel sobre esteiras com capacidade de 40 t - 186 kW",3713626.4950000001,144.4188,63.647399999999998,0,206.3126,50.3279,43.835999999999999,508.54270000000002,251.90219999999999]
["E9661","Compressor de ar portátil de 89,67 l/s (190 PCM) - 36 kW",170413.12530000001,13.633100000000001,3.1543000000000001,0,13.633100000000001,33.119,0,63.539499999999997,16.787400000000002]
["E9662","Equipamento para solda e corte com oxiacetileno",3089.4776999999999,0.41189999999999999,6.3500000000000001E-2,0,0.41189999999999999,0,0,0.88729999999999998,0.47539999999999999]
["E9664","Guindaste móvel sobre esteiras com capacidade de 80 t - 212 kW",6451567.6979999999,225.8049,109.467,0,322.57839999999999,57.363,43.835999999999999,759.04930000000002,379.10789999999997]
["E9668","Mesa vibratória - 2,20 kW",13675.0627,1.8232999999999999,0.28129999999999999,0,1.3674999999999999,0,0,3.4721000000000002,2.1046]
["E9671","Compressor de ar portátil de 363,87 l/s (771 PCM) - 158,13 kW",565392.76540000003,45.231400000000001,10.465400000000001,0,45.231400000000001,145.4752,0,246.4034,55.696800000000003]
["E9673","Equipamento de batimetria multifeixe",2097140.3019999999,96.003399999999999,35.639200000000002,0,106.6704,0,73.358800000000002,311.67180000000002,205.00139999999999]
["E9674","Equipamento de medição de descarga líquida com ADCP",431157.30200000003,19.7376,7.3272000000000004,0,21.930700000000002,0,73.358800000000002,122.35429999999999,100.42359999999999]
["E9675","Martelete perfurador/rompedor elétrico - 1,50 kW",7634.5034999999998,1.0179,0.157,0,1.0179,0,0,2.1928000000000001,1.1749000000000001]
["E9676","Embarcação de transporte de pessoal e apoio logístico - 90 kW",650720.98439999996,7.4486999999999997,3.7404999999999999,0,8.2764000000000006,199.63079999999999,42.121000000000002,261.2174,53.310200000000002]
["E9677","Martelete perfurador/rompedor a ar comprimido de 10 kg com capacidade de 1.800 gpm",19296.910899999999,2.5729000000000002,0.39689999999999998,0,2.5729000000000002,0,27.6724,33.2151,30.642199999999999]
["E9678","Fresadora a frio - 455 kW",6755754.1140000001,788.17129999999997,138.94329999999999,0,1125.9590000000001,443.21,43.835999999999999,2540.1196,970.95060000000001]
["E9681","Rolo compactador liso tandem vibratório autopropelido de 10,4 t - 82 kW",930108.3162,93.010800000000003,17.933700000000002,0,93.010800000000003,119.8128,34.255099999999999,358.02319999999997,145.1996]
["E9682","Rolo compactador liso tandem vibratório autopropelido de 1,6 t - 18 kW",313508.91820000001,31.350899999999999,6.0448000000000004,0,31.350899999999999,26.3004,34.255099999999999,129.3021,71.650800000000004]
["E9683","Martelete perfurador/rompedor elétrico - 0,90 kW",5048.6687000000002,0.67320000000000002,0.1038,0,0.67320000000000002,0,0,1.4501999999999999,0.77700000000000002]
["E9684","Veículo leve picape 4 x 4 com capacidade de 1,10 t - 147 kW",277882.47200000001,16.672899999999998,5.1436000000000002,2.0840999999999998,16.672899999999998,39.775300000000001,32.568600000000004,112.9174,56.469200000000001]
["E9685","Rolo compactador pé de carneiro vibratório autopropelido por pneus de 11,6 t - 82 kW",787569.25089999998,63.005499999999998,14.5779,0,63.005499999999998,71.000200000000007,34.255099999999999,245.8442,111.8385]
["E9689","Usina de asfalto a quente gravimétrica com capacidade de 100/140 t/h - 260 kW",9091382.6659999993,795.49599999999998,175.29320000000001,0,1022.7805,0,43.835999999999999,2037.4057,1014.6251999999999]
["E9691","Guincho tracionador de cordoalhas - 7,50 kW",394839.24229999998,35.096800000000002,7.4438000000000004,0,21.935500000000001,0,27.6724,92.148499999999999,70.212999999999994]
["E9692","Caldeira para aquecimento e injeção de cera - 1 kW",120779.15399999999,18.116900000000001,2.484,0,6.0389999999999997,0,27.6724,54.3123,48.273299999999999]
["E9694","Misturador de argamassa de alta turbulência com capacidade de 220 l - 13 kW",34888.152800000003,5.5820999999999996,0.75339999999999996,0,4.8842999999999996,0,27.6724,38.892200000000003,34.007899999999999]
["E9697","Minicarregadeira de pneus com vassoura de 1,68 m - 45,50 kW",427253.57199999999,37.384700000000002,8.2379999999999995,0,37.384700000000002,61.557000000000002,34.255099999999999,178.81950000000001,79.877799999999993]
["E9699","Trituradora de galhos e troncos rebocável com capacidade de até 350 mm de diâmetro com guincho - 96,94 kW",445939.03909999999,50.168100000000003,8.5983000000000001,0,55.742400000000004,78.690100000000001,27.6724,220.87129999999999,86.438800000000001]
["E9700","Fresadora a frio - 155 kW",3590596.8390000002,418.90300000000002,73.846599999999995,0,598.43280000000004,150.9836,43.835999999999999,1286.002,536.5856]
["E9701","Jateador pressurizado multiabrasivo com capacidade de 280 l",29344.4329,2.641,0.54320000000000002,0,2.641,0,27.6724,33.497599999999998,30.8566]
["E9703","Fábrica de pré-moldado de concreto para mourão - 2,20 kW",14437.4773,1.925,0.2969,0,1.4437,0,0,3.6656,2.2219000000000002]
["E9704","Batelão sem propulsão montado na obra com capacidade de 66 m³",226710.75390000001,9.7162000000000006,3.8300999999999998,0,16.1936,0,29.463000000000001,59.2029,43.009300000000003]
["E9705","Misturador de lama bentonítica - 4 kW",18278.4728,2.9245999999999999,0.3947,0,2.5590000000000002,0,27.6724,33.550699999999999,30.991700000000002]
["E9706","Martelete perfurador/rompedor a ar comprimido de 28 kg para concreto com capacidade de 1.230 gpm",21319.4791,2.8426,0.4385,0,2.8426,0,27.6724,33.796100000000003,30.953499999999998]
["E9707","Desarenador - 15 kW",14866.6774,1.1893,0.2752,0,1.1893,0,27.6724,30.3262,29.136900000000001]
["E9708","Microtrator com roçadeira - 10 kW",51381.086499999998,5.1380999999999997,0.99070000000000003,0,4.4958,8.1173999999999999,27.6724,46.414400000000001,33.801200000000001]
["E9710","Socadora automática de linha - 253 kW",37052724.039999999,1482.1089999999999,628.69209999999998,0,1482.1089999999999,164.2962,87.671999999999997,3844.8782999999999,2198.4731000000002]
["E9712","Reguladora e distribuidora de lastro - 300 kW",16260749.09,650.42999999999995,275.90429999999998,0,650.42999999999995,194.8176,87.671999999999997,1859.2538999999999,1014.0063]
["E9714","Bate-estaca com martelo hidráulico - 450 kW",3399250.9240000001,453.23349999999999,69.911299999999997,0,339.92509999999999,316.57859999999999,34.255099999999999,1213.9036000000001,557.3999]
["E9716","Conjunto bomba e macaco hidráulico para protensão com capacidade de 590 kN - 3,70 kW",15922.3598,0.90980000000000005,0.28070000000000001,0,0.90980000000000005,0,43.835999999999999,45.936300000000003,45.026499999999999]
["E9717","Máquina policorte - 2,20 kW",1149.9241,0.10349999999999999,2.1299999999999999E-2,0,5.7500000000000002E-2,0,0,0.18229999999999999,0.12479999999999999]
["E9718","Pórtico duplo de descarga e posicionamento de dormente - 89 kW",10136640.509299999,405.46559999999999,171.99340000000001,0,304.0992,57.795900000000003,87.671999999999997,1027.0261,665.13099999999997]
["E9719","Talha manual com capacidade de 3 t",8469.6290000000008,0.75290000000000001,0.15970000000000001,0,0.47049999999999997,0,0,1.3831,0.91259999999999997]
["E9720","Conjunto bomba e macaco hidráulico para protensão com capacidade de 250 kN - 3,70 kW",12583.8068,0.71909999999999996,0.2218,0,0.71909999999999996,0,43.835999999999999,45.496000000000002,44.776899999999998]
["E9721","Conjunto bomba e macaco hidráulico para protensão com capacidade de 1.150 kN - 5 kW",26194.7968,1.4967999999999999,0.46179999999999999,0,1.4967999999999999,0,43.835999999999999,47.291400000000003,45.794600000000003]
["E9722","Conjunto bomba e macaco hidráulico para protensão com capacidade de 2.000 kN - 5 kW",41774.800799999997,2.3871000000000002,0.73640000000000005,0,2.3871000000000002,0,43.835999999999999,49.346600000000002,46.959499999999998]
["E9723","Conjunto bomba e macaco hidráulico para protensão com capacidade de 2.500 kN - 7 kW",49307.963199999998,2.8176000000000001,0.86919999999999997,0,2.8176000000000001,0,43.835999999999999,50.340400000000002,47.522799999999997]
["E9724","Conjunto bomba e macaco hidráulico para protensão com capacidade de 4.000 kN - 10 kW",52732.1158,3.0133000000000001,0.92959999999999998,0,3.0133000000000001,0,43.835999999999999,50.792200000000001,47.7789]
["E9725","Conjunto bomba e macaco hidráulico para protensão com capacidade de 5.400 kN - 10 kW",56327.498500000002,3.2187000000000001,0.99299999999999999,0,3.2187000000000001,0,43.835999999999999,51.266399999999997,48.047699999999999]
["E9726","Bate-estaca Strauss - 15 kW",129207.7424,17.227699999999999,2.6574,0,12.9208,10.5526,34.255099999999999,77.613600000000005,54.1402]
["E9727","Posicionadora de trilhos - 7,40 kW",741957.848,42.397599999999997,13.079700000000001,0,37.097900000000003,4.8055000000000003,0,97.380700000000004,55.4773]
["E9728","Tirefonadora/parafusadora portátil - 3,10 kW",53619.268100000001,4.2895000000000003,0.99250000000000005,0,4.2895000000000003,4.8132999999999999,0,14.3848,5.282]
["E9729","Equipamento para pintura eletrostática com cabine simples de 5,50 kW e estufa de 2x120.000 kCal",134666.64139999999,10.260300000000001,2.4729000000000001,0,10.260300000000001,0,0,22.993500000000001,12.7332]
["E9730","Grupo vibrador com gerador - 2,80 kW",87367.141900000002,12.231400000000001,1.8867,0,8.7367000000000008,4.3475000000000001,0,27.202300000000001,14.1181]
["E9731","Máquina de furar dormente portátil - 1,50 kW",84151.133799999996,6.7321,1.5576000000000001,0,6.7321,2.3290000000000002,0,17.3508,8.2896999999999998]
["E9732","Máquina para furar dormente - 6,70 kW",84699.881099999999,6.7759999999999998,1.5678000000000001,0,6.7759999999999998,10.403,0,25.5228,8.3437999999999999]
["E9733","Máquina tirefonadora e parafusadora - 6,70 kW",86976.287899999996,6.9581,1.6099000000000001,0,6.9581,10.403,0,25.929099999999998,8.5679999999999996]
["E9734","Bomba projetora de argamassa com capacidade de 2 m³/h - 5,50 kW",144965.86499999999,16.567499999999999,2.875,0,14.496600000000001,0,27.6724,61.611499999999999,47.114899999999999]
["E9735","Máquina para serrar trilho - 5,00 kW",33947.308100000002,2.7158000000000002,0.62839999999999996,0,2.7158000000000002,7.7633999999999999,0,13.823399999999999,3.3441999999999998]
["E9736","Máquina para furar trilho - 1,20 kW",44805.749000000003,3.5844999999999998,0.82940000000000003,0,3.5844999999999998,1.8632,0,9.8615999999999993,4.4138999999999999]
["E9737","Conjunto para pré-aquecimento de trilho em solda aluminotérmica",4170.6895000000004,0.55610000000000004,8.5800000000000001E-2,0,0.55610000000000004,0,0,1.198,0.64190000000000003]
["E9738","Máquina de esmerilhar topo e lateral de boleto - 5,20 kW",89385.342799999999,7.1508000000000003,1.6545000000000001,0,7.1508000000000003,8.0739999999999998,0,24.030100000000001,8.8053000000000008]
["E9742","Trator agrícola sobre pneus com roçadeira articulada e capacidade de 1,12 m - 77 kW",649030.22549999994,64.903000000000006,12.514099999999999,0,56.790100000000002,75.004800000000003,27.6724,236.8844,105.0895]
["E9745","Trator agrícola sobre pneus com roçadeira de arraste e capacidade de 1,50 m - 77 kW",387807.1274,38.780700000000003,7.4774000000000003,0,33.933100000000003,75.004800000000003,27.6724,182.86840000000001,73.930499999999995]
["E9746","Conjunto bomba e prensa para luva de emenda de 25 mm",26162.98,2.093,0.48430000000000001,0,1.3081,0,27.6724,31.5578,30.249700000000001]
["E9747","Conjunto bomba e prensa para luva de emenda de 32 mm",27471.119600000002,2.1977000000000002,0.50849999999999995,0,1.3735999999999999,0,27.6724,31.752199999999998,30.378599999999999]
["E9748","Rosqueadeira para rosca cônica - 0,75 kW",6060.1540000000005,0.3463,0.10680000000000001,0,0.3463,0,27.6724,28.471800000000002,28.125499999999999]
["E9749","Jateador portátil multiabrasivo com capacidade de 300 kg",8800.3008000000009,0.79200000000000004,0.16289999999999999,0,0.79200000000000004,0,27.6724,29.4193,28.627300000000002]
["E9750","Bomba de injeção de argamassa com capacidade de 50 l/min",45820.452700000002,4.5819999999999999,0.88349999999999995,0,4.0092999999999996,0,0,9.4748000000000001,5.4654999999999996]
["E9753","Grupo gerador - 23 kVA",87101.121700000003,6.0971000000000002,1.6122000000000001,0,4.3551000000000002,18.5077,0,30.572099999999999,7.7092999999999998]
["E9754","Grupo gerador - 68 kVA",119395.65270000001,8.3576999999999995,2.21,0,5.9698000000000002,55.523000000000003,0,72.060500000000005,10.5677]
["E9755","Bomba de alta pressão para jet grouting de até 45 MPa - 150 kW",1818308.7065999999,145.46469999999999,33.6569,0,145.46469999999999,154.23060000000001,27.6724,506.48930000000001,206.79400000000001]
["E9756","Calandra para chapas de aço até 25 mm - 22 kW",1105260.969,44.2104,18.753499999999999,0,38.684100000000001,0,27.6724,129.32040000000001,90.636300000000006]
["E9758","Vibroacabadora de asfalto sobre pneus - 97 kW",1195553.5759999999,119.55540000000001,23.0518,0,134.49979999999999,99.735799999999998,43.835999999999999,420.67880000000002,186.44319999999999]
["E9759","Guincho de alavanca com capacidade de 5,4 t",7391.53,0.73919999999999997,0.1394,0,0.41060000000000002,0,0,1.2891999999999999,0.87860000000000005]
["E9760","Perfuratriz manual para coroa diamantada - 1,60 kW",20712.451400000002,2.7616999999999998,0.42599999999999999,0,2.7616999999999998,0,0,5.9493999999999998,3.1877]
["E9761","Guincho de coluna com capacidade de 200 kg - 0,92 kW",5140.0311000000002,0.45689999999999997,9.69E-2,0,0.3427,0,0,0.89649999999999996,0.55379999999999996]
["E9762","Rolo compactador de pneus autopropelido de 27 t - 85 kW",1077901.4129999999,107.7901,20.783300000000001,0,107.7901,59.798200000000001,34.255099999999999,330.41680000000002,162.82849999999999]
["E9763","Grupo gerador - 40 kVA",98066.083100000003,6.8646000000000003,1.8151999999999999,0,4.9032999999999998,32.902500000000003,0,46.485599999999998,8.6798000000000002]
["E9764","Grupo gerador - 7,2 kVA",7662.6494000000002,0.67049999999999998,0.1477,0,0.47889999999999999,10.380800000000001,0,11.677899999999999,0.81820000000000004]
["E9765","Grupo gerador - 569 kVA",431368.80089999997,30.195799999999998,7.9846000000000004,0,21.5684,467.83280000000002,0,527.58159999999998,38.180399999999999]
["E9766","Prensa hidráulica para fabricação de blocos pré-moldados - 20 kW",683034.30420000001,46.348799999999997,12.040900000000001,0,39.030500000000004,0,27.6724,125.0926,86.062100000000001]
["E9767","Compressor de ar portátil de 9,44 l/s (20 PCM) a gasolina - 5,22 kW",13553.834699999999,1.0843,0.25090000000000001,0,1.0843,10.1313,0,12.550800000000001,1.3351999999999999]
["E9768","Compressor de ar portátil de 373,78 l/s (792 PCM) - 213,30 kW",597151.77130000002,47.772100000000002,11.0533,0,47.772100000000002,196.23,0,302.82749999999999,58.825400000000002]
["E9769","Cunha hidráulica com três cilindros e acessórios com capacidade de 3.000 kN - 5,60 kW",269669.56819999998,35.9559,5.5461999999999998,0,35.9559,5.7579000000000002,27.6724,110.8883,69.174499999999995]
["E9770","Retroescavadeira de pneus com caçamba de escavação trapezoidal ou triangular com seção de corte inferior a 0,10 m² - 58 kW",484567.13630000001,35.704900000000002,9.048,0,35.704900000000002,40.8035,34.255099999999999,155.5164,79.007999999999996]
["E9771","Retroescavadeira de pneus com caçamba de escavação trapezoidal ou triangular com seção de corte de 0,10 a 0,15 m² - 58 kW",484567.13630000001,35.704900000000002,9.048,0,35.704900000000002,40.8035,34.255099999999999,155.5164,79.007999999999996]
["E9772","Retroescavadeira de pneus com caçamba de escavação trapezoidal ou triangular com seção de corte de 0,15 a 0,20 m² - 58 kW",484567.13630000001,35.704900000000002,9.048,0,35.704900000000002,40.8035,34.255099999999999,155.5164,79.007999999999996]
["E9773","Retroescavadeira de pneus com caçamba de escavação trapezoidal ou triangular com seção de corte de 0,20 a 0,30 m² - 58 kW",484567.13630000001,35.704900000000002,9.048,0,35.704900000000002,40.8035,34.255099999999999,155.5164,79.007999999999996]
["E9774","Retroescavadeira de pneus com caçamba de escavação trapezoidal ou triangular com seção de corte de 0,30 a 0,50 m² - 58 kW",484567.13630000001,35.704900000000002,9.048,0,35.704900000000002,40.8035,34.255099999999999,155.5164,79.007999999999996]
["E9775","Escavadeira hidráulica com martelo hidráulico de 1.700 kg - 103 kW",2061350.4380000001,235.5829,40.881,0,294.47859999999997,72.461299999999994,34.255099999999999,677.65890000000002,310.71899999999999]
["E9776","Grupo gerador - 174 kVA",194491.9381,13.6144,3.6,0,9.7246000000000006,142.9204,0,169.85939999999999,17.214400000000001]
["E9777","Extrusora de barreira de concreto - 74 kW",5813901.5840999996,406.97309999999999,107.6153,0,523.25109999999995,60.068800000000003,34.255099999999999,1132.1633999999999,548.84349999999995]
["E9778","Grupo gerador - 338 kVA",260800.47630000001,18.256,4.8273999999999999,0,13.04,277.61509999999998,0,313.73849999999999,23.083400000000001]
["E9779","Grupo gerador - 113 kVA",126599.0763,8.8619000000000003,2.3433000000000002,0,6.33,92.538399999999996,0,110.0736,11.2052]
["E9780","Misturador automático para grauteamento com capacidade de 20 m³/h - 7 kW",278178.89079999999,44.508600000000001,6.0072999999999999,0,44.508600000000001,7.1974,27.6724,129.89429999999999,78.188299999999998]
["E9781","Misturador com bomba para grauteamento tipo Flex E ou similar - 25 kW",663436.32479999994,106.1498,14.3269,0,106.1498,0,27.6724,254.2989,148.1491]
["E9782","Perfuratriz pneumática com avanço de coluna de 33,5 kg com capacidade de 2.280 gpm",62151.955999999998,8.2868999999999993,1.2783,0,8.2868999999999993,0,27.6724,45.524500000000003,37.2376]
["E9784","Plataforma autopropelida com alcance de 12 m com capacidade de 700 kg - 24 kW",680830.1202,68.082999999999998,13.1273,0,68.082999999999998,19.4818,27.6724,196.44749999999999,108.8827]
["E9785","Guindaste móvel sobre pneus com 2 eixos com capacidade máxima de 55 t - 186 kW",2475107.7740000002,123.75539999999999,43.632599999999996,17.679300000000001,159.11410000000001,50.3279,33.873199999999997,428.38249999999999,218.94049999999999]
["E9788","Misturador de argamassa com capacidade de 0,250 m³ - 3,70 kW",25355.108499999998,4.0568,0.54749999999999999,0,4.0568,3.8043999999999998,27.6724,40.137900000000002,32.276699999999998]
["E9789","Carro manual modelo plataforma de 150 x 80 cm com capacidade de 800 kg",1472.2121999999999,0.26500000000000001,3.1800000000000002E-2,0,0.1472,0,0,0.44400000000000001,0.29680000000000001]
["E9790","Bomba para concreto projetado via úmida com capacidade de 10 m³/h - 14,70 kW",383579.56199999998,43.837699999999998,7.6071999999999997,0,43.837699999999998,15.114599999999999,43.835999999999999,154.23320000000001,95.280900000000003]
["E9791","Bomba pneumática para injeção de resina com capacidade de 0,18 m³/h",49080.309200000003,4.9080000000000004,0.94630000000000003,0,4.2945000000000002,0,0,10.1488,5.8543000000000003]
["E9793","Robot para concreto projetado com capacidade de 30 m³/h - 70 kW - com compressor diesel",5547875.5054000001,634.04290000000003,110.02630000000001,0,634.04290000000003,71.974299999999999,43.835999999999999,1493.9223999999999,787.90520000000004]
["E9795","Perfuratriz de superfície sobre pneus com martelo de topo e controle remoto via rádio - 60 kW",2346912.7420000001,187.75299999999999,43.441400000000002,0,187.75299999999999,48.7044,34.255099999999999,501.90690000000001,265.4495]
["E9797","Jumbo eletro-hidráulico com 3 braços - 155 kW/237 kW",14124149.43,807.09429999999998,248.98859999999999,0,1008.8678,176.14760000000001,43.835999999999999,2284.9342999999999,1099.9188999999999]
["E9798","Perfuratriz hidráulica rotopercussiva - 123 kW",2520693.1570000001,201.65549999999999,46.658000000000001,0,201.65549999999999,99.843999999999994,34.255099999999999,584.06809999999996,282.5686]
["E9013","Caminhão tanque de asfalto com capacidade de 31.000 l - 368 kW",{"$nulls":7},689.34059999999999,173.1464]
["A9335","Cavalo mecânico estradeiro 8 x 2, PBT 29.000 kg - 368 kW - condição de trabalho severa - motorista de veículo especial",1107849.425,66.471000000000004,20.5063,8.3088999999999995,99.706400000000002,378.37909999999999,33.873199999999997,607.24490000000003,129.15940000000001]
["A9364","Tanque isotérmico de asfalto com capacidade de 31.000 l",285814.88,38.108699999999999,5.8783000000000003,0,38.108699999999999,0,0,82.095699999999994,43.987000000000002]
["E9018","Cavalo mecânico com dolly intermediário e semirreboque de 4 eixos com capacidade de 52 t - 364 kW",{"$nulls":7},561.72709999999995,162.5241]
["A9324","Cavalo mecânico estradeiro 6 x 4, PBT 23.000 kg - 364 kW - motorista de veículo especial",947616.68940000003,47.380800000000001,17.0532,6.9097,71.071299999999994,275.77510000000001,33.873199999999997,452.06330000000003,105.2169]
["A9355","Semirreboque com 4 eixos",491470,39.317599999999999,9.0970999999999993,0,44.232300000000002,0,0,92.647000000000006,48.414700000000003]
["A9382","Dolly intermediário com 2 eixos para semirreboque",90270,7.2215999999999996,1.6709000000000001,0,8.1242999999999999,0,0,17.0168,8.8925000000000001]
["E9027","Caminhão distribuidor de cimento e cal com capacidade de 15 m³ - 210 kW",{"$nulls":7},428.50639999999999,153.58260000000001]
["A9333","Caminhão plataforma 8 x 4, PBT 29.000 kg e distância entre eixos 4,6 m - 210 kW - motorista de veículo especial",731107.77320000005,36.555399999999999,13.1569,5.3310000000000004,54.833100000000002,159.101,33.873199999999997,302.85059999999999,88.916499999999999]
["A9365","Distribuidor de cimento e cal montado sobre chassi com capacidade de 15 m³",542130.527,54.213099999999997,10.452999999999999,0,60.989699999999999,0,0,125.6558,64.6661]
["E9037","Plataforma de inspeção sob pontes montada em caminhão com capacidade de 500 kg e alcance de 15 m - 236 kW",{"$nulls":7},1233.5020999999999,522.92520000000002]
["A9334","Caminhão plataforma 8 x 2, PBT 29.000 kg e distância entre eixos 4,8 m - 236 kW - condição de trabalho severa - motorista de veículo especial",751358.81629999995,45.081499999999998,13.9077,5.6352000000000002,67.622299999999996,242.65610000000001,33.873199999999997,408.77600000000001,98.497600000000006]
["A9378","Plataforma telescópica para inspeção de pontes montada sobre chassi com capacidade de 500 kg",3558208.91,355.82089999999999,68.606700000000004,0,400.29849999999999,0,0,824.72609999999997,424.42759999999998]
["E9041","Caminhão guindauto com capacidade de elevação de 11,9 t e carroceria de 11,5 t - 188 kW",{"$nulls":7},396.73779999999999,121.8661]
["A9313","Caminhão plataforma 6 x 2, PBT 23.000 kg e distância entre eixos 5,2 m - 188 kW - motorista de veículo especial",656434.88470000005,32.8217,11.8131,4.7865000000000002,49.232599999999998,193.30240000000001,33.873199999999997,325.8295,83.294499999999999]
["A9351","Carroceria de madeira com capacidade de 11,5 t",38114,3.8113999999999999,0.7349,0,3.8113999999999999,0,0,8.3576999999999995,4.5462999999999996]
["A9373","Guindaste articulado montado sobre chassi com capacidade máxima de elevação de 11,9 t",285253.2,28.525300000000001,5.5,0,28.525300000000001,0,0,62.550600000000003,34.025300000000001]
["E9082","Bate-estaca hidráulico para defensas montado em caminhão guindauto com capacidade de 6,2 t e carroceria de 5 t - 152 kW",{"$nulls":7},393.6669,155.0085]
["A9305","Caminhão plataforma 4 x 2, PBT 15.000 kg e distância entre eixos 4,8 m - 152 kW - motorista de veículo especial",428679.83510000003,21.434000000000001,7.7145000000000001,3.1257999999999999,32.151000000000003,156.28700000000001,33.873199999999997,254.5855,66.147499999999994]
["A9348","Carroceria de madeira com capacidade de 5 t",29588.5,2.9588999999999999,0.57050000000000001,0,2.9588999999999999,0,0,6.4882999999999997,3.5293999999999999]
["A9372","Guindaste articulado montado sobre chassi com capacidade máxima de elevação de 6,2 t",267000,26.7,5.1481000000000003,0,26.7,0,0,58.548099999999998,31.848099999999999]
["A9379","Bate-estaca hidráulico para defensas metálicas montada sobre chassi",205615,21.846599999999999,3.9645000000000001,0,20.561499999999999,0,27.6724,74.045000000000002,53.483499999999999]
["E9097","Caminhão de resgate de veículos leves com plataforma com capacidade de 5 t - 129 kW",{"$nulls":7},261.23180000000002,80.679000000000002]
["A9326","Caminhão plataforma 4 x 2, PBT 10.800 kg e distância entre eixos 4,6 m - 129 kW - motorista de veículo especial",451140.2009,27.0684,8.3506,3.3835999999999999,40.602600000000002,132.63829999999999,33.873199999999997,245.91669999999999,72.675799999999995]
["A9374","Plataforma hidráulica para resgate de veículos montada sobre chassi com capacidade de 5 t",81243,6.4993999999999996,1.5038,0,7.3118999999999996,0,0,15.315099999999999,8.0031999999999996]
["E9098","Caminhão de resgate de veículos de porte médio com capacidade do guincho de 20 t - 236 kW",{"$nulls":7},402.71730000000002,98.305199999999999]
["A9306","Caminhão plataforma 4 x 2, PBT 16.000 kg e distância entre eixos 3,6 m - 236 kW - motorista de veículo especial",655388.61340000003,32.769399999999997,11.7943,4.7789000000000001,49.1541,242.65610000000001,33.873199999999997,375.02600000000001,83.215800000000002]
["A9375","Guincho rebocador para resgate de veículos montada sobre chassi com capacidade de 20 t",224033.5759,11.201700000000001,3.8877000000000002,0,12.601900000000001,0,0,27.691299999999998,15.089399999999999]
["E9099","Caminhão de resgate de veículos pesados com dois guinchos com capacidade de 35 t - 265 kW",{"$nulls":7},564.64509999999996,165.17189999999999]
["A9320","Caminhão plataforma 6 x 4, PBT 23.000 kg e distância entre eixos 4,8 m - 265 kW - motorista de veículo especial",792645.66460000002,39.632300000000001,14.2643,5.7797000000000001,59.448399999999999,272.47410000000002,33.873199999999997,425.47199999999998,93.549499999999995]
["A9376","Guincho rebocador para resgate de veículos montada sobre chassi com capacidade de 35 t",600450.34990000003,60.045000000000002,11.577400000000001,0,67.550700000000006,0,0,139.17310000000001,71.622399999999999]
["E9100","Cavalo mecânico sem reboque - 272 kW",{"$nulls":7},332.61930000000001,80.298000000000002]
["A9310","Cavalo mecânico 4 x 2, PBT 16.000 kg - 272 kW - motorista de veículo especial",616634.00520000001,30.831700000000001,11.0968,4.4962999999999997,46.247599999999998,206.0737,33.873199999999997,332.61930000000001,80.298000000000002]
["E9114","Painel com seta luminosa para montagem em caminhão",{"$nulls":7},6.5317999999999996,4.4305000000000003]
["A9380","Painel com seta luminosa montado sobre chassi",33620.074800000002,3.7823000000000002,0.6482,0,2.1013000000000002,0,0,6.5317999999999996,4.4305000000000003]
["E9115","Amortecedor retrátil (AMC) para montagem em caminhão",{"$nulls":7},103.9203,56.061399999999999]
["A9381","Amortecedor retrátil montado em caminhão",425412.74719999998,47.858899999999998,8.2025000000000006,0,47.858899999999998,0,0,103.9203,56.061399999999999]
["E9145","Caminhão basculante para concreto com capacidade de 10 m³ - 210 kW",{"$nulls":7},315.8476,93.300600000000003]
["A9316","Caminhão plataforma 8 x 4, PBT 29.000 kg e distância entre eixos 4,6 m - 210 kW - motorista de caminhão",731107.77320000005,36.555399999999999,13.1569,5.3310000000000004,54.833100000000002,159.101,29.1252,298.1026,84.168499999999995]
["A9340","Caçamba basculante para concreto com capacidade de 10 m³",76559.157099999997,7.6558999999999999,1.4762,0,8.6128999999999998,0,0,17.745000000000001,9.1320999999999994]
["E9146","Caminhão silo com capacidade de 30 m³ - 368 kW",{"$nulls":7},668.49800000000005,162.47890000000001]
["A9335","Cavalo mecânico estradeiro 8 x 2, PBT 29.000 kg - 368 kW - condição de trabalho severa - motorista de veículo especial",1107849.425,66.471000000000004,20.5063,8.3088999999999995,99.706400000000002,378.37909999999999,33.873199999999997,607.24490000000003,129.15940000000001]
["A9357","Semirreboque silo para cimento com capacidade de 30 m³",279335.5,27.933599999999998,5.3859000000000004,0,27.933599999999998,0,0,61.253100000000003,33.319499999999998]
["E9169","Cavalo mecânico com dolly pneumático de 4 eixos e mesas de giro com capacidade de 56 t - 364 kW",{"$nulls":7},641.54780000000005,204.23609999999999]
["A9324","Cavalo mecânico estradeiro 6 x 4, PBT 23.000 kg - 364 kW - motorista de veículo especial",947616.68940000003,47.380800000000001,17.0532,6.9097,71.071299999999994,275.77510000000001,33.873199999999997,452.06330000000003,105.2169]
["A9385","Conjunto de duas mesas de giro para quinta roda ou reboque com capacidade de 100 t cada",511422.8873,40.913800000000002,9.4664000000000001,0,46.028100000000002,0,0,96.408299999999997,50.380200000000002]
["A9389","Dolly pneumático com capacidade de 48 t e 4 eixos",493746.87060000002,39.499699999999997,9.1393000000000004,0,44.437199999999997,0,0,93.0762,48.639000000000003]
["E9170","Cavalo mecânico com dois dollys pneumáticos de 3 e 4 eixos e mesas de giro com capacidade de 77 t - 364 kW",{"$nulls":7},724.61239999999998,247.39230000000001]
["A9385","Conjunto de duas mesas de giro para quinta roda ou reboque com capacidade de 100 t cada",511422.8873,40.913800000000002,9.4664000000000001,0,46.028100000000002,0,0,96.408299999999997,50.380200000000002]
["A9386","Cavalo mecânico estradeiro 6 x 4, CMT 150.000 kg - 364 kW - motorista de veículo especial",1024883.52,51.244199999999999,18.4436,7.4730999999999996,76.866299999999995,275.77510000000001,33.873199999999997,463.6755,111.0341]
["A9387","Dolly pneumático com capacidade de 28,5 t e 3 eixos",379037.7893,30.323,7.016,0,34.113399999999999,0,0,71.452399999999997,37.338999999999999]
["A9389","Dolly pneumático com capacidade de 48 t e 4 eixos",493746.87060000002,39.499699999999997,9.1393000000000004,0,44.437199999999997,0,0,93.0762,48.639000000000003]
["E9171","Cavalo mecânico com dois dollys pneumáticos de 4 e 5 eixos e mesas de giro com capacidade de 111 t - 440 kW",{"$nulls":7},1445.3166000000001,580.52380000000005]
["A9325","Cavalo mecânico 8 x 8, PBT 26.000 kg - 440 kW -  motorista de veículo especial",5149491.9960000003,257.47460000000001,92.669399999999996,37.548400000000001,386.21190000000001,333.3546,33.873199999999997,1141.1321,421.56560000000002]
["A9385","Conjunto de duas mesas de giro para quinta roda ou reboque com capacidade de 100 t cada",511422.8873,40.913800000000002,9.4664000000000001,0,46.028100000000002,0,0,96.408299999999997,50.380200000000002]
["A9388","Dolly pneumático com capacidade de 60 t e 5 eixos",608455.95189999999,48.676499999999997,11.262499999999999,0,54.761000000000003,0,0,114.7,59.939]
["A9389","Dolly pneumático com capacidade de 48 t e 4 eixos",493746.87060000002,39.499699999999997,9.1393000000000004,0,44.437199999999997,0,0,93.0762,48.639000000000003]
["E9199","Caminhão com sistema de hidrojateamento de alta pressão e vácuo para limpeza e desobstrução de bueiros com capacidade total de 15.600 l - 188 kW",{"$nulls":7},413.80509999999998,131.15010000000001]
["A9299","Equipamento com sistema de hidrojateamento de alta pressão e vácuo para limpeza e desobstrução de bueiros com diâmetro de até 1.500 mm com capacidade total de 15.600 l",401200,40.119999999999997,7.7355999999999998,0,40.119999999999997,0,0,87.9756,47.855600000000003]
["A9313","Caminhão plataforma 6 x 2, PBT 23.000 kg e distância entre eixos 5,2 m - 188 kW - motorista de veículo especial",656434.88470000005,32.8217,11.8131,4.7865000000000002,49.232599999999998,193.30240000000001,33.873199999999997,325.8295,83.294499999999999]
["E9201","Caminhão basculante para rocha com capacidade de 12 m³ - 210 kW com periculosidade",{"$nulls":7},361.9479,119.8496]
["A9327","Caminhão plataforma 8 x 4, PBT 29.000 kg e distância entre eixos 4,6 m - 210 kW - motorista de caminhão com periculosidade",731107.77320000005,36.555399999999999,13.1569,5.3310000000000004,54.833100000000002,159.101,35.668399999999998,304.64580000000001,90.711699999999993]
["A9343","Caçamba basculante para rocha com capacidade de 12 m³",203408.4,25.0349,4.1029999999999998,0,28.164200000000001,0,0,57.302100000000003,29.137899999999998]
["E9202","Plataforma pantográfica montada em caminhão com capacidade de carga de 600 kg - 120 kW com periculosidade",{"$nulls":7},337.11020000000002,131.673]
["A9300","Caminhão plataforma 4 x 2, PBT 8.300 kg e distância entre eixos 3,9 m - 120 kW - motorista de veículo especial com periculosidade",376763.1998,22.605799999999999,6.9739000000000004,2.8256999999999999,33.908700000000003,123.3845,41.840800000000002,231.5394,74.246200000000002]
["A9383","Plataforma pantográfica hidráulica montada sobre chassi com capacidade de 600 kg - com periculosidade",481440,48.143999999999998,9.2827999999999999,0,48.143999999999998,0,0,105.57080000000001,57.4268]
["E9506","Caminhão basculante com capacidade de 6 m³ - 136 kW",{"$nulls":7},198.07050000000001,77.118399999999994]
["A9307","Caminhão plataforma 4 x 2, PBT 16.000 kg e distância entre eixos 3,6 m - 136 kW - motorista de caminhão",523337.02130000002,26.166899999999998,9.4178999999999995,3.8159999999999998,39.250300000000003,73.597800000000007,29.1252,181.3741,68.525999999999996]
["A9338","Caçamba basculante com capacidade de 6 m³",72035.460000000006,7.2035,1.3889,0,8.1039999999999992,0,0,16.696400000000001,8.5923999999999996]
["E9508","Caminhão carroceria com capacidade de 9 t - 136 kW",{"$nulls":7},193.0334,74.716800000000006]
["A9309","Caminhão plataforma 4 x 2, PBT 16.000 kg e distância entre eixos 4,8 m - 136 kW - motorista de caminhão",546769.97140000004,27.3385,9.8396000000000008,3.9868999999999999,41.0077,73.597800000000007,29.1252,184.89570000000001,70.290199999999999]
["A9350","Carroceria de madeira com capacidade de 9 t",37111,3.7111000000000001,0.71550000000000002,0,3.7111000000000001,0,0,8.1377000000000006,4.4265999999999996]
["E9509","Caminhão tanque distribuidor de asfalto com capacidade de 6.000 l - 7 kW/136 kW",{"$nulls":7},331.71899999999999,107.9447]
["A9323","Caminhão plataforma 4 x 2, PBT 14.300 kg e distância entre eixos 4,8 m - 136 kW - condição de trabalho severa - motorista de caminhão",521567.39240000001,31.294,9.6541999999999994,3.9117999999999999,46.941099999999999,139.8357,29.1252,260.762,73.985200000000006]
["A9363","Tanque espargidor de asfalto com capacidade de 6.000 l - 7 kW",220660,29.421299999999999,4.5381999999999998,0,29.421299999999999,7.5762,0,70.956999999999994,33.959499999999998]
["E9520","Caminhão com caçamba térmica com capacidade de 6 m³ - 136 kW",{"$nulls":7},200.46629999999999,78.351399999999998]
["A9307","Caminhão plataforma 4 x 2, PBT 16.000 kg e distância entre eixos 3,6 m - 136 kW - motorista de caminhão",523337.02130000002,26.166899999999998,9.4178999999999995,3.8159999999999998,39.250300000000003,73.597800000000007,29.1252,181.3741,68.525999999999996]
["A9339","Caçamba térmica com capacidade de 6 m³",82371.805300000007,8.2371999999999996,1.5882000000000001,0,9.2667999999999999,0,0,19.092199999999998,9.8254000000000001]
["E9557","Caminhão comboio com capacidade de 5.000 l - 136 kW (sem motorista)",{"$nulls":7},268.30090000000001,64.812700000000007]
["A9294","Caminhão plataforma 4 x 2, PBT 16.000 kg e distância entre eixos 4,8 m - 136 kW - condição de trabalho severa (sem motorista)",546769.97140000004,32.806199999999997,10.120699999999999,4.1007999999999996,49.209299999999999,139.8357,0,236.0727,47.027700000000003]
["A9298","Tanque para distribuição de combustíveis e lubrificantes com capacidade de 5.000 l",180540,14.443199999999999,3.3418000000000001,0,14.443199999999999,0,0,32.228200000000001,17.785]
["E9571","Caminhão tanque com capacidade de 10.000 l - 188 kW",{"$nulls":7},357.57279999999997,96.376400000000004]
["A9332","Caminhão plataforma 6 x 2, PBT 23.000 kg e distância entre eixos 4,8 m - 188 kW - condição de trabalho severa - motorista de caminhão",658981.1727,39.538899999999998,12.197699999999999,4.9424000000000001,59.308300000000003,193.30240000000001,29.1252,338.41489999999999,85.804199999999994]
["A9360","Tanque para transporte de água com capacidade de 10.000 l",107321,8.5856999999999992,1.9864999999999999,0,8.5856999999999992,0,0,19.157900000000001,10.5722]
["E9575","Caminhão basculante com caçamba estanque com capacidade de 14 m³ - 210 kW",{"$nulls":7},319.6592,95.262100000000004]
["A9316","Caminhão plataforma 8 x 4, PBT 29.000 kg e distância entre eixos 4,6 m - 210 kW - motorista de caminhão",731107.77320000005,36.555399999999999,13.1569,5.3310000000000004,54.833100000000002,159.101,29.1252,298.1026,84.168499999999995]
["A9345","Caçamba basculante estanque com capacidade de 14 m³",93004.415299999993,9.3003999999999998,1.7931999999999999,0,10.462999999999999,0,0,21.5566,11.0936]
["E9579","Caminhão basculante com capacidade de 10 m³ - 210 kW",{"$nulls":7},305.7457,88.269099999999995]
["A9293","Caminhão plataforma 6 x 2, PBT 23.000 kg e distância entre eixos 3,6 m - 210 kW - motorista de caminhão",649706.61049999995,32.485300000000002,11.692,4.7374000000000001,48.728000000000002,159.101,29.1252,285.8689,78.039900000000003]
["A9342","Caçamba basculante com capacidade de 10 m³",85756.5,8.5756999999999994,1.6535,0,9.6476000000000006,0,0,19.876799999999999,10.229200000000001]
["E9592","Caminhão carroceria com capacidade de 15 t - 188 kW",{"$nulls":7},281.20940000000002,84.528499999999994]
["A9314","Caminhão plataforma 6 x 2, PBT 23.000 kg e distância entre eixos 5,2 m - 188 kW - motorista de caminhão",656434.88470000005,32.8217,11.8131,4.7865000000000002,49.232599999999998,142.4333,29.1252,270.2124,78.546499999999995]
["A9352","Carroceria de madeira com capacidade de 15 t",50150,5.0149999999999997,0.96699999999999997,0,5.0149999999999997,0,0,10.997,5.9820000000000002]
["E9600","Caminhão betoneira com capacidade de 8 m³ - 236 kW",{"$nulls":7},383.84050000000002,119.69370000000001]
["A9317","Caminhão plataforma 8 x 2, PBT 29.000 kg e distância entre eixos 4,8 m - 236 kW - motorista de veículo especial",751358.8162,37.567900000000002,13.5213,5.4786999999999999,56.351900000000001,178.79929999999999,33.873199999999997,325.59230000000002,90.441100000000006]
["A9346","Misturador de concreto para montagem em chassi de caminhão com capacidade de 8 m³",161086.71830000001,25.773900000000001,3.4786999999999999,0,28.9956,0,0,58.248199999999997,29.252600000000001]
["E9604","Caminhão basculante para rocha com capacidade de 8 m³ - 210 kW",{"$nulls":7},319.74059999999997,95.150999999999996]
["A9315","Caminhão basculante 6 x 4, PBT 23.000 kg e distância entre eixos 3,6 m - 210 kW -  motorista de caminhão",749020.26540000003,37.451000000000001,13.479200000000001,5.4615999999999998,56.176499999999997,159.101,29.1252,300.79450000000003,85.516999999999996]
["A9341","Caçamba basculante para rocha com capacidade de 8 m³",67253.704899999997,8.2774000000000001,1.3566,0,9.3120999999999992,0,0,18.946100000000001,9.6340000000000003]
["E9605","Caminhão tanque com capacidade de 6.000 l - 136 kW",{"$nulls":7},276.87610000000001,82.877700000000004]
["A9323","Caminhão plataforma 4 x 2, PBT 14.300 kg e distância entre eixos 4,8 m - 136 kW - condição de trabalho severa - motorista de caminhão",521567.39240000001,31.294,9.6541999999999994,3.9117999999999999,46.941099999999999,139.8357,29.1252,260.762,73.985200000000006]
["A9358","Tanque para transporte de água com capacidade de 6.000 l",90270,7.2215999999999996,1.6709000000000001,0,7.2215999999999996,0,0,16.114100000000001,8.8925000000000001]
["E9644","Caminhão demarcador de faixas com sistema de pintura a frio - 28 kW/129 kW",{"$nulls":7},456.20760000000001,185.7868]
["A9302","Caminhão plataforma 4 x 2, PBT 9.200 kg e distância entre eixos 4,6 m - 129 kW - motorista de caminhão",431438.07520000002,25.886299999999999,7.9859,3.2357999999999998,38.8294,132.63829999999999,29.1252,237.70089999999999,66.233199999999997]
["A9368","Equipamento demarcador de faixas a frio montado sobre chassi com capacidade de 800 l - 28 kW",731939.25,77.768500000000003,14.1127,0,73.193899999999999,25.7592,27.6724,218.5067,119.5536]
["E9645","Caminhão demarcador de faixas com sistema de pintura a quente - 5 kW/30,10 kW/136 kW",{"$nulls":7},676.02,298.69130000000001]
["A9328","Compressor de ar portátil de 70,79 l/s (150 PCM) sem reboque - 30,10 kW",144066.21960000001,11.5253,2.6667000000000001,0,11.5253,27.691199999999998,0,53.408499999999997,14.192]
["A9331","Caminhão plataforma 4 x 2, PBT 16.000 kg e distância entre eixos 4,8 m - 136 kW - condição de trabalho severa - motorista de caminhão",546713.37620000006,32.802799999999998,10.1197,4.1003999999999996,49.2042,139.8357,29.1252,265.18799999999999,76.148099999999999]
["A9369","Equipamento demarcador de faixas a quente montado sobre chassi com capacidade de 500 l - 5,0 kW",1439312.932,152.92699999999999,27.751799999999999,0,143.93129999999999,5.141,27.6724,357.42349999999999,208.35120000000001]
["E9665","Cavalo mecânico com semirreboque com capacidade de 20 t - 276 kW",{"$nulls":7},422.43220000000002,125.20269999999999]
["A9318","Cavalo mecânico 4 x 2, PBT 16.000 kg - 276 kW - motorista de veículo especial",753744.43799999997,37.687199999999997,13.564299999999999,5.4961000000000002,56.530799999999999,209.10419999999999,33.873199999999997,356.25580000000002,90.620800000000003]
["A9353","Semirreboque com 2 eixos",351050,28.084,6.4978999999999996,0,31.5945,0,0,66.176400000000001,34.581899999999997]
["E9666","Cavalo mecânico com semirreboque com capacidade de 32 t - 302 kW",{"$nulls":7},472.1302,140.47649999999999]
["A9321","Cavalo mecânico estradeiro 6 x 2, PBT 23.000 kg - 302 kW - motorista de veículo especial",877874.89119999995,43.893700000000003,15.7981,6.4012000000000002,65.840599999999995,228.80240000000001,33.873199999999997,394.60919999999999,99.966200000000001]
["A9354","Semirreboque com 3 eixos",411230,32.898400000000002,7.6119000000000003,0,37.0107,0,0,77.521000000000001,40.510300000000001]
["E9667","Caminhão basculante com capacidade de 14 m³ - 210 kW",{"$nulls":7},319.0394,94.943200000000004]
["A9316","Caminhão plataforma 8 x 4, PBT 29.000 kg e distância entre eixos 4,6 m - 210 kW - motorista de caminhão",731107.77320000005,36.555399999999999,13.1569,5.3310000000000004,54.833100000000002,159.101,29.1252,298.1026,84.168499999999995]
["A9344","Caçamba basculante com capacidade de 14 m³",90330.18,9.0329999999999995,1.7417,0,10.162100000000001,0,0,20.936800000000002,10.774699999999999]
["E9669","Caminhão tanque com capacidade de 8.000 l - 136 kW",{"$nulls":7},282.01839999999999,85.435900000000004]
["A9331","Caminhão plataforma 4 x 2, PBT 16.000 kg e distância entre eixos 4,8 m - 136 kW - condição de trabalho severa - motorista de caminhão",546713.37620000006,32.802799999999998,10.1197,4.1003999999999996,49.2042,139.8357,29.1252,265.18799999999999,76.148099999999999]
["A9359","Tanque para transporte de água com capacidade de 8.000 l",94282,7.5426000000000002,1.7452000000000001,0,7.5426000000000002,0,0,16.830400000000001,9.2878000000000007]
["E9670","Usina móvel de lama asfáltica ou microrrevestimento com cavalo mecânico com capacidade de 12 m³ - 95,6 kW/276 kW",{"$nulls":7},890.38490000000002,302.78809999999999]
["A9319","Cavalo mecânico 6 x 2, PBT 23.000 kg - 276 kW - condição de trabalho severa - motorista de veículo especial",827748.91059999994,49.664900000000003,15.3216,6.2081,74.497399999999999,283.78429999999997,33.873199999999997,463.34949999999998,105.06780000000001]
["A9367","Usina de lama asfáltica ou microrrevestimento asfáltico rebocável com capacidade de 12 m³ - 95,6 kW",1538109.527,125.84529999999999,28.039000000000001,0,125.84529999999999,103.46980000000001,43.835999999999999,427.03539999999998,197.72030000000001]
["E9672","Caminhão basculante para rocha com capacidade de 12 m³ - 210 kW",{"$nulls":7},355.40469999999999,113.3064]
["A9316","Caminhão plataforma 8 x 4, PBT 29.000 kg e distância entre eixos 4,6 m - 210 kW - motorista de caminhão",731107.77320000005,36.555399999999999,13.1569,5.3310000000000004,54.833100000000002,159.101,29.1252,298.1026,84.168499999999995]
["A9343","Caçamba basculante para rocha com capacidade de 12 m³",203408.4,25.0349,4.1029999999999998,0,28.164200000000001,0,0,57.302100000000003,29.137899999999998]
["E9679","Cavalo mecânico com dois reboques hidropneumáticos de 5 e 4 eixos e mesas de giro com capacidade de 130 t - 440 kW",{"$nulls":7},1849.8969999999999,791.9461]
["A9325","Cavalo mecânico 8 x 8, PBT 26.000 kg - 440 kW -  motorista de veículo especial",5149491.9960000003,257.47460000000001,92.669399999999996,37.548400000000001,386.21190000000001,333.3546,33.873199999999997,1141.1321,421.56560000000002]
["A9384","Reboque hidropneumático com capacidade de 166 t e 4 eixos",1580247.5220000001,126.4198,29.250399999999999,0,142.22229999999999,0,0,297.89249999999998,155.67019999999999]
["A9385","Conjunto de duas mesas de giro para quinta roda ou reboque com capacidade de 100 t cada",511422.8873,40.913800000000002,9.4664000000000001,0,46.028100000000002,0,0,96.408299999999997,50.380200000000002]
["A9390","Reboque hidropneumático com capacidade de 117 t e 5 eixos",1668155.9580000001,133.45249999999999,30.877600000000001,0,150.13399999999999,0,0,314.46409999999997,164.33009999999999]
["E9680","Caminhão tanque com capacidade de 13.000 l - 188 kW",{"$nulls":7},359.00510000000003,97.166799999999995]
["A9332","Caminhão plataforma 6 x 2, PBT 23.000 kg e distância entre eixos 4,8 m - 188 kW - condição de trabalho severa - motorista de caminhão",658981.1727,39.538899999999998,12.197699999999999,4.9424000000000001,59.308300000000003,193.30240000000001,29.1252,338.41489999999999,85.804199999999994]
["A9361","Tanque para transporte de água com capacidade de 13.000 l",115345,9.2276000000000007,2.1349999999999998,0,9.2276000000000007,0,0,20.590199999999999,11.3626]
["E9686","Caminhão guindauto com capacidade de elevação de 6,2 t e carroceria de 7 t - 136 kW",{"$nulls":7},321.02789999999999,110.4755]
["A9308","Caminhão plataforma 4 x 2, PBT 16.000 kg e distância entre eixos 4,8 m - 136 kW - motorista de veículo especial",546769.97140000004,27.3385,9.8396000000000008,3.9868999999999999,41.0077,139.8357,33.873199999999997,255.88159999999999,75.038200000000003]
["A9349","Carroceria de madeira com capacidade de 7 t",30090,3.0089999999999999,0.58020000000000005,0,3.0089999999999999,0,0,6.5982000000000003,3.5891999999999999]
["A9372","Guindaste articulado montado sobre chassi com capacidade máxima de elevação de 6,2 t",267000,26.7,5.1481000000000003,0,26.7,0,0,58.548099999999998,31.848099999999999]
["E9687","Caminhão carroceria com capacidade de 5 t - 120 kW",{"$nulls":7},172.26499999999999,67.697900000000004]
["A9303","Caminhão plataforma 4 x 2, PBT 9.600 kg e distância entre eixos 3,9 m - 120 kW - motorista de caminhão",407433.19520000002,24.446000000000002,7.5415999999999999,3.0556999999999999,36.668999999999997,64.9392,29.1252,165.77670000000001,64.168499999999995]
["A9348","Carroceria de madeira com capacidade de 5 t",29588.5,2.9588999999999999,0.57050000000000001,0,2.9588999999999999,0,0,6.4882999999999997,3.5293999999999999]
["E9690","Caminhão guindauto com cesto aéreo simples e capacidade de elevação de 5,7 t e carroceria de 8,5 t - 136 kW",{"$nulls":7},299.81569999999999,98.936800000000005]
["A9296","Carroceria de madeira com capacidade de 8,5 t",37111,3.7111000000000001,0.71550000000000002,0,3.7111000000000001,0,0,8.1377000000000006,4.4265999999999996]
["A9308","Caminhão plataforma 4 x 2, PBT 16.000 kg e distância entre eixos 4,8 m - 136 kW - motorista de veículo especial",546769.97140000004,27.3385,9.8396000000000008,3.9868999999999999,41.0077,139.8357,33.873199999999997,255.88159999999999,75.038200000000003]
["A9329","Cesto aéreo simples isolado com capacidade para 135 kg",24327.764999999999,2.4327999999999999,0.46910000000000002,0,2.4327999999999999,0,0,5.3346999999999998,2.9018999999999999]
["A9330","Guindaste articulado montado sobre chassi com capacidade máxima de elevação de 5,7 t",138915.5,13.8916,2.6785000000000001,0,13.8916,0,0,30.4617,16.5701]
["E9693","Caminhão demarcador de faixas com sistema de pintura Spray - 129 kW",{"$nulls":7},1035.2177999999999,519.72209999999995]
["A9322","Caminhão plataforma 4 x 2, PBT 10.800 kg e distância entre eixos 4,0 m - 129 kW - condição de trabalho severa - motorista de caminhão",451872.77590000001,33.890500000000003,8.7126999999999999,3.5303,50.835700000000003,132.63829999999999,29.1252,258.73270000000002,75.258700000000005]
["A9370","Equipamento demarcador de faixas sistema spray montado sobre chassi com capacidade 1.080 l",3320217.4730000002,352.7731,64.017899999999997,0,332.02170000000001,0,27.6724,776.48509999999999,444.46339999999998]
["E9783","Plataforma pantográfica montada em caminhão com capacidade de carga de 600 kg - 120 kW",{"$nulls":7},329.14260000000002,123.7054]
["A9301","Caminhão plataforma 4 x 2, PBT 8.300 kg e distância entre eixos 3,9 m - 120 kW - motorista de veículo especial",376763.1998,22.605799999999999,6.9739000000000004,2.8256999999999999,33.908700000000003,123.3845,33.873199999999997,223.5718,66.278599999999997]
["A9377","Plataforma pantográfica hidráulica montada sobre chassi com capacidade de 600 kg",481440,48.143999999999998,9.2827999999999999,0,48.143999999999998,0,0,105.57080000000001,57.4268]
["E9787","Bomba para concreto com lança montada sobre chassi com capacidade de 50 m³/h - 136 kW",{"$nulls":7},574.79330000000004,248.51490000000001]
["A9308","Caminhão plataforma 4 x 2, PBT 16.000 kg e distância entre eixos 4,8 m - 136 kW - motorista de veículo especial",546769.97140000004,27.3385,9.8396000000000008,3.9868999999999999,41.0077,139.8357,33.873199999999997,255.88159999999999,75.038200000000003]
["A9371","Bomba para concreto com lança montada sobre chassi com capacidade de 50 m³/h",1454350,145.435,28.041699999999999,0,145.435,0,0,318.9117,173.47669999999999]
["E9792","Caminhão para hidrossemeadura com capacidade de 7.500 l - 77,2 kW/235 kW",{"$nulls":7},574.58280000000002,149.8777]
["A9297","Caminhão plataforma 6 x 4, PBT 23.000 kg e distância entre eixos 4,2 m - 235 kW - condição de trabalho severa - motorista de caminhão",536537.125,32.1922,9.9313000000000002,4.024,48.2883,241.62790000000001,29.1252,365.18889999999999,75.2727]
["A9362","Tanque para hidrossemeadura com capacidade de 7.500 l - 77,2 kW",476425,38.113999999999997,8.8186,0,42.878300000000003,91.910600000000002,27.6724,209.3939,74.605000000000004]

{"sheet":"SINTÉTICO SICRO","index":17,"n_rows":6497,"n_cols":4,"rows_kept":6497,"cut":false,"hidden":false,"merged":[[0,1,0,2]]}
["CGCIT","SISTEMA DE CUSTOS REFERENCIAIS DE OBRAS - SICRO",null,"DNIT"]
[null,"Piauí - Julho/2025"]
["Código","Descrição do Serviço","Unidade","Custo Unitário\n(R$)"]
[307731,"Aparelho de apoio de neoprene fretado para estruturas moldadas no local - fornecimento e instalação","dm³",150.31]
[307732,"Aparelho de apoio de neoprene fretado para estruturas pré-moldadas - fornecimento e instalação","dm³",125.05]
[308308,"Aparelho de apoio metálico elastomérico fixo com capacidade de 1.500 kN - fornecimento e instalação","un",5251.05]
[308313,"Aparelho de apoio metálico elastomérico fixo com capacidade de 10.000 kN - fornecimento e instalação","un",32319.84]
[308309,"Aparelho de apoio metálico elastomérico fixo com capacidade de 2.500 kN - fornecimento e instalação","un",8695.57]
[308310,"Aparelho de apoio metálico elastomérico fixo com capacidade de 4.000 kN - fornecimento e instalação","un",11621.52]
[308311,"Aparelho de apoio metálico elastomérico fixo com capacidade de 5.500 kN - fornecimento e instalação","un",16478.47]
[308312,"Aparelho de apoio metálico elastomérico fixo com capacidade de 7.500 kN - fornecimento e instalação","un",23007.01]
[308307,"Aparelho de apoio metálico elastomérico fixo com capacidade de 700 kN - fornecimento e instalação","un",3136.95]
[308322,"Aparelho de apoio metálico elastomérico multidirecional com capacidade de 1.500 kN - fornecimento e instalação","un",4957.1099999999997]
[308327,"Aparelho de apoio metálico elastomérico multidirecional com capacidade de 10.000 kN - fornecimento e instalação","un",29828.94]
[308323,"Aparelho de apoio metálico elastomérico multidirecional com capacidade de 2.500 kN - fornecimento e instalação","un",7787.59]
[308324,"Aparelho de apoio metálico elastomérico multidirecional com capacidade de 4.000 kN - fornecimento e instalação","un",11381.74]
[308325,"Aparelho de apoio metálico elastomérico multidirecional com capacidade de 5.500 kN - fornecimento e instalação","un",16035.43]
[308326,"Aparelho de apoio metálico elastomérico multidirecional com capacidade de 7.500 kN - fornecimento e instalação","un",22185.78]
[308321,"Aparelho de apoio metálico elastomérico multidirecional com capacidade de 700 kN - fornecimento e instalação","un",4843.3100000000004]
[308315,"Aparelho de apoio metálico elastomérico unidirecional com capacidade de 1.500 kN - fornecimento e instalação","un",6461.89]
[308320,"Aparelho de apoio metálico elastomérico unidirecional com capacidade de 10.000 kN - fornecimento e instalação","un",47220.54]
[308316,"Aparelho de apoio metálico elastomérico unidirecional com capacidade de 2.500 kN - fornecimento e instalação","un",9295.09]
[308317,"Aparelho de apoio metálico elastomérico unidirecional com capacidade de 4.000 kN - fornecimento e instalação","un",18393.64]
[308318,"Aparelho de apoio metálico elastomérico unidirecional com capacidade de 5.500 kN - fornecimento e instalação","un",24257.040000000001]
[308319,"Aparelho de apoio metálico elastomérico unidirecional com capacidade de 7.500 kN - fornecimento e instalação","un",25811.69]
[308314,"Aparelho de apoio metálico elastomérico unidirecional com capacidade de 700 kN - fornecimento e instalação","un",4880.57]
[308250,"Aparelho de apoio metálico esférico fixo com capacidade de 1.000 kN - fornecimento e instalação","un",7723.9]
[308251,"Aparelho de apoio metálico esférico fixo com capacidade de 1.500 kN - fornecimento e instalação","un",12044.93]
[308268,"Aparelho de apoio metálico esférico fixo com capacidade de 10.000 kN - fornecimento e instalação","un",78533.16]
[308252,"Aparelho de apoio metálico esférico fixo com capacidade de 2.000 kN - fornecimento e instalação","un",13900.26]
[308253,"Aparelho de apoio metálico esférico fixo com capacidade de 2.500 kN - fornecimento e instalação","un",16800.29]
[308254,"Aparelho de apoio metálico esférico fixo com capacidade de 3.000 kN - fornecimento e instalação","un",20045.46]
[308255,"Aparelho de apoio metálico esférico fixo com capacidade de 3.500 kN - fornecimento e instalação","un",23158.09]
[308256,"Aparelho de apoio metálico esférico fixo com capacidade de 4.000 kN - fornecimento e instalação","un",31295.69]
[308257,"Aparelho de apoio metálico esférico fixo com capacidade de 4.500 kN - fornecimento e instalação","un",33438.230000000003]
[308258,"Aparelho de apoio metálico esférico fixo com capacidade de 5.000 kN - fornecimento e instalação","un",37268.28]
[308259,"Aparelho de apoio metálico esférico fixo com capacidade de 5.500 kN - fornecimento e instalação","un",39700.120000000003]
[308260,"Aparelho de apoio metálico esférico fixo com capacidade de 6.000 kN - fornecimento e instalação","un",44682.92]
[308261,"Aparelho de apoio metálico esférico fixo com capacidade de 6.500 kN - fornecimento e instalação","un",48246.63]
[308262,"Aparelho de apoio metálico esférico fixo com capacidade de 7.000 kN - fornecimento e instalação","un",57180.59]
[308263,"Aparelho de apoio metálico esférico fixo com capacidade de 7.500 kN - fornecimento e instalação","un",56734.75]
[308264,"Aparelho de apoio metálico esférico fixo com capacidade de 8.000 kN - fornecimento e instalação","un",58209.4]
[308265,"Aparelho de apoio metálico esférico fixo com capacidade de 8.500 kN - fornecimento e instalação","un",59957.62]
[308266,"Aparelho de apoio metálico esférico fixo com capacidade de 9.000 kN - fornecimento e instalação","un",70494.61]
[308267,"Aparelho de apoio metálico esférico fixo com capacidade de 9.500 kN - fornecimento e instalação","un",74783.45]
[308288,"Aparelho de apoio metálico esférico multidirecional com capacidade de 1.000 kN - fornecimento e instalação","un",8643.06]
[308289,"Aparelho de apoio metálico esférico multidirecional com capacidade de 1.500 kN - fornecimento e instalação","un",11976.51]
[308306,"Aparelho de apoio metálico esférico multidirecional com capacidade de 10.000 kN - fornecimento e instalação","un",74734.899999999994]
[308290,"Aparelho de apoio metálico esférico multidirecional com capacidade de 2.000 kN - fornecimento e instalação","un",15693.07]
[308291,"Aparelho de apoio metálico esférico multidirecional com capacidade de 2.500 kN - fornecimento e instalação","un",18768.39]
[308292,"Aparelho de apoio metálico esférico multidirecional com capacidade de 3.000 kN - fornecimento e instalação","un",21670.5]
[308293,"Aparelho de apoio metálico esférico multidirecional com capacidade de 3.500 kN - fornecimento e instalação","un",24501.98]
[308294,"Aparelho de apoio metálico esférico multidirecional com capacidade de 4.000 kN - fornecimento e instalação","un",27776.01]
[308295,"Aparelho de apoio metálico esférico multidirecional com capacidade de 4.500 kN - fornecimento e instalação","un",32053.68]
[308296,"Aparelho de apoio metálico esférico multidirecional com capacidade de 5.000 kN - fornecimento e instalação","un",35689.71]
[308297,"Aparelho de apoio metálico esférico multidirecional com capacidade de 5.500 kN - fornecimento e instalação","un",38636.46]
[308298,"Aparelho de apoio metálico esférico multidirecional com capacidade de 6.000 kN - fornecimento e instalação","un",43733.38]
[308299,"Aparelho de apoio metálico esférico multidirecional com capacidade de 6.500 kN - fornecimento e instalação","un",47232.28]
[308300,"Aparelho de apoio metálico esférico multidirecional com capacidade de 7.000 kN - fornecimento e instalação","un",50820.7]
[308301,"Aparelho de apoio metálico esférico multidirecional com capacidade de 7.500 kN - fornecimento e instalação","un",54808.84]
[308302,"Aparelho de apoio metálico esférico multidirecional com capacidade de 8.000 kN - fornecimento e instalação","un",58302.25]
[308303,"Aparelho de apoio metálico esférico multidirecional com capacidade de 8.500 kN - fornecimento e instalação","un",63499.57]
[308304,"Aparelho de apoio metálico esférico multidirecional com capacidade de 9.000 kN - fornecimento e instalação","un",67114.27]
[308305,"Aparelho de apoio metálico esférico multidirecional com capacidade de 9.500 kN - fornecimento e instalação","un",71187.98]
[308269,"Aparelho de apoio metálico esférico unidirecional com capacidade de 1.000 kN - fornecimento e instalação","un",11585.6]
[308270,"Aparelho de apoio metálico esférico unidirecional com capacidade de 1.500 kN - fornecimento e instalação","un",15578.63]
[308287,"Aparelho de apoio metálico esférico unidirecional com capacidade de 10.000 kN - fornecimento e instalação","un",85472.3]
[308271,"Aparelho de apoio metálico esférico unidirecional com capacidade de 2.000 kN - fornecimento e instalação","un",18984.03]
[308272,"Aparelho de apoio metálico esférico unidirecional com capacidade de 2.500 kN - fornecimento e instalação","un",22534.14]
[308273,"Aparelho de apoio metálico esférico unidirecional com capacidade de 3.000 kN - fornecimento e instalação","un",25766.39]
[308274,"Aparelho de apoio metálico esférico unidirecional com capacidade de 3.500 kN - fornecimento e instalação","un",29868.36]
[308275,"Aparelho de apoio metálico esférico unidirecional com capacidade de 4.000 kN - fornecimento e instalação","un",33445.980000000003]
[308276,"Aparelho de apoio metálico esférico unidirecional com capacidade de 4.500 kN - fornecimento e instalação","un",38321.120000000003]
[308277,"Aparelho de apoio metálico esférico unidirecional com capacidade de 5.000 kN - fornecimento e instalação","un",43719.95]
[308278,"Aparelho de apoio metálico esférico unidirecional com capacidade de 5.500 kN - fornecimento e instalação","un",45865.97]
[308279,"Aparelho de apoio metálico esférico unidirecional com capacidade de 6.000 kN - fornecimento e instalação","un",51240.97]
[308280,"Aparelho de apoio metálico esférico unidirecional com capacidade de 6.500 kN - fornecimento e instalação","un",54922.8]
[308281,"Aparelho de apoio metálico esférico unidirecional com capacidade de 7.000 kN - fornecimento e instalação","un",58997.4]
[308282,"Aparelho de apoio metálico esférico unidirecional com capacidade de 7.500 kN - fornecimento e instalação","un",63316.56]
[308283,"Aparelho de apoio metálico esférico unidirecional com capacidade de 8.000 kN - fornecimento e instalação","un",67294.210000000006]
[308284,"Aparelho de apoio metálico esférico unidirecional com capacidade de 8.500 kN - fornecimento e instalação","un",72495.649999999994]
[308285,"Aparelho de apoio metálico esférico unidirecional com capacidade de 9.000 kN - fornecimento e instalação","un",76750.66]
[308286,"Aparelho de apoio metálico esférico unidirecional com capacidade de 9.500 kN - fornecimento e instalação","un",81162.759999999995]
[307733,"Junta de dilatação em elastômero e perfil VV - L = 20 mm e H = 40 mm - fornecimento e instalação","m",277.89999999999998]
[307734,"Junta de dilatação em elastômero e perfil VV - L = 25 mm e H = 50 mm - fornecimento e instalação","m",320.3]
[307735,"Junta de dilatação em elastômero e perfil VV - L = 35 mm e H = 60 mm - fornecimento e instalação","m",420.04]
[307736,"Junta de dilatação em elastômero e perfil VV - L = 40 mm e H = 70 mm - fornecimento e instalação","m",560.1]
[307737,"Junta de dilatação em elastômero e perfil VV - L = 50 mm e H = 80 mm - fornecimento e instalação","m",590.36]
[307730,"Junta de dilatação em perfil extrudado de borracha vulcanizada","m",0]
[307084,"Lábios poliméricos em junta de pavimento de concreto - L = 20 mm e H = 30 mm - confecção e assentamento","m",34.69]
[407818,"Armação em aço CA-25 - fornecimento, preparo e colocação","kg",12.13]
[407819,"Armação em aço CA-50 - fornecimento, preparo e colocação","kg",12.52]
[407820,"Armação em aço CA-60 - fornecimento, preparo e colocação","kg",13.6]
[407740,"Chumbador tipo espera em aço CA-25 para fixação de estrutura metálica em concreto - fornecimento e instalação","kg",15.38]
[408037,"Luva de emenda com rosca cônica para aço CA-50 - D = 12,5 mm - fornecimento e instalação","un",20.71]
[408038,"Luva de emenda com rosca cônica para aço CA-50 - D = 16 mm - fornecimento e instalação","un",31.09]
[408039,"Luva de emenda com rosca cônica para aço CA-50 - D = 20 mm - fornecimento e instalação","un",41.96]
[408041,"Luva de emenda com rosca cônica para aço CA-50 - D = 25 mm - fornecimento e instalação","un",53.04]
[408042,"Luva de emenda com rosca cônica para aço CA-50 - D = 32 mm - fornecimento e instalação","un",79.790000000000006]
[408031,"Luva de emenda prensada para aço CA-50 - D = 12,5 mm - fornecimento e instalação","un",21.98]
[408032,"Luva de emenda prensada para aço CA-50 - D = 16 mm - fornecimento e instalação","un",29.86]
[408033,"Luva de emenda prensada para aço CA-50 - D = 20 mm - fornecimento e instalação","un",41.4]
[408035,"Luva de emenda prensada para aço CA-50 - D = 25 mm - fornecimento e instalação","un",70.83]
[408036,"Luva de emenda prensada para aço CA-50 - D = 32 mm - fornecimento e instalação","un",150.55000000000001]
[408067,"Tela de aço eletrossoldada - fornecimento, preparo e colocação","kg",10.92]
[407743,"Treliça nervurada três barras longitudinais interligadas por duas diagonais sinusoidal - fornecimento e instalação","kg",11.19]
[607137,"Arco metálico galvanizado tipo MP 152S - arco alto - vão = 10,08 m e altura = 6,12 m - aterro rodoviário mínimo = 0,90 m e máximo = 5,00 m - areia e brita comerciais","m",55910.97]
[606785,"Arco metálico galvanizado tipo MP 152S - arco alto - vão = 10,08 m e altura = 6,12 m - aterro rodoviário mínimo = 0,90 m e máximo = 5,00 m - areia extraída e brita produzida","m",55302.51]
[607139,"Arco metálico galvanizado tipo MP 152S - arco alto - vão = 10,31 m e altura = 6,17 m - aterro rodoviário mínimo = 0,90 m e máximo = 4,90 m - areia e brita comerciais","m",56684.7]
[606787,"Arco metálico galvanizado tipo MP 152S - arco alto - vão = 10,31 m e altura = 6,17 m - aterro rodoviário mínimo = 0,90 m e máximo = 4,90 m - areia extraída e brita produzida","m",55746.34]
[607140,"Arco metálico galvanizado tipo MP 152S - arco alto - vão = 10,36 m e altura = 5,38 m - aterro rodoviário mínimo = 1,20 m e máximo = 3,60 m - areia e brita comerciais","m",51662.32]
[606788,"Arco metálico galvanizado tipo MP 152S - arco alto - vão = 10,36 m e altura = 5,38 m - aterro rodoviário mínimo = 1,20 m e máximo = 3,60 m - areia extraída e brita produzida","m",51445.58]
[607141,"Arco metálico galvanizado tipo MP 152S - arco alto - vão = 10,54 m e altura = 6,05 m - aterro rodoviário mínimo = 1,20 m e máximo = 4,20 m - areia e brita comerciais","m",57751.01]
[606789,"Arco metálico galvanizado tipo MP 152S - arco alto - vão = 10,54 m e altura = 6,05 m - aterro rodoviário mínimo = 1,20 m e máximo = 4,20 m - areia extraída e brita produzida","m",57118.66]
[607144,"Arco metálico galvanizado tipo MP 152S - arco alto - vão = 10,57 m e altura = 5,41 m - aterro rodoviário mínimo = 1,20 m e máximo = 4,10 m - areia e brita comerciais","m",66718.070000000007]
[606792,"Arco metálico galvanizado tipo MP 152S - arco alto - vão = 10,57 m e altura = 5,41 m - aterro rodoviário mínimo = 1,20 m e máximo = 4,10 m - areia extraída e brita produzida","m",66140.490000000005]
[607142,"Arco metálico galvanizado tipo MP 152S - arco alto - vão = 10,74 m e altura = 6,48 m - aterro rodoviário mínimo = 1,20 m e máximo = 4,70 m - areia e brita comerciais","m",60630.54]
[606790,"Arco metálico galvanizado tipo MP 152S - arco alto - vão = 10,74 m e altura = 6,48 m - aterro rodoviário mínimo = 1,20 m e máximo = 4,70 m - areia extraída e brita produzida","m",59950.38]
[607145,"Arco metálico galvanizado tipo MP 152S - arco alto - vão = 10,77 m e altura = 6,10 m - aterro rodoviário mínimo = 1,20 m e máximo = 4,70 m - areia e brita comerciais","m",73828.88]
[606793,"Arco metálico galvanizado tipo MP 152S - arco alto - vão = 10,77 m e altura = 6,10 m - aterro rodoviário mínimo = 1,20 m e máximo = 4,70 m - areia extraída e brita produzida","m",73182.91]
[607146,"Arco metálico galvanizado tipo MP 152S - arco alto - vão = 10,97 m e altura = 6,53 m - aterro rodoviário mínimo = 1,20 m e máximo = 4,70 m - areia e brita comerciais","m",77042.87]
[606794,"Arco metálico galvanizado tipo MP 152S - arco alto - vão = 10,97 m e altura = 6,53 m - aterro rodoviário mínimo = 1,20 m e máximo = 4,70 m - areia extraída e brita produzida","m",76341.759999999995]
[607143,"Arco metálico galvanizado tipo MP 152S - arco alto - vão = 11,35 m e altura = 7,12 m - aterro rodoviário mínimo = 1,20 m e máximo = 4,70 m - areia e brita comerciais","m",65533.96]
[606791,"Arco metálico galvanizado tipo MP 152S - arco alto - vão = 11,35 m e altura = 7,12 m - aterro rodoviário mínimo = 1,20 m e máximo = 4,70 m - areia extraída e brita produzida","m",64750.9]
[607147,"Arco metálico galvanizado tipo MP 152S - arco alto - vão = 11,58 m e altura = 7,16 m - aterro rodoviário mínimo = 1,20 m e máximo = 6,40 m - areia e brita comerciais","m",83171.77]
[606795,"Arco metálico galvanizado tipo MP 152S - arco alto - vão = 11,58 m e altura = 7,16 m - aterro rodoviário mínimo = 1,20 m e máximo = 6,40 m - areia extraída e brita produzida","m",82363.87]
[607112,"Arco metálico galvanizado tipo MP 152S - arco alto - vão = 6,12 m e altura = 2,77 m - aterro rodoviário mínimo = 0,75 m e máximo = 5,40 m - areia e brita comerciais","m",27119.47]
[606760,"Arco metálico galvanizado tipo MP 152S - arco alto - vão = 6,12 m e altura = 2,77 m - aterro rodoviário mínimo = 0,75 m e máximo = 5,40 m - areia extraída e brita produzida","m",26907.69]
[607113,"Arco metálico galvanizado tipo MP 152S - arco alto - vão = 6,30 m e altura = 3,68 m - aterro rodoviário mínimo = 0,75 m e máximo = 7,50 m - areia e brita comerciais","m",31923.06]
[606761,"Arco metálico galvanizado tipo MP 152S - arco alto - vão = 6,30 m e altura = 3,68 m - aterro rodoviário mínimo = 0,75 m e máximo = 7,50 m - areia extraída e brita produzida","m",31679.63]
[606762,"Arco metálico galvanizado tipo MP 152S - arco alto - vão = 6,55 m e altura = 3,56 m - aterro rodoviário mínimo = 0,75 m e máximo = 4,9 m - areia extraída e brita produzida","m",32002.35]
[607114,"Arco metálico galvanizado tipo MP 152S - arco alto - vão = 6,55 m e altura = 3,56 m - aterro rodoviário mínimo = 0,75 m e máximo = 4,90 m - areia e brita comerciais","m",32250.38]
[607116,"Arco metálico galvanizado tipo MP 152S - arco alto - vão = 6,78 m e altura = 3,61 m - aterro rodoviário mínimo = 0,75 m e máximo = 4,80 m - areia e brita comerciais","m",33416.559999999998]
[606764,"Arco metálico galvanizado tipo MP 152S - arco alto - vão = 6,78 m e altura = 3,61 m - aterro rodoviário mínimo = 0,75 m e máximo = 4,80 m - areia extraída e brita produzida","m",33158.080000000002]
[607115,"Arco metálico galvanizado tipo MP 152S - arco alto - vão = 6,96 m e altura = 4,42 m - aterro rodoviário mínimo = 0,75 m e máximo = 8,10 m - areia e brita comerciais","m",37966.449999999997]
[606763,"Arco metálico galvanizado tipo MP 152S - arco alto - vão = 6,96 m e altura = 4,42 m - aterro rodoviário mínimo = 0,75 m e máximo = 8,10 m - areia extraída e brita produzida","m",37655.49]
[607117,"Arco metálico galvanizado tipo MP 152S - arco alto - vão = 6,99 m e altura = 4,27 m - aterro rodoviário mínimo = 0,75 m e máximo = 5,70 m - areia e brita comerciais","m",37970.199999999997]
[606765,"Arco metálico galvanizado tipo MP 152S - arco alto - vão = 6,99 m e altura = 4,27 m - aterro rodoviário mínimo = 0,75 m e máximo = 5,70 m - areia extraída e brita produzida","m",37667.78]
[607118,"Arco metálico galvanizado tipo MP 152S - arco alto - vão = 7,01 m e altura = 3,63 m - aterro rodoviário mínimo = 0,75 m e máximo = 4,60 m - areia e brita comerciais","m",34006.720000000001]
[606766,"Arco metálico galvanizado tipo MP 152S - arco alto - vão = 7,01 m e altura = 3,63 m - aterro rodoviário mínimo = 0,75 m e máximo = 4,60 m - areia extraída e brita produzida","m",33739.879999999997]
[607120,"Arco metálico galvanizado tipo MP 152S - arco alto - vão = 7,24 m e altura = 3,68 m - aterro rodoviário mínimo = 0,90 m e máximo = 4,4 m - areia e brita comerciais","m",34641.03]
[606768,"Arco metálico galvanizado tipo MP 152S - arco alto - vão = 7,24 m e altura = 3,68 m - aterro rodoviário mínimo = 0,90 m e máximo = 4,40 m - areia extraída e brita produzida","m",34360.03]
[607119,"Arco metálico galvanizado tipo MP 152S - arco alto - vão = 7,42 m e altura = 4,52 m - aterro rodoviário mínimo = 0,90 m e máximo = 6,40 m - areia e brita comerciais","m",39865.379999999997]
[606767,"Arco metálico galvanizado tipo MP 152S - arco alto - vão = 7,42 m e altura = 4,52 m - aterro rodoviário mínimo = 0,90 m e máximo = 6,40 m - areia extraída e brita produzida","m",39522.69]
[607121,"Arco metálico galvanizado tipo MP 152S - arco alto - vão = 7,47 m e altura = 4,19 m - aterro rodoviário mínimo = 0,90 m e máximo = 4,30 m - areia e brita comerciais","m",37521.1]
[606769,"Arco metálico galvanizado tipo MP 152S - arco alto - vão = 7,47 m e altura = 4,19 m - aterro rodoviário mínimo = 0,90 m e máximo = 4,30 m - areia extraída e brita produzida","m",37200.730000000003]
[607123,"Arco metálico galvanizado tipo MP 152S - arco alto - vão = 7,67 m e altura = 3,99 m - aterro rodoviário mínimo = 0,90 m e máximo = 4,10 m - areia e brita comerciais","m",37031.760000000002]
[606771,"Arco metálico galvanizado tipo MP 152S - arco alto - vão = 7,67 m e altura = 3,99 m - aterro rodoviário mínimo = 0,90 m e máximo = 4,10 m - areia extraída e brita produzida","m",36712.58]
[607122,"Arco metálico galvanizado tipo MP 152S - arco alto - vão = 7,85 m e altura = 4,60 m - aterro rodoviário mínimo = 0,90 m e máximo = 6,00 m - areia e brita comerciais","m",41125.019999999997]
[606770,"Arco metálico galvanizado tipo MP 152S - arco alto - vão = 7,85 m e altura = 4,60 m - aterro rodoviário mínimo = 0,90 m e máximo = 6,00 m - areia extraída e brita produzida","m",40756.92]
[607125,"Arco metálico galvanizado tipo MP 152S - arco alto - vão = 7,90 m e altura = 4,04 m - aterro rodoviário mínimo = 0,90 m e máximo = 4,00 m - areia e brita comerciais","m",38312.660000000003]
[606773,"Arco metálico galvanizado tipo MP 152S - arco alto - vão = 7,90 m e altura = 4,04 m - aterro rodoviário mínimo = 0,90 m e máximo = 4,00 m - areia extraída e brita produzida","m",37976.839999999997]
[607124,"Arco metálico galvanizado tipo MP 152S - arco alto - vão = 8,08 m e altura = 4,65 m - aterro rodoviário mínimo = 0,90 m e máximo = 5,80 m - areia e brita comerciais","m",41751.94]
[606772,"Arco metálico galvanizado tipo MP 152S - arco alto - vão = 8,08 m e altura = 4,65 m - aterro rodoviário mínimo = 0,90 m e máximo = 5,80 m - areia extraída e brita produzida","m",41372.06]
[607126,"Arco metálico galvanizado tipo MP 152S - arco alto - vão = 8,31 m e altura = 4,70 m - aterro rodoviário mínimo = 0,90 m e máximo = 5,60 m - areia e brita comerciais","m",42928.89]
[606774,"Arco metálico galvanizado tipo MP 152S - arco alto - vão = 8,31 m e altura = 4,70 m - aterro rodoviário mínimo = 0,90 m e máximo = 5,60 m - areia extraída e brita produzida","m",42530.71]
[607127,"Arco metálico galvanizado tipo MP 152S - arco alto - vão = 8,36 m e altura = 4,11 m - aterro rodoviário mínimo = 0,90 m e máximo = 3,70 m - areia e brita comerciais","m",39504.61]
[606775,"Arco metálico galvanizado tipo MP 152S - arco alto - vão = 8,36 m e altura = 4,11 m - aterro rodoviário mínimo = 0,90 m e máximo = 3,70 m - areia extraída e brita produzida","m",39148.61]
[607129,"Arco metálico galvanizado tipo MP 152S - arco alto - vão = 8,59 m e altura = 4,39 m - aterro rodoviário mínimo = 0,90 m e máximo = 3,60 m - areia e brita comerciais","m",41360.15]
[606777,"Arco metálico galvanizado tipo MP 152S - arco alto - vão = 8,59 m e altura = 4,39 m - aterro rodoviário mínimo = 0,90 m e máximo = 3,60 m - areia extraída e brita produzida","m",40970.269999999997]
[607128,"Arco metálico galvanizado tipo MP 152S - arco alto - vão = 8,97 m e altura = 5,00 m - aterro rodoviário mínimo = 0,90 m e máximo = 5,80 m - areia e brita comerciais","m",45538.02]
[606776,"Arco metálico galvanizado tipo MP 152S - arco alto - vão = 8,97 m e altura = 5,00 m - aterro rodoviário mínimo = 0,90 m e máximo = 5,80 m - areia extraída e brita produzida","m",45082.48]
[607130,"Arco metálico galvanizado tipo MP 152S - arco alto - vão = 9,17 m e altura = 5,49 m - aterro rodoviário mínimo = 0,90 m e máximo = 5,60 m - areia e brita comerciais","m",48552.1]
[606778,"Arco metálico galvanizado tipo MP 152S - arco alto - vão = 9,17 m e altura = 5,49 m - aterro rodoviário mínimo = 0,90 m e máximo = 5,60 m - areia extraída e brita produzida","m",48051.38]
[607131,"Arco metálico galvanizado tipo MP 152S - arco alto - vão = 9,22 m e altura = 4,70 m - aterro rodoviário mínimo = 0,90 m e máximo = 4,10 m - areia e brita comerciais","m",45558.6]
[606779,"Arco metálico galvanizado tipo MP 152S - arco alto - vão = 9,22 m e altura = 4,70 m - aterro rodoviário mínimo = 0,90 m e máximo = 4,10 m - areia extraída e brita produzida","m",45115.63]
[607133,"Arco metálico galvanizado tipo MP 152S - arco alto - vão = 9,45 m e altura = 4,75 m - aterro rodoviário mínimo = 0,90 m e máximo = 4,00 m - areia e brita comerciais","m",46260.82]
[606781,"Arco metálico galvanizado tipo MP 152S - arco alto - vão = 9,45 m e altura = 4,75 m - aterro rodoviário mínimo = 0,90 m e máximo = 4,00 m - areia extraída e brita produzida","m",45804.53]
[607132,"Arco metálico galvanizado tipo MP 152S - arco alto - vão = 9,63 m e altura = 5,59 m - aterro rodoviário mínimo = 0,90 m e máximo = 5,30 m - areia e brita comerciais","m",50466.27]
[606780,"Arco metálico galvanizado tipo MP 152S - arco alto - vão = 9,63 m e altura = 5,59 m - aterro rodoviário mínimo = 0,90 m e máximo = 5,30 m - areia extraída e brita produzida","m",49930.45]
[607134,"Arco metálico galvanizado tipo MP 152S - arco alto - vão = 9,65 m e altura = 5,41 m - aterro rodoviário mínimo = 0,90 m e máximo = 4,70 m - areia e brita comerciais","m",49978.68]
[606782,"Arco metálico galvanizado tipo MP 152S - arco alto - vão = 9,65 m e altura = 5,41 m - aterro rodoviário mínimo = 0,90 m e máximo = 4,70 m - areia extraída e brita produzida","m",49455.11]
[607136,"Arco metálico galvanizado tipo MP 152S - arco alto - vão = 9,68 m e altura = 5,23 m - aterro rodoviário mínimo = 0,90 m e máximo = 3,90 m - areia e brita comerciais","m",49297.3]
[606784,"Arco metálico galvanizado tipo MP 152S - arco alto - vão = 9,68 m e altura = 5,23 m - aterro rodoviário mínimo = 0,90 m e máximo = 3,90 m - areia extraída e brita produzida","m",48790.45]
[607135,"Arco metálico galvanizado tipo MP 152S - arco alto - vão = 9,86 m e altura = 6,07 m - aterro rodoviário mínimo = 0,90 m e máximo = 5,20 m - areia e brita comerciais","m",55087.71]
[606783,"Arco metálico galvanizado tipo MP 152S - arco alto - vão = 9,86 m e altura = 6,07 m - aterro rodoviário mínimo = 0,90 m e máximo = 5,20 m - areia extraída e brita produzida","m",54500.14]
[607138,"Arco metálico galvanizado tipo MP 152S - arco alto - vão = 9,91 m e altura = 5,28 m - aterro rodoviário mínimo = 0,90 m e máximo = 3,80 m - areia e brita comerciais","m",50184.62]
[606786,"Arco metálico galvanizado tipo MP 152S - arco alto - vão = 9,91 m e altura = 5,28 m - aterro rodoviário mínimo = 0,90 m e máximo = 3,80 m - areia extraída e brita produzida","m",49644.68]
[606842,"Arco metálico galvanizado tipo MP 152S - ovoide - vão = 7,21 m e altura = 7,82 m - aterro rodoviário mínimo = 0,75 m e máximo = 6,70 m - areia e brita comerciais","m",61766.28]
[606832,"Arco metálico galvanizado tipo MP 152S - ovoide - vão = 7,21 m e altura = 7,82 m - aterro rodoviário mínimo = 0,75 m e máximo = 6,70 m - areia extraída e brita produzida","m",61370.37]
[606843,"Arco metálico galvanizado tipo MP 152S - ovoide - vão = 7,31 m e altura = 7,87 m - aterro rodoviário mínimo = 0,90 m e máximo = 6,80 m - areia e brita comerciais","m",64193.36]
[606833,"Arco metálico galvanizado tipo MP 152S - ovoide - vão = 7,31 m e altura = 7,87 m - aterro rodoviário mínimo = 0,90 m e máximo = 6,80 m - areia extraída e brita produzida","m",63780.9]
[606845,"Arco metálico galvanizado tipo MP 152S - ovoide - vão = 7,57 m e altura = 8,44 m - aterro rodoviário mínimo = 0,90 m e máximo = 5,60 m - areia e brita comerciais","m",66551.740000000005]
[606835,"Arco metálico galvanizado tipo MP 152S - ovoide - vão = 7,57 m e altura = 8,44 m - aterro rodoviário mínimo = 0,90 m e máximo = 5,60 m - areia extraída e brita produzida","m",66137.649999999994]
[606844,"Arco metálico galvanizado tipo MP 152S - ovoide - vão = 7,77 m e altura = 7,90 m - aterro rodoviário mínimo = 0,90 m e máximo = 6,80 m - areia e brita comerciais","m",65174.63]
[606834,"Arco metálico galvanizado tipo MP 152S - ovoide - vão = 7,77 m e altura = 7,90 m - aterro rodoviário mínimo = 0,90 m e máximo = 6,80 m - areia extraída e brita produzida","m",64749.07]
[606847,"Arco metálico galvanizado tipo MP 152S - ovoide - vão = 8,13 m e altura = 8,01 m - aterro rodoviário mínimo = 0,90 m e máximo = 3,50 m - areia e brita comerciais","m",69594.899999999994]
[606837,"Arco metálico galvanizado tipo MP 152S - ovoide - vão = 8,13 m e altura = 8,01 m - aterro rodoviário mínimo = 0,90 m e máximo = 3,50 m - areia extraída e brita produzida","m",69134.95]
[606846,"Arco metálico galvanizado tipo MP 152S - ovoide - vão = 8,36 m e altura = 8,23 m - aterro rodoviário mínimo = 0,90 m e máximo = 4,30 m - areia e brita comerciais","m",71333.95]
[606836,"Arco metálico galvanizado tipo MP 152S - ovoide - vão = 8,36 m e altura = 8,23 m - aterro rodoviário mínimo = 0,90 m e máximo = 4,30 m - areia extraída e brita produzida","m",70867.67]
[606848,"Arco metálico galvanizado tipo MP 152S - ovoide - vão = 8,56 m e altura = 8,48 m - aterro rodoviário mínimo = 0,90 m e máximo = 5,30 m - areia e brita comerciais","m",72173.77]
[606838,"Arco metálico galvanizado tipo MP 152S - ovoide - vão = 8,56 m e altura = 8,48 m - aterro rodoviário mínimo = 0,90 m e máximo = 5,30 m - areia extraída e brita produzida","m",71690.820000000007]
[606849,"Arco metálico galvanizado tipo MP 152S - ovoide - vão = 8,71 m e altura = 9,32 m - aterro rodoviário mínimo = 0,90 m e máximo = 6,00 m - areia e brita comerciais","m",76052.95]
[606839,"Arco metálico galvanizado tipo MP 152S - ovoide - vão = 8,71 m e altura = 9,32 m - aterro rodoviário mínimo = 0,90 m e máximo = 6,00 m - areia extraída e brita produzida","m",75577.759999999995]
[606850,"Arco metálico galvanizado tipo MP 152S - ovoide - vão = 9,15 m e altura = 9,04 m - aterro rodoviário mínimo = 0,90 m e máximo = 4,70 m - areia e brita comerciais","m",76708.28]
[606840,"Arco metálico galvanizado tipo MP 152S - ovoide - vão = 9,15 m e altura = 9,04 m - aterro rodoviário mínimo = 0,90 m e máximo = 4,70 m - areia extraída e brita produzida","m",76193.98]
[606851,"Arco metálico galvanizado tipo MP 152S - ovoide - vão = 9,15 m e altura = 9,50 m - aterro rodoviário mínimo = 0,90 m e máximo = 5,70 m - areia e brita comerciais","m",78942.820000000007]
[606841,"Arco metálico galvanizado tipo MP 152S - ovoide - vão = 9,15 m e altura = 9,50 m - aterro rodoviário mínimo = 0,90 m e máximo = 5,70 m - areia extraída e brita produzida","m",78445.75]
[605604,"Argamassa de solo-cimento com 10% de cimento e material de jazida - preparo e injeção em tunnel liner","m³",355.11]
[605695,"Bueiro metálico com chapas múltiplas MP 100 com revestimento em epóxi - D = 0,60 m - brita comercial","m",1473.98]
[605607,"Bueiro metálico com chapas múltiplas MP 100 com revestimento em epóxi - D = 0,60 m - brita produzida","m",1439.82]
[605696,"Bueiro metálico com chapas múltiplas MP 100 com revestimento em epóxi - D = 0,70 m - brita comercial","m",1695.22]
[605608,"Bueiro metálico com chapas múltiplas MP 100 com revestimento em epóxi - D = 0,70 m - brita produzida","m",1658.92]
[605697,"Bueiro metálico com chapas múltiplas MP 100 com revestimento em epóxi - D = 0,80 m - brita comercial","m",1916.49]
[605609,"Bueiro metálico com chapas múltiplas MP 100 com revestimento em epóxi - D = 0,80 m - brita produzida","m",1878.06]
[605698,"Bueiro metálico com chapas múltiplas MP 100 com revestimento em epóxi - D = 0,90 m - brita comercial","m",2094.8200000000002]
[605610,"Bueiro metálico com chapas múltiplas MP 100 com revestimento em epóxi - D = 0,90 m - brita produzida","m",2054.25]
[605699,"Bueiro metálico com chapas múltiplas MP 100 com revestimento em epóxi - D = 1,00 m - brita comercial","m",2316.02]
[605611,"Bueiro metálico com chapas múltiplas MP 100 com revestimento em epóxi - D = 1,00 m - brita produzida","m",2273.31]
[605700,"Bueiro metálico com chapas múltiplas MP 100 com revestimento em epóxi - D = 1,10 m - brita comercial","m",2623.28]
[605612,"Bueiro metálico com chapas múltiplas MP 100 com revestimento em epóxi - D = 1,10 m - brita produzida","m",2578.44]
[605701,"Bueiro metálico com chapas múltiplas MP 100 com revestimento em epóxi - D = 1,20 m - brita comercial","m",2801.57]
[605613,"Bueiro metálico com chapas múltiplas MP 100 com revestimento em epóxi - D = 1,20 m - brita produzida","m",2754.59]
[605702,"Bueiro metálico com chapas múltiplas MP 100 com revestimento em epóxi - D = 1,30 m - brita comercial","m",3068.42]
[605614,"Bueiro metálico com chapas múltiplas MP 100 com revestimento em epóxi - D = 1,30 m - brita produzida","m",2994.76]
[605703,"Bueiro metálico com chapas múltiplas MP 100 com revestimento em epóxi - D = 1,40 m - brita comercial","m",3251.37]
[605615,"Bueiro metálico com chapas múltiplas MP 100 com revestimento em epóxi - D = 1,40 m - brita produzida","m",3174.5]
[605704,"Bueiro metálico com chapas múltiplas MP 100 com revestimento em epóxi - D = 1,50 m - brita comercial","m",3477.89]
[605616,"Bueiro metálico com chapas múltiplas MP 100 com revestimento em epóxi - D = 1,50 m - brita produzida","m",3397.82]
[605705,"Bueiro metálico com chapas múltiplas MP 100 com revestimento em epóxi - D = 1,60 m - brita comercial","m",3708.29]
[605617,"Bueiro metálico com chapas múltiplas MP 100 com revestimento em epóxi - D = 1,60 m - brita produzida","m",3625.02]
[605706,"Bueiro metálico com chapas múltiplas MP 100 com revestimento em epóxi - D = 1,70 m - brita comercial","m",3897.08]
[605618,"Bueiro metálico com chapas múltiplas MP 100 com revestimento em epóxi - D = 1,70 m - brita produzida","m",3810.6]
[605707,"Bueiro metálico com chapas múltiplas MP 100 com revestimento em epóxi - D = 1,80 m - brita comercial","m",4345.49]
[605619,"Bueiro metálico com chapas múltiplas MP 100 com revestimento em epóxi - D = 1,80 m - brita produzida","m",4255.8100000000004]
[605708,"Bueiro metálico com chapas múltiplas MP 100 com revestimento em epóxi - D = 1,90 m - brita comercial","m",5084.37]
[605620,"Bueiro metálico com chapas múltiplas MP 100 com revestimento em epóxi - D = 1,90 m - brita produzida","m",4991.49]
[605709,"Bueiro metálico com chapas múltiplas MP 100 com revestimento em epóxi - D = 2,00 m - brita comercial","m",5322.01]
[605621,"Bueiro metálico com chapas múltiplas MP 100 com revestimento em epóxi - D = 2,00 m - brita produzida","m",5225.93]
[605710,"Bueiro metálico com chapas múltiplas MP 100 com revestimento em epóxi - D = 2,10 m - brita comercial","m",5717.81]
[605622,"Bueiro metálico com chapas múltiplas MP 100 com revestimento em epóxi - D = 2,10 m - brita produzida","m",5618.52]
[605711,"Bueiro metálico com chapas múltiplas MP 100 com revestimento em epóxi - D = 2,20 m - brita comercial","m",5915.85]
[605623,"Bueiro metálico com chapas múltiplas MP 100 com revestimento em epóxi - D = 2,20 m - brita produzida","m",5813.36]
[605712,"Bueiro metálico com chapas múltiplas MP 100 com revestimento em epóxi - D = 2,30 m - brita comercial","m",6236.15]
[605624,"Bueiro metálico com chapas múltiplas MP 100 com revestimento em epóxi - D = 2,30 m - brita produzida","m",6130.46]
[605713,"Bueiro metálico com chapas múltiplas MP 100 com revestimento em epóxi - D = 2,40 m - brita comercial","m",8248.34]
[605625,"Bueiro metálico com chapas múltiplas MP 100 com revestimento em epóxi - D = 2,40 m - brita produzida","m",8139.45]
[605714,"Bueiro metálico com chapas múltiplas MP 100 com revestimento em epóxi - D = 2,50 m - brita comercial","m",10474.64]
[605626,"Bueiro metálico com chapas múltiplas MP 100 com revestimento em epóxi - D = 2,50 m - brita produzida","m",10362.540000000001]
[605715,"Bueiro metálico com chapas múltiplas MP 100 com revestimento em epóxi - D = 2,60 m - brita comercial","m",11194.33]
[605627,"Bueiro metálico com chapas múltiplas MP 100 com revestimento em epóxi - D = 2,60 m - brita produzida","m",11079.03]
[605716,"Bueiro metálico com chapas múltiplas MP 100 com revestimento em epóxi - D = 2,70 m - brita comercial","m",11631.81]
[605628,"Bueiro metálico com chapas múltiplas MP 100 com revestimento em epóxi - D = 2,70 m - brita produzida","m",11513.3]
[605717,"Bueiro metálico com chapas múltiplas MP 100 com revestimento em epóxi - D = 2,80 m - brita comercial","m",12411.49]
[605629,"Bueiro metálico com chapas múltiplas MP 100 com revestimento em epóxi - D = 2,80 m - brita produzida","m",12289.78]
[605651,"Bueiro metálico com chapas múltiplas MP 100 galvanizadas - D = 0,60 m - brita comercial","m",1408.63]
[605460,"Bueiro metálico com chapas múltiplas MP 100 galvanizadas - D = 0,60 m - brita produzida","m",1374.46]
[605652,"Bueiro metálico com chapas múltiplas MP 100 galvanizadas - D = 0,70 m - brita comercial","m",1619.65]
[605461,"Bueiro metálico com chapas múltiplas MP 100 galvanizadas - D = 0,70 m - brita produzida","m",1583.35]
[605653,"Bueiro metálico com chapas múltiplas MP 100 galvanizadas - D = 0,80 m - brita comercial","m",1830.71]
[605462,"Bueiro metálico com chapas múltiplas MP 100 galvanizadas - D = 0,80 m - brita produzida","m",1792.27]
[605654,"Bueiro metálico com chapas múltiplas MP 100 galvanizadas - D = 0,90 m - brita comercial","m",2000.86]
[605463,"Bueiro metálico com chapas múltiplas MP 100 galvanizadas - D = 0,90 m - brita produzida","m",1960.29]
[605655,"Bueiro metálico com chapas múltiplas MP 100 galvanizadas - D = 1,00 m - brita comercial","m",2211.86]
[605464,"Bueiro metálico com chapas múltiplas MP 100 galvanizadas - D = 1,00 m - brita produzida","m",2169.15]
[605656,"Bueiro metálico com chapas múltiplas MP 100 galvanizadas - D = 1,10 m - brita comercial","m",2504.8200000000002]
[605465,"Bueiro metálico com chapas múltiplas MP 100 galvanizadas - D = 1,10 m - brita produzida","m",2459.98]
[605657,"Bueiro metálico com chapas múltiplas MP 100 galvanizadas - D = 1,20 m - brita comercial","m",2674.94]
[605466,"Bueiro metálico com chapas múltiplas MP 100 galvanizadas - D = 1,20 m - brita produzida","m",2627.96]
[605658,"Bueiro metálico com chapas múltiplas MP 100 galvanizadas - D = 1,30 m - brita comercial","m",2931.58]
[605467,"Bueiro metálico com chapas múltiplas MP 100 galvanizadas - D = 1,30 m - brita produzida","m",2857.92]
[605659,"Bueiro metálico com chapas múltiplas MP 100 galvanizadas - D = 1,40 m - brita comercial","m",3106.36]
[605468,"Bueiro metálico com chapas múltiplas MP 100 galvanizadas - D = 1,40 m - brita produzida","m",3029.49]
[605660,"Bueiro metálico com chapas múltiplas MP 100 galvanizadas - D = 1,50 m - brita comercial","m",3322.66]
[605469,"Bueiro metálico com chapas múltiplas MP 100 galvanizadas - D = 1,50 m - brita produzida","m",3242.59]
[605661,"Bueiro metálico com chapas múltiplas MP 100 galvanizadas - D = 1,60 m - brita comercial","m",3542.85]
[605470,"Bueiro metálico com chapas múltiplas MP 100 galvanizadas - D = 1,60 m - brita produzida","m",3459.58]
[605662,"Bueiro metálico com chapas múltiplas MP 100 galvanizadas - D = 1,70 m - brita comercial","m",3723.47]
[605471,"Bueiro metálico com chapas múltiplas MP 100 galvanizadas - D = 1,70 m - brita produzida","m",3636.99]
[605663,"Bueiro metálico com chapas múltiplas MP 100 galvanizadas - D = 1,80 m - brita comercial","m",4161.6099999999997]
[605472,"Bueiro metálico com chapas múltiplas MP 100 galvanizadas - D = 1,80 m - brita produzida","m",4071.93]
[605664,"Bueiro metálico com chapas múltiplas MP 100 galvanizadas - D = 1,90 m - brita comercial","m",4843.8900000000003]
[605473,"Bueiro metálico com chapas múltiplas MP 100 galvanizadas - D = 1,90 m - brita produzida","m",4751.01]
[605665,"Bueiro metálico com chapas múltiplas MP 100 galvanizadas - D = 2,00 m - brita comercial","m",5068.54]
[605474,"Bueiro metálico com chapas múltiplas MP 100 galvanizadas - D = 2,00 m - brita produzida","m",4972.45]
[605666,"Bueiro metálico com chapas múltiplas MP 100 galvanizadas - D = 2,10 m - brita comercial","m",5447]
[605475,"Bueiro metálico com chapas múltiplas MP 100 galvanizadas - D = 2,10 m - brita produzida","m",5347.71]
[605667,"Bueiro metálico com chapas múltiplas MP 100 galvanizadas - D = 2,20 m - brita comercial","m",5638.55]
[605476,"Bueiro metálico com chapas múltiplas MP 100 galvanizadas - D = 2,20 m - brita produzida","m",5536.06]
[605668,"Bueiro metálico com chapas múltiplas MP 100 galvanizadas - D = 2,30 m - brita comercial","m",5948]
[605477,"Bueiro metálico com chapas múltiplas MP 100 galvanizadas - D = 2,30 m - brita produzida","m",5842.31]
[605669,"Bueiro metálico com chapas múltiplas MP 100 galvanizadas - D = 2,40 m - brita comercial","m",7766.31]
[605478,"Bueiro metálico com chapas múltiplas MP 100 galvanizadas - D = 2,40 m - brita produzida","m",7657.41]
[605670,"Bueiro metálico com chapas múltiplas MP 100 galvanizadas - D = 2,50 m - brita comercial","m",9789.94]
[605479,"Bueiro metálico com chapas múltiplas MP 100 galvanizadas - D = 2,50 m - brita produzida","m",9677.84]
[605671,"Bueiro metálico com chapas múltiplas MP 100 galvanizadas - D = 2,60 m - brita comercial","m",10470.68]
[605480,"Bueiro metálico com chapas múltiplas MP 100 galvanizadas - D = 2,60 m - brita produzida","m",10355.379999999999]
[605672,"Bueiro metálico com chapas múltiplas MP 100 galvanizadas - D = 2,70 m - brita comercial","m",10894.23]
[605481,"Bueiro metálico com chapas múltiplas MP 100 galvanizadas - D = 2,70 m - brita produzida","m",10775.72]
[605673,"Bueiro metálico com chapas múltiplas MP 100 galvanizadas - D = 2,80 m - brita comercial","m",11637.73]
[605482,"Bueiro metálico com chapas múltiplas MP 100 galvanizadas - D = 2,80 m - brita produzida","m",11516.02]
[605718,"Bueiro metálico com chapas múltiplas MP 152 com revestimento em epóxi - D = 1,50 m - brita comercial","m",6927.1]
[605630,"Bueiro metálico com chapas múltiplas MP 152 com revestimento em epóxi - D = 1,50 m - brita produzida","m",6847.03]
[605719,"Bueiro metálico com chapas múltiplas MP 152 com revestimento em epóxi - D = 1,80 m - brita comercial","m",8599.7999999999993]
[605631,"Bueiro metálico com chapas múltiplas MP 152 com revestimento em epóxi - D = 1,80 m - brita produzida","m",8510.1200000000008]
[605720,"Bueiro metálico com chapas múltiplas MP 152 com revestimento em epóxi - D = 1,90 m - brita comercial","m",8873.18]
[605632,"Bueiro metálico com chapas múltiplas MP 152 com revestimento em epóxi - D = 1,90 m - brita produzida","m",8780.2900000000009]
[605721,"Bueiro metálico com chapas múltiplas MP 152 com revestimento em epóxi - D = 2,15 m - brita comercial","m",10049.84]
[605633,"Bueiro metálico com chapas múltiplas MP 152 com revestimento em epóxi - D = 2,15 m - brita produzida","m",9948.9599999999991]
[605722,"Bueiro metálico com chapas múltiplas MP 152 com revestimento em epóxi - D = 2,30 m - brita comercial","m",10651.53]
[605634,"Bueiro metálico com chapas múltiplas MP 152 com revestimento em epóxi - D = 2,30 m - brita produzida","m",10545.84]
[605723,"Bueiro metálico com chapas múltiplas MP 152 com revestimento em epóxi - D = 2,65 m - brita comercial","m",12462.71]
[605635,"Bueiro metálico com chapas múltiplas MP 152 com revestimento em epóxi - D = 2,65 m - brita produzida","m",12345.81]
[605724,"Bueiro metálico com chapas múltiplas MP 152 com revestimento em epóxi - D = 3,05 m - brita comercial","m",14239.21]
[605636,"Bueiro metálico com chapas múltiplas MP 152 com revestimento em epóxi - D = 3,05 m - brita produzida","m",14077.47]
[605725,"Bueiro metálico com chapas múltiplas MP 152 com revestimento em epóxi - D = 3,20 m - brita comercial","m",15114.38]
[605637,"Bueiro metálico com chapas múltiplas MP 152 com revestimento em epóxi - D = 3,20 m - brita produzida","m",14947.83]
[605726,"Bueiro metálico com chapas múltiplas MP 152 com revestimento em epóxi - D = 3,40 m - brita comercial","m",15996.65]
[605638,"Bueiro metálico com chapas múltiplas MP 152 com revestimento em epóxi - D = 3,40 m - brita produzida","m",15823.69]
[605727,"Bueiro metálico com chapas múltiplas MP 152 com revestimento em epóxi - D = 3,65 m - brita comercial","m",17142.71]
[605639,"Bueiro metálico com chapas múltiplas MP 152 com revestimento em epóxi - D = 3,65 m - brita produzida","m",16961.75]
[605728,"Bueiro metálico com chapas múltiplas MP 152 com revestimento em epóxi - D = 3,80 m - brita comercial","m",17786.580000000002]
[605640,"Bueiro metálico com chapas múltiplas MP 152 com revestimento em epóxi - D = 3,80 m - brita produzida","m",17600.82]
[605729,"Bueiro metálico com chapas múltiplas MP 152 com revestimento em epóxi - D = 4,20 m - brita comercial","m",19526.669999999998]
[605641,"Bueiro metálico com chapas múltiplas MP 152 com revestimento em epóxi - D = 4,20 m - brita produzida","m",19328.09]
[605730,"Bueiro metálico com chapas múltiplas MP 152 com revestimento em epóxi - D = 4,60 m - brita comercial","m",21332.28]
[605642,"Bueiro metálico com chapas múltiplas MP 152 com revestimento em epóxi - D = 4,60 m - brita produzida","m",21120.9]
[605731,"Bueiro metálico com chapas múltiplas MP 152 com revestimento em epóxi - D = 4,80 m - brita comercial","m",27202.62]
[605643,"Bueiro metálico com chapas múltiplas MP 152 com revestimento em epóxi - D = 4,80 m - brita produzida","m",26984.83]
[605732,"Bueiro metálico com chapas múltiplas MP 152 com revestimento em epóxi - D = 5,00 m - brita comercial","m",28154.7]
[605644,"Bueiro metálico com chapas múltiplas MP 152 com revestimento em epóxi - D = 5,00 m - brita produzida","m",27893.14]
[605733,"Bueiro metálico com chapas múltiplas MP 152 com revestimento em epóxi - D = 5,35 m - brita comercial","m",33917.79]
[605645,"Bueiro metálico com chapas múltiplas MP 152 com revestimento em epóxi - D = 5,35 m - brita produzida","m",33643.15]
[605734,"Bueiro metálico com chapas múltiplas MP 152 com revestimento em epóxi - D = 5,70 m - brita comercial","m",36449.01]
[605646,"Bueiro metálico com chapas múltiplas MP 152 com revestimento em epóxi - D = 5,70 m - brita produzida","m",36161.29]
[605735,"Bueiro metálico com chapas múltiplas MP 152 com revestimento em epóxi - D = 6,10 m - brita comercial","m",44461.67]
[605647,"Bueiro metálico com chapas múltiplas MP 152 com revestimento em epóxi - D = 6,10 m - brita produzida","m",44159.01]
[605736,"Bueiro metálico com chapas múltiplas MP 152 com revestimento em epóxi - D = 6,50 m - brita comercial","m",56898.13]
[605648,"Bueiro metálico com chapas múltiplas MP 152 com revestimento em epóxi - D = 6,50 m - brita produzida","m",56580.52]
[605737,"Bueiro metálico com chapas múltiplas MP 152 com revestimento em epóxi - D = 6,85 m - brita comercial","m",58935.26]
[605649,"Bueiro metálico com chapas múltiplas MP 152 com revestimento em epóxi - D = 6,85 m - brita produzida","m",58604.57]
[605738,"Bueiro metálico com chapas múltiplas MP 152 com revestimento em epóxi - D = 7,25 m - brita comercial","m",64216.83]
[605650,"Bueiro metálico com chapas múltiplas MP 152 com revestimento em epóxi - D = 7,25 m - brita produzida","m",63871.199999999997]
[605674,"Bueiro metálico com chapas múltiplas MP 152 galvanizadas - D = 1,50 m - brita comercial","m",6713.17]
[605483,"Bueiro metálico com chapas múltiplas MP 152 galvanizadas - D = 1,50 m - brita produzida","m",6633.1]
[605675,"Bueiro metálico com chapas múltiplas MP 152 galvanizadas - D = 1,80 m - brita comercial","m",8341.14]
[605484,"Bueiro metálico com chapas múltiplas MP 152 galvanizadas - D = 1,80 m - brita produzida","m",8251.4599999999991]
[605676,"Bueiro metálico com chapas múltiplas MP 152 galvanizadas - D = 1,90 m - brita comercial","m",8606.1299999999992]
[605485,"Bueiro metálico com chapas múltiplas MP 152 galvanizadas - D = 1,90 m - brita produzida","m",8513.25]
[605677,"Bueiro metálico com chapas múltiplas MP 152 galvanizadas - D = 2,15 m - brita comercial","m",9746.4500000000007]
[605486,"Bueiro metálico com chapas múltiplas MP 152 galvanizadas - D = 2,15 m - brita produzida","m",9645.56]
[605678,"Bueiro metálico com chapas múltiplas MP 152 galvanizadas - D = 2,30 m - brita comercial","m",10331.36]
[605487,"Bueiro metálico com chapas múltiplas MP 152 galvanizadas - D = 2,30 m - brita produzida","m",10225.66]
[605679,"Bueiro metálico com chapas múltiplas MP 152 galvanizadas - D = 2,65 m - brita comercial","m",12087.99]
[605488,"Bueiro metálico com chapas múltiplas MP 152 galvanizadas - D = 2,65 m - brita produzida","m",11971.09]
[605680,"Bueiro metálico com chapas múltiplas MP 152 galvanizadas - D = 3,05 m - brita comercial","m",13811.37]
[605489,"Bueiro metálico com chapas múltiplas MP 152 galvanizadas - D = 3,05 m - brita produzida","m",13649.63]
[605681,"Bueiro metálico com chapas múltiplas MP 152 galvanizadas - D = 3,20 m - brita comercial","m",14659.97]
[605490,"Bueiro metálico com chapas múltiplas MP 152 galvanizadas - D = 3,20 m - brita produzida","m",14493.42]
[605682,"Bueiro metálico com chapas múltiplas MP 152 galvanizadas - D = 3,40 m - brita comercial","m",15515.68]
[605491,"Bueiro metálico com chapas múltiplas MP 152 galvanizadas - D = 3,40 m - brita produzida","m",15342.73]
[605683,"Bueiro metálico com chapas múltiplas MP 152 galvanizadas - D = 3,65 m - brita comercial","m",16626.78]
[605492,"Bueiro metálico com chapas múltiplas MP 152 galvanizadas - D = 3,65 m - brita produzida","m",16445.830000000002]
[605684,"Bueiro metálico com chapas múltiplas MP 152 galvanizadas - D = 3,80 m - brita comercial","m",17252.47]
[605493,"Bueiro metálico com chapas múltiplas MP 152 galvanizadas - D = 3,80 m - brita produzida","m",17066.71]
[605685,"Bueiro metálico com chapas múltiplas MP 152 galvanizadas - D = 4,20 m - brita comercial","m",18938.04]
[605494,"Bueiro metálico com chapas múltiplas MP 152 galvanizadas - D = 4,20 m - brita produzida","m",18739.46]
[605686,"Bueiro metálico com chapas múltiplas MP 152 galvanizadas - D = 4,60 m - brita comercial","m",20690.509999999998]
[605495,"Bueiro metálico com chapas múltiplas MP 152 galvanizadas - D = 4,60 m - brita produzida","m",20479.13]
[605687,"Bueiro metálico com chapas múltiplas MP 152 galvanizadas - D = 4,80 m - brita comercial","m",23501.59]
[605496,"Bueiro metálico com chapas múltiplas MP 152 galvanizadas - D = 4,80 m - brita produzida","m",23283.8]
[605688,"Bueiro metálico com chapas múltiplas MP 152 galvanizadas - D = 5,00 m - brita comercial","m",24349.16]
[605497,"Bueiro metálico com chapas múltiplas MP 152 galvanizadas - D = 5,00 m - brita produzida","m",24087.599999999999]
[605689,"Bueiro metálico com chapas múltiplas MP 152 galvanizadas - D = 5,35 m - brita comercial","m",30309.01]
[605498,"Bueiro metálico com chapas múltiplas MP 152 galvanizadas - D = 5,35 m - brita produzida","m",30034.37]
[605690,"Bueiro metálico com chapas múltiplas MP 152 galvanizadas - D = 5,70 m - brita comercial","m",32582.13]
[605499,"Bueiro metálico com chapas múltiplas MP 152 galvanizadas - D = 5,70 m - brita produzida","m",32294.42]
[605691,"Bueiro metálico com chapas múltiplas MP 152 galvanizadas - D = 6,10 m - brita comercial","m",40108.61]
[605500,"Bueiro metálico com chapas múltiplas MP 152 galvanizadas - D = 6,10 m - brita produzida","m",39805.949999999997]
[605692,"Bueiro metálico com chapas múltiplas MP 152 galvanizadas - D = 6,50 m - brita comercial","m",47738.55]
[605501,"Bueiro metálico com chapas múltiplas MP 152 galvanizadas - D = 6,50 m - brita produzida","m",47420.94]
[605693,"Bueiro metálico com chapas múltiplas MP 152 galvanizadas - D = 6,85 m - brita comercial","m",50671.74]
[605502,"Bueiro metálico com chapas múltiplas MP 152 galvanizadas - D = 6,85 m - brita produzida","m",50341.05]
[605694,"Bueiro metálico com chapas múltiplas MP 152 galvanizadas - D = 7,25 m - brita comercial","m",53983.92]
[605503,"Bueiro metálico com chapas múltiplas MP 152 galvanizadas - D = 7,25 m - brita produzida","m",53638.28]
[606433,"Bueiro metálico com chapas múltiplas MP 152 galvanizadas - lenticular - vão = 1,95 m e altura = 1,40 m - aterro rodoviário mínimo = 0,60 m e máximo = 8,40 m - brita comercial","m",8089.3]
[606343,"Bueiro metálico com chapas múltiplas MP 152 galvanizadas - lenticular - vão = 1,95 m e altura = 1,40 m - aterro rodoviário mínimo = 0,60 m e máximo = 8,40 m - brita produzida","m",7994.82]
[606434,"Bueiro metálico com chapas múltiplas MP 152 galvanizadas - lenticular - vão = 2,15 m e altura = 1,50 m - aterro rodoviário mínimo = 0,60 m e máximo = 7,50 m - brita comercial","m",8943.99]
[606344,"Bueiro metálico com chapas múltiplas MP 152 galvanizadas - lenticular - vão = 2,15 m e altura = 1,50 m - aterro rodoviário mínimo = 0,60 m e máximo = 7,50 m - brita produzida","m",8843.11]
[606435,"Bueiro metálico com chapas múltiplas MP 152 galvanizadas - lenticular - vão = 2,30 m e altura = 1,60 m - aterro rodoviário mínimo = 0,60 m e máximo = 7,20 m - brita comercial","m",9801.61]
[606345,"Bueiro metálico com chapas múltiplas MP 152 galvanizadas - lenticular - vão = 2,30 m e altura = 1,60 m - aterro rodoviário mínimo = 0,60 m e máximo = 7,20 m - brita produzida","m",9695.92]
[606436,"Bueiro metálico com chapas múltiplas MP 152 galvanizadas - lenticular - vão = 2,55 m e altura = 1,65 m - aterro rodoviário mínimo = 0,60 m e máximo = 6,50 m - brita comercial","m",10424.07]
[606346,"Bueiro metálico com chapas múltiplas MP 152 galvanizadas - lenticular - vão = 2,55 m e altura = 1,65 m - aterro rodoviário mínimo = 0,60 m e máximo = 6,50 m - brita produzida","m",10310.370000000001]
[606437,"Bueiro metálico com chapas múltiplas MP 152 galvanizadas - lenticular - vão = 2,70 m e altura = 1,85 m - aterro rodoviário mínimo = 0,60 m e máximo = 6,60 m - brita comercial","m",11278.81]
[606347,"Bueiro metálico com chapas múltiplas MP 152 galvanizadas - lenticular - vão = 2,70 m e altura = 1,85 m - aterro rodoviário mínimo = 0,60 m e máximo = 6,60 m - brita produzida","m",11160.3]
[606438,"Bueiro metálico com chapas múltiplas MP 152 galvanizadas - lenticular - vão = 2,75 m e altura = 1,90 m - aterro rodoviário mínimo = 0,60 m e máximo = 6,50 m - brita comercial","m",11578.9]
[606348,"Bueiro metálico com chapas múltiplas MP 152 galvanizadas - lenticular - vão = 2,75 m e altura = 1,90 m - aterro rodoviário mínimo = 0,60 m e máximo = 6,50 m - brita produzida","m",11458.8]
[606439,"Bueiro metálico com chapas múltiplas MP 152 galvanizadas - lenticular - vão = 3,00 m e altura = 2,00 m - aterro rodoviário mínimo = 0,60 m e máximo = 6,00 m - brita comercial","m",12218.23]
[606349,"Bueiro metálico com chapas múltiplas MP 152 galvanizadas - lenticular - vão = 3,00 m e altura = 2,00 m - aterro rodoviário mínimo = 0,60 m e máximo = 6,00 m - brita produzida","m",12058.09]
[606440,"Bueiro metálico com chapas múltiplas MP 152 galvanizadas - lenticular - vão = 3,20 m e altura = 2,10 m - aterro rodoviário mínimo = 0,60 m e máximo = 5,60 m - brita comercial","m",12772.18]
[606350,"Bueiro metálico com chapas múltiplas MP 152 galvanizadas - lenticular - vão = 3,20 m e altura = 2,10 m - aterro rodoviário mínimo = 0,60 m e máximo = 5,60 m - brita produzida","m",12605.63]
[606441,"Bueiro metálico com chapas múltiplas MP 152 galvanizadas - lenticular - vão = 3,35 m e altura = 2,15 m - aterro rodoviário mínimo = 0,60 m e máximo = 5,30 m - brita comercial","m",13380.16]
[606351,"Bueiro metálico com chapas múltiplas MP 152 galvanizadas - lenticular - vão = 3,35 m e altura = 2,15 m - aterro rodoviário mínimo = 0,60 m e máximo = 5,30 m - brita produzida","m",13208.81]
[606442,"Bueiro metálico com chapas múltiplas MP 152 galvanizadas - lenticular - vão = 3,55 m e altura = 2,25 m - aterro rodoviário mínimo = 0,60 m e máximo = 5,00 m - brita comercial","m",13962.38]
[606352,"Bueiro metálico com chapas múltiplas MP 152 galvanizadas - lenticular - vão = 3,55 m e altura = 2,25 m - aterro rodoviário mínimo = 0,60 m e máximo = 5,00 m - brita produzida","m",13784.62]
[606443,"Bueiro metálico com chapas múltiplas MP 152 galvanizadas - lenticular - vão = 3,70 m e altura = 2,35 m - aterro rodoviário mínimo = 0,60 m e máximo = 4,90 m - brita comercial","m",14800.47]
[606353,"Bueiro metálico com chapas múltiplas MP 152 galvanizadas - lenticular - vão = 3,70 m e altura = 2,35 m - aterro rodoviário mínimo = 0,60 m e máximo = 4,90 m - brita produzida","m",14617.91]
[606444,"Bueiro metálico com chapas múltiplas MP 152 galvanizadas - lenticular - vão = 3,90 m e altura = 2,45 m - aterro rodoviário mínimo = 0,60 m e máximo = 4,60 m - brita comercial","m",15447.68]
[606354,"Bueiro metálico com chapas múltiplas MP 152 galvanizadas - lenticular - vão = 3,90 m e altura = 2,45 m - aterro rodoviário mínimo = 0,60 m e máximo = 4,60 m - brita produzida","m",15258.71]
[606445,"Bueiro metálico com chapas múltiplas MP 152 galvanizadas - lenticular - vão = 4,00 m e altura = 2,55 m - aterro rodoviário mínimo = 0,60 m e máximo = 4,50 m - brita comercial","m",16049.99]
[606355,"Bueiro metálico com chapas múltiplas MP 152 galvanizadas - lenticular - vão = 4,00 m e altura = 2,55 m - aterro rodoviário mínimo = 0,60 m e máximo = 4,50 m - brita produzida","m",15857.82]
[606446,"Bueiro metálico com chapas múltiplas MP 152 galvanizadas - lenticular - vão = 4,15 m e altura = 2,80 m - aterro rodoviário mínimo = 0,60 m e máximo = 6,80 m - brita comercial","m",16632.64]
[606356,"Bueiro metálico com chapas múltiplas MP 152 galvanizadas - lenticular - vão = 4,15 m e altura = 2,80 m - aterro rodoviário mínimo = 0,60 m e máximo = 6,80 m - brita produzida","m",16435.669999999998]
[606447,"Bueiro metálico com chapas múltiplas MP 152 galvanizadas - lenticular - vão = 4,40 m e altura = 2,90 m - aterro rodoviário mínimo = 0,60 m e máximo = 6,40 m - brita comercial","m",17291.939999999999]
[606357,"Bueiro metálico com chapas múltiplas MP 152 galvanizadas - lenticular - vão = 4,40 m e altura = 2,90 m - aterro rodoviário mínimo = 0,60 m e máximo = 6,40 m - brita produzida","m",17052.8]
[606448,"Bueiro metálico com chapas múltiplas MP 152 galvanizadas - lenticular - vão = 4,60 m e altura = 3,00 m - aterro rodoviário mínimo = 0,60 m e máximo = 6,10 m - brita comercial","m",18194.57]
[606358,"Bueiro metálico com chapas múltiplas MP 152 galvanizadas - lenticular - vão = 4,60 m e altura = 3,00 m - aterro rodoviário mínimo = 0,60 m e máximo = 6,10 m - brita produzida","m",17947.95]
[606449,"Bueiro metálico com chapas múltiplas MP 152 galvanizadas - lenticular - vão = 4,80 m e altura = 3,05 m - aterro rodoviário mínimo = 0,60 m e máximo = 5,80 m - brita comercial","m",22249.4]
[606359,"Bueiro metálico com chapas múltiplas MP 152 galvanizadas - lenticular - vão = 4,80 m e altura = 3,05 m - aterro rodoviário mínimo = 0,60 m e máximo = 5,80 m - brita produzida","m",21995.31]
[606450,"Bueiro metálico com chapas múltiplas MP 152 galvanizadas - lenticular - vão = 5,05 m e altura = 3,15 m - aterro rodoviário mínimo = 0,90 m e máximo = 5,50 m - brita comercial","m",23112.19]
[606360,"Bueiro metálico com chapas múltiplas MP 152 galvanizadas - lenticular - vão = 5,05 m e altura = 3,15 m - aterro rodoviário mínimo = 0,90 m e máximo = 5,50 m - brita produzida","m",22848.76]
[606451,"Bueiro metálico com chapas múltiplas MP 152 galvanizadas - lenticular - vão = 5,25 m e altura = 3,25 m - aterro rodoviário mínimo = 0,90 m e máximo = 5,30 m - brita comercial","m",23858.33]
[606361,"Bueiro metálico com chapas múltiplas MP 152 galvanizadas - lenticular - vão = 5,25 m e altura = 3,25 m - aterro rodoviário mínimo = 0,90 m e máximo = 5,30 m - brita produzida","m",23587.43]
[606452,"Bueiro metálico com chapas múltiplas MP 152 galvanizadas - lenticular - vão = 5,45 m e altura = 3,35 m - aterro rodoviário mínimo = 0,90 m e máximo = 5,10 m - brita comercial","m",27004.880000000001]
[606362,"Bueiro metálico com chapas múltiplas MP 152 galvanizadas - lenticular - vão = 5,45 m e altura = 3,35 m - aterro rodoviário mínimo = 0,90 m e máximo = 5,10 m - brita produzida","m",26726.51]
[606453,"Bueiro metálico com chapas múltiplas MP 152 galvanizadas - lenticular - vão = 5,60 m e altura = 3,40 m - aterro rodoviário mínimo = 0,90 m e máximo = 4,90 m - brita comercial","m",27424.79]
[606363,"Bueiro metálico com chapas múltiplas MP 152 galvanizadas - lenticular - vão = 5,60 m e altura = 3,40 m - aterro rodoviário mínimo = 0,90 m e máximo = 4,90 m - brita produzida","m",27140.81]
[606454,"Bueiro metálico com chapas múltiplas MP 152 galvanizadas - lenticular - vão = 5,80 m e altura = 3,50 m - aterro rodoviário mínimo = 0,90 m e máximo = 4,70 m - brita comercial","m",32798.519999999997]
[606364,"Bueiro metálico com chapas múltiplas MP 152 galvanizadas - lenticular - vão = 5,80 m e altura = 3,50 m - aterro rodoviário mínimo = 0,90 m e máximo = 4,70 m - brita produzida","m",32507.06]
[606455,"Bueiro metálico com chapas múltiplas MP 152 galvanizadas - lenticular - vão = 5,90 m e altura = 3,55 m - aterro rodoviário mínimo = 0,90 m e máximo = 4,70 m - brita comercial","m",33336.629999999997]
[606365,"Bueiro metálico com chapas múltiplas MP 152 galvanizadas - lenticular - vão = 5,90 m e altura = 3,55 m - aterro rodoviário mínimo = 0,90 m e máximo = 4,70 m - brita produzida","m",33041.43]
[606456,"Bueiro metálico com chapas múltiplas MP 152 galvanizadas - lenticular - vão = 6,10 m e altura = 3,65 m - aterro rodoviário mínimo = 0,90 m e máximo = 4,50 m - brita comercial","m",34615.15]
[606366,"Bueiro metálico com chapas múltiplas MP 152 galvanizadas - lenticular - vão = 6,10 m e altura = 3,65 m - aterro rodoviário mínimo = 0,90 m e máximo = 4,50 m - brita produzida","m",34312.480000000003]
[606457,"Bueiro metálico com chapas múltiplas MP 152 galvanizadas - lenticular - vão = 6,25 m e altura = 3,65 m - aterro rodoviário mínimo = 0,90 m e máximo = 4,30 m - brita comercial","m",35188.160000000003]
[606367,"Bueiro metálico com chapas múltiplas MP 152 galvanizadas - lenticular - vão = 6,25 m e altura = 3,65 m - aterro rodoviário mínimo = 0,90 m e máximo = 4,30 m - brita produzida","m",34879.89]
[606458,"Bueiro metálico com chapas múltiplas MP 152 galvanizadas - lenticular - vão = 6,40 m e altura = 3,75 m - aterro rodoviário mínimo = 0,90 m e máximo = 4,30 m - brita comercial","m",47372.21]
[606368,"Bueiro metálico com chapas múltiplas MP 152 galvanizadas - lenticular - vão = 6,40 m e altura = 3,75 m - aterro rodoviário mínimo = 0,90 m e máximo = 4,30 m - brita produzida","m",47058.34]
[606459,"Bueiro metálico com chapas múltiplas MP 152 galvanizadas - lenticular - vão = 6,60 m e altura = 3,85 m - aterro rodoviário mínimo = 0,90 m e máximo = 4,10 m - brita comercial","m",49330.15]
[606369,"Bueiro metálico com chapas múltiplas MP 152 galvanizadas - lenticular - vão = 6,60 m e altura = 3,85 m - aterro rodoviário mínimo = 0,90 m e máximo = 4,10 m - brita produzida","m",49008.800000000003]
[606479,"Bueiro metálico com chapas múltiplas MP 152 galvanizadas - passagem de gado - vão = 2,20 m e altura = 2,25 m -aterro rodoviário mínimo = 0,30 m e máximo = 8,90 m - brita comercial","m",11395.15]
[606460,"Bueiro metálico com chapas múltiplas MP 152 galvanizadas - passagem de gado - vão = 2,20 m e altura = 2,25 m -aterro rodoviário mínimo = 0,30 m e máximo = 8,90 m - brita produzida","m",11275.58]
[606480,"Bueiro metálico com chapas múltiplas MP 152 galvanizadas - passagem de gado - vão = 2,90 m e altura = 3,10 m - aterro rodoviário mínimo = 0,60 m e máximo = 11,40 m - brita comercial","m",14838.76]
[606461,"Bueiro metálico com chapas múltiplas MP 152 galvanizadas - passagem de gado - vão = 2,90 m e altura = 3,10 m - aterro rodoviário mínimo = 0,60 m e máximo = 11,40 m - brita produzida","m",14693.03]
[606481,"Bueiro metálico com chapas múltiplas MP 152 galvanizadas - passagem inferior - vão = 3,70 m e altura = 3,50 m - aterro rodoviário mínimo = 0,60 m e máximo = 10,30 m - brita comercial","m",17283.259999999998]
[606462,"Bueiro metálico com chapas múltiplas MP 152 galvanizadas - passagem inferior - vão = 3,70 m e altura = 3,50 m - aterro rodoviário mínimo = 0,60 m e máximo = 10,30 m - brita produzida","m",17070.28]
[606482,"Bueiro metálico com chapas múltiplas MP 152 galvanizadas - passagem inferior - vão = 3,90 m e altura = 3,60 m - aterro rodoviário mínimo = 0,60 m e máximo = 9,80 m - brita comercial","m",18182.79]
[606463,"Bueiro metálico com chapas múltiplas MP 152 galvanizadas - passagem inferior - vão = 3,90 m e altura = 3,60 m - aterro rodoviário mínimo = 0,60 m e máximo = 9,80 m - brita produzida","m",17962.330000000002]
[606483,"Bueiro metálico com chapas múltiplas MP 152 galvanizadas - passagem inferior - vão = 4,00 m e altura = 3,75 m - aterro rodoviário mínimo = 0,60 m e máximo = 9,50 m - brita comercial","m",18621.03]
[606464,"Bueiro metálico com chapas múltiplas MP 152 galvanizadas - passagem inferior - vão = 4,00 m e altura = 3,75 m - aterro rodoviário mínimo = 0,60 m e máximo = 9,50 m - brita produzida","m",18396.84]
[606484,"Bueiro metálico com chapas múltiplas MP 152 galvanizadas - passagem inferior - vão = 4,20 m e altura = 3,90 m - aterro rodoviário mínimo = 0,60 m e máximo = 9,10 m - brita comercial","m",19268.11]
[606465,"Bueiro metálico com chapas múltiplas MP 152 galvanizadas - passagem inferior - vão = 4,20 m e altura = 3,90 m - aterro rodoviário mínimo = 0,60 m e máximo = 9,10 m - brita produzida","m",19036.439999999999]
[606485,"Bueiro metálico com chapas múltiplas MP 152 galvanizadas - passagem inferior - vão = 4,25 m e altura = 4,10 m - aterro rodoviário mínimo = 0,60 m e máximo = 8,90 m - brita comercial","m",19884.439999999999]
[606466,"Bueiro metálico com chapas múltiplas MP 152 galvanizadas - passagem inferior - vão = 4,25 m e altura = 4,10 m - aterro rodoviário mínimo = 0,60 m e máximo = 8,90 m - brita produzida","m",19650.900000000001]
[606486,"Bueiro metálico com chapas múltiplas MP 152 galvanizadas - passagem inferior - vão = 4,40 m e altura = 4,25 m - aterro rodoviário mínimo = 0,60 m e máximo = 8,60 m - brita comercial","m",20751.98]
[606467,"Bueiro metálico com chapas múltiplas MP 152 galvanizadas - passagem inferior - vão = 4,40 m e altura = 4,25 m - aterro rodoviário mínimo = 0,60 m e máximo = 8,60 m - brita produzida","m",20512.84]
[606487,"Bueiro metálico com chapas múltiplas MP 152 galvanizadas - passagem inferior - vão = 4,50 m e altura = 4,40 m - aterro rodoviário mínimo = 0,60 m e máximo = 8,40 m - brita comercial","m",21353.93]
[606468,"Bueiro metálico com chapas múltiplas MP 152 galvanizadas - passagem inferior - vão = 4,50 m e altura = 4,40 m - aterro rodoviário mínimo = 0,60 m e máximo = 8,40 m - brita produzida","m",21111.05]
[606488,"Bueiro metálico com chapas múltiplas MP 152 galvanizadas - passagem inferior - vão = 4,70 m e altura = 4,50 m - aterro rodoviário mínimo = 0,60 m e máximo = 8,90 m - brita comercial","m",26199.07]
[606469,"Bueiro metálico com chapas múltiplas MP 152 galvanizadas - passagem inferior - vão = 4,70 m e altura = 4,50 m - aterro rodoviário mínimo = 0,60 m e máximo = 8,90 m - brita produzida","m",25948.720000000001]
[606489,"Bueiro metálico com chapas múltiplas MP 152 galvanizadas - passagem inferior - vão = 4,80 m e altura = 4,75 m - aterro rodoviário mínimo = 0,90 m e máximo = 9,00 m - brita comercial","m",27649.68]
[606470,"Bueiro metálico com chapas múltiplas MP 152 galvanizadas - passagem inferior - vão = 4,80 m e altura = 4,75 m - aterro rodoviário mínimo = 0,90 m e máximo = 9,00 m - brita produzida","m",27395.59]
[606490,"Bueiro metálico com chapas múltiplas MP 152 galvanizadas - passagem inferior - vão = 5,00 m e altura = 4,85 m - aterro rodoviário mínimo = 0,90 m e máximo = 8,60 m - brita comercial","m",28469.35]
[606471,"Bueiro metálico com chapas múltiplas MP 152 galvanizadas - passagem inferior - vão = 5,00 m e altura = 4,85 m - aterro rodoviário mínimo = 0,90 m e máximo = 8,60 m - brita produzida","m",28207.79]
[606491,"Bueiro metálico com chapas múltiplas MP 152 galvanizadas - passagem inferior - vão = 5,15 m e altura = 4,90 m - aterro rodoviário mínimo = 0,90 m e máximo = 8,50 m - brita comercial","m",29271.43]
[606472,"Bueiro metálico com chapas múltiplas MP 152 galvanizadas - passagem inferior - vão = 5,15 m e altura = 4,90 m - aterro rodoviário mínimo = 0,90 m e máximo = 8,50 m - brita produzida","m",29004.26]
[606492,"Bueiro metálico com chapas múltiplas MP 152 galvanizadas - passagem inferior - vão = 5,25 m e altura = 5,00 m - aterro rodoviário mínimo = 0,90 m e máximo = 8,40 m - brita comercial","m",29905.13]
[606473,"Bueiro metálico com chapas múltiplas MP 152 galvanizadas - passagem inferior - vão = 5,25 m e altura = 5,00 m - aterro rodoviário mínimo = 0,90 m e máximo = 8,40 m - brita produzida","m",29634.22]
[606493,"Bueiro metálico com chapas múltiplas MP 152 galvanizadas - passagem inferior - vão = 5,30 m e altura = 5,30 m - aterro rodoviário mínimo = 0,90 m e máximo = 9,60 m - brita comercial","m",31541.37]
[606474,"Bueiro metálico com chapas múltiplas MP 152 galvanizadas - passagem inferior - vão = 5,30 m e altura = 5,30 m - aterro rodoviário mínimo = 0,90 m e máximo = 9,60 m - brita produzida","m",31268.6]
[606494,"Bueiro metálico com chapas múltiplas MP 152 galvanizadas - passagem inferior - vão = 5,65 m e altura = 5,25 m - aterro rodoviário mínimo = 0,90 m e máximo = 9,00 m - brita comercial","m",36260.14]
[606475,"Bueiro metálico com chapas múltiplas MP 152 galvanizadas - passagem inferior - vão = 5,65 m e altura = 5,25 m - aterro rodoviário mínimo = 0,90 m e máximo = 9,00 m - brita produzida","m",35974.29]
[606495,"Bueiro metálico com chapas múltiplas MP 152 galvanizadas - passagem inferior - vão = 5,85 m e altura = 5,30 m - aterro rodoviário mínimo = 0,90 m e máximo = 8,40 m - brita comercial","m",42736.3]
[606476,"Bueiro metálico com chapas múltiplas MP 152 galvanizadas - passagem inferior - vão = 5,85 m e altura = 5,30 m - aterro rodoviário mínimo = 0,90 m e máximo = 8,40 m - brita produzida","m",42442.97]
[606496,"Bueiro metálico com chapas múltiplas MP 152 galvanizadas - passagem inferior - vão = 6,00 m e altura = 5,45 m - aterro rodoviário mínimo = 0,90 m e máximo = 8,30 m - brita comercial","m",43759.71]
[606477,"Bueiro metálico com chapas múltiplas MP 152 galvanizadas - passagem inferior - vão = 6,00 m e altura = 5,45 m - aterro rodoviário mínimo = 0,90 m e máximo = 8,30 m - brita produzida","m",43460.78]
[606497,"Bueiro metálico com chapas múltiplas MP 152 galvanizadas - passagem inferior - vão = 6,25 m e altura = 5,50 m - aterro rodoviário mínimo = 0,90 m e máximo = 7,90 m - brita comercial","m",44975.75]
[606478,"Bueiro metálico com chapas múltiplas MP 152 galvanizadas - passagem inferior - vão = 6,25 m e altura = 5,50 m - aterro rodoviário mínimo = 0,90 m e máximo = 7,90 m - brita produzida","m",44667.48]
[605835,"Bueiro metálico sem interrupção de tráfego - D = 1,20 m - chapa com epóxi - escavado em material de 1ª categoria - aterro ferroviário máximo = 12,90 m","m",5727.05]
[605571,"Bueiro metálico sem interrupção de tráfego - D = 1,20 m - chapa com epóxi - escavado em material de 1ª categoria - aterro rodoviário máximo = 9,00 m","m",5168.43]
[605850,"Bueiro metálico sem interrupção de tráfego - D = 1,20 m - chapa com epóxi - escavado em material de 2ª categoria - aterro ferroviário máximo = 12,90 m","m",6274.27]
[605582,"Bueiro metálico sem interrupção de tráfego - D = 1,20 m - chapa com epóxi - escavado em material de 2ª categoria - aterro rodoviário máximo = 9,00 m","m",5715.65]
[605889,"Bueiro metálico sem interrupção de tráfego - D = 1,20 m - chapa com epóxi - escavado em material de 3ª categoria - aterro ferroviário máximo = 12,90 m","m",7045.87]
[605593,"Bueiro metálico sem interrupção de tráfego - D = 1,20 m - chapa com epóxi - escavado em material de 3ª categoria - aterro rodoviário máximo = 9,00 m","m",6487.25]
[605739,"Bueiro metálico sem interrupção de tráfego - D = 1,20 m - chapa galvanizada - escavado em material de 1ª categoria - aterro ferroviário máximo = 12,90 m","m",5520.01]
[605504,"Bueiro metálico sem interrupção de tráfego - D = 1,20 m - chapa galvanizada - escavado em material de 1ª categoria - aterro rodoviário máximo = 9,00 m","m",5021.04]
[605781,"Bueiro metálico sem interrupção de tráfego - D = 1,20 m - chapa galvanizada - escavado em material de 2ª categoria - aterro ferroviário máximo = 12,90 m","m",6067.23]
[605524,"Bueiro metálico sem interrupção de tráfego - D = 1,20 m - chapa galvanizada - escavado em material de 2ª categoria - aterro rodoviário máximo = 9,00 m","m",5568.27]
[605815,"Bueiro metálico sem interrupção de tráfego - D = 1,20 m - chapa galvanizada - escavado em material de 3ª categoria - aterro ferroviário máximo = 12,90 m","m",6838.83]
[605544,"Bueiro metálico sem interrupção de tráfego - D = 1,20 m - chapa galvanizada - escavado em material de 3ª categoria - aterro rodoviário máximo = 9,00 m","m",6339.87]
[605836,"Bueiro metálico sem interrupção de tráfego - D = 1,40 m - chapa com epóxi - escavado em material de 1ª categoria - aterro ferroviário máximo = 11,00 m","m",6503.21]
[605572,"Bueiro metálico sem interrupção de tráfego - D = 1,40 m - chapa com epóxi - escavado em material de 1ª categoria - aterro rodoviário máximo = 7,70 m","m",5901.09]
[605851,"Bueiro metálico sem interrupção de tráfego - D = 1,40 m - chapa com epóxi - escavado em material de 2ª categoria - aterro ferroviário máximo = 11,00 m","m",7217.94]
[605583,"Bueiro metálico sem interrupção de tráfego - D = 1,40 m - chapa com epóxi - escavado em material de 2ª categoria - aterro rodoviário máximo = 7,70 m","m",6615.83]
[605890,"Bueiro metálico sem interrupção de tráfego - D = 1,40 m - chapa com epóxi - escavado em material de 3ª categoria - aterro ferroviário máximo = 11,00 m","m",8225.75]
[605594,"Bueiro metálico sem interrupção de tráfego - D = 1,40 m - chapa com epóxi - escavado em material de 3ª categoria - aterro rodoviário máximo = 7,70 m","m",7623.63]
[605740,"Bueiro metálico sem interrupção de tráfego - D = 1,40 m - chapa galvanizada - escavado em material de 1ª categoria - aterro ferroviário máximo = 11,00 m","m",6269.85]
[605505,"Bueiro metálico sem interrupção de tráfego - D = 1,40 m - chapa galvanizada - escavado em material de 1ª categoria - aterro rodoviário máximo = 7,70 m","m",5733.75]
[605782,"Bueiro metálico sem interrupção de tráfego - D = 1,40 m - chapa galvanizada - escavado em material de 2ª categoria - aterro ferroviário máximo = 11,00 m","m",6984.59]
[605525,"Bueiro metálico sem interrupção de tráfego - D = 1,40 m - chapa galvanizada - escavado em material de 2ª categoria - aterro rodoviário máximo = 7,70 m","m",6448.49]
[605816,"Bueiro metálico sem interrupção de tráfego - D = 1,40 m - chapa galvanizada - escavado em material de 3ª categoria - aterro ferroviário máximo = 11,00 m","m",7992.39]
[605545,"Bueiro metálico sem interrupção de tráfego - D = 1,40 m - chapa galvanizada - escavado em material de 3ª categoria - aterro rodoviário máximo = 7,70 m","m",7456.29]
[605837,"Bueiro metálico sem interrupção de tráfego - D = 1,60 m - chapa com epóxi - escavado em material de 1ª categoria - aterro ferroviário máximo = 9,60 m","m",7786.83]
[605573,"Bueiro metálico sem interrupção de tráfego - D = 1,60 m - chapa com epóxi - escavado em material de 1ª categoria - aterro rodoviário máximo = 6,70 m","m",7153.12]
[605852,"Bueiro metálico sem interrupção de tráfego - D = 1,60 m - chapa com epóxi - escavado em material de 2ª categoria - aterro ferroviário máximo = 9,60 m","m",8691.42]
[605584,"Bueiro metálico sem interrupção de tráfego - D = 1,60 m - chapa com epóxi - escavado em material de 2ª categoria - aterro rodoviário máximo = 6,70 m","m",8057.71]
[605891,"Bueiro metálico sem interrupção de tráfego - D = 1,60 m - chapa com epóxi - escavado em material de 3ª categoria - aterro ferroviário máximo = 9,60 m","m",9966.92]
[605595,"Bueiro metálico sem interrupção de tráfego - D = 1,60 m - chapa com epóxi - escavado em material de 3ª categoria - aterro rodoviário máximo = 6,70 m","m",9333.2099999999991]
[605741,"Bueiro metálico sem interrupção de tráfego - D = 1,60 m - chapa galvanizada - escavado em material de 1ª categoria - aterro ferroviário máximo = 9,60 m","m",7514.86]
[605506,"Bueiro metálico sem interrupção de tráfego - D = 1,60 m - chapa galvanizada - escavado em material de 1ª categoria - aterro rodoviário máximo = 6,70 m","m",6955.07]
[605783,"Bueiro metálico sem interrupção de tráfego - D = 1,60 m - chapa galvanizada - escavado em material de 2ª categoria - aterro ferroviário máximo = 9,60 m","m",8419.4599999999991]
[605526,"Bueiro metálico sem interrupção de tráfego - D = 1,60 m - chapa galvanizada - escavado em material de 2ª categoria - aterro rodoviário máximo = 6,70 m","m",7859.66]
[605817,"Bueiro metálico sem interrupção de tráfego - D = 1,60 m - chapa galvanizada - escavado em material de 3ª categoria - aterro ferroviário máximo = 9,60 m","m",9694.9599999999991]
[605546,"Bueiro metálico sem interrupção de tráfego - D = 1,60 m - chapa galvanizada - escavado em material de 3ª categoria - aterro rodoviário máximo = 6,70 m","m",9135.16]
[605838,"Bueiro metálico sem interrupção de tráfego - D = 1,80 m - chapa com epóxi - escavado em material de 1ª categoria - aterro ferroviário máximo = 8,00 m","m",8859.98]
[605574,"Bueiro metálico sem interrupção de tráfego - D = 1,80 m - chapa com epóxi - escavado em material de 1ª categoria - aterro rodoviário máximo = 6,00 m","m",8147.75]
[605853,"Bueiro metálico sem interrupção de tráfego - D = 1,80 m - chapa com epóxi - escavado em material de 2ª categoria - aterro ferroviário máximo = 8,00 m","m",9976.75]
[605585,"Bueiro metálico sem interrupção de tráfego - D = 1,80 m - chapa com epóxi - escavado em material de 2ª categoria - aterro rodoviário máximo = 6,00 m","m",9264.5300000000007]
[605892,"Bueiro metálico sem interrupção de tráfego - D = 1,80 m - chapa com epóxi - escavado em material de 3ª categoria - aterro ferroviário máximo = 8,00 m","m",11551.45]
[605596,"Bueiro metálico sem interrupção de tráfego - D = 1,80 m - chapa com epóxi - escavado em material de 3ª categoria - aterro rodoviário máximo = 6,00 m","m",10839.22]
[605742,"Bueiro metálico sem interrupção de tráfego - D = 1,80 m - chapa galvanizada - escavado em material de 1ª categoria - aterro ferroviário máximo = 8,00 m","m",8549.42]
[605507,"Bueiro metálico sem interrupção de tráfego - D = 1,80 m - chapa galvanizada - escavado em material de 1ª categoria - aterro rodoviário máximo = 6,00 m","m",7922.07]
[605784,"Bueiro metálico sem interrupção de tráfego - D = 1,80 m - chapa galvanizada - escavado em material de 2ª categoria - aterro ferroviário máximo = 8,00 m","m",9666.2000000000007]
[605527,"Bueiro metálico sem interrupção de tráfego - D = 1,80 m - chapa galvanizada - escavado em material de 2ª categoria - aterro rodoviário máximo = 6,00 m","m",9038.85]
[605818,"Bueiro metálico sem interrupção de tráfego - D = 1,80 m - chapa galvanizada - escavado em material de 3ª categoria - aterro ferroviário máximo = 8,00 m","m",11240.89]
[605547,"Bueiro metálico sem interrupção de tráfego - D = 1,80 m - chapa galvanizada - escavado em material de 3ª categoria - aterro rodoviário máximo = 6,00 m","m",10613.54]
[605839,"Bueiro metálico sem interrupção de tráfego - D = 2,00 m - chapa com epóxi - escavado em material de 1ª categoria - aterro ferroviário máximo = 6,90 m","m",10037.780000000001]
[605575,"Bueiro metálico sem interrupção de tráfego - D = 2,00 m - chapa com epóxi - escavado em material de 1ª categoria - aterro rodoviário máximo = 5,40 m","m",9254.85]
[605854,"Bueiro metálico sem interrupção de tráfego - D = 2,00 m - chapa com epóxi - escavado em material de 2ª categoria - aterro ferroviário máximo = 6,90 m","m",11389.09]
[605586,"Bueiro metálico sem interrupção de tráfego - D = 2,00 m - chapa com epóxi - escavado em material de 2ª categoria - aterro rodoviário máximo = 5,40 m","m",10606.15]
[605893,"Bueiro metálico sem interrupção de tráfego - D = 2,00 m - chapa com epóxi - escavado em material de 3ª categoria - aterro ferroviário máximo = 6,90 m","m",13294.47]
[605597,"Bueiro metálico sem interrupção de tráfego - D = 2,00 m - chapa com epóxi - escavado em material de 3ª categoria - aterro rodoviário máximo = 5,40 m","m",12511.53]
[605743,"Bueiro metálico sem interrupção de tráfego - D = 2,00 m - chapa galvanizada - escavado em material de 1ª categoria - aterro ferroviário máximo = 6,90 m","m",9695.64]
[605508,"Bueiro metálico sem interrupção de tráfego - D = 2,00 m - chapa galvanizada - escavado em material de 1ª categoria - aterro rodoviário máximo = 5,40 m","m",9006.1299999999992]
[605785,"Bueiro metálico sem interrupção de tráfego - D = 2,00 m - chapa galvanizada - escavado em material de 2ª categoria - aterro ferroviário máximo = 6,90 m","m",11046.94]
[605528,"Bueiro metálico sem interrupção de tráfego - D = 2,00 m - chapa galvanizada - escavado em material de 2ª categoria - aterro rodoviário máximo = 5,40 m","m",10357.44]
[605819,"Bueiro metálico sem interrupção de tráfego - D = 2,00 m - chapa galvanizada - escavado em material de 3ª categoria - aterro ferroviário máximo = 6,90 m","m",12952.33]
[605548,"Bueiro metálico sem interrupção de tráfego - D = 2,00 m - chapa galvanizada - escavado em material de 3ª categoria - aterro rodoviário máximo = 5,40 m","m",12262.82]
[605840,"Bueiro metálico sem interrupção de tráfego - D = 2,20 m - chapa com epóxi - escavado em material de 1ª categoria - aterro ferroviário máximo = 7,90 m","m",12782.76]
[605576,"Bueiro metálico sem interrupção de tráfego - D = 2,20 m - chapa com epóxi - escavado em material de 1ª categoria - aterro rodoviário máximo = 4,90 m","m",10501.99]
[605855,"Bueiro metálico sem interrupção de tráfego - D = 2,20 m - chapa com epóxi - escavado em material de 2ª categoria - aterro ferroviário máximo = 7,90 m","m",14390.92]
[605587,"Bueiro metálico sem interrupção de tráfego - D = 2,20 m - chapa com epóxi - escavado em material de 2ª categoria - aterro rodoviário máximo = 4,90 m","m",12110.15]
[605898,"Bueiro metálico sem interrupção de tráfego - D = 2,20 m - chapa com epóxi - escavado em material de 3ª categoria - aterro ferroviário máximo = 7,90 m","m",16658.48]
[605598,"Bueiro metálico sem interrupção de tráfego - D = 2,20 m - chapa com epóxi - escavado em material de 3ª categoria - aterro rodoviário máximo = 4,90 m","m",14377.71]
[605744,"Bueiro metálico sem interrupção de tráfego - D = 2,20 m - chapa galvanizada - escavado em material de 1ª categoria - aterro ferroviário máximo = 7,90 m","m",12233.77]
[605509,"Bueiro metálico sem interrupção de tráfego - D = 2,20 m - chapa galvanizada - escavado em material de 1ª categoria - aterro rodoviário máximo = 4,90 m","m",10227.18]
[605787,"Bueiro metálico sem interrupção de tráfego - D = 2,20 m - chapa galvanizada - escavado em material de 2ª categoria - aterro ferroviário máximo = 7,90 m","m",13841.93]
[605529,"Bueiro metálico sem interrupção de tráfego - D = 2,20 m - chapa galvanizada - escavado em material de 2ª categoria - aterro rodoviário máximo = 4,90 m","m",11835.34]
[605820,"Bueiro metálico sem interrupção de tráfego - D = 2,20 m - chapa galvanizada - escavado em material de 3ª categoria - aterro ferroviário máximo = 7,90 m","m",16109.49]
[605549,"Bueiro metálico sem interrupção de tráfego - D = 2,20 m - chapa galvanizada - escavado em material de 3ª categoria - aterro rodoviário máximo = 4,90 m","m",14102.9]
[605841,"Bueiro metálico sem interrupção de tráfego - D = 2,40 m - chapa com epóxi - escavado em material de 1ª categoria - aterro ferroviário máximo = 7,00 m","m",14034.69]
[605577,"Bueiro metálico sem interrupção de tráfego - D = 2,40 m - chapa com epóxi - escavado em material de 1ª categoria - aterro rodoviário máximo = 4,50 m","m",11539.71]
[605856,"Bueiro metálico sem interrupção de tráfego - D = 2,40 m - chapa com epóxi - escavado em material de 2ª categoria - aterro ferroviário máximo = 7,00 m","m",15922.05]
[605588,"Bueiro metálico sem interrupção de tráfego - D = 2,40 m - chapa com epóxi - escavado em material de 2ª categoria - aterro rodoviário máximo = 4,50 m","m",13427.07]
[605899,"Bueiro metálico sem interrupção de tráfego - D = 2,40 m - chapa com epóxi - escavado em material de 3ª categoria - aterro ferroviário máximo = 7,00 m","m",18583.28]
[605599,"Bueiro metálico sem interrupção de tráfego - D = 2,40 m - chapa com epóxi - escavado em material de 3ª categoria - aterro rodoviário máximo = 4,50 m","m",16088.3]
[605745,"Bueiro metálico sem interrupção de tráfego - D = 2,40 m - chapa galvanizada - escavado em material de 1ª categoria - aterro ferroviário máximo = 7,00 m","m",13440.46]
[605510,"Bueiro metálico sem interrupção de tráfego - D = 2,40 m - chapa galvanizada - escavado em material de 1ª categoria - aterro rodoviário máximo = 4,50 m","m",11243.41]
[605788,"Bueiro metálico sem interrupção de tráfego - D = 2,40 m - chapa galvanizada - escavado em material de 2ª categoria - aterro ferroviário máximo = 7,00 m","m",15327.82]
[605530,"Bueiro metálico sem interrupção de tráfego - D = 2,40 m - chapa galvanizada - escavado em material de 2ª categoria - aterro rodoviário máximo = 4,50 m","m",13130.76]
[605821,"Bueiro metálico sem interrupção de tráfego - D = 2,40 m - chapa galvanizada - escavado em material de 3ª categoria - aterro ferroviário máximo = 7,00 m","m",17989.060000000001]
[605550,"Bueiro metálico sem interrupção de tráfego - D = 2,40 m - chapa galvanizada - escavado em material de 3ª categoria - aterro rodoviário máximo = 4,50 m","m",15792]
[605842,"Bueiro metálico sem interrupção de tráfego - D = 2,60 m - chapa com epóxi - escavado em material de 1ª categoria - aterro ferroviário máximo = 6,40 m","m",15564.49]
[605578,"Bueiro metálico sem interrupção de tráfego - D = 2,60 m - chapa com epóxi - escavado em material de 1ª categoria - aterro rodoviário máximo = 4,10 m","m",12831.54]
[605857,"Bueiro metálico sem interrupção de tráfego - D = 2,60 m - chapa com epóxi - escavado em material de 2ª categoria - aterro ferroviário máximo = 6,40 m","m",17753.38]
[605589,"Bueiro metálico sem interrupção de tráfego - D = 2,60 m - chapa com epóxi - escavado em material de 2ª categoria - aterro rodoviário máximo = 4,10 m","m",15020.43]
[605900,"Bueiro metálico sem interrupção de tráfego - D = 2,60 m - chapa com epóxi - escavado em material de 3ª categoria - aterro ferroviário máximo = 6,40 m","m",20839.78]
[605600,"Bueiro metálico sem interrupção de tráfego - D = 2,60 m - chapa com epóxi - escavado em material de 3ª categoria - aterro rodoviário máximo = 4,10 m","m",18106.830000000002]
[605746,"Bueiro metálico sem interrupção de tráfego - D = 2,60 m - chapa galvanizada - escavado em material de 1ª categoria - aterro ferroviário máximo = 6,40 m","m",14916.81]
[605511,"Bueiro metálico sem interrupção de tráfego - D = 2,60 m - chapa galvanizada - escavado em material de 1ª categoria - aterro rodoviário máximo = 4,10 m","m",12509.13]
[605789,"Bueiro metálico sem interrupção de tráfego - D = 2,60 m - chapa galvanizada - escavado em material de 2ª categoria - aterro ferroviário máximo = 6,40 m","m",17105.689999999999]
[605531,"Bueiro metálico sem interrupção de tráfego - D = 2,60 m - chapa galvanizada - escavado em material de 2ª categoria - aterro rodoviário máximo = 4,10 m","m",14698.02]
[605822,"Bueiro metálico sem interrupção de tráfego - D = 2,60 m - chapa galvanizada - escavado em material de 3ª categoria - aterro ferroviário máximo = 6,40 m","m",20192.099999999999]
[605551,"Bueiro metálico sem interrupção de tráfego - D = 2,60 m - chapa galvanizada - escavado em material de 3ª categoria - aterro rodoviário máximo = 4,10 m","m",17784.419999999998]
[605843,"Bueiro metálico sem interrupção de tráfego - D = 2,80 m - chapa com epóxi - escavado em material de 1ª categoria - aterro ferroviário máximo = 5,50 m","m",16788.29]
[605579,"Bueiro metálico sem interrupção de tráfego - D = 2,80 m - chapa com epóxi - escavado em material de 1ª categoria - aterro rodoviário máximo = 3,80 m","m",13875.55]
[605858,"Bueiro metálico sem interrupção de tráfego - D = 2,80 m - chapa com epóxi - escavado em material de 2ª categoria - aterro ferroviário máximo = 5,50 m","m",19301.04]
[605590,"Bueiro metálico sem interrupção de tráfego - D = 2,80 m - chapa com epóxi - escavado em material de 2ª categoria - aterro rodoviário máximo = 3,80 m","m",16388.3]
[605901,"Bueiro metálico sem interrupção de tráfego - D = 2,80 m - chapa com epóxi - escavado em material de 3ª categoria - aterro ferroviário máximo = 5,50 m","m",22844.1]
[605601,"Bueiro metálico sem interrupção de tráfego - D = 2,80 m - chapa com epóxi - escavado em material de 3ª categoria - aterro rodoviário máximo = 3,80 m","m",19931.36]
[605747,"Bueiro metálico sem interrupção de tráfego - D = 2,80 m - chapa galvanizada - escavado em material de 1ª categoria - aterro ferroviário máximo = 5,50 m","m",16095.37]
[605512,"Bueiro metálico sem interrupção de tráfego - D = 2,80 m - chapa galvanizada - escavado em material de 1ª categoria - aterro rodoviário máximo = 3,80 m","m",13530.11]
[605790,"Bueiro metálico sem interrupção de tráfego - D = 2,80 m - chapa galvanizada - escavado em material de 2ª categoria - aterro ferroviário máximo = 5,50 m","m",18608.12]
[605532,"Bueiro metálico sem interrupção de tráfego - D = 2,80 m - chapa galvanizada - escavado em material de 2ª categoria - aterro rodoviário máximo = 3,80 m","m",16042.87]
[605823,"Bueiro metálico sem interrupção de tráfego - D = 2,80 m - chapa galvanizada - escavado em material de 3ª categoria - aterro ferroviário máximo = 5,50 m","m",22151.18]
[605552,"Bueiro metálico sem interrupção de tráfego - D = 2,80 m - chapa galvanizada - escavado em material de 3ª categoria - aterro rodoviário máximo = 3,80 m","m",19585.93]
[605844,"Bueiro metálico sem interrupção de tráfego - D = 3,00 m - chapa com epóxi - escavado em material de 1ª categoria - aterro ferroviário máximo = 4,70 m","m",18388.259999999998]
[605580,"Bueiro metálico sem interrupção de tráfego - D = 3,00 m - chapa com epóxi - escavado em material de 1ª categoria - aterro rodoviário máximo = 3,60 m","m",15272.97]
[605887,"Bueiro metálico sem interrupção de tráfego - D = 3,00 m - chapa com epóxi - escavado em material de 2ª categoria - aterro ferroviário máximo = 4,70 m","m",21247.22]
[605591,"Bueiro metálico sem interrupção de tráfego - D = 3,00 m - chapa com epóxi - escavado em material de 2ª categoria - aterro rodoviário máximo = 3,60 m","m",18131.93]
[605902,"Bueiro metálico sem interrupção de tráfego - D = 3,00 m - chapa com epóxi - escavado em material de 3ª categoria - aterro ferroviário máximo = 4,70 m","m",25278.44]
[605602,"Bueiro metálico sem interrupção de tráfego - D = 3,00 m - chapa com epóxi - escavado em material de 3ª categoria - aterro rodoviário máximo = 3,60 m","m",22163.15]
[605748,"Bueiro metálico sem interrupção de tráfego - D = 3,00 m - chapa galvanizada - escavado em material de 1ª categoria - aterro ferroviário máximo = 4,70 m","m",17641.88]
[605513,"Bueiro metálico sem interrupção de tráfego - D = 3,00 m - chapa galvanizada - escavado em material de 1ª categoria - aterro rodoviário máximo = 3,60 m","m",14899.9]
[605804,"Bueiro metálico sem interrupção de tráfego - D = 3,00 m - chapa galvanizada - escavado em material de 2ª categoria - aterro ferroviário máximo = 4,70 m","m",20500.84]
[605533,"Bueiro metálico sem interrupção de tráfego - D = 3,00 m - chapa galvanizada - escavado em material de 2ª categoria - aterro rodoviário máximo = 3,60 m","m",17758.86]
[605824,"Bueiro metálico sem interrupção de tráfego - D = 3,00 m - chapa galvanizada - escavado em material de 3ª categoria - aterro ferroviário máximo = 4,70 m","m",24532.06]
[605553,"Bueiro metálico sem interrupção de tráfego - D = 3,00 m - chapa galvanizada - escavado em material de 3ª categoria - aterro rodoviário máximo = 3,60 m","m",21790.080000000002]
[605845,"Bueiro metálico sem interrupção de tráfego - D = 3,20 m - chapa com epóxi - escavado em material de 1ª categoria - aterro ferroviário máximo = 4,00 m","m",20062.05]
[605581,"Bueiro metálico sem interrupção de tráfego - D = 3,20 m - chapa com epóxi - escavado em material de 1ª categoria - aterro rodoviário máximo = 4,80 m","m",18028.8]
[605888,"Bueiro metálico sem interrupção de tráfego - D = 3,20 m - chapa com epóxi - escavado em material de 2ª categoria - aterro ferroviário máximo = 4,00 m","m",23289.54]
[605592,"Bueiro metálico sem interrupção de tráfego - D = 3,20 m - chapa com epóxi - escavado em material de 2ª categoria - aterro rodoviário máximo = 4,80 m","m",21256.29]
[605903,"Bueiro metálico sem interrupção de tráfego - D = 3,20 m - chapa com epóxi - escavado em material de 3ª categoria - aterro ferroviário máximo = 4,00 m","m",27840.41]
[605603,"Bueiro metálico sem interrupção de tráfego - D = 3,20 m - chapa com epóxi - escavado em material de 3ª categoria - aterro rodoviário máximo = 4,80 m","m",25807.16]
[605771,"Bueiro metálico sem interrupção de tráfego - D = 3,20 m - chapa galvanizada - escavado em material de 1ª categoria - aterro ferroviário máximo = 4,00 m","m",19270.43]
[605514,"Bueiro metálico sem interrupção de tráfego - D = 3,20 m - chapa galvanizada - escavado em material de 1ª categoria - aterro rodoviário máximo = 4,80 m","m",17483.13]
[605805,"Bueiro metálico sem interrupção de tráfego - D = 3,20 m - chapa galvanizada - escavado em material de 2ª categoria - aterro ferroviário máximo = 4,00 m","m",22497.919999999998]
[605534,"Bueiro metálico sem interrupção de tráfego - D = 3,20 m - chapa galvanizada - escavado em material de 2ª categoria - aterro rodoviário máximo = 4,80 m","m",20710.62]
[605825,"Bueiro metálico sem interrupção de tráfego - D = 3,20 m - chapa galvanizada - escavado em material de 3ª categoria - aterro ferroviário máximo = 4,00 m","m",27048.79]
[605554,"Bueiro metálico sem interrupção de tráfego - D = 3,20 m - chapa galvanizada - escavado em material de 3ª categoria - aterro rodoviário máximo = 4,80 m","m",25261.49]
[605772,"Bueiro metálico sem interrupção de tráfego - D = 3,40 m - chapa galvanizada - escavado em material de 1ª categoria - aterro ferroviário máximo = 7,00 m","m",22244.76]
[605515,"Bueiro metálico sem interrupção de tráfego - D = 3,40 m - chapa galvanizada - escavado em material de 1ª categoria - aterro rodoviário máximo = 4,50 m","m",19082.419999999998]
[605806,"Bueiro metálico sem interrupção de tráfego - D = 3,40 m - chapa galvanizada - escavado em material de 2ª categoria - aterro ferroviário máximo = 7,00 m","m",25863.119999999999]
[605535,"Bueiro metálico sem interrupção de tráfego - D = 3,40 m - chapa galvanizada - escavado em material de 2ª categoria - aterro rodoviário máximo = 4,50 m","m",22700.79]
[605826,"Bueiro metálico sem interrupção de tráfego - D = 3,40 m - chapa galvanizada - escavado em material de 3ª categoria - aterro ferroviário máximo = 7,00 m","m",30965.14]
[605555,"Bueiro metálico sem interrupção de tráfego - D = 3,40 m - chapa galvanizada - escavado em material de 3ª categoria - aterro rodoviário máximo = 4,50 m","m",27802.799999999999]
[605773,"Bueiro metálico sem interrupção de tráfego - D = 3,60 m - chapa galvanizada - escavado em material de 1ª categoria - aterro ferroviário máximo = 6,60 m","m",23654.97]
[605516,"Bueiro metálico sem interrupção de tráfego - D = 3,60 m - chapa galvanizada - escavado em material de 1ª categoria - aterro rodoviário máximo = 4,30 m","m",20281.82]
[605807,"Bueiro metálico sem interrupção de tráfego - D = 3,60 m - chapa galvanizada - escavado em material de 2ª categoria - aterro ferroviário máximo = 6,60 m","m",27686.55]
[605536,"Bueiro metálico sem interrupção de tráfego - D = 3,60 m - chapa galvanizada - escavado em material de 2ª categoria - aterro rodoviário máximo = 4,30 m","m",24313.39]
[605827,"Bueiro metálico sem interrupção de tráfego - D = 3,60 m - chapa galvanizada - escavado em material de 3ª categoria - aterro ferroviário máximo = 6,60 m","m",33371.199999999997]
[605556,"Bueiro metálico sem interrupção de tráfego - D = 3,60 m - chapa galvanizada - escavado em material de 3ª categoria - aterro rodoviário máximo = 4,30 m","m",29998.04]
[605774,"Bueiro metálico sem interrupção de tráfego - D = 3,80 m - chapa galvanizada - escavado em material de 1ª categoria - aterro ferroviário máximo = 6,20 m","m",25526.54]
[605517,"Bueiro metálico sem interrupção de tráfego - D = 3,80 m - chapa galvanizada - escavado em material de 1ª categoria - aterro rodoviário máximo = 4,00 m","m",21894.27]
[605808,"Bueiro metálico sem interrupção de tráfego - D = 3,80 m - chapa galvanizada - escavado em material de 2ª categoria - aterro ferroviário máximo = 6,20 m","m",29993.66]
[605537,"Bueiro metálico sem interrupção de tráfego - D = 3,80 m - chapa galvanizada - escavado em material de 2ª categoria - aterro rodoviário máximo = 4,00 m","m",26361.39]
[605828,"Bueiro metálico sem interrupção de tráfego - D = 3,80 m - chapa galvanizada - escavado em material de 3ª categoria - aterro ferroviário máximo = 6,20 m","m",36292.44]
[605557,"Bueiro metálico sem interrupção de tráfego - D = 3,80 m - chapa galvanizada - escavado em material de 3ª categoria - aterro rodoviário máximo = 4,00 m","m",32660.17]
[605775,"Bueiro metálico sem interrupção de tráfego - D = 4,00 m - chapa galvanizada - escavado em material de 1ª categoria - aterro ferroviário máximo = 5,10 m","m",26941.51]
[605518,"Bueiro metálico sem interrupção de tráfego - D = 4,00 m - chapa galvanizada - escavado em material de 1ª categoria - aterro rodoviário máximo = 3,10 m","m",23223.31]
[605809,"Bueiro metálico sem interrupção de tráfego - D = 4,00 m - chapa galvanizada - escavado em material de 2ª categoria - aterro ferroviário máximo = 5,10 m","m",31866.51]
[605538,"Bueiro metálico sem interrupção de tráfego - D = 4,00 m - chapa galvanizada - escavado em material de 2ª categoria - aterro rodoviário máximo = 3,10 m","m",28148.31]
[605829,"Bueiro metálico sem interrupção de tráfego - D = 4,00 m - chapa galvanizada - escavado em material de 3ª categoria - aterro ferroviário máximo = 5,10 m","m",38810.910000000003]
[605558,"Bueiro metálico sem interrupção de tráfego - D = 4,00 m - chapa galvanizada - escavado em material de 3ª categoria - aterro rodoviário máximo = 3,10 m","m",35092.71]
[605776,"Bueiro metálico sem interrupção de tráfego - D = 4,20 m - chapa galvanizada - escavado em material de 1ª categoria - aterro ferroviário máximo = 4,80 m","m",28813.39]
[605519,"Bueiro metálico sem interrupção de tráfego - D = 4,20 m - chapa galvanizada - escavado em material de 1ª categoria - aterro rodoviário máximo = 4,40 m","m",27255.81]
[605810,"Bueiro metálico sem interrupção de tráfego - D = 4,20 m - chapa galvanizada - escavado em material de 2ª categoria - aterro ferroviário máximo = 4,80 m","m",34218.61]
[605539,"Bueiro metálico sem interrupção de tráfego - D = 4,20 m - chapa galvanizada - escavado em material de 2ª categoria - aterro rodoviário máximo = 4,40 m","m",32661.03]
[605830,"Bueiro metálico sem interrupção de tráfego - D = 4,20 m - chapa galvanizada - escavado em material de 3ª categoria - aterro ferroviário máximo = 4,80 m","m",41840.129999999997]
[605559,"Bueiro metálico sem interrupção de tráfego - D = 4,20 m - chapa galvanizada - escavado em material de 3ª categoria - aterro rodoviário máximo = 4,40 m","m",40282.550000000003]
[605777,"Bueiro metálico sem interrupção de tráfego - D = 4,40 m - chapa galvanizada - escavado em material de 1ª categoria - aterro ferroviário máximo = 4,20 m","m",30897.759999999998]
[605520,"Bueiro metálico sem interrupção de tráfego - D = 4,40 m - chapa galvanizada - escavado em material de 1ª categoria - aterro rodoviário máximo = 4,20 m","m",29230.42]
[605811,"Bueiro metálico sem interrupção de tráfego - D = 4,40 m - chapa galvanizada - escavado em material de 2ª categoria - aterro ferroviário máximo = 4,20 m","m",36805.53]
[605540,"Bueiro metálico sem interrupção de tráfego - D = 4,40 m - chapa galvanizada - escavado em material de 2ª categoria - aterro rodoviário máximo = 4,20 m","m",35138.18]
[605831,"Bueiro metálico sem interrupção de tráfego - D = 4,40 m - chapa galvanizada - escavado em material de 3ª categoria - aterro ferroviário máximo = 4,20 m","m",45135.67]
[605560,"Bueiro metálico sem interrupção de tráfego - D = 4,40 m - chapa galvanizada - escavado em material de 3ª categoria - aterro rodoviário máximo = 4,20 m","m",43468.32]
[605778,"Bueiro metálico sem interrupção de tráfego - D = 4,60 m - chapa galvanizada - escavado em material de 1ª categoria - aterro ferroviário máximo = 4,00 m","m",32860.33]
[605521,"Bueiro metálico sem interrupção de tráfego - D = 4,60 m - chapa galvanizada - escavado em material de 1ª categoria - aterro rodoviário máximo = 4,00 m","m",31171.75]
[605812,"Bueiro metálico sem interrupção de tráfego - D = 4,60 m - chapa galvanizada - escavado em material de 2ª categoria - aterro ferroviário máximo = 4,00 m","m",39292.980000000003]
[605541,"Bueiro metálico sem interrupção de tráfego - D = 4,60 m - chapa galvanizada - escavado em material de 2ª categoria - aterro rodoviário máximo = 4,00 m","m",37604.400000000001]
[605832,"Bueiro metálico sem interrupção de tráfego - D = 4,60 m - chapa galvanizada - escavado em material de 3ª categoria - aterro ferroviário máximo = 4,00 m","m",48363.22]
[605561,"Bueiro metálico sem interrupção de tráfego - D = 4,60 m - chapa galvanizada - escavado em material de 3ª categoria - aterro rodoviário máximo = 4,00 m","m",46674.64]
[605779,"Bueiro metálico sem interrupção de tráfego - D = 4,80 m - chapa galvanizada - escavado em material de 1ª categoria - aterro ferroviário máximo = 5,10 m","m",36258.5]
[605522,"Bueiro metálico sem interrupção de tráfego - D = 4,80 m - chapa galvanizada - escavado em material de 1ª categoria - aterro rodoviário máximo = 5,50 m","m",34508.300000000003]
[605813,"Bueiro metálico sem interrupção de tráfego - D = 4,80 m - chapa galvanizada - escavado em material de 2ª categoria - aterro ferroviário máximo = 5,10 m","m",43238.37]
[605542,"Bueiro metálico sem interrupção de tráfego - D = 4,80 m - chapa galvanizada - escavado em material de 2ª categoria - aterro rodoviário máximo = 5,50 m","m",41488.17]
[605833,"Bueiro metálico sem interrupção de tráfego - D = 4,80 m - chapa galvanizada - escavado em material de 3ª categoria - aterro ferroviário máximo = 5,10 m","m",53080.21]
[605562,"Bueiro metálico sem interrupção de tráfego - D = 4,80 m - chapa galvanizada - escavado em material de 3ª categoria - aterro rodoviário máximo = 5,50 m","m",51330.02]
[605780,"Bueiro metálico sem interrupção de tráfego - D = 5,00 m - chapa galvanizada - escavado em material de 1ª categoria - aterro ferroviário máximo = 4,80 m","m",38478.239999999998]
[605523,"Bueiro metálico sem interrupção de tráfego - D = 5,00 m - chapa galvanizada - escavado em material de 1ª categoria - aterro rodoviário máximo = 5,30 m","m",36624.36]
[605814,"Bueiro metálico sem interrupção de tráfego - D = 5,00 m - chapa galvanizada - escavado em material de 2ª categoria - aterro ferroviário máximo = 4,80 m","m",46027.68]
[605543,"Bueiro metálico sem interrupção de tráfego - D = 5,00 m - chapa galvanizada - escavado em material de 2ª categoria - aterro rodoviário máximo = 5,30 m","m",44173.8]
[605834,"Bueiro metálico sem interrupção de tráfego - D = 5,00 m - chapa galvanizada - escavado em material de 3ª categoria - aterro ferroviário máximo = 4,80 m","m",56672.62]
[605563,"Bueiro metálico sem interrupção de tráfego - D = 5,00 m - chapa galvanizada - escavado em material de 3ª categoria - aterro rodoviário máximo = 5,30 m","m",54818.74]
[605606,"Sistema de escoramento telescópico regulável para tunnel liner","m³",15.69]
[705314,"Boca de BDCC 1,50 x 1,50 m - esconsidade 0° - areia e brita comerciais","un",14038.82]
[705312,"Boca de BDCC 1,50 x 1,50 m - esconsidade 0° - areia extraída e brita produzida","un",12973.83]
[705316,"Boca de BDCC 1,50 x 1,50 m - esconsidade 15° - areia e brita comerciais","un",15385.05]
[705315,"Boca de BDCC 1,50 x 1,50 m - esconsidade 15° - areia extraída e brita produzida","un",14238.48]
[705318,"Boca de BDCC 1,50 x 1,50 m - esconsidade 30° - areia e brita comerciais","un",16448.990000000002]
[705317,"Boca de BDCC 1,50 x 1,50 m - esconsidade 30° - areia extraída e brita produzida","un",15156.4]
[705320,"Boca de BDCC 1,50 x 1,50 m - esconsidade 45° - areia e brita comerciais","un",20621.939999999999]
[705319,"Boca de BDCC 1,50 x 1,50 m - esconsidade 45° - areia extraída e brita produzida","un",19040.36]
[705322,"Boca de BDCC 2,00 x 2,00 m - esconsidade 0° - areia e brita comerciais","un",21789.45]
[705321,"Boca de BDCC 2,00 x 2,00 m - esconsidade 0° - areia extraída e brita produzida","un",20000.27]
[705324,"Boca de BDCC 2,00 x 2,00 m - esconsidade 15° - areia e brita comerciais","un",23897.72]
[705323,"Boca de BDCC 2,00 x 2,00 m - esconsidade 15° - areia extraída e brita produzida","un",21982.01]
[705326,"Boca de BDCC 2,00 x 2,00 m - esconsidade 30° - areia e brita comerciais","un",25684.84]
[705325,"Boca de BDCC 2,00 x 2,00 m - esconsidade 30° - areia extraída e brita produzida","un",23588.43]
[705328,"Boca de BDCC 2,00 x 2,00 m - esconsidade 45° - areia e brita comerciais","un",32589.99]
[705327,"Boca de BDCC 2,00 x 2,00 m - esconsidade 45° - areia extraída e brita produzida","un",29989.14]
[705330,"Boca de BDCC 2,50 x 2,50 m - esconsidade 0° - areia e brita comerciais","un",30507.71]
[705329,"Boca de BDCC 2,50 x 2,50 m - esconsidade 0° - areia extraída e brita produzida","un",27903.82]
[705332,"Boca de BDCC 2,50 x 2,50 m - esconsidade 15° - areia e brita comerciais","un",32932.1]
[705331,"Boca de BDCC 2,50 x 2,50 m - esconsidade 15° - areia extraída e brita produzida","un",30281.79]
[705334,"Boca de BDCC 2,50 x 2,50 m - esconsidade 30° - areia e brita comerciais","un",34945.33]
[705333,"Boca de BDCC 2,50 x 2,50 m - esconsidade 30° - areia extraída e brita produzida","un",32319.94]
[705336,"Boca de BDCC 2,50 x 2,50 m - esconsidade 45° - areia e brita comerciais","un",47109.48]
[705335,"Boca de BDCC 2,50 x 2,50 m - esconsidade 45° - areia extraída e brita produzida","un",43449.8]
[705338,"Boca de BDCC 3,00 x 3,00 m - esconsidade 0° - areia e brita comerciais","un",44100.03]
[705337,"Boca de BDCC 3,00 x 3,00 m - esconsidade 0° - areia extraída e brita produzida","un",40303.29]
[705340,"Boca de BDCC 3,00 x 3,00 m - esconsidade 15° - areia e brita comerciais","un",47441.01]
[705339,"Boca de BDCC 3,00 x 3,00 m - esconsidade 15° - areia extraída e brita produzida","un",43612.1]
[705342,"Boca de BDCC 3,00 x 3,00 m - esconsidade 30° - areia e brita comerciais","un",53806.45]
[705341,"Boca de BDCC 3,00 x 3,00 m - esconsidade 30° - areia extraída e brita produzida","un",49547.33]
[705344,"Boca de BDCC 3,00 x 3,00 m - esconsidade 45° - areia e brita comerciais","un",68123.039999999994]
[705343,"Boca de BDCC 3,00 x 3,00 m - esconsidade 45° - areia extraída e brita produzida","un",62907.14]
[705225,"Boca de BSCC 1,50 x 1,50 m - esconsidade 0° - areia e brita comerciais","un",12050.66]
[705224,"Boca de BSCC 1,50 x 1,50 m - esconsidade 0° - areia extraída e brita produzida","un",11065.97]
[705227,"Boca de BSCC 1,50 x 1,50 m - esconsidade 15° - areia e brita comerciais","un",12413.76]
[705226,"Boca de BSCC 1,50 x 1,50 m - esconsidade 15° - areia extraída e brita produzida","un",11514.13]
[705229,"Boca de BSCC 1,50 x 1,50 m - esconsidade 30° - areia e brita comerciais","un",13403.17]
[705228,"Boca de BSCC 1,50 x 1,50 m - esconsidade 30° - areia extraída e brita produzida","un",12363.99]
[705231,"Boca de BSCC 1,50 x 1,50 m - esconsidade 45° - areia e brita comerciais","un",16669.349999999999]
[705230,"Boca de BSCC 1,50 x 1,50 m - esconsidade 45° - areia extraída e brita produzida","un",15453.88]
[705233,"Boca de BSCC 2,00 x 2,00 m - esconsidade 0° - areia e brita comerciais","un",18784.88]
[705232,"Boca de BSCC 2,00 x 2,00 m - esconsidade 0° - areia extraída e brita produzida","un",17217.91]
[705235,"Boca de BSCC 2,00 x 2,00 m - esconsidade 15° - areia e brita comerciais","un",19232.48]
[705234,"Boca de BSCC 2,00 x 2,00 m - esconsidade 15° - areia extraída e brita produzida","un",17775.59]
[705237,"Boca de BSCC 2,00 x 2,00 m - esconsidade 30° - areia e brita comerciais","un",20843.04]
[705236,"Boca de BSCC 2,00 x 2,00 m - esconsidade 30° - areia extraída e brita produzida","un",19207.57]
[705239,"Boca de BSCC 2,00 x 2,00 m - esconsidade 45° - areia e brita comerciais","un",26604.560000000001]
[705238,"Boca de BSCC 2,00 x 2,00 m - esconsidade 45° - areia extraída e brita produzida","un",24559.94]
[705241,"Boca de BSCC 2,50 x 2,50 m - esconsidade 0° - areia e brita comerciais","un",25405.61]
[705240,"Boca de BSCC 2,50 x 2,50 m - esconsidade 0° - areia extraída e brita produzida","un",23255.97]
[705243,"Boca de BSCC 2,50 x 2,50 m - esconsidade 15° - areia e brita comerciais","un",26869.88]
[705242,"Boca de BSCC 2,50 x 2,50 m - esconsidade 15° - areia extraída e brita produzida","un",24719.06]
[705245,"Boca de BSCC 2,50 x 2,50 m - esconsidade 30° - areia e brita comerciais","un",29756.12]
[705244,"Boca de BSCC 2,50 x 2,50 m - esconsidade 30° - areia extraída e brita produzida","un",27462.89]
[705247,"Boca de BSCC 2,50 x 2,50 m - esconsidade 45° - areia e brita comerciais","un",37655.39]
[705246,"Boca de BSCC 2,50 x 2,50 m - esconsidade 45° - areia extraída e brita produzida","un",34846.94]
[705249,"Boca de BSCC 3,00 x 3,00 m - esconsidade 0° - areia e brita comerciais","un",36116.19]
[705248,"Boca de BSCC 3,00 x 3,00 m - esconsidade 0° - areia extraída e brita produzida","un",32993.85]
[705251,"Boca de BSCC 3,00 x 3,00 m - esconsidade 15° - areia e brita comerciais","un",38146.769999999997]
[705250,"Boca de BSCC 3,00 x 3,00 m - esconsidade 15° - areia extraída e brita produzida","un",35024.42]
[705253,"Boca de BSCC 3,00 x 3,00 m - esconsidade 30° - areia e brita comerciais","un",41725.9]
[705252,"Boca de BSCC 3,00 x 3,00 m - esconsidade 30° - areia extraída e brita produzida","un",38330.89]
[705255,"Boca de BSCC 3,00 x 3,00 m - esconsidade 45° - areia e brita comerciais","un",52707.28]
[705254,"Boca de BSCC 3,00 x 3,00 m - esconsidade 45° - areia extraída e brita produzida","un",48605.04]
[705403,"Boca de BTCC 1,50 x 1,50 m - esconsidade 0° - areia e brita comerciais","un",17603.39]
[705402,"Boca de BTCC 1,50 x 1,50 m - esconsidade 0° - areia extraída e brita produzida","un",16177.26]
[705405,"Boca de BTCC 1,50 x 1,50 m - esconsidade 15° - areia e brita comerciais","un",18994.939999999999]
[705404,"Boca de BTCC 1,50 x 1,50 m - esconsidade 15° - areia extraída e brita produzida","un",17555.5]
[705407,"Boca de BTCC 1,50 x 1,50 m - esconsidade 30° - areia e brita comerciais","un",19937.439999999999]
[705406,"Boca de BTCC 1,50 x 1,50 m - esconsidade 30° - areia extraída e brita produzida","un",18334]
[705409,"Boca de BTCC 1,50 x 1,50 m - esconsidade 45° - areia e brita comerciais","un",25096.69]
[705408,"Boca de BTCC 1,50 x 1,50 m - esconsidade 45° - areia extraída e brita produzida","un",23121.55]
[705411,"Boca de BTCC 2,00 x 2,00 m - esconsidade 0° - areia e brita comerciais","un",26765.15]
[705410,"Boca de BTCC 2,00 x 2,00 m - esconsidade 0° - areia extraída e brita produzida","un",24466.94]
[705413,"Boca de BTCC 2,00 x 2,00 m - esconsidade 15° - areia e brita comerciais","un",28734.16]
[705412,"Boca de BTCC 2,00 x 2,00 m - esconsidade 15° - areia extraída e brita produzida","un",26437.37]
[705415,"Boca de BTCC 2,00 x 2,00 m - esconsidade 30° - areia e brita comerciais","un",31670.94]
[705414,"Boca de BTCC 2,00 x 2,00 m - esconsidade 30° - areia extraída e brita produzida","un",29082.46]
[705417,"Boca de BTCC 2,00 x 2,00 m - esconsidade 45° - areia e brita comerciais","un",40085.21]
[705416,"Boca de BTCC 2,00 x 2,00 m - esconsidade 45° - areia extraída e brita produzida","un",36900.019999999997]
[705419,"Boca de BTCC 2,50 x 2,50 m - esconsidade 0° - areia e brita comerciais","un",37881.47]
[705418,"Boca de BTCC 2,50 x 2,50 m - esconsidade 0° - areia extraída e brita produzida","un",34673.300000000003]
[705421,"Boca de BTCC 2,50 x 2,50 m - esconsidade 15° - areia e brita comerciais","un",40676.050000000003]
[705420,"Boca de BTCC 2,50 x 2,50 m - esconsidade 15° - areia extraída e brita produzida","un",37457.17]
[705423,"Boca de BTCC 2,50 x 2,50 m - esconsidade 30° - areia e brita comerciais","un",46272.62]
[705422,"Boca de BTCC 2,50 x 2,50 m - esconsidade 30° - areia extraída e brita produzida","un",42670.76]
[705425,"Boca de BTCC 2,50 x 2,50 m - esconsidade 45° - areia e brita comerciais","un",58535.26]
[705424,"Boca de BTCC 2,50 x 2,50 m - esconsidade 45° - areia extraída e brita produzida","un",54116.33]
[705427,"Boca de BTCC 3,00 x 3,00 m - esconsidade 0° - areia e brita comerciais","un",53580.56]
[705426,"Boca de BTCC 3,00 x 3,00 m - esconsidade 0° - areia extraída e brita produzida","un",48937.82]
[705429,"Boca de BTCC 3,00 x 3,00 m - esconsidade 15° - areia e brita comerciais","un",55360.28]
[705428,"Boca de BTCC 3,00 x 3,00 m - esconsidade 15° - areia extraída e brita produzida","un",50799.32]
[705431,"Boca de BTCC 3,00 x 3,00 m - esconsidade 30° - areia e brita comerciais","un",66478.960000000006]
[705430,"Boca de BTCC 3,00 x 3,00 m - esconsidade 30° - areia extraída e brita produzida","un",61389.1]
[705433,"Boca de BTCC 3,00 x 3,00 m - esconsidade 45° - areia e brita comerciais","un",84245.71]
[705432,"Boca de BTCC 3,00 x 3,00 m - esconsidade 45° - areia extraída e brita produzida","un",77941.399999999994]
[705257,"Corpo de BDCC 1,50 x 1,50 m - moldado no local - altura do aterro 0,00 a 1,00 m - areia e brita comerciais","m",4236.6499999999996]
[705256,"Corpo de BDCC 1,50 x 1,50 m - moldado no local - altura do aterro 0,00 a 1,00 m - areia extraída e brita produzida","m",3948.26]
[705259,"Corpo de BDCC 1,50 x 1,50 m - moldado no local - altura do aterro 1,00 a 2,50 m - areia e brita comerciais","m",3720.89]
[705258,"Corpo de BDCC 1,50 x 1,50 m - moldado no local - altura do aterro 1,00 a 2,50 m - areia extraída e brita produzida","m",3432.5]
[705267,"Corpo de BDCC 1,50 x 1,50 m - moldado no local - altura do aterro 10,00 a 12,50 m - areia e brita comerciais","m",5304.58]
[705266,"Corpo de BDCC 1,50 x 1,50 m - moldado no local - altura do aterro 10,00 a 12,50 m - areia extraída e brita produzida","m",4921.12]
[705269,"Corpo de BDCC 1,50 x 1,50 m - moldado no local - altura do aterro 12,50 a 15,00 m - areia e brita comerciais","m",5556.66]
[705268,"Corpo de BDCC 1,50 x 1,50 m - moldado no local - altura do aterro 12,50 a 15,00 m - areia extraída e brita produzida","m",5173.2]
[705261,"Corpo de BDCC 1,50 x 1,50 m - moldado no local - altura do aterro 2,50 a 5,00 m - areia e brita comerciais","m",3960.75]
[705260,"Corpo de BDCC 1,50 x 1,50 m - moldado no local - altura do aterro 2,50 a 5,00 m - areia extraída e brita produzida","m",3672.36]
[705263,"Corpo de BDCC 1,50 x 1,50 m - moldado no local - altura do aterro 5,00 a 7,50 m - areia e brita comerciais","m",4434.82]
[705262,"Corpo de BDCC 1,50 x 1,50 m - moldado no local - altura do aterro 5,00 a 7,50 m - areia extraída e brita produzida","m",4146.43]
[705265,"Corpo de BDCC 1,50 x 1,50 m - moldado no local - altura do aterro 7,50 a 10,00 m - areia e brita comerciais","m",4842.28]
[705264,"Corpo de BDCC 1,50 x 1,50 m - moldado no local - altura do aterro 7,50 a 10,00 m - areia extraída e brita produzida","m",4553.8900000000003]
[705271,"Corpo de BDCC 2,00 x 2,00 m - moldado no local - altura do aterro 0,00 a 1,00 m - areia e brita comerciais","m",6066.54]
[705270,"Corpo de BDCC 2,00 x 2,00 m - moldado no local - altura do aterro 0,00 a 1,00 m - areia extraída e brita produzida","m",5693.85]
[705273,"Corpo de BDCC 2,00 x 2,00 m - moldado no local - altura do aterro 1,00 a 2,50 m - areia e brita comerciais","m",5435.14]
[705272,"Corpo de BDCC 2,00 x 2,00 m - moldado no local - altura do aterro 1,00 a 2,50 m - areia extraída e brita produzida","m",5062.45]
[705281,"Corpo de BDCC 2,00 x 2,00 m - moldado no local - altura do aterro 10,00 a 12,50 m - areia e brita comerciais","m",8308.86]
[705280,"Corpo de BDCC 2,00 x 2,00 m - moldado no local - altura do aterro 10,00 a 12,50 m - areia extraída e brita produzida","m",7703.67]
[705283,"Corpo de BDCC 2,00 x 2,00 m - moldado no local - altura do aterro 12,50 a 15,00 m - areia e brita comerciais","m",8506.42]
[705282,"Corpo de BDCC 2,00 x 2,00 m - moldado no local - altura do aterro 12,50 a 15,00 m - areia extraída e brita produzida","m",7901.23]
[705275,"Corpo de BDCC 2,00 x 2,00 m - moldado no local - altura do aterro 2,50 a 5,00 m - areia e brita comerciais","m",6055.96]
[705274,"Corpo de BDCC 2,00 x 2,00 m - moldado no local - altura do aterro 2,50 a 5,00 m - areia extraída e brita produzida","m",5683.27]
[705277,"Corpo de BDCC 2,00 x 2,00 m - moldado no local - altura do aterro 5,00 a 7,50 m - areia e brita comerciais","m",6818.28]
[705276,"Corpo de BDCC 2,00 x 2,00 m - moldado no local - altura do aterro 5,00 a 7,50 m - areia extraída e brita produzida","m",6328.66]
[705279,"Corpo de BDCC 2,00 x 2,00 m - moldado no local - altura do aterro 7,50 a 10,00 m - areia e brita comerciais","m",7687.37]
[705278,"Corpo de BDCC 2,00 x 2,00 m - moldado no local - altura do aterro 7,50 a 10,00 m - areia extraída e brita produzida","m",7197.75]
[705285,"Corpo de BDCC 2,50 x 2,50 m - moldado no local - altura do aterro 0,00 a 1,00 m - areia e brita comerciais","m",7798.37]
[705284,"Corpo de BDCC 2,50 x 2,50 m - moldado no local - altura do aterro 0,00 a 1,00 m - areia extraída e brita produzida","m",7329.8]
[705287,"Corpo de BDCC 2,50 x 2,50 m - moldado no local - altura do aterro 1,00 a 2,50 m - areia e brita comerciais","m",7174.17]
[705286,"Corpo de BDCC 2,50 x 2,50 m - moldado no local - altura do aterro 1,00 a 2,50 m - areia extraída e brita produzida","m",6705.6]
[705295,"Corpo de BDCC 2,50 x 2,50 m - moldado no local - altura do aterro 10,00 a 12,50 m - areia e brita comerciais","m",10857.16]
[705294,"Corpo de BDCC 2,50 x 2,50 m - moldado no local - altura do aterro 10,00 a 12,50 m - areia extraída e brita produzida","m",10129.1]
[705297,"Corpo de BDCC 2,50 x 2,50 m - moldado no local - altura do aterro 12,50 a 15,00 m - areia e brita comerciais","m",11674.69]
[705296,"Corpo de BDCC 2,50 x 2,50 m - moldado no local - altura do aterro 12,50 a 15,00 m - areia extraída e brita produzida","m",10946.63]
[705289,"Corpo de BDCC 2,50 x 2,50 m - moldado no local - altura do aterro 2,50 a 5,00 m - areia e brita comerciais","m",8104.11]
[705288,"Corpo de BDCC 2,50 x 2,50 m - moldado no local - altura do aterro 2,50 a 5,00 m - areia extraída e brita produzida","m",7508.33]
[705291,"Corpo de BDCC 2,50 x 2,50 m - moldado no local - altura do aterro 5,00 a 7,50 m - areia e brita comerciais","m",9150.25]
[705290,"Corpo de BDCC 2,50 x 2,50 m - moldado no local - altura do aterro 5,00 a 7,50 m - areia extraída e brita produzida","m",8554.4699999999993]
[705293,"Corpo de BDCC 2,50 x 2,50 m - moldado no local - altura do aterro 7,50 a 10,00 m - areia e brita comerciais","m",9895.73]
[705292,"Corpo de BDCC 2,50 x 2,50 m - moldado no local - altura do aterro 7,50 a 10,00 m - areia extraída e brita produzida","m",9167.66]
[705299,"Corpo de BDCC 3,00 x 3,00 m - moldado no local - altura do aterro 0,00 a 1,00 m - areia e brita comerciais","m",10071.89]
[705298,"Corpo de BDCC 3,00 x 3,00 m - moldado no local - altura do aterro 0,00 a 1,00 m - areia extraída e brita produzida","m",9369.9500000000007]
[705301,"Corpo de BDCC 3,00 x 3,00 m - moldado no local - altura do aterro 1,00 a 2,50 m - areia e brita comerciais","m",9477.26]
[705300,"Corpo de BDCC 3,00 x 3,00 m - moldado no local - altura do aterro 1,00 a 2,50 m - areia extraída e brita produzida","m",8775.32]
[705309,"Corpo de BDCC 3,00 x 3,00 m - moldado no local - altura do aterro 10,00 a 12,50 m - areia e brita comerciais","m",15057.53]
[705308,"Corpo de BDCC 3,00 x 3,00 m - moldado no local - altura do aterro 10,00 a 12,50 m - areia extraída e brita produzida","m",14002.25]
[705311,"Corpo de BDCC 3,00 x 3,00 m - moldado no local - altura do aterro 12,50 a 15,00 m - areia e brita comerciais","m",14964.11]
[705310,"Corpo de BDCC 3,00 x 3,00 m - moldado no local - altura do aterro 12,50 a 15,00 m - areia extraída e brita produzida","m",13908.83]
[705303,"Corpo de BDCC 3,00 x 3,00 m - moldado no local - altura do aterro 2,50 a 5,00 m - areia e brita comerciais","m",10223.629999999999]
[705302,"Corpo de BDCC 3,00 x 3,00 m - moldado no local - altura do aterro 2,50 a 5,00 m - areia extraída e brita produzida","m",9366.27]
[705305,"Corpo de BDCC 3,00 x 3,00 m - moldado no local - altura do aterro 5,00 a 7,50 m - areia e brita comerciais","m",12285.64]
[705304,"Corpo de BDCC 3,00 x 3,00 m - moldado no local - altura do aterro 5,00 a 7,50 m - areia extraída e brita produzida","m",11428.27]
[705307,"Corpo de BDCC 3,00 x 3,00 m - moldado no local - altura do aterro 7,50 a 10,00 m - areia e brita comerciais","m",13572.24]
[705306,"Corpo de BDCC 3,00 x 3,00 m - moldado no local - altura do aterro 7,50 a 10,00 m - areia extraída e brita produzida","m",12516.95]
[705169,"Corpo de BSCC 1,50 x 1,50 m - moldado no local - altura do aterro 0,00 a 1,00 m - areia e brita comerciais","m",2538.2199999999998]
[705168,"Corpo de BSCC 1,50 x 1,50 m - moldado no local - altura do aterro 0,00 a 1,00 m - areia extraída e brita produzida","m",2376.4]
[705171,"Corpo de BSCC 1,50 x 1,50 m - moldado no local - altura do aterro 1,00 a 2,50 m - areia e brita comerciais","m",2264.17]
[705170,"Corpo de BSCC 1,50 x 1,50 m - moldado no local - altura do aterro 1,00 a 2,50 m - areia extraída e brita produzida","m",2102.35]
[705179,"Corpo de BSCC 1,50 x 1,50 m - moldado no local - altura do aterro 10,00 a 12,50 m - areia e brita comerciais","m",3177.88]
[705178,"Corpo de BSCC 1,50 x 1,50 m - moldado no local - altura do aterro 10,00 a 12,50 m - areia extraída e brita produzida","m",2963.41]
[705181,"Corpo de BSCC 1,50 x 1,50 m - moldado no local - altura do aterro 12,50 a 15,00 m - areia e brita comerciais","m",3312.39]
[705180,"Corpo de BSCC 1,50 x 1,50 m - moldado no local - altura do aterro 12,50 a 15,00 m - areia extraída e brita produzida","m",3097.93]
[705173,"Corpo de BSCC 1,50 x 1,50 m - moldado no local - altura do aterro 2,50 a 5,00 m - areia e brita comerciais","m",2455.3000000000002]
[705172,"Corpo de BSCC 1,50 x 1,50 m - moldado no local - altura do aterro 2,50 a 5,00 m - areia extraída e brita produzida","m",2293.48]
[705175,"Corpo de BSCC 1,50 x 1,50 m - moldado no local - altura do aterro 5,00 a 7,50 m - areia e brita comerciais","m",2718.58]
[705174,"Corpo de BSCC 1,50 x 1,50 m - moldado no local - altura do aterro 5,00 a 7,50 m - areia extraída e brita produzida","m",2556.7600000000002]
[705177,"Corpo de BSCC 1,50 x 1,50 m - moldado no local - altura do aterro 7,50 a 10,00 m - areia e brita comerciais","m",3066.35]
[705176,"Corpo de BSCC 1,50 x 1,50 m - moldado no local - altura do aterro 7,50 a 10,00 m - areia extraída e brita produzida","m",2851.89]
[705183,"Corpo de BSCC 2,00 x 2,00 m - moldado no local - altura do aterro 0,00 a 1,00 m - areia e brita comerciais","m",3534.92]
[705182,"Corpo de BSCC 2,00 x 2,00 m - moldado no local - altura do aterro 0,00 a 1,00 m - areia extraída e brita produzida","m",3326.85]
[705185,"Corpo de BSCC 2,00 x 2,00 m - moldado no local - altura do aterro 1,00 a 2,50 m - areia e brita comerciais","m",3217.28]
[705184,"Corpo de BSCC 2,00 x 2,00 m - moldado no local - altura do aterro 1,00 a 2,50 m - areia extraída e brita produzida","m",3009.2]
[705193,"Corpo de BSCC 2,00 x 2,00 m - moldado no local - altura do aterro 10,00 a 12,50 m - areia e brita comerciais","m",4837.34]
[705192,"Corpo de BSCC 2,00 x 2,00 m - moldado no local - altura do aterro 10,00 a 12,50 m - areia extraída e brita produzida","m",4499.5600000000004]
[705195,"Corpo de BSCC 2,00 x 2,00 m - moldado no local - altura do aterro 12,50 a 15,00 m - areia e brita comerciais","m",5159.78]
[705194,"Corpo de BSCC 2,00 x 2,00 m - moldado no local - altura do aterro 12,50 a 15,00 m - areia extraída e brita produzida","m",4822]
[705187,"Corpo de BSCC 2,00 x 2,00 m - moldado no local - altura do aterro 2,50 a 5,00 m - areia e brita comerciais","m",3655.45]
[705186,"Corpo de BSCC 2,00 x 2,00 m - moldado no local - altura do aterro 2,50 a 5,00 m - areia extraída e brita produzida","m",3381.88]
[705189,"Corpo de BSCC 2,00 x 2,00 m - moldado no local - altura do aterro 5,00 a 7,50 m - areia e brita comerciais","m",4074.38]
[705188,"Corpo de BSCC 2,00 x 2,00 m - moldado no local - altura do aterro 5,00 a 7,50 m - areia extraída e brita produzida","m",3800.81]
[705191,"Corpo de BSCC 2,00 x 2,00 m - moldado no local - altura do aterro 7,50 a 10,00 m - areia e brita comerciais","m",4471.78]
[705190,"Corpo de BSCC 2,00 x 2,00 m - moldado no local - altura do aterro 7,50 a 10,00 m - areia extraída e brita produzida","m",4134]
[705197,"Corpo de BSCC 2,50 x 2,50 m - moldado no local - altura do aterro 0,00 a 1,00 m - areia e brita comerciais","m",4838.75]
[705196,"Corpo de BSCC 2,50 x 2,50 m - moldado no local - altura do aterro 0,00 a 1,00 m - areia extraída e brita produzida","m",4505.28]
[705199,"Corpo de BSCC 2,50 x 2,50 m - moldado no local - altura do aterro 1,00 a 2,50 m - areia e brita comerciais","m",4598.46]
[705198,"Corpo de BSCC 2,50 x 2,50 m - moldado no local - altura do aterro 1,00 a 2,50 m - areia extraída e brita produzida","m",4264.9799999999996]
[705207,"Corpo de BSCC 2,50 x 2,50 m - moldado no local - altura do aterro 10,00 a 12,50 m - areia e brita comerciais","m",6841.61]
[705206,"Corpo de BSCC 2,50 x 2,50 m - moldado no local - altura do aterro 10,00 a 12,50 m - areia extraída e brita produzida","m",6342.42]
[705209,"Corpo de BSCC 2,50 x 2,50 m - moldado no local - altura do aterro 12,50 a 15,00 m - areia e brita comerciais","m",7750.19]
[705208,"Corpo de BSCC 2,50 x 2,50 m - moldado no local - altura do aterro 12,50 a 15,00 m - areia extraída e brita produzida","m",7167.5]
[705201,"Corpo de BSCC 2,50 x 2,50 m - moldado no local - altura do aterro 2,50 a 5,00 m - areia e brita comerciais","m",5230.03]
[705200,"Corpo de BSCC 2,50 x 2,50 m - moldado no local - altura do aterro 2,50 a 5,00 m - areia extraída e brita produzida","m",4896.55]
[705203,"Corpo de BSCC 2,50 x 2,50 m - moldado no local - altura do aterro 5,00 a 7,50 m - areia e brita comerciais","m",5754.92]
[705202,"Corpo de BSCC 2,50 x 2,50 m - moldado no local - altura do aterro 5,00 a 7,50 m - areia extraída e brita produzida","m",5344.37]
[705205,"Corpo de BSCC 2,50 x 2,50 m - moldado no local - altura do aterro 7,50 a 10,00 m - areia e brita comerciais","m",6261.08]
[705204,"Corpo de BSCC 2,50 x 2,50 m - moldado no local - altura do aterro 7,50 a 10,00 m - areia extraída e brita produzida","m",5850.53]
[705211,"Corpo de BSCC 3,00 x 3,00 m - moldado no local - altura do aterro 0,00 a 1,00 m - areia e brita comerciais","m",6203.47]
[705210,"Corpo de BSCC 3,00 x 3,00 m - moldado no local - altura do aterro 0,00 a 1,00 m - areia extraída e brita produzida","m",5720.96]
[705213,"Corpo de BSCC 3,00 x 3,00 m - moldado no local - altura do aterro 1,00 a 2,50 m - areia e brita comerciais","m",6131.18]
[705212,"Corpo de BSCC 3,00 x 3,00 m - moldado no local - altura do aterro 1,00 a 2,50 m - areia extraída e brita produzida","m",5648.67]
[705221,"Corpo de BSCC 3,00 x 3,00 m - moldado no local - altura do aterro 10,00 a 12,50 m - areia e brita comerciais","m",9380.94]
[705220,"Corpo de BSCC 3,00 x 3,00 m - moldado no local - altura do aterro 10,00 a 12,50 m - areia extraída e brita produzida","m",8700.57]
[705223,"Corpo de BSCC 3,00 x 3,00 m - moldado no local - altura do aterro 12,50 a 15,00 m - areia e brita comerciais","m",10150.52]
[705222,"Corpo de BSCC 3,00 x 3,00 m - moldado no local - altura do aterro 12,50 a 15,00 m - areia extraída e brita produzida","m",9366.08]
[705215,"Corpo de BSCC 3,00 x 3,00 m - moldado no local - altura do aterro 2,50 a 5,00 m - areia e brita comerciais","m",7233.25]
[705214,"Corpo de BSCC 3,00 x 3,00 m - moldado no local - altura do aterro 2,50 a 5,00 m - areia extraída e brita produzida","m",6647.95]
[705217,"Corpo de BSCC 3,00 x 3,00 m - moldado no local - altura do aterro 5,00 a 7,50 m - areia e brita comerciais","m",7980.52]
[705216,"Corpo de BSCC 3,00 x 3,00 m - moldado no local - altura do aterro 5,00 a 7,50 m - areia extraída e brita produzida","m",7395.22]
[705219,"Corpo de BSCC 3,00 x 3,00 m - moldado no local - altura do aterro 7,50 a 10,00 m - areia e brita comerciais","m",8694.2800000000007]
[705218,"Corpo de BSCC 3,00 x 3,00 m - moldado no local - altura do aterro 7,50 a 10,00 m - areia extraída e brita produzida","m",8013.91]
[705346,"Corpo de BTCC 1,50 x 1,50 m - moldado no local - altura do aterro 0,00 a 1,00 m - areia e brita comerciais","m",5835.19]
[705345,"Corpo de BTCC 1,50 x 1,50 m - moldado no local - altura do aterro 0,00 a 1,00 m - areia extraída e brita produzida","m",5420.65]
[705348,"Corpo de BTCC 1,50 x 1,50 m - moldado no local - altura do aterro 1,00 a 2,50 m - areia e brita comerciais","m",5279.69]
[705347,"Corpo de BTCC 1,50 x 1,50 m - moldado no local - altura do aterro 1,00 a 2,50 m - areia extraída e brita produzida","m",4865.1499999999996]
[705356,"Corpo de BTCC 1,50 x 1,50 m - moldado no local - altura do aterro 10,00 a 12,50 m - areia e brita comerciais","m",7713.34]
[705355,"Corpo de BTCC 1,50 x 1,50 m - moldado no local - altura do aterro 10,00 a 12,50 m - areia extraída e brita produzida","m",7158.81]
[705358,"Corpo de BTCC 1,50 x 1,50 m - moldado no local - altura do aterro 12,50 a 15,00 m - areia e brita comerciais","m",7825.96]
[705357,"Corpo de BTCC 1,50 x 1,50 m - moldado no local - altura do aterro 12,50 a 15,00 m - areia extraída e brita produzida","m",7271.43]
[705350,"Corpo de BTCC 1,50 x 1,50 m - moldado no local - altura do aterro 2,50 a 5,00 m - areia e brita comerciais","m",5733.71]
[705349,"Corpo de BTCC 1,50 x 1,50 m - moldado no local - altura do aterro 2,50 a 5,00 m - areia extraída e brita produzida","m",5319.18]
[705352,"Corpo de BTCC 1,50 x 1,50 m - moldado no local - altura do aterro 5,00 a 7,50 m - areia e brita comerciais","m",6121.49]
[705351,"Corpo de BTCC 1,50 x 1,50 m - moldado no local - altura do aterro 5,00 a 7,50 m - areia extraída e brita produzida","m",5706.96]
[705354,"Corpo de BTCC 1,50 x 1,50 m - moldado no local - altura do aterro 7,50 a 10,00 m - areia e brita comerciais","m",6707.68]
[705353,"Corpo de BTCC 1,50 x 1,50 m - moldado no local - altura do aterro 7,50 a 10,00 m - areia extraída e brita produzida","m",6293.14]
[705360,"Corpo de BTCC 2,00 x 2,00 m - moldado no local - altura do aterro 0,00 a 1,00 m - areia e brita comerciais","m",8357.2999999999993]
[705359,"Corpo de BTCC 2,00 x 2,00 m - moldado no local - altura do aterro 0,00 a 1,00 m - areia extraída e brita produzida","m",7822.49]
[705362,"Corpo de BTCC 2,00 x 2,00 m - moldado no local - altura do aterro 1,00 a 2,50 m - areia e brita comerciais","m",7640.48]
[705361,"Corpo de BTCC 2,00 x 2,00 m - moldado no local - altura do aterro 1,00 a 2,50 m - areia extraída e brita produzida","m",7105.67]
[705370,"Corpo de BTCC 2,00 x 2,00 m - moldado no local - altura do aterro 10,00 a 12,50 m - areia e brita comerciais","m",11335.24]
[705369,"Corpo de BTCC 2,00 x 2,00 m - moldado no local - altura do aterro 10,00 a 12,50 m - areia extraída e brita produzida","m",10474.15]
[705372,"Corpo de BTCC 2,00 x 2,00 m - moldado no local - altura do aterro 12,50 a 15,00 m - areia e brita comerciais","m",12037.2]
[705371,"Corpo de BTCC 2,00 x 2,00 m - moldado no local - altura do aterro 12,50 a 15,00 m - areia extraída e brita produzida","m",11176.11]
[705364,"Corpo de BTCC 2,00 x 2,00 m - moldado no local - altura do aterro 2,50 a 5,00 m - areia e brita comerciais","m",8599.26]
[705363,"Corpo de BTCC 2,00 x 2,00 m - moldado no local - altura do aterro 2,50 a 5,00 m - areia extraída e brita produzida","m",8064.45]
[705366,"Corpo de BTCC 2,00 x 2,00 m - moldado no local - altura do aterro 5,00 a 7,50 m - areia e brita comerciais","m",9426.68]
[705365,"Corpo de BTCC 2,00 x 2,00 m - moldado no local - altura do aterro 5,00 a 7,50 m - areia extraída e brita produzida","m",8719.73]
[705368,"Corpo de BTCC 2,00 x 2,00 m - moldado no local - altura do aterro 7,50 a 10,00 m - areia e brita comerciais","m",10511.09]
[705367,"Corpo de BTCC 2,00 x 2,00 m - moldado no local - altura do aterro 7,50 a 10,00 m - areia extraída e brita produzida","m",9804.14]
[705374,"Corpo de BTCC 2,50 x 2,50 m - moldado no local - altura do aterro 0,00 a 1,00 m - areia e brita comerciais","m",11029.3]
[705373,"Corpo de BTCC 2,50 x 2,50 m - moldado no local - altura do aterro 0,00 a 1,00 m - areia extraída e brita produzida","m",10350.280000000001]
[705376,"Corpo de BTCC 2,50 x 2,50 m - moldado no local - altura do aterro 1,00 a 2,50 m - areia e brita comerciais","m",9940.51]
[705375,"Corpo de BTCC 2,50 x 2,50 m - moldado no local - altura do aterro 1,00 a 2,50 m - areia extraída e brita produzida","m",9261.49]
[705384,"Corpo de BTCC 2,50 x 2,50 m - moldado no local - altura do aterro 10,00 a 12,50 m - areia e brita comerciais","m",14966.78]
[705383,"Corpo de BTCC 2,50 x 2,50 m - moldado no local - altura do aterro 10,00 a 12,50 m - areia extraída e brita produzida","m",13920.33]
[705386,"Corpo de BTCC 2,50 x 2,50 m - moldado no local - altura do aterro 12,50 a 15,00 m - areia e brita comerciais","m",16081.31]
[705385,"Corpo de BTCC 2,50 x 2,50 m - moldado no local - altura do aterro 12,50 a 15,00 m - areia extraída e brita produzida","m",15034.86]
[705378,"Corpo de BTCC 2,50 x 2,50 m - moldado no local - altura do aterro 2,50 a 5,00 m - areia e brita comerciais","m",11297.08]
[705377,"Corpo de BTCC 2,50 x 2,50 m - moldado no local - altura do aterro 2,50 a 5,00 m - areia extraída e brita produzida","m",10436.92]
[705380,"Corpo de BTCC 2,50 x 2,50 m - moldado no local - altura do aterro 5,00 a 7,50 m - areia e brita comerciais","m",12734.71]
[705379,"Corpo de BTCC 2,50 x 2,50 m - moldado no local - altura do aterro 5,00 a 7,50 m - areia extraída e brita produzida","m",11874.55]
[705382,"Corpo de BTCC 2,50 x 2,50 m - moldado no local - altura do aterro 7,50 a 10,00 m - areia e brita comerciais","m",14042.2]
[705381,"Corpo de BTCC 2,50 x 2,50 m - moldado no local - altura do aterro 7,50 a 10,00 m - areia extraída e brita produzida","m",12995.76]
[705388,"Corpo de BTCC 3,00 x 3,00 m - moldado no local - altura do aterro 0,00 a 1,00 m - areia e brita comerciais","m",13933.26]
[705387,"Corpo de BTCC 3,00 x 3,00 m - moldado no local - altura do aterro 0,00 a 1,00 m - areia extraída e brita produzida","m",12920.68]
[705390,"Corpo de BTCC 3,00 x 3,00 m - moldado no local - altura do aterro 1,00 a 2,50 m - areia e brita comerciais","m",13163.03]
[705389,"Corpo de BTCC 3,00 x 3,00 m - moldado no local - altura do aterro 1,00 a 2,50 m - areia extraída e brita produzida","m",12150.45]
[705399,"Corpo de BTCC 3,00 x 3,00 m - moldado no local - altura do aterro 10,00 a 12,50 m - areia e brita comerciais","m",20103.93]
[705398,"Corpo de BTCC 3,00 x 3,00 m - moldado no local - altura do aterro 10,00 a 12,50 m - areia extraída e brita produzida","m",18577.38]
[705401,"Corpo de BTCC 3,00 x 3,00 m - moldado no local - altura do aterro 12,50 a 15,00 m - areia e brita comerciais","m",21613.32]
[705400,"Corpo de BTCC 3,00 x 3,00 m - moldado no local - altura do aterro 12,50 a 15,00 m - areia extraída e brita produzida","m",20086.759999999998]
[705392,"Corpo de BTCC 3,00 x 3,00 m - moldado no local - altura do aterro 2,50 a 5,00 m - areia e brita comerciais","m",14996.71]
[705391,"Corpo de BTCC 3,00 x 3,00 m - moldado no local - altura do aterro 2,50 a 5,00 m - areia extraída e brita produzida","m",13765.71]
[705395,"Corpo de BTCC 3,00 x 3,00 m - moldado no local - altura do aterro 5,00 a 7,50 m - areia e brita comerciais","m",16999.060000000001]
[705394,"Corpo de BTCC 3,00 x 3,00 m - moldado no local - altura do aterro 5,00 a 7,50 m - areia extraída e brita produzida","m",15768.06]
[705397,"Corpo de BTCC 3,00 x 3,00 m - moldado no local - altura do aterro 7,50 a 10,00 m - areia e brita comerciais","m",18662.96]
[705396,"Corpo de BTCC 3,00 x 3,00 m - moldado no local - altura do aterro 7,50 a 10,00 m - areia extraída e brita produzida","m",17136.400000000001]
[804213,"Boca de BDTC D = 0,80 m - esconsidade 0° - areia e brita comerciais - alas retas","un",1643.71]
[804212,"Boca de BDTC D = 0,80 m - esconsidade 0° - areia extraída e brita produzida - alas retas","un",1392.11]
[804217,"Boca de BDTC D = 0,80 m - esconsidade 10° - areia e brita comerciais - alas retas","un",1652.73]
[804216,"Boca de BDTC D = 0,80 m - esconsidade 10° - areia extraída e brita produzida - alas retas","un",1400.62]
[804219,"Boca de BDTC D = 0,80 m - esconsidade 15° - areia e brita comerciais - alas retas","un",1664.08]
[804218,"Boca de BDTC D = 0,80 m - esconsidade 15° - areia extraída e brita produzida - alas retas","un",1411.46]
[804221,"Boca de BDTC D = 0,80 m - esconsidade 20° - areia e brita comerciais - alas retas","un",1682.39]
[804220,"Boca de BDTC D = 0,80 m - esconsidade 20° - areia extraída e brita produzida - alas retas","un",1428.87]
[804223,"Boca de BDTC D = 0,80 m - esconsidade 25° - areia e brita comerciais - alas retas","un",1706.37]
[804222,"Boca de BDTC D = 0,80 m - esconsidade 25° - areia extraída e brita produzida - alas retas","un",1451.69]
[804225,"Boca de BDTC D = 0,80 m - esconsidade 30° - areia e brita comerciais - alas retas","un",1737.84]
[804224,"Boca de BDTC D = 0,80 m - esconsidade 30° - areia extraída e brita produzida - alas retas","un",1481.87]
[804227,"Boca de BDTC D = 0,80 m - esconsidade 35° - areia e brita comerciais - alas retas","un",1780.4]
[804226,"Boca de BDTC D = 0,80 m - esconsidade 35° - areia extraída e brita produzida - alas retas","un",1522.89]
[804229,"Boca de BDTC D = 0,80 m - esconsidade 40° - areia e brita comerciais - alas retas","un",1835.87]
[804228,"Boca de BDTC D = 0,80 m - esconsidade 40° - areia extraída e brita produzida - alas retas","un",1576.69]
[804231,"Boca de BDTC D = 0,80 m - esconsidade 45° - areia e brita comerciais - alas retas","un",1911.72]
[804230,"Boca de BDTC D = 0,80 m - esconsidade 45° - areia extraída e brita produzida - alas retas","un",1650.62]
[804215,"Boca de BDTC D = 0,80 m - esconsidade 5° - areia e brita comerciais - alas retas","un",1645.77]
[804214,"Boca de BDTC D = 0,80 m - esconsidade 5° - areia extraída e brita produzida - alas retas","un",1394.05]
[804417,"Boca de BDTC D = 1,00 m - esconsidade 0° - areia e brita comerciais - alas esconsas","un",4254.12]
[804233,"Boca de BDTC D = 1,00 m - esconsidade 0° - areia e brita comerciais - alas retas","un",2450.6799999999998]
[804416,"Boca de BDTC D = 1,00 m - esconsidade 0° - areia extraída e brita produzida - alas esconsas","un",3597.69]
[804232,"Boca de BDTC D = 1,00 m - esconsidade 0° - areia extraída e brita produzida - alas retas","un",2060.2399999999998]
[804237,"Boca de BDTC D = 1,00 m - esconsidade 10° - areia e brita comerciais - alas retas","un",2464.34]
[804236,"Boca de BDTC D = 1,00 m - esconsidade 10° - areia extraída e brita produzida - alas retas","un",2073]
[804419,"Boca de BDTC D = 1,00 m - esconsidade 15° - areia e brita comerciais - alas esconsas","un",4450.6400000000003]
[804239,"Boca de BDTC D = 1,00 m - esconsidade 15° - areia e brita comerciais - alas retas","un",2482.13]
[804418,"Boca de BDTC D = 1,00 m - esconsidade 15° - areia extraída e brita produzida - alas esconsas","un",3762.85]
[804238,"Boca de BDTC D = 1,00 m - esconsidade 15° - areia extraída e brita produzida - alas retas","un",2089.63]
[804241,"Boca de BDTC D = 1,00 m - esconsidade 20° - areia e brita comerciais - alas retas","un",2507.65]
[804240,"Boca de BDTC D = 1,00 m - esconsidade 20° - areia extraída e brita produzida - alas retas","un",2113.61]
[804243,"Boca de BDTC D = 1,00 m - esconsidade 25° - areia e brita comerciais - alas retas","un",2542.46]
[804242,"Boca de BDTC D = 1,00 m - esconsidade 25° - areia extraída e brita produzida - alas retas","un",2146.4899999999998]
[804421,"Boca de BDTC D = 1,00 m - esconsidade 30° - areia e brita comerciais - alas esconsas","un",4967.4399999999996]
[804245,"Boca de BDTC D = 1,00 m - esconsidade 30° - areia e brita comerciais - alas retas","un",2589.39]
[804420,"Boca de BDTC D = 1,00 m - esconsidade 30° - areia extraída e brita produzida - alas esconsas","un",4197.75]
[804244,"Boca de BDTC D = 1,00 m - esconsidade 30° - areia extraída e brita produzida - alas retas","un",2190.98]
[804247,"Boca de BDTC D = 1,00 m - esconsidade 35° - areia e brita comerciais - alas retas","un",2650.51]
[804246,"Boca de BDTC D = 1,00 m - esconsidade 35° - areia extraída e brita produzida - alas retas","un",2249.41]
[804249,"Boca de BDTC D = 1,00 m - esconsidade 40° - areia e brita comerciais - alas retas","un",2732.28]
[804248,"Boca de BDTC D = 1,00 m - esconsidade 40° - areia extraída e brita produzida - alas retas","un",2327.96]
[804423,"Boca de BDTC D = 1,00 m - esconsidade 45° - areia e brita comerciais - alas esconsas","un",6154.03]
[804251,"Boca de BDTC D = 1,00 m - esconsidade 45° - areia e brita comerciais - alas retas","un",2840.89]
[804422,"Boca de BDTC D = 1,00 m - esconsidade 45° - areia extraída e brita produzida - alas esconsas","un",5193.68]
[804250,"Boca de BDTC D = 1,00 m - esconsidade 45° - areia extraída e brita produzida - alas retas","un",2433.23]
[804235,"Boca de BDTC D = 1,00 m - esconsidade 5° - areia e brita comerciais - alas retas","un",2454.0300000000002]
[804234,"Boca de BDTC D = 1,00 m - esconsidade 5° - areia extraída e brita produzida - alas retas","un",2063.33]
[804425,"Boca de BDTC D = 1,20 m - esconsidade 0° - areia e brita comerciais - alas esconsas","un",6199.53]
[804253,"Boca de BDTC D = 1,20 m - esconsidade 0° - areia e brita comerciais - alas retas","un",3418.67]
[804424,"Boca de BDTC D = 1,20 m - esconsidade 0° - areia extraída e brita produzida - alas esconsas","un",5185.32]
[804252,"Boca de BDTC D = 1,20 m - esconsidade 0° - areia extraída e brita produzida - alas retas","un",2851.97]
[804257,"Boca de BDTC D = 1,20 m - esconsidade 10° - areia e brita comerciais - alas retas","un",3439.02]
[804256,"Boca de BDTC D = 1,20 m - esconsidade 10° - areia extraída e brita produzida - alas retas","un",2870.53]
[804427,"Boca de BDTC D = 1,20 m - esconsidade 15° - areia e brita comerciais - alas esconsas","un",6500.93]
[804259,"Boca de BDTC D = 1,20 m - esconsidade 15° - areia e brita comerciais - alas retas","un",3464.79]
[804426,"Boca de BDTC D = 1,20 m - esconsidade 15° - areia extraída e brita produzida - alas esconsas","un",5435.3]
[804258,"Boca de BDTC D = 1,20 m - esconsidade 15° - areia extraída e brita produzida - alas retas","un",2894.11]
[804261,"Boca de BDTC D = 1,20 m - esconsidade 20° - areia e brita comerciais - alas retas","un",3502.67]
[804260,"Boca de BDTC D = 1,20 m - esconsidade 20° - areia extraída e brita produzida - alas retas","un",2928.9]
[804263,"Boca de BDTC D = 1,20 m - esconsidade 25° - areia e brita comerciais - alas retas","un",3554.21]
[804262,"Boca de BDTC D = 1,20 m - esconsidade 25° - areia extraída e brita produzida - alas retas","un",2976.46]
[804429,"Boca de BDTC D = 1,20 m - esconsidade 30° - areia e brita comerciais - alas esconsas","un",7258.58]
[804265,"Boca de BDTC D = 1,20 m - esconsidade 30° - areia e brita comerciais - alas retas","un",3622.77]
[804428,"Boca de BDTC D = 1,20 m - esconsidade 30° - areia extraída e brita produzida - alas esconsas","un",6064.9]
[804264,"Boca de BDTC D = 1,20 m - esconsidade 30° - areia extraída e brita produzida - alas retas","un",3040.27]
[804267,"Boca de BDTC D = 1,20 m - esconsidade 35° - areia e brita comerciais - alas retas","un",3710.17]
[804266,"Boca de BDTC D = 1,20 m - esconsidade 35° - areia extraída e brita produzida - alas retas","un",3122.26]
[804269,"Boca de BDTC D = 1,20 m - esconsidade 40° - areia e brita comerciais - alas retas","un",3825.94]
[804268,"Boca de BDTC D = 1,20 m - esconsidade 40° - areia extraída e brita produzida - alas retas","un",3231.74]
[804431,"Boca de BDTC D = 1,20 m - esconsidade 45° - areia e brita comerciais - alas esconsas","un",9006.81]
[804271,"Boca de BDTC D = 1,20 m - esconsidade 45° - areia e brita comerciais - alas retas","un",3979.91]
[804430,"Boca de BDTC D = 1,20 m - esconsidade 45° - areia extraída e brita produzida - alas esconsas","un",7514.61]
[804270,"Boca de BDTC D = 1,20 m - esconsidade 45° - areia extraída e brita produzida - alas retas","un",3378.76]
[804255,"Boca de BDTC D = 1,20 m - esconsidade 5° - areia e brita comerciais - alas retas","un",3423.82]
[804254,"Boca de BDTC D = 1,20 m - esconsidade 5° - areia extraída e brita produzida - alas retas","un",2856.61]
[804433,"Boca de BDTC D = 1,50 m - esconsidade 0° - areia e brita comerciais - alas esconsas","un",11035.74]
[804273,"Boca de BDTC D = 1,50 m - esconsidade 0° - areia e brita comerciais - alas retas","un",5888.45]
[804432,"Boca de BDTC D = 1,50 m - esconsidade 0° - areia extraída e brita produzida - alas esconsas","un",9089.6]
[804272,"Boca de BDTC D = 1,50 m - esconsidade 0° - areia extraída e brita produzida - alas retas","un",4874.75]
[804277,"Boca de BDTC D = 1,50 m - esconsidade 10° - areia e brita comerciais - alas retas","un",5919.36]
[804276,"Boca de BDTC D = 1,50 m - esconsidade 10° - areia extraída e brita produzida - alas retas","un",4902.58]
[804435,"Boca de BDTC D = 1,50 m - esconsidade 15° - areia e brita comerciais - alas esconsas","un",11584.15]
[804279,"Boca de BDTC D = 1,50 m - esconsidade 15° - areia e brita comerciais - alas retas","un",5958]
[804434,"Boca de BDTC D = 1,50 m - esconsidade 15° - areia extraída e brita produzida - alas esconsas","un",9538.5]
[804278,"Boca de BDTC D = 1,50 m - esconsidade 15° - areia extraída e brita produzida - alas retas","un",4937.3599999999997]
[804281,"Boca de BDTC D = 1,50 m - esconsidade 20° - areia e brita comerciais - alas retas","un",6014.67]
[804280,"Boca de BDTC D = 1,50 m - esconsidade 20° - areia extraída e brita produzida - alas retas","un",4988.7700000000004]
[804283,"Boca de BDTC D = 1,50 m - esconsidade 25° - areia e brita comerciais - alas retas","un",6091.71]
[804282,"Boca de BDTC D = 1,50 m - esconsidade 25° - areia extraída e brita produzida - alas retas","un",5059.12]
[804437,"Boca de BDTC D = 1,50 m - esconsidade 30° - areia e brita comerciais - alas esconsas","un",12977.41]
[804285,"Boca de BDTC D = 1,50 m - esconsidade 30° - areia e brita comerciais - alas retas","un",6192.73]
[804436,"Boca de BDTC D = 1,50 m - esconsidade 30° - areia extraída e brita produzida - alas esconsas","un",10679.28]
[804284,"Boca de BDTC D = 1,50 m - esconsidade 30° - areia extraída e brita produzida - alas retas","un",5151.91]
[804287,"Boca de BDTC D = 1,50 m - esconsidade 35° - areia e brita comerciais - alas retas","un",6323.15]
[804286,"Boca de BDTC D = 1,50 m - esconsidade 35° - areia extraída e brita produzida - alas retas","un",5272.94]
[804289,"Boca de BDTC D = 1,50 m - esconsidade 40° - areia e brita comerciais - alas retas","un",6493.29]
[804288,"Boca de BDTC D = 1,50 m - esconsidade 40° - areia extraída e brita produzida - alas retas","un",5432.29]
[804439,"Boca de BDTC D = 1,50 m - esconsidade 45° - areia e brita comerciais - alas esconsas","un",16172.62]
[804291,"Boca de BDTC D = 1,50 m - esconsidade 45° - areia e brita comerciais - alas retas","un",6717.11]
[804438,"Boca de BDTC D = 1,50 m - esconsidade 45° - areia extraída e brita produzida - alas esconsas","un",13290.05]
[804290,"Boca de BDTC D = 1,50 m - esconsidade 45° - areia extraída e brita produzida - alas retas","un",5644.28]
[804275,"Boca de BDTC D = 1,50 m - esconsidade 5° - areia e brita comerciais - alas retas","un",5896.18]
[804274,"Boca de BDTC D = 1,50 m - esconsidade 5° - areia extraída e brita produzida - alas retas","un",4881.71]
[804061,"Boca de BSTC D = 0,40 m - esconsidade 0° - areia e brita comerciais - alas retas","un",394.53]
[804060,"Boca de BSTC D = 0,40 m - esconsidade 0° - areia extraída e brita produzida - alas retas","un",340.15]
[804065,"Boca de BSTC D = 0,40 m - esconsidade 10° - areia e brita comerciais - alas retas","un",396.08]
[804064,"Boca de BSTC D = 0,40 m - esconsidade 10° - areia extraída e brita produzida - alas retas","un",341.7]
[804067,"Boca de BSTC D = 0,40 m - esconsidade 15° - areia e brita comerciais - alas retas","un",397.63]
[804066,"Boca de BSTC D = 0,40 m - esconsidade 15° - areia extraída e brita produzida - alas retas","un",343.25]
[804069,"Boca de BSTC D = 0,40 m - esconsidade 20° - areia e brita comerciais - alas retas","un",400.47]
[804068,"Boca de BSTC D = 0,40 m - esconsidade 20° - areia extraída e brita produzida - alas retas","un",345.96]
[804071,"Boca de BSTC D = 0,40 m - esconsidade 25° - areia e brita comerciais - alas retas","un",404.34]
[804070,"Boca de BSTC D = 0,40 m - esconsidade 25° - areia extraída e brita produzida - alas retas","un",349.83]
[804073,"Boca de BSTC D = 0,40 m - esconsidade 30° - areia e brita comerciais - alas retas","un",409.5]
[804072,"Boca de BSTC D = 0,40 m - esconsidade 30° - areia extraída e brita produzida - alas retas","un",354.86]
[804075,"Boca de BSTC D = 0,40 m - esconsidade 35° - areia e brita comerciais - alas retas","un",416.47]
[804074,"Boca de BSTC D = 0,40 m - esconsidade 35° - areia extraída e brita produzida - alas retas","un",361.83]
[804077,"Boca de BSTC D = 0,40 m - esconsidade 40° - areia e brita comerciais - alas retas","un",425.5]
[804076,"Boca de BSTC D = 0,40 m - esconsidade 40° - areia extraída e brita produzida - alas retas","un",370.74]
[804079,"Boca de BSTC D = 0,40 m - esconsidade 45° - areia e brita comerciais - alas retas","un",439.18]
[804078,"Boca de BSTC D = 0,40 m - esconsidade 45° - areia extraída e brita produzida - alas retas","un",384.29]
[804063,"Boca de BSTC D = 0,40 m - esconsidade 5° - areia e brita comerciais - alas retas","un",395.31]
[804062,"Boca de BSTC D = 0,40 m - esconsidade 5° - areia extraída e brita produzida - alas retas","un",340.93]
[804377,"Boca de BSTC D = 0,60 m - esconsidade 0° - areia e brita comerciais - alas esconsas","un",1168.96]
[804081,"Boca de BSTC D = 0,60 m - esconsidade 0° - areia e brita comerciais - alas retas","un",801.46]
[804376,"Boca de BSTC D = 0,60 m - esconsidade 0° - areia extraída e brita produzida - alas esconsas","un",1020.73]
[804080,"Boca de BSTC D = 0,60 m - esconsidade 0° - areia extraída e brita produzida - alas retas","un",681.65]
[804085,"Boca de BSTC D = 0,60 m - esconsidade 10° - areia e brita comerciais - alas retas","un",804.3]
[804084,"Boca de BSTC D = 0,60 m - esconsidade 10° - areia extraída e brita produzida - alas retas","un",684.36]
[804379,"Boca de BSTC D = 0,60 m - esconsidade 15° - areia e brita comerciais - alas esconsas","un",998.64]
[804087,"Boca de BSTC D = 0,60 m - esconsidade 15° - areia e brita comerciais - alas retas","un",807.4]
[804378,"Boca de BSTC D = 0,60 m - esconsidade 15° - areia extraída e brita produzida - alas esconsas","un",842.06]
[804086,"Boca de BSTC D = 0,60 m - esconsidade 15° - areia extraída e brita produzida - alas retas","un",687.45]
[804089,"Boca de BSTC D = 0,60 m - esconsidade 20° - areia e brita comerciais - alas retas","un",812.56]
[804088,"Boca de BSTC D = 0,60 m - esconsidade 20° - areia extraída e brita produzida - alas retas","un",692.48]
[804091,"Boca de BSTC D = 0,60 m - esconsidade 25° - areia e brita comerciais - alas retas","un",819.27]
[804090,"Boca de BSTC D = 0,60 m - esconsidade 25° - areia extraída e brita produzida - alas retas","un",699.07]
[804381,"Boca de BSTC D = 0,60 m - esconsidade 30° - areia e brita comerciais - alas esconsas","un",1383.1]
[804093,"Boca de BSTC D = 0,60 m - esconsidade 30° - areia e brita comerciais - alas retas","un",828.82]
[804380,"Boca de BSTC D = 0,60 m - esconsidade 30° - areia extraída e brita produzida - alas esconsas","un",1205.68]
[804092,"Boca de BSTC D = 0,60 m - esconsidade 30° - areia extraída e brita produzida - alas retas","un",708.36]
[804095,"Boca de BSTC D = 0,60 m - esconsidade 35° - areia e brita comerciais - alas retas","un",841.72]
[804094,"Boca de BSTC D = 0,60 m - esconsidade 35° - areia extraída e brita produzida - alas retas","un",721.13]
[804097,"Boca de BSTC D = 0,60 m - esconsidade 40° - areia e brita comerciais - alas retas","un",858.24]
[804096,"Boca de BSTC D = 0,60 m - esconsidade 40° - areia extraída e brita produzida - alas retas","un",737.39]
[804383,"Boca de BSTC D = 0,60 m - esconsidade 45° - areia e brita comerciais - alas esconsas","un",1711.26]
[804099,"Boca de BSTC D = 0,60 m - esconsidade 45° - areia e brita comerciais - alas retas","un",881.73]
[804382,"Boca de BSTC D = 0,60 m - esconsidade 45° - areia extraída e brita produzida - alas esconsas","un",1489.88]
[804098,"Boca de BSTC D = 0,60 m - esconsidade 45° - areia extraída e brita produzida - alas retas","un",760.62]
[804083,"Boca de BSTC D = 0,60 m - esconsidade 5° - areia e brita comerciais - alas retas","un",802.24]
[804082,"Boca de BSTC D = 0,60 m - esconsidade 5° - areia extraída e brita produzida - alas retas","un",682.42]
[804385,"Boca de BSTC D = 0,80 m - esconsidade 0° - areia e brita comerciais - alas esconsas","un",1963.81]
[804101,"Boca de BSTC D = 0,80 m - esconsidade 0° - areia e brita comerciais - alas retas","un",1360.19]
[804384,"Boca de BSTC D = 0,80 m - esconsidade 0° - areia extraída e brita produzida - alas esconsas","un",1688.7]
[804100,"Boca de BSTC D = 0,80 m - esconsidade 0° - areia extraída e brita produzida - alas retas","un",1152.06]
[804105,"Boca de BSTC D = 0,80 m - esconsidade 10° - areia e brita comerciais - alas retas","un",1364.58]
[804104,"Boca de BSTC D = 0,80 m - esconsidade 10° - areia extraída e brita produzida - alas retas","un",1156.31]
[804387,"Boca de BSTC D = 0,80 m - esconsidade 15° - areia e brita comerciais - alas esconsas","un",2069.8200000000002]
[804107,"Boca de BSTC D = 0,80 m - esconsidade 15° - areia e brita comerciais - alas retas","un",1370.52]
[804386,"Boca de BSTC D = 0,80 m - esconsidade 15° - areia extraída e brita produzida - alas esconsas","un",1779.02]
[804106,"Boca de BSTC D = 0,80 m - esconsidade 15° - areia extraída e brita produzida - alas retas","un",1162.1199999999999]
[804109,"Boca de BSTC D = 0,80 m - esconsidade 20° - areia e brita comerciais - alas retas","un",1379.55]
[804108,"Boca de BSTC D = 0,80 m - esconsidade 20° - areia extraída e brita produzida - alas retas","un",1171.02]
[804111,"Boca de BSTC D = 0,80 m - esconsidade 25° - areia e brita comerciais - alas retas","un",1391.42]
[804110,"Boca de BSTC D = 0,80 m - esconsidade 25° - areia extraída e brita produzida - alas retas","un",1182.6400000000001]
[804389,"Boca de BSTC D = 0,80 m - esconsidade 30° - areia e brita comerciais - alas esconsas","un",2312.7199999999998]
[804113,"Boca de BSTC D = 0,80 m - esconsidade 30° - areia e brita comerciais - alas retas","un",1407.67]
[804388,"Boca de BSTC D = 0,80 m - esconsidade 30° - areia extraída e brita produzida - alas esconsas","un",1986.31]
[804112,"Boca de BSTC D = 0,80 m - esconsidade 30° - areia extraída e brita produzida - alas retas","un",1198.51]
[804115,"Boca de BSTC D = 0,80 m - esconsidade 35° - areia e brita comerciais - alas retas","un",1430.13]
[804114,"Boca de BSTC D = 0,80 m - esconsidade 35° - areia extraída e brita produzida - alas retas","un",1220.57]
[804117,"Boca de BSTC D = 0,80 m - esconsidade 40° - areia e brita comerciais - alas retas","un",1459.55]
[804116,"Boca de BSTC D = 0,80 m - esconsidade 40° - areia extraída e brita produzida - alas retas","un",1249.6099999999999]
[804391,"Boca de BSTC D = 0,80 m - esconsidade 45° - areia e brita comerciais - alas esconsas","un",2873.63]
[804119,"Boca de BSTC D = 0,80 m - esconsidade 45° - areia e brita comerciais - alas retas","un",1499.81]
[804390,"Boca de BSTC D = 0,80 m - esconsidade 45° - areia extraída e brita produzida - alas esconsas","un",2463.7800000000002]
[804118,"Boca de BSTC D = 0,80 m - esconsidade 45° - areia extraída e brita produzida - alas retas","un",1289.49]
[804103,"Boca de BSTC D = 0,80 m - esconsidade 5° - areia e brita comerciais - alas retas","un",1361.74]
[804102,"Boca de BSTC D = 0,80 m - esconsidade 5° - areia extraída e brita produzida - alas retas","un",1153.5999999999999]
[804393,"Boca de BSTC D = 1,00 m - esconsidade 0° - areia e brita comerciais - alas esconsas","un",3045.75]
[804121,"Boca de BSTC D = 1,00 m - esconsidade 0° - areia e brita comerciais - alas retas","un",2040.43]
[804392,"Boca de BSTC D = 1,00 m - esconsidade 0° - areia extraída e brita produzida - alas esconsas","un",2587.1799999999998]
[804120,"Boca de BSTC D = 1,00 m - esconsidade 0° - areia extraída e brita produzida - alas retas","un",1717.23]
[804125,"Boca de BSTC D = 1,00 m - esconsidade 10° - areia e brita comerciais - alas retas","un",2046.36]
[804124,"Boca de BSTC D = 1,00 m - esconsidade 10° - areia extraída e brita produzida - alas retas","un",1723.04]
[804395,"Boca de BSTC D = 1,00 m - esconsidade 15° - areia e brita comerciais - alas esconsas","un",3199.84]
[804127,"Boca de BSTC D = 1,00 m - esconsidade 15° - areia e brita comerciais - alas retas","un",2055.14]
[804394,"Boca de BSTC D = 1,00 m - esconsidade 15° - areia extraída e brita produzida - alas esconsas","un",2716.84]
[804126,"Boca de BSTC D = 1,00 m - esconsidade 15° - areia extraída e brita produzida - alas retas","un",1731.55]
[804129,"Boca de BSTC D = 1,00 m - esconsidade 20° - areia e brita comerciais - alas retas","un",2067.52]
[804128,"Boca de BSTC D = 1,00 m - esconsidade 20° - areia extraída e brita produzida - alas retas","un",1743.55]
[804131,"Boca de BSTC D = 1,00 m - esconsidade 25° - areia e brita comerciais - alas retas","un",2084.5500000000002]
[804130,"Boca de BSTC D = 1,00 m - esconsidade 25° - areia extraída e brita produzida - alas retas","un",1760.19]
[804397,"Boca de BSTC D = 1,00 m - esconsidade 30° - areia e brita comerciais - alas esconsas","un",3567.7]
[804133,"Boca de BSTC D = 1,00 m - esconsidade 30° - areia e brita comerciais - alas retas","un",2108.29]
[804396,"Boca de BSTC D = 1,00 m - esconsidade 30° - areia extraída e brita produzida - alas esconsas","un",3027.11]
[804132,"Boca de BSTC D = 1,00 m - esconsidade 30° - areia extraída e brita produzida - alas retas","un",1783.42]
[804135,"Boca de BSTC D = 1,00 m - esconsidade 35° - areia e brita comerciais - alas retas","un",2139]
[804134,"Boca de BSTC D = 1,00 m - esconsidade 35° - areia extraída e brita produzida - alas retas","un",1813.61]
[804137,"Boca de BSTC D = 1,00 m - esconsidade 40° - areia e brita comerciais - alas retas","un",2104.39]
[804136,"Boca de BSTC D = 1,00 m - esconsidade 40° - areia extraída e brita produzida - alas retas","un",1778.36]
[804399,"Boca de BSTC D = 1,00 m - esconsidade 45° - areia e brita comerciais - alas esconsas","un",4444.6099999999997]
[804139,"Boca de BSTC D = 1,00 m - esconsidade 45° - areia e brita comerciais - alas retas","un",2239.91]
[804398,"Boca de BSTC D = 1,00 m - esconsidade 45° - areia extraída e brita produzida - alas esconsas","un",3764.15]
[804138,"Boca de BSTC D = 1,00 m - esconsidade 45° - areia extraída e brita produzida - alas retas","un",1913.11]
[804123,"Boca de BSTC D = 1,00 m - esconsidade 5° - areia e brita comerciais - alas retas","un",2041.2]
[804122,"Boca de BSTC D = 1,00 m - esconsidade 5° - areia extraída e brita produzida - alas retas","un",1718]
[804401,"Boca de BSTC D = 1,20 m - esconsidade 0° - areia e brita comerciais - alas esconsas","un",4426.18]
[804141,"Boca de BSTC D = 1,20 m - esconsidade 0° - areia e brita comerciais - alas retas","un",2844.43]
[804400,"Boca de BSTC D = 1,20 m - esconsidade 0° - areia extraída e brita produzida - alas esconsas","un",3718.33]
[804140,"Boca de BSTC D = 1,20 m - esconsidade 0° - areia extraída e brita produzida - alas retas","un",2376.73]
[804145,"Boca de BSTC D = 1,20 m - esconsidade 10° - areia e brita comerciais - alas retas","un",2854.23]
[804144,"Boca de BSTC D = 1,20 m - esconsidade 10° - areia extraída e brita produzida - alas retas","un",2386.0100000000002]
[804403,"Boca de BSTC D = 1,20 m - esconsidade 15° - areia e brita comerciais - alas esconsas","un",4662.78]
[804147,"Boca de BSTC D = 1,20 m - esconsidade 15° - areia e brita comerciais - alas retas","un",2866.35]
[804402,"Boca de BSTC D = 1,20 m - esconsidade 15° - areia extraída e brita produzida - alas esconsas","un",3914.69]
[804146,"Boca de BSTC D = 1,20 m - esconsidade 15° - areia extraída e brita produzida - alas retas","un",2397.62]
[804149,"Boca de BSTC D = 1,20 m - esconsidade 20° - areia e brita comerciais - alas retas","un",2884.66]
[804148,"Boca de BSTC D = 1,20 m - esconsidade 20° - areia extraída e brita produzida - alas retas","un",2415.0300000000002]
[804151,"Boca de BSTC D = 1,20 m - esconsidade 25° - areia e brita comerciais - alas retas","un",2909.68]
[804150,"Boca de BSTC D = 1,20 m - esconsidade 25° - areia extraída e brita produzida - alas retas","un",2439.02]
[804405,"Boca de BSTC D = 1,20 m - esconsidade 30° - areia e brita comerciais - alas esconsas","un",5214.45]
[804153,"Boca de BSTC D = 1,20 m - esconsidade 30° - areia e brita comerciais - alas retas","un",2943.47]
[804404,"Boca de BSTC D = 1,20 m - esconsidade 30° - areia extraída e brita produzida - alas esconsas","un",4374.18]
[804152,"Boca de BSTC D = 1,20 m - esconsidade 30° - areia extraída e brita produzida - alas retas","un",2471.5300000000002]
[804155,"Boca de BSTC D = 1,20 m - esconsidade 35° - areia e brita comerciais - alas retas","un",2987.07]
[804154,"Boca de BSTC D = 1,20 m - esconsidade 35° - areia extraída e brita produzida - alas retas","un",2513.71]
[804157,"Boca de BSTC D = 1,20 m - esconsidade 40° - areia e brita comerciais - alas retas","un",3047.18]
[804156,"Boca de BSTC D = 1,20 m - esconsidade 40° - areia extraída e brita produzida - alas retas","un",2572.15]
[804407,"Boca de BSTC D = 1,20 m - esconsidade 45° - areia e brita comerciais - alas esconsas","un",6504.42]
[804159,"Boca de BSTC D = 1,20 m - esconsidade 45° - areia e brita comerciais - alas retas","un",3127.17]
[804406,"Boca de BSTC D = 1,20 m - esconsidade 45° - areia extraída e brita produzida - alas esconsas","un",5444.7]
[804158,"Boca de BSTC D = 1,20 m - esconsidade 45° - areia extraída e brita produzida - alas retas","un",2650.34]
[804143,"Boca de BSTC D = 1,20 m - esconsidade 5° - areia e brita comerciais - alas retas","un",2847.27]
[804142,"Boca de BSTC D = 1,20 m - esconsidade 5° - areia extraída e brita produzida - alas retas","un",2379.44]
[804409,"Boca de BSTC D = 1,50 m - esconsidade 0° - areia e brita comerciais - alas esconsas","un",8070.19]
[804161,"Boca de BSTC D = 1,50 m - esconsidade 0° - areia e brita comerciais - alas retas","un",4909.7]
[804408,"Boca de BSTC D = 1,50 m - esconsidade 0° - areia extraída e brita produzida - alas esconsas","un",6680.45]
[804160,"Boca de BSTC D = 1,50 m - esconsidade 0° - areia extraída e brita produzida - alas retas","un",4075.73]
[804165,"Boca de BSTC D = 1,50 m - esconsidade 10° - areia e brita comerciais - alas retas","un",4923.1099999999997]
[804164,"Boca de BSTC D = 1,50 m - esconsidade 10° - areia extraída e brita produzida - alas retas","un",4088.49]
[804411,"Boca de BSTC D = 1,50 m - esconsidade 15° - areia e brita comerciais - alas esconsas","un",8513.7099999999991]
[804167,"Boca de BSTC D = 1,50 m - esconsidade 15° - areia e brita comerciais - alas retas","un",4940.6400000000003]
[804410,"Boca de BSTC D = 1,50 m - esconsidade 15° - areia extraída e brita produzida - alas esconsas","un",7044.14]
[804166,"Boca de BSTC D = 1,50 m - esconsidade 15° - areia extraída e brita produzida - alas retas","un",4105.13]
[804169,"Boca de BSTC D = 1,50 m - esconsidade 20° - areia e brita comerciais - alas retas","un",4966.17]
[804168,"Boca de BSTC D = 1,50 m - esconsidade 20° - areia extraída e brita produzida - alas retas","un",4129.5]
[804171,"Boca de BSTC D = 1,50 m - esconsidade 25° - areia e brita comerciais - alas retas","un",5000.99]
[804170,"Boca de BSTC D = 1,50 m - esconsidade 25° - areia extraída e brita produzida - alas retas","un",4162.78]
[804413,"Boca de BSTC D = 1,50 m - esconsidade 30° - areia e brita comerciais - alas esconsas","un",9545.7900000000009]
[804173,"Boca de BSTC D = 1,50 m - esconsidade 30° - areia e brita comerciais - alas retas","un",5047.68]
[804412,"Boca de BSTC D = 1,50 m - esconsidade 30° - areia extraída e brita produzida - alas esconsas","un",7891.48]
[804172,"Boca de BSTC D = 1,50 m - esconsidade 30° - areia extraída e brita produzida - alas retas","un",4207.67]
[804175,"Boca de BSTC D = 1,50 m - esconsidade 35° - areia e brita comerciais - alas retas","un",5110.1099999999997]
[804174,"Boca de BSTC D = 1,50 m - esconsidade 35° - areia extraída e brita produzida - alas retas","un",4268.04]
[804177,"Boca de BSTC D = 1,50 m - esconsidade 40° - areia e brita comerciais - alas retas","un",5193.4399999999996]
[804176,"Boca de BSTC D = 1,50 m - esconsidade 40° - areia extraída e brita produzida - alas retas","un",4348.93]
[804415,"Boca de BSTC D = 1,50 m - esconsidade 45° - areia e brita comerciais - alas esconsas","un",11979.29]
[804179,"Boca de BSTC D = 1,50 m - esconsidade 45° - areia e brita comerciais - alas retas","un",5307.23]
[804414,"Boca de BSTC D = 1,50 m - esconsidade 45° - areia extraída e brita produzida - alas esconsas","un",9883.3799999999992]
[804178,"Boca de BSTC D = 1,50 m - esconsidade 45° - areia extraída e brita produzida - alas retas","un",4460.0200000000004]
[804163,"Boca de BSTC D = 1,50 m - esconsidade 5° - areia e brita comerciais - alas retas","un",4913.3100000000004]
[804162,"Boca de BSTC D = 1,50 m - esconsidade 5° - areia extraída e brita produzida - alas retas","un",4079.21]
[804441,"Boca de BTTC D = 1,00 m - esconsidade 0° - areia e brita comerciais - alas esconsas","un",5462.49]
[804317,"Boca de BTTC D = 1,00 m - esconsidade 0° - areia e brita comerciais - alas retas","un",2989.79]
[804440,"Boca de BTTC D = 1,00 m - esconsidade 0° - areia extraída e brita produzida - alas esconsas","un",4608.2]
[804316,"Boca de BTTC D = 1,00 m - esconsidade 0° - areia extraída e brita produzida - alas retas","un",2499.85]
[804321,"Boca de BTTC D = 1,00 m - esconsidade 10° - areia e brita comerciais - alas retas","un",3009.89]
[804320,"Boca de BTTC D = 1,00 m - esconsidade 10° - areia extraída e brita produzida - alas retas","un",2518.41]
[804443,"Boca de BTTC D = 1,00 m - esconsidade 15° - areia e brita comerciais - alas esconsas","un",5700.94]
[804323,"Boca de BTTC D = 1,00 m - esconsidade 15° - areia e brita comerciais - alas retas","un",3036.69]
[804442,"Boca de BTTC D = 1,00 m - esconsidade 15° - areia extraída e brita produzida - alas esconsas","un",4808.47]
[804322,"Boca de BTTC D = 1,00 m - esconsidade 15° - areia extraída e brita produzida - alas retas","un",2543.15]
[804325,"Boca de BTTC D = 1,00 m - esconsidade 20° - areia e brita comerciais - alas retas","un",3075.36]
[804324,"Boca de BTTC D = 1,00 m - esconsidade 20° - areia extraída e brita produzida - alas retas","un",2579.12]
[804327,"Boca de BTTC D = 1,00 m - esconsidade 25° - areia e brita comerciais - alas retas","un",3128.46]
[804326,"Boca de BTTC D = 1,00 m - esconsidade 25° - areia extraída e brita produzida - alas retas","un",2628.62]
[804445,"Boca de BTTC D = 1,00 m - esconsidade 30° - areia e brita comerciais - alas esconsas","un",6363.31]
[804329,"Boca de BTTC D = 1,00 m - esconsidade 30° - areia e brita comerciais - alas retas","un",3198.84]
[804444,"Boca de BTTC D = 1,00 m - esconsidade 30° - areia extraída e brita produzida - alas esconsas","un",5364.91]
[804328,"Boca de BTTC D = 1,00 m - esconsidade 30° - areia extraída e brita produzida - alas retas","un",2694.76]
[804331,"Boca de BTTC D = 1,00 m - esconsidade 35° - areia e brita comerciais - alas retas","un",3289.6]
[804330,"Boca de BTTC D = 1,00 m - esconsidade 35° - areia extraída e brita produzida - alas retas","un",2780.63]
[804333,"Boca de BTTC D = 1,00 m - esconsidade 40° - areia e brita comerciais - alas retas","un",3410.56]
[804332,"Boca de BTTC D = 1,00 m - esconsidade 40° - areia extraída e brita produzida - alas retas","un",2895.93]
[804447,"Boca de BTTC D = 1,00 m - esconsidade 45° - areia e brita comerciais - alas esconsas","un",7875.04]
[804335,"Boca de BTTC D = 1,00 m - esconsidade 45° - areia e brita comerciais - alas retas","un",3569.96]
[804446,"Boca de BTTC D = 1,00 m - esconsidade 45° - areia extraída e brita produzida - alas esconsas","un",6634.05]
[804334,"Boca de BTTC D = 1,00 m - esconsidade 45° - areia extraída e brita produzida - alas retas","un",3049.17]
[804319,"Boca de BTTC D = 1,00 m - esconsidade 5° - areia e brita comerciais - alas retas","un",2994.43]
[804318,"Boca de BTTC D = 1,00 m - esconsidade 5° - areia extraída e brita produzida - alas retas","un",2504.1]
[804449,"Boca de BTTC D = 1,20 m - esconsidade 0° - areia e brita comerciais - alas esconsas","un",7972.11]
[804337,"Boca de BTTC D = 1,20 m - esconsidade 0° - areia e brita comerciais - alas retas","un",4112.53]
[804448,"Boca de BTTC D = 1,20 m - esconsidade 0° - areia extraída e brita produzida - alas esconsas","un",6651.54]
[804336,"Boca de BTTC D = 1,20 m - esconsidade 0° - areia extraída e brita produzida - alas retas","un",3405.84]
[804341,"Boca de BTTC D = 1,20 m - esconsidade 10° - areia e brita comerciais - alas retas","un",4143.4399999999996]
[804340,"Boca de BTTC D = 1,20 m - esconsidade 10° - areia extraída e brita produzida - alas retas","un",3433.66]
[804451,"Boca de BTTC D = 1,20 m - esconsidade 15° - areia e brita comerciais - alas esconsas","un",8339.09]
[804343,"Boca de BTTC D = 1,20 m - esconsidade 15° - areia e brita comerciais - alas retas","un",4182.8500000000004]
[804450,"Boca de BTTC D = 1,20 m - esconsidade 15° - areia extraída e brita produzida - alas esconsas","un",6955.91]
[804342,"Boca de BTTC D = 1,20 m - esconsidade 15° - areia extraída e brita produzida - alas retas","un",3469.22]
[804345,"Boca de BTTC D = 1,20 m - esconsidade 20° - areia e brita comerciais - alas retas","un",4240.3]
[804344,"Boca de BTTC D = 1,20 m - esconsidade 20° - areia extraída e brita produzida - alas retas","un",3521.4]
[804347,"Boca de BTTC D = 1,20 m - esconsidade 25° - areia e brita comerciais - alas retas","un",4318.63]
[804346,"Boca de BTTC D = 1,20 m - esconsidade 25° - areia extraída e brita produzida - alas retas","un",3592.91]
[804453,"Boca de BTTC D = 1,20 m - esconsidade 30° - areia e brita comerciais - alas esconsas","un",9299.85]
[804349,"Boca de BTTC D = 1,20 m - esconsidade 30° - areia e brita comerciais - alas retas","un",4421.2]
[804452,"Boca de BTTC D = 1,20 m - esconsidade 30° - areia extraída e brita produzida - alas esconsas","un",7752.12]
[804348,"Boca de BTTC D = 1,20 m - esconsidade 30° - areia extraída e brita produzida - alas retas","un",3687.25]
[804351,"Boca de BTTC D = 1,20 m - esconsidade 35° - areia e brita comerciais - alas retas","un",4552.8999999999996]
[804350,"Boca de BTTC D = 1,20 m - esconsidade 35° - areia extraída e brita produzida - alas retas","un",3809.44]
[804353,"Boca de BTTC D = 1,20 m - esconsidade 40° - areia e brita comerciais - alas retas","un",4725.37]
[804352,"Boca de BTTC D = 1,20 m - esconsidade 40° - areia extraída e brita produzida - alas retas","un",3971.11]
[804455,"Boca de BTTC D = 1,20 m - esconsidade 45° - areia e brita comerciais - alas esconsas","un",11517.68]
[804355,"Boca de BTTC D = 1,20 m - esconsidade 45° - areia e brita comerciais - alas retas","un",4951.7700000000004]
[804454,"Boca de BTTC D = 1,20 m - esconsidade 45° - areia extraída e brita produzida - alas esconsas","un",9591.4599999999991]
[804354,"Boca de BTTC D = 1,20 m - esconsidade 45° - areia extraída e brita produzida - alas retas","un",4185.42]
[804339,"Boca de BTTC D = 1,20 m - esconsidade 5° - areia e brita comerciais - alas retas","un",4120.26]
[804338,"Boca de BTTC D = 1,20 m - esconsidade 5° - areia extraída e brita produzida - alas retas","un",3412.79]
[804457,"Boca de BTTC D = 1,50 m - esconsidade 0° - areia e brita comerciais - alas esconsas","un",14052.53]
[804357,"Boca de BTTC D = 1,50 m - esconsidade 0° - areia e brita comerciais - alas retas","un",6967.35]
[804456,"Boca de BTTC D = 1,50 m - esconsidade 0° - areia extraída e brita produzida - alas esconsas","un",11543.55]
[804356,"Boca de BTTC D = 1,50 m - esconsidade 0° - areia extraída e brita produzida - alas retas","un",5716.07]
[804361,"Boca de BTTC D = 1,50 m - esconsidade 10° - areia e brita comerciais - alas retas","un",7015.24]
[804360,"Boca de BTTC D = 1,50 m - esconsidade 10° - areia extraída e brita produzida - alas retas","un",5758.57]
[804459,"Boca de BTTC D = 1,50 m - esconsidade 15° - areia e brita comerciais - alas esconsas","un",14708.14]
[804363,"Boca de BTTC D = 1,50 m - esconsidade 15° - areia e brita comerciais - alas retas","un",7076.53]
[804458,"Boca de BTTC D = 1,50 m - esconsidade 15° - areia extraída e brita produzida - alas esconsas","un",12079.6]
[804362,"Boca de BTTC D = 1,50 m - esconsidade 15° - areia extraída e brita produzida - alas retas","un",5813.04]
[804365,"Boca de BTTC D = 1,50 m - esconsidade 20° - areia e brita comerciais - alas retas","un",7164.87]
[804364,"Boca de BTTC D = 1,50 m - esconsidade 20° - areia extraída e brita produzida - alas retas","un",5891.87]
[804367,"Boca de BTTC D = 1,50 m - esconsidade 25° - areia e brita comerciais - alas retas","un",7284.38]
[804366,"Boca de BTTC D = 1,50 m - esconsidade 25° - areia extraída e brita produzida - alas retas","un",5999.3]
[804461,"Boca de BTTC D = 1,50 m - esconsidade 30° - areia e brita comerciais - alas esconsas","un",16448.97]
[804369,"Boca de BTTC D = 1,50 m - esconsidade 30° - areia e brita comerciais - alas retas","un",7439.72]
[804460,"Boca de BTTC D = 1,50 m - esconsidade 30° - areia extraída e brita produzida - alas esconsas","un",13503.01]
[804371,"Boca de BTTC D = 1,50 m - esconsidade 35° - areia e brita comerciais - alas retas","un",7639.16]
[804370,"Boca de BTTC D = 1,50 m - esconsidade 35° - areia extraída e brita produzida - alas retas","un",6322.45]
[804373,"Boca de BTTC D = 1,50 m - esconsidade 40° - areia e brita comerciais - alas retas","un",7895.34]
[804372,"Boca de BTTC D = 1,50 m - esconsidade 40° - areia extraída e brita produzida - alas retas","un",6559.47]
[804463,"Boca de BTTC D = 1,50 m - esconsidade 45° - areia e brita comerciais - alas esconsas","un",20440.080000000002]
[804375,"Boca de BTTC D = 1,50 m - esconsidade 45° - areia e brita comerciais - alas retas","un",8230.73]
[804462,"Boca de BTTC D = 1,50 m - esconsidade 45° - areia extraída e brita produzida - alas esconsas","un",16761.21]
[804374,"Boca de BTTC D = 1,50 m - esconsidade 45° - areia extraída e brita produzida - alas retas","un",6873.52]
[804359,"Boca de BTTC D = 1,50 m - esconsidade 5° - areia e brita comerciais - alas retas","un",6979.45]
[804358,"Boca de BTTC D = 1,50 m - esconsidade 5° - areia extraída e brita produzida - alas retas","un",5726.89]
[804368,"Boca de BTTC D = 1,50 m esconsidade 30° - areia extraída e brita produzida - alas retas","un",6139.98]
[804465,"Confecção de tubos de concreto armado D = 0,60 m PA1 - areia e brita comerciais","m",136.91]
[804464,"Confecção de tubos de concreto armado D = 0,60 m PA1 - areia extraída e brita produzida","m",119.56]
[804475,"Confecção de tubos de concreto armado D = 0,60 m PA2 - areia e brita comerciais","m",150.44999999999999]
[804474,"Confecção de tubos de concreto armado D = 0,60 m PA2 - areia extraída e brita produzida","m",133.12]
[804485,"Confecção de tubos de concreto armado D = 0,60 m PA3 - areia e brita comerciais","m",218.12]
[804484,"Confecção de tubos de concreto armado D = 0,60 m PA3 - areia extraída e brita produzida","m",200.87]
[804495,"Confecção de tubos de concreto armado D = 0,60 m PA4 - areia e brita comerciais","m",271.69]
[804494,"Confecção de tubos de concreto armado D = 0,60 m PA4 - areia extraída e brita produzida","m",251.25]
[804467,"Confecção de tubos de concreto armado D = 0,80 m PA1 - areia e brita comerciais","m",208.7]
[804466,"Confecção de tubos de concreto armado D = 0,80 m PA1 - areia extraída e brita produzida","m",181.08]
[804477,"Confecção de tubos de concreto armado D = 0,80 m PA2 - areia e brita comerciais","m",262.83999999999997]
[804476,"Confecção de tubos de concreto armado D = 0,80 m PA2 - areia extraída e brita produzida","m",235.28]
[804487,"Confecção de tubos de concreto armado D = 0,80 m PA3 - areia e brita comerciais","m",371.16]
[804486,"Confecção de tubos de concreto armado D = 0,80 m PA3 - areia extraída e brita produzida","m",340.32]
[804497,"Confecção de tubos de concreto armado D = 0,80 m PA4 - areia e brita comerciais","m",437.92]
[804496,"Confecção de tubos de concreto armado D = 0,80 m PA4 - areia extraída e brita produzida","m",400.58]
[804469,"Confecção de tubos de concreto armado D = 1,00 m PA1 - areia e brita comerciais","m",362.83]
[804468,"Confecção de tubos de concreto armado D = 1,00 m PA1 - areia extraída e brita produzida","m",324.95999999999998]
[804479,"Confecção de tubos de concreto armado D = 1,00 m PA2 - areia e brita comerciais","m",416.97]
[804478,"Confecção de tubos de concreto armado D = 1,00 m PA2 - areia extraída e brita produzida","m",379.17]
[804489,"Confecção de tubos de concreto armado D = 1,00 m PA3 - areia e brita comerciais","m",526.69000000000005]
[804488,"Confecção de tubos de concreto armado D = 1,00 m PA3 - areia extraída e brita produzida","m",478.44]
[804499,"Confecção de tubos de concreto armado D = 1,00 m PA4 - areia e brita comerciais","m",667.54]
[804498,"Confecção de tubos de concreto armado D = 1,00 m PA4 - areia extraída e brita produzida","m",611.27]
[804471,"Confecção de tubos de concreto armado D = 1,20 m PA1 - areia e brita comerciais","m",495.03]
[804470,"Confecção de tubos de concreto armado D = 1,20 m PA1 - areia extraída e brita produzida","m",439.88]
[804481,"Confecção de tubos de concreto armado D = 1,20 m PA2 - areia e brita comerciais","m",616.84]
[804480,"Confecção de tubos de concreto armado D = 1,20 m PA2 - areia extraída e brita produzida","m",561.84]
[804491,"Confecção de tubos de concreto armado D = 1,20 m PA3 - areia e brita comerciais","m",812.96]
[804490,"Confecção de tubos de concreto armado D = 1,20 m PA3 - areia extraída e brita produzida","m",739.5]
[804501,"Confecção de tubos de concreto armado D = 1,20 m PA4 - areia e brita comerciais","m",974.56]
[804500,"Confecção de tubos de concreto armado D = 1,20 m PA4 - areia extraída e brita produzida","m",891.29]
[804473,"Confecção de tubos de concreto armado D = 1,50 m PA1 - areia e brita comerciais","m",799.27]
[804472,"Confecção de tubos de concreto armado D = 1,50 m PA1 - areia extraída e brita produzida","m",713.13]
[804483,"Confecção de tubos de concreto armado D = 1,50 m PA2 - areia e brita comerciais","m",988.76]
[804482,"Confecção de tubos de concreto armado D = 1,50 m PA2 - areia extraída e brita produzida","m",902.85]
[804493,"Confecção de tubos de concreto armado D = 1,50 m PA3 - areia e brita comerciais","m",1303.79]
[804492,"Confecção de tubos de concreto armado D = 1,50 m PA3 - areia extraída e brita produzida","m",1190.08]
[804503,"Confecção de tubos de concreto armado D = 1,50 m PA4 - areia e brita comerciais","m",1550.29]
[804502,"Confecção de tubos de concreto armado D = 1,50 m PA4 - areia extraída e brita produzida","m",1432.75]
[804180,"Corpo de BDTC D = 0,80 m PA1 - areia extraída e brita e pedra de mão produzidas","m",1254.3599999999999]
[804181,"Corpo de BDTC D = 0,80 m PA1 - areia, brita e pedra de mão comerciais","m",1344.34]
[804182,"Corpo de BDTC D = 0,80 m PA2 - areia extraída e brita e pedra de mão produzidas","m",1302.8900000000001]
[804183,"Corpo de BDTC D = 0,80 m PA2 - areia, brita e pedra de mão comerciais","m",1392.88]
[804184,"Corpo de BDTC D = 0,80 m PA3 - areia extraída e brita e pedra de mão produzidas","m",1399.79]
[804185,"Corpo de BDTC D = 0,80 m PA3 - areia, brita e pedra de mão comerciais","m",1489.78]
[804186,"Corpo de BDTC D = 0,80 m PA4 - areia extraída e brita e pedra de mão produzidas","m",1578]
[804187,"Corpo de BDTC D = 0,80 m PA4 - areia, brita e pedra de mão comerciais","m",1667.98]
[804188,"Corpo de BDTC D = 1,00 m PA1 - areia extraída e brita e pedra de mão produzidas","m",1659.48]
[804189,"Corpo de BDTC D = 1,00 m PA1 - areia, brita e pedra de mão comerciais","m",1779.84]
[804190,"Corpo de BDTC D = 1,00 m PA2 - areia extraída e brita e pedra de mão produzidas","m",1770.75]
[804191,"Corpo de BDTC D = 1,00 m PA2 - areia, brita e pedra de mão comerciais","m",1891.11]
[804192,"Corpo de BDTC D = 1,00 m PA3 - areia extraída e brita e pedra de mão produzidas","m",1902.68]
[804193,"Corpo de BDTC D = 1,00 m PA3 - areia, brita e pedra de mão comerciais","m",2023.04]
[804194,"Corpo de BDTC D = 1,00 m PA4 - areia extraída e brita e pedra de mão produzidas","m",1999.89]
[804195,"Corpo de BDTC D = 1,00 m PA4 - areia, brita e pedra de mão comerciais","m",2120.25]
[804196,"Corpo de BDTC D = 1,20 m PA1 - areia extraída e brita e pedra de mão produzidas","m",2200.4499999999998]
[804197,"Corpo de BDTC D = 1,20 m PA1 - areia, brita e pedra de mão comerciais","m",2353.5]
[804198,"Corpo de BDTC D = 1,20 m PA2 - areia extraída e brita e pedra de mão produzidas","m",2361.9899999999998]
[804199,"Corpo de BDTC D = 1,20 m PA2 - areia, brita e pedra de mão comerciais","m",2515.04]
[804200,"Corpo de BDTC D = 1,20 m PA3 - areia extraída e brita e pedra de mão produzidas","m",2735.47]
[804201,"Corpo de BDTC D = 1,20 m PA3 - areia, brita e pedra de mão comerciais","m",2888.53]
[804202,"Corpo de BDTC D = 1,20 m PA4 - areia extraída e brita e pedra de mão produzidas","m",3148.6]
[804203,"Corpo de BDTC D = 1,20 m PA4 - areia, brita e pedra de mão comerciais","m",3301.65]
[804204,"Corpo de BDTC D = 1,50 m PA1 - areia extraída e brita e pedra de mão produzidas","m",3674.06]
[804205,"Corpo de BDTC D = 1,50 m PA1 - areia, brita e pedra de mão comerciais","m",3871.11]
[804206,"Corpo de BDTC D = 1,50 m PA2 - areia extraída e brita e pedra de mão produzidas","m",3754.72]
[804207,"Corpo de BDTC D = 1,50 m PA2 - areia, brita e pedra de mão comerciais","m",3951.77]
[804208,"Corpo de BDTC D = 1,50 m PA3 - areia extraída e brita e pedra de mão produzidas","m",3951.92]
[804209,"Corpo de BDTC D = 1,50 m PA3 - areia, brita e pedra de mão comerciais","m",4148.97]
[804210,"Corpo de BDTC D = 1,50 m PA4 - areia extraída e brita e pedra de mão produzidas","m",4216.07]
[804211,"Corpo de BDTC D = 1,50 m PA4 - areia, brita e pedra de mão comerciais","m",4413.12]
[804012,"Corpo de BSTC D = 0,40 m PA1 - areia extraída e brita e pedra de mão produzidas","m",277.89]
[804013,"Corpo de BSTC D = 0,40 m PA1 - areia, brita e pedra de mão comerciais","m",299.86]
[804014,"Corpo de BSTC D = 0,40 m PA2 - areia extraída e brita e pedra de mão produzidas","m",284.57]
[804015,"Corpo de BSTC D = 0,40 m PA2 - areia, brita e pedra de mão comerciais","m",306.52999999999997]
[804016,"Corpo de BSTC D = 0,40 m PA3 - areia extraída e brita e pedra de mão produzidas","m",299.77]
[804017,"Corpo de BSTC D = 0,40 m PA3 - areia, brita e pedra de mão comerciais","m",321.74]
[804018,"Corpo de BSTC D = 0,40 m PA4 - areia extraída e brita e pedra de mão produzidas","m",354.99]
[804019,"Corpo de BSTC D = 0,40 m PA4 - areia, brita e pedra de mão comerciais","m",376.95]
[804020,"Corpo de BSTC D = 0,60 m PA1 - areia extraída e brita e pedra de mão produzidas","m",429.98]
[804021,"Corpo de BSTC D = 0,60 m PA1 - areia, brita e pedra de mão comerciais","m",462.87]
[804022,"Corpo de BSTC D = 0,60 m PA2 - areia extraída e brita e pedra de mão produzidas","m",473.03]
[804023,"Corpo de BSTC D = 0,60 m PA2 - areia, brita e pedra de mão comerciais","m",505.92]
[804024,"Corpo de BSTC D = 0,60 m PA3 - areia extraída e brita e pedra de mão produzidas","m",505.37]
[804025,"Corpo de BSTC D = 0,60 m PA3 - areia, brita e pedra de mão comerciais","m",538.26]
[804026,"Corpo de BSTC D = 0,60 m PA4 - areia extraída e brita e pedra de mão produzidas","m",553.79]
[804027,"Corpo de BSTC D = 0,60 m PA4 - areia, brita e pedra de mão comerciais","m",586.67999999999995]
[804028,"Corpo de BSTC D = 0,80 m PA1 - areia extraída e brita e pedra de mão produzidas","m",654.29]
[804029,"Corpo de BSTC D = 0,80 m PA1 - areia, brita e pedra de mão comerciais","m",699.28]
[804030,"Corpo de BSTC D = 0,80 m PA2 - areia extraída e brita e pedra de mão produzidas","m",678.55]
[804031,"Corpo de BSTC D = 0,80 m PA2 - areia, brita e pedra de mão comerciais","m",723.54]
[804032,"Corpo de BSTC D = 0,80 m PA3 - areia extraída e brita e pedra de mão produzidas","m",727]
[804033,"Corpo de BSTC D = 0,80 m PA3 - areia, brita e pedra de mão comerciais","m",771.99]
[804034,"Corpo de BSTC D = 0,80 m PA4 - areia extraída e brita e pedra de mão produzidas","m",816.11]
[804035,"Corpo de BSTC D = 0,80 m PA4 - areia, brita e pedra de mão comerciais","m",861.1]
[804036,"Corpo de BSTC D = 1,00 m PA1 - areia extraída e brita e pedra de mão produzidas","m",857.67]
[804037,"Corpo de BSTC D = 1,00 m PA1 - areia, brita e pedra de mão comerciais","m",916.4]
[804038,"Corpo de BSTC D = 1,00 m PA2 - areia extraída e brita e pedra de mão produzidas","m",913.3]
[804039,"Corpo de BSTC D = 1,00 m PA2 - areia, brita e pedra de mão comerciais","m",972.04]
[804040,"Corpo de BSTC D = 1,00 m PA3 - areia extraída e brita e pedra de mão produzidas","m",979.27]
[804041,"Corpo de BSTC D = 1,00 m PA3 - areia, brita e pedra de mão comerciais","m",1038]
[804042,"Corpo de BSTC D = 1,00 m PA4 - areia extraída e brita e pedra de mão produzidas","m",1027.8699999999999]
[804043,"Corpo de BSTC D = 1,00 m PA4 - areia, brita e pedra de mão comerciais","m",1086.6099999999999]
[804044,"Corpo de BSTC D = 1,20 m PA1 - areia extraída e brita e pedra de mão produzidas","m",1128.05]
[804045,"Corpo de BSTC D = 1,20 m PA1 - areia, brita e pedra de mão comerciais","m",1201.26]
[804046,"Corpo de BSTC D = 1,20 m PA2 - areia extraída e brita e pedra de mão produzidas","m",1208.82]
[804047,"Corpo de BSTC D = 1,20 m PA2 - areia, brita e pedra de mão comerciais","m",1282.03]
[804048,"Corpo de BSTC D = 1,20 m PA3 - areia extraída e brita e pedra de mão produzidas","m",1395.56]
[804049,"Corpo de BSTC D = 1,20 m PA3 - areia, brita e pedra de mão comerciais","m",1468.77]
[804050,"Corpo de BSTC D = 1,20 m PA4 - areia extraída e brita e pedra de mão produzidas","m",1602.13]
[804051,"Corpo de BSTC D = 1,20 m PA4 - areia, brita e pedra de mão comerciais","m",1675.33]
[804052,"Corpo de BSTC D = 1,50 m PA1 - areia extraída e brita e pedra de mão produzidas","m",1868.12]
[804053,"Corpo de BSTC D = 1,50 m PA1 - areia, brita e pedra de mão comerciais","m",1963.03]
[804054,"Corpo de BSTC D = 1,50 m PA2 - areia extraída e brita e pedra de mão produzidas","m",1908.45]
[804055,"Corpo de BSTC D = 1,50 m PA2 - areia, brita e pedra de mão comerciais","m",2003.36]
[804056,"Corpo de BSTC D = 1,50 m PA3 - areia extraída e brita e pedra de mão produzidas","m",2007.05]
[804057,"Corpo de BSTC D = 1,50 m PA3 - areia, brita e pedra de mão comerciais","m",2101.96]
[804058,"Corpo de BSTC D = 1,50 m PA4 - areia extraída e brita e pedra de mão produzidas","m",2139.12]
[804059,"Corpo de BSTC D = 1,50 m PA4 - areia, brita e pedra de mão comerciais","m",2234.0300000000002]
[804292,"Corpo de BTTC D = 1,00 m PA1 - areia extraída e brita e pedra de mão produzidas","m",2461.3000000000002]
[804293,"Corpo de BTTC D = 1,00 m PA1 - areia, brita e pedra de mão comerciais","m",2643.29]
[804294,"Corpo de BTTC D = 1,00 m PA2 - areia extraída e brita e pedra de mão produzidas","m",2628.2]
[804295,"Corpo de BTTC D = 1,00 m PA2 - areia, brita e pedra de mão comerciais","m",2810.19]
[804296,"Corpo de BTTC D = 1,00 m PA3 - areia extraída e brita e pedra de mão produzidas","m",2826.1]
[804297,"Corpo de BTTC D = 1,00 m PA3 - areia, brita e pedra de mão comerciais","m",3008.09]
[804298,"Corpo de BTTC D = 1,00 m PA4 - areia extraída e brita e pedra de mão produzidas","m",2971.91]
[804299,"Corpo de BTTC D = 1,00 m PA4 - areia, brita e pedra de mão comerciais","m",3153.9]
[804300,"Corpo de BTTC D = 1,20 m PA1 - areia extraída e brita e pedra de mão produzidas","m",3272.54]
[804301,"Corpo de BTTC D = 1,20 m PA1 - areia, brita e pedra de mão comerciais","m",3505.31]
[804302,"Corpo de BTTC D = 1,20 m PA2 - areia extraída e brita e pedra de mão produzidas","m",3514.85]
[804303,"Corpo de BTTC D = 1,20 m PA2 - areia, brita e pedra de mão comerciais","m",3747.61]
[804304,"Corpo de BTTC D = 1,20 m PA3 - areia extraída e brita e pedra de mão produzidas","m",4075.08]
[804305,"Corpo de BTTC D = 1,20 m PA3 - areia, brita e pedra de mão comerciais","m",4307.84]
[804306,"Corpo de BTTC D = 1,20 m PA4 - areia extraída e brita e pedra de mão produzidas","m",4694.76]
[804307,"Corpo de BTTC D = 1,20 m PA4 - areia, brita e pedra de mão comerciais","m",4927.53]
[804308,"Corpo de BTTC D = 1,50 m PA1 - areia extraída e brita e pedra de mão produzidas","m",5480.31]
[804309,"Corpo de BTTC D = 1,50 m PA1 - areia, brita e pedra de mão comerciais","m",5779.65]
[804310,"Corpo de BTTC D = 1,50 m PA2 - areia extraída e brita e pedra de mão produzidas","m",5601.29]
[804311,"Corpo de BTTC D = 1,50 m PA2 - areia, brita e pedra de mão comerciais","m",5900.62]
[804312,"Corpo de BTTC D = 1,50 m PA3 - areia extraída e brita e pedra de mão produzidas","m",5897.1]
[804313,"Corpo de BTTC D = 1,50 m PA3 - areia, brita e pedra de mão comerciais","m",6196.44]
[804314,"Corpo de BTTC D = 1,50 m PA4 - areia extraída e brita e pedra de mão produzidas","m",6293.32]
[804315,"Corpo de BTTC D = 1,50 m PA4 - areia, brita e pedra de mão comerciais","m",6592.65]
[805446,"Dentes para bueiros duplos D = 0,80 m - areia extraída e brita e pedra de mão produzidas","un",44.98]
[805447,"Dentes para bueiros duplos D = 0,80 m - areia, brita e pedra de mão comerciais","un",58.85]
[805448,"Dentes para bueiros duplos D = 1,00 m - areia extraída e brita e pedra de mão produzidas","un",53.91]
[805449,"Dentes para bueiros duplos D = 1,00 m - areia, brita e pedra de mão comerciais","un",70.53]
[805450,"Dentes para bueiros duplos D = 1,20 m - areia extraída e brita e pedra de mão produzidas","un",62.54]
[805451,"Dentes para bueiros duplos D = 1,20 m - areia, brita e pedra de mão comerciais","un",81.760000000000005]
[805452,"Dentes para bueiros duplos D = 1,50 m - areia extraída e brita e pedra de mão produzidas","un",73.31]
[805453,"Dentes para bueiros duplos D = 1,50 m - areia, brita e pedra de mão comerciais","un",96.14]
[805434,"Dentes para bueiros simples D = 0,40 m - areia extraída e brita e pedra de mão produzidas","un",15.12]
[805435,"Dentes para bueiros simples D = 0,40 m - areia, brita e pedra de mão comerciais","un",19.309999999999999]
[805436,"Dentes para bueiros simples D = 0,60 m - areia extraída e brita e pedra de mão produzidas","un",17.87]
[805437,"Dentes para bueiros simples D = 0,60 m - areia, brita e pedra de mão comerciais","un",23.36]
[805438,"Dentes para bueiros simples D = 0,80 m - areia extraída e brita e pedra de mão produzidas","un",24.05]
[805439,"Dentes para bueiros simples D = 0,80 m - areia, brita e pedra de mão comerciais","un",30.99]
[805440,"Dentes para bueiros simples D = 1,00 m - areia extraída e brita e pedra de mão produzidas","un",27.11]
[805441,"Dentes para bueiros simples D = 1,00 m - areia, brita e pedra de mão comerciais","un",35.49]
[805442,"Dentes para bueiros simples D = 1,20 m - areia extraída e brita e pedra de mão produzidas","un",32.68]
[805443,"Dentes para bueiros simples D = 1,20 m - areia, brita e pedra de mão comerciais","un",42.22]
[805444,"Dentes para bueiros simples D = 1,50 m - areia extraída e brita e pedra de mão produzidas","un",36.659999999999997]
[805445,"Dentes para bueiros simples D = 1,50 m - areia, brita e pedra de mão comerciais","un",48.07]
[805454,"Dentes para bueiros triplos D = 1,00 m - areia extraída e brita e pedra de mão produzidas","un",81.02]
[805455,"Dentes para bueiros triplos D = 1,00 m - areia, brita e pedra de mão comerciais","un",106.03]
[805456,"Dentes para bueiros triplos D = 1,20 m - areia extraída e brita e pedra de mão produzidas","un",92.1]
[805457,"Dentes para bueiros triplos D = 1,20 m - areia, brita e pedra de mão comerciais","un",120.86]
[805458,"Dentes para bueiros triplos D = 1,50 m - areia extraída e brita e pedra de mão produzidas","un",110.27]
[805459,"Dentes para bueiros triplos D = 1,50 m - areia, brita e pedra de mão comerciais","un",144.66999999999999]
[909620,"Alvenaria de blocos de concreto 19 x 19 x 39 cm com espessura de 20 cm com argamassa traço 1:0,5:3,5 - areia comercial","m²",125.66]
[909621,"Alvenaria de blocos de concreto 19 x 19 x 39 cm com espessura de 20 cm com argamassa traço 1:0,5:3,5 - areia extraída","m²",124.69]
[903802,"Bacia de contenção para tanque de emulsão de 30.000 l - inclusive demolição","un",15487.29]
[919113,"Canaleta perfil cartola 50 x 70 x 3 mm - aba 20 mm","m",134.01]
[903788,"Chapisco com argamassa de cimento e areia 1:3 - aplicação manual","m²",4.53]
[919247,"Cobertura em chapas zincadas com espessura de 0,43 mm - utilização 2 vezes","m²",33.36]
[919016,"Depósito de óleo para oficina - inclusive demolição","un",8112.62]
[919078,"Dique de contenção para usina de asfalto a quente - inclusive demolição","un",38102.660000000003]
[903789,"Emboço com argamassa de cimento, cal hidratada e areia 1:2:8 com espessura de 2 cm - aplicação manual","m²",32.03]
[919250,"Fornecimento e instalação de extintor de espuma 10 l","un",661.26]
[903807,"Instalação da central de britagem com capacidade de 80 m³/h","un",120277.01]
[903806,"Instalação da central de concreto com capacidade de 150 m³/h","un",198661.9]
[903804,"Instalação da central de concreto com capacidade de 30 m³/h","un",74905.87]
[903805,"Instalação da central de concreto com capacidade de 40 m³/h","un",86010.09]
[903810,"Instalação da usina de asfalto a quente capacidade de 120 t/h","un",210732.81]
[903809,"Instalação da usina de pré-misturado a frio com capacidade de 60 t/h","un",132991.87]
[903808,"Instalação da usina misturadora de solos com capacidade de 300 t/h","un",126384.42]
[903845,"Lastro de brita comercial - espalhamento mecânico","m³",164.12]
[919009,"Montagem e desmontagem da central de britagem com capacidade de 80 m³/h - inclusive construção de aterro, construção e demolição de rampa e bases","un",68607.25]
[919007,"Montagem e desmontagem da central de concreto com capacidade de 150 m³/h - inclusive construção e demolição de bases, rampas e depósitos de agregados","un",124639.27]
[919011,"Montagem e desmontagem da central de concreto com capacidade de 30 m³/h - inclusive construção e demolição de bases, rampas e depósitos de agregados","un",35269.61]
[919246,"Montagem e desmontagem da central de concreto com capacidade de 40 m³/h - inclusive construção e demolição de bases, rampas e depósitos de agregados","un",48641.09]
[919013,"Montagem e desmontagem da usina de asfalto a quente com capacidade de 120 t/h - inclusive construção e demolição de bases, rampas, depósitos de agregados e dique de contenção","un",135946.88]
[919008,"Montagem e desmontagem da usina de pré-misturado a frio com capacidade de 60 t/h - inclusive construção e demolição de bases, rampas, depósitos de agregados e bacia de contenção","un",97796.479999999996]
[919012,"Montagem e desmontagem da usina misturadora de solos com capacidade de 300 t/h - inclusive construção e demolição de bases, rampas e depósitos de agregados","un",63377.88]
[903848,"Muro em alvenaria de blocos de concreto com espessura de 0,20 m h = 1,0 m","m",174.27]
[919002,"Posto de combustível - com reaproveitamento de 2 vezes do tanque/bomba/cobertura - inclusive demolição","un",40585.160000000003]
[919210,"Rampa de lavagem - inclusive demolição","un",23785.1]
[909612,"Rampa para acesso do misturador de agregados para centrais de 30 m³ e 40 m³ - inclusive demolição","un",13676.74]
[909613,"Rampa para acesso do misturador de agregados para central de 150 m³ - inclusive demolição","un",22525.87]
[909614,"Rampa para acesso do misturador de agregados para central de britagem - inclusive demolição","un",51080.09]
[909616,"Rampa para acesso do misturador de agregados para PMF - inclusive demolição","un",39057.64]
[909617,"Rampa para acesso do misturador de agregados para usina de asfalto a quente - inclusive demolição","un",23127.78]
[909615,"Rampa para acesso do misturador de agregados para usina de solos - inclusive demolição","un",17766.580000000002]
[903860,"Selador acrílico - camada de fundo com aplicação manual","m²",2.98]
[919101,"Sistema separador água e óleo, inclusive demolição","un",1969.3]
[903818,"Tinta látex - duas camadas com aplicação manual","m²",15.54]
[1100657,"Adensamento de concreto por vibrador de imersão","m³",3.51]
[1108055,"Argamassa autoadensável para reparos e grauteamento - confecção em misturador e lançamento manual","m³",4440.79]
[1109665,"Argamassa de cimento e areia 1:1 - confecção em betoneira e lançamento manual - areia comercial","m³",961.64]
[1109664,"Argamassa de cimento e areia 1:1 - confecção em betoneira e lançamento manual - areia extraída","m³",923.52]
[1109667,"Argamassa de cimento e areia 1:2 - confecção em betoneira e lançamento manual - areia comercial","m³",692.76]
[1109666,"Argamassa de cimento e areia 1:2 - confecção em betoneira e lançamento manual - areia extraída","m³",626.69000000000005]
[1109669,"Argamassa de cimento e areia 1:3 - confecção em betoneira e lançamento manual - areia comercial","m³",561.9]
[1109668,"Argamassa de cimento e areia 1:3 - confecção em betoneira e lançamento manual - areia extraída","m³",482.64]
[1108060,"Argamassa de cimento e areia 1:3 com 8% de microssílica - confecção em betoneira e lançamento manual - areia comercial","m³",681.02]
[1109626,"Argamassa de cimento e areia 1:3 com 8% de microssílica - confecção em betoneira e lançamento manual - areia extraída","m³",588.74]
[1109671,"Argamassa de cimento e areia 1:4 - confecção em betoneira e lançamento manual - areia comercial","m³",493.46]
[1109670,"Argamassa de cimento e areia 1:4 - confecção em betoneira e lançamento manual - areia extraída","m³",406.52]
[1109672,"Argamassa de cimento e areia com aditivo aglutinante 1:8 - confecção em betoneira e lançamento manual - areia comercial","m³",366.01]
[1109624,"Argamassa de cimento e areia com aditivo aglutinante 1:8 - confecção em betoneira e lançamento manual - areia extraída","m³",265.83999999999997]
[1109622,"Argamassa de cimento, cal hidratada e areia 1:0,5:3,5 - confecção em betoneira e lançamento manual - areia comercial","m³",507.7]
[1109623,"Argamassa de cimento, cal hidratada e areia 1:0,5:3,5 - confecção em betoneira e lançamento manual - areia extraída","m³",442.93]
[1109697,"Argamassa de cimento, cal hidratada e areia 1:0,5:8 - confecção em betoneira e lançamento manual - areia comercial","m³",346.05]
[1109698,"Argamassa de cimento, cal hidratada e areia 1:0,5:8 - confecção em betoneira e lançamento manual - areia extraída","m³",264.02]
[1109679,"Argamassa de cimento, cal hidratada e areia 1:1:6 - confecção em betoneira e lançamento manual - areia comercial","m³",416.85]
[1109625,"Argamassa de cimento, cal hidratada e areia 1:1:6 - confecção em betoneira e lançamento manual - areia extraída","m³",342.44]
[1109678,"Argamassa de cimento, cal hidratada e areia 1:2:10 - confecção em betoneira e lançamento manual - areia comercial","m³",366.27]
[1109694,"Argamassa de cimento, cal hidratada e areia 1:2:10 - confecção em betoneira e lançamento manual - areia extraída","m³",286.5]
[1109673,"Argamassa de cimento, cal hidratada e areia 1:2:6 - confecção em betoneira e lançamento manual - areia comercial","m³",462.25]
[1109690,"Argamassa de cimento, cal hidratada e areia 1:2:6 - confecção em betoneira e lançamento manual - areia extraída","m³",392.78]
[1109674,"Argamassa de cimento, cal hidratada e areia 1:2:7 - confecção em betoneira e lançamento manual - areia comercial","m³",429.94]
[1109691,"Argamassa de cimento, cal hidratada e areia 1:2:7 - confecção em betoneira e lançamento manual - areia extraída","m³",357]
[1109675,"Argamassa de cimento, cal hidratada e areia 1:2:8 - confecção em betoneira e lançamento manual - areia comercial","m³",404.21]
[1109692,"Argamassa de cimento, cal hidratada e areia 1:2:8 - confecção em betoneira e lançamento manual - areia extraída","m³",328.52]
[1109676,"Argamassa de cimento, cal hidratada e areia 1:2:9 - confecção em betoneira e lançamento manual - areia comercial","m³",383.38]
[1109693,"Argamassa de cimento, cal hidratada e areia 1:2:9 - confecção em betoneira e lançamento manual - areia extraída","m³",305.45999999999998]
[1109680,"Argamassa para reparos e grauteamento - confecção em misturador e lançamento manual","m³",4529.07]
[1107748,"Argamassa polimérica de alto desempenho projetada para reparos superficiais e reforços estruturais - confecção em misturador e lançamento projetado","m³",13113.77]
[1110000,"Concreto","m³",0]
[1106059,"Concreto autoadensável com silicato de alumínio fck = 20 MPa - confecção em betoneira e lançamento manual - areia e brita comerciais","m³",673.35]
[1106060,"Concreto autoadensável com silicato de alumínio fck = 20 MPa - confecção em betoneira e lançamento manual - areia extraída e brita produzida","m³",549.48]
[1100658,"Concreto autoadensável com silicato de alumínio fck = 20 MPa - confecção em central dosadora de 30 m³/h - areia e brita comerciais","m³",583.09]
[1106159,"Concreto autoadensável com silicato de alumínio fck = 25 MPa - confecção em central dosadora de 30 m³/h - areia e brita comerciais","m³",627.05999999999995]
[1107902,"Concreto autoadensável com silicato de alumínio fck = 30 MPa - confecção em central dosadora de 30 m³/h - areia e brita comerciais","m³",676.15]
[1107906,"Concreto autoadensável com silicato de alumínio fck = 35 MPa - confecção em central dosadora de 30 m³/h - areia e brita comerciais","m³",731.01]
[1107910,"Concreto autoadensável com silicato de alumínio fck = 40 MPa - confecção em central dosadora de 30 m³/h - areia e brita comerciais","m³",792.33]
[1107911,"Concreto autoadensável com silicato de alumínio fck = 45 MPa - confecção em central dosadora de 30 m³/h - areia e brita comerciais","m³",860.86]
[1107912,"Concreto autoadensável com silicato de alumínio fck = 50 MPa - confecção em central dosadora de 30 m³/h - areia e brita comerciais","m³",953.27]
[1106164,"Concreto ciclópico fck = 20 MPa - confecção em betoneira e lançamento manual - areia extraída, brita e pedra de mão produzidas","m³",305.51]
[1106165,"Concreto ciclópico fck = 20 MPa - confecção em betoneira e lançamento manual - areia, brita e pedra de mão comerciais","m³",450.03]
[1106156,"Concreto com 10% de microssílica fck = 45 MPa - confecção em central dosadora de 30 m³/h - areia e brita comerciais","m³",658.1]
[1107932,"Concreto com 10% de microssílica fck = 50 MPa - confecção em central dosadora de 30 m³/h - areia e brita comerciais","m³",709.77]
[1108111,"Concreto com 8% de microssílica fck = 25 MPa - confecção em central dosadora de 30 m³/h - areia e brita comerciais","m³",513.73]
[1108112,"Concreto com 8% de microssílica fck = 30 MPa - confecção em central dosadora de 30 m³/h - areia e brita comerciais","m³",526.41]
[1108113,"Concreto com 8% de microssílica fck = 35 MPa - confecção em central dosadora de 30 m³/h - areia e brita comerciais","m³",562.6]
[1108114,"Concreto com 8% de microssílica fck = 40 MPa - confecção em central dosadora de 30 m³/h - areia e brita comerciais","m³",603]
[1108061,"Concreto com látex SBR fck = 25 MPa - confecção em betoneira e lançamento manual - areia e brita comerciais","m³",1053.2]
[1108064,"Concreto com látex SBR fck = 30 MPa - confecção em betoneira e lançamento manual - areia e brita comerciais","m³",1145.3399999999999]
[1107888,"Concreto fck = 15 MPa - confecção em betoneira e lançamento manual - areia e brita comerciais","m³",487.71]
[1107889,"Concreto fck = 15 MPa - confecção em betoneira e lançamento manual - areia extraída e brita produzida","m³",357.83]
[1107892,"Concreto fck = 20 MPa - confecção em betoneira e lançamento manual - areia e brita comerciais","m³",513.41]
[1107891,"Concreto fck = 20 MPa - confecção em betoneira e lançamento manual - areia extraída e brita produzida","m³",384.85]
[1107928,"Concreto fck = 20 MPa - confecção em central dosadora de 30 m³/h - areia e brita comerciais","m³",448.56]
[1107929,"Concreto fck = 20 MPa - confecção em central dosadora de 30 m³/h - areia extraída e brita produzida","m³",319.67]
[1106109,"Concreto fck = 20 MPa - confecção em central dosadora de 40 m³/h - areia e brita comerciais","m³",425.97]
[1106117,"Concreto fck = 20 MPa - confecção em central dosadora de 40 m³/h - areia extraída e brita produzida","m³",297.08]
[1107896,"Concreto fck = 25 MPa - confecção em betoneira e lançamento manual - areia e brita comerciais","m³",542.20000000000005]
[1107895,"Concreto fck = 25 MPa - confecção em betoneira e lançamento manual - areia extraída e brita produzida","m³",415.12]
[1119528,"Concreto fck = 25 MPa - confecção em central dosadora de 30 m³/h - areia e brita comerciais","m³",467.93]
[1106135,"Concreto fck = 25 MPa - confecção em central dosadora de 30 m³/h - areia extraída e brita produzida","m³",340.06]
[1106136,"Concreto fck = 25 MPa - confecção em central dosadora de 40 m³/h - areia e brita comerciais","m³",443.82]
[1106137,"Concreto fck = 25 MPa - confecção em central dosadora de 40 m³/h - areia extraída e brita produzida","m³",315.95]
[1116127,"Concreto fck = 25 MPa para pré-moldados (mourões) - confecção em betoneira e lançamento manual - areia e brita comerciais","m³",572.92999999999995]
[1116126,"Concreto fck = 25 MPa para pré-moldados (mourões) - confecção em betoneira e lançamento manual - areia extraída e brita produzida","m³",449.93]
[1107900,"Concreto fck = 30 MPa - confecção em betoneira e lançamento manual - areia e brita comerciais","m³",574.29]
[1107899,"Concreto fck = 30 MPa - confecção em betoneira e lançamento manual - areia extraída e brita produzida","m³",448.87]
[1107890,"Concreto fck = 30 MPa - confecção em central dosadora de 30 m³/h - areia e brita comerciais","m³",493.21]
[1106138,"Concreto fck = 30 MPa - confecção em central dosadora de 30 m³/h - areia extraída e brita produzida","m³",366.67]
[1106139,"Concreto fck = 30 MPa - confecção em central dosadora de 40 m³/h - areia e brita comerciais","m³",467.19]
[1106140,"Concreto fck = 30 MPa - confecção em central dosadora de 40 m³/h - areia extraída e brita produzida","m³",340.66]
[1107904,"Concreto fck = 35 MPa - confecção em betoneira e lançamento manual - areia e brita comerciais","m³",610.21]
[1107903,"Concreto fck = 35 MPa - confecção em betoneira e lançamento manual - areia extraída e brita produzida","m³",486.63]
[1107908,"Concreto fck = 40 MPa - confecção em betoneira e lançamento manual - areia e brita comerciais","m³",650.25]
[1107907,"Concreto fck = 40 MPa - confecção em betoneira e lançamento manual - areia extraída e brita produzida","m³",528.74]
[1107871,"Concreto fctm,k = 4,5 MPa - confecção em central dosadora de 30 m³/h - areia e brita comerciais","m³",539.20000000000005]
[1107870,"Concreto fctm,k = 4,5 MPa - confecção em central dosadora de 30 m³/h - areia extraída e brita produzida","m³",414.05]
[1106057,"Concreto magro - confecção em betoneira e lançamento manual - areia e brita comerciais","m³",497.44]
[1106058,"Concreto magro - confecção em betoneira e lançamento manual - areia extraída e brita produzida","m³",375.39]
[1106380,"Concreto para bombeamento fck = 25 MPa - confecção em central dosadora de 30 m³/h - areia e brita comerciais","m³",507.27]
[1106378,"Concreto para bombeamento fck = 25 MPa - confecção em central dosadora de 30 m³/h - areia extraída e brita produzida","m³",383.35]
[1116263,"Concreto para bombeamento fck = 25 MPa - confecção em central dosadora de 40 m³/h - areia e brita comerciais","m³",479.98]
[1116267,"Concreto para bombeamento fck = 25 MPa - confecção em central dosadora de 40 m³/h - areia extraída e brita produzida","m³",356.05]
[1106280,"Concreto para bombeamento fck = 30 MPa - confecção em central dosadora de 30 m³/h - areia e brita comerciais","m³",536.99]
[1106289,"Concreto para bombeamento fck = 30 MPa - confecção em central dosadora de 30 m³/h - areia extraída e brita produzida","m³",414.62]
[1116264,"Concreto para bombeamento fck = 30 MPa - confecção em central dosadora de 40 m³/h - areia e brita comerciais","m³",507.47]
[1116268,"Concreto para bombeamento fck = 30 MPa - confecção em central dosadora de 40 m³/h - areia extraída e brita produzida","m³",385.1]
[1106281,"Concreto para bombeamento fck = 35 MPa - confecção em central dosadora de 30 m³/h - areia e brita comerciais","m³",575.26]
[1106382,"Concreto para bombeamento fck = 35 MPa - confecção em central dosadora de 30 m³/h - areia extraída e brita produzida","m³",454.89]
[1116265,"Concreto para bombeamento fck = 35 MPa - confecção em central dosadora de 40 m³/h - areia e brita comerciais","m³",542.79999999999995]
[1116269,"Concreto para bombeamento fck = 35 MPa - confecção em central dosadora de 40 m³/h - areia extraída e brita produzida","m³",422.42]
[1106282,"Concreto para bombeamento fck = 40 MPa - confecção em central dosadora de 30 m³/h - areia e brita comerciais","m³",617.99]
[1106384,"Concreto para bombeamento fck = 40 MPa - confecção em central dosadora de 30 m³/h - areia extraída e brita produzida","m³",499.85]
[1116266,"Concreto para bombeamento fck = 40 MPa - confecção em central dosadora de 40 m³/h - areia e brita comerciais","m³",582.27]
[1116270,"Concreto para bombeamento fck = 40 MPa - confecção em central dosadora de 40 m³/h - areia extraída e brita produzida","m³",464.14]
[1107868,"Concreto para sub-base adensado por vibração fck = 7,5 MPa - confecção em central dosadora de 30 m³/h - areia e brita comerciais","m³",384.26]
[1107869,"Concreto para sub-base adensado por vibração fck = 7,5 MPa - confecção em central dosadora de 30 m³/h - areia extraída e brita produzida","m³",251.98]
[1103853,"Concreto poroso para tubos de drenagem fck = 25 MPa - confecção em betoneira e lançamento manual - areia e brita comerciais","m³",531.05999999999995]
[1103852,"Concreto poroso para tubos de drenagem fck = 25 MPa - confecção em betoneira e lançamento manual - areia extraída e brita produzida","m³",430.23]
[1106284,"Concreto submerso fck = 20 MPa - confecção em central dosadora de 30 m³/h - areia e brita comerciais","m³",553.66]
[1108116,"Concreto submerso fck = 25 MPa - confecção em central dosadora de 30 m³/h - areia e brita comerciais","m³",557.21]
[1108118,"Concreto submerso fck = 30 MPa - confecção em central dosadora de 30 m³/h - areia e brita comerciais","m³",579.64]
[1106158,"Concreto submerso fck = 35 MPa - confecção em central dosadora de 30 m³/h - areia e brita comerciais","m³",622.67999999999995]
[1108120,"Concreto submerso fck = 40 MPa - confecção em central dosadora de 30 m³/h - areia e brita comerciais","m³",670.79]
[1106050,"Lançamento livre de concreto usinado por meio de caminhão betoneira - confecção em central dosadora de 30 m³/h","m³",56.96]
[1106051,"Lançamento livre de concreto usinado por meio de caminhão betoneira - confecção em central dosadora de 40 m³/h","m³",47.81]
[1106061,"Lançamento manual de concreto usinado - confecção em central dosadora de 30 m³/h","m³",64.599999999999994]
[1106087,"Lançamento manual de concreto usinado - confecção em central dosadora de 40 m³/h","m³",55.68]
[1107860,"Lançamento mecânico de concreto com bomba lança sobre chassi com capacidade de 50 m³/h - confecção em central dosadora de 40 m³/h","m³",63.82]
[1106088,"Lançamento mecânico de concreto com bomba rebocável com capacidade de 30 m³/h - confecção em central dosadora de 30 m³/h","m³",69.12]
[1106128,"Lançamento mecânico de concreto com bomba rebocável com capacidade de 41 m³/h - confecção em central dosadora de 40 m³/h","m³",56.98]
[1108056,"Microconcreto autoadensável para reparos e grauteamento - confecção em misturador e lançamento manual","m³",3833.76]
[1108059,"Microconcreto para reparos e grauteamento - confecção em misturador e lançamento manual","m³",4083.19]
[1207700,"Concreto fck = 20 MPa para projeção via seca - confecção em betoneira - areia e brita comerciais","m³",639.61]
[1207701,"Concreto fck = 25 MPa para projeção via seca - confecção em betoneira - areia e brita comerciais","m³",685.93]
[1207702,"Concreto fck = 30 MPa para projeção via seca - confecção em betoneira - areia e brita comerciais","m³",737.75]
[1207708,"Concreto fck = 30 MPa para projeção via úmida - confecção em central dosadora de 30 m³/h - areia e brita comerciais","m³",668.62]
[1207703,"Concreto fck = 40 MPa para projeção via seca - confecção em betoneira - areia e brita comerciais","m³",860.49]
[1207709,"Concreto fck = 40 MPa para projeção via úmida - confecção em central dosadora de 30 m³/h - areia e brita comerciais","m³",781.46]
[1207710,"Concreto projetado via seca fck = 20 MPa aplicado em pisos","m³",989.37]
[1207711,"Concreto projetado via seca fck = 20 MPa aplicado em superfícies inclinadas e verticais","m³",1234.3499999999999]
[1207713,"Concreto projetado via seca fck = 20 MPa aplicado em teto","m³",1870.01]
[1207714,"Concreto projetado via seca fck = 25 MPa aplicado em pisos","m³",1043.8599999999999]
[1207715,"Concreto projetado via seca fck = 25 MPa aplicado em superfícies inclinadas e verticais","m³",1300.52]
[1207717,"Concreto projetado via seca fck = 25 MPa aplicado em teto","m³",1962.65]
[1207718,"Concreto projetado via seca fck = 30 MPa aplicado em pisos","m³",1104.83]
[1207719,"Concreto projetado via seca fck = 30 MPa aplicado em superfícies inclinadas e verticais","m³",1374.55]
[1207721,"Concreto projetado via seca fck = 30 MPa aplicado em teto","m³",2066.29]
[1207722,"Concreto projetado via seca fck = 40 MPa aplicado em pisos","m³",1249.23]
[1207723,"Concreto projetado via seca fck = 40 MPa aplicado em superfícies inclinadas e verticais","m³",1549.9]
[1207725,"Concreto projetado via seca fck = 40 MPa via seca aplicado em teto","m³",2311.77]
[1207728,"Concreto projetado via úmida fck = 30 MPa aplicado em túneis classe I com seção de 20 a 40 m²","m³",1000.73]
[1207727,"Concreto projetado via úmida fck = 30 MPa aplicado em túneis classe I com seção de 40 a 60 m²","m³",976.86]
[1207726,"Concreto projetado via úmida fck = 30 MPa aplicado em túneis classe I com seção de 60 a 90 m²","m³",957.77]
[1208329,"Concreto projetado via úmida fck = 30 MPa aplicado em túneis classe I com seção superior a 90 m²","m³",935.78]
[1207685,"Concreto projetado via úmida fck = 30 MPa aplicado em túneis classe II com seção de 20 a 40 m²","m³",1053.3800000000001]
[1207684,"Concreto projetado via úmida fck = 30 MPa aplicado em túneis classe II com seção de 40 a 60 m²","m³",1021.84]
[1207683,"Concreto projetado via úmida fck = 30 MPa aplicado em túneis classe II com seção de 60 a 90 m²","m³",997.8]
[1208337,"Concreto projetado via úmida fck = 30 MPa aplicado em túneis classe II com seção superior a 90 m²","m³",972.24]
[1207691,"Concreto projetado via úmida fck = 30 MPa aplicado em túneis classe III com seção de 20 a 40 m²","m³",1116.97]
[1207690,"Concreto projetado via úmida fck = 30 MPa aplicado em túneis classe III com seção de 40 a 60 m²","m³",1074.03]
[1207689,"Concreto projetado via úmida fck = 30 MPa aplicado em túneis classe III com seção de 60 a 90 m²","m³",1037.92]
[1208345,"Concreto projetado via úmida fck = 30 MPa aplicado em túneis classe III com seção superior a 90 m²","m³",1008.15]
[1207697,"Concreto projetado via úmida fck = 30 MPa aplicado em túneis classe IV com seção de 20 a 40 m²","m³",1197.33]
[1207696,"Concreto projetado via úmida fck = 30 MPa aplicado em túneis classe IV com seção de 40 a 60 m²","m³",1135.95]
[1207695,"Concreto projetado via úmida fck = 30 MPa aplicado em túneis classe IV com seção de 60 a 90 m²","m³",1094.2]
[1208353,"Concreto projetado via úmida fck = 30 MPa aplicado em túneis classe IV com seção superior a 90 m²","m³",1052.22]
[1207663,"Concreto projetado via úmida fck = 30 MPa aplicado em túneis classe V com seção de 20 a 40 m²","m³",1342.14]
[1207662,"Concreto projetado via úmida fck = 30 MPa aplicado em túneis classe V com seção de 40 a 60 m²","m³",1308.93]
[1207661,"Concreto projetado via úmida fck = 30 MPa aplicado em túneis classe V com seção de 60 a 90 m²","m³",1282.3699999999999]
[1208361,"Concreto projetado via úmida fck = 30 MPa aplicado em túneis classe V com seção superior a 90 m²","m³",1242.52]
[1207669,"Concreto projetado via úmida fck = 30 MPa aplicado em túneis classe VI com seção de 20 a 40 m²","m³",1491.47]
[1207668,"Concreto projetado via úmida fck = 30 MPa aplicado em túneis classe VI com seção de 40 a 60 m²","m³",1450.25]
[1207667,"Concreto projetado via úmida fck = 30 MPa aplicado em túneis classe VI com seção de 60 a 90 m²","m³",1388.42]
[1208369,"Concreto projetado via úmida fck = 30 MPa aplicado em túneis classe VI com seção superior a 90 m²","m³",1326.58]
[1207682,"Concreto projetado via úmida fck = 40 MPa aplicado em túneis classe I com seção de 20 a 40 m²","m³",1133.49]
[1207681,"Concreto projetado via úmida fck = 40 MPa aplicado em túneis classe I com seção de 40 a 60 m²","m³",1109.6099999999999]
[1207729,"Concreto projetado via úmida fck = 40 MPa aplicado em túneis classe I com seção de 60 a 90 m²","m³",1090.52]
[1208333,"Concreto projetado via úmida fck = 40 MPa aplicado em túneis classe I com seção superior a 90 m²","m³",1068.54]
[1207688,"Concreto projetado via úmida fck = 40 MPa aplicado em túneis classe II com seção de 20 a 40 m²","m³",1190.1500000000001]
[1207687,"Concreto projetado via úmida fck = 40 MPa aplicado em túneis classe II com seção de 40 a 60 m²","m³",1158.6099999999999]
[1207686,"Concreto projetado via úmida fck = 40 MPa aplicado em túneis classe II com seção de 60 a 90 m²","m³",1134.58]
[1208341,"Concreto projetado via úmida fck = 40 MPa aplicado em túneis classe II com seção superior a 90 m²","m³",1109.02]
[1207694,"Concreto projetado via úmida fck = 40 MPa aplicado em túneis classe III com seção de 20 a 40 m²","m³",1258.02]
[1207693,"Concreto projetado via úmida fck = 40 MPa aplicado em túneis classe III com seção de 40 a 60 m²","m³",1215.08]
[1207692,"Concreto projetado via úmida fck = 40 MPa aplicado em túneis classe III com seção de 60 a 90 m²","m³",1178.97]
[1208349,"Concreto projetado via úmida fck = 40 MPa aplicado em túneis classe III com seção superior a 90 m²","m³",1149.2]
[1207660,"Concreto projetado via úmida fck = 40 MPa aplicado em túneis classe IV com seção de 20 a 40 m²","m³",1342.93]
[1207699,"Concreto projetado via úmida fck = 40 MPa aplicado em túneis classe IV com seção de 40 a 60 m²","m³",1281.55]
[1207698,"Concreto projetado via úmida fck = 40 MPa aplicado em túneis classe IV com seção de 60 a 90 m²","m³",1239.8]
[1208357,"Concreto projetado via úmida fck = 40 MPa aplicado em túneis classe IV com seção superior a 90 m²","m³",1197.82]
[1207666,"Concreto projetado via úmida fck = 40 MPa aplicado em túneis classe V com seção de 20 a 40 m²","m³",1492.59]
[1207665,"Concreto projetado via úmida fck = 40 MPa aplicado em túneis classe V com seção de 40 a 60 m²","m³",1459.38]
[1207664,"Concreto projetado via úmida fck = 40 MPa aplicado em túneis classe V com seção de 60 a 90 m²","m³",1432.82]
[1208365,"Concreto projetado via úmida fck = 40 MPa aplicado em túneis classe V com seção superior a 90 m²","m³",1392.97]
[1207672,"Concreto projetado via úmida fck = 40 MPa aplicado em túneis classe VI com seção de 20 a 40 m²","m³",1647.11]
[1207671,"Concreto projetado via úmida fck = 40 MPa aplicado em túneis classe VI com seção de 40 a 60 m²","m³",1605.89]
[1207670,"Concreto projetado via úmida fck = 40 MPa aplicado em túneis classe VI com seção de 60 a 90 m²","m³",1544.06]
[1208373,"Concreto projetado via úmida fck = 40 MPa aplicado em túneis classe VI com seção superior a 90 m²","m³",1482.23]
[1400976,"Corte a plasma CNC em chapa com espessura de 6,3 a 10 mm","m",6.23]
[1400970,"Corte a plasma manual em chapa de aço-carbono com espessura de 4 a 8 mm","m",2.2999999999999998]
[1400971,"Corte a plasma manual em chapa de aço-carbono com espessura de 9 a 25 mm","m",10.06]
[1400972,"Corte a plasma manual em chapa de alumínio com espessura de 1,5 mm","m",2.2400000000000002]
[1416201,"Corte de barras de aço CA-50 com maçarico oxiacetileno","cm²",0.3]
[1400969,"Corte de cantoneira de alumínio","un",0.15]
[1400975,"Corte de chapa de aço com guilhotina hidráulica","m",4.24]
[1416141,"Corte de chapas de aço com espessura de 12,5 mm com maçarico oxiacetileno","m",4.6500000000000004]
[1416142,"Corte de chapas de aço com espessura de 16 mm com maçarico oxiacetileno","m",7.26]
[1400973,"Corte de chapas de aço com espessura de 3 mm com maçarico oxiacetileno","m",1.88]
[1400974,"Corte de chapas de aço com espessura de 5 mm com maçarico oxiacetileno","m",2.2400000000000002]
[1416139,"Corte de chapas de aço com espessura de 6,3 mm com maçarico oxiacetileno","m",2.5099999999999998]
[1416202,"Corte de chapas de aço com espessura de 8 mm com maçarico oxiacetileno","m",2.93]
[1416140,"Corte de chapas de aço com espessura de 9,5 mm com maçarico oxiacetileno","m",3.39]
[1419543,"Corte de perfil metálico com máquina policorte com espessura de até 1/8\"","un",0.19]
[1408173,"Corte de perfis metálicos com maçarico oxiacetileno","cm²",0.08]
[1407063,"Corte de trilho TR45 com utilização de equipamento leve","un",8.23]
[1407064,"Corte de trilho TR57 com utilização de equipamento leve","un",8.49]
[1407065,"Corte de trilho TR68 com utilização de equipamento leve","un",8.69]
[1407066,"Corte de trilho UIC60 com utilização de equipamento leve","un",8.5500000000000007]
[1400977,"Dobramento de chapas metálicas com espessuras de até 10 mm","m",3.63]
[1407067,"Furação de trilho TR45 com utilização de equipamento leve","un",3]
[1407068,"Furação de trilho TR57 com utilização de equipamento leve","un",3.37]
[1407069,"Furação de trilho TR68 com utilização de equipamento leve","un",3.65]
[1407070,"Furação de trilho UIC60 com utilização de equipamento leve","un",3.48]
[1400987,"Perfuração de chapas metálicas com espessura de até 3 mm - D = 25 mm","un",1.37]
[1416257,"Solda com maçarico oxiacetileno de chapas de aço de 12,5 mm","m",350.72]
[1416253,"Solda com maçarico oxiacetileno de chapas de aço de 16 mm","m",830.59]
[1416254,"Solda com maçarico oxiacetileno de chapas de aço de 6,3 mm","m",63.71]
[1416255,"Solda com maçarico oxiacetileno de chapas de aço de 8 mm","m",113.53]
[1416256,"Solda com maçarico oxiacetileno de chapas de aço de 9,5 mm","m",177.87]
[1408028,"Solda elétrica manual de perfis metálicos e chapas de aço com eletrodo E70XX para beneficiamento de aço naval","kg",212.13]
[1408027,"Solda tipo MIG/MAG automatizada","kg",126.47]
[1400978,"Solda tipo MIG/MAG manual","kg",199.8]
[1513941,"Contenção em areia-cimento ensacada com mistura de areia com 8% de cimento - confecção e assentamento","m³",502.72]
[1513940,"Contenção em solo-cimento ensacado com mistura de solo de jazida com 8% de cimento - confecção e assentamento","m³",392.43]
[1505879,"Enrocamento de pedra arrumada manualmente - pedra de mão comercial - fornecimento e assentamento","m³",305.52999999999997]
[1505878,"Enrocamento de pedra arrumada manualmente - pedra de mão produzida - confecção e assentamento","m³",181.14]
[1505877,"Enrocamento de pedra espalhada e compactada mecanicamente - pedra de mão comercial - fornecimento e assentamento","m³",205.87]
[1505860,"Enrocamento de pedra jogada - pedra de mão comercial - fornecimento e assentamento","m³",202.08]
[1505859,"Enrocamento de pedra jogada - pedra de mão produzida - confecção e assentamento","m³",98.42]
[1516204,"Fabricação de blocos segmentais de face pré-moldados - C = 40 cm, L = 40 cm e H = 20 cm - massa de 25 kg","un",6.72]
[1516312,"Geocélula em PEAD, paredes perfuradas, soldadas - altura de 100 mm e 1.206 cm² de área de célula - fornecimento e instalação","m²",41.73]
[1516304,"Geocélula em PEAD, paredes perfuradas, soldadas - altura de 100 mm e 289 cm² de área de célula - fornecimento e instalação","m²",54.2]
[1516308,"Geocélula em PEAD, paredes perfuradas, soldadas - altura de 100 mm e 460 cm² de área de célula - fornecimento e instalação","m²",44.4]
[1516313,"Geocélula em PEAD, paredes perfuradas, soldadas - altura de 150 mm e 1.206 cm² de área de célula - fornecimento e instalação","m²",50.35]
[1516305,"Geocélula em PEAD, paredes perfuradas, soldadas - altura de 150 mm e 289 cm² de área de célula - fornecimento e instalação","m²",65.239999999999995]
[1516309,"Geocélula em PEAD, paredes perfuradas, soldadas - altura de 150 mm e 460 cm² de área de célula - fornecimento e instalação","m²",53.25]
[1516314,"Geocélula em PEAD, paredes perfuradas, soldadas - altura de 200 mm e 1.206 cm² de área de célula - fornecimento e instalação","m²",58.5]
[1516306,"Geocélula em PEAD, paredes perfuradas, soldadas - altura de 200 mm e 289 cm² de área de célula - fornecimento e instalação","m²",77.48]
[1516310,"Geocélula em PEAD, paredes perfuradas, soldadas - altura de 200 mm e 460 cm² de área de célula - fornecimento e instalação","m²",62.87]
[1516311,"Geocélula em PEAD, paredes perfuradas, soldadas - altura de 75 mm e 1.206 cm² de área de célula - fornecimento e instalação","m²",32.01]
[1516303,"Geocélula em PEAD, paredes perfuradas, soldadas - altura de 75 mm e 289 cm² de área de célula - fornecimento e instalação","m²",43.2]
[1516307,"Geocélula em PEAD, paredes perfuradas, soldadas - altura de 75 mm e 460 cm² de área de célula - fornecimento e instalação","m²",35.700000000000003]
[1516298,"Geogrelha unidirecional com resistência à tração de 100 kN/m - fornecimento e instalação","m²",32.479999999999997]
[1516299,"Geogrelha unidirecional com resistência à tração de 150 kN/m - fornecimento e instalação","m²",34.700000000000003]
[1516300,"Geogrelha unidirecional com resistência à tração de 200 kN/m - fornecimento e instalação","m²",45.29]
[1516301,"Geogrelha unidirecional com resistência à tração de 300 kN/m - fornecimento e instalação","m²",66.56]
[1516302,"Geogrelha unidirecional com resistência à tração de 400 kN/m - fornecimento e instalação","m²",87.69]
[1516296,"Geogrelha unidirecional com resistência à tração de 50 kN/m - fornecimento e instalação","m²",24.62]
[1516297,"Geogrelha unidirecional com resistência à tração de 90 kN/m - fornecimento e instalação","m²",31.43]
[1505847,"Muro em blocos segmentais de face pré-moldados - C = 40 cm, L = 40 cm, e H = 20 cm com altura de 4 a 6 m - confecção e assentamento","m²",201.62]
[1505848,"Muro em blocos segmentais de face pré-moldados - C = 40 cm, L = 40 cm, e H = 20 cm com altura de 6 a 8 m - confecção e assentamento","m²",196.71]
[1505849,"Muro em blocos segmentais de face pré-moldados - C = 40 cm, L = 40 cm, e H = 20 cm com altura de 8 a 10 m - confecção e assentamento","m²",193.97]
[1505930,"Muro em blocos segmentais de face pré-moldados - C = 40 cm, L = 40 cm, e H = 20 cm com altura de até 4 m - confecção e assentamento","m²",227.45]
[1506055,"Pedra argamassada com cimento e areia 1:3 - areia e pedra de mão comercial - fornecimento e assentamento","m³",474.64]
[1506056,"Pedra argamassada com cimento e areia 1:3 - areia extraída e pedra de mão produzida - confecção e assentamento","m³",325.24]
[1513943,"Proteção de taludes rochosos com telas metálicas - resistência longitudinal à tração de 121 kN/m - fornecimento e posicionamento - inclusive cabos de aço, grampos e clipes de junção","m²",205.04]
[1516318,"Tela metálica dobrada em L para muro em solo reforçado - C = 200 cm, L = 40 cm e H = 40 cm - fornecimento e instalação","m²",620.5]
[1516317,"Tela metálica dobrada em L para muro em solo reforçado - C = 200 cm, L = 50 cm e H = 50 cm - fornecimento e instalação","m²",536.29999999999995]
[1600965,"Abertura em muro de alvenaria de pedra argamassada com martelete","m³",109.39]
[1600408,"Apicoamento manual de concreto","m²",18.93]
[1600990,"Demolição de concreto armado com martelete e corte oxiacetileno","m³",845.16]
[1600989,"Demolição de concreto simples com martelete","m³",437.31]
[1600438,"Demolição manual de concreto armado","m³",602.44000000000005]
[1600436,"Demolição manual de concreto simples","m³",412.63]
[1600895,"Demolição manual de construções provisórias de madeira - sem reaproveitamento","m²",14.4]
[1600897,"Demolição manual de construções provisórias de madeira, sem fechamento lateral e sem pavimentação","m²",3.87]
[1619004,"Demolição mecânica de alvenaria com carregadeira de pneus","m³",8.01]
[1600896,"Demolição mecânica de alvenaria com escavadeira hidráulica","m²",17.86]
[1619003,"Demolição mecânica de concreto armado com escavadeira hidráulica","m³",65.08]
[1619006,"Demolição mecânica de concreto simples com escavadeira hidráulica","m³",45.09]
[1600414,"Fresagem de piso de concreto","m²",1.22]
[1608148,"Perfuração em concreto com coroa diamantada - D = 100 mm","m",207.23]
[1608021,"Perfuração em concreto com coroa diamantada - D = 16 mm","m",64.709999999999994]
[1608024,"Perfuração em concreto com coroa diamantada - D = 20 mm","m",68.2]
[1608026,"Perfuração em concreto com coroa diamantada - D = 25 mm","m",77.569999999999993]
[1608142,"Perfuração em concreto com coroa diamantada - D = 32 mm","m",88.81]
[1608143,"Perfuração em concreto com coroa diamantada - D = 38 mm","m",92.4]
[1608144,"Perfuração em concreto com coroa diamantada - D = 44 mm","m",99.98]
[1608145,"Perfuração em concreto com coroa diamantada - D = 50 mm","m",106.25]
[1608146,"Perfuração em concreto com coroa diamantada - D = 63 mm","m",123.79]
[1608147,"Perfuração em concreto com coroa diamantada - D = 75 mm","m",158.81]
[1608019,"Perfuração em concreto com martelete elétrico - D = 10 mm","m",20.170000000000002]
[1608020,"Perfuração em concreto com martelete elétrico - D = 13,0 mm","m",32.590000000000003]
[1608025,"Perfuração em concreto com martelete elétrico - D = 14 mm","m",39.83]
[1600966,"Remoção de cerca com mourões de concreto","m",0.77]
[1600898,"Remoção de painel publicitário, tipo outdoor, com estrutura e suportes em madeira","m²",13.65]
[1600441,"Remoção de paralelepípedos","m²",4.1100000000000003]
[1600404,"Remoção de tubos de concreto com diâmetro de 0,40 m a 1,00 m em valas e bueiros","m",10.31]
[1600405,"Remoção de tubos de concreto com diâmetro de 1,20 m a 1,50 m em valas e bueiros","m",11.45]
[1716605,"Derrocagem subaquática de material de 3ª categoria - carga e limpeza - plataforma com clamshell - flutuante e batelão rebocado de 100 t montado na obra - DMT até 200 m","m³",139.21]
[1716610,"Derrocagem subaquática de material de 3ª categoria - carga e limpeza - plataforma com clamshell - flutuante e batelão rebocado de 100 t montado na obra - DMT de 1.000 a 1200 m","m³",143.66999999999999]
[1716611,"Derrocagem subaquática de material de 3ª categoria - carga e limpeza - plataforma com clamshell - flutuante e batelão rebocado de 100 t montado na obra - DMT de 1.200 a 1.400 m","m³",144.22999999999999]
[1716612,"Derrocagem subaquática de material de 3ª categoria - carga e limpeza - plataforma com clamshell - flutuante e batelão rebocado de 100 t montado na obra - DMT de 1.400 a 1.600 m","m³",144.79]
[1716613,"Derrocagem subaquática de material de 3ª categoria - carga e limpeza - plataforma com clamshell - flutuante e batelão rebocado de 100 t montado na obra - DMT de 1.600 a 1.800 m","m³",145.34]
[1716614,"Derrocagem subaquática de material de 3ª categoria - carga e limpeza - plataforma com clamshell - flutuante e batelão rebocado de 100 t montado na obra - DMT de 1.800 a 2.000 m","m³",146.46]
[1716615,"Derrocagem subaquática de material de 3ª categoria - carga e limpeza - plataforma com clamshell - flutuante e batelão rebocado de 100 t montado na obra - DMT de 2.000 a 2.500 m","m³",147.57]
[1716616,"Derrocagem subaquática de material de 3ª categoria - carga e limpeza - plataforma com clamshell - flutuante e batelão rebocado de 100 t montado na obra - DMT de 2.500 a 3.000 m","m³",149.25]
[1716606,"Derrocagem subaquática de material de 3ª categoria - carga e limpeza - plataforma com clamshell - flutuante e batelão rebocado de 100 t montado na obra - DMT de 200 a 400 m","m³",140.88]
[1716617,"Derrocagem subaquática de material de 3ª categoria - carga e limpeza - plataforma com clamshell - flutuante e batelão rebocado de 100 t montado na obra - DMT de 3.000 m","m³",150.36000000000001]
[1716607,"Derrocagem subaquática de material de 3ª categoria - carga e limpeza - plataforma com clamshell - flutuante e batelão rebocado de 100 t montado na obra - DMT de 400 a 600 m","m³",141.44]
[1716608,"Derrocagem subaquática de material de 3ª categoria - carga e limpeza - plataforma com clamshell - flutuante e batelão rebocado de 100 t montado na obra - DMT de 600 a 800 m","m³",142.56]
[1716609,"Derrocagem subaquática de material de 3ª categoria - carga e limpeza - plataforma com clamshell - flutuante e batelão rebocado de 100 t montado na obra - DMT de 800 a 1.000 m","m³",143.11000000000001]
[1716604,"Derrocagem subaquática de material de 3ª categoria - carga e limpeza - plataforma com clamshell - flutuante montado na obra - sem transporte","m³",88.77]
[1716623,"Derrocagem subaquática de material de 3ª categoria - carga e limpeza - plataforma flutuante com clamshell - sem transporte","m³",87.4]
[1716624,"Derrocagem subaquática de material de 3ª categoria - carga e limpeza - plataforma flutuante com clamshell e batelão rebocado de 100 t - DMT até 200 m","m³",137.84]
[1716629,"Derrocagem subaquática de material de 3ª categoria - carga e limpeza - plataforma flutuante com clamshell e batelão rebocado de 100 t - DMT de 1.000 a 1.200 m","m³",142.30000000000001]
[1716630,"Derrocagem subaquática de material de 3ª categoria - carga e limpeza - plataforma flutuante com clamshell e batelão rebocado de 100 t - DMT de 1.200 a 1.400 m","m³",142.86000000000001]
[1716631,"Derrocagem subaquática de material de 3ª categoria - carga e limpeza - plataforma flutuante com clamshell e batelão rebocado de 100 t - DMT de 1.400 a 1.600 m","m³",143.41]
[1716632,"Derrocagem subaquática de material de 3ª categoria - carga e limpeza - plataforma flutuante com clamshell e batelão rebocado de 100 t - DMT de 1.600 a 1.800 m","m³",143.97]
[1716633,"Derrocagem subaquática de material de 3ª categoria - carga e limpeza - plataforma flutuante com clamshell e batelão rebocado de 100 t - DMT de 1.800 a 2.000 m","m³",145.09]
[1716634,"Derrocagem subaquática de material de 3ª categoria - carga e limpeza - plataforma flutuante com clamshell e batelão rebocado de 100 t - DMT de 2.000 a 2.500 m","m³",146.19999999999999]
[1716635,"Derrocagem subaquática de material de 3ª categoria - carga e limpeza - plataforma flutuante com clamshell e batelão rebocado de 100 t - DMT de 2.500 a 3.000 m","m³",147.87]
[1716625,"Derrocagem subaquática de material de 3ª categoria - carga e limpeza - plataforma flutuante com clamshell e batelão rebocado de 100 t - DMT de 200 a 400 m","m³",139.51]
[1716636,"Derrocagem subaquática de material de 3ª categoria - carga e limpeza - plataforma flutuante com clamshell e batelão rebocado de 100 t - DMT de 3.000 m","m³",148.99]
[1716626,"Derrocagem subaquática de material de 3ª categoria - carga e limpeza - plataforma flutuante com clamshell e batelão rebocado de 100 t - DMT de 400 a 600 m","m³",140.07]
[1716627,"Derrocagem subaquática de material de 3ª categoria - carga e limpeza - plataforma flutuante com clamshell e batelão rebocado de 100 t - DMT de 600 a 800 m","m³",141.18]
[1716628,"Derrocagem subaquática de material de 3ª categoria - carga e limpeza - plataforma flutuante com clamshell e batelão rebocado de 100 t - DMT de 800 a 1.000 m","m³",141.74]
[1716640,"Derrocagem subaquática de material de 3ª categoria - carga e limpeza com draga backhoe de 7 m³ - sem transporte","m³",125.74]
[1716641,"Derrocagem subaquática de material de 3ª categoria - carga e limpeza com draga backhoe de 7 m³ - transporte com batelão autopropelido de 300 m³ - DMT até 200 m","m³",139.81]
[1716646,"Derrocagem subaquática de material de 3ª categoria - carga e limpeza com draga backhoe de 7 m³ - transporte com batelão autopropelido de 300 m³ - DMT de 1.000 a 1.200 m","m³",140.80000000000001]
[1716647,"Derrocagem subaquática de material de 3ª categoria - carga e limpeza com draga backhoe de 7 m³ - transporte com batelão autopropelido de 300 m³ - DMT de 1.200 a 1.400 m","m³",140.9]
[1716648,"Derrocagem subaquática de material de 3ª categoria - carga e limpeza com draga backhoe de 7 m³ - transporte com batelão autopropelido de 300 m³ - DMT de 1.400 a 1.600 m","m³",141.1]
[1716649,"Derrocagem subaquática de material de 3ª categoria - carga e limpeza com draga backhoe de 7 m³ - transporte com batelão autopropelido de 300 m³ - DMT de 1.600 a 1.800 m","m³",141.19999999999999]
[1716650,"Derrocagem subaquática de material de 3ª categoria - carga e limpeza com draga backhoe de 7 m³ - transporte com batelão autopropelido de 300 m³ - DMT de 1.800 a 2.000 m","m³",141.4]
[1716651,"Derrocagem subaquática de material de 3ª categoria - carga e limpeza com draga backhoe de 7 m³ - transporte com batelão autopropelido de 300 m³ - DMT de 2.000 a 2.500 m","m³",141.59]
[1716652,"Derrocagem subaquática de material de 3ª categoria - carga e limpeza com draga backhoe de 7 m³ - transporte com batelão autopropelido de 300 m³ - DMT de 2.500 a 3.000 m","m³",141.99]
[1716642,"Derrocagem subaquática de material de 3ª categoria - carga e limpeza com draga backhoe de 7 m³ - transporte com batelão autopropelido de 300 m³ - DMT de 200 a 400 m","m³",140.11000000000001]
[1716653,"Derrocagem subaquática de material de 3ª categoria - carga e limpeza com draga backhoe de 7 m³ - transporte com batelão autopropelido de 300 m³ - DMT de 3.000 m","m³",142.29]
[1716643,"Derrocagem subaquática de material de 3ª categoria - carga e limpeza com draga backhoe de 7 m³ - transporte com batelão autopropelido de 300 m³ - DMT de 400 a 600 m","m³",140.30000000000001]
[1716644,"Derrocagem subaquática de material de 3ª categoria - carga e limpeza com draga backhoe de 7 m³ - transporte com batelão autopropelido de 300 m³ - DMT de 600 a 800 m","m³",140.5]
[1716645,"Derrocagem subaquática de material de 3ª categoria - carga e limpeza com draga backhoe de 7 m³ - transporte com batelão autopropelido de 300 m³ - DMT de 800 a 1.000 m","m³",140.6]
[1716622,"Derrocagem subaquática de material de 3ª categoria - malha de 1,5 m² - perfuração e detonação - plataforma autoelevatória com três torres de perfuração","m³",94.17]
[1716603,"Derrocagem subaquática de material de 3ª categoria - malha de 1,5 m² - perfuração e detonação - plataforma autoelevatória montada na obra com três torres de perfuração","m³",94.17]
[1716620,"Derrocagem subaquática de material de 3ª categoria - malha de 1,5 m² - perfuração e detonação - plataforma flutuante com duas torres de perfuração","m³",129.44]
[1716621,"Derrocagem subaquática de material de 3ª categoria - malha de 1,5 m² - perfuração e detonação - plataforma flutuante com três torres de perfuração","m³",101.73]
[1716619,"Derrocagem subaquática de material de 3ª categoria - malha de 1,5 m² - perfuração e detonação - plataforma flutuante com uma torre de perfuração","m³",212.65]
[1716601,"Derrocagem subaquática de material de 3ª categoria - malha de 1,5 m² - perfuração e detonação - plataforma montada na obra com duas torres de perfuração","m³",131.28]
[1716602,"Derrocagem subaquática de material de 3ª categoria - malha de 1,5 m² - perfuração e detonação - plataforma montada na obra com três torres de perfuração","m³",102.96]
[1716600,"Derrocagem subaquática de material de 3ª categoria - malha de 1,5 m² - perfuração e detonação - plataforma montada na obra com uma torre de perfuração","m³",216.33]
[1716655,"Derrocagem subaquática de material de 3ª categoria - malha de 2,5 m² - perfuração e detonação - plataforma com duas torres de perfuração","m³",75.92]
[1716639,"Derrocagem subaquática de material de 3ª categoria - malha de 4,0 m² - perfuração e detonação - plataforma com duas torres de perfuração","m³",53.43]
[1801636,"Levantamento batimétrico monofeixe longitudinal","km",19.940000000000001]
[1801637,"Levantamento batimétrico monofeixe transversal","km",26.59]
[1817720,"Levantamento batimétrico multifeixe","km",117.52]
[1817723,"Levantamento hidrométrico com ADCP em rios com velocidade de corrente acima de 1,5 m/s","km",52.57]
[1817721,"Levantamento hidrométrico com ADCP em rios com velocidade de corrente de 0,5 a 1,0 m/s","km",157.72]
[1817722,"Levantamento hidrométrico com ADCP em rios com velocidade de corrente de 1,0 a 1,5 m/s","km",78.86]
[1917483,"Dragagem de areia fina com draga de sucção e recalque - bomba de 1.350 kW e cortador de 170 kW - distância de recalque de 1.100 a 1.300 m","m³",6.58]
[1917484,"Dragagem de areia fina com draga de sucção e recalque - bomba de 1.350 kW e cortador de 170 kW - distância de recalque de 1.300 a 1.500 m","m³",6.8]
[1917485,"Dragagem de areia fina com draga de sucção e recalque - bomba de 1.350 kW e cortador de 170 kW - distância de recalque de 1.500 a 1.700 m","m³",7.41]
[1917486,"Dragagem de areia fina com draga de sucção e recalque - bomba de 1.350 kW e cortador de 170 kW - distância de recalque de 1.700 a 1.900 m","m³",7.69]
[1917487,"Dragagem de areia fina com draga de sucção e recalque - bomba de 1.350 kW e cortador de 170 kW - distância de recalque de 1.900 a 2.100 m","m³",8.06]
[1917528,"Dragagem de areia fina com draga de sucção e recalque - bomba de 1.350 kW e cortador de 170 kW - distância de recalque de 10.100 a 10.300 m","m³",40.299999999999997]
[1917529,"Dragagem de areia fina com draga de sucção e recalque - bomba de 1.350 kW e cortador de 170 kW - distância de recalque de 10.300 a 10.500 m","m³",41.67]
[1917530,"Dragagem de areia fina com draga de sucção e recalque - bomba de 1.350 kW e cortador de 170 kW - distância de recalque de 10.500 a 10.700 m","m³",43.82]
[1917531,"Dragagem de areia fina com draga de sucção e recalque - bomba de 1.350 kW e cortador de 170 kW - distância de recalque de 10.700 a 10.900 m","m³",46.17]
[1917532,"Dragagem de areia fina com draga de sucção e recalque - bomba de 1.350 kW e cortador de 170 kW - distância de recalque de 10.900 a 11.100 m","m³",48.82]
[1917533,"Dragagem de areia fina com draga de sucção e recalque - bomba de 1.350 kW e cortador de 170 kW - distância de recalque de 11.100 a 11.300 m","m³",50.21]
[1917534,"Dragagem de areia fina com draga de sucção e recalque - bomba de 1.350 kW e cortador de 170 kW - distância de recalque de 11.300 a 11.500 m","m³",51.64]
[1917535,"Dragagem de areia fina com draga de sucção e recalque - bomba de 1.350 kW e cortador de 170 kW - distância de recalque de 11.500 a 11.700 m","m³",53.52]
[1917536,"Dragagem de areia fina com draga de sucção e recalque - bomba de 1.350 kW e cortador de 170 kW - distância de recalque de 11.700 a 11.900 m","m³",55.15]
[1917537,"Dragagem de areia fina com draga de sucção e recalque - bomba de 1.350 kW e cortador de 170 kW - distância de recalque de 11.900 a 12.100 m","m³",56.84]
[1917488,"Dragagem de areia fina com draga de sucção e recalque - bomba de 1.350 kW e cortador de 170 kW - distância de recalque de 2.100 a 2.300 m","m³",8.35]
[1917489,"Dragagem de areia fina com draga de sucção e recalque - bomba de 1.350 kW e cortador de 170 kW - distância de recalque de 2.300 a 2.500 m","m³",8.6999999999999993]
[1917490,"Dragagem de areia fina com draga de sucção e recalque - bomba de 1.350 kW e cortador de 170 kW - distância de recalque de 2.500 a 2.700 m","m³",9.2799999999999994]
[1917491,"Dragagem de areia fina com draga de sucção e recalque - bomba de 1.350 kW e cortador de 170 kW - distância de recalque de 2.700 a 2.900 m","m³",9.67]
[1917492,"Dragagem de areia fina com draga de sucção e recalque - bomba de 1.350 kW e cortador de 170 kW - distância de recalque de 2.900 a 3.100 m","m³",9.99]
[1917493,"Dragagem de areia fina com draga de sucção e recalque - bomba de 1.350 kW e cortador de 170 kW - distância de recalque de 3.100 a 3.300 m","m³",10.41]
[1917494,"Dragagem de areia fina com draga de sucção e recalque - bomba de 1.350 kW e cortador de 170 kW - distância de recalque de 3.300 a 3.500 m","m³",10.84]
[1917495,"Dragagem de areia fina com draga de sucção e recalque - bomba de 1.350 kW e cortador de 170 kW - distância de recalque de 3.500 a 3.700 m","m³",11.5]
[1917496,"Dragagem de areia fina com draga de sucção e recalque - bomba de 1.350 kW e cortador de 170 kW - distância de recalque de 3.700 a 3.900 m","m³",11.9]
[1917497,"Dragagem de areia fina com draga de sucção e recalque - bomba de 1.350 kW e cortador de 170 kW - distância de recalque de 3.900 a 4.100 m","m³",12.31]
[1917498,"Dragagem de areia fina com draga de sucção e recalque - bomba de 1.350 kW e cortador de 170 kW - distância de recalque de 4.100 a 4.300 m","m³",12.73]
[1917499,"Dragagem de areia fina com draga de sucção e recalque - bomba de 1.350 kW e cortador de 170 kW - distância de recalque de 4.300 a 4.500 m","m³",13.08]
[1917500,"Dragagem de areia fina com draga de sucção e recalque - bomba de 1.350 kW e cortador de 170 kW - distância de recalque de 4.500 a 4.700 m","m³",13.8]
[1917501,"Dragagem de areia fina com draga de sucção e recalque - bomba de 1.350 kW e cortador de 170 kW - distância de recalque de 4.700 a 4.900 m","m³",14.23]
[1917502,"Dragagem de areia fina com draga de sucção e recalque - bomba de 1.350 kW e cortador de 170 kW - distância de recalque de 4.900 a 5.100 m","m³",14.66]
[1917503,"Dragagem de areia fina com draga de sucção e recalque - bomba de 1.350 kW e cortador de 170 kW - distância de recalque de 5.100 a 5.300 m","m³",15.11]
[1917504,"Dragagem de areia fina com draga de sucção e recalque - bomba de 1.350 kW e cortador de 170 kW - distância de recalque de 5.300 a 5.500 m","m³",15.56]
[1917505,"Dragagem de areia fina com draga de sucção e recalque - bomba de 1.350 kW e cortador de 170 kW - distância de recalque de 5.500 a 5.700 m","m³",16.32]
[1917506,"Dragagem de areia fina com draga de sucção e recalque - bomba de 1.350 kW e cortador de 170 kW - distância de recalque de 5.700 a 5.900 m","m³",16.760000000000002]
[1917507,"Dragagem de areia fina com draga de sucção e recalque - bomba de 1.350 kW e cortador de 170 kW - distância de recalque de 5.900 a 6.100 m","m³",17.23]
[1917480,"Dragagem de areia fina com draga de sucção e recalque - bomba de 1.350 kW e cortador de 170 kW - distância de recalque de 500 a 700 m","m³",5.84]
[1917508,"Dragagem de areia fina com draga de sucção e recalque - bomba de 1.350 kW e cortador de 170 kW - distância de recalque de 6.100 a 6.300 m","m³",17.7]
[1917509,"Dragagem de areia fina com draga de sucção e recalque - bomba de 1.350 kW e cortador de 170 kW - distância de recalque de 6.300 a 6.500 m","m³",18.27]
[1917510,"Dragagem de areia fina com draga de sucção e recalque - bomba de 1.350 kW e cortador de 170 kW - distância de recalque de 6.500 a 6.700 m","m³",19.079999999999998]
[1917511,"Dragagem de areia fina com draga de sucção e recalque - bomba de 1.350 kW e cortador de 170 kW - distância de recalque de 6.700 a 6.900 m","m³",19.61]
[1917512,"Dragagem de areia fina com draga de sucção e recalque - bomba de 1.350 kW e cortador de 170 kW - distância de recalque de 6.900 a 7.100 m","m³",20.23]
[1917513,"Dragagem de areia fina com draga de sucção e recalque - bomba de 1.350 kW e cortador de 170 kW - distância de recalque de 7.100 a 7.300 m","m³",20.82]
[1917514,"Dragagem de areia fina com draga de sucção e recalque - bomba de 1.350 kW e cortador de 170 kW - distância de recalque de 7.300 a 7.500 m","m³",21.52]
[1917515,"Dragagem de areia fina com draga de sucção e recalque - bomba de 1.350 kW e cortador de 170 kW - distância de recalque de 7.500 a 7.700 m","m³",22.55]
[1917516,"Dragagem de areia fina com draga de sucção e recalque - bomba de 1.350 kW e cortador de 170 kW - distância de recalque de 7.700 a 7.900 m","m³",23.32]
[1917517,"Dragagem de areia fina com draga de sucção e recalque - bomba de 1.350 kW e cortador de 170 kW - distância de recalque de 7.900 a 8.100 m","m³",24.38]
[1917481,"Dragagem de areia fina com draga de sucção e recalque - bomba de 1.350 kW e cortador de 170 kW - distância de recalque de 700 a 900 m","m³",6.06]
[1917518,"Dragagem de areia fina com draga de sucção e recalque - bomba de 1.350 kW e cortador de 170 kW - distância de recalque de 8.100 a 8.300 m","m³",25.44]
[1917519,"Dragagem de areia fina com draga de sucção e recalque - bomba de 1.350 kW e cortador de 170 kW - distância de recalque de 8.300 a 8.500 m","m³",26.74]
[1917520,"Dragagem de areia fina com draga de sucção e recalque - bomba de 1.350 kW e cortador de 170 kW - distância de recalque de 8.500 a 8.700 m","m³",28.22]
[1917521,"Dragagem de areia fina com draga de sucção e recalque - bomba de 1.350 kW e cortador de 170 kW - distância de recalque de 8.700 a 8.900 m","m³",29.49]
[1917522,"Dragagem de areia fina com draga de sucção e recalque - bomba de 1.350 kW e cortador de 170 kW - distância de recalque de 8.900 a 9.100 m","m³",30.88]
[1917523,"Dragagem de areia fina com draga de sucção e recalque - bomba de 1.350 kW e cortador de 170 kW - distância de recalque de 9.100 a 9.300 m","m³",32.299999999999997]
[1917524,"Dragagem de areia fina com draga de sucção e recalque - bomba de 1.350 kW e cortador de 170 kW - distância de recalque de 9.300 a 9.500 m","m³",33.840000000000003]
[1917525,"Dragagem de areia fina com draga de sucção e recalque - bomba de 1.350 kW e cortador de 170 kW - distância de recalque de 9.500 a 9.700 m","m³",35.630000000000003]
[1917526,"Dragagem de areia fina com draga de sucção e recalque - bomba de 1.350 kW e cortador de 170 kW - distância de recalque de 9.700 a 9.900 m","m³",37.04]
[1917527,"Dragagem de areia fina com draga de sucção e recalque - bomba de 1.350 kW e cortador de 170 kW - distância de recalque de 9.900 a 10.100 m","m³",38.44]
[1917482,"Dragagem de areia fina com draga de sucção e recalque - bomba de 1.350 kW e cortador de 170 kW - distância de recalque de 900 a 1.100 m","m³",6.27]
[1917737,"Dragagem de areia fina com draga de sucção e recalque - bomba de 1.350 kW e cortador de 170 kW - distância de recalque de até 500 m","m³",5.8]
[1917220,"Dragagem de areia fina com draga de sucção e recalque - bomba de 294 kW e cortador de 30 kW - distância de recalque de 1.100 a 1.300 m","m³",8.58]
[1917221,"Dragagem de areia fina com draga de sucção e recalque - bomba de 294 kW e cortador de 30 kW - distância de recalque de 1.300 a 1.500 m","m³",9.17]
[1917222,"Dragagem de areia fina com draga de sucção e recalque - bomba de 294 kW e cortador de 30 kW - distância de recalque de 1.500 a 1.700 m","m³",9.8000000000000007]
[1917223,"Dragagem de areia fina com draga de sucção e recalque - bomba de 294 kW e cortador de 30 kW - distância de recalque de 1.700 a 1.900 m","m³",10.25]
[1917224,"Dragagem de areia fina com draga de sucção e recalque - bomba de 294 kW e cortador de 30 kW - distância de recalque de 1.900 a 2.100 m","m³",10.72]
[1917225,"Dragagem de areia fina com draga de sucção e recalque - bomba de 294 kW e cortador de 30 kW - distância de recalque de 2.100 a 2.300 m","m³",11.27]
[1917226,"Dragagem de areia fina com draga de sucção e recalque - bomba de 294 kW e cortador de 30 kW - distância de recalque de 2.300 a 2.500 m","m³",11.79]
[1917227,"Dragagem de areia fina com draga de sucção e recalque - bomba de 294 kW e cortador de 30 kW - distância de recalque de 2.500 a 2.700 m","m³",12.45]
[1917228,"Dragagem de areia fina com draga de sucção e recalque - bomba de 294 kW e cortador de 30 kW - distância de recalque de 2.700 a 2.900 m","m³",13.08]
[1917229,"Dragagem de areia fina com draga de sucção e recalque - bomba de 294 kW e cortador de 30 kW - distância de recalque de 2.900 a 3.100 m","m³",13.62]
[1917230,"Dragagem de areia fina com draga de sucção e recalque - bomba de 294 kW e cortador de 30 kW - distância de recalque de 3.100 a 3.300 m","m³",14.24]
[1917231,"Dragagem de areia fina com draga de sucção e recalque - bomba de 294 kW e cortador de 30 kW - distância de recalque de 3.300 a 3.500 m","m³",14.88]
[1917232,"Dragagem de areia fina com draga de sucção e recalque - bomba de 294 kW e cortador de 30 kW - distância de recalque de 3.500 a 3.700 m","m³",15.67]
[1917233,"Dragagem de areia fina com draga de sucção e recalque - bomba de 294 kW e cortador de 30 kW - distância de recalque de 3.700 a 3.900 m","m³",16.329999999999998]
[1917234,"Dragagem de areia fina com draga de sucção e recalque - bomba de 294 kW e cortador de 30 kW - distância de recalque de 3.900 a 4.100 m","m³",17.13]
[1917217,"Dragagem de areia fina com draga de sucção e recalque - bomba de 294 kW e cortador de 30 kW - distância de recalque de 500 a 700 m","m³",7.02]
[1917218,"Dragagem de areia fina com draga de sucção e recalque - bomba de 294 kW e cortador de 30 kW - distância de recalque de 700 a 900 m","m³",7.3]
[1917219,"Dragagem de areia fina com draga de sucção e recalque - bomba de 294 kW e cortador de 30 kW - distância de recalque de 900 a 1.100 m","m³",7.87]
[1917724,"Dragagem de areia fina com draga de sucção e recalque - bomba de 294 kW e cortador de 30 kW - distância de recalque de até 500 m","m³",6.87]
[1917274,"Dragagem de areia fina com draga de sucção e recalque - bomba de 483 kW e cortador de 55 kW - distância de recalque de 1.100 a 1.300 m","m³",6.53]
[1917275,"Dragagem de areia fina com draga de sucção e recalque - bomba de 483 kW e cortador de 55 kW - distância de recalque de 1.300 a 1.500 m","m³",6.93]
[1917276,"Dragagem de areia fina com draga de sucção e recalque - bomba de 483 kW e cortador de 55 kW - distância de recalque de 1.500 a 1.700 m","m³",7.51]
[1917277,"Dragagem de areia fina com draga de sucção e recalque - bomba de 483 kW e cortador de 55 kW - distância de recalque de 1.700 a 1.900 m","m³",8]
[1917278,"Dragagem de areia fina com draga de sucção e recalque - bomba de 483 kW e cortador de 55 kW - distância de recalque de 1.900 a 2.100 m","m³",8.3000000000000007]
[1917279,"Dragagem de areia fina com draga de sucção e recalque - bomba de 483 kW e cortador de 55 kW - distância de recalque de 2.100 a 2.300 m","m³",8.8000000000000007]
[1917280,"Dragagem de areia fina com draga de sucção e recalque - bomba de 483 kW e cortador de 55 kW - distância de recalque de 2.300 a 2.500 m","m³",9.2799999999999994]
[1917281,"Dragagem de areia fina com draga de sucção e recalque - bomba de 483 kW e cortador de 55 kW - distância de recalque de 2.500 a 2.700 m","m³",9.9]
[1917282,"Dragagem de areia fina com draga de sucção e recalque - bomba de 483 kW e cortador de 55 kW - distância de recalque de 2.700 a 2.900 m","m³",10.38]
[1917283,"Dragagem de areia fina com draga de sucção e recalque - bomba de 483 kW e cortador de 55 kW - distância de recalque de 2.900 a 3.100 m","m³",10.88]
[1917284,"Dragagem de areia fina com draga de sucção e recalque - bomba de 483 kW e cortador de 55 kW - distância de recalque de 3.100 a 3.300 m","m³",11.34]
[1917285,"Dragagem de areia fina com draga de sucção e recalque - bomba de 483 kW e cortador de 55 kW - distância de recalque de 3.300 a 3.500 m","m³",11.85]
[1917286,"Dragagem de areia fina com draga de sucção e recalque - bomba de 483 kW e cortador de 55 kW - distância de recalque de 3.500 a 3.700 m","m³",12.64]
[1917287,"Dragagem de areia fina com draga de sucção e recalque - bomba de 483 kW e cortador de 55 kW - distância de recalque de 3.700 a 3.900 m","m³",13.2]
[1917288,"Dragagem de areia fina com draga de sucção e recalque - bomba de 483 kW e cortador de 55 kW - distância de recalque de 3.900 a 4.100 m","m³",13.79]
[1917289,"Dragagem de areia fina com draga de sucção e recalque - bomba de 483 kW e cortador de 55 kW - distância de recalque de 4.100 a 4.300 m","m³",14.44]
[1917290,"Dragagem de areia fina com draga de sucção e recalque - bomba de 483 kW e cortador de 55 kW - distância de recalque de 4.300 a 4.500 m","m³",15.11]
[1917291,"Dragagem de areia fina com draga de sucção e recalque - bomba de 483 kW e cortador de 55 kW - distância de recalque de 4.500 a 4.700 m","m³",16]
[1917292,"Dragagem de areia fina com draga de sucção e recalque - bomba de 483 kW e cortador de 55 kW - distância de recalque de 4.700 a 4.900 m","m³",16.75]
[1917293,"Dragagem de areia fina com draga de sucção e recalque - bomba de 483 kW e cortador de 55 kW - distância de recalque de 4.900 a 5.100 m","m³",17.54]
[1917294,"Dragagem de areia fina com draga de sucção e recalque - bomba de 483 kW e cortador de 55 kW - distância de recalque de 5.100 a 5.300 m","m³",18.57]
[1917295,"Dragagem de areia fina com draga de sucção e recalque - bomba de 483 kW e cortador de 55 kW - distância de recalque de 5.300 a 5.500 m","m³",19.600000000000001]
[1917296,"Dragagem de areia fina com draga de sucção e recalque - bomba de 483 kW e cortador de 55 kW - distância de recalque de 5.500 a 5.700 m","m³",20.96]
[1917297,"Dragagem de areia fina com draga de sucção e recalque - bomba de 483 kW e cortador de 55 kW - distância de recalque de 5.700 a 5.900 m","m³",22.3]
[1917298,"Dragagem de areia fina com draga de sucção e recalque - bomba de 483 kW e cortador de 55 kW - distância de recalque de 5.900 a 6.100 m","m³",23.76]
[1917271,"Dragagem de areia fina com draga de sucção e recalque - bomba de 483 kW e cortador de 55 kW - distância de recalque de 500 a 700 m","m³",5.56]
[1917299,"Dragagem de areia fina com draga de sucção e recalque - bomba de 483 kW e cortador de 55 kW - distância de recalque de 6.100 a 6.300 m","m³",25.48]
[1917300,"Dragagem de areia fina com draga de sucção e recalque - bomba de 483 kW e cortador de 55 kW - distância de recalque de 6.300 a 6.500 m","m³",27.38]
[1917301,"Dragagem de areia fina com draga de sucção e recalque - bomba de 483 kW e cortador de 55 kW - distância de recalque de 6.500 a 6.700 m","m³",29.81]
[1917302,"Dragagem de areia fina com draga de sucção e recalque - bomba de 483 kW e cortador de 55 kW - distância de recalque de 6.700 a 6.900 m","m³",32.200000000000003]
[1917303,"Dragagem de areia fina com draga de sucção e recalque - bomba de 483 kW e cortador de 55 kW - distância de recalque de 6.900 a 7.100 m","m³",34.43]
[1917304,"Dragagem de areia fina com draga de sucção e recalque - bomba de 483 kW e cortador de 55 kW - distância de recalque de 7.100 a 7.300 m","m³",36.619999999999997]
[1917305,"Dragagem de areia fina com draga de sucção e recalque - bomba de 483 kW e cortador de 55 kW - distância de recalque de 7.300 a 7.500 m","m³",39.06]
[1917306,"Dragagem de areia fina com draga de sucção e recalque - bomba de 483 kW e cortador de 55 kW - distância de recalque de 7.500 a 7.700 m","m³",41.96]
[1917307,"Dragagem de areia fina com draga de sucção e recalque - bomba de 483 kW e cortador de 55 kW - distância de recalque de 7.700 a 7.900 m","m³",44.17]
[1917272,"Dragagem de areia fina com draga de sucção e recalque - bomba de 483 kW e cortador de 55 kW - distância de recalque de 700 a 900 m","m³",5.81]
[1917273,"Dragagem de areia fina com draga de sucção e recalque - bomba de 483 kW e cortador de 55 kW - distância de recalque de 900 a 1.100 m","m³",6.08]
[1917729,"Dragagem de areia fina com draga de sucção e recalque - bomba de 483 kW e cortador de 55 kW - distância de recalque de até 500 m","m³",5.47]
[1917367,"Dragagem de areia fina com draga de sucção e recalque - bomba de 746 kW e cortador de 110 kW - distância de recalque de 1.100 a 1.300 m","m³",6.54]
[1917368,"Dragagem de areia fina com draga de sucção e recalque - bomba de 746 kW e cortador de 110 kW - distância de recalque de 1.300 a 1.500 m","m³",6.96]
[1917369,"Dragagem de areia fina com draga de sucção e recalque - bomba de 746 kW e cortador de 110 kW - distância de recalque de 1.500 a 1.700 m","m³",7.52]
[1917370,"Dragagem de areia fina com draga de sucção e recalque - bomba de 746 kW e cortador de 110 kW - distância de recalque de 1.700 a 1.900 m","m³",7.89]
[1917371,"Dragagem de areia fina com draga de sucção e recalque - bomba de 746 kW e cortador de 110 kW - distância de recalque de 1.900 a 2.100 m","m³",8.24]
[1917372,"Dragagem de areia fina com draga de sucção e recalque - bomba de 746 kW e cortador de 110 kW - distância de recalque de 2.100 a 2.300 m","m³",8.59]
[1917373,"Dragagem de areia fina com draga de sucção e recalque - bomba de 746 kW e cortador de 110 kW - distância de recalque de 2.300 a 2.500 m","m³",8.8800000000000008]
[1917374,"Dragagem de areia fina com draga de sucção e recalque - bomba de 746 kW e cortador de 110 kW - distância de recalque de 2.500 a 2.700 m","m³",9.51]
[1917375,"Dragagem de areia fina com draga de sucção e recalque - bomba de 746 kW e cortador de 110 kW - distância de recalque de 2.700 a 2.900 m","m³",9.83]
[1917376,"Dragagem de areia fina com draga de sucção e recalque - bomba de 746 kW e cortador de 110 kW - distância de recalque de 2.900 a 3.100 m","m³",10.16]
[1917377,"Dragagem de areia fina com draga de sucção e recalque - bomba de 746 kW e cortador de 110 kW - distância de recalque de 3.100 a 3.300 m","m³",10.49]
[1917378,"Dragagem de areia fina com draga de sucção e recalque - bomba de 746 kW e cortador de 110 kW - distância de recalque de 3.300 a 3.500 m","m³",10.83]
[1917379,"Dragagem de areia fina com draga de sucção e recalque - bomba de 746 kW e cortador de 110 kW - distância de recalque de 3.500 a 3.700 m","m³",11.5]
[1917380,"Dragagem de areia fina com draga de sucção e recalque - bomba de 746 kW e cortador de 110 kW - distância de recalque de 3.700 a 3.900 m","m³",11.92]
[1917381,"Dragagem de areia fina com draga de sucção e recalque - bomba de 746 kW e cortador de 110 kW - distância de recalque de 3.900 a 4.100 m","m³",12.36]
[1917382,"Dragagem de areia fina com draga de sucção e recalque - bomba de 746 kW e cortador de 110 kW - distância de recalque de 4.100 a 4.300 m","m³",12.9]
[1917383,"Dragagem de areia fina com draga de sucção e recalque - bomba de 746 kW e cortador de 110 kW - distância de recalque de 4.300 a 4.500 m","m³",13.38]
[1917384,"Dragagem de areia fina com draga de sucção e recalque - bomba de 746 kW e cortador de 110 kW - distância de recalque de 4.500 a 4.700 m","m³",14.13]
[1917385,"Dragagem de areia fina com draga de sucção e recalque - bomba de 746 kW e cortador de 110 kW - distância de recalque de 4.700 a 4.900 m","m³",14.73]
[1917386,"Dragagem de areia fina com draga de sucção e recalque - bomba de 746 kW e cortador de 110 kW - distância de recalque de 4.900 a 5.100 m","m³",15.36]
[1917387,"Dragagem de areia fina com draga de sucção e recalque - bomba de 746 kW e cortador de 110 kW - distância de recalque de 5.100 a 5.300 m","m³",16.010000000000002]
[1917388,"Dragagem de areia fina com draga de sucção e recalque - bomba de 746 kW e cortador de 110 kW - distância de recalque de 5.300 a 5.500 m","m³",16.7]
[1917389,"Dragagem de areia fina com draga de sucção e recalque - bomba de 746 kW e cortador de 110 kW - distância de recalque de 5.500 a 5.700 m","m³",17.690000000000001]
[1917390,"Dragagem de areia fina com draga de sucção e recalque - bomba de 746 kW e cortador de 110 kW - distância de recalque de 5.700 a 5.900 m","m³",18.649999999999999]
[1917391,"Dragagem de areia fina com draga de sucção e recalque - bomba de 746 kW e cortador de 110 kW - distância de recalque de 5.900 a 6.100 m","m³",19.68]
[1917364,"Dragagem de areia fina com draga de sucção e recalque - bomba de 746 kW e cortador de 110 kW - distância de recalque de 500 a 700 m","m³",5.32]
[1917392,"Dragagem de areia fina com draga de sucção e recalque - bomba de 746 kW e cortador de 110 kW - distância de recalque de 6.100 a 6.300 m","m³",20.98]
[1917393,"Dragagem de areia fina com draga de sucção e recalque - bomba de 746 kW e cortador de 110 kW - distância de recalque de 6.300 a 6.500 m","m³",22.35]
[1917394,"Dragagem de areia fina com draga de sucção e recalque - bomba de 746 kW e cortador de 110 kW - distância de recalque de 6.500 a 6.700 m","m³",24.21]
[1917395,"Dragagem de areia fina com draga de sucção e recalque - bomba de 746 kW e cortador de 110 kW - distância de recalque de 6.700 a 6.900 m","m³",25.56]
[1917396,"Dragagem de areia fina com draga de sucção e recalque - bomba de 746 kW e cortador de 110 kW - distância de recalque de 6.900 a 7.100 m","m³",27.12]
[1917397,"Dragagem de areia fina com draga de sucção e recalque - bomba de 746 kW e cortador de 110 kW - distância de recalque de 7.100 a 7.300 m","m³",28.9]
[1917398,"Dragagem de areia fina com draga de sucção e recalque - bomba de 746 kW e cortador de 110 kW - distância de recalque de 7.300 a 7.500 m","m³",30.47]
[1917399,"Dragagem de areia fina com draga de sucção e recalque - bomba de 746 kW e cortador de 110 kW - distância de recalque de 7.500 a 7.700 m","m³",32.58]
[1917400,"Dragagem de areia fina com draga de sucção e recalque - bomba de 746 kW e cortador de 110 kW - distância de recalque de 7.700 a 7.900 m","m³",34.6]
[1917401,"Dragagem de areia fina com draga de sucção e recalque - bomba de 746 kW e cortador de 110 kW - distância de recalque de 7.900 a 8.100 m","m³",36.44]
[1917365,"Dragagem de areia fina com draga de sucção e recalque - bomba de 746 kW e cortador de 110 kW - distância de recalque de 700 a 900 m","m³",5.8]
[1917402,"Dragagem de areia fina com draga de sucção e recalque - bomba de 746 kW e cortador de 110 kW - distância de recalque de 8.100 a 8.300 m","m³",38.58]
[1917403,"Dragagem de areia fina com draga de sucção e recalque - bomba de 746 kW e cortador de 110 kW - distância de recalque de 8.300 a 8.500 m","m³",40.99]
[1917404,"Dragagem de areia fina com draga de sucção e recalque - bomba de 746 kW e cortador de 110 kW - distância de recalque de 8.500 a 8.700 m","m³",43.37]
[1917405,"Dragagem de areia fina com draga de sucção e recalque - bomba de 746 kW e cortador de 110 kW - distância de recalque de 8.700 a 8.900 m","m³",45.72]
[1917406,"Dragagem de areia fina com draga de sucção e recalque - bomba de 746 kW e cortador de 110 kW - distância de recalque de 8.900 a 9.100 m","m³",48.34]
[1917407,"Dragagem de areia fina com draga de sucção e recalque - bomba de 746 kW e cortador de 110 kW - distância de recalque de 9.100 a 9.300 m","m³",51.34]
[1917408,"Dragagem de areia fina com draga de sucção e recalque - bomba de 746 kW e cortador de 110 kW - distância de recalque de 9.300 a 9.500 m","m³",54.67]
[1917409,"Dragagem de areia fina com draga de sucção e recalque - bomba de 746 kW e cortador de 110 kW - distância de recalque de 9.500 a 9.700 m","m³",57.21]
[1917410,"Dragagem de areia fina com draga de sucção e recalque - bomba de 746 kW e cortador de 110 kW - distância de recalque de 9.700 a 9.900 m","m³",59.62]
[1917411,"Dragagem de areia fina com draga de sucção e recalque - bomba de 746 kW e cortador de 110 kW - distância de recalque de 9.900 a 10.100 m","m³",62.31]
[1917366,"Dragagem de areia fina com draga de sucção e recalque - bomba de 746 kW e cortador de 110 kW - distância de recalque de 900 a 1.100 m","m³",6.13]
[1917732,"Dragagem de areia fina com draga de sucção e recalque - bomba de 746 kW e cortador de 110 kW - distância de recalque de até 500 m","m³",4.96]
[1917043,"Dragagem de areia fina com draga hopper - capacidade da cisterna de 1.000 m³ - DMT de 1.500 a 1.800 m","m³",30.9]
[1917044,"Dragagem de areia fina com draga hopper - capacidade da cisterna de 1.000 m³ - DMT de 1.800 a 2.100 m","m³",31.44]
[1917045,"Dragagem de areia fina com draga hopper - capacidade da cisterna de 1.000 m³ - DMT de 2.100 a 2.400 m","m³",31.99]
[1917046,"Dragagem de areia fina com draga hopper - capacidade da cisterna de 1.000 m³ - DMT de 2.400 a 2.700 m","m³",32.57]
[1917047,"Dragagem de areia fina com draga hopper - capacidade da cisterna de 1.000 m³ - DMT de 2.700 a 3.000 m","m³",33.18]
[1917048,"Dragagem de areia fina com draga hopper - capacidade da cisterna de 1.000 m³ - DMT de 3.000 m","m³",33.51]
[1901518,"Dragagem de areia fina com draga hopper - capacidade da cisterna de 10.000 m³ - DMT de 1.500 a 1.800 m","m³",17.8]
[1901519,"Dragagem de areia fina com draga hopper - capacidade da cisterna de 10.000 m³ - DMT de 1.800 a 2.100 m","m³",17.93]
[1901520,"Dragagem de areia fina com draga hopper - capacidade da cisterna de 10.000 m³ - DMT de 2.100 a 2.400 m","m³",18.07]
[1901521,"Dragagem de areia fina com draga hopper - capacidade da cisterna de 10.000 m³ - DMT de 2.400 a 2.700 m","m³",18.22]
[1901522,"Dragagem de areia fina com draga hopper - capacidade da cisterna de 10.000 m³ - DMT de 2.700 a 3.000 m","m³",18.37]
[1901517,"Dragagem de areia fina com draga hopper - capacidade da cisterna de 10.000 m³ - DMT de 3.000 m","m³",18.45]
[1901523,"Dragagem de areia fina com draga hopper - capacidade da cisterna de 15.000 m³ - DMT de 1.500 a 1.800 m","m³",23.44]
[1901524,"Dragagem de areia fina com draga hopper - capacidade da cisterna de 15.000 m³ - DMT de 1.800 a 2.100 m","m³",23.56]
[1901525,"Dragagem de areia fina com draga hopper - capacidade da cisterna de 15.000 m³ - DMT de 2.100 a 2.400 m","m³",23.69]
[1901526,"Dragagem de areia fina com draga hopper - capacidade da cisterna de 15.000 m³ - DMT de 2.400 a 2.700 m","m³",23.83]
[1901527,"Dragagem de areia fina com draga hopper - capacidade da cisterna de 15.000 m³ - DMT de 2.700 a 3.000 m","m³",23.98]
[1901528,"Dragagem de areia fina com draga hopper - capacidade da cisterna de 15.000 m³ - DMT de 3.000 m","m³",24.05]
[1917079,"Dragagem de areia fina com draga hopper - capacidade da cisterna de 2.000 m³ - DMT de 1.500 a 1.800 m","m³",20.59]
[1917080,"Dragagem de areia fina com draga hopper - capacidade da cisterna de 2.000 m³ - DMT de 1.800 a 2.100 m","m³",20.9]
[1917081,"Dragagem de areia fina com draga hopper - capacidade da cisterna de 2.000 m³ - DMT de 2.100 a 2.400 m","m³",21.23]
[1917082,"Dragagem de areia fina com draga hopper - capacidade da cisterna de 2.000 m³ - DMT de 2.400 a 2.700 m","m³",21.56]
[1917083,"Dragagem de areia fina com draga hopper - capacidade da cisterna de 2.000 m³ - DMT de 2.700 a 3.000 m","m³",21.93]
[1917084,"Dragagem de areia fina com draga hopper - capacidade da cisterna de 2.000 m³ - DMT de 3.000 m","m³",22.12]
[1901529,"Dragagem de areia fina com draga hopper - capacidade da cisterna de 20.000 m³ - DMT de 1.500 a 1.800 m","m³",29.21]
[1901530,"Dragagem de areia fina com draga hopper - capacidade da cisterna de 20.000 m³ - DMT de 1.800 a 2.100 m","m³",29.33]
[1901531,"Dragagem de areia fina com draga hopper - capacidade da cisterna de 20.000 m³ - DMT de 2.100 a 2.400 m","m³",29.45]
[1901532,"Dragagem de areia fina com draga hopper - capacidade da cisterna de 20.000 m³ - DMT de 2.400 a 2.700 m","m³",29.59]
[1901533,"Dragagem de areia fina com draga hopper - capacidade da cisterna de 20.000 m³ - DMT de 2.700 a 3.000 m","m³",29.73]
[1901534,"Dragagem de areia fina com draga hopper - capacidade da cisterna de 20.000 m³ - DMT de 3.000 m","m³",29.8]
[1917115,"Dragagem de areia fina com draga hopper - capacidade da cisterna de 3.000 m³ - DMT de 1.500 a 1.800 m","m³",18.920000000000002]
[1917116,"Dragagem de areia fina com draga hopper - capacidade da cisterna de 3.000 m³ - DMT de 1.800 a 2.100 m","m³",19.170000000000002]
[1917117,"Dragagem de areia fina com draga hopper - capacidade da cisterna de 3.000 m³ - DMT de 2.100 a 2.400 m","m³",19.420000000000002]
[1917118,"Dragagem de areia fina com draga hopper - capacidade da cisterna de 3.000 m³ - DMT de 2.400 a 2.700 m","m³",19.690000000000001]
[1917119,"Dragagem de areia fina com draga hopper - capacidade da cisterna de 3.000 m³ - DMT de 2.700 a 3.000 m","m³",19.97]
[1917120,"Dragagem de areia fina com draga hopper - capacidade da cisterna de 3.000 m³ - DMT de 3.000 m","m³",20.12]
[1917151,"Dragagem de areia fina com draga hopper - capacidade da cisterna de 4.000 m³ - DMT de 1.500 a 1.800 m","m³",17.64]
[1917152,"Dragagem de areia fina com draga hopper - capacidade da cisterna de 4.000 m³ - DMT de 1.800 a 2.100 m","m³",17.850000000000001]
[1917153,"Dragagem de areia fina com draga hopper - capacidade da cisterna de 4.000 m³ - DMT de 2.100 a 2.400 m","m³",18.07]
[1917154,"Dragagem de areia fina com draga hopper - capacidade da cisterna de 4.000 m³ - DMT de 2.400 a 2.700 m","m³",18.3]
[1917155,"Dragagem de areia fina com draga hopper - capacidade da cisterna de 4.000 m³ - DMT de 2.700 a 3.000 m","m³",18.54]
[1917156,"Dragagem de areia fina com draga hopper - capacidade da cisterna de 4.000 m³ - DMT de 3.000 m","m³",18.670000000000002]
[1917187,"Dragagem de areia fina com draga hopper - capacidade da cisterna de 5.000 m³ - DMT de 1.500 a 1.800 m","m³",19.37]
[1917188,"Dragagem de areia fina com draga hopper - capacidade da cisterna de 5.000 m³ - DMT de 1.800 a 2.100 m","m³",19.559999999999999]
[1917189,"Dragagem de areia fina com draga hopper - capacidade da cisterna de 5.000 m³ - DMT de 2.100 a 2.400 m","m³",19.75]
[1917190,"Dragagem de areia fina com draga hopper - capacidade da cisterna de 5.000 m³ - DMT de 2.400 a 2.700 m","m³",19.95]
[1917191,"Dragagem de areia fina com draga hopper - capacidade da cisterna de 5.000 m³ - DMT de 2.700 a 3.000 m","m³",20.170000000000002]
[1917192,"Dragagem de areia fina com draga hopper - capacidade da cisterna de 5.000 m³ - DMT de 3.000 m","m³",20.28]
[1917007,"Dragagem de areia fina com draga hopper - capacidade da cisterna de 750 m³ - DMT de 1.500 a 1.800 m","m³",43]
[1917008,"Dragagem de areia fina com draga hopper - capacidade da cisterna de 750 m³ - DMT de 1.800 a 2.100 m","m³",43.8]
[1917009,"Dragagem de areia fina com draga hopper - capacidade da cisterna de 750 m³ - DMT de 2.100 a 2.400 m","m³",44.6]
[1917010,"Dragagem de areia fina com draga hopper - capacidade da cisterna de 750 m³ - DMT de 2.400 a 2.700 m","m³",45.45]
[1917011,"Dragagem de areia fina com draga hopper - capacidade da cisterna de 750 m³ - DMT de 2.700 a 3.000 m","m³",46.34]
[1917012,"Dragagem de areia fina com draga hopper - capacidade da cisterna de 750 m³ - DMT de 3.000 m","m³",46.82]
[1917578,"Dragagem de areia grossa com draga de sucção e recalque - bomba de 1.350 kW e cortador de 170 kW - distância de recalque de 1.100 a 1.300 m","m³",8.85]
[1917579,"Dragagem de areia grossa com draga de sucção e recalque - bomba de 1.350 kW e cortador de 170 kW - distância de recalque de 1.300 a 1.500 m","m³",9.39]
[1917580,"Dragagem de areia grossa com draga de sucção e recalque - bomba de 1.350 kW e cortador de 170 kW - distância de recalque de 1.500 a 1.700 m","m³",9.84]
[1917581,"Dragagem de areia grossa com draga de sucção e recalque - bomba de 1.350 kW e cortador de 170 kW - distância de recalque de 1.700 a 1.900 m","m³",10.35]
[1917582,"Dragagem de areia grossa com draga de sucção e recalque - bomba de 1.350 kW e cortador de 170 kW - distância de recalque de 1.900 a 2.100 m","m³",11.09]
[1917583,"Dragagem de areia grossa com draga de sucção e recalque - bomba de 1.350 kW e cortador de 170 kW - distância de recalque de 2.100 a 2.300 m","m³",11.68]
[1917584,"Dragagem de areia grossa com draga de sucção e recalque - bomba de 1.350 kW e cortador de 170 kW - distância de recalque de 2.300 a 2.500 m","m³",12.2]
[1917585,"Dragagem de areia grossa com draga de sucção e recalque - bomba de 1.350 kW e cortador de 170 kW - distância de recalque de 2.500 a 2.700 m","m³",13.01]
[1917586,"Dragagem de areia grossa com draga de sucção e recalque - bomba de 1.350 kW e cortador de 170 kW - distância de recalque de 2.700 a 2.900 m","m³",14.17]
[1917587,"Dragagem de areia grossa com draga de sucção e recalque - bomba de 1.350 kW e cortador de 170 kW - distância de recalque de 2.900 a 3.100 m","m³",15.1]
[1917588,"Dragagem de areia grossa com draga de sucção e recalque - bomba de 1.350 kW e cortador de 170 kW - distância de recalque de 3.100 a 3.300 m","m³",16.149999999999999]
[1917589,"Dragagem de areia grossa com draga de sucção e recalque - bomba de 1.350 kW e cortador de 170 kW - distância de recalque de 3.300 a 3.500 m","m³",18.350000000000001]
[1917590,"Dragagem de areia grossa com draga de sucção e recalque - bomba de 1.350 kW e cortador de 170 kW - distância de recalque de 3.500 a 3.700 m","m³",21.41]
[1917591,"Dragagem de areia grossa com draga de sucção e recalque - bomba de 1.350 kW e cortador de 170 kW - distância de recalque de 3.700 a 3.900 m","m³",24.19]
[1917592,"Dragagem de areia grossa com draga de sucção e recalque - bomba de 1.350 kW e cortador de 170 kW - distância de recalque de 3.900 a 4.100 m","m³",27.74]
[1917593,"Dragagem de areia grossa com draga de sucção e recalque - bomba de 1.350 kW e cortador de 170 kW - distância de recalque de 4.100 a 4.300 m","m³",31.43]
[1917594,"Dragagem de areia grossa com draga de sucção e recalque - bomba de 1.350 kW e cortador de 170 kW - distância de recalque de 4.300 a 4.500 m","m³",35.85]
[1917595,"Dragagem de areia grossa com draga de sucção e recalque - bomba de 1.350 kW e cortador de 170 kW - distância de recalque de 4.500 a 4.700 m","m³",40.68]
[1917596,"Dragagem de areia grossa com draga de sucção e recalque - bomba de 1.350 kW e cortador de 170 kW - distância de recalque de 4.700 a 4.900 m","m³",45.03]
[1917597,"Dragagem de areia grossa com draga de sucção e recalque - bomba de 1.350 kW e cortador de 170 kW - distância de recalque de 4.900 a 5.100 m","m³",51.09]
[1917598,"Dragagem de areia grossa com draga de sucção e recalque - bomba de 1.350 kW e cortador de 170 kW - distância de recalque de 5.100 a 5.300 m","m³",56.55]
[1917599,"Dragagem de areia grossa com draga de sucção e recalque - bomba de 1.350 kW e cortador de 170 kW - distância de recalque de 5.300 a 5.500 m","m³",62.91]
[1917600,"Dragagem de areia grossa com draga de sucção e recalque - bomba de 1.350 kW e cortador de 170 kW - distância de recalque de 5.500 a 5.700 m","m³",71.069999999999993]
[1917601,"Dragagem de areia grossa com draga de sucção e recalque - bomba de 1.350 kW e cortador de 170 kW - distância de recalque de 5.700 a 5.900 m","m³",74.680000000000007]
[1917575,"Dragagem de areia grossa com draga de sucção e recalque - bomba de 1.350 kW e cortador de 170 kW - distância de recalque de 500 a 700 m","m³",7.16]
[1917576,"Dragagem de areia grossa com draga de sucção e recalque - bomba de 1.350 kW e cortador de 170 kW - distância de recalque de 700 a 900 m","m³",7.58]
[1917577,"Dragagem de areia grossa com draga de sucção e recalque - bomba de 1.350 kW e cortador de 170 kW - distância de recalque de 900 a 1.100 m","m³",8.1]
[1917739,"Dragagem de areia grossa com draga de sucção e recalque - bomba de 1.350 kW e cortador de 170 kW - distância de recalque de até 500 m","m³",7.04]
[1917253,"Dragagem de areia grossa com draga de sucção e recalque - bomba de 294 kW e cortador de 30 kW - distância de recalque de 1.100 a 1.300 m","m³",10.130000000000001]
[1917254,"Dragagem de areia grossa com draga de sucção e recalque - bomba de 294 kW e cortador de 30 kW - distância de recalque de 1.300 a 1.500 m","m³",10.86]
[1917255,"Dragagem de areia grossa com draga de sucção e recalque - bomba de 294 kW e cortador de 30 kW - distância de recalque de 1.500 a 1.700 m","m³",11.77]
[1917256,"Dragagem de areia grossa com draga de sucção e recalque - bomba de 294 kW e cortador de 30 kW - distância de recalque de 1.700 a 1.900 m","m³",12.73]
[1917257,"Dragagem de areia grossa com draga de sucção e recalque - bomba de 294 kW e cortador de 30 kW - distância de recalque de 1.900 a 2.100 m","m³",13.94]
[1917258,"Dragagem de areia grossa com draga de sucção e recalque - bomba de 294 kW e cortador de 30 kW - distância de recalque de 2.100 a 2.300 m","m³",15.27]
[1917259,"Dragagem de areia grossa com draga de sucção e recalque - bomba de 294 kW e cortador de 30 kW - distância de recalque de 2.300 a 2.500 m","m³",19.11]
[1917250,"Dragagem de areia grossa com draga de sucção e recalque - bomba de 294 kW e cortador de 30 kW - distância de recalque de 500 a 700 m","m³",7.69]
[1917251,"Dragagem de areia grossa com draga de sucção e recalque - bomba de 294 kW e cortador de 30 kW - distância de recalque de 700 a 900 m","m³",8.14]
[1917252,"Dragagem de areia grossa com draga de sucção e recalque - bomba de 294 kW e cortador de 30 kW - distância de recalque de 900 a 1.100 m","m³",9.1]
[1917726,"Dragagem de areia grossa com draga de sucção e recalque - bomba de 294 kW e cortador de 30 kW - distância de recalque de até 500 m","m³",7.52]
[1917335,"Dragagem de areia grossa com draga de sucção e recalque - bomba de 483 kW e cortador de 55 kW - distância de recalque de 1.100 a 1.300 m","m³",7.66]
[1917336,"Dragagem de areia grossa com draga de sucção e recalque - bomba de 483 kW e cortador de 55 kW - distância de recalque de 1.300 a 1.500 m","m³",8.57]
[1917337,"Dragagem de areia grossa com draga de sucção e recalque - bomba de 483 kW e cortador de 55 kW - distância de recalque de 1.500 a 1.700 m","m³",9.35]
[1917338,"Dragagem de areia grossa com draga de sucção e recalque - bomba de 483 kW e cortador de 55 kW - distância de recalque de 1.700 a 1.900 m","m³",10.34]
[1917339,"Dragagem de areia grossa com draga de sucção e recalque - bomba de 483 kW e cortador de 55 kW - distância de recalque de 1.900 a 2.100 m","m³",11.54]
[1917340,"Dragagem de areia grossa com draga de sucção e recalque - bomba de 483 kW e cortador de 55 kW - distância de recalque de 2.100 a 2.300 m","m³",13.48]
[1917341,"Dragagem de areia grossa com draga de sucção e recalque - bomba de 483 kW e cortador de 55 kW - distância de recalque de 2.300 a 2.500 m","m³",17.190000000000001]
[1917342,"Dragagem de areia grossa com draga de sucção e recalque - bomba de 483 kW e cortador de 55 kW - distância de recalque de 2.500 a 2.700 m","m³",21.51]
[1917343,"Dragagem de areia grossa com draga de sucção e recalque - bomba de 483 kW e cortador de 55 kW - distância de recalque de 2.700 a 2.900 m","m³",27.02]
[1917344,"Dragagem de areia grossa com draga de sucção e recalque - bomba de 483 kW e cortador de 55 kW - distância de recalque de 2.900 a 3.100 m","m³",32.83]
[1917345,"Dragagem de areia grossa com draga de sucção e recalque - bomba de 483 kW e cortador de 55 kW - distância de recalque de 3.100 a 3.300 m","m³",40.92]
[1917346,"Dragagem de areia grossa com draga de sucção e recalque - bomba de 483 kW e cortador de 55 kW - distância de recalque de 3.300 a 3.500 m","m³",48.97]
[1917347,"Dragagem de areia grossa com draga de sucção e recalque - bomba de 483 kW e cortador de 55 kW - distância de recalque de 3.500 a 3.700 m","m³",60.31]
[1917332,"Dragagem de areia grossa com draga de sucção e recalque - bomba de 483 kW e cortador de 55 kW - distância de recalque de 500 a 700 m","m³",6.37]
[1917333,"Dragagem de areia grossa com draga de sucção e recalque - bomba de 483 kW e cortador de 55 kW - distância de recalque de 700 a 900 m","m³",6.74]
[1917334,"Dragagem de areia grossa com draga de sucção e recalque - bomba de 483 kW e cortador de 55 kW - distância de recalque de 900 a 1.100 m","m³",7.12]
[1917331,"Dragagem de areia grossa com draga de sucção e recalque - bomba de 483 kW e cortador de 55 kW - distância de recalque de até 500 m","m³",5.9]
[1917443,"Dragagem de areia grossa com draga de sucção e recalque - bomba de 746 kW e cortador de 110 kW - distância de recalque de 1.100 a 1.300 m","m³",8.77]
[1917444,"Dragagem de areia grossa com draga de sucção e recalque - bomba de 746 kW e cortador de 110 kW - distância de recalque de 1.300 a 1.500 m","m³",9.4499999999999993]
[1917445,"Dragagem de areia grossa com draga de sucção e recalque - bomba de 746 kW e cortador de 110 kW - distância de recalque de 1.500 a 1.700 m","m³",10.19]
[1917446,"Dragagem de areia grossa com draga de sucção e recalque - bomba de 746 kW e cortador de 110 kW - distância de recalque de 1.700 a 1.900 m","m³",10.94]
[1917447,"Dragagem de areia grossa com draga de sucção e recalque - bomba de 746 kW e cortador de 110 kW - distância de recalque de 1.900 a 2.100 m","m³",12.05]
[1917448,"Dragagem de areia grossa com draga de sucção e recalque - bomba de 746 kW e cortador de 110 kW - distância de recalque de 2.100 a 2.300 m","m³",13.07]
[1917449,"Dragagem de areia grossa com draga de sucção e recalque - bomba de 746 kW e cortador de 110 kW - distância de recalque de 2.300 a 2.500 m","m³",14.43]
[1917450,"Dragagem de areia grossa com draga de sucção e recalque - bomba de 746 kW e cortador de 110 kW - distância de recalque de 2.500 a 2.700 m","m³",16.11]
[1917451,"Dragagem de areia grossa com draga de sucção e recalque - bomba de 746 kW e cortador de 110 kW - distância de recalque de 2.700 a 2.900 m","m³",19.82]
[1917452,"Dragagem de areia grossa com draga de sucção e recalque - bomba de 746 kW e cortador de 110 kW - distância de recalque de 2.900 a 3.100 m","m³",23.54]
[1917453,"Dragagem de areia grossa com draga de sucção e recalque - bomba de 746 kW e cortador de 110 kW - distância de recalque de 3.100 a 3.300 m","m³",28.05]
[1917454,"Dragagem de areia grossa com draga de sucção e recalque - bomba de 746 kW e cortador de 110 kW - distância de recalque de 3.300 a 3.500 m","m³",33.020000000000003]
[1917455,"Dragagem de areia grossa com draga de sucção e recalque - bomba de 746 kW e cortador de 110 kW - distância de recalque de 3.500 a 3.700 m","m³",39.29]
[1917456,"Dragagem de areia grossa com draga de sucção e recalque - bomba de 746 kW e cortador de 110 kW - distância de recalque de 3.700 a 3.900 m","m³",46.15]
[1917457,"Dragagem de areia grossa com draga de sucção e recalque - bomba de 746 kW e cortador de 110 kW - distância de recalque de 3.900 a 4.100 m","m³",52.29]
[1917458,"Dragagem de areia grossa com draga de sucção e recalque - bomba de 746 kW e cortador de 110 kW - distância de recalque de 4.100 a 4.300 m","m³",60.44]
[1917459,"Dragagem de areia grossa com draga de sucção e recalque - bomba de 746 kW e cortador de 110 kW - distância de recalque de 4.300 a 4.500 m","m³",63.49]
[1917440,"Dragagem de areia grossa com draga de sucção e recalque - bomba de 746 kW e cortador de 110 kW - distância de recalque de 500 a 700 m","m³",6.34]
[1917441,"Dragagem de areia grossa com draga de sucção e recalque - bomba de 746 kW e cortador de 110 kW - distância de recalque de 700 a 900 m","m³",7.08]
[1917442,"Dragagem de areia grossa com draga de sucção e recalque - bomba de 746 kW e cortador de 110 kW - distância de recalque de 900 a 1.100 m","m³",7.81]
[1917734,"Dragagem de areia grossa com draga de sucção e recalque - bomba de 746 kW e cortador de 110 kW - distância de recalque de até 500 m","m³",5.84]
[1917055,"Dragagem de areia grossa com draga hopper - capacidade da cisterna de 1.000 m³ - DMT de 1.500 a 1.800 m","m³",28.16]
[1917056,"Dragagem de areia grossa com draga hopper - capacidade da cisterna de 1.000 m³ - DMT de 1.800 a 2.100 m","m³",28.68]
[1917057,"Dragagem de areia grossa com draga hopper - capacidade da cisterna de 1.000 m³ - DMT de 2.100 a 2.400 m","m³",29.22]
[1917058,"Dragagem de areia grossa com draga hopper - capacidade da cisterna de 1.000 m³ - DMT de 2.400 a 2.700 m","m³",29.78]
[1917059,"Dragagem de areia grossa com draga hopper - capacidade da cisterna de 1.000 m³ - DMT de 2.700 a 3.000 m","m³",30.38]
[1917060,"Dragagem de areia grossa com draga hopper - capacidade da cisterna de 1.000 m³ - DMT de 3.000 m","m³",30.69]
[1901536,"Dragagem de areia grossa com draga hopper - capacidade da cisterna de 10.000 m³ - DMT de 1.500 a 1.800 m","m³",15.99]
[1901537,"Dragagem de areia grossa com draga hopper - capacidade da cisterna de 10.000 m³ - DMT de 1.800 a 2.100 m","m³",16.12]
[1901538,"Dragagem de areia grossa com draga hopper - capacidade da cisterna de 10.000 m³ - DMT de 2.100 a 2.400 m","m³",16.25]
[1901539,"Dragagem de areia grossa com draga hopper - capacidade da cisterna de 10.000 m³ - DMT de 2.400 a 2.700 m","m³",16.399999999999999]
[1901540,"Dragagem de areia grossa com draga hopper - capacidade da cisterna de 10.000 m³ - DMT de 2.700 a 3.000 m","m³",16.55]
[1901535,"Dragagem de areia grossa com draga hopper - capacidade da cisterna de 10.000 m³ - DMT de 3.000 m","m³",16.63]
[1901542,"Dragagem de areia grossa com draga hopper - capacidade da cisterna de 15.000 m³ - DMT de 1.500 a 1.800 m","m³",20.93]
[1901543,"Dragagem de areia grossa com draga hopper - capacidade da cisterna de 15.000 m³ - DMT de 1.800 a 2.100 m","m³",21.06]
[1901544,"Dragagem de areia grossa com draga hopper - capacidade da cisterna de 15.000 m³ - DMT de 2.100 a 2.400 m","m³",21.18]
[1901545,"Dragagem de areia grossa com draga hopper - capacidade da cisterna de 15.000 m³ - DMT de 2.400 a 2.700 m","m³",21.32]
[1901546,"Dragagem de areia grossa com draga hopper - capacidade da cisterna de 15.000 m³ - DMT de 2.700 a 3.000 m","m³",21.46]
[1901541,"Dragagem de areia grossa com draga hopper - capacidade da cisterna de 15.000 m³ - DMT de 3.000 m","m³",21.53]
[1917091,"Dragagem de areia grossa com draga hopper - capacidade da cisterna de 2.000 m³ - DMT de 1.500 a 1.800 m","m³",18.73]
[1917092,"Dragagem de areia grossa com draga hopper - capacidade da cisterna de 2.000 m³ - DMT de 1.800 a 2.100 m","m³",19.03]
[1917093,"Dragagem de areia grossa com draga hopper - capacidade da cisterna de 2.000 m³ - DMT de 2.100 a 2.400 m","m³",19.350000000000001]
[1917094,"Dragagem de areia grossa com draga hopper - capacidade da cisterna de 2.000 m³ - DMT de 2.400 a 2.700 m","m³",19.68]
[1917095,"Dragagem de areia grossa com draga hopper - capacidade da cisterna de 2.000 m³ - DMT de 2.700 a 3.000 m","m³",20.03]
[1917096,"Dragagem de areia grossa com draga hopper - capacidade da cisterna de 2.000 m³ - DMT de 3.000 m","m³",20.22]
[1901548,"Dragagem de areia grossa com draga hopper - capacidade da cisterna de 20.000 m³ - DMT de 1.500 a 1.800 m","m³",26]
[1901549,"Dragagem de areia grossa com draga hopper - capacidade da cisterna de 20.000 m³ - DMT de 1.800 a 2.100 m","m³",26.12]
[1901550,"Dragagem de areia grossa com draga hopper - capacidade da cisterna de 20.000 m³ - DMT de 2.100 a 2.400 m","m³",26.24]
[1901551,"Dragagem de areia grossa com draga hopper - capacidade da cisterna de 20.000 m³ - DMT de 2.400 a 2.700 m","m³",26.37]
[1901552,"Dragagem de areia grossa com draga hopper - capacidade da cisterna de 20.000 m³ - DMT de 2.700 a 3.000 m","m³",26.51]
[1901547,"Dragagem de areia grossa com draga hopper - capacidade da cisterna de 20.000 m³ - DMT de 3.000 m","m³",26.58]
[1917127,"Dragagem de areia grossa com draga hopper - capacidade da cisterna de 3.000 m³ - DMT de 1.500 a 1.800 m","m³",17.149999999999999]
[1917128,"Dragagem de areia grossa com draga hopper - capacidade da cisterna de 3.000 m³ - DMT de 1.800 a 2.100 m","m³",17.39]
[1917129,"Dragagem de areia grossa com draga hopper - capacidade da cisterna de 3.000 m³ - DMT de 2.100 a 2.400 m","m³",17.64]
[1917130,"Dragagem de areia grossa com draga hopper - capacidade da cisterna de 3.000 m³ - DMT de 2.400 a 2.700 m","m³",17.899999999999999]
[1917131,"Dragagem de areia grossa com draga hopper - capacidade da cisterna de 3.000 m³ - DMT de 2.700 a 3.000 m","m³",18.170000000000002]
[1917132,"Dragagem de areia grossa com draga hopper - capacidade da cisterna de 3.000 m³ - DMT de 3.000 m","m³",18.32]
[1917163,"Dragagem de areia grossa com draga hopper - capacidade da cisterna de 4.000 m³ - DMT de 1.500 a 1.800 m","m³",15.97]
[1917164,"Dragagem de areia grossa com draga hopper - capacidade da cisterna de 4.000 m³ - DMT de 1.800 a 2.100 m","m³",16.18]
[1917165,"Dragagem de areia grossa com draga hopper - capacidade da cisterna de 4.000 m³ - DMT de 2.100 a 2.400 m","m³",16.39]
[1917166,"Dragagem de areia grossa com draga hopper - capacidade da cisterna de 4.000 m³ - DMT de 2.400 a 2.700 m","m³",16.61]
[1917167,"Dragagem de areia grossa com draga hopper - capacidade da cisterna de 4.000 m³ - DMT de 2.700 a 3.000 m","m³",16.850000000000001]
[1917168,"Dragagem de areia grossa com draga hopper - capacidade da cisterna de 4.000 m³ - DMT de 3.000 m","m³",16.98]
[1917199,"Dragagem de areia grossa com draga hopper - capacidade da cisterna de 5.000 m³ - DMT de 1.500 a 1.800 m","m³",17.46]
[1917200,"Dragagem de areia grossa com draga hopper - capacidade da cisterna de 5.000 m³ - DMT de 1.800 a 2.100 m","m³",17.64]
[1917201,"Dragagem de areia grossa com draga hopper - capacidade da cisterna de 5.000 m³ - DMT de 2.100 a 2.400 m","m³",17.82]
[1917202,"Dragagem de areia grossa com draga hopper - capacidade da cisterna de 5.000 m³ - DMT de 2.400 a 2.700 m","m³",18.02]
[1917203,"Dragagem de areia grossa com draga hopper - capacidade da cisterna de 5.000 m³ - DMT de 2.700 a 3.000 m","m³",18.23]
[1917204,"Dragagem de areia grossa com draga hopper - capacidade da cisterna de 5.000 m³ - DMT de 3.000 m","m³",18.34]
[1917019,"Dragagem de areia grossa com draga hopper - capacidade da cisterna de 750 m³ - DMT de 1.500 a 1.800 m","m³",39.11]
[1917020,"Dragagem de areia grossa com draga hopper - capacidade da cisterna de 750 m³ - DMT de 1.800 a 2.100 m","m³",39.880000000000003]
[1917021,"Dragagem de areia grossa com draga hopper - capacidade da cisterna de 750 m³ - DMT de 2.100 a 2.400 m","m³",40.659999999999997]
[1917022,"Dragagem de areia grossa com draga hopper - capacidade da cisterna de 750 m³ - DMT de 2.400 a 2.700 m","m³",41.49]
[1917023,"Dragagem de areia grossa com draga hopper - capacidade da cisterna de 750 m³ - DMT de 2.700 a 3.000 m","m³",42.36]
[1917024,"Dragagem de areia grossa com draga hopper - capacidade da cisterna de 750 m³ - DMT de 3.000 m","m³",42.82]
[1917541,"Dragagem de areia média com draga de sucção e recalque - bomba de 1.350 kW e cortador de 170 kW - distância de recalque de 1.100 a 1.300 m","m³",7.63]
[1917542,"Dragagem de areia média com draga de sucção e recalque - bomba de 1.350 kW e cortador de 170 kW - distância de recalque de 1.300 a 1.500 m","m³",8.3699999999999992]
[1917543,"Dragagem de areia média com draga de sucção e recalque - bomba de 1.350 kW e cortador de 170 kW - distância de recalque de 1.500 a 1.700 m","m³",8.74]
[1917544,"Dragagem de areia média com draga de sucção e recalque - bomba de 1.350 kW e cortador de 170 kW - distância de recalque de 1.700 a 1.900 m","m³",9.1]
[1917545,"Dragagem de areia média com draga de sucção e recalque - bomba de 1.350 kW e cortador de 170 kW - distância de recalque de 1.900 a 2.100 m","m³",9.58]
[1917546,"Dragagem de areia média com draga de sucção e recalque - bomba de 1.350 kW e cortador de 170 kW - distância de recalque de 2.100 a 2.300 m","m³",9.99]
[1917547,"Dragagem de areia média com draga de sucção e recalque - bomba de 1.350 kW e cortador de 170 kW - distância de recalque de 2.300 a 2.500 m","m³",10.78]
[1917548,"Dragagem de areia média com draga de sucção e recalque - bomba de 1.350 kW e cortador de 170 kW - distância de recalque de 2.500 a 2.700 m","m³",11.3]
[1917549,"Dragagem de areia média com draga de sucção e recalque - bomba de 1.350 kW e cortador de 170 kW - distância de recalque de 2.700 a 2.900 m","m³",11.86]
[1917550,"Dragagem de areia média com draga de sucção e recalque - bomba de 1.350 kW e cortador de 170 kW - distância de recalque de 2.900 a 3.100 m","m³",12.46]
[1917551,"Dragagem de areia média com draga de sucção e recalque - bomba de 1.350 kW e cortador de 170 kW - distância de recalque de 3.100 a 3.300 m","m³",13.38]
[1917552,"Dragagem de areia média com draga de sucção e recalque - bomba de 1.350 kW e cortador de 170 kW - distância de recalque de 3.300 a 3.500 m","m³",14.03]
[1917553,"Dragagem de areia média com draga de sucção e recalque - bomba de 1.350 kW e cortador de 170 kW - distância de recalque de 3.500 a 3.700 m","m³",13.93]
[1917554,"Dragagem de areia média com draga de sucção e recalque - bomba de 1.350 kW e cortador de 170 kW - distância de recalque de 3.700 a 3.900 m","m³",15.27]
[1917555,"Dragagem de areia média com draga de sucção e recalque - bomba de 1.350 kW e cortador de 170 kW - distância de recalque de 3.900 a 4.100 m","m³",15.98]
[1917556,"Dragagem de areia média com draga de sucção e recalque - bomba de 1.350 kW e cortador de 170 kW - distância de recalque de 4.100 a 4.300 m","m³",17.100000000000001]
[1917557,"Dragagem de areia média com draga de sucção e recalque - bomba de 1.350 kW e cortador de 170 kW - distância de recalque de 4.300 a 4.500 m","m³",17.89]
[1917558,"Dragagem de areia média com draga de sucção e recalque - bomba de 1.350 kW e cortador de 170 kW - distância de recalque de 4.500 a 4.700 m","m³",19.07]
[1917559,"Dragagem de areia média com draga de sucção e recalque - bomba de 1.350 kW e cortador de 170 kW - distância de recalque de 4.700 a 4.900 m","m³",21.11]
[1917560,"Dragagem de areia média com draga de sucção e recalque - bomba de 1.350 kW e cortador de 170 kW - distância de recalque de 4.900 a 5.100 m","m³",23.66]
[1917561,"Dragagem de areia média com draga de sucção e recalque - bomba de 1.350 kW e cortador de 170 kW - distância de recalque de 5.100 a 5.300 m","m³",26.23]
[1917562,"Dragagem de areia média com draga de sucção e recalque - bomba de 1.350 kW e cortador de 170 kW - distância de recalque de 5.300 a 5.500 m","m³",29.18]
[1917563,"Dragagem de areia média com draga de sucção e recalque - bomba de 1.350 kW e cortador de 170 kW - distância de recalque de 5.500 a 5.700 m","m³",31.86]
[1917564,"Dragagem de areia média com draga de sucção e recalque - bomba de 1.350 kW e cortador de 170 kW - distância de recalque de 5.700 a 5.900 m","m³",34.76]
[1917565,"Dragagem de areia média com draga de sucção e recalque - bomba de 1.350 kW e cortador de 170 kW - distância de recalque de 5.900 a 6.100 m","m³",38.58]
[1917538,"Dragagem de areia média com draga de sucção e recalque - bomba de 1.350 kW e cortador de 170 kW - distância de recalque de 500 a 700 m","m³",6.52]
[1917566,"Dragagem de areia média com draga de sucção e recalque - bomba de 1.350 kW e cortador de 170 kW - distância de recalque de 6.100 a 6.300 m","m³",42.52]
[1917567,"Dragagem de areia média com draga de sucção e recalque - bomba de 1.350 kW e cortador de 170 kW - distância de recalque de 6.300 a 6.500 m","m³",46.68]
[1917568,"Dragagem de areia média com draga de sucção e recalque - bomba de 1.350 kW e cortador de 170 kW - distância de recalque de 6.500 a 6.700 m","m³",50.64]
[1917569,"Dragagem de areia média com draga de sucção e recalque - bomba de 1.350 kW e cortador de 170 kW - distância de recalque de 6.700 a 6.900 m","m³",55.52]
[1917570,"Dragagem de areia média com draga de sucção e recalque - bomba de 1.350 kW e cortador de 170 kW - distância de recalque de 6.900 a 7.100 m","m³",60.05]
[1917571,"Dragagem de areia média com draga de sucção e recalque - bomba de 1.350 kW e cortador de 170 kW - distância de recalque de 7.100 a 7.300 m","m³",65.430000000000007]
[1917572,"Dragagem de areia média com draga de sucção e recalque - bomba de 1.350 kW e cortador de 170 kW - distância de recalque de 7.300 a 7.500 m","m³",71.42]
[1917573,"Dragagem de areia média com draga de sucção e recalque - bomba de 1.350 kW e cortador de 170 kW - distância de recalque de 7.500 a 7.700 m","m³",77.959999999999994]
[1917574,"Dragagem de areia média com draga de sucção e recalque - bomba de 1.350 kW e cortador de 170 kW - distância de recalque de 7.700 a 7.900 m","m³",83.84]
[1917539,"Dragagem de areia média com draga de sucção e recalque - bomba de 1.350 kW e cortador de 170 kW - distância de recalque de 700 a 900 m","m³",6.86]
[1917540,"Dragagem de areia média com draga de sucção e recalque - bomba de 1.350 kW e cortador de 170 kW - distância de recalque de 900 a 1.100 m","m³",7.29]
[1917738,"Dragagem de areia média com draga de sucção e recalque - bomba de 1.350 kW e cortador de 170 kW - distância de recalque de até 500 m","m³",6.42]
[1917238,"Dragagem de areia média com draga de sucção e recalque - bomba de 294 kW e cortador de 30 kW - distância de recalque de 1.100 a 1.300 m","m³",9.11]
[1917239,"Dragagem de areia média com draga de sucção e recalque - bomba de 294 kW e cortador de 30 kW - distância de recalque de 1.300 a 1.500 m","m³",9.8699999999999992]
[1917240,"Dragagem de areia média com draga de sucção e recalque - bomba de 294 kW e cortador de 30 kW - distância de recalque de 1.500 a 1.700 m","m³",10.55]
[1917241,"Dragagem de areia média com draga de sucção e recalque - bomba de 294 kW e cortador de 30 kW - distância de recalque de 1.700 a 1.900 m","m³",11.17]
[1917242,"Dragagem de areia média com draga de sucção e recalque - bomba de 294 kW e cortador de 30 kW - distância de recalque de 1.900 a 2.100 m","m³",11.77]
[1917243,"Dragagem de areia média com draga de sucção e recalque - bomba de 294 kW e cortador de 30 kW - distância de recalque de 2.100 a 2.300 m","m³",12.34]
[1917244,"Dragagem de areia média com draga de sucção e recalque - bomba de 294 kW e cortador de 30 kW - distância de recalque de 2.300 a 2.500 m","m³",13.05]
[1917245,"Dragagem de areia média com draga de sucção e recalque - bomba de 294 kW e cortador de 30 kW - distância de recalque de 2.500 a 2.700 m","m³",13.73]
[1917246,"Dragagem de areia média com draga de sucção e recalque - bomba de 294 kW e cortador de 30 kW - distância de recalque de 2.700 a 2.900 m","m³",14.46]
[1917247,"Dragagem de areia média com draga de sucção e recalque - bomba de 294 kW e cortador de 30 kW - distância de recalque de 2.900 a 3.100 m","m³",15.68]
[1917248,"Dragagem de areia média com draga de sucção e recalque - bomba de 294 kW e cortador de 30 kW - distância de recalque de 3.100 a 3.300 m","m³",17.87]
[1917249,"Dragagem de areia média com draga de sucção e recalque - bomba de 294 kW e cortador de 30 kW - distância de recalque de 3.300 a 3.500 m","m³",21.51]
[1917235,"Dragagem de areia média com draga de sucção e recalque - bomba de 294 kW e cortador de 30 kW - distância de recalque de 500 a 700 m","m³",7.26]
[1917236,"Dragagem de areia média com draga de sucção e recalque - bomba de 294 kW e cortador de 30 kW - distância de recalque de 700 a 900 m","m³",7.75]
[1917237,"Dragagem de areia média com draga de sucção e recalque - bomba de 294 kW e cortador de 30 kW - distância de recalque de 900 a 1.100 m","m³",8.35]
[1917725,"Dragagem de areia média com draga de sucção e recalque - bomba de 294 kW e cortador de 30 kW - distância de recalque de até 500 m","m³",7.06]
[1917311,"Dragagem de areia média com draga de sucção e recalque - bomba de 483 kW e cortador de 55 kW - distância de recalque de 1.100 a 1.300 m","m³",7.25]
[1917312,"Dragagem de areia média com draga de sucção e recalque - bomba de 483 kW e cortador de 55 kW - distância de recalque de 1.300 a 1.500 m","m³",8.07]
[1917313,"Dragagem de areia média com draga de sucção e recalque - bomba de 483 kW e cortador de 55 kW - distância de recalque de 1.500 a 1.700 m","m³",8.65]
[1917314,"Dragagem de areia média com draga de sucção e recalque - bomba de 483 kW e cortador de 55 kW - distância de recalque de 1.700 a 1.900 m","m³",9.19]
[1917315,"Dragagem de areia média com draga de sucção e recalque - bomba de 483 kW e cortador de 55 kW - distância de recalque de 1.900 a 2.100 m","m³",9.86]
[1917316,"Dragagem de areia média com draga de sucção e recalque - bomba de 483 kW e cortador de 55 kW - distância de recalque de 2.100 a 2.300 m","m³",10.53]
[1917317,"Dragagem de areia média com draga de sucção e recalque - bomba de 483 kW e cortador de 55 kW - distância de recalque de 2.300 a 2.500 m","m³",11.51]
[1917318,"Dragagem de areia média com draga de sucção e recalque - bomba de 483 kW e cortador de 55 kW - distância de recalque de 2.500 a 2.700 m","m³",12.44]
[1917319,"Dragagem de areia média com draga de sucção e recalque - bomba de 483 kW e cortador de 55 kW - distância de recalque de 2.700 a 2.900 m","m³",13.31]
[1917320,"Dragagem de areia média com draga de sucção e recalque - bomba de 483 kW e cortador de 55 kW - distância de recalque de 2.900 a 3.100 m","m³",14.25]
[1917321,"Dragagem de areia média com draga de sucção e recalque - bomba de 483 kW e cortador de 55 kW - distância de recalque de 3.100 a 3.300 m","m³",17.489999999999998]
[1917322,"Dragagem de areia média com draga de sucção e recalque - bomba de 483 kW e cortador de 55 kW - distância de recalque de 3.300 a 3.500 m","m³",20.38]
[1917323,"Dragagem de areia média com draga de sucção e recalque - bomba de 483 kW e cortador de 55 kW - distância de recalque de 3.500 a 3.700 m","m³",24.09]
[1917324,"Dragagem de areia média com draga de sucção e recalque - bomba de 483 kW e cortador de 55 kW - distância de recalque de 3.700 a 3.900 m","m³",27.99]
[1917325,"Dragagem de areia média com draga de sucção e recalque - bomba de 483 kW e cortador de 55 kW - distância de recalque de 3.900 a 4.100 m","m³",32.61]
[1917326,"Dragagem de areia média com draga de sucção e recalque - bomba de 483 kW e cortador de 55 kW - distância de recalque de 4.100 a 4.300 m","m³",38.799999999999997]
[1917327,"Dragagem de areia média com draga de sucção e recalque - bomba de 483 kW e cortador de 55 kW - distância de recalque de 4.300 a 4.500 m","m³",45.17]
[1917328,"Dragagem de areia média com draga de sucção e recalque - bomba de 483 kW e cortador de 55 kW - distância de recalque de 4.500 a 4.700 m","m³",52.49]
[1917329,"Dragagem de areia média com draga de sucção e recalque - bomba de 483 kW e cortador de 55 kW - distância de recalque de 4.700 a 4.900 m","m³",57.46]
[1917330,"Dragagem de areia média com draga de sucção e recalque - bomba de 483 kW e cortador de 55 kW - distância de recalque de 4.900 a 5.100 m","m³",63.51]
[1917308,"Dragagem de areia média com draga de sucção e recalque - bomba de 483 kW e cortador de 55 kW - distância de recalque de 500 a 700 m","m³",6.06]
[1917309,"Dragagem de areia média com draga de sucção e recalque - bomba de 483 kW e cortador de 55 kW - distância de recalque de 700 a 900 m","m³",6.39]
[1917310,"Dragagem de areia média com draga de sucção e recalque - bomba de 483 kW e cortador de 55 kW - distância de recalque de 900 a 1.100 m","m³",6.75]
[1917730,"Dragagem de areia média com draga de sucção e recalque - bomba de 483 kW e cortador de 55 kW - distância de recalque de até 500 m","m³",5.98]
[1917415,"Dragagem de areia média com draga de sucção e recalque - bomba de 746 kW e cortador de 110 kW - distância de recalque de 1.100 a 1.300 m","m³",7.59]
[1917416,"Dragagem de areia média com draga de sucção e recalque - bomba de 746 kW e cortador de 110 kW - distância de recalque de 1.300 a 1.500 m","m³",8.3699999999999992]
[1917417,"Dragagem de areia média com draga de sucção e recalque - bomba de 746 kW e cortador de 110 kW - distância de recalque de 1.500 a 1.700 m","m³",8.92]
[1917418,"Dragagem de areia média com draga de sucção e recalque - bomba de 746 kW e cortador de 110 kW - distância de recalque de 1.700 a 1.900 m","m³",9.44]
[1917419,"Dragagem de areia média com draga de sucção e recalque - bomba de 746 kW e cortador de 110 kW - distância de recalque de 1.900 a 2.100 m","m³",9.89]
[1917420,"Dragagem de areia média com draga de sucção e recalque - bomba de 746 kW e cortador de 110 kW - distância de recalque de 2.100 a 2.300 m","m³",10.44]
[1917421,"Dragagem de areia média com draga de sucção e recalque - bomba de 746 kW e cortador de 110 kW - distância de recalque de 2.300 a 2.500 m","m³",11.27]
[1917422,"Dragagem de areia média com draga de sucção e recalque - bomba de 746 kW e cortador de 110 kW - distância de recalque de 2.500 a 2.700 m","m³",11.78]
[1917423,"Dragagem de areia média com draga de sucção e recalque - bomba de 746 kW e cortador de 110 kW - distância de recalque de 2.700 a 2.900 m","m³",12.31]
[1917424,"Dragagem de areia média com draga de sucção e recalque - bomba de 746 kW e cortador de 110 kW - distância de recalque de 2.900 a 3.100 m","m³",12.86]
[1917425,"Dragagem de areia média com draga de sucção e recalque - bomba de 746 kW e cortador de 110 kW - distância de recalque de 3.100 a 3.300 m","m³",13.91]
[1917426,"Dragagem de areia média com draga de sucção e recalque - bomba de 746 kW e cortador de 110 kW - distância de recalque de 3.300 a 3.500 m","m³",15.14]
[1917427,"Dragagem de areia média com draga de sucção e recalque - bomba de 746 kW e cortador de 110 kW - distância de recalque de 3.500 a 3.700 m","m³",17.420000000000002]
[1917428,"Dragagem de areia média com draga de sucção e recalque - bomba de 746 kW e cortador de 110 kW - distância de recalque de 3.700 a 3.900 m","m³",20.100000000000001]
[1917429,"Dragagem de areia média com draga de sucção e recalque - bomba de 746 kW e cortador de 110 kW - distância de recalque de 3.900 a 4.100 m","m³",22.92]
[1917430,"Dragagem de areia média com draga de sucção e recalque - bomba de 746 kW e cortador de 110 kW - distância de recalque de 4.100 a 4.300 m","m³",26.59]
[1917431,"Dragagem de areia média com draga de sucção e recalque - bomba de 746 kW e cortador de 110 kW - distância de recalque de 4.300 a 4.500 m","m³",29.88]
[1917432,"Dragagem de areia média com draga de sucção e recalque - bomba de 746 kW e cortador de 110 kW - distância de recalque de 4.500 a 4.700 m","m³",34.159999999999997]
[1917433,"Dragagem de areia média com draga de sucção e recalque - bomba de 746 kW e cortador de 110 kW - distância de recalque de 4.700 a 4.900 m","m³",38.549999999999997]
[1917434,"Dragagem de areia média com draga de sucção e recalque - bomba de 746 kW e cortador de 110 kW - distância de recalque de 4.900 a 5.100 m","m³",43.66]
[1917435,"Dragagem de areia média com draga de sucção e recalque - bomba de 746 kW e cortador de 110 kW - distância de recalque de 5.100 a 5.300 m","m³",49.91]
[1917436,"Dragagem de areia média com draga de sucção e recalque - bomba de 746 kW e cortador de 110 kW - distância de recalque de 5.300 a 5.500 m","m³",55.55]
[1917437,"Dragagem de areia média com draga de sucção e recalque - bomba de 746 kW e cortador de 110 kW - distância de recalque de 5.500 a 5.700 m","m³",62.78]
[1917438,"Dragagem de areia média com draga de sucção e recalque - bomba de 746 kW e cortador de 110 kW - distância de recalque de 5.700 a 5.900 m","m³",67.8]
[1917439,"Dragagem de areia média com draga de sucção e recalque - bomba de 746 kW e cortador de 110 kW - distância de recalque de 5.900 a 6.100 m","m³",72.099999999999994]
[1917412,"Dragagem de areia média com draga de sucção e recalque - bomba de 746 kW e cortador de 110 kW - distância de recalque de 500 a 700 m","m³",5.87]
[1917413,"Dragagem de areia média com draga de sucção e recalque - bomba de 746 kW e cortador de 110 kW - distância de recalque de 700 a 900 m","m³",6.49]
[1917414,"Dragagem de areia média com draga de sucção e recalque - bomba de 746 kW e cortador de 110 kW - distância de recalque de 900 a 1.100 m","m³",7.11]
[1917733,"Dragagem de areia média com draga de sucção e recalque - bomba de 746 kW e cortador de 110 kW - distância de recalque de até 500 m","m³",5.45]
[1917049,"Dragagem de areia média com draga hopper - capacidade da cisterna de 1.000 m³ - DMT de 1.500 a 1.800 m","m³",29.09]
[1917050,"Dragagem de areia média com draga hopper - capacidade da cisterna de 1.000 m³ - DMT de 1.800 a 2.100 m","m³",29.62]
[1917051,"Dragagem de areia média com draga hopper - capacidade da cisterna de 1.000 m³ - DMT de 2.100 a 2.400 m","m³",30.17]
[1917052,"Dragagem de areia média com draga hopper - capacidade da cisterna de 1.000 m³ - DMT de 2.400 a 2.700 m","m³",30.73]
[1917053,"Dragagem de areia média com draga hopper - capacidade da cisterna de 1.000 m³ - DMT de 2.700 a 3.000 m","m³",31.34]
[1917054,"Dragagem de areia média com draga hopper - capacidade da cisterna de 1.000 m³ - DMT de 3.000 m","m³",31.66]
[1901553,"Dragagem de areia média com draga hopper - capacidade da cisterna de 10.000 m³ - DMT de 1.500 a 1.800 m","m³",16.600000000000001]
[1901554,"Dragagem de areia média com draga hopper - capacidade da cisterna de 10.000 m³ - DMT de 1.800 a 2.100 m","m³",16.73]
[1901555,"Dragagem de areia média com draga hopper - capacidade da cisterna de 10.000 m³ - DMT de 2.100 a 2.400 m","m³",16.87]
[1901556,"Dragagem de areia média com draga hopper - capacidade da cisterna de 10.000 m³ - DMT de 2.400 a 2.700 m","m³",17.010000000000002]
[1901557,"Dragagem de areia média com draga hopper - capacidade da cisterna de 10.000 m³ - DMT de 2.700 a 3.000 m","m³",17.16]
[1901558,"Dragagem de areia média com draga hopper - capacidade da cisterna de 10.000 m³ - DMT de 3.000 m","m³",17.239999999999998]
[1901560,"Dragagem de areia média com draga hopper - capacidade da cisterna de 15.000 m³ - DMT de 1.500 a 1.800 m","m³",21.77]
[1901561,"Dragagem de areia média com draga hopper - capacidade da cisterna de 15.000 m³ - DMT de 1.800 a 2.100 m","m³",21.9]
[1901562,"Dragagem de areia média com draga hopper - capacidade da cisterna de 15.000 m³ - DMT de 2.100 a 2.400 m","m³",22.03]
[1901563,"Dragagem de areia média com draga hopper - capacidade da cisterna de 15.000 m³ - DMT de 2.400 a 2.700 m","m³",22.16]
[1901564,"Dragagem de areia média com draga hopper - capacidade da cisterna de 15.000 m³ - DMT de 2.700 a 3.000 m","m³",22.3]
[1901559,"Dragagem de areia média com draga hopper - capacidade da cisterna de 15.000 m³ - DMT de 3.000 m","m³",22.38]
[1917085,"Dragagem de areia média com draga hopper - capacidade da cisterna de 2.000 m³ - DMT de 1.500 a 1.800 m","m³",19.36]
[1917086,"Dragagem de areia média com draga hopper - capacidade da cisterna de 2.000 m³ - DMT de 1.800 a 2.100 m","m³",19.670000000000002]
[1917087,"Dragagem de areia média com draga hopper - capacidade da cisterna de 2.000 m³ - DMT de 2.100 a 2.400 m","m³",19.989999999999998]
[1917088,"Dragagem de areia média com draga hopper - capacidade da cisterna de 2.000 m³ - DMT de 2.400 a 2.700 m","m³",20.32]
[1917089,"Dragagem de areia média com draga hopper - capacidade da cisterna de 2.000 m³ - DMT de 2.700 a 3.000 m","m³",20.68]
[1917090,"Dragagem de areia média com draga hopper - capacidade da cisterna de 2.000 m³ - DMT de 3.000 m","m³",20.87]
[1901566,"Dragagem de areia média com draga hopper - capacidade da cisterna de 20.000 m³ - DMT de 1.500 a 1.800 m","m³",27.07]
[1901567,"Dragagem de areia média com draga hopper - capacidade da cisterna de 20.000 m³ - DMT de 1.800 a 2.100 m","m³",27.19]
[1901568,"Dragagem de areia média com draga hopper - capacidade da cisterna de 20.000 m³ - DMT de 2.100 a 2.400 m","m³",27.32]
[1901569,"Dragagem de areia média com draga hopper - capacidade da cisterna de 20.000 m³ - DMT de 2.400 a 2.700 m","m³",27.45]
[1901570,"Dragagem de areia média com draga hopper - capacidade da cisterna de 20.000 m³ - DMT de 2.700 a 3.000 m","m³",27.59]
[1901565,"Dragagem de areia média com draga hopper - capacidade da cisterna de 20.000 m³ - DMT de 3.000 m","m³",27.66]
[1917121,"Dragagem de areia média com draga hopper - capacidade da cisterna de 3.000 m³ - DMT de 1.500 a 1.800 m","m³",17.75]
[1917122,"Dragagem de areia média com draga hopper - capacidade da cisterna de 3.000 m³ - DMT de 1.800 a 2.100 m","m³",18]
[1917123,"Dragagem de areia média com draga hopper - capacidade da cisterna de 3.000 m³ - DMT de 2.100 a 2.400 m","m³",18.25]
[1917124,"Dragagem de areia média com draga hopper - capacidade da cisterna de 3.000 m³ - DMT de 2.400 a 2.700 m","m³",18.510000000000002]
[1917125,"Dragagem de areia média com draga hopper - capacidade da cisterna de 3.000 m³ - DMT de 2.700 a 3.000 m","m³",18.78]
[1917126,"Dragagem de areia média com draga hopper - capacidade da cisterna de 3.000 m³ - DMT de 3.000 m","m³",18.93]
[1917157,"Dragagem de areia média com draga hopper - capacidade da cisterna de 4.000 m³ - DMT de 1.500 a 1.800 m","m³",16.54]
[1917158,"Dragagem de areia média com draga hopper - capacidade da cisterna de 4.000 m³ - DMT de 1.800 a 2.100 m","m³",16.75]
[1917159,"Dragagem de areia média com draga hopper - capacidade da cisterna de 4.000 m³ - DMT de 2.100 a 2.400 m","m³",16.96]
[1917160,"Dragagem de areia média com draga hopper - capacidade da cisterna de 4.000 m³ - DMT de 2.400 a 2.700 m","m³",17.190000000000001]
[1917161,"Dragagem de areia média com draga hopper - capacidade da cisterna de 4.000 m³ - DMT de 2.700 a 3.000 m","m³",17.420000000000002]
[1917162,"Dragagem de areia média com draga hopper - capacidade da cisterna de 4.000 m³ - DMT de 3.000 m","m³",17.55]
[1917193,"Dragagem de areia média com draga hopper - capacidade da cisterna de 5.000 m³ - DMT de 1.500 a 1.800 m","m³",18.11]
[1917194,"Dragagem de areia média com draga hopper - capacidade da cisterna de 5.000 m³ - DMT de 1.800 a 2.100 m","m³",18.29]
[1917195,"Dragagem de areia média com draga hopper - capacidade da cisterna de 5.000 m³ - DMT de 2.100 a 2.400 m","m³",18.48]
[1917196,"Dragagem de areia média com draga hopper - capacidade da cisterna de 5.000 m³ - DMT de 2.400 a 2.700 m","m³",18.670000000000002]
[1917197,"Dragagem de areia média com draga hopper - capacidade da cisterna de 5.000 m³ - DMT de 2.700 a 3.000 m","m³",18.88]
[1917198,"Dragagem de areia média com draga hopper - capacidade da cisterna de 5.000 m³ - DMT de 3.000 m","m³",19]
[1917013,"Dragagem de areia média com draga hopper - capacidade da cisterna de 750 m³ - DMT de 1.500 a 1.800 m","m³",40.44]
[1917014,"Dragagem de areia média com draga hopper - capacidade da cisterna de 750 m³ - DMT de 1.800 a 2.100 m","m³",41.21]
[1917015,"Dragagem de areia média com draga hopper - capacidade da cisterna de 750 m³ - DMT de 2.100 a 2.400 m","m³",42.01]
[1917016,"Dragagem de areia média com draga hopper - capacidade da cisterna de 750 m³ - DMT de 2.400 a 2.700 m","m³",42.84]
[1917017,"Dragagem de areia média com draga hopper - capacidade da cisterna de 750 m³ - DMT de 2.700 a 3.000 m","m³",43.72]
[1917018,"Dragagem de areia média com draga hopper - capacidade da cisterna de 750 m³ - DMT de 3.000 m","m³",44.19]
[1917623,"Dragagem de cascalho com draga de sucção e recalque - bomba de 1.350 kW e cortador de 170 kW - distância de recalque de 1.100 a 1.300 m","m³",27.07]
[1917624,"Dragagem de cascalho com draga de sucção e recalque - bomba de 1.350 kW e cortador de 170 kW - distância de recalque de 1.300 a 1.500 m","m³",34.26]
[1917625,"Dragagem de cascalho com draga de sucção e recalque - bomba de 1.350 kW e cortador de 170 kW - distância de recalque de 1.500 a 1.700 m","m³",43.02]
[1917626,"Dragagem de cascalho com draga de sucção e recalque - bomba de 1.350 kW e cortador de 170 kW - distância de recalque de 1.700 a 1.900 m","m³",52.8]
[1917627,"Dragagem de cascalho com draga de sucção e recalque - bomba de 1.350 kW e cortador de 170 kW - distância de recalque de 1.900 a 2.100 m","m³",63.65]
[1917628,"Dragagem de cascalho com draga de sucção e recalque - bomba de 1.350 kW e cortador de 170 kW - distância de recalque de 2.100 a 2.300 m","m³",74.489999999999995]
[1917620,"Dragagem de cascalho com draga de sucção e recalque - bomba de 1.350 kW e cortador de 170 kW - distância de recalque de 500 a 700 m","m³",12.68]
[1917621,"Dragagem de cascalho com draga de sucção e recalque - bomba de 1.350 kW e cortador de 170 kW - distância de recalque de 700 a 900 m","m³",14.63]
[1917622,"Dragagem de cascalho com draga de sucção e recalque - bomba de 1.350 kW e cortador de 170 kW - distância de recalque de 900 a 1.100 m","m³",18.149999999999999]
[1917741,"Dragagem de cascalho com draga de sucção e recalque - bomba de 1.350 kW e cortador de 170 kW - distância de recalque de até 500 m","m³",11.67]
[1917269,"Dragagem de cascalho com draga de sucção e recalque - bomba de 294 kW e cortador de 30 kW - distância de recalque de 1.100 a 1.300 m","m³",30.05]
[1917270,"Dragagem de cascalho com draga de sucção e recalque - bomba de 294 kW e cortador de 30 kW - distância de recalque de 1.300 a 1.500 m","m³",40.54]
[1917266,"Dragagem de cascalho com draga de sucção e recalque - bomba de 294 kW e cortador de 30 kW - distância de recalque de 500 a 700 m","m³",9.84]
[1917267,"Dragagem de cascalho com draga de sucção e recalque - bomba de 294 kW e cortador de 30 kW - distância de recalque de 700 a 900 m","m³",14.32]
[1917268,"Dragagem de cascalho com draga de sucção e recalque - bomba de 294 kW e cortador de 30 kW - distância de recalque de 900 a 1.100 m","m³",21.77]
[1917728,"Dragagem de cascalho com draga de sucção e recalque - bomba de 294 kW e cortador de 30 kW - distância de recalque de até 500 m","m³",9.07]
[1917358,"Dragagem de cascalho com draga de sucção e recalque - bomba de 483 kW e cortador de 55 kW - distância de recalque até 500 m","m³",9.5399999999999991]
[1917362,"Dragagem de cascalho com draga de sucção e recalque - bomba de 483 kW e cortador de 55 kW - distância de recalque de 1.100 a 1.300 m","m³",46.24]
[1917363,"Dragagem de cascalho com draga de sucção e recalque - bomba de 483 kW e cortador de 55 kW - distância de recalque de 1.300 a 1.500 m","m³",56.36]
[1917359,"Dragagem de cascalho com draga de sucção e recalque - bomba de 483 kW e cortador de 55 kW - distância de recalque de 500 a 700 m","m³",13.43]
[1917360,"Dragagem de cascalho com draga de sucção e recalque - bomba de 483 kW e cortador de 55 kW - distância de recalque de 700 a 900 m","m³",22.08]
[1917361,"Dragagem de cascalho com draga de sucção e recalque - bomba de 483 kW e cortador de 55 kW - distância de recalque de 900 a 1.100 m","m³",33.06]
[1917476,"Dragagem de cascalho com draga de sucção e recalque - bomba de 746 kW e cortador de 110 kW - distância de recalque de 1.100 a 1.300 m","m³",36.5]
[1917477,"Dragagem de cascalho com draga de sucção e recalque - bomba de 746 kW e cortador de 110 kW - distância de recalque de 1.300 a 1.500 m","m³",47.15]
[1917478,"Dragagem de cascalho com draga de sucção e recalque - bomba de 746 kW e cortador de 110 kW - distância de recalque de 1.500 a 1.700 m","m³",60.61]
[1917479,"Dragagem de cascalho com draga de sucção e recalque - bomba de 746 kW e cortador de 110 kW - distância de recalque de 1.700 a 1.900 m","m³",65.790000000000006]
[1917473,"Dragagem de cascalho com draga de sucção e recalque - bomba de 746 kW e cortador de 110 kW - distância de recalque de 500 a 700 m","m³",16.739999999999998]
[1917474,"Dragagem de cascalho com draga de sucção e recalque - bomba de 746 kW e cortador de 110 kW - distância de recalque de 700 a 900 m","m³",21.48]
[1917475,"Dragagem de cascalho com draga de sucção e recalque - bomba de 746 kW e cortador de 110 kW - distância de recalque de 900 a 1.100 m","m³",27.42]
[1917736,"Dragagem de cascalho com draga de sucção e recalque - bomba de 746 kW e cortador de 110 kW - distância de recalque de até 500 m","m³",11.83]
[1917067,"Dragagem de cascalho com draga hopper - capacidade da cisterna de 1.000 m³ - DMT de 1.500 a 1.800 m","m³",27.18]
[1917068,"Dragagem de cascalho com draga hopper - capacidade da cisterna de 1.000 m³ - DMT de 1.800 a 2.100 m","m³",27.72]
[1917069,"Dragagem de cascalho com draga hopper - capacidade da cisterna de 1.000 m³ - DMT de 2.100 a 2.400 m","m³",28.28]
[1917070,"Dragagem de cascalho com draga hopper - capacidade da cisterna de 1.000 m³ - DMT de 2.400 a 2.700 m","m³",28.86]
[1917071,"Dragagem de cascalho com draga hopper - capacidade da cisterna de 1.000 m³ - DMT de 2.700 a 3.000 m","m³",29.48]
[1917072,"Dragagem de cascalho com draga hopper - capacidade da cisterna de 1.000 m³ - DMT de 3.000 m","m³",29.8]
[1901572,"Dragagem de cascalho com draga hopper - capacidade da cisterna de 10.000 m³ - DMT de 1.500 a 1.800 m","m³",15.19]
[1901573,"Dragagem de cascalho com draga hopper - capacidade da cisterna de 10.000 m³ - DMT de 1.800 a 2.100 m","m³",15.33]
[1901574,"Dragagem de cascalho com draga hopper - capacidade da cisterna de 10.000 m³ - DMT de 2.100 a 2.400 m","m³",15.47]
[1901575,"Dragagem de cascalho com draga hopper - capacidade da cisterna de 10.000 m³ - DMT de 2.400 a 2.700 m","m³",15.61]
[1901576,"Dragagem de cascalho com draga hopper - capacidade da cisterna de 10.000 m³ - DMT de 2.700 a 3.000 m","m³",15.77]
[1901571,"Dragagem de cascalho com draga hopper - capacidade da cisterna de 10.000 m³ - DMT de 3.000 m","m³",15.85]
[1901578,"Dragagem de cascalho com draga hopper - capacidade da cisterna de 15.000 m³ - DMT de 1.500 a 1.800 m","m³",19.75]
[1901579,"Dragagem de cascalho com draga hopper - capacidade da cisterna de 15.000 m³ - DMT de 1.800 a 2.100 m","m³",19.88]
[1901580,"Dragagem de cascalho com draga hopper - capacidade da cisterna de 15.000 m³ - DMT de 2.100 a 2.400 m","m³",20.010000000000002]
[1901581,"Dragagem de cascalho com draga hopper - capacidade da cisterna de 15.000 m³ - DMT de 2.400 a 2.700 m","m³",20.149999999999999]
[1901582,"Dragagem de cascalho com draga hopper - capacidade da cisterna de 15.000 m³ - DMT de 2.700 a 3.000 m","m³",20.3]
[1901577,"Dragagem de cascalho com draga hopper - capacidade da cisterna de 15.000 m³ - DMT de 3.000 m","m³",20.37]
[1917103,"Dragagem de cascalho com draga hopper - capacidade da cisterna de 2.000 m³ - DMT de 1.500 a 1.800 m","m³",18.04]
[1917104,"Dragagem de cascalho com draga hopper - capacidade da cisterna de 2.000 m³ - DMT de 1.800 a 2.100 m","m³",18.36]
[1917105,"Dragagem de cascalho com draga hopper - capacidade da cisterna de 2.000 m³ - DMT de 2.100 a 2.400 m","m³",18.690000000000001]
[1917106,"Dragagem de cascalho com draga hopper - capacidade da cisterna de 2.000 m³ - DMT de 2.400 a 2.700 m","m³",19.03]
[1917107,"Dragagem de cascalho com draga hopper - capacidade da cisterna de 2.000 m³ - DMT de 2.700 a 3.000 m","m³",19.399999999999999]
[1917108,"Dragagem de cascalho com draga hopper - capacidade da cisterna de 2.000 m³ - DMT de 3.000 m","m³",19.59]
[1901583,"Dragagem de cascalho com draga hopper - capacidade da cisterna de 20.000 m³ - DMT de 1.500 a 1.800 m","m³",24.44]
[1901584,"Dragagem de cascalho com draga hopper - capacidade da cisterna de 20.000 m³ - DMT de 1.800 a 2.100 m","m³",24.56]
[1901585,"Dragagem de cascalho com draga hopper - capacidade da cisterna de 20.000 m³ - DMT de 2.100 a 2.400 m","m³",24.69]
[1901586,"Dragagem de cascalho com draga hopper - capacidade da cisterna de 20.000 m³ - DMT de 2.400 a 2.700 m","m³",24.82]
[1901587,"Dragagem de cascalho com draga hopper - capacidade da cisterna de 20.000 m³ - DMT de 2.700 a 3.000 m","m³",24.97]
[1901588,"Dragagem de cascalho com draga hopper - capacidade da cisterna de 20.000 m³ - DMT de 3.000 m","m³",25.04]
[1917139,"Dragagem de cascalho com draga hopper - capacidade da cisterna de 3.000 m³ - DMT de 1.500 a 1.800 m","m³",16.46]
[1917140,"Dragagem de cascalho com draga hopper - capacidade da cisterna de 3.000 m³ - DMT de 1.800 a 2.100 m","m³",16.71]
[1917141,"Dragagem de cascalho com draga hopper - capacidade da cisterna de 3.000 m³ - DMT de 2.100 a 2.400 m","m³",16.96]
[1917142,"Dragagem de cascalho com draga hopper - capacidade da cisterna de 3.000 m³ - DMT de 2.400 a 2.700 m","m³",17.23]
[1917143,"Dragagem de cascalho com draga hopper - capacidade da cisterna de 3.000 m³ - DMT de 2.700 a 3.000 m","m³",17.52]
[1917144,"Dragagem de cascalho com draga hopper - capacidade da cisterna de 3.000 m³ - DMT de 3.000 m","m³",17.670000000000002]
[1917175,"Dragagem de cascalho com draga hopper - capacidade da cisterna de 4.000 m³ - DMT de 1.500 a 1.800 m","m³",15.3]
[1917176,"Dragagem de cascalho com draga hopper - capacidade da cisterna de 4.000 m³ - DMT de 1.800 a 2.100 m","m³",15.52]
[1917177,"Dragagem de cascalho com draga hopper - capacidade da cisterna de 4.000 m³ - DMT de 2.100 a 2.400 m","m³",15.74]
[1917178,"Dragagem de cascalho com draga hopper - capacidade da cisterna de 4.000 m³ - DMT de 2.400 a 2.700 m","m³",15.97]
[1917179,"Dragagem de cascalho com draga hopper - capacidade da cisterna de 4.000 m³ - DMT de 2.700 a 3.000 m","m³",16.21]
[1917180,"Dragagem de cascalho com draga hopper - capacidade da cisterna de 4.000 m³ - DMT de 3.000 m","m³",16.34]
[1917211,"Dragagem de cascalho com draga hopper - capacidade da cisterna de 5.000 m³ - DMT de 1.500 a 1.800 m","m³",16.64]
[1917212,"Dragagem de cascalho com draga hopper - capacidade da cisterna de 5.000 m³ - DMT de 1.800 a 2.100 m","m³",16.829999999999998]
[1917213,"Dragagem de cascalho com draga hopper - capacidade da cisterna de 5.000 m³ - DMT de 2.100 a 2.400 m","m³",17.02]
[1917214,"Dragagem de cascalho com draga hopper - capacidade da cisterna de 5.000 m³ - DMT de 2.400 a 2.700 m","m³",17.22]
[1917215,"Dragagem de cascalho com draga hopper - capacidade da cisterna de 5.000 m³ - DMT de 2.700 a 3.000 m","m³",17.440000000000001]
[1917216,"Dragagem de cascalho com draga hopper - capacidade da cisterna de 5.000 m³ - DMT de 3.000 m","m³",17.55]
[1917031,"Dragagem de cascalho com draga hopper - capacidade da cisterna de 750 m³ - DMT de 1.500 a 1.800 m","m³",37.659999999999997]
[1917032,"Dragagem de cascalho com draga hopper - capacidade da cisterna de 750 m³ - DMT de 1.800 a 2.100 m","m³",38.46]
[1917033,"Dragagem de cascalho com draga hopper - capacidade da cisterna de 750 m³ - DMT de 2.100 a 2.400 m","m³",39.270000000000003]
[1917034,"Dragagem de cascalho com draga hopper - capacidade da cisterna de 750 m³ - DMT de 2.400 a 2.700 m","m³",40.130000000000003]
[1917035,"Dragagem de cascalho com draga hopper - capacidade da cisterna de 750 m³ - DMT de 2.700 a 3.000 m","m³",41.03]
[1917036,"Dragagem de cascalho com draga hopper - capacidade da cisterna de 750 m³ - DMT de 3.000 m","m³",41.51]
[1917605,"Dragagem de cascalho fino com draga de sucção e recalque - bomba de 1.350 kW e cortador de 170 kW - distância de recalque de 1.100 a 1.300 m","m³",11.46]
[1917606,"Dragagem de cascalho fino com draga de sucção e recalque - bomba de 1.350 kW e cortador de 170 kW - distância de recalque de 1.300 a 1.500 m","m³",12.27]
[1917607,"Dragagem de cascalho fino com draga de sucção e recalque - bomba de 1.350 kW e cortador de 170 kW - distância de recalque de 1.500 a 1.700 m","m³",13.08]
[1917608,"Dragagem de cascalho fino com draga de sucção e recalque - bomba de 1.350 kW e cortador de 170 kW - distância de recalque de 1.700 a 1.900 m","m³",14.47]
[1917609,"Dragagem de cascalho fino com draga de sucção e recalque - bomba de 1.350 kW e cortador de 170 kW - distância de recalque de 1.900 a 2.100 m","m³",16.559999999999999]
[1917610,"Dragagem de cascalho fino com draga de sucção e recalque - bomba de 1.350 kW e cortador de 170 kW - distância de recalque de 2.100 a 2.300 m","m³",19.8]
[1917611,"Dragagem de cascalho fino com draga de sucção e recalque - bomba de 1.350 kW e cortador de 170 kW - distância de recalque de 2.300 a 2.500 m","m³",23.42]
[1917612,"Dragagem de cascalho fino com draga de sucção e recalque - bomba de 1.350 kW e cortador de 170 kW - distância de recalque de 2.500 a 2.700 m","m³",27.65]
[1917613,"Dragagem de cascalho fino com draga de sucção e recalque - bomba de 1.350 kW e cortador de 170 kW - distância de recalque de 2.700 a 2.900 m","m³",32.450000000000003]
[1917614,"Dragagem de cascalho fino com draga de sucção e recalque - bomba de 1.350 kW e cortador de 170 kW - distância de recalque de 2.900 a 3.100 m","m³",37.74]
[1917615,"Dragagem de cascalho fino com draga de sucção e recalque - bomba de 1.350 kW e cortador de 170 kW - distância de recalque de 3.100 a 3.300 m","m³",43.65]
[1917616,"Dragagem de cascalho fino com draga de sucção e recalque - bomba de 1.350 kW e cortador de 170 kW - distância de recalque de 3.300 a 3.500 m","m³",50.87]
[1917617,"Dragagem de cascalho fino com draga de sucção e recalque - bomba de 1.350 kW e cortador de 170 kW - distância de recalque de 3.500 a 3.700 m","m³",57.25]
[1917618,"Dragagem de cascalho fino com draga de sucção e recalque - bomba de 1.350 kW e cortador de 170 kW - distância de recalque de 3.700 a 3.900 m","m³",65.55]
[1917619,"Dragagem de cascalho fino com draga de sucção e recalque - bomba de 1.350 kW e cortador de 170 kW - distância de recalque de 3.900 a 4.100 m","m³",71.05]
[1917602,"Dragagem de cascalho fino com draga de sucção e recalque - bomba de 1.350 kW e cortador de 170 kW - distância de recalque de 500 a 700 m","m³",8.74]
[1917603,"Dragagem de cascalho fino com draga de sucção e recalque - bomba de 1.350 kW e cortador de 170 kW - distância de recalque de 700 a 900 m","m³",9.6]
[1917604,"Dragagem de cascalho fino com draga de sucção e recalque - bomba de 1.350 kW e cortador de 170 kW - distância de recalque de 900 a 1.100 m","m³",10.34]
[1917740,"Dragagem de cascalho fino com draga de sucção e recalque - bomba de 1.350 kW e cortador de 170 kW - distância de recalque de até 500 m","m³",8.39]
[1917263,"Dragagem de cascalho fino com draga de sucção e recalque - bomba de 294 kW e cortador de 30 kW - distância de recalque de 1.100 a 1.300 m","m³",13.74]
[1917264,"Dragagem de cascalho fino com draga de sucção e recalque - bomba de 294 kW e cortador de 30 kW - distância de recalque de 1.300 a 1.500 m","m³",17.07]
[1917265,"Dragagem de cascalho fino com draga de sucção e recalque - bomba de 294 kW e cortador de 30 kW - distância de recalque de 1.500 a 1.700 m","m³",22.17]
[1917260,"Dragagem de cascalho fino com draga de sucção e recalque - bomba de 294 kW e cortador de 30 kW - distância de recalque de 500 a 700 m","m³",8.43]
[1917261,"Dragagem de cascalho fino com draga de sucção e recalque - bomba de 294 kW e cortador de 30 kW - distância de recalque de 700 a 900 m","m³",9.3699999999999992]
[1917262,"Dragagem de cascalho fino com draga de sucção e recalque - bomba de 294 kW e cortador de 30 kW - distância de recalque de 900 a 1.100 m","m³",11.09]
[1917727,"Dragagem de cascalho fino com draga de sucção e recalque - bomba de 294 kW e cortador de 30 kW - distância de recalque de até 500 m","m³",8.15]
[1917351,"Dragagem de cascalho fino com draga de sucção e recalque - bomba de 483 kW e cortador de 55 kW - distância de recalque de 1.100 a 1.300 m","m³",12.16]
[1917352,"Dragagem de cascalho fino com draga de sucção e recalque - bomba de 483 kW e cortador de 55 kW - distância de recalque de 1.300 a 1.500 m","m³",16.2]
[1917353,"Dragagem de cascalho fino com draga de sucção e recalque - bomba de 483 kW e cortador de 55 kW - distância de recalque de 1.500 a 1.700 m","m³",20.96]
[1917354,"Dragagem de cascalho fino com draga de sucção e recalque - bomba de 483 kW e cortador de 55 kW - distância de recalque de 1.700 a 1.900 m","m³",27.26]
[1917355,"Dragagem de cascalho fino com draga de sucção e recalque - bomba de 483 kW e cortador de 55 kW - distância de recalque de 1.900 a 2.100 m","m³",35.340000000000003]
[1917356,"Dragagem de cascalho fino com draga de sucção e recalque - bomba de 483 kW e cortador de 55 kW - distância de recalque de 2.100 a 2.300 m","m³",43.42]
[1917357,"Dragagem de cascalho fino com draga de sucção e recalque - bomba de 483 kW e cortador de 55 kW - distância de recalque de 2.300 a 2.500 m","m³",49.66]
[1917348,"Dragagem de cascalho fino com draga de sucção e recalque - bomba de 483 kW e cortador de 55 kW - distância de recalque de 500 a 700 m","m³",7.49]
[1917349,"Dragagem de cascalho fino com draga de sucção e recalque - bomba de 483 kW e cortador de 55 kW - distância de recalque de 700 a 900 m","m³",8.0399999999999991]
[1917350,"Dragagem de cascalho fino com draga de sucção e recalque - bomba de 483 kW e cortador de 55 kW - distância de recalque de 900 a 1.100 m","m³",9.09]
[1917731,"Dragagem de cascalho fino com draga de sucção e recalque - bomba de 483 kW e cortador de 55 kW - distância de recalque de até 500 m","m³",7.32]
[1917463,"Dragagem de cascalho fino com draga de sucção e recalque - bomba de 746 kW e cortador de 110 kW - distância de recalque de 1.100 a 1.300 m","m³",13.08]
[1917464,"Dragagem de cascalho fino com draga de sucção e recalque - bomba de 746 kW e cortador de 110 kW - distância de recalque de 1.300 a 1.500 m","m³",15.14]
[1917465,"Dragagem de cascalho fino com draga de sucção e recalque - bomba de 746 kW e cortador de 110 kW - distância de recalque de 1.500 a 1.700 m","m³",17.48]
[1917466,"Dragagem de cascalho fino com draga de sucção e recalque - bomba de 746 kW e cortador de 110 kW - distância de recalque de 1.700 a 1.900 m","m³",20.78]
[1917467,"Dragagem de cascalho fino com draga de sucção e recalque - bomba de 746 kW e cortador de 110 kW - distância de recalque de 1.900 a 2.100 m","m³",25.94]
[1917468,"Dragagem de cascalho fino com draga de sucção e recalque - bomba de 746 kW e cortador de 110 kW - distância de recalque de 2.100 a 2.300 m","m³",31.83]
[1917469,"Dragagem de cascalho fino com draga de sucção e recalque - bomba de 746 kW e cortador de 110 kW - distância de recalque de 2.300 a 2.500 m","m³",38.33]
[1917470,"Dragagem de cascalho fino com draga de sucção e recalque - bomba de 746 kW e cortador de 110 kW - distância de recalque de 2.500 a 2.700 m","m³",45.82]
[1917471,"Dragagem de cascalho fino com draga de sucção e recalque - bomba de 746 kW e cortador de 110 kW - distância de recalque de 2.700 a 2.900 m","m³",54.8]
[1917472,"Dragagem de cascalho fino com draga de sucção e recalque - bomba de 746 kW e cortador de 110 kW - distância de recalque de 2.900 a 3.100 m","m³",58.6]
[1917460,"Dragagem de cascalho fino com draga de sucção e recalque - bomba de 746 kW e cortador de 110 kW - distância de recalque de 500 a 700 m","m³",7.72]
[1917461,"Dragagem de cascalho fino com draga de sucção e recalque - bomba de 746 kW e cortador de 110 kW - distância de recalque de 700 a 900 m","m³",9.1]
[1917462,"Dragagem de cascalho fino com draga de sucção e recalque - bomba de 746 kW e cortador de 110 kW - distância de recalque de 900 a 1.100 m","m³",10.79]
[1917735,"Dragagem de cascalho fino com draga de sucção e recalque - bomba de 746 kW e cortador de 110 kW - distância de recalque de até 500 m","m³",6.82]
[1917061,"Dragagem de cascalho fino com draga hopper - capacidade da cisterna de 1.000 m³ - DMT de 1.500 a 1.800 m","m³",27.48]
[1917062,"Dragagem de cascalho fino com draga hopper - capacidade da cisterna de 1.000 m³ - DMT de 1.800 a 2.100 m","m³",28.02]
[1917063,"Dragagem de cascalho fino com draga hopper - capacidade da cisterna de 1.000 m³ - DMT de 2.100 a 2.400 m","m³",28.56]
[1917064,"Dragagem de cascalho fino com draga hopper - capacidade da cisterna de 1.000 m³ - DMT de 2.400 a 2.700 m","m³",29.13]
[1917065,"Dragagem de cascalho fino com draga hopper - capacidade da cisterna de 1.000 m³ - DMT de 2.700 a 3.000 m","m³",29.74]
[1917066,"Dragagem de cascalho fino com draga hopper - capacidade da cisterna de 1.000 m³ - DMT de 3.000 m","m³",30.06]
[1901590,"Dragagem de cascalho fino com draga hopper - capacidade da cisterna de 10.000 m³ - DMT de 1.500 a 1.800 m","m³",15.47]
[1901591,"Dragagem de cascalho fino com draga hopper - capacidade da cisterna de 10.000 m³ - DMT de 1.800 a 2.100 m","m³",15.6]
[1901592,"Dragagem de cascalho fino com draga hopper - capacidade da cisterna de 10.000 m³ - DMT de 2.100 a 2.400 m","m³",15.74]
[1901593,"Dragagem de cascalho fino com draga hopper - capacidade da cisterna de 10.000 m³ - DMT de 2.400 a 2.700 m","m³",15.88]
[1901594,"Dragagem de cascalho fino com draga hopper - capacidade da cisterna de 10.000 m³ - DMT de 2.700 a 3.000 m","m³",16.04]
[1901589,"Dragagem de cascalho fino com draga hopper - capacidade da cisterna de 10.000 m³ - DMT de 3.000 m","m³",16.12]
[1901596,"Dragagem de cascalho fino com draga hopper - capacidade da cisterna de 15.000 m³ - DMT de 1.500 a 1.800 m","m³",20.18]
[1901597,"Dragagem de cascalho fino com draga hopper - capacidade da cisterna de 15.000 m³ - DMT de 1.800 a 2.100 m","m³",20.3]
[1901598,"Dragagem de cascalho fino com draga hopper - capacidade da cisterna de 15.000 m³ - DMT de 2.100 a 2.400 m","m³",20.43]
[1901599,"Dragagem de cascalho fino com draga hopper - capacidade da cisterna de 15.000 m³ - DMT de 2.400 a 2.700 m","m³",20.57]
[1901600,"Dragagem de cascalho fino com draga hopper - capacidade da cisterna de 15.000 m³ - DMT de 2.700 a 3.000 m","m³",20.71]
[1901595,"Dragagem de cascalho fino com draga hopper - capacidade da cisterna de 15.000 m³ - DMT de 3.000 m","m³",20.79]
[1917097,"Dragagem de cascalho fino com draga hopper - capacidade da cisterna de 2.000 m³ - DMT de 1.500 a 1.800 m","m³",18.260000000000002]
[1917098,"Dragagem de cascalho fino com draga hopper - capacidade da cisterna de 2.000 m³ - DMT de 1.800 a 2.100 m","m³",18.579999999999998]
[1917099,"Dragagem de cascalho fino com draga hopper - capacidade da cisterna de 2.000 m³ - DMT de 2.100 a 2.400 m","m³",18.899999999999999]
[1917100,"Dragagem de cascalho fino com draga hopper - capacidade da cisterna de 2.000 m³ - DMT de 2.400 a 2.700 m","m³",19.23]
[1917101,"Dragagem de cascalho fino com draga hopper - capacidade da cisterna de 2.000 m³ - DMT de 2.700 a 3.000 m","m³",19.59]
[1917102,"Dragagem de cascalho fino com draga hopper - capacidade da cisterna de 2.000 m³ - DMT de 3.000 m","m³",19.78]
[1901601,"Dragagem de cascalho fino com draga hopper - capacidade da cisterna de 20.000 m³ - DMT de 1.500 a 1.800 m","m³",25.01]
[1901602,"Dragagem de cascalho fino com draga hopper - capacidade da cisterna de 20.000 m³ - DMT de 1.800 a 2.100 m","m³",25.13]
[1901603,"Dragagem de cascalho fino com draga hopper - capacidade da cisterna de 20.000 m³ - DMT de 2.100 a 2.400 m","m³",25.25]
[1901604,"Dragagem de cascalho fino com draga hopper - capacidade da cisterna de 20.000 m³ - DMT de 2.400 a 2.700 m","m³",25.38]
[1901605,"Dragagem de cascalho fino com draga hopper - capacidade da cisterna de 20.000 m³ - DMT de 2.700 a 3.000 m","m³",25.52]
[1901606,"Dragagem de cascalho fino com draga hopper - capacidade da cisterna de 20.000 m³ - DMT de 3.000 m","m³",25.6]
[1917133,"Dragagem de cascalho fino com draga hopper - capacidade da cisterna de 3.000 m³ - DMT de 1.500 a 1.800 m","m³",16.690000000000001]
[1917134,"Dragagem de cascalho fino com draga hopper - capacidade da cisterna de 3.000 m³ - DMT de 1.800 a 2.100 m","m³",16.93]
[1917135,"Dragagem de cascalho fino com draga hopper - capacidade da cisterna de 3.000 m³ - DMT de 2.100 a 2.400 m","m³",17.18]
[1917136,"Dragagem de cascalho fino com draga hopper - capacidade da cisterna de 3.000 m³ - DMT de 2.400 a 2.700 m","m³",17.45]
[1917137,"Dragagem de cascalho fino com draga hopper - capacidade da cisterna de 3.000 m³ - DMT de 2.700 a 3.000 m","m³",17.72]
[1917138,"Dragagem de cascalho fino com draga hopper - capacidade da cisterna de 3.000 m³ - DMT de 3.000 m","m³",17.87]
[1917169,"Dragagem de cascalho fino com draga hopper - capacidade da cisterna de 4.000 m³ - DMT de 1.500 a 1.800 m","m³",15.53]
[1917170,"Dragagem de cascalho fino com draga hopper - capacidade da cisterna de 4.000 m³ - DMT de 1.800 a 2.100 m","m³",15.74]
[1917171,"Dragagem de cascalho fino com draga hopper - capacidade da cisterna de 4.000 m³ - DMT de 2.100 a 2.400 m","m³",15.95]
[1917172,"Dragagem de cascalho fino com draga hopper - capacidade da cisterna de 4.000 m³ - DMT de 2.400 a 2.700 m","m³",16.18]
[1917173,"Dragagem de cascalho fino com draga hopper - capacidade da cisterna de 4.000 m³ - DMT de 2.700 a 3.000 m","m³",16.420000000000002]
[1917174,"Dragagem de cascalho fino com draga hopper - capacidade da cisterna de 4.000 m³ - DMT de 3.000 m","m³",16.55]
[1917205,"Dragagem de cascalho fino com draga hopper - capacidade da cisterna de 5.000 m³ - DMT de 1.500 a 1.800 m","m³",16.920000000000002]
[1917206,"Dragagem de cascalho fino com draga hopper - capacidade da cisterna de 5.000 m³ - DMT de 1.800 a 2.100 m","m³",17.100000000000001]
[1917207,"Dragagem de cascalho fino com draga hopper - capacidade da cisterna de 5.000 m³ - DMT de 2.100 a 2.400 m","m³",17.29]
[1917208,"Dragagem de cascalho fino com draga hopper - capacidade da cisterna de 5.000 m³ - DMT de 2.400 a 2.700 m","m³",17.489999999999998]
[1917209,"Dragagem de cascalho fino com draga hopper - capacidade da cisterna de 5.000 m³ - DMT de 2.700 a 3.000 m","m³",17.7]
[1917210,"Dragagem de cascalho fino com draga hopper - capacidade da cisterna de 5.000 m³ - DMT de 3.000 m","m³",17.809999999999999]
[1917025,"Dragagem de cascalho fino com draga hopper - capacidade da cisterna de 750 m³ - DMT de 1.500 a 1.800 m","m³",38.130000000000003]
[1917026,"Dragagem de cascalho fino com draga hopper - capacidade da cisterna de 750 m³ - DMT de 1.800 a 2.100 m","m³",38.909999999999997]
[1917027,"Dragagem de cascalho fino com draga hopper - capacidade da cisterna de 750 m³ - DMT de 2.100 a 2.400 m","m³",39.700000000000003]
[1917028,"Dragagem de cascalho fino com draga hopper - capacidade da cisterna de 750 m³ - DMT de 2.400 a 2.700 m","m³",40.54]
[1917029,"Dragagem de cascalho fino com draga hopper - capacidade da cisterna de 750 m³ - DMT de 2.700 a 3.000 m","m³",41.43]
[1917030,"Dragagem de cascalho fino com draga hopper - capacidade da cisterna de 750 m³ - DMT de 3.000 m","m³",41.9]
[1917629,"Dragagem de material de 1ª categoria com clamshell sobre pontão flutuante - capacidade da caçamba de 4,6 m³ - transporte com batelão sem propulsão com capacidade de 100 t - DMT 0 a 300 m","m³",18.440000000000001]
[1917633,"Dragagem de material de 1ª categoria com clamshell sobre pontão flutuante - capacidade da caçamba de 4,6 m³ - transporte com batelão sem propulsão com capacidade de 100 t - DMT 1.200 a 1.500 m","m³",20.190000000000001]
[1917634,"Dragagem de material de 1ª categoria com clamshell sobre pontão flutuante - capacidade da caçamba de 4,6 m³ - transporte com batelão sem propulsão com capacidade de 100 t - DMT 1.500 a 1.800 m","m³",20.51]
[1917635,"Dragagem de material de 1ª categoria com clamshell sobre pontão flutuante - capacidade da caçamba de 4,6 m³ - transporte com batelão sem propulsão com capacidade de 100 t - DMT 1.800 a 2.100 m","m³",20.83]
[1917636,"Dragagem de material de 1ª categoria com clamshell sobre pontão flutuante - capacidade da caçamba de 4,6 m³ - transporte com batelão sem propulsão com capacidade de 100 t - DMT 2.100 a 2.400 m","m³",22.86]
[1917637,"Dragagem de material de 1ª categoria com clamshell sobre pontão flutuante - capacidade da caçamba de 4,6 m³ - transporte com batelão sem propulsão com capacidade de 100 t - DMT 2.400 a 2.700 m","m³",23.29]
[1917638,"Dragagem de material de 1ª categoria com clamshell sobre pontão flutuante - capacidade da caçamba de 4,6 m³ - transporte com batelão sem propulsão com capacidade de 100 t - DMT 2.700 a 3.000 m","m³",23.71]
[1917630,"Dragagem de material de 1ª categoria com clamshell sobre pontão flutuante - capacidade da caçamba de 4,6 m³ - transporte com batelão sem propulsão com capacidade de 100 t - DMT 300 a 600 m","m³",19]
[1917631,"Dragagem de material de 1ª categoria com clamshell sobre pontão flutuante - capacidade da caçamba de 4,6 m³ - transporte com batelão sem propulsão com capacidade de 100 t - DMT 600 a 900 m","m³",19.48]
[1917632,"Dragagem de material de 1ª categoria com clamshell sobre pontão flutuante - capacidade da caçamba de 4,6 m³ - transporte com batelão sem propulsão com capacidade de 100 t - DMT 900 a 1.200 m","m³",19.79]
[1917639,"Dragagem de material de 1ª categoria com clamshell sobre pontão flutuante - capacidade da caçamba de 4,6 m³ - transporte com batelão sem propulsão com capacidade de 100 t - DMT de 3.000 m","m³",23.93]
[1917646,"Dragagem de material de 1ª categoria com dragline - caçamba de 2,1 m³ - caminho de serviço em leito natural - DMT 1.000 a 1.200 m - com caminhão de 14 m³ e carregadeira","m³",21.16]
[1917647,"Dragagem de material de 1ª categoria com dragline - caçamba de 2,1 m³ - caminho de serviço em leito natural - DMT 1.200 a 1.400 m - com caminhão de 14 m³ e carregadeira","m³",21.47]
[1917648,"Dragagem de material de 1ª categoria com dragline - caçamba de 2,1 m³ - caminho de serviço em leito natural - DMT 1.400 a 1.600 m - com caminhão de 14 m³ e carregadeira","m³",21.7]
[1917649,"Dragagem de material de 1ª categoria com dragline - caçamba de 2,1 m³ - caminho de serviço em leito natural - DMT 1.600 a 1.800 m - com caminhão de 14 m³ e carregadeira","m³",22]
[1917650,"Dragagem de material de 1ª categoria com dragline - caçamba de 2,1 m³ - caminho de serviço em leito natural - DMT 1.800 a 2.000 m - com caminhão de 14 m³ e carregadeira","m³",22.31]
[1917651,"Dragagem de material de 1ª categoria com dragline - caçamba de 2,1 m³ - caminho de serviço em leito natural - DMT 2.000 a 2.500 m - com caminhão de 14 m³ e carregadeira","m³",22.77]
[1917652,"Dragagem de material de 1ª categoria com dragline - caçamba de 2,1 m³ - caminho de serviço em leito natural - DMT 2.500 a 3.000 m - com caminhão de 14 m³ e carregadeira","m³",25.2]
[1917642,"Dragagem de material de 1ª categoria com dragline - caçamba de 2,1 m³ - caminho de serviço em leito natural - DMT 200 a 400 m - com caminhão de 14 m³ e carregadeira","m³",19.86]
[1917643,"Dragagem de material de 1ª categoria com dragline - caçamba de 2,1 m³ - caminho de serviço em leito natural - DMT 400 a 600 m - com caminhão de 14 m³ e carregadeira","m³",20.239999999999998]
[1917641,"Dragagem de material de 1ª categoria com dragline - caçamba de 2,1 m³ - caminho de serviço em leito natural - DMT 50 a 200 m - com caminhão de 14 m³ e carregadeira","m³",17.809999999999999]
[1917644,"Dragagem de material de 1ª categoria com dragline - caçamba de 2,1 m³ - caminho de serviço em leito natural - DMT 600 a 800 m - com caminhão de 14 m³ e carregadeira","m³",20.63]
[1917645,"Dragagem de material de 1ª categoria com dragline - caçamba de 2,1 m³ - caminho de serviço em leito natural - DMT 800 a 1.000 m - com caminhão de 14 m³ e carregadeira","m³",20.86]
[1917653,"Dragagem de material de 1ª categoria com dragline - caçamba de 2,1 m³ - caminho de serviço em leito natural - DMT de 3.000 m - com caminhão de 14 m³ e carregadeira","m³",25.55]
[1917659,"Dragagem de material de 1ª categoria com dragline - caçamba de 2,1 m³ - caminho de serviço em revestimento primário - DMT 1.000 a 1.200 m - com caminhão de 14 m³ e carregadeira","m³",20.32]
[1917660,"Dragagem de material de 1ª categoria com dragline - caçamba de 2,1 m³ - caminho de serviço em revestimento primário - DMT 1.200 a 1.400 m - com caminhão de 14 m³ e carregadeira","m³",20.47]
[1917661,"Dragagem de material de 1ª categoria com dragline - caçamba de 2,1 m³ - caminho de serviço em revestimento primário - DMT 1.400 a 1.600 m - com caminhão de 14 m³ e carregadeira","m³",20.63]
[1917662,"Dragagem de material de 1ª categoria com dragline - caçamba de 2,1 m³ - caminho de serviço em revestimento primário - DMT 1.600 a 1.800 m - com caminhão de 14 m³ e carregadeira","m³",20.78]
[1917663,"Dragagem de material de 1ª categoria com dragline - caçamba de 2,1 m³ - caminho de serviço em revestimento primário - DMT 1.800 a 2.000 m - com caminhão de 14 m³ e carregadeira","m³",21.01]
[1917664,"Dragagem de material de 1ª categoria com dragline - caçamba de 2,1 m³ - caminho de serviço em revestimento primário - DMT 2.000 a 2.500 m - com caminhão de 14 m³ e carregadeira","m³",21.32]
[1917665,"Dragagem de material de 1ª categoria com dragline - caçamba de 2,1 m³ - caminho de serviço em revestimento primário - DMT 2.500 a 3.000 m - com caminhão de 14 m³ e carregadeira","m³",21.78]
[1917655,"Dragagem de material de 1ª categoria com dragline - caçamba de 2,1 m³ - caminho de serviço em revestimento primário - DMT 200 a 400 m - com caminhão de 14 m³ e carregadeira","m³",17.809999999999999]
[1917656,"Dragagem de material de 1ª categoria com dragline - caçamba de 2,1 m³ - caminho de serviço em revestimento primário - DMT 400 a 600 m - com caminhão de 14 m³ e carregadeira","m³",19.71]
[1917654,"Dragagem de material de 1ª categoria com dragline - caçamba de 2,1 m³ - caminho de serviço em revestimento primário - DMT 50 a 200 m - com caminhão de 14 m³ e carregadeira","m³",17.54]
[1917657,"Dragagem de material de 1ª categoria com dragline - caçamba de 2,1 m³ - caminho de serviço em revestimento primário - DMT 600 a 800 m - com caminhão de 14 m³ e carregadeira","m³",19.940000000000001]
[1917658,"Dragagem de material de 1ª categoria com dragline - caçamba de 2,1 m³ - caminho de serviço em revestimento primário - DMT 800 a 1.000 m - com caminhão de 14 m³ e carregadeira","m³",20.09]
[1917666,"Dragagem de material de 1ª categoria com dragline - caçamba de 2,1 m³ - caminho de serviço em revestimento primário - DMT de 3.000 m - com caminhão de 14 m³ e carregadeira","m³",22.08]
[1917672,"Dragagem de material de 1ª categoria com dragline - caçamba de 2,1 m³ - caminho de serviço pavimentado - DMT 1.000 a 1.200 m - com caminhão de 14 m³ e carregadeira","m³",20.239999999999998]
[1917673,"Dragagem de material de 1ª categoria com dragline - caçamba de 2,1 m³ - caminho de serviço pavimentado - DMT 1.200 a 1.400 m - com caminhão de 14 m³ e carregadeira","m³",20.47]
[1917674,"Dragagem de material de 1ª categoria com dragline - caçamba de 2,1 m³ - caminho de serviço pavimentado - DMT 1.400 a 1.600 m - com caminhão de 14 m³ e carregadeira","m³",20.63]
[1917675,"Dragagem de material de 1ª categoria com dragline - caçamba de 2,1 m³ - caminho de serviço pavimentado - DMT 1.600 a 1.800 m - com caminhão de 14 m³ e carregadeira","m³",20.78]
[1917676,"Dragagem de material de 1ª categoria com dragline - caçamba de 2,1 m³ - caminho de serviço pavimentado - DMT 1.800 a 2.000 m - com caminhão de 14 m³ e carregadeira","m³",20.93]
[1917677,"Dragagem de material de 1ª categoria com dragline - caçamba de 2,1 m³ - caminho de serviço pavimentado - DMT 2.000 a 2.500 m - com caminhão de 14 m³ e carregadeira","m³",21.24]
[1917678,"Dragagem de material de 1ª categoria com dragline - caçamba de 2,1 m³ - caminho de serviço pavimentado - DMT 2.500 a 3.000 m - com caminhão de 14 m³ e carregadeira","m³",21.7]
[1917668,"Dragagem de material de 1ª categoria com dragline - caçamba de 2,1 m³ - caminho de serviço pavimentado - DMT 200 a 400 m - com caminhão de 14 m³ e carregadeira","m³",19.55]
[1917669,"Dragagem de material de 1ª categoria com dragline - caçamba de 2,1 m³ - caminho de serviço pavimentado - DMT 400 a 600 m - com caminhão de 14 m³ e carregadeira","m³",19.71]
[1917667,"Dragagem de material de 1ª categoria com dragline - caçamba de 2,1 m³ - caminho de serviço pavimentado - DMT 50 a 200 m - com caminhão de 14 m³ e carregadeira","m³",17.62]
[1917670,"Dragagem de material de 1ª categoria com dragline - caçamba de 2,1 m³ - caminho de serviço pavimentado - DMT 600 a 800 m - com caminhão de 14 m³ e carregadeira","m³",19.940000000000001]
[1917671,"Dragagem de material de 1ª categoria com dragline - caçamba de 2,1 m³ - caminho de serviço pavimentado - DMT 800 a 1.000 m - com caminhão de 14 m³ e carregadeira","m³",20.09]
[1917679,"Dragagem de material de 1ª categoria com dragline - caçamba de 2,1 m³ - caminho de serviço pavimentado - DMT de 3.000 m - com caminhão de 14 m³ e carregadeira","m³",21.93]
[1917640,"Dragagem de material de 1ª categoria com dragline - caçamba de 2,1 m³ - DMT até 50 m","m³",9.68]
[1917686,"Dragagem de material de 1ª categoria com escavadeira hidráulica - capacidade de caçamba de 1,56 m³ - caminho de serviço em leito natural - DMT 1.000 a 1.200 m","m³",11.4]
[1917687,"Dragagem de material de 1ª categoria com escavadeira hidráulica - capacidade de caçamba de 1,56 m³ - caminho de serviço em leito natural - DMT 1.200 a 1.400 m","m³",11.7]
[1917688,"Dragagem de material de 1ª categoria com escavadeira hidráulica - capacidade de caçamba de 1,56 m³ - caminho de serviço em leito natural - DMT 1.400 a 1.600 m","m³",12.79]
[1917689,"Dragagem de material de 1ª categoria com escavadeira hidráulica - capacidade de caçamba de 1,56 m³ - caminho de serviço em leito natural - DMT 1.600 a 1.800 m","m³",13.11]
[1917690,"Dragagem de material de 1ª categoria com escavadeira hidráulica - capacidade de caçamba de 1,56 m³ - caminho de serviço em leito natural - DMT 1.800 a 2.000 m","m³",13.35]
[1917691,"Dragagem de material de 1ª categoria com escavadeira hidráulica - capacidade de caçamba de 1,56 m³ - caminho de serviço em leito natural - DMT 2.000 a 2.500 m","m³",13.83]
[1917692,"Dragagem de material de 1ª categoria com escavadeira hidráulica - capacidade de caçamba de 1,56 m³ - caminho de serviço em leito natural - DMT 2.500 a 3.000 m","m³",15.51]
[1917682,"Dragagem de material de 1ª categoria com escavadeira hidráulica - capacidade de caçamba de 1,56 m³ - caminho de serviço em leito natural - DMT 200 a 400 m","m³",10.130000000000001]
[1917693,"Dragagem de material de 1ª categoria com escavadeira hidráulica - capacidade de caçamba de 1,56 m³ - caminho de serviço em leito natural - DMT 3.000 m","m³",15.91]
[1917683,"Dragagem de material de 1ª categoria com escavadeira hidráulica - capacidade de caçamba de 1,56 m³ - caminho de serviço em leito natural - DMT 400 a 600 m","m³",10.49]
[1917681,"Dragagem de material de 1ª categoria com escavadeira hidráulica - capacidade de caçamba de 1,56 m³ - caminho de serviço em leito natural - DMT 50 a 200 m","m³",8.8000000000000007]
[1917684,"Dragagem de material de 1ª categoria com escavadeira hidráulica - capacidade de caçamba de 1,56 m³ - caminho de serviço em leito natural - DMT 600 a 800 m","m³",10.79]
[1917685,"Dragagem de material de 1ª categoria com escavadeira hidráulica - capacidade de caçamba de 1,56 m³ - caminho de serviço em leito natural - DMT 800 a 1.000 m","m³",11.09]
[1917699,"Dragagem de material de 1ª categoria com escavadeira hidráulica - capacidade de caçamba de 1,56 m³ - caminho de serviço em revestimento primário - DMT 1.000 a 1.200 m","m³",10.49]
[1917700,"Dragagem de material de 1ª categoria com escavadeira hidráulica - capacidade de caçamba de 1,56 m³ - caminho de serviço em revestimento primário - DMT 1.200 a 1.400 m","m³",10.67]
[1917701,"Dragagem de material de 1ª categoria com escavadeira hidráulica - capacidade de caçamba de 1,56 m³ - caminho de serviço em revestimento primário - DMT 1.400 a 1.600 m","m³",10.85]
[1917702,"Dragagem de material de 1ª categoria com escavadeira hidráulica - capacidade de caçamba de 1,56 m³ - caminho de serviço em revestimento primário - DMT 1.600 a 1.800 m","m³",11.03]
[1917703,"Dragagem de material de 1ª categoria com escavadeira hidráulica - capacidade de caçamba de 1,56 m³ - caminho de serviço em revestimento primário - DMT 1.800 a 2.000 m","m³",11.22]
[1917704,"Dragagem de material de 1ª categoria com escavadeira hidráulica - capacidade de caçamba de 1,56 m³ - caminho de serviço em revestimento primário - DMT 2.000 a 2.500 m","m³",11.52]
[1917705,"Dragagem de material de 1ª categoria com escavadeira hidráulica - capacidade de caçamba de 1,56 m³ - caminho de serviço em revestimento primário - DMT 2.500 a 3.000 m","m³",12.87]
[1917695,"Dragagem de material de 1ª categoria com escavadeira hidráulica - capacidade de caçamba de 1,56 m³ - caminho de serviço em revestimento primário - DMT 200 a 400 m","m³",8.8000000000000007]
[1917706,"Dragagem de material de 1ª categoria com escavadeira hidráulica - capacidade de caçamba de 1,56 m³ - caminho de serviço em revestimento primário - DMT 3.000 m","m³",13.19]
[1917696,"Dragagem de material de 1ª categoria com escavadeira hidráulica - capacidade de caçamba de 1,56 m³ - caminho de serviço em revestimento primário - DMT 400 a 600 m","m³",9.89]
[1917694,"Dragagem de material de 1ª categoria com escavadeira hidráulica - capacidade de caçamba de 1,56 m³ - caminho de serviço em revestimento primário - DMT 50 a 200 m","m³",8.52]
[1917697,"Dragagem de material de 1ª categoria com escavadeira hidráulica - capacidade de caçamba de 1,56 m³ - caminho de serviço em revestimento primário - DMT 600 a 800 m","m³",10.130000000000001]
[1917698,"Dragagem de material de 1ª categoria com escavadeira hidráulica - capacidade de caçamba de 1,56 m³ - caminho de serviço em revestimento primário - DMT 800 a 1.000 m","m³",10.31]
[1917712,"Dragagem de material de 1ª categoria com escavadeira hidráulica - capacidade de caçamba de 1,56 m³ - caminho de serviço pavimentado - DMT 1.000 a 1.200 m","m³",10.49]
[1917713,"Dragagem de material de 1ª categoria com escavadeira hidráulica - capacidade de caçamba de 1,56 m³ - caminho de serviço pavimentado - DMT 1.200 a 1.400 m","m³",10.67]
[1917714,"Dragagem de material de 1ª categoria com escavadeira hidráulica - capacidade de caçamba de 1,56 m³ - caminho de serviço pavimentado - DMT 1.400 a 1.600 m","m³",10.85]
[1917715,"Dragagem de material de 1ª categoria com escavadeira hidráulica - capacidade de caçamba de 1,56 m³ - caminho de serviço pavimentado - DMT 1.600 a 1.800 m","m³",10.97]
[1917716,"Dragagem de material de 1ª categoria com escavadeira hidráulica - capacidade de caçamba de 1,56 m³ - caminho de serviço pavimentado - DMT 1.800 a 2.000 m","m³",11.16]
[1917717,"Dragagem de material de 1ª categoria com escavadeira hidráulica - capacidade de caçamba de 1,56 m³ - caminho de serviço pavimentado - DMT 2.000 a 2.500 m","m³",11.46]
[1917718,"Dragagem de material de 1ª categoria com escavadeira hidráulica - capacidade de caçamba de 1,56 m³ - caminho de serviço pavimentado - DMT 2.500 a 3.000 m","m³",12.71]
[1917708,"Dragagem de material de 1ª categoria com escavadeira hidráulica - capacidade de caçamba de 1,56 m³ - caminho de serviço pavimentado - DMT 200 a 400 m","m³",9.7100000000000009]
[1917719,"Dragagem de material de 1ª categoria com escavadeira hidráulica - capacidade de caçamba de 1,56 m³ - caminho de serviço pavimentado - DMT 3.000 m","m³",13.03]
[1917709,"Dragagem de material de 1ª categoria com escavadeira hidráulica - capacidade de caçamba de 1,56 m³ - caminho de serviço pavimentado - DMT 400 a 600 m","m³",9.9499999999999993]
[1917707,"Dragagem de material de 1ª categoria com escavadeira hidráulica - capacidade de caçamba de 1,56 m³ - caminho de serviço pavimentado - DMT 50 a 200 m","m³",8.64]
[1917710,"Dragagem de material de 1ª categoria com escavadeira hidráulica - capacidade de caçamba de 1,56 m³ - caminho de serviço pavimentado - DMT 600 a 800 m","m³",10.130000000000001]
[1917711,"Dragagem de material de 1ª categoria com escavadeira hidráulica - capacidade de caçamba de 1,56 m³ - caminho de serviço pavimentado - DMT 800 a 1.000 m","m³",10.31]
[1917680,"Dragagem de material de 1ª categoria com escavadeira hidráulica - capacidade de caçamba de 1,56 m³ - DMT 0 a 50 m","m³",3.12]
[1901607,"Dragagem de material de 1ª categoria com escavadeira hidráulica sobre pontão flutuante - capacidade da caçamba de 1,56 m³ - transporte com batelão sem propulsão com capacidade de 100 t - DMT 0 a 300 m","m³",15.72]
[1901611,"Dragagem de material de 1ª categoria com escavadeira hidráulica sobre pontão flutuante - capacidade da caçamba de 1,56 m³ - transporte com batelão sem propulsão com capacidade de 100 t - DMT 1.200 a 1.500 m","m³",19.64]
[1901612,"Dragagem de material de 1ª categoria com escavadeira hidráulica sobre pontão flutuante - capacidade da caçamba de 1,56 m³ - transporte com batelão sem propulsão com capacidade de 100 t - DMT 1.500 a 1.800 m","m³",20.079999999999998]
[1901613,"Dragagem de material de 1ª categoria com escavadeira hidráulica sobre pontão flutuante - capacidade da caçamba de 1,56 m³ - transporte com batelão sem propulsão com capacidade de 100 t - DMT 1.800 a 2.100 m","m³",20.41]
[1901614,"Dragagem de material de 1ª categoria com escavadeira hidráulica sobre pontão flutuante - capacidade da caçamba de 1,56 m³ - transporte com batelão sem propulsão com capacidade de 100 t - DMT 2.100 a 2.400 m","m³",20.74]
[1901615,"Dragagem de material de 1ª categoria com escavadeira hidráulica sobre pontão flutuante - capacidade da caçamba de 1,56 m³ - transporte com batelão sem propulsão com capacidade de 100 t - DMT 2.400 a 2.700 m","m³",21.18]
[1901616,"Dragagem de material de 1ª categoria com escavadeira hidráulica sobre pontão flutuante - capacidade da caçamba de 1,56 m³ - transporte com batelão sem propulsão com capacidade de 100 t - DMT 2.700 a 3.000 m","m³",21.51]
[1901608,"Dragagem de material de 1ª categoria com escavadeira hidráulica sobre pontão flutuante - capacidade da caçamba de 1,56 m³ - transporte com batelão sem propulsão com capacidade de 100 t - DMT 300 a 600 m","m³",16.23]
[1901609,"Dragagem de material de 1ª categoria com escavadeira hidráulica sobre pontão flutuante - capacidade da caçamba de 1,56 m³ - transporte com batelão sem propulsão com capacidade de 100 t - DMT 600 a 900 m","m³",16.670000000000002]
[1901610,"Dragagem de material de 1ª categoria com escavadeira hidráulica sobre pontão flutuante - capacidade da caçamba de 1,56 m³ - transporte com batelão sem propulsão com capacidade de 100 t - DMT 900 a 1.200 m","m³",19.309999999999999]
[1901617,"Dragagem de material de 1ª categoria com escavadeira hidráulica sobre pontão flutuante - capacidade da caçamba de 1,56 m³ - transporte com batelão sem propulsão com capacidade de 100 t - DMT de 3.000 m","m³",21.73]
[1917037,"Dragagem de silte com draga hopper - capacidade da cisterna de 1.000 m³ - DMT de 1.500 a 1.800 m","m³",45.73]
[1917038,"Dragagem de silte com draga hopper - capacidade da cisterna de 1.000 m³ - DMT de 1.800 a 2.100 m","m³",47.28]
[1917039,"Dragagem de silte com draga hopper - capacidade da cisterna de 1.000 m³ - DMT de 2.100 a 2.400 m","m³",48.86]
[1917040,"Dragagem de silte com draga hopper - capacidade da cisterna de 1.000 m³ - DMT de 2.400 a 2.700 m","m³",50.51]
[1917041,"Dragagem de silte com draga hopper - capacidade da cisterna de 1.000 m³ - DMT de 2.700 a 3.000 m","m³",52.27]
[1917042,"Dragagem de silte com draga hopper - capacidade da cisterna de 1.000 m³ - DMT de 3.000 m","m³",53.2]
[1901619,"Dragagem de silte com draga hopper - capacidade da cisterna de 10.000 m³ - DMT de 1.500 a 1.800 m","m³",21.41]
[1901620,"Dragagem de silte com draga hopper - capacidade da cisterna de 10.000 m³ - DMT de 1.800 a 2.100 m","m³",21.79]
[1901621,"Dragagem de silte com draga hopper - capacidade da cisterna de 10.000 m³ - DMT de 2.100 a 2.400 m","m³",22.19]
[1901622,"Dragagem de silte com draga hopper - capacidade da cisterna de 10.000 m³ - DMT de 2.400 a 2.700 m","m³",22.61]
[1901623,"Dragagem de silte com draga hopper - capacidade da cisterna de 10.000 m³ - DMT de 2.700 a 3.000 m","m³",23.05]
[1901618,"Dragagem de silte com draga hopper - capacidade da cisterna de 10.000 m³ - DMT de 3.000 m","m³",23.29]
[1901625,"Dragagem de silte com draga hopper - capacidade da cisterna de 15.000 m³ - DMT de 1.500 a 1.800 m","m³",25.48]
[1901626,"Dragagem de silte com draga hopper - capacidade da cisterna de 15.000 m³ - DMT de 1.800 a 2.100 m","m³",25.85]
[1901627,"Dragagem de silte com draga hopper - capacidade da cisterna de 15.000 m³ - DMT de 2.100 a 2.400 m","m³",26.22]
[1901628,"Dragagem de silte com draga hopper - capacidade da cisterna de 15.000 m³ - DMT de 2.400 a 2.700 m","m³",26.61]
[1901629,"Dragagem de silte com draga hopper - capacidade da cisterna de 15.000 m³ - DMT de 2.700 a 3.000 m","m³",27.03]
[1901624,"Dragagem de silte com draga hopper - capacidade da cisterna de 15.000 m³ - DMT de 3.000 m","m³",27.25]
[1917073,"Dragagem de silte com draga hopper - capacidade da cisterna de 2.000 m³ - DMT de 1.500 a 1.800 m","m³",29.83]
[1917074,"Dragagem de silte com draga hopper - capacidade da cisterna de 2.000 m³ - DMT de 1.800 a 2.100 m","m³",30.74]
[1917075,"Dragagem de silte com draga hopper - capacidade da cisterna de 2.000 m³ - DMT de 2.100 a 2.400 m","m³",31.67]
[1917076,"Dragagem de silte com draga hopper - capacidade da cisterna de 2.000 m³ - DMT de 2.400 a 2.700 m","m³",32.64]
[1917077,"Dragagem de silte com draga hopper - capacidade da cisterna de 2.000 m³ - DMT de 2.700 a 3.000 m","m³",33.67]
[1917078,"Dragagem de silte com draga hopper - capacidade da cisterna de 2.000 m³ - DMT de 3.000 m","m³",34.22]
[1901631,"Dragagem de silte com draga hopper - capacidade da cisterna de 20.000 m³ - DMT de 1.500 a 1.800 m","m³",29.89]
[1901632,"Dragagem de silte com draga hopper - capacidade da cisterna de 20.000 m³ - DMT de 1.800 a 2.100 m","m³",30.24]
[1901633,"Dragagem de silte com draga hopper - capacidade da cisterna de 20.000 m³ - DMT de 2.100 a 2.400 m","m³",30.6]
[1901634,"Dragagem de silte com draga hopper - capacidade da cisterna de 20.000 m³ - DMT de 2.400 a 2.700 m","m³",30.98]
[1901635,"Dragagem de silte com draga hopper - capacidade da cisterna de 20.000 m³ - DMT de 2.700 a 3.000 m","m³",31.38]
[1901630,"Dragagem de silte com draga hopper - capacidade da cisterna de 20.000 m³ - DMT de 3.000 m","m³",31.6]
[1917109,"Dragagem de silte com draga hopper - capacidade da cisterna de 3.000 m³ - DMT de 1.500 a 1.800 m","m³",26.09]
[1917110,"Dragagem de silte com draga hopper - capacidade da cisterna de 3.000 m³ - DMT de 1.800 a 2.100 m","m³",26.8]
[1917111,"Dragagem de silte com draga hopper - capacidade da cisterna de 3.000 m³ - DMT de 2.100 a 2.400 m","m³",27.52]
[1917112,"Dragagem de silte com draga hopper - capacidade da cisterna de 3.000 m³ - DMT de 2.400 a 2.700 m","m³",28.28]
[1917113,"Dragagem de silte com draga hopper - capacidade da cisterna de 3.000 m³ - DMT de 2.700 a 3.000 m","m³",29.09]
[1917114,"Dragagem de silte com draga hopper - capacidade da cisterna de 3.000 m³ - DMT de 3.000 m","m³",29.52]
[1917145,"Dragagem de silte com draga hopper - capacidade da cisterna de 4.000 m³ - DMT de 1.500 a 1.800 m","m³",23.84]
[1917146,"Dragagem de silte com draga hopper - capacidade da cisterna de 4.000 m³ - DMT de 1.800 a 2.100 m","m³",24.45]
[1917147,"Dragagem de silte com draga hopper - capacidade da cisterna de 4.000 m³ - DMT de 2.100 a 2.400 m","m³",25.08]
[1917148,"Dragagem de silte com draga hopper - capacidade da cisterna de 4.000 m³ - DMT de 2.400 a 2.700 m","m³",25.73]
[1917149,"Dragagem de silte com draga hopper - capacidade da cisterna de 4.000 m³ - DMT de 2.700 a 3.000 m","m³",26.42]
[1917150,"Dragagem de silte com draga hopper - capacidade da cisterna de 4.000 m³ - DMT de 3.000 m","m³",26.8]
[1917181,"Dragagem de silte com draga hopper - capacidade da cisterna de 5.000 m³ - DMT de 1.500 a 1.800 m","m³",24.39]
[1917182,"Dragagem de silte com draga hopper - capacidade da cisterna de 5.000 m³ - DMT de 1.800 a 2.100 m","m³",24.92]
[1917183,"Dragagem de silte com draga hopper - capacidade da cisterna de 5.000 m³ - DMT de 2.100 a 2.400 m","m³",25.47]
[1917184,"Dragagem de silte com draga hopper - capacidade da cisterna de 5.000 m³ - DMT de 2.400 a 2.700 m","m³",26.04]
[1917185,"Dragagem de silte com draga hopper - capacidade da cisterna de 5.000 m³ - DMT de 2.700 a 3.000 m","m³",26.66]
[1917186,"Dragagem de silte com draga hopper - capacidade da cisterna de 5.000 m³ - DMT de 3.000 m","m³",26.98]
[1917001,"Dragagem de silte com draga hopper - capacidade da cisterna de 750 m³ - DMT de 1.500 a 1.800 m","m³",61.98]
[1917002,"Dragagem de silte com draga hopper - capacidade da cisterna de 750 m³ - DMT de 1.800 a 2.100 m","m³",64.25]
[1917003,"Dragagem de silte com draga hopper - capacidade da cisterna de 750 m³ - DMT de 2.100 a 2.400 m","m³",66.55]
[1917004,"Dragagem de silte com draga hopper - capacidade da cisterna de 750 m³ - DMT de 2.400 a 2.700 m","m³",68.98]
[1917005,"Dragagem de silte com draga hopper - capacidade da cisterna de 750 m³ - DMT de 2.700 a 3.000 m","m³",71.540000000000006]
[1917006,"Dragagem de silte com draga hopper - capacidade da cisterna de 750 m³ - DMT de 3.000 m","m³",72.900000000000006]
[2009619,"Alvenaria de blocos de concreto 19 x 19 x 39 cm com espessura de 20 cm - areia comercial","m²",123.24]
[2009618,"Alvenaria de blocos de concreto 19 x 19 x 39 cm com espessura de 20 cm - areia extraída","m²",122.01]
[2003866,"Aplicação de geotêxtil não-tecido agulhado com resistência à tração longitudinal de 14 kN/m","m²",8]
[2003867,"Aplicação de geotêxtil não-tecido agulhado com resistência à tração longitudinal de 31 kN/m","m²",17.34]
[2003622,"Boca de lobo combinada - chapéu e grelha simples - BLC 01 - areia e brita comerciais","un",2439.87]
[2003621,"Boca de lobo combinada - chapéu e grelha simples - BLC 01 - areia extraída e brita produzida","un",2350.1999999999998]
[2003624,"Boca de lobo combinada - chapéu e grelha simples - BLC 02 - areia e brita comerciais","un",2845.08]
[2003623,"Boca de lobo combinada - chapéu e grelha simples - BLC 02 - areia extraída e brita produzida","un",2747.68]
[2003634,"Boca de lobo dupla - grelha de concreto - BLDG 01 - areia e brita comerciais","un",1847.3]
[2003633,"Boca de lobo dupla - grelha de concreto - BLDG 01 - areia extraída e brita produzida","un",1757.63]
[2003636,"Boca de lobo dupla - grelha de concreto - BLDG 02 - areia e brita comerciais","un",2252.5100000000002]
[2003635,"Boca de lobo dupla - grelha de concreto - BLDG 02 - areia extraída e brita produzida","un",2155.11]
[2003638,"Boca de lobo dupla - grelha de concreto - BLDG 03 - areia e brita comerciais","un",2663.34]
[2003637,"Boca de lobo dupla - grelha de concreto - BLDG 03 - areia extraída e brita produzida","un",2557.42]
[2003640,"Boca de lobo dupla - grelha de concreto - BLDG 04 - areia e brita comerciais","un",3068.55]
[2003639,"Boca de lobo dupla - grelha de concreto - BLDG 04 - areia extraída e brita produzida","un",2954.91]
[2003618,"Boca de lobo simples - BLS 01 - areia e brita comerciais","un",1020.96]
[2003617,"Boca de lobo simples - BLS 01 - areia extraída e brita produzida","un",971.75]
[2003620,"Boca de lobo simples - BLS 02 - areia e brita comerciais","un",1268.27]
[2003619,"Boca de lobo simples - BLS 02 - areia extraída e brita produzida","un",1214.3900000000001]
[2003626,"Boca de lobo simples - grelha de concreto - BLSG 01 - areia e brita comerciais","un",957.78]
[2003625,"Boca de lobo simples - grelha de concreto - BLSG 01 - areia extraída e brita produzida","un",908.57]
[2003628,"Boca de lobo simples - grelha de concreto - BLSG 02 - areia e brita comerciais","un",1205.0999999999999]
[2003627,"Boca de lobo simples - grelha de concreto - BLSG 02 - areia extraída e brita produzida","un",1151.21]
[2003630,"Boca de lobo simples - grelha de concreto - BLSG 03 - areia e brita comerciais","un",1452.41]
[2003629,"Boca de lobo simples - grelha de concreto - BLSG 03 - areia extraída e brita produzida","un",1393.85]
[2003632,"Boca de lobo simples - grelha de concreto - BLSG 04 - areia e brita comerciais","un",1699.73]
[2003631,"Boca de lobo simples - grelha de concreto - BLSG 04 - areia extraída e brita produzida","un",1636.49]
[2003599,"Boca de saída para dreno longitudinal profundo - BSD 01 - tubo de concreto perfurado - areia e brita comerciais","un",216.4]
[2003598,"Boca de saída para dreno longitudinal profundo - BSD 01 - tubo de concreto perfurado - areia extraída e brita produzida","un",196.35]
[2003919,"Boca de saída para dreno longitudinal profundo - BSD 01 - tubo de PEAD - areia e brita comerciais","un",216.4]
[2003918,"Boca de saída para dreno longitudinal profundo - BSD 01 - tubo de PEAD - areia extraída e brita produzida","un",196.35]
[2003601,"Boca de saída para dreno longitudinal profundo - BSD 02 - tubo de concreto perfurado - areia e brita comerciais","un",272.02999999999997]
[2003600,"Boca de saída para dreno longitudinal profundo - BSD 02 - tubo de concreto perfurado - areia extraída e brita produzida","un",245.8]
[2003921,"Boca de saída para dreno longitudinal profundo - BSD 02 - tubo de PEAD - areia e brita comerciais","un",272.02999999999997]
[2003920,"Boca de saída para dreno longitudinal profundo - BSD 02 - tubo de PEAD - areia extraída e brita produzida","un",245.8]
[2003616,"Boca de saída para dreno sub-horizontal em material de 1ª categoria - BSD 04 - areia e brita comerciais","un",23.61]
[2003615,"Boca de saída para dreno sub-horizontal em material de 1ª categoria - BSD 04 - areia extraída e brita produzida","un",20.78]
[2003927,"Boca de saída para dreno sub-horizontal em material de 2ª categoria - BSD 04 - areia e brita comerciais","un",24.51]
[2003926,"Boca de saída para dreno sub-horizontal em material de 2ª categoria - BSD 04 - areia extraída e brita produzida","un",21.69]
[2003613,"Boca de saída para dreno subsuperficial - BSD 03 - areia e brita comerciais","un",153.84]
[2003612,"Boca de saída para dreno subsuperficial - BSD 03 - areia extraída e brita produzida","un",141.5]
[2003477,"Caixa coletora de sarjeta - CCS 200-60 A - com grelha de concreto - areia e brita comerciais","un",4810.46]
[2003476,"Caixa coletora de sarjeta - CCS 200-60 A - com grelha de concreto - areia extraída e brita produzida","un",4473.3100000000004]
[2003517,"Caixa coletora de sarjeta - CCS 200-60 B - com grelha de aço - areia e brita comerciais","un",5001.3999999999996]
[2003516,"Caixa coletora de sarjeta - CCS 200-60 B - com grelha de aço - areia extraída e brita produzida","un",4673.74]
[2003479,"Caixa coletora de sarjeta - CCS 200-80 A - com grelha de concreto - areia e brita comerciais","un",4777.5]
[2003478,"Caixa coletora de sarjeta - CCS 200-80 A - com grelha de concreto - areia extraída e brita produzida","un",4446]
[2003519,"Caixa coletora de sarjeta - CCS 200-80 B - com grelha de aço - areia e brita comerciais","un",4968.43]
[2003518,"Caixa coletora de sarjeta - CCS 200-80 B - com grelha de aço - areia extraída e brita produzida","un",4646.42]
[2003489,"Caixa coletora de sarjeta - CCS 250-100 A - com grelha de concreto - areia e brita comerciais","un",5834.61]
[2003488,"Caixa coletora de sarjeta - CCS 250-100 A - com grelha de concreto - areia extraída e brita produzida","un",5426.99]
[2003529,"Caixa coletora de sarjeta - CCS 250-100 B - com grelha de aço - areia e brita comerciais","un",6025.54]
[2003528,"Caixa coletora de sarjeta - CCS 250-100 B - com grelha de aço - areia extraída e brita produzida","un",5627.42]
[2003491,"Caixa coletora de sarjeta - CCS 250-120 A - com grelha de concreto - areia e brita comerciais","un",6633.45]
[2003490,"Caixa coletora de sarjeta - CCS 250-120 A - com grelha de concreto - areia extraída e brita produzida","un",6166.97]
[2003531,"Caixa coletora de sarjeta - CCS 250-120 B - com grelha de aço - areia e brita comerciais","un",6854.38]
[2003530,"Caixa coletora de sarjeta - CCS 250-120 B - com grelha de aço - areia extraída e brita produzida","un",6399.7]
[2003485,"Caixa coletora de sarjeta - CCS 250-60 A - com grelha de concreto - areia e brita comerciais","un",5909.97]
[2003484,"Caixa coletora de sarjeta - CCS 250-60 A - com grelha de concreto - areia extraída e brita produzida","un",5489.42]
[2003525,"Caixa coletora de sarjeta - CCS 250-60 B - com grelha de aço - areia e brita comerciais","un",6100.9]
[2003524,"Caixa coletora de sarjeta - CCS 250-60 B - com grelha de aço - areia extraída e brita produzida","un",5689.84]
[2003487,"Caixa coletora de sarjeta - CCS 250-80 A - com grelha de concreto - areia e brita comerciais","un",5877]
[2003486,"Caixa coletora de sarjeta - CCS 250-80 A - com grelha de concreto - areia extraída e brita produzida","un",5462.11]
[2003527,"Caixa coletora de sarjeta - CCS 250-80 B - com grelha de aço - areia e brita comerciais","un",6067.93]
[2003526,"Caixa coletora de sarjeta - CCS 250-80 B - com grelha de aço - areia extraída e brita produzida","un",5662.53]
[2003497,"Caixa coletora de sarjeta - CCS 300-100 A - com grelha de concreto - areia e brita comerciais","un",6885.19]
[2003496,"Caixa coletora de sarjeta - CCS 300-100 A - com grelha de concreto - areia extraída e brita produzida","un",6409.44]
[2003537,"Caixa coletora de sarjeta - CCS 300-100 B - com grelha de aço - areia e brita comerciais","un",7076.12]
[2003536,"Caixa coletora de sarjeta - CCS 300-100 B - com grelha de aço - areia extraída e brita produzida","un",6609.86]
[2003499,"Caixa coletora de sarjeta - CCS 300-120 A - com grelha de concreto - areia e brita comerciais","un",7813.66]
[2003498,"Caixa coletora de sarjeta - CCS 300-120 A - com grelha de concreto - areia extraída e brita produzida","un",7270.05]
[2003539,"Caixa coletora de sarjeta - CCS 300-120 B - com grelha de aço - areia e brita comerciais","un",8034.6]
[2003538,"Caixa coletora de sarjeta - CCS 300-120 B - com grelha de aço - areia extraída e brita produzida","un",7502.78]
[2003493,"Caixa coletora de sarjeta - CCS 300-60 A - com grelha de concreto - areia e brita comerciais","un",6960.55]
[2003492,"Caixa coletora de sarjeta - CCS 300-60 A - com grelha de concreto - areia extraída e brita produzida","un",6471.87]
[2003533,"Caixa coletora de sarjeta - CCS 300-60 B - com grelha de aço - areia e brita comerciais","un",7151.48]
[2003532,"Caixa coletora de sarjeta - CCS 300-60 B - com grelha de aço - areia extraída e brita produzida","un",6672.29]
[2003495,"Caixa coletora de sarjeta - CCS 300-80 A - com grelha de concreto - areia e brita comerciais","un",6927.58]
[2003494,"Caixa coletora de sarjeta - CCS 300-80 A - com grelha de concreto - areia extraída e brita produzida","un",6444.56]
[2003535,"Caixa coletora de sarjeta - CCS 300-80 B - com grelha de aço - areia e brita comerciais","un",7118.51]
[2003534,"Caixa coletora de sarjeta - CCS 300-80 B - com grelha de aço - areia extraída e brita produzida","un",6644.98]
[2003505,"Caixa coletora de sarjeta - CCS 350-100 A - com grelha de concreto - areia e brita comerciais","un",7873.19]
[2003504,"Caixa coletora de sarjeta - CCS 350-100 A - com grelha de concreto - areia extraída e brita produzida","un",7329.3]
[2003545,"Caixa coletora de sarjeta - CCS 350-100 B - com grelha de aço - areia e brita comerciais","un",8064.12]
[2003544,"Caixa coletora de sarjeta - CCS 350-100 B - com grelha de aço - areia extraída e brita produzida","un",7529.72]
[2003507,"Caixa coletora de sarjeta - CCS 350-120 A - com grelha de concreto - areia e brita comerciais","un",8926.8799999999992]
[2003506,"Caixa coletora de sarjeta - CCS 350-120 A - com grelha de concreto - areia extraída e brita produzida","un",8306.1299999999992]
[2003547,"Caixa coletora de sarjeta - CCS 350-120 B - com grelha de aço - areia e brita comerciais","un",9147.81]
[2003546,"Caixa coletora de sarjeta - CCS 350-120 B - com grelha de aço - areia extraída e brita produzida","un",8538.86]
[2003501,"Caixa coletora de sarjeta - CCS 350-60 A - com grelha de concreto - areia e brita comerciais","un",7948.55]
[2003500,"Caixa coletora de sarjeta - CCS 350-60 A - com grelha de concreto - areia extraída e brita produzida","un",7391.73]
[2003541,"Caixa coletora de sarjeta - CCS 350-60 B - com grelha de aço - areia e brita comerciais","un",8139.48]
[2003540,"Caixa coletora de sarjeta - CCS 350-60 B - com grelha de aço - areia extraída e brita produzida","un",7592.15]
[2003503,"Caixa coletora de sarjeta - CCS 350-80 A - com grelha de concreto - areia e brita comerciais","un",7915.58]
[2003502,"Caixa coletora de sarjeta - CCS 350-80 A - com grelha de concreto - areia extraída e brita produzida","un",7364.42]
[2003543,"Caixa coletora de sarjeta - CCS 350-80 B - com grelha de aço - areia e brita comerciais","un",8106.51]
[2003542,"Caixa coletora de sarjeta - CCS 350-80 B - com grelha de aço - areia extraída e brita produzida","un",7564.84]
[2003513,"Caixa coletora de sarjeta - CCS 400-100 A - com grelha de concreto - areia e brita comerciais","un",8923.77]
[2003512,"Caixa coletora de sarjeta - CCS 400-100 A - com grelha de concreto - areia extraída e brita produzida","un",8311.75]
[2003553,"Caixa coletora de sarjeta - CCS 400-100 B - com grelha de aço - areia e brita comerciais","un",9114.7000000000007]
[2003552,"Caixa coletora de sarjeta - CCS 400-100 B - com grelha de aço - areia extraída e brita produzida","un",8512.17]
[2003515,"Caixa coletora de sarjeta - CCS 400-120 A - com grelha de concreto - areia e brita comerciais","un",10107.1]
[2003514,"Caixa coletora de sarjeta - CCS 400-120 A - com grelha de concreto - areia extraída e brita produzida","un",9409.2099999999991]
[2003555,"Caixa coletora de sarjeta - CCS 400-120 B - com grelha de aço - areia e brita comerciais","un",10328.030000000001]
[2003554,"Caixa coletora de sarjeta - CCS 400-120 B - com grelha de aço - areia extraída e brita produzida","un",9641.94]
[2003509,"Caixa coletora de sarjeta - CCS 400-60 A - com grelha de concreto - areia e brita comerciais","un",8999.1299999999992]
[2003508,"Caixa coletora de sarjeta - CCS 400-60 A - com grelha de concreto - areia extraída e brita produzida","un",8374.18]
[2003549,"Caixa coletora de sarjeta - CCS 400-60 B - com grelha de aço - areia e brita comerciais","un",9190.06]
[2003548,"Caixa coletora de sarjeta - CCS 400-60 B - com grelha de aço - areia extraída e brita produzida","un",8574.6]
[2003511,"Caixa coletora de sarjeta - CCS 400-80 A - com grelha de concreto - areia e brita comerciais","un",8966.16]
[2003510,"Caixa coletora de sarjeta - CCS 400-80 A - com grelha de concreto - areia extraída e brita produzida","un",8346.86]
[2003551,"Caixa coletora de sarjeta - CCS 400-80 B - com grelha de aço - areia e brita comerciais","un",9157.09]
[2003550,"Caixa coletora de sarjeta - CCS 400-80 B - com grelha de aço - areia extraída e brita produzida","un",8547.2900000000009]
[2003728,"Caixa coletora de talvegue - CCT 01 - areia e brita comerciais","un",3741.64]
[2003727,"Caixa coletora de talvegue - CCT 01 - areia extraída e brita produzida","un",3451.1]
[2003730,"Caixa coletora de talvegue - CCT 02 - areia e brita comerciais","un",3690.3]
[2003729,"Caixa coletora de talvegue - CCT 02 - areia extraída e brita produzida","un",3412.61]
[2003732,"Caixa coletora de talvegue - CCT 03 - areia e brita comerciais","un",3644.09]
[2003731,"Caixa coletora de talvegue - CCT 03 - areia extraída e brita produzida","un",3377.97]
[2003734,"Caixa coletora de talvegue - CCT 04 - areia e brita comerciais","un",3587.62]
[2003733,"Caixa coletora de talvegue - CCT 04 - areia extraída e brita produzida","un",3335.64]
[2003736,"Caixa coletora de talvegue - CCT 05 - areia e brita comerciais","un",4906.29]
[2003735,"Caixa coletora de talvegue - CCT 05 - areia extraída e brita produzida","un",4545.04]
[2003738,"Caixa coletora de talvegue - CCT 06 - areia e brita comerciais","un",4854.95]
[2003737,"Caixa coletora de talvegue - CCT 06 - areia extraída e brita produzida","un",4506.55]
[2003740,"Caixa coletora de talvegue - CCT 07 - areia e brita comerciais","un",4808.74]
[2003739,"Caixa coletora de talvegue - CCT 07 - areia extraída e brita produzida","un",4471.92]
[2003742,"Caixa coletora de talvegue - CCT 08 - areia e brita comerciais","un",4957.63]
[2003741,"Caixa coletora de talvegue - CCT 08 - areia extraída e brita produzida","un",4583.5200000000004]
[2003744,"Caixa coletora de talvegue - CCT 09 - areia e brita comerciais","un",5902.19]
[2003743,"Caixa coletora de talvegue - CCT 09 - areia extraída e brita produzida","un",5470.23]
[2003746,"Caixa coletora de talvegue - CCT 10 - areia e brita comerciais","un",5850.85]
[2003745,"Caixa coletora de talvegue - CCT 10 - areia extraída e brita produzida","un",5431.75]
[2003748,"Caixa coletora de talvegue - CCT 11 - areia e brita comerciais","un",5804.64]
[2003747,"Caixa coletora de talvegue - CCT 11 - areia extraída e brita produzida","un",5397.11]
[2003750,"Caixa coletora de talvegue - CCT 12 - areia e brita comerciais","un",5748.17]
[2003749,"Caixa coletora de talvegue - CCT 12 - areia extraída e brita produzida","un",5354.78]
[2003752,"Caixa coletora de talvegue - CCT 13 - areia e brita comerciais","un",7122.86]
[2003751,"Caixa coletora de talvegue - CCT 13 - areia extraída e brita produzida","un",6620.19]
[2003754,"Caixa coletora de talvegue - CCT 14 - areia e brita comerciais","un",7071.52]
[2003753,"Caixa coletora de talvegue - CCT 14 - areia extraída e brita produzida","un",6581.71]
[2003756,"Caixa coletora de talvegue - CCT 15 - areia e brita comerciais","un",7025.32]
[2003755,"Caixa coletora de talvegue - CCT 15 - areia extraída e brita produzida","un",6547.07]
[2003758,"Caixa coletora de talvegue - CCT 16 - areia e brita comerciais","un",6968.84]
[2003757,"Caixa coletora de talvegue - CCT 16 - areia extraída e brita produzida","un",6504.74]
[2003760,"Caixa coletora de talvegue - CCT 17 - areia e brita comerciais","un",7034.22]
[2003759,"Caixa coletora de talvegue - CCT 17 - areia extraída e brita produzida","un",6743.68]
[2003762,"Caixa coletora de talvegue - CCT 18 - areia e brita comerciais","un",8112.38]
[2003761,"Caixa coletora de talvegue - CCT 18 - areia extraída e brita produzida","un",7551.86]
[2003764,"Caixa coletora de talvegue - CCT 19 - areia e brita comerciais","un",8066.18]
[2003763,"Caixa coletora de talvegue - CCT 19 - areia extraída e brita produzida","un",7517.22]
[2003766,"Caixa coletora de talvegue - CCT 20 - areia e brita comerciais","un",8009.7]
[2003765,"Caixa coletora de talvegue - CCT 20 - areia extraída e brita produzida","un",7474.89]
[2003642,"Caixa de ligação e passagem - CLP 01 - areia e brita comerciais","un",1703.65]
[2003641,"Caixa de ligação e passagem - CLP 01 - areia extraída e brita produzida","un",1522.38]
[2003644,"Caixa de ligação e passagem - CLP 02 - areia e brita comerciais","un",1672.84]
[2003643,"Caixa de ligação e passagem - CLP 02 - areia extraída e brita produzida","un",1499.29]
[2003646,"Caixa de ligação e passagem - CLP 03 - areia e brita comerciais","un",2294.35]
[2003645,"Caixa de ligação e passagem - CLP 03 - areia extraída e brita produzida","un",2044.95]
[2003648,"Caixa de ligação e passagem - CLP 04 - areia e brita comerciais","un",2954.67]
[2003647,"Caixa de ligação e passagem - CLP 04 - areia extraída e brita produzida","un",2640.98]
[2003650,"Caixa de ligação e passagem - CLP 05 - areia e brita comerciais","un",3514.72]
[2003649,"Caixa de ligação e passagem - CLP 05 - areia extraída e brita produzida","un",3152.18]
[2003652,"Caixa de ligação e passagem - CLP 06 - areia e brita comerciais","un",4503.66]
[2003651,"Caixa de ligação e passagem - CLP 06 - areia extraída e brita produzida","un",4065.27]
[2003654,"Caixa de ligação e passagem - CLP 07 - areia e brita comerciais","un",2035.89]
[2003653,"Caixa de ligação e passagem - CLP 07 - areia extraída e brita produzida","un",1819.91]
[2003656,"Caixa de ligação e passagem - CLP 08 - areia e brita comerciais","un",1999.95]
[2003655,"Caixa de ligação e passagem - CLP 08 - areia extraída e brita produzida","un",1792.97]
[2003658,"Caixa de ligação e passagem - CLP 09 - areia e brita comerciais","un",2676.77]
[2003657,"Caixa de ligação e passagem - CLP 09 - areia extraída e brita produzida","un",2384.94]
[2003660,"Caixa de ligação e passagem - CLP 10 - areia e brita comerciais","un",3362.84]
[2003659,"Caixa de ligação e passagem - CLP 10 - areia extraída e brita produzida","un",3004.16]
[2003662,"Caixa de ligação e passagem - CLP 11 - areia e brita comerciais","un",3953.78]
[2003661,"Caixa de ligação e passagem - CLP 11 - areia extraída e brita produzida","un",3542.39]
[2003664,"Caixa de ligação e passagem - CLP 12 - areia e brita comerciais","un",4878.3599999999997]
[2003663,"Caixa de ligação e passagem - CLP 12 - areia extraída e brita produzida","un",4387.26]
[2003666,"Caixa de ligação e passagem - CLP 13 - areia e brita comerciais","un",2373.27]
[2003665,"Caixa de ligação e passagem - CLP 13 - areia extraída e brita produzida","un",2121.29]
[2003668,"Caixa de ligação e passagem - CLP 14 - areia e brita comerciais","un",2342.4699999999998]
[2003667,"Caixa de ligação e passagem - CLP 14 - areia extraída e brita produzida","un",2098.1999999999998]
[2003670,"Caixa de ligação e passagem - CLP 15 - areia e brita comerciais","un",3074.58]
[2003669,"Caixa de ligação e passagem - CLP 15 - areia extraída e brita produzida","un",2736.47]
[2003672,"Caixa de ligação e passagem - CLP 16 - areia e brita comerciais","un",3796.68]
[2003671,"Caixa de ligação e passagem - CLP 16 - areia extraída e brita produzida","un",3386.57]
[2003674,"Caixa de ligação e passagem - CLP 17 - areia e brita comerciais","un",4413.38]
[2003673,"Caixa de ligação e passagem - CLP 17 - areia extraída e brita produzida","un",3947.99]
[2003676,"Caixa de ligação e passagem - CLP 18 - areia e brita comerciais","un",5386.86]
[2003675,"Caixa de ligação e passagem - CLP 18 - areia extraída e brita produzida","un",4835.34]
[2003854,"Camada drenante para proteção de muros de contenção - areia comercial","m³",96.63]
[2003855,"Camada drenante para proteção de muros de contenção - areia extraída","m³",18.86]
[2003856,"Camada drenante para proteção de muros de contenção - brita comercial","m³",194.96]
[2003857,"Camada drenante para proteção de muros de contenção - brita produzida","m³",71.650000000000006]
[2019782,"Canal em polietileno e polipropileno com efeito autolimpante e abertura de captação em ferro fundido dúctil - carga de controle de 900 kN - 100,0 x 21,0 x 57,9 cm - fornecimento e instalação em pavimento de asfalto","m",1202.6099999999999]
[2019783,"Canal em polietileno e polipropileno com efeito autolimpante e abertura de captação em ferro fundido dúctil - carga de controle de 900 kN - 100,0 x 25,2 x 66,5 cm - fornecimento e instalação em pavimento de asfalto","m",1872.79]
[2019784,"Canal em polietileno e polipropileno com efeito autolimpante e abertura de captação em ferro fundido dúctil - carga de controle de 900 kN - 100,0 x 42,0 x 95,0 cm - fornecimento e instalação em pavimento de asfalto","m",2419.31]
[2019785,"Canal em polietileno e polipropileno com efeito autolimpante e abertura de captação em ferro fundido dúctil - carga de controle de 900 kN - 114,2 x 78,0 x 106,0 cm - fornecimento e instalação em pavimento de asfalto","m",3219.3]
[2019776,"Canal em polietileno e polipropileno com efeito autolimpante e grelha de encaixe em ferro fundido dúctil - carga de controle de 400 kN - 100,0 x 14,7 x 18,6 cm - fornecimento e instalação em pavimento de asfalto","m",540.72]
[2019777,"Canal em polietileno e polipropileno com efeito autolimpante e grelha de encaixe em ferro fundido dúctil - carga de controle de 400 kN - 100,0 x 24,7 x 23,6 cm - fornecimento e instalação em pavimento de asfalto","m",1390.02]
[2019778,"Canal em polietileno e polipropileno com efeito autolimpante e grelha de encaixe em ferro fundido dúctil - carga de controle de 400 kN - 100,0 x 34,9 x 29,4 cm - fornecimento e instalação em pavimento de asfalto","m",2331.0500000000002]
[2019779,"Canal em polietileno e polipropileno com efeito autolimpante e grelha de encaixe em ferro fundido dúctil - carga de controle de 600 kN - 100,0 x 16,0 x 15,0 cm - fornecimento e instalação em pavimento de asfalto","m",826.7]
[2019780,"Canal em polietileno e polipropileno com efeito autolimpante e grelha de encaixe em ferro fundido dúctil - carga de controle de 600 kN - 100,0 x 21,2 x 21,0 cm - fornecimento e instalação em pavimento de asfalto","m",1008.81]
[2019781,"Canal em polietileno e polipropileno com efeito autolimpante e grelha de encaixe em ferro fundido dúctil - carga de controle de 600 kN - 100,0 x 26,2 x 20,0 cm - fornecimento e instalação em pavimento de asfalto","m",1268.31]
[2019773,"Canal em polietileno e polipropileno com efeito autolimpante e grelha de encaixe em poliamida reforçada - carga de controle de 250 kN - 100,0 x 16,0 x 15,0 cm - fornecimento e instalação em pavimento de asfalto","m",363.63]
[2019774,"Canal em polietileno e polipropileno com efeito autolimpante e grelha de encaixe em poliamida reforçada - carga de controle de 250 kN - 100,0 x 16,0 x 20,0 cm - fornecimento e instalação em pavimento de asfalto","m",389.52]
[2019775,"Canal em polietileno e polipropileno com efeito autolimpante e grelha de encaixe em poliamida reforçada - carga de controle de 250 kN - 100,0 x 16,0 x 7,5 cm - fornecimento e instalação em pavimento de asfalto","m",336.96]
[2019755,"Canal monobloco com corpo e grelha em concreto polímero com efeito autolimpante - carga de controle de 400 kN - 100,0 x 15,0 x 23,0 cm - fornecimento e instalação em pavimento de asfalto","m",430.23]
[2019764,"Canal monobloco com corpo e grelha em concreto polímero com efeito autolimpante - carga de controle de 400 kN - 100,0 x 15,0 x 23,0 cm - fornecimento e instalação em pavimento de concreto","m",453.67]
[2019756,"Canal monobloco com corpo e grelha em concreto polímero com efeito autolimpante - carga de controle de 400 kN - 100,0 x 25,0 x 32,0 cm - fornecimento e instalação em pavimento de asfalto","m",764.8]
[2019765,"Canal monobloco com corpo e grelha em concreto polímero com efeito autolimpante - carga de controle de 400 kN - 100,0 x 25,0 x 32,0 cm - fornecimento e instalação em pavimento de concreto","m",788.24]
[2019757,"Canal monobloco com corpo e grelha em concreto polímero com efeito autolimpante - carga de controle de 900 kN - 100,0 x 16,0 x 26,5 cm - fornecimento e instalação em pavimento de asfalto","m",808.68]
[2019766,"Canal monobloco com corpo e grelha em concreto polímero com efeito autolimpante - carga de controle de 900 kN - 100,0 x 16,0 x 26,5 cm - fornecimento e instalação em pavimento de concreto","m",871.77]
[2019758,"Canal monobloco com corpo e grelha em concreto polímero com efeito autolimpante - carga de controle de 900 kN - 100,0 x 21,0 x 28,0 cm - fornecimento e instalação em pavimento de asfalto","m",849.35]
[2019767,"Canal monobloco com corpo e grelha em concreto polímero com efeito autolimpante - carga de controle de 900 kN - 100,0 x 21,0 x 28,0 cm - fornecimento e instalação em pavimento de concreto","m",912.99]
[2019759,"Canal monobloco com corpo e grelha em concreto polímero com efeito autolimpante - carga de controle de 900 kN - 100,0 x 21,0 x 38,0 cm - fornecimento e instalação em pavimento de asfalto","m",952.49]
[2019768,"Canal monobloco com corpo e grelha em concreto polímero com efeito autolimpante - carga de controle de 900 kN - 100,0 x 21,0 x 38,0 cm - fornecimento e instalação em pavimento de concreto","m",1026.97]
[2019760,"Canal monobloco com corpo e grelha em concreto polímero com efeito autolimpante - carga de controle de 900 kN - 100,0 x 21,0 x 48,0 cm - fornecimento e instalação em pavimento de asfalto","m",1170.53]
[2019769,"Canal monobloco com corpo e grelha em concreto polímero com efeito autolimpante - carga de controle de 900 kN - 100,0 x 21,0 x 48,0 cm - fornecimento e instalação em pavimento de concreto","m",1255.8499999999999]
[2019761,"Canal monobloco com corpo e grelha em concreto polímero com efeito autolimpante - carga de controle de 900 kN - 100,0 x 26,0 x 33,0 cm - fornecimento e instalação em pavimento de asfalto","m",1184.6600000000001]
[2019770,"Canal monobloco com corpo e grelha em concreto polímero com efeito autolimpante - carga de controle de 900 kN - 100,0 x 26,0 x 33,0 cm - fornecimento e instalação em pavimento de concreto","m",1253.72]
[2019762,"Canal monobloco com corpo e grelha em concreto polímero com efeito autolimpante - carga de controle de 900 kN - 100,0 x 26,0 x 53,0 cm - fornecimento e instalação em pavimento de asfalto","m",1327.31]
[2019771,"Canal monobloco com corpo e grelha em concreto polímero com efeito autolimpante - carga de controle de 900 kN - 100,0 x 26,0 x 53,0 cm - fornecimento e instalação em pavimento de concreto","m",1418.06]
[2019763,"Canal monobloco com corpo e grelha em concreto polímero com efeito autolimpante - carga de controle de 900 kN - 200,0 x 40,0 x 59,5 cm - fornecimento e instalação em pavimento de asfalto","m",4470.63]
[2019772,"Canal monobloco com corpo e grelha em concreto polímero com efeito autolimpante - carga de controle de 900 kN - 200,0 x 40,0 x 59,5 cm - fornecimento e instalação em pavimento de concreto","m",4559.75]
[2003811,"Canaleta de concreto - CAU 01 - seção de 20 x 20 cm - espessura de 10 cm - apoiada em toda a extensão","m",146.26]
[2003812,"Canaleta de concreto - CAU 02 - seção de 25 x 25 cm - espessura de 10 cm - apoiada em toda a extensão","m",173.22]
[2003813,"Canaleta de concreto - CAU 03 - seção de 30 x 30 cm - espessura de 10 cm - apoiada em toda a extensão","m",206.45]
[2003814,"Canaleta de concreto - CAU 04 - seção de 35 x 35 cm - espessura de 10 cm - apoiada em toda a extensão","m",235.5]
[2003815,"Canaleta de concreto - CAU 05 - seção de 40 x 40 cm - espessura de 10 cm - apoiada em toda a extensão","m",264.55]
[2003816,"Canaleta de concreto - CAU 06 - seção de 50 x 50 cm - espessura de 10 cm - apoiada em toda a extensão","m",326.83]
[2003817,"Canaleta de concreto - CAU 07 - seção de 60 x 60 cm - espessura de 10 cm - apoiada em toda a extensão","m",382.83]
[2003799,"Canaleta meia cana D = 0,30 m assente sobre lastro de areia - areia e brita comerciais - fornecimento e instalação","m",59.73]
[2003798,"Canaleta meia cana D = 0,30 m assente sobre lastro de areia - areia extraída e brita produzida - fornecimento e instalação","m",53.25]
[2003801,"Canaleta meia cana D = 0,40 m assente sobre lastro de areia - areia e brita comerciais - fornecimento e instalação","m",75.900000000000006]
[2003800,"Canaleta meia cana D = 0,40 m assente sobre lastro de areia - areia extraída e brita produzida - fornecimento e instalação","m",66.56]
[2003714,"Chaminé dos poços de visita - CPV 01 - areia e brita comerciais","un",1571.6]
[2003713,"Chaminé dos poços de visita - CPV 01 - areia extraída e brita produzida","un",1537.58]
[2003716,"Chaminé dos poços de visita - CPV 02 - areia e brita comerciais","un",1847.5]
[2003715,"Chaminé dos poços de visita - CPV 02 - areia extraída e brita produzida","un",1809.09]
[2003718,"Chaminé dos poços de visita - CPV 03 - areia e brita comerciais","un",2116.5500000000002]
[2003717,"Chaminé dos poços de visita - CPV 03 - areia extraída e brita produzida","un",2074.5500000000002]
[2003720,"Chaminé dos poços de visita - CPV 04 - areia e brita comerciais","un",2392.4]
[2003719,"Chaminé dos poços de visita - CPV 04 - areia extraída e brita produzida","un",2346.0100000000002]
[2003722,"Chaminé dos poços de visita - CPV 05 - areia e brita comerciais","un",2661.45]
[2003721,"Chaminé dos poços de visita - CPV 05 - areia extraída e brita produzida","un",2611.4699999999998]
[2003724,"Chaminé dos poços de visita - CPV 06 - areia e brita comerciais","un",2937.35]
[2003723,"Chaminé dos poços de visita - CPV 06 - areia extraída e brita produzida","un",2882.97]
[2003726,"Chaminé dos poços de visita - CPV 07 - areia e brita comerciais","un",3206.4]
[2003725,"Chaminé dos poços de visita - CPV 07 - areia extraída e brita produzida","un",3148.43]
[2003859,"Colchão drenante com espalhamento e compactação mecânicos - brita produzida","m³",68.349999999999994]
[2003861,"Coluna drenante D = 20 cm - areia comercial","m",24.73]
[2003862,"Coluna drenante D = 20 cm - areia extraída","m",22.51]
[2003411,"Descida d'água de aterros em degraus - DAD 110-26 - areia e brita comerciais","m",795.44]
[2003410,"Descida d'água de aterros em degraus - DAD 110-26 - areia extraída e brita produzida","m",741.32]
[2003415,"Descida d'água de aterros em degraus - DAD 125-30 - areia e brita comerciais","m",874.63]
[2003414,"Descida d'água de aterros em degraus - DAD 125-30 - areia extraída e brita produzida","m",814.68]
[2003419,"Descida d'água de aterros em degraus - DAD 170-35 - areia e brita comerciais","m",1061.1300000000001]
[2003418,"Descida d'água de aterros em degraus - DAD 170-35 - areia extraída e brita produzida","m",985.84]
[2003423,"Descida d'água de aterros em degraus - DAD 200-40 - areia e brita comerciais","m",1217.8499999999999]
[2003422,"Descida d'água de aterros em degraus - DAD 200-40 - areia extraída e brita produzida","m",1131.83]
[2003427,"Descida d'água de aterros em degraus - DAD 240-54 - areia e brita comerciais","m",1448.92]
[2003426,"Descida d'água de aterros em degraus - DAD 240-54 - areia extraída e brita produzida","m",1346.31]
[2003431,"Descida d'água de aterros em degraus - DAD 320-35 - areia e brita comerciais","m",1606.93]
[2003430,"Descida d'água de aterros em degraus - DAD 320-35 - areia extraída e brita produzida","m",1485.67]
[2003435,"Descida d'água de aterros em degraus - DAD 370-45 - areia e brita comerciais","m",1859.34]
[2003434,"Descida d'água de aterros em degraus - DAD 370-45 - areia extraída e brita produzida","m",1719.67]
[2003439,"Descida d'água de aterros em degraus - DAD 435-55 - areia e brita comerciais","m",2176.52]
[2003438,"Descida d'água de aterros em degraus - DAD 435-55 - areia extraída e brita produzida","m",2013.85]
[2003167,"Descida d'água de aterros em degraus - DAD 470-35 - areia e brita comerciais","m",2138.92]
[2003168,"Descida d'água de aterros em degraus - DAD 470-35 - areia extraída e brita produzida","m",1971.7]
[2003407,"Descida d'água de aterros em degraus - DAD 60-36 - areia e brita comerciais","m",678.27]
[2003406,"Descida d'água de aterros em degraus - DAD 60-36 - areia extraída e brita produzida","m",636.38]
[2003169,"Descida d'água de aterros em degraus - DAD 608-50 - areia e brita comerciais","m",2765.57]
[2003170,"Descida d'água de aterros em degraus - DAD 608-50 - areia extraída e brita produzida","m",2551.4299999999998]
[2003389,"Descida d'água de aterros tipo rápido - DAR 40-20 - areia e brita comerciais","m",244.88]
[2003388,"Descida d'água de aterros tipo rápido - DAR 40-20 - areia extraída e brita produzida","m",226.99]
[2003393,"Descida d'água de aterros tipo rápido - DAR 60-30 - areia e brita comerciais","m",367.82]
[2003392,"Descida d'água de aterros tipo rápido - DAR 60-30 - areia extraída e brita produzida","m",343.38]
[2003173,"Descida d'água de cortes em degraus - DCD 100-50 - areia e brita comerciais","m",883.07]
[2003174,"Descida d'água de cortes em degraus - DCD 100-50 - areia extraída e brita produzida","m",827.3]
[2003171,"Descida d'água de cortes em degraus - DCD 40-40 - areia e brita comerciais","m",609.55999999999995]
[2003172,"Descida d'água de cortes em degraus - DCD 40-40 - areia extraída e brita produzida","m",574.64]
[2003399,"Descida d'água de cortes em degraus - DCD 60-30 - areia e brita comerciais","m",619.19000000000005]
[2003398,"Descida d'água de cortes em degraus - DCD 60-30 - areia extraída e brita produzida","m",581.27]
[2003403,"Descida d'água de cortes em degraus - DCD 80-40 - areia e brita comerciais","m",756.14]
[2003402,"Descida d'água de cortes em degraus - DCD 80-40 - areia extraída e brita produzida","m",709.28]
[2003452,"Dissipador de energia - DEB 180-263 - areia extraída e brita e pedra de mão produzidas","un",837.31]
[2003453,"Dissipador de energia - DEB 180-263 - areia, brita e pedra de mão comerciais","un",1004.58]
[2003454,"Dissipador de energia - DEB 240-316 - areia extraída e brita e pedra de mão produzidas","un",1181.44]
[2003455,"Dissipador de energia - DEB 240-316 - areia, brita e pedra de mão comerciais","un",1437.97]
[2003456,"Dissipador de energia - DEB 300-366 - areia extraída e brita e pedra de mão produzidas","un",1569.07]
[2003457,"Dissipador de energia - DEB 300-366 - areia, brita e pedra de mão comerciais","un",1930.83]
[2003462,"Dissipador de energia - DEB 300-511 - areia extraída e brita e pedra de mão produzidas","un",2019.7]
[2003463,"Dissipador de energia - DEB 300-511 - areia, brita e pedra de mão comerciais","un",2512.94]
[2003468,"Dissipador de energia - DEB 300-666 - areia extraída e brita e pedra de mão produzidas","un",2501.21]
[2003469,"Dissipador de energia - DEB 300-666 - areia, brita e pedra de mão comerciais","un",3134.89]
[2003458,"Dissipador de energia - DEB 360-414 - areia extraída e brita e pedra de mão produzidas","un",1997.62]
[2003459,"Dissipador de energia - DEB 360-414 - areia, brita e pedra de mão comerciais","un",2479.23]
[2003464,"Dissipador de energia - DEB 360-584 - areia extraída e brita e pedra de mão produzidas","un",2609.88]
[2003465,"Dissipador de energia - DEB 360-584 - areia, brita e pedra de mão comerciais","un",3274.37]
[2003470,"Dissipador de energia - DEB 360-754 - areia extraída e brita e pedra de mão produzidas","un",3224.22]
[2003471,"Dissipador de energia - DEB 360-754 - areia, brita e pedra de mão comerciais","un",4072.29]
[2003460,"Dissipador de energia - DEB 450-551 - areia extraída e brita e pedra de mão produzidas","un",3014.63]
[2003461,"Dissipador de energia - DEB 450-551 - areia, brita e pedra de mão comerciais","un",3794.56]
[2003466,"Dissipador de energia - DEB 450-746 - areia extraída e brita e pedra de mão produzidas","un",3865.06]
[2003467,"Dissipador de energia - DEB 450-746 - areia, brita e pedra de mão comerciais","un",4905.1400000000003]
[2003472,"Dissipador de energia - DEB 450-956 - areia extraída e brita e pedra de mão produzidas","un",4779.87]
[2003473,"Dissipador de energia - DEB 450-956 - areia, brita e pedra de mão comerciais","un",6100.66]
[2003176,"Dissipador de energia - DED 01 A - areia extraída e brita e pedra de mão produzidas","un",607.58000000000004]
[2003175,"Dissipador de energia - DED 01 A - areia, brita e pedra de mão comerciais","un",708.33]
[2003201,"Dissipador de energia - DED 01 B - areia e brita comerciais","un",673.7]
[2003202,"Dissipador de energia - DED 01 B - areia extraída e brita produzida","un",612.29]
[2003178,"Dissipador de energia - DED 02 A - areia extraída e brita e pedra de mão produzidas","un",380.04]
[2003177,"Dissipador de energia - DED 02 A - areia, brita e pedra de mão comerciais","un",434.21]
[2003203,"Dissipador de energia - DED 02 B - areia e brita comerciais","un",483.09]
[2003204,"Dissipador de energia - DED 02 B - areia extraída e brita produzida","un",439.76]
[2003180,"Dissipador de energia - DED 03 A - areia extraída e brita e pedra de mão produzidas","un",606.22]
[2003179,"Dissipador de energia - DED 03 A - areia, brita e pedra de mão comerciais","un",706.56]
[2003205,"Dissipador de energia - DED 03 B - areia e brita comerciais","un",1600.29]
[2003206,"Dissipador de energia - DED 03 B - areia extraída e brita produzida","un",1490.34]
[2003182,"Dissipador de energia - DED 04 A - areia extraída e brita e pedra de mão produzidas","un",755.17]
[2003181,"Dissipador de energia - DED 04 A - areia, brita e pedra de mão comerciais","un",894.51]
[2003207,"Dissipador de energia - DED 04 B - areia e brita comerciais","un",1833.48]
[2003208,"Dissipador de energia - DED 04 B - areia extraída e brita produzida","un",1705.6]
[2003184,"Dissipador de energia - DED 05 A - areia extraída e brita e pedra de mão produzidas","un",985.31]
[2003183,"Dissipador de energia - DED 05 A - areia, brita e pedra de mão comerciais","un",1179.08]
[2003209,"Dissipador de energia - DED 05 B - areia e brita comerciais","un",2837.53]
[2003210,"Dissipador de energia - DED 05 B - areia extraída e brita produzida","un",2632.31]
[2003186,"Dissipador de energia - DED 06 A - areia extraída e brita e pedra de mão produzidas","un",1273.3800000000001]
[2003185,"Dissipador de energia - DED 06 A - areia, brita e pedra de mão comerciais","un",1542.84]
[2003211,"Dissipador de energia - DED 06 B - areia e brita comerciais","un",3593.41]
[2003212,"Dissipador de energia - DED 06 B - areia extraída e brita produzida","un",3323.99]
[2003188,"Dissipador de energia - DED 07 A - areia extraída e brita e pedra de mão produzidas","un",1577.69]
[2003187,"Dissipador de energia - DED 07 A - areia, brita e pedra de mão comerciais","un",1927.36]
[2003213,"Dissipador de energia - DED 07 B - areia e brita comerciais","un",5196.5600000000004]
[2003214,"Dissipador de energia - DED 07 B - areia extraída e brita produzida","un",4788.97]
[2003190,"Dissipador de energia - DED 08 A - areia extraída e brita e pedra de mão produzidas","un",1973.26]
[2003189,"Dissipador de energia - DED 08 A - areia, brita e pedra de mão comerciais","un",2431.19]
[2003215,"Dissipador de energia - DED 08 B - areia e brita comerciais","un",8589.33]
[2003216,"Dissipador de energia - DED 08 B - areia extraída e brita produzida","un",7887.65]
[2003192,"Dissipador de energia - DED 09 A - areia extraída e brita e pedra de mão produzidas","un",2136.86]
[2003191,"Dissipador de energia - DED 09 A - areia, brita e pedra de mão comerciais","un",2638.67]
[2003217,"Dissipador de energia - DED 09 B - areia e brita comerciais","un",5964.71]
[2003218,"Dissipador de energia - DED 09 B - areia extraída e brita produzida","un",5476.68]
[2003194,"Dissipador de energia - DED 10 A - areia extraída e brita e pedra de mão produzidas","un",2611.52]
[2003193,"Dissipador de energia - DED 10 A - areia, brita e pedra de mão comerciais","un",3246.05]
[2003219,"Dissipador de energia - DED 10 B - areia e brita comerciais","un",8083.08]
[2003220,"Dissipador de energia - DED 10 B - areia extraída e brita produzida","un",7396.78]
[2003196,"Dissipador de energia - DED 11 A - areia extraída e brita e pedra de mão produzidas","un",3225.61]
[2003195,"Dissipador de energia - DED 11 A - areia, brita e pedra de mão comerciais","un",4034.26]
[2003221,"Dissipador de energia - DED 11 B - areia e brita comerciais","un",12205.63]
[2003222,"Dissipador de energia - DED 11 B - areia extraída e brita produzida","un",11126.94]
[2003198,"Dissipador de energia - DED 12 A - areia extraída e brita e pedra de mão produzidas","un",3001.38]
[2003197,"Dissipador de energia - DED 12 A - areia, brita e pedra de mão comerciais","un",3734.84]
[2003223,"Dissipador de energia - DED 12 B - areia e brita comerciais","un",8297.66]
[2003224,"Dissipador de energia - DED 12 B - areia extraída e brita produzida","un",7605.47]
[2003200,"Dissipador de energia - DED 13 A - areia extraída e brita e pedra de mão produzidas","un",3511.41]
[2003199,"Dissipador de energia - DED 13 A - areia, brita e pedra de mão comerciais","un",4419.95]
[2003225,"Dissipador de energia - DED 13 B - areia e brita comerciais","un",11887.87]
[2003226,"Dissipador de energia - DED 13 B - areia extraída e brita produzida","un",10846.42]
[2003238,"Dissipador de energia - DES 100-300 - areia extraída e brita e pedra de mão produzidas","un",709.09]
[2003237,"Dissipador de energia - DES 100-300 - areia, brita e pedra de mão comerciais","un",832.74]
[2003236,"Dissipador de energia - DES 108-324 - areia extraída e brita e pedra de mão produzidas","un",789.36]
[2003235,"Dissipador de energia - DES 108-324 - areia, brita e pedra de mão comerciais","un",931.54]
[2003234,"Dissipador de energia - DES 120-360 - areia extraída e brita e pedra de mão produzidas","un",924.43]
[2003233,"Dissipador de energia - DES 120-360 - areia, brita e pedra de mão comerciais","un",1100.1099999999999]
[2003232,"Dissipador de energia - DES 125-375 - areia extraída e brita e pedra de mão produzidas","un",972.3]
[2003231,"Dissipador de energia - DES 125-375 - areia, brita e pedra de mão comerciais","un",1158.1400000000001]
[2003230,"Dissipador de energia - DES 150-450 - areia extraída e brita e pedra de mão produzidas","un",1271.97]
[2003229,"Dissipador de energia - DES 150-450 - areia, brita e pedra de mão comerciais","un",1532.06]
[2003228,"Dissipador de energia - DES 160-480 - areia extraída e brita e pedra de mão produzidas","un",1411.22]
[2003227,"Dissipador de energia - DES 160-480 - areia, brita e pedra de mão comerciais","un",1708.93]
[2003248,"Dissipador de energia - DES 60-180 - areia extraída e brita e pedra de mão produzidas","un",364.26]
[2003247,"Dissipador de energia - DES 60-180 - areia, brita e pedra de mão comerciais","un",417.01]
[2003246,"Dissipador de energia - DES 73-219 - areia extraída e brita e pedra de mão produzidas","un",463.8]
[2003245,"Dissipador de energia - DES 73-219 - areia, brita e pedra de mão comerciais","un",534.86]
[2003244,"Dissipador de energia - DES 80-240 - areia extraída e brita e pedra de mão produzidas","un",524.66]
[2003243,"Dissipador de energia - DES 80-240 - areia, brita e pedra de mão comerciais","un",607.55999999999995]
[2003242,"Dissipador de energia - DES 88-264 - areia extraída e brita e pedra de mão produzidas","un",594.67999999999995]
[2003241,"Dissipador de energia - DES 88-264 - areia, brita e pedra de mão comerciais","un",693.32]
[2003240,"Dissipador de energia - DES 90-270 - areia extraída e brita e pedra de mão produzidas","un",619.41]
[2003239,"Dissipador de energia - DES 90-270 - areia, brita e pedra de mão comerciais","un",725.55]
[2004516,"Dreno de pavimento em microvala com geocomposto drenante H = 0,40 m - inclusive corte, enchimento com areia e selo asfáltico","m",38.69]
[2004517,"Dreno de pavimento em microvala com geocomposto drenante H = 0,60 m - inclusive corte, enchimento com areia e selo asfáltico","m",75.430000000000007]
[2007971,"Dreno de PVC D = 100 mm para OAE - fornecimento e instalação","m",88.96]
[2008091,"Dreno de PVC D = 150 mm para OAE - fornecimento e instalação","m",94.03]
[2006408,"Dreno de PVC D = 75 mm para OAE - fornecimento e instalação","m",72.430000000000007]
[2015642,"Dreno em tubo de aço galvanizado D = 100 mm em OAE - fornecimento e instalação","m",144.61000000000001]
[2015641,"Dreno em tubo de aço galvanizado D = 80 mm em OAE - fornecimento e instalação","m",135.59]
[2004509,"Dreno longitudinal de pavimento H = 0,40 m - com geocomposto drenante","m",42.74]
[2004510,"Dreno longitudinal de pavimento H = 0,60 m - com geocomposto drenante","m",52.84]
[2004511,"Dreno longitudinal de pavimento H = 1,00 m - com geocomposto drenante","m",73.02]
[2004512,"Dreno longitudinal de pavimento H = 1,50 m - com geocomposto drenante","m",98.24]
[2003843,"Dreno longitudinal profundo em tubo de concreto D = 0,40 m em vala de H = 1,10 m e L = 1,00 m com brita envolta em geotêxtil","m",396.78]
[2003915,"Dreno longitudinal profundo para corte em rocha - DPR 01 - tubo de concreto perfurado e brita comercial","m",119.83]
[2003914,"Dreno longitudinal profundo para corte em rocha - DPR 01 - tubo de concreto perfurado e brita produzida","m",101.93]
[2003589,"Dreno longitudinal profundo para corte em rocha - DPR 01 - tubo PEAD e brita comercial","m",132.61000000000001]
[2003588,"Dreno longitudinal profundo para corte em rocha - DPR 01 - tubo PEAD e brita produzida","m",117.64]
[2003917,"Dreno longitudinal profundo para corte em rocha - DPR 02 - tubo de concreto perfurado e brita comercial","m",134.36000000000001]
[2003916,"Dreno longitudinal profundo para corte em rocha - DPR 02 - tubo de concreto perfurado e brita produzida","m",116.46]
[2003591,"Dreno longitudinal profundo para corte em rocha - DPR 02 - tubo PEAD e brita comercial","m",147.13999999999999]
[2003590,"Dreno longitudinal profundo para corte em rocha - DPR 02 - tubo PEAD e brita produzida","m",132.16999999999999]
[2003593,"Dreno longitudinal profundo para corte em rocha - DPR 03 - brita comercial","m",92.21]
[2003592,"Dreno longitudinal profundo para corte em rocha - DPR 03 - brita produzida","m",70.83]
[2003595,"Dreno longitudinal profundo para corte em rocha - DPR 04 - brita comercial","m",77.680000000000007]
[2003594,"Dreno longitudinal profundo para corte em rocha - DPR 04 - brita produzida","m",56.3]
[2003597,"Dreno longitudinal profundo para corte em rocha - DPR 05 - tubo de concreto poroso e areia comercial","m",108.28]
[2003596,"Dreno longitudinal profundo para corte em rocha - DPR 05 - tubo de concreto poroso e areia extraída","m",95.79]
[2003572,"Dreno longitudinal profundo para corte em solo - DPS 01 - tubo PEAD e areia comercial","m",107.05]
[2003580,"Dreno longitudinal profundo para corte em solo - DPS 01 - tubo PEAD e areia extraída","m",69.73]
[2003573,"Dreno longitudinal profundo para corte em solo - DPS 02 - tubo PEAD e areia comercial","m",111.03]
[2003581,"Dreno longitudinal profundo para corte em solo - DPS 02 - tubo PEAD e areia extraída","m",67.89]
[2003561,"Dreno longitudinal profundo para corte em solo - DPS 03 - tubo de concreto perfurado, areia e brita comerciais - madeira com utilização de 5 vezes","m",181.44]
[2003560,"Dreno longitudinal profundo para corte em solo - DPS 03 - tubo de concreto perfurado, areia extraída e brita produzida - madeira com utilização de 5 vezes","m",120.94]
[2003574,"Dreno longitudinal profundo para corte em solo - DPS 03 - tubo PEAD, areia e brita comerciais - madeira com utilização de 5 vezes","m",169.28]
[2003582,"Dreno longitudinal profundo para corte em solo - DPS 03 - tubo PEAD, areia extraída e brita produzida - madeira com utilização de 5 vezes","m",127.72]
[2003563,"Dreno longitudinal profundo para corte em solo - DPS 04 - tubo de concreto perfurado, areia e brita comerciais - madeira com utilização de 5 vezes","m",187.21]
[2003562,"Dreno longitudinal profundo para corte em solo - DPS 04 - tubo de concreto perfurado, areia extraída e brita produzida - madeira com utilização de 5 vezes","m",117.97]
[2003575,"Dreno longitudinal profundo para corte em solo - DPS 04 - tubo PEAD, areia e brita comerciais - madeira com utilização de 5 vezes","m",173.32]
[2003583,"Dreno longitudinal profundo para corte em solo - DPS 04 - tubo PEAD, areia extraída e brita produzida - madeira com utilização de 5 vezes","m",125.65]
[2003565,"Dreno longitudinal profundo para corte em solo - DPS 05 - dreno cego - brita comercial","m",152.53]
[2003564,"Dreno longitudinal profundo para corte em solo - DPS 05 - dreno cego - brita produzida","m",86.26]
[2003567,"Dreno longitudinal profundo para corte em solo - DPS 06 - dreno cego - brita comercial","m",173.94]
[2003566,"Dreno longitudinal profundo para corte em solo - DPS 06 - dreno cego - brita produzida","m",93.77]
[2003569,"Dreno longitudinal profundo para corte em solo - DPS 07 - tubo de concreto perfurado e brita comercial","m",194.46]
[2003568,"Dreno longitudinal profundo para corte em solo - DPS 07 - tubo de concreto perfurado e brita produzida","m",131.66999999999999]
[2003578,"Dreno longitudinal profundo para corte em solo - DPS 07 - tubo PEAD e brita comercial","m",192.24]
[2003586,"Dreno longitudinal profundo para corte em solo - DPS 07 - tubo PEAD e brita produzida","m",139.63]
[2003571,"Dreno longitudinal profundo para corte em solo - DPS 08 - tubo de concreto perfurado e brita comercial","m",215.86]
[2003570,"Dreno longitudinal profundo para corte em solo - DPS 08 - tubo de concreto perfurado e brita produzida","m",139.18]
[2003579,"Dreno longitudinal profundo para corte em solo - DPS 08 - tubo PEAD e brita comercial","m",209.74]
[2003587,"Dreno longitudinal profundo para corte em solo - DPS 08 - tubo PEAD e brita produzida","m",146.44999999999999]
[2004506,"Dreno profundo H = 1,0 m - com geocomposto drenante - inclusive escavação e reaterro","m",80.849999999999994]
[2004507,"Dreno profundo H = 1,5 m - com geocomposto drenante - inclusive escavação e reaterro","m",110.06]
[2003614,"Dreno sub-horizontal - DSH 01 - material de 1ª categoria","m",147.41999999999999]
[2003865,"Dreno sub-horizontal - DSH 01 - material de 2ª categoria","m",166.94]
[2003923,"Dreno subsuperficial - DSS 01 - tubo de concreto perfurado e areia comercial","m",52.6]
[2003922,"Dreno subsuperficial - DSS 01 - tubo de concreto perfurado e areia extraída","m",38.01]
[2003605,"Dreno subsuperficial - DSS 01 - tubo PEAD e areia comercial","m",39.520000000000003]
[2003604,"Dreno subsuperficial - DSS 01 - tubo PEAD e areia extraída","m",27.86]
[2003607,"Dreno subsuperficial - DSS 02 - brita comercial","m",46.04]
[2003606,"Dreno subsuperficial - DSS 02 - brita produzida","m",28.93]
[2003609,"Dreno subsuperficial - DSS 03 - brita comercial","m",30.42]
[2003608,"Dreno subsuperficial - DSS 03 - brita produzida","m",13.31]
[2003925,"Dreno subsuperficial - DSS 04 - tubo de concreto perfurado e brita comercial","m",83.55]
[2003924,"Dreno subsuperficial - DSS 04 - tubo de concreto perfurado e brita produzida","m",63.52]
[2003611,"Dreno subsuperficial - DSS 04 - tubo PEAD e brita comercial","m",70.47]
[2003610,"Dreno subsuperficial - DSS 04 - tubo PEAD e brita produzida","m",53.37]
[2003820,"Dreno tipo barbacã - DRB 01 - D = 75 mm em estrutura de contenção de encosta - excluso o tubo de drenagem","un",20.32]
[2003821,"Dreno tipo barbacã - DRB 02 - D = 50 mm em estrutura de contenção de encosta - excluso o tubo de drenagem","un",17.73]
[2003842,"Enchimento de junta de concreto com argamassa asfáltica de densidade 1.700 kg/m³ - espessura de 1 cm","kg",74.14]
[2003103,"Entrada para descida d'água - EDA 01 A - areia e brita comerciais","un",203.03]
[2003104,"Entrada para descida d'água - EDA 01 A - areia extraída e brita produzida","un",180.01]
[2003115,"Entrada para descida d'água - EDA 01 B - areia e brita comerciais","un",300.08]
[2003116,"Entrada para descida d'água - EDA 01 B - areia extraída e brita produzida","un",264.77999999999997]
[2003105,"Entrada para descida d'água - EDA 02 A - areia e brita comerciais","un",215.38]
[2003106,"Entrada para descida d'água - EDA 02 A - areia extraída e brita produzida","un",191.37]
[2003117,"Entrada para descida d'água - EDA 02 B - areia e brita comerciais","un",317.5]
[2003118,"Entrada para descida d'água - EDA 02 B - areia extraída e brita produzida","un",280.82]
[2003107,"Entrada para descida d'água - EDA 03 A - areia e brita comerciais","un",189.58]
[2003108,"Entrada para descida d'água - EDA 03 A - areia extraída e brita produzida","un",169.1]
[2003119,"Entrada para descida d'água - EDA 03 B - areia e brita comerciais","un",275.29000000000002]
[2003120,"Entrada para descida d'água - EDA 03 B - areia extraída e brita produzida","un",245.03]
[2003109,"Entrada para descida d'água - EDA 04 A - areia e brita comerciais","un",199.78]
[2003110,"Entrada para descida d'água - EDA 04 A - areia extraída e brita produzida","un",178.57]
[2003121,"Entrada para descida d'água - EDA 04 B - areia e brita comerciais","un",289.77999999999997]
[2003122,"Entrada para descida d'água - EDA 04 B - areia extraída e brita produzida","un",258.48]
[2003111,"Entrada para descida d'água - EDA 05 A - areia e brita comerciais","un",211.96]
[2003112,"Entrada para descida d'água - EDA 05 A - areia extraída e brita produzida","un",189.88]
[2003123,"Entrada para descida d'água - EDA 05 B - areia e brita comerciais","un",307.20999999999998]
[2003124,"Entrada para descida d'água - EDA 05 B - areia extraída e brita produzida","un",274.67]
[2003113,"Entrada para descida d'água - EDA 06 A - areia e brita comerciais","un",222.17]
[2003114,"Entrada para descida d'água - EDA 06 A - areia extraída e brita produzida","un",199.36]
[2003125,"Entrada para descida d'água - EDA 06 B - areia e brita comerciais","un",321.7]
[2003126,"Entrada para descida d'água - EDA 06 B - areia extraída e brita produzida","un",288.13]
[2003127,"Entrada para descida d'água - EDA 07 A - areia e brita comerciais","un",859.5]
[2003128,"Entrada para descida d'água - EDA 07 A - areia extraída e brita produzida","un",746.08]
[2003147,"Entrada para descida d'água - EDA 07 B - areia e brita comerciais","un",1181.57]
[2003148,"Entrada para descida d'água - EDA 07 B - areia extraída e brita produzida","un",1018.75]
[2003129,"Entrada para descida d'água - EDA 08 A - areia e brita comerciais","un",865.15]
[2003130,"Entrada para descida d'água - EDA 08 A - areia extraída e brita produzida","un",750.56]
[2003149,"Entrada para descida d'água - EDA 08 B - areia e brita comerciais","un",1191.44]
[2003150,"Entrada para descida d'água - EDA 08 B - areia extraída e brita produzida","un",1026.57]
[2003131,"Entrada para descida d'água - EDA 09 A - areia e brita comerciais","un",882.34]
[2003132,"Entrada para descida d'água - EDA 09 A - areia extraída e brita produzida","un",764.19]
[2003151,"Entrada para descida d'água - EDA 09 B - areia e brita comerciais","un",1221.47]
[2003152,"Entrada para descida d'água - EDA 09 B - areia extraída e brita produzida","un",1050.3800000000001]
[2003133,"Entrada para descida d'água - EDA 10 A - areia e brita comerciais","un",885.81]
[2003134,"Entrada para descida d'água - EDA 10 A - areia extraída e brita produzida","un",766.94]
[2003153,"Entrada para descida d'água - EDA 10 B - areia e brita comerciais","un",1227.49]
[2003154,"Entrada para descida d'água - EDA 10 B - areia extraída e brita produzida","un",1055.1500000000001]
[2003135,"Entrada para descida d'água - EDA 11 A - areia e brita comerciais","un",893.57]
[2003136,"Entrada para descida d'água - EDA 11 A - areia extraída e brita produzida","un",773.09]
[2003155,"Entrada para descida d'água - EDA 11 B - areia e brita comerciais","un",1241.08]
[2003156,"Entrada para descida d'água - EDA 11 B - areia extraída e brita produzida","un",1065.93]
[2003137,"Entrada para descida d'água - EDA 12 A - areia e brita comerciais","un",1144.44]
[2003138,"Entrada para descida d'água - EDA 12 A - areia extraída e brita produzida","un",1012.7]
[2003157,"Entrada para descida d'água - EDA 12 B - areia e brita comerciais","un",1548.61]
[2003158,"Entrada para descida d'água - EDA 12 B - areia extraída e brita produzida","un",1362.18]
[2003139,"Entrada para descida d'água - EDA 13 A - areia e brita comerciais","un",1150.08]
[2003140,"Entrada para descida d'água - EDA 13 A - areia extraída e brita produzida","un",1017.18]
[2003159,"Entrada para descida d'água - EDA 13 B - areia e brita comerciais","un",1558.47]
[2003160,"Entrada para descida d'água - EDA 13 B - areia extraída e brita produzida","un",1370]
[2003141,"Entrada para descida d'água - EDA 14 A - areia e brita comerciais","un",1167.27]
[2003142,"Entrada para descida d'água - EDA 14 A - areia extraída e brita produzida","un",1030.8]
[2003161,"Entrada para descida d'água - EDA 14 B - areia e brita comerciais","un",1588.51]
[2003162,"Entrada para descida d'água - EDA 14 B - areia extraída e brita produzida","un",1393.82]
[2003143,"Entrada para descida d'água - EDA 15 A - areia e brita comerciais","un",1170.74]
[2003144,"Entrada para descida d'água - EDA 15 A - areia extraída e brita produzida","un",1033.56]
[2003163,"Entrada para descida d'água - EDA 15 B - areia e brita comerciais","un",1594.53]
[2003164,"Entrada para descida d'água - EDA 15 B - areia extraída e brita produzida","un",1398.59]
[2003145,"Entrada para descida d'água - EDA 16 A - areia e brita comerciais","un",1178.5]
[2003146,"Entrada para descida d'água - EDA 16 A - areia extraída e brita produzida","un",1039.71]
[2003165,"Entrada para descida d'água - EDA 16 B - areia e brita comerciais","un",1608.12]
[2003166,"Entrada para descida d'água - EDA 16 B - areia extraída e brita produzida","un",1409.36]
[2003819,"Envelope de brita para tubos com diâmetro externo de 75 a 110 mm - L = 15 cm e H = 15 cm","m",7.46]
[2004504,"Escavação mecânica de vala para drenagem com valetadeira em material de 1ª categoria","m³",20.92]
[2004519,"Escavação mecânica de vala trapezoidal ou triangular em material de 1ª categoria para drenagem superficial com retroescavadeira - 0,10 m² ≤ seção < 0,15 m²","m³",27.49]
[2004520,"Escavação mecânica de vala trapezoidal ou triangular em material de 1ª categoria para drenagem superficial com retroescavadeira - 0,15 m² ≤ seção < 0,20 m²","m³",22.68]
[2004521,"Escavação mecânica de vala trapezoidal ou triangular em material de 1ª categoria para drenagem superficial com retroescavadeira - 0,20 m² ≤ seção < 0,30 m²","m³",15.51]
[2004522,"Escavação mecânica de vala trapezoidal ou triangular em material de 1ª categoria para drenagem superficial com retroescavadeira - 0,30 m² ≤ seção < 0,50 m²","m³",11.34]
[2004518,"Escavação mecânica de vala trapezoidal ou triangular em material de 1ª categoria para drenagem superficial com retroescavadeira - seção < 0,10 m²","m³",47.74]
[2003864,"Esgotamento de água com bomba submersa","h",14.94]
[2003863,"Esgotamento de dreno horizontal profundo a vácuo","h",24.94]
[2004508,"Geodreno vertical para tratamento de solos moles","m",11.69]
[2003316,"Grelha de concreto 54 x 100 cm para boca-de-lobo - areia e brita comerciais - sobrecarga do trem tipo TB 45","un",110.26]
[2003317,"Grelha de concreto 54 x 100 cm para boca-de-lobo - areia extraída e brita produzida - sobrecarga do trem tipo TB 45","un",105.54]
[2003767,"Lastro de areia comercial - espalhamento manual","m³",87.08]
[2003844,"Lastro de areia comercial - espalhamento mecânico","m³",84.22]
[2003576,"Lastro de areia extraída - espalhamento manual","m³",16.38]
[2003858,"Lastro de areia extraída - espalhamento mecânico","m³",13.52]
[2003850,"Lastro de brita comercial compactado com soquete vibratório - espalhamento manual","m³",183.67]
[2003849,"Lastro de brita produzida compactado com soquete vibratório - espalhamento manual","m³",76.91]
[2003868,"Lastro de pedra de mão ou rachão - espalhamento manual","m³",164.26]
[2003369,"Meio-fio de concreto - MFC 01 - areia e brita comerciais - fôrma de madeira","m",114.04]
[2003368,"Meio-fio de concreto - MFC 01 - areia extraída e brita produzida - fôrma de madeira","m",100.85]
[2003939,"Meio-fio de concreto - MFC 01 moldado no local com extrusora e concreto usinado - areia e brita comerciais","m",73.989999999999995]
[2003940,"Meio-fio de concreto - MFC 01 moldado no local com extrusora e concreto usinado - areia extraída e brita produzida","m",60.77]
[2003371,"Meio-fio de concreto - MFC 02 - areia e brita comerciais - fôrma de madeira","m",83.86]
[2003370,"Meio-fio de concreto - MFC 02 - areia extraída e brita produzida - fôrma de madeira","m",72.72]
[2003941,"Meio-fio de concreto - MFC 02 moldado no local com extrusora e concreto usinado - areia e brita comerciais","m",63.19]
[2003942,"Meio-fio de concreto - MFC 02 moldado no local com extrusora e concreto usinado - areia extraída e brita produzida","m",52.03]
[2003373,"Meio-fio de concreto - MFC 03 - areia e brita comerciais - fôrma de madeira","m",66.459999999999994]
[2003372,"Meio-fio de concreto - MFC 03 - areia extraída e brita produzida - fôrma de madeira","m",61.05]
[2003943,"Meio-fio de concreto - MFC 03 moldado no local com extrusora e concreto usinado - areia e brita comerciais","m",29.87]
[2003944,"Meio-fio de concreto - MFC 03 moldado no local com extrusora e concreto usinado - areia extraída e brita produzida","m",24.46]
[2003375,"Meio-fio de concreto - MFC 04 - areia e brita comerciais - fôrma de madeira","m",42.77]
[2003374,"Meio-fio de concreto - MFC 04 - areia extraída e brita produzida - fôrma de madeira","m",38.79]
[2003945,"Meio-fio de concreto - MFC 04 moldado no local com extrusora e concreto usinado - areia e brita comerciais","m",22.33]
[2003946,"Meio-fio de concreto - MFC 04 moldado no local com extrusora e concreto usinado - areia extraída e brita produzida","m",18.350000000000001]
[2003377,"Meio-fio de concreto - MFC 05 - areia e brita comerciais - fôrma de madeira","m",57.83]
[2003376,"Meio-fio de concreto - MFC 05 - areia extraída e brita produzida - fôrma de madeira","m",53.53]
[2003947,"Meio-fio de concreto - MFC 05 moldado no local com extrusora e concreto usinado - areia e brita comerciais","m",23.49]
[2003948,"Meio-fio de concreto - MFC 05 moldado no local com extrusora e concreto usinado - areia extraída e brita produzida","m",19.18]
[2003379,"Meio-fio de concreto - MFC 06 - areia e brita comerciais - fôrma de madeira","m",33.340000000000003]
[2003378,"Meio-fio de concreto - MFC 06 - areia extraída e brita produzida - fôrma de madeira","m",30.44]
[2003949,"Meio-fio de concreto - MFC 06 moldado no local com extrusora e concreto usinado - areia e brita comerciais","m",16.09]
[2003950,"Meio-fio de concreto - MFC 06 moldado no local com extrusora e concreto usinado - areia extraída e brita produzida","m",13.19]
[2003381,"Meio-fio de concreto - MFC 07 - areia e brita comerciais - fôrma de madeira","m",55.9]
[2003380,"Meio-fio de concreto - MFC 07 - areia extraída e brita produzida - fôrma de madeira","m",50.93]
[2003951,"Meio-fio de concreto - MFC 07 moldado no local com extrusora e concreto usinado - areia e brita comerciais","m",27.39]
[2003952,"Meio-fio de concreto - MFC 07 moldado no local com extrusora e concreto usinado - areia extraída e brita produzida","m",22.42]
[2003383,"Meio-fio de concreto - MFC 08 - areia e brita comerciais - fôrma de madeira","m",94.17]
[2003382,"Meio-fio de concreto - MFC 08 - areia extraída e brita produzida - fôrma de madeira","m",84.89]
[2003953,"Meio-fio de concreto - MFC 08 moldado no local com extrusora e concreto usinado - areia e brita comerciais","m",49.9]
[2003954,"Meio-fio de concreto - MFC 08 moldado no local com extrusora e concreto usinado - areia extraída e brita produzida","m",40.61]
[2004514,"Microvala para dreno de pavimento com geocomposto drenante H = 0,4 m","m",16.600000000000001]
[2004515,"Microvala para dreno de pavimento com geocomposto drenante H = 0,6 m","m",41.14]
[2005759,"Perfuração para dreno sub-horizontal em material de 1ª categoria com D = 75 mm (linha NW)","m",66.87]
[2005764,"Perfuração para dreno sub-horizontal em material de 2ª categoria com D = 75 mm (linha NW)","m",86.39]
[2003678,"Poço de visita - PVI 01 - areia e brita comerciais","un",2290.16]
[2003677,"Poço de visita - PVI 01 - areia extraída e brita produzida","un",2066.46]
[2003680,"Poço de visita - PVI 02 - areia e brita comerciais","un",2254.2199999999998]
[2003679,"Poço de visita - PVI 02 - areia extraída e brita produzida","un",2039.52]
[2003682,"Poço de visita - PVI 03 - areia e brita comerciais","un",2593.89]
[2003681,"Poço de visita - PVI 03 - areia extraída e brita produzida","un",2326.48]
[2003684,"Poço de visita - PVI 04 - areia e brita comerciais","un",3105.81]
[2003683,"Poço de visita - PVI 04 - areia extraída e brita produzida","un",2786.99]
[2003686,"Poço de visita - PVI 05 - areia e brita comerciais","un",3662.64]
[2003685,"Poço de visita - PVI 05 - areia extraída e brita produzida","un",3291.11]
[2003688,"Poço de visita - PVI 06 - areia e brita comerciais","un",4564.91]
[2003687,"Poço de visita - PVI 06 - areia extraída e brita produzida","un",4114.95]
[2003690,"Poço de visita - PVI 07 - areia e brita comerciais","un",2655.9]
[2003689,"Poço de visita - PVI 07 - areia extraída e brita produzida","un",2394.9299999999998]
[2003692,"Poço de visita - PVI 08 - areia e brita comerciais","un",2625.1]
[2003691,"Poço de visita - PVI 08 - areia extraída e brita produzida","un",2371.84]
[2003694,"Poço de visita - PVI 09 - areia e brita comerciais","un",2989.18]
[2003693,"Poço de visita - PVI 09 - areia extraída e brita produzida","un",2678.06]
[2003696,"Poço de visita - PVI 10 - areia e brita comerciais","un",3362.67]
[2003695,"Poço de visita - PVI 10 - areia extraída e brita produzida","un",2997.56]
[2003698,"Poço de visita - PVI 11 - areia e brita comerciais","un",4101.71]
[2003697,"Poço de visita - PVI 11 - areia extraída e brita produzida","un",3681.32]
[2003700,"Poço de visita - PVI 12 - areia e brita comerciais","un",5047.75]
[2003699,"Poço de visita - PVI 12 - areia extraída e brita produzida","un",4543.79]
[2003702,"Poço de visita - PVI 13 - areia e brita comerciais","un",3042.19]
[2003701,"Poço de visita - PVI 13 - areia extraída e brita produzida","un",2738.79]
[2003704,"Poço de visita - PVI 14 - areia e brita comerciais","un",3011.39]
[2003703,"Poço de visita - PVI 14 - areia extraída e brita produzida","un",2715.7]
[2003706,"Poço de visita - PVI 15 - areia e brita comerciais","un",3405.01]
[2003705,"Poço de visita - PVI 15 - areia extraída e brita produzida","un",3045.04]
[2003708,"Poço de visita - PVI 16 - areia e brita comerciais","un",3952.96]
[2003707,"Poço de visita - PVI 16 - areia extraída e brita produzida","un",3536.43]
[2003710,"Poço de visita - PVI 17 - areia e brita comerciais","un",4561.3100000000004]
[2003709,"Poço de visita - PVI 17 - areia extraída e brita produzida","un",4086.92]
[2003712,"Poço de visita - PVI 18 - areia e brita comerciais","un",5551.12]
[2003711,"Poço de visita - PVI 18 - areia extraída e brita produzida","un",4988.0200000000004]
[2004505,"Reaterro e compactação em vala de dreno com geocomposto","m³",20.14]
[2003353,"Sarjeta trapezoidal de canteiro central de concreto - SZCC 100-25 - areia e brita comerciais","m",75.17]
[2003352,"Sarjeta trapezoidal de canteiro central de concreto - SZCC 100-25 - areia extraída e brita produzida","m",57.29]
[2003979,"Sarjeta trapezoidal de canteiro central de concreto - SZCC 100-25 moldada no local com extrusora e concreto usinado - areia e brita comerciais","m",91.69]
[2003980,"Sarjeta trapezoidal de canteiro central de concreto - SZCC 100-25 moldada no local com extrusora e concreto usinado - areia extraída e brita produzida","m",73.77]
[2003355,"Sarjeta trapezoidal de canteiro central de concreto - SZCC 140-35 - areia e brita comerciais","m",101.18]
[2003354,"Sarjeta trapezoidal de canteiro central de concreto - SZCC 140-35 - areia extraída e brita produzida","m",77.08]
[2003981,"Sarjeta trapezoidal de canteiro central de concreto - SZCC 140-35 moldada no local com extrusora e concreto usinado - areia e brita comerciais","m",123.55]
[2003982,"Sarjeta trapezoidal de canteiro central de concreto - SZCC 140-35 moldada no local com extrusora e concreto usinado - areia extraída e brita produzida","m",99.41]
[2003345,"Sarjeta trapezoidal de concreto - SZC 60-20 - escavação mecânica - areia e brita comerciais","m",60.77]
[2003344,"Sarjeta trapezoidal de concreto - SZC 60-20 - escavação mecânica - areia extraída e brita produzida","m",48.56]
[2003973,"Sarjeta trapezoidal de concreto - SZC 60-20 moldada no local com extrusora e concreto usinado - escavação mecânica - areia e brita comerciais","m",72.19]
[2003974,"Sarjeta trapezoidal de concreto - SZC 60-20 moldada no local com extrusora e concreto usinado - escavação mecânica - areia extraída e brita produzida","m",59.96]
[2003343,"Sarjeta trapezoidal de concreto - SZC 90-30 - escavação mecânica - areia e brita comerciais","m",82.68]
[2003342,"Sarjeta trapezoidal de concreto - SZC 90-30 - escavação mecânica - areia extraída e brita produzida","m",65.56]
[2003971,"Sarjeta trapezoidal de concreto - SZC 90-30 moldada no local com extrusora e concreto usinado - escavação mecânica - areia e brita comerciais","m",98.87]
[2003972,"Sarjeta trapezoidal de concreto - SZC 90-30 moldada no local com extrusora e concreto usinado - escavação mecânica - areia extraída e brita produzida","m",81.72]
[2003347,"Sarjeta trapezoidal de grama - SZG 60-20 - escavação mecânica","m",15.5]
[2003346,"Sarjeta trapezoidal de grama - SZG 90-30 - escavação mecânica","m",21.6]
[2003933,"Sarjeta trapezoidal sem revestimento - SZT 60-20 - escavação mecânica","m",7.62]
[2003932,"Sarjeta trapezoidal sem revestimento - SZT 90-30 - escavação mecânica","m",9.7899999999999991]
[2003349,"Sarjeta triangular de canteiro central de concreto - STCC 100-25 - areia e brita comerciais","m",57.79]
[2003348,"Sarjeta triangular de canteiro central de concreto - STCC 100-25 - areia extraída e brita produzida","m",44.23]
[2003975,"Sarjeta triangular de canteiro central de concreto - STCC 100-25 moldada no local com extrusora e concreto usinado - areia e brita comerciais","m",69.53]
[2003976,"Sarjeta triangular de canteiro central de concreto - STCC 100-25 moldada no local com extrusora e concreto usinado - areia extraída e brita produzida","m",55.94]
[2003351,"Sarjeta triangular de canteiro central de concreto - STCC 140-35 - areia e brita comerciais","m",77.239999999999995]
[2003350,"Sarjeta triangular de canteiro central de concreto - STCC 140-35 - areia extraída e brita produzida","m",59.08]
[2003977,"Sarjeta triangular de canteiro central de concreto - STCC 140-35 moldada no local com extrusora e concreto usinado - areia e brita comerciais","m",93.14]
[2003978,"Sarjeta triangular de canteiro central de concreto - STCC 140-35 moldada no local com extrusora e concreto usinado - areia extraída e brita produzida","m",74.94]
[2003291,"Sarjeta triangular de canteiro central de grama - STCG 100-25 - escavação mecânica","m",11.49]
[2003292,"Sarjeta triangular de canteiro central de grama - STCG 140-35 - escavação mecânica","m",16.09]
[2003293,"Sarjeta triangular de canteiro central de grama - STCG 200-25 - escavação mecânica","m",21.19]
[2003294,"Sarjeta triangular de canteiro central de grama - STCG 300-37,5 - escavação mecânica","m",31.79]
[2003257,"Sarjeta triangular de concreto - STC 100-20 - escavação mecânica - areia e brita comerciais","m",62.29]
[2003258,"Sarjeta triangular de concreto - STC 100-20 - escavação mecânica - areia extraída e brita produzida","m",50.12]
[2003259,"Sarjeta triangular de concreto - STC 100-20 moldada no local com extrusora e concreto usinado - escavação mecânica - areia e brita comerciais","m",73.069999999999993]
[2003260,"Sarjeta triangular de concreto - STC 100-20 moldada no local com extrusora e concreto usinado - escavação mecânica - areia extraída e brita produzida","m",60.88]
[2003281,"Sarjeta triangular de concreto - STC 100-21 - escavação mecânica - areia e brita comerciais","m",62.33]
[2003282,"Sarjeta triangular de concreto - STC 100-21 - escavação mecânica - areia extraída e brita produzida","m",49.87]
[2003283,"Sarjeta triangular de concreto - STC 100-21 moldada no local com extrusora e concreto usinado - escavação mecânica - areia e brita comerciais","m",73.36]
[2003284,"Sarjeta triangular de concreto - STC 100-21 moldada no local com extrusora e concreto usinado - escavação mecânica - areia extraída e brita produzida","m",60.89]
[2003327,"Sarjeta triangular de concreto - STC 108-25 - escavação mecânica - areia e brita comerciais","m",70.83]
[2003326,"Sarjeta triangular de concreto - STC 108-25 - escavação mecânica - areia extraída e brita produzida","m",56.72]
[2003963,"Sarjeta triangular de concreto - STC 108-25 moldada no local com extrusora e concreto usinado - escavação mecânica - areia e brita comerciais","m",83.36]
[2003964,"Sarjeta triangular de concreto - STC 108-25 moldada no local com extrusora e concreto usinado - escavação mecânica - areia extraída e brita produzida","m",69.22]
[2003319,"Sarjeta triangular de concreto - STC 125-25 - escavação mecânica - areia e brita comerciais","m",75.55]
[2003318,"Sarjeta triangular de concreto - STC 125-25 - escavação mecânica - areia extraída e brita produzida","m",60.52]
[2003955,"Sarjeta triangular de concreto - STC 125-25 moldada no local com extrusora e concreto usinado - escavação mecânica - areia e brita comerciais","m",88.91]
[2003956,"Sarjeta triangular de concreto - STC 125-25 moldada no local com extrusora e concreto usinado - escavação mecânica - areia extraída e brita produzida","m",73.849999999999994]
[2003277,"Sarjeta triangular de concreto - STC 125-27 - escavação mecânica - areia e brita comerciais","m",77.77]
[2003278,"Sarjeta triangular de concreto - STC 125-27 - escavação mecânica - areia extraída e brita produzida","m",62.33]
[2003279,"Sarjeta triangular de concreto - STC 125-27 moldada no local com extrusora e concreto usinado - escavação mecânica - areia e brita comerciais","m",91.53]
[2003280,"Sarjeta triangular de concreto - STC 125-27 moldada no local com extrusora e concreto usinado - escavação mecânica - areia extraída e brita produzida","m",76.05]
[2003253,"Sarjeta triangular de concreto - STC 150-30 - escavação mecânica - areia e brita comerciais","m",88.82]
[2003254,"Sarjeta triangular de concreto - STC 150-30 - escavação mecânica - areia extraída e brita produzida","m",70.959999999999994]
[2003255,"Sarjeta triangular de concreto - STC 150-30 moldada no local com extrusora e concreto usinado - escavação mecânica - areia e brita comerciais","m",104.75]
[2003256,"Sarjeta triangular de concreto - STC 150-30 moldada no local com extrusora e concreto usinado - escavação mecânica - areia extraída e brita produzida","m",86.85]
[2003273,"Sarjeta triangular de concreto - STC 150-32 - escavação mecânica - areia e brita comerciais","m",91.19]
[2003274,"Sarjeta triangular de concreto - STC 150-32 - escavação mecânica - areia extraída e brita produzida","m",72.86]
[2003275,"Sarjeta triangular de concreto - STC 150-32 moldada no local com extrusora e concreto usinado - escavação mecânica - areia e brita comerciais","m",107.55]
[2003276,"Sarjeta triangular de concreto - STC 150-32 moldada no local com extrusora e concreto usinado - escavação mecânica - areia extraída e brita produzida","m",89.18]
[2003269,"Sarjeta triangular de concreto - STC 73-15 - escavação mecânica - areia e brita comerciais","m",48.18]
[2003270,"Sarjeta triangular de concreto - STC 73-15 - escavação mecânica - areia extraída e brita produzida","m",38.81]
[2003271,"Sarjeta triangular de concreto - STC 73-15 moldada no local com extrusora e concreto usinado - escavação mecânica - areia e brita comerciais","m",56.42]
[2003272,"Sarjeta triangular de concreto - STC 73-15 moldada no local com extrusora e concreto usinado - escavação mecânica - areia extraída e brita produzida","m",47.04]
[2003261,"Sarjeta triangular de concreto - STC 80-15 - escavação mecânica - areia e brita comerciais","m",50.55]
[2003262,"Sarjeta triangular de concreto - STC 80-15 - escavação mecânica - areia extraída e brita produzida","m",40.729999999999997]
[2003263,"Sarjeta triangular de concreto - STC 80-15 moldada no local com extrusora e concreto usinado - escavação mecânica - areia e brita comerciais","m",59.2]
[2003264,"Sarjeta triangular de concreto - STC 80-15 moldada no local com extrusora e concreto usinado - escavação mecânica - areia extraída e brita produzida","m",49.36]
[2003285,"Sarjeta triangular de concreto - STC 80-17 - escavação mecânica - areia e brita comerciais","m",52.2]
[2003286,"Sarjeta triangular de concreto - STC 80-17 - escavação mecânica - areia extraída e brita produzida","m",42.09]
[2003287,"Sarjeta triangular de concreto - STC 80-17 moldada no local com extrusora e concreto usinado - escavação mecânica - areia e brita comerciais","m",61.12]
[2003288,"Sarjeta triangular de concreto - STC 80-17 moldada no local com extrusora e concreto usinado - escavação mecânica - areia extraída e brita produzida","m",50.99]
[2003265,"Sarjeta triangular de concreto - STC 88-20 - escavação mecânica - areia e brita comerciais","m",58.69]
[2003266,"Sarjeta triangular de concreto - STC 88-20 - escavação mecânica - areia extraída e brita produzida","m",47.2]
[2003267,"Sarjeta triangular de concreto - STC 88-20 moldada no local com extrusora e concreto usinado - escavação mecânica - areia e brita comerciais","m",68.849999999999994]
[2003268,"Sarjeta triangular de concreto - STC 88-20 moldada no local com extrusora e concreto usinado - escavação mecânica - areia extraída e brita produzida","m",57.34]
[2003289,"Sarjeta triangular de grama - STG 100-20 - escavação mecânica","m",19.64]
[2003338,"Sarjeta triangular de grama - STG 125-25 - escavação mecânica","m",24.66]
[2003290,"Sarjeta triangular de grama - STG 80-15 - escavação mecânica","m",16.27]
[2003300,"Sarjeta triangular sem revestimento - STT 100-20 - escavação mecânica","m",8.25]
[2003299,"Sarjeta triangular sem revestimento - STT 125-25 - escavação mecânica","m",10.42]
[2003301,"Sarjeta triangular sem revestimento - STT 80-15 - escavação mecânica","m",7.23]
[2004513,"Selo asfáltico de microvala para dreno de pavimento com geocomposto","m",0.17]
[2003365,"Transposição de segmentos de sarjeta - TSS 120 - areia e brita comerciais","m",1100.46]
[2003364,"Transposição de segmentos de sarjeta - TSS 120 - areia extraída e brita produzida","m",971]
[2003097,"Transposição de segmentos de sarjeta - TSS 130 - areia e brita comerciais","m",1152.51]
[2003098,"Transposição de segmentos de sarjeta - TSS 130 - areia extraída e brita produzida","m",1019.48]
[2003363,"Transposição de segmentos de sarjeta - TSS 140 - areia e brita comerciais","m",1191.6400000000001]
[2003362,"Transposição de segmentos de sarjeta - TSS 140 - areia extraída e brita produzida","m",1058.07]
[2003099,"Transposição de segmentos de sarjeta - TSS 150 - areia e brita comerciais","m",1248.27]
[2003100,"Transposição de segmentos de sarjeta - TSS 150 - areia extraída e brita produzida","m",1110.06]
[2003361,"Transposição de segmentos de sarjeta - TSS 170 - areia e brita comerciais","m",1417.42]
[2003360,"Transposição de segmentos de sarjeta - TSS 170 - areia extraída e brita produzida","m",1273.8699999999999]
[2003101,"Transposição de segmentos de sarjeta - TSS 200 - areia e brita comerciais","m",1582.35]
[2003102,"Transposição de segmentos de sarjeta - TSS 200 - areia extraída e brita produzida","m",1428.83]
[2003869,"Tubo de concreto PA1 comercial para drenagem - D = 0,50 m - fornecimento e instalação","m",254.1]
[2003822,"Tubo de concreto PA1 comercial para drenagem - D = 0,60 m - fornecimento e instalação","m",303.23]
[2003826,"Tubo de concreto PA1 comercial para drenagem - D = 0,80 m - fornecimento e instalação","m",480.18]
[2003830,"Tubo de concreto PA1 comercial para drenagem - D = 1,00 m - fornecimento e instalação","m",632.94000000000005]
[2003834,"Tubo de concreto PA1 comercial para drenagem - D = 1,20 m - fornecimento e instalação","m",852.31]
[2003838,"Tubo de concreto PA1 comercial para drenagem - D = 1,50 m - fornecimento e instalação","m",1520.02]
[2003768,"Tubo de concreto PA1 produzido na obra para drenagem - D = 0,60 m - areia e brita comerciais - fornecimento e instalação","m",189.34]
[2003873,"Tubo de concreto PA1 produzido na obra para drenagem - D = 0,60 m - areia extraída e brita produzida - fornecimento e instalação","m",171.65]
[2003772,"Tubo de concreto PA1 produzido na obra para drenagem - D = 0,80 m - areia e brita comerciais - fornecimento e instalação","m",278.48]
[2003877,"Tubo de concreto PA1 produzido na obra para drenagem - D = 0,80 m - areia extraída e brita produzida - fornecimento e instalação","m",250.42]
[2003776,"Tubo de concreto PA1 produzido na obra para drenagem - D = 1,00 m - areia e brita comerciais - fornecimento e instalação","m",450.32]
[2003881,"Tubo de concreto PA1 produzido na obra para drenagem - D = 1,00 m - areia extraída e brita produzida - fornecimento e instalação","m",411.87]
[2003780,"Tubo de concreto PA1 produzido na obra para drenagem - D = 1,20 m - areia e brita comerciais - fornecimento e instalação","m",602.09]
[2003885,"Tubo de concreto PA1 produzido na obra para drenagem - D = 1,20 m - areia extraída e brita produzida - fornecimento e instalação","m",545.95000000000005]
[2003784,"Tubo de concreto PA1 produzido na obra para drenagem - D = 1,50 m - areia e brita comerciais - fornecimento e instalação","m",936.2]
[2003889,"Tubo de concreto PA1 produzido na obra para drenagem - D = 1,50 m - areia extraída e brita produzida - fornecimento e instalação","m",848.38]
[2003870,"Tubo de concreto PA2 comercial para drenagem - D = 0,50 m - fornecimento e instalação","m",273.62]
[2003823,"Tubo de concreto PA2 comercial para drenagem - D = 0,60 m - fornecimento e instalação","m",346.28]
[2003827,"Tubo de concreto PA2 comercial para drenagem - D = 0,80 m - fornecimento e instalação","m",504.45]
[2003831,"Tubo de concreto PA2 comercial para drenagem - D = 1,00 m - fornecimento e instalação","m",688.58]
[2003835,"Tubo de concreto PA2 comercial para drenagem - D = 1,20 m - fornecimento e instalação","m",933.08]
[2003839,"Tubo de concreto PA2 comercial para drenagem - D = 1,50 m - fornecimento e instalação","m",1560.34]
[2003769,"Tubo de concreto PA2 produzido na obra para drenagem - D = 0,60 m - areia e brita comerciais - fornecimento e instalação","m",202.88]
[2003874,"Tubo de concreto PA2 produzido na obra para drenagem - D = 0,60 m - areia extraída e brita produzida - fornecimento e instalação","m",185.21]
[2003773,"Tubo de concreto PA2 produzido na obra para drenagem - D = 0,80 m - areia e brita comerciais - fornecimento e instalação","m",332.62]
[2003878,"Tubo de concreto PA2 produzido na obra para drenagem - D = 0,80 m - areia extraída e brita produzida - fornecimento e instalação","m",304.62]
[2003777,"Tubo de concreto PA2 produzido na obra para drenagem - D = 1,00 m - areia e brita comerciais - fornecimento e instalação","m",504.46]
[2003882,"Tubo de concreto PA2 produzido na obra para drenagem - D = 1,00 m - areia extraída e brita produzida - fornecimento e instalação","m",466.08]
[2003781,"Tubo de concreto PA2 produzido na obra para drenagem - D = 1,20 m - areia e brita comerciais - fornecimento e instalação","m",723.9]
[2003886,"Tubo de concreto PA2 produzido na obra para drenagem - D = 1,20 m - areia extraída e brita produzida - fornecimento e instalação","m",667.91]
[2003785,"Tubo de concreto PA2 produzido na obra para drenagem - D = 1,50 m - areia e brita comerciais - fornecimento e instalação","m",1125.69]
[2003890,"Tubo de concreto PA2 produzido na obra para drenagem - D = 1,50 m - areia extraída e brita produzida - fornecimento e instalação","m",1038.0999999999999]
[2003871,"Tubo de concreto PA3 comercial para drenagem - D = 0,50 m - fornecimento e instalação","m",292.64999999999998]
[2003824,"Tubo de concreto PA3 comercial para drenagem - D = 0,60 m - fornecimento e instalação","m",378.62]
[2003828,"Tubo de concreto PA3 comercial para drenagem - D = 0,80 m - fornecimento e instalação","m",553.23]
[2003832,"Tubo de concreto PA3 comercial para drenagem - D = 1,00 m - fornecimento e instalação","m",755.71]
[2003836,"Tubo de concreto PA3 comercial para drenagem - D = 1,20 m - fornecimento e instalação","m",1122.32]
[2003840,"Tubo de concreto PA3 comercial para drenagem - D = 1,50 m - fornecimento e instalação","m",1663.56]
[2003770,"Tubo de concreto PA3 produzido na obra para drenagem - D = 0,60 m - areia e brita comerciais - fornecimento e instalação","m",270.55]
[2003875,"Tubo de concreto PA3 produzido na obra para drenagem - D = 0,60 m - areia extraída e brita produzida - fornecimento e instalação","m",252.96]
[2003774,"Tubo de concreto PA3 produzido na obra para drenagem - D = 0,80 m - areia e brita comerciais - fornecimento e instalação","m",441.27]
[2003879,"Tubo de concreto PA3 produzido na obra para drenagem - D = 0,80 m - areia extraída e brita produzida - fornecimento e instalação","m",409.95]
[2003778,"Tubo de concreto PA3 produzido na obra para drenagem - D = 1,00 m - areia e brita comerciais - fornecimento e instalação","m",615.34]
[2003883,"Tubo de concreto PA3 produzido na obra para drenagem - D = 1,00 m - areia extraída e brita produzida - fornecimento e instalação","m",566.34]
[2003782,"Tubo de concreto PA3 produzido na obra para drenagem - D = 1,20 m - areia e brita comerciais - fornecimento e instalação","m",922.52]
[2003887,"Tubo de concreto PA3 produzido na obra para drenagem - D = 1,20 m - areia extraída e brita produzida - fornecimento e instalação","m",847.72]
[2003786,"Tubo de concreto PA3 produzido na obra para drenagem - D = 1,50 m - areia e brita comerciais - fornecimento e instalação","m",1445.34]
[2003891,"Tubo de concreto PA3 produzido na obra para drenagem - D = 1,50 m - areia extraída e brita produzida - fornecimento e instalação","m",1329.3]
[2003872,"Tubo de concreto PA4 comercial para drenagem - D = 0,50 m - fornecimento e instalação","m",376.22]
[2003825,"Tubo de concreto PA4 comercial para drenagem - D = 0,60 m - fornecimento e instalação","m",428.02]
[2003829,"Tubo de concreto PA4 comercial para drenagem - D = 0,80 m - fornecimento e instalação","m",643.05999999999995]
[2003833,"Tubo de concreto PA4 comercial para drenagem - D = 1,00 m - fornecimento e instalação","m",805.4]
[2003837,"Tubo de concreto PA4 comercial para drenagem - D = 1,20 m - fornecimento e instalação","m",1330.49]
[2003841,"Tubo de concreto PA4 comercial para drenagem - D = 1,50 m - fornecimento e instalação","m",1796.41]
[2003771,"Tubo de concreto PA4 produzido na obra para drenagem - D = 0,60 m - areia e brita comerciais - fornecimento e instalação","m",325.10000000000002]
[2003876,"Tubo de concreto PA4 produzido na obra para drenagem - D = 0,60 m - areia extraída e brita produzida - fornecimento e instalação","m",304.18]
[2003775,"Tubo de concreto PA4 produzido na obra para drenagem - D = 0,80 m - areia e brita comerciais - fornecimento e instalação","m",508.76]
[2003880,"Tubo de concreto PA4 produzido na obra para drenagem - D = 0,80 m - areia extraída e brita produzida - fornecimento e instalação","m",470.83]
[2003779,"Tubo de concreto PA4 produzido na obra para drenagem - D = 1,00 m - areia e brita comerciais - fornecimento e instalação","m",757.28]
[2003884,"Tubo de concreto PA4 produzido na obra para drenagem - D = 1,00 m - areia extraída e brita produzida - fornecimento e instalação","m",700.11]
[2003783,"Tubo de concreto PA4 produzido na obra para drenagem - D = 1,20 m - areia e brita comerciais - fornecimento e instalação","m",1085.73]
[2003888,"Tubo de concreto PA4 produzido na obra para drenagem - D = 1,20 m - areia extraída e brita produzida - fornecimento e instalação","m",1000.89]
[2003787,"Tubo de concreto PA4 produzido na obra para drenagem - D = 1,50 m - areia e brita comerciais - fornecimento e instalação","m",1692.61]
[2003892,"Tubo de concreto PA4 produzido na obra para drenagem - D = 1,50 m - areia extraída e brita produzida - fornecimento e instalação","m",1572.63]
[2003851,"Tubo de concreto perfurado produzido na obra para drenagem - D = 0,40 m - fornecimento e instalação","m",96.72]
[2003935,"Tubo de PVC para dreno tipo barbacã - D = 50 mm - fornecimento e instalação","m",10.42]
[2003934,"Tubo de PVC para dreno tipo barbacã - D = 75 mm - fornecimento e instalação","m",14.75]
[2003990,"Tubo PEAD para drenagem - D = 1.000 mm - fornecimento e instalação","m",1606.07]
[2003991,"Tubo PEAD para drenagem - D = 1.050 mm - fornecimento e instalação","m",1669.96]
[2003992,"Tubo PEAD para drenagem - D = 1.200 mm - fornecimento e instalação","m",2260]
[2003993,"Tubo PEAD para drenagem - D = 1.500 mm - fornecimento e instalação","m",2899.13]
[2003983,"Tubo PEAD para drenagem - D = 400 mm - fornecimento e instalação","m",253.48]
[2003984,"Tubo PEAD para drenagem - D = 450 mm - fornecimento e instalação","m",319.41000000000003]
[2003985,"Tubo PEAD para drenagem - D = 500 mm - fornecimento e instalação","m",419.9]
[2003986,"Tubo PEAD para drenagem - D = 600 mm - fornecimento e instalação","m",611.05999999999995]
[2003987,"Tubo PEAD para drenagem - D = 750 mm - fornecimento e instalação","m",867.11]
[2003988,"Tubo PEAD para drenagem - D = 800 mm - fornecimento e instalação","m",914.6]
[2003989,"Tubo PEAD para drenagem - D = 900 mm - fornecimento e instalação","m",1228.92]
[2003298,"Valeta de proteção de aterro sem revestimento - VPAT 120-30 - escavação mecânica","m",13.47]
[2003297,"Valeta de proteção de aterro sem revestimento - VPAT 160-30 - escavação mecânica","m",16.62]
[2003315,"Valeta de proteção de aterros com revestimento de concreto - VPAC 120-30 - escavação mecânica - areia e brita comerciais","m",103.85]
[2003314,"Valeta de proteção de aterros com revestimento de concreto - VPAC 120-30 - escavação mecânica - areia extraída e brita produzida","m",87.43]
[2003313,"Valeta de proteção de aterros com revestimento de concreto - VPAC 160-30 - escavação mecânica - areia e brita comerciais","m",130.22]
[2003312,"Valeta de proteção de aterros com revestimento de concreto - VPAC 160-30 - escavação mecânica - areia extraída e brita produzida","m",109.7]
[2003311,"Valeta de proteção de aterros com revestimento vegetal - VPAG 120-30 - escavação mecânica","m",43.25]
[2003310,"Valeta de proteção de aterros com revestimento vegetal - VPAG 160-30 - escavação mecânica","m",54.62]
[2003296,"Valeta de proteção de corte sem revestimento - VPCT 120-30 - escavação mecânica","m",13.47]
[2003295,"Valeta de proteção de corte sem revestimento - VPCT 160-30 - escavação mecânica","m",16.62]
[2003309,"Valeta de proteção de cortes com revestimento de concreto - VPCC 120-30 - escavação mecânica - areia e brita comerciais","m",103.85]
[2003308,"Valeta de proteção de cortes com revestimento de concreto - VPCC 120-30 - escavação mecânica - areia extraída e brita produzida","m",87.43]
[2003307,"Valeta de proteção de cortes com revestimento de concreto - VPCC 160-30 - escavação mecânica - areia e brita comerciais","m",130.22]
[2003306,"Valeta de proteção de cortes com revestimento de concreto - VPCC 160-30 - escavação mecânica - areia extraída e brita produzida","m",109.7]
[2003305,"Valeta de proteção de cortes com revestimento vegetal - VPCG 120-30 - escavação mecânica","m",43.25]
[2003304,"Valeta de proteção de cortes com revestimento vegetal - VPCG 160-30 - escavação mecânica","m",54.62]
[2105846,"Escoramento com estacas de perfis metálicos W 250 x 38,5 kg/m, espaçadas em 1,5 m, intercaladas com prancha de madeira com espessura de 5 cm e ficha de 0 a 0,2 H - sem reaproveitamento - fornecimento e instalação","m²",558.98]
[2105929,"Escoramento com estacas de perfis metálicos W 250 x 38,5 kg/m, espaçadas em 1,5 m, intercaladas com prancha de madeira com espessura de 5 cm e ficha de 0,20 a 0,4 H - sem reaproveitamento - fornecimento e instalação","m²",628.15]
[2105933,"Escoramento com estacas de perfis metálicos W 250 x 38,5 kg/m, espaçadas em 1,5 m, intercaladas com prancha de madeira com espessura de 5 cm e ficha de 0,40 a 0,6 H - sem reaproveitamento - fornecimento e instalação","m²",697.33]
[2106293,"Escoramento com perfis metálicos W 150 x 18,0 kg/m a cada metro e chapas de aço - estroncas a cada 2 m não incluídas - profundidade de até 10 m - aço com utilização de 20 vezes - fornecimento, instalação e retirada","m²",208.21]
[2108165,"Escoramento com pontaletes D = 10 cm - utilização de 1 vez - confecção, instalação e retirada","m³",36.72]
[2108166,"Escoramento com pontaletes D = 10 cm - utilização de 2 vezes - confecção, instalação e retirada","m³",25.51]
[2108167,"Escoramento com pontaletes D = 10 cm - utilização de 3 vezes - confecção, instalação e retirada","m³",22.63]
[2108168,"Escoramento com pontaletes D = 10 cm - utilização de 5 vezes - confecção, instalação e retirada","m³",21.86]
[2108169,"Escoramento com pontaletes D = 15 cm - utilização de 1 vez - confecção e instalação","m³",61.41]
[2108170,"Escoramento com pontaletes D = 15 cm - utilização de 2 vezes - confecção, instalação e retirada","m³",42.41]
[2108171,"Escoramento com pontaletes D = 15 cm - utilização de 3 vezes - confecção, instalação e retirada","m³",37.85]
[2108172,"Escoramento com pontaletes D = 15 cm - utilização de 5 vezes - confecção, instalação e retirada","m³",37.200000000000003]
[2106292,"Escoramento contínuo de valas com tábuas de 2,5 x 30 cm e longarinas de 6 x 16 cm - estroncas a cada metro não incluídas - profundidade de até 4 m - madeira com utilização de 3 vezes - confecção, instalação e retirada","m²",155]
[2106291,"Escoramento contínuo de valas com tábuas de 2,5 x 30 cm e longarinas de 6 x 16 cm - estroncas a cada metro não incluídas - profundidade de até 4 m - madeira sem reaproveitamento - confecção e instalação","m²",231.48]
[2106235,"Escoramento metálico com quadro tubular contraventado - capacidade de carga até 3,8 t/m² - quadro de 1,0 x 1,0 x 1,25 m - utilização de 50 vezes - fornecimento, instalação e retirada","m³",3.47]
[2106232,"Escoramento metálico tubular galvanizado para formas com capacidade de 2.100 a 750 kg por unidade - regulável de 3,0 a 4,5 m - utilização de 20 vezes - fornecimento, instalação e retirada","un",19.38]
[2106233,"Escoramento metálico tubular galvanizado para formas com capacidade de 3.200 a 1.600 kg por unidade - regulável de 1,8 a 3,0 m - utilização de 20 vezes - fornecimento, instalação e retirada","un",14.81]
[2105605,"Escoramento para corpo de bueiros celulares - utilização de 3 vezes - confecção, instalação e retirada","m³",65.09]
[2106298,"Estroncas em perfil metálico W 150 x 18,0 kg/m - utilização de 20 vezes","m",35.99]
[2106295,"Estroncas para valas com D = 15 cm - madeira com utilização de 3 vezes","m",18.95]
[2106294,"Estroncas para valas com D = 15 cm - madeira sem reaproveitamento","m",24.65]
[2106297,"Estroncas para valas com D = 20 cm - madeira com utilização de 3 vezes","m",30.09]
[2106296,"Estroncas para valas com D = 20 cm - madeira sem reaproveitamento","m",48.25]
[2306731,"Apoio náutico para a colocação da armação em camisa metálica","kg",0.69]
[2306728,"Apoio náutico para a escavação com perfuratriz tipo Wirth em rocha com média dureza e média abrasão - resistência à compressão menor que 80 MPa - D = 600 a 1.800 mm","m",1711.39]
[2306729,"Apoio náutico para a escavação com perfuratriz tipo Wirth em rocha de alta dureza e alta abrasão - resistência à compressão acima de 80 MPa - D = 600 a 1.800 mm","m",2085]
[2306727,"Apoio náutico para a escavação com perfuratriz tipo Wirth em solo D = 600 a 1.800 mm","m",400.46]
[2306730,"Apoio náutico para a execução da concretagem de camisas metálicas","m³",135.37]
[2306726,"Apoio náutico para a execução da cravação de camisa metálica D = 600 a 1.800 mm","m",261.73]
[2306076,"Armação de estaca escavada ou estaca barrete em aço CA-50 com apoio de guindaste - fornecimento, preparo e colocação","kg",12.25]
[2306247,"Arrasamento de estacas de concreto com seção de até 900 cm²","m³",258.95999999999998]
[2306248,"Arrasamento de estacas de concreto com seção superior à 900 cm²","m³",605.73]
[2306279,"Berço para pré-moldagem de estacas protendidas com capacidade de 19 m³, inclusive formas metálicas - utilização de 100 vezes","m³",97.24]
[2306651,"Camisa metálica com espessura de 12,5 mm D = 1.400 mm - cravada com martelo vibratório - sem escavação - cravação","m",7651.01]
[2306678,"Camisa metálica com espessura de 12,5 mm D = 1.400 mm - para passagem de lâmina d'água - posicionamento","m",7289.02]
[2306652,"Camisa metálica com espessura de 12,5 mm D = 1.500 mm - cravada com martelo vibratório - sem escavação - cravação","m",7730.61]
[2306679,"Camisa metálica com espessura de 12,5 mm D = 1.500 mm - para passagem de lâmina d'água - posicionamento","m",7355.21]
[2306653,"Camisa metálica com espessura de 12,5 mm D = 1.600 mm - cravada com martelo vibratório - sem escavação - cravação","m",7813.43]
[2306680,"Camisa metálica com espessura de 12,5 mm D = 1.600 mm - para passagem de lâmina d'água - posicionamento","m",7423.59]
[2306654,"Camisa metálica com espessura de 12,5 mm D = 1.700 mm - cravada com martelo vibratório - sem escavação - cravação","m",7895.37]
[2306681,"Camisa metálica com espessura de 12,5 mm D = 1.700 mm - para passagem de lâmina d'água - posicionamento","m",7489.94]
[2306655,"Camisa metálica com espessura de 12,5 mm D = 1.800 mm - cravada com martelo vibratório - sem escavação - cravação","m",7978.77]
[2306682,"Camisa metálica com espessura de 12,5 mm D = 1.800 mm - para passagem de lâmina d'água - posicionamento","m",7556.44]
[2306656,"Camisa metálica com espessura de 16 mm D = 1.500 mm - cravada com martelo vibratório - sem escavação - cravação","m",11167.26]
[2306683,"Camisa metálica com espessura de 16 mm D = 1.500 mm - para passagem de lâmina d'água - posicionamento","m",10791.86]
[2306657,"Camisa metálica com espessura de 16 mm D = 1.600 mm - cravada com martelo vibratório - sem escavação - cravação","m",11335.88]
[2306684,"Camisa metálica com espessura de 16 mm D = 1.600 mm - para passagem de lâmina d'água - posicionamento","m",10946.04]
[2306658,"Camisa metálica com espessura de 16 mm D = 1.700 mm - cravada com martelo vibratório - sem escavação - cravação","m",11500.93]
[2306685,"Camisa metálica com espessura de 16 mm D = 1.700 mm - para passagem de lâmina d'água - posicionamento","m",11095.5]
[2306659,"Camisa metálica com espessura de 16 mm D = 1.800 mm - cravada com martelo vibratório - sem escavação - cravação","m",11672.19]
[2306686,"Camisa metálica com espessura de 16 mm D = 1.800 mm - para passagem de lâmina d'água - posicionamento","m",11249.86]
[2306637,"Camisa metálica com espessura de 6,3 mm D = 1.000 mm - cravada com martelo vibratório - sem escavação - cravação","m",2587.8000000000002]
[2306664,"Camisa metálica com espessura de 6,3 mm D = 1.000 mm - para passagem de lâmina d'água - posicionamento","m",2271.06]
[2306732,"Camisa metálica com espessura de 6,3 mm D = 400 mm - cravada com martelo vibratório - sem escavação - cravação","m",1113.67]
[2306733,"Camisa metálica com espessura de 6,3 mm D = 400 mm - para passagem de lâmina d'água - posicionamento","m",846.94]
[2306734,"Camisa metálica com espessura de 6,3 mm D = 500 mm - cravada com martelo vibratório - sem escavação - cravação","m",1326.37]
[2306735,"Camisa metálica com espessura de 6,3 mm D = 500 mm - para passagem de lâmina d'água - posicionamento","m",1052.43]
[2306633,"Camisa metálica com espessura de 6,3 mm D = 600 mm - cravada com martelo vibratório - sem escavação - cravação","m",1492.01]
[2306660,"Camisa metálica com espessura de 6,3 mm D = 600 mm - para passagem de lâmina d'água - posicionamento","m",1210.46]
[2306634,"Camisa metálica com espessura de 6,3 mm D = 700 mm - cravada com martelo vibratório - sem escavação - cravação","m",1715.57]
[2306661,"Camisa metálica com espessura de 6,3 mm D = 700 mm - para passagem de lâmina d'água - posicionamento","m",1425.98]
[2306635,"Camisa metálica com espessura de 6,3 mm D = 800 mm - cravada com martelo vibratório - sem escavação - cravação","m",2038.8]
[2306662,"Camisa metálica com espessura de 6,3 mm D = 800 mm - para passagem de lâmina d'água - posicionamento","m",1740.69]
[2306636,"Camisa metálica com espessura de 6,3 mm D = 900 mm - cravada com martelo vibratório - sem escavação - cravação","m",2064.12]
[2306663,"Camisa metálica com espessura de 6,3 mm D = 900 mm - para passagem de lâmina d'água - posicionamento","m",1756.97]
[2306641,"Camisa metálica com espessura de 8 mm D = 1.000 mm - cravada com martelo vibratório - sem escavação - cravação","m",3266.06]
[2306668,"Camisa metálica com espessura de 8 mm D = 1.000 mm - para passagem de lâmina d'água - posicionamento","m",2949.31]
[2306642,"Camisa metálica com espessura de 8 mm D = 1.100 mm - cravada com martelo vibratório - sem escavação - cravação","m",3301.53]
[2306669,"Camisa metálica com espessura de 8 mm D = 1.100 mm - para passagem de lâmina d'água - posicionamento","m",2974.57]
[2306643,"Camisa metálica com espessura de 8 mm D = 1.200 mm - cravada com martelo vibratório - sem escavação - cravação","m",3337.22]
[2306670,"Camisa metálica com espessura de 8 mm D = 1.200 mm - para passagem de lâmina d'água - posicionamento","m",2999.36]
[2306638,"Camisa metálica com espessura de 8 mm D = 700 mm - cravada com martelo vibratório - sem escavação - cravação","m",2152.17]
[2306665,"Camisa metálica com espessura de 8 mm D = 700 mm - para passagem de lâmina d'água - posicionamento","m",1862.58]
[2306639,"Camisa metálica com espessura de 8 mm D = 800 mm - cravada com martelo vibratório - sem escavação - cravação","m",2564.9]
[2306666,"Camisa metálica com espessura de 8 mm D = 800 mm - para passagem de lâmina d'água - posicionamento","m",2266.79]
[2306640,"Camisa metálica com espessura de 8 mm D = 900 mm - cravada com martelo vibratório - sem escavação - cravação","m",2599.1]
[2306667,"Camisa metálica com espessura de 8 mm D = 900 mm - para passagem de lâmina d'água - posicionamento","m",2291.96]
[2306645,"Camisa metálica com espessura de 9,5 mm D = 1.000 mm - cravada com martelo vibratório - sem escavação - cravação","m",3922.18]
[2306672,"Camisa metálica com espessura de 9,5 mm D = 1.000 mm - para passagem de lâmina d'água - posicionamento","m",3605.44]
[2306646,"Camisa metálica com espessura de 9,5 mm D = 1.100 mm - cravada com martelo vibratório - sem escavação - cravação","m",3969.33]
[2306673,"Camisa metálica com espessura de 9,5 mm D = 1.100 mm - para passagem de lâmina d'água - posicionamento","m",3642.37]
[2306647,"Camisa metálica com espessura de 9,5 mm D = 1.200 mm - cravada com martelo vibratório - sem escavação - cravação","m",4016.19]
[2306674,"Camisa metálica com espessura de 9,5 mm D = 1.200 mm - para passagem de lâmina d'água - posicionamento","m",3678.33]
[2306648,"Camisa metálica com espessura de 9,5 mm D = 1.300 mm - cravada com martelo vibratório - sem escavação - cravação","m",5566.44]
[2306675,"Camisa metálica com espessura de 9,5 mm D = 1.300 mm - para passagem de lâmina d'água - posicionamento","m",5216.93]
[2306649,"Camisa metálica com espessura de 9,5 mm D = 1.400 mm - cravada com martelo vibratório - sem escavação - cravação","m",5616.07]
[2306676,"Camisa metálica com espessura de 9,5 mm D = 1.400 mm - para passagem de lâmina d'água - posicionamento","m",5254.07]
[2306650,"Camisa metálica com espessura de 9,5 mm D = 1.500 mm - cravada com martelo vibratório - sem escavação - cravação","m",5665.55]
[2306677,"Camisa metálica com espessura de 9,5 mm D = 1.500 mm - para passagem de lâmina d'água - posicionamento","m",5290.15]
[2306644,"Camisa metálica com espessura de 9,5 mm D = 900 mm - cravada com martelo vibratório - sem escavação - cravação","m",3125.39]
[2306671,"Camisa metálica com espessura de 9,5 mm D = 900 mm - para passagem de lâmina d'água - posicionamento","m",2818.25]
[2306141,"Coluna de brita D = 50 cm executada com perfuratriz tipo bottom feed - brita comercial - confecção e cravação","m",99.38]
[2306145,"Coluna de brita D = 50 cm executada com perfuratriz tipo bottom feed - brita produzida - confecção e cravação","m",77.42]
[2306142,"Coluna de brita D = 60 cm executada com perfuratriz tipo bottom feed - brita comercial - confecção e cravação","m",120.37]
[2306146,"Coluna de brita D = 60 cm executada com perfuratriz tipo bottom feed - brita produzida - confecção e cravação","m",88.75]
[2306143,"Coluna de brita D = 70 cm executada com perfuratriz tipo bottom feed - brita comercial - confecção e cravação","m",144.66999999999999]
[2306147,"Coluna de brita D = 70 cm executada com perfuratriz tipo bottom feed - brita produzida - confecção e cravação","m",101.62]
[2306144,"Coluna de brita D = 80 cm executada com perfuratriz tipo bottom feed - brita comercial - confecção e cravação","m",173.7]
[2306148,"Coluna de brita D = 80 cm executada com perfuratriz tipo bottom feed - brita produzida - confecção e cravação","m",117.48]
[2306624,"Confecção de camisa metálica em aço ASTM A36 com espessura de 12,5 mm - D = 1.400 mm","m",7247.72]
[2306625,"Confecção de camisa metálica em aço ASTM A36 com espessura de 12,5 mm - D = 1.500 mm","m",7311.88]
[2306626,"Confecção de camisa metálica em aço ASTM A36 com espessura de 12,5 mm - D = 1.600 mm","m",7378.12]
[2306627,"Confecção de camisa metálica em aço ASTM A36 com espessura de 12,5 mm - D = 1.700 mm","m",7442.28]
[2306628,"Confecção de camisa metálica em aço ASTM A36 com espessura de 12,5 mm - D = 1.800 mm","m",7506.51]
[2306629,"Confecção de camisa metálica em aço ASTM A36 com espessura de 16 mm - D = 1.500 mm","m",10741.13]
[2306630,"Confecção de camisa metálica em aço ASTM A36 com espessura de 16 mm - D = 1.600 mm","m",10892.68]
[2306631,"Confecção de camisa metálica em aço ASTM A36 com espessura de 16 mm - D = 1.700 mm","m",11039.48]
[2306632,"Confecção de camisa metálica em aço ASTM A36 com espessura de 16 mm - D = 1.800 mm","m",11191.04]
[2306610,"Confecção de camisa metálica em aço ASTM A36 com espessura de 6,3 mm - D = 1.000 mm","m",2244.35]
[2306604,"Confecção de camisa metálica em aço ASTM A36 com espessura de 6,3 mm - D = 400 mm","m",826.28]
[2306605,"Confecção de camisa metálica em aço ASTM A36 com espessura de 6,3 mm - D = 500 mm","m",1030.8499999999999]
[2306606,"Confecção de camisa metálica em aço ASTM A36 com espessura de 6,3 mm - D = 600 mm","m",1187.93]
[2306607,"Confecção de camisa metálica em aço ASTM A36 com espessura de 6,3 mm - D = 700 mm","m",1402.45]
[2306608,"Confecção de camisa metálica em aço ASTM A36 com espessura de 6,3 mm - D = 800 mm","m",1716.14]
[2306609,"Confecção de camisa metálica em aço ASTM A36 com espessura de 6,3 mm - D = 900 mm","m",1731.36]
[2306614,"Confecção de camisa metálica em aço ASTM A36 com espessura de 8 mm - D = 1.000 mm","m",2920.93]
[2306615,"Confecção de camisa metálica em aço ASTM A36 com espessura de 8 mm - D = 1.100 mm","m",2944.87]
[2306616,"Confecção de camisa metálica em aço ASTM A36 com espessura de 8 mm - D = 1.200 mm","m",2968.31]
[2306611,"Confecção de camisa metálica em aço ASTM A36 com espessura de 8 mm - D = 700 mm","m",1837.86]
[2306612,"Confecção de camisa metálica em aço ASTM A36 com espessura de 8 mm - D = 800 mm","m",2240.89]
[2306613,"Confecção de camisa metálica em aço ASTM A36 com espessura de 8 mm - D = 900 mm","m",2264.83]
[2306618,"Confecção de camisa metálica em aço ASTM A36 com espessura de 9,5 mm - D = 1.000 mm","m",3575.43]
[2306619,"Confecção de camisa metálica em aço ASTM A36 com espessura de 9,5 mm - D = 1.100 mm","m",3610.88]
[2306620,"Confecção de camisa metálica em aço ASTM A36 com espessura de 9,5 mm - D = 1.200 mm","m",3645.34]
[2306621,"Confecção de camisa metálica em aço ASTM A36 com espessura de 9,5 mm - D = 1.300 mm","m",5182.38]
[2306622,"Confecção de camisa metálica em aço ASTM A36 com espessura de 9,5 mm - D = 1.400 mm","m",5217.8900000000003]
[2306623,"Confecção de camisa metálica em aço ASTM A36 com espessura de 9,5 mm - D = 1.500 mm","m",5252.28]
[2306617,"Confecção de camisa metálica em aço ASTM A36 com espessura de 9,5 mm - D = 900 mm","m",2789.65]
[2306014,"Contraventamento de grupo de estacas submersas em aço ASTM A36 - confecção e instalação","kg",12.79]
[2306700,"Escavação com perfuratriz tipo Wirth em rocha com média dureza e média abrasão - resistência à compressão menor que 80 MPa - D = 1.000 mm","m",2529.6999999999998]
[2306703,"Escavação com perfuratriz tipo Wirth em rocha com média dureza e média abrasão - resistência à compressão menor que 80 MPa - D = 1.100 mm","m",2620.88]
[2306706,"Escavação com perfuratriz tipo Wirth em rocha com média dureza e média abrasão - resistência à compressão menor que 80 MPa - D = 1.200 mm","m",2759.25]
[2306709,"Escavação com perfuratriz tipo Wirth em rocha com média dureza e média abrasão - resistência à compressão menor que 80 MPa - D = 1.300 mm","m",2974.79]
[2306712,"Escavação com perfuratriz tipo Wirth em rocha com média dureza e média abrasão - resistência à compressão menor que 80 MPa - D = 1.400 mm","m",3077.54]
[2306715,"Escavação com perfuratriz tipo Wirth em rocha com média dureza e média abrasão - resistência à compressão menor que 80 MPa - D = 1.500 mm","m",3215.43]
[2306718,"Escavação com perfuratriz tipo Wirth em rocha com média dureza e média abrasão - resistência à compressão menor que 80 MPa - D = 1.600 mm","m",3422.83]
[2306721,"Escavação com perfuratriz tipo Wirth em rocha com média dureza e média abrasão - resistência à compressão menor que 80 MPa - D = 1.700 mm","m",3520.91]
[2306724,"Escavação com perfuratriz tipo Wirth em rocha com média dureza e média abrasão - resistência à compressão menor que 80 MPa - D = 1.800 mm","m",3708.66]
[2306688,"Escavação com perfuratriz tipo Wirth em rocha com média dureza e média abrasão - resistência à compressão menor que 80 MPa - D = 600 mm","m",2008.23]
[2306691,"Escavação com perfuratriz tipo Wirth em rocha com média dureza e média abrasão - resistência à compressão menor que 80 MPa - D = 700 mm","m",2120.02]
[2306694,"Escavação com perfuratriz tipo Wirth em rocha com média dureza e média abrasão - resistência à compressão menor que 80 MPa - D = 800 mm","m",2271.25]
[2306697,"Escavação com perfuratriz tipo Wirth em rocha com média dureza e média abrasão - resistência à compressão menor que 80 MPa - D = 900 mm","m",2376.27]
[2306701,"Escavação com perfuratriz tipo Wirth em rocha de alta dureza e alta abrasão - resistência à compressão acima de 80 MPa - D = 1.000 mm","m",4864.55]
[2306704,"Escavação com perfuratriz tipo Wirth em rocha de alta dureza e alta abrasão - resistência à compressão acima de 80 MPa - D = 1.100 mm","m",5165.7299999999996]
[2306707,"Escavação com perfuratriz tipo Wirth em rocha de alta dureza e alta abrasão - resistência à compressão acima de 80 MPa - D = 1.200 mm","m",5369.53]
[2306710,"Escavação com perfuratriz tipo Wirth em rocha de alta dureza e alta abrasão - resistência à compressão acima de 80 MPa - D = 1.300 mm","m",5639.92]
[2306713,"Escavação com perfuratriz tipo Wirth em rocha de alta dureza e alta abrasão - resistência à compressão acima de 80 MPa - D = 1.400 mm","m",5789.25]
[2306716,"Escavação com perfuratriz tipo Wirth em rocha de alta dureza e alta abrasão - resistência à compressão acima de 80 MPa - D = 1.500 mm","m",6126.44]
[2306719,"Escavação com perfuratriz tipo Wirth em rocha de alta dureza e alta abrasão - resistência à compressão acima de 80 MPa - D = 1.600 mm","m",6665.62]
[2306722,"Escavação com perfuratriz tipo Wirth em rocha de alta dureza e alta abrasão - resistência à compressão acima de 80 MPa - D = 1.700 mm","m",6963.19]
[2306725,"Escavação com perfuratriz tipo Wirth em rocha de alta dureza e alta abrasão - resistência à compressão acima de 80 MPa - D = 1.800 mm","m",7299.68]
[2306689,"Escavação com perfuratriz tipo Wirth em rocha de alta dureza e alta abrasão - resistência à compressão acima de 80 MPa - D = 600 mm","m",3845.63]
[2306692,"Escavação com perfuratriz tipo Wirth em rocha de alta dureza e alta abrasão - resistência à compressão acima de 80 MPa - D = 700 mm","m",4050.12]
[2306695,"Escavação com perfuratriz tipo Wirth em rocha de alta dureza e alta abrasão - resistência à compressão acima de 80 MPa - D = 800 mm","m",4260.3999999999996]
[2306698,"Escavação com perfuratriz tipo Wirth em rocha de alta dureza e alta abrasão - resistência à compressão acima de 80 MPa - D = 900 mm","m",4509.3]
[2306699,"Escavação com perfuratriz tipo Wirth em solo - D = 1.000 mm","m",389.41]
[2306702,"Escavação com perfuratriz tipo Wirth em solo - D = 1.100 mm","m",402.5]
[2306705,"Escavação com perfuratriz tipo Wirth em solo - D = 1.200 mm","m",423.87]
[2306708,"Escavação com perfuratriz tipo Wirth em solo - D = 1.300 mm","m",439.42]
[2306711,"Escavação com perfuratriz tipo Wirth em solo - D = 1.400 mm","m",456.16]
[2306714,"Escavação com perfuratriz tipo Wirth em solo - D = 1.500 mm","m",474.23]
[2306717,"Escavação com perfuratriz tipo Wirth em solo - D = 1.600 mm","m",495.06]
[2306720,"Escavação com perfuratriz tipo Wirth em solo - D = 1.700 mm","m",516.41]
[2306723,"Escavação com perfuratriz tipo Wirth em solo - D = 1.800 mm","m",527.79]
[2306687,"Escavação com perfuratriz tipo Wirth em solo - D = 600 mm","m",324.18]
[2306690,"Escavação com perfuratriz tipo Wirth em solo - D = 700 mm","m",339.1]
[2306693,"Escavação com perfuratriz tipo Wirth em solo - D = 800 mm","m",354.14]
[2306696,"Escavação com perfuratriz tipo Wirth em solo - D = 900 mm","m",370.58]
[2306239,"Estaca barrete escavada com uso de fluido estabilizante - confecção","m³",343.08]
[2306090,"Estaca broca manual D = 25 cm - confecção","m",43.44]
[2306091,"Estaca broca manual D = 30 cm - confecção","m",57.92]
[2306072,"Estaca circular tipo estacão escavada com uso de fluido estabilizante - confecção","m³",1198.1400000000001]
[2306133,"Estaca duplo perfil metálico W 250 x 17,9 - com emenda - fornecimento e cravação","m",529.59]
[2306114,"Estaca duplo trilho TR 25 - com emenda - fornecimento e cravação","m",319.87]
[2306115,"Estaca duplo trilho TR 37 - com emenda - fornecimento e cravação","m",460.28]
[2306116,"Estaca duplo trilho TR 45 - com emenda - fornecimento e cravação","m",545.97]
[2306118,"Estaca duplo trilho TR 57 - com emenda - fornecimento e cravação","m",682.77]
[2306122,"Estaca duplo trilho TR 68 - com emenda - fornecimento e cravação","m",806.68]
[2306078,"Estaca Franki com fuste apiloado D = 35 cm - confecção","m",202.11]
[2306080,"Estaca Franki com fuste apiloado D = 40 cm - confecção","m",220.48]
[2306082,"Estaca Franki com fuste apiloado D = 45 cm - confecção","m",242.53]
[2306084,"Estaca Franki com fuste apiloado D = 52 cm - confecção","m",282.01]
[2306086,"Estaca Franki com fuste apiloado D = 60 cm - confecção","m",346.47]
[2309088,"Estaca Franki com fuste apiloado D = 70 cm - confecção","m",485.06]
[2306074,"Estaca hélice contínua - confecção","m³",328.88]
[2306095,"Estaca hélice de deslocamento - confecção","m³",394.34]
[2306132,"Estaca perfil metálico W 150 x 22,5 (H) - fornecimento e cravação","m",344.43]
[2306015,"Estaca prancha metálica - fornecimento e cravação até 12 metros","kg",17.75]
[2306019,"Estaca prancha metálica com apoio de flutuante - fornecimento e cravação de 12 metros","kg",18.45]
[2306018,"Estaca prancha metálica com apoio de flutuante e utilização de 10 vezes - fornecimento, cravação até 12 metros","kg",3.25]
[2306016,"Estaca prancha metálica com utilização de 10 vezes - fornecimento, cravação até 12 metros","kg",2.2000000000000002]
[2305999,"Estaca pré-moldada de concreto armado centrifugado com compressão admissível de 100 t - sem emenda - fornecimento e cravação","m",410.83]
[2306000,"Estaca pré-moldada de concreto armado centrifugado com compressão admissível de 125 t - sem emenda - fornecimento e cravação","m",534.05999999999995]
[2306001,"Estaca pré-moldada de concreto armado centrifugado com compressão admissível de 170 t - sem emenda - fornecimento e cravação","m",723.65]
[2306002,"Estaca pré-moldada de concreto armado centrifugado com compressão admissível de 230 t - sem emenda - fornecimento e cravação","m",952.61]
[2306003,"Estaca pré-moldada de concreto armado centrifugado com compressão admissível de 300 t - sem emenda - fornecimento e cravação","m",1133.21]
[2305997,"Estaca pré-moldada de concreto armado centrifugado com compressão admissível de 55 t - sem emenda - fornecimento e cravação","m",286.33]
[2305998,"Estaca pré-moldada de concreto armado centrifugado com compressão admissível de 80 t - sem emenda - fornecimento e cravação","m",369.29]
[2306101,"Estaca pré-moldada de concreto protendido 15 x 15 cm - produzida - sem emenda - cravação","m",89.71]
[2306102,"Estaca pré-moldada de concreto protendido 17 x 17 cm - produzida - sem emenda - cravação","m",95.16]
[2306103,"Estaca pré-moldada de concreto protendido 20 x 20 cm - produzida - sem emenda - cravação","m",105.88]
[2306104,"Estaca pré-moldada de concreto protendido 21 x 21 cm - produzida - sem emenda - cravação","m",111.85]
[2306105,"Estaca pré-moldada de concreto protendido 23 x 23 cm - produzida - sem emenda - cravação","m",118.51]
[2306106,"Estaca pré-moldada de concreto protendido 25 x 25 cm - produzida - sem emenda - cravação","m",127.93]
[2306107,"Estaca pré-moldada de concreto protendido 26 x 26 cm - produzida - sem emenda - cravação","m",131.66]
[2306269,"Estaca pré-moldada de concreto protendido 30 x 30 cm - produzida - sem emenda - cravação","m",147.11000000000001]
[2306270,"Estaca pré-moldada de concreto protendido 33 x 33 cm - produzida - sem emenda - cravação","m",163.85]
[2306271,"Estaca pré-moldada de concreto protendido 35 x 35 cm - produzida - sem emenda - cravação","m",178.73]
[2306272,"Estaca pré-moldada de concreto protendido 38 x 38 cm - produzida - sem emenda - cravação","m",188.67]
[2306273,"Estaca pré-moldada de concreto protendido 40 x 40 cm - produzida - sem emenda - cravação","m",210.19]
[2306274,"Estaca pré-moldada de concreto protendido 42 x 42 cm - produzida - sem emenda - cravação","m",224.45]
[2306275,"Estaca pré-moldada de concreto protendido 45 x 45 cm - produzida - sem emenda - cravação","m",256.77999999999997]
[2306100,"Estaca pré-moldada de concreto protendido com compressão admissível de 100 t - comercial - sem emenda - fornecimento e cravação","m",403.45]
[2306004,"Estaca pré-moldada de concreto protendido com compressão admissível de 25 t - comercial - sem emenda - fornecimento e cravação","m",144.52000000000001]
[2306097,"Estaca pré-moldada de concreto protendido com compressão admissível de 35 t - comercial - sem emenda - fornecimento e cravação","m",181.78]
[2306098,"Estaca pré-moldada de concreto protendido com compressão admissível de 60 t - comercial - sem emenda - fornecimento e cravação","m",208.91]
[2306007,"Estaca pré-moldada de concreto protendido com compressão admissível de 75 t - comercial - sem emenda - fornecimento e cravação","m",301.60000000000002]
[2306067,"Estaca raiz perfurada na rocha com D = 16 cm - confecção","m",568.78]
[2306068,"Estaca raiz perfurada na rocha com D = 20 cm - confecção","m",717.28]
[2306069,"Estaca raiz perfurada na rocha com D = 25 cm - confecção","m",970.24]
[2306070,"Estaca raiz perfurada na rocha com D = 31 cm - confecção","m",1471.77]
[2306071,"Estaca raiz perfurada na rocha com D = 40 cm - confecção","m",2216.19]
[2306181,"Estaca raiz perfurada na rocha com D = 45 cm - confecção","m",2234.21]
[2306062,"Estaca raiz perfurada no solo com D = 16 cm - confecção","m",104.23]
[2306063,"Estaca raiz perfurada no solo com D = 20 cm - confecção","m",125.28]
[2306064,"Estaca raiz perfurada no solo com D = 25 cm - confecção","m",154.38999999999999]
[2306065,"Estaca raiz perfurada no solo com D = 31 cm - confecção","m",199.92]
[2306066,"Estaca raiz perfurada no solo com D = 40 cm - confecção","m",281.51]
[2306180,"Estaca raiz perfurada no solo com D = 45 cm - confecção","m",318.02]
[2306009,"Estaca Strauss D = 25 cm - confecção","m",19.55]
[2306010,"Estaca Strauss D = 32 cm - confecção","m",24.37]
[2306011,"Estaca Strauss D = 38 cm - confecção","m",27.75]
[2306012,"Estaca Strauss D = 45 cm - confecção","m",32.49]
[2306108,"Estaca trilho TR 25 - fornecimento e cravação","m",176.22]
[2306110,"Estaca trilho TR 37 - fornecimento e cravação","m",246.99]
[2306111,"Estaca trilho TR 45 - fornecimento e cravação","m",289.73]
[2306112,"Estaca trilho TR 57 - fornecimento e cravação","m",358.26]
[2306113,"Estaca trilho TR 68 - fornecimento e cravação","m",420.45]
[2306123,"Estaca triplo trilho TR 25 - com emenda - fornecimento e cravação","m",462.62]
[2306124,"Estaca triplo trilho TR 37 - com emenda - fornecimento e cravação","m",672.34]
[2306125,"Estaca triplo trilho TR 45 - com emenda - fornecimento e cravação","m",800.22]
[2306126,"Estaca triplo trilho TR 57 - com emenda - fornecimento e cravação","m",1004.52]
[2306127,"Estaca triplo trilho TR 68 - com emenda - fornecimento e cravação","m",1189.4100000000001]
[2306300,"Fabricação de estaca pré-moldada de concreto protendida seção 15 x 15 cm","m",35.29]
[2306301,"Fabricação de estaca pré-moldada de concreto protendida seção 17 x 17 cm","m",38.15]
[2306302,"Fabricação de estaca pré-moldada de concreto protendida seção 20 x 20 cm","m",46.05]
[2306303,"Fabricação de estaca pré-moldada de concreto protendida seção 21 x 21 cm","m",49.95]
[2306304,"Fabricação de estaca pré-moldada de concreto protendida seção 23 x 23 cm","m",53.42]
[2306305,"Fabricação de estaca pré-moldada de concreto protendida seção 25 x 25 cm","m",59.96]
[2306306,"Fabricação de estaca pré-moldada de concreto protendida seção 26 x 26 cm","m",61.47]
[2306307,"Fabricação de estaca pré-moldada de concreto protendida seção 30 x 30 cm","m",71.73]
[2306308,"Fabricação de estaca pré-moldada de concreto protendida seção 33 x 33 cm","m",81.010000000000005]
[2306309,"Fabricação de estaca pré-moldada de concreto protendida seção 35 x 35 cm","m",91.6]
[2306310,"Fabricação de estaca pré-moldada de concreto protendida seção 38 x 38 cm","m",97.09]
[2306311,"Fabricação de estaca pré-moldada de concreto protendida seção 40 x 40 cm","m",111.9]
[2306312,"Fabricação de estaca pré-moldada de concreto protendida seção 42 x 42 cm","m",121.1]
[2306313,"Fabricação de estaca pré-moldada de concreto protendida seção 45 x 45 cm","m",145.97999999999999]
[2306013,"Gabarito de cravação de estacas submersas em aço ASTM A36 - confecção e instalação","kg",12.68]
[2306243,"Muro guia para estaca barrete com duas cortinas de 10 x 110 cm","m",625.84]
[2408149,"Estrutura em perfil de aço ASTM A36 corte, solda e montagem - fornecimento e instalação","kg",16.32]
[2407972,"Fornecimento e aplicação de adesivo estrutural à base de resina epóxi","kg",73.02]
[2407973,"Hidrojateamento em superfície de aço grau WJ-2","m²",56.62]
[2408075,"Jateamento abrasivo em chapa de aço por esteira contínua","m²",13.72]
[2408069,"Jateamento de chapa de aço com o uso de granalhas de aço grau Sa 2","m²",6.06]
[2419790,"Jateamento de chapa de aço com o uso de granalhas de aço grau Sa 2 1/2","m²",10.94]
[2407976,"Jateamento de chapa de aço com o uso de granalhas de aço grau Sa 2 1/2 - em espaço confinado","m²",12.76]
[2408068,"Jateamento de chapa de aço com o uso de granalhas de aço grau Sa 3","m²",17.04]
[2419705,"Pintura com epóxi de dois componentes com pistola a ar comprimido, uma demão, espessura de 120 µm","m²",11.16]
[2419704,"Pintura com primer epóxi de dois componentes com pistola a ar comprimido, uma demão, espessura de 70 µm","m²",32.32]
[2407981,"Pintura com selante epóxi vinílico com pistola airless, uma demão, espessura de 80 µm","m²",16.88]
[2407982,"Pintura com tinta anti-incrustante com pistola airless, uma demão, espessura de 125 µm","m²",42.21]
[2419703,"Pintura com tinta anticorrosiva à base de epóxi poliamida de dois componentes com pistola a ar comprimido, uma demão, espessura de 150 µm","m²",15.5]
[2408080,"Pintura de acabamento com esmalte epóxi com pistola a ar comprimido, uma demão, espessura de 40 µm","m²",8.36]
[2408078,"Pintura de acabamento com esmalte sintético com pistola a ar comprimido, uma demão, espessura de 30 µm","m²",2.91]
[2407979,"Pintura de acabamento com tinta de poliuretano acrílico de dois componentes com pistola airless, uma demão, espessura de 70 µm","m²",13.34]
[2407980,"Pintura de acabamento com tinta de poliuretano acrílico de dois componentes com pistola airless, uma demão, espessura de 70 µm - em espaço confinado","m²",13.38]
[2408077,"Pintura de fundo com tinta alquídica com pistola a ar comprimido, uma demão, espessura de 30 µm","m²",5.29]
[2407983,"Pintura de fundo com tinta anticorrosiva à base de epóxi poliamida de dois componentes com pistola airless, uma demão, espessura de 100 µm - em espaço confinado","m²",8.35]
[2407977,"Pintura de fundo com tinta anticorrosiva à base de epóxi poliamida de dois componentes com pistola airless, uma demão, espessura de 160 µm","m²",16.23]
[2407978,"Pintura de fundo com tinta anticorrosiva à base de epóxi poliamida de dois componentes com pistola airless, uma demão, espessura de 160 µm - em espaço confinado","m²",16.27]
[2408079,"Pintura de fundo com tinta epóxi com pistola a ar comprimido, uma demão, espessura de 120 µm","m²",49.22]
[2408076,"Pintura shop primer em chapa de aço por esteira contínua","m²",19.399999999999999]
[2408057,"Solda elétrica de perfis metálicos e chapas de aço com eletrodo E60XX","kg",96.87]
[2408058,"Solda elétrica de perfis metálicos e chapas de aço com eletrodo E70XX","kg",61.4]
[2407974,"Tratamento de superfície de aço com ferramenta mecânica grau SP-11","m²",371.78]
[2407975,"Tratamento de superfície de aço com ferramenta mecânica grau SP-11 - em espaço confinado","m²",379.04]
[2419789,"Tratamento em chapa de aço por esteira contínua","m²",21.35]
[2607183,"Alinhamento manual da grade do AMV para qualquer abertura e qualquer bitola","un",331.11]
[2607226,"Assentamento dos materiais metálicos do AMV 1:10, TR 45, bitola larga","un",562040.88]
[2607209,"Assentamento dos materiais metálicos do AMV 1:10, TR 45, bitola métrica","un",490167.96]
[2607161,"Assentamento dos materiais metálicos do AMV 1:10, TR 45, bitola mista","un",676513.2]
[2607148,"Assentamento dos materiais metálicos do AMV 1:10, TR 57, bitola larga","un",712911.21]
[2607213,"Assentamento dos materiais metálicos do AMV 1:10, TR 57, bitola métrica","un",621769.19999999995]
[2607165,"Assentamento dos materiais metálicos do AMV 1:10, TR 57, bitola mista","un",860754.16]
[2607152,"Assentamento dos materiais metálicos do AMV 1:10, TR 68, bitola larga","un",854527.62]
[2607217,"Assentamento dos materiais metálicos do AMV 1:10, TR 68, bitola métrica","un",734776.37]
[2607169,"Assentamento dos materiais metálicos do AMV 1:10, TR 68, bitola mista","un",1022265.01]
[2607156,"Assentamento dos materiais metálicos do AMV 1:10, UIC 60, bitola larga","un",745777.7]
[2607221,"Assentamento dos materiais metálicos do AMV 1:10, UIC 60, bitola métrica","un",649762.05000000005]
[2607173,"Assentamento dos materiais metálicos do AMV 1:10, UIC 60, bitola mista","un",898916.79]
[2607227,"Assentamento dos materiais metálicos do AMV 1:12, TR 45, bitola larga","un",617274.65]
[2607210,"Assentamento dos materiais metálicos do AMV 1:12, TR 45, bitola métrica","un",538178.42000000004]
[2607162,"Assentamento dos materiais metálicos do AMV 1:12, TR 45, bitola mista","un",742884.39]
[2607149,"Assentamento dos materiais metálicos do AMV 1:12, TR 57, bitola larga","un",782871.5]
[2607214,"Assentamento dos materiais metálicos do AMV 1:12, TR 57, bitola métrica","un",677909.18]
[2607166,"Assentamento dos materiais metálicos do AMV 1:12, TR 57, bitola mista","un",944855.31]
[2607153,"Assentamento dos materiais metálicos do AMV 1:12, TR 68, bitola larga","un",931888.74]
[2607218,"Assentamento dos materiais metálicos do AMV 1:12, TR 68, bitola métrica","un",812859.66]
[2607170,"Assentamento dos materiais metálicos do AMV 1:12, TR 68, bitola mista","un",1116574.97]
[2607157,"Assentamento dos materiais metálicos do AMV 1:12, UIC 60, bitola larga","un",825010.4]
[2607222,"Assentamento dos materiais metálicos do AMV 1:12, UIC 60, bitola métrica","un",713767.49]
[2607174,"Assentamento dos materiais metálicos do AMV 1:12, UIC 60, bitola mista","un",987446.84]
[2607228,"Assentamento dos materiais metálicos do AMV 1:14, TR 45, bitola larga","un",678002.78]
[2607211,"Assentamento dos materiais metálicos do AMV 1:14, TR 45, bitola métrica","un",594951.19999999995]
[2607163,"Assentamento dos materiais metálicos do AMV 1:14, TR 45, bitola mista","un",823405.42]
[2607150,"Assentamento dos materiais metálicos do AMV 1:14, TR 57, bitola larga","un",867420.71]
[2607215,"Assentamento dos materiais metálicos do AMV 1:14, TR 57, bitola métrica","un",744762.53]
[2607167,"Assentamento dos materiais metálicos do AMV 1:14, TR 57, bitola mista","un",1031332.78]
[2607154,"Assentamento dos materiais metálicos do AMV 1:14, TR 68, bitola larga","un",1029502.94]
[2607219,"Assentamento dos materiais metálicos do AMV 1:14, TR 68, bitola métrica","un",892595.97]
[2607171,"Assentamento dos materiais metálicos do AMV 1:14, TR 68, bitola mista","un",1243526.54]
[2607158,"Assentamento dos materiais metálicos do AMV 1:14, UIC 60, bitola larga","un",906001.88]
[2607223,"Assentamento dos materiais metálicos do AMV 1:14, UIC 60, bitola métrica","un",784144.95]
[2607175,"Assentamento dos materiais metálicos do AMV 1:14, UIC 60, bitola mista","un",1084768.4099999999]
[2607151,"Assentamento dos materiais metálicos do AMV 1:20, TR 57, bitola larga","un",1036864.99]
[2607216,"Assentamento dos materiais metálicos do AMV 1:20, TR 57, bitola métrica","un",904276.47]
[2607168,"Assentamento dos materiais metálicos do AMV 1:20, TR 57, bitola mista","un",1263850.81]
[2607155,"Assentamento dos materiais metálicos do AMV 1:20, TR 68, bitola larga","un",1242079.68]
[2607220,"Assentamento dos materiais metálicos do AMV 1:20, TR 68, bitola métrica","un",1068257.8999999999]
[2607172,"Assentamento dos materiais metálicos do AMV 1:20, TR 68, bitola mista","un",1486594.41]
[2607159,"Assentamento dos materiais metálicos do AMV 1:20, UIC 60, bitola larga","un",1084503.9099999999]
[2607224,"Assentamento dos materiais metálicos do AMV 1:20, UIC 60, bitola métrica","un",944772.05]
[2607176,"Assentamento dos materiais metálicos do AMV 1:20, UIC 60, bitola mista","un",1316072.8999999999]
[2607225,"Assentamento dos materiais metálicos do AMV 1:8, TR 45, bitola larga","un",511802.74]
[2607208,"Assentamento dos materiais metálicos do AMV 1:8, TR 45, bitola métrica","un",446503.21]
[2607160,"Assentamento dos materiais metálicos do AMV 1:8, TR 45, bitola mista","un",616133.78]
[2607229,"Assentamento dos materiais metálicos do AMV 1:8, TR 57, bitola larga","un",649232.92000000004]
[2607212,"Assentamento dos materiais metálicos do AMV 1:8, TR 57, bitola métrica","un",566471.71]
[2607164,"Assentamento dos materiais metálicos do AMV 1:8, TR 57, bitola mista","un",776686.18]
[2607207,"Lançamento manual de lastro em AMV com descarga da brita por caminhão","m³",190.81]
[2607206,"Lançamento mecânico de lastro em AMV com descarga da brita por caminhão e espalhamento com carregadeira de pneus","m³",186.67]
[2607344,"Nivelamento de AMV com socaria com grupo vibrador e levante de até 10 cm, abertura 1:10, bitola larga, dormente de madeira ou concreto","un",273.38]
[2607339,"Nivelamento de AMV com socaria com grupo vibrador e levante de até 10 cm, abertura 1:10, bitola métrica, dormente de madeira ou concreto","un",187.81]
[2607349,"Nivelamento de AMV com socaria com grupo vibrador e levante de até 10 cm, abertura 1:10, bitola mista, dormente de madeira ou concreto","un",417.04]
[2607345,"Nivelamento de AMV com socaria com grupo vibrador e levante de até 10 cm, abertura 1:12, bitola larga, dormente de madeira ou concreto","un",311.94]
[2607340,"Nivelamento de AMV com socaria com grupo vibrador e levante de até 10 cm, abertura 1:12, bitola métrica, dormente de madeira ou concreto","un",214.34]
[2607350,"Nivelamento de AMV com socaria com grupo vibrador e levante de até 10 cm, abertura 1:12, bitola mista, dormente de madeira ou concreto","un",476.37]
[2607346,"Nivelamento de AMV com socaria com grupo vibrador e levante de até 10 cm, abertura 1:14, bitola larga, dormente de madeira ou concreto","un",362.31]
[2607341,"Nivelamento de AMV com socaria com grupo vibrador e levante de até 10 cm, abertura 1:14, bitola métrica, dormente de madeira ou concreto","un",252.86]
[2607351,"Nivelamento de AMV com socaria com grupo vibrador e levante de até 10 cm, abertura 1:14, bitola mista, dormente de madeira ou concreto","un",553.35]
[2607347,"Nivelamento de AMV com socaria com grupo vibrador e levante de até 10 cm, abertura 1:20, bitola larga, dormente de madeira ou concreto","un",478.04]
[2607342,"Nivelamento de AMV com socaria com grupo vibrador e levante de até 10 cm, abertura 1:20, bitola métrica, dormente de madeira ou concreto","un",311.94]
[2607352,"Nivelamento de AMV com socaria com grupo vibrador e levante de até 10 cm, abertura 1:20, bitola mista, dormente de madeira ou concreto","un",728.06]
[2607343,"Nivelamento de AMV com socaria com grupo vibrador e levante de até 10 cm, abertura 1:8, bitola larga, dormente de madeira","un",219.39]
[2607338,"Nivelamento de AMV com socaria com grupo vibrador e levante de até 10 cm, abertura 1:8, bitola métrica, dormente de madeira","un",160.46]
[2607348,"Nivelamento de AMV com socaria com grupo vibrador e levante de até 10 cm, abertura 1:8, bitola mista, dormente de madeira","un",335.04]
[2607329,"Nivelamento de AMV com socaria manual e levante de até 10 cm, abertura 1:10, bitola larga, dormente de madeira ou concreto","un",550.52]
[2607324,"Nivelamento de AMV com socaria manual e levante de até 10 cm, abertura 1:10, bitola métrica, dormente de madeira ou concreto","un",375.85]
[2607334,"Nivelamento de AMV com socaria manual e levante de até 10 cm, abertura 1:10, bitola mista, dormente de madeira ou concreto","un",798.18]
[2607330,"Nivelamento de AMV com socaria manual e levante de até 10 cm, abertura 1:12, bitola larga, dormente de madeira ou concreto","un",629.51]
[2607325,"Nivelamento de AMV com socaria manual e levante de até 10 cm, abertura 1:12, bitola métrica, dormente de madeira ou concreto","un",431.64]
[2607335,"Nivelamento de AMV com socaria manual e levante de até 10 cm, abertura 1:12, bitola mista, dormente de madeira ou concreto","un",912.07]
[2607331,"Nivelamento de AMV com socaria manual e levante de até 10 cm, abertura 1:14, bitola larga, dormente de madeira ou concreto","un",731.83]
[2607326,"Nivelamento de AMV com socaria manual e levante de até 10 cm, abertura 1:14, bitola métrica, dormente de madeira ou concreto","un",510.62]
[2607336,"Nivelamento de AMV com socaria manual e levante de até 10 cm, abertura 1:14, bitola mista, dormente de madeira ou concreto","un",1060.94]
[2607332,"Nivelamento de AMV com socaria manual e levante de até 10 cm, abertura 1:20, bitola larga, dormente de madeira ou concreto","un",968.86]
[2607327,"Nivelamento de AMV com socaria manual e levante de até 10 cm, abertura 1:20, bitola métrica, dormente de madeira ou concreto","un",629.51]
[2607337,"Nivelamento de AMV com socaria manual e levante de até 10 cm, abertura 1:20, bitola mista, dormente de madeira ou concreto","un",1402.7]
[2607328,"Nivelamento de AMV com socaria manual e levante de até 10 cm, abertura 1:8, bitola larga, dormente de madeira","un",441.61]
[2607323,"Nivelamento de AMV com socaria manual e levante de até 10 cm, abertura 1:8, bitola métrica, dormente de madeira","un",322.66000000000003]
[2607333,"Nivelamento de AMV com socaria manual e levante de até 10 cm, abertura 1:8, bitola mista, dormente de madeira","un",639.41999999999996]
[2607106,"Posicionamento de jogo de dormentes de concreto para AMV 1:10, bitola larga","jg",109779.26]
[2607102,"Posicionamento de jogo de dormentes de concreto para AMV 1:10, bitola métrica","jg",53922.7]
[2607261,"Posicionamento de jogo de dormentes de concreto para AMV 1:10, bitola mista","jg",109779.26]
[2607107,"Posicionamento de jogo de dormentes de concreto para AMV 1:12, bitola larga","jg",125292.38]
[2607103,"Posicionamento de jogo de dormentes de concreto para AMV 1:12, bitola métrica","jg",61368.88]
[2607262,"Posicionamento de jogo de dormentes de concreto para AMV 1:12, bitola mista","jg",125292.38]
[2607108,"Posicionamento de jogo de dormentes de concreto para AMV 1:14, bitola larga","jg",145951.75]
[2607104,"Posicionamento de jogo de dormentes de concreto para AMV 1:14, bitola métrica","jg",72513.259999999995]
[2607263,"Posicionamento de jogo de dormentes de concreto para AMV 1:14, bitola mista","jg",145951.75]
[2607109,"Posicionamento de jogo de dormentes de concreto para AMV 1:20, bitola larga","jg",192441.51]
[2607105,"Posicionamento de jogo de dormentes de concreto para AMV 1:20, bitola métrica","jg",90179.27]
[2607264,"Posicionamento de jogo de dormentes de concreto para AMV 1:20, bitola mista","jg",192441.51]
[2607093,"Posicionamento de jogo de dormentes de madeira para AMV 1:10, bitola larga","jg",47250.13]
[2607088,"Posicionamento de jogo de dormentes de madeira para AMV 1:10, bitola métrica","jg",19503.71]
[2607098,"Posicionamento de jogo de dormentes de madeira para AMV 1:10, bitola mista","jg",47600.81]
[2607094,"Posicionamento de jogo de dormentes de madeira para AMV 1:12, bitola larga","jg",53258.47]
[2607089,"Posicionamento de jogo de dormentes de madeira para AMV 1:12, bitola métrica","jg",22329.29]
[2607099,"Posicionamento de jogo de dormentes de madeira para AMV 1:12, bitola mista","jg",53657.96]
[2607095,"Posicionamento de jogo de dormentes de madeira para AMV 1:14, bitola larga","jg",62562.18]
[2607090,"Posicionamento de jogo de dormentes de madeira para AMV 1:14, bitola métrica","jg",27189.49]
[2607260,"Posicionamento de jogo de dormentes de madeira para AMV 1:14, bitola mista","jg",63026.16]
[2607096,"Posicionamento de jogo de dormentes de madeira para AMV 1:20, bitola larga","jg",82473.48]
[2607091,"Posicionamento de jogo de dormentes de madeira para AMV 1:20, bitola métrica","jg",34159.1]
[2607101,"Posicionamento de jogo de dormentes de madeira para AMV 1:20, bitola mista","jg",83085.009999999995]
[2607092,"Posicionamento de jogo de dormentes de madeira para AMV 1:8, bitola larga","jg",37598.449999999997]
[2607087,"Posicionamento de jogo de dormentes de madeira para AMV 1:8, bitola métrica","jg",16279.61]
[2607097,"Posicionamento de jogo de dormentes de madeira para AMV 1:8, bitola mista","jg",37879.21]
[2607198,"Regularização manual do lastro do AMV para qualquer abertura e qualquer bitola","un",333.02]
[2809170,"Demolição de AMV 1:10 TR 37, em bitola métrica, dormente de madeira, com separação e empilhamento","un",2017.57]
[2809183,"Demolição de AMV 1:10 TR 45, em bitola larga, dormente de madeira, com separação e empilhamento","un",2934.44]
[2809174,"Demolição de AMV 1:10 TR 45, em bitola métrica, dormente de madeira, com separação e empilhamento","un",2116.92]
[2809196,"Demolição de AMV 1:10 TR 45, em bitola mista, dormente de madeira, com separação e empilhamento","un",3085.12]
[2809187,"Demolição de AMV 1:10 TR 57, em bitola larga, dormente de madeira, com separação e empilhamento","un",3085.27]
[2809178,"Demolição de AMV 1:10 TR 57, em bitola métrica, dormente de madeira, com separação e empilhamento","un",2265.81]
[2809200,"Demolição de AMV 1:10 TR 57, em bitola mista, dormente de madeira, com separação e empilhamento","un",3242.2]
[2809191,"Demolição de AMV 1:10 TR 68, em bitola larga, dormente de madeira, com separação e empilhamento","un",3223.59]
[2809204,"Demolição de AMV 1:10 TR 68, em bitola mista, dormente de madeira, com separação e empilhamento","un",3386.01]
[2809171,"Demolição de AMV 1:12 TR 37, em bitola métrica, dormente de madeira, com separação e empilhamento","un",2277.33]
[2809184,"Demolição de AMV 1:12 TR 45, em bitola larga, dormente de madeira, com separação e empilhamento","un",3310.09]
[2809175,"Demolição de AMV 1:12 TR 45, em bitola métrica, dormente de madeira, com separação e empilhamento","un",2386.62]
[2809197,"Demolição de AMV 1:12 TR 45, em bitola mista, dormente de madeira, com separação e empilhamento","un",3476.35]
[2809188,"Demolição de AMV 1:12 TR 57, em bitola larga, dormente de madeira, com separação e empilhamento","un",3476]
[2809179,"Demolição de AMV 1:12 TR 57, em bitola métrica, dormente de madeira, com separação e empilhamento","un",2550.4]
[2809201,"Demolição de AMV 1:12 TR 57, em bitola mista, dormente de madeira, com separação e empilhamento","un",3649.14]
[2809192,"Demolição de AMV 1:12 TR 68, em bitola larga, dormente de madeira, com separação e empilhamento","un",3628.16]
[2809205,"Demolição de AMV 1:12 TR 68, em bitola mista, dormente de madeira, com separação e empilhamento","un",3807.33]
[2809172,"Demolição de AMV 1:14 TR 37, em bitola métrica, dormente de madeira, com separação e empilhamento","un",2662.19]
[2809185,"Demolição de AMV 1:14 TR 45, em bitola larga, dormente de madeira, com separação e empilhamento","un",3810.56]
[2809176,"Demolição de AMV 1:14 TR 45, em bitola métrica, dormente de madeira, com separação e empilhamento","un",2782.41]
[2809198,"Demolição de AMV 1:14 TR 45, em bitola mista, dormente de madeira, com separação e empilhamento","un",3996.66]
[2809189,"Demolição de AMV 1:14 TR 57, em bitola larga, dormente de madeira, com separação e empilhamento","un",3993.07]
[2809180,"Demolição de AMV 1:14 TR 57, em bitola métrica, dormente de madeira, com separação e empilhamento","un",2962.56]
[2809202,"Demolição de AMV 1:14 TR 57, em bitola mista, dormente de madeira, com separação e empilhamento","un",4186.7299999999996]
[2809193,"Demolição de AMV 1:14 TR 68, em bitola larga, dormente de madeira, com separação e empilhamento","un",4160.4399999999996]
[2809206,"Demolição de AMV 1:14 TR 68, em bitola mista, dormente de madeira, com separação e empilhamento","un",4360.7299999999996]
[2809190,"Demolição de AMV 1:20 TR 57, em bitola larga, dormente de madeira, com separação e empilhamento","un",5170.7700000000004]
[2809181,"Demolição de AMV 1:20 TR 57, em bitola métrica, dormente de madeira, com separação e empilhamento","un",3641.5]
[2809203,"Demolição de AMV 1:20 TR 57, em bitola mista, dormente de madeira, com separação e empilhamento","un",5405.28]
[2809194,"Demolição de AMV 1:20 TR 68, em bitola larga, dormente de madeira, com separação e empilhamento","un",5371.62]
[2809207,"Demolição de AMV 1:20 TR 68, em bitola mista, dormente de madeira, com separação e empilhamento","un",5614.08]
[2809169,"Demolição de AMV 1:8 TR 37, em bitola métrica, dormente de madeira, com separação e empilhamento","un",1735.03]
[2809182,"Demolição de AMV 1:8 TR 45, em bitola larga, dormente de madeira, com separação e empilhamento","un",2417.1999999999998]
[2809173,"Demolição de AMV 1:8 TR 45, em bitola métrica, dormente de madeira, com separação e empilhamento","un",1825.35]
[2809195,"Demolição de AMV 1:8 TR 45, em bitola mista, dormente de madeira, com separação e empilhamento","un",2530.0700000000002]
[2809186,"Demolição de AMV 1:8 TR 57, em bitola larga, dormente de madeira, com separação e empilhamento","un",2554.3200000000002]
[2809177,"Demolição de AMV 1:8 TR 57, em bitola métrica, dormente de madeira, com separação e empilhamento","un",1960.7]
[2809199,"Demolição de AMV 1:8 TR 57, em bitola mista, dormente de madeira, com separação e empilhamento","un",2672.88]
[2809219,"Demolição de via, bitola larga, 1.667 dormentes de madeira/km, trilho TR 45, barra com 12 m de comprimento, com separação e empilhamento","km",24441.98]
[2809220,"Demolição de via, bitola larga, 1.667 dormentes de madeira/km, trilho TR 57, barra com 12 m de comprimento, com separação e empilhamento","km",26033.56]
[2809221,"Demolição de via, bitola larga, 1.667 dormentes de madeira/km, trilho TR 68, barra com 12 m de comprimento, com separação e empilhamento","km",26803.74]
[2809163,"Demolição de via, bitola larga, 1.750 dormentes de madeira/km, trilho TR 45, barra com 12 m de comprimento, com separação e empilhamento","km",25520.93]
[2809164,"Demolição de via, bitola larga, 1.750 dormentes de madeira/km, trilho TR 57, barra com 12 m de comprimento, com separação e empilhamento","km",27171.06]
[2809165,"Demolição de via, bitola larga, 1.750 dormentes de madeira/km, trilho TR 68, barra com 12 m de comprimento, com separação e empilhamento","km",27962.81]
[2809216,"Demolição de via, bitola métrica, 1.667 dormentes de madeira/km, trilho TR 37, barra com 12 m de comprimento, com separação e empilhamento","km",22619.75]
[2809217,"Demolição de via, bitola métrica, 1.667 dormentes de madeira/km, trilho TR 45, barra com 12 m de comprimento, com separação e empilhamento","km",23020.48]
[2809218,"Demolição de via, bitola métrica, 1.667 dormentes de madeira/km, trilho TR 57, barra com 12 m de comprimento, com separação e empilhamento","km",24588.82]
[2809160,"Demolição de via, bitola métrica, 1.750 dormentes de madeira/km, trilho TR 37, barra com 12 m de comprimento, com separação e empilhamento","km",23627.68]
[2809161,"Demolição de via, bitola métrica, 1.750 dormentes de madeira/km, trilho TR 45, barra com 12 m de comprimento, com separação e empilhamento","km",24031.29]
[2809162,"Demolição de via, bitola métrica, 1.750 dormentes de madeira/km, trilho TR 57, barra com 12 m de comprimento, com separação e empilhamento","km",25657.73]
[2809222,"Demolição de via, bitola mista, 1.667 dormentes de madeira/km, trilho TR 45, barra com 12 m de comprimento, com separação e empilhamento","km",22304.55]
[2809223,"Demolição de via, bitola mista, 1.667 dormentes de madeira/km, trilho TR 57, barra com 12 m de comprimento, com separação e empilhamento","km",28579.21]
[2809224,"Demolição de via, bitola mista, 1.667 dormentes de madeira/km, trilho TR 68, barra com 12 m de comprimento, com separação e empilhamento","km",29734.49]
[2809166,"Demolição de via, bitola mista, 1.750 dormentes de madeira/km, trilho TR 45, barra com 12 m de comprimento, com separação e empilhamento","km",23210.7]
[2809167,"Demolição de via, bitola mista, 1.750 dormentes de madeira/km, trilho TR 57, barra com 12 m de comprimento, com separação e empilhamento","km",29792.35]
[2809168,"Demolição de via, bitola mista, 1.750 dormentes de madeira/km, trilho TR 68, barra com 12 m de comprimento, com separação e empilhamento","km",30979.98]
[2809158,"Retirada manual de dormente de madeira, bitola larga ou mista, com separação e empilhamento","un",10.93]
[2809159,"Retirada manual de dormente de madeira, bitola métrica, com separação e empilhamento","un",8.25]
[2909152,"Aferição da geometria da via com carro controle","km",129.62]
[2909153,"Capina química da plataforma ferroviária","km",161.32]
[2909151,"Estabilização dinâmica da via","km",76.040000000000006]
[2909145,"Nivelamento de junta com socaria manual da via","un",11.04]
[2909379,"Nivelamento de via com grupo gerador/vibrador e levante de até 10 cm - bitola métrica ou larga com dormente de madeira ou concreto e taxa de dormentação de 1.667 un/km","km",6521.26]
[2909381,"Nivelamento de via com grupo gerador/vibrador e levante de até 10 cm - bitola métrica ou larga com dormente de madeira ou concreto e taxa de dormentação de 1.750 un/km","km",6823.91]
[2909388,"Nivelamento de via com grupo gerador/vibrador e levante de até 10 cm - bitola métrica ou larga com dormente de madeira ou concreto e taxa de dormentação de 1.850 un/km","km",7191.04]
[2909380,"Nivelamento de via com grupo gerador/vibrador e levante de até 10 cm - bitola mista com dormente de madeira ou concreto e taxa de dormentação de 1.667 un/km","km",9562.5300000000007]
[2909382,"Nivelamento de via com grupo gerador/vibrador e levante de até 10 cm - bitola mista com dormente de madeira ou concreto e taxa de dormentação de 1.750 un/km","km",10015.68]
[2909387,"Nivelamento de via com grupo gerador/vibrador e levante de até 10 cm - bitola mista com dormente de madeira ou concreto e taxa de dormentação de 1.850 un/km","km",10568.9]
[2909375,"Nivelamento de via com socaria manual e levante de até 10 cm - bitola métrica ou larga com dormente de madeira ou concreto e taxa de dormentação de 1.667 un/km","km",9848.56]
[2909377,"Nivelamento de via com socaria manual e levante de até 10 cm - bitola métrica ou larga com dormente de madeira ou concreto e taxa de dormentação de 1.750 un/km","km",10308.48]
[2909386,"Nivelamento de via com socaria manual e levante de até 10 cm - bitola métrica ou larga com dormente de madeira ou concreto e taxa de dormentação de 1.850 un/km","km",10863.14]
[2909376,"Nivelamento de via com socaria manual e levante de até 10 cm - bitola mista com dormente de madeira ou concreto e taxa de dormentação de 1.667 un/km","km",14465.2]
[2909378,"Nivelamento de via com socaria manual e levante de até 10 cm - bitola mista com dormente de madeira ou concreto e taxa de dormentação de 1.750 un/km","km",15160.65]
[2909385,"Nivelamento de via com socaria manual e levante de até 10 cm - bitola mista com dormente de madeira ou concreto e taxa de dormentação de 1.850 un/km","km",15987.86]
[2909383,"Nivelamento e alinhamento de via com socadora automática e levante de até 10 cm - qualquer bitola ou dormente e taxa de dormentação de 1.667 un/km","km",6509.05]
[2909384,"Nivelamento e alinhamento de via com socadora automática e levante de até 10 cm - qualquer bitola ou dormente e taxa de dormentação de 1.750 un/km","km",6833.16]
[2909148,"Regularização do lastro com reguladora de lastro","km",458.65]
[2909389,"Regularização manual do lastro em via corrida, bitola larga, com qualquer tipo de dormente","km",3582.26]
[2909390,"Regularização manual do lastro em via corrida, bitola métrica, com qualquer tipo de dormente","km",2522.73]
[2909391,"Regularização manual do lastro em via corrida, bitola mista, com qualquer tipo de dormente","km",4298.99]
[3009336,"Alívio de tensão, com martelo de bronze, em TLS com 120 de comprimento de TR45, taxa de dormentação de 1.667 un/km, para qualquer bitola e fixação elástica","un",100.13]
[3009337,"Alívio de tensão, com martelo de bronze, em TLS com 120 de comprimento de TR45, taxa de dormentação de 1.750 un/km, para qualquer bitola e fixação elástica","un",102.78]
[3009340,"Alívio de tensão, com martelo de bronze, em TLS com 120 de comprimento de TR57, taxa de dormentação de 1.667 un/km, para qualquer bitola e fixação elástica","un",191.27]
[3009341,"Alívio de tensão, com martelo de bronze, em TLS com 120 de comprimento de TR57, taxa de dormentação de 1.750 un/km, para qualquer bitola e fixação elástica","un",196.56]
[3009344,"Alívio de tensão, com martelo de bronze, em TLS com 120 de comprimento de TR68, taxa de dormentação de 1.667 un/km, para qualquer bitola e fixação elástica","un",100.59]
[3009345,"Alívio de tensão, com martelo de bronze, em TLS com 120 de comprimento de TR68, taxa de dormentação de 1.750 un/km, para qualquer bitola e fixação elástica","un",103.24]
[3009348,"Alívio de tensão, com martelo de bronze, em TLS com 120 de comprimento de UIC60, taxa de dormentação de 1.667 un/km, para qualquer bitola e fixação elástica","un",191.33]
[3009349,"Alívio de tensão, com martelo de bronze, em TLS com 120 de comprimento de UIC60, taxa de dormentação de 1.750 un/km, para qualquer bitola e fixação elástica","un",196.62]
[3009338,"Alívio de tensão, com martelo de bronze, em TLS com 240 de comprimento de TR45, taxa de dormentação de 1.667 un/km, para qualquer bitola e fixação elástica","un",100.13]
[3009339,"Alívio de tensão, com martelo de bronze, em TLS com 240 de comprimento de TR45, taxa de dormentação de 1.750 un/km, para qualquer bitola e fixação elástica","un",102.78]
[3009342,"Alívio de tensão, com martelo de bronze, em TLS com 240 de comprimento de TR57, taxa de dormentação de 1.667 un/km, para qualquer bitola e fixação elástica","un",191.27]
[3009343,"Alívio de tensão, com martelo de bronze, em TLS com 240 de comprimento de TR57, taxa de dormentação de 1.750 un/km, para qualquer bitola e fixação elástica","un",196.56]
[3009346,"Alívio de tensão, com martelo de bronze, em TLS com 240 de comprimento de TR68, taxa de dormentação de 1.667 un/km, para qualquer bitola e fixação elástica","un",100.59]
[3009347,"Alívio de tensão, com martelo de bronze, em TLS com 240 de comprimento de TR68, taxa de dormentação de 1.750 un/km, para qualquer bitola e fixação elástica","un",103.24]
[3009350,"Alívio de tensão, com martelo de bronze, em TLS com 240 de comprimento de UIC60, taxa de dormentação de 1.667 un/km, para qualquer bitola e fixação elástica","un",191.33]
[3009351,"Alívio de tensão, com martelo de bronze, em TLS com 240 de comprimento de UIC60, taxa de dormentação de 1.750 un/km, para qualquer bitola e fixação elástica","un",196.62]
[3009080,"Colocação manual de grampo elástico Pandrol","un",0.15]
[3009075,"Colocação manual de retensor para trilho TR45","un",49.67]
[3009076,"Colocação manual de retensor para trilho TR57","un",51.04]
[3009077,"Colocação manual de retensor para trilho TR68","un",53.46]
[3009078,"Colocação manual de retensor para trilho UIC60","un",55.29]
[3009087,"Colocação mecanizada de grampo elástico Pandrol","un",0.1]
[3009085,"Contratrilho TR45, comprimento de 12 m, sobre dormente de madeira, taxa de dormentação de 1.750 un/km, tala de junção de 6 furos e fixação rígida - posicionamento e assentamento manual","m",1065.6500000000001]
[3009086,"Contratrilho TR57, comprimento de 12 m, sobre dormente de madeira, taxa de dormentação de 1.750 un/km, tala de junção de 6 furos e fixação rígida - posicionamento e assentamento manual","m",1419.68]
[3009089,"Contratrilho TR68, comprimento de 12 m, sobre dormente de madeira, taxa de dormentação de 1.750 un/km, tala de junção de 6 furos e fixação rígida - posicionamento e assentamento manual","m",1734.39]
[3009090,"Contratrilho UIC60, comprimento de 12 m, sobre dormente de madeira, taxa de dormentação de 1.750 un/km, tala de junção de 6 furos e fixação rígida - posicionamento e assentamento manual","m",1553.35]
[3009004,"Dormente de concreto monobloco protendido bitola larga - confecção","un",483.9]
[3009002,"Dormente de concreto monobloco protendido bitola métrica - confecção","un",365.95]
[3009006,"Dormente de concreto monobloco protendido bitola mista - confecção","un",656.39]
[3009335,"Dormente de concreto monobloco protendido para AMV bitola larga ou mista - confecção","un",1265.92]
[3009334,"Dormente de concreto monobloco protendido para AMV bitola métrica - confecção","un",902.49]
[3009280,"Dormente de concreto monobloco, bitola larga, taxa de dormentação de 1.667 un/km, fixação elástica Pandrol - posicionamento mecanizado com carregadeira","km",831903.44]
[3009281,"Dormente de concreto monobloco, bitola larga, taxa de dormentação de 1.667 un/km, fixação elástica Pandrol - posicionamento mecanizado com pórtico","km",822463.95]
[3009061,"Dormente de concreto monobloco, bitola larga, taxa de dormentação de 1.750 un/km, fixação elástica Pandrol - posicionamento mecanizado com carregadeira","km",873325.14]
[3009062,"Dormente de concreto monobloco, bitola larga, taxa de dormentação de 1.750 un/km, fixação elástica Pandrol - posicionamento mecanizado com pórtico","km",863414.41]
[3009278,"Dormente de concreto monobloco, bitola métrica, taxa de dormentação de 1.667 un/km, fixação elástica Pandrol - posicionamento mecanizado com carregadeira","km",630020.4]
[3009279,"Dormente de concreto monobloco, bitola métrica, taxa de dormentação de 1.667 un/km, fixação elástica Pandrol - posicionamento mecanizado com pórtico","km",622695.99]
[3009059,"Dormente de concreto monobloco, bitola métrica, taxa de dormentação de 1.750 un/km, fixação elástica Pandrol - posicionamento mecanizado com carregadeira","km",661390.34]
[3009060,"Dormente de concreto monobloco, bitola métrica, taxa de dormentação de 1.750 un/km, fixação elástica Pandrol - posicionamento mecanizado com pórtico","km",653699.99]
[3009282,"Dormente de concreto monobloco, bitola mista, taxa de dormentação de 1.667 un/km, fixação elástica Pandrol - posicionamento mecanizado com carregadeira","km",1119444.1000000001]
[3009283,"Dormente de concreto monobloco, bitola mista, taxa de dormentação de 1.667 un/km, fixação elástica Pandrol - posicionamento mecanizado com pórtico","km",1110008.28]
[3009063,"Dormente de concreto monobloco, bitola mista, taxa de dormentação de 1.750 un/km, fixação elástica Pandrol - posicionamento mecanizado com carregadeira","km",1175182.46]
[3009064,"Dormente de concreto monobloco, bitola mista, taxa de dormentação de 1.750 un/km, fixação elástica Pandrol - posicionamento mecanizado com pórtico","km",1165275.58]
[3009081,"Dormente de madeira para ponte, bitola métrica ou larga, para TR45, fixação rígida - posicionamento e assentamento mecanizado","un",747.42]
[3009082,"Dormente de madeira para ponte, bitola métrica ou larga, para TR57, fixação rígida - posicionamento e assentamento mecanizado","un",812.76]
[3009083,"Dormente de madeira para ponte, bitola métrica ou larga, para TR68, fixação rígida - posicionamento e assentamento mecanizado","un",847.2]
[3009084,"Dormente de madeira para ponte, bitola métrica ou larga, para UIC60, fixação rígida - posicionamento e assentamento mecanizado","un",879.94]
[3009070,"Dormente de madeira, bitola larga ou mista - posicionamento manual","un",472.42]
[3009285,"Dormente de madeira, bitola larga ou mista, taxa de dormentação de 1.667 un/km - posicionamento mecanizado com carregadeira","km",768575.74]
[3009072,"Dormente de madeira, bitola larga ou mista, taxa de dormentação de 1.750 un/km - posicionamento mecanizado com carregadeira","km",806844.35]
[3009069,"Dormente de madeira, bitola métrica - posicionamento manual","un",253.02]
[3009284,"Dormente de madeira, bitola métrica, taxa de dormentação de 1.667 un/km - posicionamento mecanizado com carregadeira","km",407751.33]
[3009071,"Dormente de madeira, bitola métrica, taxa de dormentação de 1.750 un/km - posicionamento mecanizado com carregadeira","km",428054.48]
[3009091,"Lançamento de lastro, 10 cm de altura, primeiro levante, descarga de pedra britada de caminhões","m³",202.05]
[3009058,"Lubrificador de trilhos e de flanges de rodas","un",92877.75]
[3009229,"Posicionamento mecanizado de trilhos","km",213.15]
[3009132,"Pré-alinhamento manual da grade com dormente de madeira","km",1324.43]
[3009133,"Pré-alinhamento mecanizado da grade","km",1898.73]
[3009321,"Solda aluminotérmica para TR45 com cadinho descartável, executada no campo, para formação de trilho longo soldado (TLS)","un",1544.14]
[3009322,"Solda aluminotérmica para TR57 com cadinho descartável, executada no campo, para formação de trilho longo soldado (TLS)","un",1535.46]
[3009323,"Solda aluminotérmica para TR68 com cadinho descartável, executada no campo, para formação de trilho longo soldado (TLS)","un",1613.93]
[3009324,"Solda aluminotérmica para UIC60 com cadinho descartável, executada no campo, para formação de trilho longo soldado (TLS)","un",1560.66]
[3009096,"Solda elétrica por caldeamento para qualquer perfil de trilho, comprimento de 12 m, em estaleiro para formação de trilho longo soldado","un",276.33]
[3009330,"Solda elétrica por caldeamento para trilho TR45, comprimento de até 24 m, em via com dormente de concreto para formação de barra ou trilho longo soldado","un",223.71]
[3009326,"Solda elétrica por caldeamento para trilho TR45, comprimento de até 24 m, em via com dormente de madeira para formação de barra ou trilho longo soldado","un",229.96]
[3009234,"Trilho TR45, comprimento de 12 m, sobre dormente de concreto, bitola métrica ou larga, taxa de dormentação de 1.667 un/km, tala de junção de 6 furos e fixação elástica Pandrol - posicionamento e assentamento manual","km",1110029.3500000001]
[3009022,"Trilho TR45, comprimento de 12 m, sobre dormente de concreto, bitola métrica ou larga, taxa de dormentação de 1.750 un/km, tala de junção de 6 furos e fixação elástica Pandrol - posicionamento e assentamento manual","km",1116761.26]
[3009230,"Trilho TR45, comprimento de 12 m, sobre dormente de concreto, bitola mista, taxa de dormentação de 1.667 un/km, tala de junção de 6 furos e fixação elástica Pandrol - posicionamento e assentamento manual","km",1665209.71]
[3009018,"Trilho TR45, comprimento de 12 m, sobre dormente de concreto, bitola mista, taxa de dormentação de 1.750 un/km, tala de junção de 6 furos e fixação elástica Pandrol - posicionamento e assentamento manual","km",1675307.58]
[3009288,"Trilho TR45, comprimento de 12 m, sobre dormente de madeira, bitola métrica ou larga, taxa de dormentação de 1.667 un/km, tala de junção de 6 furos e fixação rígida - posicionamento e assentamento manual","km",1386358.43]
[3009013,"Trilho TR45, comprimento de 12 m, sobre dormente de madeira, bitola métrica ou larga, taxa de dormentação de 1.750 un/km, tala de junção de 6 furos e fixação rígida - posicionamento e assentamento manual","km",1406629.93]
[3009292,"Trilho TR45, comprimento de 12 m, sobre dormente de madeira, bitola mista, taxa de dormentação de 1.667 un/km, tala de junção de 6 furos e fixação rígida - posicionamento e assentamento manual","km",2079540.39]
[3009225,"Trilho TR45, comprimento de 12 m, sobre dormente de madeira, bitola mista, taxa de dormentação de 1.750 un/km, tala de junção de 6 furos e fixação rígida - posicionamento e assentamento manual","km",2109947.8199999998]
[3009100,"Trilho TR45, comprimento de 120 m (TLS), formado por trilhos curtos de 12 m soldados por caldeamento - confecção em estaleiro","un",50236.4]
[3009238,"Trilho TR45, comprimento de 120 m (TLS), sobre dormente de concreto, bitola métrica ou larga, taxa de dormentação de 1.667 un/km, tala de junção de 6 furos e fixação elástica Pandrol - posicionamento e assentamento mecanizado","km",993600.48]
[3009304,"Trilho TR45, comprimento de 120 m (TLS), sobre dormente de concreto, bitola mista, taxa de dormentação de 1.667 un/km, tala de junção de 6 furos e fixação elástica Pandrol - posicionamento e assentamento mecanizado","km",1490293.98]
[3009030,"Trilho TR45, comprimento de 120 m (TLS), sobre dormente de concreto, bitola mista, taxa de dormentação de 1.750 un/km, tala de junção de 6 furos e fixação elástica Pandrol - posicionamento e assentamento mecanizado","km",1500383.74]
[3009254,"Trilho TR45, comprimento de 120 m (TLS), sobre dormente de madeira, bitola métrica ou larga, taxa de dormentação de 1.667 un/km, tala de junção de 6 furos e fixação elástica Pandrol - posicionamento e assentamento mecanizado","km",1499448.68]
[3009262,"Trilho TR45, comprimento de 120 m (TLS), sobre dormente de madeira, bitola métrica ou larga, taxa de dormentação de 1.667 un/km, tala de junção de 6 furos e fixação rígida - posicionamento e assentamento mecanizado","km",1268420.56]
[3009034,"Trilho TR45, comprimento de 120 m (TLS), sobre dormente de madeira, bitola métrica ou larga, taxa de dormentação de 1.750 un/km, tala de junção de 6 furos e fixação elástica Pandrol - posicionamento e assentamento mecanizado","km",1531648.56]
[3009042,"Trilho TR45, comprimento de 120 m (TLS), sobre dormente de madeira, bitola métrica ou larga, taxa de dormentação de 1.750 un/km, tala de junção de 6 furos e fixação rígida - posicionamento e assentamento mecanizado","km",1289117.3700000001]
[3009270,"Trilho TR45, comprimento de 120 m (TLS), sobre dormente de madeira, bitola mista, taxa de dormentação de 1.667 un/km, tala de junção de 6 furos e fixação elástica Pandrol - posicionamento e assentamento mecanizado","km",2249866.2200000002]
[3009050,"Trilho TR45, comprimento de 120 m (TLS), sobre dormente de madeira, bitola mista, taxa de dormentação de 1.750 un/km, tala de junção de 6 furos e fixação elástica Pandrol - posicionamento e assentamento mecanizado","km",2298206.34]
[3009101,"Trilho TR45, comprimento de 240 m (TLS), formado por trilhos curtos de 12 m soldados por caldeamento - confecção em estaleiro","un",100749.14]
[3009246,"Trilho TR45, comprimento de 240 m (TLS), sobre dormente de concreto, bitola métrica ou larga, taxa de dormentação de 1.667 un/km, tala de junção de 6 furos e fixação elástica Pandrol - posicionamento e assentamento mecanizado","km",987603.03]
[3009208,"Trilho TR45, comprimento de 240 m (TLS), sobre dormente de concreto, bitola métrica ou larga, taxa de dormentação de 1.750 un/km, tala de junção de 6 furos e fixação elástica Pandrol - posicionamento e assentamento mecanizado","km",994329.75]
[3009308,"Trilho TR45, comprimento de 240 m (TLS), sobre dormente de concreto, bitola mista, taxa de dormentação de 1.667 un/km, tala de junção de 6 furos e fixação elástica Pandrol - posicionamento e assentamento mecanizado","km",1481298.47]
[3009212,"Trilho TR45, comprimento de 240 m (TLS), sobre dormente de concreto, bitola mista, taxa de dormentação de 1.750 un/km, tala de junção de 6 furos e fixação elástica Pandrol - posicionamento e assentamento mecanizado","km",1491388.55]
[3009258,"Trilho TR45, comprimento de 240 m (TLS), sobre dormente de madeira, bitola métrica ou larga, taxa de dormentação de 1.667 un/km, tala de junção de 6 furos e fixação elástica Pandrol - posicionamento e assentamento mecanizado","km",1493511.97]
[3009266,"Trilho TR45, comprimento de 240 m (TLS), sobre dormente de madeira, bitola métrica ou larga, taxa de dormentação de 1.667 un/km, tala de junção de 6 furos e fixação rígida - posicionamento e assentamento mecanizado","km",1262483.8400000001]
[3009038,"Trilho TR45, comprimento de 240 m (TLS), sobre dormente de madeira, bitola métrica ou larga, taxa de dormentação de 1.750 un/km, tala de junção de 6 furos e fixação elástica Pandrol - posicionamento e assentamento mecanizado","km",1525711.84]
[3009046,"Trilho TR45, comprimento de 240 m (TLS), sobre dormente de madeira, bitola métrica ou larga, taxa de dormentação de 1.750 un/km, tala de junção de 6 furos e fixação rígida - posicionamento e assentamento mecanizado","km",1283180.6499999999]
[3009274,"Trilho TR45, comprimento de 240 m (TLS), sobre dormente de madeira, bitola mista, taxa de dormentação de 1.667 un/km, tala de junção de 6 furos e fixação elástica Pandrol - posicionamento e assentamento mecanizado","km",2240961.9]
[3009054,"Trilho TR45, comprimento de 240 m (TLS), sobre dormente de madeira, bitola mista, taxa de dormentação de 1.750 un/km, tala de junção de 6 furos e fixação elástica Pandrol - posicionamento e assentamento mecanizado","km",2289302.02]
[3009235,"Trilho TR57, comprimento de 12 m, sobre dormente de concreto, bitola métrica ou larga, taxa de dormentação de 1.667 un/km, tala de junção de 6 furos e fixação elástica Pandrol - posicionamento e assentamento manual","km",1464526.26]
[3009023,"Trilho TR57, comprimento de 12 m, sobre dormente de concreto, bitola métrica ou larga, taxa de dormentação de 1.750 un/km, tala de junção de 6 furos e fixação elástica Pandrol - posicionamento e assentamento manual","km",1471037.43]
[3009231,"Trilho TR57, comprimento de 12 m, sobre dormente de concreto, bitola mista, taxa de dormentação de 1.667 un/km, tala de junção de 6 furos e fixação elástica Pandrol - posicionamento e assentamento manual","km",2194932.34]
[3009019,"Trilho TR57, comprimento de 12 m, sobre dormente de concreto, bitola mista, taxa de dormentação de 1.750 un/km, tala de junção de 6 furos e fixação elástica Pandrol - posicionamento e assentamento manual","km",2207218.5299999998]
[3009289,"Trilho TR57, comprimento de 12 m, sobre dormente de madeira, bitola métrica ou larga, taxa de dormentação de 1.667 un/km, tala de junção de 6 furos e fixação rígida - posicionamento e assentamento manual","km",1849495.82]
[3009014,"Trilho TR57, comprimento de 12 m, sobre dormente de madeira, bitola métrica ou larga, taxa de dormentação de 1.750 un/km, tala de junção de 6 furos e fixação rígida - posicionamento e assentamento manual","km",1875483.37]
[3009293,"Trilho TR57, comprimento de 12 m, sobre dormente de madeira, bitola mista, taxa de dormentação de 1.667 un/km, tala de junção de 6 furos e fixação rígida - posicionamento e assentamento manual","km",2774246.57]
[3009226,"Trilho TR57, comprimento de 12 m, sobre dormente de madeira, bitola mista, taxa de dormentação de 1.750 un/km, tala de junção de 6 furos e fixação rígida - posicionamento e assentamento manual","km",2813228.19]
[3009102,"Trilho TR57, comprimento de 120 m (TLS), formado por trilhos curtos de 12 m soldados por caldeamento - confecção em estaleiro","un",70198.87]
[3009297,"Trilho TR57, comprimento de 120 m (TLS), sobre dormente de concreto, bitola métrica ou larga, taxa de dormentação de 1.667 un/km, tala de junção de 6 furos e fixação elástica Pandrol - posicionamento e assentamento mecanizado","km",1328355.79]
[3009027,"Trilho TR57, comprimento de 120 m (TLS), sobre dormente de concreto, bitola métrica ou larga, taxa de dormentação de 1.750 un/km, tala de junção de 6 furos e fixação elástica Pandrol - posicionamento e assentamento mecanizado","km",1335082.42]
[3009305,"Trilho TR57, comprimento de 120 m (TLS), sobre dormente de concreto, bitola mista, taxa de dormentação de 1.667 un/km, tala de junção de 6 furos e fixação elástica Pandrol - posicionamento e assentamento mecanizado","km",1992426.85]
[3009031,"Trilho TR57, comprimento de 120 m (TLS), sobre dormente de concreto, bitola mista, taxa de dormentação de 1.750 un/km, tala de junção de 6 furos e fixação elástica Pandrol - posicionamento e assentamento mecanizado","km",2002516.61]
[3009255,"Trilho TR57, comprimento de 120 m (TLS), sobre dormente de madeira, bitola métrica ou larga, taxa de dormentação de 1.667 un/km, tala de junção de 6 furos e fixação elástica Pandrol - posicionamento e assentamento mecanizado","km",1856007.8]
[3009263,"Trilho TR57, comprimento de 120 m (TLS), sobre dormente de madeira, bitola métrica ou larga, taxa de dormentação de 1.667 un/km, tala de junção de 6 furos e fixação rígida - posicionamento e assentamento mecanizado","km",1712102.24]
[3009035,"Trilho TR57, comprimento de 120 m (TLS), sobre dormente de madeira, bitola métrica ou larga, taxa de dormentação de 1.750 un/km, tala de junção de 6 furos e fixação elástica Pandrol - posicionamento e assentamento mecanizado","km",1889293.29]
[3009043,"Trilho TR57, comprimento de 120 m (TLS), sobre dormente de madeira, bitola métrica ou larga, taxa de dormentação de 1.750 un/km, tala de junção de 6 furos e fixação rígida - posicionamento e assentamento mecanizado","km",1738222.5]
[3009271,"Trilho TR57, comprimento de 120 m (TLS), sobre dormente de madeira, bitola mista, taxa de dormentação de 1.667 un/km, tala de junção de 6 furos e fixação elástica Pandrol - posicionamento e assentamento mecanizado","km",2784704.8]
[3009051,"Trilho TR57, comprimento de 120 m (TLS), sobre dormente de madeira, bitola mista, taxa de dormentação de 1.750 un/km, tala de junção de 6 furos e fixação elástica Pandrol - posicionamento e assentamento mecanizado","km",2834673.33]
[3009103,"Trilho TR57, comprimento de 240 m (TLS), formado por trilhos curtos de 12 m soldados por caldeamento - confecção em estaleiro","un",140674.07]
[3009247,"Trilho TR57, comprimento de 240 m (TLS), sobre dormente de concreto, bitola métrica ou larga, taxa de dormentação de 1.667 un/km, tala de junção de 6 furos e fixação elástica Pandrol - posicionamento e assentamento mecanizado","km",1321334.5]
[3009209,"Trilho TR57, comprimento de 240 m (TLS), sobre dormente de concreto, bitola métrica ou larga, taxa de dormentação de 1.750 un/km, tala de junção de 6 furos e fixação elástica Pandrol - posicionamento e assentamento mecanizado","km",1328061.22]
[3009309,"Trilho TR57, comprimento de 240 m (TLS), sobre dormente de concreto, bitola mista, taxa de dormentação de 1.667 un/km, tala de junção de 6 furos e fixação elástica Pandrol - posicionamento e assentamento mecanizado","km",1981895.88]
[3009213,"Trilho TR57, comprimento de 240 m (TLS), sobre dormente de concreto, bitola mista, taxa de dormentação de 1.750 un/km, tala de junção de 6 furos e fixação elástica Pandrol - posicionamento e assentamento mecanizado","km",1991985.96]
[3009259,"Trilho TR57, comprimento de 240 m (TLS), sobre dormente de madeira, bitola métrica ou larga, taxa de dormentação de 1.667 un/km, tala de junção de 6 furos e fixação elástica Pandrol - posicionamento e assentamento mecanizado","km",1849047.24]
[3009267,"Trilho TR57, comprimento de 240 m (TLS), sobre dormente de madeira, bitola métrica ou larga, taxa de dormentação de 1.667 un/km, tala de junção de 6 furos e fixação rígida - posicionamento e assentamento mecanizado","km",1705141.68]
[3009039,"Trilho TR57, comprimento de 240 m (TLS), sobre dormente de madeira, bitola métrica ou larga, taxa de dormentação de 1.750 un/km, tala de junção de 6 furos e fixação elástica Pandrol - posicionamento e assentamento mecanizado","km",1882332.73]
[3009047,"Trilho TR57, comprimento de 240 m (TLS), sobre dormente de madeira, bitola métrica ou larga, taxa de dormentação de 1.750 un/km, tala de junção de 6 furos e fixação rígida - posicionamento e assentamento mecanizado","km",1731261.94]
[3009275,"Trilho TR57, comprimento de 240 m (TLS), sobre dormente de madeira, bitola mista, taxa de dormentação de 1.667 un/km, tala de junção de 6 furos e fixação elástica Pandrol - posicionamento e assentamento mecanizado","km",2774265.02]
[3009055,"Trilho TR57, comprimento de 240 m (TLS), sobre dormente de madeira, bitola mista, taxa de dormentação de 1.750 un/km, tala de junção de 6 furos e fixação elástica Pandrol - posicionamento e assentamento mecanizado","km",2824233.55]
[3009236,"Trilho TR68, comprimento de 12 m, sobre dormente de concreto, bitola métrica ou larga, taxa de dormentação de 1.667 un/km, tala de junção de 6 furos e fixação elástica Pandrol - posicionamento e assentamento manual","km",1780722.47]
[3009024,"Trilho TR68, comprimento de 12 m, sobre dormente de concreto, bitola métrica ou larga, taxa de dormentação de 1.750 un/km, tala de junção de 6 furos e fixação elástica Pandrol - posicionamento e assentamento manual","km",1785597.18]
[3009232,"Trilho TR68, comprimento de 12 m, sobre dormente de concreto, bitola mista, taxa de dormentação de 1.667 un/km, tala de junção de 6 furos e fixação elástica Pandrol - posicionamento e assentamento manual","km",2666992.7000000002]
[3009020,"Trilho TR68, comprimento de 12 m, sobre dormente de concreto, bitola mista, taxa de dormentação de 1.750 un/km, tala de junção de 6 furos e fixação elástica Pandrol - posicionamento e assentamento manual","km",2676704.27]
[3009290,"Trilho TR68, comprimento de 12 m, sobre dormente de madeira, bitola métrica ou larga, taxa de dormentação de 1.667 un/km, tala de junção de 6 furos e fixação rígida - posicionamento e assentamento manual","km",2221461.0499999998]
[3009015,"Trilho TR68, comprimento de 12 m, sobre dormente de madeira, bitola métrica ou larga, taxa de dormentação de 1.750 un/km, tala de junção de 6 furos e fixação rígida - posicionamento e assentamento manual","km",2250306.8199999998]
[3009294,"Trilho TR68, comprimento de 12 m, sobre dormente de madeira, bitola mista, taxa de dormentação de 1.667 un/km, tala de junção de 6 furos e fixação rígida - posicionamento e assentamento manual","km",3332194.42]
[3009227,"Trilho TR68, comprimento de 12 m, sobre dormente de madeira, bitola mista, taxa de dormentação de 1.750 un/km, tala de junção de 6 furos e fixação rígida - posicionamento e assentamento manual","km",3375463.37]
[3009104,"Trilho TR68, comprimento de 120 m (TLS), formado por trilhos curtos de 12 m soldados por caldeamento - confecção em estaleiro","un",86950.2]
[3009240,"Trilho TR68, comprimento de 120 m (TLS), sobre dormente de concreto, bitola métrica ou larga, taxa de dormentação de 1.667 un/km, tala de junção de 6 furos e fixação elástica Pandrol - posicionamento e assentamento mecanizado","km",1610962.33]
[3009028,"Trilho TR68, comprimento de 120 m (TLS), sobre dormente de concreto, bitola métrica ou larga, taxa de dormentação de 1.750 un/km, tala de junção de 6 furos e fixação elástica Pandrol - posicionamento e assentamento mecanizado","km",1617688.96]
[3009306,"Trilho TR68, comprimento de 120 m (TLS), sobre dormente de concreto, bitola mista, taxa de dormentação de 1.667 un/km, tala de junção de 6 furos e fixação elástica Pandrol - posicionamento e assentamento mecanizado","km",2416336.5699999998]
[3009032,"Trilho TR68, comprimento de 120 m (TLS), sobre dormente de concreto, bitola mista, taxa de dormentação de 1.750 un/km, tala de junção de 6 furos e fixação elástica Pandrol - posicionamento e assentamento mecanizado","km",2426426.33]
[3009256,"Trilho TR68, comprimento de 120 m (TLS), sobre dormente de madeira, bitola métrica ou larga, taxa de dormentação de 1.667 un/km, tala de junção de 6 furos e fixação elástica Pandrol - posicionamento e assentamento mecanizado","km",2209415.7599999998]
[3009264,"Trilho TR68, comprimento de 120 m (TLS), sobre dormente de madeira, bitola métrica ou larga, taxa de dormentação de 1.667 un/km, tala de junção de 6 furos e fixação rígida - posicionamento e assentamento mecanizado","km",2052114.26]
[3009036,"Trilho TR68, comprimento de 120 m (TLS), sobre dormente de madeira, bitola métrica ou larga, taxa de dormentação de 1.750 un/km, tala de junção de 6 furos e fixação elástica Pandrol - posicionamento e assentamento mecanizado","km",2246226.4500000002]
[3009044,"Trilho TR68, comprimento de 120 m (TLS), sobre dormente de madeira, bitola métrica ou larga, taxa de dormentação de 1.750 un/km, tala de junção de 6 furos e fixação rígida - posicionamento e assentamento mecanizado","km",2081092.74]
[3009272,"Trilho TR68, comprimento de 120 m (TLS), sobre dormente de madeira, bitola mista, taxa de dormentação de 1.667 un/km, tala de junção de 6 furos e fixação elástica Pandrol - posicionamento e assentamento mecanizado","km",3314816.65]
[3009052,"Trilho TR68, comprimento de 120 m (TLS), sobre dormente de madeira, bitola mista, taxa de dormentação de 1.750 un/km, tala de junção de 6 furos e fixação elástica Pandrol - posicionamento e assentamento mecanizado","km",3370072.99]
[3009105,"Trilho TR68, comprimento de 240 m (TLS), formado por trilhos curtos de 12 m soldados por caldeamento - confecção em estaleiro","un",174176.72]
[3009248,"Trilho TR68, comprimento de 240 m (TLS), sobre dormente de concreto, bitola métrica ou larga, taxa de dormentação de 1.667 un/km, tala de junção de 6 furos e fixação elástica Pandrol - posicionamento e assentamento mecanizado","km",1602237.4]
[3009210,"Trilho TR68, comprimento de 240 m (TLS), sobre dormente de concreto, bitola métrica ou larga, taxa de dormentação de 1.750 un/km, tala de junção de 6 furos e fixação elástica Pandrol - posicionamento e assentamento mecanizado","km",1608964.12]
[3009310,"Trilho TR68, comprimento de 240 m (TLS), sobre dormente de concreto, bitola mista, taxa de dormentação de 1.667 un/km, tala de junção de 6 furos e fixação elástica Pandrol - posicionamento e assentamento mecanizado","km",2403250.4]
[3009214,"Trilho TR68, comprimento de 240 m (TLS), sobre dormente de concreto, bitola mista, taxa de dormentação de 1.750 un/km, tala de junção de 6 furos e fixação elástica Pandrol - posicionamento e assentamento mecanizado","km",2413340.48]
[3009260,"Trilho TR68, comprimento de 240 m (TLS), sobre dormente de madeira, bitola métrica ou larga, taxa de dormentação de 1.667 un/km, tala de junção de 6 furos e fixação elástica Pandrol - posicionamento e assentamento mecanizado","km",2200751.56]
[3009268,"Trilho TR68, comprimento de 240 m (TLS), sobre dormente de madeira, bitola métrica ou larga, taxa de dormentação de 1.667 un/km, tala de junção de 6 furos e fixação rígida - posicionamento e assentamento mecanizado","km",2043450.07]
[3009040,"Trilho TR68, comprimento de 240 m (TLS), sobre dormente de madeira, bitola métrica ou larga, taxa de dormentação de 1.750 un/km, tala de junção de 6 furos e fixação elástica Pandrol - posicionamento e assentamento mecanizado","km",2237562.2599999998]
[3009048,"Trilho TR68, comprimento de 240 m (TLS), sobre dormente de madeira, bitola métrica ou larga, taxa de dormentação de 1.750 un/km, tala de junção de 6 furos e fixação rígida - posicionamento e assentamento mecanizado","km",2072428.55]
[3009276,"Trilho TR68, comprimento de 240 m (TLS), sobre dormente de madeira, bitola mista, taxa de dormentação de 1.667 un/km, tala de junção de 6 furos e fixação elástica Pandrol - posicionamento e assentamento mecanizado","km",3301821.67]
[3009056,"Trilho TR68, comprimento de 240 m (TLS), sobre dormente de madeira, bitola mista, taxa de dormentação de 1.750 un/km, tala de junção de 6 furos e fixação elástica Pandrol - posicionamento e assentamento mecanizado","km",3357078.01]
[3009237,"Trilho UIC60, comprimento de 12 m, sobre dormente de concreto, bitola métrica ou larga, taxa de dormentação de 1.667 un/km, tala de junção de 6 furos e fixação elástica Pandrol - posicionamento e assentamento manual","km",1599813.9]
[3009025,"Trilho UIC60, comprimento de 12 m, sobre dormente de concreto, bitola métrica ou larga, taxa de dormentação de 1.750 un/km, tala de junção de 6 furos e fixação elástica Pandrol - posicionamento e assentamento manual","km",1604798.98]
[3009319,"Trilho UIC60, comprimento de 12 m, sobre dormente de concreto, bitola mista, taxa de dormentação de 1.667 un/km, tala de junção de 6 furos e fixação elástica Pandrol - posicionamento e assentamento manual","km",2397762.98]
[3009021,"Trilho UIC60, comprimento de 12 m, sobre dormente de concreto, bitola mista, taxa de dormentação de 1.750 un/km, tala de junção de 6 furos e fixação elástica Pandrol - posicionamento e assentamento manual","km",2405562.15]
[3009291,"Trilho UIC60, comprimento de 12 m, sobre dormente de madeira, bitola métrica ou larga, taxa de dormentação de 1.667 un/km, tala de junção de 6 furos e fixação rígida - posicionamento e assentamento manual","km",2095144.72]
[3009016,"Trilho UIC60, comprimento de 12 m, sobre dormente de madeira, bitola métrica ou larga, taxa de dormentação de 1.750 un/km, tala de junção de 6 furos e fixação rígida - posicionamento e assentamento manual","km",2126708.64]
[3009295,"Trilho UIC60, comprimento de 12 m, sobre dormente de madeira, bitola mista, taxa de dormentação de 1.667 un/km, tala de junção de 6 furos e fixação rígida - posicionamento e assentamento manual","km",3142719.92]
[3009228,"Trilho UIC60, comprimento de 12 m, sobre dormente de madeira, bitola mista, taxa de dormentação de 1.750 un/km, tala de junção de 6 furos e fixação rígida - posicionamento e assentamento manual","km",3190066.1]
[3009106,"Trilho UIC60, comprimento de 120 m (TLS), formado por trilhos curtos de 12 m soldados por caldeamento - confecção em estaleiro","un",77923.78]
[3009299,"Trilho UIC60, comprimento de 120 m (TLS), sobre dormente de concreto, bitola métrica ou larga, taxa de dormentação de 1.667 un/km, tala de junção de 6 furos e fixação elástica Pandrol - posicionamento e assentamento mecanizado","km",1457585.26]
[3009029,"Trilho UIC60, comprimento de 120 m (TLS), sobre dormente de concreto, bitola métrica ou larga, taxa de dormentação de 1.750 un/km, tala de junção de 6 furos e fixação elástica Pandrol - posicionamento e assentamento mecanizado","km",1464311.89]
[3009245,"Trilho UIC60, comprimento de 120 m (TLS), sobre dormente de concreto, bitola mista, taxa de dormentação de 1.667 un/km, tala de junção de 6 furos e fixação elástica Pandrol - posicionamento e assentamento mecanizado","km",2186271.0099999998]
[3009033,"Trilho UIC60, comprimento de 120 m (TLS), sobre dormente de concreto, bitola mista, taxa de dormentação de 1.750 un/km, tala de junção de 6 furos e fixação elástica Pandrol - posicionamento e assentamento mecanizado","km",2196360.77]
[3009257,"Trilho UIC60, comprimento de 120 m (TLS), sobre dormente de madeira, bitola métrica ou larga, taxa de dormentação de 1.667 un/km, tala de junção de 6 furos e fixação elástica Pandrol - posicionamento e assentamento mecanizado","km",2038110.6]
[3009265,"Trilho UIC60, comprimento de 120 m (TLS), sobre dormente de madeira, bitola métrica ou larga, taxa de dormentação de 1.667 un/km, tala de junção de 6 furos e fixação rígida - posicionamento e assentamento mecanizado","km",1953329.43]
[3009037,"Trilho UIC60, comprimento de 120 m (TLS), sobre dormente de madeira, bitola métrica ou larga, taxa de dormentação de 1.750 un/km, tala de junção de 6 furos e fixação elástica Pandrol - posicionamento e assentamento mecanizado","km",2074028.66]
[3009045,"Trilho UIC60, comprimento de 120 m (TLS), sobre dormente de madeira, bitola métrica ou larga, taxa de dormentação de 1.750 un/km, tala de junção de 6 furos e fixação rígida - posicionamento e assentamento mecanizado","km",1985026.06]
[3009273,"Trilho UIC60, comprimento de 120 m (TLS), sobre dormente de madeira, bitola mista, taxa de dormentação de 1.667 un/km, tala de junção de 6 furos e fixação elástica Pandrol - posicionamento e assentamento mecanizado","km",3057858.96]
[3009053,"Trilho UIC60, comprimento de 120 m (TLS), sobre dormente de madeira, bitola mista, taxa de dormentação de 1.750 un/km, tala de junção de 6 furos e fixação elástica Pandrol - posicionamento e assentamento mecanizado","km",3111776.34]
[3009107,"Trilho UIC60, comprimento de 240 m (TLS), formado por trilhos curtos de 12 m soldados por caldeamento - confecção em estaleiro","un",156123.9]
[3009249,"Trilho UIC60, comprimento de 240 m (TLS), sobre dormente de concreto, bitola métrica ou larga, taxa de dormentação de 1.667 un/km, tala de junção de 6 furos e fixação elástica Pandrol - posicionamento e assentamento mecanizado","km",1450328.42]
[3009211,"Trilho UIC60, comprimento de 240 m (TLS), sobre dormente de concreto, bitola métrica ou larga, taxa de dormentação de 1.750 un/km, tala de junção de 6 furos e fixação elástica Pandrol - posicionamento e assentamento mecanizado","km",1457055.13]
[3009253,"Trilho UIC60, comprimento de 240 m (TLS), sobre dormente de concreto, bitola mista, taxa de dormentação de 1.667 un/km, tala de junção de 6 furos e fixação elástica Pandrol - posicionamento e assentamento mecanizado","km",2175386.83]
[3009215,"Trilho UIC60, comprimento de 240 m (TLS), sobre dormente de concreto, bitola mista, taxa de dormentação de 1.750 un/km, tala de junção de 6 furos e fixação elástica Pandrol - posicionamento e assentamento mecanizado","km",2185476.91]
[3009261,"Trilho UIC60, comprimento de 240 m (TLS), sobre dormente de madeira, bitola métrica ou larga, taxa de dormentação de 1.667 un/km, tala de junção de 6 furos e fixação elástica Pandrol - posicionamento e assentamento mecanizado","km",2030914.49]
[3009269,"Trilho UIC60, comprimento de 240 m (TLS), sobre dormente de madeira, bitola métrica ou larga, taxa de dormentação de 1.667 un/km, tala de junção de 6 furos e fixação rígida - posicionamento e assentamento mecanizado","km",1946133.32]
[3009041,"Trilho UIC60, comprimento de 240 m (TLS), sobre dormente de madeira, bitola métrica ou larga, taxa de dormentação de 1.750 un/km, tala de junção de 6 furos e fixação elástica Pandrol - posicionamento e assentamento mecanizado","km",2066832.55]
[3009049,"Trilho UIC60, comprimento de 240 m (TLS), sobre dormente de madeira, bitola métrica ou larga, taxa de dormentação de 1.750 un/km, tala de junção de 6 furos e fixação rígida - posicionamento e assentamento mecanizado","km",1977829.95]
[3009277,"Trilho UIC60, comprimento de 240 m (TLS), sobre dormente de madeira, bitola mista, taxa de dormentação de 1.667 un/km, tala de junção de 6 furos e fixação elástica Pandrol - posicionamento e assentamento mecanizado","km",3047065.97]
[3009057,"Trilho UIC60, comprimento de 240 m (TLS), sobre dormente de madeira, bitola mista, taxa de dormentação de 1.750 un/km, tala de junção de 6 furos e fixação elástica Pandrol - posicionamento e assentamento mecanizado","km",3100983.35]
[3108073,"Confecção de fôrma metálica em chapa 1/8\" para poita trapezoidal","m²",349.89]
[3107965,"Confecção de forma metálica em chapa 3/16\" para poita trapezoidal","m²",565.42999999999995]
[3105941,"Fôrma em chapa metálica 1/8\" para cabeça de tirantes - utilização de 50 vezes - confecção, instalação e retirada","m²",29.17]
[3108150,"Fôrma metálica curva em chapa 3/16\" reforçada com nervuras de 40 mm x 3/16\" dispostas em grelhas de 40 x 60 cm - utilização de 100 vezes - confecção, instalação e retirada","m²",19.46]
[3108071,"Fôrma metálica em chapa 1/8\" para poita trapezoidal - utilização de 50 vezes - montagem, instalação e retirada","m²",13.91]
[3107967,"Fôrma metálica em chapa 1/8\" reforçada com nervuras de 40 mm x 1/8\" dispostas em grelhas de 40 x 60 cm - utilização de 100 vezes - confecção, instalação e retirada","m²",10.78]
[3107966,"Fôrma metálica em chapa 3/16\" para poita trapezoidal - utilização de 50 vezes - montagem, instalação e retirada","m²",27.69]
[3108072,"Fôrma metálica em chapa 3/16\" reforçada com nervuras de 40 mm x 3/16\" dispostas em grelhas de 40 x 60 cm - utilização de 100 vezes - confecção, instalação e retirada","m²",15.9]
[3117750,"Fôrma metálica para aduelas de bueiros celulares de concreto pré-moldados - utilização de 100 vezes - confecção, instalação e retirada","m²",18.93]
[3117749,"Fôrma metálica para guarda-corpo de concreto - utilização de 50 vezes - confecção","m²",14.87]
[3107964,"Fôrma metálica para pavimento de concreto - utilização de 100 vezes - confecção, instalação e retirada","m²",16.47]
[3106551,"Fôrma metálica para tetrápode - utilização de 100 vezes - confecção, instalação e retirada","m²",11.73]
[3106427,"Fôrma metálica para viga de concreto pré-moldada protendida para OAE - utilização de 20 vezes - confecção, instalação e retirada","m²",41.92]
[3106552,"Fôrma metálica para Xbloc - utilização de 100 vezes - confecção, instalação e retirada","m²",10.98]
[3107969,"Fôrmas curvas de compensado plastificado 10 mm - uso geral - utilização de 2 vezes - confecção, instalação e retirada","m²",133.72999999999999]
[3107970,"Fôrmas curvas de compensado resinado 10 mm - uso geral - utilização de 2 vezes - confecção, instalação e retirada","m²",128.16]
[3108007,"Fôrmas de compensado plastificado 10 mm - uso geral - utilização de 1 vez - confecção, instalação e retirada","m²",161.99]
[3108008,"Fôrmas de compensado plastificado 10 mm - uso geral - utilização de 2 vezes - confecção, instalação e retirada","m²",103.66]
[3108009,"Fôrmas de compensado plastificado 10 mm - uso geral - utilização de 3 vezes - confecção, instalação e retirada","m²",85.68]
[3108011,"Fôrmas de compensado plastificado 12 mm - uso geral - utilização de 1 vez - confecção, instalação e retirada","m²",169.61]
[3108012,"Fôrmas de compensado plastificado 12 mm - uso geral - utilização de 2 vezes - confecção, instalação e retirada","m²",107.66]
[3108013,"Fôrmas de compensado plastificado 12 mm - uso geral - utilização de 3 vezes - confecção, instalação e retirada","m²",88.48]
[3108015,"Fôrmas de compensado plastificado 14 mm - uso geral - utilização de 1 vez - confecção, instalação e retirada","m²",180.24]
[3108016,"Fôrmas de compensado plastificado 14 mm - uso geral - utilização de 2 vezes - confecção, instalação e retirada","m²",113.24]
[3108017,"Fôrmas de compensado plastificado 14 mm - uso geral - utilização de 3 vezes - confecção, instalação e retirada","m²",92.39]
[3107995,"Fôrmas de compensado resinado 10 mm - uso geral - utilização de 1 vez - confecção, instalação e retirada","m²",152.19999999999999]
[3107996,"Fôrmas de compensado resinado 10 mm - uso geral - utilização de 2 vezes - confecção, instalação e retirada","m²",98.57]
[3107997,"Fôrmas de compensado resinado 10 mm - uso geral - utilização de 3 vezes - confecção, instalação e retirada","m²",82.15]
[3107999,"Fôrmas de compensado resinado 12 mm - uso geral - utilização de 1 vez - confecção, instalação e retirada","m²",154.51]
[3108000,"Fôrmas de compensado resinado 12 mm - uso geral - utilização de 2 vezes - confecção, instalação e retirada","m²",99.78]
[3108001,"Fôrmas de compensado resinado 12 mm - uso geral - utilização de 3 vezes - confecção, instalação e retirada","m²",83]
[3108003,"Fôrmas de compensado resinado 14 mm - uso geral - utilização de 1 vez - confecção, instalação e retirada","m²",163.52000000000001]
[3108004,"Fôrmas de compensado resinado 14 mm - uso geral - utilização de 2 vezes - confecção, instalação e retirada","m²",104.51]
[3108005,"Fôrmas de compensado resinado 14 mm - uso geral - utilização de 3 vezes - confecção, instalação e retirada","m²",86.31]
[3106119,"Fôrmas de tábuas de pinho - utilização de 1 vez - confecção, instalação e retirada","m²",186.99]
[3106120,"Fôrmas de tábuas de pinho - utilização de 2 vezes - confecção, instalação e retirada","m²",123.94]
[3106121,"Fôrmas de tábuas de pinho - utilização de 3 vezes - confecção, instalação e retirada","m²",104.71]
[3103302,"Fôrmas de tábuas de pinho para dispositivos de drenagem - utilização de 3 vezes - confecção, instalação e retirada","m²",77.45]
[3103303,"Fôrmas de tábuas de pinho para drenos - utilização de 5 vezes - confecção, instalação e retirada","m²",40.08]
[3106759,"Fôrmas de tábuas de pinho para elementos estruturais dos arcos metálicos - utilização de 3 vezes - confecção, instalação e retirada","m²",126.6]
[3108023,"Guia de madeira de 2,5 x 10,0 cm - confecção e instalação","m",5.84]
[3108018,"Guia de madeira de 2,5 x 7,0 cm - confecção e instalação","m",4.24]
[3108022,"Guia de madeira de 2,5 x 8,0 cm - confecção e instalação","m",4.7699999999999996]
[3205864,"Gabião caixa 2 x 1 x 0,50 m - Zn/Al + PVC - D = 2,4 mm - pedra de mão comercial - fornecimento e assentamento","m³",943.34]
[3205863,"Gabião caixa 2 x 1 x 0,50 m - Zn/Al + PVC - D = 2,4 mm - pedra de mão produzida - confecção e assentamento","m³",824.13]
[3205868,"Gabião caixa 2 x 1 x 0,50 m Zn/Al - D = 2,7 mm - pedra de mão comercial - fornecimento e assentamento","m³",820.13]
[3205867,"Gabião caixa 2 x 1 x 0,50 m Zn/Al - D = 2,7 mm - pedra de mão produzida - confecção e assentamento","m³",700.93]
[3205866,"Gabião caixa 2 x 1 x 1,00 m - Zn/Al + PVC - D = 2,4 mm - pedra de mão comercial - fornecimento e assentamento","m³",755.22]
[3205865,"Gabião caixa 2 x 1 x 1,00 m - Zn/Al + PVC - D = 2,4 mm - pedra de mão produzida - confecção e assentamento","m³",636.01]
[3205870,"Gabião caixa 2 x 1 x 1,00 m Zn/Al - D = 2,7 mm - pedra de mão comercial - fornecimento e assentamento","m³",680.44]
[3205869,"Gabião caixa 2 x 1 x 1,00 m Zn/Al - D = 2,7 mm - pedra de mão produzida - confecção e assentamento","m³",561.24]
[3205872,"Gabião colchão espessura 0,17 m - Zn/Al + PVC - D = 2,0 mm - pedra de mão comercial - fornecimento e assentamento","m²",230.45]
[3205871,"Gabião colchão espessura 0,17 m - Zn/Al + PVC - D = 2,0 mm - pedra de mão produzida - confecção e assentamento","m²",210.18]
[3205874,"Gabião colchão espessura 0,23 m - Zn/Al + PVC - D = 2,0 mm - pedra de mão comercial - fornecimento e assentamento","m²",254.61]
[3205873,"Gabião colchão espessura 0,23 m - Zn/Al + PVC - D = 2,0 mm - pedra de mão produzida - confecção e assentamento","m²",227.19]
[3205876,"Gabião colchão espessura 0,30 m - Zn/Al + PVC - D = 2,0 mm - pedra de mão comercial - fornecimento e assentamento","m²",297.94]
[3205875,"Gabião colchão espessura 0,30 m - Zn/Al + PVC - D = 2,0 mm - pedra de mão produzida - confecção e assentamento","m²",262.18]
[3205862,"Gabião saco - diâmetro = 0,65 m - Zn/Al + PVC - D = 2,4 mm - pedra de mão comercial - fornecimento e assentamento","m³",775.4]
[3205861,"Gabião saco - diâmetro = 0,65 m - Zn/Al + PVC - D = 2,4 mm - pedra de mão produzida - confecção e assentamento","m³",656.19]
[3606579,"Carga, transporte e descarga de material pétreo para molhes com o uso de batelões e escavadeira hidráulica - DMT de 0 a 300 m","m³",31.78]
[3606583,"Carga, transporte e descarga de material pétreo para molhes com o uso de batelões e escavadeira hidráulica - DMT de 1.200 a 1.500 m","m³",33.159999999999997]
[3606584,"Carga, transporte e descarga de material pétreo para molhes com o uso de batelões e escavadeira hidráulica - DMT de 1.500 a 1.800 m","m³",33.36]
[3606585,"Carga, transporte e descarga de material pétreo para molhes com o uso de batelões e escavadeira hidráulica - DMT de 1.800 a 2.100 m","m³",33.56]
[3606586,"Carga, transporte e descarga de material pétreo para molhes com o uso de batelões e escavadeira hidráulica - DMT de 2.100 a 2.400 m","m³",33.96]
[3606587,"Carga, transporte e descarga de material pétreo para molhes com o uso de batelões e escavadeira hidráulica - DMT de 2.400 a 2.700 m","m³",34.35]
[3606588,"Carga, transporte e descarga de material pétreo para molhes com o uso de batelões e escavadeira hidráulica - DMT de 2.700 a 3.000 m","m³",34.549999999999997]
[3606589,"Carga, transporte e descarga de material pétreo para molhes com o uso de batelões e escavadeira hidráulica - DMT de 3.000 m","m³",34.75]
[3606580,"Carga, transporte e descarga de material pétreo para molhes com o uso de batelões e escavadeira hidráulica - DMT de 300 a 600 m","m³",32.17]
[3606581,"Carga, transporte e descarga de material pétreo para molhes com o uso de batelões e escavadeira hidráulica - DMT de 600 a 900 m","m³",32.57]
[3606582,"Carga, transporte e descarga de material pétreo para molhes com o uso de batelões e escavadeira hidráulica - DMT de 900 a 1.200 m","m³",32.770000000000003]
[3606527,"Escavação, carga e transporte de material pétreo para a subcarapaça - caminho de serviço em leito natural - DMT de 1.000 a 1.200 m - com caminhão basculante de 8 m³","m³",54.54]
[3606528,"Escavação, carga e transporte de material pétreo para a subcarapaça - caminho de serviço em leito natural - DMT de 1.200 a 1.400 m - com caminhão basculante de 8 m³","m³",55.19]
[3606529,"Escavação, carga e transporte de material pétreo para a subcarapaça - caminho de serviço em leito natural - DMT de 1.400 a 1.600 m - com caminhão basculante de 8 m³","m³",58.26]
[3606530,"Escavação, carga e transporte de material pétreo para a subcarapaça - caminho de serviço em leito natural - DMT de 1.600 a 1.800 m - com caminhão basculante de 8 m³","m³",58.92]
[3606531,"Escavação, carga e transporte de material pétreo para a subcarapaça - caminho de serviço em leito natural - DMT de 1.800 a 2.000 m - com caminhão basculante de 8 m³","m³",59.57]
[3606532,"Escavação, carga e transporte de material pétreo para a subcarapaça - caminho de serviço em leito natural - DMT de 2.000 a 2.500 m - com caminhão basculante de 8 m³","m³",60.72]
[3606533,"Escavação, carga e transporte de material pétreo para a subcarapaça - caminho de serviço em leito natural - DMT de 2.500 a 3.000 m - com caminhão basculante de 8 m³","m³",62.68]
[3606534,"Escavação, carga e transporte de material pétreo para a subcarapaça - caminho de serviço em leito natural - DMT de 3.000 m - com caminhão basculante de 8 m³","m³",66.13]
[3606535,"Escavação, carga e transporte de material pétreo para a subcarapaça - caminho de serviço em revestimento primário - DMT de 1.000 a 1.200 m - com caminhão basculante de 8 m³","m³",52.36]
[3606536,"Escavação, carga e transporte de material pétreo para a subcarapaça - caminho de serviço em revestimento primário - DMT de 1.200 a 1.400 m - com caminhão basculante de 8 m³","m³",52.8]
[3606537,"Escavação, carga e transporte de material pétreo para a subcarapaça - caminho de serviço em revestimento primário - DMT de 1.400 a 1.600 m - com caminhão basculante de 8 m³","m³",53.23]
[3606538,"Escavação, carga e transporte de material pétreo para a subcarapaça - caminho de serviço em revestimento primário - DMT de 1.600 a 1.800 m - com caminhão basculante de 8 m³","m³",53.67]
[3606539,"Escavação, carga e transporte de material pétreo para a subcarapaça - caminho de serviço em revestimento primário - DMT de 1.800 a 2.000 m - com caminhão basculante de 8 m³","m³",54.11]
[3606540,"Escavação, carga e transporte de material pétreo para a subcarapaça - caminho de serviço em revestimento primário - DMT de 2.000 a 2.500 m - com caminhão basculante de 8 m³","m³",54.87]
[3606541,"Escavação, carga e transporte de material pétreo para a subcarapaça - caminho de serviço em revestimento primário - DMT de 2.500 a 3.000 m - com caminhão basculante de 8 m³","m³",58.43]
[3606542,"Escavação, carga e transporte de material pétreo para a subcarapaça - caminho de serviço em revestimento primário - DMT de 3.000 m - com caminhão basculante de 8 m³","m³",59.08]
[3606543,"Escavação, carga e transporte de material pétreo para a subcarapaça - caminho de serviço pavimentado - DMT de 1.000 a 1.200 m - com caminhão basculante de 8 m³","m³",51.6]
[3606544,"Escavação, carga e transporte de material pétreo para a subcarapaça - caminho de serviço pavimentado - DMT de 1.200 a 1.400 m - com caminhão basculante de 8 m³","m³",52.04]
[3606545,"Escavação, carga e transporte de material pétreo para a subcarapaça - caminho de serviço pavimentado - DMT de 1.400 a 1.600 m - com caminhão basculante de 8 m³","m³",52.36]
[3606546,"Escavação, carga e transporte de material pétreo para a subcarapaça - caminho de serviço pavimentado - DMT de 1.600 a 1.800 m - com caminhão basculante de 8 m³","m³",52.69]
[3606547,"Escavação, carga e transporte de material pétreo para a subcarapaça - caminho de serviço pavimentado - DMT de 1.800 a 2.000 m - com caminhão basculante de 8 m³","m³",53.12]
[3606548,"Escavação, carga e transporte de material pétreo para a subcarapaça - caminho de serviço pavimentado - DMT de 2.000 a 2.500 m - com caminhão basculante de 8 m³","m³",53.78]
[3606549,"Escavação, carga e transporte de material pétreo para a subcarapaça - caminho de serviço pavimentado - DMT de 2.500 a 3.000 m - com caminhão basculante de 8 m³","m³",54.76]
[3606550,"Escavação, carga e transporte de material pétreo para a subcarapaça - caminho de serviço pavimentado - DMT de 3.000 m - com caminhão basculante de 8 m³","m³",55.3]
[3606500,"Escavação, carga e transporte de material pétreo para o núcleo - caminho de serviço em leito natural - DMT de 1.000 a 1.200 m - com caminhão basculante de 8 m³","m³",49.73]
[3606501,"Escavação, carga e transporte de material pétreo para o núcleo - caminho de serviço em leito natural - DMT de 1.200 a 1.400 m - com caminhão basculante de 8 m³","m³",52.64]
[3606502,"Escavação, carga e transporte de material pétreo para o núcleo - caminho de serviço em leito natural - DMT de 1.400 a 1.600 m - com caminhão basculante de 8 m³","m³",53.45]
[3606503,"Escavação, carga e transporte de material pétreo para o núcleo - caminho de serviço em leito natural - DMT de 1.600 a 1.800 m - com caminhão basculante de 8 m³","m³",54.11]
[3606504,"Escavação, carga e transporte de material pétreo para o núcleo - caminho de serviço em leito natural - DMT de 1.800 a 2.000 m - com caminhão basculante de 8 m³","m³",54.76]
[3606505,"Escavação, carga e transporte de material pétreo para o núcleo - caminho de serviço em leito natural - DMT de 2.000 a 2.500 m - com caminhão basculante de 8 m³","m³",55.9]
[3606506,"Escavação, carga e transporte de material pétreo para o núcleo - caminho de serviço em leito natural - DMT de 2.500 a 3.000 m - com caminhão basculante de 8 m³","m³",57.87]
[3606507,"Escavação, carga e transporte de material pétreo para o núcleo - caminho de serviço em leito natural - DMT de 3.000 m - com caminhão basculante de 8 m³","m³",61.21]
[3606509,"Escavação, carga e transporte de material pétreo para o núcleo - caminho de serviço em revestimento primário - DMT de 1.000 a 1.200 m - com caminhão basculante de 8 m³","m³",47.55]
[3606510,"Escavação, carga e transporte de material pétreo para o núcleo - caminho de serviço em revestimento primário - DMT de 1.200 a 1.400 m - com caminhão basculante de 8 m³","m³",47.99]
[3606511,"Escavação, carga e transporte de material pétreo para o núcleo - caminho de serviço em revestimento primário - DMT de 1.400 a 1.600 m - com caminhão basculante de 8 m³","m³",48.42]
[3606512,"Escavação, carga e transporte de material pétreo para o núcleo - caminho de serviço em revestimento primário - DMT de 1.600 a 1.800 m - com caminhão basculante de 8 m³","m³",48.86]
[3606513,"Escavação, carga e transporte de material pétreo para o núcleo - caminho de serviço em revestimento primário - DMT de 1.800 a 2.000 m - com caminhão basculante de 8 m³","m³",49.29]
[3606514,"Escavação, carga e transporte de material pétreo para o núcleo - caminho de serviço em revestimento primário - DMT de 2.000 a 2.500 m - com caminhão basculante de 8 m³","m³",50.06]
[3606515,"Escavação, carga e transporte de material pétreo para o núcleo - caminho de serviço em revestimento primário - DMT de 2.500 a 3.000 m - com caminhão basculante de 8 m³","m³",53.62]
[3606516,"Escavação, carga e transporte de material pétreo para o núcleo - caminho de serviço em revestimento primário - DMT de 3.000 m - com caminhão basculante de 8 m³","m³",54.27]
[3606518,"Escavação, carga e transporte de material pétreo para o núcleo - caminho de serviço pavimentado - DMT de 1.000 a 1.200 m - com caminhão basculante de 8 m³","m³",46.79]
[3606519,"Escavação, carga e transporte de material pétreo para o núcleo - caminho de serviço pavimentado - DMT de 1.200 a 1.400 m - com caminhão basculante de 8 m³","m³",47.22]
[3606520,"Escavação, carga e transporte de material pétreo para o núcleo - caminho de serviço pavimentado - DMT de 1.400 a 1.600 m - com caminhão basculante de 8 m³","m³",47.55]
[3606521,"Escavação, carga e transporte de material pétreo para o núcleo - caminho de serviço pavimentado - DMT de 1.600 a 1.800 m - com caminhão basculante de 8 m³","m³",47.88]
[3606522,"Escavação, carga e transporte de material pétreo para o núcleo - caminho de serviço pavimentado - DMT de 1.800 a 2.000 m - com caminhão basculante de 8 m³","m³",48.2]
[3606523,"Escavação, carga e transporte de material pétreo para o núcleo - caminho de serviço pavimentado - DMT de 2.000 a 2.500 m - com caminhão basculante de 8 m³","m³",48.86]
[3606524,"Escavação, carga e transporte de material pétreo para o núcleo - caminho de serviço pavimentado - DMT de 2.500 a 3.000 m - com caminhão basculante de 8 m³","m³",49.95]
[3606525,"Escavação, carga e transporte de material pétreo para o núcleo - caminho de serviço pavimentado - DMT de 3.000 m - com caminhão basculante de 8 m³","m³",52.8]
[3606577,"Espalhamento e conformação de material pétreo para núcleo","m³",14.97]
[3606576,"Espalhamento e conformação de material pétreo para subcarapaça","m³",5.08]
[3606561,"Fabricação de tetrápode de 10 t - concreto fck = 20 MPa - areia e brita comerciais","un",2433.4]
[3606556,"Fabricação de tetrápode de 10 t - concreto fck = 20 MPa - areia extraída e brita produzida","un",1896.36]
[3606562,"Fabricação de tetrápode de 11 t - concreto fck = 20 MPa - areia e brita comerciais","un",2662.83]
[3606557,"Fabricação de tetrápode de 11 t - concreto fck = 20 MPa - areia extraída e brita produzida","un",2072.09]
[3606563,"Fabricação de tetrápode de 12 t - concreto fck = 20 MPa - areia e brita comerciais","un",2900.87]
[3606558,"Fabricação de tetrápode de 12 t - concreto fck = 20 MPa - areia extraída e brita produzida","un",2256.42]
[3606559,"Fabricação de tetrápode de 8 t - concreto fck = 20 MPa - areia e brita comerciais","un",1948.11]
[3606554,"Fabricação de tetrápode de 8 t - concreto fck = 20 MPa - areia extraída e brita produzida","un",1518.47]
[3606560,"Fabricação de tetrápode de 9 t - concreto fck = 20 MPa - areia e brita comerciais","un",2178.44]
[3606555,"Fabricação de tetrápode de 9 t - concreto fck = 20 MPa - areia extraída e brita produzida","un",1695.1]
[3606571,"Fabricação de Xbloc de 10 t - concreto fck = 20 MPa - areia e brita comerciais","un",2404.41]
[3606566,"Fabricação de Xbloc de 10 t - concreto fck = 20 MPa - areia extraída e brita produzida","un",1867.37]
[3606572,"Fabricação de Xbloc de 11 t - concreto fck = 20 MPa - areia e brita comerciais","un",2636.85]
[3606567,"Fabricação de Xbloc de 11 t - concreto fck = 20 MPa - areia extraída e brita produzida","un",2046.1]
[3606573,"Fabricação de Xbloc de 12 t - concreto fck = 20 MPa - areia e brita comerciais","un",2868.82]
[3606568,"Fabricação de Xbloc de 12 t - concreto fck = 20 MPa - areia extraída e brita produzida","un",2224.37]
[3606569,"Fabricação de Xbloc de 8 t - concreto fck = 20 MPa - areia e brita comerciais","un",1937.91]
[3606564,"Fabricação de Xbloc de 8 t - concreto fck = 20 MPa - areia extraída e brita produzida","un",1508.28]
[3606570,"Fabricação de Xbloc de 9 t - concreto fck = 20 MPa - areia e brita comerciais","un",2171.46]
[3606565,"Fabricação de Xbloc de 9 t - concreto fck = 20 MPa - areia extraída e brita produzida","un",1688.12]
[3606578,"Lançamento de blocos artificias de concreto","un",160.55000000000001]
[3606575,"Seleção de material pétreo para a carapaça e subcarapaça","m³",1.8]
[3606574,"Seleção de material pétreo para o núcleo","m³",0.9]
[3713603,"Ancoragem de defensa maleável dupla - fornecimento e implantação","m",1059.5]
[3713601,"Ancoragem de defensa maleável simples - fornecimento e implantação","m",854.91]
[3713607,"Ancoragem de defensa semimaleável dupla - fornecimento e implantação","m",603.82000000000005]
[3713605,"Ancoragem de defensa semimaleável simples - fornecimento e implantação","m",380.23]
[3719530,"Barreira dupla de concreto, armada, pré-moldada (perfil New Jersey) - L > 3,00 m e H = 1.070 mm","m",317.38]
[3713828,"Barreira dupla de concreto, armada, pré-moldada (perfil New Jersey) - L > 3,00 m e H = 810 mm","m",237.11]
[3713875,"Barreira dupla de concreto, não armada, moldada no local (perfil F) - H = 810 + 100 mm","m",68.67]
[3713619,"Barreira dupla de concreto, não armada, moldada no local (perfil New Jersey) - H = 810 + 100 mm","m",69.12]
[3713876,"Barreira dupla de concreto, não armada, moldada no local, com extrusora (perfil F) - H = 810 + 100 mm","m",98.04]
[3713827,"Barreira dupla de concreto, não armada, moldada no local, com extrusora (perfil New Jersey) - H = 810 + 100 mm","m",96.24]
[3713904,"Barreira simples de concreto, armada, pré-moldada (perfil New Jersey) - L > 3,00 m e H = 1.070 mm","m",274.64999999999998]
[3719529,"Barreira simples de concreto, armada, pré-moldada (perfil New Jersey) - L > 3,00 m e H = 810 mm","m",200.63]
[3713878,"Barreira simples de concreto, não armada, moldada no local (perfil F) - H = 810 + 100 mm","m",68.260000000000005]
[3713617,"Barreira simples de concreto, não armada, moldada no local (perfil New Jersey) - H = 810 + 100 mm","m",68.48]
[3713879,"Barreira simples de concreto, não armada, moldada no local, com extrusora (perfil F) - H = 810 + 100 mm","m",87.12]
[3713826,"Barreira simples de concreto, não armada, moldada no local, com extrusora (perfil New Jersey) - H = 810 + 100 mm","m",82.72]
[3713610,"Cerca com 4 fios de arame farpado e mourão de concreto de seção quadrada de 11 cm a cada 2,5 m e esticador de 15 cm a cada 50 m - areia e brita comerciais","m",34.590000000000003]
[3713609,"Cerca com 4 fios de arame farpado e mourão de concreto de seção quadrada de 11 cm a cada 2,5 m e esticador de 15 cm a cada 50 m - areia extraída e brita produzida","m",33.159999999999997]
[3713612,"Cerca com 4 fios de arame farpado e mourão de concreto de seção triangular de 11 cm a cada 2,5 m e esticador de 15 cm a cada 50 m - areia e brita comerciais","m",28.03]
[3713611,"Cerca com 4 fios de arame farpado e mourão de concreto de seção triangular de 11 cm a cada 2,5 m e esticador de 15 cm a cada 50 m - areia extraída e brita produzida","m",27.41]
[3713608,"Cerca com 4 fios de arame farpado e mourão de madeira a cada 2,5 m e esticador a cada 50 m","m",23.56]
[3713613,"Cerca com 4 fios de arame liso galvanizado e mourão de madeira a cada 2,5 m e esticador a cada 50 m","m",21.79]
[3713822,"Confecção de barreira dupla de concreto, armada, pré-moldada (perfil New Jersey) - L > 3,00 m e H = 1.070 mm","m",310.44]
[3713824,"Confecção de barreira dupla de concreto, armada, pré-moldada (perfil New Jersey) - L > 3,00 m e H = 810 mm","m",230.17]
[3713825,"Confecção de barreira simples de concreto, armada, pré-moldada (perfil New Jersey) - L > 3,00 m e H = 1.070 mm","m",267.70999999999998]
[3713823,"Confecção de barreira simples de concreto, armada, pré-moldada (perfil New Jersey) - L > 3,00 m e H = 810 mm","m",193.69]
[3713602,"Defensa maleável dupla - fornecimento e implantação","m",972.48]
[3713600,"Defensa maleável simples - fornecimento e implantação","m",782.89]
[3713606,"Defensa semimaleável dupla - fornecimento e implantação","m",516.80999999999995]
[3713604,"Defensa semimaleável simples - fornecimento e implantação","m",320.62]
[3716129,"Fabricação de mourão de concreto esticador - seção quadrada de 15 cm - areia e brita comerciais","un",54.16]
[3716128,"Fabricação de mourão de concreto esticador - seção quadrada de 15 cm - areia extraída e brita produzida","un",48.07]
[3716133,"Fabricação de mourão de concreto esticador - seção triangular de 15 cm - areia e brita comercias","un",31.5]
[3716132,"Fabricação de mourão de concreto esticador - seção triangular de 15 cm - areia extraída e brita produzida","un",28.86]
[3716131,"Fabricação de mourão de concreto suporte - seção quadrada de 11 cm - areia e brita comerciais","un",34.81]
[3716130,"Fabricação de mourão de concreto suporte - seção quadrada de 11 cm - areia extraída e brita produzida","un",31.69]
[3716135,"Fabricação de mourão de concreto suporte - seção triangular de 11 cm - areia e brita comerciais","un",21.55]
[3716134,"Fabricação de mourão de concreto suporte - seção triangular de 11 cm - areia extraída e brita produzida","un",20.2]
[3713698,"Fornecimento e implantação de amortecedor retrátil (v <= 100 km/h) tipo TAU II afunilado - fixado em barreira de concreto, com largura de âncora traseira de 1.830 mm","un",331310.67]
[3713699,"Fornecimento e implantação de amortecedor retrátil (v <= 100 km/h) tipo TAU II afunilado - fixado em barreira de concreto, com largura de âncora traseira de 1.980 mm","un",333554.7]
[3713700,"Fornecimento e implantação de amortecedor retrátil (v <= 100 km/h) tipo TAU II afunilado - fixado em barreira de concreto, com largura de âncora traseira de 2.130 mm","un",335109.34999999998]
[3713701,"Fornecimento e implantação de amortecedor retrátil (v <= 100 km/h) tipo TAU II afunilado - fixado em barreira de concreto, com largura de âncora traseira de 2.290 mm","un",344005.04]
[3713702,"Fornecimento e implantação de amortecedor retrátil (v <= 100 km/h) tipo TAU II afunilado - fixado em barreira de concreto, com largura de âncora traseira de 2.440 mm","un",349835.03]
[3713693,"Fornecimento e implantação de amortecedor retrátil (v <= 100 km/h) tipo TAU II combinado - fixado em barreira de concreto, com largura de âncora traseira de 1.060 mm","un",276832.87]
[3713694,"Fornecimento e implantação de amortecedor retrátil (v <= 100 km/h) tipo TAU II combinado - fixado em barreira de concreto, com largura de âncora traseira de 1.220 mm","un",291007.71000000002]
[3713695,"Fornecimento e implantação de amortecedor retrátil (v <= 100 km/h) tipo TAU II combinado - fixado em barreira de concreto, com largura de âncora traseira de 1.370 mm","un",309648.25]
[3713696,"Fornecimento e implantação de amortecedor retrátil (v <= 100 km/h) tipo TAU II combinado - fixado em barreira de concreto, com largura de âncora traseira de 1.520 mm","un",323188.75]
[3713697,"Fornecimento e implantação de amortecedor retrátil (v <= 100 km/h) tipo TAU II combinado - fixado em barreira de concreto, com largura de âncora traseira de 1.680 mm","un",324952.90999999997]
[3713692,"Fornecimento e implantação de amortecedor retrátil (v <= 100 km/h) tipo TAU II combinado - fixado em barreira de concreto, com largura de âncora traseira de 900 mm","un",235957.72]
[3713691,"Fornecimento e implantação de amortecedor retrátil (v <= 100 km/h) tipo TAU II paralelo - fixado em barreira de concreto, com largura de âncora traseira de até 700 mm","un",225956.99]
[3713873,"Módulo de transição de defensa metálica para barreira rígida - fornecimento e implantação","un",6956.69]
[3713705,"Remoção de defensa metálica","m",24.67]
[3713902,"Terminal absorvedor de energia de abertura com nível de contenção TL3 para defensa metálica - fornecimento e implantação","un",16197.98]
[3713689,"Terminal aéreo de defensa metálica - tipo A - fornecimento e implantação","un",419.21]
[3713690,"Terminal de ancoragem de defensa metálica em barreira New Jersey - fornecimento e implantação","un",506.76]
[3713897,"Terminal de ancoragem para barreira dupla de concreto, moldada no local (perfil F) - H = 810 + 250 mm","m",301.64]
[3713893,"Terminal de ancoragem para barreira dupla de concreto, moldada no local (perfil New Jersey) - H = 810 + 250 mm","m",306.18]
[3713898,"Terminal de ancoragem para barreira dupla de concreto, moldada no local, com extrusora (perfil F) - H = 810 + 250 mm","m",324.41000000000003]
[3713894,"Terminal de ancoragem para barreira dupla de concreto, moldada no local, com extrusora (perfil New Jersey) - H = 810 + 250 mm","m",326.08]
[3713895,"Terminal de ancoragem para barreira simples de concreto, moldada no local (perfil F) - H = 810 + 250 mm","m",278.57]
[3713891,"Terminal de ancoragem para barreira simples de concreto, moldada no local (perfil New Jersey) - H = 810 + 250 mm","m",277.29000000000002]
[3713896,"Terminal de ancoragem para barreira simples de concreto, moldada no local, com extrusora (perfil F) - H = 810 + 250 mm","m",293.68]
[3713892,"Terminal de ancoragem para barreira simples de concreto, moldada no local, com extrusora (perfil New Jersey) - H = 810 + 250 mm","m",287.85000000000002]
[3806412,"Abertura de janela em estrutura de concreto existente para inspeção com espessura até 0,20 m e seção 0,49 m²","un",69.290000000000006]
[3806413,"Apicoamento mecanizado de concreto","m²",24.05]
[3807863,"Chumbador de expansão controlada por torque para concreto D = 12,5 mm - fornecimento e instalação","un",10.9]
[3807864,"Chumbador de expansão controlada por torque para concreto D = 16 mm - fornecimento e instalação","un",13.5]
[3807865,"Chumbador de expansão controlada por torque para concreto D = 20 mm - fornecimento e instalação","un",17.510000000000002]
[3807861,"Chumbador de expansão controlada por torque para concreto D = 6,3 mm - fornecimento e instalação","un",3.09]
[3807862,"Chumbador de expansão controlada por torque para concreto D = 8 mm - fornecimento e instalação","un",4.1900000000000004]
[3807752,"Corte linear em superfície de concreto para fixação de barras de aço de 10 mm - L = 12 mm e H = 12 mm","m",8.9700000000000006]
[3807753,"Corte linear em superfície de concreto para fixação de barras de aço de 12,5 mm - L = 15 mm e H = 15 mm","m",12.89]
[3807750,"Corte linear em superfície de concreto para fixação de barras de aço de 6,3 mm - L = 8 mm e H = 8 mm","m",5.27]
[3807751,"Corte linear em superfície de concreto para fixação de barras de aço de 8 mm - L = 10 mm e H = 10 mm","m",6.9]
[3806415,"Demolição controlada de concreto com martelete","m³",712.31]
[3806416,"Elevação de estruturas até 496 kN para substituição de aparelho de apoio com a utilização de macaco hidráulico","un",79.2]
[3806419,"Elevação de estruturas de 1.390 a 1.859 kN para substituição de aparelho de apoio com a utilização de macaco hidráulico","un",107.1]
[3806417,"Elevação de estruturas de 496 a 929 kN para substituição de aparelho de apoio com a utilização de macaco hidráulico","un",89.39]
[3806418,"Elevação de estruturas de 929 a 1.390 kN para substituição de aparelho de apoio com a utilização de macaco hidráulico","un",105.77]
[3808207,"Escada tubular multidirecional em aço galvanizado - utilização de 100 vezes - fornecimento, instalação e retirada","m",164.42]
[3806400,"Fabricação de superestrutura metálica para passarela PL-15 - exceto piso de concreto","un",164170.79]
[3806399,"Fabricação de superestrutura metálica para passarela PL-20 - exceto piso de concreto","un",233398.99]
[3806387,"Fabricação de superestrutura metálica para passarela PL-25 - exceto piso de concreto","un",292063.75]
[3806397,"Fabricação de superestrutura metálica para passarela PL-30 - exceto piso de concreto","un",391513.93]
[3806396,"Fabricação de superestrutura metálica para passarela PL-35 - exceto piso de concreto","un",450762.17]
[3816194,"Fischietti - montagem e desmontagem do par com capacidade de 140 t","un",11193.63]
[3816195,"Fischietti com capacidade de 140 t por par e vão livre de até 45 m - operação do par","h",134.24]
[3816118,"Guarda-corpo de concreto - fabricação - areia e brita comerciais","m",102.77]
[3816117,"Guarda-corpo de concreto - fabricação - areia extraída e brita produzida","m",95.74]
[3806386,"Guarda-corpo e corrimão metálico para passarelas para pedestres - fornecimento e instalação","m",752.76]
[3816196,"Injeção de nata de cimento","m³",1339]
[3806426,"Lançamento de pré-laje com utilização de guindauto","t",63.25]
[3806401,"Lançamento de superestrutura de passarela metálica de 12 a 24 t com utilização de guindaste","un",14014.6]
[3806423,"Lançamento de viga pré-moldada de 1.000 a 1.250 kN com utilização de guindaste","un",9599.9699999999993]
[3806421,"Lançamento de viga pré-moldada de 500 a 750 kN com utilização de guindaste","un",4655.47]
[3806422,"Lançamento de viga pré-moldada de 750 a 1.000 kN com utilização de guindaste","un",8639.99]
[3806425,"Lançamento de viga pré-moldada de 980 a 1.225 kN com utilização de treliça lançadeira","un",3483.3]
[3806424,"Lançamento de viga pré-moldada de 980 a 1.225 kN com utilização de treliça lançadeira e carrelone","un",5862.46]
[3806420,"Lançamento de viga pré-moldada de até 500 kN com utilização de guindaste","un",4073.55]
[3806405,"Limpeza de aparelhos de apoio em obras de arte especiais - exclusa a plataforma","un",153.88999999999999]
[3806404,"Limpeza de material retido em fundações submersas de obras de arte especiais","m³",141.44999999999999]
[3806406,"Limpeza em junta de dilatação","m",6.71]
[3806403,"Limpeza em superfície de concreto com jateamento abrasivo com uso de granalhas de aço","m²",9.52]
[3806402,"Limpeza em superfície de concreto com jateamento d'água sob pressão","m²",2.69]
[3806407,"Pingadeira de elastômero perfil 40 x 40 mm com aba inclinada e fixada com adesivo estrutural e pinos - fornecimento e instalação - exclusa a plataforma","m",184.35]
[3808043,"Pintura manual com nata de cimento - 3 demãos","m²",4.4400000000000004]
[3806431,"Placa de aço de apoio para protensão externa em reforço de viga de OAE - confecção e instalação","un",5960.7]
[3806432,"Placa de aço de desvio para protensão externa em reforço de viga de OAE - confecção e instalação","un",3163.72]
[3806429,"Plataforma de trabalho em aço tubular apoiada no solo - altura de 4 a 6 m - utilização de 100 vezes - fornecimento, instalação e retirada","m³",18.440000000000001]
[3806430,"Plataforma de trabalho em aço tubular apoiada no solo - altura de 6 a 8 m - utilização de 100 vezes - fornecimento, instalação e retirada","m³",11.39]
[3806428,"Plataforma de trabalho em aço tubular apoiada no solo - altura de até 4 m - utilização de 100 vezes - fornecimento, instalação e retirada","m³",43.07]
[3816198,"Plataforma de trabalho em madeira apoiada no solo - altura de 6 a 12 m - utilização de 5 vezes - confecção, instalação e retirada","m³",83.06]
[3816197,"Plataforma de trabalho em madeira apoiada no solo - altura de até 6 m - utilização de 5 vezes - confecção, instalação e retirada","m³",78.09]
[3806410,"Plataforma de trabalho suspensa sob tabuleiro de pontes com treliças metálicas e tábuas - utilização de 100 vezes - confecção, instalação e retirada","m²",63.81]
[3806411,"Plataforma mecanizada de inspeção sob pontes com capacidade de 500 kg e alcance de 15 m","h",1233.5]
[3815644,"Recomposição de dreno em tubo de aço galvanizado D = 100 mm em OAE - fornecimento e instalação","un",99.97]
[3815643,"Recomposição de dreno em tubo de aço galvanizado D = 80 mm em OAE - fornecimento e instalação","un",95.03]
[3815706,"Recomposição de guarda-corpo com agregados comerciais - instalação","m",138.72]
[3815597,"Recomposição de guarda-corpo com agregados produzidos - instalação","m",131.69]
[3815600,"Recuperação de guarda-corpo metálico em ambiente agressivo","m²",76.88]
[3815601,"Recuperação de guarda-corpo metálico em ambiente muito agressivo","m²",71.319999999999993]
[3815599,"Recuperação de guarda-corpo metálico em ambiente pouco agressivo","m²",24.03]
[3806414,"Remoção de concreto com jateamento d'água sob alta pressão","m³",860.55]
[3806409,"Restauração de berços de apoio para junta de dilatação - fornecimento e instalação","m",67.489999999999995]
[3815602,"Substituição de junta de dilatação e lábios poliméricos - fornecimento e instalação","m",34.69]
[4011444,"Areia asfalto a quente - faixa A - areia comercial","t",183.98]
[4011443,"Areia asfalto a quente - faixa A - areia extraída","t",140.75]
[4011446,"Areia asfalto a quente - faixa B - areia comercial","t",172.05]
[4011445,"Areia asfalto a quente - faixa B - areia extraída","t",127.87]
[4011448,"Areia asfalto a quente com asfalto polímero - faixa A - areia comercial","t",174.14]
[4011447,"Areia asfalto a quente com asfalto polímero - faixa A - areia extraída","t",128.71]
[4011450,"Areia asfalto a quente com asfalto polímero - faixa B - areia comercial","t",181.05]
[4011449,"Areia asfalto a quente com asfalto polímero - faixa B - areia extraída","t",136.43]
[4011452,"Areia asfalto a quente com asfalto polímero - faixa C - areia comercial","t",185.57]
[4011451,"Areia asfalto a quente com asfalto polímero - faixa C - areia extraída","t",141.53]
[4011219,"Base de solo estabilizado granulometricamente sem mistura com material de jazida - 100% Proctor modificado","m³",16.63]
[4011291,"Base de solo melhorado com 3% de cimento e mistura em usina com material de jazida - 100% Proctor modificado","m³",83.64]
[4011287,"Base de solo melhorado com 3% de cimento e mistura na pista com material de jazida - 100% Proctor modificado","m³",72.349999999999994]
[4011305,"Base de solo-cal com 7% de cal e mistura na pista com material de jazida - 100% Proctor intermediário","m³",99.87]
[4011221,"Base estabilizada granulometricamente com mistura de solos na pista com material de jazida - 100% Proctor modificado","m³",17.59]
[4011226,"Base estabilizada granulometricamente com mistura solo areia (70% - 30%) em usina com material de jazida e areia extraída - 100% Proctor modificado","m³",39.4]
[4011276,"Base ou sub-base de brita graduada com brita comercial - 100% Proctor modificado","m³",264.33]
[4011275,"Base ou sub-base de brita graduada com brita produzida - 100% Proctor modificado","m³",119.22]
[4011549,"Base ou sub-base de brita graduada executada com vibroacabadora - brita comercial - 100% Proctor modificado","m³",265.45999999999998]
[4011548,"Base ou sub-base de brita graduada executada com vibroacabadora - brita produzida - 100% Proctor modificado","m³",120.35]
[4011278,"Base ou sub-base de brita graduada tratada com cimento com brita comercial - 100% Proctor modificado","m³",331.36]
[4011277,"Base ou sub-base de brita graduada tratada com cimento com brita produzida - 100% Proctor modificado","m³",186.87]
[4011561,"Base ou sub-base de brita graduada tratada com cimento executada com vibroacabadora - brita comercial - 100% Proctor modificado","m³",332.49]
[4011560,"Base ou sub-base de brita graduada tratada com cimento executada com vibroacabadora - brita produzida - 100% Proctor modificado","m³",188]
[4011282,"Base ou sub-base de macadame hidráulico com brita comercial - 100% Proctor modificado","m³",231.08]
[4011281,"Base ou sub-base de macadame hidráulico com brita produzida - 100% Proctor modificado","m³",106.57]
[4011279,"Base ou sub-base de macadame seco com brita comercial - 100% Proctor modificado","m³",221.33]
[4011280,"Base ou sub-base de macadame seco com brita produzida - 100% Proctor modificado","m³",96.83]
[4011314,"Base ou sub-base de solo-cimento com 7% de cimento e mistura em usina com material de jazida - 100% Proctor normal","m³",146.97]
[4011315,"Base ou sub-base de solo-cimento com 7% de cimento e mistura na pista com material de jazida - 100% Proctor normal","m³",141.63]
[4011316,"Base ou sub-base estabilizada granulometricamente com mistura solo brita (70% - 30%) com 3% de cimento em usina com material de jazida e brita comercial - 100% Proctor modificado","m³",155.36000000000001]
[4011317,"Base ou sub-base estabilizada granulometricamente com mistura solo brita (70% - 30%) com 3% de cimento em usina com material de jazida e brita produzida - 100% Proctor modificado","m³",110.49]
[4011318,"Base ou sub-base estabilizada granulometricamente com mistura solo brita (70% - 30%) em usina com material de jazida e brita comercial - 100% Proctor modificado","m³",103.5]
[4011319,"Base ou sub-base estabilizada granulometricamente com mistura solo brita (70% - 30%) em usina com material de jazida e brita produzida - 100% Proctor modificado","m³",57.24]
[4011320,"Base ou sub-base estabilizada granulometricamente com mistura solo brita (70% - 30%) na pista com material de jazida e brita comercial - 100% Proctor modificado","m³",87.23]
[4011321,"Base ou sub-base estabilizada granulometricamente com mistura solo brita (70% - 30%) na pista com material de jazida e brita produzida - 100% Proctor modificado","m³",40.98]
[4011327,"Base ou sub-base estabilizada granulometricamente com mistura solo escória de aciaria (50%-50%) em usina com material de jazida - 100% Proctor intermediário","m³",43.72]
[4011325,"Base ou sub-base estabilizada granulometricamente com mistura solo escória de aciaria (50%-50%) na pista com material de jazida - 100% Proctor intermediário","m³",27.5]
[4011454,"Concreto asfáltico - faixa A-25 - areia e brita comerciais","t",205.03]
[4011453,"Concreto asfáltico - faixa A-25 - areia extraída e brita produzida","t",144.19999999999999]
[4011455,"Concreto asfáltico - faixa A-25 - massa comercial","t",20.21]
[4011459,"Concreto asfáltico - faixa B-19 - areia e brita comerciais","t",203.27]
[4011458,"Concreto asfáltico - faixa B-19 - areia extraída e brita produzida","t",144.41999999999999]
[4011494,"Concreto asfáltico - faixa B-19 - massa comercial","t",20.81]
[4011463,"Concreto asfáltico - faixa C-12,5 - areia e brita comerciais","t",200.06]
[4011462,"Concreto asfáltico - faixa C-12,5 - areia extraída e brita produzida","t",144.03]
[4011464,"Concreto asfáltico - faixa C-12,5 - massa comercial","t",20.81]
[4011495,"Concreto asfáltico - faixa D-9,5 - areia e brita comerciais","t",196.4]
[4011496,"Concreto asfáltico - faixa D-9,5 - areia extraída e brita produzida","t",144.06]
[4011497,"Concreto asfáltico - faixa D-9,5 - massa comercial","t",20.81]
[4011457,"Concreto asfáltico com asfalto polímero - faixa A - areia e brita comerciais","t",213.92]
[4011456,"Concreto asfáltico com asfalto polímero - faixa A - areia extraída e brita produzida","t",151.31]
[4011461,"Concreto asfáltico com asfalto polímero - faixa B - areia e brita comerciais","t",214.17]
[4011460,"Concreto asfáltico com asfalto polímero - faixa B - areia extraída e brita produzida","t",154.51]
[4011466,"Concreto asfáltico com asfalto polímero - faixa C - areia e brita comerciais","t",210.2]
[4011465,"Concreto asfáltico com asfalto polímero - faixa C - areia extraída e brita produzida","t",158.04]
[4011469,"Concreto asfáltico com borracha - faixa A - brita comercial","t",262.33]
[4011473,"Concreto asfáltico com borracha - faixa A - brita produzida","t",203.04]
[4011470,"Concreto asfáltico com borracha - faixa B - brita comercial","t",265.33]
[4011474,"Concreto asfáltico com borracha - faixa B - brita produzida","t",207.71]
[4011471,"Concreto asfáltico com borracha - faixa C - brita comercial","t",263.31]
[4011475,"Concreto asfáltico com borracha - faixa C - brita produzida","t",210.02]
[4011472,"Concreto asfáltico com borracha - faixa GAP GRADED - brita comercial","t",263.39]
[4011476,"Concreto asfáltico com borracha - faixa GAP GRADED - brita produzida","t",202.79]
[4011478,"Concreto asfáltico reciclado em usina com adição de asfalto - brita comercial","t",197.6]
[4011477,"Concreto asfáltico reciclado em usina com adição de asfalto - brita produzida","t",152.82]
[4011539,"Cura com pintura asfáltica para camadas granulares com adição de cimento","m²",0.37]
[4011538,"Cura com pintura asfáltica para pavimento de concreto compactado com rolo","m²",0.56999999999999995]
[4016096,"Escavação e carga de material de jazida com escavadeira hidráulica de 1,56 m³","m³",1.64]
[4016008,"Escavação e carga de material de jazida com trator de 127 kW e carregadeira de 3,4 m³","m³",5.83]
[4016007,"Escavação e carga de material de jazida com trator de 97 kW e carregadeira de 1,72 m³","m³",7.17]
[4015612,"Execução de revestimento primário com material de jazida - 100% Proctor intermediário","m³",15.23]
[4011562,"Geogrelha bidirecional com resistência à tração de 30 kN/m - deformação < 5% - malha de 36 x 34 mm - para reforço de base granular","m²",45.37]
[4011351,"Imprimação com asfalto diluído","m²",0.63]
[4011352,"Imprimação com emulsão asfáltica","m²",0.69]
[4011402,"Lama asfáltica - faixa I - areia e brita comerciais","m²",0.96]
[4011401,"Lama asfáltica - faixa I - areia extraída e brita produzida","m²",0.73]
[4011404,"Lama asfáltica - faixa II - areia e brita comerciais","m²",0.67]
[4011403,"Lama asfáltica - faixa II - areia extraída e brita produzida","m²",0.5]
[4011406,"Lama asfáltica - faixa III - areia e brita comerciais","m²",1.26]
[4011405,"Lama asfáltica - faixa III - areia extraída e brita produzida","m²",0.95]
[4011392,"Macadame betuminoso por penetração - faixa A - brita comercial","m³",275.56]
[4011391,"Macadame betuminoso por penetração - faixa A - brita produzida","m³",149.62]
[4011394,"Macadame betuminoso por penetração - faixa B - brita comercial","m³",276.57]
[4011393,"Macadame betuminoso por penetração - faixa B - brita produzida","m³",150.56]
[4011396,"Macadame betuminoso por penetração - faixa C - brita comercial","m³",281.75]
[4011395,"Macadame betuminoso por penetração - faixa C - brita produzida","m³",151.61000000000001]
[4011398,"Macadame betuminoso por penetração - faixa D - brita comercial","m³",283.97000000000003]
[4011397,"Macadame betuminoso por penetração - faixa D - brita produzida","m³",152.05000000000001]
[4011400,"Macadame betuminoso por penetração com asfalto com polímero - faixa A - brita comercial","m³",299.61]
[4011399,"Macadame betuminoso por penetração com asfalto com polímero - faixa A - brita produzida","m³",178.91]
[4011490,"Manta sintética para recapeamento asfáltico com geotêxtil RT - 09 - fornecimento e aplicação","m²",5.79]
[4011536,"Membrana plástica isolante e impermeabilizante com espessura de 0,2 mm - fornecimento e instalação","m²",1.87]
[4011415,"Micro pré-misturado a quente com asfalto polímero - brita comercial","t",202.91]
[4011416,"Micro pré-misturado a quente com asfalto polímero - brita produzida","t",153.41]
[4011408,"Microrrevestimento a frio com emulsão modificada com polímero de 0,8 cm - faixa II - brita comercial","m²",2.72]
[4011407,"Microrrevestimento a frio com emulsão modificada com polímero de 0,8 cm - faixa II - brita produzida","m²",2.1]
[4011410,"Microrrevestimento a frio com emulsão modificada com polímero de 1,5 cm - faixa III - brita comercial","m²",5.3]
[4011409,"Microrrevestimento a frio com emulsão modificada com polímero de 1,5 cm - faixa III - brita produzida","m²",4.08]
[4011412,"Microrrevestimento a frio com emulsão modificada com polímero de 2,0 cm - faixa III - brita comercial","m²",7.07]
[4011411,"Microrrevestimento a frio com emulsão modificada com polímero de 2,0 cm - faixa III - brita produzida","m²",5.44]
[4011520,"Pavimento de concreto com equipamento de pequeno porte - areia e brita comerciais","m³",654.83000000000004]
[4011507,"Pavimento de concreto com equipamento de pequeno porte - areia extraída e brita produzida","m³",529.67999999999995]
[4011535,"Pavimento de concreto com equipamento fôrma-trilho - areia e brita comerciais","m³",508.39]
[4011534,"Pavimento de concreto com equipamento fôrma-trilho - areia extraída e brita produzida","m³",391.02]
[4011533,"Pavimento de concreto com fôrmas deslizantes - areia e brita comerciais","m³",522.91999999999996]
[4011532,"Pavimento de concreto com fôrmas deslizantes - areia extraída e brita produzida","m³",405.55]
[4011492,"Pavimento de concreto compactado com rolo - brita comercial","m³",418.53]
[4011491,"Pavimento de concreto compactado com rolo - brita produzida","m³",280.27999999999997]
[4011353,"Pintura de ligação","m²",0.47]
[4011354,"Pintura de ligação - emulsão com polímero","m²",0.47]
[4011418,"Pré-misturado a frio - faixa A - areia e brita comerciais","m³",373.13]
[4011417,"Pré-misturado a frio - faixa A - areia extraída e brita produzida","m³",218.58]
[4011420,"Pré-misturado a frio - faixa B - areia e brita comerciais","m³",371.42]
[4011419,"Pré-misturado a frio - faixa B - areia extraída e brita produzida","m³",215.36]
[4011422,"Pré-misturado a frio - faixa C - areia e brita comerciais","m³",380.61]
[4011421,"Pré-misturado a frio - faixa C - areia extraída e brita produzida","m³",231.98]
[4011424,"Pré-misturado a frio - faixa D - areia e brita comerciais","m³",379.43]
[4011423,"Pré-misturado a frio - faixa D - areia extraída e brita produzida","m³",228.76]
[4011426,"Pré-misturado a frio com emulsão asfáltica com polímero - faixa A - areia e brita comerciais","m³",373.13]
[4011425,"Pré-misturado a frio com emulsão asfáltica com polímero - faixa A - areia extraída e brita produzida","m³",218.58]
[4011428,"Pré-misturado a frio com emulsão asfáltica com polímero - faixa B - areia e brita comerciais","m³",371.42]
[4011427,"Pré-misturado a frio com emulsão asfáltica com polímero - faixa B - areia extraída e brita produzida","m³",215.36]
[4011430,"Pré-misturado a frio com emulsão asfáltica com polímero - faixa C - areia e brita comerciais","m³",379.33]
[4011429,"Pré-misturado a frio com emulsão asfáltica com polímero - faixa C - areia extraída e brita produzida","m³",231.4]
[4011432,"Pré-misturado a frio com emulsão asfáltica com polímero - faixa D - areia e brita comerciais","m³",378.15]
[4011431,"Pré-misturado a frio com emulsão asfáltica com polímero - faixa D - areia extraída e brita produzida","m³",228.19]
[4011434,"Pré-misturado a quente com asfalto polímero - faixa I - camada porosa de atrito - areia e brita comerciais","t",214.5]
[4011433,"Pré-misturado a quente com asfalto polímero - faixa I - camada porosa de atrito - areia extraída e brita produzida","t",150.11000000000001]
[4011436,"Pré-misturado a quente com asfalto polímero - faixa II - camada porosa de atrito - areia e brita comerciais","t",205.32]
[4011435,"Pré-misturado a quente com asfalto polímero - faixa II - camada porosa de atrito - areia extraída e brita produzida","t",139.54]
[4011438,"Pré-misturado a quente com asfalto polímero - faixa III - camada porosa de atrito - areia e brita comerciais","t",209.36]
[4011437,"Pré-misturado a quente com asfalto polímero - faixa III - camada porosa de atrito - areia extraída e brita produzida","t",148.56]
[4011440,"Pré-misturado a quente com asfalto polímero - faixa IV - camada porosa de atrito - areia e brita comerciais","t",221.77]
[4011439,"Pré-misturado a quente com asfalto polímero - faixa IV - camada porosa de atrito - areia extraída e brita produzida","t",154.86000000000001]
[4011442,"Pré-misturado a quente com asfalto polímero - faixa V - camada porosa de atrito - areia e brita comerciais","t",220.91]
[4011441,"Pré-misturado a quente com asfalto polímero - faixa V - camada porosa de atrito - areia extraída e brita produzida","t",154.44]
[4011482,"Reciclagem com incorporação do revestimento asfáltico à base e adição de 3% de cimento - 100% Proctor modificado","m³",109.04]
[4011486,"Reciclagem com incorporação do revestimento asfáltico à base e adição de 3% de cimento e de brita comercial - 100% Proctor modificado","m³",156.69999999999999]
[4011485,"Reciclagem com incorporação do revestimento asfáltico à base e adição de 3% de cimento e de brita produzida - 100% Proctor modificado","m³",128.66999999999999]
[4011484,"Reciclagem com incorporação do revestimento asfáltico à base e adição de brita comercial - 100% Proctor modificado","m³",100.73]
[4011483,"Reciclagem com incorporação do revestimento asfáltico à base e adição de brita produzida - 100% Proctor modificado","m³",72.709999999999994]
[4011488,"Reciclagem com incorporação do revestimento asfáltico à base e adição de espuma asfáltica e cimento - 100% Proctor modificado","m³",80.540000000000006]
[4011487,"Reciclagem com incorporação do revestimento asfáltico à base e adição de espuma asfáltica, cimento e pó de pedra comercial - 100% Proctor modificado","m³",110.39]
[4011489,"Reciclagem de revestimento asfáltico em usina com adição de espuma asfáltica, pó de pedra comercial e cimento - 100% Proctor modificado","m³",176.34]
[4011493,"Reciclagem de revestimento asfáltico em usina com adição de espuma asfáltica, pó de pedra produzido e cimento - 100% Proctor modificado","m³",137.57]
[4011481,"Reciclagem simples com incorporação do revestimento asfáltico à base - 100% Proctor modificado","m³",53.08]
[4011347,"Reestabilização de camada de base com adição de 3% de cimento - 100% Proctor modificado","m³",91.75]
[4011342,"Reestabilização de camada de base com adição de 30% de brita comercial - 100% Proctor modificado","m³",114.55]
[4011344,"Reestabilização de camada de base com adição de 30% de brita produzida - 100% Proctor modificado","m³",68.3]
[4011341,"Reestabilização de camada de base com adição de 30% de material fresado retirado da pista - 100% Proctor modificado","m³",17.47]
[4011346,"Reestabilização de camada de base sem adição de material - 100% Proctor modificado","m³",13.21]
[4011211,"Reforço do subleito com material de jazida - 100% Proctor intermediário","m³",15.23]
[4011304,"Reforço do subleito de solo melhorado com 4% de cal e mistura na pista com material de jazida - 100% Proctor intermediário","m³",64.87]
[4011209,"Regularização do subleito - 100% Proctor intermediário","m²",1.81]
[4011210,"Regularização do subleito com fresagem corte e controle automático de greide - 100% Proctor intermediário","m²",2.12]
[4011537,"Serragem de juntas em pavimento de concreto, limpeza e enchimento com selante a frio","m",20.2]
[4011218,"Sub-base de concreto adensado por vibração - areia e brita comerciais","m³",524.02]
[4011217,"Sub-base de concreto adensado por vibração - areia extraída e brita produzida","m³",391.74]
[4011214,"Sub-base de concreto compactado com rolo - brita comercial","m³",347.94]
[4011213,"Sub-base de concreto compactado com rolo - brita produzida","m³",203.41]
[4011227,"Sub-base de solo estabilizado granulometricamente sem mistura com material de jazida - 100% Proctor intermediário","m³",15.23]
[4011302,"Sub-base de solo melhorado com 3% de cimento e mistura em usina com material de jazida - 100% Proctor intermediário","m³",80.86]
[4011300,"Sub-base de solo melhorado com 3% de cimento e mistura na pista com material de jazida - 100% Proctor intermediário","m³",71.900000000000006]
[4011306,"Sub-base de solo-cal com 7% de cal e mistura na pista com material de jazida - 100% Proctor normal","m³",97.57]
[4011228,"Sub-base estabilizada granulometricamente com mistura de solos na pista com material de jazida - 100% Proctor intermediário","m³",17.14]
[4011229,"Sub-base estabilizada granulometricamente com mistura solo areia (70% - 30%) em usina com material de jazida e areia extraída - 100% Proctor intermediário","m³",36.619999999999997]
[4011372,"Tratamento superficial duplo com banho diluído - brita comercial","m²",7.94]
[4011371,"Tratamento superficial duplo com banho diluído - brita produzida","m²",5.33]
[4011378,"Tratamento superficial duplo com banho diluído com emulsão com polímero - brita comercial","m²",7.94]
[4011377,"Tratamento superficial duplo com banho diluído com emulsão com polímero - brita produzida","m²",5.33]
[4011368,"Tratamento superficial duplo com CAP - brita comercial","m²",6.21]
[4011367,"Tratamento superficial duplo com CAP - brita produzida","m²",3.61]
[4011374,"Tratamento superficial duplo com CAP com polímero - brita comercial","m²",6.21]
[4011373,"Tratamento superficial duplo com CAP com polímero - brita produzida","m²",3.61]
[4011370,"Tratamento superficial duplo com emulsão - brita comercial","m²",7.15]
[4011369,"Tratamento superficial duplo com emulsão - brita produzida","m²",4.54]
[4011376,"Tratamento superficial duplo com emulsão com polímero - brita comercial","m²",7.15]
[4011375,"Tratamento superficial duplo com emulsão com polímero - brita produzida","m²",4.54]
[4011360,"Tratamento superficial simples com banho diluído - brita comercial","m²",2.83]
[4011359,"Tratamento superficial simples com banho diluído - brita produzida","m²",1.99]
[4011366,"Tratamento superficial simples com banho diluído com emulsão com polímero - brita comercial","m²",2.83]
[4011365,"Tratamento superficial simples com banho diluído com emulsão com polímero - brita produzida","m²",1.99]
[4011356,"Tratamento superficial simples com CAP - brita comercial","m²",2.12]
[4011355,"Tratamento superficial simples com CAP - brita produzida","m²",1.28]
[4011362,"Tratamento superficial simples com CAP com polímero - brita comercial","m²",2.12]
[4011361,"Tratamento superficial simples com CAP com polímero - brita produzida","m²",1.28]
[4011358,"Tratamento superficial simples com emulsão - brita comercial","m²",2.4900000000000002]
[4011357,"Tratamento superficial simples com emulsão - brita produzida","m²",1.65]
[4011364,"Tratamento superficial simples com emulsão com polímero - brita comercial","m²",2.4900000000000002]
[4011363,"Tratamento superficial simples com emulsão com polímero - brita produzida","m²",1.65]
[4011384,"Tratamento superficial triplo com banho diluído - brita comercial","m²",8.4700000000000006]
[4011383,"Tratamento superficial triplo com banho diluído - brita produzida","m²",5.75]
[4011390,"Tratamento superficial triplo com banho diluído - emulsão com polímero - brita comercial","m²",8.4700000000000006]
[4011389,"Tratamento superficial triplo com banho diluído - emulsão com polímero - brita produzida","m²",5.75]
[4011380,"Tratamento superficial triplo com CAP - brita comercial","m²",6.75]
[4011379,"Tratamento superficial triplo com CAP - brita produzida","m²",4.03]
[4011386,"Tratamento superficial triplo com CAP com polímero - brita comercial","m²",6.75]
[4011385,"Tratamento superficial triplo com CAP com polímero - brita produzida","m²",4.03]
[4011382,"Tratamento superficial triplo com emulsão - brita comercial","m²",7.68]
[4011381,"Tratamento superficial triplo com emulsão - brita produzida","m²",4.97]
[4011388,"Tratamento superficial triplo com emulsão com polímero - brita comercial","m²",7.68]
[4011387,"Tratamento superficial triplo com emulsão com polímero - brita produzida","m²",4.97]
[4011212,"Varredura da superfície para execução de revestimento asfáltico","m²",0.08]
[4208197,"Ancoragem fixa para estais de 12 cordoalhas D = 15,7 mm - inclusive injeção de cera","un",14412.15]
[4208158,"Ancoragem fixa para estais de 19 cordoalhas D = 15,7 mm - inclusive injeção de cera","un",19052.64]
[4208198,"Ancoragem fixa para estais de 22 cordoalhas D = 15,7 mm - inclusive injeção de cera","un",22557.26]
[4208159,"Ancoragem fixa para estais de 31 cordoalhas D = 15,7 mm - inclusive injeção de cera","un",30448.11]
[4208160,"Ancoragem fixa para estais de 37 cordoalhas D = 15,7 mm - inclusive injeção de cera","un",36159.599999999999]
[4208199,"Ancoragem fixa para estais de 43 cordoalhas D = 15,7 mm - inclusive injeção de cera","un",41817.089999999997]
[4208161,"Ancoragem fixa para estais de 55 cordoalhas D = 15,7 mm - inclusive injeção de cera","un",52718.81]
[4208162,"Ancoragem fixa para estais de 61 cordoalhas D = 15,7 mm - inclusive injeção de cera","un",58147.44]
[4208163,"Ancoragem fixa para estais de 73 cordoalhas D = 15,7 mm - inclusive injeção de cera","un",69281.09]
[4208200,"Ancoragem fixa para estais de 85 cordoalhas D = 15,7 mm - inclusive injeção de cera","un",80713.78]
[4208164,"Ancoragem fixa para estais de 91 cordoalhas D = 15,7 mm - inclusive injeção de cera","un",85969.1]
[4208201,"Ancoragem regulável para estais de 12 cordoalhas D = 15,7 mm - inclusive protensão, injeção de cera e regulagem final","un",25205.91]
[4208151,"Ancoragem regulável para estais de 19 cordoalhas D = 15,7 mm - inclusive protensão, injeção de cera e regulagem final","un",32998.71]
[4208202,"Ancoragem regulável para estais de 22 cordoalhas D = 15,7 mm - inclusive protensão, injeção de cera e regulagem final","un",35483.699999999997]
[4208152,"Ancoragem regulável para estais de 31 cordoalhas D = 15,7 mm - inclusive protensão, injeção de cera e regulagem final","un",52722.69]
[4208153,"Ancoragem regulável para estais de 37 cordoalhas D = 15,7 mm - inclusive protensão, injeção de cera e regulagem final","un",62459.03]
[4208203,"Ancoragem regulável para estais de 43 cordoalhas D = 15,7 mm - inclusive protensão, injeção de cera e regulagem final","un",72378.05]
[4208154,"Ancoragem regulável para estais de 55 cordoalhas D = 15,7 mm - inclusive protensão, injeção de cera e regulagem final","un",91362.17]
[4208155,"Ancoragem regulável para estais de 61 cordoalhas D = 15,7 mm - inclusive protensão, injeção de cera e regulagem final","un",101405.01]
[4208156,"Ancoragem regulável para estais de 73 cordoalhas D = 15,7 mm - inclusive protensão, injeção de cera e regulagem final","un",120689.55]
[4208204,"Ancoragem regulável para estais de 85 cordoalhas D = 15,7 mm - inclusive protensão, injeção de cera e regulagem final","un",140426.59]
[4208157,"Ancoragem regulável para estais de 91 cordoalhas D = 15,7 mm - inclusive protensão, injeção de cera e regulagem final","un",149981.73000000001]
[4208127,"Cordoalha para estais CP 177 RB D = 15,7 mm - fornecimento, preparo e colocação","kg",28.39]
[4208196,"Elevador de cremalheira - ascensão e ancoragem da torre a partir de 16 m com cada elevação de até 9 m - utilização de 50 vezes - inclusive desmontagem","un",2635.34]
[4208209,"Elevador de cremalheira - montagem e desmontagem até a altura de 16 m - exceto fundações","un",11761]
[4208206,"Elevador de cremalheira com cabine simples, com capacidade de 1.500 kg e altura de até 100 m - operação","h",131.25]
[4208210,"Grua fixa - montagem e desmontagem até a altura de 60 m - exceto fundações","un",26399.040000000001]
[4208195,"Grua fixa - telescopagem e ancoragem da torre a partir de 60 m com cada elevação de até 18 m - inclusive desmontagem","un",12675.81]
[4208208,"Grua fixa com altura de 60 a 102 m, com alcance de 60 m e capacidade de 1.500 kg na ponta da lança - operação","h",545.51]
[4208135,"Tubo antivandalismo em aço galvanizado para estais de 12 cordoalhas D = 15,7 mm - fornecimento e instalação","m",1594.33]
[4208136,"Tubo antivandalismo em aço galvanizado para estais de 19 cordoalhas D = 15,7 mm - fornecimento e instalação","m",1804.94]
[4208137,"Tubo antivandalismo em aço galvanizado para estais de 22 cordoalhas D = 15,7 mm - fornecimento e instalação","m",2083.91]
[4208138,"Tubo antivandalismo em aço galvanizado para estais de 31 cordoalhas D = 15,7 mm - fornecimento e instalação","m",2350.91]
[4208139,"Tubo antivandalismo em aço galvanizado para estais de 37 cordoalhas D = 15,7 mm - fornecimento e instalação","m",2358.75]
[4208140,"Tubo antivandalismo em aço galvanizado para estais de 43 cordoalhas D = 15,7 mm - fornecimento e instalação","m",2937]
[4208141,"Tubo antivandalismo em aço galvanizado para estais de 55 cordoalhas D = 15,7 mm - fornecimento e instalação","m",2955.31]
[4208212,"Tubo antivandalismo em aço galvanizado para estais de 61 cordoalhas D = 15,7 mm - fornecimento e instalação","m",2957.06]
[4208213,"Tubo antivandalismo em aço galvanizado para estais de 73 cordoalhas D = 15,7 mm - fornecimento e instalação","m",3406.76]
[4208214,"Tubo antivandalismo em aço galvanizado para estais de 85 cordoalhas D = 15,7 mm - fornecimento e instalação","m",3846.41]
[4208215,"Tubo antivandalismo em aço galvanizado para estais de 91 cordoalhas D = 15,7 mm - fornecimento e instalação","m",3861.56]
[4208216,"Tubo fôrma lado fixo em aço galvanizado para estais de 12 cordoalhas D = 15,7 mm - fornecimento e instalação","m",2634.34]
[4208217,"Tubo fôrma lado fixo em aço galvanizado para estais de 19 cordoalhas D = 15,7 mm - fornecimento e instalação","m",3053.85]
[4208218,"Tubo fôrma lado fixo em aço galvanizado para estais de 22 cordoalhas D = 15,7 mm - fornecimento e instalação","m",3976.78]
[4208219,"Tubo fôrma lado fixo em aço galvanizado para estais de 31 cordoalhas D = 15,7 mm - fornecimento e instalação","m",5137.16]
[4208220,"Tubo fôrma lado fixo em aço galvanizado para estais de 37 cordoalhas D = 15,7 mm - fornecimento e instalação","m",5458.77]
[4208221,"Tubo fôrma lado fixo em aço galvanizado para estais de 43 cordoalhas D = 15,7 mm - fornecimento e instalação","m",7194]
[4208222,"Tubo fôrma lado fixo em aço galvanizado para estais de 55 cordoalhas D = 15,7 mm - fornecimento e instalação","m",9070.41]
[4208223,"Tubo fôrma lado fixo em aço galvanizado para estais de 61 cordoalhas D = 15,7 mm - fornecimento e instalação","m",9073.09]
[4208224,"Tubo fôrma lado fixo em aço galvanizado para estais de 73 cordoalhas D = 15,7 mm - fornecimento e instalação","m",10584.69]
[4208225,"Tubo fôrma lado fixo em aço galvanizado para estais de 85 cordoalhas D = 15,7 mm - fornecimento e instalação","m",12043.71]
[4208226,"Tubo fôrma lado fixo em aço galvanizado para estais de 91 cordoalhas D = 15,7 mm - fornecimento e instalação","m",12139.19]
[4208227,"Tubo fôrma lado regulável em aço galvanizado para estais de 12 cordoalhas D = 15,7 mm - fornecimento e instalação","m",1230.55]
[4208228,"Tubo fôrma lado regulável em aço galvanizado para estais de 19 cordoalhas D = 15,7 mm - fornecimento e instalação","m",1441.97]
[4208229,"Tubo fôrma lado regulável em aço galvanizado para estais de 22 cordoalhas D = 15,7 mm - fornecimento e instalação","m",1871.69]
[4208230,"Tubo fôrma lado regulável em aço galvanizado para estais de 31 cordoalhas D = 15,7 mm - fornecimento e instalação","m",2414.92]
[4208231,"Tubo fôrma lado regulável em aço galvanizado para estais de 37 cordoalhas D = 15,7 mm - fornecimento e instalação","m",2578.79]
[4208232,"Tubo fôrma lado regulável em aço galvanizado para estais de 43 cordoalhas D = 15,7 mm - fornecimento e instalação","m",3382.69]
[4208233,"Tubo fôrma lado regulável em aço galvanizado para estais de 55 cordoalhas D = 15,7 mm - fornecimento e instalação","m",4234.75]
[4208234,"Tubo fôrma lado regulável em aço galvanizado para estais de 61 cordoalhas D = 15,7 mm - fornecimento e instalação","m",4237.22]
[4208235,"Tubo fôrma lado regulável em aço galvanizado para estais de 73 cordoalhas D = 15,7 mm - fornecimento e instalação","m",4982.3500000000004]
[4208236,"Tubo fôrma lado regulável em aço galvanizado para estais de 85 cordoalhas D = 15,7 mm - fornecimento e instalação","m",5674.89]
[4208237,"Tubo fôrma lado regulável em aço galvanizado para estais de 91 cordoalhas D = 15,7 mm - fornecimento e instalação","m",5770.26]
[4208128,"Tubo PEAD para estais - D = 110 mm - fornecimento e instalação","m",265.29000000000002]
[4208129,"Tubo PEAD para estais - D = 140 mm - fornecimento e instalação","m",294.93]
[4208130,"Tubo PEAD para estais - D = 160 mm - fornecimento e instalação","m",338.81]
[4208131,"Tubo PEAD para estais - D = 180 mm - fornecimento e instalação","m",393.43]
[4208132,"Tubo PEAD para estais - D = 200 mm - fornecimento e instalação","m",448.14]
[4208133,"Tubo PEAD para estais - D = 225 mm - fornecimento e instalação","m",508.43]
[4208134,"Tubo PEAD para estais - D = 250 mm - fornecimento e instalação","m",569.62]
[4208238,"Tubo PEAD para estais - D = 280 mm - fornecimento e instalação","m",601.91999999999996]
[4208239,"Tubo PEAD para estais - D = 315 mm - fornecimento e instalação","m",654.48]
[4413920,"Adubação de cobertura por equipamento de hidrossemeadura em áreas de semeadura via seca ou de hidrossemeadura","m²",0.56000000000000005]
[4413024,"Adubação manual de cobertura em áreas de enleivamento ou de plantio de mudas de gramíneas","m²",0.38]
[4413022,"Adubação manual de cobertura em áreas de semeadura via seca ou de hidrossemeadura","m²",0.56000000000000005]
[4413020,"Barreira arbórea para tratamento acústico das áreas lindeiras da faixa de domínio – densidade de plantio de 1,0 m entre mudas","m",42.09]
[4413013,"Cerca de passagem de fauna com tela de alambrado sobre mureta de blocos de concreto - H = 20 cm - mourões de madeira a cada 2,5 m e esticador a cada 50 m","m",84.89]
[4413019,"Cerca viva para tratamento acústico das áreas lindeiras da faixa de domínio – densidade de plantio de 1,0 m entre mudas","m",34.97]
[4413026,"Dique de bambu para controle de erosão de taludes","m²",291.57]
[4413996,"Enleivamento","m²",10.28]
[4413942,"Espalhamento de material em bota-fora","m³",2.75]
[4413018,"Fixação de tela eletrossoldada em talude para lançamento de argamassa ou concreto projetado","kg",12.46]
[4413905,"Hidrossemeadura","m²",6.81]
[4413987,"Irrigação de área plantada para proteção vegetal do corpo estradal","m²",0.38]
[4413995,"Obtenção de grama para replantio","m²",3.13]
[4413994,"Passagem aérea de animais com rede de cabos de aço e sisal apoiadas em 6 postes de concreto de 15 m - extensão total de 100 m","m",683.04]
[4413200,"Plantio de grama comercial em placas","m²",18.010000000000002]
[4413990,"Plantio de muda de arbusto com altura até 0,50 m em cova de 0,40 x 0,40 x 0,40 m","un",34.97]
[4413989,"Plantio de muda de árvore com altura de 0,30 a 0,80 m em cova de 0,60 x 0,60 x 0,60 m","un",42.09]
[4413951,"Plantio de muda de árvore frutífera com altura até 1,00 m em cova de 0,60 x 0,60 x 0,60 m","un",48.98]
[4413950,"Plantio de muda de árvore frutífera com altura de 1,00 a 2,00 m em cova de 0,60 x 0,60 x 0,60 m","un",108.93]
[4413949,"Plantio de muda de árvore frutífera com altura de 2,00 a 3,00 m em cova de 0,60 x 0,60 x 0,60 m","un",249.57]
[4413948,"Plantio de muda de árvore ornamental com altura até 1,00 m em cova de 0,60 x 0,60 x 0,60 m","un",51.57]
[4413947,"Plantio de muda de árvore ornamental com altura de 1,00 a 2,00 m em cova de 0,60 x 0,60 x 0,60 m","un",90.22]
[4413946,"Plantio de muda de árvore ornamental com altura de 2,00 a 3,00 m em cova de 0,60 x 0,60 x 0,60 m","un",126.64]
[4413952,"Plantio de tapete de floríferas com altura até 0,50 m","m²",74.7]
[4413012,"Preenchimento de erosão em talude com terra vegetal e sementes de gramíneas ensacadas","m³",384.43]
[4413014,"Recuperação ambiental de pedreiras ou áreas degradadas com biomanta vegetal de fibras de coco","m²",16.690000000000001]
[4413016,"Recuperação ambiental de pedreiras ou áreas degradadas com biomanta vegetal de fibras de palha em áreas com inclinação máxima de 1:1,5","m²",10.38]
[4413984,"Regularização de bota-fora com espalhamento e compactação","m³",4.34]
[4413986,"Regularização de superfície com motoniveladora","m²",0.08]
[4413985,"Regularização manual de taludes de cortes e aterros","m²",22.49]
[4413017,"Retentores de sedimentos em fibras vegetais - D = 20 cm","m",69.98]
[4415673,"Revestimento vegetal com grama em mudas em superfícies inclinadas","m²",8.14]
[4415684,"Revestimento vegetal com grama em mudas em superfícies planas","m²",4.5999999999999996]
[4413993,"Revestimento vegetal por semeadura a lanço manual de gramíneas e leguminosas","m²",0.54]
[4507754,"Ancoragem ativa com 10 cordoalhas aderentes D = 12,7 mm - fornecimento e instalação","un",897.03]
[4507738,"Ancoragem ativa com 10 cordoalhas aderentes D = 15,2 mm - fornecimento e instalação","un",1215]
[4507755,"Ancoragem ativa com 12 cordoalhas aderentes D = 12,7 mm - fornecimento e instalação","un",1070.3499999999999]
[4507756,"Ancoragem ativa com 12 cordoalhas aderentes D = 15,2 mm - fornecimento e instalação","un",1418.2]
[4507757,"Ancoragem ativa com 15 cordoalhas aderentes D = 12,7 mm - fornecimento e instalação","un",1558.16]
[4507758,"Ancoragem ativa com 15 cordoalhas aderentes D = 15,2 mm - fornecimento e instalação","un",1878.26]
[4507759,"Ancoragem ativa com 19 cordoalhas aderentes D = 12,7 mm - fornecimento e instalação","un",1964.2]
[4507760,"Ancoragem ativa com 19 cordoalhas aderentes D = 15,2 mm - fornecimento e instalação","un",2433.7600000000002]
[4507761,"Ancoragem ativa com 22 cordoalhas aderentes D = 12,7 mm - fornecimento e instalação","un",2534.27]
[4507762,"Ancoragem ativa com 22 cordoalhas aderentes D = 15,2 mm - fornecimento e instalação","un",3130.96]
[4507763,"Ancoragem ativa com 27 cordoalhas aderentes D = 12,7 mm - fornecimento e instalação","un",3083.7]
[4507764,"Ancoragem ativa com 27 cordoalhas aderentes D = 15,2 mm - fornecimento e instalação","un",4080.2]
[4507765,"Ancoragem ativa com 31 cordoalhas aderentes D = 12,7 mm - fornecimento e instalação","un",3146.73]
[4508192,"Ancoragem ativa com 31 cordoalhas aderentes D = 15,2 mm - fornecimento e instalação","un",5331.29]
[4507766,"Ancoragem ativa com 4 cordoalhas aderentes D = 12,7 mm - fornecimento e instalação","un",422.6]
[4507767,"Ancoragem ativa com 4 cordoalhas aderentes D = 15,2 mm - fornecimento e instalação","un",583.66]
[4507768,"Ancoragem ativa com 6 cordoalhas aderentes D = 12,7 mm - fornecimento e instalação","un",541.14]
[4507769,"Ancoragem ativa com 6 cordoalhas aderentes D = 15,2 mm - fornecimento e instalação","un",682.44]
[4507770,"Ancoragem ativa com 7 cordoalhas aderentes D = 12,7 mm - fornecimento e instalação","un",619.49]
[4507771,"Ancoragem ativa com 7 cordoalhas aderentes D = 15,2 mm - fornecimento e instalação","un",766.38]
[4507772,"Ancoragem ativa com 8 cordoalhas aderentes D = 12,7 mm - fornecimento e instalação","un",796.11]
[4508193,"Ancoragem ativa com 8 cordoalhas aderentes D = 15,2 mm - fornecimento e instalação","un",939.46]
[4507773,"Ancoragem ativa com 9 cordoalhas aderentes D = 12,7 mm - fornecimento e instalação","un",811.35]
[4507774,"Ancoragem ativa com 9 cordoalhas aderentes D = 15,2 mm - fornecimento e instalação","un",1088.3499999999999]
[4507775,"Ancoragem ativa para lajes com 1 cordoalha aderente D = 12,7 mm - fornecimento e instalação","un",94.96]
[4507776,"Ancoragem ativa para lajes com 1 cordoalha aderente D = 15,2 mm - fornecimento e instalação","un",110.21]
[4507783,"Ancoragem ativa para lajes com 1 cordoalha engraxada D = 12,7 mm - fornecimento e instalação","un",81.73]
[4507784,"Ancoragem ativa para lajes com 1 cordoalha engraxada D = 15,2 mm - fornecimento e instalação","un",114.9]
[4507777,"Ancoragem ativa para lajes com 2 cordoalhas aderentes D = 12,7 mm - fornecimento e instalação","un",185.81]
[4507778,"Ancoragem ativa para lajes com 2 cordoalhas aderentes D = 15,2 mm - fornecimento e instalação","un",235.09]
[4507779,"Ancoragem ativa para lajes com 3 cordoalhas aderentes D = 12,7 mm - fornecimento e instalação","un",249.59]
[4507780,"Ancoragem ativa para lajes com 3 cordoalhas aderentes D = 15,2 mm - fornecimento e instalação","un",293.13]
[4507781,"Ancoragem ativa para lajes com 4 cordoalhas aderentes D = 12,7 mm - fornecimento e instalação","un",334.75]
[4507782,"Ancoragem ativa para lajes com 4 cordoalhas aderentes D = 15,2 mm - fornecimento e instalação","un",398.04]
[4507785,"Ancoragem passiva com 10 cordoalhas aderentes D = 12,7 mm - fornecimento e instalação","un",149.84]
[4508194,"Ancoragem passiva com 10 cordoalhas aderentes D = 15,2 mm - fornecimento e instalação","un",177.45]
[4507786,"Ancoragem passiva com 12 cordoalhas aderentes D = 12,7 mm - fornecimento e instalação","un",181.61]
[4507787,"Ancoragem passiva com 12 cordoalhas aderentes D = 15,2 mm - fornecimento e instalação","un",184.64]
[4507788,"Ancoragem passiva com 15 cordoalhas aderentes D = 12,7 mm - fornecimento e instalação","un",235.94]
[4507789,"Ancoragem passiva com 15 cordoalhas aderentes D = 15,2 mm - fornecimento e instalação","un",284.63]
[4507790,"Ancoragem passiva com 19 cordoalhas aderentes D = 12,7 mm - fornecimento e instalação","un",289]
[4507791,"Ancoragem passiva com 19 cordoalhas aderentes D = 15,2 mm - fornecimento e instalação","un",304.68]
[4507792,"Ancoragem passiva com 22 cordoalhas aderentes D = 12,7 mm - fornecimento e instalação","un",354.55]
[4507793,"Ancoragem passiva com 22 cordoalhas aderentes D = 15,2 mm - fornecimento e instalação","un",416.34]
[4507794,"Ancoragem passiva com 27 cordoalhas aderentes D = 12,7 mm - fornecimento e instalação","un",486.96]
[4507795,"Ancoragem passiva com 27 cordoalhas aderentes D = 15,2 mm - fornecimento e instalação","un",589.71]
[4507796,"Ancoragem passiva com 31 cordoalhas aderentes D = 12,7 mm - fornecimento e instalação","un",561.29999999999995]
[4508190,"Ancoragem passiva com 31 cordoalhas aderentes D = 15,2 mm - fornecimento e instalação","un",721.95]
[4507797,"Ancoragem passiva com 4 cordoalhas aderentes D = 12,7 mm - fornecimento e instalação","un",65.61]
[4507798,"Ancoragem passiva com 4 cordoalhas aderentes D = 15,2 mm - fornecimento e instalação","un",68.48]
[4507799,"Ancoragem passiva com 6 cordoalhas aderentes D = 12,7 mm - fornecimento e instalação","un",102.85]
[4507800,"Ancoragem passiva com 6 cordoalhas aderentes D = 15,2 mm - fornecimento e instalação","un",98.47]
[4507801,"Ancoragem passiva com 7 cordoalhas aderentes D = 12,7 mm - fornecimento e instalação","un",115.75]
[4507802,"Ancoragem passiva com 7 cordoalhas aderentes D = 15,2 mm - fornecimento e instalação","un",119.96]
[4507803,"Ancoragem passiva com 8 cordoalhas aderentes D = 12,7 mm - fornecimento e instalação","un",116.19]
[4508191,"Ancoragem passiva com 8 cordoalhas aderentes D = 15,2 mm - fornecimento e instalação","un",120.4]
[4507804,"Ancoragem passiva com 9 cordoalhas aderentes D = 12,7 mm - fornecimento e instalação","un",144.27000000000001]
[4507805,"Ancoragem passiva com 9 cordoalhas aderentes D = 15,2 mm - fornecimento e instalação","un",151]
[4507806,"Ancoragem passiva para lajes com 1 cordoalha aderente D = 12,7 mm - fornecimento e instalação","un",27.3]
[4507807,"Ancoragem passiva para lajes com 1 cordoalha aderente D = 15,2 mm - fornecimento e instalação","un",32.880000000000003]
[4507866,"Ancoragem passiva para lajes com 1 cordoalha engraxada D = 12,7 mm - fornecimento e instalação","un",76.38]
[4507867,"Ancoragem passiva para lajes com 1 cordoalha engraxada D = 15,2 mm - fornecimento e instalação","un",109.55]
[4507808,"Ancoragem passiva para lajes com 2 cordoalhas aderentes D = 12,7 mm - fornecimento e instalação","un",32.58]
[4507809,"Ancoragem passiva para lajes com 2 cordoalhas aderentes D = 15,2 mm - fornecimento e instalação","un",40.06]
[4507810,"Ancoragem passiva para lajes com 3 cordoalhas aderentes D = 12,7 mm - fornecimento e instalação","un",52.72]
[4507811,"Ancoragem passiva para lajes com 3 cordoalhas aderentes D = 15,2 mm - fornecimento e instalação","un",61.92]
[4507812,"Ancoragem passiva para lajes com 4 cordoalhas aderentes D = 12,7 mm - fornecimento e instalação","un",58.5]
[4507813,"Ancoragem passiva para lajes com 4 cordoalhas aderentes D = 15,2 mm - fornecimento e instalação","un",66.72]
[4507851,"Bainha metálica ovalizada seção 19 x 36 mm para 1 cordoalha D = 12,7 mm - fornecimento, instalação e injeção de nata de cimento","m",22.8]
[4507852,"Bainha metálica ovalizada seção 19 x 36 mm para 2 cordoalhas D = 12,7 mm - fornecimento, instalação e injeção de nata de cimento","m",22.62]
[4507853,"Bainha metálica ovalizada seção 19 x 48 mm para 3 cordoalhas D = 12,7 mm - fornecimento, instalação e injeção de nata de cimento","m",26.31]
[4507854,"Bainha metálica ovalizada seção 19 x 62 mm para 4 cordoalhas D = 12,7 mm - fornecimento, instalação e injeção de nata de cimento","m",27.24]
[4507855,"Bainha metálica ovalizada seção 22 x 32 mm para 1 cordoalha D = 15,2 mm - fornecimento, instalação e injeção de nata de cimento","m",23.22]
[4507856,"Bainha metálica ovalizada seção 22 x 32 mm para 2 cordoalhas D = 15,2 mm - fornecimento, instalação e injeção de nata de cimento","m",22.96]
[4507857,"Bainha metálica ovalizada seção 22 x 55 mm para 3 cordoalhas D = 15,2 mm - fornecimento, instalação e injeção de nata de cimento","m",28.46]
[4507858,"Bainha metálica ovalizada seção 22 x 73 mm para 4 cordoalhas D = 15,2 mm - fornecimento, instalação e injeção de nata de cimento","m",30.7]
[4508177,"Bainha metálica redonda D = 100 mm para 21 cordoalhas D = 15,2 mm - fornecimento, instalação e injeção de nata de cimento","m",61.12]
[4508178,"Bainha metálica redonda D = 100 mm para 22 cordoalhas D = 15,2 mm - fornecimento, instalação e injeção de nata de cimento","m",60.86]
[4507821,"Bainha metálica redonda D = 100 mm para 24 cordoalhas D = 15,2 mm - fornecimento, instalação e injeção de nata de cimento","m",60.34]
[4507822,"Bainha metálica redonda D = 100 mm para 25 cordoalhas D = 15,2 mm - fornecimento, instalação e injeção de nata de cimento","m",60.07]
[4507823,"Bainha metálica redonda D = 100 mm para 30 cordoalhas D = 12,7 mm - fornecimento, instalação e injeção de nata de cimento","m",61.13]
[4508188,"Bainha metálica redonda D = 100 mm para 31 cordoalhas D = 12,7 mm - fornecimento, instalação e injeção de nata de cimento","m",60.95]
[4507824,"Bainha metálica redonda D = 110 mm para 27 cordoalhas D = 15,2 mm - fornecimento, instalação e injeção de nata de cimento","m",67.22]
[4507825,"Bainha metálica redonda D = 110 mm para 37 cordoalhas D = 12,7 mm - fornecimento, instalação e injeção de nata de cimento","m",67.53]
[4507826,"Bainha metálica redonda D = 120 mm para 30 cordoalhas D = 15,2 mm - fornecimento, instalação e injeção de nata de cimento","m",73.349999999999994]
[4508179,"Bainha metálica redonda D = 120 mm para 31 cordoalhas D = 15,2 mm - fornecimento, instalação e injeção de nata de cimento","m",73.09]
[4507827,"Bainha metálica redonda D = 130 mm para 37 cordoalhas D = 15,2 mm - fornecimento, instalação e injeção de nata de cimento","m",78.41]
[4508180,"Bainha metálica redonda D = 30 mm para 2 cordoalhas D = 12,7 mm - fornecimento, instalação e injeção de nata de cimento","m",22.81]
[4507739,"Bainha metálica redonda D = 35 mm para 2 cordoalhas D = 15,2 mm - fornecimento, instalação e injeção de nata de cimento","m",24.2]
[4508181,"Bainha metálica redonda D = 35 mm para 3 cordoalhas D = 12,7 mm - fornecimento, instalação e injeção de nata de cimento","m",24.17]
[4508125,"Bainha metálica redonda D = 40 mm para 3 cordoalhas D = 15,2 mm - fornecimento, instalação e injeção de nata de cimento","m",26.17]
[4507828,"Bainha metálica redonda D = 40 mm para 4 cordoalhas D = 12,7 mm - fornecimento, instalação e injeção de nata de cimento","m",26.23]
[4507829,"Bainha metálica redonda D = 45 mm para 4 cordoalhas D = 15,2 mm - fornecimento, instalação e injeção de nata de cimento","m",28.42]
[4508182,"Bainha metálica redonda D = 45 mm para 5 cordoalhas D = 12,7 mm - fornecimento, instalação e injeção de nata de cimento","m",28.55]
[4508092,"Bainha metálica redonda D = 50 mm para 5 cordoalhas D = 15,2 mm - fornecimento, instalação e injeção de nata de cimento","m",30.56]
[4507830,"Bainha metálica redonda D = 50 mm para 6 cordoalhas D = 12,7 mm - fornecimento, instalação e injeção de nata de cimento","m",30.77]
[4508183,"Bainha metálica redonda D = 55 mm para 7 cordoalhas D = 12,7 mm - fornecimento, instalação e injeção de nata de cimento","m",35.92]
[4507831,"Bainha metálica redonda D = 55 mm para 8 cordoalhas D = 12,7 mm - fornecimento, instalação e injeção de nata de cimento","m",33.130000000000003]
[4507832,"Bainha metálica redonda D = 60 mm para 6 cordoalhas D = 15,2 mm - fornecimento, instalação e injeção de nata de cimento","m",36.630000000000003]
[4507833,"Bainha metálica redonda D = 60 mm para 9 cordoalhas D = 12,7 mm - fornecimento, instalação e injeção de nata de cimento","m",36.549999999999997]
[4507834,"Bainha metálica redonda D = 65 mm para 10 cordoalhas D = 12,7 mm - fornecimento, instalação e injeção de nata de cimento","m",38.85]
[4508184,"Bainha metálica redonda D = 65 mm para 11 cordoalhas D = 12,7 mm - fornecimento, instalação e injeção de nata de cimento","m",38.659999999999997]
[4507835,"Bainha metálica redonda D = 65 mm para 12 cordoalhas D = 12,7 mm - fornecimento, instalação e injeção de nata de cimento","m",38.479999999999997]
[4508174,"Bainha metálica redonda D = 65 mm para 7 cordoalhas D = 15,2 mm - fornecimento, instalação e injeção de nata de cimento","m",38.840000000000003]
[4507836,"Bainha metálica redonda D = 65 mm para 8 cordoalhas D = 15,2 mm - fornecimento, instalação e injeção de nata de cimento","m",38.58]
[4507837,"Bainha metálica redonda D = 70 mm para 15 cordoalhas D = 12,7 mm - fornecimento, instalação e injeção de nata de cimento","m",41.01]
[4507838,"Bainha metálica redonda D = 70 mm para 9 cordoalhas D = 15,2 mm - fornecimento, instalação e injeção de nata de cimento","m",41.39]
[4507839,"Bainha metálica redonda D = 75 mm para 10 cordoalhas D = 15,2 mm - fornecimento, instalação e injeção de nata de cimento","m",43.41]
[4508175,"Bainha metálica redonda D = 75 mm para 11 cordoalhas D = 15,2 mm - fornecimento, instalação e injeção de nata de cimento","m",43.15]
[4507840,"Bainha metálica redonda D = 75 mm para 16 cordoalhas D = 12,7 mm - fornecimento, instalação e injeção de nata de cimento","m",43.11]
[4507841,"Bainha metálica redonda D = 75 mm para 18 cordoalhas D = 12,7 mm - fornecimento, instalação e injeção de nata de cimento","m",42.74]
[4507842,"Bainha metálica redonda D = 80 mm para 12 cordoalhas D = 15,2 mm - fornecimento, instalação e injeção de nata de cimento","m",46.88]
[4508185,"Bainha metálica redonda D = 80 mm para 19 cordoalhas D = 12,7 mm - fornecimento, instalação e injeção de nata de cimento","m",46.55]
[4507843,"Bainha metálica redonda D = 80 mm para 20 cordoalhas D = 12,7 mm - fornecimento, instalação e injeção de nata de cimento","m",46.37]
[4507844,"Bainha metálica redonda D = 85 mm para 15 cordoalhas D = 15,2 mm - fornecimento, instalação e injeção de nata de cimento","m",49.48]
[4508186,"Bainha metálica redonda D = 85 mm para 21 cordoalhas D = 12,7 mm - fornecimento, instalação e injeção de nata de cimento","m",49.57]
[4508187,"Bainha metálica redonda D = 85 mm para 22 cordoalhas D = 12,7 mm - fornecimento, instalação e injeção de nata de cimento","m",49.39]
[4507845,"Bainha metálica redonda D = 85 mm para 24 cordoalhas D = 12,7 mm - fornecimento, instalação e injeção de nata de cimento","m",49.03]
[4507846,"Bainha metálica redonda D = 85 mm para 25 cordoalhas D = 12,7 mm - fornecimento, instalação e injeção de nata de cimento","m",48.84]
[4507847,"Bainha metálica redonda D = 90 mm para 16 cordoalhas D = 15,2 mm - fornecimento, instalação e injeção de nata de cimento","m",54.98]
[4507848,"Bainha metálica redonda D = 90 mm para 18 cordoalhas D = 15,2 mm - fornecimento, instalação e injeção de nata de cimento","m",54.46]
[4507849,"Bainha metálica redonda D = 90 mm para 27 cordoalhas D = 12,7 mm - fornecimento, instalação e injeção de nata de cimento","m",54.23]
[4508176,"Bainha metálica redonda D = 95 mm para 19 cordoalhas D = 15,2 mm - fornecimento, instalação e injeção de nata de cimento","m",56.48]
[4507850,"Bainha metálica redonda D = 95 mm para 20 cordoalhas D = 15,2 mm - fornecimento, instalação e injeção de nata de cimento","m",56.22]
[4507956,"Cordoalha CP 190 RB D = 12,7 mm - fornecimento e instalação","kg",11.08]
[4507957,"Cordoalha CP 190 RB D = 15,2 mm - fornecimento e instalação","kg",11.39]
[4507958,"Cordoalha engraxada CP 190 RB D = 12,7 mm - fornecimento e instalação","kg",16.87]
[4507959,"Cordoalha engraxada CP 190 RB D = 15,2 mm - fornecimento e instalação","kg",16.87]
[4516138,"Gaiola metálica em cantoneira para armazenamento e manipulação de cordoalha - confecção","kg",9.8000000000000007]
[4516137,"Nicho de madeira para dispositivo de ancoragem de protensão - confecção e instalação","m²",133.52000000000001]
[4805755,"Apiloamento manual","m³",33.159999999999997]
[4805756,"Apiloamento manual de superfície com espessura de 15 cm","m²",4.97]
[4816020,"Areia extraída com draga de sucção tipo bomba","m³",13.08]
[4816019,"Areia extraída com escavadeira hidráulica de longo alcance","m³",8.34]
[4816018,"Areia extraída com trator e carregadeira","m³",6.69]
[4816012,"Brita produzida em central de britagem de 80 m³/h","m³",56.33]
[4815805,"Calandragem de chapa metálica com espessura de 3 mm","m²",14.54]
[4815802,"Calandragem de chapa metálica com espessura de 5 mm","m²",21.47]
[4805754,"Compactação manual com soquete vibratório","m³",7.71]
[4816145,"Confecção de canaleta meia cana D = 0,30 m - areia e brita comerciais","m",28.65]
[4816144,"Confecção de canaleta meia cana D = 0,30 m - areia extraída e brita produzida","m",26.56]
[4816147,"Confecção de canaleta meia cana D = 0,40 m - areia e brita comerciais","m",39.93]
[4816146,"Confecção de canaleta meia cana D = 0,40 m - areia extraída e brita produzida","m",36.17]
[4816121,"Confecção de tubos de concreto D = 0,20 m - areia e brita comerciais","m",32.35]
[4816120,"Confecção de tubos de concreto D = 0,20 m - areia extraída e brita produzida","m",29.42]
[4816123,"Confecção de tubos de concreto D = 0,30 m - areia e brita comerciais","m",42.87]
[4816122,"Confecção de tubos de concreto D = 0,30 m - areia extraída e brita produzida","m",38.69]
[4816125,"Confecção de tubos de concreto D = 0,40 m - areia e brita comerciais","m",61.56]
[4816124,"Confecção de tubos de concreto D = 0,40 m - areia extraída e brita produzida","m",54.03]
[4816022,"Confecção de tubos de concreto D = 0,50 m - areia e brita comerciais","m",83.45]
[4816021,"Confecção de tubos de concreto D = 0,50 m - areia extraída e brita produzida","m",71.8]
[4816106,"Confecção de tubos de concreto perfurado D = 0,20 m - areia e brita comerciais","m",33.450000000000003]
[4816105,"Confecção de tubos de concreto perfurado D = 0,20 m - areia extraída e brita produzida","m",30.52]
[4816108,"Confecção de tubos de concreto perfurado D = 0,30 m - areia e brita comerciais","m",43.98]
[4816107,"Confecção de tubos de concreto perfurado D = 0,30 m - areia extraída e brita produzida","m",39.79]
[4816110,"Confecção de tubos de concreto perfurado D = 0,40 m - areia e brita comerciais","m",62.66]
[4816109,"Confecção de tubos de concreto perfurado D = 0,40 m - areia extraída e brita produzida","m",55.13]
[4816100,"Confecção de tubos de concreto poroso D = 0,20 m - areia e brita comerciais","m",33.85]
[4816099,"Confecção de tubos de concreto poroso D = 0,20 m - areia extraída e brita produzida","m",31.56]
[4816102,"Confecção de tubos de concreto poroso D = 0,30 m - areia e brita comerciais","m",43.71]
[4816101,"Confecção de tubos de concreto poroso D = 0,30 m - areia extraída e brita produzida","m",41.27]
[4816104,"Confecção de tubos de concreto poroso D = 0,40 m - areia e brita comerciais","m",63.04]
[4816103,"Confecção de tubos de concreto poroso D = 0,40 m - areia extraída e brita produzida","m",57.13]
[4815804,"Dobramento de chapas de alumínio com espessura de 1,5 mm e comprimento de dobra de até 500 mm","un",0.54]
[4816002,"Escavação de tunnel liner em material de 3ª categoria","m³",1373.54]
[4805765,"Escavação de vala em material de 3ª categoria","m³",201.7]
[4816000,"Escavação manual de tunnel liner em material de 1ª categoria","m³",474.92]
[4816001,"Escavação manual de tunnel liner em material de 2ª categoria","m³",824.06]
[4805749,"Escavação manual de vala em material de 1ª categoria","m³",74.959999999999994]
[4805751,"Escavação manual em material de 1ª categoria na profundidade de 1 a 2 m","m³",56.22]
[4805752,"Escavação manual em material de 1ª categoria na profundidade de 2 a 3 m","m³",67.47]
[4805753,"Escavação manual em material de 1ª categoria na profundidade de 3 a 4 m","m³",78.709999999999994]
[4805750,"Escavação manual em material de 1ª categoria na profundidade de até 1 m","m³",44.98]
[4805767,"Escavação manual em material de 2ª categoria na profundidade de 1 a 2 m","m³",77.819999999999993]
[4805769,"Escavação manual em material de 2ª categoria na profundidade de 2 a 3 m","m³",92.64]
[4805770,"Escavação manual em material de 2ª categoria na profundidade de 3 a 4 m","m³",107.46]
[4805760,"Escavação manual em material de 2ª categoria na profundidade de até 1 m","m³",63]
[4805757,"Escavação mecânica de vala em material de 1ª categoria","m³",6.95]
[4805762,"Escavação mecânica de vala em material de 2ª categoria","m³",8.59]
[4806395,"Fixação de parafuso em estrutura metálica","un",5.61]
[4816003,"Iluminação provisória para tunnel liner","m",43.04]
[4816017,"Material pétreo produzido em britador de mandíbulas móvel - camada final de aterro em rocha","m³",22.93]
[4816023,"Operação de mergulho autônomo em profundidade de até 20 m","h",269.8]
[4816025,"Operação de mergulho dependente em profundidade de 30 a 50 m - inclusive descompressão","h",516.72]
[4816024,"Operação de mergulho dependente em profundidade de até 30 m - inclusive descompressão","h",345.34]
[4816005,"Pedra de mão produzida manualmente","m³",89.44]
[4800400,"Preparo e regularização de terreno em desnível","m²",5.23]
[4816016,"Rachão ou pedra de mão produzida","m³",42.78]
[4800412,"Raspagem e limpeza de terreno plano","m²",4.5]
[4815671,"Reaterro e compactação com soquete vibratório","m³",18.48]
[4815803,"Rebordeamento de chapa metálica com espessura de 5 mm","m",8.1300000000000008]
[4816011,"Recarga de cilindro com ar respirável para atividades de mergulho","m³",1796.06]
[4816014,"Rocha para britagem com perfuratriz manual","m³",48.53]
[4816010,"Rocha para britagem com perfuratriz sobre esteira","m³",40.22]
[4816015,"Rocha para britagem com perfuratriz sobre esteira - camada final de aterro em rocha","m³",24.61]
[4816119,"Selo de argila apiloado (solo local)","m³",37.58]
[4816004,"Ventilação provisória para tunnel liner","m",52.03]
[4915652,"Bico de adesão para injeção de adesivo estrutural à base de resina epóxi - fornecimento, instalação e retirada","un",8.83]
[4915651,"Bico de perfuração para injeção de adesivo estrutural à base de resina epóxi - fornecimento, instalação e retirada","un",10.43]
[4915723,"Caiação manual com fixador de cal","m²",3.39]
[4915724,"Caiação mecanizada com fixador de cal","m²",2.14]
[4915637,"Capa selante - areia comercial","m²",1.1399999999999999]
[4915779,"Capa selante - areia extraída","m²",0.93]
[4915638,"Capa selante - brita produzida","m²",1.05]
[4915636,"Capa selante - pedrisco comercial","m²",1.38]
[4915744,"Capina manual","m²",0.75]
[4915700,"Combate à exsudação - areia comercial","m²",1.2]
[4915590,"Combate à exsudação - areia extraída","m²",0.95]
[4915591,"Combate à exsudação - brita produzida","m²",1.08]
[4915701,"Combate à exsudação - pedrisco comercial","m²",1.42]
[4915703,"Correção de defeitos com mistura betuminosa","m³",114.8]
[4915705,"Correção de defeitos por fresagem descontínua do revestimento asfáltico - espessura de 5 cm","m³",168.57]
[4915743,"Corte e limpeza de áreas gramadas","m²",0.09]
[4915768,"Corte e remoção de árvores","m³",15.56]
[4915713,"Desobstrução de bueiro","m³",66.319999999999993]
[4915655,"Fresagem contínua de revestimento asfáltico - espessura de 3 cm","m³",104.91]
[4915656,"Fresagem contínua de revestimento asfáltico - espessura de 4 cm","m³",82.86]
[4915657,"Fresagem contínua de revestimento asfáltico - espessura de 5 cm","m³",69.81]
[4915658,"Fresagem contínua de revestimento asfáltico - espessura de 6 cm","m³",61.33]
[4915659,"Fresagem contínua de revestimento asfáltico - espessura de 7 cm","m³",55.46]
[4915660,"Fresagem contínua de revestimento asfáltico - espessura de 8 cm","m³",51.33]
[4915661,"Fresagem descontínua de revestimento asfáltico - espessura de 3 cm","m³",146.04]
[4915662,"Fresagem descontínua de revestimento asfáltico - espessura de 4 cm","m³",116.27]
[4915663,"Fresagem descontínua de revestimento asfáltico - espessura de 5 cm","m³",97.2]
[4915664,"Fresagem descontínua de revestimento asfáltico - espessura de 6 cm","m³",86.1]
[4915665,"Fresagem descontínua de revestimento asfáltico - espessura de 7 cm","m³",78.58]
[4915666,"Fresagem descontínua de revestimento asfáltico - espessura de 8 cm","m³",73.22]
[4915650,"Injeção de adesivo estrutural à base de resina epóxi de baixa viscosidade para tratamento de fissuras em estruturas de concreto - fornecimento e aplicação manual","kg",295.23]
[4915645,"Injeção de adesivo estrutural à base de resina epóxi de baixa viscosidade para tratamento de fissuras em estruturas de concreto - fornecimento e aplicação mecanizada","kg",217.44]
[4915712,"Limpeza de bueiro","m³",22.11]
[4915711,"Limpeza de descida d'água","m",1.47]
[4915718,"Limpeza de dispositivos de sinalização viária - placas e delineadores refletivos","m²",9.92]
[4915790,"Limpeza de emulsão asfáltica ou asfalto diluído derramados na pista - remoção com minicarregadeira com vassoura e descarga livre","t",226.86]
[4915793,"Limpeza de líquidos combustíveis derramados na pista - remoção com minicarregadeira com vassoura e descarga livre","t",171.22]
[4915792,"Limpeza de material asfáltico derramado fora da pista - remoção com escavadeira hidráulica e caminhão basculante","t",57.55]
[4915672,"Limpeza de ponte","m",4.42]
[4915708,"Limpeza de sarjeta e meio-fio","m",0.74]
[4915710,"Limpeza de vala de drenagem","m",4.42]
[4915709,"Limpeza de valeta de corte","m",1.1100000000000001]
[4915686,"Limpeza e desobstrução de dispositivos de drenagem em OAE","un",4.42]
[4915687,"Limpeza e desobstrução de drenos de obras de contenção","un",2.76]
[4915634,"Limpeza e desobstrução mecanizada de bueiros com diâmetro acima de 1,00 até 1,50 m","m",71.36]
[4915633,"Limpeza e desobstrução mecanizada de bueiros com diâmetro de até 1,00 m","m",23.54]
[4915714,"Limpeza e enchimento com resina epóxi de fissuras niveladas com abertura máxima de 0,4 mm e profundidade de 20 mm em pavimento de concreto que não atravessam toda a espessura da placa","m",3.04]
[4915507,"Limpeza e remoção de vegetação entre escamas de concreto com o uso de herbicida em alturas acima de 4 metros","m",65.22]
[4915587,"Limpeza e remoção de vegetação entre escamas de concreto com o uso de herbicida em alturas de até 4 metros","m",45.13]
[4915759,"Limpeza e remoção de vegetação junto aos aparelhos de apoio de OAE com o uso de herbicida","un",7.45]
[4915758,"Limpeza e remoção de vegetação nas juntas de dilatação com o uso de herbicida","m",4.45]
[4915640,"Limpeza e remoção manual de material retido em terra firme em OAE","m³",22.11]
[4915639,"Limpeza em superfície de concreto com escova de aço","m²",4.42]
[4915508,"Limpeza em superfície de escamas de concreto com escova de aço em alturas acima de 4 metros","m²",65.2]
[4915588,"Limpeza em superfície de escamas de concreto com escova de aço em alturas de até 4 metros","m²",45.12]
[4915695,"Limpeza, serragem e enchimento de fissuras niveladas com abertura entre 0,4 mm e 1,0 mm e profundidade de 25 mm em pavimento de concreto com CAP","m",7.43]
[4915696,"Limpeza, serragem e enchimento de fissuras niveladas com abertura entre 0,4 mm e 1,0 mm e profundidade de 25 mm em pavimento de concreto com CAP com polímero","m",7.43]
[4915694,"Limpeza, serragem e enchimento de fissuras niveladas com abertura entre 0,4 mm e 1,0 mm e profundidade de 25 mm em pavimento de concreto com selante elástico a frio","m",30.63]
[4915654,"Lixamento mecanizado em superfície de concreto","m²",12.22]
[4900001,"Material de base","m³",0]
[4915801,"Mistura betuminosa","m³",0]
[4916290,"Mistura betuminosa a frio executada em betoneira - faixa C - areia e brita comerciais","m³",424.74]
[4915765,"Poda de árvores com 5,0 m a 7,5 m de altura","m³",190.38]
[4915766,"Poda de árvores com 7,5 m a 10 m de altura","m³",111.75]
[4915764,"Poda de árvores com até 5 m de altura","m³",342.69]
[4915767,"Poda de árvores com mais de 10 m de altura","m³",73.430000000000007]
[4915777,"Reassentamento manual de meio-fio com material arrancado da pista","m",14.4]
[4915618,"Recomposição de camada granular do pavimento com material de jazida - 100% Proctor modificado","m²",4.8099999999999996]
[4915774,"Recomposição de erosão em corte ou aterro com material de jazida","m³",25.91]
[4915719,"Recomposição de placa de sinalização","m²",37.22]
[4915611,"Recomposição de revestimento primário com material de jazida - 100% Proctor intermediário","m³",12.13]
[4915733,"Recomposição manual de aterro com material de jazida","m³",41.9]
[4915734,"Recomposição mecanizada de aterro com material de jazida","m³",14.51]
[4915727,"Recomposição parcial de cerca com mourão de concreto - arame","m",10.79]
[4915726,"Recomposição parcial de cerca com mourão de concreto seção quadrada - mourão - areia e brita comerciais","m",25.98]
[4915594,"Recomposição parcial de cerca com mourão de concreto seção quadrada - mourão - areia extraída e brita produzida","m",24.55]
[4915729,"Recomposição parcial de cerca com mourão de concreto seção triangular - mourão - areia e brita comerciais","m",19.96]
[4915596,"Recomposição parcial de cerca com mourão de concreto seção triangular - mourão - areia extraída e brita comercial","m",19.34]
[4915732,"Recomposição parcial de cerca com mourão de madeira - arame","m",8.23]
[4915731,"Recomposição parcial de cerca com mourão de madeira - mourão","m",20.18]
[4915725,"Recomposição total de cerca com mourão de concreto seção quadrada - areia e brita comerciais","m",30.94]
[4915593,"Recomposição total de cerca com mourão de concreto seção quadrada - areia extraída e brita produzida","m",29.51]
[4915728,"Recomposição total de cerca com mourão de concreto seção triangular - areia e brita comerciais","m",30.34]
[4915595,"Recomposição total de cerca com mourão de concreto seção triangular - areia extraída e brita produzida","m",29.72]
[4915730,"Recomposição total de cerca com mourão de madeira","m",27.54]
[4915598,"Reconformação da plataforma","m²",0.12]
[4915748,"Recuperação de desgaste superficial em pavimentos de concreto","m²",243.09]
[4915608,"Regularização de taludes e valas com soquete vibratório","m²",2.82]
[4915613,"Regularização mecânica da faixa de domínio","m²",0.27]
[4915692,"Remendo profundo com imprimação com asfalto diluído - demolição manual","m³",410.24]
[4915746,"Remendo profundo com imprimação com asfalto diluído - demolição mecânica e corte com serra","m³",316.11]
[4915630,"Remendo profundo com imprimação com emulsão asfáltica - demolição manual","m³",410.24]
[4915631,"Remendo profundo com imprimação com emulsão asfáltica - demolição mecânica e corte com serra","m³",316.11]
[4915785,"Remoção de animais de grande porte mortos em rodovia - carga e descarga com guindauto","t",407.25]
[4915786,"Remoção de animais de pequeno porte mortos em rodovia - carga manual","t",169.76]
[4915795,"Remoção de emborrachados de pneus em rodovia","t",384.85]
[4915800,"Remoção de espécimes arbóreos de 20 a 40 m tombados na pista","t",51.26]
[4915799,"Remoção de espécimes arbóreos de até 20 m tombados na pista","t",39.659999999999997]
[4915698,"Remoção de grãos, agregados e solos derramados na pista em rodovias","t",20.71]
[4915794,"Remoção de sucatas derramadas em rodovia - cinta com utilização de 100 vezes","t",618.17999999999995]
[4915789,"Remoção de veículos de grande porte incendiados em rodovia - carga e descarga com guindaste - cinta com utilização de 100 vezes","un",1850.83]
[4915798,"Remoção de veículos de grande porte tombados em rodovia - cinta com utilização de 100 vezes","un",1754.82]
[4915788,"Remoção de veículos de médio porte incendiados em rodovia - carga e descarga com guindaste - cinta com utilização de 100 vezes","un",1678.59]
[4915797,"Remoção de veículos de médio porte tombados em rodovia - cinta com utilização de 100 vezes","un",995.58]
[4915787,"Remoção de veículos de pequeno porte incendiados em rodovia - carga e descarga com guindauto - cinta com utilização de 100 vezes","un",923.19]
[4915796,"Remoção de veículos de pequeno porte tombados em rodovia - cinta com utilização de 100 vezes","un",362.95]
[4915760,"Remoção de vestígios de óleo ou graxa na superfície do revestimento do pavimento","m²",21.87]
[4915699,"Remoção de vidros, caixas e engradados derramados na pista em rodovia","t",32.11]
[4915736,"Remoção manual de barreira em rocha","m³",16.63]
[4915735,"Remoção manual de barreira em solo","m³",13.49]
[4915670,"Remoção manual de camada granular do pavimento","m³",197.23]
[4915668,"Remoção manual de revestimento asfáltico","m³",308.69]
[4915761,"Remoção manual de vegetação daninha","m²",4.42]
[4915762,"Remoção manual de vegetação daninha em frestas","m",2.21]
[4915738,"Remoção mecanizada de barreira em rocha","m³",6.09]
[4915737,"Remoção mecanizada de barreira em solo","m³",5.0999999999999996]
[4915669,"Remoção mecanizada de camada granular do pavimento","m³",8.25]
[4915667,"Remoção mecanizada de revestimento asfáltico","m³",13.42]
[4915632,"Reparo localizado com pintura de ligação - demolição mecânica e corte com serra","m³",447.93]
[4915753,"Reparo no interior de placa de pavimento de concreto","m³",1486.79]
[4915776,"Roçada com roçadeira costal","ha",798.02]
[4915740,"Roçada manual","ha",1874.06]
[4915741,"Roçada manual de capim colonião","ha",4497.74]
[4915775,"Roçada mecanizada com roçadeira articulada","ha",872.88]
[4915742,"Roçada mecanizada com roçadeira de arraste","ha",526.51]
[4915626,"Selagem de trincas mecanizada em pavimento flexível com emulsão - areia comercial","m",2.79]
[4915653,"Selagem superficial de fissuras com adesivo estrutural à base de resina epóxi de alta viscosidade, inclusive limpeza superficial - fornecimento e aplicação","kg",72.31]
[4915623,"Solo brita para base de remendo profundo - brita comercial","m³",75.12]
[4915625,"Solo melhorado com cimento para base de remendo profundo","m³",59.14]
[4915621,"Solo para base de remendo profundo","m³",5.1100000000000003]
[4915720,"Substituição de balizador - areia e brita comerciais","un",32.979999999999997]
[4915592,"Substituição de balizador - areia extraída e brita produzida","un",32.479999999999997]
[4913703,"Substituição de cartucho de absorção de energia tipo A - fornecimento e instalação, e reposicionamento do amortecedor retrátil","un",5584.25]
[4913704,"Substituição de cartucho de absorção de energia tipo B - fornecimento, instalação e reposicionamento do amortecedor retrátil","un",5464.27]
[4915757,"Tapa buraco com pintura de ligação - demolição com serra corta piso","m³",470.06]
[4915678,"Tapa buraco com pintura de ligação - demolição manual","m³",417.22]
[4919547,"Tela de proteção para roçada em tubo galvanizado 4,0 X 1,5 m - confecção","un",485.76]
[4915716,"Tratamento de fissuras do tipo rendilhado em pavimentos de concreto","m²",14.42]
[4915750,"Tratamento de fissuras transversais com abertura maior que 1,0 mm em pavimentos de concreto","m",223.69]
[4915769,"Trituração de galhos e troncos com diâmetro de até 350 mm","m³",33.74]
[5213836,"Balizador cônico refletivo em polietileno semiflexível de 114 x 11 x 40 cm - utilização de 150 ciclos - fornecimento, 01 implantação e 01 retirada diária","un.dia",1.25]
[5213368,"Balizador de concreto - areia e brita comerciais - fornecimento e implantação","un",20.53]
[5213367,"Balizador de concreto - areia extraída e brita produzida - fornecimento e implantação","un",19.55]
[5213385,"Barreira de sinalização tipo I de direcionamento ou bloqueio - confecção","un",412.73]
[5213343,"Barreira de sinalização tipo I de direcionamento ou bloqueio - utilização de 150 ciclos - fornecimento, 01 implantação e 01 retirada diária","un.dia",4.28]
[5213390,"Barreira de sinalização tipo I de direcionamento ou bloqueio contínua - confecção","m",356.16]
[5213344,"Barreira de sinalização tipo I de direcionamento ou bloqueio contínua - utilização de 150 ciclos - fornecimento, 01 implantação e 01 retirada diária","m.dia",3.75]
[5213386,"Barreira de sinalização tipo II de direcionamento ou bloqueio - confecção","un",660.28]
[5213345,"Barreira de sinalização tipo II de direcionamento ou bloqueio - utilização de 150 ciclos - fornecimento, 01 implantação e 01 retirada diária","un.dia",6.28]
[5213387,"Barreira de sinalização tipo III de direcionamento ou bloqueio - confecção","un",942.48]
[5213346,"Barreira de sinalização tipo III de direcionamento ou bloqueio - utilização de 150 ciclos - fornecimento, 01 implantação e 01 retirada diária","un.dia",8.7799999999999994]
[5213843,"Barreira plástica articulável modular 240 x 100 cm na cor amarela - utilização de 600 ciclos - fornecimento, 01 implantação e 01 retirada diária","m.dia",1.04]
[5213833,"Barreira plástica monobloco para canalização de trânsito - 101 x 50 x 55 cm - utilização de 600 ciclos - fornecimento, 01 implantação e 01 retirada diária","un.dia",11.61]
[5213834,"Barreira plástica para canalização de trânsito - 60 x 45 x 60 cm - utilização de 600 ciclos - fornecimento, 01 implantação e 01 retirada diária","un.dia",7.61]
[5219544,"Cavalete em perfil metálico para placa de sinalização - 1,00 m x 1,00 m - confecção","un",227.75]
[5213383,"Cavalete em polietileno zebrado com faixa refletiva - H = 1,00 m - utilização de 600 ciclos - fornecimento, 01 implantação e 01 retirada diária","un.dia",0.83]
[5213380,"Cavalete em polietileno zebrado com faixa refletiva e com sinalizador a LED com bateria - H = 1,00 m - utilização de 600 ciclos - fornecimento, 01 implantação e 01 retirada diária","un.dia",1.94]
[5213838,"Cilindro canalizador de tráfego com base quadrada de 111 x 56 x 56 cm - utilização de 600 ciclos - fornecimento, 01 implantação e 01 retirada diária","un.dia",5.18]
[5213837,"Cilindro flexível delimitador de tráfego com duas faixas refletivas e chumbador - D = 20 cm e H = 80 cm","un",174.48]
[5213835,"Cone plástico para canalização de trânsito - utilização de 150 ciclos - fornecimento, 01 implantação e 01 retirada diária","un.dia",0.77]
[5213839,"Dispositivo de direcionamento ou bloqueio tipo tapume - confecção","m²",354.27]
[5213347,"Dispositivo de direcionamento ou bloqueio tipo tapume - utilização de 150 ciclos - fornecimento, 01 implantação e 01 retirada diária","m².dia",7.6]
[5213840,"Dispositivo de direcionamento ou bloqueio tipo tela plástica com suporte fixo - confecção","m²",55.1]
[5213349,"Dispositivo de direcionamento ou bloqueio tipo tela plástica com suporte fixo - utilização de 150 ciclos - fornecimento, 01 implantação e 01 retirada diária","m².dia",0.81]
[5213841,"Dispositivo de direcionamento ou bloqueio tipo tela plástica com suporte móvel afixado em bloco de concreto - confecção","m²",84.3]
[5213348,"Dispositivo de direcionamento ou bloqueio tipo tela plástica com suporte móvel afixado em bloco de concreto - utilização de 150 ciclos - fornecimento, 01 implantação e 01 retirada diária","m².dia",0.91]
[5216116,"Fabricação de balizador de concreto - seção circular de 10 cm - areia e brita comerciais","un",17.54]
[5216115,"Fabricação de balizador de concreto - seção circular de 10 cm - areia extraída e brita produzida","un",17.04]
[5213842,"Fita zebrada para dispositivos de canalização de trânsito - fornecimento, implantação e retirada","m",0.13]
[5213358,"Laminado elastoplástico para sinalização horizontal - espessura de 1,5 mm - fornecimento e implantação","m²",191.1]
[5213848,"Luz de advertência e bateria para dispositivos de sinalização - utilização de 200 ciclos - fornecimento, 01 implantação e 01 retirada diária","un.dia",1.1100000000000001]
[5214012,"Manutenção/recomposição de sinalização - pintura de faixa com tinta acrílica - espessura de 0,4 mm","m²",20.79]
[5213356,"Manutenção/recomposição de sinalização - pintura de faixa com tinta acrílica - espessura de 0,6 mm","m²",28.65]
[5214011,"Manutenção/recomposição de sinalização - pintura de faixa com tinta acrílica emulsionada em água - espessura de 0,3 mm","m²",13.07]
[5213354,"Manutenção/recomposição de sinalização - pintura de faixa com tinta acrílica emulsionada em água - espessura de 0,4 mm","m²",15.66]
[5213355,"Manutenção/recomposição de sinalização - pintura de faixa com tinta acrílica emulsionada em água - espessura de 0,5 mm","m²",18.28]
[5213850,"Operação de sinalização por bandeirola de tecido ou com placa metálica","h",22.11]
[5213846,"Painel com seta luminosa montado em chassi de caminhão com prancha","h",6.53]
[5213847,"Painel com seta luminosa montado em chassi de caminhão com prancha e amortecedor retrátil","h",110.45]
[5213845,"Painel de mensagens variáveis, portátil móvel, LED, com banco fotovoltaico de energia e montado em chassi com engate","h",33.380000000000003]
[5213412,"Pintura de faixa com plástico a frio bicomponente à base de resinas metacrílicas por dispersão (estrutura)","m²",128.79]
[5213411,"Pintura de faixa com plástico a frio bicomponente à base de resinas metacrílicas por extrusão (alto relevo)","m²",225.99]
[5214009,"Pintura de faixa com plástico a frio bicomponente à base de resinas metacrílicas por extrusão (plano) - espessura de 1,5 mm","m²",128.79]
[5214010,"Pintura de faixa com plástico a frio bicomponente à base de resinas metacrílicas por extrusão (plano) - espessura de 3,0 mm","m²",234.44]
[5213413,"Pintura de faixa com plástico a frio tricomponente à base de resinas metacrílicas por aspersão - espessura de 0,6 mm","m²",71.05]
[5213410,"Pintura de faixa com termoplástico em alto relevo tipo I por extrusão - relevo duplo com base","m²",149.16999999999999]
[5214004,"Pintura de faixa com termoplástico em alto relevo tipo II por extrusão - relevo simples ranhurado com base","m²",176.64]
[5214005,"Pintura de faixa com termoplástico em alto relevo tipo III por extrusão - relevo simples com base","m²",159.72]
[5214006,"Pintura de faixa com termoplástico em alto relevo tipo IV por extrusão - relevo simples sem base","m²",107.23]
[5214007,"Pintura de faixa com termoplástico em alto relevo tipo V por extrusão - relevo multipontos sem base (gotas)","m²",93.5]
[5214008,"Pintura de faixa com termoplástico em alto relevo tipo VI por extrusão - relevo multipontos sem base (calotas)","m²",92.02]
[5213408,"Pintura de faixa com termoplástico por aspersão - espessura de 1,5 mm","m²",49.1]
[5213400,"Pintura de faixa com tinta acrílica - espessura de 0,4 mm","m²",21.06]
[5213401,"Pintura de faixa com tinta acrílica - espessura de 0,6 mm","m²",28.97]
[5214001,"Pintura de faixa com tinta acrílica emulsionada em água - espessura de 0,3 mm","m²",13.32]
[5213402,"Pintura de faixa com tinta acrílica emulsionada em água - espessura de 0,4 mm","m²",15.93]
[5213403,"Pintura de faixa com tinta acrílica emulsionada em água - espessura de 0,5 mm","m²",18.579999999999998]
[5214003,"Pintura de setas e zebrados com termoplástico por aspersão - espessura de 1,5 mm","m²",61.09]
[5213409,"Pintura de setas e zebrados com termoplástico por extrusão - espessura de 3,0 mm","m²",97.74]
[5213404,"Pintura de setas e zebrados com tinta acrílica - espessura de 0,4 mm","m²",36.65]
[5213405,"Pintura de setas e zebrados com tinta acrílica - espessura de 0,6 mm","m²",43.97]
[5214002,"Pintura de setas e zebrados com tinta acrílica emulsionada em água - espessura de 0,3 mm","m²",29.14]
[5213406,"Pintura de setas e zebrados com tinta acrílica emulsionada em água - espessura de 0,4 mm","m²",31.52]
[5213407,"Pintura de setas e zebrados com tinta acrílica emulsionada em água - espessura de 0,5 mm","m²",33.89]
[5212552,"Pintura eletrostática a pó com tinta poliéster em chapa de aço","m²",18.87]
[5213464,"Placa de advertência em aço, lado de 0,60 m - película retrorrefletiva tipo I + SI - fornecimento e implantação","un",288.79000000000002]
[5213465,"Placa de advertência em aço, lado de 0,80 m - película retrorrefletiva tipo I + SI - fornecimento e implantação","un",496.77]
[5213466,"Placa de advertência em aço, lado de 1,00 m - película retrorrefletiva tipo I + SI - fornecimento e implantação","un",697.43]
[5213467,"Placa de advertência em aço, lado de 1,20 m - película retrorrefletiva tipo III + SI - fornecimento e implantação","un",1081.08]
[5213468,"Placa de advertência em fibra, lado de 0,60 m - película retrorrefletiva tipo I + SI - fornecimento e implantação","un",272.39999999999998]
[5213469,"Placa de advertência em fibra, lado de 0,80 m - película retrorrefletiva tipo I + SI - fornecimento e implantação","un",465.56]
[5213470,"Placa de advertência em fibra, lado de 1,00 m - película retrorrefletiva tipo I + SI - fornecimento e implantação","un",651.91]
[5213471,"Placa de advertência em fibra, lado de 1,20 m - película retrorrefletiva tipo III + SI - fornecimento e implantação","un",1015.53]
[5212560,"Placa de advertência para sinalização de obras montada em suporte metálico móvel, lado 1,00 m - utilização de 600 ciclos - fornecimento, 01 implantação e 01 retirada diária","un.dia",4.04]
[5213472,"Placa de marco quilométrico em aço - 0,60 x 0,865 m - película retrorrefletiva tipo I + I - fornecimento e implantação","un",315.35000000000002]
[5213473,"Placa de marco quilométrico em aço - 0,70 x 1,00 m - película retrorrefletiva tipo I + III - fornecimento e implantação","un",408.45]
[5213474,"Placa de marco quilométrico em fibra - 0,60 x 0,865 m - película retrorrefletiva tipo I + I - fornecimento e implantação","un",288.05]
[5213475,"Placa de marco quilométrico em fibra - 0,70 x 1,00 m - película retrorrefletiva tipo I + III - fornecimento e implantação","un",374.32]
[5213440,"Placa de regulamentação em aço D = 0,60 m - película retrorrefletiva tipo I + SI - fornecimento e implantação","un",288.75]
[5213441,"Placa de regulamentação em aço D = 0,80 m - película retrorrefletiva tipo I + SI - fornecimento e implantação","un",496.82]
[5213442,"Placa de regulamentação em aço D = 1,00 m - película retrorrefletiva tipo I + SI - fornecimento e implantação","un",697.43]
[5213443,"Placa de regulamentação em aço D = 1,20 m - película retrorrefletiva tipo III + SI - fornecimento e implantação","un",1081.0999999999999]
[5213444,"Placa de regulamentação em aço, R1 lado 0,248 m - película retrorrefletiva tipo I + SI - fornecimento e implantação","un",288.81]
[5213445,"Placa de regulamentação em aço, R1 lado 0,331 m - película retrorrefletiva tipo I + SI - fornecimento e implantação","un",496.73]
[5213446,"Placa de regulamentação em aço, R1 lado 0,414 m - película retrorrefletiva tipo I + SI - fornecimento e implantação","un",697.43]
[5213447,"Placa de regulamentação em aço, R1 lado 0,497 m - película retrorrefletiva tipo III + SI - fornecimento e implantação","un",1081.1600000000001]
[5213448,"Placa de regulamentação em aço, R2 lado 0,60 m - película retrorrefletiva tipo I + SI - fornecimento e implantação","un",198.24]
[5213449,"Placa de regulamentação em aço, R2 lado 0,80 m - película retrorrefletiva tipo I + SI - fornecimento e implantação","un",314.31]
[5213450,"Placa de regulamentação em aço, R2 lado 1,00 m - película retrorrefletiva tipo I + SI - fornecimento e implantação","un",442.01]
[5213451,"Placa de regulamentação em aço, R2 lado 1,20 m - película retrorrefletiva tipo III + SI - fornecimento e implantação","un",626.77]
[5213452,"Placa de regulamentação em fibra, D = 0,60 m - película retrorrefletiva tipo I + SI - fornecimento e implantação","un",272.36]
[5213453,"Placa de regulamentação em fibra, D = 0,80 m - película retrorrefletiva tipo I + SI - fornecimento e implantação","un",465.6]
[5213454,"Placa de regulamentação em fibra, D = 1,00 m - película retrorrefletiva tipo I + SI - fornecimento e implantação","un",651.91]
[5213455,"Placa de regulamentação em fibra, D = 1,20 m - película retrorrefletiva tipo III + SI - fornecimento e implantação","un",1015.55]
[5213456,"Placa de regulamentação em fibra, R1 lado 0,248 m - película retrorrefletiva tipo I + SI - fornecimento e implantação","un",272.42]
[5213457,"Placa de regulamentação em fibra, R1 lado 0,331 m - película retrorrefletiva tipo I + SI - fornecimento e implantação","un",465.52]
[5213458,"Placa de regulamentação em fibra, R1 lado 0,414 m - película retrorrefletiva tipo I + SI - fornecimento e implantação","un",651.91]
[5213459,"Placa de regulamentação em fibra, R1 lado 0,497 m - película retrorrefletiva tipo III + SI - fornecimento e implantação","un",1015.61]
[5213460,"Placa de regulamentação em fibra, R2 lado 0,60 m - película retrorrefletiva tipo I + SI - fornecimento e implantação","un",188.31]
[5213461,"Placa de regulamentação em fibra, R2 lado 0,80 m - película retrorrefletiva tipo I + SI - fornecimento e implantação","un",296.10000000000002]
[5213462,"Placa de regulamentação em fibra, R2 lado 1,00 m - película retrorrefletiva tipo I + SI - fornecimento e implantação","un",414.7]
[5213463,"Placa de regulamentação em fibra, R2 lado 1,20 m - película retrorrefletiva tipo I + SI - fornecimento e implantação","un",533.29]
[5212557,"Placa de regulamentação para sinalização de obras montada em suporte metálico móvel - D = 1,00 m - utilização de 600 ciclos - fornecimento, 01 implantação e 01 retirada diária","un.dia",3.8]
[5212558,"Placa de regulamentação para sinalização de obras montada em suporte metálico móvel, R1 lado 0,414 m - utilização de 600 ciclos - fornecimento, 01 implantação e 01 retirada diária","un.dia",3.84]
[5212559,"Placa de regulamentação para sinalização de obras montada em suporte metálico móvel, R2 lado 1,00 m - utilização de 600 ciclos - fornecimento, 01 implantação e 01 retirada diária","un.dia",3.4]
[5213477,"Placa delineador em aço - 0,30 x 0,90 m - película retrorrefletiva tipo I + IV - fornecimento e implantação","un",172.64]
[5213476,"Placa delineador em aço - 0,50 x 0,60 m - película retrorrefletiva tipo I + IV - fornecimento e implantação","un",185.27]
[5213479,"Placa delineador em fibra - 0,30 x 0,90 m - película retrorrefletiva tipo I + IV - fornecimento e implantação","un",160.35]
[5213478,"Placa delineador em fibra - 0,50 x 0,60 m - película retrorrefletiva tipo I + IV - fornecimento e implantação","un",171.61]
[5213489,"Placa em aço - 2,00 x 1,00 m - película retrorrefletiva tipo I + I - fornecimento e implantação","un",943.15]
[5213498,"Placa em aço - 2,00 x 1,00 m - película retrorrefletiva tipo I + III - fornecimento e implantação","un",1020.43]
[5213365,"Placa em aço - 2,00 x 1,00 m - película retrorrefletiva tipo I + X - fornecimento e implantação","un",1173.31]
[5213507,"Placa em aço - 2,00 x 1,00 m - película retrorrefletiva tipo III + III - fornecimento e implantação","un",1213.6300000000001]
[5213372,"Placa em aço - 2,00 x 1,00 m - película retrorrefletiva tipo III + X - fornecimento e implantação","un",1366.51]
[5213490,"Placa em aço - 3,00 x 1,50 m - película retrorrefletiva tipo I + I - fornecimento e implantação","un",2011.6]
[5213499,"Placa em aço - 3,00 x 1,50 m - película retrorrefletiva tipo I + III - fornecimento e implantação","un",2185.48]
[5213366,"Placa em aço - 3,00 x 1,50 m - película retrorrefletiva tipo I + X - fornecimento e implantação","un",2529.46]
[5213508,"Placa em aço - 3,00 x 1,50 m - película retrorrefletiva tipo III + III - fornecimento e implantação","un",2620.1799999999998]
[5213373,"Placa em aço - 3,00 x 1,50 m - película retrorrefletiva tipo III + X - fornecimento e implantação","un",2964.16]
[5213491,"Placa em aço - 3,00 x 2,00 m - película retrorrefletiva tipo I + I - fornecimento e implantação","un",2652.67]
[5213500,"Placa em aço - 3,00 x 2,00 m - película retrorrefletiva tipo I + III - fornecimento e implantação","un",2884.51]
[5213369,"Placa em aço - 3,00 x 2,00 m - película retrorrefletiva tipo I + X - fornecimento e implantação","un",3343.15]
[5213509,"Placa em aço - 3,00 x 2,00 m - película retrorrefletiva tipo III + III - fornecimento e implantação","un",3464.11]
[5213374,"Placa em aço - 3,00 x 2,00 m - película retrorrefletiva tipo III + X - fornecimento e implantação","un",3922.75]
[5213492,"Placa em aço - 4,00 x 2,00 m - película retrorrefletiva tipo I + I - fornecimento e implantação","un",3595.82]
[5213501,"Placa em aço - 4,00 x 2,00 m - película retrorrefletiva tipo I + III - fornecimento e implantação","un",3904.94]
[5213370,"Placa em aço - 4,00 x 2,00 m - película retrorrefletiva tipo I + X - fornecimento e implantação","un",4516.46]
[5213510,"Placa em aço - 4,00 x 2,00 m - película retrorrefletiva tipo III + III - fornecimento e implantação","un",4677.74]
[5213375,"Placa em aço - 4,00 x 2,00 m - película retrorrefletiva tipo III + X - fornecimento e implantação","un",5289.26]
[5213494,"Placa em aço - 4,00 x 3,00 m - película retrorrefletiva tipo I + I - fornecimento e implantação","un",5305.34]
[5213503,"Placa em aço - 4,00 x 3,00 m - película retrorrefletiva tipo I + III - fornecimento e implantação","un",5769.02]
[5213371,"Placa em aço - 4,00 x 3,00 m - película retrorrefletiva tipo I + X - fornecimento e implantação","un",6686.3]
[5213512,"Placa em aço - 4,00 x 3,00 m - película retrorrefletiva tipo III + III - fornecimento e implantação","un",6928.22]
[5213376,"Placa em aço - 4,00 x 3,00 m - película retrorrefletiva tipo III + X - fornecimento e implantação","un",7845.5]
[5213377,"Placa em aço - película I + I - chapa recuperada - fornecimento e implantação","m²",336.25]
[5213570,"Placa em aço - película I + I - fornecimento e implantação","m²",486.31]
[5213378,"Placa em aço - película I + III - chapa recuperada - fornecimento e implantação","m²",374.89]
[5213571,"Placa em aço - película I + III - fornecimento e implantação","m²",524.95000000000005]
[5213379,"Placa em aço - película III + III - chapa recuperada - fornecimento e implantação","m²",471.49]
[5213572,"Placa em aço - película III + III - fornecimento e implantação","m²",621.54999999999995]
[5212553,"Placa em aço nº 16 galvanizado com película retrorrefletiva tipo I + I - chapa recuperada - confecção","m²",277.32]
[5213416,"Placa em aço nº 16 galvanizado com película retrorrefletiva tipo I + I - confecção","m²",427.38]
[5212554,"Placa em aço nº 16 galvanizado com película retrorrefletiva tipo I + III - chapa recuperada - confecção","m²",315.95999999999998]
[5213417,"Placa em aço nº 16 galvanizado com película retrorrefletiva tipo I + III - confecção","m²",466.02]
[5213421,"Placa em aço nº 16 galvanizado com película retrorrefletiva tipo I + IV - confecção","m²",421.15]
[5213414,"Placa em aço nº 16 galvanizado com película retrorrefletiva tipo I + SI - confecção","m²",638.5]
[5213419,"Placa em aço nº 16 galvanizado com película retrorrefletiva tipo I + X - confecção","m²",542.46]
[5212555,"Placa em aço nº 16 galvanizado com película retrorrefletiva tipo III + III - chapa recuperada - confecção","m²",412.56]
[5213418,"Placa em aço nº 16 galvanizado com película retrorrefletiva tipo III + III - confecção","m²",562.62]
[5213415,"Placa em aço nº 16 galvanizado com película retrorrefletiva tipo III + SI - confecção","m²",709.83]
[5213420,"Placa em aço nº 16 galvanizado com película retrorrefletiva tipo III + X - confecção","m²",639.05999999999995]
[5213543,"Placa em aço, modulada - 2,00 x 1,00 m - película retrorrefletiva tipo I + I - fornecimento e implantação","un",1172.99]
[5213552,"Placa em aço, modulada - 2,00 x 1,00 m - película retrorrefletiva tipo I + III - fornecimento e implantação","un",1250.27]
[5213561,"Placa em aço, modulada - 2,00 x 1,00 m - película retrorrefletiva tipo III + III - fornecimento e implantação","un",1443.47]
[5213544,"Placa em aço, modulada - 3,00 x 1,50 m - película retrorrefletiva tipo I + I - fornecimento e implantação","un",2528.7399999999998]
[5213553,"Placa em aço, modulada - 3,00 x 1,50 m - película retrorrefletiva tipo I + III - fornecimento e implantação","un",2702.62]
[5213562,"Placa em aço, modulada - 3,00 x 1,50 m - película retrorrefletiva tipo III + III - fornecimento e implantação","un",3137.32]
[5213545,"Placa em aço, modulada - 3,00 x 2,00 m - película retrorrefletiva tipo I + I - fornecimento e implantação","un",3342.19]
[5213554,"Placa em aço, modulada - 3,00 x 2,00 m - película retrorrefletiva tipo I + III - fornecimento e implantação","un",3574.03]
[5213563,"Placa em aço, modulada - 3,00 x 2,00 m - película retrorrefletiva tipo III + III - fornecimento e implantação","un",4153.63]
[5213546,"Placa em aço, modulada - 4,00 x 2,00 m - película retrorrefletiva tipo I + I - fornecimento e implantação","un",4515.18]
[5213555,"Placa em aço, modulada - 4,00 x 2,00 m - película retrorrefletiva tipo I + III - fornecimento e implantação","un",4824.3]
[5213564,"Placa em aço, modulada - 4,00 x 2,00 m - película retrorrefletiva tipo III + III - fornecimento e implantação","un",5597.1]
[5213548,"Placa em aço, modulada - 4,00 x 3,00 m - película retrorrefletiva tipo I + I - fornecimento e implantação","un",6684.38]
[5213557,"Placa em aço, modulada - 4,00 x 3,00 m - película retrorrefletiva tipo I + III - fornecimento e implantação","un",7148.06]
[5213566,"Placa em aço, modulada - 4,00 x 3,00 m - película retrorrefletiva tipo III + III - fornecimento e implantação","un",8307.26]
[5213576,"Placa em aço, modulada - acima de 2 m² - película I + I - fornecimento e implantação","m²",601.23]
[5213577,"Placa em aço, modulada - acima de 2 m² - película I + III - fornecimento e implantação","m²",639.87]
[5213578,"Placa em aço, modulada - acima de 2 m² - película III + III - fornecimento e implantação","m²",736.47]
[5213425,"Placa em alumínio composto de 3 mm, modulada, aérea, com película retrorrefletiva tipo I + III - confecção","m²",620.6]
[5213426,"Placa em alumínio composto de 3 mm, modulada, aérea, com película retrorrefletiva tipo III + III - confecção","m²",717.2]
[5213427,"Placa em alumínio composto de 3 mm, modulada, aérea, com película retrorrefletiva tipo III + X - confecção","m²",793.64]
[5213567,"Placa em alumínio composto de 3 mm, modulada, aérea, com película retrorrefletiva tipo X + SI - confecção","m²",976.2]
[5213486,"Placa em alumínio composto, espessura de 3,0 mm, modulada, aérea - película retrorrefletiva tipo I + III - fornecimento e implantação","m²",969.88]
[5213487,"Placa em alumínio composto, espessura de 3,0 mm, modulada, aérea - película retrorrefletiva tipo III + III - fornecimento e implantação","m²",1066.48]
[5213488,"Placa em alumínio composto, espessura de 3,0 mm, modulada, aérea - película retrorrefletiva tipo III + X - fornecimento e implantação","m²",1142.92]
[5213568,"Placa em alumínio composto, espessura de 3,0 mm, modulada, aérea - película retrorrefletiva tipo X + SI - fornecimento e implantação","m²",1325.48]
[5213483,"Placa em alumínio, espessura de 1,5 mm, modulada, aérea - película retrorrefletiva tipo I + III - fornecimento e implantação","m²",977.09]
[5213484,"Placa em alumínio, espessura de 1,5 mm, modulada, aérea - película retrorrefletiva tipo III + III - fornecimento e implantação","m²",1073.69]
[5213485,"Placa em alumínio, espessura de 1,5 mm, modulada, aérea - película retrorrefletiva tipo III + X - fornecimento e implantação","m²",1150.1300000000001]
[5213434,"Placa em alumínio, espessura de 1,5 mm, modulada, aérea, com película retrorrefletiva tipo I + III - confecção","m²",627.80999999999995]
[5213435,"Placa em alumínio, espessura de 1,5 mm, modulada, aérea, com película retrorrefletiva tipo III + III - confecção","m²",724.41]
[5213436,"Placa em alumínio, espessura de 1,5 mm, modulada, aérea, com película retrorrefletiva tipo III + X - confecção","m²",800.85]
[5213430,"Placa em chapa de poliéster reforçada com fibra de vidro com película retrorrefletiva tipo I + I - confecção","m²",381.87]
[5213431,"Placa em chapa de poliéster reforçada com fibra de vidro com película retrorrefletiva tipo I + III - confecção","m²",420.51]
[5213433,"Placa em chapa de poliéster reforçada com fibra de vidro com película retrorrefletiva tipo I + IV - confecção","m²",375.63]
[5213428,"Placa em chapa de poliéster reforçada com fibra de vidro com película retrorrefletiva tipo I + SI - confecção","m²",592.98]
[5213432,"Placa em chapa de poliéster reforçada com fibra de vidro com película retrorrefletiva tipo III + III - confecção","m²",517.11]
[5213429,"Placa em chapa de poliéster reforçada com fibra de vidro com película retrorrefletiva tipo III + SI - confecção","m²",664.31]
[5213516,"Placa em fibra - 2,00 x 1,00 m - película retrorrefletiva tipo I + I - fornecimento e implantação","un",852.13]
[5213525,"Placa em fibra - 2,00 x 1,00 m - película retrorrefletiva tipo I + III - fornecimento e implantação","un",929.41]
[5213534,"Placa em fibra - 2,00 x 1,00 m - película retrorrefletiva tipo III + III - fornecimento e implantação","un",1122.6099999999999]
[5213517,"Placa em fibra - 3,00 x 1,50 m - película retrorrefletiva tipo I + I - fornecimento e implantação","un",1806.8]
[5213526,"Placa em fibra - 3,00 x 1,50 m - película retrorrefletiva tipo I + III - fornecimento e implantação","un",1980.68]
[5213535,"Placa em fibra - 3,00 x 1,50 m - película retrorrefletiva tipo III + III - fornecimento e implantação","un",2415.38]
[5213518,"Placa em fibra - 3,00 x 2,00 m - película retrorrefletiva tipo I + I - fornecimento e implantação","un",2379.61]
[5213527,"Placa em fibra - 3,00 x 2,00 m - película retrorrefletiva tipo I + III - fornecimento e implantação","un",2611.4499999999998]
[5213536,"Placa em fibra - 3,00 x 2,00 m - película retrorrefletiva tipo III + III - fornecimento e implantação","un",3191.05]
[5213519,"Placa em fibra - 4,00 x 2,00 m - película retrorrefletiva tipo I + I - fornecimento e implantação","un",3231.74]
[5213528,"Placa em fibra - 4,00 x 2,00 m - película retrorrefletiva tipo I + III - fornecimento e implantação","un",3540.86]
[5213537,"Placa em fibra - 4,00 x 2,00 m - película retrorrefletiva tipo III + III - fornecimento e implantação","un",4313.66]
[5213521,"Placa em fibra - 4,00 x 3,00 m - película retrorrefletiva tipo I + I - fornecimento e implantação","un",4759.22]
[5213530,"Placa em fibra - 4,00 x 3,00 m - película retrorrefletiva tipo I + III - fornecimento e implantação","un",5222.8999999999996]
[5213539,"Placa em fibra - 4,00 x 3,00 m - película retrorrefletiva tipo III + III - fornecimento e implantação","un",6382.1]
[5213573,"Placa em fibra - película I + I - fornecimento e implantação","m²",440.8]
[5213574,"Placa em fibra - película I + III - fornecimento e implantação","m²",479.44]
[5213575,"Placa em fibra - película III + III - fornecimento e implantação","m²",576.04]
[5213480,"Placa em fibra, modulada, aérea - película retrorrefletiva tipo I + III - fornecimento e implantação","m²",880.31]
[5213481,"Placa em fibra, modulada, aérea - película retrorrefletiva tipo III + III - fornecimento e implantação","m²",976.91]
[5213482,"Placa em fibra, modulada, aérea - película retrorrefletiva tipo III + X - fornecimento e implantação","m²",1053.3499999999999]
[5213422,"Placa modulada em aço nº 18 galvanizado com película retrorrefletiva tipo I + I - confecção","m²",542.29999999999995]
[5213423,"Placa modulada em aço nº 18 galvanizado com película retrorrefletiva tipo I + III - confecção","m²",580.94000000000005]
[5213424,"Placa modulada em aço nº 18 galvanizado com película retrorrefletiva tipo III + III - confecção","m²",677.54]
[5213437,"Placa modulada em chapa de poliéster reforçada com fibra de vidro, aérea, com película retrorrefletiva tipo I + III - confecção","m²",531.03]
[5213438,"Placa modulada em chapa de poliéster reforçada com fibra de vidro, aérea, com película retrorrefletiva tipo III + III - confecção","m²",627.63]
[5213439,"Placa modulada em chapa de poliéster reforçada com fibra de vidro, aérea, com película retrorrefletiva tipo III + X - confecção","m²",704.07]
[5212556,"Placa para sinalização de obras montada em cavalete metálico - 1,00 x 1,00 m - utilização de 600 ciclos - fornecimento, 01 implantação e 01 retirada diária","un.dia",1.99]
[5213649,"Pórtico metálico com vão de 15,9 m, vento de 35 m/s e área de exposição de até 23,85 m² - fornecimento e implantação - areia e brita comerciais","un",103202.36]
[5213591,"Pórtico metálico com vão de 15,9 m, vento de 35 m/s e área de exposição de até 23,85 m² - fornecimento e implantação - areia extraída e brita produzida","un",103202.36]
[5213718,"Pórtico metálico com vão de 15,9 m, vento de 40 m/s e área de exposição de até 23,85 m² - fornecimento e implantação - areia e brita comerciais","un",114007.28]
[5213741,"Pórtico metálico com vão de 15,9 m, vento de 40 m/s e área de exposição de até 23,85 m² - fornecimento e implantação - areia extraída e brita produzida","un",114007.28]
[5213776,"Pórtico metálico com vão de 15,9 m, vento de 45 m/s e área de exposição de até 23,85 m² - fornecimento e implantação - areia e brita comerciais","un",114693.33]
[5213799,"Pórtico metálico com vão de 15,9 m, vento de 45 m/s e área de exposição de até 23,85 m² - fornecimento e implantação - areia extraída e brita produzida","un",114693.33]
[5213363,"Recuperação de chapa em aço para placa de sinalização","m²",34.82]
[5213667,"Remoção da estrutura de pórtico metálico","un",354.36]
[5213683,"Remoção da estrutura de semipórtico duplo metálico","un",252.51]
[5213660,"Remoção da estrutura de semipórtico metálico","un",210.42]
[5213364,"Remoção de placa de sinalização","m²",22.59]
[5213832,"Remoção de sinalização horizontal com maçarico","m²",3.94]
[5213830,"Remoção de sinalização horizontal por fresagem","m²",4.95]
[5213831,"Remoção de sinalização horizontal tipo pintura acrílica por jateamento abrasivo úmido com vidro - utilização de 3 vezes","m²",71.790000000000006]
[5213849,"Semáforo móvel com 3 lentes D = 200 mm","h",3.79]
[5213636,"Semipórtico duplo metálico com vão de 2 x 8,3 m, vento de 35 m/s e área de exposição de até 2 x 12,45 m² - fornecimento e implantação - areia e brita comerciais","un",100589.66]
[5213642,"Semipórtico duplo metálico com vão de 2 x 8,3 m, vento de 35 m/s e área de exposição de até 2 x 12,45 m² - fornecimento e implantação - areia extraída e brita produzida","un",100589.66]
[5213757,"Semipórtico duplo metálico com vão de 2 x 8,3 m, vento de 40 m/s e área de exposição de até 2 x 12,45 m² - fornecimento e implantação - areia e brita comerciais","un",111426.07]
[5213763,"Semipórtico duplo metálico com vão de 2 x 8,3 m, vento de 40 m/s e área de exposição de até 2 x 12,45 m² - fornecimento e implantação - areia extraída e brita produzida","un",111426.07]
[5213815,"Semipórtico duplo metálico com vão de 2 x 8,3 m, vento de 45 m/s e área de exposição de até 2 x 12,45 m² - fornecimento e implantação - areia e brita comerciais","un",122262.49]
[5213821,"Semipórtico duplo metálico com vão de 2 x 8,3 m, vento de 45 m/s e área de exposição de até 2 x 12,45 m² - fornecimento e implantação - areia extraída e brita produzida","un",122262.49]
[5213630,"Semipórtico metálico com vão de 8,3 m, vento de 35 m/s e área de exposição de até 12,45 m² - fornecimento e implantação - areia e brita comerciais","un",62908.01]
[5213584,"Semipórtico metálico com vão de 8,3 m, vento de 35 m/s e área de exposição de até 12,45 m² - fornecimento e implantação - areia extraída e brita produzida","un",62908.01]
[5213711,"Semipórtico metálico com vão de 8,3 m, vento de 40 m/s e área de exposição de até 12,45 m² - fornecimento e implantação - areia e brita comerciais","un",67182.73]
[5213734,"Semipórtico metálico com vão de 8,3 m, vento de 40 m/s e área de exposição de até 12,45 m² - fornecimento e implantação - areia extraída e brita produzida","un",67182.73]
[5213769,"Semipórtico metálico com vão de 8,3 m, vento de 45 m/s e área de exposição de até 12,45 m² - fornecimento e implantação - areia e brita comerciais","un",73594.81]
[5213792,"Semipórtico metálico com vão de 8,3 m, vento de 45 m/s e área de exposição de até 12,45 m² - fornecimento e implantação - areia extraída e brita produzida","un",73594.81]
[5213844,"Sinalizador direcional móvel, LED, com banco fotovoltaico de energia e montado em chassi com engate","h",4.43]
[5213869,"Suporte duplo metálico galvanizado para placas - 3,00 x 1,50 m - fornecimento e implantação","un",2536.87]
[5213870,"Suporte duplo metálico galvanizado para placas - 3,00 x 2,00 m - fornecimento e implantação","un",3473.88]
[5213871,"Suporte duplo metálico galvanizado para placas - 4,00 x 2,00 m - fornecimento e implantação","un",3557.82]
[5213872,"Suporte duplo metálico galvanizado para placas - 4,00 x 3,00 m - fornecimento e implantação","un",5611.17]
[5213867,"Suporte metálico galvanizado para marco quilométrico - fornecimento e implantação","un",595.38]
[5213863,"Suporte metálico galvanizado para placa de advertência ou regulamentação - lado ou diâmetro de 0,60 m - fornecimento e implantação","un",475.82]
[5213864,"Suporte metálico galvanizado para placa de advertência ou regulamentação - lado ou diâmetro de 0,80 m - fornecimento e implantação","un",506.51]
[5213865,"Suporte metálico galvanizado para placa de advertência ou regulamentação - lado ou diâmetro de 1,00 m - fornecimento e implantação","un",537.4]
[5213866,"Suporte metálico galvanizado para placa de advertência ou regulamentação - lado ou diâmetro de 1,20 m - fornecimento e implantação","un",608.44000000000005]
[5213855,"Suporte metálico galvanizado para placa de regulamentação - R1 - lado de 0,248 m - fornecimento e implantação","un",427.87]
[5213856,"Suporte metálico galvanizado para placa de regulamentação - R1 - lado de 0,331 m - fornecimento e implantação","un",443.71]
[5213857,"Suporte metálico galvanizado para placa de regulamentação - R1 - lado de 0,414 m - fornecimento e implantação","un",458.87]
[5213858,"Suporte metálico galvanizado para placa de regulamentação - R1 - lado de 0,497 m - fornecimento e implantação","un",474.92]
[5213859,"Suporte metálico galvanizado para placa de regulamentação - R2 - lado de 0,60 m - fornecimento e implantação","un",470.31]
[5213860,"Suporte metálico galvanizado para placa de regulamentação - R2 - lado de 0,80 m - fornecimento e implantação","un",486.09]
[5213861,"Suporte metálico galvanizado para placa de regulamentação - R2 - lado de 1,00 m - fornecimento e implantação","un",515.6]
[5213862,"Suporte metálico galvanizado para placa de regulamentação - R2 - lado de 1,20 m - fornecimento e implantação","un",586.26]
[5213868,"Suporte metálico galvanizado para placas - 2,00 x 1,00 m - fornecimento e implantação","un",1173.04]
[5219546,"Suporte metálico móvel para placa de sinalização - confecção","un",353.12]
[5216111,"Suporte para placa de sinalização em madeira de lei tratada 8 x 8 cm - fornecimento e implantação","un",130.62]
[5213351,"Suporte polimérico ecológico maciço colapsível D = 6,5 cm para placa de sinalização - fornecimento e implantação","un",759.79]
[5213350,"Suporte polimérico ecológico maciço colapsível quadrado de 10 cm para placa de sinalização - fornecimento e implantação","un",1972.92]
[5213352,"Suporte polimérico ecológico maciço colapsível quadrado de 8 cm para placa de sinalização - fornecimento e implantação","un",1119.46]
[5213353,"Suporte polimérico ecológico maciço colapsível retangular de 7 x 15 cm para placa de sinalização - fornecimento e implantação","un",3199.13]
[5213360,"Tacha refletiva em plástico injetado - bidirecional tipo I - com um pino - fornecimento e colocação","un",33.61]
[5219605,"Tacha refletiva em plástico injetado - bidirecional tipo I - fornecimento e colocação","un",29.99]
[5219606,"Tacha refletiva em plástico injetado - bidirecional tipo II - com um pino - fornecimento e colocação","un",38.200000000000003]
[5219607,"Tacha refletiva em plástico injetado - bidirecional tipo II - fornecimento e colocação","un",33.89]
[5219608,"Tacha refletiva em plástico injetado - bidirecional tipo III - com um pino - fornecimento e colocação","un",41.7]
[5219609,"Tacha refletiva em plástico injetado - bidirecional tipo III - fornecimento e colocação","un",37.200000000000003]
[5219610,"Tacha refletiva em plástico injetado - bidirecional tipo IV - com um pino - fornecimento e colocação","un",43.4]
[5219611,"Tacha refletiva em plástico injetado - bidirecional tipo IV - fornecimento e colocação","un",40.17]
[5213359,"Tacha refletiva em plástico injetado - monodirecional tipo I - com um pino - fornecimento e colocação","un",29.53]
[5219612,"Tacha refletiva em plástico injetado - monodirecional tipo I - fornecimento e colocação","un",27.04]
[5219613,"Tacha refletiva em plástico injetado - monodirecional tipo II - com um pino - fornecimento e colocação","un",34.17]
[5219614,"Tacha refletiva em plástico injetado - monodirecional tipo II - fornecimento e colocação","un",31.59]
[5219615,"Tacha refletiva em plástico injetado - monodirecional tipo III - com um pino - fornecimento e colocação","un",35.1]
[5219616,"Tacha refletiva em plástico injetado - monodirecional tipo III - fornecimento e colocação","un",32.11]
[5219617,"Tacha refletiva em plástico injetado - monodirecional tipo IV - com um pino - fornecimento e colocação","un",41.53]
[5219618,"Tacha refletiva em plástico injetado - monodirecional tipo IV - fornecimento e colocação","un",38.869999999999997]
[5219619,"Tacha refletiva em resina sintética - bidirecional tipo I - com um pino - fornecimento e colocação","un",42.96]
[5219620,"Tacha refletiva em resina sintética - bidirecional tipo I - fornecimento e colocação","un",40.340000000000003]
[5219621,"Tacha refletiva em resina sintética - bidirecional tipo II - com um pino - fornecimento e colocação","un",50.07]
[5219622,"Tacha refletiva em resina sintética - bidirecional tipo II - fornecimento e colocação","un",47.36]
[5219623,"Tacha refletiva em resina sintética - bidirecional tipo III - com um pino - fornecimento e colocação","un",54.33]
[5219624,"Tacha refletiva em resina sintética - bidirecional tipo III - fornecimento e colocação","un",51.47]
[5219625,"Tacha refletiva em resina sintética - bidirecional tipo IV - com um pino - fornecimento e colocação","un",57.91]
[5219626,"Tacha refletiva em resina sintética - bidirecional tipo IV - fornecimento e colocação","un",54.98]
[5219627,"Tacha refletiva em resina sintética - monodirecional tipo I - com um pino - fornecimento e colocação","un",41.33]
[5219628,"Tacha refletiva em resina sintética - monodirecional tipo I - fornecimento e colocação","un",38.61]
[5219629,"Tacha refletiva em resina sintética - monodirecional tipo II - com um pino - fornecimento e colocação","un",48.06]
[5219630,"Tacha refletiva em resina sintética - monodirecional tipo II - fornecimento e colocação","un",45.33]
[5219631,"Tacha refletiva em resina sintética - monodirecional tipo III - com um pino - fornecimento e colocação","un",52.1]
[5219632,"Tacha refletiva em resina sintética - monodirecional tipo III - fornecimento e colocação","un",49.28]
[5219633,"Tacha refletiva em resina sintética - monodirecional tipo IV - com um pino - fornecimento e colocação","un",56.44]
[5219634,"Tacha refletiva em resina sintética - monodirecional tipo IV - fornecimento e colocação","un",53.55]
[5213395,"Tacha refletiva metálica - bidirecional tipo II - com dois pinos - fornecimento e colocação","un",40.97]
[5213394,"Tacha refletiva metálica - bidirecional tipo II - com um pino - fornecimento e colocação","un",36.15]
[5219635,"Tacha refletiva metálica - bidirecional tipo III - com dois pinos - fornecimento e colocação","un",37.090000000000003]
[5219636,"Tacha refletiva metálica - bidirecional tipo III - com um pino - fornecimento e colocação","un",31.95]
[5219637,"Tacha refletiva metálica - bidirecional tipo IV - com dois pinos - fornecimento e colocação","un",70.89]
[5219638,"Tacha refletiva metálica - bidirecional tipo IV - com um pino - fornecimento e colocação","un",67.47]
[5213393,"Tacha refletiva metálica - monodirecional tipo II - com dois pinos - fornecimento e colocação","un",35.71]
[5213392,"Tacha refletiva metálica - monodirecional tipo II - com um pino - fornecimento e colocação","un",29.93]
[5219639,"Tacha refletiva metálica - monodirecional tipo III - com dois pinos - fornecimento e colocação","un",34.21]
[5219640,"Tacha refletiva metálica - monodirecional tipo III - com um pino - fornecimento e colocação","un",28.87]
[5219641,"Tacha refletiva metálica - monodirecional tipo IV - com dois pinos - fornecimento e colocação","un",62.85]
[5219642,"Tacha refletiva metálica - monodirecional tipo IV - com um pino - fornecimento e colocação","un",62.66]
[5213362,"Tachão refletivo em plástico injetado - bidirecional - fornecimento e colocação","un",90.34]
[5213361,"Tachão refletivo em plástico injetado - monodirecional - fornecimento e colocação","un",88.13]
[5219643,"Tachão refletivo em resina sintética - bidirecional - fornecimento e colocação","un",79.930000000000007]
[5219644,"Tachão refletivo em resina sintética - monodirecional - fornecimento e colocação","un",77.98]
[5214000,"Termoplástico pré-formado para sinalização horizontal - espessura de 2 mm - fornecimento e implantação","m²",356.59]
[5301014,"Comboio balizador em deslocamento","km",150.36000000000001]
[5300995,"Confecção de corpo de boia flutuante cilíndrico D = 1,10m","un",2682.06]
[5300996,"Confecção de corpo de boia flutuante cilíndrico D = 1,10m - com lastro","un",3495.24]
[5300998,"Confecção de corpo de boia flutuante cilíndrico D = 1,42m - boia de amarração","un",6868.3]
[5300997,"Confecção de corpo de boia flutuante cilíndrico D = 1,43m - com lastro","un",5724.14]
[5300999,"Confecção de mangrulho H = 0,90m","un",849.8]
[5301000,"Confecção de mangrulho H = 1,50m","un",1269.82]
[5301001,"Confecção de marca de tope de bombordo","un",576.95000000000005]
[5301002,"Confecção de marca de tope de boreste","un",367.87]
[5301003,"Confecção de marca de tope especial","un",357.69]
[5301064,"Fornecimento e implantação de suporte duplo em madeira com travessa para placa de sinalização náutica em margem - altura total de 4,0 m","un",685.65]
[5301046,"Fornecimento e implantação de suporte duplo em madeira com travessa para placa de sinalização náutica em margem - altura total de 4,0 m - com embarcação","un",1374.19]
[5301065,"Fornecimento e implantação de suporte duplo em madeira com travessa para placa de sinalização náutica em margem - altura total de 5,0 m","un",1214.54]
[5301047,"Fornecimento e implantação de suporte duplo em madeira com travessa para placa de sinalização náutica em margem - altura total de 5,0 m - com embarcação","un",2350.0100000000002]
[5301066,"Fornecimento e implantação de suporte duplo em madeira com travessa para placa de sinalização náutica em margem - altura total de 5,5 m","un",1361.53]
[5301048,"Fornecimento e implantação de suporte duplo em madeira com travessa para placa de sinalização náutica em margem - altura total de 5,5 m - com embarcação","un",2561.27]
[5301040,"Fornecimento e implantação de suporte duplo metálico galvanizado para placa de sinalização náutica em margem - altura total de 4 m - com embarcação","un",2407.33]
[5301058,"Fornecimento e implantação de suporte duplo metálico galvanizado para placa de sinalização náutica em margem - altura total de 4,0 m","un",1710.44]
[5301041,"Fornecimento e implantação de suporte duplo metálico galvanizado para placa de sinalização náutica em margem - altura total de 5 m - com embarcação","un",5355.06]
[5301059,"Fornecimento e implantação de suporte duplo metálico galvanizado para placa de sinalização náutica em margem - altura total de 5,0 m","un",4195.4799999999996]
[5301060,"Fornecimento e implantação de suporte duplo metálico galvanizado para placa de sinalização náutica em margem - altura total de 5,5 m","un",4646.5600000000004]
[5301042,"Fornecimento e implantação de suporte duplo metálico galvanizado para placa de sinalização náutica em margem - altura total de 5,5 m - com embarcação","un",5872.38]
[5301072,"Fornecimento e implantação de suporte duplo polimérico ecológico maciço quadrado de 10 cm para placa de sinalização náutica em margem - altura total de 5,5 m","un",5598.85]
[5301054,"Fornecimento e implantação de suporte duplo polimérico ecológico maciço quadrado de 10 cm para placa de sinalização náutica em margem - altura total de 5,5 m - com embarcação","un",6176.83]
[5301070,"Fornecimento e implantação de suporte duplo polimérico ecológico maciço quadrado de 8 cm para placa de sinalização náutica em margem - altura total de 4,0 m","un",2603.65]
[5301052,"Fornecimento e implantação de suporte duplo polimérico ecológico maciço quadrado de 8 cm para placa de sinalização náutica em margem - altura total de 4,0 m - com embarcação","un",3155.88]
[5301071,"Fornecimento e implantação de suporte duplo polimérico ecológico maciço quadrado de 8 cm para placa de sinalização náutica em margem - altura total de 5,0 m","un",3471.03]
[5301053,"Fornecimento e implantação de suporte duplo polimérico ecológico maciço quadrado de 8 cm para placa de sinalização náutica em margem - altura total de 5,0 m - com embarcação","un",4023.68]
[5301061,"Fornecimento e implantação de suporte simples em madeira com travessa para placa de sinalização náutica em margem - altura total de 4 m","un",212.14]
[5301043,"Fornecimento e implantação de suporte simples em madeira com travessa para placa de sinalização náutica em margem - altura total de 4 m - com embarcação","un",757.95]
[5301062,"Fornecimento e implantação de suporte simples em madeira com travessa para placa de sinalização náutica em margem - altura total de 5 m","un",358.21]
[5301044,"Fornecimento e implantação de suporte simples em madeira com travessa para placa de sinalização náutica em margem - altura total de 5 m - com embarcação","un",1138.42]
[5301063,"Fornecimento e implantação de suporte simples em madeira com travessa para placa de sinalização náutica em margem - altura total de 5,5 m","un",415.38]
[5301045,"Fornecimento e implantação de suporte simples em madeira com travessa para placa de sinalização náutica em margem - altura total de 5,5 m - com embarcação","un",1250.98]
[5301037,"Fornecimento e implantação de suporte simples metálico galvanizado para placa de sinalização náutica em margem - altura total de 4 m - com embarcação","un",1259.67]
[5301055,"Fornecimento e implantação de suporte simples metálico galvanizado para placa de sinalização náutica em margem - altura total de 4,0 m","un",709.57]
[5301038,"Fornecimento e implantação de suporte simples metálico galvanizado para placa de sinalização náutica em margem - altura total de 5 m - com embarcação","un",2610.4899999999998]
[5301056,"Fornecimento e implantação de suporte simples metálico galvanizado para placa de sinalização náutica em margem - altura total de 5,0 m","un",1817.79]
[5301057,"Fornecimento e implantação de suporte simples metálico galvanizado para placa de sinalização náutica em margem - altura total de 5,5 m","un",2023.3]
[5301039,"Fornecimento e implantação de suporte simples metálico galvanizado para placa de sinalização náutica em margem - altura total de 5,5 m - com embarcação","un",2873.07]
[5301069,"Fornecimento e implantação de suporte simples polimérico ecológico maciço quadrado de 10 cm para placa de sinalização náutica em margem - altura total de 5,5 m","un",2521.5100000000002]
[5301051,"Fornecimento e implantação de suporte simples polimérico ecológico maciço quadrado de 10 cm para placa de sinalização náutica em margem - altura total de 5,5 m - com embarcação","un",2994.96]
[5301067,"Fornecimento e implantação de suporte simples polimérico ecológico maciço quadrado de 8 cm para placa de sinalização náutica em margem - altura total de 4 m","un",1169.57]
[5301049,"Fornecimento e implantação de suporte simples polimérico ecológico maciço quadrado de 8 cm para placa de sinalização náutica em margem - altura total de 4 m - com embarcação","un",1642.05]
[5301068,"Fornecimento e implantação de suporte simples polimérico ecológico maciço quadrado de 8 cm para placa de sinalização náutica em margem - altura total de 5 m","un",1481.36]
[5301050,"Fornecimento e implantação de suporte simples polimérico ecológico maciço quadrado de 8 cm para placa de sinalização náutica em margem - altura total de 5 m - com embarcação","un",1954.05]
[5301022,"Fornecimento e instalação de conjunto de acessórios para sistema de fundeio de boia de amarração náutica com 4 manilhas","un",976.64]
[5301021,"Fornecimento e instalação de conjunto de acessórios para sistema de fundeio de boia de sinalização náutica com 7 manilhas","un",633]
[5301020,"Fornecimento e instalação de corrente 1\" para sistema de fundeio de boia de sinalização náutica","m",336.99]
[5301018,"Fornecimento e instalação de corrente 1/2\" para sistema de fundeio de boia de sinalização náutica","m",85.76]
[5301019,"Fornecimento e instalação de corrente 3/4\" para sistema de fundeio de boia de sinalização náutica","m",205.29]
[5301077,"Fornecimento e instalação de lanterna de sinalização náutica com alcance luminoso de 2 MN em obra de arte especial - com embarcação","un",4971.7]
[5301078,"Fornecimento e instalação de lanterna de sinalização náutica com alcance luminoso de 3 MN em obra de arte especial - com embarcação","un",6518.52]
[5301079,"Fornecimento e instalação de lanterna de sinalização náutica com alcance luminoso de 4 MN em obra de arte especial - com embarcação","un",9047.7800000000007]
[5301080,"Fornecimento e instalação de lanterna de sinalização náutica com alcance luminoso de 5 MN em obra de arte especial - com embarcação","un",11012.19]
[5301081,"Fornecimento e instalação de lanterna de sinalização náutica com alcance luminoso de 8 MN em obra de arte especial - com embarcação","un",13594.91]
[5301023,"Fornecimento e instalação de suporte e lanterna de sinalização náutica com alcance luminoso de 2 MN em boia","un",3721.44]
[5301024,"Fornecimento e instalação de suporte e lanterna de sinalização náutica com alcance luminoso de 3 MN em boia","un",5268.26]
[5301025,"Fornecimento e instalação de suporte e lanterna de sinalização náutica com alcance luminoso de 4 MN em boia","un",7797.52]
[5301026,"Fornecimento e instalação de suporte e lanterna de sinalização náutica com alcance luminoso de 5 MN em boia","un",9761.93]
[5301027,"Fornecimento e instalação de suporte e lanterna de sinalização náutica com alcance luminoso de 8 MN em boia","un",12344.66]
[5301028,"Fornecimento e substituição de lanterna de sinalização náutica com alcance luminoso de 2 MN em boia","un",3660.11]
[5301082,"Fornecimento e substituição de lanterna de sinalização náutica com alcance luminoso de 2 MN em obra de arte especial - com embarcação","un",4807.83]
[5301029,"Fornecimento e substituição de lanterna de sinalização náutica com alcance luminoso de 3 MN em boia","un",5206.93]
[5301083,"Fornecimento e substituição de lanterna de sinalização náutica com alcance luminoso de 3 MN em obra de arte especial - com embarcação","un",6354.65]
[5301030,"Fornecimento e substituição de lanterna de sinalização náutica com alcance luminoso de 4 MN em boia","un",7736.19]
[5301084,"Fornecimento e substituição de lanterna de sinalização náutica com alcance luminoso de 4 MN em obra de arte especial - com embarcação","un",8883.91]
[5301031,"Fornecimento e substituição de lanterna de sinalização náutica com alcance luminoso de 5 MN em boia","un",9700.6]
[5301085,"Fornecimento e substituição de lanterna de sinalização náutica com alcance luminoso de 5 MN em obra de arte especial - com embarcação","un",10848.32]
[5301032,"Fornecimento e substituição de lanterna de sinalização náutica com alcance luminoso de 8 MN em boia","un",12283.32]
[5301086,"Fornecimento e substituição de lanterna de sinalização náutica com alcance luminoso de 8 MN em obra de arte especial - com embarcação","un",13431.04]
[5301033,"Implantação de placa de sinalização náutica em margem - equipamentos e mão de obra","un",83.32]
[5301034,"Implantação de placa de sinalização náutica em margem - equipamentos e mão de obra - com embarcação","un",609.38]
[5301073,"Implantação de placa de sinalização náutica em obra de arte especial - equipamentos e mão de obra","un",471.11]
[5301074,"Implantação de placa de sinalização náutica em obra de arte especial - equipamentos e mão de obra - com embarcação","un",1755.55]
[5301015,"Lançamento de boia de sinalização náutica com sistema de fundeio - equipamentos e mão de obra","un",1101.43]
[5300992,"Pintura com epóxi óxido de ferro em chapa metálica com pistola a ar comprimido, uma demão, espessura de 35 µm","m²",13.68]
[5300994,"Pintura com esmalte poliuretano de dois componentes em chapa metálica com pistola a ar comprimido, uma demão, espessura de 35 µm","m²",11.32]
[5300993,"Pintura com fundo fosfatizante, uma demão, em chapa de alumínio com pistola a ar comprimido","m²",10.48]
[5301088,"Poita de concreto com 1.000 kg para boia de sinalização náutica","un",376.03]
[5301004,"Poita de concreto com 1.500 kg para boia de sinalização náutica","un",539.64]
[5301087,"Poita de concreto com 500 kg para boia de sinalização náutica","un",216.7]
[5301005,"Reforma de corpo de boia flutuante cilíndrico D = 1,10m","un",357.06]
[5301006,"Reforma de corpo de boia flutuante cilíndrico D = 1,10m - com lastro","un",439.81]
[5301008,"Reforma de corpo de boia flutuante cilíndrico D = 1,42m - boia de amarração","un",793.19]
[5301007,"Reforma de corpo de boia flutuante cilíndrico D = 1,43m - com lastro","un",724.57]
[5301009,"Reforma de mangrulho H = 0,90m","un",220.86]
[5301010,"Reforma de mangrulho H = 1,50m","un",333.44]
[5301011,"Reforma de marca de tope de bombordo","un",284.04000000000002]
[5301012,"Reforma de marca de tope de boreste","un",200.49]
[5301013,"Reforma de marca de tope especial","un",173.41]
[5301016,"Substituição de boia de sinalização náutica com sistema de fundeio - equipamentos e mão de obra","un",1824.88]
[5301017,"Substituição de boia de sinalização náutica sem sistema de fundeio - equipamentos e mão de obra","un",1333.54]
[5301035,"Substituição de placa de sinalização náutica em margem - equipamentos e mão de obra","un",117.85]
[5301036,"Substituição de placa de sinalização náutica em margem - equipamentos e mão de obra - com embarcação","un",1218.76]
[5301075,"Substituição de placa de sinalização náutica em obra de arte especial - equipamentos e mão de obra","un",544.29999999999995]
[5301076,"Substituição de placa de sinalização náutica em obra de arte especial - equipamentos e mão de obra - com embarcação","un",1947.49]
[5405977,"Aterro compactado em solo reforçado com fita metálica galvanizada - taxa 1,65 kg/m³ - material de jazida","m³",40.090000000000003]
[5406044,"Aterro compactado em solo reforçado com fita metálica galvanizada - taxa 12,40 kg/m³ - material de jazida","m³",224.12]
[5406045,"Aterro compactado em solo reforçado com fita metálica galvanizada - taxa 13,23 kg/m³ - material de jazida","m³",238.33]
[5406046,"Aterro compactado em solo reforçado com fita metálica galvanizada - taxa 14,88 kg/m³ - material de jazida","m³",266.58]
[5406047,"Aterro compactado em solo reforçado com fita metálica galvanizada - taxa 19,84 kg/m³ - material de jazida","m³",351.5]
[5405978,"Aterro compactado em solo reforçado com fita metálica galvanizada - taxa 3,31 kg/m³ - material de jazida","m³",68.5]
[5405982,"Aterro compactado em solo reforçado com fita metálica galvanizada - taxa 4,13 kg/m³ - material de jazida","m³",82.54]
[5405983,"Aterro compactado em solo reforçado com fita metálica galvanizada - taxa 4,96 kg/m³ - material de jazida","m³",96.75]
[5405984,"Aterro compactado em solo reforçado com fita metálica galvanizada - taxa 6,61 kg/m³ - material de jazida","m³",125]
[5405985,"Aterro compactado em solo reforçado com fita metálica galvanizada - taxa 8,27 kg/m³ - material de jazida","m³",153.41999999999999]
[5406043,"Aterro compactado em solo reforçado com fita metálica galvanizada - taxa 9,92 kg/m³ - material de jazida","m³",181.67]
[5405975,"Escoramento da primeira linha de escamas de concreto armado em solo reforçado com fita metálica – utilização de 3 vezes - confecção, instalação e retirada","m²",41.6]
[5405970,"Fabricação de escama de concreto armado para solo reforçado com fita metálica - 2 a 5 ligações - areia e brita comerciais","m³",1526.33]
[5405972,"Fabricação de escama de concreto armado para solo reforçado com fita metálica - 2 a 5 ligações - areia extraída e brita produzida","m³",1399.25]
[5405971,"Fabricação de escama de concreto armado para solo reforçado com fita metálica - 6 a 8 ligações - areia e brita comerciais","m³",1704.91]
[5405973,"Fabricação de escama de concreto armado para solo reforçado com fita metálica - 6 a 8 ligações - areia extraída e brita produzida","m³",1577.83]
[5405986,"Moldes metálicos para escama de concreto armado para solo reforçado com fita metálica - formato cruciforme de 1,50 x 1,50 m - utilização de 100 vezes","m²",9.84]
[5405976,"Montagem das escamas de concreto armado em solo reforçado com fita metálica","m²",129.91999999999999]
[5406023,"Muro de escama de concreto armado em solo reforçado com fita metálica com altura até 4 m - tipo 1 - areia e brita comerciais","m²",367.01]
[5406033,"Muro de escama de concreto armado em solo reforçado com fita metálica com altura até 4 m - tipo 1 - areia extraída e brita produzida","m²",349.22]
[5406024,"Muro de escama de concreto armado em solo reforçado com fita metálica com altura até 4 m - tipo 2 - areia e brita comerciais","m²",392.01]
[5406034,"Muro de escama de concreto armado em solo reforçado com fita metálica com altura até 4 m - tipo 2 - areia extraída e brita produzida","m²",374.22]
[5406031,"Muro de escama de concreto armado em solo reforçado com fita metálica com altura de 10,0 a 12 m - tipo 1 - areia e brita comerciais","m²",347.86]
[5406041,"Muro de escama de concreto armado em solo reforçado com fita metálica com altura de 10,0 a 12 m - tipo 1 - areia extraída e brita produzida","m²",330.07]
[5406032,"Muro de escama de concreto armado em solo reforçado com fita metálica com altura de 10,0 a 12 m - tipo 2 - areia e brita comerciais","m²",372.86]
[5406042,"Muro de escama de concreto armado em solo reforçado com fita metálica com altura de 10,0 a 12 m - tipo 2 - areia extraída e brita produzida","m²",355.07]
[5406025,"Muro de escama de concreto armado em solo reforçado com fita metálica com altura de 4,0 a 6 m - tipo 1 - areia e brita comerciais","m²",352.97]
[5406035,"Muro de escama de concreto armado em solo reforçado com fita metálica com altura de 4,0 a 6 m - tipo 1 - areia extraída e brita produzida","m²",335.18]
[5406026,"Muro de escama de concreto armado em solo reforçado com fita metálica com altura de 4,0 a 6 m - tipo 2 - areia e brita comerciais","m²",377.97]
[5406036,"Muro de escama de concreto armado em solo reforçado com fita metálica com altura de 4,0 a 6 m - tipo 2 - areia extraída e brita produzida","m²",360.18]
[5406027,"Muro de escama de concreto armado em solo reforçado com fita metálica com altura de 6,0 a 8 m - tipo 1 - areia e brita comerciais","m²",350.29]
[5406037,"Muro de escama de concreto armado em solo reforçado com fita metálica com altura de 6,0 a 8 m - tipo 1 - areia extraída e brita produzida","m²",332.5]
[5406028,"Muro de escama de concreto armado em solo reforçado com fita metálica com altura de 6,0 a 8 m - tipo 2 - areia e brita comerciais","m²",375.29]
[5406038,"Muro de escama de concreto armado em solo reforçado com fita metálica com altura de 6,0 a 8 m - tipo 2 - areia extraída e brita produzida","m²",357.5]
[5406029,"Muro de escama de concreto armado em solo reforçado com fita metálica com altura de 8,0 a 10 m - tipo 1 - areia e brita comerciais","m²",348.81]
[5406039,"Muro de escama de concreto armado em solo reforçado com fita metálica com altura de 8,0 a 10 m - tipo 1 - areia extraída e brita produzida","m²",331.02]
[5406030,"Muro de escama de concreto armado em solo reforçado com fita metálica com altura de 8,0 a 10 m - tipo 2 - areia e brita comerciais","m²",373.81]
[5406040,"Muro de escama de concreto armado em solo reforçado com fita metálica com altura de 8,0 a 10 m - tipo 2 - areia extraída e brita produzida","m²",356.02]
[5405987,"Travador de madeira para escama de concreto armado - utilização de 10 vezes","un",9.39]
[5405979,"Travamento e nivelamento de escama de concreto armado em solo reforçado com fita metálica","m²",16.47]
[5502806,"Camada drenante com conformação de trator de esteira - areia comercial","m³",95.32]
[5502807,"Camada drenante com conformação de trator de esteira - areia extraída","m³",17.55]
[5503041,"Compactação de aterros a 100% do Proctor intermediário","m³",6.54]
[5502978,"Compactação de aterros a 100% do Proctor normal","m³",5.66]
[5502822,"Compactação de camada final de aterro de rocha","m³",42.79]
[5502979,"Construção de corpo de aterro com material de 3ª categoria oriundo de corte","m³",22.02]
[5501700,"Desmatamento, destocamento e limpeza de área com árvores de diâmetro até 0,15 m","m²",0.71]
[5500991,"Desmonte de blocos de rocha com martelete pneumático","m³",173.23]
[5515739,"Desmonte de matacões ou bloco de rocha por meio de explosivos","m³",47.12]
[5505766,"Desmonte de material de 3ª categoria a frio com argamassa expansiva a céu aberto","m³",392.83]
[5501701,"Destocamento de árvores com diâmetro de 0,15 a 0,30 m","un",52.1]
[5501702,"Destocamento de árvores com diâmetro maior que 0,30 m","un",130.25]
[5502972,"Escavação de vala em material de 3ª categoria - resistência à compressão acima de 110 MPa - com escavadeira e rompedor hidráulico 1.700 kg","m³",211.42]
[5502968,"Escavação de vala em material de 3ª categoria - resistência à compressão até 50 MPa - com escavadeira e rompedor hidráulico 1.700 kg","m³",23.84]
[5502969,"Escavação de vala em material de 3ª categoria - resistência à compressão de 50 a 70 MPa - com escavadeira e rompedor hidráulico 1.700 kg","m³",30.08]
[5502970,"Escavação de vala em material de 3ª categoria - resistência à compressão de 70 a 90 MPa - com escavadeira e rompedor hidráulico 1.700 kg","m³",55.1]
[5502971,"Escavação de vala em material de 3ª categoria - resistência à compressão de 90 a 110 MPa - com escavadeira e rompedor hidráulico 1.700 kg","m³",102.6]
[5502663,"Escavação e transporte de material de 3ª categoria - DMT de 0 a 50 m","m³",38.35]
[5502993,"Escavação em material de 3ª categoria","m³",26.84]
[5502967,"Escavação em material de 3ª categoria - resistência à compressão acima de 110 MPa - com escavadeira e rompedor hidráulico 1.700 kg","m³",116.99]
[5502963,"Escavação em material de 3ª categoria - resistência à compressão até 50 MPa - com escavadeira e rompedor hidráulico 1.700 kg","m³",14.27]
[5502964,"Escavação em material de 3ª categoria - resistência à compressão de 50 a 70 MPa - com escavadeira e rompedor hidráulico 1.700 kg","m³",17.87]
[5502965,"Escavação em material de 3ª categoria - resistência à compressão de 70 a 90 MPa - com escavadeira e rompedor hidráulico 1.700 kg","m³",32.19]
[5502966,"Escavação em material de 3ª categoria - resistência à compressão de 90 a 110 MPa - com escavadeira e rompedor hidráulico 1.700 kg","m³",59.02]
[5501706,"Escavação mecânica com retroescavadeira em material de 1ª categoria","m³",6.95]
[5501880,"Escavação, carga e transporte de material de 1ª categoria - DMT de 1.000 a 1.200 m - caminho de serviço em leito natural - com carregadeira e caminhão basculante de 14 m³","m³",13.74]
[5502114,"Escavação, carga e transporte de material de 1ª categoria - DMT de 1.000 a 1.200 m - caminho de serviço em leito natural - com escavadeira e caminhão basculante de 14 m³","m³",8.49]
[5501906,"Escavação, carga e transporte de material de 1ª categoria - DMT de 1.000 a 1.200 m - caminho de serviço em revestimento primário - com carregadeira e caminhão basculante de 14 m³","m³",12.42]
[5502140,"Escavação, carga e transporte de material de 1ª categoria - DMT de 1.000 a 1.200 m - caminho de serviço em revestimento primário - com escavadeira e caminhão basculante de 14 m³","m³",7.16]
[5501932,"Escavação, carga e transporte de material de 1ª categoria - DMT de 1.000 a 1.200 m - caminho de serviço pavimentado - com carregadeira e caminhão basculante de 14 m³","m³",12.42]
[5502166,"Escavação, carga e transporte de material de 1ª categoria - DMT de 1.000 a 1.200 m - caminho de serviço pavimentado - com escavadeira e caminhão basculante de 14 m³","m³",7.6]
[5501881,"Escavação, carga e transporte de material de 1ª categoria - DMT de 1.200 a 1.400 m - caminho de serviço em leito natural - com carregadeira e caminhão basculante de 14 m³","m³",14.02]
[5502115,"Escavação, carga e transporte de material de 1ª categoria - DMT de 1.200 a 1.400 m - caminho de serviço em leito natural - com escavadeira e caminhão basculante de 14 m³","m³",9.2100000000000009]
[5501907,"Escavação, carga e transporte de material de 1ª categoria - DMT de 1.200 a 1.400 m - caminho de serviço em revestimento primário - com carregadeira e caminhão basculante de 14 m³","m³",12.61]
[5502141,"Escavação, carga e transporte de material de 1ª categoria - DMT de 1.200 a 1.400 m - caminho de serviço em revestimento primário - com escavadeira e caminhão basculante de 14 m³","m³",7.75]
[5501933,"Escavação, carga e transporte de material de 1ª categoria - DMT de 1.200 a 1.400 m - caminho de serviço pavimentado - com carregadeira e caminhão basculante de 14 m³","m³",12.61]
[5502167,"Escavação, carga e transporte de material de 1ª categoria - DMT de 1.200 a 1.400 m - caminho de serviço pavimentado - com escavadeira e caminhão basculante de 14 m³","m³",7.75]
[5501882,"Escavação, carga e transporte de material de 1ª categoria - DMT de 1.400 a 1.600 m - caminho de serviço em leito natural - com carregadeira e caminhão basculante de 14 m³","m³",14.3]
[5502116,"Escavação, carga e transporte de material de 1ª categoria - DMT de 1.400 a 1.600 m - caminho de serviço em leito natural - com escavadeira e caminhão basculante de 14 m³","m³",9.4499999999999993]
[5501908,"Escavação, carga e transporte de material de 1ª categoria - DMT de 1.400 a 1.600 m - caminho de serviço em revestimento primário - com carregadeira e caminhão basculante de 14 m³","m³",12.8]
[5502142,"Escavação, carga e transporte de material de 1ª categoria - DMT de 1.400 a 1.600 m - caminho de serviço em revestimento primário - com escavadeira e caminhão basculante de 14 m³","m³",7.95]
[5501934,"Escavação, carga e transporte de material de 1ª categoria - DMT de 1.400 a 1.600 m - caminho de serviço pavimentado - com carregadeira e caminhão basculante de 14 m³","m³",12.75]
[5502168,"Escavação, carga e transporte de material de 1ª categoria - DMT de 1.400 a 1.600 m - caminho de serviço pavimentado - com escavadeira e caminhão basculante de 14 m³","m³",7.9]
[5501883,"Escavação, carga e transporte de material de 1ª categoria - DMT de 1.600 a 1.800 m - caminho de serviço em leito natural - com carregadeira e caminhão basculante de 14 m³","m³",14.58]
[5502117,"Escavação, carga e transporte de material de 1ª categoria - DMT de 1.600 a 1.800 m - caminho de serviço em leito natural - com escavadeira e caminhão basculante de 14 m³","m³",9.75]
[5501909,"Escavação, carga e transporte de material de 1ª categoria - DMT de 1.600 a 1.800 m - caminho de serviço em revestimento primário - com carregadeira e caminhão basculante de 14 m³","m³",12.98]
[5502143,"Escavação, carga e transporte de material de 1ª categoria - DMT de 1.600 a 1.800 m - caminho de serviço em revestimento primário - com escavadeira e caminhão basculante de 14 m³","m³",8.15]
[5501935,"Escavação, carga e transporte de material de 1ª categoria - DMT de 1.600 a 1.800 m - caminho de serviço pavimentado - com carregadeira e caminhão basculante de 14 m³","m³",12.94]
[5502169,"Escavação, carga e transporte de material de 1ª categoria - DMT de 1.600 a 1.800 m - caminho de serviço pavimentado - com escavadeira e caminhão basculante de 14 m³","m³",8.1]
[5501884,"Escavação, carga e transporte de material de 1ª categoria - DMT de 1.800 a 2.000 m - caminho de serviço em leito natural - com carregadeira e caminhão basculante de 14 m³","m³",15.25]
[5502118,"Escavação, carga e transporte de material de 1ª categoria - DMT de 1.800 a 2.000 m - caminho de serviço em leito natural - com escavadeira e caminhão basculante de 14 m³","m³",10.039999999999999]
[5501910,"Escavação, carga e transporte de material de 1ª categoria - DMT de 1.800 a 2.000 m - caminho de serviço em revestimento primário - com carregadeira e caminhão basculante de 14 m³","m³",13.17]
[5502144,"Escavação, carga e transporte de material de 1ª categoria - DMT de 1.800 a 2.000 m - caminho de serviço em revestimento primário - com escavadeira e caminhão basculante de 14 m³","m³",8.3000000000000007]
[5501936,"Escavação, carga e transporte de material de 1ª categoria - DMT de 1.800 a 2.000 m - caminho de serviço pavimentado - com carregadeira e caminhão basculante de 14 m³","m³",13.08]
[5502170,"Escavação, carga e transporte de material de 1ª categoria - DMT de 1.800 a 2.000 m - caminho de serviço pavimentado - com escavadeira e caminhão basculante de 14 m³","m³",8.25]
[5501885,"Escavação, carga e transporte de material de 1ª categoria - DMT de 2.000 a 2.500 m - caminho de serviço em leito natural - com carregadeira e caminhão basculante de 14 m³","m³",15.78]
[5502119,"Escavação, carga e transporte de material de 1ª categoria - DMT de 2.000 a 2.500 m - caminho de serviço em leito natural - com escavadeira e caminhão basculante de 14 m³","m³",10.96]
[5501911,"Escavação, carga e transporte de material de 1ª categoria - DMT de 2.000 a 2.500 m - caminho de serviço em revestimento primário - com carregadeira e caminhão basculante de 14 m³","m³",13.86]
[5502145,"Escavação, carga e transporte de material de 1ª categoria - DMT de 2.000 a 2.500 m - caminho de serviço em revestimento primário - com escavadeira e caminhão basculante de 14 m³","m³",8.64]
[5501937,"Escavação, carga e transporte de material de 1ª categoria - DMT de 2.000 a 2.500 m - caminho de serviço pavimentado - com carregadeira e caminhão basculante de 14 m³","m³",13.8]
[5502171,"Escavação, carga e transporte de material de 1ª categoria - DMT de 2.000 a 2.500 m - caminho de serviço pavimentado - com escavadeira e caminhão basculante de 14 m³","m³",8.5399999999999991]
[5501886,"Escavação, carga e transporte de material de 1ª categoria - DMT de 2.500 a 3.000 m - caminho de serviço em leito natural - com carregadeira e caminhão basculante de 14 m³","m³",16.93]
[5502120,"Escavação, carga e transporte de material de 1ª categoria - DMT de 2.500 a 3.000 m - caminho de serviço em leito natural - com escavadeira e caminhão basculante de 14 m³","m³",12.13]
[5501912,"Escavação, carga e transporte de material de 1ª categoria - DMT de 2.500 a 3.000 m - caminho de serviço em revestimento primário - com carregadeira e caminhão basculante de 14 m³","m³",14.36]
[5502146,"Escavação, carga e transporte de material de 1ª categoria - DMT de 2.500 a 3.000 m - caminho de serviço em revestimento primário - com escavadeira e caminhão basculante de 14 m³","m³",9.57]
[5501938,"Escavação, carga e transporte de material de 1ª categoria - DMT de 2.500 a 3.000 m - caminho de serviço pavimentado - com carregadeira e caminhão basculante de 14 m³","m³",14.25]
[5502172,"Escavação, carga e transporte de material de 1ª categoria - DMT de 2.500 a 3.000 m - caminho de serviço pavimentado - com escavadeira e caminhão basculante de 14 m³","m³",9.4499999999999993]
[5501876,"Escavação, carga e transporte de material de 1ª categoria - DMT de 200 a 400 m - caminho de serviço em leito natural - com carregadeira e caminhão basculante de 14 m³","m³",11.64]
[5502110,"Escavação, carga e transporte de material de 1ª categoria - DMT de 200 a 400 m - caminho de serviço em leito natural - com escavadeira e caminhão basculante de 14 m³","m³",6.77]
[5501902,"Escavação, carga e transporte de material de 1ª categoria - DMT de 200 a 400 m - caminho de serviço em revestimento primário - com carregadeira e caminhão basculante de 14 m³","m³",11.19]
[5502136,"Escavação, carga e transporte de material de 1ª categoria - DMT de 200 a 400 m - caminho de serviço em revestimento primário - com escavadeira e caminhão basculante de 14 m³","m³",6.33]
[5501928,"Escavação, carga e transporte de material de 1ª categoria - DMT de 200 a 400 m - caminho de serviço pavimentado - com carregadeira e caminhão basculante de 14 m³","m³",11.27]
[5502162,"Escavação, carga e transporte de material de 1ª categoria - DMT de 200 a 400 m - caminho de serviço pavimentado - com escavadeira e caminhão basculante de 14 m³","m³",6.41]
[5501877,"Escavação, carga e transporte de material de 1ª categoria - DMT de 400 a 600 m - caminho de serviço em leito natural - com carregadeira e caminhão basculante de 14 m³","m³",12.42]
[5502111,"Escavação, carga e transporte de material de 1ª categoria - DMT de 400 a 600 m - caminho de serviço em leito natural - com escavadeira e caminhão basculante de 14 m³","m³",7.16]
[5501903,"Escavação, carga e transporte de material de 1ª categoria - DMT de 400 a 600 m - caminho de serviço em revestimento primário - com carregadeira e caminhão basculante de 14 m³","m³",11.45]
[5502137,"Escavação, carga e transporte de material de 1ª categoria - DMT de 400 a 600 m - caminho de serviço em revestimento primário - com escavadeira e caminhão basculante de 14 m³","m³",6.57]
[5501929,"Escavação, carga e transporte de material de 1ª categoria - DMT de 400 a 600 m - caminho de serviço pavimentado - com carregadeira e caminhão basculante de 14 m³","m³",11.49]
[5502163,"Escavação, carga e transporte de material de 1ª categoria - DMT de 400 a 600 m - caminho de serviço pavimentado - com escavadeira e caminhão basculante de 14 m³","m³",6.61]
[5501875,"Escavação, carga e transporte de material de 1ª categoria - DMT de 50 a 200 m - caminho de serviço em leito natural - com carregadeira e caminhão basculante de 14 m³","m³",11.19]
[5502109,"Escavação, carga e transporte de material de 1ª categoria - DMT de 50 a 200 m - caminho de serviço em leito natural - com escavadeira e caminhão basculante de 14 m³","m³",6.33]
[5501901,"Escavação, carga e transporte de material de 1ª categoria - DMT de 50 a 200 m - caminho de serviço em revestimento primário - com carregadeira e caminhão basculante de 14 m³","m³",10.51]
[5502135,"Escavação, carga e transporte de material de 1ª categoria - DMT de 50 a 200 m - caminho de serviço em revestimento primário - com escavadeira e caminhão basculante de 14 m³","m³",5.6]
[5501927,"Escavação, carga e transporte de material de 1ª categoria - DMT de 50 a 200 m - caminho de serviço pavimentado - com carregadeira e caminhão basculante de 14 m³","m³",11.01]
[5502161,"Escavação, carga e transporte de material de 1ª categoria - DMT de 50 a 200 m - caminho de serviço pavimentado - com escavadeira e caminhão basculante de 14 m³","m³",5.69]
[5501878,"Escavação, carga e transporte de material de 1ª categoria - DMT de 600 a 800 m - caminho de serviço em leito natural - com carregadeira e caminhão basculante de 14 m³","m³",12.75]
[5502112,"Escavação, carga e transporte de material de 1ª categoria - DMT de 600 a 800 m - caminho de serviço em leito natural - com escavadeira e caminhão basculante de 14 m³","m³",7.9]
[5501904,"Escavação, carga e transporte de material de 1ª categoria - DMT de 600 a 800 m - caminho de serviço em revestimento primário - com carregadeira e caminhão basculante de 14 m³","m³",11.64]
[5502138,"Escavação, carga e transporte de material de 1ª categoria - DMT de 600 a 800 m - caminho de serviço em revestimento primário - com escavadeira e caminhão basculante de 14 m³","m³",6.81]
[5501930,"Escavação, carga e transporte de material de 1ª categoria - DMT de 600 a 800 m - caminho de serviço pavimentado - com carregadeira e caminhão basculante de 14 m³","m³",11.68]
[5502164,"Escavação, carga e transporte de material de 1ª categoria - DMT de 600 a 800 m - caminho de serviço pavimentado - com escavadeira e caminhão basculante de 14 m³","m³",6.81]
[5501879,"Escavação, carga e transporte de material de 1ª categoria - DMT de 800 a 1.000 m - caminho de serviço em leito natural - com carregadeira e caminhão basculante de 14 m³","m³",13.08]
[5502113,"Escavação, carga e transporte de material de 1ª categoria - DMT de 800 a 1.000 m - caminho de serviço em leito natural - com escavadeira e caminhão basculante de 14 m³","m³",8.1999999999999993]
[5501905,"Escavação, carga e transporte de material de 1ª categoria - DMT de 800 a 1.000 m - caminho de serviço em revestimento primário - com carregadeira e caminhão basculante de 14 m³","m³",11.87]
[5502139,"Escavação, carga e transporte de material de 1ª categoria - DMT de 800 a 1.000 m - caminho de serviço em revestimento primário - com escavadeira e caminhão basculante de 14 m³","m³",7]
[5501931,"Escavação, carga e transporte de material de 1ª categoria - DMT de 800 a 1.000 m - caminho de serviço pavimentado - com carregadeira e caminhão basculante de 14 m³","m³",12.28]
[5502165,"Escavação, carga e transporte de material de 1ª categoria - DMT de 800 a 1.000 m - caminho de serviço pavimentado - com escavadeira e caminhão basculante de 14 m³","m³",7]
[5502825,"Escavação, carga e transporte de material de 1ª categoria na distância de 3.000 m - caminho de serviço em leito natural - com carregadeira e caminhão basculante de 14 m³","m³",17.79]
[5502834,"Escavação, carga e transporte de material de 1ª categoria na distância de 3.000 m - caminho de serviço em leito natural - com escavadeira e caminhão basculante de 14 m³","m³",12.6]
[5502826,"Escavação, carga e transporte de material de 1ª categoria na distância de 3.000 m - caminho de serviço em revestimento primário - com carregadeira e caminhão basculante de 14 m³","m³",14.64]
[5502835,"Escavação, carga e transporte de material de 1ª categoria na distância de 3.000 m - caminho de serviço em revestimento primário - com escavadeira e caminhão basculante de 14 m³","m³",9.86]
[5502827,"Escavação, carga e transporte de material de 1ª categoria na distância de 3.000 m - caminho de serviço pavimentado - com carregadeira e caminhão basculante de 14 m³","m³",14.47]
[5502836,"Escavação, carga e transporte de material de 1ª categoria na distância de 3.000 m - caminho de serviço pavimentado - com escavadeira e caminhão basculante de 14 m³","m³",9.69]
[5502356,"Escavação, carga e transporte de material de 2ª categoria - DMT de 1.000 a 1.200 m - caminho de serviço em leito natural - com carregadeira e caminhão basculante de 14 m³","m³",21.98]
[5502590,"Escavação, carga e transporte de material de 2ª categoria - DMT de 1.000 a 1.200 m - caminho de serviço em leito natural - com escavadeira e caminhão basculante de 14 m³","m³",11.56]
[5502382,"Escavação, carga e transporte de material de 2ª categoria - DMT de 1.000 a 1.200 m - caminho de serviço em revestimento primário - com carregadeira e caminhão basculante de 14 m³","m³",20.46]
[5502616,"Escavação, carga e transporte de material de 2ª categoria - DMT de 1.000 a 1.200 m - caminho de serviço em revestimento primário - com escavadeira e caminhão basculante de 14 m³","m³",9.9]
[5502408,"Escavação, carga e transporte de material de 2ª categoria - DMT de 1.000 a 1.200 m - caminho de serviço pavimentado - com carregadeira e caminhão basculante de 14 m³","m³",20.46]
[5502642,"Escavação, carga e transporte de material de 2ª categoria - DMT de 1.000 a 1.200 m - caminho de serviço pavimentado - com escavadeira e caminhão basculante de 14 m³","m³",9.85]
[5502357,"Escavação, carga e transporte de material de 2ª categoria - DMT de 1.200 a 1.400 m - caminho de serviço em leito natural - com carregadeira e caminhão basculante de 14 m³","m³",22.3]
[5502591,"Escavação, carga e transporte de material de 2ª categoria - DMT de 1.200 a 1.400 m - caminho de serviço em leito natural - com escavadeira e caminhão basculante de 14 m³","m³",11.91]
[5502383,"Escavação, carga e transporte de material de 2ª categoria - DMT de 1.200 a 1.400 m - caminho de serviço em revestimento primário - com carregadeira e caminhão basculante de 14 m³","m³",20.66]
[5502617,"Escavação, carga e transporte de material de 2ª categoria - DMT de 1.200 a 1.400 m - caminho de serviço em revestimento primário - com escavadeira e caminhão basculante de 14 m³","m³",10.050000000000001]
[5502409,"Escavação, carga e transporte de material de 2ª categoria - DMT de 1.200 a 1.400 m - caminho de serviço pavimentado - com carregadeira e caminhão basculante de 14 m³","m³",20.61]
[5502643,"Escavação, carga e transporte de material de 2ª categoria - DMT de 1.200 a 1.400 m - caminho de serviço pavimentado - com escavadeira e caminhão basculante de 14 m³","m³",10.050000000000001]
[5502358,"Escavação, carga e transporte de material de 2ª categoria - DMT de 1.400 a 1.600 m - caminho de serviço em leito natural - com carregadeira e caminhão basculante de 14 m³","m³",22.61]
[5502592,"Escavação, carga e transporte de material de 2ª categoria - DMT de 1.400 a 1.600 m - caminho de serviço em leito natural - com escavadeira e caminhão basculante de 14 m³","m³",12.18]
[5502384,"Escavação, carga e transporte de material de 2ª categoria - DMT de 1.400 a 1.600 m - caminho de serviço em revestimento primário - com carregadeira e caminhão basculante de 14 m³","m³",20.87]
[5502618,"Escavação, carga e transporte de material de 2ª categoria - DMT de 1.400 a 1.600 m - caminho de serviço em revestimento primário - com escavadeira e caminhão basculante de 14 m³","m³",11.02]
[5502410,"Escavação, carga e transporte de material de 2ª categoria - DMT de 1.400 a 1.600 m - caminho de serviço pavimentado - com carregadeira e caminhão basculante de 14 m³","m³",20.82]
[5502644,"Escavação, carga e transporte de material de 2ª categoria - DMT de 1.400 a 1.600 m - caminho de serviço pavimentado - com escavadeira e caminhão basculante de 14 m³","m³",10.95]
[5502359,"Escavação, carga e transporte de material de 2ª categoria - DMT de 1.600 a 1.800 m - caminho de serviço em leito natural - com carregadeira e caminhão basculante de 14 m³","m³",22.93]
[5502593,"Escavação, carga e transporte de material de 2ª categoria - DMT de 1.600 a 1.800 m - caminho de serviço em leito natural - com escavadeira e caminhão basculante de 14 m³","m³",12.52]
[5502385,"Escavação, carga e transporte de material de 2ª categoria - DMT de 1.600 a 1.800 m - caminho de serviço em revestimento primário - com carregadeira e caminhão basculante de 14 m³","m³",21.07]
[5502619,"Escavação, carga e transporte de material de 2ª categoria - DMT de 1.600 a 1.800 m - caminho de serviço em revestimento primário - com escavadeira e caminhão basculante de 14 m³","m³",11.22]
[5502411,"Escavação, carga e transporte de material de 2ª categoria - DMT de 1.600 a 1.800 m - caminho de serviço pavimentado - com carregadeira e caminhão basculante de 14 m³","m³",21.02]
[5502645,"Escavação, carga e transporte de material de 2ª categoria - DMT de 1.600 a 1.800 m - caminho de serviço pavimentado - com escavadeira e caminhão basculante de 14 m³","m³",11.15]
[5502360,"Escavação, carga e transporte de material de 2ª categoria - DMT de 1.800 a 2.000 m - caminho de serviço em leito natural - com carregadeira e caminhão basculante de 14 m³","m³",23.75]
[5502594,"Escavação, carga e transporte de material de 2ª categoria - DMT de 1.800 a 2.000 m - caminho de serviço em leito natural - com escavadeira e caminhão basculante de 14 m³","m³",13.57]
[5502386,"Escavação, carga e transporte de material de 2ª categoria - DMT de 1.800 a 2.000 m - caminho de serviço em revestimento primário - com carregadeira e caminhão basculante de 14 m³","m³",21.79]
[5502620,"Escavação, carga e transporte de material de 2ª categoria - DMT de 1.800 a 2.000 m - caminho de serviço em revestimento primário - com escavadeira e caminhão basculante de 14 m³","m³",11.36]
[5502412,"Escavação, carga e transporte de material de 2ª categoria - DMT de 1.800 a 2.000 m - caminho de serviço pavimentado - com carregadeira e caminhão basculante de 14 m³","m³",21.72]
[5502646,"Escavação, carga e transporte de material de 2ª categoria - DMT de 1.800 a 2.000 m - caminho de serviço pavimentado - com escavadeira e caminhão basculante de 14 m³","m³",11.29]
[5502361,"Escavação, carga e transporte de material de 2ª categoria - DMT de 2.000 a 2.500 m - caminho de serviço em leito natural - com carregadeira e caminhão basculante de 14 m³","m³",24.28]
[5502595,"Escavação, carga e transporte de material de 2ª categoria - DMT de 2.000 a 2.500 m - caminho de serviço em leito natural - com escavadeira e caminhão basculante de 14 m³","m³",14.09]
[5502387,"Escavação, carga e transporte de material de 2ª categoria - DMT de 2.000 a 2.500 m - caminho de serviço em revestimento primário - com carregadeira e caminhão basculante de 14 m³","m³",22.17]
[5502621,"Escavação, carga e transporte de material de 2ª categoria - DMT de 2.000 a 2.500 m - caminho de serviço em revestimento primário - com escavadeira e caminhão basculante de 14 m³","m³",11.77]
[5502413,"Escavação, carga e transporte de material de 2ª categoria - DMT de 2.000 a 2.500 m - caminho de serviço pavimentado - com carregadeira e caminhão basculante de 14 m³","m³",22.04]
[5502647,"Escavação, carga e transporte de material de 2ª categoria - DMT de 2.000 a 2.500 m - caminho de serviço pavimentado - com escavadeira e caminhão basculante de 14 m³","m³",11.63]
[5502362,"Escavação, carga e transporte de material de 2ª categoria - DMT de 2.500 a 3.000 m - caminho de serviço em leito natural - com carregadeira e caminhão basculante de 14 m³","m³",25.75]
[5502596,"Escavação, carga e transporte de material de 2ª categoria - DMT de 2.500 a 3.000 m - caminho de serviço em leito natural - com escavadeira e caminhão basculante de 14 m³","m³",14.94]
[5502388,"Escavação, carga e transporte de material de 2ª categoria - DMT de 2.500 a 3.000 m - caminho de serviço em revestimento primário - com carregadeira e caminhão basculante de 14 m³","m³",22.68]
[5502622,"Escavação, carga e transporte de material de 2ª categoria - DMT de 2.500 a 3.000 m - caminho de serviço em revestimento primário - com escavadeira e caminhão basculante de 14 m³","m³",12.32]
[5502414,"Escavação, carga e transporte de material de 2ª categoria - DMT de 2.500 a 3.000 m - caminho de serviço pavimentado - com carregadeira e caminhão basculante de 14 m³","m³",22.55]
[5502648,"Escavação, carga e transporte de material de 2ª categoria - DMT de 2.500 a 3.000 m - caminho de serviço pavimentado - com escavadeira e caminhão basculante de 14 m³","m³",12.18]
[5502352,"Escavação, carga e transporte de material de 2ª categoria - DMT de 200 a 400 m - caminho de serviço em leito natural - com carregadeira e caminhão basculante de 14 m³","m³",20]
[5502586,"Escavação, carga e transporte de material de 2ª categoria - DMT de 200 a 400 m - caminho de serviço em leito natural - com escavadeira e caminhão basculante de 14 m³","m³",9.43]
[5502378,"Escavação, carga e transporte de material de 2ª categoria - DMT de 200 a 400 m - caminho de serviço em revestimento primário - com carregadeira e caminhão basculante de 14 m³","m³",18.97]
[5502612,"Escavação, carga e transporte de material de 2ª categoria - DMT de 200 a 400 m - caminho de serviço em revestimento primário - com escavadeira e caminhão basculante de 14 m³","m³",8.92]
[5502404,"Escavação, carga e transporte de material de 2ª categoria - DMT de 200 a 400 m - caminho de serviço pavimentado - com carregadeira e caminhão basculante de 14 m³","m³",19.05]
[5502638,"Escavação, carga e transporte de material de 2ª categoria - DMT de 200 a 400 m - caminho de serviço pavimentado - com escavadeira e caminhão basculante de 14 m³","m³",9.02]
[5502353,"Escavação, carga e transporte de material de 2ª categoria - DMT de 400 a 600 m - caminho de serviço em leito natural - com carregadeira e caminhão basculante de 14 m³","m³",20.41]
[5502587,"Escavação, carga e transporte de material de 2ª categoria - DMT de 400 a 600 m - caminho de serviço em leito natural - com escavadeira e caminhão basculante de 14 m³","m³",9.85]
[5502379,"Escavação, carga e transporte de material de 2ª categoria - DMT de 400 a 600 m - caminho de serviço em revestimento primário - com carregadeira e caminhão basculante de 14 m³","m³",19.27]
[5502613,"Escavação, carga e transporte de material de 2ª categoria - DMT de 400 a 600 m - caminho de serviço em revestimento primário - com escavadeira e caminhão basculante de 14 m³","m³",9.23]
[5502405,"Escavação, carga e transporte de material de 2ª categoria - DMT de 400 a 600 m - caminho de serviço pavimentado - com carregadeira e caminhão basculante de 14 m³","m³",19.850000000000001]
[5502639,"Escavação, carga e transporte de material de 2ª categoria - DMT de 400 a 600 m - caminho de serviço pavimentado - com escavadeira e caminhão basculante de 14 m³","m³",9.2799999999999994]
[5502351,"Escavação, carga e transporte de material de 2ª categoria - DMT de 50 a 200 m - caminho de serviço em leito natural - com carregadeira e caminhão basculante de 14 m³","m³",18.97]
[5502585,"Escavação, carga e transporte de material de 2ª categoria - DMT de 50 a 200 m - caminho de serviço em leito natural - com escavadeira e caminhão basculante de 14 m³","m³",8.92]
[5502377,"Escavação, carga e transporte de material de 2ª categoria - DMT de 50 a 200 m - caminho de serviço em revestimento primário - com carregadeira e caminhão basculante de 14 m³","m³",18.66]
[5502611,"Escavação, carga e transporte de material de 2ª categoria - DMT de 50 a 200 m - caminho de serviço em revestimento primário - com escavadeira e caminhão basculante de 14 m³","m³",8.61]
[5502403,"Escavação, carga e transporte de material de 2ª categoria - DMT de 50 a 200 m - caminho de serviço pavimentado - com carregadeira e caminhão basculante de 14 m³","m³",18.78]
[5502637,"Escavação, carga e transporte de material de 2ª categoria - DMT de 50 a 200 m - caminho de serviço pavimentado - com escavadeira e caminhão basculante de 14 m³","m³",8.7200000000000006]
[5502187,"Escavação, carga e transporte de material de 2ª categoria - DMT de 50 m","m³",9.76]
[5502354,"Escavação, carga e transporte de material de 2ª categoria - DMT de 600 a 800 m - caminho de serviço em leito natural - com carregadeira e caminhão basculante de 14 m³","m³",20.82]
[5502588,"Escavação, carga e transporte de material de 2ª categoria - DMT de 600 a 800 m - caminho de serviço em leito natural - com escavadeira e caminhão basculante de 14 m³","m³",10.95]
[5502380,"Escavação, carga e transporte de material de 2ª categoria - DMT de 600 a 800 m - caminho de serviço em revestimento primário - com carregadeira e caminhão basculante de 14 m³","m³",20.05]
[5502614,"Escavação, carga e transporte de material de 2ª categoria - DMT de 600 a 800 m - caminho de serviço em revestimento primário - com escavadeira e caminhão basculante de 14 m³","m³",9.43]
[5502406,"Escavação, carga e transporte de material de 2ª categoria - DMT de 600 a 800 m - caminho de serviço pavimentado - com carregadeira e caminhão basculante de 14 m³","m³",20.05]
[5502640,"Escavação, carga e transporte de material de 2ª categoria - DMT de 600 a 800 m - caminho de serviço pavimentado - com escavadeira e caminhão basculante de 14 m³","m³",9.49]
[5502355,"Escavação, carga e transporte de material de 2ª categoria - DMT de 800 a 1.000 m - caminho de serviço em leito natural - com carregadeira e caminhão basculante de 14 m³","m³",21.12]
[5502589,"Escavação, carga e transporte de material de 2ª categoria - DMT de 800 a 1.000 m - caminho de serviço em leito natural - com escavadeira e caminhão basculante de 14 m³","m³",11.29]
[5502381,"Escavação, carga e transporte de material de 2ª categoria - DMT de 800 a 1.000 m - caminho de serviço em revestimento primário - com carregadeira e caminhão basculante de 14 m³","m³",20.260000000000002]
[5502615,"Escavação, carga e transporte de material de 2ª categoria - DMT de 800 a 1.000 m - caminho de serviço em revestimento primário - com escavadeira e caminhão basculante de 14 m³","m³",9.69]
[5502407,"Escavação, carga e transporte de material de 2ª categoria - DMT de 800 a 1.000 m - caminho de serviço pavimentado - com carregadeira e caminhão basculante de 14 m³","m³",20.260000000000002]
[5502641,"Escavação, carga e transporte de material de 2ª categoria - DMT de 800 a 1.000 m - caminho de serviço pavimentado - com escavadeira e caminhão basculante de 14 m³","m³",9.69]
[5502880,"Escavação, carga e transporte de material de 2ª categoria na distância de 3.000 m - caminho de serviço em leito natural - com escavadeira e caminhão basculante de 14 m³","m³",16.13]
[5502857,"Escavação, carga e transporte de material de 2ª categoria na distância de 3.000 m - caminho de serviço em leito natural com carregadeira e caminhão basculante de 14 m³","m³",26.19]
[5502881,"Escavação, carga e transporte de material de 2ª categoria na distância de 3.000 m - caminho de serviço em revestimento primário - com escavadeira e caminhão basculante de 14 m³","m³",12.59]
[5502859,"Escavação, carga e transporte de material de 2ª categoria na distância de 3.000 m - caminho de serviço pavimentado - com carregadeira e caminhão basculante de 14 m³","m³",22.8]
[5502882,"Escavação, carga e transporte de material de 2ª categoria na distância de 3.000 m - caminho de serviço pavimentado - com escavadeira e caminhão basculante de 14 m³","m³",12.46]
[5502858,"Escavação, carga e transporte de material de 2ª categoria na distância de 3.000 m -caminho de serviço com revestimento primário com carregadeira e caminhão basculante de 14 m³","m³",23.52]
[5502747,"Escavação, carga e transporte de material de 3ª categoria - DMT de 1.000 a 1.200 m - caminho de serviço em leito natural com caminhão basculante de 12 m³","m³",50.23]
[5502773,"Escavação, carga e transporte de material de 3ª categoria - DMT de 1.000 a 1.200 m - caminho de serviço em revestimento primário - com caminhão basculante de 12 m³","m³",48.66]
[5502799,"Escavação, carga e transporte de material de 3ª categoria - DMT de 1.000 a 1.200 m - caminho de serviço pavimentado - com caminhão basculante de 12 m³","m³",46.65]
[5502748,"Escavação, carga e transporte de material de 3ª categoria - DMT de 1.200 a 1.400 m - caminho de serviço em leito natural com caminhão basculante de 12 m³","m³",50.8]
[5502774,"Escavação, carga e transporte de material de 3ª categoria - DMT de 1.200 a 1.400 m - caminho de serviço em revestimento primário - com caminhão basculante de 12 m³","m³",49]
[5502800,"Escavação, carga e transporte de material de 3ª categoria - DMT de 1.200 a 1.400 m - caminho de serviço pavimentado - com caminhão basculante de 12 m³","m³",48.66]
[5502749,"Escavação, carga e transporte de material de 3ª categoria - DMT de 1.400 a 1.600 m - caminho de serviço em leito natural com caminhão basculante de 12 m³","m³",51.24]
[5502775,"Escavação, carga e transporte de material de 3ª categoria - DMT de 1.400 a 1.600 m - caminho de serviço em revestimento primário - com caminhão basculante de 12 m³","m³",49.33]
[5502801,"Escavação, carga e transporte de material de 3ª categoria - DMT de 1.400 a 1.600 m - caminho de serviço pavimentado - com caminhão basculante de 12 m³","m³",49]
[5502750,"Escavação, carga e transporte de material de 3ª categoria - DMT de 1.600 a 1.800 m - caminho de serviço em leito natural com caminhão basculante de 12 m³","m³",51.69]
[5502776,"Escavação, carga e transporte de material de 3ª categoria - DMT de 1.600 a 1.800 m - caminho de serviço em revestimento primário - com caminhão basculante de 12 m³","m³",49.67]
[5502802,"Escavação, carga e transporte de material de 3ª categoria - DMT de 1.600 a 1.800 m - caminho de serviço pavimentado - com caminhão basculante de 12 m³","m³",49.22]
[5502751,"Escavação, carga e transporte de material de 3ª categoria - DMT de 1.800 a 2.000 m - caminho de serviço em leito natural com caminhão basculante de 12 m³","m³",54.05]
[5502777,"Escavação, carga e transporte de material de 3ª categoria - DMT de 1.800 a 2.000 m - caminho de serviço em revestimento primário - com caminhão basculante de 12 m³","m³",49.9]
[5502803,"Escavação, carga e transporte de material de 3ª categoria - DMT de 1.800 a 2.000 m - caminho de serviço pavimentado - com caminhão basculante de 12 m³","m³",49.56]
[5502752,"Escavação, carga e transporte de material de 3ª categoria - DMT de 2.000 a 2.500 m - caminho de serviço em leito natural com caminhão basculante de 12 m³","m³",54.79]
[5502778,"Escavação, carga e transporte de material de 3ª categoria - DMT de 2.000 a 2.500 m - caminho de serviço em revestimento primário - com caminhão basculante de 12 m³","m³",50.57]
[5502804,"Escavação, carga e transporte de material de 3ª categoria - DMT de 2.000 a 2.500 m - caminho de serviço pavimentado - com caminhão basculante de 12 m³","m³",50.01]
[5502753,"Escavação, carga e transporte de material de 3ª categoria - DMT de 2.500 a 3.000 m - caminho de serviço em leito natural com caminhão basculante de 12 m³","m³",56.29]
[5502779,"Escavação, carga e transporte de material de 3ª categoria - DMT de 2.500 a 3.000 m - caminho de serviço em revestimento primário - com caminhão basculante de 12 m³","m³",51.36]
[5502805,"Escavação, carga e transporte de material de 3ª categoria - DMT de 2.500 a 3.000 m - caminho de serviço pavimentado - com caminhão basculante de 12 m³","m³",50.8]
[5502743,"Escavação, carga e transporte de material de 3ª categoria - DMT de 200 a 400 m - caminho de serviço em leito natural com caminhão basculante de 12 m³","m³",46.27]
[5502769,"Escavação, carga e transporte de material de 3ª categoria - DMT de 200 a 400 m - caminho de serviço em revestimento primário - com caminhão basculante de 12 m³","m³",45.45]
[5502795,"Escavação, carga e transporte de material de 3ª categoria - DMT de 200 a 400 m - caminho de serviço pavimentado - com caminhão basculante de 12 m³","m³",45.37]
[5502744,"Escavação, carga e transporte de material de 3ª categoria - DMT de 400 a 600 m - caminho de serviço em leito natural com caminhão basculante de 12 m³","m³",48.66]
[5502770,"Escavação, carga e transporte de material de 3ª categoria - DMT de 400 a 600 m - caminho de serviço em revestimento primário - com caminhão basculante de 12 m³","m³",45.9]
[5502796,"Escavação, carga e transporte de material de 3ª categoria - DMT de 400 a 600 m - caminho de serviço pavimentado - com caminhão basculante de 12 m³","m³",45.75]
[5502742,"Escavação, carga e transporte de material de 3ª categoria - DMT de 50 a 200 m - caminho de serviço em leito natural com caminhão basculante de 12 m³","m³",45.45]
[5502768,"Escavação, carga e transporte de material de 3ª categoria - DMT de 50 a 200 m - caminho de serviço em revestimento primário - com caminhão basculante de 12 m³","m³",44.92]
[5502794,"Escavação, carga e transporte de material de 3ª categoria - DMT de 50 a 200 m - caminho de serviço pavimentado - com caminhão basculante de 12 m³","m³",44.92]
[5502745,"Escavação, carga e transporte de material de 3ª categoria - DMT de 600 a 800 m - caminho de serviço em leito natural com caminhão basculante de 12 m³","m³",49.22]
[5502771,"Escavação, carga e transporte de material de 3ª categoria - DMT de 600 a 800 m - caminho de serviço em revestimento primário - com caminhão basculante de 12 m³","m³",46.27]
[5502797,"Escavação, carga e transporte de material de 3ª categoria - DMT de 600 a 800 m - caminho de serviço pavimentado - com caminhão basculante de 12 m³","m³",46.12]
[5502746,"Escavação, carga e transporte de material de 3ª categoria - DMT de 800 a 1.000 m - caminho de serviço em leito natural com caminhão basculante de 12 m³","m³",49.78]
[5502772,"Escavação, carga e transporte de material de 3ª categoria - DMT de 800 a 1.000 m - caminho de serviço em revestimento primário - com caminhão basculante de 12 m³","m³",46.65]
[5502798,"Escavação, carga e transporte de material de 3ª categoria - DMT de 800 a 1.000 m - caminho de serviço pavimentado - com caminhão basculante de 12 m³","m³",46.42]
[5502886,"Escavação, carga e transporte de material de 3ª categoria na distância de 3.000 m - caminho de serviço em leito natural com caminhão basculante de 12 m³","m³",57.04]
[5502887,"Escavação, carga e transporte de material de 3ª categoria na distância de 3.000 m - caminho de serviço em revestimento primário - com caminhão basculante de 12 m³","m³",51.92]
[5502888,"Escavação, carga e transporte de material de 3ª categoria na distância de 3.000 m - caminho de serviço pavimentado - com caminhão basculante de 12 m³","m³",51.24]
[5502820,"Escavação, carga e transporte de solos moles - DMT de 0 a 50 m","m³",8.02]
[5502904,"Escavação, carga e transporte de solos moles - DMT de 1.000 a 1.200 m - caminho de serviço em leito natural - com caminhão basculante de 14 m³","m³",22.01]
[5502930,"Escavação, carga e transporte de solos moles - DMT de 1.000 a 1.200 m - caminho de serviço em revestimento primário - com caminhão basculante de 14 m³","m³",20.9]
[5502956,"Escavação, carga e transporte de solos moles - DMT de 1.000 a 1.200 m - caminho de serviço pavimentado - com caminhão basculante de 14 m³","m³",20.5]
[5502905,"Escavação, carga e transporte de solos moles - DMT de 1.200 a 1.400 m - caminho de serviço em leito natural - com caminhão basculante de 14 m³","m³",24.48]
[5502931,"Escavação, carga e transporte de solos moles - DMT de 1.200 a 1.400 m - caminho de serviço em revestimento primário - com caminhão basculante de 14 m³","m³",21.1]
[5502957,"Escavação, carga e transporte de solos moles - DMT de 1.200 a 1.400 m - caminho de serviço pavimentado - com caminhão basculante de 14 m³","m³",20.7]
[5502906,"Escavação, carga e transporte de solos moles - DMT de 1.400 a 1.600 m - caminho de serviço em leito natural - com caminhão basculante de 14 m³","m³",24.79]
[5502932,"Escavação, carga e transporte de solos moles - DMT de 1.400 a 1.600 m - caminho de serviço em revestimento primário - com caminhão basculante de 14 m³","m³",21.3]
[5502958,"Escavação, carga e transporte de solos moles - DMT de 1.400 a 1.600 m - caminho de serviço pavimentado - com caminhão basculante de 14 m³","m³",20.9]
[5502907,"Escavação, carga e transporte de solos moles - DMT de 1.600 a 1.800 m - caminho de serviço em leito natural - com caminhão basculante de 14 m³","m³",25.24]
[5502933,"Escavação, carga e transporte de solos moles - DMT de 1.600 a 1.800 m - caminho de serviço em revestimento primário - com caminhão basculante de 14 m³","m³",21.6]
[5502959,"Escavação, carga e transporte de solos moles - DMT de 1.600 a 1.800 m - caminho de serviço pavimentado - com caminhão basculante de 14 m³","m³",21.1]
[5502908,"Escavação, carga e transporte de solos moles - DMT de 1.800 a 2.000 m - caminho de serviço em leito natural - com caminhão basculante de 14 m³","m³",25.54]
[5502934,"Escavação, carga e transporte de solos moles - DMT de 1.800 a 2.000 m - caminho de serviço em revestimento primário - com caminhão basculante de 14 m³","m³",21.8]
[5502960,"Escavação, carga e transporte de solos moles - DMT de 1.800 a 2.000 m - caminho de serviço pavimentado - com caminhão basculante de 14 m³","m³",21.2]
[5502909,"Escavação, carga e transporte de solos moles - DMT de 2.000 a 2.500 m - caminho de serviço em leito natural - com caminhão basculante de 14 m³","m³",26.14]
[5502935,"Escavação, carga e transporte de solos moles - DMT de 2.000 a 2.500 m - caminho de serviço em revestimento primário - com caminhão basculante de 14 m³","m³",22.21]
[5502961,"Escavação, carga e transporte de solos moles - DMT de 2.000 a 2.500 m - caminho de serviço pavimentado - com caminhão basculante de 14 m³","m³",21.6]
[5502910,"Escavação, carga e transporte de solos moles - DMT de 2.500 a 3.000 m - caminho de serviço em leito natural - com caminhão basculante de 14 m³","m³",27.19]
[5502936,"Escavação, carga e transporte de solos moles - DMT de 2.500 a 3.000 m - caminho de serviço em revestimento primário - com caminhão basculante de 14 m³","m³",24.94]
[5502962,"Escavação, carga e transporte de solos moles - DMT de 2.500 a 3.000 m - caminho de serviço pavimentado - com caminhão basculante de 14 m³","m³",22.11]
[5502900,"Escavação, carga e transporte de solos moles - DMT de 200 a 400 m - caminho de serviço em leito natural - com caminhão basculante de 14 m³","m³",20.399999999999999]
[5502926,"Escavação, carga e transporte de solos moles - DMT de 200 a 400 m - caminho de serviço em revestimento primário - com caminhão basculante de 14 m³","m³",19.8]
[5502952,"Escavação, carga e transporte de solos moles - DMT de 200 a 400 m - caminho de serviço pavimentado - com caminhão basculante de 14 m³","m³",19.600000000000001]
[5502901,"Escavação, carga e transporte de solos moles - DMT de 400 a 600 m - caminho de serviço em leito natural - com caminhão basculante de 14 m³","m³",20.8]
[5502927,"Escavação, carga e transporte de solos moles - DMT de 400 a 600 m - caminho de serviço em revestimento primário - com caminhão basculante de 14 m³","m³",20.100000000000001]
[5502953,"Escavação, carga e transporte de solos moles - DMT de 400 a 600 m - caminho de serviço pavimentado - com caminhão basculante de 14 m³","m³",19.899999999999999]
[5502899,"Escavação, carga e transporte de solos moles - DMT de 50 a 200 m - caminho de serviço em leito natural - com caminhão basculante de 14 m³","m³",19.8]
[5502925,"Escavação, carga e transporte de solos moles - DMT de 50 a 200 m - caminho de serviço em revestimento primário - com caminhão basculante de 14 m³","m³",19.5]
[5502951,"Escavação, carga e transporte de solos moles - DMT de 50 a 200 m - caminho de serviço pavimentado - com caminhão basculante de 14 m³","m³",19.3]
[5502902,"Escavação, carga e transporte de solos moles - DMT de 600 a 800 m - caminho de serviço em leito natural - com caminhão basculante de 14 m³","m³",21.3]
[5502928,"Escavação, carga e transporte de solos moles - DMT de 600 a 800 m - caminho de serviço em revestimento primário - com caminhão basculante de 14 m³","m³",20.399999999999999]
[5502954,"Escavação, carga e transporte de solos moles - DMT de 600 a 800 m - caminho de serviço pavimentado - com caminhão basculante de 14 m³","m³",20.100000000000001]
[5502903,"Escavação, carga e transporte de solos moles - DMT de 800 a 1.000 m - caminho de serviço em leito natural - com caminhão basculante de 14 m³","m³",21.6]
[5502929,"Escavação, carga e transporte de solos moles - DMT de 800 a 1.000 m - caminho de serviço em revestimento primário - com caminhão basculante de 14 m³","m³",20.6]
[5502955,"Escavação, carga e transporte de solos moles - DMT de 800 a 1.000 m - caminho de serviço pavimentado - com caminhão basculante de 14 m³","m³",20.3]
[5502889,"Escavação, carga e transporte de solos moles na distância de 3.000 m - caminho de serviço em leito natural - com caminhão basculante de 14 m³","m³",27.64]
[5502996,"Escavação, carga e transporte de solos moles na distância de 3.000 m - caminho de serviço em revestimento primário - com caminhão basculante de 14 m³","m³",25.24]
[5502997,"Escavação, carga e transporte de solos moles na distância de 3.000 m - caminho de serviço pavimentado - com caminhão basculante de 14 m³","m³",24.48]
[5501716,"Escavação, carga e transporte em material de 1ª categoria - DMT de 1.000 a 1.200 m com motoscraper","m³",23.52]
[5501717,"Escavação, carga e transporte em material de 1ª categoria - DMT de 1.200 a 1.400 m com motoscraper","m³",26.46]
[5501712,"Escavação, carga e transporte em material de 1ª categoria - DMT de 200 a 400 m com motoscraper","m³",13.86]
[5501713,"Escavação, carga e transporte em material de 1ª categoria - DMT de 400 a 600 m com motoscraper","m³",15.29]
[5501711,"Escavação, carga e transporte em material de 1ª categoria - DMT de 50 a 200 m com motoscraper","m³",11.19]
[5501710,"Escavação, carga e transporte em material de 1ª categoria - DMT de 50 m","m³",3.75]
[5501714,"Escavação, carga e transporte em material de 1ª categoria - DMT de 600 a 800 m com motoscraper","m³",17.920000000000002]
[5501715,"Escavação, carga e transporte em material de 1ª categoria - DMT de 800 a 1.000 m com motoscraper","m³",20.59]
[5502986,"Expurgo de jazida","m³",4.42]
[5502977,"Fragmentação de blocos de rocha com escavadeira e rompedor hidráulico 1.700 kg","m³",9.19]
[5502985,"Limpeza mecanizada da camada vegetal","m²",0.78]
[5503018,"Manutenção de caminho de serviço","km",78.52]
[5505768,"Pré-fissuramento de material de 3ª categoria","m²",95.09]
[5503020,"Umedecimento de caminho de serviço","km",322.11]
[5605798,"Chumbador de aço CA-50 - D = 20 mm com perfuratriz sobre pneus - ancorado na rocha com cartucho de cimento - fornecimento, perfuração e instalação","m",108.27]
[5605925,"Chumbador de aço CA-50 - D = 20 mm com perfuratriz sobre pneus - ancorado na rocha com injeção de nata de cimento - fornecimento, perfuração e instalação","m",102.24]
[5605799,"Chumbador de aço CA-50 - D = 22 mm com perfuratriz sobre pneus - ancorado na rocha com cartucho de cimento - fornecimento, perfuração e instalação","m",117.29]
[5605800,"Chumbador de aço CA-50 - D = 25 mm com perfuratriz sobre pneus - ancorado na rocha com cartucho de cimento - fornecimento, perfuração e instalação","m",131.13]
[5613944,"Chumbador de aço CA-50 - D = 32 mm com martelete perfurador manual - ancorado na rocha com cartucho de cimento - fornecimento, perfuração e instalação","m",145.43]
[5605894,"Grampo de aço CA-50 D = 12,5 mm para solo grampeado com capacidade de 30 kN - fornecimento, perfuração e instalação","m",60.83]
[5605895,"Grampo de aço CA-50 D = 16 mm para solo grampeado com capacidade de 50 kN - fornecimento, perfuração e instalação","m",64.8]
[5605896,"Grampo de aço CA-50 D = 20 mm para solo grampeado com capacidade de 80 kN - fornecimento, perfuração e instalação","m",70.790000000000006]
[5605911,"Perfuração para tirante permanente protendido autoinjetável em material de 1ª categoria com diâmetro de até 120 mm","m",48.87]
[5605912,"Perfuração para tirante permanente protendido autoinjetável em material de 2ª categoria com diâmetro de até 87 mm","m",78.36]
[5605938,"Perfuração para tirantes em material de 1ª categoria com diâmetro de até 120 mm","m",31.28]
[5605939,"Perfuração para tirantes em material de 2ª categoria com diâmetro de até 120 mm","m",37.57]
[5605940,"Perfuração para tirantes em material de 3ª categoria com diâmetro de até 120 mm","m",83.48]
[5605942,"Pintura eletrostática com tinta em pó à base de resina epóxi - E = 200 µm","m²",52.06]
[5605955,"Protensão de tirante com 10 cordoalhas D = 12,7 mm aço CP 190 RB, com capacidade de 860 kN - inclusive ancoragem e grauteamento da cabeça","un",904.33]
[5605956,"Protensão de tirante com 12 cordoalhas D = 12,7 mm aço CP 190 RB, com capacidade de 1.040 kN - inclusive ancoragem e grauteamento da cabeça","un",1049.28]
[5605953,"Protensão de tirante com 6 cordoalhas D = 12,7 mm aço CP 190 RB, com capacidade de 520 kN - inclusive ancoragem e grauteamento da cabeça","un",649.89]
[5605954,"Protensão de tirante com 8 cordoalhas D = 12,7 mm aço CP 190 RB, com capacidade de 690 kN - inclusive ancoragem e grauteamento da cabeça","un",767.47]
[5605909,"Protensão de tirante permanente autoinjetável de aço D = 40 mm, seção de 684 mm², tensão de escoamento = 440 MPa e tensão de ruptura = 580 MPa - inclusive ancoragem e grauteamento da cabeça","un",539.74]
[5605908,"Protensão de tirante permanente autoinjetável de aço D = 40 mm, seção de 822 mm², tensão de escoamento = 470 MPa e tensão de ruptura = 600 MPa - inclusive ancoragem e grauteamento da cabeça","un",539.74]
[5605907,"Protensão de tirante permanente autoinjetável de aço D = 40 mm, seção de 936 mm², tensão de escoamento = 700 MPa e tensão de ruptura = 830 MPa - inclusive ancoragem e grauteamento da cabeça","un",575.66999999999996]
[5605906,"Protensão de tirante permanente autoinjetável de aço D = 50 mm, seção de 1.330 mm², tensão de escoamento = 630 MPa e tensão de ruptura = 740 MPa - inclusive ancoragem e grauteamento da cabeça","un",689.94]
[5605905,"Protensão de tirante permanente autoinjetável de aço D = 50 mm, seção de 1.569 mm², tensão de escoamento = 630 MPa e tensão de ruptura = 740 MP - inclusive ancoragem e grauteamento da cabeça","un",800.61]
[5605944,"Protensão de tirante permanente protendido de aço D = 30 mm, tensão de escoamento = 600 MPa e tensão de ruptura = 720 MPa - inclusive ancoragem e grauteamento da cabeça","un",482.82]
[5605910,"Protensão de tirante permanente protendido de aço D = 32 mm, tensão de escoamento = 520 MPa e tensão de ruptura = 690 MPa - inclusive ancoragem e grauteamento da cabeça","un",554.59]
[5605945,"Protensão de tirante permanente protendido de aço D = 32 mm, tensão de escoamento = 950 MPa e tensão de ruptura = 1.050 MPa - inclusive ancoragem e grauteamento da cabeça","un",580.36]
[5605946,"Protensão de tirante permanente protendido de aço D = 40 mm, tensão de escoamento = 600 MPa e tensão de ruptura = 720 MPa - inclusive ancoragem e grauteamento da cabeça","un",575.66999999999996]
[5605947,"Protensão de tirante permanente protendido de aço D = 44 mm, tensão de escoamento = 680 MPa e tensão de ruptura = 870 MPa - inclusive ancoragem e grauteamento da cabeça","un",642.12]
[5605948,"Protensão de tirante permanente protendido de aço D = 50 mm, tensão de escoamento = 600 MPa e tensão de ruptura = 720 MPa - inclusive ancoragem e grauteamento da cabeça","un",800.61]
[5605949,"Protensão de tirante permanente protendido de aço D = 53 mm, tensão de escoamento = 600 MPa e tensão de ruptura = 720 MPa - inclusive ancoragem e grauteamento da cabeça","un",1034.78]
[5605950,"Protensão de tirante permanente protendido de aço D = 57 mm, tensão de escoamento = 600 MPa e tensão de ruptura = 720 MPa - inclusive ancoragem e grauteamento da cabeça","un",1170.05]
[5605951,"Protensão de tirante permanente protendido de aço D = 63 mm, tensão de escoamento = 600 MPa e tensão de ruptura = 720 MPa - inclusive ancoragem e grauteamento da cabeça","un",1852.74]
[5605952,"Protensão de tirante permanente protendido de aço D = 69 mm, tensão de escoamento = 600 MPa e tensão de ruptura = 720 MPa - inclusive ancoragem e grauteamento da cabeça","un",2819.47]
[5605932,"Tirante de barra de aço ancorado na rocha com resina de poliéster, D = 19 mm, tensão de escoamento = 700 MPa e tensão de ruptura = 800 MPa - fornecimento, perfuração e instalação","m",145.74]
[5605934,"Tirante de barra de aço ancorado na rocha com resina de poliéster, D = 22 mm, tensão de escoamento = 700 MPa e tensão de ruptura = 800 MPa - fornecimento, perfuração e instalação","m",161.16999999999999]
[5605928,"Tirante de barra de aço ancorado na rocha com resina de poliéster, D = 25 mm, tensão de escoamento = 520 MPa e tensão de ruptura = 690 MPa - fornecimento, perfuração e instalação","m",174.49]
[5605935,"Tirante de barra de aço ancorado na rocha com resina de poliéster, D = 25 mm, tensão de escoamento = 700 MPa, tensão de ruptura = 800 MPa - fornecimento, perfuração e instalação","m",183.84]
[5605936,"Tirante de barra de aço ancorado na rocha com resina de poliéster, D = 32 mm, tensão de escoamento = 700 MPa, tensão de ruptura = 800 MPa - fornecimento, perfuração e instalação","m",267.61]
[5605937,"Tirante de barra de aço ancorado na rocha com resina de poliéster, D = 36 mm, tensão de escoamento = 700 MPa e tensão de ruptura = 800 MPa - fornecimento, perfuração e instalação","m",340.42]
[5605957,"Tirante permanente protendido autoinjetável de aço D = 40 mm, seção de 684 mm², tensão de escoamento = 440 MPa e tensão de ruptura = 580 MPa - exceto perfuração","m",252.14]
[5605958,"Tirante permanente protendido autoinjetável de aço D = 40 mm, seção de 822 mm², tensão de escoamento = 470 MPa e tensão de ruptura = 600 MPa - exceto perfuração","m",289.02]
[5605959,"Tirante permanente protendido autoinjetável de aço D = 40 mm, seção de 936 mm², tensão de escoamento = 700 MPa e tensão de ruptura = 830 MPa - exceto perfuração","m",350.75]
[5605960,"Tirante permanente protendido autoinjetável de aço D = 50 mm, seção de 1.330 mm², tensão de escoamento = 630 MPa e tensão de ruptura = 740 MPa - exceto perfuração","m",460.32]
[5605961,"Tirante permanente protendido autoinjetável de aço D = 50 mm, seção de 1.569 mm², tensão de escoamento = 630 MPa e tensão de ruptura = 740 MPa - exceto perfuração","m",532.29999999999995]
[5605885,"Tirante permanente protendido com 10 cordoalhas D = 12,7 mm, aço CP 190 RB, com capacidade de 860 kN - exceto perfuração","m",243.48]
[5605886,"Tirante permanente protendido com 12 cordoalhas D = 12,7 mm, aço CP 190 RB, com capacidade de 1.030 kN - exceto perfuração","m",262.31]
[5605883,"Tirante permanente protendido com 6 cordoalhas D = 12,7 mm, aço CP 190 RB, com capacidade de 510 kN - exceto perfuração","m",201.22]
[5605884,"Tirante permanente protendido com 8 cordoalhas D = 12,7 mm, aço CP 190 RB, com capacidade de 690 kN - exceto perfuração","m",220.05]
[5605962,"Tirante permanente protendido de aço D = 30 mm, tensão de escoamento = 600 MPa e tensão de ruptura = 720 MPa - exceto perfuração","m",181.74]
[5605881,"Tirante permanente protendido de aço D = 32 mm, tensão de escoamento = 520 MPa e tensão de ruptura = 690 MPa - exceto perfuração","m",269.89999999999998]
[5605882,"Tirante permanente protendido de aço D = 32 mm, tensão de escoamento = 950 MPa e tensão de ruptura = 1.050 MPa - exceto perfuração","m",403.13]
[5605963,"Tirante permanente protendido de aço D = 40 mm, tensão de escoamento = 600 MPa e tensão de ruptura = 720 MPa - exceto perfuração","m",286.05]
[5605964,"Tirante permanente protendido de aço D = 44 mm, tensão de escoamento = 680 MPa e tensão de ruptura = 870 MPa - exceto perfuração","m",353.24]
[5605965,"Tirante permanente protendido de aço D = 50 mm, tensão de escoamento = 600 MPa e tensão de ruptura = 720 MPa - exceto perfuração","m",432.91]
[5605966,"Tirante permanente protendido de aço D = 53mm, tensão de escoamento = 600 MPa e tensão de ruptura = 720 MPa - exceto perfuração","m",468.41]
[5605967,"Tirante permanente protendido de aço D = 57 mm, tensão de escoamento = 600 MPa e tensão de ruptura = 720 MPa - exceto perfuração","m",556.55999999999995]
[5605968,"Tirante permanente protendido de aço D = 63 mm, tensão de escoamento = 600 MPa e tensão de ruptura = 720 MPa - exceto perfuração","m",680.73]
[5605969,"Tirante permanente protendido de aço D = 69 mm, tensão de escoamento = 600 MPa e tensão de ruptura = 720 MPa - exceto perfuração","m",824.93]
[5909130,"Carga e manobra de aduelas de concreto pré-moldadas em cavalo mecânico com semirreboque 20 t - carga com caminhão guindauto com capacidade de elevação de 11,9 t","t",26.88]
[5914703,"Carga e manobra de brita para lastro com locomotiva diesel-elétrica em vagão hopper aberto com capacidade de 45 m³ - carga com carregadeira e descarga automática - bitola métrica","t",5.88]
[5914704,"Carga e manobra de brita para lastro com locomotiva diesel-elétrica em vagão hopper aberto com capacidade de 63 m³ - carga com carregadeira e descarga automática - bitola larga","t",6.04]
[5914710,"Carga e manobra de dormentes de concreto de bitola larga com locomotiva diesel-elétrica e vagão plataforma com capacidade de 98 t - carga com carregadeira - bitola larga","t",11.34]
[5914711,"Carga e manobra de dormentes de concreto de bitola métrica com locomotiva diesel-elétrica e vagão plataforma com capacidade de 82 t - carga com carregadeira - bitola métrica","t",10.16]
[5914712,"Carga e manobra de dormentes de concreto de bitola mista com locomotiva diesel-elétrica e vagão plataforma com capacidade de 98 t - carga com carregadeira - bitola larga","t",10.29]
[5915369,"Carga, descarga e manobra de vigas pré-moldadas de 1.000 a 1.250 kN em cavalo mecânico com reboques de 5 e 4 eixos com capacidade de 130 t","un",7097.22]
[5915401,"Carga, descarga e manobra de vigas pré-moldadas de 500 a 750 kN em cavalo mecânico com dollys de 3 e 4 eixos com capacidade de 77 t","un",6283.77]
[5915402,"Carga, descarga e manobra de vigas pré-moldadas de 750 a 1.000 kN em cavalo mecânico com dollys de 5 e 4 eixos com capacidade de 111 t","un",3780.34]
[5915400,"Carga, descarga e manobra de vigas pré-moldadas de até 500 kN em cavalo mecânico com dolly de 4 eixos com capacidade de 57 t","un",3296.14]
[5914651,"Carga, manobra e descarga de agregados ou solos em caminhão basculante de 10 m³ - carga com carregadeira de 3,40 m³ (exclusa) e descarga em distribuidor autopropelido","t",2.6]
[5914648,"Carga, manobra e descarga de agregados ou solos em caminhão basculante de 10 m³ - carga com carregadeira de 3,40 m³ (exclusa) e descarga em distribuidor rebocável","t",7.85]
[5914647,"Carga, manobra e descarga de agregados ou solos em caminhão basculante de 10 m³ - carga com carregadeira de 3,40 m³ (exclusa) e descarga livre","t",1.81]
[5915411,"Carga, manobra e descarga de agregados ou solos em caminhão basculante de 10 m³ - carga com carregadeira de 3,40 m³ e descarga em distribuidor autopropelido","t",3.78]
[5915409,"Carga, manobra e descarga de agregados ou solos em caminhão basculante de 10 m³ - carga com carregadeira de 3,40 m³ e descarga em distribuidor rebocável","t",9.0299999999999994]
[5915407,"Carga, manobra e descarga de agregados ou solos em caminhão basculante de 10 m³ - carga com carregadeira de 3,40 m³ e descarga livre","t",2.99]
[5914354,"Carga, manobra e descarga de agregados ou solos em caminhão basculante de 10 m³ - carga com escavadeira de 1,56 m³ (exclusa) e descarga livre","t",1.88]
[5915406,"Carga, manobra e descarga de agregados ou solos em caminhão basculante de 10 m³ - carga em usina de 60 t/h (PMF) e descarga livre","t",9.57]
[5914652,"Carga, manobra e descarga de agregados ou solos em caminhão basculante de 10 m³ - carga em usina de solos de 300 t/h e descarga em distribuidor autopropelido","t",3.47]
[5915417,"Carga, manobra e descarga de agregados ou solos em caminhão basculante de 10 m³ - carga em usina de solos de 300 t/h e descarga em vibroacabadora","t",5.48]
[5915414,"Carga, manobra e descarga de agregados ou solos em caminhão basculante de 10 m³ - carga em usina de solos de 300 t/h e descarga livre","t",2.87]
[5914351,"Carga, manobra e descarga de agregados ou solos em caminhão basculante de 14 m³ - carga com carregadeira de 3,40 m³ e descarga livre","t",2.93]
[5914645,"Carga, manobra e descarga de agregados ou solos em caminhão basculante de 6 m³ - carga com carregadeira de 1,72 m³ (exclusa) e descarga em distribuidor autopropelido","t",3.07]
[5914642,"Carga, manobra e descarga de agregados ou solos em caminhão basculante de 6 m³ - carga com carregadeira de 1,72 m³ (exclusa) e descarga em distribuidor rebocável","t",5.96]
[5914641,"Carga, manobra e descarga de agregados ou solos em caminhão basculante de 6 m³ - carga com carregadeira de 1,72 m³ (exclusa) e descarga livre","t",2.13]
[5915456,"Carga, manobra e descarga de agregados ou solos em caminhão basculante de 6 m³ - carga com carregadeira de 1,72 m³ e descarga em distribuidor autopropelido","t",4.01]
[5915454,"Carga, manobra e descarga de agregados ou solos em caminhão basculante de 6 m³ - carga com carregadeira de 1,72 m³ e descarga em distribuidor rebocável","t",6.89]
[5915399,"Carga, manobra e descarga de agregados ou solos em caminhão basculante de 6 m³ - carga com carregadeira de 1,72 m³ e descarga livre","t",3.07]
[5914353,"Carga, manobra e descarga de agregados ou solos em caminhão basculante de 6 m³ - carga com escavadeira de 1,56 m³ (exclusa) e descarga livre","t",1.6]
[5915470,"Carga, manobra e descarga de agregados ou solos em caminhão basculante de 6 m³ - carga com escavadeira de 1,56 m³ e descarga livre","t",2.41]
[5915459,"Carga, manobra e descarga de agregados ou solos em caminhão basculante de 6 m³ - carga com minicarregadeira de 0,45 m³ e descarga livre","t",8.0399999999999991]
[5915476,"Carga, manobra e descarga de agregados ou solos em caminhão basculante de 6 m³ - carga manual e descarga livre","t",30.2]
[5914702,"Carga, manobra e descarga de barras de trilho de 12 m com locomotiva diesel-elétrica em vagão plataforma com capacidade de 82 t - carga e descarga com carregadeira - bitola métrica","t",15.11]
[5914701,"Carga, manobra e descarga de barras de trilho de 12 m com locomotiva diesel-elétrica em vagão plataforma com capacidade de 98 t - carga e descarga com carregadeira - bitola larga","t",15.66]
[5915018,"Carga, manobra e descarga de barras de trilho de 12 m em cavalo mecânico com semirreboque com capacidade de 32 t - carga e descarga com carregadeira","t",8.82]
[5906592,"Carga, manobra e descarga de blocos artificiais de concreto com 10 a 12 t para molhe em cavalo mecânico com semirreboque com capacidade de 32 t - carga e descarga com guindaste com pinça","un",42.63]
[5906591,"Carga, manobra e descarga de blocos artificiais de concreto com 8 a 9 t para molhe em cavalo mecânico com semirreboque com capacidade de 32 t - carga e descarga com guindaste com pinça","un",40.76]
[5914653,"Carga, manobra e descarga de blocos de rocha em caminhão basculante de 8 m³ - carga com carregadeira de 1,72 m³ (exclusa) e descarga livre","t",3.67]
[5915405,"Carga, manobra e descarga de blocos de rocha em caminhão basculante de 8 m³ - carga com carregadeira de 1,72 m³ e descarga livre","t",5.6]
[5914657,"Carga, manobra e descarga de blocos de rocha em caminhão basculante de 8 m³ - carga com retroescavadeira de 0,29 m³ e descarga livre","t",18.66]
[5914363,"Carga, manobra e descarga de cimento ou cal hidratada a granel em caminhão silo de 30 m³","t",19.18]
[5914646,"Carga, manobra e descarga de concreto asfáltico com borracha em caminhão basculante de 10 m³ - carga em usina de asfalto 100/140 t/h e descarga em vibroacabadora","t",8.91]
[5919535,"Carga, manobra e descarga de concreto com caminhão betoneira - carga em central de concreto de 30 m³/h e descarga em extrusora de barreira de concreto","t",24.01]
[5919533,"Carga, manobra e descarga de concreto com caminhão betoneira - carga em central de concreto de 30 m³/h e descarga em extrusora de meio-fio","t",80.02]
[5919534,"Carga, manobra e descarga de concreto com caminhão betoneira - carga em central de concreto de 30 m³/h e descarga em extrusora de sarjeta","t",73.09]
[5909007,"Carga, manobra e descarga de concreto com caminhão betoneira - carga em central de concreto de 30 m³/h e descarga livre","t",22.16]
[5919538,"Carga, manobra e descarga de concreto com caminhão betoneira - carga em central de concreto de 40 m³/h e descarga livre","t",18.739999999999998]
[5919540,"Carga, manobra e descarga de concreto de cimento em caminhão basculante de 10 m³ - carga em central de concreto de 150 m³/h e descarga em vibroacabadora","t",3.06]
[5914705,"Carga, manobra e descarga de dormentes de concreto de bitola larga com locomotiva diesel-elétrica e vagão plataforma com capacidade de 98 t - carga e descarga com carregadeira - bitola larga","t",22.68]
[5914706,"Carga, manobra e descarga de dormentes de concreto de bitola métrica com locomotiva diesel-elétrica e vagão plataforma com capacidade de 82 t - carga e descarga com carregadeira - bitola métrica","t",20.32]
[5914707,"Carga, manobra e descarga de dormentes de concreto de bitola mista com locomotiva diesel-elétrica e vagão plataforma com capacidade de 98 t - carga e descarga com carregadeira - bitola larga","t",20.57]
[5914677,"Carga, manobra e descarga de dormentes de madeira com locomotiva diesel-elétrica em vagão plataforma com capacidade de 82 t - carga e descarga com carregadeira - bitola métrica","t",30.31]
[5914676,"Carga, manobra e descarga de dormentes de madeira com locomotiva diesel-elétrica em vagão plataforma com capacidade de 98 t - carga e descarga com carregadeira - bitola larga","t",25.82]
[5915016,"Carga, manobra e descarga de dormentes de madeira de bitola larga ou mista em cavalo mecânico com semirreboque com capacidade de 32 t - carga e descarga com carregadeira","t",14.35]
[5915017,"Carga, manobra e descarga de dormentes de madeira de bitola métrica em cavalo mecânico com semirreboque com capacidade de 32 t - carga e descarga com carregadeira","t",17.72]
[5914678,"Carga, manobra e descarga de jogo de dormentes de concreto para AMV de bitola larga ou mista, qualquer abertura, com locomotiva diesel-elétrica em vagão plataforma com capacidade de 98 t - carga e descarga com carregadeira - bitola larga","t",36.369999999999997]
[5914679,"Carga, manobra e descarga de jogo de dormentes de concreto para AMV de bitola métrica, qualquer abertura, com locomotiva diesel-elétrica em vagão plataforma com capacidade de 82 t - carga e descarga com carregadeira - bitola métrica","t",57.33]
[5914681,"Carga, manobra e descarga de jogo de dormentes de madeira para AMV bitola métrica, qualquer abertura, com locomotiva diesel-elétrica em vagão plataforma com capacidade de 82 t - carga e descarga com carregadeira - bitola métrica","t",68.400000000000006]
[5914680,"Carga, manobra e descarga de jogo de dormentes de madeira para AMV de bitola larga ou mista, qualquer abertura, com locomotiva diesel-elétrica em vagão plataforma com capacidade de 98 t - carga e descarga com carregadeira - bitola larga","t",48.11]
[5915015,"Carga, manobra e descarga de materiais diversos em caminhão carroceria com capacidade de 11,5 t e com guindauto com capacidade de elevação de 11,9 t","t",21.2]
[5915373,"Carga, manobra e descarga de materiais diversos em caminhão carroceria com capacidade de 7 t e com guindauto com capacidade de elevação de 6,2 t","t",18.87]
[5914333,"Carga, manobra e descarga de materiais diversos em caminhão carroceria de 15 t - carga e descarga com caminhão guindauto com capacidade de elevação de 6,2 t","t",34.21]
[5914655,"Carga, manobra e descarga de materiais diversos em caminhão carroceria de 15 t - carga e descarga manuais","t",33.54]
[5915474,"Carga, manobra e descarga de materiais diversos em caminhão carroceria de 5 t - carga e descarga manuais","t",33.619999999999997]
[5914654,"Carga, manobra e descarga de materiais diversos em caminhão carroceria de 9 t - carga e descarga manuais","t",27.09]
[5914686,"Carga, manobra e descarga de materiais metálicos e acessórios diversos com locomotiva diesel-elétrica em vagão fechado com capacidade de 64 t - carga e descarga com carregadeira - bitola métrica","t",25.34]
[5914685,"Carga, manobra e descarga de materiais metálicos e acessórios diversos com locomotiva diesel-elétrica em vagão fechado com capacidade de 99 t - carga e descarga com carregadeira - bitola larga","t",25.78]
[5914682,"Carga, manobra e descarga de materiais metálicos para AMV de bitola larga, qualquer abertura, com locomotiva diesel-elétrica em vagão plataforma com capacidade de 98 t - carga e descarga com carregadeira - bitola larga","t",33.11]
[5915019,"Carga, manobra e descarga de materiais metálicos para AMV de bitola larga, qualquer abertura, em cavalo mecânico com semirreboque com capacidade de 32 t - carga e descarga com carregadeira","t",14.63]
[5914683,"Carga, manobra e descarga de materiais metálicos para AMV de bitola métrica, qualquer abertura, com locomotiva diesel-elétrica em vagão plataforma com capacidade de 82 t - carga e descarga com carregadeira - bitola métrica","t",37.61]
[5915020,"Carga, manobra e descarga de materiais metálicos para AMV de bitola métrica, qualquer abertura, em cavalo mecânico com semirreboque com capacidade de 32 t - carga e descarga com carregadeira","t",16.82]
[5914684,"Carga, manobra e descarga de materiais metálicos para AMV de bitola mista, qualquer abertura, com locomotiva diesel-elétrica e vagão plataforma com capacidade de 98 t - carga e descarga com carregadeira","t",28.69]
[5915021,"Carga, manobra e descarga de materiais metálicos para AMV de bitola mista, qualquer abertura, em cavalo mecânico com semirreboque com capacidade de 32 t - carga e descarga com carregadeira","t",12.68]
[5914675,"Carga, manobra e descarga de material demolido em caminhão basculante de 6 m³ - carga com carregadeira de 1,72 m³ e descarga livre","t",3.24]
[5915433,"Carga, manobra e descarga de material demolido em caminhão basculante de 6 m³ - carga manual e descarga livre","t",36.51]
[5914304,"Carga, manobra e descarga de material fresado em caminhão basculante de 10 m³ - fresagem contínua em espessura de 3 cm - carga com fresadora e descarga livre","t",3.64]
[5914305,"Carga, manobra e descarga de material fresado em caminhão basculante de 10 m³ - fresagem contínua em espessura de 4 cm - carga com fresadora e descarga livre","t",3.58]
[5915440,"Carga, manobra e descarga de material fresado em caminhão basculante de 10 m³ - fresagem contínua em espessura de 5 cm - carga com fresadora e descarga livre","t",3.2]
[5914306,"Carga, manobra e descarga de material fresado em caminhão basculante de 10 m³ - fresagem contínua em espessura de 6 cm - carga com fresadora e descarga livre","t",2.98]
[5914307,"Carga, manobra e descarga de material fresado em caminhão basculante de 10 m³ - fresagem contínua em espessura de 7 cm - carga com fresadora e descarga livre","t",2.82]
[5914308,"Carga, manobra e descarga de material fresado em caminhão basculante de 10 m³ - fresagem contínua em espessura de 8 cm - carga com fresadora e descarga livre","t",2.73]
[5914309,"Carga, manobra e descarga de material fresado em caminhão basculante de 10 m³ - fresagem descontínua em espessura de 3 cm - carga com fresadora e descarga livre","t",6.04]
[5914310,"Carga, manobra e descarga de material fresado em caminhão basculante de 10 m³ - fresagem descontínua em espessura de 4 cm - carga com fresadora e descarga livre","t",5.05]
[5914352,"Carga, manobra e descarga de material fresado em caminhão basculante de 10 m³ - fresagem descontínua em espessura de 5 cm - carga com fresadora e descarga livre","t",4.49]
[5914311,"Carga, manobra e descarga de material fresado em caminhão basculante de 10 m³ - fresagem descontínua em espessura de 6 cm - carga com fresadora e descarga livre","t",4.13]
[5914312,"Carga, manobra e descarga de material fresado em caminhão basculante de 10 m³ - fresagem descontínua em espessura de 7 cm - carga com fresadora e descarga livre","t",3.91]
[5914313,"Carga, manobra e descarga de material fresado em caminhão basculante de 10 m³ - fresagem descontínua em espessura de 8 cm - carga com fresadora e descarga livre","t",3.74]
[5914339,"Carga, manobra e descarga de material fresado em caminhão basculante de 6 m³ - fresagem descontínua em espessura de 5 cm - carga com fresadora e descarga livre","t",10.11]
[5914650,"Carga, manobra e descarga de mistura betuminosa a frio em caminhão basculante de 10 m³ - carga em usina de 60 t/h (PMF) e descarga em vibroacabadora","t",11.49]
[5914358,"Carga, manobra e descarga de mistura betuminosa a frio em caminhão basculante de 6 m³ - carga em usina de 60 t/h (PMF) e descarga em vibroacabadora","t",9.5299999999999994]
[5915421,"Carga, manobra e descarga de mistura betuminosa a frio em caminhão basculante de 6 m³ - carga em usina de 60 t/h (PMF) e descarga manual","t",27.2]
[5914649,"Carga, manobra e descarga de mistura betuminosa a quente em caminhão basculante de 10 m³ - carga em usina de asfalto 100/140 t/h e descarga em vibroacabadora","t",7.96]
[5914643,"Carga, manobra e descarga de mistura betuminosa a quente em caminhão basculante de 6 m³ - carga em usina de asfalto 100/140 t/h e descarga em vibroacabadora","t",5.75]
[5914328,"Carga, manobra e descarga de mistura betuminosa a quente em caminhão basculante de 6 m³ - carga em usina de asfalto 100/140 t/h e descarga manual","t",28.16]
[5914610,"Carga, manobra e descarga de mistura betuminosa a quente em caminhão com caçamba térmica de 6 m³ - carga em usina de asfalto de 100/140 t/h e descarga manual","t",28.44]
[5915408,"Carga, manobra e descarga de mistura reciclada com espuma de asfalto em caminhão basculante de 10 m³ - carga em usina de reciclagem a frio e descarga em vibroacabadora","t",5.75]
[5915306,"Carga, manobra e descarga de tetrápodes em cavalo mecânico com semirreboque com capacidade de 32 t - carga e descarga com guindaste","un",40.03]
[5914708,"Carga, manobra e descarga de TLS de TR45 de 120 m com locomotiva diesel-elétrica em vagão plataforma com capacidade de 82 t - carga e descarga com manipulador de TLS - bitola métrica","t",41.56]
[5914687,"Carga, manobra e descarga de TLS de TR45 de 120 m com locomotiva diesel-elétrica em vagão plataforma com capacidade de 98 t - carga e descarga com manipulador de TLS - bitola larga","t",42.02]
[5914709,"Carga, manobra e descarga de TLS de TR45 de 240 m com locomotiva diesel-elétrica em vagão plataforma com capacidade de 82 t - carga e descarga com manipulador de TLS - bitola métrica","t",45.82]
[5914688,"Carga, manobra e descarga de TLS de TR45 de 240 m com locomotiva diesel-elétrica em vagão plataforma com capacidade de 98 t - carga e descarga com manipulador de TLS - bitola larga","t",45.73]
[5914695,"Carga, manobra e descarga de TLS de TR57 de 120 m com locomotiva diesel-elétrica em vagão plataforma com capacidade de 82 t - carga e descarga com manipulador de TLS - bitola métrica","t",32.619999999999997]
[5914689,"Carga, manobra e descarga de TLS de TR57 de 120 m com locomotiva diesel-elétrica em vagão plataforma com capacidade de 98 t - carga e descarga com manipulador de TLS - bitola larga","t",32.97]
[5914696,"Carga, manobra e descarga de TLS de TR57 de 240 m com locomotiva diesel-elétrica em vagão plataforma com capacidade de 82 t - carga e descarga com manipulador de TLS - bitola métrica","t",35.950000000000003]
[5914690,"Carga, manobra e descarga de TLS de TR57 de 240 m com locomotiva diesel-elétrica em vagão plataforma com capacidade de 98 t - carga e descarga com manipulador de TLS - bitola larga","t",35.880000000000003]
[5914697,"Carga, manobra e descarga de TLS de TR68 de 120 m com locomotiva diesel-elétrica em vagão plataforma com capacidade de 82 t - carga e descarga com manipulador de TLS - bitola métrica","t",27.53]
[5914691,"Carga, manobra e descarga de TLS de TR68 de 120 m com locomotiva diesel-elétrica em vagão plataforma com capacidade de 98 t - carga e descarga com manipulador de TLS - bitola larga","t",27.83]
[5914698,"Carga, manobra e descarga de TLS de TR68 de 240 m com locomotiva diesel-elétrica em vagão plataforma com capacidade de 82 t - carga e descarga com manipulador de TLS - bitola métrica","t",30.35]
[5914692,"Carga, manobra e descarga de TLS de TR68 de 240 m com locomotiva diesel-elétrica em vagão plataforma com capacidade de 98 t - carga e descarga com manipulador de TLS - bitola larga","t",30.29]
[5914699,"Carga, manobra e descarga de TLS de UIC60 de 120 m com locomotiva diesel-elétrica em vagão plataforma com capacidade de 82 t - carga e descarga com manipulador de TLS - bitola métrica","t",30.82]
[5914693,"Carga, manobra e descarga de TLS de UIC60 de 120 m com locomotiva diesel-elétrica em vagão plataforma com capacidade de 98 t - carga e descarga com manipulador de TLS - bitola larga","t",31.16]
[5914700,"Carga, manobra e descarga de TLS de UIC60 de 240 m com locomotiva diesel-elétrica em vagão plataforma com capacidade de 82 t - carga e descarga com manipulador de TLS - bitola métrica","t",33.97]
[5914694,"Carga, manobra e descarga de TLS de UIC60 de 240 m com locomotiva diesel-elétrica em vagão plataforma com capacidade de 98 t - carga e descarga com manipulador de TLS - bitola larga","t",33.909999999999997]
[5915441,"Carga, manobra e descarga de trituração de galhos e troncos em caminhão basculante de 6 m³ - carga com trituradora e descarga livre","t",107.08]
[5901639,"Transporte com caminhão basculante com caçamba estanque com capacidade de 14 m³ - rodovia em leito natural","tkm",0.93]
[5901638,"Transporte com caminhão basculante com caçamba estanque com capacidade de 14 m³ - rodovia em revestimento primário","tkm",0.75]
[5901640,"Transporte com caminhão basculante com caçamba estanque com capacidade de 14 m³ - rodovia pavimentada","tkm",0.68]
[5914359,"Transporte com caminhão basculante de 10 m³ - rodovia em leito natural","tkm",1.25]
[5914374,"Transporte com caminhão basculante de 10 m³ - rodovia em revestimento primário","tkm",1]
[5914389,"Transporte com caminhão basculante de 10 m³ - rodovia pavimentada","tkm",0.82]
[5915319,"Transporte com caminhão basculante de 14 m³ - rodovia em leito natural","tkm",0.93]
[5915320,"Transporte com caminhão basculante de 14 m³ - rodovia em revestimento primário","tkm",0.74]
[5915321,"Transporte com caminhão basculante de 14 m³ - rodovia pavimentada","tkm",0.68]
[5914314,"Transporte com caminhão basculante de 6 m³ - rodovia em leito natural","tkm",1.35]
[5914329,"Transporte com caminhão basculante de 6 m³ - rodovia em revestimento primário","tkm",1.08]
[5914344,"Transporte com caminhão basculante de 6 m³ - rodovia pavimentada","tkm",0.88]
[5914539,"Transporte com caminhão betoneira - rodovia em leito natural","tkm",1.23]
[5914554,"Transporte com caminhão betoneira - rodovia em revestimento primário","tkm",0.98]
[5914569,"Transporte com caminhão betoneira - rodovia pavimentada","tkm",0.8]
[5915012,"Transporte com caminhão carroceria com capacidade de 11,5 t e com guindauto com capacidade de elevação de 11,9 t - rodovia em leito natural","tkm",2.04]
[5915013,"Transporte com caminhão carroceria com capacidade de 11,5 t e com guindauto com capacidade de elevação de 11,9 t - rodovia em revestimento primário","tkm",1.63]
[5915014,"Transporte com caminhão carroceria com capacidade de 11,5 t e com guindauto com capacidade de elevação de 11,9 t - rodovia pavimentada","tkm",1.34]
[5914584,"Transporte com caminhão carroceria com capacidade de 7 t e com guindauto com capacidade de elevação de 6,2 t - rodovia em leito natural","tkm",2.81]
[5914599,"Transporte com caminhão carroceria com capacidade de 7 t e com guindauto com capacidade de elevação de 6,2 t - rodovia em revestimento primário","tkm",2.25]
[5914614,"Transporte com caminhão carroceria com capacidade de 7 t e com guindauto com capacidade de elevação de 6,2 t - rodovia pavimentada","tkm",1.84]
[5914581,"Transporte com caminhão carroceria com capacidade de 8,5 t e com guindauto com capacidade de elevação de 5,7 t - rodovia em leito natural","tkm",2.08]
[5914582,"Transporte com caminhão carroceria com capacidade de 8,5 t e com guindauto com capacidade de elevação de 5,7 t - rodovia em revestimento primário","tkm",1.66]
[5914583,"Transporte com caminhão carroceria com capacidade de 8,5 t e com guindauto com capacidade de elevação de 5,7 t - rodovia pavimentada","tkm",1.36]
[5914449,"Transporte com caminhão carroceria de 15 t - rodovia em leito natural","tkm",1.1000000000000001]
[5914464,"Transporte com caminhão carroceria de 15 t - rodovia em revestimento primário","tkm",0.88]
[5914479,"Transporte com caminhão carroceria de 15 t - rodovia pavimentada","tkm",0.72]
[5915322,"Transporte com caminhão carroceria de 5 t - rodovia em leito natural","tkm",2.1]
[5915323,"Transporte com caminhão carroceria de 5 t - rodovia em revestimento primário","tkm",1.68]
[5915324,"Transporte com caminhão carroceria de 5 t - rodovia pavimentada","tkm",1.37]
[5914404,"Transporte com caminhão carroceria de 9 t - rodovia em leito natural","tkm",1.27]
[5914419,"Transporte com caminhão carroceria de 9 t - rodovia em revestimento primário","tkm",1.02]
[5914434,"Transporte com caminhão carroceria de 9 t - rodovia pavimentada","tkm",0.83]
[5914635,"Transporte com cavalo mecânico com semirreboque com capacidade de 20 t - rodovia em leito natural","tkm",1.28]
[5914636,"Transporte com cavalo mecânico com semirreboque com capacidade de 20 t - rodovia em revestimento primário","tkm",1.02]
[5914637,"Transporte com cavalo mecânico com semirreboque com capacidade de 20 t - rodovia pavimentada","tkm",0.84]
[5914638,"Transporte com cavalo mecânico com semirreboque com capacidade de 32 t - rodovia em leito natural","tkm",0.9]
[5914639,"Transporte com cavalo mecânico com semirreboque com capacidade de 32 t - rodovia em revestimento primário","tkm",0.72]
[5914640,"Transporte com cavalo mecânico com semirreboque com capacidade de 32 t - rodovia pavimentada","tkm",0.59]
[5915466,"Transporte de água com caminhão tanque de 10.000 l - rodovia em leito natural","tkm",2.19]
[5915467,"Transporte de água com caminhão tanque de 10.000 l - rodovia em revestimento primário","tkm",1.75]
[5915468,"Transporte de água com caminhão tanque de 10.000 l - rodovia pavimentada","tkm",1.44]
[5914617,"Transporte de água com caminhão tanque de 13.000 l - rodovia em leito natural","tkm",1.69]
[5914618,"Transporte de água com caminhão tanque de 13.000 l - rodovia em revestimento primário","tkm",1.35]
[5914619,"Transporte de água com caminhão tanque de 13.000 l - rodovia pavimentada","tkm",1.1100000000000001]
[5915451,"Transporte de água com caminhão tanque de 6.000 l - rodovia em leito natural","tkm",2.83]
[5915452,"Transporte de água com caminhão tanque de 6.000 l - rodovia em revestimento primário","tkm",2.2599999999999998]
[5915453,"Transporte de água com caminhão tanque de 6.000 l - rodovia pavimentada","tkm",1.85]
[5915448,"Transporte de água com caminhão tanque de 8.000 l - rodovia em leito natural","tkm",2.16]
[5915449,"Transporte de água com caminhão tanque de 8.000 l - rodovia em revestimento primário","tkm",1.73]
[5915450,"Transporte de água com caminhão tanque de 8.000 l - rodovia pavimentada","tkm",1.42]
[5901641,"Transporte de areia fina com draga hopper - capacidade da cisterna de 1.000 m³","m³km",2.21]
[5901642,"Transporte de areia fina com draga hopper - capacidade da cisterna de 10.000 m³","m³km",0.56000000000000005]
[5901643,"Transporte de areia fina com draga hopper - capacidade da cisterna de 15.000 m³","m³km",0.53]
[5901644,"Transporte de areia fina com draga hopper - capacidade da cisterna de 2.000 m³","m³km",1.3]
[5901645,"Transporte de areia fina com draga hopper - capacidade da cisterna de 20.000 m³","m³km",0.51]
[5901646,"Transporte de areia fina com draga hopper - capacidade da cisterna de 3.000 m³","m³km",1.02]
[5901647,"Transporte de areia fina com draga hopper - capacidade da cisterna de 4.000 m³","m³km",0.88]
[5901648,"Transporte de areia fina com draga hopper - capacidade da cisterna de 5.000 m³","m³km",0.77]
[5901649,"Transporte de areia fina com draga hopper - capacidade da cisterna de 750 m³","m³km",3.22]
[5901650,"Transporte de areia grossa com draga hopper - capacidade da cisterna de 1.000 m³","m³km",2.16]
[5901651,"Transporte de areia grossa com draga hopper - capacidade da cisterna de 10.000 m³","m³km",0.55000000000000004]
[5901652,"Transporte de areia grossa com draga hopper - capacidade da cisterna de 15.000 m³","m³km",0.51]
[5901653,"Transporte de areia grossa com draga hopper - capacidade da cisterna de 2.000 m³","m³km",1.27]
[5901654,"Transporte de areia grossa com draga hopper - capacidade da cisterna de 20.000 m³","m³km",0.5]
[5901655,"Transporte de areia grossa com draga hopper - capacidade da cisterna de 3.000 m³","m³km",0.99]
[5901656,"Transporte de areia grossa com draga hopper - capacidade da cisterna de 4.000 m³","m³km",0.86]
[5901657,"Transporte de areia grossa com draga hopper - capacidade da cisterna de 5.000 m³","m³km",0.75]
[5901658,"Transporte de areia grossa com draga hopper - capacidade da cisterna de 750 m³","m³km",3.14]
[5901659,"Transporte de areia média com draga hopper - capacidade da cisterna de 1.000 m³","m³km",2.1800000000000002]
[5901660,"Transporte de areia média com draga hopper - capacidade da cisterna de 10.000 m³","m³km",0.55000000000000004]
[5901661,"Transporte de areia média com draga hopper - capacidade da cisterna de 15.000 m³","m³km",0.52]
[5901662,"Transporte de areia média com draga hopper - capacidade da cisterna de 2.000 m³","m³km",1.28]
[5901663,"Transporte de areia média com draga hopper - capacidade da cisterna de 20.000 m³","m³km",0.5]
[5901664,"Transporte de areia média com draga hopper - capacidade da cisterna de 3.000 m³","m³km",1]
[5901665,"Transporte de areia média com draga hopper - capacidade da cisterna de 4.000 m³","m³km",0.87]
[5901666,"Transporte de areia média com draga hopper - capacidade da cisterna de 5.000 m³","m³km",0.76]
[5901667,"Transporte de areia média com draga hopper - capacidade da cisterna de 750 m³","m³km",3.18]
[5914511,"Transporte de barras de trilho de 12 m com locomotiva diesel-elétrica em vagão plataforma com capacidade de 82 t - bitola métrica","tkm",0.28000000000000003]
[5914510,"Transporte de barras de trilho de 12 m com locomotiva diesel-elétrica em vagão plataforma com capacidade de 98 t - bitola larga","tkm",0.25]
[5906597,"Transporte de blocos artificiais de concreto com 10 a 12 t para a execução de molhe com cavalo mecânico com semirreboque com capacidade de 32 t - rodovia em leito natural","unkm",14.47]
[5906598,"Transporte de blocos artificiais de concreto com 10 a 12 t para a execução de molhe com cavalo mecânico com semirreboque com capacidade de 32 t - rodovia em revestimento primário","unkm",11.57]
[5906599,"Transporte de blocos artificiais de concreto com 10 a 12 t para a execução de molhe com cavalo mecânico com semirreboque com capacidade de 32 t - rodovia pavimentada","unkm",9.48]
[5906594,"Transporte de blocos artificiais de concreto com 8 a 9 t para a execução de molhe com cavalo mecânico com semirreboque com capacidade de 32 t - rodovia em leito natural","unkm",9.64]
[5906595,"Transporte de blocos artificiais de concreto com 8 a 9 t para a execução de molhe com cavalo mecânico com semirreboque com capacidade de 32 t - rodovia em revestimento primário","unkm",7.72]
[5906596,"Transporte de blocos artificiais de concreto com 8 a 9 t para a execução de molhe com cavalo mecânico com semirreboque com capacidade de 32 t - rodovia pavimentada","unkm",6.32]
[5901668,"Transporte de cascalho com draga hopper - capacidade da cisterna de 1.000 m³","m³km",2.23]
[5901669,"Transporte de cascalho com draga hopper - capacidade da cisterna de 10.000 m³","m³km",0.56999999999999995]
[5901670,"Transporte de cascalho com draga hopper - capacidade da cisterna de 15.000 m³","m³km",0.53]
[5901671,"Transporte de cascalho com draga hopper - capacidade da cisterna de 2.000 m³","m³km",1.31]
[5901672,"Transporte de cascalho com draga hopper - capacidade da cisterna de 20.000 m³","m³km",0.52]
[5901673,"Transporte de cascalho com draga hopper - capacidade da cisterna de 3.000 m³","m³km",1.03]
[5901674,"Transporte de cascalho com draga hopper - capacidade da cisterna de 4.000 m³","m³km",0.89]
[5901675,"Transporte de cascalho com draga hopper - capacidade da cisterna de 5.000 m³","m³km",0.78]
[5901676,"Transporte de cascalho com draga hopper - capacidade da cisterna de 750 m³","m³km",3.25]
[5901677,"Transporte de cascalho fino com draga hopper - capacidade da cisterna de 1.000 m³","m³km",2.19]
[5901678,"Transporte de cascalho fino com draga hopper - capacidade da cisterna de 10.000 m³","m³km",0.56000000000000005]
[5901679,"Transporte de cascalho fino com draga hopper - capacidade da cisterna de 15.000 m³","m³km",0.52]
[5901680,"Transporte de cascalho fino com draga hopper - capacidade da cisterna de 2.000 m³","m³km",1.29]
[5901681,"Transporte de cascalho fino com draga hopper - capacidade da cisterna de 20.000 m³","m³km",0.51]
[5901682,"Transporte de cascalho fino com draga hopper - capacidade da cisterna de 3.000 m³","m³km",1.01]
[5901683,"Transporte de cascalho fino com draga hopper - capacidade da cisterna de 4.000 m³","m³km",0.87]
[5901684,"Transporte de cascalho fino com draga hopper - capacidade da cisterna de 5.000 m³","m³km",0.76]
[5901685,"Transporte de cascalho fino com draga hopper - capacidade da cisterna de 750 m³","m³km",3.19]
[5914360,"Transporte de cimento ou cal com caminhão distribuidor de 15 m³ - rodovia em leito natural","tkm",1.32]
[5914361,"Transporte de cimento ou cal com caminhão distribuidor de 15 m³ - rodovia em revestimento primário","tkm",1.05]
[5914362,"Transporte de cimento ou cal com caminhão distribuidor de 15 m³ - rodovia pavimentada","tkm",0.98]
[5914364,"Transporte de cimento ou cal hidratada a granel com caminhão silo de 30 m³ - rodovia em leito natural","tkm",0.98]
[5914365,"Transporte de cimento ou cal hidratada a granel com caminhão silo de 30 m³ - rodovia em revestimento primário","tkm",0.78]
[5914366,"Transporte de cimento ou cal hidratada a granel com caminhão silo de 30 m³ - rodovia pavimentada","tkm",0.68]
[5914315,"Transporte de concreto com caminhão basculante de 10 m³ - rodovia em leito natural","tkm",0.91]
[5914330,"Transporte de concreto com caminhão basculante de 10 m³ - rodovia em revestimento primário","tkm",0.72]
[5914345,"Transporte de concreto com caminhão basculante de 10 m³ - rodovia pavimentada","tkm",0.66]
[5914367,"Transporte de detritos com caminhão de hidrojateamento de alta pressão e vácuo de 9 m³ - rodovia em leito natural","tkm",1.88]
[5914368,"Transporte de detritos com caminhão de hidrojateamento de alta pressão e vácuo de 9 m³ - rodovia em revestimento primário","tkm",1.5]
[5914369,"Transporte de detritos com caminhão de hidrojateamento de alta pressão e vácuo de 9 m³ - rodovia pavimentada","tkm",1.23]
[5914489,"Transporte de dormentes de concreto monobloco protendido de bitola larga com locomotiva diesel-elétrica em vagão plataforma com capacidade de 98 t - bitola larga","tkm",0.25]
[5914491,"Transporte de dormentes de concreto monobloco protendido de bitola métrica com locomotiva diesel-elétrica em vagão plataforma com capacidade de 82 t - bitola métrica","tkm",0.28000000000000003]
[5914490,"Transporte de dormentes de concreto monobloco protendido de bitola mista com locomotiva diesel-elétrica em vagão plataforma com capacidade de 98 t - bitola larga","tkm",0.26]
[5914495,"Transporte de dormentes de concreto monobloco protendido para AMV de bitola larga ou mista com locomotiva diesel-elétrica em vagão plataforma com capacidade de 98 t - bitola larga","tkm",1.63]
[5914494,"Transporte de dormentes de concreto monobloco protendido para AMV de bitola métrica com locomotiva diesel-elétrica em vagão plataforma com capacidade de 82 t - bitola métrica","tkm",3.56]
[5914487,"Transporte de dormentes de madeira de bitola larga com locomotiva diesel-elétrica em vagão plataforma com capacidade de 98 t - bitola larga","tkm",0.25]
[5914488,"Transporte de dormentes de madeira de bitola métrica com locomotiva diesel-elétrica em vagão plataforma com capacidade de 82 t - bitola métrica","tkm",0.28000000000000003]
[5914493,"Transporte de dormentes de madeira para AMV de bitola larga ou mista com locomotiva diesel-elétrica em vagão plataforma com capacidade de 98 t - bitola larga","tkm",6]
[5914492,"Transporte de dormentes de madeira para AMV de bitola métrica com locomotiva diesel-elétrica em vagão plataforma com capacidade de 82 t - bitola métrica","tkm",14.18]
[5914482,"Transporte de lastro de brita com locomotiva diesel-elétrica em vagão hopper aberto com capacidade de 45 m³ - bitola métrica","tkm",0.63]
[5914483,"Transporte de lastro de brita com locomotiva diesel-elétrica em vagão hopper aberto com capacidade de 63 m³ - bitola larga","tkm",0.47]
[5914480,"Transporte de materiais metálicos e acessórios diversos com locomotiva diesel-elétrica em vagão fechado com capacidade de 64 t - bitola métrica","tkm",0.66]
[5914481,"Transporte de materiais metálicos e acessórios diversos com locomotiva diesel-elétrica em vagão fechado com capacidade de 99 t - bitola larga","tkm",0.43]
[5914485,"Transporte de materiais metálicos para AMV de bitola larga com locomotiva diesel-elétrica em vagão plataforma com capacidade de 98 t - bitola larga","tkm",4.13]
[5914486,"Transporte de materiais metálicos para AMV de bitola métrica com locomotiva diesel-elétrica em vagão plataforma com capacidade de 82 t - bitola métrica","tkm",5.0999999999999996]
[5914484,"Transporte de materiais metálicos para AMV de bitola mista com locomotiva diesel-elétrica em vagão plataforma com capacidade de 98 t - bitola larga","tkm",3.58]
[5914620,"Transporte de material betuminoso com caminhão tanque distribuidor - rodovia em leito natural","tkm",3.39]
[5914621,"Transporte de material betuminoso com caminhão tanque distribuidor - rodovia em revestimento primário","tkm",2.71]
[5914622,"Transporte de material betuminoso com caminhão tanque distribuidor - rodovia pavimentada","tkm",2.2200000000000002]
[5901695,"Transporte de material de 1ª categoria com batelão autopropelido com capacidade de 300 m³","m³km",1.1599999999999999]
[5901696,"Transporte de material de 1ª categoria com batelão autopropelido com capacidade de 500 m³","m³km",0.86]
[5901697,"Transporte de material de 1ª categoria com batelão rebocado com capacidade de 66 m³","m³km",2.44]
[5901698,"Transporte de material de 1ª categoria com batelão rebocado montado na obra com capacidade de 66 m³","m³km",2.44]
[5916654,"Transporte de material de 3ª categoria com batelão autopropelido com capacidade de 300 m³","m³km",2.1]
[5916637,"Transporte de material de 3ª categoria com batelão rebocado com capacidade de 66 m³","m³km",7.03]
[5916618,"Transporte de material de 3ª categoria com batelão rebocado montado na obra com capacidade de 66 m³","m³km",7.03]
[5914334,"Transporte de material de 3ª categoria com caminhão basculante de 12 m³ para rocha - rodovia em leito natural","tkm",1.21]
[5914335,"Transporte de material de 3ª categoria com caminhão basculante de 12 m³ para rocha - rodovia em revestimento primário","tkm",0.97]
[5914336,"Transporte de material de 3ª categoria com caminhão basculante de 12 m³ para rocha - rodovia pavimentada","tkm",0.83]
[5914346,"Transporte de material de 3ª categoria com caminhão basculante de 8 m³ para rocha - rodovia em leito natural","tkm",1.63]
[5914347,"Transporte de material de 3ª categoria com caminhão basculante de 8 m³ para rocha - rodovia em revestimento primário","tkm",1.31]
[5914348,"Transporte de material de 3ª categoria com caminhão basculante de 8 m³ para rocha - rodovia pavimentada","tkm",1.07]
[5914611,"Transporte de mistura betuminosa a quente com caminhão com caçamba térmica de 6 m³ - rodovia em leito natural","tkm",1.37]
[5914613,"Transporte de mistura betuminosa a quente com caminhão com caçamba térmica de 6 m³ - rodovia em revestimento primário","tkm",1.0900000000000001]
[5914612,"Transporte de mistura betuminosa a quente com caminhão com caçamba térmica de 6 m³ - rodovia pavimentada","tkm",0.89]
[5901686,"Transporte de silte com draga hopper - capacidade da cisterna de 1.000 m³","m³km",6.34]
[5901687,"Transporte de silte com draga hopper - capacidade da cisterna de 10.000 m³","m³km",1.61]
[5901688,"Transporte de silte com draga hopper - capacidade da cisterna de 15.000 m³","m³km",1.51]
[5901689,"Transporte de silte com draga hopper - capacidade da cisterna de 2.000 m³","m³km",3.73]
[5901690,"Transporte de silte com draga hopper - capacidade da cisterna de 20.000 m³","m³km",1.46]
[5901691,"Transporte de silte com draga hopper - capacidade da cisterna de 3.000 m³","m³km",2.92]
[5901692,"Transporte de silte com draga hopper - capacidade da cisterna de 4.000 m³","m³km",2.52]
[5901693,"Transporte de silte com draga hopper - capacidade da cisterna de 5.000 m³","m³km",2.21]
[5901694,"Transporte de silte com draga hopper - capacidade da cisterna de 750 m³","m³km",9.24]
[5914512,"Transporte de TLS TR45 de 120 m com locomotiva diesel-elétrica em vagão plataforma com capacidade de 82 t - bitola métrica","tkm",1.51]
[5914496,"Transporte de TLS TR45 de 120 m com locomotiva diesel-elétrica em vagão plataforma com capacidade de 98 t - bitola larga","tkm",1.19]
[5914513,"Transporte de TLS TR45 de 240 m com locomotiva diesel-elétrica em vagão plataforma com capacidade de 82 t - bitola métrica","tkm",0.84]
[5914497,"Transporte de TLS TR45 de 240 m com locomotiva diesel-elétrica em vagão plataforma com capacidade de 98 t - bitola larga","tkm",0.66]
[5914500,"Transporte de TLS TR57 de 120 m com locomotiva diesel-elétrica em vagão plataforma com capacidade de 82 t - bitola métrica","tkm",1.18]
[5914498,"Transporte de TLS TR57 de 120 m com locomotiva diesel-elétrica em vagão plataforma com capacidade de 98 t - bitola larga","tkm",0.93]
[5914501,"Transporte de TLS TR57 de 240 m com locomotiva diesel-elétrica em vagão plataforma com capacidade de 82 t - bitola métrica","tkm",0.66]
[5914499,"Transporte de TLS TR57 de 240 m com locomotiva diesel-elétrica em vagão plataforma com capacidade de 98 t - bitola larga","tkm",0.52]
[5914504,"Transporte de TLS TR68 de 120 m com locomotiva diesel-elétrica em vagão plataforma com capacidade de 82 t - bitola métrica","tkm",1]
[5914502,"Transporte de TLS TR68 de 120 m com locomotiva diesel-elétrica em vagão plataforma com capacidade de 98 t - bitola larga","tkm",0.79]
[5914505,"Transporte de TLS TR68 de 240 m com locomotiva diesel-elétrica em vagão plataforma com capacidade de 82 t - bitola métrica","tkm",0.56000000000000005]
[5914503,"Transporte de TLS TR68 de 240 m com locomotiva diesel-elétrica em vagão plataforma com capacidade de 98 t - bitola larga","tkm",0.43]
[5914508,"Transporte de TLS UIC60 de 120 m com locomotiva diesel-elétrica em vagão plataforma com capacidade de 82 t - bitola métrica","tkm",1.1200000000000001]
[5914506,"Transporte de TLS UIC60 de 120 m com locomotiva diesel-elétrica em vagão plataforma com capacidade de 98 t - bitola larga","tkm",0.88]
[5914509,"Transporte de TLS UIC60 de 240 m com locomotiva diesel-elétrica em vagão plataforma com capacidade de 82 t - bitola métrica","tkm",0.63]
[5914507,"Transporte de TLS UIC60 de 240 m com locomotiva diesel-elétrica em vagão plataforma com capacidade de 98 t - bitola larga","tkm",0.49]
[5915491,"Transporte de veículos de médio porte com guincho de resgate de 20 t - rodovia em leito natural","km",24.68]
[5915492,"Transporte de veículos de médio porte com guincho de resgate de 20 t - rodovia em revestimento primário","km",19.739999999999998]
[5915493,"Transporte de veículos de médio porte com guincho de resgate de 20 t - rodovia pavimentada","km",16.170000000000002]
[5915488,"Transporte de veículos leves com guincho de resgate de 5 t - rodovia em leito natural","km",16.010000000000002]
[5915489,"Transporte de veículos leves com guincho de resgate de 5 t - rodovia em revestimento primário","km",12.81]
[5915490,"Transporte de veículos leves com guincho de resgate de 5 t - rodovia pavimentada","km",10.49]
[5915494,"Transporte de veículos pesados com guincho de resgate de 35 t - rodovia em leito natural","km",34.6]
[5915495,"Transporte de veículos pesados com guincho de resgate de 35 t - rodovia em revestimento primário","km",27.68]
[5915496,"Transporte de veículos pesados com guincho de resgate de 35 t - rodovia pavimentada","km",22.68]
[5915325,"Transporte em cavalo mecânico com dolly de 4 eixos com capacidade de 57 t - rodovia em leito natural","km",78.63]
[5915326,"Transporte em cavalo mecânico com dolly de 4 eixos com capacidade de 57 t - rodovia em revestimento primário","km",62.87]
[5915327,"Transporte em cavalo mecânico com dolly de 4 eixos com capacidade de 57 t - rodovia pavimentada","km",51.53]
[5915328,"Transporte em cavalo mecânico com dollys de 3 e 4 eixos com capacidade de 77 t - rodovia em leito natural","km",88.81]
[5915329,"Transporte em cavalo mecânico com dollys de 3 e 4 eixos com capacidade de 77 t - rodovia em revestimento primário","km",71.010000000000005]
[5915330,"Transporte em cavalo mecânico com dollys de 3 e 4 eixos com capacidade de 77 t - rodovia pavimentada","km",58.2]
[5915331,"Transporte em cavalo mecânico com dollys de 5 e 4 eixos com capacidade de 111 t - rodovia em leito natural","km",177.14]
[5915332,"Transporte em cavalo mecânico com dollys de 5 e 4 eixos com capacidade de 111 t - rodovia em revestimento primário","km",141.65]
[5915333,"Transporte em cavalo mecânico com dollys de 5 e 4 eixos com capacidade de 111 t - rodovia pavimentada","km",116.09]
[5915364,"Transporte em cavalo mecânico com reboques de 5 e 4 eixos com capacidade de 130 t - rodovia em leito natural","km",226.73]
[5915365,"Transporte em cavalo mecânico com reboques de 5 e 4 eixos com capacidade de 130 t - rodovia em revestimento primário","km",181.3]
[5915361,"Transporte em cavalo mecânico com reboques de 5 e 4 eixos com capacidade de 130 t - rodovia pavimentada","km",148.59]
[5919716,"Transporte fluvial de materiais diversos com pontão flutuante - capacidade de 500 t","km",208.43]
[5919717,"Transporte fluvial do flutuante","km",173.09]
[6106220,"Armação de fuste de tubulão em aço CA-50 com apoio de guindaste - fornecimento, preparo e colocação","kg",12.09]
[6106183,"Escavação manual de base alargada de tubulão a céu aberto em material de 1ª categoria na profundidade de 10 a 15 m","m³",312.58]
[6106182,"Escavação manual de base alargada de tubulão a céu aberto em material de 1ª categoria na profundidade de até 10 m","m³",267.92]
[6106194,"Escavação manual de base alargada de tubulão a céu aberto em material de 2ª categoria na profundidade até 10 m","m³",805.23]
[6106195,"Escavação manual de base alargada de tubulão a céu aberto em material de 2ª categoria na profundidade de 10 a 15 m","m³",892.63]
[6106331,"Escavação manual de base alargada de tubulão a céu aberto em material de 3ª categoria a frio na profundidade até 10 m","m³",2015.4]
[6106332,"Escavação manual de base alargada de tubulão a céu aberto em material de 3ª categoria a frio na profundidade de 10 a 15 m","m³",2144.0700000000002]
[6106206,"Escavação manual de base alargada de tubulão a céu aberto em material de 3ª categoria na profundidade até 10 m","m³",2319.6]
[6106207,"Escavação manual de base alargada de tubulão a céu aberto em material de 3ª categoria na profundidade de 10 a 15 m","m³",2472.65]
[6106222,"Escavação manual de fuste de tubulão a céu aberto em material de 1ª categoria na profundidade de 10 a 15 m","m³",312.58]
[6106221,"Escavação manual de fuste de tubulão a céu aberto em material de 1ª categoria na profundidade de até 10 m","m³",267.92]
[6106224,"Escavação manual de fuste de tubulão a céu aberto em material de 2ª categoria na profundidade até 10 m","m³",805.23]
[6106225,"Escavação manual de fuste de tubulão a céu aberto em material de 2ª categoria na profundidade de 10 a 15 m","m³",892.63]
[6106228,"Escavação manual de fuste de tubulão a céu aberto em material de 3ª categoria na profundidade até 10 m","m³",2050.35]
[6106229,"Escavação manual de fuste de tubulão a céu aberto em material de 3ª categoria na profundidade de 10 a 15 m","m³",2184.17]
[6106328,"Escavação mecânica de fuste de tubulão com caçamba para rocha em material de 2ª categoria","m³",199.75]
[6106330,"Escavação mecânica de fuste de tubulão com caçamba para rocha em material de 3ª categoria","m³",994.49]
[6106326,"Escavação mecânica de fuste de tubulão com caçamba para solos em material de 1ª categoria","m³",82.64]
[6106324,"Escavação mecânica de fuste de tubulão com Hammer Grab em material de 1ª categoria","m³",42.98]
[6106327,"Escavação mecânica de fuste de tubulão com trado para rocha em material de 2ª categoria","m³",199.85]
[6106329,"Escavação mecânica de fuste de tubulão com trado para rocha em material de 3ª categoria","m³",996.21]
[6106325,"Escavação mecânica de fuste de tubulão com trado para solos em material de 1ª categoria","m³",82.85]
[6208126,"Armação de tela de aço eletrossoldada em túneis com auxílio de plataforma pantográfica - confecção e instalação","kg",21.06]
[6205797,"Cambotas metálicas treliçadas - confecção e instalação","kg",13.4]
[6205791,"Coluna de jet grouting horizontal CCPH em solo - D = 40 cm - perfuração e injeção","m",485.03]
[6205792,"Coluna de jet grouting horizontal CCPH em solo - D = 50 cm - perfuração e injeção","m",582.71]
[6205793,"Coluna de jet grouting horizontal CCPH em solo - D = 60 cm - perfuração e injeção","m",685.89]
[6205796,"Coluna de jet grouting vertical em solo - D = 100 cm - perfuração e injeção","m",1225.1400000000001]
[6219451,"Coluna de jet grouting vertical em solo - D = 110 cm - perfuração e injeção","m",1319.32]
[6219452,"Coluna de jet grouting vertical em solo - D = 120 cm - perfuração e injeção","m",1418.98]
[6205794,"Coluna de jet grouting vertical em solo - D = 80 cm - perfuração e injeção","m",1053.3]
[6205795,"Coluna de jet grouting vertical em solo - D = 90 cm - perfuração e injeção","m",1136.47]
[6219521,"Desmonte a frio e carga de rocha em túnel com cunha hidráulica - DMT de 0 a 200 m","m³",200.78]
[6219527,"Drenagem de túnel com manta drenante de malha de polietileno e geotêxtil em face revestida com argamassa polimérica com espessura de 25 mm","m²",493.86]
[6219526,"Dreno filtrante em tubos de PVC D = 40 mm aplicado em paredes e tetos de túnel - fornecimento e instalação","m",66.59]
[6219525,"Dreno não filtrante em tubos de PVC D = 40 mm aplicado em paredes e tetos de túnel - fornecimento e instalação","m",62.52]
[6219508,"Enfilagem tubular sistema autoperfurante - D = 76 mm","m",414.14]
[6219511,"Enfilagem tubular sistema convencional schedule 40 - D = 65 mm","m",311.89999999999998]
[6219500,"Escavação subterrânea e carregamento do material da calota em túnel classe I - DMT de 0 a 200 m - seção acima de 90 m²","m³",144.25]
[6219418,"Escavação subterrânea e carregamento do material da calota em túnel classe I - DMT de 0 a 200 m - seção de 20 a 40 m²","m³",314.52999999999997]
[6219412,"Escavação subterrânea e carregamento do material da calota em túnel classe I - DMT de 0 a 200 m - seção de 40 a 60 m²","m³",220.3]
[6219406,"Escavação subterrânea e carregamento do material da calota em túnel classe I - DMT de 0 a 200 m - seção de 60 a 90 m²","m³",154.94999999999999]
[6219501,"Escavação subterrânea e carregamento do material da calota em túnel classe II - DMT de 0 a 200 m - seção acima de 90 m²","m³",156.34]
[6219419,"Escavação subterrânea e carregamento do material da calota em túnel classe II - DMT de 0 a 200 m - seção de 20 a 40 m²","m³",346.92]
[6219413,"Escavação subterrânea e carregamento do material da calota em túnel classe II - DMT de 0 a 200 m - seção de 40 a 60 m²","m³",240.58]
[6219407,"Escavação subterrânea e carregamento do material da calota em túnel classe II - DMT de 0 a 200 m - seção de 60 a 90 m²","m³",168.15]
[6219502,"Escavação subterrânea e carregamento do material da calota em túnel classe III - DMT de 0 a 200 m - seção acima de 90 m²","m³",168.82]
[6219420,"Escavação subterrânea e carregamento do material da calota em túnel classe III - DMT de 0 a 200 m - seção de 20 a 40 m²","m³",388.5]
[6219414,"Escavação subterrânea e carregamento do material da calota em túnel classe III - DMT de 0 a 200 m - seção de 40 a 60 m²","m³",265]
[6219408,"Escavação subterrânea e carregamento do material da calota em túnel classe III - DMT de 0 a 200 m - seção de 60 a 90 m²","m³",181.6]
[6219503,"Escavação subterrânea e carregamento do material da calota em túnel classe IV - DMT de 0 a 200 m - seção acima de 90 m²","m³",195.36]
[6219421,"Escavação subterrânea e carregamento do material da calota em túnel classe IV - DMT de 0 a 200 m - seção de 20 a 40 m²","m³",461.96]
[6219415,"Escavação subterrânea e carregamento do material da calota em túnel classe IV - DMT de 0 a 200 m - seção de 40 a 60 m²","m³",309.08]
[6219409,"Escavação subterrânea e carregamento do material da calota em túnel classe IV - DMT de 0 a 200 m - seção de 60 a 90 m²","m³",211.66]
[6219518,"Escavação subterrânea e carregamento do material do rebaixo em túnel classe I a IV - DMT de 0 a 200 m","m³",59.49]
[6219504,"Escavação subterrânea e carregamento em túnel classe V - DMT de 0 a 200 m - seção acima de 90 m²","m³",110.59]
[6219422,"Escavação subterrânea e carregamento em túnel classe V - DMT de 0 a 200 m - seção de 20 a 40 m²","m³",246.9]
[6219416,"Escavação subterrânea e carregamento em túnel classe V - DMT de 0 a 200 m - seção de 40 a 60 m²","m³",189.44]
[6219410,"Escavação subterrânea e carregamento em túnel classe V - DMT de 0 a 200 m - seção de 60 a 90 m²","m³",132.06]
[6219505,"Escavação subterrânea e carregamento em túnel classe VI - DMT de 0 a 200 m - seção acima de 90 m²","m³",104.92]
[6219423,"Escavação subterrânea e carregamento em túnel classe VI - DMT de 0 a 200 m - seção de 20 a 40 m²","m³",246.49]
[6219417,"Escavação subterrânea e carregamento em túnel classe VI - DMT de 0 a 200 m - seção de 40 a 60 m²","m³",186.72]
[6219411,"Escavação subterrânea e carregamento em túnel classe VI - DMT de 0 a 200 m - seção de 60 a 90 m²","m³",127.02]
[6219520,"Pré-fissuramento em túnel","m²",63.04]
[6219433,"Pregagem da frente com vergalhão de fibra de vidro D = 25 mm com perfuração em D = 75 mm e injeção de calda de cimento","m",135.36000000000001]
[6205801,"Pregagem da frente em tubo de PVC D = 50 mm com perfuração em D = 100 mm e injeção de argamassa de cimento e areia 1:1","m",96.98]
[6219524,"Prego guia para controle de espessura de concreto projetado D = 16 mm em túnel - fornecimento e instalação","un",14.08]
[6416036,"Usinagem de agregados para microrrevestimento a frio - faixa II - brita comercial","m³",150.84]
[6416038,"Usinagem de agregados para microrrevestimento a frio - faixa II - brita produzida","m³",72.33]
[6416037,"Usinagem de agregados para microrrevestimento a frio - faixa III - brita comercial","m³",163.74]
[6416035,"Usinagem de agregados para microrrevestimento a frio - faixa III - brita produzida","m³",82.41]
[6416076,"Usinagem de areia-asfalto a quente - faixa A - areia comercial","t",162.55000000000001]
[6416075,"Usinagem de areia-asfalto a quente - faixa A - areia extraída","t",119.32]
[6416226,"Usinagem de areia-asfalto a quente - faixa B - areia comercial","t",150.62]
[6416225,"Usinagem de areia-asfalto a quente - faixa B - areia extraída","t",106.44]
[6416084,"Usinagem de areia-asfalto a quente com asfalto polímero - faixa A - areia comercial","t",152.71]
[6416083,"Usinagem de areia-asfalto a quente com asfalto polímero - faixa A - areia extraída","t",107.28]
[6416234,"Usinagem de areia-asfalto a quente com asfalto polímero - faixa B - areia comercial","t",159.62]
[6416233,"Usinagem de areia-asfalto a quente com asfalto polímero - faixa B - areia extraída","t",115]
[6416236,"Usinagem de areia-asfalto a quente com asfalto polímero - faixa C - areia comercial","t",164.14]
[6416235,"Usinagem de areia-asfalto a quente com asfalto polímero - faixa C - areia extraída","t",120.1]
[6416040,"Usinagem de brita graduada com brita comercial em usina de 300 t/h","m³",246.39]
[6416039,"Usinagem de brita graduada com brita produzida em usina de 300 t/h","m³",101.28]
[6416042,"Usinagem de brita graduada tratada com cimento e brita comercial em usina de 300 t/h","m³",313.42]
[6416041,"Usinagem de brita graduada tratada com cimento e brita produzida em usina de 300 t/h","m³",168.93]
[6416080,"Usinagem de concreto asfáltico - faixa A-25 - areia e brita comerciais","t",184.82]
[6416079,"Usinagem de concreto asfáltico - faixa A-25 - areia extraída e brita produzida","t",123.99]
[6416143,"Usinagem de concreto asfáltico - faixa B-19 - areia e brita comerciais","t",182.46]
[6416262,"Usinagem de concreto asfáltico - faixa B-19 - areia extraída e brita produzida","t",123.61]
[6416078,"Usinagem de concreto asfáltico - faixa C-12,5 - areia e brita comerciais","t",179.25]
[6416077,"Usinagem de concreto asfáltico - faixa C-12,5 - areia extraída e brita produzida","t",123.22]
[6416071,"Usinagem de concreto asfáltico - faixa D-9,5 - areia e brita comerciais","t",175.59]
[6416072,"Usinagem de concreto asfáltico - faixa D-9,5 - areia extraída e brita produzida","t",123.25]
[6416088,"Usinagem de concreto asfáltico com asfalto polímero - faixa A - areia e brita comerciais","t",193.11]
[6416087,"Usinagem de concreto asfáltico com asfalto polímero - faixa A - areia extraída e brita produzida","t",130.5]
[6416246,"Usinagem de concreto asfáltico com asfalto polímero - faixa B - areia e brita comerciais","t",193.36]
[6416245,"Usinagem de concreto asfáltico com asfalto polímero - faixa B - areia extraída e brita produzida","t",133.69999999999999]
[6416248,"Usinagem de concreto asfáltico com asfalto polímero - faixa C - areia e brita comerciais","t",189.39]
[6416247,"Usinagem de concreto asfáltico com asfalto polímero - faixa C - areia extraída e brita produzida","t",137.22999999999999]
[6416214,"Usinagem de concreto asfáltico com borracha (Gap Graded) - brita comercial","t",239.57]
[6416218,"Usinagem de concreto asfáltico com borracha (Gap Graded) - brita produzida","t",178.97]
[6416211,"Usinagem de concreto asfáltico com borracha - faixa A - brita comercial","t",238.85]
[6416215,"Usinagem de concreto asfáltico com borracha - faixa A - brita produzida","t",179.56]
[6416212,"Usinagem de concreto asfáltico com borracha - faixa B - brita comercial","t",241.85]
[6416216,"Usinagem de concreto asfáltico com borracha - faixa B - brita produzida","t",184.23]
[6416213,"Usinagem de concreto asfáltico com borracha - faixa C - brita comercial","t",239.83]
[6416217,"Usinagem de concreto asfáltico com borracha - faixa C - brita produzida","t",186.54]
[6416289,"Usinagem de concreto asfáltico reciclado a frio com espuma de asfalto, agregado comercial e cimento","m³",148.59]
[6416288,"Usinagem de concreto asfáltico reciclado a frio com espuma de asfalto, agregado produzido e cimento","m³",109.82]
[6416098,"Usinagem de concreto asfáltico reciclado em usina fixa com adição de material fresado e brita comercial","t",176.79]
[6416097,"Usinagem de concreto asfáltico reciclado em usina fixa com adição de material fresado e brita produzida","t",132.01]
[6416258,"Usinagem de micro pré-misturado a quente com asfalto polímero - brita comercial","t",182.1]
[6416259,"Usinagem de micro pré-misturado a quente com asfalto polímero - brita produzida","t",132.6]
[6416074,"Usinagem de pré-misturado a frio - faixa A - areia e brita comerciais","m³",294.07]
[6416073,"Usinagem de pré-misturado a frio - faixa A - areia extraída e brita produzida","m³",139.52000000000001]
[6416220,"Usinagem de pré-misturado a frio - faixa B - areia e brita comerciais","m³",292.36]
[6416219,"Usinagem de pré-misturado a frio - faixa B - areia extraída e brita produzida","m³",136.30000000000001]
[6416222,"Usinagem de pré-misturado a frio - faixa C - areia e brita comerciais","m³",301.55]
[6416221,"Usinagem de pré-misturado a frio - faixa C - areia extraída e brita produzida","m³",152.91999999999999]
[6416224,"Usinagem de pré-misturado a frio - faixa D - areia e brita comerciais","m³",300.37]
[6416223,"Usinagem de pré-misturado a frio - faixa D - areia extraída e brita produzida","m³",149.69999999999999]
[6416082,"Usinagem de pré-misturado a frio com asfalto polímero - faixa A - areia e brita comerciais","m³",294.07]
[6416081,"Usinagem de pré-misturado a frio com asfalto polímero - faixa A - areia extraída e brita produzida","m³",139.52000000000001]
[6416228,"Usinagem de pré-misturado a frio com asfalto polímero - faixa B - areia e brita comerciais","m³",292.36]
[6416227,"Usinagem de pré-misturado a frio com asfalto polímero - faixa B - areia extraída e brita produzida","m³",136.30000000000001]
[6416230,"Usinagem de pré-misturado a frio com asfalto polímero - faixa C - areia e brita comerciais","m³",300.27]
[6416229,"Usinagem de pré-misturado a frio com asfalto polímero - faixa C - areia extraída e brita produzida","m³",152.34]
[6416232,"Usinagem de pré-misturado a frio com asfalto polímero - faixa D - areia e brita comerciais","m³",299.08999999999997]
[6416231,"Usinagem de pré-misturado a frio com asfalto polímero - faixa D - areia extraída e brita produzida","m³",149.13]
[6416086,"Usinagem de pré-misturado a quente com asfalto polímero - faixa I - camada porosa de atrito - areia e brita comerciais","t",194.34]
[6416085,"Usinagem de pré-misturado a quente com asfalto polímero - faixa I - camada porosa de atrito - areia extraída e brita produzida","t",129.94999999999999]
[6416238,"Usinagem de pré-misturado a quente com asfalto polímero - faixa II - camada porosa de atrito - areia e brita comerciais","t",185.16]
[6416237,"Usinagem de pré-misturado a quente com asfalto polímero - faixa II - camada porosa de atrito - areia extraída e brita produzida","t",119.38]
[6416240,"Usinagem de pré-misturado a quente com asfalto polímero - faixa III - camada porosa de atrito - areia e brita comerciais","t",189.2]
[6416239,"Usinagem de pré-misturado a quente com asfalto polímero - faixa III - camada porosa de atrito - areia extraída e brita produzida","t",128.4]
[6416242,"Usinagem de pré-misturado a quente com asfalto polímero - faixa IV - camada porosa de atrito - areia e brita comerciais","t",201.61]
[6416241,"Usinagem de pré-misturado a quente com asfalto polímero - faixa IV - camada porosa de atrito - areia extraída e brita produzida","t",134.69999999999999]
[6416244,"Usinagem de pré-misturado a quente com asfalto polímero - faixa V - camada porosa de atrito - areia e brita comerciais","t",200.75]
[6416243,"Usinagem de pré-misturado a quente com asfalto polímero - faixa V - camada porosa de atrito - areia extraída e brita produzida","t",134.28]
[6416250,"Usinagem de solo areia (70% - 30%) - material de jazida e areia comercial","m³",50.42]
[6416153,"Usinagem de solo areia (70% - 30%) - material de jazida e areia extraída","m³",20]
[6416185,"Usinagem de solo brita (70% - 30%) com 3% cimento - material de jazida e brita comercial","m³",135.96]
[6416184,"Usinagem de solo brita (70% - 30%) com 3% cimento - material de jazida e brita produzida","m³",91.09]
[6416030,"Usinagem de solo brita (70% - 30%) com material de jazida e brita comercial em usina de 300 t/h","m³",84.1]
[6416029,"Usinagem de solo brita (70% - 30%) com material de jazida e brita produzida em usina de 300 t/h","m³",37.840000000000003]
[6416056,"Usinagem de solo cimento com 7% de cimento com material de jazida em usina de 300 t/h","m³",130.79]
[6416278,"Usinagem de solo escória de aciaria (50% - 50%) com material de jazida em usina de 300 t/h","m³",27.1]
[6416047,"Usinagem de solo melhorado com 3% de cimento com material de jazida em usina de 300 t/h","m³",64.239999999999995]
[6416090,"Usinagem para pavimento de concreto com fôrmas deslizantes - areia e brita comerciais","m³",479.62]
[6416089,"Usinagem para pavimento de concreto com fôrmas deslizantes - areia extraída e brita produzida","m³",362.25]
[6416094,"Usinagem para pavimento de concreto compactado com rolo - brita comercial","m³",403.87]
[6416093,"Usinagem para pavimento de concreto compactado com rolo - brita produzida","m³",265.62]
[6416092,"Usinagem para sub-base de concreto compactado com rolo - brita comercial","m³",333.3]
[6416091,"Usinagem para sub-base de concreto compactado com rolo - brita produzida","m³",188.77]
[6817809,"Confecção de BSCC - seção canal de 1,5 x 1,5 m - areia e brita comerciais","m",1092.82]
[6817810,"Confecção de BSCC - seção canal de 1,5 x 1,5 m - areia extraída e brita produzida","m",995.64]
[6817811,"Confecção de BSCC - seção canal de 2,0 x 1,5 m - areia e brita comerciais","m",1170.17]
[6817812,"Confecção de BSCC - seção canal de 2,0 x 1,5 m - areia extraída e brita produzida","m",1062.76]
[6817813,"Confecção de BSCC - seção canal de 2,0 x 2,0 m - tipo I - areia e brita comerciais","m",1840.29]
[6817814,"Confecção de BSCC - seção canal de 2,0 x 2,0 m - tipo I - areia extraída e brita produzida","m",1671.5]
[6817815,"Confecção de BSCC - seção canal de 2,0 x 2,0 m - tipo II - areia e brita comerciais","m",1562.94]
[6817816,"Confecção de BSCC - seção canal de 2,0 x 2,0 m - tipo II - areia extraída e brita produzida","m",1394.15]
[6817817,"Confecção de BSCC - seção canal de 2,5 x 1,5 m - areia e brita comerciais","m",1258.1099999999999]
[6817818,"Confecção de BSCC - seção canal de 2,5 x 1,5 m - areia extraída e brita produzida","m",1141.75]
[6817819,"Confecção de BSCC - seção canal de 2,5 x 2,0 m - tipo I - areia e brita comerciais","m",1935.52]
[6817820,"Confecção de BSCC - seção canal de 2,5 x 2,0 m - tipo I - areia extraída e brita produzida","m",1753.95]
[6817821,"Confecção de BSCC - seção canal de 2,5 x 2,0 m - tipo II - areia e brita comerciais","m",1667.33]
[6817822,"Confecção de BSCC - seção canal de 2,5 x 2,0 m - tipo II - areia extraída e brita produzida","m",1485.76]
[6817823,"Confecção de BSCC - seção canal de 3,0 x 1,5 m - areia e brita comerciais","m",1351.3]
[6817824,"Confecção de BSCC - seção canal de 3,0 x 1,5 m - areia extraída e brita produzida","m",1224.71]
[6817825,"Confecção de BSCC - seção canal de 3,0 x 2,0 m - tipo I - areia e brita comerciais","m",1970]
[6817826,"Confecção de BSCC - seção canal de 3,0 x 2,0 m - tipo I - areia extraída e brita produzida","m",1775.64]
[6817827,"Confecção de BSCC - seção canal de 3,0 x 2,0 m - tipo II - areia e brita comerciais","m",1771.72]
[6817828,"Confecção de BSCC - seção canal de 3,0 x 2,0 m - tipo II - areia extraída e brita produzida","m",1577.36]
[6817753,"Confecção de BSCC - seção fechada de 1,5 x 1,5 m - altura do aterro de 0,25 a 1,00 m - areia e brita comerciais","m",1478.12]
[6817754,"Confecção de BSCC - seção fechada de 1,5 x 1,5 m - altura do aterro de 0,25 a 1,00 m - areia extraída e brita produzida","m",1341.3]
[6817755,"Confecção de BSCC - seção fechada de 1,5 x 1,5 m - altura do aterro de 1,00 a 2,50 m - areia e brita comerciais","m",1416.84]
[6817756,"Confecção de BSCC - seção fechada de 1,5 x 1,5 m - altura do aterro de 1,00 a 2,50 m - areia extraída e brita produzida","m",1280.02]
[6817763,"Confecção de BSCC - seção fechada de 1,5 x 1,5 m - altura do aterro de 10,00 a 12,50 m - areia e brita comerciais","m",1809]
[6817764,"Confecção de BSCC - seção fechada de 1,5 x 1,5 m - altura do aterro de 10,00 a 12,50 m - areia extraída e brita produzida","m",1626.79]
[6817765,"Confecção de BSCC - seção fechada de 1,5 x 1,5 m - altura do aterro de 12,50 a 15,00 m - areia e brita comerciais","m",2123.7199999999998]
[6817766,"Confecção de BSCC - seção fechada de 1,5 x 1,5 m - altura do aterro de 12,50 a 15,00 m - areia extraída e brita produzida","m",1950.39]
[6817757,"Confecção de BSCC - seção fechada de 1,5 x 1,5 m - altura do aterro de 2,50 a 5,00 m - areia e brita comerciais","m",1416.84]
[6817758,"Confecção de BSCC - seção fechada de 1,5 x 1,5 m - altura do aterro de 2,50 a 5,00 m - areia extraída e brita produzida","m",1280.02]
[6817759,"Confecção de BSCC - seção fechada de 1,5 x 1,5 m - altura do aterro de 5,00 a 7,50 m - areia e brita comerciais","m",1545.71]
[6817760,"Confecção de BSCC - seção fechada de 1,5 x 1,5 m - altura do aterro de 5,00 a 7,50 m - areia extraída e brita produzida","m",1410.31]
[6817761,"Confecção de BSCC - seção fechada de 1,5 x 1,5 m - altura do aterro de 7,50 a 10,00 m - areia e brita comerciais","m",1910.69]
[6817762,"Confecção de BSCC - seção fechada de 1,5 x 1,5 m - altura do aterro de 7,50 a 10,00 m - areia extraída e brita produzida","m",1728.47]
[6817767,"Confecção de BSCC - seção fechada de 2,0 x 2,0 m - altura do aterro de 0,25 a 1,00 m - areia e brita comerciais","m",2152.4299999999998]
[6817768,"Confecção de BSCC - seção fechada de 2,0 x 2,0 m - altura do aterro de 0,25 a 1,00 m - areia extraída e brita produzida","m",1977.25]
[6817769,"Confecção de BSCC - seção fechada de 2,0 x 2,0 m - altura do aterro de 1,00 a 2,50 m - areia e brita comerciais","m",1823.24]
[6817770,"Confecção de BSCC - seção fechada de 2,0 x 2,0 m - altura do aterro de 1,00 a 2,50 m - areia extraída e brita produzida","m",1648.05]
[6817777,"Confecção de BSCC - seção fechada de 2,0 x 2,0 m - altura do aterro de 10,00 a 12,50 m - areia e brita comerciais","m",3067.25]
[6817778,"Confecção de BSCC - seção fechada de 2,0 x 2,0 m - altura do aterro de 10,00 a 12,50 m - areia extraída e brita produzida","m",2849.87]
[6817779,"Confecção de BSCC - seção fechada de 2,0 x 2,0 m - altura do aterro de 12,50 a 15,00 m - areia e brita comerciais","m",3645.12]
[6817780,"Confecção de BSCC - seção fechada de 2,0 x 2,0 m - altura do aterro de 12,50 a 15,00 m - areia extraída e brita produzida","m",3369.86]
[6817771,"Confecção de BSCC - seção fechada de 2,0 x 2,0 m - altura do aterro de 2,50 a 5,00 m - areia e brita comerciais","m",2090.69]
[6817772,"Confecção de BSCC - seção fechada de 2,0 x 2,0 m - altura do aterro de 2,50 a 5,00 m - areia extraída e brita produzida","m",1917.33]
[6817773,"Confecção de BSCC - seção fechada de 2,0 x 2,0 m - altura do aterro de 5,00 a 7,50 m - areia e brita comerciais","m",2531.7399999999998]
[6817774,"Confecção de BSCC - seção fechada de 2,0 x 2,0 m - altura do aterro de 5,00 a 7,50 m - areia extraída e brita produzida","m",2298.91]
[6817775,"Confecção de BSCC - seção fechada de 2,0 x 2,0 m - altura do aterro de 7,50 a 10,00 m - areia e brita comerciais","m",2812.45]
[6817776,"Confecção de BSCC - seção fechada de 2,0 x 2,0 m - altura do aterro de 7,50 a 10,00 m - areia extraída e brita produzida","m",2590.9699999999998]
[6817781,"Confecção de BSCC - seção fechada de 2,5 x 2,5 m - altura do aterro de 0,25 a 1,00 m - areia e brita comerciais","m",2928.47]
[6817782,"Confecção de BSCC - seção fechada de 2,5 x 2,5 m - altura do aterro de 0,25 a 1,00 m - areia extraída e brita produzida","m",2714.93]
[6817783,"Confecção de BSCC - seção fechada de 2,5 x 2,5 m - altura do aterro de 1,00 a 2,50 m - areia e brita comerciais","m",2409.73]
[6817784,"Confecção de BSCC - seção fechada de 2,5 x 2,5 m - altura do aterro de 1,00 a 2,50 m - areia extraída e brita produzida","m",2196.1799999999998]
[6817791,"Confecção de BSCC - seção fechada de 2,5 x 2,5 m - altura do aterro de 10,00 a 12,50 m - areia e brita comerciais","m",4510.3100000000004]
[6817792,"Confecção de BSCC - seção fechada de 2,5 x 2,5 m - altura do aterro de 10,00 a 12,50 m - areia extraída e brita produzida","m",4175.97]
[6817793,"Confecção de BSCC - seção fechada de 2,5 x 2,5 m - altura do aterro de 12,50 a 15,00 m - areia e brita comerciais","m",5088.24]
[6817794,"Confecção de BSCC - seção fechada de 2,5 x 2,5 m - altura do aterro de 12,50 a 15,00 m - areia extraída e brita produzida","m",4753.8999999999996]
[6817785,"Confecção de BSCC - seção fechada de 2,5 x 2,5 m - altura do aterro de 2,50 a 5,00 m - areia e brita comerciais","m",3103.73]
[6817786,"Confecção de BSCC - seção fechada de 2,5 x 2,5 m - altura do aterro de 2,50 a 5,00 m - areia extraída e brita produzida","m",2820.28]
[6817787,"Confecção de BSCC - seção fechada de 2,5 x 2,5 m - altura do aterro de 5,00 a 7,50 m - areia e brita comerciais","m",3625.28]
[6817788,"Confecção de BSCC - seção fechada de 2,5 x 2,5 m - altura do aterro de 5,00 a 7,50 m - areia extraída e brita produzida","m",3355.65]
[6817789,"Confecção de BSCC - seção fechada de 2,5 x 2,5 m - altura do aterro de 7,50 a 10,00 m - areia e brita comerciais","m",4054.91]
[6817790,"Confecção de BSCC - seção fechada de 2,5 x 2,5 m - altura do aterro de 7,50 a 10,00 m - areia extraída e brita produzida","m",3790.28]
[6817795,"Confecção de BSCC - seção fechada de 3,0 x 3,0 m - altura do aterro de 0,25 a 1,00 m - areia e brita comerciais","m",3778.2]
[6817796,"Confecção de BSCC - seção fechada de 3,0 x 3,0 m - altura do aterro de 0,25 a 1,00 m - areia extraída e brita produzida","m",3528.91]
[6817797,"Confecção de BSCC - seção fechada de 3,0 x 3,0 m - altura do aterro de 1,00 a 2,50 m - areia e brita comerciais","m",3233.49]
[6817798,"Confecção de BSCC - seção fechada de 3,0 x 3,0 m - altura do aterro de 1,00 a 2,50 m - areia extraída e brita produzida","m",2984.21]
[6817805,"Confecção de BSCC - seção fechada de 3,0 x 3,0 m - altura do aterro de 10,00 a 12,50 m - areia e brita comerciais","m",6281.38]
[6817806,"Confecção de BSCC - seção fechada de 3,0 x 3,0 m - altura do aterro de 10,00 a 12,50 m - areia extraída e brita produzida","m",5887.97]
[6817807,"Confecção de BSCC - seção fechada de 3,0 x 3,0 m - altura do aterro de 12,50 a 15,00 m - areia e brita comerciais","m",6919.84]
[6817808,"Confecção de BSCC - seção fechada de 3,0 x 3,0 m - altura do aterro de 12,50 a 15,00 m - areia extraída e brita produzida","m",6526.43]
[6817799,"Confecção de BSCC - seção fechada de 3,0 x 3,0 m - altura do aterro de 2,50 a 5,00 m - areia e brita comerciais","m",4068.46]
[6817800,"Confecção de BSCC - seção fechada de 3,0 x 3,0 m - altura do aterro de 2,50 a 5,00 m - areia extraída e brita produzida","m",3734.39]
[6817801,"Confecção de BSCC - seção fechada de 3,0 x 3,0 m - altura do aterro de 5,00 a 7,50 m - areia e brita comerciais","m",5011.3]
[6817802,"Confecção de BSCC - seção fechada de 3,0 x 3,0 m - altura do aterro de 5,00 a 7,50 m - areia extraída e brita produzida","m",4699.41]
[6817803,"Confecção de BSCC - seção fechada de 3,0 x 3,0 m - altura do aterro de 7,50 a 10,00 m - areia e brita comerciais","m",5713.94]
[6817804,"Confecção de BSCC - seção fechada de 3,0 x 3,0 m - altura do aterro de 7,50 a 10,00 m - areia extraída e brita produzida","m",5320.53]
[6817885,"Corpo de BSCC - seção canal de 1,5 x 1,5 m - pré-moldado - areia e brita comerciais","m",1380.23]
[6817886,"Corpo de BSCC - seção canal de 1,5 x 1,5 m - pré-moldado - areia extraída e brita produzida","m",1250.48]
[6817887,"Corpo de BSCC - seção canal de 2,0 x 1,5 m - pré-moldado - areia e brita comerciais","m",1505.51]
[6817888,"Corpo de BSCC - seção canal de 2,0 x 1,5 m - pré-moldado - areia extraída e brita produzida","m",1357.8]
[6817889,"Corpo de BSCC - seção canal de 2,0 x 2,0 m - pré-moldado - tipo I - areia e brita comerciais","m",2222.16]
[6817890,"Corpo de BSCC - seção canal de 2,0 x 2,0 m - pré-moldado - tipo I - areia extraída e brita produzida","m",2011.68]
[6817891,"Corpo de BSCC - seção canal de 2,0 x 2,0 m - pré-moldado - tipo II - areia e brita comerciais","m",1944.81]
[6817892,"Corpo de BSCC - seção canal de 2,0 x 2,0 m - pré-moldado - tipo II - areia extraída e brita produzida","m",1734.33]
[6817893,"Corpo de BSCC - seção canal de 2,5 x 1,5 m - pré-moldado - areia e brita comerciais","m",1686.6]
[6817894,"Corpo de BSCC - seção canal de 2,5 x 1,5 m - pré-moldado - areia extraída e brita produzida","m",1520.2]
[6817895,"Corpo de BSCC - seção canal de 2,5 x 2,0 m - pré-moldado - tipo I - areia e brita comerciais","m",2394.0300000000002]
[6817896,"Corpo de BSCC - seção canal de 2,5 x 2,0 m - pré-moldado - tipo I - areia extraída e brita produzida","m",2162.2399999999998]
[6817897,"Corpo de BSCC - seção canal de 2,5 x 2,0 m - pré-moldado - tipo II - areia e brita comerciais","m",2125.84]
[6817898,"Corpo de BSCC - seção canal de 2,5 x 2,0 m - pré-moldado - tipo II - areia extraída e brita produzida","m",1894.05]
[6817899,"Corpo de BSCC - seção canal de 3,0 x 1,5 m - pré-moldado - areia e brita comerciais","m",1855.78]
[6817900,"Corpo de BSCC - seção canal de 3,0 x 1,5 m - pré-moldado - areia extraída e brita produzida","m",1670.2]
[6817901,"Corpo de BSCC - seção canal de 3,0 x 2,0 m - pré-moldado - tipo I - areia e brita comerciais","m",2509.4699999999998]
[6817902,"Corpo de BSCC - seção canal de 3,0 x 2,0 m - pré-moldado - tipo I - areia extraída e brita produzida","m",2254.73]
[6817903,"Corpo de BSCC - seção canal de 3,0 x 2,0 m - pré-moldado - tipo II - areia e brita comerciais","m",2311.19]
[6817904,"Corpo de BSCC - seção canal de 3,0 x 2,0 m - pré-moldado - tipo II - areia extraída e brita produzida","m",2056.4499999999998]
[6817829,"Corpo de BSCC - seção fechada de 1,5 x 1,5 m - pré-moldado - altura do aterro de 0,25 a 1,00 m - areia e brita comerciais","m",1835.86]
[6817830,"Corpo de BSCC - seção fechada de 1,5 x 1,5 m - pré-moldado - altura do aterro de 0,25 a 1,00 m - areia extraída e brita produzida","m",1666.22]
[6817831,"Corpo de BSCC - seção fechada de 1,5 x 1,5 m - pré-moldado - altura do aterro de 1,00 a 2,50 m - areia e brita comerciais","m",1774.58]
[6817832,"Corpo de BSCC - seção fechada de 1,5 x 1,5 m - pré-moldado - altura do aterro de 1,00 a 2,50 m - areia extraída e brita produzida","m",1604.94]
[6817839,"Corpo de BSCC - seção fechada de 1,5 x 1,5 m - pré-moldado - altura do aterro de 10,00 a 12,50 m - areia e brita comerciais","m",2173.4299999999998]
[6817840,"Corpo de BSCC - seção fechada de 1,5 x 1,5 m - pré-moldado - altura do aterro de 10,00 a 12,50 m - areia extraída e brita produzida","m",1957.16]
[6817841,"Corpo de BSCC - seção fechada de 1,5 x 1,5 m - pré-moldado - altura do aterro de 12,50 a 15,00 m - areia e brita comerciais","m",2488.15]
[6817842,"Corpo de BSCC - seção fechada de 1,5 x 1,5 m - pré-moldado - altura do aterro de 12,50 a 15,00 m - areia extraída e brita produzida","m",2280.7600000000002]
[6817833,"Corpo de BSCC - seção fechada de 1,5 x 1,5 m - pré-moldado - altura do aterro de 2,50 a 5,00 m - areia e brita comerciais","m",1774.58]
[6817834,"Corpo de BSCC - seção fechada de 1,5 x 1,5 m - pré-moldado - altura do aterro de 2,50 a 5,00 m - areia extraída e brita produzida","m",1604.94]
[6817835,"Corpo de BSCC - seção fechada de 1,5 x 1,5 m - pré-moldado - altura do aterro de 5,00 a 7,50 m - areia e brita comerciais","m",1903.45]
[6817836,"Corpo de BSCC - seção fechada de 1,5 x 1,5 m - pré-moldado - altura do aterro de 5,00 a 7,50 m - areia extraída e brita produzida","m",1735.23]
[6817837,"Corpo de BSCC - seção fechada de 1,5 x 1,5 m - pré-moldado - altura do aterro de 7,50 a 10,00 m - areia e brita comerciais","m",2275.12]
[6817838,"Corpo de BSCC - seção fechada de 1,5 x 1,5 m - pré-moldado - altura do aterro de 7,50 a 10,00 m - areia extraída e brita produzida","m",2058.84]
[6817843,"Corpo de BSCC - seção fechada de 2,0 x 2,0 m - pré-moldado - altura do aterro de 0,25 a 1,00 m - areia e brita comerciais","m",2584.85]
[6817844,"Corpo de BSCC - seção fechada de 2,0 x 2,0 m - pré-moldado - altura do aterro de 0,25 a 1,00 m - areia extraída e brita produzida","m",2368.9]
[6817845,"Corpo de BSCC - seção fechada de 2,0 x 2,0 m - pré-moldado - altura do aterro de 1,00 a 2,50 m - areia e brita comerciais","m",2255.66]
[6817846,"Corpo de BSCC - seção fechada de 2,0 x 2,0 m - pré-moldado - altura do aterro de 1,00 a 2,50 m - areia extraída e brita produzida","m",2039.7]
[6817853,"Corpo de BSCC - seção fechada de 2,0 x 2,0 m - pré-moldado - altura do aterro de 10,00 a 12,50 m - areia e brita comerciais","m",3511.35]
[6817854,"Corpo de BSCC - seção fechada de 2,0 x 2,0 m - pré-moldado - altura do aterro de 10,00 a 12,50 m - areia extraída e brita produzida","m",3250.73]
[6817855,"Corpo de BSCC - seção fechada de 2,0 x 2,0 m - pré-moldado - altura do aterro de 12,50 a 15,00 m - areia e brita comerciais","m",4090.95]
[6817856,"Corpo de BSCC - seção fechada de 2,0 x 2,0 m - pré-moldado - altura do aterro de 12,50 a 15,00 m - areia extraída e brita produzida","m",3772.42]
[6817847,"Corpo de BSCC - seção fechada de 2,0 x 2,0 m - pré-moldado - altura do aterro de 2,50 a 5,00 m - areia e brita comerciais","m",2528.09]
[6817848,"Corpo de BSCC - seção fechada de 2,0 x 2,0 m - pré-moldado - altura do aterro de 2,50 a 5,00 m - areia extraída e brita produzida","m",2312.73]
[6817849,"Corpo de BSCC - seção fechada de 2,0 x 2,0 m - pré-moldado - altura do aterro de 5,00 a 7,50 m - areia e brita comerciais","m",2970.86]
[6817850,"Corpo de BSCC - seção fechada de 2,0 x 2,0 m - pré-moldado - altura do aterro de 5,00 a 7,50 m - areia extraída e brita produzida","m",2696.01]
[6817851,"Corpo de BSCC - seção fechada de 2,0 x 2,0 m - pré-moldado - altura do aterro de 7,50 a 10,00 m - areia e brita comerciais","m",3256.55]
[6817852,"Corpo de BSCC - seção fechada de 2,0 x 2,0 m - pré-moldado - altura do aterro de 7,50 a 10,00 m - areia extraída e brita produzida","m",2991.83]
[6817857,"Corpo de BSCC - seção fechada de 2,5 x 2,5 m - pré-moldado - altura do aterro de 0,25 a 1,00 m - areia e brita comerciais","m",3446.17]
[6817858,"Corpo de BSCC - seção fechada de 2,5 x 2,5 m - pré-moldado - altura do aterro de 0,25 a 1,00 m - areia extraída e brita produzida","m",3181.89]
[6817859,"Corpo de BSCC - seção fechada de 2,5 x 2,5 m - pré-moldado - altura do aterro de 1,00 a 2,50 m - areia e brita comerciais","m",2927.43]
[6817860,"Corpo de BSCC - seção fechada de 2,5 x 2,5 m - pré-moldado - altura do aterro de 1,00 a 2,50 m - areia extraída e brita produzida","m",2663.14]
[6817867,"Corpo de BSCC - seção fechada de 2,5 x 2,5 m - pré-moldado - altura do aterro de 10,00 a 12,50 m - areia e brita comerciais","m",5041.42]
[6817868,"Corpo de BSCC - seção fechada de 2,5 x 2,5 m - pré-moldado - altura do aterro de 10,00 a 12,50 m - areia extraída e brita produzida","m",4653.84]
[6817869,"Corpo de BSCC - seção fechada de 2,5 x 2,5 m - pré-moldado - altura do aterro de 12,50 a 15,00 m - areia e brita comerciais","m",5624.32]
[6817870,"Corpo de BSCC - seção fechada de 2,5 x 2,5 m - pré-moldado - altura do aterro de 12,50 a 15,00 m - areia extraída e brita produzida","m",5235.53]
[6817861,"Corpo de BSCC - seção fechada de 2,5 x 2,5 m - pré-moldado - altura do aterro de 2,50 a 5,00 m - areia e brita comerciais","m",3623.16]
[6817862,"Corpo de BSCC - seção fechada de 2,5 x 2,5 m - pré-moldado - altura do aterro de 2,50 a 5,00 m - areia extraída e brita produzida","m",3288.94]
[6817863,"Corpo de BSCC - seção fechada de 2,5 x 2,5 m - pré-moldado - altura do aterro de 5,00 a 7,50 m - areia e brita comerciais","m",4149.6899999999996]
[6817864,"Corpo de BSCC - seção fechada de 2,5 x 2,5 m - pré-moldado - altura do aterro de 5,00 a 7,50 m - areia extraída e brita produzida","m",3828.07]
[6817865,"Corpo de BSCC - seção fechada de 2,5 x 2,5 m - pré-moldado - altura do aterro de 7,50 a 10,00 m - areia e brita comerciais","m",4579.32]
[6817866,"Corpo de BSCC - seção fechada de 2,5 x 2,5 m - pré-moldado - altura do aterro de 7,50 a 10,00 m - areia extraída e brita produzida","m",4262.7]
[6817871,"Corpo de BSCC - seção fechada de 3,0 x 3,0 m - pré-moldado - altura do aterro de 0,25 a 1,00 m - areia e brita comerciais","m",4404.43]
[6817872,"Corpo de BSCC - seção fechada de 3,0 x 3,0 m - pré-moldado - altura do aterro de 0,25 a 1,00 m - areia extraída e brita produzida","m",4095.22]
[6817873,"Corpo de BSCC - seção fechada de 3,0 x 3,0 m - pré-moldado - altura do aterro de 1,00 a 2,50 m - areia e brita comerciais","m",3859.72]
[6817874,"Corpo de BSCC - seção fechada de 3,0 x 3,0 m - pré-moldado - altura do aterro de 1,00 a 2,50 m - areia extraída e brita produzida","m",3550.52]
[6817881,"Corpo de BSCC - seção fechada de 3,0 x 3,0 m - pré-moldado - altura do aterro de 10,00 a 12,50 m - areia e brita comerciais","m",6920.88]
[6817882,"Corpo de BSCC - seção fechada de 3,0 x 3,0 m - pré-moldado - altura do aterro de 10,00 a 12,50 m - areia extraída e brita produzida","m",6465.07]
[6817883,"Corpo de BSCC - seção fechada de 3,0 x 3,0 m - pré-moldado - altura do aterro de 12,50 a 15,00 m - areia e brita comerciais","m",7564.31]
[6817884,"Corpo de BSCC - seção fechada de 3,0 x 3,0 m - pré-moldado - altura do aterro de 12,50 a 15,00 m - areia extraída e brita produzida","m",7107.29]
[6817875,"Corpo de BSCC - seção fechada de 3,0 x 3,0 m - pré-moldado - altura do aterro de 2,50 a 5,00 m - areia e brita comerciais","m",4701.3900000000003]
[6817876,"Corpo de BSCC - seção fechada de 3,0 x 3,0 m - pré-moldado - altura do aterro de 2,50 a 5,00 m - areia extraída e brita produzida","m",4306.1499999999996]
[6817877,"Corpo de BSCC - seção fechada de 3,0 x 3,0 m - pré-moldado - altura do aterro de 5,00 a 7,50 m - areia e brita comerciais","m",5644.23]
[6817878,"Corpo de BSCC - seção fechada de 3,0 x 3,0 m - pré-moldado - altura do aterro de 5,00 a 7,50 m - areia extraída e brita produzida","m",5271.17]
[6817879,"Corpo de BSCC - seção fechada de 3,0 x 3,0 m - pré-moldado - altura do aterro de 7,50 a 10,00 m - areia e brita comerciais","m",6353.57]
[6817880,"Corpo de BSCC - seção fechada de 3,0 x 3,0 m - pré-moldado - altura do aterro de 7,50 a 10,00 m - areia extraída e brita produzida","m",5897.75]
[7119788,"Administração local do Estaleiro Padrão","mês",306370.48]
[7119714,"Amarração do sistema de fundeio - profundidade de até 50 m","un",2526.13]
[7119715,"Ânodo de sacrifício para proteção do casco - fornecimento e instalação","un",1511.35]
[7119678,"Beneficiamento de aço naval para construção de instalações portuárias de pequeno porte - excluso o aço naval","t",9565.42]
[7119712,"Cabo de segurança para conexão da ponte - fornecimento e instalação","un",10384.89]
[7119694,"Confecção de morto de concreto de 13 t","un",8627.75]
[7119695,"Confecção de morto de concreto de 14 t","un",9354.77]
[7119696,"Confecção de morto de concreto de 22 t","un",14822.51]
[7119697,"Confecção de morto de concreto de 36 t","un",23548.27]
[7119698,"Confecção de morto de concreto de 48 t","un",30128.6]
[7119688,"Confecção de poita de concreto com garras metálicas de 13,3 t (peso submerso = 8 t)","un",8693.7199999999993]
[7119689,"Confecção de poita de concreto com garras metálicas de 25 t (peso submerso = 15 t)","un",16712.48]
[7119690,"Confecção de poita de concreto com garras metálicas de 30 t (peso submerso = 18 t)","un",19948.189999999999]
[7119691,"Confecção de poita de concreto com garras metálicas de 41,7 t (peso submerso = 25 t)","un",27638.33]
[7119692,"Confecção de poita de concreto com garras metálicas de 45,8 t (peso submerso = 27,5 t)","un",30382.51]
[7119693,"Confecção de poita de concreto com garras metálicas de 58,3 t (peso submerso = 35 t)","un",38606.51]
[7119687,"Confecção de poita de concreto com garras metálicas de 6,7 t (peso submerso = 4 t)","un",4566.04]
[7119681,"Confecção de poita de concreto de 13,3 t (peso submerso = 8 t)","un",9502.68]
[7119682,"Confecção de poita de concreto de 25 t (peso submerso = 15 t)","un",18183.240000000002]
[7119683,"Confecção de poita de concreto de 30 t (peso submerso = 18 t)","un",21702.28]
[7119684,"Confecção de poita de concreto de 41,7 t (peso submerso = 25 t)","un",30044.240000000002]
[7119685,"Confecção de poita de concreto de 45,8 t (peso submerso = 27,5 t)","un",33020.519999999997]
[7119686,"Confecção de poita de concreto de 58,3 t (peso submerso = 35 t)","un",41944.05]
[7119680,"Confecção de poita de concreto de 6,7 t (peso submerso = 4 t)","un",4984.79]
[7119710,"Defensa de pneus para proteção do flutuante - confecção e instalação","un",727.49]
[7107375,"Fornecimento e instalação de reservatório metálico tipo taça de 10.000 litros pintura interna e externa com escada de acesso e base de concreto armado - areia e brita comerciais","un",27786.2]
[7107376,"Fornecimento e instalação de reservatório metálico tipo taça de 20.000 litros pintura interna e externa com escada de acesso e base de concreto armado - areia e brita comerciais","un",44734.34]
[7107377,"Fornecimento e instalação de reservatório metálico tipo taça de 30.000 litros pintura interna e externa com escada de acesso e base de concreto armado - areia e brita comerciais","un",62384.25]
[7107374,"Fornecimento e instalação de reservatório metálico tipo taça de 5.000 litros pintura interna e externa com escada de acesso e base de concreto armado - areia e brita comerciais","un",19029.61]
[7119708,"Guincho manual para sistema de fundeio com capacidade de tração de 100 kN - fornecimento e instalação","un",205532.71]
[7119709,"Guincho manual para sistema de fundeio com capacidade de tração de 200 kN - fornecimento e instalação","un",327217.86]
[7119706,"Implantação do sistema naval tipo I - ponte móvel e flutuante principal","un",54985.25]
[7119707,"Implantação do sistema naval tipo II - pontes móveis, flutuante intermediário e flutuante principal","un",128295.78]
[7119787,"Instalações do Estaleiro Padrão para o beneficiamento de estruturas navais, inclusive mobiliário, equipamentos de informática e de segurança","m²",370.2]
[7119647,"Lançamento da embarcação sobre carreira em água","un",3418.48]
[7119679,"Lançamento de poita de concreto - peso submerso","t",48.93]
[7119711,"Mancal de conexão - confecção e instalação","un",901.34]
[7107379,"Manutenção de tratamento superficial e pintura da área interna do flutuante (tanques de reserva de flutuabilidade)","m²",50.76]
[7107381,"Manutenção de tratamento superficial e pintura da parte externa do flutuante (costados e espelhos de proa e popa) - exceto fundo","m²",51.86]
[7107380,"Manutenção de tratamento superficial e pintura da ponte, convés, casarias e demais estruturas metálicas navais sobre os flutuantes","m²",56.74]
[7107382,"Manutenção de tratamento superficial e pintura do fundo do flutuante","m²",139.82]
[7119713,"Molinete manual para sistema de fundeio com capacidade de tração de 70 kN - fornecimento e instalação","un",322431.27]
[7119646,"Transporte interno em estaleiro para movimentação de peças","t",1254.45]
[7107384,"Tratamento superficial e pintura da ponte e demais estruturas metálicas navais - exceto fundo do flutuante","m²",115.76]
[7107378,"Tratamento superficial e pintura do fundo do flutuante","m²",190.38]

{"sheet":"INSUMOS SINAPI","index":18,"n_rows":4903,"n_cols":6,"rows_kept":4903,"cut":false,"hidden":false,"merged":[]}
["SINAPI - Sistema Nacional de Pesquisa de Custos e Índices da Construção Civil"]
["RELATÓRIO DE PREÇOS DE INSUMOS - ENGARGOS SOCIAIS SEM DESONERAÇÃO"]
["Mês de Referência:","08/2025",null,null,"Encargos sociais sobre a mão de obra:"]
["Data de emissão:","10/09/2025",null,null,"(SEM DESONERAÇÃO)","PI"]
[{"$nulls":4},"Localidade","TERESINA"]
["Origem de preço:","C = COLETADO","CR = COEFICIENTE DE REPRESENTATIVIDADE",null,"Horista",1.1333]
["Preço em branco para determinado estado significa que não houve coleta mínima de preços no mês de referência",null,null,null,"Mensalista",0.71120000000000005]
[]
["Acessar Fichas de Especificação Técnico dos Insumos",null,null,null,"Preços Medianos (R$):"]
["Código do\nInsumo","Descrição do Insumo","Unidade","Origem de\nPreço","PI"]
[45333,"ABERTURA PARA ENCAIXE DE CUBA OU LAVATORIO EM BANCADA DE MARMORE/ GRANITO OU OUTRO TIPO DE PEDRA NATURAL","UN","CR",177.69]
[11270,"ABRACADEIRA DE LATAO PARA FIXACAO DE CABO PARA-RAIO, DIMENSOES 32 X 24 X 24 MM","UN","CR"]
[412,"ABRACADEIRA DE NYLON PARA AMARRACAO DE CABOS, COMPRIMENTO DE *230* X *7,6* MM","UN","CR",1.28]
[414,"ABRACADEIRA DE NYLON PARA AMARRACAO DE CABOS, COMPRIMENTO DE 100 X 2,5 MM","UN","CR",0.08]
[410,"ABRACADEIRA DE NYLON PARA AMARRACAO DE CABOS, COMPRIMENTO DE 150 X *3,6* MM","UN","CR",0.19]
[411,"ABRACADEIRA DE NYLON PARA AMARRACAO DE CABOS, COMPRIMENTO DE 200 X *4,6* MM","UN","C",0.25]
[408,"ABRACADEIRA DE NYLON PARA AMARRACAO DE CABOS, COMPRIMENTO DE 390 X *4,6* MM","UN","CR",1.24]
[39131,"ABRACADEIRA EM ACO PARA AMARRACAO DE ELETRODUTOS, TIPO D, COM 1 1/2\" E CUNHA DE FIXACAO","UN","CR",5.0999999999999996]
[394,"ABRACADEIRA EM ACO PARA AMARRACAO DE ELETRODUTOS, TIPO D, COM 1 1/2\" E PARAFUSO DE FIXACAO","UN","CR",5.17]
[39130,"ABRACADEIRA EM ACO PARA AMARRACAO DE ELETRODUTOS, TIPO D, COM 1 1/4\" E CUNHA DE FIXACAO","UN","CR",4.6500000000000004]
[395,"ABRACADEIRA EM ACO PARA AMARRACAO DE ELETRODUTOS, TIPO D, COM 1 1/4\" E PARAFUSO DE FIXACAO","UN","CR",4.97]
[39129,"ABRACADEIRA EM ACO PARA AMARRACAO DE ELETRODUTOS, TIPO D, COM 1\" E CUNHA DE FIXACAO","UN","CR",2.87]
[393,"ABRACADEIRA EM ACO PARA AMARRACAO DE ELETRODUTOS, TIPO D, COM 1\" E PARAFUSO DE FIXACAO","UN","C",3]
[39127,"ABRACADEIRA EM ACO PARA AMARRACAO DE ELETRODUTOS, TIPO D, COM 1/2\" E CUNHA DE FIXACAO","UN","CR",2.4500000000000002]
[392,"ABRACADEIRA EM ACO PARA AMARRACAO DE ELETRODUTOS, TIPO D, COM 1/2\" E PARAFUSO DE FIXACAO","UN","CR",2.52]
[39133,"ABRACADEIRA EM ACO PARA AMARRACAO DE ELETRODUTOS, TIPO D, COM 2 1/2\" E CUNHA DE FIXACAO","UN","CR",6.7]
[397,"ABRACADEIRA EM ACO PARA AMARRACAO DE ELETRODUTOS, TIPO D, COM 2 1/2\" E PARAFUSO DE FIXACAO","UN","CR",7.4]
[39132,"ABRACADEIRA EM ACO PARA AMARRACAO DE ELETRODUTOS, TIPO D, COM 2\" E CUNHA DE FIXACAO","UN","CR",5.36]
[396,"ABRACADEIRA EM ACO PARA AMARRACAO DE ELETRODUTOS, TIPO D, COM 2\" E PARAFUSO DE FIXACAO","UN","CR",5.74]
[39135,"ABRACADEIRA EM ACO PARA AMARRACAO DE ELETRODUTOS, TIPO D, COM 3 1/2\" E CUNHA DE FIXACAO","UN","CR",10.72]
[39134,"ABRACADEIRA EM ACO PARA AMARRACAO DE ELETRODUTOS, TIPO D, COM 3\" E CUNHA DE FIXACAO","UN","CR",8.93]
[398,"ABRACADEIRA EM ACO PARA AMARRACAO DE ELETRODUTOS, TIPO D, COM 3\" E PARAFUSO DE FIXACAO","UN","CR",8.23]
[39128,"ABRACADEIRA EM ACO PARA AMARRACAO DE ELETRODUTOS, TIPO D, COM 3/4\" E CUNHA DE FIXACAO","UN","CR",2.68]
[400,"ABRACADEIRA EM ACO PARA AMARRACAO DE ELETRODUTOS, TIPO D, COM 3/4\" E PARAFUSO DE FIXACAO","UN","CR",2.61]
[39125,"ABRACADEIRA EM ACO PARA AMARRACAO DE ELETRODUTOS, TIPO D, COM 3/8\" E PARAFUSO DE FIXACAO","UN","CR",2.68]
[39126,"ABRACADEIRA EM ACO PARA AMARRACAO DE ELETRODUTOS, TIPO D, COM 4\" E CUNHA DE FIXACAO","UN","CR",12.06]
[399,"ABRACADEIRA EM ACO PARA AMARRACAO DE ELETRODUTOS, TIPO D, COM 4\" E PARAFUSO DE FIXACAO","UN","CR",10.62]
[39158,"ABRACADEIRA EM ACO PARA AMARRACAO DE ELETRODUTOS, TIPO ECONOMICA (GOTA), COM 8\"","UN","CR",28.53]
[39141,"ABRACADEIRA EM ACO PARA AMARRACAO DE ELETRODUTOS, TIPO U SIMPLES, COM 1 1/2\"","UN","CR",2.0699999999999998]
[39140,"ABRACADEIRA EM ACO PARA AMARRACAO DE ELETRODUTOS, TIPO U SIMPLES, COM 1 1/4\"","UN","CR",1.88]
[39139,"ABRACADEIRA EM ACO PARA AMARRACAO DE ELETRODUTOS, TIPO U SIMPLES, COM 1\"","UN","CR",1.56]
[39137,"ABRACADEIRA EM ACO PARA AMARRACAO DE ELETRODUTOS, TIPO U SIMPLES, COM 1/2\"","UN","CR",1.08]
[39143,"ABRACADEIRA EM ACO PARA AMARRACAO DE ELETRODUTOS, TIPO U SIMPLES, COM 2 1/2\"","UN","CR",4.2699999999999996]
[39142,"ABRACADEIRA EM ACO PARA AMARRACAO DE ELETRODUTOS, TIPO U SIMPLES, COM 2\"","UN","CR",3.06]
[39144,"ABRACADEIRA EM ACO PARA AMARRACAO DE ELETRODUTOS, TIPO U SIMPLES, COM 3\"","UN","CR",4.97]
[39138,"ABRACADEIRA EM ACO PARA AMARRACAO DE ELETRODUTOS, TIPO U SIMPLES, COM 3/4\"","UN","CR",1.1399999999999999]
[39136,"ABRACADEIRA EM ACO PARA AMARRACAO DE ELETRODUTOS, TIPO U SIMPLES, COM 3/8\"","UN","CR",0.76]
[39145,"ABRACADEIRA EM ACO PARA AMARRACAO DE ELETRODUTOS, TIPO U SIMPLES, COM 4\"","UN","CR",8.1999999999999993]
[12615,"ABRACADEIRA PVC, PARA CALHA PLUVIAL, DIAMETRO ENTRE *80 E 100* MM, PARA DRENAGEM PLUVIAL PREDIAL","UN","CR",11.68]
[11927,"ABRACADEIRA, GALVANIZADA/ZINCADA, ROSCA SEM FIM, PARAFUSO INOX, LARGURA FITA *12,6 A *14 MM, D = 2\" A 2 1/2\"","UN","CR"]
[11928,"ABRACADEIRA, GALVANIZADA/ZINCADA, ROSCA SEM FIM, PARAFUSO INOX, LARGURA FITA *12,6 A *14 MM, D = 3\" A 3 3/4\"","UN","CR"]
[11929,"ABRACADEIRA, GALVANIZADA/ZINCADA, ROSCA SEM FIM, PARAFUSO INOX, LARGURA FITA *12,6 A *14 MM, D = 4\" A 4 3/4\"","UN","CR"]
[36801,"ACABAMENTO DE METAL CROMADO PARA REGISTRO PEQUENO, DE PAREDE, 1/2\" OU 3/4\"","UN","CR",41.31]
[36246,"ACABAMENTO SIMPLES/CONVENCIONAL PARA FORRO PVC, TIPO \"U\" OU \"C\", COR BRANCA, COMPRIMENTO 6 M","M","CR",4.5]
[37600,"ACESSORIO DE LIGACAO NAO ELETRICO PARA CARGAS EXPLOSIVAS, TUBO DE 6 M","UN","CR"]
[37599,"ACESSORIO INICIADOR NAO ELETRICO, TUBO DE 6 M, TEMPO DE RETARDO DE *160* MS","UN","CR"]
[1,"ACETILENO - RECARGA DE GAS PARA CILINDRO (NAO INCLUI TROCA/MANUTENCAO DO CILINDRO)","KG","C"]
[3,"ACIDO CLORIDRICO / ACIDO MURIATICO, DILUICAO 10% A 12% PARA USO EM LIMPEZA","L","CR",24.24]
[43054,"ACO CA-25, 10,0 MM, OU 12,5 MM, OU 16,0 MM, OU 20,0 MM, OU 25,0 MM, VERGALHAO","KG","CR",7.39]
[42402,"ACO CA-25, 16,0 MM, BARRA DE TRANSFERENCIA","KG","CR",7.06]
[42403,"ACO CA-25, 20,0 MM, BARRA DE TRANSFERENCIA","KG","CR",9.06]
[42404,"ACO CA-25, 25,0 MM, BARRA DE TRANSFERENCIA","KG","CR",9.01]
[42405,"ACO CA-25, 32,0 MM, BARRA DE TRANSFERENCIA","KG","CR",9.6]
[34341,"ACO CA-25, 32,0 MM, VERGALHAO","KG","CR",8.33]
[43053,"ACO CA-25, 6,3 MM OU 8,0 MM, VERGALHAO","KG","CR",6.6]
[43058,"ACO CA-50, 10,0 MM, OU 12,5 MM, OU 16,0 MM, OU 20,0 MM, DOBRADO E CORTADO","KG","CR",6.84]
[34,"ACO CA-50, 10,0 MM, VERGALHAO","KG","CR",6.88]
[43055,"ACO CA-50, 12,5 MM OU 16,0 MM, VERGALHAO","KG","C",5.96]
[43056,"ACO CA-50, 20,0 MM OU 25,0 MM, VERGALHAO","KG","CR",6.87]
[43057,"ACO CA-50, 32,0 MM, VERGALHAO","KG","CR",7.55]
[34449,"ACO CA-50, 6,3 MM, DOBRADO E CORTADO","KG","CR",8.07]
[32,"ACO CA-50, 6,3 MM, VERGALHAO","KG","CR",7.26]
[33,"ACO CA-50, 8,0 MM, VERGALHAO","KG","CR",7.3]
[43061,"ACO CA-60, 4,2 MM OU 5,0 MM, DOBRADO E CORTADO","KG","CR",6.82]
[43059,"ACO CA-60, 4,2 MM, OU 5,0 MM, OU 6,0 MM, OU 7,0 MM, VERGALHAO","KG","CR",6.51]
[43062,"ACO CA-60, 6,0 MM OU 7,0 MM, DOBRADO E CORTADO","KG","CR",7.21]
[43060,"ACO CA-60, 8,0 MM OU 9,5 MM, VERGALHAO","KG","CR",5.67]
[40410,"ACOPLAMENTO RIGIDO EM FERRO FUNDIDO PARA SISTEMA DE TUBULACAO RANHURADA, DN 50 MM (2\")","UN","C"]
[40411,"ACOPLAMENTO RIGIDO EM FERRO FUNDIDO PARA SISTEMA DE TUBULACAO RANHURADA, DN 65 MM (2 1/2\")","UN","CR"]
[40412,"ACOPLAMENTO RIGIDO EM FERRO FUNDIDO PARA SISTEMA DE TUBULACAO RANHURADA, DN 80 MM (3\")","UN","CR"]
[44254,"ADAPTADOR CPVC, ROSCAVEL, COM FLANGES E ANEL DE VEDACAO, 15 MM, CAIXA D'AGUA PARA AGUA QUENTE","UN","CR"]
[44255,"ADAPTADOR CPVC, ROSCAVEL, COM FLANGES E ANEL DE VEDACAO, 22 MM, CAIXA D'AGUA PARA AGUA QUENTE","UN","CR"]
[44256,"ADAPTADOR CPVC, ROSCAVEL, COM FLANGES E ANEL DE VEDACAO, 28 MM, CAIXA D'AGUA PARA AGUA QUENTE","UN","CR"]
[44257,"ADAPTADOR CPVC, ROSCAVEL, COM FLANGES E ANEL DE VEDACAO, 35 MM, CAIXA D'AGUA PARA AGUA QUENTE","UN","CR"]
[44258,"ADAPTADOR CPVC, ROSCAVEL, COM FLANGES E ANEL DE VEDACAO, 42 MM, CAIXA D'AGUA PARA AGUA QUENTE","UN","CR"]
[44259,"ADAPTADOR CPVC, ROSCAVEL, COM FLANGES E ANEL DE VEDACAO, 54 MM, CAIXA D'AGUA PARA AGUA QUENTE","UN","CR"]
[37997,"ADAPTADOR CPVC, SOLDAVEL, 15 MM, PARA AGUA QUENTE","UN","CR"]
[37998,"ADAPTADOR CPVC, SOLDAVEL, 22 MM, PARA AGUA QUENTE","UN","CR"]
[55,"ADAPTADOR DE COMPRESSAO EM POLIPROPILENO (PP), PARA TUBO EM PEAD, 20 MM X 1/2\", PARA LIGACAO PREDIAL DE AGUA (NTS 179)","UN","C"]
[61,"ADAPTADOR DE COMPRESSAO EM POLIPROPILENO (PP), PARA TUBO EM PEAD, 20 MM X 3/4\", PARA LIGACAO PREDIAL DE AGUA (NTS 179)","UN","CR"]
[62,"ADAPTADOR DE COMPRESSAO EM POLIPROPILENO (PP), PARA TUBO EM PEAD, 32 MM X 1\", PARA LIGACAO PREDIAL DE AGUA (NTS 179)","UN","CR"]
[10899,"ADAPTADOR EM LATAO, ENGATE RAPIDO 2 1/2\" X ROSCA INTERNA 5 FIOS 2 1/2\", PARA INSTALACAO PREDIAL DE COMBATE A INCENDIO","UN","CR",74.25]
[10900,"ADAPTADOR EM LATAO, ENGATE RAPIDO1 1/2\" X ROSCA INTERNA 5 FIOS 2 1/2\", PARA INSTALACAO PREDIAL DE COMBATE A INCENDIO","UN","CR",58.11]
[47,"ADAPTADOR PVC PBA, BOLSA/ROSCA, JE, DN 100 / DE 110 MM","UN","CR",111.36]
[48,"ADAPTADOR PVC PBA, BOLSA/ROSCA, JE, DN 50 / DE 60 MM","UN","CR",29.05]
[46,"ADAPTADOR PVC PBA, BOLSA/ROSCA, JE, DN 75 / DE 85 MM","UN","CR",65.13]
[52,"ADAPTADOR PVC PBA, PONTA/ROSCA, JE, DN 50 / DE 60 MM","UN","CR",22.07]
[43,"ADAPTADOR PVC PBA, PONTA/ROSCA, JE, DN 75 / DE 85 MM","UN","CR",74.48]
[103,"ADAPTADOR PVC SOLDAVEL CURTO COM BOLSA E ROSCA, 110 MM X 4\", PARA AGUA FRIA","UN","CR",44.26]
[107,"ADAPTADOR PVC SOLDAVEL CURTO COM BOLSA E ROSCA, 20 MM X 1/2\", PARA AGUA FRIA","UN","CR",0.83]
[65,"ADAPTADOR PVC SOLDAVEL CURTO COM BOLSA E ROSCA, 25 MM X 3/4\", PARA AGUA FRIA","UN","CR",0.91]
[108,"ADAPTADOR PVC SOLDAVEL CURTO COM BOLSA E ROSCA, 32 MM X 1\", PARA AGUA FRIA","UN","CR",1.83]
[110,"ADAPTADOR PVC SOLDAVEL CURTO COM BOLSA E ROSCA, 40 MM X 1 1/2\", PARA AGUA FRIA","UN","CR",6.37]
[109,"ADAPTADOR PVC SOLDAVEL CURTO COM BOLSA E ROSCA, 40 MM X 1 1/4\", PARA AGUA FRIA","UN","CR",3.79]
[111,"ADAPTADOR PVC SOLDAVEL CURTO COM BOLSA E ROSCA, 50 MM X 1 1/4\", PARA AGUA FRIA","UN","CR",8.61]
[112,"ADAPTADOR PVC SOLDAVEL CURTO COM BOLSA E ROSCA, 50 MM X1 1/2\", PARA AGUA FRIA","UN","CR",4.5599999999999996]
[113,"ADAPTADOR PVC SOLDAVEL CURTO COM BOLSA E ROSCA, 60 MM X 2\", PARA AGUA FRIA","UN","CR",11.43]
[104,"ADAPTADOR PVC SOLDAVEL CURTO COM BOLSA E ROSCA, 75 MM X 2 1/2\", PARA AGUA FRIA","UN","CR",19.89]
[102,"ADAPTADOR PVC SOLDAVEL CURTO COM BOLSA E ROSCA, 85 MM X 3\", PARA AGUA FRIA","UN","CR",27.43]
[95,"ADAPTADOR PVC SOLDAVEL, COM FLANGE E ANEL DE VEDACAO, 20 MM X 1/2\", PARA CAIXA D'AGUA","UN","CR",11.59]
[96,"ADAPTADOR PVC SOLDAVEL, COM FLANGE E ANEL DE VEDACAO, 25 MM X 3/4\", PARA CAIXA D'AGUA","UN","CR",12.61]
[97,"ADAPTADOR PVC SOLDAVEL, COM FLANGE E ANEL DE VEDACAO, 32 MM X 1\", PARA CAIXA D'AGUA","UN","CR",18.97]
[98,"ADAPTADOR PVC SOLDAVEL, COM FLANGE E ANEL DE VEDACAO, 40 MM X 1 1/4\", PARA CAIXA D'AGUA","UN","CR",28.39]
[99,"ADAPTADOR PVC SOLDAVEL, COM FLANGE E ANEL DE VEDACAO, 50 MM X 1 1/2\", PARA CAIXA D'AGUA","UN","CR",26.84]
[60,"ADAPTADOR PVC, COM REGISTRO, PARA PEAD, 20 MM X 3/4\", PARA LIGACAO PREDIAL DE AGUA","UN","CR"]
[72,"ADAPTADOR PVC, ROSCAVEL, COM FLANGES E ANEL DE VEDACAO, 1 1/2\", PARA CAIXA D'AGUA","UN","CR",51.47]
[71,"ADAPTADOR PVC, ROSCAVEL, COM FLANGES E ANEL DE VEDACAO, 1\", PARA CAIXA D'AGUA","UN","CR",31.79]
[67,"ADAPTADOR PVC, ROSCAVEL, COM FLANGES E ANEL DE VEDACAO, 1/2\", PARA CAIXA D'AGUA","UN","CR",16.64]
[73,"ADAPTADOR PVC, ROSCAVEL, COM FLANGES E ANEL DE VEDACAO, 3/4\", PARA CAIXA D'AGUA","UN","CR",15.92]
[100,"ADAPTADOR PVC, SOLDAVEL, COM FLANGES E ANEL DE VEDACAO, 60 MM X 2\", PARA CAIXA D'AGUA","UN","CR",46.89]
[75,"ADAPTADOR PVC, SOLDAVEL, COM FLANGES LIVRES, 110 MM X 4\", PARA CAIXA D'AGUA","UN","CR",273.36]
[83,"ADAPTADOR PVC, SOLDAVEL, COM FLANGES LIVRES, 75 MM X 2 1/2\", PARA CAIXA D'AGUA","UN","CR",218.54]
[74,"ADAPTADOR PVC, SOLDAVEL, COM FLANGES LIVRES, 85 MM X 3\", PARA CAIXA D'AGUA","UN","CR",312.45999999999998]
[106,"ADAPTADOR PVC, SOLDAVEL, LONGO, COM FLANGE LIVRE, 110 MM X 4\", PARA CAIXA D'AGUA","UN","CR",395.11]
[88,"ADAPTADOR PVC, SOLDAVEL, LONGO, COM FLANGE LIVRE, 32 MM X 1\", PARA CAIXA D'AGUA","UN","CR",11.1]
[82,"ADAPTADOR PVC, SOLDAVEL, LONGO, COM FLANGE LIVRE, 75 MM X 2 1/2\", PARA CAIXA D'AGUA","UN","CR",207.93]
[105,"ADAPTADOR PVC, SOLDAVEL, LONGO, COM FLANGE LIVRE, 85 MM X 3\", PARA CAIXA D'AGUA","UN","CR",294.63]
[39719,"ADESIVO / COLA DE CONTATO LIQUIDO, A BASE DE RESINAS, PARA COLAGEM DE ESPUMA PARA ISOLAMENTO TERMICO FLEXIVEL","L","CR",177.14]
[3410,"ADESIVO / COLA PARA EPS (ISOPOR) E OUTROS MATERIAIS","KG","CR",39.840000000000003]
[4791,"ADESIVO ACRILICO DE BASE AQUOSA / COLA DE CONTATO","KG","CR",47.65]
[157,"ADESIVO ESTRUTURAL A BASE DE RESINA EPOXI PARA INJECAO EM TRINCAS, BICOMPONENTE, BAIXA VISCOSIDADE","KG","CR",232.3]
[156,"ADESIVO ESTRUTURAL A BASE DE RESINA EPOXI, BICOMPONENTE, FLUIDO","KG","CR",82.71]
[131,"ADESIVO ESTRUTURAL A BASE DE RESINA EPOXI, BICOMPONENTE, PASTOSO (TIXOTROPICO)","KG","CR",70.73]
[21114,"ADESIVO PARA TUBOS CPVC, *75* G","UN","CR",34.92]
[119,"ADESIVO PLASTICO PARA PVC, BISNAGA COM 75 GR","UN","C",8.85]
[122,"ADESIVO PLASTICO PARA PVC, FRASCO COM *850* GR","UN","CR",68.09]
[20080,"ADESIVO PLASTICO PARA PVC, FRASCO COM 175 GR","UN","CR",22.22]
[124,"ADITIVO ACELERADOR DE PEGA E ENDURECIMENTO PARA ARGAMASSAS E CONCRETOS, LIQUIDO E ISENTO DE CLORETOS","L","CR",27.28]
[7334,"ADITIVO ADESIVO LIQUIDO PARA ARGAMASSAS DE REVESTIMENTOS CIMENTICIOS","L","CR",20.309999999999999]
[45146,"ADITIVO IMPERMEABILIZANTE CRISTALIZANTE PARA CONCRETO","KG","CR",52.3]
[123,"ADITIVO IMPERMEABILIZANTE DE PEGA NORMAL PARA ARGAMASSAS E CONCRETOS SEM ARMACAO, LIQUIDO E ISENTO DE CLORETOS","L","C",11.16]
[127,"ADITIVO IMPERMEABILIZANTE DE PEGA ULTRARRAPIDA, LIQUIDO E ISENTO DE CLORETOS","L","CR",26.64]
[133,"ADITIVO LIQUIDO INCORPORADOR DE AR PARA CONCRETO E ARGAMASSA, LIQUIDO E ISENTO DE CLORETOS","L","CR",11.06]
[43617,"ADITIVO PLASTIFICANTE E ESTABILIZADOR PARA ARGAMASSAS DE ASSENTAMENTO E REBOCO, LIQUIDO E ISENTO DE CLORETOS","L","CR",12.36]
[132,"ADITIVO PLASTIFICANTE RETARDADOR DE PEGA E REDUTOR DE AGUA PARA CONCRETO, LIQUIDO E ISENTO DE CLORETOS","L","CR",11.47]
[43618,"ADITIVO SUPERPLASTIFICANTE DE PEGA NORMAL PARA CONCRETO, LIQUIDO E ISENTO DE CLORETOS","KG","CR",28.88]
[37476,"ADUELA/ GALERIA PRE-MOLDADA DE CONCRETO ARMADO, SECAO QUADRADA INTERNA DE 1,50 X 1,50 M (L X A), MISULA DE 20 X 20 CM, C = 1,00 M, ESPESSURA MIN = 15 CM, TB-45 E FCK DO CONCRETO = 30 MPA","UN","CR",3660.5]
[37478,"ADUELA/ GALERIA PRE-MOLDADA DE CONCRETO ARMADO, SECAO RETANGULAR INTERNA DE 2,00 X 2,00 M (L X A), MISULA DE 20 X 20 CM, C = 1,00 M, ESPESSURA MIN = 15 CM, TB-45 E FCK DO CONCRETO = 30 MPA","UN","CR",4584.87]
[37477,"ADUELA/ GALERIA PRE-MOLDADA DE CONCRETO ARMADO, SECAO RETANGULAR INTERNA DE 2,50 X 2,50 M (L X A), MISULA DE 20 X 20 CM, C = 1,00 M, ESPESSURA MIN = 15 CM, TB-45 E FCK DO CONCRETO = 30 MPA","UN","CR",6211.76]
[37479,"ADUELA/ GALERIA PRE-MOLDADA DE CONCRETO ARMADO, SECAO RETANGULAR INTERNA DE 3,00 X 3,00 M (L X A), MISULA DE 20 X 20 CM, C = 1.00 M, ESPESSURA MIN = 20 CM, TB-45 E FCK DO CONCRETO = 30 MPA","UN","CR",7367.22]
[4319,"AFASTADOR PARA TELHA DE FIBROCIMENTO CANALETE 90 OU KALHETAO","UN","CR",2.4300000000000002]
[42409,"AGENTE DE CURA, PROTETOR DA EVAPORACAO DA AGUA DE HIDRATACAO DO CONCRETO","KG","CR",18.190000000000001]
[40553,"AGREGADO RECICLADO, TIPO RACHAO RECICLADO CINZA, CLASSE A","M3","C"]
[6114,"AJUDANTE DE ARMADOR (HORISTA)","H","CR",15.57]
[40912,"AJUDANTE DE ARMADOR (MENSALISTA)","MES","CR",2749.89]
[247,"AJUDANTE DE ELETRICISTA (HORISTA)","H","CR",15.57]
[40919,"AJUDANTE DE ELETRICISTA (MENSALISTA)","MES","CR",2749.89]
[44499,"AJUDANTE DE ESTRUTURAS METALICAS (HORISTA)","H","CR",15.57]
[40984,"AJUDANTE DE ESTRUTURAS METALICAS (MENSALISTA)","MES","CR",2749.89]
[248,"AJUDANTE DE OPERACAO EM GERAL (HORISTA)","H","CR",15.91]
[41086,"AJUDANTE DE OPERACAO EM GERAL (MENSALISTA)","MES","CR",2809.46]
[34466,"AJUDANTE DE PINTOR (HORISTA)","H","CR",15.57]
[41083,"AJUDANTE DE PINTOR (MENSALISTA)","MES","CR",2749.89]
[252,"AJUDANTE DE SERRALHEIRO (HORISTA)","H","CR",15.57]
[40909,"AJUDANTE DE SERRALHEIRO (MENSALISTA)","MES","CR",2749.89]
[242,"AJUDANTE ESPECIALIZADO (HORISTA)","H","CR",15.91]
[41085,"AJUDANTE ESPECIALIZADO (MENSALISTA)","MES","CR",2809.46]
[427,"ALCA PREFORMADA DE CONTRA POSTE, EM ACO GALVANIZADO, PARA CABO 3/16\", COMPRIMENTO *860* MM","UN","CR",9.23]
[417,"ALCA PREFORMADA DE DISTRIBUICAO, EM ACO GALVANIZADO, PARA CABO DE ALUMINIO DIAMETRO 16 A 25 MM","UN","CR",4.3499999999999996]
[11273,"ALCA PREFORMADA DE DISTRIBUICAO, EM ACO GALVANIZADO, PARA CONDUTORES DE ALUMINIO AWG 1/0 (CAA 6/1 OU CA 7 FIOS)","UN","CR",13.5]
[11272,"ALCA PREFORMADA DE DISTRIBUICAO, EM ACO GALVANIZADO, PARA CONDUTORES DE ALUMINIO AWG 2 (CAA 6/1 OU CA 7 FIOS)","UN","CR",8.15]
[11275,"ALCA PREFORMADA DE SERVICO, EM ACO GALVANIZADO, PARA CONDUTORES DE ALUMINIO AWG 4 (CAA 6/1)","UN","CR",3.27]
[11274,"ALCA PREFORMADA DE SERVICO, EM ACO GALVANIZADO, PARA CONDUTORES DE ALUMINIO AWG 6 (CAA 6/1)","UN","CR",2.4900000000000002]
[45208,"ALICATE AMPERIMETRO, TENSAO AC/DC, CAPACIDADE MAXIMA 1000 A","UN","CR"]
[45250,"ALICATE BICO LONGO (MEIA CANA) 6\", COM ISOLAMENTO ATE 1000 V","UN","CR",66.569999999999993]
[38470,"ALICATE DE CORTE DIAGONAL 6\" COM ISOLAMENTO","UN","CR",68.150000000000006]
[38547,"ALICATE DE CRIMPAR RJ11, RJ12 E RJ45, COM CATRACA","UN","CR",452.42]
[38467,"ALICATE DE PRESSAO 11\" PARA SOLDA, TIPO C","UN","CR",146.32]
[38468,"ALICATE DE PRESSAO 11\" PARA SOLDA, TIPO U","UN","CR",182.64]
[38469,"ALICATE DE PRESSAO PARA SOLDA DE CHAPA 18\"","UN","CR",431.99]
[45197,"ALICATE DESENCAPADOR AUTOMATICO 8\"","UN","CR",344.52]
[38471,"ALICATE PARA ANEIS DE PISTAO, CAPACIDADE *50* A 100 MM","UN","CR",462.02]
[45206,"ALICATE PROFISSIONAL 8\", UNIVERSAL, COM ISOLAMENTO ATE 1000 V","UN","CR",91.28]
[37370,"ALIMENTACAO - HORISTA (COLETADO CAIXA - ENCARGOS COMPLEMENTARES)","H","C",2.46]
[40862,"ALIMENTACAO - MENSALISTA (COLETADO CAIXA - ENCARGOS COMPLEMENTARES)","MES","C",463.06]
[10658,"ALISADORA DE CONCRETO COM MOTOR A GASOLINA DE 5,5 HP, PESO COM MOTOR DE 78 KG, 4 PAS","UN","C"]
[253,"ALMOXARIFE (HORISTA)","H","C",20.329999999999998]
[40809,"ALMOXARIFE (MENSALISTA)","MES","CR",3587.7]
[42428,"ALONGADOR COM TRES ALTURAS, EM TUBO DE ACO CARBONO, PINTURA NO PROCESSO ELETROSTATICO - EQUIPAMENTO DE GINASTICA PARA ACADEMIA AO AR LIVRE / ACADEMIA DA TERCEIRA IDADE - ATI","UN","C"]
[301,"ANEL BORRACHA PARA TUBO ESGOTO PREDIAL, DN 100 MM (NBR 5688)","UN","C",3.79]
[296,"ANEL BORRACHA PARA TUBO ESGOTO PREDIAL, DN 50 MM (NBR 5688)","UN","CR",2.14]
[297,"ANEL BORRACHA PARA TUBO ESGOTO PREDIAL, DN 75 MM (NBR 5688)","UN","CR",3.15]
[299,"ANEL BORRACHA, DN 100 MM, PARA TUBO SERIE REFORCADA ESGOTO PREDIAL","UN","CR",4.45]
[300,"ANEL BORRACHA, DN 150 MM, PARA TUBO SERIE REFORCADA ESGOTO PREDIAL","UN","CR",15.38]
[20085,"ANEL BORRACHA, DN 50 MM, PARA TUBO SERIE REFORCADA ESGOTO PREDIAL","UN","CR",2.81]
[298,"ANEL BORRACHA, DN 75 MM, PARA TUBO SERIE REFORCADA ESGOTO PREDIAL","UN","CR",3.42]
[311,"ANEL BORRACHA, PARA TUBO PVC DEFOFO, DN 100 MM (NBR 7665)","UN","CR",12.69]
[318,"ANEL BORRACHA, PARA TUBO PVC DEFOFO, DN 150 MM (NBR 7665)","UN","CR",25.55]
[319,"ANEL BORRACHA, PARA TUBO PVC DEFOFO, DN 200 MM (NBR 7665)","UN","CR",40.06]
[303,"ANEL BORRACHA, PARA TUBO PVC, REDE COLETOR ESGOTO, DN 100 MM (NBR 7362)","UN","CR",4.2]
[305,"ANEL BORRACHA, PARA TUBO PVC, REDE COLETOR ESGOTO, DN 150 MM (NBR 7362)","UN","CR",13.21]
[306,"ANEL BORRACHA, PARA TUBO PVC, REDE COLETOR ESGOTO, DN 200 MM (NBR 7362)","UN","CR",20.03]
[307,"ANEL BORRACHA, PARA TUBO PVC, REDE COLETOR ESGOTO, DN 250 MM (NBR 7362)","UN","CR",50.61]
[309,"ANEL BORRACHA, PARA TUBO PVC, REDE COLETOR ESGOTO, DN 350 MM (NBR 7362)","UN","CR",82.9]
[310,"ANEL BORRACHA, PARA TUBO PVC, REDE COLETOR ESGOTO, DN 400 MM (NBR 7362)","UN","CR",114.9]
[308,"ANEL BORRACHA, PARA TUBO, PVC REDE COLETOR ESGOTO, DN 300 MM (NBR 7362)","UN","CR",112.95]
[328,"ANEL BORRACHA, PARA TUBO/CONEXAO PVC PBA, DN 100 MM, PARA REDE AGUA","UN","CR",10.039999999999999]
[325,"ANEL BORRACHA, PARA TUBO/CONEXAO PVC PBA, DN 50 MM, PARA REDE AGUA","UN","CR",2.96]
[20326,"ANEL BORRACHA, PARA TUBO/CONEXAO PVC PBA, DN 60 MM, PARA REDE AGUA","UN","CR",5.42]
[329,"ANEL BORRACHA, PARA TUBO/CONEXAO PVC PBA, DN 75 MM, PARA REDE AGUA","UN","CR",8.4]
[39642,"ANEL DE BORRACHA PARA VEDACAO DE DUTO PEAD CORRUGADO PARA ELETRICA, DN 1 1/2\" (NBR 15715)","UN","CR",3.72]
[39641,"ANEL DE BORRACHA PARA VEDACAO DE DUTO PEAD CORRUGADO PARA ELETRICA, DN 1 1/4\" (NBR 15715)","UN","CR",3.27]
[39643,"ANEL DE BORRACHA PARA VEDACAO DE DUTO PEAD CORRUGADO PARA ELETRICA, DN 2\" (NBR 15715)","UN","CR",4.37]
[39644,"ANEL DE BORRACHA PARA VEDACAO DE DUTO PEAD CORRUGADO PARA ELETRICA, DN 3\" (NBR 15715)","UN","CR",6.77]
[39645,"ANEL DE BORRACHA PARA VEDACAO DE DUTO PEAD CORRUGADO PARA ELETRICA, DN 4\" (NBR 15715)","UN","CR",7.42]
[41610,"ANEL DE CONCRETO ARMADO COM FUNDO, PARA FOSSA E POCO 1,50 X *0,50* M","UN","CR",679.11]
[41611,"ANEL DE CONCRETO ARMADO COM FUNDO, PARA FOSSA E POCO 2,00 X *0,50* M","UN","CR",1070.42]
[41612,"ANEL DE CONCRETO ARMADO COM FUNDO, PARA FOSSA E POCO 2,50 X *0,50* M","UN","CR",1503.02]
[41637,"ANEL DE CONCRETO ARMADO, COM FUROS/DRENO PARA SUMIDOURO, D = 0,80 M, H = 0,50 M","UN","CR",140.5]
[41638,"ANEL DE CONCRETO ARMADO, COM FUROS/DRENO PARA SUMIDOURO, D = 1,00 M, H = 0,50M","UN","CR",183.02]
[41639,"ANEL DE CONCRETO ARMADO, COM FUROS/DRENO PARA SUMIDOURO, D = 1,50 M, H = 0,50 M","UN","CR",442.77]
[11789,"ANEL DE DISTRIBUICAO EM ACO GALVANIZADO PARA FIO FE-160","UN","CR",1.23]
[20975,"ANEL DE EXPANSAO EM COBRE, ENGATE RAPIDO 1 1/2\", PARA EMPATACAO MANGUEIRA DE COMBATE A INCENDIO PREDIAL","UN","CR",11.64]
[20976,"ANEL DE EXPANSAO EM COBRE, ENGATE RAPIDO 2 1/2\", PARA EMPATACAO MANGUEIRA DE COMBATE A INCENDIO PREDIAL","UN","CR",17.59]
[6138,"ANEL DE VEDACAO, PVC FLEXIVEL, 100 MM, PARA SAIDA DE BACIA / VASO SANITARIO","UN","CR",11.09]
[40340,"ANEL DE VEDACAO/JUNTA ELASTICA, H = *16* MM, PARA TUBO DE CONCRETO, DN 300 MM","UN","CR",27.88]
[40341,"ANEL DE VEDACAO/JUNTA ELASTICA, H = *16* MM, PARA TUBO DE CONCRETO, DN 400 MM","UN","CR",33.270000000000003]
[40342,"ANEL DE VEDACAO/JUNTA ELASTICA, H = *16* MM, PARA TUBO DE CONCRETO, DN 500 MM","UN","CR",39.68]
[40343,"ANEL DE VEDACAO/JUNTA ELASTICA, H = *16* MM, PARA TUBO DE CONCRETO, DN 600 MM","UN","CR",47.07]
[40344,"ANEL DE VEDACAO/JUNTA ELASTICA, H = *18* MM, PARA TUBO DE CONCRETO, DN 700 MM","UN","CR",64.17]
[40345,"ANEL DE VEDACAO/JUNTA ELASTICA, H = *19* MM, PARA TUBO DE CONCRETO, DN 800 MM","UN","CR",79.069999999999993]
[40346,"ANEL DE VEDACAO/JUNTA ELASTICA, H = *19* MM, PARA TUBO DE CONCRETO, DN 900 MM","UN","CR",91.71]
[40347,"ANEL DE VEDACAO/JUNTA ELASTICA, H = *21* MM, PARA TUBO DE CONCRETO, DN 1000 MM","UN","CR",115.23]
[43424,"ANEL EM CONCRETO ARMADO, LISO, PARA FOSSAS SEPTICAS E SUMIDOUROS, COM FUNDO, DIAMETRO INTERNO DE 1,20 M E ALTURA DE 0,50 M","UN","CR",568.98]
[43426,"ANEL EM CONCRETO ARMADO, LISO, PARA FOSSAS SEPTICAS E SUMIDOUROS, COM FUNDO, DIAMETRO INTERNO DE 3,00 M E ALTURA DE 0,50 M","UN","CR",1962.43]
[12565,"ANEL EM CONCRETO ARMADO, LISO, PARA FOSSAS SEPTICAS E SUMIDOUROS, SEM FUNDO, DIAMETRO INTERNO DE 2,00 M E ALTURA DE 0,50 M","UN","CR",688.2]
[12567,"ANEL EM CONCRETO ARMADO, LISO, PARA FOSSAS SEPTICAS E SUMIDOUROS, SEM FUNDO, DIAMETRO INTERNO DE 2,50 M E ALTURA DE 0,50 M","UN","CR",924.36]
[12568,"ANEL EM CONCRETO ARMADO, LISO, PARA FOSSAS SEPTICAS E SUMIDOUROS, SEM FUNDO, DIAMETRO INTERNO DE 3,00 M E ALTURA DE 0,50 M","UN","CR",1294.1099999999999]
[43441,"ANEL EM CONCRETO ARMADO, LISO, PARA POCOS DE INSPECAO, COM FUNDO, DIAMETRO INTERNO DE 0,60 M E ALTURA DE 0,50 M","UN","CR",166.38]
[43423,"ANEL EM CONCRETO ARMADO, LISO, PARA POCOS DE INSPECAO, SEM FUNDO, DIAMETRO INTERNO DE 0,60 M E ALTURA DE 0,20 M","UN","CR",77.64]
[12532,"ANEL EM CONCRETO ARMADO, LISO, PARA POCOS DE INSPECAO, SEM FUNDO, DIAMETRO INTERNO DE 0,60 M E ALTURA DE 0,50 M","UN","CR",119.75]
[43444,"ANEL EM CONCRETO ARMADO, LISO, PARA POCOS DE VISITA, POCOS DE INSPECAO, FOSSAS SEPTICAS E SUMIDOUROS, COM FUNDO, DIAMETRO INTERNO DE 1,20 M E ALTURA DE 0,75 M","UN","CR",402.1]
[12551,"ANEL EM CONCRETO ARMADO, LISO, PARA POCOS DE VISITA, POCOS DE INSPECAO, FOSSAS SEPTICAS E SUMIDOUROS, SEM FUNDO, DIAMETRO INTERNO DE 1,20 M E ALTURA DE 0,50 M","UN","CR",286.88]
[43442,"ANEL EM CONCRETO ARMADO, LISO, PARA POCOS DE VISITAS, POCOS DE INSPECAO, FOSSAS SEPTICAS E SUMIDOUROS, COM FUNDO, DIAMETRO INTERNO DE 0,80 M E ALTURA DE 0,50 M","UN","CR",221.84]
[43443,"ANEL EM CONCRETO ARMADO, LISO, PARA POCOS DE VISITAS, POCOS DE INSPECAO, FOSSAS SEPTICAS E SUMIDOUROS, COM FUNDO, DIAMETRO INTERNO DE 1,00 M E ALTURA DE 0,50 M","UN","CR",291.17]
[12544,"ANEL EM CONCRETO ARMADO, LISO, PARA POCOS DE VISITAS, POCOS DE INSPECAO, FOSSAS SEPTICAS E SUMIDOUROS, SEM FUNDO, DIAMETRO INTERNO DE 0,80 M E ALTURA DE 0,50 M","UN","CR",157.13999999999999]
[12547,"ANEL EM CONCRETO ARMADO, LISO, PARA POCOS DE VISITAS, POCOS DE INSPECAO, FOSSAS SEPTICAS E SUMIDOUROS, SEM FUNDO, DIAMETRO INTERNO DE 1,00 M E ALTURA DE 0,50 M","UN","CR",211.34]
[43445,"ANEL EM CONCRETO ARMADO, LISO, PARA, POCOS DE VISITA, POCOS DE INSPECAO, FOSSAS SEPTICAS E SUMIDOUROS, COM FUNDO, DIAMETRO INTERNO DE 1,50 M E ALTURA DE 1,00 M","UN","CR",554.62]
[12563,"ANEL EM CONCRETO ARMADO, LISO, PARA, POCOS DE VISITA, POCOS DE INSPECAO, FOSSAS SEPTICAS E SUMIDOUROS, SEM FUNDO, DIAMETRO INTERNO DE 1,50 M E ALTURA DE 0,50 M","UN","CR",396.81]
[43425,"ANEL EM CONCRETO ARMADO, PERFURADO, PARA FOSSAS SEPTICAS E SUMIDOUROS, SEM FUNDO, DIAMETRO INTERNO DE 1,20 M E ALTURA DE 0,50 M","UN","CR",249.57]
[43446,"ANEL EM CONCRETO ARMADO, PERFURADO, PARA FOSSAS SEPTICAS E SUMIDOUROS, SEM FUNDO, DIAMETRO INTERNO DE 2,00 M E ALTURA DE 0,50 M","UN","CR",526.89]
[43447,"ANEL EM CONCRETO ARMADO, PERFURADO, PARA FOSSAS SEPTICAS E SUMIDOUROS, SEM FUNDO, DIAMETRO INTERNO DE 2,50 M E ALTURA DE 0,50 M","UN","CR",647.04999999999995]
[43448,"ANEL EM CONCRETO ARMADO, PERFURADO, PARA FOSSAS SEPTICAS E SUMIDOUROS, SEM FUNDO, DIAMETRO INTERNO DE 3,00 M E ALTURA DE 0,50 M","UN","CR",905.88]
[13761,"APARELHO CORTE OXI-ACETILENO PARA SOLDA E CORTE CONTENDO MACARICO SOLDA, BICO DE CORTE, CILINDROS, REGULADORES, MANGUEIRAS E CARRINHO","UN","CR",3687.53]
[4814,"APARELHO SINALIZADOR LUMINOSO COM LED, PARA SAIDA GARAGEM, COM 2 LENTES EM POLICARBONATO, BIVOLT (INCLUI SUPORTE DE FIXACAO)","UN","CR",53.28]
[44473,"APOIO DO PORTA DENTE PARA FRESADORA DE ASFALTO","UN","CR"]
[6122,"APONTADOR OU APROPRIADOR DE MAO DE OBRA (HORISTA)","H","CR",20.329999999999998]
[40810,"APONTADOR OU APROPRIADOR DE MAO DE OBRA (MENSALISTA)","MES","CR",3587.7]
[21100,"AQUECEDOR DE AGUA A GAS GLP/GN COM CAPACIDADE DE ARMAZENAMENTO DE 50 A 80 L","UN","CR"]
[11811,"AQUECEDOR DE AGUA ELETRICO HORIZONTAL, RESERVATORIO DE 200 L CILINDRICO EM COBRE, REFORCADO COM ACO CARBONO, MONOFASICO, TENSAO NOMINAL 220 V","UN","CR"]
[11816,"AQUECEDOR DE AGUA ELETRICO RESERVATORIO DE 100 L CILINDRICO EM COBRE, REFORCADO COM ACO CARBONO, MONOFASICO, TENSAO NOMINAL 220 V","UN","C"]
[11814,"AQUECEDOR DE AGUA ELETRICO RESERVATORIO DE 500 L CILINDRICO EM COBRE, REFORCADO COM ACO CARBONO, MONOFASICO, TENSAO NOMINAL 220 V","UN","CR"]
[14186,"AQUECEDOR DE AGUA ELETRICO RESERVATORIO DE 500 L CILINDRICO EM COBRE, REFORCADO COM ACO CARBONO, TRIFASICO, TENSAO NOMINAL 220/380/400 V, POTENCIA 24 KW","UN","CR"]
[14185,"AQUECEDOR DE AGUA ELETRICO RESERVATORIO DE 700 L CILINDRICO EM COBRE, REFORCADO COM ACO CARBONO, MONOFASICO, TENSAO NOMINAL 220 V","UN","CR"]
[44498,"AQUECEDOR DE OLEO BPF (FLUIDO) TERMICO, CAPACIDADE DE 300.000 KCAL/H","UN","CR"]
[34469,"AQUECEDOR SOLAR COM RESERVATORIO TERMICO DE 1000 L E *5* PLACAS COLETORAS DE *2,0* M2 (NAO INCLUI ACESSORIOS) (SEM INSTALACAO)","UN","CR"]
[34476,"AQUECEDOR SOLAR COM RESERVATORIO TERMICO DE 400 L E *2* PLACAS COLETORAS DE *2,0* M2 (NAO INCLUI ACESSORIOS) (SEM INSTALACAO)","UN","CR"]
[34477,"AQUECEDOR SOLAR COM RESERVATORIO TERMICO DE 600 L E *3* PLACAS COLETORAS DE *2,0* M2 (NAO INCLUI ACESSORIOS) (SEM INSTALACAO)","UN","CR"]
[34482,"AQUECEDOR SOLAR COM RESERVATORIO TERMICO DE 800 L E *4* PLACAS COLETORAS DE *2,0* M2 (NAO INCLUI ACESSORIOS) (SEM INSTALACAO)","UN","CR"]
[34472,"AQUECEDOR SOLAR DE INSTALACAO EXTERNA, KIT COMPACTO, CONJUNTO COM RESERVATORIO TERMICO DE 200 L, PLACA COLETORA DE *2,0* M2 E INCLUSO ACESSORIOS (RESIDENCIAS ATE 120,00 M2 E DE 4 A 5 BANHOS POR DIA) (SEM INSTALACAO)","UN","C"]
[42425,"AR CONDICIONADO SPLIT INVERTER, HI-WALL (PAREDE), 12000 BTU/H, CICLO FRIO, 60HZ, CLASSIFICACAO A (SELO PROCEL), GAS HFC, CONTROLE S/FIO","UN","CR",2761.68]
[42422,"AR CONDICIONADO SPLIT INVERTER, HI-WALL (PAREDE), 18000 BTU/H, CICLO FRIO, 60HZ, CLASSIFICACAO A (SELO PROCEL), GAS HFC, CONTROLE S/FIO","UN","C",4099.8]
[43184,"AR CONDICIONADO SPLIT INVERTER, HI-WALL (PAREDE), 24000 BTU/H, CICLO FRIO, 60HZ, CLASSIFICACAO A (SELO PROCEL), GAS HFC, CONTROLE S/FIO","UN","CR",5666.32]
[42424,"AR CONDICIONADO SPLIT INVERTER, HI-WALL (PAREDE), 9000 BTU/H, CICLO FRIO, 60HZ, CLASSIFICACAO A (SELO PROCEL), GAS HFC, CONTROLE S/FIO","UN","CR",2466.42]
[42416,"AR CONDICIONADO SPLIT INVERTER, PISO TETO, 18000 BTU/H, CICLO FRIO, 60HZ, CLASSIFICACAO ENERGETICA A OU B (SELO PROCEL), GAS HFC, CONTROLE S/FIO","UN","CR",10632.44]
[42417,"AR CONDICIONADO SPLIT INVERTER, PISO TETO, 24000 BTU/H, CICLO FRIO, 60HZ, CLASSIFICACAO ENERGETICA A OU B (SELO PROCEL), GAS HFC, CONTROLE S/FIO","UN","CR",11919.83]
[42419,"AR CONDICIONADO SPLIT INVERTER, PISO TETO, 36000 BTU/H, CICLO FRIO, 60HZ, CLASSIFICACAO ENERGETICA A OU B (SELO PROCEL), GAS HFC, CONTROLE S/FIO","UN","CR",13466.88]
[42420,"AR CONDICIONADO SPLIT INVERTER, PISO TETO, 48000 BTU/H, CICLO FRIO, 60HZ, CLASSIFICACAO ENERGETICA A OU B (SELO PROCEL), GAS HFC, CONTROLE S/FIO","UN","CR",18509.23]
[42421,"AR CONDICIONADO SPLIT INVERTER, PISO TETO, APRESENTANDO ENTRE 54000 E 58000 BTU/H, CICLO FRIO, 60HZ, CLASSIFICACAO ENERGETICA A OU B (SELO PROCEL), GAS HFC, CONTROLE S/FIO","UN","CR",22456.45]
[39556,"AR CONDICIONADO SPLIT ON/OFF, CASSETE (TETO), 18000 BTUS/H, CICLO QUENTE/FRIO, 60 HZ, CLASSIFICACAO ENERGETICA C - SELO PROCEL, GAS HFC, CONTROLE S/ FIO","UN","CR",7798.62]
[39557,"AR CONDICIONADO SPLIT ON/OFF, CASSETE (TETO), 24000 BTUS/H, CICLO QUENTE/FRIO, 60 HZ, CLASSIFICACAO ENERGETICA C - SELO PROCEL, GAS HFC, CONTROLE S/ FIO","UN","CR",8397.42]
[39559,"AR CONDICIONADO SPLIT ON/OFF, CASSETE (TETO), 36000 BTUS/H, CICLO QUENTE/FRIO, 60 HZ, CLASSIFICACAO ENERGETICA A - SELO PROCEL, GAS HFC, CONTROLE S/ FIO","UN","CR",12409.76]
[39560,"AR CONDICIONADO SPLIT ON/OFF, CASSETE (TETO), 48000 BTUS/H, CICLO QUENTE/FRIO, 60 HZ, CLASSIFICACAO ENERGETICA A - SELO PROCEL, GAS HFC, CONTROLE S/ FIO","UN","CR",14356.89]
[39561,"AR CONDICIONADO SPLIT ON/OFF, CASSETE (TETO), 60000 BTUS/H, CICLO QUENTE/FRIO, 60 HZ, CLASSIFICACAO ENERGETICA A - SELO PROCEL, GAS HFC, CONTROLE S/ FIO","UN","CR",15019.14]
[43195,"AR CONDICIONADO SPLIT ON/OFF, CASSETE (TETO), FRIO 4 VIAS 18000 BTUS/H, CLASSIFICACAO ENERGETICA C - SELO PROCEL, GAS HFC, CONTROLE S/ FIO","UN","CR",6517.36]
[43196,"AR CONDICIONADO SPLIT ON/OFF, CASSETE (TETO), FRIO 4 VIAS 24000 BTUS/H, CLASSIFICACAO ENERGETICA C - SELO PROCEL, GAS HFC, CONTROLE S/ FIO","UN","CR",8077.34]
[43198,"AR CONDICIONADO SPLIT ON/OFF, CASSETE (TETO), FRIO 4 VIAS 36000 BTUS/H, CLASSIFICACAO ENERGETICA C - SELO PROCEL, GAS HFC, CONTROLE S/ FIO","UN","CR",12002.73]
[43199,"AR CONDICIONADO SPLIT ON/OFF, CASSETE (TETO), FRIO 4 VIAS 48000 BTUS/H, CLASSIFICACAO ENERGETICA C - SELO PROCEL, GAS HFC, CONTROLE S/ FIO","UN","CR",12442.55]
[43200,"AR CONDICIONADO SPLIT ON/OFF, CASSETE (TETO), FRIO 4 VIAS 60000 BTUS/H, CLASSIFICACAO ENERGETICA C - SELO PROCEL, GAS HFC, CONTROLE S/ FIO","UN","CR",14278.73]
[43190,"AR CONDICIONADO SPLIT ON/OFF, HI-WALL (PAREDE), 12000 BTUS/H, CICLO FRIO, 60 HZ, CLASSIFICACAO ENERGETICA A - SELO PROCEL, GAS HFC, CONTROLE S/ FIO","UN","CR",2216.42]
[39555,"AR CONDICIONADO SPLIT ON/OFF, HI-WALL (PAREDE), 12000 BTUS/H, CICLO QUENTE/FRIO, 60 HZ, CLASSIFICACAO ENERGETICA A - SELO PROCEL, GAS HFC, CONTROLE S/ FIO","UN","CR",2397.6]
[43191,"AR CONDICIONADO SPLIT ON/OFF, HI-WALL (PAREDE), 18000 BTUS/H, CICLO FRIO, 60 HZ, CLASSIFICACAO ENERGETICA A - SELO PROCEL, GAS HFC, CONTROLE S/ FIO","UN","CR",3189.14]
[39548,"AR CONDICIONADO SPLIT ON/OFF, HI-WALL (PAREDE), 18000 BTUS/H, CICLO QUENTE/FRIO, 60 HZ, CLASSIFICACAO ENERGETICA A - SELO PROCEL, GAS HFC, CONTROLE S/ FIO","UN","CR",3556.39]
[43192,"AR CONDICIONADO SPLIT ON/OFF, HI-WALL (PAREDE), 24000 BTUS/H, CICLO FRIO, 60 HZ, CLASSIFICACAO ENERGETICA A - SELO PROCEL, GAS HFC, CONTROLE S/ FIO","UN","CR",4177.49]
[39554,"AR CONDICIONADO SPLIT ON/OFF, HI-WALL (PAREDE), 24000 BTUS/H, CICLO QUENTE/FRIO, 60 HZ, CLASSIFICACAO ENERGETICA A - SELO PROCEL, GAS HFC, CONTROLE S/ FIO","UN","CR",4702.79]
[43194,"AR CONDICIONADO SPLIT ON/OFF, HI-WALL (PAREDE), 9000 BTUS/H, CICLO FRIO, 60 HZ, CLASSIFICACAO ENERGETICA A - SELO PROCEL, GAS HFC, CONTROLE S/ FIO","UN","CR",1898.75]
[39551,"AR CONDICIONADO SPLIT ON/OFF, HI-WALL (PAREDE), 9000 BTUS/H, CICLO QUENTE/FRIO, 60 HZ, CLASSIFICACAO ENERGETICA A - SELO PROCEL, GAS HFC, CONTROLE S/ FIO","UN","CR",2090.7199999999998]
[43185,"AR CONDICIONADO SPLIT ON/OFF, PISO TETO, 18.000 BTU/H, CICLO FRIO, 60HZ, CLASSIFICACAO ENERGETICA C - SELO PROCEL, GAS HFC, CONTROLE S/FIO","UN","CR",5941.46]
[43186,"AR CONDICIONADO SPLIT ON/OFF, PISO TETO, 24.000 BTU/H, CICLO FRIO, 60HZ, CLASSIFICACAO ENERGETICA C - SELO PROCEL, GAS HFC, CONTROLE S/FIO","UN","CR",6267.04]
[43187,"AR CONDICIONADO SPLIT ON/OFF, PISO TETO, 36.000 BTU/H, CICLO FRIO, 60HZ, CLASSIFICACAO ENERGETICA C - SELO PROCEL, GAS HFC, CONTROLE S/FIO","UN","CR",8316.42]
[43188,"AR CONDICIONADO SPLIT ON/OFF, PISO TETO, 48.000 BTU/H, CICLO FRIO, 60HZ, CLASSIFICACAO ENERGETICA C - SELO PROCEL, GAS HFC, CONTROLE S/FIO","UN","CR",10076.450000000001]
[43189,"AR CONDICIONADO SPLIT ON/OFF, PISO TETO, 60.000 BTU/H, CICLO FRIO, 60HZ, CLASSIFICACAO ENERGETICA C - SELO PROCEL, GAS HFC, CONTROLE S/FIO","UN","CR",11334.33]
[39580,"AR-CONDICIONADO FRIO SPLITAO INVERTER 30 TR","UN","CR",89319.14]
[39577,"AR-CONDICIONADO FRIO SPLITAO MODULAR 10 TR","UN","CR",27956.7]
[39578,"AR-CONDICIONADO FRIO SPLITAO MODULAR 15 TR","UN","CR",36078.67]
[39579,"AR-CONDICIONADO FRIO SPLITAO MODULAR 20 TR","UN","CR",52491.65]
[39826,"AR-CONDICIONADO SPLIT INVERTER, PISO TETO, 24000 BTU/H, QUENTE/FRIO, 60HZ, CLASSIFICACAO ENERGETICA A - SELO PROCEL, GAS HFC, CONTROLE S/FIO","UN","CR",6446.93]
[10700,"ARADO REVERSIVEL COM 3 DISCOS DE 26\" X 6MM REBOCAVEL","UN","CR"]
[346,"ARAME DE ACO OVALADO 15 X 17 (45,7 KG, 700 KGF), ROLO 1000 M","KG","CR",26.27]
[3312,"ARAME DE AMARRACAO PARA GABIAO GALVANIZADO, DIAMETRO 2,2 MM","KG","CR",23.27]
[339,"ARAME FARPADO GALVANIZADO, 14 BWG (2,11 MM), CLASSE 250","M","CR",1.35]
[340,"ARAME FARPADO GALVANIZADO, 16 BWG (1,65 MM), CLASSE 250","M","CR",1.22]
[43130,"ARAME GALVANIZADO 12 BWG, D = 2,76 MM (0,048 KG/M) OU 14 BWG, D = 2,11 MM (0,026 KG/M)","KG","C",22.18]
[344,"ARAME GALVANIZADO 16 BWG, D = 1,65MM (0,0166 KG/M)","KG","CR",29.16]
[345,"ARAME GALVANIZADO 18 BWG, D = 1,24MM (0,009 KG/M)","KG","CR",31.63]
[43131,"ARAME GALVANIZADO 6 BWG, D = 5,16 MM (0,157 KG/M), OU 8 BWG, D = 4,19 MM (0,101 KG/M), OU 10 BWG, D = 3,40 MM (0,0713 KG/M)","KG","CR",25.76]
[3313,"ARAME PROTEGIDO COM POLIMERO PARA GABIAO, DIAMETRO 2,2 MM","KG","CR",29.94]
[43132,"ARAME RECOZIDO 16 BWG, D = 1,65 MM (0,016 KG/M) OU 18 BWG, D = 1,25 MM (0,01 KG/M)","KG","CR",22.18]
[45245,"ARCO DE SERRA REGULAVEL PARA LAMINAS DE 8\" A 12\"","UN","CR",73.2]
[366,"AREIA FINA - POSTO JAZIDA/FORNECEDOR (RETIRADO NA JAZIDA, SEM TRANSPORTE)","M3","C",90]
[367,"AREIA GROSSA - POSTO JAZIDA/FORNECEDOR (RETIRADO NA JAZIDA, SEM TRANSPORTE)","M3","CR",91.17]
[370,"AREIA MEDIA - POSTO JAZIDA/FORNECEDOR (RETIRADO NA JAZIDA, SEM TRANSPORTE)","M3","CR",90]
[368,"AREIA PARA ATERRO - POSTO JAZIDA/FORNECEDOR (RETIRADO NA JAZIDA, SEM TRANSPORTE)","M3","CR",45]
[11075,"AREIA PARA LEITO FILTRANTE (0,42 A 1,68 MM) - POSTO JAZIDA/FORNECEDOR (RETIRADO NA JAZIDA, SEM TRANSPORTE)","M3","CR",1032.92]
[1381,"ARGAMASSA COLANTE AC I PARA CERAMICAS","KG","C",0.76]
[34353,"ARGAMASSA COLANTE AC II","KG","CR",1.41]
[37595,"ARGAMASSA COLANTE TIPO AC III","KG","CR",2.33]
[37596,"ARGAMASSA COLANTE TIPO AC III E","KG","CR",2.68]
[371,"ARGAMASSA INDUSTRIALIZADA MULTIUSO, PARA REVESTIMENTO INTERNO E EXTERNO E ASSENTAMENTO DE BLOCOS DIVERSOS","KG","CR",0.83]
[37553,"ARGAMASSA INDUSTRIALIZADA PARA CHAPISCO COLANTE","KG","CR",1.55]
[37552,"ARGAMASSA INDUSTRIALIZADA PARA CHAPISCO ROLADO","KG","CR",2.4900000000000002]
[36880,"ARGAMASSA PARA REVESTIMENTO DECORATIVO MONOCAMADA","KG","CR",2.5299999999999998]
[34355,"ARGAMASSA PISO SOBRE PISO","KG","CR",2.1800000000000002]
[130,"ARGAMASSA POLIMERICA DE REPARO ESTRUTURAL, BICOMPONENTE","KG","CR",6.36]
[135,"ARGAMASSA POLIMERICA IMPERMEABILIZANTE SEMIFLEXIVEL, BICOMPONENTE, A BASE DE CIMENTO E ADITIVOS","KG","CR",5.12]
[36886,"ARGAMASSA PRONTA PARA CONTRAPISO","KG","CR",0.78]
[38546,"ARGAMASSA USINADA AUTOADENSAVEL E AUTONIVELANTE PARA CONTRAPISO, COM BOMBEAMENTO (DISPONIBILIZACAO DE BOMBA), SEM O LANCAMENTO","M3","CR",578.29999999999995]
[34549,"ARGILA EXPANDIDA, GRANULOMETRIA 2215","M3","CR"]
[6081,"ARGILA OU BARRO PARA ATERRO/REATERRO (COM TRANSPORTE ATE 10 KM)","M3","CR"]
[6077,"ARGILA OU BARRO PARA ATERRO/REATERRO (RETIRADO NA JAZIDA, SEM TRANSPORTE)","M3","CR"]
[6079,"ARGILA, ARGILA VERMELHA OU ARGILA ARENOSA (RETIRADA NA JAZIDA, SEM TRANSPORTE)","M3","CR"]
[1091,"ARMACAO VERTICAL COM HASTE E CONTRA-PINO, EM CHAPA DE ACO GALVANIZADO 3/16\", COM 1 ESTRIBO E 1 ISOLADOR","UN","CR",36.78]
[1094,"ARMACAO VERTICAL COM HASTE E CONTRA-PINO, EM CHAPA DE ACO GALVANIZADO 3/16\", COM 1 ESTRIBO, SEM ISOLADOR","UN","CR",25.72]
[1095,"ARMACAO VERTICAL COM HASTE E CONTRA-PINO, EM CHAPA DE ACO GALVANIZADO 3/16\", COM 2 ESTRIBOS, E 2 ISOLADORES","UN","CR",54.67]
[1092,"ARMACAO VERTICAL COM HASTE E CONTRA-PINO, EM CHAPA DE ACO GALVANIZADO 3/16\", COM 2 ESTRIBOS, SEM ISOLADOR","UN","C",42.3]
[1093,"ARMACAO VERTICAL COM HASTE E CONTRA-PINO, EM CHAPA DE ACO GALVANIZADO 3/16\", COM 3 ESTRIBOS E 3 ISOLADORES","UN","CR",98.78]
[1090,"ARMACAO VERTICAL COM HASTE E CONTRA-PINO, EM CHAPA DE ACO GALVANIZADO 3/16\", COM 3 ESTRIBOS, SEM ISOLADOR","UN","CR",70.73]
[1096,"ARMACAO VERTICAL COM HASTE E CONTRA-PINO, EM CHAPA DE ACO GALVANIZADO 3/16\", COM 4 ESTRIBOS E 4 ISOLADORES","UN","CR",127.28]
[1097,"ARMACAO VERTICAL COM HASTE E CONTRA-PINO, EM CHAPA DE ACO GALVANIZADO 3/16\", COM 4 ESTRIBOS, SEM ISOLADOR","UN","CR",108.05]
[378,"ARMADOR (HORISTA)","H","CR",20.329999999999998]
[40911,"ARMADOR (MENSALISTA)","MES","CR",3587.7]
[33939,"ARQUITETO JUNIOR (HORISTA)","H","CR",122.79]
[40815,"ARQUITETO JUNIOR (MENSALISTA)","MES","CR",21671.52]
[33952,"ARQUITETO PLENO (HORISTA)","H","CR",130.08000000000001]
[40816,"ARQUITETO PLENO (MENSALISTA)","MES","CR",22958.89]
[33953,"ARQUITETO SENIOR (HORISTA)","H","CR",136.33000000000001]
[40817,"ARQUITETO SENIOR (MENSALISTA)","MES","CR",24061.66]
[13348,"ARRUELA EM ACO GALVANIZADO, DIAMETRO EXTERNO = 35MM, ESPESSURA = 3MM, DIAMETRO DO FURO= 18MM","UN","CR"]
[39212,"ARRUELA EM ALUMINIO, COM ROSCA, DE 1 1/2\", PARA ELETRODUTO","UN","CR",1.86]
[39211,"ARRUELA EM ALUMINIO, COM ROSCA, DE 1 1/4\", PARA ELETRODUTO","UN","CR",1.67]
[39210,"ARRUELA EM ALUMINIO, COM ROSCA, DE 1\", PARA ELETRODUTO","UN","CR",0.93]
[39208,"ARRUELA EM ALUMINIO, COM ROSCA, DE 1/2\", PARA ELETRODUTO","UN","CR",0.51]
[39214,"ARRUELA EM ALUMINIO, COM ROSCA, DE 2 1/2\", PARA ELETRODUTO","UN","CR",3.45]
[39213,"ARRUELA EM ALUMINIO, COM ROSCA, DE 2\", PARA ELETRODUTO","UN","CR",2.44]
[39215,"ARRUELA EM ALUMINIO, COM ROSCA, DE 3\", PARA ELETRODUTO","UN","CR",6.29]
[39209,"ARRUELA EM ALUMINIO, COM ROSCA, DE 3/4\", PARA ELETRODUTO","UN","CR",0.6]
[39207,"ARRUELA EM ALUMINIO, COM ROSCA, DE 3/8\", PARA ELETRODUTO","UN","CR",0.93]
[39216,"ARRUELA EM ALUMINIO, COM ROSCA, DE 4\", PARA ELETRODUTO","UN","CR",8.77]
[11267,"ARRUELA LISA, REDONDA, DE LATAO POLIDO, DIAMETRO NOMINAL 5/8\", DIAMETRO EXTERNO = 34 MM, DIAMETRO DO FURO = 17 MM, ESPESSURA = *2,5* MM","UN","CR"]
[379,"ARRUELA QUADRADA EM ACO GALVANIZADO, DIMENSAO = 38 MM, ESPESSURA = 3MM, DIAMETRO DO FURO= 18 MM","UN","CR"]
[510,"ASFALTO MODIFICADO TIPO I - NBR 9910 (ASFALTO OXIDADO PARA IMPERMEABILIZACAO, COEFICIENTE DE PENETRACAO 25-40)","KG","CR"]
[516,"ASFALTO MODIFICADO TIPO II - NBR 9910 (ASFALTO OXIDADO PARA IMPERMEABILIZACAO, COEFICIENTE DE PENETRACAO 20-35)","KG","CR"]
[509,"ASFALTO MODIFICADO TIPO III - NBR 9910 (ASFALTO OXIDADO PARA IMPERMEABILIZACAO, COEFICIENTE DE PENETRACAO 15-25)","KG","CR"]
[40331,"ASSENTADOR DE MANILHAS (HORISTA)","H","CR",13.99]
[40930,"ASSENTADOR DE MANILHAS (MENSALISTA)","MES","CR",2471.67]
[377,"ASSENTO SANITARIO DE PLASTICO, TIPO CONVENCIONAL","UN","C",40.5]
[11761,"ASSENTO VASO SANITARIO INFANTIL EM PLASTICO BRANCO","UN","CR",86.18]
[7588,"AUTOMATICO DE BOIA SUPERIOR / INFERIOR, *15* A / 250 V","UN","C",47.07]
[34551,"AUXILIAR DE AZULEJISTA (HORISTA)","H","CR",14.42]
[41078,"AUXILIAR DE AZULEJISTA (MENSALISTA)","MES","CR",2548.06]
[246,"AUXILIAR DE ENCANADOR OU BOMBEIRO HIDRAULICO (HORISTA)","H","CR",15.57]
[40927,"AUXILIAR DE ENCANADOR OU BOMBEIRO HIDRAULICO (MENSALISTA)","MES","CR",2749.89]
[2350,"AUXILIAR DE ESCRITORIO (HORISTA)","H","CR",19.07]
[40812,"AUXILIAR DE ESCRITORIO (MENSALISTA)","MES","CR",3366.03]
[245,"AUXILIAR DE LABORATORISTA DE SOLOS E DE CONCRETO (HORISTA)","H","CR",31.31]
[41090,"AUXILIAR DE LABORATORISTA DE SOLOS E DE CONCRETO (MENSALISTA)","MES","CR",5527.84]
[251,"AUXILIAR DE MECANICO (HORISTA)","H","CR",15.57]
[40975,"AUXILIAR DE MECANICO (MENSALISTA)","MES","CR",2749.89]
[6127,"AUXILIAR DE PEDREIRO (HORISTA)","H","CR",15.57]
[41072,"AUXILIAR DE PEDREIRO (MENSALISTA)","MES","CR",2749.89]
[6121,"AUXILIAR DE SERVICOS GERAIS (HORISTA)","H","CR",14.86]
[41071,"AUXILIAR DE SERVICOS GERAIS (MENSALISTA)","MES","CR",2623.95]
[244,"AUXILIAR DE TOPOGRAFO (HORISTA)","H","CR",15.99]
[41093,"AUXILIAR DE TOPOGRAFO (MENSALISTA)","MES","CR",2825.92]
[532,"AUXILIAR TECNICO / ASSISTENTE DE ENGENHARIA (HORISTA)","H","CR",24.06]
[40931,"AUXILIAR TECNICO / ASSISTENTE DE ENGENHARIA (MENSALISTA)","MES","CR",4249.97]
[36150,"AVENTAL DE SEGURANCA DE RASPA DE COURO 1,00 X 0,60 M","UN","CR",54.83]
[45262,"AVENTAL EM PVC, FORRADO, *0,3* MM DE ESPESSURA, *1,15 X 0,70* M (COMPRIMENTO X LARGURA), 100% IMPERMEAVEL","UN","CR",16.32]
[4760,"AZULEJISTA OU LADRILHEIRO (HORISTA)","H","CR",20.329999999999998]
[41069,"AZULEJISTA OU LADRILHEIRO (MENSALISTA)","MES","CR",3587.7]
[10422,"BACIA SANITARIA (VASO) COM CAIXA ACOPLADA, SIFAO APARENTE, DE LOUCA BRANCA (SEM ASSENTO)","UN","CR",412.49]
[44019,"BACIA SANITARIA (VASO) COM CAIXA ACOPLADA, SIFAO OCULTO / CARENADO, DE LOUCA BRANCA (SEM ASSENTO) - PADRAO ALTO","UN","CR",570.99]
[36520,"BACIA SANITARIA (VASO) CONVENCIONAL PARA PCD, SEM FURO FRONTAL, DE LOUCA BRANCA (SEM ASSENTO)","UN","CR",694.26]
[42319,"BACIA SANITARIA (VASO) CONVENCIONAL PARA USO ESPECIFICO (HOSPITAIS, CLINICAS), COM FURO FRONTAL, DE LOUCA BRANCA, SEM ASSENTO","UN","CR",622.1]
[10420,"BACIA SANITARIA (VASO) CONVENCIONAL, DE LOUCA BRANCA, SIFAO APARENTE, SAIDA VERTICAL (SEM ASSENTO)","UN","C",220.68]
[10421,"BACIA SANITARIA (VASO) CONVENCIONAL, DE LOUCA COLORIDA, SIFAO APARENTE, SAIDA VERTICAL (SEM ASSENTO)","UN","CR",242.5]
[11786,"BACIA SANITARIA (VASO) INFANTIL, SIFONADO, DE LOUCA BRANCA, (SEM ASSENTO)","UN","CR",488.97]
[45195,"BALANCIM INDIVIDUAL, TIPO CADEIRA SUSPENSA SOBE E DESCE","UN","CR",8684.14]
[45226,"BALDE DE PLASTICO CAPACIDADE 12 L","UN","CR"]
[4815,"BALDE VERMELHO PARA SINALIZACAO DE VIAS","UN","CR",13.43]
[541,"BANCADA DE MARMORE SINTETICO COM UMA CUBA, 120 X *60* CM","UN","C",273]
[542,"BANCADA DE MARMORE SINTETICO COM UMA CUBA, 150 X *60* CM","UN","CR",342.21]
[540,"BANCADA DE MARMORE SINTETICO COM UMA CUBA, 200 X *60* CM","UN","CR",771.16]
[38364,"BANCADA/ BANCA EM GRANITO, POLIDO, TIPO ANDORINHA/ QUARTZ/ CASTELO/ CORUMBA OU OUTROS EQUIVALENTES DA REGIAO, COM CUBA INOX, FORMATO *120 X 60* CM, E= *2* CM","UN","CR"]
[11692,"BANCADA/ BANCA/ BALCAO/ TAMPO EM MARMORE BRANCO COMUM, POLIDO, LISO, ACABAMENTO RETO, E= *3* CM (SEM FUROS)","M2","CR",601.41999999999996]
[1746,"BANCADA/BANCA/PIA DE ACO INOXIDAVEL (AISI 430) COM 1 CUBA CENTRAL, COM VALVULA, ESCORREDOR DUPLO, DE *0,55 X 1,20* M","UN","C",229.8]
[1748,"BANCADA/BANCA/PIA DE ACO INOXIDAVEL (AISI 430) COM 1 CUBA CENTRAL, COM VALVULA, ESCORREDOR DUPLO, DE *0,55 X 1,40* M","UN","CR",305.58]
[1749,"BANCADA/BANCA/PIA DE ACO INOXIDAVEL (AISI 430) COM 1 CUBA CENTRAL, COM VALVULA, ESCORREDOR DUPLO, DE *0,55 X 1,80* M","UN","CR",442.73]
[37412,"BANCADA/BANCA/PIA DE ACO INOXIDAVEL (AISI 430) COM 1 CUBA CENTRAL, COM VALVULA, LISA (SEM ESCORREDOR), DE *0,55 X 1,20* M","UN","CR",224.63]
[1745,"BANCADA/BANCA/PIA DE ACO INOXIDAVEL (AISI 430) COM 1 CUBA CENTRAL, SEM VALVULA, ESCORREDOR DUPLO, DE *0,55 X 1,60* M","UN","CR",267.11]
[1750,"BANCADA/BANCA/PIA DE ACO INOXIDAVEL (AISI 430) COM 2 CUBAS, COM VALVULAS, ESCORREDOR DUPLO, DE *0,55 X 2,00* M","UN","CR",624.20000000000005]
[11687,"BANCADA/TAMPO ACO INOX (AISI 304), LARGURA 60 CM, COM RODABANCA (NAO INCLUI PES DE APOIO)","M","CR",994.55]
[11689,"BANCADA/TAMPO ACO INOX (AISI 304), LARGURA 70 CM, COM RODABANCA (NAO INCLUI PES DE APOIO)","M","CR",1246.1099999999999]
[11693,"BANCADA/TAMPO LISO (SEM CUBA) EM MARMORE SINTETICO","M2","CR",302.7]
[36215,"BANCO ARTICULADO PARA BANHO, EM ACO INOX POLIDO, 70* CM X 45* CM","UN","CR",476.35]
[42439,"BANCO COM ENCOSTO, 1,60M* DE COMPRIMENTO, EM TUBO DE ACO CARBONO E PINTURA NO PROCESSO ELETROSTATICO - PARA ACADEMIA AO AR LIVRE / ACADEMIA DA TERCEIRA IDADE - ATI","UN","CR"]
[38381,"BANDEJA DE PINTURA PARA ROLO 23 CM","UN","CR"]
[39621,"BARRA ANTIPANICO DUPLA, CEGA EM LADO OPOSTO, COR CINZA","PAR","CR",1259.44]
[39624,"BARRA ANTIPANICO DUPLA, PARA PORTA DE VIDRO, COR CINZA","PAR","CR",1389.3]
[39615,"BARRA ANTIPANICO SIMPLES, CEGA EM LADO OPOSTO, COR CINZA","UN","CR",561.4]
[39620,"BARRA ANTIPANICO SIMPLES, COM FECHADURA LADO OPOSTO, COR CINZA","UN","CR",857.42]
[39623,"BARRA ANTIPANICO SIMPLES, PARA PORTA DE VIDRO, COR CINZA","UN","CR",918.37]
[546,"BARRA DE ACO CHATA, RETANGULAR (QUALQUER BITOLA)","KG","C",8.9499999999999993]
[566,"BARRA DE ACO CHATO, RETANGULAR, 19,05 MM X 3,17 MM (L X E), 0,47 KG/M","M","CR",4.24]
[565,"BARRA DE ACO CHATO, RETANGULAR, 25,4 MM X 4,76 MM (L X E), 0,94 KG/M","M","CR",15.48]
[555,"BARRA DE ACO CHATO, RETANGULAR, 25,4 MM X 6,35 MM (L X E), 1,2265 KG/M","M","CR",10.97]
[557,"BARRA DE ACO CHATO, RETANGULAR, 38,1 MM X 12,7 MM (L X E), 3,79 KG/M","M","CR",34.43]
[552,"BARRA DE ACO CHATO, RETANGULAR, 38,1 MM X 6,35 MM (L X E), 1,89 KG/M","M","CR",17.079999999999998]
[563,"BARRA DE ACO CHATO, RETANGULAR, 38,1 MM X 9,53 MM (L X E), 2,84 KG/M","M","CR",25.67]
[549,"BARRA DE ACO CHATO, RETANGULAR, 50,8 MM X 12,7 MM (L X E), 5,06 KG/M","M","CR",46.21]
[551,"BARRA DE ACO CHATO, RETANGULAR, 50,8 MM X 25,4 MM (L X E), 10,12 KG/M","M","CR",91.49]
[559,"BARRA DE ACO CHATO, RETANGULAR, 50,8 MM X 6,35 MM (L X E), 2,53 KG/M","M","CR",22.87]
[560,"BARRA DE ACO CHATO, RETANGULAR, 50,8 MM X 7,94 MM (L X E), 3,162 KG/M","M","CR",28.61]
[547,"BARRA DE ACO CHATO, RETANGULAR, 50,8 MM X 9,53 MM (L X E), 3,79KG/M","M","CR",34.26]
[36207,"BARRA DE APOIO EM \"L\", EM ACO INOX POLIDO 70 X 70 CM, DIAMETRO MINIMO 3 CM","UN","CR",210.99]
[36209,"BARRA DE APOIO EM \"L\", EM ACO INOX POLIDO 80 X 80 CM, DIAMETRO MINIMO 3 CM","UN","CR",242.14]
[36210,"BARRA DE APOIO LATERAL ARTICULADA, COM TRAVA, EM ACO INOX POLIDO, 70 CM, DIAMETRO MINIMO 3 CM","UN","CR",261.99]
[36204,"BARRA DE APOIO RETA, EM ACO INOX POLIDO, COMPRIMENTO 60CM, DIAMETRO MINIMO 3 CM","UN","CR",92.89]
[36205,"BARRA DE APOIO RETA, EM ACO INOX POLIDO, COMPRIMENTO 70CM, DIAMETRO MINIMO 3 CM","UN","CR",103.16]
[36081,"BARRA DE APOIO RETA, EM ACO INOX POLIDO, COMPRIMENTO 80CM, DIAMETRO MINIMO 3 CM","UN","C",110]
[36206,"BARRA DE APOIO RETA, EM ACO INOX POLIDO, COMPRIMENTO 90 CM, DIAMETRO MINIMO 3 CM","UN","CR",115.24]
[36218,"BARRA DE APOIO RETA, EM ALUMINIO, COMPRIMENTO 60CM, DIAMETRO MINIMO 3 CM","UN","CR",133.03]
[36220,"BARRA DE APOIO RETA, EM ALUMINIO, COMPRIMENTO 70CM, DIAMETRO MINIMO 3 CM","UN","CR",152.54]
[36080,"BARRA DE APOIO RETA, EM ALUMINIO, COMPRIMENTO 80 CM, DIAMETRO MINIMO 3 CM","UN","C",165]
[36223,"BARRA DE APOIO RETA, EM ALUMINIO, COMPRIMENTO 90 CM, DIAMETRO MINIMO 3 CM","UN","CR",172.78]
[38127,"BASE DE MISTURADOR MONOCOMANDO PARA CHUVEIRO, DE PAREDE (NAO INCLUI ACABAMENTOS)","UN","CR",525.94000000000005]
[38060,"BASE PARA MASTRO DE PARA-RAIOS DIAMETRO NOMINAL 1 1/2\"","UN","CR",51.33]
[10956,"BASE PARA MASTRO DE PARA-RAIOS DIAMETRO NOMINAL 2\"","UN","CR",56.29]
[39380,"BASE PARA RELE COM SUPORTE METALICO","UN","CR"]
[44172,"BASTIDOR PARA BLOCO M10","UN","CR"]
[37597,"BATE-ESTACAS POR GRAVIDADE, POTENCIA160 HP, PESO DO MARTELO ATE 3 TONELADAS","UN","CR"]
[183,"BATENTE / PORTAL / ADUELA / MARCO EM MADEIRA MACICA COM REBAIXO, E = *3* CM, L = *14* CM, PARA PORTAS DE GIRO DE *60 CM A 120* CM X *210* CM, CEDRINHO / ANGELIM COMERCIAL / TAURI / CURUPIXA / PEROBA / CUMARU OU EQUIVALENTE DA REGIAO (NAO INCLUI ALIZARES)","JG","C",200]
[184,"BATENTE / PORTAL / ADUELA / MARCO EM MADEIRA MACICA COM REBAIXO, E = *3* CM, L = *14* CM, PARA PORTAS DE GIRO DE *60 CM A 120* CM X *210* CM, PINUS / EUCALIPTO / VIROLA OU EQUIVALENTE DA REGIAO (NAO INCLUI ALIZARES)","JG","CR",123.87]
[181,"BATENTE / PORTAL / ADUELA / MARCO EM MADEIRA MACICA COM REBAIXO, E = *3* CM, L = *16* CM, PARA PORTAS DE GIRO DE *60 CM A 120* CM X *210* CM, CEDRINHO / ANGELIM COMERCIAL / TAURI / CURUPIXA / PEROBA / CUMARU OU EQUIVALENTE DA REGIAO (NAO INCLUI ALIZARES)","JG","CR",267.08999999999997]
[20001,"BATENTE / PORTAL / ADUELA / MARCO EM MADEIRA MACICA COM REBAIXO, E = *3* CM, L = *16* CM, PARA PORTAS DE GIRO DE *60 CM A 120* CM X *210* CM, PINUS / EUCALIPTO / VIROLA OU EQUIVALENTE DA REGIAO (NAO INCLUI ALIZARES)","JG","CR",154.83000000000001]
[39837,"BATENTE/PORTAL/ADUELA/MARCO, EM MDF/PVC WOOD/POLIESTIRENO OU MADEIRA LAMINADA, L = *9,0* CM COM GUARNICAO REGULAVEL 2 FACES = *35* MM, PRIMER","JG","CR",324.37]
[43366,"BENTONITA, ARGILA CONSTITUIDA POR MONTMORILONITA","KG","CR"]
[10535,"BETONEIRA, CAPACIDADE NOMINAL 400 L, CAPACIDADE DE MISTURA 280 L, MOTOR ELETRICO TRIFASICO 220/380 V, POTENCIA 2 CV, SEM CARREGADOR","UN","C",6387.62]
[10537,"BETONEIRA, CAPACIDADE NOMINAL 400 L, CAPACIDADE DE MISTURA 310 L, MOTOR A DIESEL, POTENCIA 5 CV, SEM CARREGADOR","UN","CR",8710.98]
[13891,"BETONEIRA, CAPACIDADE NOMINAL 400 L, CAPACIDADE DE MISTURA 310 L, MOTOR A GASOLINA, POTENCIA 5,5 CV, SEM CARREGADOR","UN","CR",7989.93]
[36396,"BETONEIRA, CAPACIDADE NOMINAL 400 L, CAPACIDADE DE MISTURA 310 L, MOTOR ELETRICO TRIFASICO 220/380V, POTENCIA 2 CV, SEM CARREGADOR","UN","CR",7307.86]
[36397,"BETONEIRA, CAPACIDADE NOMINAL 600 L, CAPACIDADE DE MISTURA 360 L, MOTOR ELETRICO TRIFASICO 220/380V, POTENCIA 4CV, SEM CARREGADOR","UN","CR",25983.53]
[36398,"BETONEIRA, CAPACIDADE NOMINAL 600 L, CAPACIDADE DE MISTURA 440 L, MOTOR A DIESEL, POTENCIA 10 CV, COM CARREGADOR","UN","CR",31580.82]
[44492,"BETONEIRA, CAPACIDADE NOMINAL 600 L, CAPACIDADE DE MISTURA 440 L, MOTOR A GASOLINA, POTENCIA 10 HP, COM CARREGADOR","UN","CR",34752.980000000003]
[647,"BLASTER, DINAMITADOR OU CABO DE FOGO (HORISTA)","H","CR",19.239999999999998]
[40920,"BLASTER, DINAMITADOR OU CABO DE FOGO (MENSALISTA)","MES","CR",3395.92]
[715,"BLOCO / TIJOLO DE VIDRO INCOLOR, CANELADO / ONDULADO, *19 X 19 X 8* CM (A X L X E)","UN","C"]
[716,"BLOCO / TIJOLO DE VIDRO INCOLOR, XADREZ, *20 X 20 X 10* CM (A X L X E)","UN","CR"]
[7270,"BLOCO CERAMICO / TIJOLO VAZADO PARA ALVENARIA DE VEDACAO, 4 FUROS NA HORIZONTAL DE 9 X 9 X 19 CM (L X A X C)","UN","CR",0.89]
[44460,"BLOCO CERAMICO / TIJOLO VAZADO PARA ALVENARIA DE VEDACAO, 6 FUROS NA HORIZONTAL DE 11,5 X 19 X 29 CM (L X A X C)","UN","CR",1.49]
[44461,"BLOCO CERAMICO / TIJOLO VAZADO PARA ALVENARIA DE VEDACAO, 6 FUROS NA HORIZONTAL DE 11,5 X 19 X 39 CM (L X A X C)","UN","CR",2.0299999999999998]
[7267,"BLOCO CERAMICO / TIJOLO VAZADO PARA ALVENARIA DE VEDACAO, 6 FUROS NA HORIZONTAL DE 9 X 14 X 19 CM (L X A X C)","UN","CR",0.75]
[44458,"BLOCO CERAMICO / TIJOLO VAZADO PARA ALVENARIA DE VEDACAO, 6 FUROS NA HORIZONTAL DE 9 X 14 X 24 CM (L X A X C)","UN","CR",0.91]
[44457,"BLOCO CERAMICO / TIJOLO VAZADO PARA ALVENARIA DE VEDACAO, 6 FUROS NA HORIZONTAL DE 9 X 19 X 39 CM (L X A X C)","UN","CR",1.76]
[7271,"BLOCO CERAMICO / TIJOLO VAZADO PARA ALVENARIA DE VEDACAO, 8 FUROS NA HORIZONTAL DE 9 X 19 X 19 CM (L X A X C)","UN","C",0.95]
[7268,"BLOCO CERAMICO / TIJOLO VAZADO PARA ALVENARIA DE VEDACAO, 8 FUROS NA HORIZONTAL DE 9 X 19 X 29 CM (L X A X C)","UN","CR",1.48]
[44459,"BLOCO CERAMICO / TIJOLO VAZADO PARA ALVENARIA DE VEDACAO, 9 FUROS NA HORIZONTAL DE 11,5 X 14 X 24 CM (L X A X C)","UN","CR",0.96]
[44462,"BLOCO CERAMICO / TIJOLO VAZADO PARA ALVENARIA DE VEDACAO, 9 FUROS NA HORIZONTAL DE 14 X 19 X 29 CM (L X A X C)","UN","CR",1.69]
[44463,"BLOCO CERAMICO / TIJOLO VAZADO PARA ALVENARIA DE VEDACAO, 9 FUROS NA HORIZONTAL DE 14 X 19 X 39 CM (L X A X C)","UN","CR",2.1800000000000002]
[44464,"BLOCO CERAMICO / TIJOLO VAZADO PARA ALVENARIA DE VEDACAO, 9 FUROS NA HORIZONTAL DE 19 X 19 X 29 CM (L X A X C)","UN","CR",2.2599999999999998]
[44465,"BLOCO CERAMICO / TIJOLO VAZADO PARA ALVENARIA DE VEDACAO, 9 FUROS NA HORIZONTAL DE 19 X 19 X 39 CM (L X A X C)","UN","CR",3.1]
[38783,"BLOCO CERAMICO / TIJOLO VAZADO PARA ALVENARIA DE VEDACAO, FUROS NA HORIZONTAL DE 11,5 X 19 X 19 CM (L X A X C)","UN","CR",1.08]
[44466,"BLOCO CERAMICO / TIJOLO VAZADO PARA ALVENARIA DE VEDACAO, FUROS NA VERTICAL DE 11,5 X 19 X 29 CM (L X A X C)","UN","CR",2.2000000000000002]
[44467,"BLOCO CERAMICO / TIJOLO VAZADO PARA ALVENARIA DE VEDACAO, FUROS NA VERTICAL DE 11,5 X 19 X 39 CM (L X A X C)","UN","CR",2.65]
[44468,"BLOCO CERAMICO / TIJOLO VAZADO PARA ALVENARIA DE VEDACAO, FUROS NA VERTICAL DE 14 X 19 X 29 CM (L X A X C)","UN","CR",2.2999999999999998]
[37593,"BLOCO CERAMICO / TIJOLO VAZADO PARA ALVENARIA DE VEDACAO, FUROS NA VERTICAL DE 14 X 19 X 39 CM (L X A X C)","UN","CR",2.96]
[37594,"BLOCO CERAMICO / TIJOLO VAZADO PARA ALVENARIA DE VEDACAO, FUROS NA VERTICAL DE 19 X 19 X 39 CM (L X A X C)","UN","CR",3.52]
[37592,"BLOCO CERAMICO / TIJOLO VAZADO PARA ALVENARIA DE VEDACAO, FUROS NA VERTICAL DE 9 X 19 X 39 CM (L X A X C)","UN","CR",2.34]
[41372,"BLOCO CONCRETO CELULAR AUTOCLAVADO 12,5 X 30 X 60 CM (E X A X C)","M2","CR"]
[41371,"BLOCO CONCRETO CELULAR AUTOCLAVADO 7,5 X 30 X 60 CM (E X A X C)","M2","CR"]
[34556,"BLOCO DE CONCRETO ESTRUTURAL 14 X 19 X 29 CM, FBK 10 MPA (NBR 6136)","UN","CR",3.98]
[37873,"BLOCO DE CONCRETO ESTRUTURAL 14 X 19 X 29 CM, FBK 12 MPA (NBR 6136)","UN","CR",4.05]
[34564,"BLOCO DE CONCRETO ESTRUTURAL 14 X 19 X 29 CM, FBK 14 MPA (NBR 6136)","UN","CR",4.24]
[34565,"BLOCO DE CONCRETO ESTRUTURAL 14 X 19 X 29 CM, FBK 16 MPA (NBR 6136)","UN","CR",4.49]
[38590,"BLOCO DE CONCRETO ESTRUTURAL 14 X 19 X 29 CM, FBK 4,5 MPA (NBR 6136)","UN","CR",3.32]
[34566,"BLOCO DE CONCRETO ESTRUTURAL 14 X 19 X 29 CM, FBK 6 MPA (NBR 6136)","UN","CR",3.48]
[34567,"BLOCO DE CONCRETO ESTRUTURAL 14 X 19 X 29 CM, FBK 8 MPA (NBR 6136)","UN","CR",3.69]
[38591,"BLOCO DE CONCRETO ESTRUTURAL 14 X 19 X 34 CM, FBK 4,5 MPA (NBR 6136)","UN","CR",3.35]
[34568,"BLOCO DE CONCRETO ESTRUTURAL 14 X 19 X 39 CM, FBK 10 MPA (NBR 6136)","UN","CR",4.37]
[34569,"BLOCO DE CONCRETO ESTRUTURAL 14 X 19 X 39 CM, FBK 12 MPA (NBR 6136)","UN","CR",4.49]
[34570,"BLOCO DE CONCRETO ESTRUTURAL 14 X 19 X 39 CM, FBK 14 MPA (NBR 6136)","UN","CR",4.87]
[25070,"BLOCO DE CONCRETO ESTRUTURAL 14 X 19 X 39 CM, FBK 4,5 MPA (NBR 6136)","UN","CR",3.67]
[34571,"BLOCO DE CONCRETO ESTRUTURAL 14 X 19 X 39 CM, FBK 6 MPA (NBR 6136)","UN","CR",3.7]
[34573,"BLOCO DE CONCRETO ESTRUTURAL 14 X 19 X 39 CM, FBK 8 MPA (NBR 6136)","UN","CR",3.89]
[37107,"BLOCO DE CONCRETO ESTRUTURAL 14 X 19 X 39, FCK 16 MPA (NBR 6136)","UN","CR",5.14]
[34576,"BLOCO DE CONCRETO ESTRUTURAL 19 X 19 X 39 CM, FBK 10 MPA (NBR 6136)","UN","CR",5.68]
[34577,"BLOCO DE CONCRETO ESTRUTURAL 19 X 19 X 39 CM, FBK 12 MPA (NBR 6136)","UN","CR",5.92]
[34578,"BLOCO DE CONCRETO ESTRUTURAL 19 X 19 X 39 CM, FBK 14 MPA (NBR 6136)","UN","CR",6.42]
[34579,"BLOCO DE CONCRETO ESTRUTURAL 19 X 19 X 39 CM, FBK 16 MPA (NBR 6136)","UN","CR",6.85]
[25067,"BLOCO DE CONCRETO ESTRUTURAL 19 X 19 X 39 CM, FBK 4,5 MPA (NBR 6136)","UN","CR",4.58]
[34580,"BLOCO DE CONCRETO ESTRUTURAL 19 X 19 X 39 CM, FBK 8 MPA (NBR 6136)","UN","CR",5.12]
[25071,"BLOCO DE CONCRETO ESTRUTURAL 9 X 19 X 39 CM, FBK 4,5 MPA (NBR 6136)","UN","CR",2.5499999999999998]
[44171,"BLOCO DE ENGATE RAPIDO PARA BASTIDOR TIPO M10","UN","CR"]
[38395,"BLOCO DE ESPUMA MULTIUSO *23X 13 X 8* CM","UN","CR",8.74]
[34583,"BLOCO DE GESSO COMPACTO / MACICO, BRANCO, E = 10 CM, DIMENSOES *67 X 50* CM","M2","CR",62.93]
[34584,"BLOCO DE GESSO VAZADO, BRANCO, E = *7* CM, DIMENSOES *67 X 50* CM","M2","CR",46.15]
[709,"BLOCO DE POLIETILENO ALTA DENSIDADE, *27* X *30* X *100* CM, ACOMPANHADOS PLACAS TERMINAIS E LONGARINAS, PARA FUNDO DE FILTRO","M2","CR"]
[34592,"BLOCO DE VEDACAO CONCRETO 14 X 19 X 29 CM (CLASSE C - NBR 6136)","UN","CR",2.91]
[34599,"BLOCO DE VEDACAO CONCRETO APARENTE 9 X 19 X 39 CM (CLASSE C - NBR 6136)","UN","CR",2.62]
[651,"BLOCO DE VEDACAO DE CONCRETO 14 X 19 X 39 CM (CLASSE C - NBR 6136)","UN","CR",3.21]
[654,"BLOCO DE VEDACAO DE CONCRETO 19 X 19 X 39 CM (CLASSE C - NBR 6136)","UN","CR",3.98]
[37103,"BLOCO DE VEDACAO DE CONCRETO APARENTE 14 X 19 X 39 CM (CLASSE C - NBR 6136)","UN","CR",3.33]
[34555,"BLOCO DE VEDACAO DE CONCRETO APARENTE 19 X 19 X 39 CM (CLASSE C - NBR 6136)","UN","CR",4.2300000000000004]
[674,"BLOCO DE VEDACAO DE CONCRETO CELULAR AUTOCLAVADO 10 X 30 X 60 CM (E X A X C)","M2","CR"]
[34600,"BLOCO DE VEDACAO DE CONCRETO CELULAR AUTOCLAVADO 15 X 30 X 60 CM (E X A X C)","M2","C"]
[652,"BLOCO DE VEDACAO DE CONCRETO CELULAR AUTOCLAVADO 20 X 30 X 60 CM (E X A X C)","M2","CR"]
[650,"BLOCO DE VEDACAO DE CONCRETO, 9 X 19 X 39 CM (CLASSE C - NBR 6136)","UN","C",2.57]
[718,"BLOCO DE VIDRO / ELEMENTO VAZADO, INCOLOR, VENEZIANA, *20 X 20 X 6* CM (A X L X E)","UN","CR"]
[11981,"BLOCO DE VIDRO / ELEMENTO VAZADO, INCOLOR, VENEZIANA, DE *20 X 10 X 8* CM (A X L X E)","UN","CR"]
[34586,"BLOCO ESTRUTURAL CERAMICO DE 14 X 19 X 29 CM (L X A X C) E 6,0 MPA","UN","CR",2.34]
[38603,"BLOCO ESTRUTURAL CERAMICO DE 14 X 19 X 34 CM (L X A X C) E 6,0 MPA","UN","CR",2.78]
[34588,"BLOCO ESTRUTURAL CERAMICO DE 14 X 19 X 39 CM (L X A X C) E 6,0 MPA","UN","CR",3.17]
[34590,"BLOCO ESTRUTURAL CERAMICO DE 19 X 19 X 29 CM (L X A X C) E 6,0 MPA","UN","CR",3.13]
[34591,"BLOCO ESTRUTURAL CERAMICO DE 19 X 19 X 39 CM (L X A X C) E 6,0 MPA","UN","CR",3.82]
[40517,"BLOQUETE/PISO DE CONCRETO - MODELO PISOGRAMA/CONCREGRAMA 2 FUROS, DIMENSOES APROX. DE *35 X 15* CM E ESPESSURA DE 7 CM (+/- 1 CM), COR NATURAL","M2","CR",56.26]
[40515,"BLOQUETE/PISO DE CONCRETO - MODELO PISOGRAMA/CONCREGRAMA/PAVI-GRADE/GRAMEIRO, DIMENSOES APROXIMADAS DE *60 X 45* CM E ESPESSURA DE 8 CM (+/- 1 CM), COR NATURAL","M2","CR",61.89]
[40524,"BLOQUETE/PISO INTERTRAVADO DE CONCRETO - MODELO ONDA/16 FACES/RETANGULAR/TIJOLINHO/PAVER/HOLANDES/PARALELEPIPEDO, *20 X 10* CM, E = 10 CM, RESISTENCIA DE 35 MPA, COR NATURAL","M2","CR",64.3]
[40529,"BLOQUETE/PISO INTERTRAVADO DE CONCRETO - MODELO ONDA/16 FACES/RETANGULAR/TIJOLINHO/PAVER/HOLANDES/PARALELEPIPEDO, *20 X 10* CM, E = 10 CM, RESISTENCIA DE 50 MPA, COR NATURAL","M2","CR",101.96]
[36156,"BLOQUETE/PISO INTERTRAVADO DE CONCRETO - MODELO ONDA/16 FACES/RETANGULAR/TIJOLINHO/PAVER/HOLANDES/PARALELEPIPEDO, *20 X 10* CM, E = 6 CM, RESISTENCIA DE 35 MPA, COLORIDO","M2","CR",60.92]
[36155,"BLOQUETE/PISO INTERTRAVADO DE CONCRETO - MODELO ONDA/16 FACES/RETANGULAR/TIJOLINHO/PAVER/HOLANDES/PARALELEPIPEDO, *20 X 10* CM, E = 6 CM, RESISTENCIA DE 35 MPA, COR NATURAL","M2","CR",48.23]
[36154,"BLOQUETE/PISO INTERTRAVADO DE CONCRETO - MODELO ONDA/16 FACES/RETANGULAR/TIJOLINHO/PAVER/HOLANDES/PARALELEPIPEDO, *20 X 10* CM, E = 8 CM, RESISTENCIA DE 35 MPA, COLORIDO","M2","CR",72.760000000000005]
[36170,"BLOQUETE/PISO INTERTRAVADO DE CONCRETO - MODELO ONDA/16 FACES/RETANGULAR/TIJOLINHO/PAVER/HOLANDES/PARALELEPIPEDO, *20 X 10* CM, E = 8 CM, RESISTENCIA DE 35 MPA, COR NATURAL","M2","C",55]
[695,"BLOQUETE/PISO INTERTRAVADO DE CONCRETO - MODELO RAQUETE, *22 X 13,5* CM, E = 6 CM, RESISTENCIA DE 35 MPA, COR NATURAL","M2","CR",61.13]
[679,"BLOQUETE/PISO INTERTRAVADO DE CONCRETO - MODELO SEXTAVADO / HEXAGONAL, *25 X 25* CM, E = 10 CM, RESISTENCIA DE 35 MPA, COR NATURAL","M2","CR",87.23]
[711,"BLOQUETE/PISO INTERTRAVADO DE CONCRETO - MODELO SEXTAVADO / HEXAGONAL, *25 X 25* CM, E = 6 CM, RESISTENCIA DE 35 MPA, COR NATURAL","M2","CR",55]
[712,"BLOQUETE/PISO INTERTRAVADO DE CONCRETO - MODELO SEXTAVADO / HEXAGONAL, *25 X 25* CM, E = 8 CM, RESISTENCIA DE 35 MPA, COR NATURAL","M2","CR",66]
[12614,"BOCAL PVC, PARA CALHA PLUVIAL, DIAMETRO DA SAIDA ENTRE *75 E 120* MM, PARA DRENAGEM PLUVIAL PREDIAL","UN","CR",50.36]
[6140,"BOLSA DE LIGACAO EM PVC FLEXIVEL PARA VASO SANITARIO 40 MM (1 1/2\")","UN","CR",3.73]
[38399,"BOLSA DE LONA PARA FERRAMENTAS *50 X 35 X 25* CM","UN","CR",338.76]
[729,"BOMBA CENTRIFUGA COM MOTOR ELETRICO MONOFASICO, POTENCIA 0,33 HP, BOCAIS 1\" X 3/4\", DIAMETRO DO ROTOR 99 MM, HM/Q = 4 MCA / 8,5 M3/H A 18 MCA / 0,90 M3/H","UN","C",1095]
[39925,"BOMBA CENTRIFUGA MONOESTAGIO COM MOTOR ELETRICO MONOFASICO, POTENCIA 15 HP, DIAMETRO DO ROTOR *173* MM, HM/Q = *30* MCA / *90* M3/H A *45* MCA / *55* M3/H","UN","CR",15822.65]
[731,"BOMBA CENTRIFUGA MOTOR ELETRICO MONOFASICO 0,49 HP BOCAIS 1\" X 3/4\", DIAMETRO DO ROTOR 110 MM, HM/Q: 6 M / 8,3 M3/H A 20 M / 1,2 M3/H","UN","CR",1065.7]
[10575,"BOMBA CENTRIFUGA MOTOR ELETRICO MONOFASICO 0,50 CV DIAMETRO DE SUCCAO X ELEVACAO 3/4\" X 3/4\", MONOESTAGIO,